{"text_format":"1","workbook":"xlsx","n_sheets":27,"sheets":["57 Topics","ST PT C","Data(1)","Data(2)","Data(3)","Data(4)","Data(5)","Data(6)","N","Homework ==>>","HW(1)","HW(1an)","HW(2)","HW3Data","HW(2an)","HW(3)","HW5Data","HW(3an)","HW(4)","HW(4an)","HW(5)","HW(5an)","HW7Data","HW(6)","HW(6an)","HW(7)","HW(7an)"],"not_rendered":{"charts":1,"images":0,"macros":0,"external_links":0,"defined_names":8,"comments":0,"pivot_tables":14},"unopened":[],"bounds":{"document_bytes":16777216,"sheet_cells":100000,"rows_first":2000,"rows_last":500,"rows_between":2000,"halvings":0,"cell_chars":16384,"cell_head_chars":4096},"cells_cut":0,"cells_raw":0,"read":"whole","date_system":"1900"}

{"sheet":"57 Topics","index":0,"n_rows":84,"n_cols":3,"rows_kept":84,"cut":false,"hidden":false,"merged":[]}
["Highline Excel 2013 Class Video #35:"]
["Excel 2013 PivotTables: Basic To Advanced 55 Examples"]
[]
["Topics #","Topic"]
["PivotTables:"]
[1,"3 Reports with Formulas"]
[2,"What is a PivotTable do?"]
[null,"Summarize data"]
[null,"Calculation with criteria"]
[null,"Create Reports that contain calculations with conditions/criteria"]
[3,"Proper Data Set: 1) Field names in 1st row. 2) Records in rows (try not to have empty cells). 3) Empty cells surrounding data set (Excel Row & Column Headers okay too)."]
[4,"Visualize: 1) SalesRep field (Criteria1) in Row Header area. 2) Region field (Criteria2) in Column Header area. 3) Sales field (field you are making calculation on) in Value area"]
[5,"Create from Insert Tab"]
[6,"Keyboard: Alt, N, V"]
[7,"Drag and drop from Field List"]
[8,"Format to Show Field Names: Design, Report Layout, Show in Tabular Form (Format Tip #1)"]
[9,"Number Formatting must be done on Field, not with Format Cells dialog Box (Format Tip #2)"]
[10,"Create PivotTable Style (Format Tip #3)"]
[null,"Limited Formatting"]
[11,"Set PivotTable Style as Default"]
[12,"Why Called Pivot? Pivot the report"]
[13,"Pivot Data is stored in a cache"]
[14,"Change Source Data"]
[null,"Formulas Update Automatically"]
[null,"PivotTables update after \"Refreshing\""]
[null,"Analyze PivotTableTools Tab"]
[null,"Pivot: Alt + F5"]
[null,"All Pivots on sheet: Ctrl + Alt + F5"]
[15,"Copy A PivotTable Report"]
[16,"Filter a Field"]
[17,"Change Function"]
[18,"Only 11 functions"]
[null,"See list"]
[null,"Formulas in cells can make many more calculations "]
[19,"One Stop Shopping for Calculations: Value Field Settings"]
[20,"Text Data defaults to Count"]
[21,"Number Data defaults to SUM"]
[22,"Counting counts criteria: Counting records, Numbers or Text"]
[23,"Mixed Data Defaults to Count"]
[24,"Review: 5 steps to creating PivotTable: 1) Click in single cell in Proper Data Set. 2) Alt, N, V, Enter. 3) Drag, Drag, Drag."]
[25,"Report we saw back in Subtotal video"]
[26,"Collapse and Expand criteria in Row Labels "]
[27,"Report with three calculations"]
[28," Formulas vs PivotTables:"]
[]
[null,"PivotTables","Formulas"]
[null,"Fast and easy to create calculations with criteria.","Usually more complicated to create calculations with criteria."]
[null,"Requires \"Refresh\" when Source Data Changes.","Automatically updates when Source Data Changes."]
[null,"You can Pivot a report and add and remove whole categories of criteria and calculations update.","It is extremely difficult if not impossible to Pivot a report and add and remove whole categories of criteria."]
[null,"Change the function easily.","Changing a function is more difficult with formulas."]
[null,"11 Functions","450 functions"]
[null,"Formatting is limited.","Formatting is less limited."]
[]
[29,"Extracting data to new sheet with Double Click"]
[30,"PivotChart"]
[31,"Group Dates: Right-click Date in Pivot and point to Group."]
[32,"Group Times: Right-click Time in Pivot and point to Group."]
[33,"Old Excel 2003 dialog box to group or ungroup a field in a second way:"]
[null,"Keyboard: Alt, D, P."]
[null,"This creates a separate cache of data."]
[34,"Grouping can't be done with Data Mismatch "]
[35,"Group Numbers: Decimal create ambiguous categories (lower limit is NOT included, upper limit IS included (same as FREQUENCY function)). Integer creates unambiguous categories."]
[36,"Recommended PivotTable"]
[37,"Recommended Chart: Amazing because it summarizes"]
[38,"Report Filter: Adds new criteria to report"]
[39,"Show Report Filter: PivotTableTools Analyze Ribbon Tab, PivotTable group, Options, \"Show Report Filter Pages\"."]
[40,"Slicers: Fancy Filters: PivotTableTools Analyze Ribbon Tab, Filter group"]
[41,"Use Filter and Slicer together to extract data"]
[42,"Timelines: PivotTableTools Analyze Ribbon Tab, Filter group"]
[43,"Show Values As: % of Grand Total"]
[44,"Show Values As: % of Column"]
[45,"Show Values As: % of Row"]
[46,"Connect One Slicer to Many PivotTables"]
[47,"Show Values As: Running Total"]
[48,"Show Values As: Difference From"]
[49,"Show Values As: % Difference From"]
[50,"Show Values As: % of Parent"]
[51,"Show Values As: % of Parent Row Total"]
[52,"Show Values As: % of Parent Column Total"]
[53,"Show Values As: Rank"]
[54,"Sort based on Value Field"]
[55,"Create Formula in PivotTable: Sales - Expense"]
[56,"Check Data Model to get 1 new PivotTable function: Unique Count. This will remove the Product function and in its place will be the Unique Count function"]
[57,"Use Data Model and Relationships to replace VLOOKUP"]

{"sheet":"ST PT C","index":1,"n_rows":14,"n_cols":10,"rows_kept":14,"cut":false,"hidden":false,"merged":[]}
[null,"11 Functions available in a PivotTable",null,null,null,"11 Functions for SUBTOTAL function"]
[null,"What you see in Value Field Settings dialog box","Function","What it does",null,"Function_num\n(includes hidden values)","Function_num\n(ignores hidden values)","What you see in Subtotal \"Use function\" drop-down","Function","What it does"]
[1,"Average","AVERAGE","Calculates arithmetic mean",null,1,101,"Average","AVERAGE","Calculates arithmetic mean"]
[2,"Count Numbers","COUNT","Counts numbers",null,2,102,"Count Numbers","COUNT","Counts numbers"]
[3,"Count","COUNTA","Counts non empty cells",null,3,103,"Count","COUNTA","Counts non empty cells"]
[4,"Max","MAX","Finds largest value",null,4,104,"Max","MAX","Finds largest value"]
[5,"Min","MIN","Finds smallest value",null,5,105,"Min","MIN","Finds smallest value"]
[6,"Stdev","STDEV","Standard Deviation for a sample",null,6,106,"Product","PRODUCT","Multiplies"]
[7,"Stdevp","STDEVP","Standard Deviation for a population",null,7,107,"Stdev","STDEV","Standard Deviation for a sample"]
[8,"Sum","SUM","Adds",null,8,108,"Stdevp","STDEVP","Standard Deviation for a population"]
[9,"Var","VAR","Variation for a sample",null,9,109,"Sum","SUM","Adds"]
[10,"Varp","VARP","Variation for a population",null,10,110,"Var","VAR","Variation for a sample"]
["11a","Product (if Data Model is NOT checked in Create PivotTable dialog box)","PRODUCT","Multiplies",null,11,111,"Varp","VARP","Variation for a population"]
["11b","Unique Count (if Data Model IS checked in Create PivotTable dialog box)","Array Formula","Counts unique items"]

{"sheet":"Data(1)","index":2,"n_rows":148,"n_cols":17,"rows_kept":148,"cut":false,"hidden":false,"merged":[]}
[1,"3 Reports with Formulas"]
[2,"What is a PivotTable do?"]
[null,"Summarize data"]
[null,"Calculation with criteria"]
[null,"Create Reports that contain calculations with conditions/criteria"]
[3,"Proper Data Set: 1) Field names in 1st row. 2) Records in rows (try not to have empty cells). 3) Empty cells surrounding data set (Excel Row & Column Headers okay too)."]
[4,"Visualize: 1) SalesRep field (Criteria1) in Row Header area. 2) Region field (Criteria2) in Column Header area. 3) Sales field (field you are making calculation on) in Value area"]
[5,"Create from Insert Tab"]
[6,"Keyboard: Alt, N, V"]
[7,"Drag and drop from Field List"]
[8,"Format to Show Field Names: Design, Report Layout, Show in Tabular Form (Format Tip #1)"]
[9,"Number Formatting must be done on Field, not with Format Cells dialog Box (Format Tip #2)"]
[10,"Create PivotTable Style (Format Tip #3)"]
[null,"Limited Formatting"]
[11,"Set PivotTable Style as Default"]
[12,"Why Called Pivot? Pivot the report"]
[13,"Pivot Data is stored in a cache"]
[14,"Change Source Data"]
[null,"Formulas Update Automatically"]
[null,"PivotTables update after \"Refreshing\""]
[null,"Analyze PivotTableTools Tab"]
[null,"Pivot: Alt + F5"]
[null,"All Pivots on sheet: Ctrl + Alt + F5"]
[15,"Copy A PivotTable Report"]
[16,"Filter a Field"]
[17,"Change Function"]
[18,"Only 11 functions"]
[null,"See list"]
[null,"Formulas in cells can make many more calculations "]
[19,"One Stop Shopping for Calculations: Value Field Settings"]
[20,"Text Data defaults to Count"]
[21,"Number Data defaults to SUM"]
[22,"Counting counts criteria: Counting records, Numbers or Text"]
[23,"Mixed Data Defaults to Count"]
[24,"Review: 5 steps to creating PivotTable"]
[25,"Report we saw back in Subtotal video"]
[26,"Collapse and Expand criteria in Row Labels "]
[27,"Report with three calculations"]
[28," Formulas vs PivotTables:"]
[29,"Extracting data to new sheet with Double Click"]
[30,"PivotChart"]
[]
["Date","Product","Region","SalesRep","Customer","Units","Sales","COGS",null,null,"SalesRep/Region","East","MidWest","South","West"]
["2011-01-01","Quad","East","Sioux","AA",16,432.17,232.99,null,null,"Sioux",{"$f":"SUMIFS($G$44:$G$148,$C$44:$C$148,L$43,$D$44:$D$148,$K44)","v":1329.8},2303.3900000000003,4791.8,4168.1499999999996]
["2011-01-02","Bellen","South","Gault","KBTB",24,528.5,240.35,null,null,"Gault",3722.4599999999996,1286.03,2040.69,4376.0199999999995]
["2011-01-02","Quad","West","Pham","AST",30,810.71,435.64,null,null,"Pham",4944.8999999999996,3200.41,1954.58,9790.9600000000009]
["2011-01-02","Bellen","West","Pham","SFWK",19,418.54,190.05,null,null,"Chin",4399.03,3495.5299999999997,2228.6799999999998,2006.31]
["2011-01-03","Sunshine","East","Pham","FM",38,722.22,304.06,null,null,"Franks",6823.0400000000009,2096.81,3029.98,1608.96]
["2011-01-03","Carlota","MidWest","Chin","FM",20,460.28,220.63,null,null,"Smith",3695.64,3315.97,5769.22,2828.0200000000004]
["2011-01-03","Sunset","South","Pham","WSD",23,483.58,213.57]
["2011-01-03","Sunshine","South","Sioux","PCC",6,114.53,48.26,null,"Region","SalesRep","Total",null,"Region","Count","Max","Min"]
["2011-01-04","Sunset","MidWest","Sioux","BBT",29,609.12,269.16000000000003,null,"East","Sioux",{"$f":"SUMIFS($G$44:$G$148,$C$44:$C$148,LOOKUP(\"Ω\",J$52:J52),$D$44:$D$148,$K52)","v":1329.8},null,"East",{"$f":"COUNTIFS($C$44:$C$148,N52)","v":30},{"$f":"_xlfn.AGGREGATE(M$89,6,$G$44:$G$148/($C$44:$C$148=$N52),1)","v":1674.82},198.06]
["2011-01-05","Sunset","South","Pham","TTT",57,1197.9000000000001,527.98,null,null,"Gault",{"$f":"SUMIFS($G$44:$G$148,$C$44:$C$148,LOOKUP(\"Ω\",J$52:J53),$D$44:$D$148,$K53)","v":3722.4599999999996},null,"MidWest",{"$f":"COUNTIFS($C$44:$C$148,N53)","v":24},1647.26,152.76]
["2011-01-05","Sunshine","West","Franks","ET",12,228.89,96.02,null,null,"Pham",{"$f":"SUMIFS($G$44:$G$148,$C$44:$C$148,LOOKUP(\"Ω\",J$52:J54),$D$44:$D$148,$K54)","v":4944.8999999999996},null,"South",{"$f":"COUNTIFS($C$44:$C$148,N54)","v":27},1512.19,114.53]
["2011-01-05","Carlota","West","Franks","ITTW",60,1380.07,660.4,null,null,"Chin",{"$f":"SUMIFS($G$44:$G$148,$C$44:$C$148,LOOKUP(\"Ω\",J$52:J55),$D$44:$D$148,$K55)","v":4399.03},null,"West",{"$f":"COUNTIFS($C$44:$C$148,N55)","v":24},5000.6000000000004,132.34]
["2011-01-06","Sunshine","East","Franks","PSA",54,1026.96,432.75,null,null,"Franks",{"$f":"SUMIFS($G$44:$G$148,$C$44:$C$148,LOOKUP(\"Ω\",J$52:J56),$D$44:$D$148,$K56)","v":6823.0400000000009}]
["2011-01-06","Sunshine","South","Smith","QT",40,760.24,320.2,null,null,"Smith",{"$f":"SUMIFS($G$44:$G$148,$C$44:$C$148,LOOKUP(\"Ω\",J$52:J57),$D$44:$D$148,$K57)","v":3695.64}]
["2011-01-06","Carlota","West","Sioux","KPSA",18,414.11,198.71,null,"MidWest","Sioux",{"$f":"SUMIFS($G$44:$G$148,$C$44:$C$148,LOOKUP(\"Ω\",J$52:J58),$D$44:$D$148,$K58)","v":2303.3900000000003}]
["2011-01-06","Quad","West","Sioux","PCC",64,1728.81,928.38,null,null,"Gault",{"$f":"SUMIFS($G$44:$G$148,$C$44:$C$148,LOOKUP(\"Ω\",J$52:J59),$D$44:$D$148,$K59)","v":1286.03}]
["2011-01-07","Carlota","MidWest","Franks","HHH",12,276.06,132.56,null,null,"Pham",{"$f":"SUMIFS($G$44:$G$148,$C$44:$C$148,LOOKUP(\"Ω\",J$52:J60),$D$44:$D$148,$K60)","v":3200.41}]
["2011-01-07","Sunset","MidWest","Sioux","PCC",22,462.22,203.57,null,null,"Chin",{"$f":"SUMIFS($G$44:$G$148,$C$44:$C$148,LOOKUP(\"Ω\",J$52:J61),$D$44:$D$148,$K61)","v":3495.5299999999997}]
["2011-01-07","Sunset","West","Pham","T",61,1281.0999999999999,565.15,null,null,"Franks",{"$f":"SUMIFS($G$44:$G$148,$C$44:$C$148,LOOKUP(\"Ω\",J$52:J62),$D$44:$D$148,$K62)","v":2096.81}]
["2011-01-07","Sunset","West","Pham","WT",53,1113.7,490.31,null,null,"Smith",{"$f":"SUMIFS($G$44:$G$148,$C$44:$C$148,LOOKUP(\"Ω\",J$52:J63),$D$44:$D$148,$K63)","v":3315.97}]
["2011-01-07","Bellen","West","Smith","T",27,594.09,270.42,null,"South","Sioux",{"$f":"SUMIFS($G$44:$G$148,$C$44:$C$148,LOOKUP(\"Ω\",J$52:J64),$D$44:$D$148,$K64)","v":4791.8}]
["2011-01-08","Quad","West","Chin","HII",16,432.67,232.2,null,null,"Gault",{"$f":"SUMIFS($G$44:$G$148,$C$44:$C$148,LOOKUP(\"Ω\",J$52:J65),$D$44:$D$148,$K65)","v":2040.69}]
["2011-01-09","Carlota","East","Franks","WSD",38,874.45,418.69,null,null,"Pham",{"$f":"SUMIFS($G$44:$G$148,$C$44:$C$148,LOOKUP(\"Ω\",J$52:J66),$D$44:$D$148,$K66)","v":1954.58}]
["2011-01-09","Bellen","East","Pham","EPP",40,880.38,400.89,null,null,"Chin",{"$f":"SUMIFS($G$44:$G$148,$C$44:$C$148,LOOKUP(\"Ω\",J$52:J67),$D$44:$D$148,$K67)","v":2228.6799999999998}]
["2011-01-09","Sunshine","East","Smith","PCC",42,798.53,336.16,null,null,"Franks",{"$f":"SUMIFS($G$44:$G$148,$C$44:$C$148,LOOKUP(\"Ω\",J$52:J68),$D$44:$D$148,$K68)","v":3029.98}]
["2011-01-09","Bellen","South","Chin","WSD",26,572.41999999999996,260.27,null,null,"Smith",{"$f":"SUMIFS($G$44:$G$148,$C$44:$C$148,LOOKUP(\"Ω\",J$52:J69),$D$44:$D$148,$K69)","v":5769.22}]
["2011-01-09","Bellen","South","Sioux","QT",15,330.61,150.43,null,"West","Sioux",{"$f":"SUMIFS($G$44:$G$148,$C$44:$C$148,LOOKUP(\"Ω\",J$52:J70),$D$44:$D$148,$K70)","v":4168.1499999999996}]
["2011-01-10","Sunset","East","Gault","TRU",27,567.17999999999995,250.66,null,null,"Gault",{"$f":"SUMIFS($G$44:$G$148,$C$44:$C$148,LOOKUP(\"Ω\",J$52:J71),$D$44:$D$148,$K71)","v":4376.0199999999995}]
["2011-01-10","Carlota","East","Pham","AA",63,1449.21,693.64,null,null,"Pham",{"$f":"SUMIFS($G$44:$G$148,$C$44:$C$148,LOOKUP(\"Ω\",J$52:J72),$D$44:$D$148,$K72)","v":9790.9600000000009}]
["2011-01-10","Quad","East","Smith","DFR",17,459.29,246.75,null,null,"Chin",{"$f":"SUMIFS($G$44:$G$148,$C$44:$C$148,LOOKUP(\"Ω\",J$52:J73),$D$44:$D$148,$K73)","v":2006.31}]
["2011-01-10","Sunset","East","Smith","MBG",17,357.55,157.94999999999999,null,null,"Franks",{"$f":"SUMIFS($G$44:$G$148,$C$44:$C$148,LOOKUP(\"Ω\",J$52:J74),$D$44:$D$148,$K74)","v":1608.96}]
["2011-01-10","Bellen","MidWest","Gault","FM",7,154.34,70,null,null,"Smith",{"$f":"SUMIFS($G$44:$G$148,$C$44:$C$148,LOOKUP(\"Ω\",J$52:J75),$D$44:$D$148,$K75)","v":2828.0200000000004}]
["2011-01-10","Sunshine","MidWest","Smith","TTT",8,152.76,64.12]
["2011-01-10","Sunshine","South","Chin","TRU",30,570.22,240.67]
["2011-01-10","Sunset","South","Sioux","MBG",47,987.62,435.15]
["2011-01-10","Quad","West","Smith","KBTB",65,1755.71,942.93]
["2011-01-11","Quad","East","Franks","ITW",14,378.27,203.62]
["2011-01-11","Quad","East","Smith","BBT",49,1323.81,711.49]
["2011-01-12","Sunset","MidWest","Gault","ITW",19,399.02,176.55]
["2011-01-12","Bellen","South","Chin","WT",7,154.94999999999999,70.62]
["2011-01-13","Bellen","MidWest","Pham","PLOT",57,1254.57,570.77]
["2011-01-13","Sunshine","MidWest","Pham","PSA",33,627.32000000000005,264.54000000000002]
["2011-01-13","Bellen","MidWest","Pham","PSA",40,880.6,400.47]
["2011-01-13","Carlota","South","Smith","FM",52,1196.03,572.80999999999995]
["2011-01-14","Carlota","East","Franks","JAQ",34,782.32,374.76,null,null,null,null,"Function #","Function #"]
["2011-01-15","Sunset","East","Gault","AST",63,1323.35,583.36,null,null,null,null,14,15]
["2011-01-15","Sunshine","MidWest","Chin","YTR",11,209.92,88.73]
["2011-01-16","Bellen","MidWest","Sioux","YTR",56,1232.05,560.29]
["2011-01-16","Carlota","South","Smith","QT",31,713.28,341.34]
["2011-01-17","Quad","East","Franks","HII",62,1674.82,899.56]
["2011-01-17","Quad","East","Gault","SFWK",43,1161.25,623.75]
["2011-01-17","Carlota","East","Sioux","PCC",39,897.63,429.68]
["2011-01-17","Quad","MidWest","Chin","EPP",61,1647.26,885.17]
["2011-01-17","Sunshine","MidWest","Franks","HHH",59,1121.96,472.38]
["2011-01-17","Bellen","MidWest","Smith","PCC",16,352.2,160.66]
["2011-01-17","Quad","West","Chin","PCC",10,270.77999999999997,145.72999999999999]
["2011-01-18","Sunshine","East","Franks","AA",24,456.41,192.14]
["2011-01-18","Bellen","East","Franks","DFGH",20,441,200.54]
["2011-01-18","Sunset","East","Gault","MNGD",12,252.44,111.66]
["2011-01-18","Bellen","East","Pham","DFR",59,1298.92,590.75]
["2011-01-18","Sunshine","MidWest","Chin","PCC",62,1178.07,496.92]
["2011-01-18","Quad","MidWest","Smith","PLOT",17,459.95,247.23]
["2011-01-18","Carlota","South","Smith","YTR",53,1219.7,583.67999999999995]
["2011-01-18","Sunshine","West","Sioux","AST",8,152.24,64.989999999999995]
["2011-01-19","Bellen","South","Sioux","T",35,770.8,350.53]
["2011-01-20","Carlota","East","Chin","ET",59,1357.25,649.15]
["2011-01-20","Bellen","East","Gault","PSA",10,220.18,100.84]
["2011-01-20","Sunshine","West","Sioux","YTR",58,1102.81,464.06]
["2011-01-21","Quad","East","Chin","FM",58,1566.83,841.43]
["2011-01-21","Sunshine","MidWest","Pham","DFR",23,437.92,184.33]
["2011-01-21","Sunshine","MidWest","Smith","QT",64,1216.1199999999999,512.86]
["2011-01-21","Sunset","South","Pham","HHH",13,273.10000000000002,120.64]
["2011-01-21","Bellen","South","Smith","TRU",11,242.26,110.91]
["2011-01-21","Quad","West","Gault","ITW",56,1512.6,812.83]
["2011-01-22","Quad","South","Franks","FM",29,783.75,421.2]
["2011-01-22","Carlota","South","Smith","KBTB",29,667.99,319.45]
["2011-01-22","Bellen","West","Pham","AST",53,1166.31,530.24]
["2011-01-22","Bellen","West","Sioux","YTR",35,770.18,350.66]
["2011-01-22","Bellen","West","Smith","WT",6,132.34,60.58]
["2011-01-23","Quad","East","Franks","PCC",44,1188.81,638.04]
["2011-01-23","Bellen","East","Gault","DFGH",9,198.06,90.45]
["2011-01-23","Quad","East","Pham","WT",22,594.16999999999996,319.41000000000003]
["2011-01-23","Sunshine","South","Chin","T",49,931.09,392.91]
["2011-01-24","Carlota","MidWest","Franks","BBT",13,299.64,143.78]
["2011-01-24","Quad","West","Gault","HII",63,1701.68,913.74]
["2011-01-25","Sunshine","MidWest","Franks","JAQ",21,399.15,168.95]
["2011-01-26","Bellen","East","Chin","KPSA",17,374.81,170.37]
["2011-01-26","Bellen","MidWest","Gault","PSA",21,462.17,210.81]
["2011-01-26","Sunset","South","Sioux","DFGH",44,924.29,407.31]
["2011-01-26","Bellen","West","Pham","FRED",61,5000.6000000000004,610.16]
["2011-01-27","Carlota","West","Gault","QT",10,230.25,110.43]
["2011-01-28","Sunset","East","Smith","ZAT",36,756.46,333.2]
["2011-01-28","Quad","MidWest","Smith","YTR",42,1134.94,609.54]
["2011-01-28","Carlota","South","Franks","MNGD",46,1058.01,506.64]
["2011-01-28","Quad","South","Franks","YTR",44,1188.22,638.79]
["2011-01-28","Quad","South","Gault","KBTB",56,1512.19,812.26]
["2011-01-28","Bellen","South","Sioux","QT",25,550.39,250.46]
["2011-01-28","Sunshine","South","Smith","FRED",51,969.72,408.08]
["2011-01-28","Sunset","West","Chin","FM",62,1302.8599999999999,574.25]
["2011-01-28","Carlota","West","Smith","LOP",15,345.88,165.74]
["2011-01-29","Bellen","East","Chin","AST",50,1100.1400000000001,500.16]
["2011-01-29","Quad","MidWest","Gault","PLOT",10,270.5,145.57]
["2011-01-30","Sunshine","South","Sioux","TTT",23,437.81,184.16]
["2011-01-30","Quad","South","Sioux","TTT",25,675.75,362.89]
["2011-01-30","Sunshine","West","Gault","DFR",49,931.49,392.84]

{"sheet":"Data(2)","index":3,"n_rows":1011,"n_cols":32,"rows_kept":1011,"cut":false,"hidden":false,"merged":[]}
[31,"Group Dates: Right-click Date in Pivot and point to Group."]
[32,"Group Times: Right-click Time in Pivot and point to Group."]
[33,"Old Excel 2003 dialog box to group or ungroup a field in a second way:"]
[null,"Keyboard: Alt, D, P."]
[null,"This creates a separate cache of data."]
[]
[]
[]
[]
[]
["Invoice Number","Date","Time","Internal Toy ID Number","Toy Item Number","Toy Company","Toy Name","Suggested Age","Price Per Toy","Units Sold","Total Line Revenue","Total COGS","Payment","Cashier ID","Member?","Coupon?","Purchaser Age","Parking Validation?",null,"Date","Product","Region","SalesRep","Customer","Units","Sales","COGS",null,null,"SalesIntegers",null,"SalesDecimals"]
[654522,"2010-01-07","10:25:37.200","D255/FE",192,"Duplo","Policemen","6 and up",9.9499999999999993,1,9.9499999999999993,5.17,"Cash","V.W.|880-4523","No","No",39,"No",null,"2011-01-01","Quad","East","Sioux","AA",16,432.17,232.99,null,null,11,null,11.61]
[654526,"2010-01-07","12:00:00","L217/SN",255,"Duplo","Farming Scene","7 and up",24.95,5,124.75,81.099999999999994,"Visa","B.X.|880-9149","No","No",29,"No",null,null,"Bellen","South","Gault","KBTB",24,528.5,240.35,null,null,18,null,18.149999999999999]
[654568,"2010-01-07","14:19:12","L195/AE",195,"Lego","Airplane","8 and up",5.95,1,5.95,3.09,"Cash","Z.Q.|880-4240","No","Yes",46,"Yes",null,"1/2/11","Quad","West","Pham","AST",30,810.71,435.64,null,null,12,null,12.88]
[654576,"2010-01-25","12:57:00","L256/PE",256,"Lego","Police Officers and Motorcycle","9 and up",9.9499999999999993,1,9.9499999999999993,4.4800000000000004,"Discover","D.U.|880-2953","No","No",36,"No",null,"2011-01-02","Bellen","West","Pham","SFWK",19,418.54,190.05,null,null,8,null,8.14]
[654613,"2010-02-05","14:51:36","D250/AT",192,"Duplo","Policemen","6 and up",9.9499999999999993,1,9.9499999999999993,5.17,"Cash","D.Z.|880-1179","No","No",33,"No",null,"2011-01-03","Sunshine","East","Pham","FM",38,722.22,304.06,null,null,12,null,12.64]
[654624,"2010-02-05","14:36:00","D250/AT",192,"Duplo","Policemen","6 and up",9.9499999999999993,5,49.75,25.85,"Cash","L.W.|880-4986","No","No",47,"No",null,"2011-01-03","Carlota","MidWest","Chin","FM",20,460.28,220.63,null,null,19,null,19.84]
[654650,"2010-02-06","14:33:36","D250/AT",192,"Duplo","Policemen","6 and up",9.9499999999999993,1,9.9499999999999993,5.17,"Mastercard","D.S.|880-7532","No","No",34,"No",null,"2011-01-03","Sunset","South","Pham","WSD",23,483.58,213.57,null,null,7,null,7.39]
[654650,"2010-02-06","14:33:36","L195/AE",195,"Lego","Airplane","8 and up",5.95,2,11.9,6.18,"Mastercard","D.S.|880-7532","No","No",34,"No",null,"2011-01-03","Sunshine","South","Sioux","PCC",6,114.53,48.26,null,null,3,null,3.4]
[654668,"2010-02-11","13:42:46.800","L195/AE",195,"Lego","Airplane","8 and up",5.95,1,5.95,3.09,"Check","D.W.|880-7199","No","No",47,"Yes",null,"2011-01-04","Sunset","MidWest","Sioux","BBT",29,609.12,269.16000000000003,null,null,18,null,18.12]
[654673,"2010-02-20","15:27:18","L256/PE",256,"Lego","Police Officers and Motorcycle","9 and up",9.9499999999999993,4,39.799999999999997,17.920000000000002,"Cash","W.B.|880-9647","No","No",32,"No",null,"2011-01-05","Sunset","South","Pham","TTT",57,1197.9000000000001,527.98,null,null,13,null,13.94]
[654693,"2010-03-11","15:45:36","D254/FE",192,"Duplo","Policemen","6 and up",9.9499999999999993,1,9.9499999999999993,5.17,"Cash","B.Y.|880-6845","No","No",36,"No",null,"2011-01-05","Sunshine","West","Franks","ET",12,228.89,96.02,null,null,2,null,2.88]
[654693,"2010-03-11","15:45:36","L195/AE",195,"Lego","Airplane","8 and up",5.95,1,5.95,3.09,"Cash","B.Y.|880-6845","No","No",36,"No",null,"2011-01-05","Carlota","West","Franks","ITTW",60,1380.07,660.4,null,null,15,null,15.77]
[654733,"2010-03-11","13:59:24","L256/PE",256,"Lego","Police Officers and Motorcycle","9 and up",9.9499999999999993,2,19.899999999999999,8.9600000000000009,"Visa","P.N.|880-3021","No","No",36,"No"]
[654754,"2010-03-27","12:08:24","D255/FE",192,"Duplo","Policemen","6 and up",9.9499999999999993,1,9.9499999999999993,5.17,"Mastercard","P.N.|880-3021","No","No",33,"No",null,"Date","Product","Region","SalesRep","Customer","Units","Sales","COGS"]
[654799,"2010-04-03","15:27:36","D255/FE",192,"Duplo","Policemen","6 and up",9.9499999999999993,3,29.849999999999998,15.51,"Cash","A.U.|880-2167","Yes","No",47,"No",null,"2011-01-01","Quad","East","Sioux","AA",16,432.17,232.99]
[654827,"2010-04-09","15:58:33.600","D254/FE",192,"Duplo","Policemen","6 and up",9.9499999999999993,2,19.899999999999999,10.34,"Mastercard","A.U.|880-2167","No","No",35,"Yes",null,null,"Bellen","South","Gault","KBTB",24,528.5,240.35]
[654834,"2010-04-09","12:06:00","D254/FE",192,"Duplo","Policemen","6 and up",9.9499999999999993,2,19.899999999999999,10.34,"Visa","Z.Q.|880-4240","Yes","Yes",49,"No",null,"1/2/11","Quad","West","Pham","AST",30,810.71,435.64]
[654860,"2010-04-09","17:12:36","L195/AE",195,"Lego","Airplane","8 and up",5.95,2,11.9,6.18,"Gift Card","B.B.|880-9330","No","Yes",30,"No",null,"2011-01-02","Bellen","West","Pham","SFWK",19,418.54,190.05]
[654883,"2010-04-09","12:59:16.800","L217/SN",255,"Duplo","Farming Scene","7 and up",24.95,3,74.849999999999994,48.66,"Visa","Z.Q.|880-4240","No","No",42,"Yes",null,"2011-01-03","Sunshine","East","Pham","FM",38,722.22,304.06]
[654908,"2010-04-14","19:54:00","D218/FN",192,"Duplo","Policemen","6 and up",9.9499999999999993,1,9.9499999999999993,5.17,"Mastercard","L.C.|880-6872","No","No",39,"No",null,"2011-01-03","Carlota","MidWest","Chin","FM",20,460.28,220.63]
[654932,"2010-04-14","12:42:00","D250/AT",192,"Duplo","Policemen","6 and up",9.9499999999999993,1,9.9499999999999993,5.17,"Mastercard","U.O.|880-3720","No","No",36,"Yes",null,"2011-01-03","Sunset","South","Pham","WSD",23,483.58,213.57]
[654979,"2010-04-17","14:16:30","D254/FE",192,"Duplo","Policemen","6 and up",9.9499999999999993,2,19.899999999999999,10.34,"Cash","D.W.|880-7199","No","Yes",39,"No",null,"2011-01-03","Sunshine","South","Sioux","PCC",6,114.53,48.26]
[655029,"2010-04-22","13:39:36","L256/PE",256,"Lego","Police Officers and Motorcycle","9 and up",9.9499999999999993,1,9.9499999999999993,4.4800000000000004,"Discover","S.V.|880-5987","No","Yes",63,"No",null,"2011-01-04","Sunset","MidWest","Sioux","BBT",29,609.12,269.16000000000003]
[655035,"2010-04-24","17:16:48","L340/FS",340,"Lego","Fire Trucks","6 and up",34.950000000000003,2,69.900000000000006,39.840000000000003,"Mastercard","V.W.|880-4523","Yes","Yes",38,"No",null,"2011-01-05","Sunset","South","Pham","TTT",57,1197.9000000000001,527.98]
[655083,"2010-04-25","16:52:12","L256/PE",256,"Lego","Police Officers and Motorcycle","9 and up",9.9499999999999993,2,19.899999999999999,8.9600000000000009,"Visa","N.W.|880-6237","No","Yes",33,"No",null,"2011-01-05","Sunshine","West","Franks","ET",12,228.89,96.02]
[655105,"2010-05-01","15:27:36","L256/PE",256,"Lego","Police Officers and Motorcycle","9 and up",9.9499999999999993,1,9.9499999999999993,4.4800000000000004,"Visa","U.W.|880-9683","No","No",33,"No",null,"2011-01-05","Carlota","West","Franks","ITTW",60,1380.07,660.4]
[655105,"2010-05-01","15:27:36","L256/PE",256,"Lego","Police Officers and Motorcycle","9 and up",9.9499999999999993,2,19.899999999999999,8.9600000000000009,"Visa","U.W.|880-9683","No","No",33,"No"]
[655112,"2010-05-04","14:47:13.200","D255/FE",192,"Duplo","Policemen","6 and up",9.9499999999999993,1,9.9499999999999993,5.17,"Visa","H.B.|880-3254","Yes","Yes",31,"No"]
[655124,"2010-05-06","12:39:57.600","D255/FE",192,"Duplo","Policemen","6 and up",9.9499999999999993,1,9.9499999999999993,5.17,"Visa","Z.Q.|880-4240","No","No",45,"No"]
[655165,"2010-05-30","17:40:12","D250/AT",192,"Duplo","Policemen","6 and up",9.9499999999999993,2,19.899999999999999,10.34,"Cash","D.U.|880-2953","Yes","Yes",29,"No"]
[655189,"2010-05-30","16:21:00","L195/AE",195,"Lego","Airplane","8 and up",5.95,2,11.9,6.18,"Visa","B.B.|880-9330","No","No",49,"No"]
[655232,"2010-05-30","11:17:24","D250/AT",192,"Duplo","Policemen","6 and up",9.9499999999999993,1,9.9499999999999993,5.17,"Cash","H.B.|880-3254","No","Yes",42,"No"]
[655232,"2010-05-30","11:17:24","L256/PE",256,"Lego","Police Officers and Motorcycle","9 and up",9.9499999999999993,2,19.899999999999999,8.9600000000000009,"Cash","H.B.|880-3254","No","Yes",42,"No"]
[655281,"2010-06-01","15:27:36","D255/FE",192,"Duplo","Policemen","6 and up",9.9499999999999993,4,39.799999999999997,20.68,"Mastercard","W.C.|880-4861","No","No",34,"Yes"]
[655298,"2010-06-09","16:28:48","D255/FE",192,"Duplo","Policemen","6 and up",9.9499999999999993,1,9.9499999999999993,5.17,"Discover","V.W.|880-8599","No","No",36,"No"]
[655323,"2010-06-13","12:18:36","D255/FE",192,"Duplo","Policemen","6 and up",9.9499999999999993,1,9.9499999999999993,5.17,"Mastercard","N.C.|880-3850","No","No",41,"No"]
[655358,"2010-06-13","19:16:12","L195/AE",195,"Lego","Airplane","8 and up",5.95,2,11.9,6.18,"Cash","W.C.|880-4861","No","No",32,"Yes"]
[655358,"2010-06-13","19:16:12","D254/FE",192,"Duplo","Policemen","6 and up",9.9499999999999993,1,9.9499999999999993,5.17,"Cash","W.C.|880-4861","No","No",32,"Yes"]
[655373,"2010-06-21","12:27:39.600","L195/AE",195,"Lego","Airplane","8 and up",5.95,1,5.95,3.09,"Visa","N.W.|880-6237","No","No",43,"No"]
[655385,"2010-06-21","16:05:24","L256/PE",256,"Lego","Police Officers and Motorcycle","9 and up",9.9499999999999993,2,19.899999999999999,8.9600000000000009,"Mastercard","W.B.|880-9647","No","No",46,"No"]
[655412,"2010-06-24","11:39:10.800","D254/FE",192,"Duplo","Policemen","6 and up",9.9499999999999993,5,49.75,25.85,"Mastercard","H.B.|880-3254","No","No",65,"No"]
[655412,"2010-06-24","11:39:10.800","D250/AT",192,"Duplo","Policemen","6 and up",9.9499999999999993,2,19.899999999999999,10.34,"Mastercard","H.B.|880-3254","No","No",65,"No"]
[655420,"2010-06-26","16:09:36","L256/PE",256,"Lego","Police Officers and Motorcycle","9 and up",9.9499999999999993,2,19.899999999999999,8.9600000000000009,"Mastercard","A.U.|880-2167","No","No",56,"Yes"]
[655467,"2010-07-04","13:46:48","L195/AE",195,"Lego","Airplane","8 and up",5.95,1,5.95,3.09,"Cash","Y.P.|880-6894","No","No",34,"Yes"]
[655505,"2010-07-09","09:10:12","D254/FE",192,"Duplo","Policemen","6 and up",9.9499999999999993,2,19.899999999999999,10.34,"Gift Card","N.C.|880-3850","No","No",30,"Yes"]
[655526,"2010-07-09","12:57:36","D250/AT",192,"Duplo","Policemen","6 and up",9.9499999999999993,3,29.849999999999998,15.51,"Mastercard","Z.Q.|880-4240","No","No",24,"Yes"]
[655557,"2010-07-10","16:00:00","L195/AE",195,"Lego","Airplane","8 and up",5.95,4,23.8,12.36,"Visa","V.W.|880-8599","No","No",37,"No"]
[655557,"2010-07-10","16:00:00","D255/FE",192,"Duplo","Policemen","6 and up",9.9499999999999993,2,19.899999999999999,10.34,"Visa","V.W.|880-8599","No","No",37,"No"]
[655570,"2010-07-18","14:46:12","D255/FE",192,"Duplo","Policemen","6 and up",9.9499999999999993,1,9.9499999999999993,5.17,"Cash","L.W.|880-4986","No","Yes",37,"No"]
[655577,"2010-07-19","11:24:00","L256/PE",256,"Lego","Police Officers and Motorcycle","9 and up",9.9499999999999993,4,39.799999999999997,17.920000000000002,"Mastercard","V.W.|880-8599","No","No",12,"No"]
[655613,"2010-07-25","12:04:22.800","D250/AT",192,"Duplo","Policemen","6 and up",9.9499999999999993,2,19.899999999999999,10.34,"Visa","L.W.|880-4986","No","No",64,"No"]
[655623,"2010-07-29","10:13:48","D250/AT",192,"Duplo","Policemen","6 and up",9.9499999999999993,1,9.9499999999999993,5.17,"Visa","D.U.|880-2953","No","No",43,"No"]
[655643,"2010-07-30","11:49:48","L195/AE",195,"Lego","Airplane","8 and up",5.95,3,17.850000000000001,9.27,"Gift Card","N.C.|880-3850","No","No",48,"No"]
[655661,"2010-08-09","16:56:24","D250/AT",192,"Duplo","Policemen","6 and up",9.9499999999999993,1,9.9499999999999993,5.17,"Mastercard","C.X.|880-3590","Yes","Yes",34,"No"]
[655661,"2010-08-09","16:56:24","D254/FE",192,"Duplo","Policemen","6 and up",9.9499999999999993,1,9.9499999999999993,5.17,"Mastercard","C.X.|880-3590","Yes","Yes",34,"No"]
[655673,"2010-08-16","15:42:36","D255/FE",192,"Duplo","Policemen","6 and up",9.9499999999999993,1,9.9499999999999993,5.17,"Cash","D.U.|880-2953","No","No",50,"Yes"]
[655676,"2010-08-18","18:27:36","D254/FE",192,"Duplo","Policemen","6 and up",9.9499999999999993,1,9.9499999999999993,5.17,"Cash","D.Z.|880-1179","No","No",38,"No"]
[655676,"2010-08-18","18:27:36","D254/FE",192,"Duplo","Policemen","6 and up",9.9499999999999993,4,39.799999999999997,20.68,"Cash","D.Z.|880-1179","No","No",38,"No"]
[655679,"2010-08-24","16:49:12","D250/AT",192,"Duplo","Policemen","6 and up",9.9499999999999993,3,29.849999999999998,15.51,"Gift Card","S.V.|880-5987","No","No",41,"No"]
[655716,"2010-09-02","16:19:04.800","D250/AT",192,"Duplo","Policemen","6 and up",9.9499999999999993,1,9.9499999999999993,5.17,"Cash","U.W.|880-9683","Yes","No",21,"No"]
[655731,"2010-09-05","18:17:24","D254/FE",192,"Duplo","Policemen","6 and up",9.9499999999999993,1,9.9499999999999993,5.17,"Visa","Z.T.|880-7477","No","Yes",31,"No"]
[655768,"2010-09-12","14:41:34.800","L256/PE",256,"Lego","Police Officers and Motorcycle","9 and up",9.9499999999999993,1,9.9499999999999993,4.4800000000000004,"Mastercard","H.B.|880-3254","No","No",40,"No"]
[655793,"2010-09-12","17:33:00","D255/FE",192,"Duplo","Policemen","6 and up",9.9499999999999993,3,29.849999999999998,15.51,"Cash","A.U.|880-2167","Yes","Yes",48,"No"]
[655793,"2010-09-12","17:33:00","D254/FE",192,"Duplo","Policemen","6 and up",9.9499999999999993,1,9.9499999999999993,5.17,"Cash","A.U.|880-2167","Yes","Yes",48,"No"]
[655833,"2010-09-21","18:36:36","L195/AE",195,"Lego","Airplane","8 and up",5.95,2,11.9,6.18,"Discover","H.B.|880-3254","No","No",32,"Yes"]
[655833,"2010-09-21","18:36:36","D250/AT",192,"Duplo","Policemen","6 and up",9.9499999999999993,2,19.899999999999999,10.34,"Discover","H.B.|880-3254","No","No",32,"Yes"]
[655842,"2010-10-04","13:49:12","D250/AT",192,"Duplo","Policemen","6 and up",9.9499999999999993,2,19.899999999999999,10.34,"Cash","D.W.|880-7199","No","No",44,"No"]
[655845,"2010-10-14","20:37:48","L195/AE",195,"Lego","Airplane","8 and up",5.95,1,5.95,3.09,"Mastercard","N.C.|880-3850","No","No",34,"No"]
[655894,"2010-10-16","16:01:48","D255/FE",192,"Duplo","Policemen","6 and up",9.9499999999999993,1,9.9499999999999993,5.17,"Discover","D.S.|880-7532","No","No",40,"No"]
[655933,"2010-10-16","10:30:00","L195/AE",195,"Lego","Airplane","8 and up",5.95,2,11.9,6.18,"Cash","U.W.|880-9683","No","No",31,"No"]
[655965,"2010-10-21","11:27:28.800","L196/AR",196,"Lego","Antique Car","8 and up",7.95,2,15.9,8.9,"Visa","W.C.|880-4861","No","No",45,"No"]
[655965,"2010-10-21","11:27:28.800","D254/FE",192,"Duplo","Policemen","6 and up",9.9499999999999993,1,9.9499999999999993,5.17,"Visa","W.C.|880-4861","No","No",45,"No"]
[655976,"2010-11-01","08:55:48","D250/AT",192,"Duplo","Policemen","6 and up",9.9499999999999993,1,9.9499999999999993,5.17,"Check","D.W.|880-7199","No","No",34,"No"]
[656007,"2010-11-01","20:07:48","D254/FE",192,"Duplo","Policemen","6 and up",9.9499999999999993,1,9.9499999999999993,5.17,"Mastercard","Z.T.|880-7477","No","No",43,"No"]
[656032,"2010-11-01","19:55:48","L194/FY",194,"Lego","Family","4 and up",14.95,1,14.95,8.3699999999999992,"Visa","W.B.|880-9647","No","No",43,"No"]
[656032,"2010-11-01","19:55:48","D254/FE",192,"Duplo","Policemen","6 and up",9.9499999999999993,1,9.9499999999999993,5.17,"Visa","W.B.|880-9647","No","No",43,"No"]
[656077,"2010-11-02","19:21:00","L256/PE",256,"Lego","Police Officers and Motorcycle","9 and up",9.9499999999999993,1,9.9499999999999993,4.4800000000000004,"Cash","U.W.|880-9683","Yes","No",37,"No"]
[656123,"2010-11-02","15:27:36","L256/PE",256,"Lego","Police Officers and Motorcycle","9 and up",9.9499999999999993,1,9.9499999999999993,4.4800000000000004,"Gift Card","V.W.|880-8599","No","Yes",38,"Yes"]
[656125,"2010-11-02","11:49:12","D250/AT",192,"Duplo","Policemen","6 and up",9.9499999999999993,1,9.9499999999999993,5.17,"Cash","U.O.|880-3720","No","No",37,"No"]
[656125,"2010-11-02","11:49:12","L195/AE",195,"Lego","Airplane","8 and up",5.95,1,5.95,3.09,"Cash","U.O.|880-3720","No","No",37,"No"]
[656171,"2010-11-02","15:14:24","L256/PE",256,"Lego","Police Officers and Motorcycle","9 and up",9.9499999999999993,3,29.849999999999998,13.44,"Visa","S.V.|880-5987","No","No",50,"No"]
[656171,"2010-11-02","15:14:24","L256/PE",256,"Lego","Police Officers and Motorcycle","9 and up",9.9499999999999993,1,9.9499999999999993,4.4800000000000004,"Visa","S.V.|880-5987","No","No",50,"No"]
[656207,"2010-11-02","13:25:48","D255/FE",192,"Duplo","Policemen","6 and up",9.9499999999999993,1,9.9499999999999993,5.17,"Cash","N.C.|880-3850","No","No",50,"No"]
[656246,"2010-11-02","10:59:16.800","L195/AE",195,"Lego","Airplane","8 and up",5.95,1,5.95,3.09,"Visa","A.U.|880-2167","No","Yes",43,"No"]
[656246,"2010-11-02","10:59:16.800","L256/PE",256,"Lego","Police Officers and Motorcycle","9 and up",9.9499999999999993,1,9.9499999999999993,4.4800000000000004,"Visa","A.U.|880-2167","No","Yes",43,"No"]
[656287,"2010-11-03","15:33:28.800","D255/FE",192,"Duplo","Policemen","6 and up",9.9499999999999993,1,9.9499999999999993,5.17,"Check","C.X.|880-3590","No","No",43,"No"]
[656300,"2010-11-03","17:16:12","D255/FE",192,"Duplo","Policemen","6 and up",9.9499999999999993,1,9.9499999999999993,5.17,"Cash","N.C.|880-3850","No","No",27,"No"]
[656314,"2010-11-03","12:48:36","D255/FE",192,"Duplo","Policemen","6 and up",9.9499999999999993,4,39.799999999999997,20.68,"Visa","D.S.|880-7532","No","Yes",26,"No"]
[656314,"2010-11-03","12:48:36","L195/AE",195,"Lego","Airplane","8 and up",5.95,5,29.75,15.45,"Visa","D.S.|880-7532","No","Yes",26,"No"]
[656314,"2010-11-03","12:48:36","L195/AE",195,"Lego","Airplane","8 and up",5.95,1,5.95,3.09,"Visa","D.S.|880-7532","No","Yes",26,"No"]
[656364,"2010-11-04","16:56:24","L195/AE",195,"Lego","Airplane","8 and up",5.95,1,5.95,3.09,"Visa","C.X.|880-3590","No","No",38,"Yes"]
[656380,"2010-11-05","15:40:12","D250/AT",192,"Duplo","Policemen","6 and up",9.9499999999999993,1,9.9499999999999993,5.17,"Cash","Z.T.|880-7477","No","No",29,"No"]
[656416,"2010-11-05","16:06:36","L256/PE",256,"Lego","Police Officers and Motorcycle","9 and up",9.9499999999999993,4,39.799999999999997,17.920000000000002,"Cash","C.X.|880-3590","Yes","No",14,"No"]
[656416,"2010-11-05","16:06:36","D254/FE",192,"Duplo","Policemen","6 and up",9.9499999999999993,1,9.9499999999999993,5.17,"Cash","C.X.|880-3590","Yes","No",14,"No"]
[656444,"2010-11-05","15:19:48","D250/AT",192,"Duplo","Policemen","6 and up",9.9499999999999993,1,9.9499999999999993,5.17,"Cash","B.Y.|880-6845","No","Yes",44,"Yes"]
[656478,"2010-11-05","20:51:36","L195/AE",195,"Lego","Airplane","8 and up",5.95,1,5.95,3.09,"Visa","W.B.|880-9647","No","Yes",32,"No"]
[656495,"2010-11-05","13:37:12","L195/AE",195,"Lego","Airplane","8 and up",5.95,2,11.9,6.18,"Check","D.U.|880-2953","No","No",30,"No"]
[656518,"2010-11-05","13:12:00","L256/PE",256,"Lego","Police Officers and Motorcycle","9 and up",9.9499999999999993,1,9.9499999999999993,4.4800000000000004,"Visa","B.B.|880-9330","No","No",19,"No"]
[656533,"2010-11-05","11:01:58.800","L256/PE",256,"Lego","Police Officers and Motorcycle","9 and up",9.9499999999999993,1,9.9499999999999993,4.4800000000000004,"Cash","V.W.|880-4523","No","No",50,"No"]
[656547,"2010-11-06","20:00:00","L195/AE",195,"Lego","Airplane","8 and up",5.95,2,11.9,6.18,"Visa","D.U.|880-2953","Yes","No",11,"No"]
[656588,"2010-11-06","13:24:36","L256/PE",256,"Lego","Police Officers and Motorcycle","9 and up",9.9499999999999993,1,9.9499999999999993,4.4800000000000004,"Visa","H.B.|880-3254","Yes","Yes",41,"Yes"]
[656617,"2010-11-06","10:52:12","D250/AT",192,"Duplo","Policemen","6 and up",9.9499999999999993,2,19.899999999999999,10.34,"Visa","A.U.|880-2167","No","No",38,"No"]
[656617,"2010-11-06","10:52:12","D255/FE",192,"Duplo","Policemen","6 and up",9.9499999999999993,1,9.9499999999999993,5.17,"Visa","A.U.|880-2167","No","No",38,"No"]
[656628,"2010-11-06","10:15:00","L330/GN",330,"Lego","Gas Station","8 and up",32.950000000000003,1,32.950000000000003,19.11,"Discover","U.O.|880-3720","No","No",37,"No"]
[656637,"2010-11-06","11:00:39.600","D254/FE",192,"Duplo","Policemen","6 and up",9.9499999999999993,1,9.9499999999999993,5.17,"Visa","B.Y.|880-6845","No","No",30,"No"]
[656648,"2010-11-06","13:24:36","L195/AE",195,"Lego","Airplane","8 and up",5.95,1,5.95,3.09,"Visa","W.B.|880-9647","No","No",11,"No"]
[656657,"2010-11-06","15:04:12","D254/FE",192,"Duplo","Policemen","6 and up",9.9499999999999993,1,9.9499999999999993,5.17,"Cash","U.W.|880-9683","No","No",22,"No"]
[656657,"2010-11-06","15:04:12","L212/SD",212,"Lego","Scooter and Stand","6 and up",4.95,1,4.95,2.23,"Cash","U.W.|880-9683","No","No",22,"No"]
[656657,"2010-11-06","15:04:12","D218/FN",192,"Duplo","Policemen","6 and up",9.9499999999999993,1,9.9499999999999993,5.17,"Cash","U.W.|880-9683","No","No",22,"No"]
[656671,"2010-11-07","13:21:36","D255/FE",192,"Duplo","Policemen","6 and up",9.9499999999999993,1,9.9499999999999993,5.17,"Gift Card","S.V.|880-5987","No","No",37,"No"]
[656692,"2010-11-08","15:22:12","L256/PE",256,"Lego","Police Officers and Motorcycle","9 and up",9.9499999999999993,1,9.9499999999999993,4.4800000000000004,"Visa","L.W.|880-4986","No","No",11,"No"]
[656737,"2010-11-08","19:04:48","D250/AT",192,"Duplo","Policemen","6 and up",9.9499999999999993,2,19.899999999999999,10.34,"Visa","D.S.|880-7532","No","No",40,"No"]
[656757,"2010-11-08","09:24:36","D255/FE",192,"Duplo","Policemen","6 and up",9.9499999999999993,1,9.9499999999999993,5.17,"Cash","S.Y.|880-3139","No","No",36,"Yes"]
[656757,"2010-11-08","09:24:36","D254/FE",192,"Duplo","Policemen","6 and up",9.9499999999999993,2,19.899999999999999,10.34,"Cash","S.Y.|880-3139","No","No",36,"Yes"]
[656770,"2010-11-09","14:56:24","D255/FE",192,"Duplo","Policemen","6 and up",9.9499999999999993,1,9.9499999999999993,5.17,"Mastercard","H.B.|880-3254","No","No",66,"No"]
[656807,"2010-11-10","11:28:48","L210/CS",210,"Lego","Cowboys with Horses","6 and up",9.4499999999999993,1,9.4499999999999993,4.63,"Visa","P.N.|880-3021","No","No",48,"No"]
[656822,"2010-11-10","08:07:48","D254/FE",192,"Duplo","Policemen","6 and up",9.9499999999999993,2,19.899999999999999,10.34,"Mastercard","B.B.|880-9330","No","No",57,"No"]
[656847,"2010-11-10","12:25:12","D198/LX",192,"Duplo","Policemen","6 and up",9.9499999999999993,2,19.899999999999999,10.34,"Visa","S.Y.|880-3139","Yes","No",38,"No"]
[656854,"2010-11-10","11:12:00","L195/AE",195,"Lego","Airplane","8 and up",5.95,1,5.95,3.09,"Mastercard","V.W.|880-4523","No","Yes",31,"No"]
[656893,"2010-11-10","15:20:24","L212/SD",212,"Lego","Scooter and Stand","6 and up",4.95,1,4.95,2.23,"Visa","U.O.|880-3720","No","No",45,"No"]
[656931,"2010-11-11","09:09:00","D254/FE",192,"Duplo","Policemen","6 and up",9.9499999999999993,1,9.9499999999999993,5.17,"Visa","A.U.|880-2167","No","No",30,"No"]
[656952,"2010-11-11","11:40:55.200","L195/AE",195,"Lego","Airplane","8 and up",5.95,3,17.850000000000001,9.27,"Cash","N.C.|880-3850","No","No",38,"No"]
[656956,"2010-11-11","12:48:36","L256/PE",256,"Lego","Police Officers and Motorcycle","9 and up",9.9499999999999993,1,9.9499999999999993,4.4800000000000004,"Mastercard","V.W.|880-8599","No","No",24,"No"]
[656991,"2010-11-11","15:47:24","D255/FE",192,"Duplo","Policemen","6 and up",9.9499999999999993,4,39.799999999999997,20.68,"Visa","V.W.|880-4523","No","Yes",43,"No"]
[656991,"2010-11-11","15:47:24","D198/LX",192,"Duplo","Policemen","6 and up",9.9499999999999993,2,19.899999999999999,10.34,"Visa","V.W.|880-4523","No","Yes",43,"No"]
[657009,"2010-11-11","12:02:24","D255/FE",192,"Duplo","Policemen","6 and up",9.9499999999999993,2,19.899999999999999,10.34,"Cash","V.W.|880-8599","No","No",36,"No"]
[657052,"2010-11-11","19:45:36","D254/FE",192,"Duplo","Policemen","6 and up",9.9499999999999993,1,9.9499999999999993,5.17,"Check","B.B.|880-9330","No","Yes",34,"Yes"]
[657052,"2010-11-11","19:45:36","L256/PE",256,"Lego","Police Officers and Motorcycle","9 and up",9.9499999999999993,1,9.9499999999999993,4.4800000000000004,"Check","B.B.|880-9330","No","Yes",34,"Yes"]
[657055,"2010-11-12","11:37:12","D250/AT",192,"Duplo","Policemen","6 and up",9.9499999999999993,2,19.899999999999999,10.34,"Check","D.S.|880-7532","No","No",36,"No"]
[657055,"2010-11-12","11:37:12","D250/AT",192,"Duplo","Policemen","6 and up",9.9499999999999993,2,19.899999999999999,10.34,"Check","D.S.|880-7532","No","No",36,"No"]
[657055,"2010-11-12","11:37:12","L256/PE",256,"Lego","Police Officers and Motorcycle","9 and up",9.9499999999999993,1,9.9499999999999993,4.4800000000000004,"Check","D.S.|880-7532","No","No",36,"No"]
[657093,"2010-11-12","13:33:50.400","D250/AT",192,"Duplo","Policemen","6 and up",9.9499999999999993,5,49.75,25.85,"Visa","Y.P.|880-6894","Yes","No",31,"Yes"]
[657101,"2010-11-13","09:53:24","L195/AE",195,"Lego","Airplane","8 and up",5.95,1,5.95,3.09,"Gift Card","Z.T.|880-7477","Yes","No",41,"Yes"]
[657140,"2010-11-13","16:50:56.400","L340/FS",340,"Lego","Fire Trucks","6 and up",34.950000000000003,2,69.900000000000006,39.840000000000003,"Visa","B.Y.|880-6845","No","No",34,"No"]
[657140,"2010-11-13","16:50:56.400","D255/FE",192,"Duplo","Policemen","6 and up",9.9499999999999993,1,9.9499999999999993,5.17,"Visa","B.Y.|880-6845","No","No",34,"No"]
[657187,"2010-11-13","10:39:36","D250/AT",192,"Duplo","Policemen","6 and up",9.9499999999999993,2,19.899999999999999,10.34,"Gift Card","Z.Q.|880-4240","No","No",31,"Yes"]
[657232,"2010-11-13","20:11:24","L195/AE",195,"Lego","Airplane","8 and up",5.95,3,17.850000000000001,9.27,"Visa","C.X.|880-3590","No","No",31,"Yes"]
[657255,"2010-11-14","17:18:36","D254/FE",192,"Duplo","Policemen","6 and up",9.9499999999999993,1,9.9499999999999993,5.17,"Check","U.O.|880-3720","No","No",27,"Yes"]
[657291,"2010-11-14","12:37:48","L256/PE",256,"Lego","Police Officers and Motorcycle","9 and up",9.9499999999999993,1,9.9499999999999993,4.4800000000000004,"Cash","Z.T.|880-7477","No","No",49,"No"]
[657306,"2010-11-14","09:50:56.400","D254/FE",192,"Duplo","Policemen","6 and up",9.9499999999999993,4,39.799999999999997,20.68,"Visa","N.C.|880-3850","No","No",69,"Yes"]
[657316,"2010-11-15","16:45:36","L252/LR",255,"Duplo","Farming Scene","7 and up",24.95,1,24.95,16.22,"Mastercard","P.N.|880-3021","No","No",20,"No"]
[657320,"2010-11-15","08:24:10.800","D250/AT",192,"Duplo","Policemen","6 and up",9.9499999999999993,1,9.9499999999999993,5.17,"Mastercard","B.X.|880-9149","No","No",30,"Yes"]
[657336,"2010-11-15","08:29:42","D255/FE",192,"Duplo","Policemen","6 and up",9.9499999999999993,1,9.9499999999999993,5.17,"Mastercard","H.B.|880-3254","No","No",37,"Yes"]
[657336,"2010-11-15","08:29:42","D250/AT",192,"Duplo","Policemen","6 and up",9.9499999999999993,1,9.9499999999999993,5.17,"Mastercard","H.B.|880-3254","No","No",37,"Yes"]
[657366,"2010-11-16","08:44:42","L256/PE",256,"Lego","Police Officers and Motorcycle","9 and up",9.9499999999999993,2,19.899999999999999,8.9600000000000009,"Mastercard","B.X.|880-9149","No","No",42,"No"]
[657415,"2010-11-16","11:59:56.400","D250/AT",192,"Duplo","Policemen","6 and up",9.9499999999999993,2,19.899999999999999,10.34,"Visa","S.V.|880-5987","No","No",41,"Yes"]
[657415,"2010-11-16","11:59:56.400","D255/FE",192,"Duplo","Policemen","6 and up",9.9499999999999993,2,19.899999999999999,10.34,"Visa","S.V.|880-5987","No","No",41,"Yes"]
[657447,"2010-11-17","13:42:00","L195/AE",195,"Lego","Airplane","8 and up",5.95,4,23.8,12.36,"Mastercard","L.W.|880-4986","No","Yes",40,"Yes"]
[657482,"2010-11-17","10:13:48","L256/PE",256,"Lego","Police Officers and Motorcycle","9 and up",9.9499999999999993,2,19.899999999999999,8.9600000000000009,"Discover","D.W.|880-7199","No","No",39,"Yes"]
[657512,"2010-11-17","11:34:12","D192/PN",192,"Duplo","Policemen","6 and up",9.9499999999999993,1,9.9499999999999993,5.17,"Cash","N.C.|880-3850","No","No",31,"No"]
[657529,"2010-11-17","15:44:24","D255/FE",192,"Duplo","Policemen","6 and up",9.9499999999999993,5,49.75,25.85,"Mastercard","B.Y.|880-6845","No","No",40,"No"]
[657533,"2010-11-17","16:32:24","D254/FE",192,"Duplo","Policemen","6 and up",9.9499999999999993,2,19.899999999999999,10.34,"Mastercard","B.B.|880-9330","Yes","No",38,"No"]
[657533,"2010-11-17","16:32:24","L195/AE",195,"Lego","Airplane","8 and up",5.95,3,17.850000000000001,9.27,"Mastercard","B.B.|880-9330","Yes","No",38,"No"]
[657533,"2010-11-17","16:32:24","D254/FE",192,"Duplo","Policemen","6 and up",9.9499999999999993,1,9.9499999999999993,5.17,"Mastercard","B.B.|880-9330","Yes","No",38,"No"]
[657563,"2010-11-17","13:18:36","L256/PE",256,"Lego","Police Officers and Motorcycle","9 and up",9.9499999999999993,1,9.9499999999999993,4.4800000000000004,"Visa","D.W.|880-7199","No","No",25,"No"]
[657591,"2010-11-18","19:45:00","L194/FY",194,"Lego","Family","4 and up",14.95,1,14.95,8.3699999999999992,"Visa","W.C.|880-4861","No","No",26,"No"]
[657607,"2010-11-18","13:44:24","D250/AT",192,"Duplo","Policemen","6 and up",9.9499999999999993,2,19.899999999999999,10.34,"Visa","D.S.|880-7532","Yes","No",44,"No"]
[657635,"2010-11-18","13:05:52.800","D255/FE",192,"Duplo","Policemen","6 and up",9.9499999999999993,1,9.9499999999999993,5.17,"Cash","D.U.|880-2953","No","No",50,"No"]
[657663,"2010-11-19","14:05:24","L330/GN",330,"Lego","Gas Station","8 and up",32.950000000000003,4,131.80000000000001,76.44,"Visa","D.W.|880-7199","No","No",28,"No"]
[657663,"2010-11-19","14:05:24","D255/FE",192,"Duplo","Policemen","6 and up",9.9499999999999993,5,49.75,25.85,"Visa","D.W.|880-7199","No","No",28,"No"]
[657686,"2010-11-19","12:06:00","L195/AE",195,"Lego","Airplane","8 and up",5.95,2,11.9,6.18,"Mastercard","S.Y.|880-3139","No","No",60,"No"]
[657703,"2010-11-20","11:39:00","L256/PE",256,"Lego","Police Officers and Motorcycle","9 and up",9.9499999999999993,1,9.9499999999999993,4.4800000000000004,"Discover","U.W.|880-9683","No","No",31,"No"]
[657712,"2010-11-20","18:11:24","L195/AE",195,"Lego","Airplane","8 and up",5.95,2,11.9,6.18,"Visa","U.W.|880-9683","No","No",42,"No"]
[657751,"2010-11-20","10:41:24","D250/AT",192,"Duplo","Policemen","6 and up",9.9499999999999993,5,49.75,25.85,"Mastercard","H.B.|880-3254","No","No",48,"No"]
[657751,"2010-11-20","10:41:24","D250/AT",192,"Duplo","Policemen","6 and up",9.9499999999999993,2,19.899999999999999,10.34,"Mastercard","H.B.|880-3254","No","No",48,"No"]
[657769,"2010-11-20","18:34:12","L256/PE",256,"Lego","Police Officers and Motorcycle","9 and up",9.9499999999999993,3,29.849999999999998,13.44,"Cash","S.V.|880-5987","No","No",30,"No"]
[657815,"2010-11-20","12:12:00","D250/AT",192,"Duplo","Policemen","6 and up",9.9499999999999993,2,19.899999999999999,10.34,"Cash","P.N.|880-3021","No","No",44,"No"]
[657839,"2010-11-21","15:01:48","L195/AE",195,"Lego","Airplane","8 and up",5.95,3,17.850000000000001,9.27,"Mastercard","N.W.|880-6237","No","No",35,"No"]
[657858,"2010-11-21","12:19:12","D250/AT",192,"Duplo","Policemen","6 and up",9.9499999999999993,2,19.899999999999999,10.34,"Gift Card","N.C.|880-3850","No","No",50,"No"]
[657884,"2010-11-21","15:37:12","D250/AT",192,"Duplo","Policemen","6 and up",9.9499999999999993,1,9.9499999999999993,5.17,"Discover","V.W.|880-4523","No","No",30,"No"]
[657887,"2010-11-21","13:09:36","L256/PE",256,"Lego","Police Officers and Motorcycle","9 and up",9.9499999999999993,1,9.9499999999999993,4.4800000000000004,"Cash","D.S.|880-7532","No","No",38,"No"]
[657921,"2010-11-22","08:58:48","D254/FE",192,"Duplo","Policemen","6 and up",9.9499999999999993,2,19.899999999999999,10.34,"Cash","Y.P.|880-6894","No","No",30,"Yes"]
[657945,"2010-11-22","13:39:54","L256/PE",256,"Lego","Police Officers and Motorcycle","9 and up",9.9499999999999993,1,9.9499999999999993,4.4800000000000004,"Cash","S.Y.|880-3139","No","No",30,"No"]
[657946,"2010-11-22","19:31:48","L256/PE",256,"Lego","Police Officers and Motorcycle","9 and up",9.9499999999999993,3,29.849999999999998,13.44,"Cash","V.W.|880-8599","No","No",31,"No"]
[657946,"2010-11-22","19:31:48","L330/GN",330,"Lego","Gas Station","8 and up",32.950000000000003,4,131.80000000000001,76.44,"Cash","V.W.|880-8599","No","No",31,"No"]
[657946,"2010-11-22","19:31:48","L195/AE",195,"Lego","Airplane","8 and up",5.95,2,11.9,6.18,"Cash","V.W.|880-8599","No","No",31,"No"]
[657967,"2010-11-23","13:55:51.600","D254/FE",192,"Duplo","Policemen","6 and up",9.9499999999999993,5,49.75,25.85,"Mastercard","C.X.|880-3590","No","No",36,"No"]
[657971,"2010-11-23","10:58:12","L195/AE",195,"Lego","Airplane","8 and up",5.95,2,11.9,6.18,"Discover","H.B.|880-3254","No","No",50,"Yes"]
[657973,"2010-11-23","10:14:16.800","D254/FE",192,"Duplo","Policemen","6 and up",9.9499999999999993,1,9.9499999999999993,5.17,"Check","B.Y.|880-6845","Yes","No",25,"No"]
[657985,"2010-11-23","15:29:52.800","D254/FE",192,"Duplo","Policemen","6 and up",9.9499999999999993,1,9.9499999999999993,5.17,"Cash","U.W.|880-9683","No","No",30,"No"]
[658025,"2010-11-23","09:24:36","L256/PE",256,"Lego","Police Officers and Motorcycle","9 and up",9.9499999999999993,3,29.849999999999998,13.44,"Discover","Z.T.|880-7477","No","No",44,"No"]
[658054,"2010-11-24","14:09:00","L195/AE",195,"Lego","Airplane","8 and up",5.95,2,11.9,6.18,"Visa","H.B.|880-3254","No","No",29,"No"]
[658088,"2010-11-24","16:13:55.200","D250/AT",192,"Duplo","Policemen","6 and up",9.9499999999999993,1,9.9499999999999993,5.17,"Mastercard","D.U.|880-2953","No","No",38,"No"]
[658095,"2010-11-24","18:35:24","D254/FE",192,"Duplo","Policemen","6 and up",9.9499999999999993,4,39.799999999999997,20.68,"Mastercard","L.C.|880-6872","Yes","Yes",30,"Yes"]
[658095,"2010-11-24","18:35:24","D255/FE",192,"Duplo","Policemen","6 and up",9.9499999999999993,1,9.9499999999999993,5.17,"Mastercard","L.C.|880-6872","Yes","Yes",30,"Yes"]
[658135,"2010-11-25","16:22:12","L194/FY",194,"Lego","Family","4 and up",14.95,1,14.95,8.3699999999999992,"Visa","U.O.|880-3720","No","No",49,"No"]
[658157,"2010-11-26","16:59:24","D255/FE",192,"Duplo","Policemen","6 and up",9.9499999999999993,5,49.75,25.85,"Visa","Z.Q.|880-4240","No","No",34,"No"]
[658183,"2010-11-26","15:34:12","D254/FE",192,"Duplo","Policemen","6 and up",9.9499999999999993,1,9.9499999999999993,5.17,"Discover","B.X.|880-9149","No","No",39,"No"]
[658183,"2010-11-26","15:34:12","D250/AT",192,"Duplo","Policemen","6 and up",9.9499999999999993,4,39.799999999999997,20.68,"Discover","B.X.|880-9149","No","No",39,"No"]
[658221,"2010-11-26","15:21:25.200","D254/FE",192,"Duplo","Policemen","6 and up",9.9499999999999993,1,9.9499999999999993,5.17,"Visa","L.C.|880-6872","No","No",11,"No"]
[658267,"2010-11-26","18:50:24","L195/AE",195,"Lego","Airplane","8 and up",5.95,2,11.9,6.18,"Visa","N.C.|880-3850","No","No",34,"No"]
[658278,"2010-11-26","19:56:24","L256/PE",256,"Lego","Police Officers and Motorcycle","9 and up",9.9499999999999993,1,9.9499999999999993,4.4800000000000004,"Visa","L.W.|880-4986","No","No",36,"No"]
[658280,"2010-11-26","11:15:00","D254/FE",192,"Duplo","Policemen","6 and up",9.9499999999999993,5,49.75,25.85,"Discover","S.Y.|880-3139","No","No",32,"No"]
[658330,"2010-11-26","19:00:36","L195/AE",195,"Lego","Airplane","8 and up",5.95,2,11.9,6.18,"Cash","U.O.|880-3720","No","No",36,"No"]
[658361,"2010-11-27","15:36:36","L330/GN",330,"Lego","Gas Station","8 and up",32.950000000000003,1,32.950000000000003,19.11,"Visa","B.Y.|880-6845","No","Yes",47,"No"]
[658387,"2010-11-27","12:25:12","L256/PE",256,"Lego","Police Officers and Motorcycle","9 and up",9.9499999999999993,2,19.899999999999999,8.9600000000000009,"Discover","N.W.|880-6237","No","No",32,"No"]
[658404,"2010-11-27","12:16:12","D250/AT",192,"Duplo","Policemen","6 and up",9.9499999999999993,1,9.9499999999999993,5.17,"Discover","S.V.|880-5987","No","Yes",21,"No"]
[658406,"2010-11-27","10:55:48","D255/FE",192,"Duplo","Policemen","6 and up",9.9499999999999993,2,19.899999999999999,10.34,"Gift Card","B.Y.|880-6845","No","No",34,"No"]
[658406,"2010-11-27","10:55:48","D255/FE",192,"Duplo","Policemen","6 and up",9.9499999999999993,1,9.9499999999999993,5.17,"Gift Card","B.Y.|880-6845","No","No",34,"No"]
[658456,"2010-11-27","14:18:36","D254/FE",192,"Duplo","Policemen","6 and up",9.9499999999999993,1,9.9499999999999993,5.17,"Visa","D.S.|880-7532","No","No",66,"No"]
[658456,"2010-11-27","14:18:36","L195/AE",195,"Lego","Airplane","8 and up",5.95,1,5.95,3.09,"Visa","D.S.|880-7532","No","No",66,"No"]
[658476,"2010-11-28","15:13:22.800","L195/AE",195,"Lego","Airplane","8 and up",5.95,1,5.95,3.09,"Visa","V.W.|880-4523","No","No",34,"No"]
[658499,"2010-11-28","16:56:24","D250/AT",192,"Duplo","Policemen","6 and up",9.9499999999999993,2,19.899999999999999,10.34,"Mastercard","Z.T.|880-7477","No","No",39,"No"]
[658521,"2010-11-28","14:47:24","L256/PE",256,"Lego","Police Officers and Motorcycle","9 and up",9.9499999999999993,1,9.9499999999999993,4.4800000000000004,"Cash","B.B.|880-9330","No","No",66,"No"]
[658562,"2010-11-28","13:23:13.200","D255/FE",192,"Duplo","Policemen","6 and up",9.9499999999999993,2,19.899999999999999,10.34,"Mastercard","D.U.|880-2953","No","No",34,"No"]
[658599,"2010-11-28","14:37:08.400","D250/AT",192,"Duplo","Policemen","6 and up",9.9499999999999993,2,19.899999999999999,10.34,"Cash","D.Z.|880-1179","No","Yes",41,"No"]
[658628,"2010-11-28","13:13:04.800","L256/PE",256,"Lego","Police Officers and Motorcycle","9 and up",9.9499999999999993,1,9.9499999999999993,4.4800000000000004,"Cash","W.C.|880-4861","Yes","No",48,"No"]
[658641,"2010-11-28","16:19:12","D255/FE",192,"Duplo","Policemen","6 and up",9.9499999999999993,1,9.9499999999999993,5.17,"Visa","B.Y.|880-6845","No","No",34,"No"]
[658688,"2010-11-29","13:30:39.600","L256/PE",256,"Lego","Police Officers and Motorcycle","9 and up",9.9499999999999993,2,19.899999999999999,8.9600000000000009,"Cash","L.W.|880-4986","No","No",53,"No"]
[658701,"2010-11-29","11:31:48","L195/AE",195,"Lego","Airplane","8 and up",5.95,4,23.8,12.36,"Mastercard","L.W.|880-4986","No","No",43,"No"]
[658715,"2010-11-29","12:50:24","L256/PE",256,"Lego","Police Officers and Motorcycle","9 and up",9.9499999999999993,5,49.75,22.4,"Mastercard","V.W.|880-8599","No","No",39,"No"]
[658755,"2010-11-29","12:24:00","L210/CS",210,"Lego","Cowboys with Horses","6 and up",9.4499999999999993,4,37.799999999999997,18.52,"Visa","V.W.|880-8599","No","No",31,"No"]
[658773,"2010-11-29","11:57:39.600","D255/FE",192,"Duplo","Policemen","6 and up",9.9499999999999993,2,19.899999999999999,10.34,"Cash","A.U.|880-2167","No","No",34,"No"]
[658817,"2010-11-30","11:05:24","L195/AE",195,"Lego","Airplane","8 and up",5.95,2,11.9,6.18,"Visa","N.C.|880-3850","No","No",31,"Yes"]
[658851,"2010-11-30","14:02:24","D250/AT",192,"Duplo","Policemen","6 and up",9.9499999999999993,4,39.799999999999997,20.68,"Visa","W.C.|880-4861","No","No",36,"No"]
[658858,"2010-11-30","11:50:24","L195/AE",195,"Lego","Airplane","8 and up",5.95,1,5.95,3.09,"Visa","W.B.|880-9647","No","No",38,"No"]
[658894,"2010-11-30","12:46:40.800","D254/FE",192,"Duplo","Policemen","6 and up",9.9499999999999993,3,29.849999999999998,15.51,"Cash","D.W.|880-7199","No","Yes",43,"No"]
[658894,"2010-11-30","12:46:40.800","D255/FE",192,"Duplo","Policemen","6 and up",9.9499999999999993,4,39.799999999999997,20.68,"Cash","D.W.|880-7199","No","Yes",43,"No"]
[658915,"2010-12-01","18:03:00","D254/FE",192,"Duplo","Policemen","6 and up",9.9499999999999993,1,9.9499999999999993,5.17,"Cash","S.V.|880-5987","No","No",39,"No"]
[658942,"2010-12-01","11:16:12","L330/GN",330,"Lego","Gas Station","8 and up",32.950000000000003,2,65.900000000000006,38.22,"Visa","V.W.|880-8599","No","No",31,"No"]
[658968,"2010-12-01","11:03:18","L197/FS",199,"Duplo","Scooter","4 and up",4.95,4,19.8,10.08,"Cash","S.V.|880-5987","No","No",27,"Yes"]
[659005,"2010-12-01","13:00:50.400","D254/FE",192,"Duplo","Policemen","6 and up",9.9499999999999993,4,39.799999999999997,20.68,"Visa","Y.P.|880-6894","No","No",36,"No"]
[659005,"2010-12-01","13:00:50.400","D250/AT",192,"Duplo","Policemen","6 and up",9.9499999999999993,1,9.9499999999999993,5.17,"Visa","Y.P.|880-6894","No","No",36,"No"]
[659007,"2010-12-02","13:16:08.400","D254/FE",192,"Duplo","Policemen","6 and up",9.9499999999999993,2,19.899999999999999,10.34,"Cash","N.W.|880-6237","Yes","Yes",30,"No"]
[659039,"2010-12-02","11:30:18","L195/AE",195,"Lego","Airplane","8 and up",5.95,3,17.850000000000001,9.27,"Mastercard","N.W.|880-6237","Yes","No",55,"Yes"]
[659065,"2010-12-02","16:13:01.200","L195/AE",195,"Lego","Airplane","8 and up",5.95,2,11.9,6.18,"Visa","N.W.|880-6237","No","No",33,"Yes"]
[659082,"2010-12-02","12:18:39.600","L195/AE",195,"Lego","Airplane","8 and up",5.95,1,5.95,3.09,"Check","D.W.|880-7199","No","No",39,"Yes"]
[659106,"2010-12-02","18:23:24","L256/PE",256,"Lego","Police Officers and Motorcycle","9 and up",9.9499999999999993,4,39.799999999999997,17.920000000000002,"Discover","H.B.|880-3254","No","No",34,"No"]
[659126,"2010-12-02","15:17:24","D254/FE",192,"Duplo","Policemen","6 and up",9.9499999999999993,1,9.9499999999999993,5.17,"Cash","D.S.|880-7532","No","No",39,"Yes"]
[659155,"2010-12-02","16:20:24","D255/FE",192,"Duplo","Policemen","6 and up",9.9499999999999993,2,19.899999999999999,10.34,"Visa","Y.P.|880-6894","No","No",32,"No"]
[659189,"2010-12-02","14:21:00","D198/LX",192,"Duplo","Policemen","6 and up",9.9499999999999993,1,9.9499999999999993,5.17,"Cash","Z.Q.|880-4240","No","No",47,"No"]
[659211,"2010-12-03","11:55:48","D254/FE",192,"Duplo","Policemen","6 and up",9.9499999999999993,2,19.899999999999999,10.34,"Visa","H.B.|880-3254","No","No",32,"No"]
[659219,"2010-12-03","13:50:24","D254/FE",192,"Duplo","Policemen","6 and up",9.9499999999999993,1,9.9499999999999993,5.17,"Mastercard","B.X.|880-9149","No","No",25,"Yes"]
[659261,"2010-12-03","11:11:24","D255/FE",192,"Duplo","Policemen","6 and up",9.9499999999999993,2,19.899999999999999,10.34,"Visa","V.W.|880-4523","No","No",40,"No"]
[659269,"2010-12-03","13:43:40.800","D254/FE",192,"Duplo","Policemen","6 and up",9.9499999999999993,1,9.9499999999999993,5.17,"Visa","P.N.|880-3021","No","No",44,"Yes"]
[659277,"2010-12-04","09:50:24","L195/AE",195,"Lego","Airplane","8 and up",5.95,5,29.75,15.45,"Cash","D.Z.|880-1179","Yes","No",73,"Yes"]
[659294,"2010-12-04","11:57:36","D254/FE",192,"Duplo","Policemen","6 and up",9.9499999999999993,2,19.899999999999999,10.34,"Check","Y.P.|880-6894","No","No",25,"No"]
[659294,"2010-12-04","11:57:36","D255/FE",192,"Duplo","Policemen","6 and up",9.9499999999999993,1,9.9499999999999993,5.17,"Check","Y.P.|880-6894","No","No",25,"No"]
[659343,"2010-12-05","16:59:24","L256/PE",256,"Lego","Police Officers and Motorcycle","9 and up",9.9499999999999993,1,9.9499999999999993,4.4800000000000004,"Cash","B.Y.|880-6845","No","No",47,"No"]
[659353,"2010-12-05","11:27:36","D255/FE",192,"Duplo","Policemen","6 and up",9.9499999999999993,1,9.9499999999999993,5.17,"Cash","V.W.|880-8599","No","No",27,"Yes"]
[659395,"2010-12-05","14:23:13.200","D255/FE",192,"Duplo","Policemen","6 and up",9.9499999999999993,1,9.9499999999999993,5.17,"Visa","C.X.|880-3590","No","No",48,"No"]
[659439,"2010-12-05","08:54:36","D254/FE",192,"Duplo","Policemen","6 and up",9.9499999999999993,2,19.899999999999999,10.34,"Mastercard","D.W.|880-7199","No","No",41,"No"]
[659439,"2010-12-05","08:54:36","L195/AE",195,"Lego","Airplane","8 and up",5.95,2,11.9,6.18,"Mastercard","D.W.|880-7199","No","No",41,"No"]
[659457,"2010-12-05","16:34:48","D250/AT",192,"Duplo","Policemen","6 and up",9.9499999999999993,1,9.9499999999999993,5.17,"Visa","D.S.|880-7532","No","No",25,"Yes"]
[659478,"2010-12-06","16:59:24","L195/AE",195,"Lego","Airplane","8 and up",5.95,1,5.95,3.09,"Cash","L.C.|880-6872","No","No",42,"No"]
[659504,"2010-12-06","14:31:30","D255/FE",192,"Duplo","Policemen","6 and up",9.9499999999999993,5,49.75,25.85,"Cash","S.Y.|880-3139","No","No",29,"No"]
[659552,"2010-12-06","13:47:24","L195/AE",195,"Lego","Airplane","8 and up",5.95,1,5.95,3.09,"Discover","L.C.|880-6872","No","No",30,"No"]
[659552,"2010-12-06","13:47:24","D255/FE",192,"Duplo","Policemen","6 and up",9.9499999999999993,1,9.9499999999999993,5.17,"Discover","L.C.|880-6872","No","No",30,"No"]
[659591,"2010-12-06","16:34:40.800","D250/AT",192,"Duplo","Policemen","6 and up",9.9499999999999993,1,9.9499999999999993,5.17,"Visa","P.N.|880-3021","No","No",58,"No"]
[659591,"2010-12-06","16:34:40.800","D250/AT",192,"Duplo","Policemen","6 and up",9.9499999999999993,4,39.799999999999997,20.68,"Visa","P.N.|880-3021","No","No",58,"No"]
[659616,"2010-12-06","17:54:36","D254/FE",192,"Duplo","Policemen","6 and up",9.9499999999999993,1,9.9499999999999993,5.17,"Gift Card","Z.T.|880-7477","No","No",35,"No"]
[659629,"2010-12-06","11:29:56.400","D250/AT",192,"Duplo","Policemen","6 and up",9.9499999999999993,1,9.9499999999999993,5.17,"Mastercard","L.W.|880-4986","No","No",37,"No"]
[659646,"2010-12-06","12:03:00","L256/PE",256,"Lego","Police Officers and Motorcycle","9 and up",9.9499999999999993,5,49.75,22.4,"Mastercard","H.B.|880-3254","No","No",27,"No"]
[659651,"2010-12-06","16:55:55.200","D250/AT",192,"Duplo","Policemen","6 and up",9.9499999999999993,1,9.9499999999999993,5.17,"Mastercard","D.W.|880-7199","No","No",38,"Yes"]
[659692,"2010-12-06","14:40:12","D255/FE",192,"Duplo","Policemen","6 and up",9.9499999999999993,1,9.9499999999999993,5.17,"Visa","W.B.|880-9647","Yes","No",38,"Yes"]
[659699,"2010-12-06","14:00:36","L195/AE",195,"Lego","Airplane","8 and up",5.95,1,5.95,3.09,"Mastercard","V.W.|880-8599","No","No",53,"Yes"]
[659700,"2010-12-06","11:45:36","D218/FN",192,"Duplo","Policemen","6 and up",9.9499999999999993,4,39.799999999999997,20.68,"Mastercard","P.N.|880-3021","No","No",34,"No"]
[659720,"2010-12-08","16:45:36","D254/FE",192,"Duplo","Policemen","6 and up",9.9499999999999993,2,19.899999999999999,10.34,"Visa","P.N.|880-3021","No","No",18,"No"]
[659720,"2010-12-08","16:45:36","L256/PE",256,"Lego","Police Officers and Motorcycle","9 and up",9.9499999999999993,1,9.9499999999999993,4.4800000000000004,"Visa","P.N.|880-3021","No","No",18,"No"]
[659731,"2010-12-08","11:16:48","D250/AT",192,"Duplo","Policemen","6 and up",9.9499999999999993,1,9.9499999999999993,5.17,"Gift Card","Y.P.|880-6894","Yes","No",43,"No"]
[659750,"2010-12-09","15:01:48","D254/FE",192,"Duplo","Policemen","6 and up",9.9499999999999993,1,9.9499999999999993,5.17,"Mastercard","L.W.|880-4986","No","No",27,"No"]
[659750,"2010-12-09","15:01:48","L195/AE",195,"Lego","Airplane","8 and up",5.95,1,5.95,3.09,"Mastercard","L.W.|880-4986","No","No",27,"No"]
[659750,"2010-12-09","15:01:48","D254/FE",192,"Duplo","Policemen","6 and up",9.9499999999999993,2,19.899999999999999,10.34,"Mastercard","L.W.|880-4986","No","No",27,"No"]
[659759,"2010-12-09","13:17:24","D255/FE",192,"Duplo","Policemen","6 and up",9.9499999999999993,1,9.9499999999999993,5.17,"Visa","S.Y.|880-3139","No","No",30,"No"]
[659765,"2010-12-09","14:23:24","L195/AE",195,"Lego","Airplane","8 and up",5.95,1,5.95,3.09,"Visa","Z.Q.|880-4240","Yes","No",27,"No"]
[659788,"2010-12-10","10:32:13.200","L195/AE",195,"Lego","Airplane","8 and up",5.95,3,17.850000000000001,9.27,"Check","H.B.|880-3254","No","No",7,"Yes"]
[659807,"2010-12-10","13:36:36","D192/PN",192,"Duplo","Policemen","6 and up",9.9499999999999993,1,9.9499999999999993,5.17,"Visa","B.Y.|880-6845","No","No",50,"No"]
[659830,"2010-12-10","10:07:12","D255/FE",192,"Duplo","Policemen","6 and up",9.9499999999999993,1,9.9499999999999993,5.17,"Gift Card","W.C.|880-4861","No","No",31,"Yes"]
[659835,"2010-12-10","16:01:12","L195/AE",195,"Lego","Airplane","8 and up",5.95,4,23.8,12.36,"Visa","W.B.|880-9647","No","No",44,"No"]
[659855,"2010-12-10","18:27:36","D255/FE",192,"Duplo","Policemen","6 and up",9.9499999999999993,2,19.899999999999999,10.34,"Mastercard","U.O.|880-3720","No","No",67,"No"]
[659882,"2010-12-10","13:40:55.200","L256/PE",256,"Lego","Police Officers and Motorcycle","9 and up",9.9499999999999993,2,19.899999999999999,8.9600000000000009,"Visa","Z.T.|880-7477","Yes","Yes",46,"No"]
[659895,"2010-12-11","11:38:24","D250/AT",192,"Duplo","Policemen","6 and up",9.9499999999999993,2,19.899999999999999,10.34,"Cash","L.C.|880-6872","No","No",25,"No"]
[659916,"2010-12-12","14:19:12","L210/CS",210,"Lego","Cowboys with Horses","6 and up",9.4499999999999993,1,9.4499999999999993,4.63,"Visa","C.X.|880-3590","No","No",42,"Yes"]
[659916,"2010-12-12","14:19:12","D254/FE",192,"Duplo","Policemen","6 and up",9.9499999999999993,2,19.899999999999999,10.34,"Visa","C.X.|880-3590","No","No",42,"Yes"]
[659936,"2010-12-13","11:38:24","D255/FE",192,"Duplo","Policemen","6 and up",9.9499999999999993,1,9.9499999999999993,5.17,"Cash","L.C.|880-6872","No","No",38,"No"]
[659976,"2010-12-13","12:45:50.400","L256/PE",256,"Lego","Police Officers and Motorcycle","9 and up",9.9499999999999993,1,9.9499999999999993,4.4800000000000004,"Cash","W.C.|880-4861","No","No",25,"No"]
[659976,"2010-12-13","12:45:50.400","D255/FE",192,"Duplo","Policemen","6 and up",9.9499999999999993,1,9.9499999999999993,5.17,"Cash","W.C.|880-4861","No","No",25,"No"]
[659976,"2010-12-13","12:45:50.400","L195/AE",195,"Lego","Airplane","8 and up",5.95,1,5.95,3.09,"Cash","W.C.|880-4861","No","No",25,"No"]
[660004,"2010-12-13","16:22:12","D255/FE",192,"Duplo","Policemen","6 and up",9.9499999999999993,1,9.9499999999999993,5.17,"Cash","W.B.|880-9647","Yes","No",43,"No"]
[660020,"2010-12-14","20:35:24","L256/PE",256,"Lego","Police Officers and Motorcycle","9 and up",9.9499999999999993,5,49.75,22.4,"Gift Card","B.X.|880-9149","No","No",67,"No"]
[660045,"2010-12-14","13:21:36","D250/AT",192,"Duplo","Policemen","6 and up",9.9499999999999993,4,39.799999999999997,20.68,"Cash","B.X.|880-9149","No","No",34,"Yes"]
[660045,"2010-12-14","13:21:36","L195/AE",195,"Lego","Airplane","8 and up",5.95,1,5.95,3.09,"Cash","B.X.|880-9149","No","No",34,"Yes"]
[660066,"2010-12-14","11:16:48","D254/FE",192,"Duplo","Policemen","6 and up",9.9499999999999993,5,49.75,25.85,"Mastercard","D.U.|880-2953","No","No",34,"No"]
[660066,"2010-12-14","11:16:48","L195/AE",195,"Lego","Airplane","8 and up",5.95,1,5.95,3.09,"Mastercard","D.U.|880-2953","No","No",34,"No"]
[660066,"2010-12-14","11:16:48","D255/FE",192,"Duplo","Policemen","6 and up",9.9499999999999993,2,19.899999999999999,10.34,"Mastercard","D.U.|880-2953","No","No",34,"No"]
[660097,"2010-12-14","14:00:00","D255/FE",192,"Duplo","Policemen","6 and up",9.9499999999999993,2,19.899999999999999,10.34,"Mastercard","B.X.|880-9149","Yes","Yes",39,"No"]
[660117,"2010-12-15","13:02:45.600","D192/PN",192,"Duplo","Policemen","6 and up",9.9499999999999993,1,9.9499999999999993,5.17,"Visa","S.V.|880-5987","Yes","No",35,"No"]
[660150,"2010-12-15","10:01:30","D255/FE",192,"Duplo","Policemen","6 and up",9.9499999999999993,1,9.9499999999999993,5.17,"Gift Card","B.B.|880-9330","No","No",38,"No"]
[660150,"2010-12-15","10:01:30","L195/AE",195,"Lego","Airplane","8 and up",5.95,1,5.95,3.09,"Gift Card","B.B.|880-9330","No","No",38,"No"]
[660165,"2010-12-15","13:51:21.600","D250/AT",192,"Duplo","Policemen","6 and up",9.9499999999999993,1,9.9499999999999993,5.17,"Visa","B.B.|880-9330","No","No",41,"No"]
[660208,"2010-12-15","15:15:03.600","D250/AT",192,"Duplo","Policemen","6 and up",9.9499999999999993,1,9.9499999999999993,5.17,"Cash","Z.Q.|880-4240","No","No",39,"No"]
[660241,"2010-12-15","12:40:48","L256/PE",256,"Lego","Police Officers and Motorcycle","9 and up",9.9499999999999993,1,9.9499999999999993,4.4800000000000004,"Visa","L.C.|880-6872","No","Yes",41,"Yes"]
[660241,"2010-12-15","12:40:48","L256/PE",256,"Lego","Police Officers and Motorcycle","9 and up",9.9499999999999993,1,9.9499999999999993,4.4800000000000004,"Visa","L.C.|880-6872","No","Yes",41,"Yes"]
[660275,"2010-12-16","11:27:00","D255/FE",192,"Duplo","Policemen","6 and up",9.9499999999999993,1,9.9499999999999993,5.17,"Mastercard","W.B.|880-9647","No","No",44,"Yes"]
[660317,"2010-12-16","13:17:02.400","D254/FE",192,"Duplo","Policemen","6 and up",9.9499999999999993,1,9.9499999999999993,5.17,"Gift Card","U.W.|880-9683","No","No",38,"No"]
[660317,"2010-12-16","13:17:02.400","D254/FE",192,"Duplo","Policemen","6 and up",9.9499999999999993,1,9.9499999999999993,5.17,"Gift Card","U.W.|880-9683","No","No",38,"No"]
[660341,"2010-12-16","10:45:00","D250/AT",192,"Duplo","Policemen","6 and up",9.9499999999999993,2,19.899999999999999,10.34,"Cash","L.W.|880-4986","No","No",40,"No"]
[660374,"2010-12-16","15:52:48","D254/FE",192,"Duplo","Policemen","6 and up",9.9499999999999993,2,19.899999999999999,10.34,"Mastercard","U.O.|880-3720","No","Yes",40,"No"]
[660374,"2010-12-16","15:52:48","L256/PE",256,"Lego","Police Officers and Motorcycle","9 and up",9.9499999999999993,2,19.899999999999999,8.9600000000000009,"Mastercard","U.O.|880-3720","No","Yes",40,"No"]
[660413,"2010-12-16","13:23:52.800","D254/FE",192,"Duplo","Policemen","6 and up",9.9499999999999993,1,9.9499999999999993,5.17,"Visa","Z.T.|880-7477","No","No",38,"No"]
[660413,"2010-12-16","13:23:52.800","D250/AT",192,"Duplo","Policemen","6 and up",9.9499999999999993,1,9.9499999999999993,5.17,"Visa","Z.T.|880-7477","No","No",38,"No"]
[660459,"2010-12-16","15:48:36","D199/SR",192,"Duplo","Policemen","6 and up",9.9499999999999993,1,9.9499999999999993,5.17,"Gift Card","S.V.|880-5987","No","No",35,"No"]
[660490,"2010-12-16","10:12:32.400","L256/PE",256,"Lego","Police Officers and Motorcycle","9 and up",9.9499999999999993,2,19.899999999999999,8.9600000000000009,"Cash","L.W.|880-4986","No","No",34,"Yes"]
[660503,"2010-12-16","20:53:24","D198/LX",192,"Duplo","Policemen","6 and up",9.9499999999999993,1,9.9499999999999993,5.17,"Visa","C.X.|880-3590","No","No",29,"No"]
[660544,"2010-12-16","15:32:24","D254/FE",192,"Duplo","Policemen","6 and up",9.9499999999999993,4,39.799999999999997,20.68,"Cash","Z.Q.|880-4240","No","No",40,"No"]
[660556,"2010-12-16","12:57:10.800","D254/FE",192,"Duplo","Policemen","6 and up",9.9499999999999993,1,9.9499999999999993,5.17,"Visa","N.W.|880-6237","No","No",41,"No"]
[660562,"2010-12-17","15:18:36","D250/AT",192,"Duplo","Policemen","6 and up",9.9499999999999993,1,9.9499999999999993,5.17,"Visa","H.B.|880-3254","Yes","No",32,"No"]
[660563,"2010-12-17","11:56:24","L195/AE",195,"Lego","Airplane","8 and up",5.95,1,5.95,3.09,"Mastercard","B.B.|880-9330","No","No",36,"No"]
[660571,"2010-12-17","10:11:24","L195/AE",195,"Lego","Airplane","8 and up",5.95,2,11.9,6.18,"Visa","U.O.|880-3720","No","No",40,"No"]
[660571,"2010-12-17","10:11:24","D250/AT",192,"Duplo","Policemen","6 and up",9.9499999999999993,2,19.899999999999999,10.34,"Visa","U.O.|880-3720","No","No",40,"No"]
[660576,"2010-12-18","15:12:00","L195/AE",195,"Lego","Airplane","8 and up",5.95,2,11.9,6.18,"Visa","N.W.|880-6237","No","No",30,"Yes"]
[660585,"2010-12-18","12:06:36","L256/PE",256,"Lego","Police Officers and Motorcycle","9 and up",9.9499999999999993,3,29.849999999999998,13.44,"Mastercard","B.Y.|880-6845","No","Yes",40,"No"]
[660585,"2010-12-18","12:06:36","D250/AT",192,"Duplo","Policemen","6 and up",9.9499999999999993,4,39.799999999999997,20.68,"Mastercard","B.Y.|880-6845","No","Yes",40,"No"]
[660633,"2010-12-18","11:17:24","L256/PE",256,"Lego","Police Officers and Motorcycle","9 and up",9.9499999999999993,2,19.899999999999999,8.9600000000000009,"Visa","S.V.|880-5987","No","No",36,"No"]
[660633,"2010-12-18","11:17:24","D255/FE",192,"Duplo","Policemen","6 and up",9.9499999999999993,2,19.899999999999999,10.34,"Visa","S.V.|880-5987","No","No",36,"No"]
[660668,"2010-12-18","12:24:25.200","L256/PE",256,"Lego","Police Officers and Motorcycle","9 and up",9.9499999999999993,4,39.799999999999997,17.920000000000002,"Visa","B.Y.|880-6845","No","No",42,"No"]
[660668,"2010-12-18","12:24:25.200","D254/FE",192,"Duplo","Policemen","6 and up",9.9499999999999993,1,9.9499999999999993,5.17,"Visa","B.Y.|880-6845","No","No",42,"No"]
[660685,"2010-12-19","12:01:48","D255/FE",192,"Duplo","Policemen","6 and up",9.9499999999999993,5,49.75,25.85,"Gift Card","N.W.|880-6237","No","No",31,"No"]
[660685,"2010-12-19","12:01:48","L340/FS",340,"Lego","Fire Trucks","6 and up",34.950000000000003,2,69.900000000000006,39.840000000000003,"Gift Card","N.W.|880-6237","No","No",31,"No"]
[660685,"2010-12-19","12:01:48","D255/FE",192,"Duplo","Policemen","6 and up",9.9499999999999993,2,19.899999999999999,10.34,"Gift Card","N.W.|880-6237","No","No",31,"No"]
[660707,"2010-12-20","12:01:12","D192/PN",192,"Duplo","Policemen","6 and up",9.9499999999999993,2,19.899999999999999,10.34,"Visa","A.U.|880-2167","No","No",30,"No"]
[660757,"2010-12-20","12:59:24","D254/FE",192,"Duplo","Policemen","6 and up",9.9499999999999993,1,9.9499999999999993,5.17,"Gift Card","B.Y.|880-6845","No","No",51,"Yes"]
[660805,"2010-12-21","13:11:52.800","L195/AE",195,"Lego","Airplane","8 and up",5.95,1,5.95,3.09,"Visa","D.S.|880-7532","No","No",45,"No"]
[660845,"2010-12-21","15:29:24","D250/AT",192,"Duplo","Policemen","6 and up",9.9499999999999993,1,9.9499999999999993,5.17,"Cash","Z.T.|880-7477","No","No",38,"No"]
[660893,"2010-12-21","10:17:52.800","L195/AE",195,"Lego","Airplane","8 and up",5.95,4,23.8,12.36,"Visa","Z.Q.|880-4240","No","No",27,"Yes"]
[660926,"2010-12-21","16:24:36","L256/PE",256,"Lego","Police Officers and Motorcycle","9 and up",9.9499999999999993,2,19.899999999999999,8.9600000000000009,"Visa","D.W.|880-7199","No","No",39,"Yes"]
[660964,"2010-12-21","08:19:33.600","D254/FE",192,"Duplo","Policemen","6 and up",9.9499999999999993,1,9.9499999999999993,5.17,"Mastercard","H.B.|880-3254","No","No",48,"No"]
[660989,"2010-12-21","15:51:00","L196/AR",196,"Lego","Antique Car","8 and up",7.95,3,23.85,13.35,"Cash","V.W.|880-8599","No","No",73,"No"]
[660994,"2010-12-21","12:54:36","L195/AE",195,"Lego","Airplane","8 and up",5.95,1,5.95,3.09,"Visa","C.X.|880-3590","No","No",31,"No"]
[661002,"2010-12-22","15:02:24","D250/AT",192,"Duplo","Policemen","6 and up",9.9499999999999993,1,9.9499999999999993,5.17,"Visa","L.W.|880-4986","No","No",35,"No"]
[661044,"2010-12-22","08:52:12","D254/FE",192,"Duplo","Policemen","6 and up",9.9499999999999993,1,9.9499999999999993,5.17,"Cash","W.C.|880-4861","No","No",40,"Yes"]
[661083,"2010-12-22","18:15:00","L195/AE",195,"Lego","Airplane","8 and up",5.95,1,5.95,3.09,"Cash","A.U.|880-2167","No","No",48,"Yes"]
[661083,"2010-12-22","18:15:00","D255/FE",192,"Duplo","Policemen","6 and up",9.9499999999999993,2,19.899999999999999,10.34,"Cash","A.U.|880-2167","No","No",48,"Yes"]
[661083,"2010-12-22","18:15:00","D255/FE",192,"Duplo","Policemen","6 and up",9.9499999999999993,5,49.75,25.85,"Cash","A.U.|880-2167","No","No",48,"Yes"]
[661121,"2010-12-23","12:52:12","D255/FE",192,"Duplo","Policemen","6 and up",9.9499999999999993,1,9.9499999999999993,5.17,"Check","S.V.|880-5987","No","No",37,"No"]
[661154,"2010-12-24","16:18:50.400","L210/CS",210,"Lego","Cowboys with Horses","6 and up",9.4499999999999993,1,9.4499999999999993,4.63,"Gift Card","V.W.|880-4523","No","No",35,"No"]
[661195,"2010-12-24","10:36:00","D250/AT",192,"Duplo","Policemen","6 and up",9.9499999999999993,2,19.899999999999999,10.34,"Check","B.X.|880-9149","No","No",49,"No"]
[661234,"2010-12-24","13:44:06","D198/LX",192,"Duplo","Policemen","6 and up",9.9499999999999993,1,9.9499999999999993,5.17,"Visa","D.U.|880-2953","No","No",54,"No"]
[661236,"2010-12-24","13:19:48","D254/FE",192,"Duplo","Policemen","6 and up",9.9499999999999993,2,19.899999999999999,10.34,"Mastercard","P.N.|880-3021","Yes","No",42,"No"]
[661251,"2010-12-25","16:49:48","L195/AE",195,"Lego","Airplane","8 and up",5.95,1,5.95,3.09,"Visa","B.Y.|880-6845","No","No",50,"No"]
[661251,"2010-12-25","16:49:48","D254/FE",192,"Duplo","Policemen","6 and up",9.9499999999999993,5,49.75,25.85,"Visa","B.Y.|880-6845","No","No",50,"No"]
[661286,"2010-12-25","12:55:12","L256/PE",256,"Lego","Police Officers and Motorcycle","9 and up",9.9499999999999993,1,9.9499999999999993,4.4800000000000004,"Visa","U.O.|880-3720","No","No",39,"No"]
[661326,"2010-12-25","14:31:48","D250/AT",192,"Duplo","Policemen","6 and up",9.9499999999999993,1,9.9499999999999993,5.17,"Visa","V.W.|880-4523","No","No",11,"Yes"]
[661368,"2010-12-25","19:24:36","D254/FE",192,"Duplo","Policemen","6 and up",9.9499999999999993,1,9.9499999999999993,5.17,"Gift Card","H.B.|880-3254","No","No",36,"Yes"]
[661387,"2010-12-25","14:20:24","L195/AE",195,"Lego","Airplane","8 and up",5.95,5,29.75,15.45,"Cash","S.V.|880-5987","No","No",43,"No"]
[661403,"2010-12-25","14:46:12","L195/AE",195,"Lego","Airplane","8 and up",5.95,1,5.95,3.09,"Mastercard","D.U.|880-2953","No","Yes",39,"No"]
[661431,"2010-12-25","15:06:00","L195/AE",195,"Lego","Airplane","8 and up",5.95,2,11.9,6.18,"Mastercard","S.Y.|880-3139","No","No",39,"Yes"]
[661475,"2010-12-25","10:13:12","L252/LR",255,"Duplo","Farming Scene","7 and up",24.95,4,99.8,64.88,"Mastercard","W.B.|880-9647","Yes","No",42,"No"]
[661481,"2010-12-31","12:12:36","D250/AT",192,"Duplo","Policemen","6 and up",9.9499999999999993,2,19.899999999999999,10.34,"Check","P.N.|880-3021","No","No",33,"Yes"]
[661528,"2011-01-05","11:54:00","L256/PE",256,"Lego","Police Officers and Motorcycle","9 and up",9.9499999999999993,1,9.9499999999999993,4.4800000000000004,"Cash","N.W.|880-6237","No","No",50,"No"]
[661558,"2011-01-06","10:06:00","D255/FE",192,"Duplo","Policemen","6 and up",9.9499999999999993,1,9.9499999999999993,5.17,"Mastercard","P.N.|880-3021","Yes","Yes",33,"No"]
[661568,"2011-01-21","16:55:12","D198/LX",192,"Duplo","Policemen","6 and up",9.9499999999999993,2,19.899999999999999,10.34,"Visa","W.B.|880-9647","No","No",39,"No"]
[661602,"2011-01-23","13:59:24","D250/AT",192,"Duplo","Policemen","6 and up",9.9499999999999993,1,9.9499999999999993,5.17,"Mastercard","U.W.|880-9683","No","No",16,"No"]
[661635,"2011-01-31","08:40:15.600","D254/FE",192,"Duplo","Policemen","6 and up",9.9499999999999993,1,9.9499999999999993,5.17,"Check","Z.T.|880-7477","No","No",32,"No"]
[661651,"2011-02-08","15:25:12","D254/FE",192,"Duplo","Policemen","6 and up",9.9499999999999993,1,9.9499999999999993,5.17,"Mastercard","B.X.|880-9149","No","No",31,"No"]
[661651,"2011-02-08","15:25:12","D250/AT",192,"Duplo","Policemen","6 and up",9.9499999999999993,2,19.899999999999999,10.34,"Mastercard","B.X.|880-9149","No","No",31,"No"]
[661664,"2011-02-22","15:43:12","L195/AE",195,"Lego","Airplane","8 and up",5.95,1,5.95,3.09,"Visa","S.V.|880-5987","No","No",25,"No"]
[661664,"2011-02-22","15:43:12","L195/AE",195,"Lego","Airplane","8 and up",5.95,2,11.9,6.18,"Visa","S.V.|880-5987","No","No",25,"No"]
[661705,"2011-02-28","15:21:07.200","D218/FN",192,"Duplo","Policemen","6 and up",9.9499999999999993,5,49.75,25.85,"Gift Card","D.Z.|880-1179","No","No",40,"No"]
[661721,"2011-02-28","14:45:00","L256/PE",256,"Lego","Police Officers and Motorcycle","9 and up",9.9499999999999993,5,49.75,22.4,"Visa","A.U.|880-2167","No","Yes",55,"No"]
[661734,"2011-03-12","13:06:00","D250/AT",192,"Duplo","Policemen","6 and up",9.9499999999999993,2,19.899999999999999,10.34,"Check","Z.T.|880-7477","No","No",47,"No"]
[661758,"2011-03-18","12:53:24","L195/AE",195,"Lego","Airplane","8 and up",5.95,3,17.850000000000001,9.27,"Mastercard","B.Y.|880-6845","No","No",61,"No"]
[661758,"2011-03-18","12:53:24","L195/AE",195,"Lego","Airplane","8 and up",5.95,1,5.95,3.09,"Mastercard","B.Y.|880-6845","No","No",61,"No"]
[661772,"2011-03-25","09:26:34.800","L197/FS",199,"Duplo","Scooter","4 and up",4.95,2,9.9,5.04,"Cash","N.C.|880-3850","No","No",43,"No"]
[661774,"2011-04-19","09:30:14.400","L252/LR",255,"Duplo","Farming Scene","7 and up",24.95,1,24.95,16.22,"Visa","Y.P.|880-6894","No","No",32,"Yes"]
[661786,"2011-04-19","15:30:18","L256/PE",256,"Lego","Police Officers and Motorcycle","9 and up",9.9499999999999993,1,9.9499999999999993,4.4800000000000004,"Check","S.Y.|880-3139","No","No",25,"No"]
[661786,"2011-04-19","15:30:18","L210/CS",210,"Lego","Cowboys with Horses","6 and up",9.4499999999999993,2,18.899999999999999,9.26,"Check","S.Y.|880-3139","No","No",25,"No"]
[661817,"2011-04-28","18:00:36","D255/FE",192,"Duplo","Policemen","6 and up",9.9499999999999993,2,19.899999999999999,10.34,"Mastercard","W.C.|880-4861","No","No",32,"No"]
[661861,"2011-05-07","12:36:21.600","L256/PE",256,"Lego","Police Officers and Motorcycle","9 and up",9.9499999999999993,1,9.9499999999999993,4.4800000000000004,"Visa","V.W.|880-8599","No","No",37,"No"]
[661908,"2011-05-08","14:52:48","D255/FE",192,"Duplo","Policemen","6 and up",9.9499999999999993,2,19.899999999999999,10.34,"Discover","P.N.|880-3021","No","No",27,"No"]
[661933,"2011-05-08","13:28:15.600","L195/AE",195,"Lego","Airplane","8 and up",5.95,3,17.850000000000001,9.27,"Cash","B.B.|880-9330","No","No",57,"No"]
[661972,"2011-05-14","14:13:48","D254/FE",192,"Duplo","Policemen","6 and up",9.9499999999999993,1,9.9499999999999993,5.17,"Visa","L.W.|880-4986","No","No",38,"No"]
[662019,"2011-05-17","12:21:46.800","D254/FE",192,"Duplo","Policemen","6 and up",9.9499999999999993,2,19.899999999999999,10.34,"Mastercard","U.O.|880-3720","No","No",38,"No"]
[662019,"2011-05-17","12:21:46.800","L195/AE",195,"Lego","Airplane","8 and up",5.95,4,23.8,12.36,"Mastercard","U.O.|880-3720","No","No",38,"No"]
[662065,"2011-05-24","12:55:12","D250/AT",192,"Duplo","Policemen","6 and up",9.9499999999999993,1,9.9499999999999993,5.17,"Cash","P.N.|880-3021","No","No",38,"No"]
[662065,"2011-05-24","12:55:12","D254/FE",192,"Duplo","Policemen","6 and up",9.9499999999999993,2,19.899999999999999,10.34,"Cash","P.N.|880-3021","No","No",38,"No"]
[662065,"2011-05-24","12:55:12","L256/PE",256,"Lego","Police Officers and Motorcycle","9 and up",9.9499999999999993,1,9.9499999999999993,4.4800000000000004,"Cash","P.N.|880-3021","No","No",38,"No"]
[662077,"2011-05-29","16:27:00","D254/FE",192,"Duplo","Policemen","6 and up",9.9499999999999993,1,9.9499999999999993,5.17,"Visa","B.B.|880-9330","No","No",43,"Yes"]
[662078,"2011-05-30","14:21:36","D250/AT",192,"Duplo","Policemen","6 and up",9.9499999999999993,2,19.899999999999999,10.34,"Visa","D.S.|880-7532","No","No",12,"No"]
[662095,"2011-06-02","18:13:48","D254/FE",192,"Duplo","Policemen","6 and up",9.9499999999999993,1,9.9499999999999993,5.17,"Visa","N.C.|880-3850","No","No",47,"No"]
[662095,"2011-06-02","18:13:48","D254/FE",192,"Duplo","Policemen","6 and up",9.9499999999999993,2,19.899999999999999,10.34,"Visa","N.C.|880-3850","No","No",47,"No"]
[662140,"2011-06-16","09:16:33.600","D255/FE",192,"Duplo","Policemen","6 and up",9.9499999999999993,2,19.899999999999999,10.34,"Check","Y.P.|880-6894","No","No",37,"No"]
[662189,"2011-06-20","08:01:12","L195/AE",195,"Lego","Airplane","8 and up",5.95,3,17.850000000000001,9.27,"Check","D.W.|880-7199","Yes","No",34,"No"]
[662221,"2011-06-23","15:45:07.200","L256/PE",256,"Lego","Police Officers and Motorcycle","9 and up",9.9499999999999993,1,9.9499999999999993,4.4800000000000004,"Visa","A.U.|880-2167","No","No",43,"No"]
[662242,"2011-06-25","08:20:56.400","L212/SD",212,"Lego","Scooter and Stand","6 and up",4.95,2,9.9,4.46,"Visa","Z.Q.|880-4240","No","No",39,"No"]
[662272,"2011-06-26","11:42:00","L210/CS",210,"Lego","Cowboys with Horses","6 and up",9.4499999999999993,1,9.4499999999999993,4.63,"Visa","L.W.|880-4986","No","Yes",44,"No"]
[662272,"2011-06-26","11:42:00","L195/AE",195,"Lego","Airplane","8 and up",5.95,2,11.9,6.18,"Visa","L.W.|880-4986","No","Yes",44,"No"]
[662313,"2011-06-27","15:50:24","L256/PE",256,"Lego","Police Officers and Motorcycle","9 and up",9.9499999999999993,3,29.849999999999998,13.44,"Visa","B.X.|880-9149","No","No",31,"No"]
[662321,"2011-06-27","09:15:36","L195/AE",195,"Lego","Airplane","8 and up",5.95,5,29.75,15.45,"Visa","W.C.|880-4861","No","No",40,"No"]
[662333,"2011-07-03","13:39:00","D255/FE",192,"Duplo","Policemen","6 and up",9.9499999999999993,2,19.899999999999999,10.34,"Discover","N.C.|880-3850","No","Yes",22,"No"]
[662367,"2011-07-03","19:03:00","D255/FE",192,"Duplo","Policemen","6 and up",9.9499999999999993,1,9.9499999999999993,5.17,"Visa","V.W.|880-4523","No","No",47,"No"]
[662408,"2011-07-18","16:54:00","D255/FE",192,"Duplo","Policemen","6 and up",9.9499999999999993,1,9.9499999999999993,5.17,"Check","V.W.|880-4523","No","No",35,"No"]
[662436,"2011-07-20","11:17:20.400","D250/AT",192,"Duplo","Policemen","6 and up",9.9499999999999993,2,19.899999999999999,10.34,"Check","N.W.|880-6237","No","No",36,"No"]
[662462,"2011-07-22","13:50:27.600","D255/FE",192,"Duplo","Policemen","6 and up",9.9499999999999993,1,9.9499999999999993,5.17,"Cash","S.V.|880-5987","No","No",32,"Yes"]
[662467,"2011-07-25","15:39:36","D254/FE",192,"Duplo","Policemen","6 and up",9.9499999999999993,2,19.899999999999999,10.34,"Visa","P.N.|880-3021","Yes","No",25,"No"]
[662496,"2011-07-26","14:05:52.800","L195/AE",195,"Lego","Airplane","8 and up",5.95,1,5.95,3.09,"Mastercard","D.Z.|880-1179","No","No",30,"No"]
[662514,"2011-08-13","12:37:48","L256/PE",256,"Lego","Police Officers and Motorcycle","9 and up",9.9499999999999993,1,9.9499999999999993,4.4800000000000004,"Cash","U.O.|880-3720","Yes","Yes",38,"No"]
[662560,"2011-08-17","11:47:24","D255/FE",192,"Duplo","Policemen","6 and up",9.9499999999999993,4,39.799999999999997,20.68,"Visa","Z.T.|880-7477","No","Yes",49,"No"]
[662571,"2011-08-19","14:42:36","D250/AT",192,"Duplo","Policemen","6 and up",9.9499999999999993,1,9.9499999999999993,5.17,"Mastercard","A.U.|880-2167","No","No",32,"No"]
[662586,"2011-08-19","16:00:00","D250/AT",192,"Duplo","Policemen","6 and up",9.9499999999999993,5,49.75,25.85,"Gift Card","W.B.|880-9647","No","No",51,"Yes"]
[662599,"2011-08-23","14:36:00","D255/FE",192,"Duplo","Policemen","6 and up",9.9499999999999993,1,9.9499999999999993,5.17,"Visa","U.W.|880-9683","No","No",44,"No"]
[662613,"2011-08-23","14:25:01.200","L195/AE",195,"Lego","Airplane","8 and up",5.95,2,11.9,6.18,"Gift Card","N.W.|880-6237","Yes","Yes",18,"No"]
[662613,"2011-08-23","14:25:01.200","D254/FE",192,"Duplo","Policemen","6 and up",9.9499999999999993,1,9.9499999999999993,5.17,"Gift Card","N.W.|880-6237","Yes","Yes",18,"No"]
[662663,"2011-08-25","08:21:36","L195/AE",195,"Lego","Airplane","8 and up",5.95,1,5.95,3.09,"Mastercard","D.U.|880-2953","No","No",43,"No"]
[662663,"2011-08-25","08:21:36","D255/FE",192,"Duplo","Policemen","6 and up",9.9499999999999993,2,19.899999999999999,10.34,"Mastercard","D.U.|880-2953","No","No",43,"No"]
[662693,"2011-08-30","15:29:49.200","L195/AE",195,"Lego","Airplane","8 and up",5.95,5,29.75,15.45,"Visa","D.Z.|880-1179","No","No",27,"No"]
[662695,"2011-09-01","11:31:58.800","L340/FS",340,"Lego","Fire Trucks","6 and up",34.950000000000003,2,69.900000000000006,39.840000000000003,"Visa","N.W.|880-6237","Yes","No",49,"No"]
[662729,"2011-09-03","15:09:36","D255/FE",192,"Duplo","Policemen","6 and up",9.9499999999999993,2,19.899999999999999,10.34,"Gift Card","Z.T.|880-7477","No","No",31,"No"]
[662751,"2011-09-03","10:57:36","L256/PE",256,"Lego","Police Officers and Motorcycle","9 and up",9.9499999999999993,5,49.75,22.4,"Cash","U.W.|880-9683","No","Yes",43,"Yes"]
[662775,"2011-09-12","13:20:38.400","L256/PE",256,"Lego","Police Officers and Motorcycle","9 and up",9.9499999999999993,5,49.75,22.4,"Check","S.Y.|880-3139","No","No",35,"Yes"]
[662824,"2011-09-16","14:01:12","D250/AT",192,"Duplo","Policemen","6 and up",9.9499999999999993,1,9.9499999999999993,5.17,"Cash","W.C.|880-4861","No","No",49,"No"]
[662870,"2011-09-17","11:14:38.400","L195/AE",195,"Lego","Airplane","8 and up",5.95,2,11.9,6.18,"Visa","W.C.|880-4861","No","No",47,"Yes"]
[662870,"2011-09-17","11:14:38.400","L256/PE",256,"Lego","Police Officers and Motorcycle","9 and up",9.9499999999999993,1,9.9499999999999993,4.4800000000000004,"Visa","W.C.|880-4861","No","No",47,"Yes"]
[662883,"2011-09-18","12:06:00","L256/PE",256,"Lego","Police Officers and Motorcycle","9 and up",9.9499999999999993,5,49.75,22.4,"Cash","W.C.|880-4861","No","No",36,"No"]
[662923,"2011-09-18","19:06:36","D250/AT",192,"Duplo","Policemen","6 and up",9.9499999999999993,1,9.9499999999999993,5.17,"Visa","W.C.|880-4861","No","No",34,"No"]
[662964,"2011-09-29","15:36:00","L195/AE",195,"Lego","Airplane","8 and up",5.95,1,5.95,3.09,"Cash","D.U.|880-2953","No","No",40,"Yes"]
[662977,"2011-09-29","15:48:36","L195/AE",195,"Lego","Airplane","8 and up",5.95,1,5.95,3.09,"Mastercard","D.U.|880-2953","Yes","No",44,"No"]
[662993,"2011-10-06","09:22:12","L256/PE",256,"Lego","Police Officers and Motorcycle","9 and up",9.9499999999999993,2,19.899999999999999,8.9600000000000009,"Mastercard","D.U.|880-2953","No","No",33,"Yes"]
[663020,"2011-10-13","15:22:12","L256/PE",256,"Lego","Police Officers and Motorcycle","9 and up",9.9499999999999993,1,9.9499999999999993,4.4800000000000004,"Visa","V.W.|880-8599","Yes","No",44,"Yes"]
[663036,"2011-10-25","16:52:12","D250/AT",192,"Duplo","Policemen","6 and up",9.9499999999999993,2,19.899999999999999,10.34,"Visa","L.C.|880-6872","No","No",22,"No"]
[663053,"2011-10-29","13:27:36","L195/AE",195,"Lego","Airplane","8 and up",5.95,2,11.9,6.18,"Visa","Z.T.|880-7477","No","No",38,"No"]
[663053,"2011-10-29","13:27:36","L195/AE",195,"Lego","Airplane","8 and up",5.95,1,5.95,3.09,"Visa","Z.T.|880-7477","No","No",38,"No"]
[663082,"2011-11-01","16:25:12","D254/FE",192,"Duplo","Policemen","6 and up",9.9499999999999993,2,19.899999999999999,10.34,"Mastercard","B.B.|880-9330","No","No",36,"No"]
[663082,"2011-11-01","16:25:12","D254/FE",192,"Duplo","Policemen","6 and up",9.9499999999999993,1,9.9499999999999993,5.17,"Mastercard","B.B.|880-9330","No","No",36,"No"]
[663115,"2011-11-01","12:15:36","L195/AE",195,"Lego","Airplane","8 and up",5.95,3,17.850000000000001,9.27,"Visa","P.N.|880-3021","Yes","Yes",40,"Yes"]
[663129,"2011-11-01","10:21:00","D198/LX",192,"Duplo","Policemen","6 and up",9.9499999999999993,2,19.899999999999999,10.34,"Discover","P.N.|880-3021","No","Yes",35,"No"]
[663148,"2011-11-01","11:49:48","L195/AE",195,"Lego","Airplane","8 and up",5.95,1,5.95,3.09,"Visa","C.X.|880-3590","No","No",27,"No"]
[663187,"2011-11-01","13:06:10.800","D254/FE",192,"Duplo","Policemen","6 and up",9.9499999999999993,2,19.899999999999999,10.34,"Visa","S.Y.|880-3139","No","No",34,"No"]
[663196,"2011-11-02","15:22:48","L195/AE",195,"Lego","Airplane","8 and up",5.95,4,23.8,12.36,"Gift Card","U.W.|880-9683","No","No",31,"No"]
[663196,"2011-11-02","15:22:48","L195/AE",195,"Lego","Airplane","8 and up",5.95,4,23.8,12.36,"Gift Card","U.W.|880-9683","No","No",31,"No"]
[663229,"2011-11-02","15:28:12","D250/AT",192,"Duplo","Policemen","6 and up",9.9499999999999993,2,19.899999999999999,10.34,"Visa","S.Y.|880-3139","No","No",42,"No"]
[663268,"2011-11-02","16:46:12","D254/FE",192,"Duplo","Policemen","6 and up",9.9499999999999993,3,29.849999999999998,15.51,"Visa","V.W.|880-8599","Yes","No",43,"Yes"]
[663268,"2011-11-02","16:46:12","D255/FE",192,"Duplo","Policemen","6 and up",9.9499999999999993,1,9.9499999999999993,5.17,"Visa","V.W.|880-8599","Yes","No",43,"Yes"]
[663301,"2011-11-02","17:51:00","D250/AT",192,"Duplo","Policemen","6 and up",9.9499999999999993,1,9.9499999999999993,5.17,"Cash","L.W.|880-4986","Yes","No",34,"No"]
[663314,"2011-11-02","08:52:44.400","D255/FE",192,"Duplo","Policemen","6 and up",9.9499999999999993,4,39.799999999999997,20.68,"Discover","Z.T.|880-7477","No","No",33,"No"]
[663314,"2011-11-02","08:52:44.400","D254/FE",192,"Duplo","Policemen","6 and up",9.9499999999999993,1,9.9499999999999993,5.17,"Discover","Z.T.|880-7477","No","No",33,"No"]
[663314,"2011-11-02","08:52:44.400","D254/FE",192,"Duplo","Policemen","6 and up",9.9499999999999993,4,39.799999999999997,20.68,"Discover","Z.T.|880-7477","No","No",33,"No"]
[663351,"2011-11-03","14:49:55.200","D255/FE",192,"Duplo","Policemen","6 and up",9.9499999999999993,1,9.9499999999999993,5.17,"Visa","N.C.|880-3850","No","No",33,"No"]
[663366,"2011-11-03","15:47:13.200","D250/AT",192,"Duplo","Policemen","6 and up",9.9499999999999993,1,9.9499999999999993,5.17,"Cash","Y.P.|880-6894","No","No",39,"Yes"]
[663384,"2011-11-04","09:04:12","D255/FE",192,"Duplo","Policemen","6 and up",9.9499999999999993,1,9.9499999999999993,5.17,"Mastercard","A.U.|880-2167","Yes","No",42,"No"]
[663384,"2011-11-04","09:04:12","L195/AE",195,"Lego","Airplane","8 and up",5.95,1,5.95,3.09,"Mastercard","A.U.|880-2167","Yes","No",42,"No"]
[663425,"2011-11-05","19:01:48","L195/AE",195,"Lego","Airplane","8 and up",5.95,1,5.95,3.09,"Cash","H.B.|880-3254","No","No",32,"No"]
[663455,"2011-11-05","16:04:04.800","D250/AT",192,"Duplo","Policemen","6 and up",9.9499999999999993,1,9.9499999999999993,5.17,"Visa","D.S.|880-7532","No","No",40,"No"]
[663495,"2011-11-05","15:06:36","D218/FN",192,"Duplo","Policemen","6 and up",9.9499999999999993,1,9.9499999999999993,5.17,"Cash","U.W.|880-9683","No","No",30,"No"]
[663506,"2011-11-06","12:39:36","L252/LR",255,"Duplo","Farming Scene","7 and up",24.95,2,49.9,32.44,"Gift Card","B.B.|880-9330","No","No",33,"No"]
[663521,"2011-11-06","15:57:00","L330/GN",330,"Lego","Gas Station","8 and up",32.950000000000003,1,32.950000000000003,19.11,"Cash","V.W.|880-4523","No","No",27,"No"]
[663523,"2011-11-06","16:17:24","D255/FE",192,"Duplo","Policemen","6 and up",9.9499999999999993,1,9.9499999999999993,5.17,"Check","Z.T.|880-7477","No","Yes",45,"No"]
[663523,"2011-11-06","16:17:24","L217/SN",255,"Duplo","Farming Scene","7 and up",24.95,1,24.95,16.22,"Check","Z.T.|880-7477","No","Yes",45,"No"]
[663561,"2011-11-06","12:00:03.600","D255/FE",192,"Duplo","Policemen","6 and up",9.9499999999999993,4,39.799999999999997,20.68,"Cash","L.W.|880-4986","No","No",45,"No"]
[663570,"2011-11-06","10:55:48","L195/AE",195,"Lego","Airplane","8 and up",5.95,1,5.95,3.09,"Mastercard","S.V.|880-5987","No","No",39,"No"]
[663600,"2011-11-06","11:11:06","L196/AR",196,"Lego","Antique Car","8 and up",7.95,2,15.9,8.9,"Mastercard","S.Y.|880-3139","No","No",39,"No"]
[663612,"2011-11-06","14:01:12","L256/PE",256,"Lego","Police Officers and Motorcycle","9 and up",9.9499999999999993,1,9.9499999999999993,4.4800000000000004,"Mastercard","L.W.|880-4986","Yes","No",30,"No"]
[663653,"2011-11-06","16:05:24","L256/PE",256,"Lego","Police Officers and Motorcycle","9 and up",9.9499999999999993,1,9.9499999999999993,4.4800000000000004,"Discover","N.C.|880-3850","No","No",44,"No"]
[663694,"2011-11-06","10:19:48","L195/AE",195,"Lego","Airplane","8 and up",5.95,1,5.95,3.09,"Mastercard","C.X.|880-3590","No","Yes",49,"No"]
[663723,"2011-11-07","12:18:36","D250/AT",192,"Duplo","Policemen","6 and up",9.9499999999999993,2,19.899999999999999,10.34,"Visa","H.B.|880-3254","Yes","No",37,"No"]
[663756,"2011-11-07","17:04:12","L195/AE",195,"Lego","Airplane","8 and up",5.95,1,5.95,3.09,"Cash","P.N.|880-3021","No","No",38,"No"]
[663799,"2011-11-08","12:05:24","D254/FE",192,"Duplo","Policemen","6 and up",9.9499999999999993,2,19.899999999999999,10.34,"Mastercard","N.C.|880-3850","No","No",49,"No"]
[663800,"2011-11-09","09:56:24","D250/AT",192,"Duplo","Policemen","6 and up",9.9499999999999993,1,9.9499999999999993,5.17,"Cash","Y.P.|880-6894","No","No",32,"No"]
[663822,"2011-11-10","12:24:36","L256/PE",256,"Lego","Police Officers and Motorcycle","9 and up",9.9499999999999993,1,9.9499999999999993,4.4800000000000004,"Visa","D.U.|880-2953","No","Yes",34,"No"]
[663854,"2011-11-10","12:25:19.200","D254/FE",192,"Duplo","Policemen","6 and up",9.9499999999999993,2,19.899999999999999,10.34,"Cash","B.B.|880-9330","No","No",48,"No"]
[663889,"2011-11-10","15:59:24","L195/AE",195,"Lego","Airplane","8 and up",5.95,2,11.9,6.18,"Cash","V.W.|880-8599","No","No",43,"No"]
[663919,"2011-11-10","09:55:04.800","D255/FE",192,"Duplo","Policemen","6 and up",9.9499999999999993,1,9.9499999999999993,5.17,"Visa","N.C.|880-3850","No","No",43,"No"]
[663919,"2011-11-10","09:55:04.800","L252/LR",255,"Duplo","Farming Scene","7 and up",24.95,1,24.95,16.22,"Visa","N.C.|880-3850","No","No",43,"No"]
[663951,"2011-11-10","14:20:20.400","L217/SN",255,"Duplo","Farming Scene","7 and up",24.95,1,24.95,16.22,"Visa","Z.T.|880-7477","No","No",41,"No"]
[663971,"2011-11-10","15:26:49.200","D255/FE",192,"Duplo","Policemen","6 and up",9.9499999999999993,1,9.9499999999999993,5.17,"Mastercard","N.W.|880-6237","Yes","No",32,"No"]
[663977,"2011-11-10","08:46:48","D254/FE",192,"Duplo","Policemen","6 and up",9.9499999999999993,1,9.9499999999999993,5.17,"Visa","Z.T.|880-7477","No","Yes",46,"No"]
[664005,"2011-11-11","14:55:19.200","L195/AE",195,"Lego","Airplane","8 and up",5.95,2,11.9,6.18,"Discover","H.B.|880-3254","No","No",30,"No"]
[664006,"2011-11-11","16:44:24","D250/AT",192,"Duplo","Policemen","6 and up",9.9499999999999993,1,9.9499999999999993,5.17,"Mastercard","W.C.|880-4861","No","No",37,"No"]
[664016,"2011-11-12","11:18:57.600","D250/AT",192,"Duplo","Policemen","6 and up",9.9499999999999993,2,19.899999999999999,10.34,"Discover","N.W.|880-6237","No","No",38,"No"]
[664016,"2011-11-12","11:18:57.600","L195/AE",195,"Lego","Airplane","8 and up",5.95,1,5.95,3.09,"Discover","N.W.|880-6237","No","No",38,"No"]
[664047,"2011-11-12","15:06:57.600","D255/FE",192,"Duplo","Policemen","6 and up",9.9499999999999993,1,9.9499999999999993,5.17,"Discover","W.C.|880-4861","No","No",43,"No"]
[664082,"2011-11-12","16:13:48","D199/SR",192,"Duplo","Policemen","6 and up",9.9499999999999993,1,9.9499999999999993,5.17,"Cash","N.C.|880-3850","Yes","No",43,"Yes"]
[664111,"2011-11-12","11:13:22.800","D254/FE",192,"Duplo","Policemen","6 and up",9.9499999999999993,1,9.9499999999999993,5.17,"Cash","N.C.|880-3850","No","No",35,"No"]
[664126,"2011-11-13","13:39:43.200","D254/FE",192,"Duplo","Policemen","6 and up",9.9499999999999993,5,49.75,25.85,"Cash","L.C.|880-6872","No","No",33,"No"]
[664135,"2011-11-13","20:33:00","D254/FE",192,"Duplo","Policemen","6 and up",9.9499999999999993,2,19.899999999999999,10.34,"Check","B.Y.|880-6845","Yes","Yes",48,"No"]
[664158,"2011-11-13","09:10:48","D254/FE",192,"Duplo","Policemen","6 and up",9.9499999999999993,4,39.799999999999997,20.68,"Mastercard","Z.T.|880-7477","No","No",30,"No"]
[664200,"2011-11-14","12:49:12","D254/FE",192,"Duplo","Policemen","6 and up",9.9499999999999993,1,9.9499999999999993,5.17,"Cash","S.V.|880-5987","No","No",60,"No"]
[664203,"2011-11-14","15:40:48","L256/PE",256,"Lego","Police Officers and Motorcycle","9 and up",9.9499999999999993,1,9.9499999999999993,4.4800000000000004,"Mastercard","U.O.|880-3720","No","No",35,"No"]
[664218,"2011-11-14","10:00:36","L256/PE",256,"Lego","Police Officers and Motorcycle","9 and up",9.9499999999999993,1,9.9499999999999993,4.4800000000000004,"Visa","D.S.|880-7532","No","No",30,"Yes"]
[664268,"2011-11-15","09:58:44.400","D250/AT",192,"Duplo","Policemen","6 and up",9.9499999999999993,3,29.849999999999998,15.51,"Visa","S.V.|880-5987","No","Yes",31,"No"]
[664303,"2011-11-15","19:51:36","D254/FE",192,"Duplo","Policemen","6 and up",9.9499999999999993,1,9.9499999999999993,5.17,"Mastercard","S.Y.|880-3139","No","No",31,"Yes"]
[664322,"2011-11-16","08:48:28.800","L256/PE",256,"Lego","Police Officers and Motorcycle","9 and up",9.9499999999999993,1,9.9499999999999993,4.4800000000000004,"Mastercard","L.C.|880-6872","No","No",37,"No"]
[664322,"2011-11-16","08:48:28.800","L194/FY",194,"Lego","Family","4 and up",14.95,4,59.8,33.479999999999997,"Mastercard","L.C.|880-6872","No","No",37,"No"]
[664369,"2011-11-16","15:55:12","D250/AT",192,"Duplo","Policemen","6 and up",9.9499999999999993,2,19.899999999999999,10.34,"Mastercard","D.Z.|880-1179","No","No",32,"No"]
[664388,"2011-11-17","14:50:31.200","D254/FE",192,"Duplo","Policemen","6 and up",9.9499999999999993,1,9.9499999999999993,5.17,"Cash","S.Y.|880-3139","No","No",46,"Yes"]
[664415,"2011-11-17","16:27:57.600","D254/FE",192,"Duplo","Policemen","6 and up",9.9499999999999993,3,29.849999999999998,15.51,"Mastercard","V.W.|880-4523","No","No",66,"No"]
[664436,"2011-11-17","12:12:00","D255/FE",192,"Duplo","Policemen","6 and up",9.9499999999999993,1,9.9499999999999993,5.17,"Visa","W.C.|880-4861","No","No",37,"No"]
[664436,"2011-11-17","12:12:00","L195/AE",195,"Lego","Airplane","8 and up",5.95,1,5.95,3.09,"Visa","W.C.|880-4861","No","No",37,"No"]
[664478,"2011-11-17","13:00:36","L195/AE",195,"Lego","Airplane","8 and up",5.95,1,5.95,3.09,"Cash","S.Y.|880-3139","No","No",29,"No"]
[664520,"2011-11-18","15:58:12","D254/FE",192,"Duplo","Policemen","6 and up",9.9499999999999993,1,9.9499999999999993,5.17,"Visa","N.W.|880-6237","Yes","Yes",29,"Yes"]
[664522,"2011-11-18","12:01:48","L256/PE",256,"Lego","Police Officers and Motorcycle","9 and up",9.9499999999999993,2,19.899999999999999,8.9600000000000009,"Visa","D.W.|880-7199","No","No",46,"No"]
[664571,"2011-11-18","13:46:44.400","D254/FE",192,"Duplo","Policemen","6 and up",9.9499999999999993,1,9.9499999999999993,5.17,"Visa","S.Y.|880-3139","No","No",38,"No"]
[664571,"2011-11-18","13:46:44.400","L256/PE",256,"Lego","Police Officers and Motorcycle","9 and up",9.9499999999999993,1,9.9499999999999993,4.4800000000000004,"Visa","S.Y.|880-3139","No","No",38,"No"]
[664616,"2011-11-19","14:12:36","L195/AE",195,"Lego","Airplane","8 and up",5.95,4,23.8,12.36,"Cash","V.W.|880-8599","Yes","Yes",21,"No"]
[664616,"2011-11-19","14:12:36","D255/FE",192,"Duplo","Policemen","6 and up",9.9499999999999993,3,29.849999999999998,15.51,"Cash","V.W.|880-8599","Yes","Yes",21,"No"]
[664616,"2011-11-19","14:12:36","D250/AT",192,"Duplo","Policemen","6 and up",9.9499999999999993,1,9.9499999999999993,5.17,"Cash","V.W.|880-8599","Yes","Yes",21,"No"]
[664659,"2011-11-20","20:44:24","D254/FE",192,"Duplo","Policemen","6 and up",9.9499999999999993,1,9.9499999999999993,5.17,"Mastercard","C.X.|880-3590","No","Yes",28,"No"]
[664659,"2011-11-20","20:44:24","D250/AT",192,"Duplo","Policemen","6 and up",9.9499999999999993,1,9.9499999999999993,5.17,"Mastercard","C.X.|880-3590","No","Yes",28,"No"]
[664707,"2011-11-21","15:26:24","L256/PE",256,"Lego","Police Officers and Motorcycle","9 and up",9.9499999999999993,2,19.899999999999999,8.9600000000000009,"Discover","U.W.|880-9683","No","No",21,"No"]
[664731,"2011-11-21","12:49:12","L194/FY",194,"Lego","Family","4 and up",14.95,1,14.95,8.3699999999999992,"Visa","L.C.|880-6872","No","Yes",25,"No"]
[664741,"2011-11-21","16:49:12","L256/PE",256,"Lego","Police Officers and Motorcycle","9 and up",9.9499999999999993,2,19.899999999999999,8.9600000000000009,"Discover","S.Y.|880-3139","No","No",50,"No"]
[664756,"2011-11-21","18:16:12","D198/LX",192,"Duplo","Policemen","6 and up",9.9499999999999993,1,9.9499999999999993,5.17,"Mastercard","L.C.|880-6872","No","No",49,"No"]
[664782,"2011-11-21","11:51:46.800","D254/FE",192,"Duplo","Policemen","6 and up",9.9499999999999993,3,29.849999999999998,15.51,"Discover","C.X.|880-3590","No","No",66,"No"]
[664782,"2011-11-21","11:51:46.800","L256/PE",256,"Lego","Police Officers and Motorcycle","9 and up",9.9499999999999993,1,9.9499999999999993,4.4800000000000004,"Discover","C.X.|880-3590","No","No",66,"No"]
[664787,"2011-11-22","11:55:37.200","D254/FE",192,"Duplo","Policemen","6 and up",9.9499999999999993,4,39.799999999999997,20.68,"Visa","P.N.|880-3021","No","Yes",50,"No"]
[664789,"2011-11-22","14:01:12","D250/AT",192,"Duplo","Policemen","6 and up",9.9499999999999993,1,9.9499999999999993,5.17,"Mastercard","B.B.|880-9330","Yes","No",45,"No"]
[664789,"2011-11-22","14:01:12","D254/FE",192,"Duplo","Policemen","6 and up",9.9499999999999993,1,9.9499999999999993,5.17,"Mastercard","B.B.|880-9330","Yes","No",45,"No"]
[664807,"2011-11-22","17:46:12","L195/AE",195,"Lego","Airplane","8 and up",5.95,2,11.9,6.18,"Cash","D.Z.|880-1179","No","No",50,"Yes"]
[664856,"2011-11-22","09:18:00","L197/FS",199,"Duplo","Scooter","4 and up",4.95,2,9.9,5.04,"Cash","D.W.|880-7199","No","No",39,"Yes"]
[664884,"2011-11-22","11:17:56.400","D198/LX",192,"Duplo","Policemen","6 and up",9.9499999999999993,2,19.899999999999999,10.34,"Mastercard","U.W.|880-9683","No","No",28,"No"]
[664898,"2011-11-22","10:15:36","L195/AE",195,"Lego","Airplane","8 and up",5.95,1,5.95,3.09,"Visa","A.U.|880-2167","No","No",26,"Yes"]
[664948,"2011-11-22","16:14:24","L256/PE",256,"Lego","Police Officers and Motorcycle","9 and up",9.9499999999999993,2,19.899999999999999,8.9600000000000009,"Cash","D.W.|880-7199","No","No",37,"Yes"]
[664948,"2011-11-22","16:14:24","L256/PE",256,"Lego","Police Officers and Motorcycle","9 and up",9.9499999999999993,1,9.9499999999999993,4.4800000000000004,"Cash","D.W.|880-7199","No","No",37,"Yes"]
[664958,"2011-11-22","12:47:42","L256/PE",256,"Lego","Police Officers and Motorcycle","9 and up",9.9499999999999993,4,39.799999999999997,17.920000000000002,"Cash","B.X.|880-9149","No","No",37,"No"]
[664989,"2011-11-22","13:02:24","D192/PN",192,"Duplo","Policemen","6 and up",9.9499999999999993,2,19.899999999999999,10.34,"Check","W.C.|880-4861","No","No",27,"No"]
[664989,"2011-11-22","13:02:24","D250/AT",192,"Duplo","Policemen","6 and up",9.9499999999999993,1,9.9499999999999993,5.17,"Check","W.C.|880-4861","No","No",27,"No"]
[665036,"2011-11-23","15:52:48","D254/FE",192,"Duplo","Policemen","6 and up",9.9499999999999993,1,9.9499999999999993,5.17,"Visa","B.Y.|880-6845","No","Yes",34,"No"]
[665052,"2011-11-23","10:32:24","D255/FE",192,"Duplo","Policemen","6 and up",9.9499999999999993,2,19.899999999999999,10.34,"Mastercard","V.W.|880-4523","Yes","No",33,"No"]
[665100,"2011-11-23","15:52:48","L256/PE",256,"Lego","Police Officers and Motorcycle","9 and up",9.9499999999999993,2,19.899999999999999,8.9600000000000009,"Visa","U.O.|880-3720","No","No",11,"No"]
[665111,"2011-11-23","12:53:24","D250/AT",192,"Duplo","Policemen","6 and up",9.9499999999999993,1,9.9499999999999993,5.17,"Discover","D.Z.|880-1179","Yes","Yes",36,"Yes"]
[665119,"2011-11-24","19:00:00","L195/AE",195,"Lego","Airplane","8 and up",5.95,1,5.95,3.09,"Cash","N.C.|880-3850","Yes","Yes",35,"No"]
[665119,"2011-11-24","19:00:00","D255/FE",192,"Duplo","Policemen","6 and up",9.9499999999999993,2,19.899999999999999,10.34,"Cash","N.C.|880-3850","Yes","Yes",35,"No"]
[665161,"2011-11-24","14:38:24","D255/FE",192,"Duplo","Policemen","6 and up",9.9499999999999993,2,19.899999999999999,10.34,"Check","P.N.|880-3021","Yes","Yes",72,"No"]
[665186,"2011-11-25","13:14:24","L197/FS",199,"Duplo","Scooter","4 and up",4.95,2,9.9,5.04,"Visa","Z.T.|880-7477","No","No",46,"Yes"]
[665213,"2011-11-25","11:33:54","L195/AE",195,"Lego","Airplane","8 and up",5.95,1,5.95,3.09,"Discover","W.B.|880-9647","No","No",43,"No"]
[665255,"2011-11-26","16:23:24","L256/PE",256,"Lego","Police Officers and Motorcycle","9 and up",9.9499999999999993,2,19.899999999999999,8.9600000000000009,"Visa","V.W.|880-4523","Yes","No",31,"No"]
[665264,"2011-11-26","14:11:24","D250/AT",192,"Duplo","Policemen","6 and up",9.9499999999999993,2,19.899999999999999,10.34,"Mastercard","P.N.|880-3021","No","No",35,"No"]
[665295,"2011-11-26","14:12:07.200","D250/AT",192,"Duplo","Policemen","6 and up",9.9499999999999993,1,9.9499999999999993,5.17,"Check","D.U.|880-2953","No","No",38,"No"]
[665337,"2011-11-26","12:58:04.800","L195/AE",195,"Lego","Airplane","8 and up",5.95,2,11.9,6.18,"Discover","U.W.|880-9683","No","Yes",30,"Yes"]
[665337,"2011-11-26","12:58:04.800","L195/AE",195,"Lego","Airplane","8 and up",5.95,5,29.75,15.45,"Discover","U.W.|880-9683","No","Yes",30,"Yes"]
[665367,"2011-11-27","15:14:38.400","L256/PE",256,"Lego","Police Officers and Motorcycle","9 and up",9.9499999999999993,1,9.9499999999999993,4.4800000000000004,"Check","N.C.|880-3850","No","No",31,"No"]
[665367,"2011-11-27","15:14:38.400","L197/FS",199,"Duplo","Scooter","4 and up",4.95,4,19.8,10.08,"Check","N.C.|880-3850","No","No",31,"No"]
[665379,"2011-11-27","09:33:54","D254/FE",192,"Duplo","Policemen","6 and up",9.9499999999999993,1,9.9499999999999993,5.17,"Cash","P.N.|880-3021","No","No",44,"No"]
[665405,"2011-11-28","16:58:26.400","L256/PE",256,"Lego","Police Officers and Motorcycle","9 and up",9.9499999999999993,1,9.9499999999999993,4.4800000000000004,"Visa","Z.T.|880-7477","No","No",37,"No"]
[665409,"2011-11-28","15:24:00","D254/FE",192,"Duplo","Policemen","6 and up",9.9499999999999993,1,9.9499999999999993,5.17,"Visa","A.U.|880-2167","No","No",33,"No"]
[665449,"2011-11-28","11:48:03.600","D250/AT",192,"Duplo","Policemen","6 and up",9.9499999999999993,1,9.9499999999999993,5.17,"Mastercard","U.W.|880-9683","No","No",43,"No"]
[665449,"2011-11-28","11:48:03.600","L217/SN",255,"Duplo","Farming Scene","7 and up",24.95,2,49.9,32.44,"Mastercard","U.W.|880-9683","No","No",43,"No"]
[665488,"2011-11-28","14:26:45.600","L195/AE",195,"Lego","Airplane","8 and up",5.95,1,5.95,3.09,"Mastercard","A.U.|880-2167","Yes","No",43,"Yes"]
[665519,"2011-11-28","16:07:12","L256/PE",256,"Lego","Police Officers and Motorcycle","9 and up",9.9499999999999993,1,9.9499999999999993,4.4800000000000004,"Cash","S.V.|880-5987","No","No",38,"No"]
[665520,"2011-11-29","20:40:48","L256/PE",256,"Lego","Police Officers and Motorcycle","9 and up",9.9499999999999993,4,39.799999999999997,17.920000000000002,"Visa","U.W.|880-9683","No","No",69,"Yes"]
[665569,"2011-11-29","15:54:36","D250/AT",192,"Duplo","Policemen","6 and up",9.9499999999999993,4,39.799999999999997,20.68,"Gift Card","S.V.|880-5987","No","No",40,"Yes"]
[665605,"2011-11-29","10:00:50.400","L195/AE",195,"Lego","Airplane","8 and up",5.95,4,23.8,12.36,"Check","Z.T.|880-7477","No","No",40,"Yes"]
[665621,"2011-11-29","13:23:34.800","D254/FE",192,"Duplo","Policemen","6 and up",9.9499999999999993,2,19.899999999999999,10.34,"Cash","U.O.|880-3720","No","No",34,"Yes"]
[665647,"2011-11-29","16:55:33.600","L195/AE",195,"Lego","Airplane","8 and up",5.95,1,5.95,3.09,"Visa","V.W.|880-8599","No","No",27,"No"]
[665658,"2011-11-29","11:40:04.800","L256/PE",256,"Lego","Police Officers and Motorcycle","9 and up",9.9499999999999993,4,39.799999999999997,17.920000000000002,"Mastercard","Y.P.|880-6894","No","No",36,"Yes"]
[665658,"2011-11-29","11:40:04.800","D254/FE",192,"Duplo","Policemen","6 and up",9.9499999999999993,1,9.9499999999999993,5.17,"Mastercard","Y.P.|880-6894","No","No",36,"Yes"]
[665663,"2011-11-29","20:09:00","L217/SN",255,"Duplo","Farming Scene","7 and up",24.95,1,24.95,16.22,"Visa","D.U.|880-2953","No","No",40,"No"]
[665711,"2011-11-29","13:22:58.800","D255/FE",192,"Duplo","Policemen","6 and up",9.9499999999999993,1,9.9499999999999993,5.17,"Cash","D.U.|880-2953","No","No",32,"No"]
[665724,"2011-11-30","11:36:00","D255/FE",192,"Duplo","Policemen","6 and up",9.9499999999999993,1,9.9499999999999993,5.17,"Visa","Z.Q.|880-4240","Yes","Yes",20,"No"]
[665727,"2011-11-30","11:07:12","D254/FE",192,"Duplo","Policemen","6 and up",9.9499999999999993,1,9.9499999999999993,5.17,"Mastercard","D.U.|880-2953","No","No",27,"No"]
[665727,"2011-11-30","11:07:12","D255/FE",192,"Duplo","Policemen","6 and up",9.9499999999999993,1,9.9499999999999993,5.17,"Mastercard","D.U.|880-2953","No","No",27,"No"]
[665727,"2011-11-30","11:07:12","D255/FE",192,"Duplo","Policemen","6 and up",9.9499999999999993,1,9.9499999999999993,5.17,"Mastercard","D.U.|880-2953","No","No",27,"No"]
[665765,"2011-12-01","09:33:21.600","L195/AE",195,"Lego","Airplane","8 and up",5.95,2,11.9,6.18,"Visa","U.O.|880-3720","No","No",36,"Yes"]
[665815,"2011-12-01","11:19:37.200","D199/SR",192,"Duplo","Policemen","6 and up",9.9499999999999993,1,9.9499999999999993,5.17,"Mastercard","V.W.|880-8599","No","No",61,"No"]
[665815,"2011-12-01","11:19:37.200","L195/AE",195,"Lego","Airplane","8 and up",5.95,4,23.8,12.36,"Mastercard","V.W.|880-8599","No","No",61,"No"]
[665840,"2011-12-01","15:49:12","L195/AE",195,"Lego","Airplane","8 and up",5.95,1,5.95,3.09,"Discover","A.U.|880-2167","No","No",30,"No"]
[665840,"2011-12-01","15:49:12","D218/FN",192,"Duplo","Policemen","6 and up",9.9499999999999993,2,19.899999999999999,10.34,"Discover","A.U.|880-2167","No","No",30,"No"]
[665857,"2011-12-01","11:08:49.200","D255/FE",192,"Duplo","Policemen","6 and up",9.9499999999999993,1,9.9499999999999993,5.17,"Cash","B.X.|880-9149","Yes","No",20,"No"]
[665902,"2011-12-01","13:06:28.800","D255/FE",192,"Duplo","Policemen","6 and up",9.9499999999999993,2,19.899999999999999,10.34,"Cash","S.Y.|880-3139","No","No",32,"No"]
[665932,"2011-12-02","13:07:12","L252/LR",255,"Duplo","Farming Scene","7 and up",24.95,1,24.95,16.22,"Visa","B.B.|880-9330","No","No",37,"No"]
[665961,"2011-12-02","12:33:00","D254/FE",192,"Duplo","Policemen","6 and up",9.9499999999999993,2,19.899999999999999,10.34,"Visa","B.B.|880-9330","No","Yes",43,"No"]
[665977,"2011-12-02","13:17:24","D198/LX",192,"Duplo","Policemen","6 and up",9.9499999999999993,1,9.9499999999999993,5.17,"Visa","D.U.|880-2953","No","No",37,"No"]
[666002,"2011-12-03","13:59:24","D254/FE",192,"Duplo","Policemen","6 and up",9.9499999999999993,1,9.9499999999999993,5.17,"Visa","D.W.|880-7199","Yes","Yes",36,"No"]
[666047,"2011-12-03","10:55:33.600","L256/PE",256,"Lego","Police Officers and Motorcycle","9 and up",9.9499999999999993,1,9.9499999999999993,4.4800000000000004,"Cash","D.W.|880-7199","No","No",16,"No"]
[666086,"2011-12-03","16:54:00","L195/AE",195,"Lego","Airplane","8 and up",5.95,1,5.95,3.09,"Cash","W.B.|880-9647","No","No",53,"No"]
[666094,"2011-12-03","13:42:00","L195/AE",195,"Lego","Airplane","8 and up",5.95,4,23.8,12.36,"Mastercard","B.B.|880-9330","No","No",32,"Yes"]
[666100,"2011-12-03","15:39:36","L194/FY",194,"Lego","Family","4 and up",14.95,2,29.9,16.739999999999998,"Cash","H.B.|880-3254","No","No",38,"No"]
[666110,"2011-12-03","10:28:48","D250/AT",192,"Duplo","Policemen","6 and up",9.9499999999999993,2,19.899999999999999,10.34,"Gift Card","N.C.|880-3850","No","Yes",34,"No"]
[666116,"2011-12-03","13:44:02.400","L195/AE",195,"Lego","Airplane","8 and up",5.95,3,17.850000000000001,9.27,"Discover","P.N.|880-3021","No","No",47,"Yes"]
[666137,"2011-12-04","13:08:24","D255/FE",192,"Duplo","Policemen","6 and up",9.9499999999999993,1,9.9499999999999993,5.17,"Mastercard","U.O.|880-3720","No","No",36,"No"]
[666187,"2011-12-04","13:56:45.600","D254/FE",192,"Duplo","Policemen","6 and up",9.9499999999999993,3,29.849999999999998,15.51,"Visa","H.B.|880-3254","No","No",36,"No"]
[666187,"2011-12-04","13:56:45.600","D254/FE",192,"Duplo","Policemen","6 and up",9.9499999999999993,1,9.9499999999999993,5.17,"Visa","H.B.|880-3254","No","No",36,"No"]
[666232,"2011-12-04","17:35:24","D250/AT",192,"Duplo","Policemen","6 and up",9.9499999999999993,4,39.799999999999997,20.68,"Mastercard","D.Z.|880-1179","No","No",27,"No"]
[666232,"2011-12-04","17:35:24","L195/AE",195,"Lego","Airplane","8 and up",5.95,3,17.850000000000001,9.27,"Mastercard","D.Z.|880-1179","No","No",27,"No"]
[666232,"2011-12-04","17:35:24","D250/AT",192,"Duplo","Policemen","6 and up",9.9499999999999993,1,9.9499999999999993,5.17,"Mastercard","D.Z.|880-1179","No","No",27,"No"]
[666245,"2011-12-04","15:30:00","D250/AT",192,"Duplo","Policemen","6 and up",9.9499999999999993,2,19.899999999999999,10.34,"Discover","A.U.|880-2167","No","No",26,"No"]
[666294,"2011-12-05","20:54:00","L252/LR",255,"Duplo","Farming Scene","7 and up",24.95,4,99.8,64.88,"Mastercard","Y.P.|880-6894","No","No",39,"No"]
[666344,"2011-12-05","14:33:00","L195/AE",195,"Lego","Airplane","8 and up",5.95,1,5.95,3.09,"Cash","U.W.|880-9683","No","No",35,"Yes"]
[666381,"2011-12-06","12:06:00","D255/FE",192,"Duplo","Policemen","6 and up",9.9499999999999993,3,29.849999999999998,15.51,"Check","P.N.|880-3021","No","No",43,"No"]
[666418,"2011-12-06","14:03:36","L330/GN",330,"Lego","Gas Station","8 and up",32.950000000000003,1,32.950000000000003,19.11,"Cash","Z.T.|880-7477","No","No",36,"Yes"]
[666436,"2011-12-06","20:37:48","D254/FE",192,"Duplo","Policemen","6 and up",9.9499999999999993,1,9.9499999999999993,5.17,"Visa","N.W.|880-6237","Yes","No",31,"No"]
[666474,"2011-12-06","13:45:00","D250/AT",192,"Duplo","Policemen","6 and up",9.9499999999999993,1,9.9499999999999993,5.17,"Gift Card","D.W.|880-7199","No","No",37,"No"]
[666486,"2011-12-06","11:10:12","D255/FE",192,"Duplo","Policemen","6 and up",9.9499999999999993,2,19.899999999999999,10.34,"Mastercard","B.X.|880-9149","No","No",44,"No"]
[666486,"2011-12-06","11:10:12","D254/FE",192,"Duplo","Policemen","6 and up",9.9499999999999993,1,9.9499999999999993,5.17,"Mastercard","B.X.|880-9149","No","No",44,"No"]
[666514,"2011-12-07","20:36:00","D250/AT",192,"Duplo","Policemen","6 and up",9.9499999999999993,1,9.9499999999999993,5.17,"Mastercard","D.Z.|880-1179","No","No",31,"No"]
[666514,"2011-12-07","20:36:00","L256/PE",256,"Lego","Police Officers and Motorcycle","9 and up",9.9499999999999993,1,9.9499999999999993,4.4800000000000004,"Mastercard","D.Z.|880-1179","No","No",31,"No"]
[666514,"2011-12-07","20:36:00","D254/FE",192,"Duplo","Policemen","6 and up",9.9499999999999993,1,9.9499999999999993,5.17,"Mastercard","D.Z.|880-1179","No","No",31,"No"]
[666559,"2011-12-07","16:42:00","D255/FE",192,"Duplo","Policemen","6 and up",9.9499999999999993,2,19.899999999999999,10.34,"Visa","N.C.|880-3850","No","Yes",31,"No"]
[666599,"2011-12-07","11:42:36","D255/FE",192,"Duplo","Policemen","6 and up",9.9499999999999993,2,19.899999999999999,10.34,"Discover","H.B.|880-3254","No","No",25,"Yes"]
[666599,"2011-12-07","11:42:36","D250/AT",192,"Duplo","Policemen","6 and up",9.9499999999999993,4,39.799999999999997,20.68,"Discover","H.B.|880-3254","No","No",25,"Yes"]
[666623,"2011-12-07","16:54:03.600","L195/AE",195,"Lego","Airplane","8 and up",5.95,4,23.8,12.36,"Visa","B.B.|880-9330","No","No",45,"No"]
[666623,"2011-12-07","16:54:03.600","L256/PE",256,"Lego","Police Officers and Motorcycle","9 and up",9.9499999999999993,1,9.9499999999999993,4.4800000000000004,"Visa","B.B.|880-9330","No","No",45,"No"]
[666628,"2011-12-08","16:04:48","L256/PE",256,"Lego","Police Officers and Motorcycle","9 and up",9.9499999999999993,4,39.799999999999997,17.920000000000002,"Visa","S.Y.|880-3139","No","No",35,"No"]
[666647,"2011-12-08","15:10:55.200","D255/FE",192,"Duplo","Policemen","6 and up",9.9499999999999993,1,9.9499999999999993,5.17,"Mastercard","S.Y.|880-3139","No","No",32,"No"]
[666657,"2011-12-09","12:22:48","D254/FE",192,"Duplo","Policemen","6 and up",9.9499999999999993,1,9.9499999999999993,5.17,"Discover","N.W.|880-6237","No","No",50,"No"]
[666662,"2011-12-09","13:11:52.800","D255/FE",192,"Duplo","Policemen","6 and up",9.9499999999999993,3,29.849999999999998,15.51,"Cash","D.U.|880-2953","No","No",25,"No"]
[666678,"2011-12-09","13:08:24","L256/PE",256,"Lego","Police Officers and Motorcycle","9 and up",9.9499999999999993,1,9.9499999999999993,4.4800000000000004,"Visa","S.V.|880-5987","No","No",38,"No"]
[666721,"2011-12-09","16:41:45.600","D250/AT",192,"Duplo","Policemen","6 and up",9.9499999999999993,2,19.899999999999999,10.34,"Mastercard","W.C.|880-4861","No","No",28,"Yes"]
[666727,"2011-12-09","10:51:00","L256/PE",256,"Lego","Police Officers and Motorcycle","9 and up",9.9499999999999993,1,9.9499999999999993,4.4800000000000004,"Mastercard","H.B.|880-3254","No","Yes",43,"No"]
[666749,"2011-12-10","14:46:48","D255/FE",192,"Duplo","Policemen","6 and up",9.9499999999999993,1,9.9499999999999993,5.17,"Discover","A.U.|880-2167","No","No",50,"No"]
[666798,"2011-12-10","19:34:12","L197/FS",199,"Duplo","Scooter","4 and up",4.95,4,19.8,10.08,"Visa","W.C.|880-4861","No","No",24,"No"]
[666814,"2011-12-10","18:25:48","D199/SR",192,"Duplo","Policemen","6 and up",9.9499999999999993,4,39.799999999999997,20.68,"Gift Card","W.B.|880-9647","No","Yes",46,"Yes"]
[666844,"2011-12-10","12:04:08.400","D254/FE",192,"Duplo","Policemen","6 and up",9.9499999999999993,1,9.9499999999999993,5.17,"Visa","V.W.|880-8599","No","No",30,"No"]
[666888,"2011-12-10","18:46:48","D254/FE",192,"Duplo","Policemen","6 and up",9.9499999999999993,1,9.9499999999999993,5.17,"Cash","B.Y.|880-6845","No","No",43,"No"]
[666918,"2011-12-11","15:00:00","L195/AE",195,"Lego","Airplane","8 and up",5.95,5,29.75,15.45,"Visa","B.X.|880-9149","No","No",50,"No"]
[666948,"2011-12-11","10:49:12","L195/AE",195,"Lego","Airplane","8 and up",5.95,2,11.9,6.18,"Visa","Z.T.|880-7477","No","Yes",32,"No"]
[666976,"2011-12-11","13:13:12","D255/FE",192,"Duplo","Policemen","6 and up",9.9499999999999993,1,9.9499999999999993,5.17,"Visa","N.C.|880-3850","No","Yes",47,"No"]
[667021,"2011-12-12","11:02:24","L217/SN",255,"Duplo","Farming Scene","7 and up",24.95,4,99.8,64.88,"Cash","B.X.|880-9149","No","No",32,"Yes"]
[667056,"2011-12-13","16:13:12","D254/FE",192,"Duplo","Policemen","6 and up",9.9499999999999993,1,9.9499999999999993,5.17,"Visa","Z.T.|880-7477","No","No",36,"No"]
[667092,"2011-12-13","10:48:00","L194/FY",194,"Lego","Family","4 and up",14.95,1,14.95,8.3699999999999992,"Gift Card","V.W.|880-8599","Yes","Yes",43,"No"]
[667113,"2011-12-13","14:23:24","D254/FE",192,"Duplo","Policemen","6 and up",9.9499999999999993,2,19.899999999999999,10.34,"Visa","L.C.|880-6872","No","No",67,"No"]
[667122,"2011-12-13","16:53:38.400","L256/PE",256,"Lego","Police Officers and Motorcycle","9 and up",9.9499999999999993,1,9.9499999999999993,4.4800000000000004,"Mastercard","Y.P.|880-6894","No","No",41,"No"]
[667149,"2011-12-14","14:16:40.800","D254/FE",192,"Duplo","Policemen","6 and up",9.9499999999999993,1,9.9499999999999993,5.17,"Discover","B.X.|880-9149","No","No",41,"No"]
[667195,"2011-12-14","15:52:12","D254/FE",192,"Duplo","Policemen","6 and up",9.9499999999999993,2,19.899999999999999,10.34,"Visa","S.V.|880-5987","Yes","No",29,"No"]
[667195,"2011-12-14","15:52:12","L256/PE",256,"Lego","Police Officers and Motorcycle","9 and up",9.9499999999999993,2,19.899999999999999,8.9600000000000009,"Visa","S.V.|880-5987","Yes","No",29,"No"]
[667235,"2011-12-14","15:00:00","D250/AT",192,"Duplo","Policemen","6 and up",9.9499999999999993,2,19.899999999999999,10.34,"Visa","B.Y.|880-6845","Yes","No",35,"No"]
[667284,"2011-12-14","12:23:24","D255/FE",192,"Duplo","Policemen","6 and up",9.9499999999999993,1,9.9499999999999993,5.17,"Cash","L.W.|880-4986","No","No",33,"No"]
[667284,"2011-12-14","12:23:24","D255/FE",192,"Duplo","Policemen","6 and up",9.9499999999999993,5,49.75,25.85,"Cash","L.W.|880-4986","No","No",33,"No"]
[667323,"2011-12-14","13:06:00","D255/FE",192,"Duplo","Policemen","6 and up",9.9499999999999993,1,9.9499999999999993,5.17,"Cash","V.W.|880-8599","No","No",30,"Yes"]
[667323,"2011-12-14","13:06:00","D255/FE",192,"Duplo","Policemen","6 and up",9.9499999999999993,2,19.899999999999999,10.34,"Cash","V.W.|880-8599","No","No",30,"Yes"]
[667372,"2011-12-15","14:01:26.400","D250/AT",192,"Duplo","Policemen","6 and up",9.9499999999999993,2,19.899999999999999,10.34,"Visa","W.B.|880-9647","No","No",42,"No"]
[667387,"2011-12-15","18:57:36","D250/AT",192,"Duplo","Policemen","6 and up",9.9499999999999993,1,9.9499999999999993,5.17,"Discover","Z.T.|880-7477","Yes","No",29,"No"]
[667425,"2011-12-16","10:55:12","D250/AT",192,"Duplo","Policemen","6 and up",9.9499999999999993,1,9.9499999999999993,5.17,"Cash","W.C.|880-4861","No","No",40,"No"]
[667462,"2011-12-16","16:09:00","D254/FE",192,"Duplo","Policemen","6 and up",9.9499999999999993,1,9.9499999999999993,5.17,"Gift Card","V.W.|880-4523","No","No",31,"No"]
[667462,"2011-12-16","16:09:00","D250/AT",192,"Duplo","Policemen","6 and up",9.9499999999999993,1,9.9499999999999993,5.17,"Gift Card","V.W.|880-4523","No","No",31,"No"]
[667483,"2011-12-16","18:38:24","D254/FE",192,"Duplo","Policemen","6 and up",9.9499999999999993,2,19.899999999999999,10.34,"Mastercard","S.Y.|880-3139","No","No",36,"Yes"]
[667502,"2011-12-16","10:45:00","D255/FE",192,"Duplo","Policemen","6 and up",9.9499999999999993,1,9.9499999999999993,5.17,"Mastercard","H.B.|880-3254","No","No",30,"No"]
[667541,"2011-12-17","12:57:46.800","D254/FE",192,"Duplo","Policemen","6 and up",9.9499999999999993,3,29.849999999999998,15.51,"Visa","B.Y.|880-6845","No","No",57,"No"]
[667545,"2011-12-17","16:41:09.600","D255/FE",192,"Duplo","Policemen","6 and up",9.9499999999999993,1,9.9499999999999993,5.17,"Cash","N.W.|880-6237","No","No",19,"No"]
[667580,"2011-12-17","15:53:24","L195/AE",195,"Lego","Airplane","8 and up",5.95,1,5.95,3.09,"Discover","W.C.|880-4861","No","No",31,"No"]
[667628,"2011-12-17","16:18:39.600","L195/AE",195,"Lego","Airplane","8 and up",5.95,1,5.95,3.09,"Cash","N.C.|880-3850","No","No",31,"No"]
[667629,"2011-12-17","16:30:00","D255/FE",192,"Duplo","Policemen","6 and up",9.9499999999999993,1,9.9499999999999993,5.17,"Visa","Y.P.|880-6894","No","No",17,"No"]
[667629,"2011-12-17","16:30:00","L195/AE",195,"Lego","Airplane","8 and up",5.95,2,11.9,6.18,"Visa","Y.P.|880-6894","No","No",17,"No"]
[667654,"2011-12-18","11:51:36","L256/PE",256,"Lego","Police Officers and Motorcycle","9 and up",9.9499999999999993,2,19.899999999999999,8.9600000000000009,"Mastercard","L.C.|880-6872","No","No",51,"No"]
[667661,"2011-12-18","13:43:48","D255/FE",192,"Duplo","Policemen","6 and up",9.9499999999999993,1,9.9499999999999993,5.17,"Mastercard","B.X.|880-9149","Yes","No",38,"No"]
[667700,"2011-12-18","14:15:36","L197/FS",199,"Duplo","Scooter","4 and up",4.95,1,4.95,2.52,"Visa","U.W.|880-9683","No","No",27,"No"]
[667706,"2011-12-18","10:39:28.800","L256/PE",256,"Lego","Police Officers and Motorcycle","9 and up",9.9499999999999993,1,9.9499999999999993,4.4800000000000004,"Cash","P.N.|880-3021","No","No",32,"Yes"]
[667706,"2011-12-18","10:39:28.800","L210/CS",210,"Lego","Cowboys with Horses","6 and up",9.4499999999999993,2,18.899999999999999,9.26,"Cash","P.N.|880-3021","No","No",32,"Yes"]
[667727,"2011-12-19","13:39:50.400","D250/AT",192,"Duplo","Policemen","6 and up",9.9499999999999993,4,39.799999999999997,20.68,"Mastercard","B.Y.|880-6845","Yes","No",27,"No"]
[667750,"2011-12-19","15:38:24","L256/PE",256,"Lego","Police Officers and Motorcycle","9 and up",9.9499999999999993,5,49.75,22.4,"Gift Card","D.Z.|880-1179","No","No",43,"No"]
[667750,"2011-12-19","15:38:24","L256/PE",256,"Lego","Police Officers and Motorcycle","9 and up",9.9499999999999993,1,9.9499999999999993,4.4800000000000004,"Gift Card","D.Z.|880-1179","No","No",43,"No"]
[667750,"2011-12-19","15:38:24","L195/AE",195,"Lego","Airplane","8 and up",5.95,2,11.9,6.18,"Gift Card","D.Z.|880-1179","No","No",43,"No"]
[667798,"2011-12-19","10:10:48","D250/AT",192,"Duplo","Policemen","6 and up",9.9499999999999993,4,39.799999999999997,20.68,"Mastercard","N.C.|880-3850","No","No",31,"No"]
[667798,"2011-12-19","10:10:48","L256/PE",256,"Lego","Police Officers and Motorcycle","9 and up",9.9499999999999993,1,9.9499999999999993,4.4800000000000004,"Mastercard","N.C.|880-3850","No","No",31,"No"]
[667828,"2011-12-19","14:16:04.800","L212/SD",212,"Lego","Scooter and Stand","6 and up",4.95,2,9.9,4.46,"Check","H.B.|880-3254","No","No",38,"No"]
[667828,"2011-12-19","14:16:04.800","D255/FE",192,"Duplo","Policemen","6 and up",9.9499999999999993,2,19.899999999999999,10.34,"Check","H.B.|880-3254","No","No",38,"No"]
[667840,"2011-12-21","13:28:40.800","D254/FE",192,"Duplo","Policemen","6 and up",9.9499999999999993,3,29.849999999999998,15.51,"Visa","S.V.|880-5987","No","No",73,"No"]
[667840,"2011-12-21","13:28:40.800","D250/AT",192,"Duplo","Policemen","6 and up",9.9499999999999993,1,9.9499999999999993,5.17,"Visa","S.V.|880-5987","No","No",73,"No"]
[667857,"2011-12-21","15:18:28.800","D254/FE",192,"Duplo","Policemen","6 and up",9.9499999999999993,1,9.9499999999999993,5.17,"Visa","Z.T.|880-7477","No","No",44,"No"]
[667861,"2011-12-21","13:17:02.400","D250/AT",192,"Duplo","Policemen","6 and up",9.9499999999999993,1,9.9499999999999993,5.17,"Mastercard","D.U.|880-2953","No","No",6,"No"]
[667871,"2011-12-21","15:08:24","L252/LR",255,"Duplo","Farming Scene","7 and up",24.95,2,49.9,32.44,"Check","L.C.|880-6872","Yes","No",33,"No"]
[667895,"2011-12-21","15:59:27.600","L256/PE",256,"Lego","Police Officers and Motorcycle","9 and up",9.9499999999999993,2,19.899999999999999,8.9600000000000009,"Cash","D.U.|880-2953","No","No",29,"No"]
[667932,"2011-12-21","14:26:24","D254/FE",192,"Duplo","Policemen","6 and up",9.9499999999999993,1,9.9499999999999993,5.17,"Discover","W.C.|880-4861","No","No",35,"No"]
[667932,"2011-12-21","14:26:24","D254/FE",192,"Duplo","Policemen","6 and up",9.9499999999999993,4,39.799999999999997,20.68,"Discover","W.C.|880-4861","No","No",35,"No"]
[667953,"2011-12-21","12:27:36","D250/AT",192,"Duplo","Policemen","6 and up",9.9499999999999993,1,9.9499999999999993,5.17,"Discover","A.U.|880-2167","No","No",50,"No"]
[667993,"2011-12-22","10:07:12","L195/AE",195,"Lego","Airplane","8 and up",5.95,2,11.9,6.18,"Cash","Y.P.|880-6894","No","No",39,"No"]
[667995,"2011-12-22","12:19:48","D250/AT",192,"Duplo","Policemen","6 and up",9.9499999999999993,2,19.899999999999999,10.34,"Gift Card","U.O.|880-3720","No","No",43,"No"]
[668018,"2011-12-22","15:47:24","D250/AT",192,"Duplo","Policemen","6 and up",9.9499999999999993,1,9.9499999999999993,5.17,"Visa","V.W.|880-4523","No","No",68,"No"]
[668018,"2011-12-22","15:47:24","L195/AE",195,"Lego","Airplane","8 and up",5.95,2,11.9,6.18,"Visa","V.W.|880-4523","No","No",68,"No"]
[668052,"2011-12-22","15:36:36","D255/FE",192,"Duplo","Policemen","6 and up",9.9499999999999993,1,9.9499999999999993,5.17,"Discover","Z.Q.|880-4240","Yes","No",21,"No"]
[668052,"2011-12-22","15:36:36","L195/AE",195,"Lego","Airplane","8 and up",5.95,1,5.95,3.09,"Discover","Z.Q.|880-4240","Yes","No",21,"No"]
[668095,"2011-12-23","12:54:00","L256/PE",256,"Lego","Police Officers and Motorcycle","9 and up",9.9499999999999993,2,19.899999999999999,8.9600000000000009,"Cash","D.Z.|880-1179","No","No",32,"No"]
[668095,"2011-12-23","12:54:00","D254/FE",192,"Duplo","Policemen","6 and up",9.9499999999999993,2,19.899999999999999,10.34,"Cash","D.Z.|880-1179","No","No",32,"No"]
[668130,"2011-12-23","13:53:24","D255/FE",192,"Duplo","Policemen","6 and up",9.9499999999999993,2,19.899999999999999,10.34,"Mastercard","U.O.|880-3720","No","No",39,"No"]
[668145,"2011-12-23","13:56:24","L210/CS",210,"Lego","Cowboys with Horses","6 and up",9.4499999999999993,4,37.799999999999997,18.52,"Check","B.B.|880-9330","No","No",41,"No"]
[668156,"2011-12-23","19:21:36","D254/FE",192,"Duplo","Policemen","6 and up",9.9499999999999993,3,29.849999999999998,15.51,"Mastercard","U.O.|880-3720","No","No",45,"No"]
[668184,"2011-12-23","08:19:12","L217/SN",255,"Duplo","Farming Scene","7 and up",24.95,1,24.95,16.22,"Visa","A.U.|880-2167","No","No",36,"No"]
[668207,"2011-12-24","11:00:36","L256/PE",256,"Lego","Police Officers and Motorcycle","9 and up",9.9499999999999993,2,19.899999999999999,8.9600000000000009,"Discover","P.N.|880-3021","No","No",30,"No"]
[668216,"2011-12-24","15:58:12","L196/AR",196,"Lego","Antique Car","8 and up",7.95,1,7.95,4.45,"Visa","P.N.|880-3021","No","No",34,"No"]
[668232,"2011-12-24","14:10:48","D250/AT",192,"Duplo","Policemen","6 and up",9.9499999999999993,1,9.9499999999999993,5.17,"Mastercard","L.W.|880-4986","No","No",31,"No"]
[668232,"2011-12-24","14:10:48","D254/FE",192,"Duplo","Policemen","6 and up",9.9499999999999993,1,9.9499999999999993,5.17,"Mastercard","L.W.|880-4986","No","No",31,"No"]
[668232,"2011-12-24","14:10:48","D254/FE",192,"Duplo","Policemen","6 and up",9.9499999999999993,1,9.9499999999999993,5.17,"Mastercard","L.W.|880-4986","No","No",31,"No"]
[668261,"2011-12-25","14:12:32.400","D255/FE",192,"Duplo","Policemen","6 and up",9.9499999999999993,2,19.899999999999999,10.34,"Cash","B.X.|880-9149","No","No",34,"No"]
[668261,"2011-12-25","14:12:32.400","D254/FE",192,"Duplo","Policemen","6 and up",9.9499999999999993,1,9.9499999999999993,5.17,"Cash","B.X.|880-9149","No","No",34,"No"]
[668293,"2011-12-25","14:41:24","D199/SR",192,"Duplo","Policemen","6 and up",9.9499999999999993,2,19.899999999999999,10.34,"Visa","Z.T.|880-7477","No","No",44,"No"]
[668305,"2011-12-25","11:47:13.200","L212/SD",212,"Lego","Scooter and Stand","6 and up",4.95,1,4.95,2.23,"Visa","A.U.|880-2167","No","No",28,"No"]
[668326,"2011-12-25","19:46:12","D250/AT",192,"Duplo","Policemen","6 and up",9.9499999999999993,1,9.9499999999999993,5.17,"Visa","S.Y.|880-3139","Yes","Yes",34,"No"]
[668376,"2012-01-02","20:10:48","L195/AE",195,"Lego","Airplane","8 and up",5.95,1,5.95,3.09,"Visa","S.V.|880-5987","No","No",37,"No"]
[668384,"2012-01-02","09:32:34.800","L195/AE",195,"Lego","Airplane","8 and up",5.95,1,5.95,3.09,"Visa","C.X.|880-3590","No","No",27,"No"]
[668384,"2012-01-02","09:32:34.800","L195/AE",195,"Lego","Airplane","8 and up",5.95,4,23.8,12.36,"Visa","C.X.|880-3590","No","No",27,"No"]
[668391,"2012-01-08","13:18:00","L195/AE",195,"Lego","Airplane","8 and up",5.95,1,5.95,3.09,"Mastercard","W.B.|880-9647","No","No",29,"No"]
[668431,"2012-01-13","12:46:08.400","L195/AE",195,"Lego","Airplane","8 and up",5.95,5,29.75,15.45,"Cash","D.S.|880-7532","No","No",32,"Yes"]
[668451,"2012-01-19","18:06:00","D255/FE",192,"Duplo","Policemen","6 and up",9.9499999999999993,1,9.9499999999999993,5.17,"Visa","L.C.|880-6872","No","No",41,"No"]
[668451,"2012-01-19","18:06:00","D255/FE",192,"Duplo","Policemen","6 and up",9.9499999999999993,1,9.9499999999999993,5.17,"Visa","L.C.|880-6872","No","No",41,"No"]
[668489,"2012-01-21","15:27:00","D254/FE",192,"Duplo","Policemen","6 and up",9.9499999999999993,1,9.9499999999999993,5.17,"Cash","D.U.|880-2953","No","No",36,"No"]
[668499,"2012-01-29","14:21:36","D254/FE",192,"Duplo","Policemen","6 and up",9.9499999999999993,2,19.899999999999999,10.34,"Visa","Z.T.|880-7477","Yes","No",33,"No"]
[668499,"2012-01-29","14:21:36","D250/AT",192,"Duplo","Policemen","6 and up",9.9499999999999993,1,9.9499999999999993,5.17,"Visa","Z.T.|880-7477","Yes","No",33,"No"]
[668546,"2012-02-12","09:36:54","L217/SN",255,"Duplo","Farming Scene","7 and up",24.95,2,49.9,32.44,"Discover","V.W.|880-4523","No","No",33,"No"]
[668564,"2012-02-13","17:55:12","D255/FE",192,"Duplo","Policemen","6 and up",9.9499999999999993,1,9.9499999999999993,5.17,"Discover","Y.P.|880-6894","No","No",35,"No"]
[668585,"2012-02-14","18:39:36","L256/PE",256,"Lego","Police Officers and Motorcycle","9 and up",9.9499999999999993,3,29.849999999999998,13.44,"Gift Card","Y.P.|880-6894","No","No",39,"Yes"]
[668585,"2012-02-14","18:39:36","L256/PE",256,"Lego","Police Officers and Motorcycle","9 and up",9.9499999999999993,2,19.899999999999999,8.9600000000000009,"Gift Card","Y.P.|880-6894","No","No",39,"Yes"]
[668615,"2012-03-03","12:16:12","D254/FE",192,"Duplo","Policemen","6 and up",9.9499999999999993,1,9.9499999999999993,5.17,"Mastercard","S.Y.|880-3139","No","No",35,"No"]
[668615,"2012-03-03","12:16:12","D255/FE",192,"Duplo","Policemen","6 and up",9.9499999999999993,1,9.9499999999999993,5.17,"Mastercard","S.Y.|880-3139","No","No",35,"No"]
[668653,"2012-03-16","16:55:26.400","L256/PE",256,"Lego","Police Officers and Motorcycle","9 and up",9.9499999999999993,1,9.9499999999999993,4.4800000000000004,"Mastercard","H.B.|880-3254","No","No",40,"No"]
[668653,"2012-03-16","16:55:26.400","D250/AT",192,"Duplo","Policemen","6 and up",9.9499999999999993,2,19.899999999999999,10.34,"Mastercard","H.B.|880-3254","No","No",40,"No"]
[668653,"2012-03-16","16:55:26.400","L256/PE",256,"Lego","Police Officers and Motorcycle","9 and up",9.9499999999999993,1,9.9499999999999993,4.4800000000000004,"Mastercard","H.B.|880-3254","No","No",40,"No"]
[668660,"2012-03-24","20:19:12","D254/FE",192,"Duplo","Policemen","6 and up",9.9499999999999993,2,19.899999999999999,10.34,"Cash","C.X.|880-3590","No","No",61,"No"]
[668681,"2012-04-03","14:31:33.600","L252/LR",255,"Duplo","Farming Scene","7 and up",24.95,1,24.95,16.22,"Visa","W.B.|880-9647","No","No",32,"No"]
[668691,"2012-04-10","20:49:48","D250/AT",192,"Duplo","Policemen","6 and up",9.9499999999999993,1,9.9499999999999993,5.17,"Visa","S.Y.|880-3139","Yes","No",59,"Yes"]
[668692,"2012-04-12","20:51:00","L256/PE",256,"Lego","Police Officers and Motorcycle","9 and up",9.9499999999999993,1,9.9499999999999993,4.4800000000000004,"Check","A.U.|880-2167","No","No",37,"Yes"]
[668692,"2012-04-12","20:51:00","D250/AT",192,"Duplo","Policemen","6 and up",9.9499999999999993,1,9.9499999999999993,5.17,"Check","A.U.|880-2167","No","No",37,"Yes"]
[668708,"2012-04-21","20:20:24","D255/FE",192,"Duplo","Policemen","6 and up",9.9499999999999993,1,9.9499999999999993,5.17,"Visa","D.U.|880-2953","No","No",70,"No"]
[668714,"2012-04-22","11:37:48","D255/FE",192,"Duplo","Policemen","6 and up",9.9499999999999993,4,39.799999999999997,20.68,"Cash","N.W.|880-6237","No","No",23,"No"]
[668743,"2012-04-23","10:40:30","D254/FE",192,"Duplo","Policemen","6 and up",9.9499999999999993,1,9.9499999999999993,5.17,"Cash","Y.P.|880-6894","No","No",35,"No"]
[668752,"2012-04-23","17:21:36","D250/AT",192,"Duplo","Policemen","6 and up",9.9499999999999993,4,39.799999999999997,20.68,"Discover","D.Z.|880-1179","No","No",41,"No"]
[668752,"2012-04-23","17:21:36","D250/AT",192,"Duplo","Policemen","6 and up",9.9499999999999993,1,9.9499999999999993,5.17,"Discover","D.Z.|880-1179","No","No",41,"No"]
[668801,"2012-05-13","15:10:48","L256/PE",256,"Lego","Police Officers and Motorcycle","9 and up",9.9499999999999993,1,9.9499999999999993,4.4800000000000004,"Visa","D.U.|880-2953","No","No",27,"No"]
[668804,"2012-05-19","12:32:31.200","D250/AT",192,"Duplo","Policemen","6 and up",9.9499999999999993,4,39.799999999999997,20.68,"Visa","S.Y.|880-3139","No","No",29,"No"]
[668804,"2012-05-19","12:32:31.200","L195/AE",195,"Lego","Airplane","8 and up",5.95,3,17.850000000000001,9.27,"Visa","S.Y.|880-3139","No","No",29,"No"]
[668829,"2012-05-24","13:25:12","D254/FE",192,"Duplo","Policemen","6 and up",9.9499999999999993,1,9.9499999999999993,5.17,"Visa","B.X.|880-9149","No","No",34,"No"]
[668848,"2012-06-08","09:46:30","D255/FE",192,"Duplo","Policemen","6 and up",9.9499999999999993,2,19.899999999999999,10.34,"Visa","A.U.|880-2167","No","No",42,"No"]
[668883,"2012-06-09","11:39:43.200","L194/FY",194,"Lego","Family","4 and up",14.95,2,29.9,16.739999999999998,"Gift Card","V.W.|880-8599","No","No",38,"No"]
[668903,"2012-06-09","08:28:48","D250/AT",192,"Duplo","Policemen","6 and up",9.9499999999999993,1,9.9499999999999993,5.17,"Visa","L.W.|880-4986","No","Yes",21,"No"]
[668943,"2012-06-11","10:28:12","D250/AT",192,"Duplo","Policemen","6 and up",9.9499999999999993,1,9.9499999999999993,5.17,"Visa","N.C.|880-3850","No","No",35,"No"]
[668982,"2012-06-12","15:45:00","L252/LR",255,"Duplo","Farming Scene","7 and up",24.95,1,24.95,16.22,"Visa","A.U.|880-2167","No","No",47,"Yes"]
[668997,"2012-06-23","15:00:36","D254/FE",192,"Duplo","Policemen","6 and up",9.9499999999999993,4,39.799999999999997,20.68,"Visa","S.V.|880-5987","No","No",33,"No"]
[669021,"2012-06-23","17:43:12","D255/FE",192,"Duplo","Policemen","6 and up",9.9499999999999993,3,29.849999999999998,15.51,"Mastercard","B.X.|880-9149","Yes","No",35,"No"]
[669042,"2012-06-25","13:12:07.200","L256/PE",256,"Lego","Police Officers and Motorcycle","9 and up",9.9499999999999993,1,9.9499999999999993,4.4800000000000004,"Mastercard","D.U.|880-2953","No","No",59,"No"]
[669080,"2012-07-02","16:00:00","D199/SR",192,"Duplo","Policemen","6 and up",9.9499999999999993,1,9.9499999999999993,5.17,"Visa","N.C.|880-3850","No","No",37,"Yes"]
[669090,"2012-07-02","16:20:24","D254/FE",192,"Duplo","Policemen","6 and up",9.9499999999999993,1,9.9499999999999993,5.17,"Cash","P.N.|880-3021","No","Yes",31,"No"]
[669121,"2012-08-05","15:28:26.400","L256/PE",256,"Lego","Police Officers and Motorcycle","9 and up",9.9499999999999993,4,39.799999999999997,17.920000000000002,"Check","W.C.|880-4861","No","No",50,"No"]
[669126,"2012-08-14","15:18:00","D255/FE",192,"Duplo","Policemen","6 and up",9.9499999999999993,2,19.899999999999999,10.34,"Mastercard","S.Y.|880-3139","No","No",42,"No"]
[669126,"2012-08-14","15:18:00","D254/FE",192,"Duplo","Policemen","6 and up",9.9499999999999993,1,9.9499999999999993,5.17,"Mastercard","S.Y.|880-3139","No","No",42,"No"]
[669138,"2012-09-04","15:18:36","L195/AE",195,"Lego","Airplane","8 and up",5.95,1,5.95,3.09,"Cash","S.Y.|880-3139","No","No",36,"Yes"]
[669163,"2012-09-06","13:15:03.600","D254/FE",192,"Duplo","Policemen","6 and up",9.9499999999999993,1,9.9499999999999993,5.17,"Check","D.W.|880-7199","Yes","No",39,"Yes"]
[669163,"2012-09-06","13:15:03.600","D250/AT",192,"Duplo","Policemen","6 and up",9.9499999999999993,5,49.75,25.85,"Check","D.W.|880-7199","Yes","No",39,"Yes"]
[669181,"2012-09-09","17:49:12","D254/FE",192,"Duplo","Policemen","6 and up",9.9499999999999993,1,9.9499999999999993,5.17,"Mastercard","W.C.|880-4861","No","No",46,"No"]
[669197,"2012-09-10","16:52:48","D255/FE",192,"Duplo","Policemen","6 and up",9.9499999999999993,1,9.9499999999999993,5.17,"Visa","A.U.|880-2167","No","No",39,"No"]
[669197,"2012-09-10","16:52:48","D254/FE",192,"Duplo","Policemen","6 and up",9.9499999999999993,2,19.899999999999999,10.34,"Visa","A.U.|880-2167","No","No",39,"No"]
[669198,"2012-09-18","12:08:24","L256/PE",256,"Lego","Police Officers and Motorcycle","9 and up",9.9499999999999993,4,39.799999999999997,17.920000000000002,"Gift Card","Z.T.|880-7477","No","No",34,"No"]
[669198,"2012-09-18","12:08:24","L256/PE",256,"Lego","Police Officers and Motorcycle","9 and up",9.9499999999999993,2,19.899999999999999,8.9600000000000009,"Gift Card","Z.T.|880-7477","No","No",34,"No"]
[669208,"2012-09-28","14:22:48","D254/FE",192,"Duplo","Policemen","6 and up",9.9499999999999993,1,9.9499999999999993,5.17,"Mastercard","D.W.|880-7199","No","No",30,"No"]
[669238,"2012-10-07","12:24:00","D250/AT",192,"Duplo","Policemen","6 and up",9.9499999999999993,1,9.9499999999999993,5.17,"Gift Card","V.W.|880-8599","No","No",36,"No"]
[669260,"2012-10-09","12:06:36","D250/AT",192,"Duplo","Policemen","6 and up",9.9499999999999993,2,19.899999999999999,10.34,"Gift Card","W.B.|880-9647","Yes","No",20,"No"]
[669260,"2012-10-09","12:06:36","D250/AT",192,"Duplo","Policemen","6 and up",9.9499999999999993,2,19.899999999999999,10.34,"Gift Card","W.B.|880-9647","Yes","No",20,"No"]
[669277,"2012-10-16","13:38:24","L194/FY",194,"Lego","Family","4 and up",14.95,1,14.95,8.3699999999999992,"Cash","D.U.|880-2953","No","No",23,"No"]
[669306,"2012-10-16","16:23:27.600","D255/FE",192,"Duplo","Policemen","6 and up",9.9499999999999993,2,19.899999999999999,10.34,"Cash","B.Y.|880-6845","No","No",45,"No"]
[669318,"2012-10-16","16:13:15.600","L194/FY",194,"Lego","Family","4 and up",14.95,1,14.95,8.3699999999999992,"Visa","D.S.|880-7532","No","Yes",29,"Yes"]
[669320,"2012-10-22","16:08:42","D254/FE",192,"Duplo","Policemen","6 and up",9.9499999999999993,1,9.9499999999999993,5.17,"Visa","H.B.|880-3254","No","No",24,"No"]
[669353,"2012-10-22","14:39:00","D250/AT",192,"Duplo","Policemen","6 and up",9.9499999999999993,4,39.799999999999997,20.68,"Mastercard","D.U.|880-2953","No","No",60,"No"]
[669400,"2012-10-22","13:42:25.200","D255/FE",192,"Duplo","Policemen","6 and up",9.9499999999999993,2,19.899999999999999,10.34,"Gift Card","H.B.|880-3254","No","No",36,"No"]
[669400,"2012-10-22","13:42:25.200","D250/AT",192,"Duplo","Policemen","6 and up",9.9499999999999993,1,9.9499999999999993,5.17,"Gift Card","H.B.|880-3254","No","No",36,"No"]
[669401,"2012-10-30","16:02:52.800","D254/FE",192,"Duplo","Policemen","6 and up",9.9499999999999993,2,19.899999999999999,10.34,"Visa","N.W.|880-6237","No","Yes",44,"No"]
[669401,"2012-10-30","16:02:52.800","D250/AT",192,"Duplo","Policemen","6 and up",9.9499999999999993,1,9.9499999999999993,5.17,"Visa","N.W.|880-6237","No","Yes",44,"No"]
[669451,"2012-11-01","20:07:12","L195/AE",195,"Lego","Airplane","8 and up",5.95,1,5.95,3.09,"Cash","U.W.|880-9683","No","No",29,"No"]
[669469,"2012-11-01","12:52:48","L256/PE",256,"Lego","Police Officers and Motorcycle","9 and up",9.9499999999999993,1,9.9499999999999993,4.4800000000000004,"Cash","B.B.|880-9330","No","No",36,"No"]
[669482,"2012-11-01","11:05:13.200","D254/FE",192,"Duplo","Policemen","6 and up",9.9499999999999993,1,9.9499999999999993,5.17,"Mastercard","L.W.|880-4986","No","No",37,"No"]
[669482,"2012-11-01","11:05:13.200","D250/AT",192,"Duplo","Policemen","6 and up",9.9499999999999993,1,9.9499999999999993,5.17,"Mastercard","L.W.|880-4986","No","No",37,"No"]
[669529,"2012-11-02","11:18:36","D255/FE",192,"Duplo","Policemen","6 and up",9.9499999999999993,1,9.9499999999999993,5.17,"Visa","Y.P.|880-6894","No","No",30,"No"]
[669560,"2012-11-03","12:12:14.400","L197/FS",199,"Duplo","Scooter","4 and up",4.95,1,4.95,2.52,"Visa","L.C.|880-6872","No","No",21,"No"]
[669602,"2012-11-04","19:37:48","D254/FE",192,"Duplo","Policemen","6 and up",9.9499999999999993,2,19.899999999999999,10.34,"Check","U.W.|880-9683","No","No",74,"No"]
[669617,"2012-11-04","10:26:24","L195/AE",195,"Lego","Airplane","8 and up",5.95,1,5.95,3.09,"Mastercard","C.X.|880-3590","No","No",32,"No"]
[669649,"2012-11-04","12:35:20.400","D255/FE",192,"Duplo","Policemen","6 and up",9.9499999999999993,1,9.9499999999999993,5.17,"Cash","D.W.|880-7199","No","No",24,"No"]
[669652,"2012-11-04","11:37:04.800","L195/AE",195,"Lego","Airplane","8 and up",5.95,2,11.9,6.18,"Cash","V.W.|880-8599","No","No",34,"No"]
[669659,"2012-11-04","14:15:36","D250/AT",192,"Duplo","Policemen","6 and up",9.9499999999999993,1,9.9499999999999993,5.17,"Mastercard","Y.P.|880-6894","No","No",35,"Yes"]
[669698,"2012-11-05","13:49:48","D254/FE",192,"Duplo","Policemen","6 and up",9.9499999999999993,4,39.799999999999997,20.68,"Visa","D.Z.|880-1179","No","No",56,"No"]
[669703,"2012-11-05","14:51:36","L195/AE",195,"Lego","Airplane","8 and up",5.95,1,5.95,3.09,"Visa","W.C.|880-4861","No","No",27,"No"]
[669722,"2012-11-05","16:54:36","D250/AT",192,"Duplo","Policemen","6 and up",9.9499999999999993,1,9.9499999999999993,5.17,"Visa","Z.Q.|880-4240","No","No",35,"No"]
[669722,"2012-11-05","16:54:36","D250/AT",192,"Duplo","Policemen","6 and up",9.9499999999999993,1,9.9499999999999993,5.17,"Visa","Z.Q.|880-4240","No","No",35,"No"]
[669764,"2012-11-06","16:21:00","D255/FE",192,"Duplo","Policemen","6 and up",9.9499999999999993,1,9.9499999999999993,5.17,"Visa","N.W.|880-6237","No","No",39,"No"]
[669764,"2012-11-06","16:21:00","D255/FE",192,"Duplo","Policemen","6 and up",9.9499999999999993,2,19.899999999999999,10.34,"Visa","N.W.|880-6237","No","No",39,"No"]
[669783,"2012-11-06","18:03:00","D254/FE",192,"Duplo","Policemen","6 and up",9.9499999999999993,1,9.9499999999999993,5.17,"Cash","H.B.|880-3254","No","No",40,"No"]
[669804,"2012-11-06","12:00:36","D255/FE",192,"Duplo","Policemen","6 and up",9.9499999999999993,1,9.9499999999999993,5.17,"Visa","N.C.|880-3850","No","No",48,"No"]
[669805,"2012-11-06","09:12:14.400","L195/AE",195,"Lego","Airplane","8 and up",5.95,3,17.850000000000001,9.27,"Mastercard","N.C.|880-3850","No","No",30,"Yes"]
[669813,"2012-11-06","12:17:24","D255/FE",192,"Duplo","Policemen","6 and up",9.9499999999999993,2,19.899999999999999,10.34,"Cash","D.Z.|880-1179","No","Yes",38,"No"]
[669813,"2012-11-06","12:17:24","L256/PE",256,"Lego","Police Officers and Motorcycle","9 and up",9.9499999999999993,1,9.9499999999999993,4.4800000000000004,"Cash","D.Z.|880-1179","No","Yes",38,"No"]
[669819,"2012-11-06","14:50:34.800","L256/PE",256,"Lego","Police Officers and Motorcycle","9 and up",9.9499999999999993,1,9.9499999999999993,4.4800000000000004,"Visa","S.Y.|880-3139","Yes","Yes",27,"No"]
[669860,"2012-11-06","17:30:36","L195/AE",195,"Lego","Airplane","8 and up",5.95,1,5.95,3.09,"Discover","D.W.|880-7199","No","No",31,"No"]
[669905,"2012-11-06","14:43:12","D255/FE",192,"Duplo","Policemen","6 and up",9.9499999999999993,1,9.9499999999999993,5.17,"Cash","V.W.|880-8599","No","No",39,"No"]
[669905,"2012-11-06","14:43:12","L256/PE",256,"Lego","Police Officers and Motorcycle","9 and up",9.9499999999999993,2,19.899999999999999,8.9600000000000009,"Cash","V.W.|880-8599","No","No",39,"No"]
[669931,"2012-11-07","09:34:48","L256/PE",256,"Lego","Police Officers and Motorcycle","9 and up",9.9499999999999993,4,39.799999999999997,17.920000000000002,"Visa","S.Y.|880-3139","No","No",44,"Yes"]
[669981,"2012-11-07","13:27:54","D250/AT",192,"Duplo","Policemen","6 and up",9.9499999999999993,4,39.799999999999997,20.68,"Visa","Y.P.|880-6894","No","No",27,"No"]
[670014,"2012-11-07","14:53:45.600","D255/FE",192,"Duplo","Policemen","6 and up",9.9499999999999993,4,39.799999999999997,20.68,"Cash","B.X.|880-9149","No","No",42,"No"]
[670015,"2012-11-07","12:56:24","L256/PE",256,"Lego","Police Officers and Motorcycle","9 and up",9.9499999999999993,1,9.9499999999999993,4.4800000000000004,"Mastercard","D.Z.|880-1179","Yes","No",41,"No"]
[670038,"2012-11-07","16:05:31.200","L256/PE",256,"Lego","Police Officers and Motorcycle","9 and up",9.9499999999999993,1,9.9499999999999993,4.4800000000000004,"Mastercard","W.C.|880-4861","No","Yes",31,"Yes"]
[670081,"2012-11-08","12:10:48","L330/GN",330,"Lego","Gas Station","8 and up",32.950000000000003,1,32.950000000000003,19.11,"Cash","S.Y.|880-3139","No","No",59,"Yes"]
[670120,"2012-11-08","16:49:04.800","L256/PE",256,"Lego","Police Officers and Motorcycle","9 and up",9.9499999999999993,2,19.899999999999999,8.9600000000000009,"Mastercard","S.V.|880-5987","No","No",37,"No"]
[670143,"2012-11-08","13:21:00","D254/FE",192,"Duplo","Policemen","6 and up",9.9499999999999993,2,19.899999999999999,10.34,"Cash","S.Y.|880-3139","No","No",30,"No"]
[670166,"2012-11-08","19:22:48","D254/FE",192,"Duplo","Policemen","6 and up",9.9499999999999993,2,19.899999999999999,10.34,"Cash","S.V.|880-5987","No","No",31,"No"]
[670166,"2012-11-08","19:22:48","D255/FE",192,"Duplo","Policemen","6 and up",9.9499999999999993,1,9.9499999999999993,5.17,"Cash","S.V.|880-5987","No","No",31,"No"]
[670172,"2012-11-08","11:02:27.600","D198/LX",192,"Duplo","Policemen","6 and up",9.9499999999999993,2,19.899999999999999,10.34,"Cash","L.W.|880-4986","No","No",21,"No"]
[670172,"2012-11-08","11:02:27.600","D255/FE",192,"Duplo","Policemen","6 and up",9.9499999999999993,1,9.9499999999999993,5.17,"Cash","L.W.|880-4986","No","No",21,"No"]
[670207,"2012-11-09","16:27:36","L256/PE",256,"Lego","Police Officers and Motorcycle","9 and up",9.9499999999999993,5,49.75,22.4,"Mastercard","D.S.|880-7532","Yes","No",38,"Yes"]
[670207,"2012-11-09","16:27:36","L256/PE",256,"Lego","Police Officers and Motorcycle","9 and up",9.9499999999999993,2,19.899999999999999,8.9600000000000009,"Mastercard","D.S.|880-7532","Yes","No",38,"Yes"]
[670245,"2012-11-09","12:06:50.400","L195/AE",195,"Lego","Airplane","8 and up",5.95,4,23.8,12.36,"Mastercard","P.N.|880-3021","No","No",33,"Yes"]
[670275,"2012-11-10","12:30:00","D250/AT",192,"Duplo","Policemen","6 and up",9.9499999999999993,1,9.9499999999999993,5.17,"Mastercard","B.B.|880-9330","No","No",33,"No"]
[670311,"2012-11-10","14:13:48","L256/PE",256,"Lego","Police Officers and Motorcycle","9 and up",9.9499999999999993,2,19.899999999999999,8.9600000000000009,"Cash","N.W.|880-6237","Yes","No",68,"No"]
[670311,"2012-11-10","14:13:48","D254/FE",192,"Duplo","Policemen","6 and up",9.9499999999999993,1,9.9499999999999993,5.17,"Cash","N.W.|880-6237","Yes","No",68,"No"]
[670358,"2012-11-10","14:07:33.600","D254/FE",192,"Duplo","Policemen","6 and up",9.9499999999999993,1,9.9499999999999993,5.17,"Mastercard","S.V.|880-5987","No","No",47,"No"]
[670364,"2012-11-10","17:38:24","L256/PE",256,"Lego","Police Officers and Motorcycle","9 and up",9.9499999999999993,1,9.9499999999999993,4.4800000000000004,"Cash","Z.T.|880-7477","No","No",29,"Yes"]
[670394,"2012-11-10","16:19:19.200","D250/AT",192,"Duplo","Policemen","6 and up",9.9499999999999993,1,9.9499999999999993,5.17,"Cash","D.S.|880-7532","No","No",36,"No"]
[670398,"2012-11-10","13:16:48","L195/AE",195,"Lego","Airplane","8 and up",5.95,1,5.95,3.09,"Cash","B.X.|880-9149","No","No",30,"No"]
[670436,"2012-11-11","15:13:12","D250/AT",192,"Duplo","Policemen","6 and up",9.9499999999999993,2,19.899999999999999,10.34,"Visa","V.W.|880-8599","No","Yes",49,"No"]
[670473,"2012-11-11","08:42:43.200","D254/FE",192,"Duplo","Policemen","6 and up",9.9499999999999993,2,19.899999999999999,10.34,"Mastercard","D.S.|880-7532","No","No",12,"Yes"]
[670487,"2012-11-11","17:22:12","D255/FE",192,"Duplo","Policemen","6 and up",9.9499999999999993,1,9.9499999999999993,5.17,"Mastercard","N.W.|880-6237","No","No",65,"No"]
[670529,"2012-11-12","11:15:36","L195/AE",195,"Lego","Airplane","8 and up",5.95,1,5.95,3.09,"Mastercard","N.C.|880-3850","No","No",34,"No"]
[670575,"2012-11-12","08:40:55.200","L196/AR",196,"Lego","Antique Car","8 and up",7.95,1,7.95,4.45,"Gift Card","B.X.|880-9149","No","No",29,"No"]
[670601,"2012-11-12","13:06:18","D250/AT",192,"Duplo","Policemen","6 and up",9.9499999999999993,4,39.799999999999997,20.68,"Visa","W.B.|880-9647","No","No",40,"No"]
[670634,"2012-11-12","13:21:00","D254/FE",192,"Duplo","Policemen","6 and up",9.9499999999999993,1,9.9499999999999993,5.17,"Visa","L.W.|880-4986","No","No",36,"No"]
[670682,"2012-11-12","14:21:00","L195/AE",195,"Lego","Airplane","8 and up",5.95,1,5.95,3.09,"Visa","Y.P.|880-6894","No","No",47,"No"]
[670688,"2012-11-13","15:36:00","D254/FE",192,"Duplo","Policemen","6 and up",9.9499999999999993,1,9.9499999999999993,5.17,"Visa","S.Y.|880-3139","Yes","No",33,"Yes"]
[670716,"2012-11-13","08:01:48","L195/AE",195,"Lego","Airplane","8 and up",5.95,2,11.9,6.18,"Visa","N.W.|880-6237","No","Yes",37,"No"]
[670723,"2012-11-13","21:00:00","L256/PE",256,"Lego","Police Officers and Motorcycle","9 and up",9.9499999999999993,2,19.899999999999999,8.9600000000000009,"Visa","U.W.|880-9683","No","No",11,"No"]
[670735,"2012-11-13","19:02:24","L195/AE",195,"Lego","Airplane","8 and up",5.95,1,5.95,3.09,"Visa","D.U.|880-2953","No","Yes",35,"No"]
[670743,"2012-11-14","14:39:36","L256/PE",256,"Lego","Police Officers and Motorcycle","9 and up",9.9499999999999993,1,9.9499999999999993,4.4800000000000004,"Visa","Y.P.|880-6894","Yes","No",34,"No"]
[670790,"2012-11-15","12:21:00","D254/FE",192,"Duplo","Policemen","6 and up",9.9499999999999993,3,29.849999999999998,15.51,"Cash","D.S.|880-7532","No","No",37,"Yes"]
[670827,"2012-11-15","18:52:48","L195/AE",195,"Lego","Airplane","8 and up",5.95,1,5.95,3.09,"Mastercard","L.C.|880-6872","No","Yes",40,"No"]
[670870,"2012-11-15","20:03:00","L195/AE",195,"Lego","Airplane","8 and up",5.95,1,5.95,3.09,"Visa","V.W.|880-4523","No","No",27,"No"]
[670918,"2012-11-15","15:52:19.200","D255/FE",192,"Duplo","Policemen","6 and up",9.9499999999999993,1,9.9499999999999993,5.17,"Discover","N.C.|880-3850","No","No",33,"Yes"]
[670953,"2012-11-16","11:22:12","L195/AE",195,"Lego","Airplane","8 and up",5.95,1,5.95,3.09,"Cash","W.B.|880-9647","No","No",17,"No"]
[670977,"2012-11-16","13:22:48","D250/AT",192,"Duplo","Policemen","6 and up",9.9499999999999993,1,9.9499999999999993,5.17,"Visa","W.B.|880-9647","No","No",53,"No"]
[670980,"2012-11-16","12:52:44.400","L256/PE",256,"Lego","Police Officers and Motorcycle","9 and up",9.9499999999999993,1,9.9499999999999993,4.4800000000000004,"Check","D.S.|880-7532","Yes","Yes",30,"No"]
[670980,"2012-11-16","12:52:44.400","L196/AR",196,"Lego","Antique Car","8 and up",7.95,1,7.95,4.45,"Check","D.S.|880-7532","Yes","Yes",30,"No"]
[670991,"2012-11-16","20:13:12","L256/PE",256,"Lego","Police Officers and Motorcycle","9 and up",9.9499999999999993,1,9.9499999999999993,4.4800000000000004,"Cash","B.B.|880-9330","No","No",37,"Yes"]
[671036,"2012-11-16","11:39:00","D255/FE",192,"Duplo","Policemen","6 and up",9.9499999999999993,1,9.9499999999999993,5.17,"Visa","D.U.|880-2953","No","No",31,"Yes"]
[671069,"2012-11-17","16:34:12","L195/AE",195,"Lego","Airplane","8 and up",5.95,2,11.9,6.18,"Mastercard","Z.T.|880-7477","No","No",26,"No"]
[671089,"2012-11-17","13:33:00","D255/FE",192,"Duplo","Policemen","6 and up",9.9499999999999993,2,19.899999999999999,10.34,"Cash","P.N.|880-3021","No","No",36,"No"]
[671089,"2012-11-17","13:33:00","L256/PE",256,"Lego","Police Officers and Motorcycle","9 and up",9.9499999999999993,2,19.899999999999999,8.9600000000000009,"Cash","P.N.|880-3021","No","No",36,"No"]
[671089,"2012-11-17","13:33:00","L195/AE",195,"Lego","Airplane","8 and up",5.95,2,11.9,6.18,"Cash","P.N.|880-3021","No","No",36,"No"]
[671138,"2012-11-17","16:19:48","D255/FE",192,"Duplo","Policemen","6 and up",9.9499999999999993,5,49.75,25.85,"Gift Card","H.B.|880-3254","No","No",49,"No"]
[671140,"2012-11-17","12:59:06","L256/PE",256,"Lego","Police Officers and Motorcycle","9 and up",9.9499999999999993,1,9.9499999999999993,4.4800000000000004,"Visa","D.Z.|880-1179","No","No",31,"Yes"]
[671182,"2012-11-18","11:40:12","D254/FE",192,"Duplo","Policemen","6 and up",9.9499999999999993,2,19.899999999999999,10.34,"Visa","U.W.|880-9683","No","No",40,"No"]
[671199,"2012-11-18","20:03:00","D254/FE",192,"Duplo","Policemen","6 and up",9.9499999999999993,2,19.899999999999999,10.34,"Visa","S.Y.|880-3139","No","No",38,"No"]
[671199,"2012-11-18","20:03:00","L195/AE",195,"Lego","Airplane","8 and up",5.95,2,11.9,6.18,"Visa","S.Y.|880-3139","No","No",38,"No"]
[671199,"2012-11-18","20:03:00","L256/PE",256,"Lego","Police Officers and Motorcycle","9 and up",9.9499999999999993,2,19.899999999999999,8.9600000000000009,"Visa","S.Y.|880-3139","No","No",38,"No"]
[671199,"2012-11-18","20:03:00","D250/AT",192,"Duplo","Policemen","6 and up",9.9499999999999993,4,39.799999999999997,20.68,"Visa","S.Y.|880-3139","No","No",38,"No"]
[671210,"2012-11-19","16:20:24","D250/AT",192,"Duplo","Policemen","6 and up",9.9499999999999993,1,9.9499999999999993,5.17,"Gift Card","S.V.|880-5987","No","No",51,"No"]
[671256,"2012-11-19","16:43:12","D254/FE",192,"Duplo","Policemen","6 and up",9.9499999999999993,1,9.9499999999999993,5.17,"Check","Y.P.|880-6894","No","No",11,"Yes"]
[671256,"2012-11-19","16:43:12","L195/AE",195,"Lego","Airplane","8 and up",5.95,4,23.8,12.36,"Check","Y.P.|880-6894","No","No",11,"Yes"]
[671264,"2012-11-19","13:21:36","D254/FE",192,"Duplo","Policemen","6 and up",9.9499999999999993,1,9.9499999999999993,5.17,"Cash","N.C.|880-3850","No","No",48,"Yes"]
[671283,"2012-11-20","13:19:12","D250/AT",192,"Duplo","Policemen","6 and up",9.9499999999999993,1,9.9499999999999993,5.17,"Visa","V.W.|880-8599","No","No",53,"No"]
[671323,"2012-11-21","13:10:48","L197/FS",199,"Duplo","Scooter","4 and up",4.95,1,4.95,2.52,"Visa","W.B.|880-9647","Yes","No",31,"No"]
[671359,"2012-11-21","14:55:48","D254/FE",192,"Duplo","Policemen","6 and up",9.9499999999999993,2,19.899999999999999,10.34,"Mastercard","N.W.|880-6237","No","No",59,"No"]
[671382,"2012-11-21","13:10:12","D255/FE",192,"Duplo","Policemen","6 and up",9.9499999999999993,1,9.9499999999999993,5.17,"Mastercard","C.X.|880-3590","No","No",30,"No"]
[671409,"2012-11-22","11:23:24","D254/FE",192,"Duplo","Policemen","6 and up",9.9499999999999993,1,9.9499999999999993,5.17,"Gift Card","S.Y.|880-3139","No","No",60,"No"]
[671457,"2012-11-22","17:24:00","D250/AT",192,"Duplo","Policemen","6 and up",9.9499999999999993,2,19.899999999999999,10.34,"Visa","L.C.|880-6872","No","No",39,"Yes"]
[671492,"2012-11-22","14:31:12","D250/AT",192,"Duplo","Policemen","6 and up",9.9499999999999993,3,29.849999999999998,15.51,"Visa","W.B.|880-9647","No","Yes",35,"No"]
[671494,"2012-11-22","14:25:48","D250/AT",192,"Duplo","Policemen","6 and up",9.9499999999999993,4,39.799999999999997,20.68,"Visa","W.B.|880-9647","No","No",38,"No"]
[671517,"2012-11-22","16:29:49.200","L256/PE",256,"Lego","Police Officers and Motorcycle","9 and up",9.9499999999999993,3,29.849999999999998,13.44,"Cash","L.C.|880-6872","No","Yes",43,"No"]
[671549,"2012-11-22","16:19:48","L195/AE",195,"Lego","Airplane","8 and up",5.95,1,5.95,3.09,"Visa","Z.Q.|880-4240","No","No",34,"Yes"]
[671563,"2012-11-23","08:02:24","D255/FE",192,"Duplo","Policemen","6 and up",9.9499999999999993,2,19.899999999999999,10.34,"Mastercard","Z.T.|880-7477","No","No",38,"No"]
[671563,"2012-11-23","08:02:24","D250/AT",192,"Duplo","Policemen","6 and up",9.9499999999999993,2,19.899999999999999,10.34,"Mastercard","Z.T.|880-7477","No","No",38,"No"]
[671588,"2012-11-23","15:27:25.200","D255/FE",192,"Duplo","Policemen","6 and up",9.9499999999999993,2,19.899999999999999,10.34,"Cash","U.O.|880-3720","No","No",40,"Yes"]
[671605,"2012-11-23","13:07:01.200","L196/AR",196,"Lego","Antique Car","8 and up",7.95,1,7.95,4.45,"Visa","S.V.|880-5987","No","No",31,"No"]
[671637,"2012-11-23","16:42:14.400","D250/AT",192,"Duplo","Policemen","6 and up",9.9499999999999993,1,9.9499999999999993,5.17,"Visa","C.X.|880-3590","Yes","No",40,"No"]
[671647,"2012-11-24","15:16:26.400","D254/FE",192,"Duplo","Policemen","6 and up",9.9499999999999993,1,9.9499999999999993,5.17,"Mastercard","C.X.|880-3590","No","No",38,"Yes"]
[671685,"2012-11-24","20:36:00","L256/PE",256,"Lego","Police Officers and Motorcycle","9 and up",9.9499999999999993,2,19.899999999999999,8.9600000000000009,"Gift Card","A.U.|880-2167","No","No",34,"No"]
[671700,"2012-11-25","16:58:48","D254/FE",192,"Duplo","Policemen","6 and up",9.9499999999999993,1,9.9499999999999993,5.17,"Visa","D.U.|880-2953","No","No",27,"No"]
[671700,"2012-11-25","16:58:48","L195/AE",195,"Lego","Airplane","8 and up",5.95,1,5.95,3.09,"Visa","D.U.|880-2953","No","No",27,"No"]
[671735,"2012-11-25","16:58:04.800","D199/SR",192,"Duplo","Policemen","6 and up",9.9499999999999993,5,49.75,25.85,"Visa","B.B.|880-9330","No","No",21,"Yes"]
[671753,"2012-11-25","15:46:12","D255/FE",192,"Duplo","Policemen","6 and up",9.9499999999999993,4,39.799999999999997,20.68,"Visa","U.W.|880-9683","No","No",19,"No"]
[671753,"2012-11-25","15:46:12","L195/AE",195,"Lego","Airplane","8 and up",5.95,1,5.95,3.09,"Visa","U.W.|880-9683","No","No",19,"No"]
[671799,"2012-11-26","19:18:00","D192/PN",192,"Duplo","Policemen","6 and up",9.9499999999999993,4,39.799999999999997,20.68,"Discover","H.B.|880-3254","No","No",40,"No"]
[671801,"2012-11-27","10:40:37.200","L195/AE",195,"Lego","Airplane","8 and up",5.95,4,23.8,12.36,"Mastercard","D.Z.|880-1179","No","No",38,"No"]
[671801,"2012-11-27","10:40:37.200","D250/AT",192,"Duplo","Policemen","6 and up",9.9499999999999993,1,9.9499999999999993,5.17,"Mastercard","D.Z.|880-1179","No","No",38,"No"]
[671816,"2012-11-27","12:58:12","D250/AT",192,"Duplo","Policemen","6 and up",9.9499999999999993,1,9.9499999999999993,5.17,"Visa","V.W.|880-8599","No","No",28,"Yes"]
[671858,"2012-11-27","12:21:36","L195/AE",195,"Lego","Airplane","8 and up",5.95,2,11.9,6.18,"Cash","B.B.|880-9330","No","No",6,"No"]
[671901,"2012-11-28","19:34:12","L196/AR",196,"Lego","Antique Car","8 and up",7.95,1,7.95,4.45,"Cash","V.W.|880-4523","No","No",37,"No"]
[671923,"2012-11-28","13:38:24","L256/PE",256,"Lego","Police Officers and Motorcycle","9 and up",9.9499999999999993,4,39.799999999999997,17.920000000000002,"Cash","U.O.|880-3720","No","No",28,"Yes"]
[671935,"2012-11-28","14:10:12","D254/FE",192,"Duplo","Policemen","6 and up",9.9499999999999993,2,19.899999999999999,10.34,"Visa","H.B.|880-3254","No","No",46,"No"]
[671984,"2012-11-28","16:39:36","D255/FE",192,"Duplo","Policemen","6 and up",9.9499999999999993,5,49.75,25.85,"Cash","Y.P.|880-6894","No","No",40,"No"]
[671992,"2012-11-28","18:58:12","L256/PE",256,"Lego","Police Officers and Motorcycle","9 and up",9.9499999999999993,2,19.899999999999999,8.9600000000000009,"Discover","S.Y.|880-3139","No","No",37,"Yes"]
[672040,"2012-11-28","10:25:55.200","L195/AE",195,"Lego","Airplane","8 and up",5.95,1,5.95,3.09,"Visa","Z.Q.|880-4240","Yes","No",23,"Yes"]
[672078,"2012-11-28","15:08:24","D254/FE",192,"Duplo","Policemen","6 and up",9.9499999999999993,5,49.75,25.85,"Mastercard","H.B.|880-3254","No","No",31,"Yes"]
[672091,"2012-11-28","12:32:24","L256/PE",256,"Lego","Police Officers and Motorcycle","9 and up",9.9499999999999993,2,19.899999999999999,8.9600000000000009,"Cash","W.C.|880-4861","No","No",42,"No"]
[672118,"2012-11-28","18:26:24","D255/FE",192,"Duplo","Policemen","6 and up",9.9499999999999993,1,9.9499999999999993,5.17,"Gift Card","L.W.|880-4986","No","No",39,"No"]
[672118,"2012-11-28","18:26:24","L195/AE",195,"Lego","Airplane","8 and up",5.95,1,5.95,3.09,"Gift Card","L.W.|880-4986","No","No",39,"No"]
[672134,"2012-11-28","20:01:48","L256/PE",256,"Lego","Police Officers and Motorcycle","9 and up",9.9499999999999993,1,9.9499999999999993,4.4800000000000004,"Visa","D.Z.|880-1179","No","No",44,"No"]
[672134,"2012-11-28","20:01:48","L212/SD",212,"Lego","Scooter and Stand","6 and up",4.95,4,19.8,8.92,"Visa","D.Z.|880-1179","No","No",44,"No"]
[672134,"2012-11-28","20:01:48","D254/FE",192,"Duplo","Policemen","6 and up",9.9499999999999993,1,9.9499999999999993,5.17,"Visa","D.Z.|880-1179","No","No",44,"No"]
[672184,"2012-11-29","20:58:48","D250/AT",192,"Duplo","Policemen","6 and up",9.9499999999999993,2,19.899999999999999,10.34,"Visa","U.O.|880-3720","No","No",32,"No"]
[672184,"2012-11-29","20:58:48","L210/CS",210,"Lego","Cowboys with Horses","6 and up",9.4499999999999993,2,18.899999999999999,9.26,"Visa","U.O.|880-3720","No","No",32,"No"]
[672193,"2012-11-29","11:24:00","D250/AT",192,"Duplo","Policemen","6 and up",9.9499999999999993,2,19.899999999999999,10.34,"Visa","C.X.|880-3590","No","No",48,"No"]
[672236,"2012-11-29","16:10:12","L340/FS",340,"Lego","Fire Trucks","6 and up",34.950000000000003,1,34.950000000000003,19.920000000000002,"Visa","N.W.|880-6237","No","No",46,"Yes"]
[672276,"2012-11-29","13:03:36","L195/AE",195,"Lego","Airplane","8 and up",5.95,1,5.95,3.09,"Cash","N.C.|880-3850","No","No",30,"No"]
[672300,"2012-11-30","08:30:54","D254/FE",192,"Duplo","Policemen","6 and up",9.9499999999999993,1,9.9499999999999993,5.17,"Mastercard","S.V.|880-5987","No","No",14,"No"]
[672305,"2012-11-30","14:19:12","L195/AE",195,"Lego","Airplane","8 and up",5.95,4,23.8,12.36,"Mastercard","Z.T.|880-7477","No","No",30,"No"]
[672354,"2012-11-30","16:04:12","D255/FE",192,"Duplo","Policemen","6 and up",9.9499999999999993,4,39.799999999999997,20.68,"Visa","Y.P.|880-6894","No","No",30,"Yes"]
[672359,"2012-11-30","10:43:12","L210/CS",210,"Lego","Cowboys with Horses","6 and up",9.4499999999999993,2,18.899999999999999,9.26,"Visa","V.W.|880-8599","No","No",30,"No"]
[672390,"2012-12-01","11:32:49.200","L256/PE",256,"Lego","Police Officers and Motorcycle","9 and up",9.9499999999999993,3,29.849999999999998,13.44,"Gift Card","U.O.|880-3720","No","No",38,"Yes"]
[672390,"2012-12-01","11:32:49.200","L256/PE",256,"Lego","Police Officers and Motorcycle","9 and up",9.9499999999999993,1,9.9499999999999993,4.4800000000000004,"Gift Card","U.O.|880-3720","No","No",38,"Yes"]
[672403,"2012-12-01","11:57:36","L196/AR",196,"Lego","Antique Car","8 and up",7.95,1,7.95,4.45,"Visa","Z.Q.|880-4240","No","No",26,"No"]
[672419,"2012-12-01","20:01:48","L256/PE",256,"Lego","Police Officers and Motorcycle","9 and up",9.9499999999999993,5,49.75,22.4,"Visa","H.B.|880-3254","No","No",36,"No"]
[672464,"2012-12-01","13:03:21.600","D250/AT",192,"Duplo","Policemen","6 and up",9.9499999999999993,1,9.9499999999999993,5.17,"Cash","Z.T.|880-7477","No","No",35,"No"]
[672464,"2012-12-01","13:03:21.600","D255/FE",192,"Duplo","Policemen","6 and up",9.9499999999999993,1,9.9499999999999993,5.17,"Cash","Z.T.|880-7477","No","No",35,"No"]
[672500,"2012-12-03","09:21:46.800","L195/AE",195,"Lego","Airplane","8 and up",5.95,5,29.75,15.45,"Visa","D.Z.|880-1179","No","Yes",33,"Yes"]
[672540,"2012-12-03","12:37:12","D254/FE",192,"Duplo","Policemen","6 and up",9.9499999999999993,1,9.9499999999999993,5.17,"Gift Card","D.W.|880-7199","No","No",26,"No"]
[672545,"2012-12-03","16:15:36","D255/FE",192,"Duplo","Policemen","6 and up",9.9499999999999993,1,9.9499999999999993,5.17,"Visa","B.B.|880-9330","No","Yes",47,"No"]
[672545,"2012-12-03","16:15:36","L195/AE",195,"Lego","Airplane","8 and up",5.95,2,11.9,6.18,"Visa","B.B.|880-9330","No","Yes",47,"No"]
[672587,"2012-12-04","09:40:12","L212/SD",212,"Lego","Scooter and Stand","6 and up",4.95,4,19.8,8.92,"Check","L.C.|880-6872","No","No",38,"No"]
[672616,"2012-12-04","18:58:48","D250/AT",192,"Duplo","Policemen","6 and up",9.9499999999999993,5,49.75,25.85,"Cash","D.Z.|880-1179","No","No",30,"No"]
[672616,"2012-12-04","18:58:48","D198/LX",192,"Duplo","Policemen","6 and up",9.9499999999999993,1,9.9499999999999993,5.17,"Cash","D.Z.|880-1179","No","No",30,"No"]
[672618,"2012-12-04","15:12:36","L256/PE",256,"Lego","Police Officers and Motorcycle","9 and up",9.9499999999999993,1,9.9499999999999993,4.4800000000000004,"Discover","U.W.|880-9683","No","No",35,"Yes"]
[672630,"2012-12-04","12:08:24","D255/FE",192,"Duplo","Policemen","6 and up",9.9499999999999993,2,19.899999999999999,10.34,"Mastercard","S.Y.|880-3139","Yes","No",31,"No"]
[672630,"2012-12-04","12:08:24","D255/FE",192,"Duplo","Policemen","6 and up",9.9499999999999993,1,9.9499999999999993,5.17,"Mastercard","S.Y.|880-3139","Yes","No",31,"No"]
[672630,"2012-12-04","12:08:24","L195/AE",195,"Lego","Airplane","8 and up",5.95,1,5.95,3.09,"Mastercard","S.Y.|880-3139","Yes","No",31,"No"]
[672646,"2012-12-04","09:16:30","L256/PE",256,"Lego","Police Officers and Motorcycle","9 and up",9.9499999999999993,1,9.9499999999999993,4.4800000000000004,"Visa","C.X.|880-3590","No","No",48,"Yes"]
[672657,"2012-12-05","08:37:12","L330/GN",330,"Lego","Gas Station","8 and up",32.950000000000003,1,32.950000000000003,19.11,"Cash","S.Y.|880-3139","No","No",38,"No"]
[672698,"2012-12-05","19:25:12","L197/FS",199,"Duplo","Scooter","4 and up",4.95,2,9.9,5.04,"Mastercard","C.X.|880-3590","No","No",38,"No"]
[672701,"2012-12-05","14:37:22.800","D250/AT",192,"Duplo","Policemen","6 and up",9.9499999999999993,1,9.9499999999999993,5.17,"Mastercard","W.B.|880-9647","No","No",63,"Yes"]
[672701,"2012-12-05","14:37:22.800","D198/LX",192,"Duplo","Policemen","6 and up",9.9499999999999993,2,19.899999999999999,10.34,"Mastercard","W.B.|880-9647","No","No",63,"Yes"]
[672726,"2012-12-05","15:44:24","L256/PE",256,"Lego","Police Officers and Motorcycle","9 and up",9.9499999999999993,1,9.9499999999999993,4.4800000000000004,"Mastercard","D.S.|880-7532","Yes","Yes",39,"No"]
[672756,"2012-12-05","12:55:12","D250/AT",192,"Duplo","Policemen","6 and up",9.9499999999999993,1,9.9499999999999993,5.17,"Visa","A.U.|880-2167","No","No",22,"No"]
[672798,"2012-12-05","13:47:34.800","D254/FE",192,"Duplo","Policemen","6 and up",9.9499999999999993,1,9.9499999999999993,5.17,"Visa","W.B.|880-9647","No","No",55,"No"]
[672798,"2012-12-05","13:47:34.800","D255/FE",192,"Duplo","Policemen","6 and up",9.9499999999999993,1,9.9499999999999993,5.17,"Visa","W.B.|880-9647","No","No",55,"No"]
[672809,"2012-12-06","15:58:44.400","L195/AE",195,"Lego","Airplane","8 and up",5.95,4,23.8,12.36,"Mastercard","B.Y.|880-6845","No","No",32,"Yes"]
[672831,"2012-12-06","15:28:12","D250/AT",192,"Duplo","Policemen","6 and up",9.9499999999999993,1,9.9499999999999993,5.17,"Mastercard","B.Y.|880-6845","No","No",43,"No"]
[672839,"2012-12-06","14:13:26.400","D255/FE",192,"Duplo","Policemen","6 and up",9.9499999999999993,2,19.899999999999999,10.34,"Cash","H.B.|880-3254","No","No",27,"No"]
[672856,"2012-12-06","16:36:00","L256/PE",256,"Lego","Police Officers and Motorcycle","9 and up",9.9499999999999993,1,9.9499999999999993,4.4800000000000004,"Mastercard","V.W.|880-4523","No","No",28,"Yes"]
[672869,"2012-12-06","10:40:55.200","D254/FE",192,"Duplo","Policemen","6 and up",9.9499999999999993,1,9.9499999999999993,5.17,"Mastercard","A.U.|880-2167","No","No",41,"No"]
[672904,"2012-12-07","15:30:36","D255/FE",192,"Duplo","Policemen","6 and up",9.9499999999999993,5,49.75,25.85,"Cash","V.W.|880-4523","No","No",25,"No"]
[672950,"2012-12-07","14:18:36","D255/FE",192,"Duplo","Policemen","6 and up",9.9499999999999993,4,39.799999999999997,20.68,"Visa","B.B.|880-9330","No","No",39,"No"]
[673000,"2012-12-07","11:10:48","D254/FE",192,"Duplo","Policemen","6 and up",9.9499999999999993,1,9.9499999999999993,5.17,"Mastercard","V.W.|880-4523","No","No",40,"No"]
[673009,"2012-12-07","14:21:00","D255/FE",192,"Duplo","Policemen","6 and up",9.9499999999999993,1,9.9499999999999993,5.17,"Mastercard","H.B.|880-3254","No","No",44,"No"]
[673025,"2012-12-08","15:43:12","L256/PE",256,"Lego","Police Officers and Motorcycle","9 and up",9.9499999999999993,1,9.9499999999999993,4.4800000000000004,"Mastercard","L.W.|880-4986","No","No",44,"No"]
[673059,"2012-12-08","11:01:30","D254/FE",192,"Duplo","Policemen","6 and up",9.9499999999999993,1,9.9499999999999993,5.17,"Cash","D.S.|880-7532","No","Yes",32,"No"]
[673099,"2012-12-09","16:57:36","D250/AT",192,"Duplo","Policemen","6 and up",9.9499999999999993,2,19.899999999999999,10.34,"Visa","S.V.|880-5987","No","No",38,"Yes"]
[673143,"2012-12-09","12:28:58.800","L195/AE",195,"Lego","Airplane","8 and up",5.95,1,5.95,3.09,"Gift Card","Z.T.|880-7477","No","No",36,"No"]
[673145,"2012-12-09","15:39:25.200","L195/AE",195,"Lego","Airplane","8 and up",5.95,1,5.95,3.09,"Visa","L.C.|880-6872","No","No",58,"Yes"]
[673159,"2012-12-09","16:22:12","D192/PN",192,"Duplo","Policemen","6 and up",9.9499999999999993,4,39.799999999999997,20.68,"Visa","B.Y.|880-6845","No","No",40,"No"]
[673176,"2012-12-09","13:08:27.600","L256/PE",256,"Lego","Police Officers and Motorcycle","9 and up",9.9499999999999993,2,19.899999999999999,8.9600000000000009,"Cash","Z.T.|880-7477","No","No",38,"No"]
[673176,"2012-12-09","13:08:27.600","D255/FE",192,"Duplo","Policemen","6 and up",9.9499999999999993,2,19.899999999999999,10.34,"Cash","Z.T.|880-7477","No","No",38,"No"]
[673199,"2012-12-09","16:40:44.400","L195/AE",195,"Lego","Airplane","8 and up",5.95,1,5.95,3.09,"Visa","D.S.|880-7532","No","No",28,"No"]
[673243,"2012-12-10","18:46:48","D254/FE",192,"Duplo","Policemen","6 and up",9.9499999999999993,1,9.9499999999999993,5.17,"Visa","D.S.|880-7532","No","No",35,"No"]
[673243,"2012-12-10","18:46:48","L256/PE",256,"Lego","Police Officers and Motorcycle","9 and up",9.9499999999999993,1,9.9499999999999993,4.4800000000000004,"Visa","D.S.|880-7532","No","No",35,"No"]
[673269,"2012-12-10","13:41:24","D250/AT",192,"Duplo","Policemen","6 and up",9.9499999999999993,1,9.9499999999999993,5.17,"Cash","D.U.|880-2953","No","No",32,"No"]
[673286,"2012-12-11","10:21:36","L197/FS",199,"Duplo","Scooter","4 and up",4.95,4,19.8,10.08,"Mastercard","B.X.|880-9149","No","No",40,"No"]
[673312,"2012-12-11","08:07:48","L195/AE",195,"Lego","Airplane","8 and up",5.95,1,5.95,3.09,"Mastercard","W.B.|880-9647","No","No",39,"No"]
[673325,"2012-12-11","16:03:36","L196/AR",196,"Lego","Antique Car","8 and up",7.95,1,7.95,4.45,"Mastercard","Z.T.|880-7477","No","No",47,"No"]
[673358,"2012-12-11","09:43:12","D254/FE",192,"Duplo","Policemen","6 and up",9.9499999999999993,1,9.9499999999999993,5.17,"Cash","A.U.|880-2167","No","No",34,"No"]
[673395,"2012-12-11","14:13:48","L256/PE",256,"Lego","Police Officers and Motorcycle","9 and up",9.9499999999999993,1,9.9499999999999993,4.4800000000000004,"Discover","A.U.|880-2167","Yes","No",48,"No"]
[673423,"2012-12-11","14:04:12","D192/PN",192,"Duplo","Policemen","6 and up",9.9499999999999993,1,9.9499999999999993,5.17,"Cash","U.O.|880-3720","No","No",44,"No"]
[673423,"2012-12-11","14:04:12","L340/FS",340,"Lego","Fire Trucks","6 and up",34.950000000000003,1,34.950000000000003,19.920000000000002,"Cash","U.O.|880-3720","No","No",44,"No"]
[673424,"2012-12-12","16:07:37.200","D255/FE",192,"Duplo","Policemen","6 and up",9.9499999999999993,2,19.899999999999999,10.34,"Cash","Y.P.|880-6894","No","No",31,"No"]
[673441,"2012-12-12","10:29:45.600","D255/FE",192,"Duplo","Policemen","6 and up",9.9499999999999993,5,49.75,25.85,"Visa","S.V.|880-5987","No","No",41,"Yes"]
[673441,"2012-12-12","10:29:45.600","L195/AE",195,"Lego","Airplane","8 and up",5.95,1,5.95,3.09,"Visa","S.V.|880-5987","No","No",41,"Yes"]
[673469,"2012-12-12","19:17:24","D255/FE",192,"Duplo","Policemen","6 and up",9.9499999999999993,2,19.899999999999999,10.34,"Gift Card","W.B.|880-9647","No","No",8,"Yes"]
[673506,"2012-12-12","12:55:12","L197/FS",199,"Duplo","Scooter","4 and up",4.95,1,4.95,2.52,"Cash","D.S.|880-7532","No","No",39,"No"]
[673506,"2012-12-12","12:55:12","D255/FE",192,"Duplo","Policemen","6 and up",9.9499999999999993,1,9.9499999999999993,5.17,"Cash","D.S.|880-7532","No","No",39,"No"]
[673539,"2012-12-12","16:02:24","L256/PE",256,"Lego","Police Officers and Motorcycle","9 and up",9.9499999999999993,1,9.9499999999999993,4.4800000000000004,"Visa","B.Y.|880-6845","No","Yes",33,"Yes"]
[673539,"2012-12-12","16:02:24","L195/AE",195,"Lego","Airplane","8 and up",5.95,1,5.95,3.09,"Visa","B.Y.|880-6845","No","Yes",33,"Yes"]
[673561,"2012-12-12","15:43:01.200","D250/AT",192,"Duplo","Policemen","6 and up",9.9499999999999993,2,19.899999999999999,10.34,"Visa","B.X.|880-9149","No","No",37,"Yes"]
[673561,"2012-12-12","15:43:01.200","L195/AE",195,"Lego","Airplane","8 and up",5.95,2,11.9,6.18,"Visa","B.X.|880-9149","No","No",37,"Yes"]
[673581,"2012-12-12","10:42:21.600","D250/AT",192,"Duplo","Policemen","6 and up",9.9499999999999993,4,39.799999999999997,20.68,"Check","V.W.|880-8599","No","No",28,"No"]
[673589,"2012-12-12","16:39:36","L256/PE",256,"Lego","Police Officers and Motorcycle","9 and up",9.9499999999999993,2,19.899999999999999,8.9600000000000009,"Gift Card","S.Y.|880-3139","No","No",58,"No"]
[673633,"2012-12-13","10:25:12","D250/AT",192,"Duplo","Policemen","6 and up",9.9499999999999993,1,9.9499999999999993,5.17,"Cash","D.Z.|880-1179","No","Yes",35,"No"]
[673634,"2012-12-13","15:44:24","L212/SD",212,"Lego","Scooter and Stand","6 and up",4.95,2,9.9,4.46,"Mastercard","D.U.|880-2953","No","No",64,"Yes"]
[673678,"2012-12-13","12:40:48","D250/AT",192,"Duplo","Policemen","6 and up",9.9499999999999993,1,9.9499999999999993,5.17,"Mastercard","N.W.|880-6237","No","No",44,"Yes"]
[673688,"2012-12-13","13:15:18","D255/FE",192,"Duplo","Policemen","6 and up",9.9499999999999993,1,9.9499999999999993,5.17,"Cash","V.W.|880-8599","No","No",75,"No"]
[673688,"2012-12-13","13:15:18","L256/PE",256,"Lego","Police Officers and Motorcycle","9 and up",9.9499999999999993,1,9.9499999999999993,4.4800000000000004,"Cash","V.W.|880-8599","No","No",75,"No"]
[673728,"2012-12-13","16:01:19.200","D254/FE",192,"Duplo","Policemen","6 and up",9.9499999999999993,2,19.899999999999999,10.34,"Visa","D.Z.|880-1179","No","No",38,"No"]
[673771,"2012-12-13","10:07:37.200","L256/PE",256,"Lego","Police Officers and Motorcycle","9 and up",9.9499999999999993,5,49.75,22.4,"Visa","U.W.|880-9683","No","No",30,"No"]
[673799,"2012-12-14","12:00:43.200","L195/AE",195,"Lego","Airplane","8 and up",5.95,1,5.95,3.09,"Visa","V.W.|880-8599","No","No",34,"No"]
[673803,"2012-12-14","16:17:34.800","D254/FE",192,"Duplo","Policemen","6 and up",9.9499999999999993,2,19.899999999999999,10.34,"Cash","B.Y.|880-6845","No","No",22,"No"]
[673822,"2012-12-14","11:31:58.800","L195/AE",195,"Lego","Airplane","8 and up",5.95,5,29.75,15.45,"Cash","W.C.|880-4861","No","No",41,"No"]
[673823,"2012-12-14","14:58:48","L195/AE",195,"Lego","Airplane","8 and up",5.95,1,5.95,3.09,"Discover","B.Y.|880-6845","No","No",28,"Yes"]
[673867,"2012-12-14","12:22:55.200","D254/FE",192,"Duplo","Policemen","6 and up",9.9499999999999993,1,9.9499999999999993,5.17,"Mastercard","B.X.|880-9149","No","No",29,"No"]
[673882,"2012-12-15","16:01:30","L256/PE",256,"Lego","Police Officers and Motorcycle","9 and up",9.9499999999999993,2,19.899999999999999,8.9600000000000009,"Visa","D.W.|880-7199","No","Yes",34,"No"]
[673882,"2012-12-15","16:01:30","D255/FE",192,"Duplo","Policemen","6 and up",9.9499999999999993,1,9.9499999999999993,5.17,"Visa","D.W.|880-7199","No","Yes",34,"No"]
[673920,"2012-12-15","13:47:02.400","D254/FE",192,"Duplo","Policemen","6 and up",9.9499999999999993,1,9.9499999999999993,5.17,"Discover","B.Y.|880-6845","No","Yes",29,"No"]
[673920,"2012-12-15","13:47:02.400","D254/FE",192,"Duplo","Policemen","6 and up",9.9499999999999993,2,19.899999999999999,10.34,"Discover","B.Y.|880-6845","No","Yes",29,"No"]
[673961,"2012-12-16","20:00:00","D255/FE",192,"Duplo","Policemen","6 and up",9.9499999999999993,4,39.799999999999997,20.68,"Visa","S.V.|880-5987","No","Yes",42,"No"]
[673990,"2012-12-16","12:20:24","L212/SD",212,"Lego","Scooter and Stand","6 and up",4.95,1,4.95,2.23,"Cash","D.S.|880-7532","No","No",39,"No"]
[673990,"2012-12-16","12:20:24","D254/FE",192,"Duplo","Policemen","6 and up",9.9499999999999993,1,9.9499999999999993,5.17,"Cash","D.S.|880-7532","No","No",39,"No"]
[674019,"2012-12-16","12:21:36","D254/FE",192,"Duplo","Policemen","6 and up",9.9499999999999993,1,9.9499999999999993,5.17,"Cash","N.W.|880-6237","No","No",49,"No"]
[674050,"2012-12-16","20:19:48","D250/AT",192,"Duplo","Policemen","6 and up",9.9499999999999993,2,19.899999999999999,10.34,"Cash","W.B.|880-9647","No","Yes",35,"No"]
[674055,"2012-12-16","09:09:50.400","L256/PE",256,"Lego","Police Officers and Motorcycle","9 and up",9.9499999999999993,3,29.849999999999998,13.44,"Check","N.W.|880-6237","Yes","No",39,"No"]
[674097,"2012-12-17","14:18:00","D254/FE",192,"Duplo","Policemen","6 and up",9.9499999999999993,1,9.9499999999999993,5.17,"Visa","D.S.|880-7532","No","No",35,"No"]
[674097,"2012-12-17","14:18:00","D250/AT",192,"Duplo","Policemen","6 and up",9.9499999999999993,1,9.9499999999999993,5.17,"Visa","D.S.|880-7532","No","No",35,"No"]
[674126,"2012-12-17","17:33:00","L195/AE",195,"Lego","Airplane","8 and up",5.95,4,23.8,12.36,"Cash","U.W.|880-9683","No","No",31,"No"]
[674158,"2012-12-17","13:21:00","D254/FE",192,"Duplo","Policemen","6 and up",9.9499999999999993,1,9.9499999999999993,5.17,"Mastercard","D.U.|880-2953","No","No",31,"No"]
[674171,"2012-12-17","15:54:36","L195/AE",195,"Lego","Airplane","8 and up",5.95,4,23.8,12.36,"Visa","D.Z.|880-1179","No","Yes",28,"Yes"]
[674195,"2012-12-18","18:39:36","L195/AE",195,"Lego","Airplane","8 and up",5.95,1,5.95,3.09,"Discover","W.C.|880-4861","Yes","Yes",38,"No"]
[674195,"2012-12-18","18:39:36","D255/FE",192,"Duplo","Policemen","6 and up",9.9499999999999993,1,9.9499999999999993,5.17,"Discover","W.C.|880-4861","Yes","Yes",38,"No"]
[674195,"2012-12-18","18:39:36","L195/AE",195,"Lego","Airplane","8 and up",5.95,1,5.95,3.09,"Discover","W.C.|880-4861","Yes","Yes",38,"No"]
[674225,"2012-12-19","15:59:13.200","D255/FE",192,"Duplo","Policemen","6 and up",9.9499999999999993,1,9.9499999999999993,5.17,"Visa","D.S.|880-7532","No","No",42,"No"]
[674225,"2012-12-19","15:59:13.200","L256/PE",256,"Lego","Police Officers and Motorcycle","9 and up",9.9499999999999993,1,9.9499999999999993,4.4800000000000004,"Visa","D.S.|880-7532","No","No",42,"No"]
[674266,"2012-12-19","15:00:00","D254/FE",192,"Duplo","Policemen","6 and up",9.9499999999999993,2,19.899999999999999,10.34,"Visa","W.B.|880-9647","No","No",67,"No"]
[674286,"2012-12-20","15:42:00","L195/AE",195,"Lego","Airplane","8 and up",5.95,1,5.95,3.09,"Mastercard","U.O.|880-3720","No","No",31,"No"]
[674286,"2012-12-20","15:42:00","D250/AT",192,"Duplo","Policemen","6 and up",9.9499999999999993,1,9.9499999999999993,5.17,"Mastercard","U.O.|880-3720","No","No",31,"No"]
[674306,"2012-12-20","12:37:22.800","D255/FE",192,"Duplo","Policemen","6 and up",9.9499999999999993,4,39.799999999999997,20.68,"Cash","A.U.|880-2167","Yes","No",24,"No"]
[674332,"2012-12-20","15:12:28.800","L340/FS",340,"Lego","Fire Trucks","6 and up",34.950000000000003,4,139.80000000000001,79.680000000000007,"Cash","D.W.|880-7199","No","No",37,"No"]
[674363,"2012-12-21","09:21:54","L197/FS",199,"Duplo","Scooter","4 and up",4.95,2,9.9,5.04,"Cash","V.W.|880-4523","No","No",18,"No"]
[674363,"2012-12-21","09:21:54","L195/AE",195,"Lego","Airplane","8 and up",5.95,1,5.95,3.09,"Cash","V.W.|880-4523","No","No",18,"No"]
[674377,"2012-12-22","08:25:12","L256/PE",256,"Lego","Police Officers and Motorcycle","9 and up",9.9499999999999993,1,9.9499999999999993,4.4800000000000004,"Cash","D.S.|880-7532","No","No",30,"Yes"]
[674377,"2012-12-22","08:25:12","L195/AE",195,"Lego","Airplane","8 and up",5.95,1,5.95,3.09,"Cash","D.S.|880-7532","No","No",30,"Yes"]
[674404,"2012-12-22","12:22:48","L195/AE",195,"Lego","Airplane","8 and up",5.95,2,11.9,6.18,"Visa","L.W.|880-4986","No","No",34,"Yes"]
[674404,"2012-12-22","12:22:48","D250/AT",192,"Duplo","Policemen","6 and up",9.9499999999999993,2,19.899999999999999,10.34,"Visa","L.W.|880-4986","No","No",34,"Yes"]
[674410,"2012-12-22","11:48:39.600","D255/FE",192,"Duplo","Policemen","6 and up",9.9499999999999993,3,29.849999999999998,15.51,"Cash","D.W.|880-7199","No","No",27,"No"]
[674410,"2012-12-22","11:48:39.600","D255/FE",192,"Duplo","Policemen","6 and up",9.9499999999999993,1,9.9499999999999993,5.17,"Cash","D.W.|880-7199","No","No",27,"No"]
[674444,"2012-12-23","16:10:48","D250/AT",192,"Duplo","Policemen","6 and up",9.9499999999999993,1,9.9499999999999993,5.17,"Mastercard","Y.P.|880-6894","Yes","No",30,"No"]
[674445,"2012-12-23","15:45:00","L256/PE",256,"Lego","Police Officers and Motorcycle","9 and up",9.9499999999999993,1,9.9499999999999993,4.4800000000000004,"Discover","W.B.|880-9647","No","No",56,"No"]
[674445,"2012-12-23","15:45:00","D250/AT",192,"Duplo","Policemen","6 and up",9.9499999999999993,1,9.9499999999999993,5.17,"Discover","W.B.|880-9647","No","No",56,"No"]
[674481,"2012-12-24","12:59:24","D250/AT",192,"Duplo","Policemen","6 and up",9.9499999999999993,1,9.9499999999999993,5.17,"Cash","Z.T.|880-7477","No","No",41,"No"]
[674524,"2012-12-24","16:58:48","L196/AR",196,"Lego","Antique Car","8 and up",7.95,1,7.95,4.45,"Mastercard","W.B.|880-9647","No","No",38,"Yes"]
[674560,"2012-12-25","12:49:12","D254/FE",192,"Duplo","Policemen","6 and up",9.9499999999999993,2,19.899999999999999,10.34,"Check","V.W.|880-8599","No","No",23,"No"]
[674575,"2012-12-25","18:46:12","L197/FS",199,"Duplo","Scooter","4 and up",4.95,5,24.75,12.6,"Cash","L.C.|880-6872","No","No",35,"No"]
[674624,"2012-12-25","11:33:36","L195/AE",195,"Lego","Airplane","8 and up",5.95,1,5.95,3.09,"Cash","L.W.|880-4986","No","No",32,"No"]
[674655,"2012-12-25","15:33:00","L256/PE",256,"Lego","Police Officers and Motorcycle","9 and up",9.9499999999999993,2,19.899999999999999,8.9600000000000009,"Mastercard","S.V.|880-5987","No","No",48,"No"]
[674655,"2012-12-25","15:33:00","D254/FE",192,"Duplo","Policemen","6 and up",9.9499999999999993,1,9.9499999999999993,5.17,"Mastercard","S.V.|880-5987","No","No",48,"No"]

{"sheet":"Data(3)","index":4,"n_rows":32,"n_cols":14,"rows_kept":32,"cut":false,"hidden":false,"merged":[]}
[34,"Grouping can't be done with Data Mismatch "]
[35,"Group Numbers: Decimal create ambiguous categories (lower limit is NOT included, upper limit IS included (same as FREQUENCY function)). Integer creates unambiguous categories."]
[]
[]
[]
[null,"Date","Product","Region","SalesRep","Customer","Units","Sales","COGS",null,null,"SalesIntegers",null,"SalesDecimals"]
[null,"2011-01-01","Quad","East","Sioux","AA",16,432.17,232.99,null,null,11,null,11.61]
[null,null,"Bellen","South","Gault","KBTB",24,528.5,240.35,null,null,18,null,18.149999999999999]
[null,"1/2/11","Quad","West","Pham","AST",30,810.71,435.64,null,null,12,null,12.88]
[null,"2011-01-02","Bellen","West","Pham","SFWK",19,418.54,190.05,null,null,8,null,8.14]
[null,"2011-01-03","Sunshine","East","Pham","FM",38,722.22,304.06,null,null,12,null,12.64]
[null,"2011-01-03","Carlota","MidWest","Chin","FM",20,460.28,220.63,null,null,19,null,19.84]
[null,"2011-01-03","Sunset","South","Pham","WSD",23,483.58,213.57,null,null,7,null,7.39]
[null,"2011-01-03","Sunshine","South","Sioux","PCC",6,114.53,48.26,null,null,3,null,3.4]
[null,"2011-01-04","Sunset","MidWest","Sioux","BBT",29,609.12,269.16000000000003,null,null,18,null,18.12]
[null,"2011-01-05","Sunset","South","Pham","TTT",57,1197.9000000000001,527.98,null,null,13,null,13.94]
[null,"2011-01-05","Sunshine","West","Franks","ET",12,228.89,96.02,null,null,2,null,2.88]
[null,"2011-01-05","Carlota","West","Franks","ITTW",60,1380.07,660.4,null,null,15,null,15.77]
[]
[null,"Date","Product","Region","SalesRep","Customer","Units","Sales","COGS"]
[null,"2011-01-01","Quad","East","Sioux","AA",16,432.17,232.99]
[null,"2011-01-01","Bellen","South","Gault","KBTB",24,528.5,240.35]
[null,"2011-01-02","Quad","West","Pham","AST",30,810.71,435.64]
[null,"2011-01-02","Bellen","West","Pham","SFWK",19,418.54,190.05]
[null,"2011-01-03","Sunshine","East","Pham","FM",38,722.22,304.06]
[null,"2011-01-03","Carlota","MidWest","Chin","FM",20,460.28,220.63]
[null,"2011-01-03","Sunset","South","Pham","WSD",23,483.58,213.57]
[null,"2011-01-03","Sunshine","South","Sioux","PCC",6,114.53,48.26]
[null,"2011-01-04","Sunset","MidWest","Sioux","BBT",29,609.12,269.16000000000003]
[null,"2011-01-05","Sunset","South","Pham","TTT",57,1197.9000000000001,527.98]
[null,"2011-01-05","Sunshine","West","Franks","ET",12,228.89,96.02]
[null,"2011-01-05","Carlota","West","Franks","ITTW",60,1380.07,660.4]

{"sheet":"Data(4)","index":5,"n_rows":10009,"n_cols":7,"rows_kept":10009,"cut":false,"hidden":false,"merged":[]}
[36,"Recommended PivotTable"]
[37,"Recommended Chart: Amazing because it summarizes"]
[38,"Report Filter: Adds new criteria to report"]
[39,"Show Report Filter: PivotTableTools Analyze Ribbon Tab, PivotTable group, Options, \"Show Report Filter Pages\"."]
[40,"Slicers: Fancy Filters: PivotTableTools Analyze Ribbon Tab, Filter group"]
[41,"Use Filter and Slicer together to extract data"]
[42,"Timelines: PivotTableTools Analyze Ribbon Tab, Filter group"]
[]
["Date","SalesRep","Region","Product","Units","Price","Revenue"]
["2013-08-31","Christy  Olson","West","Doublers",2,79.95,159.9]
["2014-11-27","Dan  Peterson","MidWest","Sunshine",2,19.95,39.9]
["2013-11-07","Mable  Lindsey","West","Crested Beaut",3,25,75]
["2014-06-02","Kyle  Carr","MidWest","Quad",3,33,99]
["2013-08-01","Rachel  Gomez","MidWest","Carlota",2,22.95,45.9]
["2014-11-14","Isabel  Cross","East","Majectic Beaut",1,28,28]
["2013-11-13","Billie  Chandler","MidWest","Sunset",3,23.5,70.5]
["2014-11-04","Sylvester  Morales","West","Carlota",2,22.95,45.9]
["2014-11-26","Rachel  Gomez","MidWest","Bellen",1,22.95,22.95]
["2014-07-08","Beth  Tucker","West","Sunbell",2,25,50]
["2014-12-06","Shari  Silva","South","Quad",2,33,66]
["2013-12-14","Drew  Rogers","MidWest","Sunset",1,23.5,23.5]
["2013-12-01","Arturo  Francis","East","Carlota",4,21.95,87.8]
["2014-11-11","Mable  Lindsey","West","Quad",2,34,68]
["2014-03-13","Shari  Silva","South","Sunshine",1,19.95,19.95]
["2013-02-01","Rachel  Gomez","MidWest","Sunbell",1,24,24]
["2013-01-10","Jenny  Garcia","MidWest","Doublers",1,79.95,79.95]
["2014-11-15","Colleen  Warren","West","Quad",9,34,306]
["2013-12-12","Pauline  Beck","West","Sunshine",1,19.95,19.95]
["2014-11-22","Shari  Silva","South","Carlota",3,22.95,68.849999999999994]
["2014-07-10","Jenny  Garcia","MidWest","Quad",3,33,99]
["2013-12-27","Ben  Perez","West","Quad",2,34,68]
["2013-09-28","Cassandra  Franklin","MidWest","FlatTop",1,27.5,27.5]
["2013-11-01","Elaine  Ellis","South","Carlota",2,22.95,45.9]
["2013-10-31","Beth  Tucker","West","Aspen",24,19.95,478.8]
["2014-06-16","Cassandra  Franklin","MidWest","Sunset",2,23.5,47]
["2013-11-21","Colleen  Warren","West","Sunbell",3,25,75]
["2014-11-23","Cassandra  Franklin","MidWest","Sunshine",3,19.95,59.85]
["2013-01-25","Cassandra  Franklin","MidWest","Sunbell",2,24,48]
["2013-04-25","Nellie  Joseph","East","Sunbell",1,23,23]
["2014-11-09","Guillermo  Potter","MidWest","Aspen",1,20,20]
["2013-11-22","Lynette  Brewer","MidWest","Sunshine",3,19.95,59.85]
["2013-12-05","Rachel  Gomez","MidWest","Majectic Beaut",15,27.55,413.25]
["2014-11-16","Lance  Yates","MidWest","Sunshine",2,19.95,39.9]
["2014-03-26","Arturo  Francis","East","Sunshine",3,18.95,56.85]
["2013-12-29","Lula  Daniels","MidWest","FlatTop",3,27.5,82.5]
["2013-11-29","Bethany  Pena","MidWest","Crested Beaut",3,24,72]
["2013-06-17","Robert  Munoz","MidWest","Aspen",4,20,80]
["2014-11-18","Shari  Silva","South","Sunshine",3,19.95,59.85]
["2014-11-20","Cindy  Becker","South","Carlota",1,22.95,22.95]
["2013-11-11","Guillermo  Potter","MidWest","Sunshine",3,19.95,59.85]
["2013-12-23","Sandra  Floyd","MidWest","Aspen",2,20,40]
["2013-12-05","Billie  Chandler","MidWest","Sunshine",2,19.95,39.9]
["2013-12-06","Isabel  Cross","East","Sunshine",1,18.95,18.95]
["2013-01-28","Bernadette  Page","MidWest","Sunshine",2,19.95,39.9]
["2013-12-01","Andrew  Meyer","West","Majectic Beaut",3,30,90]
["2013-01-25","Lee  Mack","MidWest","Carlota",1,22.95,22.95]
["2014-04-18","Bobbie  Ryan","East","Crested Beaut",2,23,46]
["2014-11-25","Trevor  Jones","West","FlatTop",3,27.5,82.5]
["2013-03-03","Eric  Rose","West","Sunbell",2,25,50]
["2013-12-03","Donna  Reid","West","Bellen",2,22.95,45.9]
["2013-11-02","Ivan  Adkins","West","Carlota",1,22.95,22.95]
["2014-11-09","Billie  Chandler","MidWest","FlatTop",1,27.5,27.5]
["2013-11-16","Jenny  Garcia","MidWest","Crested Beaut",11,22.8,250.8]
["2013-11-09","Andrew  Meyer","West","Quad",2,34,68]
["2013-11-09","Brooke  Horton","MidWest","Doublers",2,79.95,159.9]
["2013-12-05","Max  Rodgers","West","Sunshine",3,19.95,59.85]
["2013-11-23","Eric  Rose","West","Sunbell",2,25,50]
["2014-12-16","Rachel  Gomez","MidWest","FlatTop",18,26.13,470.34]
["2014-12-24","Max  Rodgers","West","Quad",2,34,68]
["2013-04-07","Robert  Munoz","MidWest","Sunbell",15,22.8,342]
["2013-12-04","Don  Gonzales","South","Majectic Beaut",1,29,29]
["2014-07-30","Cecilia  Manning","South","Bellen",2,22.95,45.9]
["2013-12-25","Cindy  Becker","South","Bellen",1,22.95,22.95]
["2014-11-29","Brooke  Horton","MidWest","Sunbell",2,24,48]
["2014-10-21","Ivan  Adkins","West","V-Rang",3,19,57]
["2013-09-10","Christina  Fuller","West","Aspen",2,21,42]
["2014-12-01","Peter  Hodges","MidWest","Sunshine",2,19.95,39.9]
["2014-11-17","Ben  Perez","West","Bellen",1,22.95,22.95]
["2014-12-02","Andrew  Meyer","West","Carlota",4,22.95,91.8]
["2014-11-30","Peter  Hodges","MidWest","Bellen",3,22.95,68.849999999999994]
["2013-11-27","Billie  Chandler","MidWest","Quad",2,33,66]
["2013-11-19","Robert  Munoz","MidWest","Sunbell",1,24,24]
["2013-11-16","Salvador  Bass","West","FlatTop",2,27.5,55]
["2014-12-17","Salvador  Bass","West","Sunset",3,23.5,70.5]
["2014-11-13","Bobbie  Ryan","East","Carlota",1,21.95,21.95]
["2014-12-13","Andrew  Meyer","West","Carlota",2,22.95,45.9]
["2013-10-17","Drew  Rogers","MidWest","Majectic Beaut",7,29,203]
["2013-11-30","Isabel  Cross","East","Bellen",3,21.95,65.849999999999994]
["2013-12-28","Della  Jensen","East","FlatTop",1,26.5,26.5]
["2014-12-24","Lorraine  Gibson","East","Carlota",25,20.85,521.25]
["2013-12-22","Shari  Silva","South","Sunshine",20,18.95,379]
["2013-12-17","Drew  Rogers","MidWest","Sunshine",2,19.95,39.9]
["2013-12-06","Iris  Underwood","West","Quad",3,34,102]
["2013-11-20","Drew  Rogers","MidWest","Quad",1,33,33]
["2013-01-21","Jenny  Garcia","MidWest","Quad",3,33,99]
["2013-09-28","Lorraine  Gibson","East","Sunshine",3,18.95,56.85]
["2014-12-16","Elaine  Ellis","South","Crested Beaut",1,24,24]
["2014-11-01","Eric  Rose","West","Bellen",3,22.95,68.849999999999994]
["2013-09-27","Isabel  Cross","East","Quad",1,32,32]
["2013-03-06","Billie  Chandler","MidWest","FlatTop",21,26.13,548.73]
["2014-12-12","Woodrow  Colon","South","Sunset",2,22.5,45]
["2013-08-03","Edwin  Malone","East","Sunbell",1,23,23]
["2013-11-18","Paulette  Spencer","South","Bellen",3,22.95,68.849999999999994]
["2013-12-08","Cassandra  Franklin","MidWest","Bellen",2,22.95,45.9]
["2014-11-13","Allan  Ramos","MidWest","Sunbell",2,24,48]
["2014-07-12","Eric  Rose","West","Quad",1,34,34]
["2014-11-29","Cassandra  Franklin","MidWest","Carlota",3,22.95,68.849999999999994]
["2014-11-28","Della  Jensen","East","Carlota",3,21.95,65.849999999999994]
["2013-12-09","Shari  Silva","South","Carlota",3,22.95,68.849999999999994]
["2014-07-18","Austin  Reynolds","East","Crested Beaut",3,23,69]
["2014-11-02","Dan  Peterson","MidWest","Sunshine",2,19.95,39.9]
["2014-11-18","Elbert  Klein","South","Sunshine",1,19.95,19.95]
["2013-12-19","Nellie  Joseph","East","Aspen",3,19,57]
["2013-12-09","Robert  Munoz","MidWest","Sunbell",2,24,48]
["2014-12-04","Herman  Williams","East","Sunset",3,22.5,67.5]
["2014-12-09","Cassandra  Franklin","MidWest","FlatTop",3,27.5,82.5]
["2013-11-28","Woodrow  Colon","South","Bellen",3,22.95,68.849999999999994]
["2013-11-13","Willie  Vega","MidWest","Majectic Beaut",2,29,58]
["2014-12-04","Cassandra  Franklin","MidWest","Doublers",2,79.95,159.9]
["2014-06-09","Lorraine  Gibson","East","Quad",2,32,64]
["2013-07-13","Christina  Fuller","West","Bellen",1,22.95,22.95]
["2013-11-06","Ivan  Adkins","West","Sunshine",2,19.95,39.9]
["2014-11-19","Brooke  Horton","MidWest","FlatTop",3,27.5,82.5]
["2014-12-19","Robert  Munoz","MidWest","Sunset",19,22.33,424.27]
["2014-11-21","Robert  Munoz","MidWest","Crested Beaut",1,24,24]
["2014-12-31","Edwin  Malone","East","Carlota",3,21.95,65.849999999999994]
["2013-11-10","Tracy  Reed","MidWest","Sunbell",2,24,48]
["2013-11-25","Rachel  Gomez","MidWest","FlatTop",3,27.5,82.5]
["2014-12-17","Elbert  Klein","South","Sunset",16,21.38,342.08]
["2013-11-11","Lynette  Brewer","MidWest","Aspen",3,20,60]
["2014-11-18","Kyle  Carr","MidWest","Carlota",2,22.95,45.9]
["2014-12-13","Max  Rodgers","West","Bellen",7,22.95,160.65]
["2013-12-10","Carla  Mccormick","MidWest","Carlota",3,22.95,68.849999999999994]
["2013-12-04","Fernando  Rowe","West","Sunshine",1,19.95,19.95]
["2013-11-05","Jaime  Pearson","MidWest","Bellen",2,22.95,45.9]
["2014-12-15","Max  Rodgers","West","Sunbell",2,25,50]
["2014-12-27","Della  Jensen","East","Bellen",2,21.95,43.9]
["2013-08-25","Donna  Reid","West","Carlota",3,22.95,68.849999999999994]
["2014-12-22","Robert  Munoz","MidWest","Carlota",2,22.95,45.9]
["2014-12-14","Cindy  Becker","South","Majectic Beaut",1,29,29]
["2014-12-19","Max  Rodgers","West","Sunset",12,22.33,267.95999999999998]
["2013-09-14","Cindy  Becker","South","Aspen",1,20,20]
["2014-12-22","Robert  Munoz","MidWest","Quad",3,33,99]
["2013-11-14","Jenny  Garcia","MidWest","Sunset",3,23.5,70.5]
["2013-02-03","Pauline  Beck","West","Sunbell",1,25,25]
["2013-12-04","Max  Rodgers","West","Majectic Beaut",2,30,60]
["2013-12-27","Cindy  Becker","South","Carlota",1,22.95,22.95]
["2013-11-27","Rachel  Gomez","MidWest","Sunshine",2,19.95,39.9]
["2013-07-12","Lorraine  Gibson","East","Carlota",2,21.95,43.9]
["2014-11-10","Billie  Chandler","MidWest","Quad",8,33,264]
["2013-01-29","Lee  Mack","MidWest","Sunbell",1,24,24]
["2013-12-23","Dan  Peterson","MidWest","Sunshine",1,19.95,19.95]
["2014-08-03","Robert  Munoz","MidWest","Quad",3,33,99]
["2014-11-01","Eric  Rose","West","Sunshine",1,19.95,19.95]
["2014-12-21","Christina  Fuller","West","Bellen",2,22.95,45.9]
["2013-11-25","Jenny  Garcia","MidWest","Quad",4,33,132]
["2014-12-30","Ellen  Weaver","South","Sunset",1,22.5,22.5]
["2014-12-22","Eric  Rose","West","Carlota",2,22.95,45.9]
["2013-12-30","Jaime  Pearson","MidWest","Bellen",2,22.95,45.9]
["2014-12-02","Marian  Hill","South","Sunshine",2,19.95,39.9]
["2013-10-13","Blake  Bridges","South","Sunshine",1,19.95,19.95]
["2014-12-14","Robert  Munoz","MidWest","Quad",5,33,165]
["2013-12-27","Sandra  Floyd","MidWest","Quad",2,33,66]
["2013-12-29","Cindy  Becker","South","Carlota",1,22.95,22.95]
["2014-12-31","Austin  Reynolds","East","Bellen",4,21.95,87.8]
["2013-12-08","Elvira  Bowman","MidWest","Sunshine",3,19.95,59.85]
["2013-11-23","Jenny  Garcia","MidWest","Quad",3,33,99]
["2013-12-08","Salvador  Bass","West","Sunbell",14,23.75,332.5]
["2013-02-19","Cassandra  Franklin","MidWest","Doublers",4,79.95,319.8]
["2013-12-13","Ben  Perez","West","Crested Beaut",1,25,25]
["2013-01-29","Robert  Munoz","MidWest","Sunbell",2,24,48]
["2014-12-11","Lance  Yates","MidWest","Doublers",2,79.95,159.9]
["2013-12-05","Beth  Tucker","West","Carlota",14,21.8,305.2]
["2013-03-25","Cecilia  Manning","South","Quad",3,33,99]
["2014-11-21","Patty  Thompson","West","Bellen",4,22.95,91.8]
["2013-12-10","Robert  Munoz","MidWest","FlatTop",2,27.5,55]
["2014-05-07","Elaine  Ellis","South","Sunshine",2,19.95,39.9]
["2013-11-30","Isabel  Cross","East","Sunshine",3,18.95,56.85]
["2014-11-14","Shari  Silva","South","Quad",2,33,66]
["2014-11-13","Sandra  Floyd","MidWest","Sunshine",2,19.95,39.9]
["2014-12-31","Shari  Silva","South","Bellen",2,22.95,45.9]
["2013-04-17","Trevor  Jones","West","Sunshine",1,19.95,19.95]
["2013-12-07","Robert  Munoz","MidWest","Bellen",5,22.95,114.75]
["2014-11-27","Brooke  Horton","MidWest","Majectic Beaut",19,27.55,523.45000000000005]
["2014-02-26","Mable  Lindsey","West","Quad",3,34,102]
["2014-12-10","Drew  Rogers","MidWest","Quad",2,33,66]
["2013-12-21","Sonya  Mullins","East","Quad",1,32,32]
["2014-11-15","Jenny  Garcia","MidWest","Bellen",3,22.95,68.849999999999994]
["2013-11-10","Brooke  Horton","MidWest","Carlota",19,21.8,414.2]
["2013-11-15","Jenny  Garcia","MidWest","Aspen",2,20,40]
["2013-03-04","Iris  Underwood","West","Quad",2,34,68]
["2014-01-29","Tiffany  May","West","Quad",3,34,102]
["2013-05-06","Kyle  Carr","MidWest","Quad",4,33,132]
["2014-04-05","Salvador  Bass","West","Sunbell",1,25,25]
["2014-11-10","Kyle  Carr","MidWest","Aspen",11,19,209]
["2014-11-25","Dan  Peterson","MidWest","Crested Beaut",2,24,48]
["2014-07-05","Max  Rodgers","West","Sunbell",2,25,50]
["2014-12-26","Edwin  Malone","East","Bellen",2,21.95,43.9]
["2014-04-10","Robert  Munoz","MidWest","Sunbell",2,24,48]
["2013-11-17","Elbert  Klein","South","Aspen",1,20,20]
["2014-12-04","Isabel  Cross","East","Sunbell",2,23,46]
["2013-11-14","Sandra  Floyd","MidWest","Sunshine",5,19.95,99.75]
["2013-12-11","Cassandra  Franklin","MidWest","Sunbell",2,24,48]
["2013-03-11","Drew  Rogers","MidWest","Doublers",1,79.95,79.95]
["2014-11-25","Cassandra  Franklin","MidWest","Quad",2,33,66]
["2013-11-21","Trevor  Jones","West","Sunshine",3,19.95,59.85]
["2013-03-04","Rachel  Gomez","MidWest","Sunshine",2,19.95,39.9]
["2014-11-18","Della  Jensen","East","Quad",2,32,64]
["2013-12-08","Billie  Chandler","MidWest","Sunshine",2,19.95,39.9]
["2013-11-02","Guillermo  Potter","MidWest","Carlota",3,22.95,68.849999999999994]
["2014-12-28","Donna  Reid","West","Quad",3,34,102]
["2013-11-06","Salvador  Bass","West","Majectic Beaut",1,30,30]
["2014-12-22","Brooke  Horton","MidWest","Sunbell",2,24,48]
["2014-02-17","Allan  Ramos","MidWest","Sunbell",3,24,72]
["2014-08-06","Isabel  Cross","East","Quad",1,32,32]
["2014-05-13","Woodrow  Colon","South","Quad",22,31.35,689.7]
["2013-11-27","Robert  Munoz","MidWest","Aspen",2,20,40]
["2014-11-19","Sandra  Floyd","MidWest","Bellen",1,22.95,22.95]
["2013-11-21","Della  Jensen","East","Carlota",19,20.85,396.15]
["2014-07-17","Cecilia  Manning","South","Majectic Beaut",2,29,58]
["2013-12-16","Donna  Reid","West","Quad",9,34,306]
["2013-11-12","Max  Rodgers","West","Majectic Beaut",2,30,60]
["2014-01-28","Isabel  Cross","East","Majectic Beaut",4,28,112]
["2013-11-23","Bernadette  Page","MidWest","Quad",1,33,33]
["2013-10-19","Isabel  Cross","East","Carlota",1,21.95,21.95]
["2014-11-01","Woodrow  Colon","South","V-Rang",3,18,54]
["2014-12-26","Andrew  Meyer","West","Bellen",2,22.95,45.9]
["2013-10-02","Allan  Ramos","MidWest","Sunset",1,23.5,23.5]
["2013-03-02","Bethany  Pena","MidWest","Sunshine",1,19.95,19.95]
["2013-11-10","Salvador  Bass","West","Quad",7,34,238]
["2014-11-04","Carla  Mccormick","MidWest","Bellen",1,22.95,22.95]
["2014-11-19","Lance  Yates","MidWest","Quad",2,33,66]
["2014-12-28","Drew  Rogers","MidWest","Quad",2,33,66]
["2013-05-26","Sylvester  Morales","West","Quad",2,34,68]
["2014-11-13","Edwin  Malone","East","Sunshine",2,18.95,37.9]
["2014-12-15","Robert  Munoz","MidWest","Carlota",3,22.95,68.849999999999994]
["2014-11-16","Salvador  Bass","West","Bellen",1,22.95,22.95]
["2014-11-20","Salvador  Bass","West","Quad",2,34,68]
["2013-09-09","Trevor  Jones","West","Aspen",5,21,105]
["2014-12-21","Rachel  Gomez","MidWest","Sunset",8,23.5,188]
["2014-02-05","Bethany  Pena","MidWest","Carlota",3,22.95,68.849999999999994]
["2013-11-07","Robert  Munoz","MidWest","Crested Beaut",10,24,240]
["2013-12-11","Jenny  Garcia","MidWest","Carlota",3,22.95,68.849999999999994]
["2014-06-26","Ernest  Davis","West","FlatTop",2,27.5,55]
["2013-12-14","Rachel  Gomez","MidWest","Quad",3,33,99]
["2014-12-06","Elbert  Klein","South","Crested Beaut",4,24,96]
["2013-11-29","Christina  Fuller","West","Doublers",2,79.95,159.9]
["2013-11-24","Elaine  Ellis","South","Quad",2,33,66]
["2013-12-30","Austin  Reynolds","East","Carlota",3,21.95,65.849999999999994]
["2013-12-06","Eddie  Green","East","Bellen",2,21.95,43.9]
["2013-11-23","Elbert  Klein","South","Crested Beaut",3,24,72]
["2013-12-27","Patty  Thompson","West","Sunshine",2,19.95,39.9]
["2014-03-10","Arturo  Francis","East","Aspen",3,19,57]
["2014-11-10","Mable  Lindsey","West","Carlota",18,21.8,392.4]
["2014-12-26","Edwin  Malone","East","Bellen",2,21.95,43.9]
["2013-12-10","Joey  Wong","West","Aspen",3,21,63]
["2013-12-11","Drew  Rogers","MidWest","Sunbell",2,24,48]
["2013-03-14","Lynette  Brewer","MidWest","Sunshine",1,19.95,19.95]
["2013-11-22","Sonya  Mullins","East","Doublers",3,75.95,227.85]
["2014-11-01","Brooke  Horton","MidWest","Carlota",3,22.95,68.849999999999994]
["2013-01-05","Don  Gonzales","South","Doublers",4,77.95,311.8]
["2013-08-10","Rachel  Gomez","MidWest","Doublers",3,79.95,239.85]
["2013-12-24","Isabel  Cross","East","Quad",17,30.4,516.79999999999995]
["2013-11-29","Bethany  Pena","MidWest","Sunshine",4,19.95,79.8]
["2013-11-29","Ruben  Nunez","West","Sunbell",3,25,75]
["2014-11-21","Herman  Williams","East","Crested Beaut",1,23,23]
["2013-12-02","Lance  Yates","MidWest","Carlota",3,22.95,68.849999999999994]
["2013-11-10","Sonya  Mullins","East","V-Rang",2,18,36]
["2013-11-18","Brooke  Horton","MidWest","Carlota",3,22.95,68.849999999999994]
["2013-12-25","Lorraine  Gibson","East","Carlota",1,21.95,21.95]
["2013-07-19","Della  Jensen","East","Bellen",3,21.95,65.849999999999994]
["2013-11-30","Rachel  Gomez","MidWest","Quad",2,33,66]
["2014-12-21","Paulette  Spencer","South","Sunshine",2,19.95,39.9]
["2014-11-19","Rachel  Gomez","MidWest","Sunshine",2,19.95,39.9]
["2013-11-28","Beth  Tucker","West","Carlota",2,22.95,45.9]
["2014-11-02","Della  Jensen","East","Bellen",3,21.95,65.849999999999994]
["2014-12-29","Rachel  Gomez","MidWest","Crested Beaut",3,24,72]
["2014-11-08","Bernadette  Page","MidWest","Bellen",3,22.95,68.849999999999994]
["2014-12-15","Cecilia  Manning","South","Majectic Beaut",3,29,87]
["2013-12-27","Eddie  Green","East","Quad",1,32,32]
["2014-11-19","Paulette  Spencer","South","Quad",12,31.35,376.2]
["2014-12-26","Joey  Wong","West","Sunset",3,23.5,70.5]
["2014-12-29","Allan  Ramos","MidWest","Aspen",1,20,20]
["2013-11-30","Bernadette  Page","MidWest","Aspen",2,20,40]
["2013-11-19","Blake  Bridges","South","Quad",24,31.35,752.4]
["2013-11-21","Elvira  Bowman","MidWest","Sunset",3,23.5,70.5]
["2014-12-02","Fernando  Rowe","West","Carlota",3,22.95,68.849999999999994]
["2014-11-01","Jenny  Garcia","MidWest","Quad",2,33,66]
["2013-10-22","Allan  Ramos","MidWest","Aspen",2,20,40]
["2014-11-14","Fernando  Rowe","West","Bellen",2,22.95,45.9]
["2014-11-12","Beth  Tucker","West","Sunshine",3,19.95,59.85]
["2014-12-12","Andrew  Meyer","West","Sunshine",2,19.95,39.9]
["2013-11-07","Della  Jensen","East","Carlota",1,21.95,21.95]
["2013-12-25","Mable  Lindsey","West","Bellen",2,22.95,45.9]
["2014-12-26","Rachel  Gomez","MidWest","Quad",3,33,99]
["2014-11-11","Edwin  Malone","East","Bellen",2,21.95,43.9]
["2013-12-26","Patty  Thompson","West","Quad",2,34,68]
["2013-04-08","Rachel  Gomez","MidWest","Bellen",2,22.95,45.9]
["2013-12-18","Della  Jensen","East","Sunset",2,22.5,45]
["2013-09-04","Colleen  Warren","West","Quad",1,34,34]
["2014-12-31","Bernadette  Page","MidWest","Crested Beaut",3,24,72]
["2014-11-14","Rachel  Gomez","MidWest","Sunbell",2,24,48]
["2013-02-28","Donna  Reid","West","Carlota",2,22.95,45.9]
["2013-11-03","Arturo  Francis","East","Majectic Beaut",3,28,84]
["2014-10-24","Drew  Rogers","MidWest","Sunset",2,23.5,47]
["2013-12-23","Salvador  Bass","West","Majectic Beaut",1,30,30]
["2013-12-29","Bethany  Pena","MidWest","Quad",1,33,33]
["2014-08-20","Max  Rodgers","West","Sunbell",2,25,50]
["2013-11-19","Sandra  Floyd","MidWest","Bellen",2,22.95,45.9]
["2014-12-05","Peter  Hodges","MidWest","Sunbell",1,24,24]
["2013-12-27","Rachel  Gomez","MidWest","Carlota",1,22.95,22.95]
["2014-12-31","Andrew  Meyer","West","Bellen",1,22.95,22.95]
["2014-12-23","Beth  Tucker","West","Sunbell",3,25,75]
["2014-12-23","Lula  Daniels","MidWest","Carlota",3,22.95,68.849999999999994]
["2014-12-06","Cindy  Becker","South","Bellen",1,22.95,22.95]
["2013-11-18","Bobbie  Ryan","East","Bellen",3,21.95,65.849999999999994]
["2013-12-22","Cecilia  Manning","South","Quad",1,33,33]
["2013-12-24","Colleen  Warren","West","Carlota",2,22.95,45.9]
["2013-12-25","Marion  Glover","East","Bellen",1,21.95,21.95]
["2013-05-06","Ruben  Nunez","West","Quad",2,34,68]
["2014-07-17","Arturo  Francis","East","Sunshine",1,18.95,18.95]
["2013-11-24","Peter  Hodges","MidWest","Sunset",21,22.33,468.93]
["2013-11-23","Edwin  Malone","East","Carlota",2,21.95,43.9]
["2013-12-22","Robert  Munoz","MidWest","Sunset",4,23.5,94]
["2013-11-01","Marion  Glover","East","Sunshine",3,18.95,56.85]
["2014-11-18","Guillermo  Potter","MidWest","Quad",2,33,66]
["2014-03-03","Trevor  Jones","West","Sunshine",1,19.95,19.95]
["2013-11-25","Della  Jensen","East","Carlota",1,21.95,21.95]
["2013-11-16","Salvador  Bass","West","Quad",3,34,102]
["2013-12-30","Bethany  Pena","MidWest","FlatTop",2,27.5,55]
["2013-11-30","Don  Gonzales","South","Crested Beaut",4,24,96]
["2014-12-07","Beth  Tucker","West","Majectic Beaut",2,30,60]
["2013-12-30","Brooke  Horton","MidWest","Aspen",1,20,20]
["2013-12-11","Ernest  Davis","West","Sunshine",4,19.95,79.8]
["2014-11-05","Edwin  Malone","East","V-Rang",2,18,36]
["2013-12-11","Rachel  Gomez","MidWest","Bellen",2,22.95,45.9]
["2013-04-16","Elvira  Bowman","MidWest","Aspen",1,20,20]
["2014-12-06","Beth  Tucker","West","Carlota",1,22.95,22.95]
["2014-11-19","Ruben  Nunez","West","Sunshine",4,19.95,79.8]
["2014-11-07","Iris  Underwood","West","Aspen",13,19.95,259.35000000000002]
["2014-11-03","Billie  Chandler","MidWest","Majectic Beaut",25,27.55,688.75]
["2013-11-04","Isabel  Cross","East","Sunshine",2,18.95,37.9]
["2014-12-30","Brooke  Horton","MidWest","Majectic Beaut",2,29,58]
["2014-12-01","Trevor  Jones","West","Carlota",2,22.95,45.9]
["2014-08-10","Ben  Perez","West","Sunset",3,23.5,70.5]
["2014-11-27","Colleen  Warren","West","Sunshine",2,19.95,39.9]
["2014-11-07","Lynette  Brewer","MidWest","Aspen",1,20,20]
["2013-12-09","Brooke  Horton","MidWest","Bellen",2,22.95,45.9]
["2013-05-18","Isabel  Cross","East","Carlota",2,21.95,43.9]
["2014-01-29","Dan  Peterson","MidWest","V-Rang",2,18,36]
["2014-12-08","Isabel  Cross","East","Quad",1,32,32]
["2014-12-29","Christina  Fuller","West","Sunshine",3,19.95,59.85]
["2014-04-08","Eric  Rose","West","Carlota",2,22.95,45.9]
["2014-12-06","Isabel  Cross","East","FlatTop",2,26.5,53]
["2014-06-16","Carla  Mccormick","MidWest","Majectic Beaut",2,29,58]
["2013-07-26","Isabel  Cross","East","Bellen",2,21.95,43.9]
["2014-11-06","Joey  Wong","West","Bellen",1,22.95,22.95]
["2014-11-08","Arturo  Francis","East","Bellen",2,21.95,43.9]
["2013-11-24","Joey  Wong","West","Aspen",2,21,42]
["2014-11-09","Christy  Olson","West","Crested Beaut",3,25,75]
["2013-12-03","Marion  Glover","East","Sunbell",2,23,46]
["2014-11-04","Cecilia  Manning","South","Quad",2,33,66]
["2013-12-29","Trevor  Jones","West","Crested Beaut",4,25,100]
["2014-12-25","Johanna  Boone","South","Quad",1,33,33]
["2013-11-02","Isabel  Cross","East","Sunbell",2,23,46]
["2014-12-05","Drew  Rogers","MidWest","Quad",14,31.35,438.9]
["2013-12-16","Carla  Mccormick","MidWest","Bellen",2,22.95,45.9]
["2013-11-15","Trevor  Jones","West","Carlota",2,22.95,45.9]
["2014-03-02","Robert  Munoz","MidWest","Quad",2,33,66]
["2013-11-22","Blake  Bridges","South","Carlota",1,22.95,22.95]
["2014-11-30","Brooke  Horton","MidWest","Sunshine",2,19.95,39.9]
["2013-11-08","Blake  Bridges","South","Crested Beaut",3,24,72]
["2014-11-14","Jenny  Garcia","MidWest","Majectic Beaut",3,29,87]
["2013-12-13","Elvira  Bowman","MidWest","Sunshine",1,19.95,19.95]
["2014-11-11","Shari  Silva","South","Sunbell",1,24,24]
["2013-11-25","Cindy  Becker","South","Doublers",1,77.95,77.95]
["2014-11-22","Cindy  Becker","South","Aspen",3,20,60]
["2013-11-19","Shari  Silva","South","Bellen",3,22.95,68.849999999999994]
["2013-05-29","Della  Jensen","East","Crested Beaut",2,23,46]
["2013-11-11","Ernest  Davis","West","Bellen",1,22.95,22.95]
["2013-02-27","Willie  Vega","MidWest","Carlota",1,22.95,22.95]
["2013-05-26","Marian  Hill","South","Bellen",2,22.95,45.9]
["2013-11-16","Robert  Munoz","MidWest","Carlota",14,21.8,305.2]
["2013-11-24","Eddie  Green","East","FlatTop",2,26.5,53]
["2013-10-08","Rachel  Gomez","MidWest","Bellen",1,22.95,22.95]
["2013-06-13","Eddie  Green","East","Bellen",2,21.95,43.9]
["2013-12-26","Felicia  Jennings","West","Aspen",1,21,21]
["2013-12-26","Paulette  Spencer","South","Quad",1,33,33]
["2013-12-06","Rachel  Gomez","MidWest","Bellen",1,22.95,22.95]
["2013-12-29","Lynette  Brewer","MidWest","Carlota",2,22.95,45.9]
["2014-11-30","Max  Rodgers","West","Sunshine",17,18.95,322.14999999999998]
["2014-11-13","Ben  Perez","West","Bellen",2,22.95,45.9]
["2014-12-09","Edwin  Malone","East","Aspen",4,19,76]
["2013-12-14","Paulette  Spencer","South","Quad",3,33,99]
["2014-01-07","Nellie  Joseph","East","Carlota",2,21.95,43.9]
["2013-11-27","Cecilia  Manning","South","Sunshine",3,19.95,59.85]
["2013-09-20","Arturo  Francis","East","Crested Beaut",1,23,23]
["2013-11-07","Brooke  Horton","MidWest","Doublers",1,79.95,79.95]
["2013-12-19","Willie  Vega","MidWest","Sunshine",15,18.95,284.25]
["2014-12-25","Sonya  Mullins","East","Sunshine",3,18.95,56.85]
["2013-11-10","Elaine  Ellis","South","Doublers",3,77.95,233.85]
["2014-12-11","Max  Rodgers","West","Crested Beaut",1,25,25]
["2014-03-02","Cecilia  Manning","South","Sunshine",1,19.95,19.95]
["2014-11-09","Woodrow  Colon","South","Crested Beaut",2,24,48]
["2013-11-09","Cassandra  Franklin","MidWest","Bellen",1,22.95,22.95]
["2013-11-06","Sonya  Mullins","East","Sunshine",3,18.95,56.85]
["2014-08-25","Kyle  Carr","MidWest","Quad",2,33,66]
["2014-12-03","Eddie  Green","East","Doublers",3,75.95,227.85]
["2014-04-30","Ben  Perez","West","Majectic Beaut",3,30,90]
["2014-05-02","Donna  Reid","West","Bellen",1,22.95,22.95]
["2014-12-02","Willie  Vega","MidWest","Sunset",23,22.33,513.59]
["2014-12-08","Isabel  Cross","East","Quad",2,32,64]
["2013-12-15","Isabel  Cross","East","Majectic Beaut",1,28,28]
["2013-11-26","Shari  Silva","South","Bellen",3,22.95,68.849999999999994]
["2013-05-30","Shari  Silva","South","V-Rang",2,18,36]
["2013-11-23","Cindy  Becker","South","Sunshine",1,19.95,19.95]
["2014-12-29","Cassandra  Franklin","MidWest","Majectic Beaut",2,29,58]
["2014-12-24","Drew  Rogers","MidWest","Sunshine",8,19.95,159.6]
["2013-12-03","Pauline  Beck","West","Crested Beaut",1,25,25]
["2013-11-10","Jenny  Garcia","MidWest","Quad",3,33,99]
["2014-12-27","Max  Rodgers","West","Bellen",2,22.95,45.9]
["2014-12-26","Nellie  Joseph","East","Majectic Beaut",3,28,84]
["2013-11-23","Robert  Munoz","MidWest","Bellen",5,22.95,114.75]
["2013-09-07","Shari  Silva","South","Sunbell",22,22.8,501.6]
["2013-08-07","Allan  Ramos","MidWest","Aspen",2,20,40]
["2014-04-21","Shari  Silva","South","Bellen",10,22.95,229.5]
["2014-12-05","Don  Gonzales","South","Sunbell",3,24,72]
["2013-01-26","Shari  Silva","South","Sunbell",2,24,48]
["2013-11-07","Jaime  Pearson","MidWest","Sunshine",1,19.95,19.95]
["2013-11-27","Eric  Rose","West","Doublers",3,79.95,239.85]
["2013-04-22","Andrew  Meyer","West","V-Rang",2,19,38]
["2014-12-03","Beth  Tucker","West","Doublers",11,75.95,835.45]
["2014-11-24","Paulette  Spencer","South","Majectic Beaut",3,29,87]
["2014-12-15","Rachel  Gomez","MidWest","Sunshine",2,19.95,39.9]
["2013-12-13","Pauline  Beck","West","Sunshine",3,19.95,59.85]
["2014-11-30","Ellen  Weaver","South","Aspen",2,20,40]
["2013-11-22","Cassandra  Franklin","MidWest","Carlota",14,21.8,305.2]
["2013-12-01","Trevor  Jones","West","Sunshine",1,19.95,19.95]
["2013-02-06","Elvira  Bowman","MidWest","Quad",3,33,99]
["2013-11-11","Salvador  Bass","West","Quad",1,34,34]
["2013-12-15","Tracy  Reed","MidWest","Bellen",3,22.95,68.849999999999994]
["2014-12-17","Peter  Hodges","MidWest","Sunshine",3,19.95,59.85]
["2013-11-21","Drew  Rogers","MidWest","Carlota",1,22.95,22.95]
["2013-11-15","Patty  Thompson","West","Sunset",2,23.5,47]
["2013-12-05","Patty  Thompson","West","Aspen",2,21,42]
["2014-08-16","Brooke  Horton","MidWest","Sunbell",2,24,48]
["2013-12-25","Max  Rodgers","West","Crested Beaut",2,25,50]
["2013-03-20","Donna  Reid","West","Quad",1,34,34]
["2013-02-26","Edwin  Malone","East","Crested Beaut",20,21.85,437]
["2014-11-19","Kyle  Carr","MidWest","Carlota",2,22.95,45.9]
["2014-04-27","Shari  Silva","South","Quad",2,33,66]
["2013-05-18","Eddie  Green","East","Aspen",4,19,76]
["2014-09-15","Ellen  Weaver","South","Bellen",3,22.95,68.849999999999994]
["2013-12-27","Colleen  Warren","West","Carlota",1,22.95,22.95]
["2013-11-27","Max  Rodgers","West","Sunset",2,23.5,47]
["2013-12-20","Tracy  Reed","MidWest","Sunset",3,23.5,70.5]
["2013-04-08","Colleen  Warren","West","Carlota",1,22.95,22.95]
["2014-12-24","Cindy  Becker","South","Majectic Beaut",1,29,29]
["2013-11-19","Elvira  Bowman","MidWest","Quad",4,33,132]
["2013-11-29","Sonya  Mullins","East","Bellen",1,21.95,21.95]
["2013-11-02","Ivan  Adkins","West","Majectic Beaut",8,30,240]
["2013-12-13","Robert  Munoz","MidWest","Bellen",2,22.95,45.9]
["2014-07-24","Patty  Thompson","West","Sunbell",2,25,50]
["2013-12-06","Shari  Silva","South","Quad",1,33,33]
["2013-05-27","Austin  Reynolds","East","Sunbell",3,23,69]
["2013-12-01","Shari  Silva","South","Quad",2,33,66]
["2013-12-23","Ernest  Davis","West","Sunbell",3,25,75]
["2013-12-17","Tiffany  May","West","Sunset",22,22.33,491.26]
["2014-12-03","Elbert  Klein","South","Sunshine",3,19.95,59.85]
["2014-12-27","Cecilia  Manning","South","Quad",1,33,33]
["2014-12-04","Shari  Silva","South","Sunshine",1,19.95,19.95]
["2014-11-25","Cecilia  Manning","South","Sunshine",2,19.95,39.9]
["2013-12-06","Andrew  Meyer","West","Sunset",2,23.5,47]
["2013-11-21","Allan  Ramos","MidWest","Sunshine",4,19.95,79.8]
["2014-11-15","Sylvester  Morales","West","Quad",3,34,102]
["2014-02-28","Salvador  Bass","West","Doublers",3,79.95,239.85]
["2014-10-22","Dan  Peterson","MidWest","Aspen",3,20,60]
["2014-12-01","Dan  Peterson","MidWest","Quad",1,33,33]
["2013-12-30","Max  Rodgers","West","Crested Beaut",1,25,25]
["2013-09-30","Cecilia  Manning","South","Quad",3,33,99]
["2013-12-28","Joey  Wong","West","Aspen",3,21,63]
["2013-10-13","Blake  Bridges","South","Quad",2,33,66]
["2013-12-17","Nellie  Joseph","East","Carlota",1,21.95,21.95]
["2014-11-25","Willie  Vega","MidWest","Majectic Beaut",3,29,87]
["2013-05-21","Tiffany  May","West","Quad",3,34,102]
["2013-11-18","Marion  Glover","East","Bellen",3,21.95,65.849999999999994]
["2014-03-08","Della  Jensen","East","Sunbell",3,23,69]
["2014-01-21","Charlie  Wood","MidWest","Sunbell",23,22.8,524.4]
["2013-07-16","Dan  Peterson","MidWest","Bellen",2,22.95,45.9]
["2013-06-25","Don  Gonzales","South","FlatTop",4,26.5,106]
["2014-12-26","Woodrow  Colon","South","V-Rang",2,18,36]
["2013-12-06","Eddie  Green","East","Quad",3,32,96]
["2014-12-26","Guillermo  Potter","MidWest","Bellen",2,22.95,45.9]
["2014-02-22","Paulette  Spencer","South","FlatTop",1,26.5,26.5]
["2014-12-03","Kyle  Carr","MidWest","Sunshine",22,18.95,416.9]
["2013-11-23","Sandra  Floyd","MidWest","Quad",24,31.35,752.4]
["2013-12-08","Ellen  Weaver","South","Crested Beaut",4,24,96]
["2013-08-31","Peter  Hodges","MidWest","Bellen",11,21.8,239.8]
["2013-06-05","Edwin  Malone","East","V-Rang",2,18,36]
["2014-12-08","Andrew  Meyer","West","Quad",2,34,68]
["2014-11-07","Lee  Mack","MidWest","Sunbell",2,24,48]
["2013-11-06","Felicia  Jennings","West","FlatTop",1,27.5,27.5]
["2014-03-30","Cindy  Becker","South","Sunbell",3,24,72]
["2014-11-05","Della  Jensen","East","Sunbell",3,23,69]
["2014-12-16","Arturo  Francis","East","Crested Beaut",2,23,46]
["2013-12-05","Blake  Bridges","South","Carlota",2,22.95,45.9]
["2014-11-12","Brooke  Horton","MidWest","Bellen",6,22.95,137.69999999999999]
["2013-11-07","Edwin  Malone","East","Aspen",3,19,57]
["2014-12-24","Drew  Rogers","MidWest","V-Rang",2,18,36]
["2014-11-08","Salvador  Bass","West","Majectic Beaut",2,30,60]
["2014-03-16","Della  Jensen","East","Bellen",4,21.95,87.8]
["2013-12-09","Isabel  Cross","East","FlatTop",3,26.5,79.5]
["2014-02-21","Mable  Lindsey","West","Doublers",2,79.95,159.9]
["2014-02-04","Lee  Mack","MidWest","Sunshine",2,19.95,39.9]
["2013-11-18","Kyle  Carr","MidWest","Sunshine",1,19.95,19.95]
["2013-01-21","Jaime  Pearson","MidWest","Bellen",2,22.95,45.9]
["2013-12-06","Elaine  Ellis","South","V-Rang",2,18,36]
["2014-12-05","Drew  Rogers","MidWest","Sunset",3,23.5,70.5]
["2013-12-15","Bernadette  Page","MidWest","Sunbell",4,24,96]
["2014-12-06","Della  Jensen","East","Sunset",1,22.5,22.5]
["2013-11-02","Ruben  Nunez","West","Sunbell",3,25,75]
["2013-12-28","Isabel  Cross","East","Sunbell",1,23,23]
["2013-01-18","Shari  Silva","South","Aspen",3,20,60]
["2013-12-05","Cecilia  Manning","South","Sunbell",4,24,96]
["2014-03-24","Peter  Hodges","MidWest","Sunbell",2,24,48]
["2013-02-08","Trevor  Jones","West","Quad",1,34,34]
["2014-12-16","Max  Rodgers","West","Bellen",1,22.95,22.95]
["2014-12-06","Cindy  Becker","South","Majectic Beaut",2,29,58]
["2014-06-25","Lorraine  Gibson","East","Crested Beaut",3,23,69]
["2014-03-05","Cassandra  Franklin","MidWest","Quad",1,33,33]
["2014-12-08","Rachel  Gomez","MidWest","Crested Beaut",2,24,48]
["2013-12-16","Lynette  Brewer","MidWest","FlatTop",3,27.5,82.5]
["2014-12-21","Sandra  Floyd","MidWest","V-Rang",3,18,54]
["2013-12-27","Robert  Munoz","MidWest","Crested Beaut",2,24,48]
["2014-11-13","Don  Gonzales","South","Quad",4,33,132]
["2013-11-14","Cassandra  Franklin","MidWest","Carlota",2,22.95,45.9]
["2014-12-12","Shari  Silva","South","Bellen",2,22.95,45.9]
["2013-11-25","Sandra  Floyd","MidWest","Carlota",25,21.8,545]
["2014-03-22","Cassandra  Franklin","MidWest","FlatTop",1,27.5,27.5]
["2014-12-08","Paulette  Spencer","South","Sunshine",2,19.95,39.9]
["2013-07-22","Patty  Thompson","West","Bellen",2,22.95,45.9]
["2013-05-06","Don  Gonzales","South","Bellen",2,22.95,45.9]
["2013-08-09","Max  Rodgers","West","Bellen",3,22.95,68.849999999999994]
["2014-11-08","Kyle  Carr","MidWest","Quad",20,31.35,627]
["2013-12-08","Jenny  Garcia","MidWest","FlatTop",3,27.5,82.5]
["2014-11-02","Trevor  Jones","West","Carlota",2,22.95,45.9]
["2013-12-02","Andrew  Meyer","West","V-Rang",2,19,38]
["2014-05-09","Billie  Chandler","MidWest","Sunshine",1,19.95,19.95]
["2013-12-12","Iris  Underwood","West","Quad",3,34,102]
["2013-12-21","Della  Jensen","East","Aspen",2,19,38]
["2014-11-06","Shari  Silva","South","Sunshine",1,19.95,19.95]
["2013-09-23","Robert  Munoz","MidWest","Doublers",1,79.95,79.95]
["2013-02-24","Brooke  Horton","MidWest","Sunbell",1,24,24]
["2014-12-14","Sandra  Floyd","MidWest","Quad",1,33,33]
["2014-12-03","Edwin  Malone","East","Sunset",12,21.38,256.56]
["2013-04-26","Eddie  Green","East","Sunbell",2,23,46]
["2013-03-13","Isabel  Cross","East","Sunbell",4,23,92]
["2013-11-08","Lynette  Brewer","MidWest","Carlota",1,22.95,22.95]
["2013-11-04","Drew  Rogers","MidWest","Carlota",2,22.95,45.9]
["2013-11-25","Jaime  Pearson","MidWest","Quad",1,33,33]
["2013-01-02","Cecilia  Manning","South","Quad",2,33,66]
["2014-02-04","Austin  Reynolds","East","Majectic Beaut",1,28,28]
["2013-11-09","Patty  Thompson","West","Sunshine",7,19.95,139.65]
["2013-11-11","Rachel  Gomez","MidWest","Bellen",2,22.95,45.9]
["2014-12-29","Della  Jensen","East","Quad",2,32,64]
["2013-12-28","Isabel  Cross","East","Carlota",2,21.95,43.9]
["2013-11-17","Donna  Reid","West","Sunshine",2,19.95,39.9]
["2014-11-26","Ellen  Weaver","South","Carlota",2,22.95,45.9]
["2014-11-04","Rachel  Gomez","MidWest","Carlota",1,22.95,22.95]
["2014-12-05","Andrew  Meyer","West","Sunset",1,23.5,23.5]
["2013-11-28","Robert  Munoz","MidWest","Bellen",4,22.95,91.8]
["2013-11-08","Bethany  Pena","MidWest","Majectic Beaut",3,29,87]
["2014-12-09","Lee  Mack","MidWest","Bellen",3,22.95,68.849999999999994]
["2013-12-29","Herman  Williams","East","Bellen",2,21.95,43.9]
["2013-12-11","Cassandra  Franklin","MidWest","Quad",1,33,33]
["2013-11-06","Cassandra  Franklin","MidWest","Sunbell",3,24,72]
["2014-12-07","Della  Jensen","East","FlatTop",1,26.5,26.5]
["2013-01-20","Ivan  Adkins","West","Sunshine",1,19.95,19.95]
["2013-12-29","Robert  Munoz","MidWest","Majectic Beaut",2,29,58]
["2014-11-20","Marion  Glover","East","Carlota",3,21.95,65.849999999999994]
["2013-12-23","Della  Jensen","East","Bellen",1,21.95,21.95]
["2013-11-25","Christina  Fuller","West","Quad",2,34,68]
["2014-05-16","Della  Jensen","East","Bellen",3,21.95,65.849999999999994]
["2013-11-27","Mable  Lindsey","West","Crested Beaut",2,25,50]
["2014-09-22","Drew  Rogers","MidWest","Doublers",3,79.95,239.85]
["2013-11-10","Salvador  Bass","West","Quad",2,34,68]
["2013-05-20","Elvira  Bowman","MidWest","Doublers",1,79.95,79.95]
["2013-12-27","Marion  Glover","East","Carlota",23,20.85,479.55]
["2013-12-12","Lula  Daniels","MidWest","Sunset",2,23.5,47]
["2014-04-26","Andrew  Meyer","West","Aspen",2,21,42]
["2013-12-08","Donna  Reid","West","Aspen",3,21,63]
["2013-12-07","Patty  Thompson","West","Crested Beaut",2,25,50]
["2013-11-12","Elaine  Ellis","South","Bellen",1,22.95,22.95]
["2013-12-19","Cindy  Becker","South","Carlota",3,22.95,68.849999999999994]
["2014-11-08","Peter  Hodges","MidWest","Sunset",3,23.5,70.5]
["2014-12-16","Rachel  Gomez","MidWest","Majectic Beaut",1,29,29]
["2013-11-04","Marion  Glover","East","Quad",24,30.4,729.6]
["2014-11-10","Isabel  Cross","East","Majectic Beaut",1,28,28]
["2013-11-24","Tiffany  May","West","Crested Beaut",1,25,25]
["2013-12-30","Jenny  Garcia","MidWest","Bellen",2,22.95,45.9]
["2013-12-30","Edwin  Malone","East","Carlota",1,21.95,21.95]
["2014-03-13","Sandra  Floyd","MidWest","Sunset",2,23.5,47]
["2013-05-06","Billie  Chandler","MidWest","Sunshine",3,19.95,59.85]
["2014-08-17","Della  Jensen","East","Doublers",2,75.95,151.9]
["2014-12-28","Sylvester  Morales","West","FlatTop",3,27.5,82.5]
["2014-07-15","Robert  Munoz","MidWest","Bellen",3,22.95,68.849999999999994]
["2013-05-03","Don  Gonzales","South","Majectic Beaut",2,29,58]
["2014-12-02","Shari  Silva","South","V-Rang",3,18,54]
["2014-12-06","Max  Rodgers","West","Doublers",7,79.95,559.65]
["2013-12-29","Christy  Olson","West","Sunbell",2,25,50]
["2013-11-06","Mable  Lindsey","West","Sunshine",3,19.95,59.85]
["2014-11-23","Cecilia  Manning","South","Bellen",2,22.95,45.9]
["2014-12-07","Rachel  Gomez","MidWest","Quad",2,33,66]
["2014-12-16","Cassandra  Franklin","MidWest","Crested Beaut",2,24,48]
["2013-12-27","Shari  Silva","South","Crested Beaut",2,24,48]
["2014-12-02","Patty  Thompson","West","Carlota",2,22.95,45.9]
["2014-11-15","Rachel  Gomez","MidWest","Bellen",2,22.95,45.9]
["2013-12-14","Elvira  Bowman","MidWest","V-Rang",1,18,18]
["2013-12-12","Jenny  Garcia","MidWest","Sunshine",4,19.95,79.8]
["2014-12-26","Cecilia  Manning","South","Bellen",2,22.95,45.9]
["2013-12-10","Don  Gonzales","South","Quad",3,33,99]
["2013-07-23","Robert  Munoz","MidWest","Crested Beaut",3,24,72]
["2014-11-05","Jenny  Garcia","MidWest","Sunshine",2,19.95,39.9]
["2014-01-24","Dan  Peterson","MidWest","Quad",1,33,33]
["2013-02-17","Pauline  Beck","West","Sunshine",18,18.95,341.1]
["2014-12-03","Pauline  Beck","West","Crested Beaut",1,25,25]
["2014-11-15","Max  Rodgers","West","Quad",3,34,102]
["2014-12-12","Isabel  Cross","East","Aspen",2,19,38]
["2013-12-04","Della  Jensen","East","Aspen",2,19,38]
["2014-12-28","Rachel  Gomez","MidWest","Sunshine",3,19.95,59.85]
["2014-12-04","Cecilia  Manning","South","Quad",21,31.35,658.35]
["2013-09-25","Lorraine  Gibson","East","Crested Beaut",3,23,69]
["2013-12-08","Rachel  Gomez","MidWest","Crested Beaut",2,24,48]
["2013-12-02","Isabel  Cross","East","Bellen",1,21.95,21.95]
["2013-11-15","Ivan  Adkins","West","Sunshine",2,19.95,39.9]
["2014-12-30","Pauline  Beck","West","Sunset",2,23.5,47]
["2013-06-09","Isabel  Cross","East","Doublers",3,75.95,227.85]
["2013-12-19","Bethany  Pena","MidWest","Carlota",2,22.95,45.9]
["2014-12-04","Christina  Fuller","West","Carlota",2,22.95,45.9]
["2014-12-27","Trevor  Jones","West","Majectic Beaut",4,30,120]
["2014-01-27","Cindy  Becker","South","Crested Beaut",2,24,48]
["2013-08-30","Nellie  Joseph","East","Bellen",4,21.95,87.8]
["2013-08-15","Salvador  Bass","West","Majectic Beaut",2,30,60]
["2013-11-06","Eric  Rose","West","FlatTop",3,27.5,82.5]
["2014-11-25","Shari  Silva","South","Carlota",2,22.95,45.9]
["2013-02-24","Salvador  Bass","West","Sunbell",1,25,25]
["2014-11-14","Sylvester  Morales","West","Crested Beaut",2,25,50]
["2013-12-25","Arturo  Francis","East","Sunbell",2,23,46]
["2014-12-07","Eric  Rose","West","V-Rang",4,19,76]
["2013-01-05","Lance  Yates","MidWest","Carlota",3,22.95,68.849999999999994]
["2014-12-17","Sandra  Floyd","MidWest","Quad",3,33,99]
["2013-11-08","Cindy  Becker","South","Quad",1,33,33]
["2014-11-11","Ernest  Davis","West","Crested Beaut",1,25,25]
["2014-10-06","Iris  Underwood","West","Carlota",2,22.95,45.9]
["2013-12-09","Paulette  Spencer","South","Carlota",3,22.95,68.849999999999994]
["2013-12-04","Robert  Munoz","MidWest","Sunset",3,23.5,70.5]
["2013-05-01","Della  Jensen","East","Quad",2,32,64]
["2013-07-16","Don  Gonzales","South","Aspen",2,20,40]
["2014-11-24","Robert  Munoz","MidWest","Majectic Beaut",3,29,87]
["2014-06-09","Marian  Hill","South","Bellen",6,22.95,137.69999999999999]
["2013-11-28","Sonya  Mullins","East","Sunbell",2,23,46]
["2013-11-23","Carla  Mccormick","MidWest","Majectic Beaut",19,27.55,523.45000000000005]
["2014-12-30","Bernadette  Page","MidWest","Sunbell",3,24,72]
["2014-12-29","Felicia  Jennings","West","Carlota",4,22.95,91.8]
["2014-11-24","Max  Rodgers","West","Sunshine",3,19.95,59.85]
["2014-11-22","Felicia  Jennings","West","Quad",2,34,68]
["2014-12-20","Elvira  Bowman","MidWest","Quad",3,33,99]
["2013-11-19","Cecilia  Manning","South","Sunshine",3,19.95,59.85]
["2013-06-05","Christina  Fuller","West","V-Rang",2,19,38]
["2014-11-15","Eddie  Green","East","Quad",3,32,96]
["2013-12-09","Drew  Rogers","MidWest","Sunset",1,23.5,23.5]
["2013-11-25","Bethany  Pena","MidWest","Quad",3,33,99]
["2013-12-19","Sonya  Mullins","East","Sunbell",2,23,46]
["2014-01-10","Cecilia  Manning","South","Sunshine",1,19.95,19.95]
["2014-11-22","Blake  Bridges","South","Carlota",2,22.95,45.9]
["2013-02-02","Colleen  Warren","West","Quad",1,34,34]
["2014-12-31","Herman  Williams","East","Sunshine",2,18.95,37.9]
["2014-11-27","Trevor  Jones","West","Doublers",3,79.95,239.85]
["2014-11-14","Andrew  Meyer","West","Carlota",3,22.95,68.849999999999994]
["2013-12-25","Carla  Mccormick","MidWest","Bellen",3,22.95,68.849999999999994]
["2013-11-04","Cecilia  Manning","South","Sunbell",2,24,48]
["2014-03-27","Shari  Silva","South","Bellen",2,22.95,45.9]
["2014-04-24","Tracy  Reed","MidWest","Crested Beaut",2,24,48]
["2014-07-25","Marian  Hill","South","Bellen",1,22.95,22.95]
["2013-12-27","Bernadette  Page","MidWest","Carlota",2,22.95,45.9]
["2014-01-14","Drew  Rogers","MidWest","Majectic Beaut",2,29,58]
["2014-11-12","Beth  Tucker","West","Carlota",3,22.95,68.849999999999994]
["2014-11-01","Robert  Munoz","MidWest","Aspen",3,20,60]
["2013-12-03","Austin  Reynolds","East","Aspen",3,19,57]
["2014-12-29","Billie  Chandler","MidWest","Crested Beaut",1,24,24]
["2013-12-29","Shari  Silva","South","FlatTop",7,26.5,185.5]
["2014-02-25","Ernest  Davis","West","Quad",2,34,68]
["2013-12-17","Salvador  Bass","West","Quad",1,34,34]
["2013-12-10","Della  Jensen","East","Quad",1,32,32]
["2013-12-10","Mable  Lindsey","West","Sunbell",2,25,50]
["2014-11-05","Mable  Lindsey","West","Sunset",2,23.5,47]
["2014-03-08","Isabel  Cross","East","Bellen",2,21.95,43.9]
["2014-11-22","Joey  Wong","West","Carlota",2,22.95,45.9]
["2013-02-05","Bobbie  Ryan","East","Sunshine",3,18.95,56.85]
["2013-05-21","Cassandra  Franklin","MidWest","Carlota",1,22.95,22.95]
["2014-11-18","Johanna  Boone","South","Sunshine",9,19.95,179.55]
["2013-02-17","Ellen  Weaver","South","Carlota",2,22.95,45.9]
["2013-12-24","Colleen  Warren","West","Carlota",2,22.95,45.9]
["2014-12-09","Drew  Rogers","MidWest","Majectic Beaut",3,29,87]
["2013-11-07","Bethany  Pena","MidWest","Sunset",3,23.5,70.5]
["2014-11-19","Brooke  Horton","MidWest","Quad",1,33,33]
["2014-12-03","Carla  Mccormick","MidWest","Carlota",1,22.95,22.95]
["2014-01-20","Lee  Mack","MidWest","FlatTop",23,26.13,600.99]
["2014-12-24","Trevor  Jones","West","Sunset",2,23.5,47]
["2013-07-30","Max  Rodgers","West","Quad",2,34,68]
["2013-11-04","Cassandra  Franklin","MidWest","Bellen",2,22.95,45.9]
["2014-12-05","Jenny  Garcia","MidWest","Bellen",2,22.95,45.9]
["2013-04-27","Carla  Mccormick","MidWest","Carlota",1,22.95,22.95]
["2014-11-27","Drew  Rogers","MidWest","Aspen",1,20,20]
["2014-11-13","Isabel  Cross","East","Bellen",2,21.95,43.9]
["2013-12-30","Cindy  Becker","South","Bellen",1,22.95,22.95]
["2014-11-19","Trevor  Jones","West","Quad",3,34,102]
["2013-11-09","Jaime  Pearson","MidWest","Doublers",3,79.95,239.85]
["2014-02-06","Eddie  Green","East","V-Rang",5,18,90]
["2014-11-01","Bobbie  Ryan","East","Quad",5,32,160]
["2014-12-25","Della  Jensen","East","Carlota",3,21.95,65.849999999999994]
["2013-11-30","Arturo  Francis","East","Bellen",2,21.95,43.9]
["2014-08-25","Isabel  Cross","East","Bellen",3,21.95,65.849999999999994]
["2013-12-30","Andrew  Meyer","West","V-Rang",3,19,57]
["2013-12-28","Brooke  Horton","MidWest","Quad",2,33,66]
["2013-11-11","Cecilia  Manning","South","Bellen",2,22.95,45.9]
["2014-01-05","Patty  Thompson","West","Carlota",1,22.95,22.95]
["2014-12-15","Jenny  Garcia","MidWest","Carlota",3,22.95,68.849999999999994]
["2014-12-07","Salvador  Bass","West","Majectic Beaut",3,30,90]
["2014-12-14","Don  Gonzales","South","Quad",3,33,99]
["2013-03-21","Ben  Perez","West","Sunbell",1,25,25]
["2014-12-08","Max  Rodgers","West","Aspen",3,21,63]
["2014-11-30","Paulette  Spencer","South","Carlota",15,21.8,327]
["2013-08-01","Cassandra  Franklin","MidWest","Sunset",1,23.5,23.5]
["2014-11-19","Della  Jensen","East","Sunshine",1,18.95,18.95]
["2014-09-11","Pauline  Beck","West","Quad",2,34,68]
["2014-05-24","Patty  Thompson","West","Bellen",3,22.95,68.849999999999994]
["2014-11-15","Blake  Bridges","South","Aspen",2,20,40]
["2014-11-08","Kyle  Carr","MidWest","Crested Beaut",1,24,24]
["2013-12-19","Paulette  Spencer","South","Quad",2,33,66]
["2013-04-30","Eric  Rose","West","Sunset",1,23.5,23.5]
["2014-11-25","Max  Rodgers","West","Quad",3,34,102]
["2014-12-26","Bernadette  Page","MidWest","Aspen",4,20,80]
["2014-09-11","Robert  Munoz","MidWest","Carlota",1,22.95,22.95]
["2013-11-09","Arturo  Francis","East","Carlota",1,21.95,21.95]
["2014-03-25","Della  Jensen","East","Crested Beaut",2,23,46]
["2013-12-03","Herman  Williams","East","Carlota",2,21.95,43.9]
["2013-12-01","Rachel  Gomez","MidWest","Quad",3,33,99]
["2013-11-01","Della  Jensen","East","Sunshine",2,18.95,37.9]
["2013-07-29","Herman  Williams","East","Carlota",8,21.95,175.6]
["2014-05-21","Isabel  Cross","East","Quad",6,32,192]
["2014-11-01","Della  Jensen","East","Doublers",2,75.95,151.9]
["2014-01-04","Jaime  Pearson","MidWest","Carlota",2,22.95,45.9]
["2013-12-26","Sonya  Mullins","East","Quad",3,32,96]
["2014-12-18","Isabel  Cross","East","Quad",1,32,32]
["2013-11-14","Robert  Munoz","MidWest","Bellen",2,22.95,45.9]
["2013-10-18","Ruben  Nunez","West","Majectic Beaut",3,30,90]
["2013-01-23","Della  Jensen","East","Sunbell",2,23,46]
["2014-07-27","Della  Jensen","East","Carlota",1,21.95,21.95]
["2014-12-31","Christina  Fuller","West","V-Rang",3,19,57]
["2013-12-30","Pauline  Beck","West","Bellen",2,22.95,45.9]
["2014-12-05","Max  Rodgers","West","Crested Beaut",2,25,50]
["2013-12-22","Allan  Ramos","MidWest","Sunshine",2,19.95,39.9]
["2014-12-23","Andrew  Meyer","West","Majectic Beaut",3,30,90]
["2014-06-18","Trevor  Jones","West","V-Rang",3,19,57]
["2013-12-21","Joey  Wong","West","Aspen",3,21,63]
["2013-12-22","Eric  Rose","West","Carlota",2,22.95,45.9]
["2014-12-02","Cassandra  Franklin","MidWest","Bellen",3,22.95,68.849999999999994]
["2013-11-11","Kyle  Carr","MidWest","Sunbell",24,22.8,547.20000000000005]
["2014-10-30","Bobbie  Ryan","East","Sunset",2,22.5,45]
["2013-12-28","Eddie  Green","East","Sunshine",1,18.95,18.95]
["2014-12-30","Isabel  Cross","East","Quad",2,32,64]
["2013-11-04","Colleen  Warren","West","Aspen",3,21,63]
["2013-11-13","Cindy  Becker","South","Quad",3,33,99]
["2013-09-05","Iris  Underwood","West","Bellen",4,22.95,91.8]
["2014-12-08","Ellen  Weaver","South","Sunset",1,22.5,22.5]
["2013-11-07","Guillermo  Potter","MidWest","Aspen",2,20,40]
["2014-11-30","Bobbie  Ryan","East","FlatTop",22,25.18,553.96]
["2013-11-17","Robert  Munoz","MidWest","Sunshine",3,19.95,59.85]
["2013-11-11","Drew  Rogers","MidWest","Bellen",1,22.95,22.95]
["2013-12-08","Tiffany  May","West","Quad",1,34,34]
["2014-01-12","Johanna  Boone","South","Doublers",2,77.95,155.9]
["2014-12-27","Ernest  Davis","West","Sunbell",2,25,50]
["2013-11-02","Eric  Rose","West","Bellen",2,22.95,45.9]
["2014-12-17","Cecilia  Manning","South","Crested Beaut",2,24,48]
["2014-12-19","Brooke  Horton","MidWest","Aspen",1,20,20]
["2013-12-12","Della  Jensen","East","Aspen",3,19,57]
["2013-11-27","Edwin  Malone","East","Quad",2,32,64]
["2013-11-05","Cassandra  Franklin","MidWest","Sunbell",3,24,72]
["2014-11-20","Tracy  Reed","MidWest","Majectic Beaut",1,29,29]
["2014-11-28","Cassandra  Franklin","MidWest","Bellen",1,22.95,22.95]
["2014-12-27","Trevor  Jones","West","V-Rang",4,19,76]
["2013-12-17","Max  Rodgers","West","Bellen",3,22.95,68.849999999999994]
["2013-12-21","Edwin  Malone","East","Carlota",3,21.95,65.849999999999994]
["2013-12-19","Trevor  Jones","West","Sunbell",3,25,75]
["2014-09-16","Shari  Silva","South","Carlota",2,22.95,45.9]
["2014-12-03","Robert  Munoz","MidWest","Sunshine",1,19.95,19.95]
["2014-03-24","Iris  Underwood","West","FlatTop",2,27.5,55]
["2013-12-22","Trevor  Jones","West","Sunbell",2,25,50]
["2014-11-18","Jenny  Garcia","MidWest","Quad",2,33,66]
["2013-12-01","Blake  Bridges","South","Bellen",2,22.95,45.9]
["2014-12-19","Salvador  Bass","West","Sunshine",5,19.95,99.75]
["2013-12-30","Max  Rodgers","West","Majectic Beaut",2,30,60]
["2013-11-24","Max  Rodgers","West","Bellen",3,22.95,68.849999999999994]
["2013-12-21","Lorraine  Gibson","East","Quad",2,32,64]
["2014-11-19","Sonya  Mullins","East","Majectic Beaut",3,28,84]
["2014-11-07","Bernadette  Page","MidWest","Bellen",1,22.95,22.95]
["2013-09-29","Sylvester  Morales","West","Majectic Beaut",2,30,60]
["2013-11-25","Trevor  Jones","West","Carlota",1,22.95,22.95]
["2013-06-22","Pauline  Beck","West","Sunbell",2,25,50]
["2014-11-26","Sylvester  Morales","West","Sunbell",3,25,75]
["2013-11-14","Cecilia  Manning","South","Crested Beaut",13,22.8,296.39999999999998]
["2014-11-14","Arturo  Francis","East","Aspen",2,19,38]
["2014-12-17","Ruben  Nunez","West","Bellen",2,22.95,45.9]
["2014-06-24","Arturo  Francis","East","Sunshine",2,18.95,37.9]
["2013-11-26","Austin  Reynolds","East","Carlota",1,21.95,21.95]
["2014-12-06","Tiffany  May","West","V-Rang",2,19,38]
["2014-11-16","Elbert  Klein","South","Sunbell",2,24,48]
["2014-07-03","Trevor  Jones","West","Bellen",1,22.95,22.95]
["2013-07-26","Shari  Silva","South","Sunset",2,22.5,45]
["2013-12-24","Arturo  Francis","East","Aspen",1,19,19]
["2013-08-25","Della  Jensen","East","Doublers",1,75.95,75.95]
["2014-11-30","Tiffany  May","West","Sunshine",1,19.95,19.95]
["2013-02-23","Tiffany  May","West","V-Rang",3,19,57]
["2014-08-26","Isabel  Cross","East","Aspen",1,19,19]
["2014-12-15","Nellie  Joseph","East","Quad",2,32,64]
["2014-12-26","Isabel  Cross","East","Aspen",2,19,38]
["2014-11-21","Lynette  Brewer","MidWest","V-Rang",1,18,18]
["2013-12-04","Robert  Munoz","MidWest","Majectic Beaut",1,29,29]
["2013-11-23","Isabel  Cross","East","Sunshine",24,18,432]
["2014-02-17","Woodrow  Colon","South","Majectic Beaut",2,29,58]
["2014-12-01","Jenny  Garcia","MidWest","Sunshine",3,19.95,59.85]
["2013-12-20","Salvador  Bass","West","Sunbell",2,25,50]
["2014-12-03","Beth  Tucker","West","Bellen",2,22.95,45.9]
["2013-09-17","Lorraine  Gibson","East","Bellen",2,21.95,43.9]
["2014-07-13","Jenny  Garcia","MidWest","Majectic Beaut",3,29,87]
["2013-07-01","Rachel  Gomez","MidWest","Carlota",1,22.95,22.95]
["2014-12-28","Rachel  Gomez","MidWest","Aspen",3,20,60]
["2013-08-05","Cassandra  Franklin","MidWest","Doublers",1,79.95,79.95]
["2013-12-08","Billie  Chandler","MidWest","Quad",3,33,99]
["2014-12-04","Elvira  Bowman","MidWest","V-Rang",18,17.100000000000001,307.8]
["2014-11-13","Lorraine  Gibson","East","Sunshine",2,18.95,37.9]
["2014-11-13","Arturo  Francis","East","Aspen",2,19,38]
["2013-12-25","Lula  Daniels","MidWest","V-Rang",2,18,36]
["2014-04-10","Tracy  Reed","MidWest","Bellen",2,22.95,45.9]
["2014-06-13","Shari  Silva","South","Aspen",2,20,40]
["2013-06-22","Lynette  Brewer","MidWest","Carlota",2,22.95,45.9]
["2013-11-16","Willie  Vega","MidWest","Quad",2,33,66]
["2014-11-08","Max  Rodgers","West","Majectic Beaut",3,30,90]
["2014-12-02","Drew  Rogers","MidWest","Sunshine",2,19.95,39.9]
["2013-11-03","Max  Rodgers","West","Sunbell",2,25,50]
["2014-12-18","Fernando  Rowe","West","Sunset",2,23.5,47]
["2014-11-11","Sandra  Floyd","MidWest","Sunshine",3,19.95,59.85]
["2014-12-27","Jaime  Pearson","MidWest","Carlota",2,22.95,45.9]
["2014-01-06","Jenny  Garcia","MidWest","V-Rang",2,18,36]
["2013-11-17","Cecilia  Manning","South","Sunset",4,22.5,90]
["2013-12-02","Fernando  Rowe","West","Majectic Beaut",1,30,30]
["2014-12-10","Bernadette  Page","MidWest","Carlota",2,22.95,45.9]
["2014-12-21","Woodrow  Colon","South","Sunset",3,22.5,67.5]
["2013-12-05","Brooke  Horton","MidWest","Sunbell",2,24,48]
["2014-12-05","Mable  Lindsey","West","Sunset",7,23.5,164.5]
["2014-07-24","Brooke  Horton","MidWest","Carlota",2,22.95,45.9]
["2013-06-08","Patty  Thompson","West","Quad",2,34,68]
["2013-12-04","Guillermo  Potter","MidWest","Bellen",3,22.95,68.849999999999994]
["2013-12-09","Shari  Silva","South","Carlota",3,22.95,68.849999999999994]
["2014-09-20","Johanna  Boone","South","Quad",1,33,33]
["2013-11-17","Brooke  Horton","MidWest","Carlota",2,22.95,45.9]
["2013-11-06","Elaine  Ellis","South","Sunbell",4,24,96]
["2013-12-14","Andrew  Meyer","West","Bellen",2,22.95,45.9]
["2013-01-20","Christina  Fuller","West","Sunbell",3,25,75]
["2014-12-26","Guillermo  Potter","MidWest","Bellen",4,22.95,91.8]
["2013-12-17","Salvador  Bass","West","Quad",2,34,68]
["2014-12-21","Austin  Reynolds","East","Quad",2,32,64]
["2013-07-23","Kyle  Carr","MidWest","Quad",3,33,99]
["2014-12-15","Peter  Hodges","MidWest","Aspen",1,20,20]
["2013-11-13","Cassandra  Franklin","MidWest","Majectic Beaut",2,29,58]
["2014-12-30","Bethany  Pena","MidWest","Sunshine",1,19.95,19.95]
["2014-11-10","Johanna  Boone","South","Carlota",1,22.95,22.95]
["2014-09-04","Robert  Munoz","MidWest","Sunset",23,22.33,513.59]
["2013-05-08","Peter  Hodges","MidWest","Carlota",2,22.95,45.9]
["2014-12-06","Della  Jensen","East","Sunbell",2,23,46]
["2014-12-23","Rachel  Gomez","MidWest","Sunshine",3,19.95,59.85]
["2014-03-16","Trevor  Jones","West","Bellen",2,22.95,45.9]
["2013-11-23","Max  Rodgers","West","Majectic Beaut",20,28.5,570]
["2013-04-18","Max  Rodgers","West","Aspen",2,21,42]
["2013-12-26","Jenny  Garcia","MidWest","Sunset",3,23.5,70.5]
["2014-11-26","Lynette  Brewer","MidWest","Sunshine",2,19.95,39.9]
["2014-11-03","Eric  Rose","West","Sunshine",2,19.95,39.9]
["2014-02-19","Tiffany  May","West","Quad",2,34,68]
["2014-04-30","Ellen  Weaver","South","Carlota",1,22.95,22.95]
["2013-12-07","Lorraine  Gibson","East","Aspen",2,19,38]
["2013-11-27","Brooke  Horton","MidWest","Sunbell",2,24,48]
["2014-11-11","Drew  Rogers","MidWest","Crested Beaut",3,24,72]
["2014-12-20","Shari  Silva","South","Quad",4,33,132]
["2013-12-09","Mable  Lindsey","West","Doublers",3,79.95,239.85]
["2014-12-09","Max  Rodgers","West","Crested Beaut",1,25,25]
["2013-12-04","Jenny  Garcia","MidWest","Carlota",1,22.95,22.95]
["2013-12-04","Cassandra  Franklin","MidWest","Crested Beaut",2,24,48]
["2013-12-21","Mable  Lindsey","West","Doublers",3,79.95,239.85]
["2013-12-26","Robert  Munoz","MidWest","Bellen",19,21.8,414.2]
["2013-12-20","Edwin  Malone","East","Sunbell",1,23,23]
["2014-12-30","Shari  Silva","South","Carlota",14,21.8,305.2]
["2014-12-18","Peter  Hodges","MidWest","Sunshine",24,18.95,454.8]
["2013-12-27","Colleen  Warren","West","Carlota",1,22.95,22.95]
["2014-10-11","Kyle  Carr","MidWest","Quad",3,33,99]
["2013-04-13","Max  Rodgers","West","FlatTop",1,27.5,27.5]
["2013-11-30","Peter  Hodges","MidWest","Doublers",11,75.95,835.45]
["2014-12-23","Ivan  Adkins","West","Sunshine",2,19.95,39.9]
["2013-11-12","Sylvester  Morales","West","Carlota",1,22.95,22.95]
["2014-12-10","Isabel  Cross","East","Quad",2,32,64]
["2013-01-11","Ruben  Nunez","West","Carlota",1,22.95,22.95]
["2014-12-28","Mable  Lindsey","West","Quad",8,34,272]
["2013-12-01","Ellen  Weaver","South","Sunbell",1,24,24]
["2013-12-01","Bernadette  Page","MidWest","Doublers",3,79.95,239.85]
["2013-11-14","Mable  Lindsey","West","FlatTop",18,26.13,470.34]
["2014-04-06","Pauline  Beck","West","Sunshine",1,19.95,19.95]
["2013-11-15","Trevor  Jones","West","Aspen",13,19.95,259.35000000000002]
["2013-11-09","Jenny  Garcia","MidWest","Sunset",3,23.5,70.5]
["2013-12-26","Allan  Ramos","MidWest","Carlota",2,22.95,45.9]
["2013-11-05","Christina  Fuller","West","Aspen",2,21,42]
["2014-12-05","Ben  Perez","West","Sunbell",2,25,50]
["2014-11-15","Bobbie  Ryan","East","Quad",3,32,96]
["2013-11-09","Drew  Rogers","MidWest","Sunshine",1,19.95,19.95]
["2014-12-19","Johanna  Boone","South","Bellen",2,22.95,45.9]
["2014-12-27","Della  Jensen","East","Quad",16,30.4,486.4]
["2014-12-11","Shari  Silva","South","Carlota",3,22.95,68.849999999999994]
["2014-11-18","Sandra  Floyd","MidWest","Quad",3,33,99]
["2014-12-19","Ernest  Davis","West","Carlota",1,22.95,22.95]
["2014-12-08","Willie  Vega","MidWest","Majectic Beaut",2,29,58]
["2014-12-10","Christy  Olson","West","Sunshine",1,19.95,19.95]
["2014-11-27","Donna  Reid","West","Bellen",7,22.95,160.65]
["2014-02-14","Cassandra  Franklin","MidWest","V-Rang",2,18,36]
["2014-11-26","Cassandra  Franklin","MidWest","Carlota",2,22.95,45.9]
["2014-05-08","Christina  Fuller","West","Carlota",1,22.95,22.95]
["2014-11-24","Beth  Tucker","West","Sunshine",23,18.95,435.85]
["2013-11-11","Austin  Reynolds","East","Doublers",2,75.95,151.9]
["2014-12-29","Herman  Williams","East","Crested Beaut",2,23,46]
["2013-11-26","Isabel  Cross","East","Sunset",2,22.5,45]
["2013-06-05","Felicia  Jennings","West","V-Rang",1,19,19]
["2014-12-22","Christy  Olson","West","Carlota",11,21.8,239.8]
["2013-11-09","Cindy  Becker","South","Majectic Beaut",16,27.55,440.8]
["2013-01-30","Carla  Mccormick","MidWest","Quad",3,33,99]
["2013-11-07","Ernest  Davis","West","Bellen",3,22.95,68.849999999999994]
["2013-05-03","Salvador  Bass","West","Bellen",2,22.95,45.9]
["2013-11-16","Cassandra  Franklin","MidWest","Quad",3,33,99]
["2013-04-27","Isabel  Cross","East","Sunset",1,22.5,22.5]
["2014-11-12","Bobbie  Ryan","East","Sunbell",4,23,92]
["2013-12-12","Felicia  Jennings","West","Sunshine",2,19.95,39.9]
["2013-01-08","Arturo  Francis","East","Quad",3,32,96]
["2014-11-21","Ruben  Nunez","West","Bellen",3,22.95,68.849999999999994]
["2014-08-22","Lynette  Brewer","MidWest","Sunshine",2,19.95,39.9]
["2013-10-01","Bobbie  Ryan","East","Quad",5,32,160]
["2014-12-31","Billie  Chandler","MidWest","FlatTop",2,27.5,55]
["2013-07-03","Johanna  Boone","South","Majectic Beaut",3,29,87]
["2013-11-20","Arturo  Francis","East","Sunshine",2,18.95,37.9]
["2013-09-21","Shari  Silva","South","Sunset",2,22.5,45]
["2014-09-02","Guillermo  Potter","MidWest","Sunbell",2,24,48]
["2014-02-04","Cassandra  Franklin","MidWest","FlatTop",4,27.5,110]
["2014-12-24","Ellen  Weaver","South","Carlota",17,21.8,370.6]
["2013-11-22","Billie  Chandler","MidWest","Bellen",2,22.95,45.9]
["2013-11-18","Brooke  Horton","MidWest","Carlota",1,22.95,22.95]
["2014-12-19","Mable  Lindsey","West","Sunbell",1,25,25]
["2013-12-08","Pauline  Beck","West","Bellen",3,22.95,68.849999999999994]
["2014-12-28","Cassandra  Franklin","MidWest","Carlota",24,21.8,523.20000000000005]
["2014-03-08","Colleen  Warren","West","Carlota",2,22.95,45.9]
["2014-11-19","Della  Jensen","East","Sunshine",2,18.95,37.9]
["2014-11-27","Shari  Silva","South","Carlota",1,22.95,22.95]
["2014-12-30","Robert  Munoz","MidWest","Quad",6,33,198]
["2013-11-23","Brooke  Horton","MidWest","Carlota",2,22.95,45.9]
["2013-11-05","Drew  Rogers","MidWest","Sunbell",17,22.8,387.6]
["2013-12-09","Patty  Thompson","West","Quad",17,32.299999999999997,549.1]
["2014-05-18","Dan  Peterson","MidWest","Sunset",1,23.5,23.5]
["2014-12-14","Andrew  Meyer","West","Bellen",1,22.95,22.95]
["2014-07-29","Brooke  Horton","MidWest","Carlota",2,22.95,45.9]
["2014-11-24","Joey  Wong","West","Sunshine",2,19.95,39.9]
["2014-12-16","Lynette  Brewer","MidWest","Sunbell",3,24,72]
["2013-12-28","Max  Rodgers","West","Sunshine",2,19.95,39.9]
["2014-05-04","Allan  Ramos","MidWest","Quad",3,33,99]
["2013-03-17","Brooke  Horton","MidWest","Sunset",1,23.5,23.5]
["2013-12-01","Marion  Glover","East","Quad",3,32,96]
["2013-12-05","Kyle  Carr","MidWest","Sunbell",2,24,48]
["2014-11-10","Andrew  Meyer","West","Majectic Beaut",3,30,90]
["2014-11-21","Shari  Silva","South","Quad",5,33,165]
["2013-11-08","Edwin  Malone","East","Sunshine",2,18.95,37.9]
["2013-11-11","Christina  Fuller","West","Sunshine",1,19.95,19.95]
["2014-11-03","Bobbie  Ryan","East","Carlota",5,21.95,109.75]
["2013-12-13","Salvador  Bass","West","Carlota",3,22.95,68.849999999999994]
["2013-11-24","Donna  Reid","West","Sunset",3,23.5,70.5]
["2013-12-09","Max  Rodgers","West","Quad",2,34,68]
["2013-10-11","Beth  Tucker","West","Carlota",1,22.95,22.95]
["2013-01-22","Elvira  Bowman","MidWest","Sunshine",22,18.95,416.9]
["2013-12-28","Marian  Hill","South","Sunshine",1,19.95,19.95]
["2014-12-21","Shari  Silva","South","Quad",9,33,297]
["2014-03-13","Felicia  Jennings","West","Aspen",2,21,42]
["2013-11-12","Pauline  Beck","West","Sunbell",2,25,50]
["2014-12-01","Colleen  Warren","West","Quad",1,34,34]
["2014-11-06","Shari  Silva","South","Quad",2,33,66]
["2013-11-08","Sylvester  Morales","West","FlatTop",2,27.5,55]
["2013-11-12","Ben  Perez","West","Bellen",3,22.95,68.849999999999994]
["2014-11-13","Colleen  Warren","West","Quad",1,34,34]
["2014-12-31","Lula  Daniels","MidWest","Sunset",1,23.5,23.5]
["2014-12-09","Robert  Munoz","MidWest","Doublers",2,79.95,159.9]
["2013-03-11","Robert  Munoz","MidWest","V-Rang",3,18,54]
["2014-12-17","Robert  Munoz","MidWest","Quad",2,33,66]
["2013-04-08","Christy  Olson","West","Crested Beaut",3,25,75]
["2014-12-20","Sonya  Mullins","East","Sunshine",2,18.95,37.9]
["2013-12-20","Arturo  Francis","East","Quad",2,32,64]
["2014-11-13","Elaine  Ellis","South","Bellen",2,22.95,45.9]
["2014-11-12","Mable  Lindsey","West","Bellen",1,22.95,22.95]
["2014-09-07","Ernest  Davis","West","Sunset",2,23.5,47]
["2014-12-18","Salvador  Bass","West","Sunshine",1,19.95,19.95]
["2013-11-04","Kyle  Carr","MidWest","Bellen",2,22.95,45.9]
["2013-03-21","Edwin  Malone","East","Aspen",4,19,76]
["2013-12-27","Johanna  Boone","South","Bellen",3,22.95,68.849999999999994]
["2013-12-14","Christina  Fuller","West","Sunbell",3,25,75]
["2013-11-02","Robert  Munoz","MidWest","Aspen",4,20,80]
["2013-02-15","Lynette  Brewer","MidWest","FlatTop",2,27.5,55]
["2014-04-05","Don  Gonzales","South","Sunshine",1,19.95,19.95]
["2014-08-05","Herman  Williams","East","Sunbell",1,23,23]
["2013-04-27","Sandra  Floyd","MidWest","Quad",19,31.35,595.65]
["2014-11-10","Drew  Rogers","MidWest","Sunset",4,23.5,94]
["2014-05-19","Shari  Silva","South","Bellen",1,22.95,22.95]
["2013-12-06","Lorraine  Gibson","East","Sunbell",3,23,69]
["2014-12-08","Mable  Lindsey","West","Quad",1,34,34]
["2014-12-30","Lula  Daniels","MidWest","Quad",2,33,66]
["2014-12-09","Allan  Ramos","MidWest","Bellen",19,21.8,414.2]
["2014-05-02","Salvador  Bass","West","Quad",1,34,34]
["2013-11-20","Trevor  Jones","West","Quad",2,34,68]
["2014-01-30","Ruben  Nunez","West","Crested Beaut",1,25,25]
["2014-12-09","Robert  Munoz","MidWest","Sunbell",2,24,48]
["2013-12-03","Johanna  Boone","South","Bellen",2,22.95,45.9]
["2013-11-02","Lynette  Brewer","MidWest","Bellen",3,22.95,68.849999999999994]
["2014-11-23","Max  Rodgers","West","Crested Beaut",2,25,50]
["2013-11-15","Cecilia  Manning","South","Quad",1,33,33]
["2013-10-08","Cindy  Becker","South","Bellen",10,22.95,229.5]
["2014-01-26","Rachel  Gomez","MidWest","Carlota",1,22.95,22.95]
["2013-01-17","Trevor  Jones","West","Crested Beaut",2,25,50]
["2013-12-18","Lula  Daniels","MidWest","Doublers",3,79.95,239.85]
["2013-12-03","Kyle  Carr","MidWest","Quad",3,33,99]
["2014-12-26","Max  Rodgers","West","Sunset",2,23.5,47]
["2013-11-16","Lynette  Brewer","MidWest","Quad",3,33,99]
["2013-12-30","Andrew  Meyer","West","Quad",3,34,102]
["2013-11-05","Lula  Daniels","MidWest","Sunset",4,23.5,94]
["2013-11-06","Christina  Fuller","West","Sunbell",1,25,25]
["2013-12-12","Billie  Chandler","MidWest","Sunbell",2,24,48]
["2013-10-29","Sylvester  Morales","West","Crested Beaut",22,23.75,522.5]
["2013-12-21","Shari  Silva","South","Bellen",3,22.95,68.849999999999994]
["2014-02-11","Dan  Peterson","MidWest","Aspen",2,20,40]
["2014-12-27","Lee  Mack","MidWest","Sunbell",3,24,72]
["2014-12-12","Marion  Glover","East","Aspen",2,19,38]
["2013-12-06","Edwin  Malone","East","Sunbell",25,21.85,546.25]
["2014-12-24","Cassandra  Franklin","MidWest","Crested Beaut",2,24,48]
["2014-12-02","Brooke  Horton","MidWest","Majectic Beaut",3,29,87]
["2014-11-30","Shari  Silva","South","FlatTop",12,25.18,302.16000000000003]
["2014-10-20","Brooke  Horton","MidWest","Doublers",2,79.95,159.9]
["2014-11-08","Don  Gonzales","South","Majectic Beaut",8,29,232]
["2014-01-19","Ben  Perez","West","Majectic Beaut",2,30,60]
["2014-12-20","Ben  Perez","West","Sunbell",3,25,75]
["2014-10-26","Andrew  Meyer","West","Sunshine",1,19.95,19.95]
["2013-05-19","Bobbie  Ryan","East","Sunbell",2,23,46]
["2013-01-05","Shari  Silva","South","Sunbell",2,24,48]
["2013-05-19","Jaime  Pearson","MidWest","Bellen",1,22.95,22.95]
["2013-12-20","Ivan  Adkins","West","Majectic Beaut",3,30,90]
["2014-03-21","Cecilia  Manning","South","Crested Beaut",2,24,48]
["2014-12-08","Brooke  Horton","MidWest","FlatTop",2,27.5,55]
["2013-12-08","Andrew  Meyer","West","Sunset",2,23.5,47]
["2014-12-05","Brooke  Horton","MidWest","Quad",3,33,99]
["2014-12-13","Felicia  Jennings","West","Crested Beaut",3,25,75]
["2013-12-17","Rachel  Gomez","MidWest","Sunshine",2,19.95,39.9]
["2013-12-23","Mable  Lindsey","West","Crested Beaut",3,25,75]
["2014-11-18","Lance  Yates","MidWest","Sunshine",3,19.95,59.85]
["2013-12-30","Lynette  Brewer","MidWest","Majectic Beaut",1,29,29]
["2013-12-05","Don  Gonzales","South","Carlota",2,22.95,45.9]
["2014-12-01","Robert  Munoz","MidWest","Carlota",2,22.95,45.9]
["2014-11-25","Shari  Silva","South","Crested Beaut",3,24,72]
["2014-10-30","Fernando  Rowe","West","Sunbell",3,25,75]
["2013-07-21","Marion  Glover","East","Bellen",3,21.95,65.849999999999994]
["2014-02-14","Tiffany  May","West","Sunshine",3,19.95,59.85]
["2014-12-19","Brooke  Horton","MidWest","Majectic Beaut",2,29,58]
["2013-12-19","Della  Jensen","East","Sunbell",3,23,69]
["2013-11-02","Della  Jensen","East","V-Rang",1,18,18]
["2013-03-25","Tiffany  May","West","Crested Beaut",3,25,75]
["2014-11-27","Trevor  Jones","West","Quad",1,34,34]
["2014-11-10","Cindy  Becker","South","Quad",3,33,99]
["2013-12-08","Shari  Silva","South","Sunbell",1,24,24]
["2014-11-25","Isabel  Cross","East","Sunbell",3,23,69]
["2013-12-20","Ruben  Nunez","West","Majectic Beaut",3,30,90]
["2013-12-15","Donna  Reid","West","Sunshine",1,19.95,19.95]
["2014-11-06","Ernest  Davis","West","Sunshine",1,19.95,19.95]
["2013-11-14","Cindy  Becker","South","Sunset",3,22.5,67.5]
["2014-11-04","Marian  Hill","South","Sunbell",20,22.8,456]
["2014-11-16","Patty  Thompson","West","Quad",3,34,102]
["2014-07-15","Della  Jensen","East","Sunbell",1,23,23]
["2013-12-29","Cindy  Becker","South","Quad",2,33,66]
["2014-02-13","Max  Rodgers","West","Quad",2,34,68]
["2013-07-28","Joey  Wong","West","Sunbell",3,25,75]
["2014-11-28","Ben  Perez","West","Quad",2,34,68]
["2014-12-07","Bethany  Pena","MidWest","Quad",1,33,33]
["2013-12-04","Blake  Bridges","South","Sunbell",1,24,24]
["2014-12-24","Sylvester  Morales","West","Sunset",2,23.5,47]
["2014-11-11","Isabel  Cross","East","Aspen",2,19,38]
["2013-11-04","Mable  Lindsey","West","Sunset",19,22.33,424.27]
["2014-12-16","Robert  Munoz","MidWest","Sunshine",2,19.95,39.9]
["2014-11-12","Jenny  Garcia","MidWest","Crested Beaut",2,24,48]
["2013-12-14","Christina  Fuller","West","Quad",3,34,102]
["2013-11-19","Ivan  Adkins","West","Carlota",4,22.95,91.8]
["2014-05-24","Drew  Rogers","MidWest","Carlota",2,22.95,45.9]
["2013-12-27","Patty  Thompson","West","Sunshine",2,19.95,39.9]
["2013-11-22","Bethany  Pena","MidWest","Quad",2,33,66]
["2014-12-12","Brooke  Horton","MidWest","Crested Beaut",3,24,72]
["2013-04-30","Jenny  Garcia","MidWest","Quad",2,33,66]
["2013-11-29","Billie  Chandler","MidWest","Sunset",2,23.5,47]
["2013-12-26","Bethany  Pena","MidWest","Doublers",2,79.95,159.9]
["2013-02-15","Pauline  Beck","West","Sunbell",3,25,75]
["2013-11-24","Johanna  Boone","South","Quad",2,33,66]
["2013-04-20","Bernadette  Page","MidWest","Carlota",1,22.95,22.95]
["2014-12-16","Allan  Ramos","MidWest","Carlota",1,22.95,22.95]
["2014-12-30","Brooke  Horton","MidWest","Sunbell",3,24,72]
["2013-12-12","Bethany  Pena","MidWest","Doublers",4,79.95,319.8]
["2014-11-08","Tracy  Reed","MidWest","Sunbell",2,24,48]
["2013-12-22","Ben  Perez","West","Bellen",1,22.95,22.95]
["2014-11-08","Rachel  Gomez","MidWest","Quad",3,33,99]
["2014-12-06","Dan  Peterson","MidWest","Bellen",2,22.95,45.9]
["2013-02-16","Ernest  Davis","West","Quad",2,34,68]
["2014-12-06","Allan  Ramos","MidWest","Doublers",2,79.95,159.9]
["2014-12-13","Christina  Fuller","West","Quad",1,34,34]
["2013-12-27","Cecilia  Manning","South","Sunshine",1,19.95,19.95]
["2013-11-22","Ivan  Adkins","West","Quad",17,32.299999999999997,549.1]
["2014-12-14","Sandra  Floyd","MidWest","Doublers",3,79.95,239.85]
["2014-11-17","Iris  Underwood","West","Carlota",3,22.95,68.849999999999994]
["2014-11-23","Edwin  Malone","East","Carlota",2,21.95,43.9]
["2013-12-02","Christina  Fuller","West","Quad",2,34,68]
["2014-11-29","Woodrow  Colon","South","Sunbell",1,24,24]
["2013-11-30","Edwin  Malone","East","Majectic Beaut",1,28,28]
["2014-12-29","Shari  Silva","South","Majectic Beaut",3,29,87]
["2013-02-03","Joey  Wong","West","Aspen",2,21,42]
["2013-12-10","Christy  Olson","West","Doublers",3,79.95,239.85]
["2014-11-25","Patty  Thompson","West","Sunshine",2,19.95,39.9]
["2014-11-09","Isabel  Cross","East","Aspen",2,19,38]
["2013-12-23","Isabel  Cross","East","Sunbell",2,23,46]
["2013-09-26","Arturo  Francis","East","Bellen",1,21.95,21.95]
["2014-12-01","Willie  Vega","MidWest","Aspen",3,20,60]
["2013-07-21","Robert  Munoz","MidWest","Quad",3,33,99]
["2014-11-29","Rachel  Gomez","MidWest","Sunbell",1,24,24]
["2013-05-19","Rachel  Gomez","MidWest","Carlota",2,22.95,45.9]
["2014-11-21","Johanna  Boone","South","Sunshine",5,19.95,99.75]
["2014-11-09","Isabel  Cross","East","Bellen",3,21.95,65.849999999999994]
["2014-11-08","Ernest  Davis","West","Quad",1,34,34]
["2013-07-19","Drew  Rogers","MidWest","Sunset",3,23.5,70.5]
["2013-02-09","Jaime  Pearson","MidWest","V-Rang",2,18,36]
["2014-12-19","Andrew  Meyer","West","Sunbell",3,25,75]
["2013-12-16","Jenny  Garcia","MidWest","Sunshine",2,19.95,39.9]
["2014-11-15","Cassandra  Franklin","MidWest","Carlota",2,22.95,45.9]
["2013-11-14","Guillermo  Potter","MidWest","Quad",2,33,66]
["2014-12-24","Brooke  Horton","MidWest","Crested Beaut",3,24,72]
["2013-11-23","Salvador  Bass","West","Quad",5,34,170]
["2013-11-15","Brooke  Horton","MidWest","Doublers",2,79.95,159.9]
["2013-12-14","Isabel  Cross","East","Sunbell",3,23,69]
["2014-11-07","Ellen  Weaver","South","Majectic Beaut",1,29,29]
["2013-12-27","Jenny  Garcia","MidWest","Sunbell",2,24,48]
["2014-12-05","Salvador  Bass","West","Majectic Beaut",2,30,60]
["2014-12-17","Della  Jensen","East","Quad",3,32,96]
["2014-12-25","Brooke  Horton","MidWest","Quad",3,33,99]
["2013-09-16","Colleen  Warren","West","Aspen",3,21,63]
["2014-11-01","Sylvester  Morales","West","Sunshine",3,19.95,59.85]
["2013-09-26","Donna  Reid","West","V-Rang",1,19,19]
["2014-11-07","Salvador  Bass","West","Carlota",19,21.8,414.2]
["2013-11-20","Don  Gonzales","South","Bellen",2,22.95,45.9]
["2013-11-28","Ivan  Adkins","West","Majectic Beaut",14,28.5,399]
["2013-12-30","Donna  Reid","West","Majectic Beaut",4,30,120]
["2014-11-15","Kyle  Carr","MidWest","Bellen",2,22.95,45.9]
["2014-12-21","Della  Jensen","East","Sunshine",3,18.95,56.85]
["2013-11-12","Patty  Thompson","West","Bellen",3,22.95,68.849999999999994]
["2014-11-27","Brooke  Horton","MidWest","Carlota",2,22.95,45.9]
["2014-12-21","Peter  Hodges","MidWest","Bellen",2,22.95,45.9]
["2014-12-23","Trevor  Jones","West","Carlota",1,22.95,22.95]
["2014-11-27","Max  Rodgers","West","Bellen",2,22.95,45.9]
["2013-11-26","Shari  Silva","South","Aspen",1,20,20]
["2014-02-01","Tiffany  May","West","Sunset",3,23.5,70.5]
["2013-12-06","Drew  Rogers","MidWest","Crested Beaut",3,24,72]
["2013-12-12","Shari  Silva","South","Sunbell",3,24,72]
["2013-11-19","Edwin  Malone","East","FlatTop",1,26.5,26.5]
["2013-12-06","Drew  Rogers","MidWest","Sunshine",3,19.95,59.85]
["2014-12-16","Robert  Munoz","MidWest","Bellen",1,22.95,22.95]
["2014-11-16","Elbert  Klein","South","Majectic Beaut",21,27.55,578.54999999999995]
["2014-09-09","Guillermo  Potter","MidWest","Carlota",1,22.95,22.95]
["2013-11-05","Isabel  Cross","East","Carlota",3,21.95,65.849999999999994]
["2014-11-24","Sonya  Mullins","East","Carlota",16,20.85,333.6]
["2014-11-06","Isabel  Cross","East","Doublers",2,75.95,151.9]
["2013-12-05","Willie  Vega","MidWest","Quad",2,33,66]
["2013-11-19","Tiffany  May","West","Bellen",1,22.95,22.95]
["2013-11-21","Nellie  Joseph","East","Carlota",3,21.95,65.849999999999994]
["2014-12-06","Max  Rodgers","West","Quad",22,32.299999999999997,710.6]
["2013-11-17","Iris  Underwood","West","Quad",2,34,68]
["2013-12-17","Fernando  Rowe","West","Majectic Beaut",3,30,90]
["2014-11-19","Ben  Perez","West","Quad",2,34,68]
["2014-12-29","Ivan  Adkins","West","Sunbell",3,25,75]
["2014-11-11","Sylvester  Morales","West","Sunbell",4,25,100]
["2014-12-28","Shari  Silva","South","Majectic Beaut",2,29,58]
["2013-07-08","Elaine  Ellis","South","Sunshine",1,19.95,19.95]
["2013-11-02","Shari  Silva","South","Aspen",2,20,40]
["2013-11-23","Brooke  Horton","MidWest","Majectic Beaut",3,29,87]
["2014-12-21","Trevor  Jones","West","Quad",3,34,102]
["2013-11-13","Marion  Glover","East","Sunset",24,21.38,513.12]
["2014-11-30","Eddie  Green","East","Majectic Beaut",1,28,28]
["2014-12-03","Lee  Mack","MidWest","Bellen",3,22.95,68.849999999999994]
["2013-03-01","Jenny  Garcia","MidWest","Majectic Beaut",24,27.55,661.2]
["2013-02-07","Jaime  Pearson","MidWest","Bellen",1,22.95,22.95]
["2014-12-05","Ellen  Weaver","South","Bellen",2,22.95,45.9]
["2014-02-09","Lance  Yates","MidWest","Bellen",1,22.95,22.95]
["2013-12-05","Fernando  Rowe","West","Doublers",2,79.95,159.9]
["2014-12-04","Salvador  Bass","West","Doublers",3,79.95,239.85]
["2014-11-05","Beth  Tucker","West","Carlota",2,22.95,45.9]
["2013-12-03","Cassandra  Franklin","MidWest","Majectic Beaut",1,29,29]
["2014-11-06","Brooke  Horton","MidWest","Doublers",3,79.95,239.85]
["2014-12-21","Beth  Tucker","West","Sunshine",2,19.95,39.9]
["2013-12-15","Christina  Fuller","West","Sunshine",3,19.95,59.85]
["2014-11-29","Felicia  Jennings","West","Doublers",3,79.95,239.85]
["2013-10-02","Robert  Munoz","MidWest","Carlota",2,22.95,45.9]
["2013-12-28","Christina  Fuller","West","Sunshine",1,19.95,19.95]
["2013-02-28","Jaime  Pearson","MidWest","Quad",2,33,66]
["2014-11-01","Isabel  Cross","East","Quad",3,32,96]
["2014-11-05","Bethany  Pena","MidWest","Carlota",2,22.95,45.9]
["2013-08-15","Andrew  Meyer","West","Crested Beaut",1,25,25]
["2013-12-17","Shari  Silva","South","Carlota",14,21.8,305.2]
["2013-11-27","Cassandra  Franklin","MidWest","Quad",6,33,198]
["2013-09-01","Trevor  Jones","West","Bellen",24,21.8,523.20000000000005]
["2013-09-06","Felicia  Jennings","West","Crested Beaut",2,25,50]
["2013-06-23","Drew  Rogers","MidWest","Sunset",23,22.33,513.59]
["2014-12-14","Rachel  Gomez","MidWest","Majectic Beaut",2,29,58]
["2014-10-29","Eddie  Green","East","Sunset",1,22.5,22.5]
["2013-04-29","Woodrow  Colon","South","Bellen",2,22.95,45.9]
["2014-12-08","Shari  Silva","South","Bellen",3,22.95,68.849999999999994]
["2014-11-17","Cassandra  Franklin","MidWest","Sunshine",3,19.95,59.85]
["2013-11-29","Cassandra  Franklin","MidWest","Crested Beaut",2,24,48]
["2014-08-27","Salvador  Bass","West","V-Rang",2,19,38]
["2013-01-27","Isabel  Cross","East","Quad",20,30.4,608]
["2013-11-01","Eric  Rose","West","Bellen",1,22.95,22.95]
["2013-11-29","Robert  Munoz","MidWest","Sunshine",2,19.95,39.9]
["2014-12-05","Rachel  Gomez","MidWest","Carlota",2,22.95,45.9]
["2014-12-21","Ben  Perez","West","Quad",1,34,34]
["2013-12-13","Blake  Bridges","South","Majectic Beaut",2,29,58]
["2013-11-03","Shari  Silva","South","Sunset",17,21.38,363.46]
["2014-12-11","Jaime  Pearson","MidWest","Quad",2,33,66]
["2014-07-22","Max  Rodgers","West","Carlota",2,22.95,45.9]
["2014-09-26","Joey  Wong","West","Sunshine",1,19.95,19.95]
["2013-11-06","Elaine  Ellis","South","Sunbell",2,24,48]
["2013-11-27","Brooke  Horton","MidWest","Sunshine",20,18.95,379]
["2014-12-04","Shari  Silva","South","Bellen",1,22.95,22.95]
["2014-02-19","Austin  Reynolds","East","Sunshine",2,18.95,37.9]
["2013-12-23","Brooke  Horton","MidWest","Sunset",1,23.5,23.5]
["2014-12-30","Allan  Ramos","MidWest","Quad",2,33,66]
["2014-12-12","Felicia  Jennings","West","Sunbell",2,25,50]
["2013-12-13","Charlie  Wood","MidWest","Aspen",3,20,60]
["2014-12-27","Jenny  Garcia","MidWest","Carlota",2,22.95,45.9]
["2013-11-04","Isabel  Cross","East","Sunbell",8,23,184]
["2014-12-08","Ellen  Weaver","South","Carlota",3,22.95,68.849999999999994]
["2014-09-26","Cindy  Becker","South","Bellen",2,22.95,45.9]
["2014-11-17","Isabel  Cross","East","Carlota",1,21.95,21.95]
["2014-12-22","Allan  Ramos","MidWest","Quad",3,33,99]
["2013-07-15","Paulette  Spencer","South","Carlota",1,22.95,22.95]
["2013-11-28","Felicia  Jennings","West","Quad",3,34,102]
["2014-11-01","Johanna  Boone","South","Aspen",4,20,80]
["2014-09-18","Ellen  Weaver","South","Sunshine",2,19.95,39.9]
["2013-03-28","Drew  Rogers","MidWest","Carlota",20,21.8,436]
["2013-12-22","Charlie  Wood","MidWest","Aspen",3,20,60]
["2013-10-19","Isabel  Cross","East","Doublers",3,75.95,227.85]
["2014-06-27","Robert  Munoz","MidWest","Sunbell",2,24,48]
["2014-12-25","Salvador  Bass","West","Sunshine",2,19.95,39.9]
["2014-11-25","Cecilia  Manning","South","Carlota",3,22.95,68.849999999999994]
["2013-11-09","Lance  Yates","MidWest","Majectic Beaut",2,29,58]
["2014-09-26","Cecilia  Manning","South","Quad",4,33,132]
["2014-12-27","Jaime  Pearson","MidWest","Bellen",4,22.95,91.8]
["2013-11-26","Billie  Chandler","MidWest","Sunshine",3,19.95,59.85]
["2014-01-28","Jenny  Garcia","MidWest","Sunset",3,23.5,70.5]
["2014-11-27","Drew  Rogers","MidWest","Crested Beaut",1,24,24]
["2013-12-28","Fernando  Rowe","West","Sunbell",5,25,125]
["2013-12-25","Isabel  Cross","East","Sunbell",1,23,23]
["2014-12-07","Donna  Reid","West","Carlota",2,22.95,45.9]
["2014-10-06","Sonya  Mullins","East","Quad",1,32,32]
["2013-11-28","Elaine  Ellis","South","Aspen",3,20,60]
["2013-12-21","Isabel  Cross","East","Sunbell",1,23,23]
["2013-11-15","Allan  Ramos","MidWest","Crested Beaut",2,24,48]
["2013-01-17","Max  Rodgers","West","Sunbell",3,25,75]
["2013-11-15","Eddie  Green","East","Sunshine",2,18.95,37.9]
["2014-10-25","Rachel  Gomez","MidWest","Carlota",2,22.95,45.9]
["2013-11-10","Sylvester  Morales","West","Bellen",4,22.95,91.8]
["2014-05-15","Cassandra  Franklin","MidWest","Sunshine",1,19.95,19.95]
["2014-11-17","Ivan  Adkins","West","Sunset",3,23.5,70.5]
["2014-12-27","Bobbie  Ryan","East","Bellen",3,21.95,65.849999999999994]
["2013-12-08","Cassandra  Franklin","MidWest","Sunshine",3,19.95,59.85]
["2013-12-26","Billie  Chandler","MidWest","Majectic Beaut",4,29,116]
["2013-05-28","Pauline  Beck","West","FlatTop",1,27.5,27.5]
["2014-01-12","Drew  Rogers","MidWest","Carlota",3,22.95,68.849999999999994]
["2013-11-10","Bobbie  Ryan","East","Bellen",2,21.95,43.9]
["2013-03-07","Iris  Underwood","West","Bellen",2,22.95,45.9]
["2014-11-26","Eddie  Green","East","Sunshine",1,18.95,18.95]
["2014-12-29","Max  Rodgers","West","Bellen",2,22.95,45.9]
["2014-09-07","Jenny  Garcia","MidWest","Aspen",3,20,60]
["2013-11-17","Lance  Yates","MidWest","Majectic Beaut",3,29,87]
["2014-12-24","Pauline  Beck","West","Sunshine",3,19.95,59.85]
["2014-12-24","Brooke  Horton","MidWest","Quad",2,33,66]
["2014-06-28","Tiffany  May","West","Sunbell",3,25,75]
["2013-11-28","Edwin  Malone","East","Sunshine",2,18.95,37.9]
["2013-12-02","Mable  Lindsey","West","Sunbell",2,25,50]
["2013-11-25","Salvador  Bass","West","Carlota",2,22.95,45.9]
["2014-09-02","Cindy  Becker","South","Carlota",2,22.95,45.9]
["2014-11-19","Ernest  Davis","West","V-Rang",2,19,38]
["2014-11-06","Brooke  Horton","MidWest","Carlota",1,22.95,22.95]
["2013-12-11","Brooke  Horton","MidWest","Carlota",3,22.95,68.849999999999994]
["2014-11-08","Drew  Rogers","MidWest","Sunshine",1,19.95,19.95]
["2013-12-19","Sandra  Floyd","MidWest","Sunshine",1,19.95,19.95]
["2014-08-04","Tiffany  May","West","Majectic Beaut",1,30,30]
["2014-12-11","Bethany  Pena","MidWest","Sunshine",3,19.95,59.85]
["2013-12-10","Robert  Munoz","MidWest","Carlota",1,22.95,22.95]
["2014-09-12","Drew  Rogers","MidWest","Sunshine",1,19.95,19.95]
["2014-12-30","Max  Rodgers","West","Crested Beaut",2,25,50]
["2014-12-07","Elvira  Bowman","MidWest","Majectic Beaut",2,29,58]
["2013-11-14","Iris  Underwood","West","Sunbell",2,25,50]
["2013-12-19","Drew  Rogers","MidWest","Doublers",3,79.95,239.85]
["2013-12-17","Shari  Silva","South","Sunbell",2,24,48]
["2014-12-20","Paulette  Spencer","South","Carlota",2,22.95,45.9]
["2014-11-16","Max  Rodgers","West","Bellen",2,22.95,45.9]
["2013-11-30","Rachel  Gomez","MidWest","Quad",1,33,33]
["2014-09-11","Max  Rodgers","West","FlatTop",2,27.5,55]
["2014-12-10","Robert  Munoz","MidWest","Quad",1,33,33]
["2014-12-08","Cecilia  Manning","South","Sunshine",2,19.95,39.9]
["2013-10-10","Donna  Reid","West","Bellen",2,22.95,45.9]
["2014-04-27","Arturo  Francis","East","Quad",2,32,64]
["2013-12-21","Bobbie  Ryan","East","Sunset",1,22.5,22.5]
["2013-12-04","Lynette  Brewer","MidWest","Quad",17,31.35,532.95000000000005]
["2013-12-09","Johanna  Boone","South","Quad",2,33,66]
["2014-05-27","Tracy  Reed","MidWest","Carlota",3,22.95,68.849999999999994]
["2014-09-03","Salvador  Bass","West","Sunset",1,23.5,23.5]
["2014-03-24","Elbert  Klein","South","Quad",1,33,33]
["2014-01-22","Eddie  Green","East","Sunset",1,22.5,22.5]
["2014-09-19","Ben  Perez","West","Quad",2,34,68]
["2013-12-09","Pauline  Beck","West","FlatTop",2,27.5,55]
["2013-04-20","Fernando  Rowe","West","Aspen",1,21,21]
["2014-10-06","Sonya  Mullins","East","Carlota",7,21.95,153.65]
["2013-03-29","Lorraine  Gibson","East","Quad",2,32,64]
["2014-12-07","Lee  Mack","MidWest","Sunbell",3,24,72]
["2014-11-12","Elbert  Klein","South","Sunshine",1,19.95,19.95]
["2013-12-28","Herman  Williams","East","Majectic Beaut",2,28,56]
["2014-12-30","Mable  Lindsey","West","Carlota",3,22.95,68.849999999999994]
["2013-10-19","Sonya  Mullins","East","Aspen",2,19,38]
["2013-12-28","Robert  Munoz","MidWest","Carlota",2,22.95,45.9]
["2013-12-02","Elaine  Ellis","South","Sunshine",4,19.95,79.8]
["2014-12-25","Brooke  Horton","MidWest","Majectic Beaut",1,29,29]
["2013-04-16","Joey  Wong","West","Sunshine",2,19.95,39.9]
["2013-07-05","Blake  Bridges","South","Carlota",3,22.95,68.849999999999994]
["2014-12-06","Max  Rodgers","West","Sunbell",3,25,75]
["2014-10-02","Isabel  Cross","East","Carlota",2,21.95,43.9]
["2013-11-13","Johanna  Boone","South","Quad",2,33,66]
["2014-12-12","Colleen  Warren","West","Quad",3,34,102]
["2014-11-13","Max  Rodgers","West","Majectic Beaut",3,30,90]
["2014-11-05","Sylvester  Morales","West","Sunshine",1,19.95,19.95]
["2013-12-09","Lynette  Brewer","MidWest","Majectic Beaut",19,27.55,523.45000000000005]
["2013-11-20","Edwin  Malone","East","Aspen",2,19,38]
["2013-11-14","Arturo  Francis","East","Sunshine",4,18.95,75.8]
["2014-12-25","Billie  Chandler","MidWest","Majectic Beaut",1,29,29]
["2014-12-28","Cecilia  Manning","South","Sunbell",3,24,72]
["2014-11-16","Blake  Bridges","South","Doublers",22,74.05,1629.1]
["2014-11-23","Andrew  Meyer","West","Sunshine",3,19.95,59.85]
["2013-08-07","Herman  Williams","East","V-Rang",2,18,36]
["2014-11-26","Brooke  Horton","MidWest","Majectic Beaut",2,29,58]
["2013-11-05","Mable  Lindsey","West","FlatTop",3,27.5,82.5]
["2014-12-21","Felicia  Jennings","West","V-Rang",13,18.05,234.65]
["2013-12-24","Robert  Munoz","MidWest","Sunset",2,23.5,47]
["2014-12-25","Edwin  Malone","East","Quad",3,32,96]
["2014-07-25","Robert  Munoz","MidWest","Sunshine",3,19.95,59.85]
["2013-11-01","Shari  Silva","South","Quad",2,33,66]
["2013-12-21","Elbert  Klein","South","Majectic Beaut",1,29,29]
["2013-11-01","Cassandra  Franklin","MidWest","Sunshine",2,19.95,39.9]
["2014-08-12","Guillermo  Potter","MidWest","Quad",2,33,66]
["2013-11-07","Dan  Peterson","MidWest","FlatTop",1,27.5,27.5]
["2013-12-11","Trevor  Jones","West","Sunshine",3,19.95,59.85]
["2014-05-23","Mable  Lindsey","West","Aspen",3,21,63]
["2014-12-18","Elbert  Klein","South","Sunbell",1,24,24]
["2013-11-30","Rachel  Gomez","MidWest","Bellen",2,22.95,45.9]
["2014-11-14","Edwin  Malone","East","Sunset",4,22.5,90]
["2013-11-22","Ruben  Nunez","West","Majectic Beaut",2,30,60]
["2013-03-18","Robert  Munoz","MidWest","Bellen",3,22.95,68.849999999999994]
["2014-07-15","Isabel  Cross","East","FlatTop",14,25.18,352.52]
["2013-12-15","Edwin  Malone","East","Majectic Beaut",2,28,56]
["2014-12-24","Cassandra  Franklin","MidWest","Sunbell",3,24,72]
["2014-08-12","Eddie  Green","East","Crested Beaut",1,23,23]
["2013-12-10","Brooke  Horton","MidWest","Sunshine",2,19.95,39.9]
["2014-12-05","Elaine  Ellis","South","Sunshine",2,19.95,39.9]
["2013-11-11","Beth  Tucker","West","Carlota",3,22.95,68.849999999999994]
["2014-11-09","Isabel  Cross","East","Sunshine",2,18.95,37.9]
["2014-11-12","Fernando  Rowe","West","Carlota",17,21.8,370.6]
["2014-12-30","Sandra  Floyd","MidWest","V-Rang",2,18,36]
["2013-11-21","Felicia  Jennings","West","Majectic Beaut",1,30,30]
["2013-12-17","Cecilia  Manning","South","Aspen",3,20,60]
["2013-03-25","Isabel  Cross","East","Bellen",2,21.95,43.9]
["2013-12-19","Christy  Olson","West","Aspen",1,21,21]
["2014-09-24","Marion  Glover","East","Quad",2,32,64]
["2013-05-22","Jaime  Pearson","MidWest","Quad",2,33,66]
["2014-12-16","Andrew  Meyer","West","Bellen",1,22.95,22.95]
["2013-11-17","Felicia  Jennings","West","Bellen",2,22.95,45.9]
["2014-11-23","Rachel  Gomez","MidWest","Aspen",3,20,60]
["2014-08-11","Felicia  Jennings","West","Carlota",10,22.95,229.5]
["2014-12-26","Rachel  Gomez","MidWest","Carlota",2,22.95,45.9]
["2014-11-15","Robert  Munoz","MidWest","Sunshine",2,19.95,39.9]
["2013-11-15","Cecilia  Manning","South","Bellen",2,22.95,45.9]
["2013-05-01","Robert  Munoz","MidWest","Bellen",3,22.95,68.849999999999994]
["2013-12-24","Johanna  Boone","South","Quad",3,33,99]
["2014-12-14","Fernando  Rowe","West","Quad",3,34,102]
["2014-10-29","Drew  Rogers","MidWest","Quad",1,33,33]
["2013-12-18","Kyle  Carr","MidWest","Bellen",1,22.95,22.95]
["2014-12-23","Cassandra  Franklin","MidWest","Carlota",3,22.95,68.849999999999994]
["2013-12-04","Robert  Munoz","MidWest","Aspen",3,20,60]
["2013-12-07","Brooke  Horton","MidWest","Quad",1,33,33]
["2013-05-12","Ellen  Weaver","South","V-Rang",1,18,18]
["2013-11-18","Sylvester  Morales","West","Crested Beaut",2,25,50]
["2014-11-21","Cassandra  Franklin","MidWest","Sunshine",2,19.95,39.9]
["2013-11-07","Max  Rodgers","West","Sunshine",3,19.95,59.85]
["2014-12-18","Rachel  Gomez","MidWest","V-Rang",17,17.100000000000001,290.7]
["2013-11-30","Bethany  Pena","MidWest","Sunbell",21,22.8,478.8]
["2014-07-09","Colleen  Warren","West","Bellen",2,22.95,45.9]
["2014-11-29","Rachel  Gomez","MidWest","Bellen",19,21.8,414.2]
["2014-11-29","Kyle  Carr","MidWest","Sunshine",1,19.95,19.95]
["2014-05-17","Lorraine  Gibson","East","Majectic Beaut",1,28,28]
["2014-11-25","Peter  Hodges","MidWest","Bellen",3,22.95,68.849999999999994]
["2013-12-29","Peter  Hodges","MidWest","Bellen",2,22.95,45.9]
["2013-08-01","Tracy  Reed","MidWest","Quad",3,33,99]
["2013-09-01","Lorraine  Gibson","East","Quad",4,32,128]
["2014-11-22","Drew  Rogers","MidWest","Doublers",1,79.95,79.95]
["2013-10-02","Shari  Silva","South","Bellen",2,22.95,45.9]
["2013-06-03","Patty  Thompson","West","Quad",1,34,34]
["2014-09-05","Cassandra  Franklin","MidWest","FlatTop",3,27.5,82.5]
["2014-11-21","Shari  Silva","South","Sunbell",1,24,24]
["2013-05-14","Cecilia  Manning","South","Majectic Beaut",1,29,29]
["2013-11-26","Della  Jensen","East","Sunshine",3,18.95,56.85]
["2013-11-08","Donna  Reid","West","Sunbell",2,25,50]
["2014-08-05","Eric  Rose","West","Crested Beaut",2,25,50]
["2013-11-22","Shari  Silva","South","Sunshine",4,19.95,79.8]
["2014-11-02","Salvador  Bass","West","Majectic Beaut",22,28.5,627]
["2013-12-11","Trevor  Jones","West","Quad",2,34,68]
["2013-09-12","Sonya  Mullins","East","Majectic Beaut",1,28,28]
["2013-11-18","Elaine  Ellis","South","Sunbell",1,24,24]
["2014-08-23","Mable  Lindsey","West","Bellen",3,22.95,68.849999999999994]
["2014-12-30","Allan  Ramos","MidWest","Sunset",16,22.33,357.28]
["2013-04-26","Kyle  Carr","MidWest","Aspen",19,19,361]
["2014-12-08","Elvira  Bowman","MidWest","Bellen",2,22.95,45.9]
["2013-02-12","Trevor  Jones","West","V-Rang",1,19,19]
["2014-12-05","Max  Rodgers","West","Bellen",3,22.95,68.849999999999994]
["2013-11-01","Shari  Silva","South","Majectic Beaut",1,29,29]
["2013-11-26","Elbert  Klein","South","Quad",4,33,132]
["2013-11-25","Lee  Mack","MidWest","Carlota",2,22.95,45.9]
["2014-11-05","Ruben  Nunez","West","Quad",2,34,68]
["2014-08-28","Bernadette  Page","MidWest","Quad",3,33,99]
["2013-12-14","Lula  Daniels","MidWest","Quad",3,33,99]
["2014-04-25","Sonya  Mullins","East","Sunbell",3,23,69]
["2013-03-04","Elvira  Bowman","MidWest","Quad",2,33,66]
["2013-11-16","Fernando  Rowe","West","Sunshine",4,19.95,79.8]
["2014-11-27","Salvador  Bass","West","V-Rang",3,19,57]
["2014-11-23","Cindy  Becker","South","Bellen",2,22.95,45.9]
["2013-11-30","Tracy  Reed","MidWest","Sunshine",1,19.95,19.95]
["2014-07-28","Salvador  Bass","West","Quad",2,34,68]
["2013-11-14","Mable  Lindsey","West","Carlota",3,22.95,68.849999999999994]
["2013-07-15","Billie  Chandler","MidWest","Doublers",1,79.95,79.95]
["2013-12-23","Edwin  Malone","East","FlatTop",3,26.5,79.5]
["2014-12-25","Guillermo  Potter","MidWest","Aspen",1,20,20]
["2013-11-29","Herman  Williams","East","Sunbell",4,23,92]
["2013-11-27","Ernest  Davis","West","Quad",4,34,136]
["2013-06-28","Bobbie  Ryan","East","Sunset",19,21.38,406.22]
["2014-12-29","Arturo  Francis","East","Carlota",1,21.95,21.95]
["2013-12-21","Trevor  Jones","West","Sunset",4,23.5,94]
["2013-07-24","Lula  Daniels","MidWest","Quad",3,33,99]
["2014-12-03","Marian  Hill","South","Bellen",2,22.95,45.9]
["2014-11-14","Ben  Perez","West","Bellen",1,22.95,22.95]
["2014-12-02","Eddie  Green","East","Sunshine",2,18.95,37.9]
["2013-05-12","Edwin  Malone","East","Quad",1,32,32]
["2013-01-11","Mable  Lindsey","West","FlatTop",19,26.13,496.47]
["2014-11-25","Mable  Lindsey","West","Carlota",3,22.95,68.849999999999994]
["2013-05-12","Christy  Olson","West","Carlota",2,22.95,45.9]
["2014-03-22","Isabel  Cross","East","Sunshine",1,18.95,18.95]
["2014-11-19","Fernando  Rowe","West","V-Rang",3,19,57]
["2014-12-06","Peter  Hodges","MidWest","Sunshine",8,19.95,159.6]
["2014-11-24","Drew  Rogers","MidWest","Quad",4,33,132]
["2014-12-31","Lynette  Brewer","MidWest","Sunshine",18,18.95,341.1]
["2013-12-16","Isabel  Cross","East","Sunbell",1,23,23]
["2014-04-01","Max  Rodgers","West","Crested Beaut",2,25,50]
["2014-12-02","Max  Rodgers","West","Quad",3,34,102]
["2013-12-10","Lee  Mack","MidWest","Quad",2,33,66]
["2014-12-14","Edwin  Malone","East","Majectic Beaut",1,28,28]
["2014-12-11","Rachel  Gomez","MidWest","Sunset",1,23.5,23.5]
["2014-11-20","Della  Jensen","East","Crested Beaut",3,23,69]
["2014-11-01","Edwin  Malone","East","Sunbell",3,23,69]
["2013-12-25","Robert  Munoz","MidWest","FlatTop",1,27.5,27.5]
["2014-12-19","Arturo  Francis","East","Aspen",1,19,19]
["2013-11-13","Salvador  Bass","West","V-Rang",2,19,38]
["2013-11-25","Max  Rodgers","West","Aspen",2,21,42]
["2014-11-30","Lynette  Brewer","MidWest","Sunbell",2,24,48]
["2013-05-03","Arturo  Francis","East","Aspen",3,19,57]
["2013-06-28","Dan  Peterson","MidWest","Aspen",3,20,60]
["2013-11-09","Paulette  Spencer","South","Carlota",3,22.95,68.849999999999994]
["2014-12-29","Rachel  Gomez","MidWest","Sunbell",3,24,72]
["2014-07-11","Andrew  Meyer","West","Quad",2,34,68]
["2014-12-09","Willie  Vega","MidWest","Bellen",1,22.95,22.95]
["2013-12-28","Trevor  Jones","West","V-Rang",3,19,57]
["2013-12-28","Ellen  Weaver","South","Sunbell",4,24,96]
["2013-12-28","Salvador  Bass","West","Carlota",3,22.95,68.849999999999994]
["2014-12-25","Trevor  Jones","West","Sunshine",3,19.95,59.85]
["2013-11-22","Robert  Munoz","MidWest","Doublers",2,79.95,159.9]
["2014-11-02","Christy  Olson","West","Quad",2,34,68]
["2014-11-12","Felicia  Jennings","West","FlatTop",1,27.5,27.5]
["2013-11-18","Marion  Glover","East","FlatTop",3,26.5,79.5]
["2013-11-14","Salvador  Bass","West","Sunshine",3,19.95,59.85]
["2014-09-30","Carla  Mccormick","MidWest","Sunshine",2,19.95,39.9]
["2013-11-17","Lula  Daniels","MidWest","Carlota",1,22.95,22.95]
["2014-12-16","Willie  Vega","MidWest","Quad",4,33,132]
["2014-11-04","Salvador  Bass","West","Doublers",2,79.95,159.9]
["2014-12-03","Bobbie  Ryan","East","Quad",3,32,96]
["2014-12-06","Della  Jensen","East","Crested Beaut",3,23,69]
["2013-11-02","Lula  Daniels","MidWest","Carlota",2,22.95,45.9]
["2013-05-07","Max  Rodgers","West","Quad",2,34,68]
["2014-11-21","Andrew  Meyer","West","Sunbell",4,25,100]
["2014-03-17","Iris  Underwood","West","Bellen",2,22.95,45.9]
["2013-11-23","Salvador  Bass","West","Bellen",3,22.95,68.849999999999994]
["2014-06-17","Blake  Bridges","South","Quad",17,31.35,532.95000000000005]
["2013-12-19","Shari  Silva","South","Bellen",2,22.95,45.9]
["2014-12-30","Bethany  Pena","MidWest","Bellen",2,22.95,45.9]
["2014-12-08","Paulette  Spencer","South","Crested Beaut",5,24,120]
["2014-11-23","Rachel  Gomez","MidWest","Carlota",2,22.95,45.9]
["2014-11-26","Mable  Lindsey","West","Doublers",2,79.95,159.9]
["2013-12-22","Isabel  Cross","East","Quad",4,32,128]
["2014-11-08","Charlie  Wood","MidWest","Quad",1,33,33]
["2014-06-20","Salvador  Bass","West","Sunshine",1,19.95,19.95]
["2014-04-01","Patty  Thompson","West","Quad",2,34,68]
["2014-11-17","Cassandra  Franklin","MidWest","Sunbell",7,24,168]
["2014-12-25","Elbert  Klein","South","Quad",3,33,99]
["2014-02-24","Brooke  Horton","MidWest","Sunbell",1,24,24]
["2014-11-08","Tiffany  May","West","Majectic Beaut",3,30,90]
["2013-12-17","Sonya  Mullins","East","Sunbell",1,23,23]
["2014-09-06","Elbert  Klein","South","Quad",2,33,66]
["2014-12-28","Max  Rodgers","West","Sunbell",1,25,25]
["2013-11-07","Rachel  Gomez","MidWest","Quad",1,33,33]
["2014-12-24","Charlie  Wood","MidWest","Crested Beaut",2,24,48]
["2013-12-07","Shari  Silva","South","Quad",2,33,66]
["2013-12-27","Pauline  Beck","West","V-Rang",2,19,38]
["2014-01-16","Paulette  Spencer","South","Bellen",2,22.95,45.9]
["2014-11-23","Paulette  Spencer","South","Doublers",1,77.95,77.95]
["2014-12-20","Woodrow  Colon","South","FlatTop",3,26.5,79.5]
["2014-12-13","Trevor  Jones","West","Quad",2,34,68]
["2013-01-14","Cassandra  Franklin","MidWest","Carlota",4,22.95,91.8]
["2014-03-11","Joey  Wong","West","Quad",4,34,136]
["2013-12-26","Cassandra  Franklin","MidWest","Quad",2,33,66]
["2013-03-19","Marion  Glover","East","Sunshine",1,18.95,18.95]
["2013-11-16","Cassandra  Franklin","MidWest","Crested Beaut",3,24,72]
["2014-12-21","Ellen  Weaver","South","Bellen",2,22.95,45.9]
["2014-11-28","Cassandra  Franklin","MidWest","Aspen",2,20,40]
["2014-11-18","Rachel  Gomez","MidWest","Sunbell",3,24,72]
["2013-11-23","Carla  Mccormick","MidWest","Sunset",1,23.5,23.5]
["2013-09-10","Marion  Glover","East","Majectic Beaut",4,28,112]
["2014-07-11","Iris  Underwood","West","Quad",2,34,68]
["2014-11-18","Edwin  Malone","East","Bellen",2,21.95,43.9]
["2013-11-09","Kyle  Carr","MidWest","Crested Beaut",3,24,72]
["2014-03-25","Kyle  Carr","MidWest","Quad",2,33,66]
["2014-12-11","Arturo  Francis","East","FlatTop",2,26.5,53]
["2014-12-02","Mable  Lindsey","West","Carlota",2,22.95,45.9]
["2013-09-20","Rachel  Gomez","MidWest","Majectic Beaut",2,29,58]
["2013-08-01","Max  Rodgers","West","Crested Beaut",3,25,75]
["2013-11-01","Patty  Thompson","West","Bellen",2,22.95,45.9]
["2014-02-15","Marian  Hill","South","Majectic Beaut",4,29,116]
["2013-12-24","Mable  Lindsey","West","FlatTop",1,27.5,27.5]
["2014-11-18","Pauline  Beck","West","Carlota",24,21.8,523.20000000000005]
["2013-12-16","Isabel  Cross","East","Majectic Beaut",3,28,84]
["2014-11-23","Elbert  Klein","South","Carlota",2,22.95,45.9]
["2013-12-18","Salvador  Bass","West","Crested Beaut",17,23.75,403.75]
["2013-11-21","Cecilia  Manning","South","Sunbell",2,24,48]
["2014-11-16","Salvador  Bass","West","Sunbell",1,25,25]
["2014-11-16","Charlie  Wood","MidWest","Bellen",1,22.95,22.95]
["2014-11-23","Lorraine  Gibson","East","Carlota",3,21.95,65.849999999999994]
["2013-11-11","Brooke  Horton","MidWest","V-Rang",2,18,36]
["2014-11-14","Lee  Mack","MidWest","Sunset",5,23.5,117.5]
["2014-10-23","Cassandra  Franklin","MidWest","Majectic Beaut",3,29,87]
["2014-12-29","Cassandra  Franklin","MidWest","Aspen",2,20,40]
["2013-04-07","Cassandra  Franklin","MidWest","Quad",3,33,99]
["2014-02-14","Salvador  Bass","West","Crested Beaut",2,25,50]
["2013-12-23","Nellie  Joseph","East","Aspen",3,19,57]
["2014-11-02","Charlie  Wood","MidWest","Sunbell",1,24,24]
["2013-11-20","Cassandra  Franklin","MidWest","Majectic Beaut",2,29,58]
["2014-11-09","Cassandra  Franklin","MidWest","Sunbell",1,24,24]
["2013-11-19","Della  Jensen","East","Sunbell",1,23,23]
["2014-12-23","Cindy  Becker","South","Doublers",3,77.95,233.85]
["2013-12-18","Drew  Rogers","MidWest","Sunset",4,23.5,94]
["2014-11-25","Edwin  Malone","East","Crested Beaut",3,23,69]
["2014-07-23","Ben  Perez","West","Quad",3,34,102]
["2014-03-27","Della  Jensen","East","Sunset",1,22.5,22.5]
["2013-05-18","Shari  Silva","South","Sunshine",2,19.95,39.9]
["2014-11-18","Max  Rodgers","West","Quad",2,34,68]
["2014-11-13","Lula  Daniels","MidWest","Sunbell",3,24,72]
["2014-12-08","Sylvester  Morales","West","Aspen",3,21,63]
["2014-12-13","Ellen  Weaver","South","Sunshine",10,19.95,199.5]
["2013-12-29","Della  Jensen","East","Sunbell",2,23,46]
["2014-12-02","Della  Jensen","East","Sunbell",2,23,46]
["2013-11-19","Lynette  Brewer","MidWest","Carlota",3,22.95,68.849999999999994]
["2014-11-13","Nellie  Joseph","East","Sunbell",2,23,46]
["2014-11-05","Isabel  Cross","East","Quad",2,32,64]
["2014-12-23","Marian  Hill","South","Carlota",2,22.95,45.9]
["2013-03-18","Elaine  Ellis","South","FlatTop",1,26.5,26.5]
["2014-12-15","Max  Rodgers","West","FlatTop",2,27.5,55]
["2013-11-10","Drew  Rogers","MidWest","FlatTop",3,27.5,82.5]
["2013-11-02","Elvira  Bowman","MidWest","Sunshine",21,18.95,397.95]
["2014-11-26","Della  Jensen","East","Bellen",4,21.95,87.8]
["2013-12-19","Ruben  Nunez","West","Bellen",2,22.95,45.9]
["2014-12-30","Cindy  Becker","South","Aspen",3,20,60]
["2013-11-05","Marion  Glover","East","Carlota",1,21.95,21.95]
["2014-11-25","Edwin  Malone","East","Sunshine",7,18.95,132.65]
["2013-12-19","Ernest  Davis","West","Sunshine",1,19.95,19.95]
["2014-11-23","Johanna  Boone","South","Quad",1,33,33]
["2014-12-25","Della  Jensen","East","Quad",3,32,96]
["2013-12-02","Tracy  Reed","MidWest","Majectic Beaut",2,29,58]
["2014-12-07","Paulette  Spencer","South","V-Rang",2,18,36]
["2014-04-19","Herman  Williams","East","Sunshine",18,18,324]
["2014-12-03","Paulette  Spencer","South","Doublers",4,77.95,311.8]
["2013-11-11","Marion  Glover","East","Carlota",2,21.95,43.9]
["2014-12-27","Della  Jensen","East","Bellen",1,21.95,21.95]
["2014-10-30","Fernando  Rowe","West","Sunbell",1,25,25]
["2014-12-23","Ernest  Davis","West","Quad",2,34,68]
["2014-05-26","Elvira  Bowman","MidWest","Quad",1,33,33]
["2013-11-05","Robert  Munoz","MidWest","Sunbell",2,24,48]
["2014-12-03","Rachel  Gomez","MidWest","Quad",1,33,33]
["2013-11-12","Cassandra  Franklin","MidWest","Aspen",2,20,40]
["2014-12-29","Carla  Mccormick","MidWest","Aspen",9,20,180]
["2013-11-08","Max  Rodgers","West","Bellen",2,22.95,45.9]
["2013-11-14","Ellen  Weaver","South","Sunbell",3,24,72]
["2014-11-23","Max  Rodgers","West","Crested Beaut",1,25,25]
["2013-12-07","Max  Rodgers","West","Sunset",3,23.5,70.5]
["2014-11-30","Paulette  Spencer","South","Sunbell",3,24,72]
["2013-12-23","Robert  Munoz","MidWest","Doublers",2,79.95,159.9]
["2013-12-22","Robert  Munoz","MidWest","Crested Beaut",3,24,72]
["2014-11-18","Lance  Yates","MidWest","Sunshine",1,19.95,19.95]
["2013-03-08","Joey  Wong","West","Crested Beaut",1,25,25]
["2013-12-24","Jenny  Garcia","MidWest","Carlota",2,22.95,45.9]
["2014-12-15","Trevor  Jones","West","Sunset",1,23.5,23.5]
["2013-11-16","Salvador  Bass","West","Sunshine",18,18.95,341.1]
["2013-11-01","Iris  Underwood","West","Sunshine",1,19.95,19.95]
["2013-11-18","Trevor  Jones","West","Aspen",16,19.95,319.2]
["2014-06-09","Guillermo  Potter","MidWest","Quad",1,33,33]
["2014-06-09","Tracy  Reed","MidWest","Carlota",2,22.95,45.9]
["2014-12-26","Cindy  Becker","South","Quad",3,33,99]
["2013-12-05","Max  Rodgers","West","Carlota",2,22.95,45.9]
["2014-11-19","Trevor  Jones","West","Sunbell",2,25,50]
["2014-11-30","Cecilia  Manning","South","Sunshine",4,19.95,79.8]
["2014-12-22","Ruben  Nunez","West","Carlota",3,22.95,68.849999999999994]
["2014-07-07","Rachel  Gomez","MidWest","Carlota",23,21.8,501.4]
["2014-11-01","Christy  Olson","West","Sunbell",3,25,75]
["2014-11-08","Max  Rodgers","West","Sunshine",1,19.95,19.95]
["2013-07-23","Carla  Mccormick","MidWest","Sunset",2,23.5,47]
["2013-12-01","Jenny  Garcia","MidWest","Sunbell",3,24,72]
["2014-11-27","Rachel  Gomez","MidWest","Sunset",1,23.5,23.5]
["2013-12-18","Woodrow  Colon","South","Carlota",3,22.95,68.849999999999994]
["2014-12-20","Trevor  Jones","West","Majectic Beaut",1,30,30]
["2013-12-24","Beth  Tucker","West","Quad",8,34,272]
["2013-11-22","Bernadette  Page","MidWest","Quad",1,33,33]
["2013-12-27","Mable  Lindsey","West","Sunbell",3,25,75]
["2014-12-03","Jenny  Garcia","MidWest","Sunset",3,23.5,70.5]
["2014-11-23","Woodrow  Colon","South","Bellen",2,22.95,45.9]
["2014-11-08","Eric  Rose","West","Quad",1,34,34]
["2014-11-05","Ernest  Davis","West","V-Rang",2,19,38]
["2014-11-03","Rachel  Gomez","MidWest","Aspen",2,20,40]
["2013-11-08","Dan  Peterson","MidWest","Sunset",1,23.5,23.5]
["2013-12-13","Nellie  Joseph","East","Sunbell",19,21.85,415.15]
["2013-12-03","Edwin  Malone","East","Majectic Beaut",1,28,28]
["2013-11-01","Trevor  Jones","West","Bellen",2,22.95,45.9]
["2013-11-07","Patty  Thompson","West","Sunbell",1,25,25]
["2014-11-07","Jenny  Garcia","MidWest","Sunbell",2,24,48]
["2013-12-27","Bobbie  Ryan","East","Sunshine",2,18.95,37.9]
["2014-11-14","Billie  Chandler","MidWest","Carlota",2,22.95,45.9]
["2013-05-30","Salvador  Bass","West","FlatTop",2,27.5,55]
["2014-12-21","Tiffany  May","West","Majectic Beaut",2,30,60]
["2013-11-17","Kyle  Carr","MidWest","Bellen",1,22.95,22.95]
["2014-12-23","Ellen  Weaver","South","Bellen",2,22.95,45.9]
["2014-11-21","Edwin  Malone","East","Quad",2,32,64]
["2014-11-15","Elvira  Bowman","MidWest","Aspen",2,20,40]
["2014-12-20","Brooke  Horton","MidWest","Quad",4,33,132]
["2014-11-22","Eddie  Green","East","Sunset",1,22.5,22.5]
["2014-12-01","Tiffany  May","West","Quad",3,34,102]
["2014-11-08","Willie  Vega","MidWest","Quad",1,33,33]
["2013-12-30","Joey  Wong","West","Doublers",2,79.95,159.9]
["2014-07-20","Ellen  Weaver","South","Sunshine",1,19.95,19.95]
["2013-11-03","Sylvester  Morales","West","Quad",2,34,68]
["2013-05-01","Ivan  Adkins","West","Sunbell",3,25,75]
["2013-12-01","Colleen  Warren","West","FlatTop",1,27.5,27.5]
["2013-06-14","Colleen  Warren","West","Quad",3,34,102]
["2014-11-30","Cassandra  Franklin","MidWest","Sunshine",2,19.95,39.9]
["2013-12-26","Robert  Munoz","MidWest","Bellen",3,22.95,68.849999999999994]
["2013-11-25","Rachel  Gomez","MidWest","Carlota",4,22.95,91.8]
["2014-11-14","Bernadette  Page","MidWest","Sunshine",2,19.95,39.9]
["2014-11-10","Brooke  Horton","MidWest","Aspen",2,20,40]
["2013-11-16","Jaime  Pearson","MidWest","Sunbell",3,24,72]
["2014-11-02","Cassandra  Franklin","MidWest","Bellen",13,21.8,283.39999999999998]
["2014-11-05","Allan  Ramos","MidWest","Aspen",1,20,20]
["2013-11-02","Woodrow  Colon","South","Quad",3,33,99]
["2014-12-13","Cecilia  Manning","South","Bellen",1,22.95,22.95]
["2013-11-03","Isabel  Cross","East","Bellen",3,21.95,65.849999999999994]
["2014-12-25","Ernest  Davis","West","Sunset",21,22.33,468.93]
["2013-12-20","Christina  Fuller","West","Bellen",15,21.8,327]
["2014-06-26","Christina  Fuller","West","Bellen",2,22.95,45.9]
["2013-11-12","Max  Rodgers","West","Sunbell",1,25,25]
["2014-11-12","Elvira  Bowman","MidWest","Bellen",12,21.8,261.60000000000002]
["2013-11-28","Don  Gonzales","South","Bellen",2,22.95,45.9]
["2014-06-28","Shari  Silva","South","Sunset",1,22.5,22.5]
["2013-01-13","Lula  Daniels","MidWest","Carlota",2,22.95,45.9]
["2013-12-13","Ben  Perez","West","Quad",3,34,102]
["2014-11-03","Cassandra  Franklin","MidWest","Carlota",1,22.95,22.95]
["2013-12-21","Felicia  Jennings","West","Bellen",2,22.95,45.9]
["2013-06-25","Eric  Rose","West","Carlota",2,22.95,45.9]
["2013-05-18","Patty  Thompson","West","Sunset",3,23.5,70.5]
["2014-11-26","Robert  Munoz","MidWest","Sunbell",3,24,72]
["2013-12-18","Cassandra  Franklin","MidWest","Sunshine",1,19.95,19.95]
["2014-12-14","Brooke  Horton","MidWest","Majectic Beaut",3,29,87]
["2014-11-21","Brooke  Horton","MidWest","Majectic Beaut",1,29,29]
["2014-12-09","Della  Jensen","East","Sunshine",1,18.95,18.95]
["2013-12-29","Carla  Mccormick","MidWest","Carlota",3,22.95,68.849999999999994]
["2014-02-10","Isabel  Cross","East","FlatTop",3,26.5,79.5]
["2014-09-24","Edwin  Malone","East","Crested Beaut",2,23,46]
["2014-11-06","Charlie  Wood","MidWest","Sunshine",2,19.95,39.9]
["2014-12-13","Elaine  Ellis","South","Sunshine",2,19.95,39.9]
["2013-12-23","Cassandra  Franklin","MidWest","Sunset",4,23.5,94]
["2013-11-19","Edwin  Malone","East","Sunset",3,22.5,67.5]
["2014-11-22","Rachel  Gomez","MidWest","Bellen",19,21.8,414.2]
["2013-12-29","Marion  Glover","East","Quad",2,32,64]
["2013-12-21","Ruben  Nunez","West","Majectic Beaut",2,30,60]
["2014-12-17","Robert  Munoz","MidWest","Sunbell",4,24,96]
["2013-11-25","Joey  Wong","West","Bellen",22,21.8,479.6]
["2013-08-25","Donna  Reid","West","Sunset",2,23.5,47]
["2013-02-28","Kyle  Carr","MidWest","Sunshine",3,19.95,59.85]
["2014-12-07","Pauline  Beck","West","FlatTop",3,27.5,82.5]
["2014-12-26","Christy  Olson","West","Bellen",1,22.95,22.95]
["2013-01-12","Cecilia  Manning","South","Sunset",2,22.5,45]
["2013-12-29","Cassandra  Franklin","MidWest","Quad",3,33,99]
["2014-11-07","Don  Gonzales","South","Majectic Beaut",2,29,58]
["2014-11-28","Isabel  Cross","East","Crested Beaut",4,23,92]
["2014-12-21","Billie  Chandler","MidWest","Aspen",2,20,40]
["2014-12-23","Cassandra  Franklin","MidWest","Sunset",3,23.5,70.5]
["2014-12-04","Bethany  Pena","MidWest","Aspen",2,20,40]
["2014-09-28","Rachel  Gomez","MidWest","Crested Beaut",3,24,72]
["2014-12-15","Jaime  Pearson","MidWest","Majectic Beaut",3,29,87]
["2013-11-06","Della  Jensen","East","Majectic Beaut",2,28,56]
["2014-11-28","Pauline  Beck","West","Quad",2,34,68]
["2013-11-11","Kyle  Carr","MidWest","Carlota",2,22.95,45.9]
["2013-11-01","Andrew  Meyer","West","Sunbell",2,25,50]
["2014-12-14","Sandra  Floyd","MidWest","Quad",22,31.35,689.7]
["2013-11-06","Brooke  Horton","MidWest","Quad",1,33,33]
["2014-11-13","Paulette  Spencer","South","Majectic Beaut",3,29,87]
["2014-07-18","Rachel  Gomez","MidWest","Sunbell",1,24,24]
["2014-08-30","Colleen  Warren","West","Carlota",3,22.95,68.849999999999994]
["2013-11-06","Max  Rodgers","West","Majectic Beaut",1,30,30]
["2014-09-10","Nellie  Joseph","East","Carlota",2,21.95,43.9]
["2013-11-03","Bernadette  Page","MidWest","Majectic Beaut",2,29,58]
["2014-11-19","Brooke  Horton","MidWest","Sunshine",2,19.95,39.9]
["2014-11-27","Shari  Silva","South","Quad",2,33,66]
["2014-12-22","Lula  Daniels","MidWest","Quad",1,33,33]
["2014-12-01","Ruben  Nunez","West","Crested Beaut",1,25,25]
["2014-11-09","Willie  Vega","MidWest","Quad",1,33,33]
["2014-09-04","Jaime  Pearson","MidWest","Sunshine",15,18.95,284.25]
["2014-11-12","Willie  Vega","MidWest","Sunbell",2,24,48]
["2014-01-13","Rachel  Gomez","MidWest","Carlota",2,22.95,45.9]
["2013-07-13","Salvador  Bass","West","Aspen",2,21,42]
["2013-11-01","Della  Jensen","East","Sunbell",1,23,23]
["2014-08-09","Jaime  Pearson","MidWest","Bellen",2,22.95,45.9]
["2014-11-30","Andrew  Meyer","West","Quad",2,34,68]
["2014-10-23","Cecilia  Manning","South","Sunshine",3,19.95,59.85]
["2013-12-27","Joey  Wong","West","Sunset",3,23.5,70.5]
["2013-12-14","Tiffany  May","West","Doublers",3,79.95,239.85]
["2014-11-03","Lorraine  Gibson","East","Carlota",1,21.95,21.95]
["2014-12-02","Max  Rodgers","West","Aspen",2,21,42]
["2013-12-12","Lance  Yates","MidWest","Sunbell",3,24,72]
["2013-07-17","Max  Rodgers","West","Quad",2,34,68]
["2014-12-24","Eddie  Green","East","Quad",1,32,32]
["2013-12-09","Shari  Silva","South","V-Rang",4,18,72]
["2014-02-18","Woodrow  Colon","South","Quad",15,31.35,470.25]
["2014-02-18","Della  Jensen","East","Aspen",3,19,57]
["2013-12-20","Brooke  Horton","MidWest","Quad",2,33,66]
["2013-12-13","Robert  Munoz","MidWest","Bellen",3,22.95,68.849999999999994]
["2014-02-02","Max  Rodgers","West","V-Rang",2,19,38]
["2014-11-18","Guillermo  Potter","MidWest","Sunset",2,23.5,47]
["2013-12-03","Cassandra  Franklin","MidWest","Sunset",1,23.5,23.5]
["2013-11-30","Colleen  Warren","West","Carlota",4,22.95,91.8]
["2014-12-31","Felicia  Jennings","West","Aspen",3,21,63]
["2014-11-01","Ivan  Adkins","West","Carlota",3,22.95,68.849999999999994]
["2014-11-23","Rachel  Gomez","MidWest","Doublers",1,79.95,79.95]
["2014-12-28","Shari  Silva","South","Bellen",2,22.95,45.9]
["2013-04-30","Elbert  Klein","South","Bellen",3,22.95,68.849999999999994]
["2014-06-19","Joey  Wong","West","Bellen",1,22.95,22.95]
["2013-12-20","Cassandra  Franklin","MidWest","Bellen",2,22.95,45.9]
["2013-02-12","Brooke  Horton","MidWest","Quad",4,33,132]
["2013-12-19","Nellie  Joseph","East","V-Rang",1,18,18]
["2013-11-30","Della  Jensen","East","FlatTop",1,26.5,26.5]
["2014-12-31","Ruben  Nunez","West","Aspen",3,21,63]
["2014-12-30","Jenny  Garcia","MidWest","Sunshine",3,19.95,59.85]
["2013-12-01","Della  Jensen","East","Majectic Beaut",2,28,56]
["2013-03-16","Elbert  Klein","South","Quad",1,33,33]
["2014-12-23","Eddie  Green","East","Sunset",4,22.5,90]
["2014-11-24","Mable  Lindsey","West","Majectic Beaut",2,30,60]
["2013-12-27","Christy  Olson","West","Sunshine",3,19.95,59.85]
["2013-12-25","Ruben  Nunez","West","Carlota",1,22.95,22.95]
["2014-11-06","Sandra  Floyd","MidWest","Crested Beaut",1,24,24]
["2013-11-30","Beth  Tucker","West","Crested Beaut",4,25,100]
["2013-12-15","Lula  Daniels","MidWest","Sunset",2,23.5,47]
["2014-12-10","Max  Rodgers","West","Sunbell",3,25,75]
["2013-03-17","Ruben  Nunez","West","Carlota",2,22.95,45.9]
["2013-12-08","Trevor  Jones","West","Carlota",19,21.8,414.2]
["2014-11-23","Drew  Rogers","MidWest","Majectic Beaut",1,29,29]
["2014-06-22","Felicia  Jennings","West","FlatTop",1,27.5,27.5]
["2014-07-03","Lorraine  Gibson","East","Sunshine",1,18.95,18.95]
["2013-12-04","Don  Gonzales","South","Quad",1,33,33]
["2013-11-02","Christy  Olson","West","Quad",4,34,136]
["2014-02-03","Herman  Williams","East","Sunshine",2,18.95,37.9]
["2014-11-28","Dan  Peterson","MidWest","Sunbell",3,24,72]
["2014-12-21","Tracy  Reed","MidWest","Sunbell",2,24,48]
["2013-06-16","Salvador  Bass","West","Crested Beaut",1,25,25]
["2014-12-11","Beth  Tucker","West","Doublers",1,79.95,79.95]
["2014-12-16","Ellen  Weaver","South","Quad",2,33,66]
["2014-02-13","Elbert  Klein","South","Sunset",3,22.5,67.5]
["2014-01-31","Rachel  Gomez","MidWest","Doublers",7,79.95,559.65]
["2014-02-28","Woodrow  Colon","South","Carlota",1,22.95,22.95]
["2014-11-02","Isabel  Cross","East","Quad",2,32,64]
["2013-11-26","Trevor  Jones","West","Carlota",2,22.95,45.9]
["2014-11-15","Cecilia  Manning","South","Bellen",2,22.95,45.9]
["2013-11-30","Cindy  Becker","South","Majectic Beaut",3,29,87]
["2014-12-13","Salvador  Bass","West","Crested Beaut",3,25,75]
["2014-11-28","Jenny  Garcia","MidWest","Aspen",2,20,40]
["2013-11-14","Robert  Munoz","MidWest","Quad",3,33,99]
["2014-11-25","Elbert  Klein","South","Sunset",10,22.5,225]
["2014-09-27","Cindy  Becker","South","Bellen",2,22.95,45.9]
["2014-11-24","Max  Rodgers","West","V-Rang",3,19,57]
["2014-12-30","Edwin  Malone","East","Majectic Beaut",3,28,84]
["2014-11-11","Don  Gonzales","South","Bellen",3,22.95,68.849999999999994]
["2013-11-15","Nellie  Joseph","East","FlatTop",3,26.5,79.5]
["2013-11-09","Rachel  Gomez","MidWest","Carlota",1,22.95,22.95]
["2014-11-03","Trevor  Jones","West","Bellen",3,22.95,68.849999999999994]
["2014-10-29","Max  Rodgers","West","Majectic Beaut",3,30,90]
["2014-12-17","Paulette  Spencer","South","Carlota",2,22.95,45.9]
["2013-12-10","Paulette  Spencer","South","Sunshine",2,19.95,39.9]
["2013-11-22","Sandra  Floyd","MidWest","Bellen",3,22.95,68.849999999999994]
["2013-12-27","Nellie  Joseph","East","V-Rang",1,18,18]
["2013-12-04","Max  Rodgers","West","Bellen",2,22.95,45.9]
["2013-11-22","Charlie  Wood","MidWest","Sunshine",2,19.95,39.9]
["2014-07-14","Shari  Silva","South","Sunshine",2,19.95,39.9]
["2013-10-04","Trevor  Jones","West","Quad",3,34,102]
["2013-12-26","Charlie  Wood","MidWest","V-Rang",3,18,54]
["2013-12-09","Max  Rodgers","West","Quad",1,34,34]
["2014-12-11","Rachel  Gomez","MidWest","Sunset",2,23.5,47]
["2013-03-03","Sonya  Mullins","East","Sunshine",2,18.95,37.9]
["2013-05-12","Iris  Underwood","West","Quad",2,34,68]
["2014-12-26","Salvador  Bass","West","Crested Beaut",2,25,50]
["2014-05-12","Elvira  Bowman","MidWest","Quad",4,33,132]
["2014-12-01","Cindy  Becker","South","Bellen",2,22.95,45.9]
["2013-05-20","Jenny  Garcia","MidWest","Quad",2,33,66]
["2013-12-15","Jenny  Garcia","MidWest","V-Rang",3,18,54]
["2014-08-24","Max  Rodgers","West","Sunbell",1,25,25]
["2013-12-10","Herman  Williams","East","Sunbell",3,23,69]
["2013-09-08","Salvador  Bass","West","Bellen",1,22.95,22.95]
["2014-11-03","Tiffany  May","West","Quad",3,34,102]
["2013-12-09","Trevor  Jones","West","Quad",1,34,34]
["2014-12-05","Iris  Underwood","West","Sunbell",3,25,75]
["2013-12-16","Isabel  Cross","East","Sunbell",2,23,46]
["2013-01-31","Edwin  Malone","East","Quad",3,32,96]
["2013-08-26","Isabel  Cross","East","Sunshine",2,18.95,37.9]
["2014-11-03","Elvira  Bowman","MidWest","Sunshine",3,19.95,59.85]
["2013-11-13","Salvador  Bass","West","Bellen",1,22.95,22.95]
["2013-12-13","Willie  Vega","MidWest","Majectic Beaut",3,29,87]
["2014-11-19","Brooke  Horton","MidWest","Carlota",3,22.95,68.849999999999994]
["2014-11-09","Jenny  Garcia","MidWest","Majectic Beaut",4,29,116]
["2013-06-12","Mable  Lindsey","West","Quad",2,34,68]
["2014-02-25","Jaime  Pearson","MidWest","Bellen",2,22.95,45.9]
["2013-11-16","Herman  Williams","East","FlatTop",2,26.5,53]
["2013-12-08","Drew  Rogers","MidWest","Sunshine",3,19.95,59.85]
["2014-04-24","Don  Gonzales","South","Bellen",3,22.95,68.849999999999994]
["2013-11-18","Sylvester  Morales","West","Sunbell",2,25,50]
["2013-11-14","Rachel  Gomez","MidWest","Quad",3,33,99]
["2013-12-30","Joey  Wong","West","Carlota",3,22.95,68.849999999999994]
["2013-12-14","Shari  Silva","South","Sunbell",3,24,72]
["2013-11-25","Max  Rodgers","West","Quad",3,34,102]
["2013-12-13","Isabel  Cross","East","Crested Beaut",2,23,46]
["2013-12-08","Della  Jensen","East","Sunbell",2,23,46]
["2014-12-10","Cassandra  Franklin","MidWest","Quad",17,31.35,532.95000000000005]
["2014-08-22","Patty  Thompson","West","Quad",3,34,102]
["2014-12-25","Nellie  Joseph","East","Carlota",2,21.95,43.9]
["2014-01-07","Ernest  Davis","West","Aspen",2,21,42]
["2013-01-05","Herman  Williams","East","Carlota",1,21.95,21.95]
["2014-11-28","Don  Gonzales","South","Bellen",23,21.8,501.4]
["2013-11-30","Salvador  Bass","West","Bellen",21,21.8,457.8]
["2014-01-21","Joey  Wong","West","Sunbell",1,25,25]
["2013-11-20","Peter  Hodges","MidWest","Sunbell",1,24,24]
["2013-12-11","Sandra  Floyd","MidWest","Carlota",1,22.95,22.95]
["2013-12-09","Edwin  Malone","East","Quad",2,32,64]
["2013-11-06","Tracy  Reed","MidWest","Quad",2,33,66]
["2014-07-07","Carla  Mccormick","MidWest","Quad",2,33,66]
["2013-12-05","Mable  Lindsey","West","Crested Beaut",3,25,75]
["2014-09-13","Felicia  Jennings","West","Carlota",1,22.95,22.95]
["2013-12-15","Max  Rodgers","West","Sunset",3,23.5,70.5]
["2013-12-04","Woodrow  Colon","South","Sunset",2,22.5,45]
["2013-12-10","Marion  Glover","East","Carlota",4,21.95,87.8]
["2013-12-17","Paulette  Spencer","South","Quad",4,33,132]
["2013-12-09","Joey  Wong","West","Bellen",1,22.95,22.95]
["2014-11-20","Della  Jensen","East","Sunbell",1,23,23]
["2014-12-30","Pauline  Beck","West","V-Rang",4,19,76]
["2014-11-12","Mable  Lindsey","West","Carlota",3,22.95,68.849999999999994]
["2014-12-18","Elbert  Klein","South","Crested Beaut",1,24,24]
["2014-12-15","Mable  Lindsey","West","Bellen",4,22.95,91.8]
["2013-01-15","Bernadette  Page","MidWest","Quad",2,33,66]
["2014-05-07","Joey  Wong","West","Carlota",4,22.95,91.8]
["2013-08-26","Sandra  Floyd","MidWest","Majectic Beaut",3,29,87]
["2013-09-30","Shari  Silva","South","Quad",2,33,66]
["2014-12-14","Don  Gonzales","South","Carlota",2,22.95,45.9]
["2014-12-17","Herman  Williams","East","V-Rang",3,18,54]
["2014-11-21","Mable  Lindsey","West","Carlota",3,22.95,68.849999999999994]
["2013-04-30","Marian  Hill","South","Crested Beaut",3,24,72]
["2014-12-08","Isabel  Cross","East","Crested Beaut",2,23,46]
["2013-12-14","Salvador  Bass","West","Quad",3,34,102]
["2013-11-22","Johanna  Boone","South","Sunshine",3,19.95,59.85]
["2014-11-01","Drew  Rogers","MidWest","Quad",2,33,66]
["2014-12-12","Della  Jensen","East","Quad",3,32,96]
["2013-11-15","Elaine  Ellis","South","Majectic Beaut",2,29,58]
["2014-12-20","Bobbie  Ryan","East","Quad",2,32,64]
["2013-12-17","Joey  Wong","West","Aspen",1,21,21]
["2013-11-08","Fernando  Rowe","West","Carlota",3,22.95,68.849999999999994]
["2014-11-28","Della  Jensen","East","Sunset",2,22.5,45]
["2014-07-02","Ellen  Weaver","South","Aspen",3,20,60]
["2014-11-23","Ruben  Nunez","West","Sunset",2,23.5,47]
["2013-12-25","Salvador  Bass","West","Aspen",2,21,42]
["2013-12-02","Bobbie  Ryan","East","Bellen",3,21.95,65.849999999999994]
["2014-01-27","Paulette  Spencer","South","Bellen",1,22.95,22.95]
["2014-11-22","Shari  Silva","South","Sunbell",2,24,48]
["2013-10-17","Max  Rodgers","West","Sunset",15,22.33,334.95]
["2014-11-02","Drew  Rogers","MidWest","Sunshine",3,19.95,59.85]
["2013-12-18","Eric  Rose","West","Crested Beaut",2,25,50]
["2013-11-01","Sandra  Floyd","MidWest","Carlota",3,22.95,68.849999999999994]
["2013-08-12","Robert  Munoz","MidWest","Crested Beaut",3,24,72]
["2013-11-20","Elbert  Klein","South","Sunshine",1,19.95,19.95]
["2014-02-27","Robert  Munoz","MidWest","Sunshine",10,19.95,199.5]
["2014-09-11","Sylvester  Morales","West","Crested Beaut",3,25,75]
["2014-12-15","Sandra  Floyd","MidWest","Carlota",24,21.8,523.20000000000005]
["2014-05-27","Lee  Mack","MidWest","Sunshine",2,19.95,39.9]
["2013-06-07","Arturo  Francis","East","Bellen",1,21.95,21.95]
["2013-04-12","Jenny  Garcia","MidWest","Sunbell",4,24,96]
["2013-12-28","Della  Jensen","East","Carlota",2,21.95,43.9]
["2014-12-25","Drew  Rogers","MidWest","FlatTop",3,27.5,82.5]
["2014-12-25","Billie  Chandler","MidWest","Bellen",2,22.95,45.9]
["2013-01-31","Johanna  Boone","South","Sunbell",2,24,48]
["2014-03-06","Salvador  Bass","West","Sunset",1,23.5,23.5]
["2013-12-03","Cassandra  Franklin","MidWest","Sunshine",1,19.95,19.95]
["2013-12-23","Johanna  Boone","South","FlatTop",2,26.5,53]
["2013-11-25","Lee  Mack","MidWest","Crested Beaut",1,24,24]
["2013-11-18","Max  Rodgers","West","Sunshine",3,19.95,59.85]
["2014-11-23","Lee  Mack","MidWest","Carlota",1,22.95,22.95]
["2013-12-08","Herman  Williams","East","Crested Beaut",2,23,46]
["2013-11-23","Cassandra  Franklin","MidWest","Crested Beaut",1,24,24]
["2014-12-25","Trevor  Jones","West","Sunshine",2,19.95,39.9]
["2014-11-15","Elaine  Ellis","South","V-Rang",2,18,36]
["2013-09-11","Blake  Bridges","South","Bellen",2,22.95,45.9]
["2014-12-28","Rachel  Gomez","MidWest","Crested Beaut",2,24,48]
["2014-12-07","Rachel  Gomez","MidWest","Sunshine",1,19.95,19.95]
["2014-09-23","Isabel  Cross","East","Bellen",3,21.95,65.849999999999994]
["2014-10-14","Cecilia  Manning","South","Sunset",3,22.5,67.5]
["2014-12-05","Rachel  Gomez","MidWest","V-Rang",3,18,54]
["2014-11-27","Blake  Bridges","South","Quad",2,33,66]
["2013-12-13","Joey  Wong","West","Aspen",3,21,63]
["2014-11-30","Marian  Hill","South","Sunshine",1,19.95,19.95]
["2014-09-08","Christy  Olson","West","Sunset",1,23.5,23.5]
["2013-11-19","Eric  Rose","West","Aspen",4,21,84]
["2013-10-05","Christy  Olson","West","Sunset",2,23.5,47]
["2014-12-14","Jaime  Pearson","MidWest","Majectic Beaut",3,29,87]
["2014-01-28","Peter  Hodges","MidWest","Sunshine",2,19.95,39.9]
["2014-12-28","Elbert  Klein","South","Sunshine",13,18.95,246.35]
["2014-02-21","Lee  Mack","MidWest","Doublers",3,79.95,239.85]
["2014-12-08","Rachel  Gomez","MidWest","Quad",3,33,99]
["2013-09-13","Donna  Reid","West","Quad",2,34,68]
["2013-01-15","Drew  Rogers","MidWest","Crested Beaut",3,24,72]
["2013-11-10","Mable  Lindsey","West","Sunshine",2,19.95,39.9]
["2014-12-10","Patty  Thompson","West","Sunset",3,23.5,70.5]
["2014-11-25","Pauline  Beck","West","Sunset",3,23.5,70.5]
["2014-09-22","Tracy  Reed","MidWest","Carlota",2,22.95,45.9]
["2013-11-04","Ruben  Nunez","West","Bellen",3,22.95,68.849999999999994]
["2013-11-29","Rachel  Gomez","MidWest","Carlota",3,22.95,68.849999999999994]
["2014-11-04","Cassandra  Franklin","MidWest","Quad",2,33,66]
["2014-11-23","Christy  Olson","West","Quad",2,34,68]
["2014-08-15","Isabel  Cross","East","Sunshine",2,18.95,37.9]
["2014-12-12","Elvira  Bowman","MidWest","Bellen",1,22.95,22.95]
["2013-05-26","Ellen  Weaver","South","Majectic Beaut",2,29,58]
["2014-12-09","Billie  Chandler","MidWest","Majectic Beaut",3,29,87]
["2013-11-04","Christy  Olson","West","FlatTop",3,27.5,82.5]
["2014-11-03","Johanna  Boone","South","Majectic Beaut",12,27.55,330.6]
["2014-09-07","Marion  Glover","East","Quad",3,32,96]
["2013-11-04","Brooke  Horton","MidWest","Majectic Beaut",2,29,58]
["2013-11-21","Sylvester  Morales","West","Bellen",1,22.95,22.95]
["2014-11-30","Cindy  Becker","South","FlatTop",11,25.18,276.98]
["2014-11-07","Lula  Daniels","MidWest","Quad",1,33,33]
["2013-12-29","Cassandra  Franklin","MidWest","Sunbell",1,24,24]
["2014-09-30","Edwin  Malone","East","Bellen",3,21.95,65.849999999999994]
["2013-12-07","Herman  Williams","East","FlatTop",1,26.5,26.5]
["2013-11-14","Bethany  Pena","MidWest","Bellen",1,22.95,22.95]
["2013-12-22","Sonya  Mullins","East","Majectic Beaut",1,28,28]
["2014-12-04","Lee  Mack","MidWest","Sunshine",3,19.95,59.85]
["2013-12-11","Salvador  Bass","West","Crested Beaut",3,25,75]
["2014-10-20","Elaine  Ellis","South","Doublers",1,77.95,77.95]
["2014-12-19","Robert  Munoz","MidWest","FlatTop",3,27.5,82.5]
["2014-11-11","Max  Rodgers","West","Quad",4,34,136]
["2013-03-08","Kyle  Carr","MidWest","Majectic Beaut",1,29,29]
["2014-11-19","Austin  Reynolds","East","Sunshine",2,18.95,37.9]
["2014-12-28","Donna  Reid","West","Bellen",2,22.95,45.9]
["2014-12-11","Pauline  Beck","West","Carlota",23,21.8,501.4]
["2014-10-16","Lee  Mack","MidWest","Sunshine",3,19.95,59.85]
["2014-11-05","Colleen  Warren","West","Doublers",2,79.95,159.9]
["2014-12-22","Brooke  Horton","MidWest","Quad",3,33,99]
["2013-12-03","Felicia  Jennings","West","Sunbell",3,25,75]
["2014-12-07","Jenny  Garcia","MidWest","Sunset",1,23.5,23.5]
["2014-12-15","Della  Jensen","East","Sunshine",1,18.95,18.95]
["2013-12-13","Shari  Silva","South","Carlota",3,22.95,68.849999999999994]
["2013-08-27","Eddie  Green","East","Bellen",1,21.95,21.95]
["2014-11-11","Della  Jensen","East","Bellen",1,21.95,21.95]
["2014-11-20","Robert  Munoz","MidWest","Sunshine",3,19.95,59.85]
["2014-02-22","Herman  Williams","East","Bellen",2,21.95,43.9]
["2013-04-01","Joey  Wong","West","V-Rang",21,18.05,379.05]
["2013-11-24","Willie  Vega","MidWest","Bellen",3,22.95,68.849999999999994]
["2013-12-12","Robert  Munoz","MidWest","Sunshine",1,19.95,19.95]
["2013-11-13","Trevor  Jones","West","Aspen",1,21,21]
["2013-11-07","Brooke  Horton","MidWest","Sunset",3,23.5,70.5]
["2013-11-06","Nellie  Joseph","East","Crested Beaut",3,23,69]
["2014-12-21","Cassandra  Franklin","MidWest","Doublers",1,79.95,79.95]
["2014-12-21","Herman  Williams","East","Bellen",2,21.95,43.9]
["2014-12-29","Mable  Lindsey","West","Aspen",1,21,21]
["2014-11-06","Elvira  Bowman","MidWest","Carlota",2,22.95,45.9]
["2014-12-21","Bobbie  Ryan","East","Quad",12,30.4,364.8]
["2013-11-24","Elvira  Bowman","MidWest","Carlota",3,22.95,68.849999999999994]
["2013-12-30","Robert  Munoz","MidWest","Crested Beaut",1,24,24]
["2013-12-13","Salvador  Bass","West","Carlota",2,22.95,45.9]
["2013-11-06","Isabel  Cross","East","Sunbell",3,23,69]
["2014-11-23","Drew  Rogers","MidWest","Sunset",22,22.33,491.26]
["2014-12-15","Della  Jensen","East","Sunshine",3,18.95,56.85]
["2014-11-07","Edwin  Malone","East","Sunbell",1,23,23]
["2014-11-29","Edwin  Malone","East","Quad",2,32,64]
["2013-11-03","Nellie  Joseph","East","Sunshine",3,18.95,56.85]
["2013-01-31","Cassandra  Franklin","MidWest","Bellen",2,22.95,45.9]
["2013-12-06","Salvador  Bass","West","Carlota",1,22.95,22.95]
["2013-01-31","Guillermo  Potter","MidWest","Bellen",2,22.95,45.9]
["2013-12-22","Marion  Glover","East","Sunshine",2,18.95,37.9]
["2014-12-26","Della  Jensen","East","Sunbell",2,23,46]
["2014-11-20","Carla  Mccormick","MidWest","Sunset",2,23.5,47]
["2013-11-07","Della  Jensen","East","Sunshine",4,18.95,75.8]
["2013-12-13","Cassandra  Franklin","MidWest","Sunshine",1,19.95,19.95]
["2013-11-04","Della  Jensen","East","Sunbell",1,23,23]
["2014-01-22","Donna  Reid","West","Carlota",3,22.95,68.849999999999994]
["2014-12-18","Carla  Mccormick","MidWest","V-Rang",2,18,36]
["2014-12-30","Christina  Fuller","West","FlatTop",2,27.5,55]
["2013-12-28","Jenny  Garcia","MidWest","Carlota",3,22.95,68.849999999999994]
["2013-11-19","Cecilia  Manning","South","Crested Beaut",3,24,72]
["2014-02-28","Lorraine  Gibson","East","Bellen",2,21.95,43.9]
["2013-06-13","Brooke  Horton","MidWest","Majectic Beaut",7,29,203]
["2013-01-07","Kyle  Carr","MidWest","Sunbell",2,24,48]
["2013-03-26","Pauline  Beck","West","Sunshine",3,19.95,59.85]
["2014-07-17","Bobbie  Ryan","East","Quad",4,32,128]
["2014-12-24","Beth  Tucker","West","Sunshine",7,19.95,139.65]
["2014-12-09","Donna  Reid","West","Bellen",2,22.95,45.9]
["2014-11-09","Peter  Hodges","MidWest","Sunshine",1,19.95,19.95]
["2014-12-18","Ben  Perez","West","Crested Beaut",2,25,50]
["2013-12-23","Arturo  Francis","East","Carlota",2,21.95,43.9]
["2013-05-11","Charlie  Wood","MidWest","Quad",2,33,66]
["2013-11-02","Cassandra  Franklin","MidWest","Bellen",2,22.95,45.9]
["2013-10-25","Ben  Perez","West","Sunset",21,22.33,468.93]
["2014-12-01","Lula  Daniels","MidWest","Crested Beaut",3,24,72]
["2014-11-16","Patty  Thompson","West","Carlota",2,22.95,45.9]
["2013-11-30","Ivan  Adkins","West","Quad",3,34,102]
["2014-12-16","Cassandra  Franklin","MidWest","Bellen",1,22.95,22.95]
["2013-07-05","Isabel  Cross","East","Quad",2,32,64]
["2014-11-05","Brooke  Horton","MidWest","Doublers",2,79.95,159.9]
["2013-07-02","Ivan  Adkins","West","Sunbell",1,25,25]
["2013-01-07","Salvador  Bass","West","Aspen",1,21,21]
["2013-11-23","Ben  Perez","West","Doublers",2,79.95,159.9]
["2014-11-01","Drew  Rogers","MidWest","Sunset",22,22.33,491.26]
["2014-12-12","Brooke  Horton","MidWest","Sunbell",1,24,24]
["2014-02-10","Cindy  Becker","South","Quad",3,33,99]
["2013-12-28","Trevor  Jones","West","Sunbell",3,25,75]
["2014-11-21","Billie  Chandler","MidWest","Sunbell",16,22.8,364.8]
["2014-08-25","Cecilia  Manning","South","Bellen",2,22.95,45.9]
["2013-07-16","Guillermo  Potter","MidWest","Sunset",2,23.5,47]
["2014-11-22","Della  Jensen","East","Crested Beaut",3,23,69]
["2013-03-21","Blake  Bridges","South","Crested Beaut",13,22.8,296.39999999999998]
["2013-12-16","Cindy  Becker","South","Sunshine",3,19.95,59.85]
["2013-11-26","Charlie  Wood","MidWest","Bellen",1,22.95,22.95]
["2013-11-20","Robert  Munoz","MidWest","Carlota",1,22.95,22.95]
["2013-12-25","Cassandra  Franklin","MidWest","Sunshine",2,19.95,39.9]
["2013-02-26","Jaime  Pearson","MidWest","Aspen",1,20,20]
["2014-09-03","Cassandra  Franklin","MidWest","Aspen",1,20,20]
["2013-01-15","Shari  Silva","South","Quad",1,33,33]
["2013-05-27","Jenny  Garcia","MidWest","Carlota",3,22.95,68.849999999999994]
["2013-05-18","Donna  Reid","West","Sunshine",1,19.95,19.95]
["2013-11-20","Brooke  Horton","MidWest","Quad",2,33,66]
["2013-12-29","Marion  Glover","East","Carlota",2,21.95,43.9]
["2014-12-31","Cecilia  Manning","South","Bellen",3,22.95,68.849999999999994]
["2014-11-09","Colleen  Warren","West","Quad",2,34,68]
["2014-12-26","Guillermo  Potter","MidWest","Carlota",4,22.95,91.8]
["2013-11-27","Felicia  Jennings","West","Carlota",2,22.95,45.9]
["2013-12-22","Salvador  Bass","West","Crested Beaut",3,25,75]
["2014-11-09","Bobbie  Ryan","East","Sunshine",1,18.95,18.95]
["2014-11-04","Ernest  Davis","West","Carlota",3,22.95,68.849999999999994]
["2014-12-13","Iris  Underwood","West","FlatTop",1,27.5,27.5]
["2014-12-04","Edwin  Malone","East","Carlota",1,21.95,21.95]
["2013-12-10","Cecilia  Manning","South","Quad",2,33,66]
["2013-12-28","Brooke  Horton","MidWest","Carlota",2,22.95,45.9]
["2014-11-04","Jenny  Garcia","MidWest","Bellen",1,22.95,22.95]
["2013-11-29","Brooke  Horton","MidWest","Carlota",1,22.95,22.95]
["2014-11-04","Drew  Rogers","MidWest","Sunshine",2,19.95,39.9]
["2014-08-29","Marian  Hill","South","Sunbell",2,24,48]
["2014-04-20","Woodrow  Colon","South","Sunbell",2,24,48]
["2014-11-15","Brooke  Horton","MidWest","Quad",3,33,99]
["2014-11-17","Willie  Vega","MidWest","Quad",4,33,132]
["2014-12-23","Joey  Wong","West","Sunshine",1,19.95,19.95]
["2013-03-30","Eddie  Green","East","Quad",3,32,96]
["2014-12-22","Lance  Yates","MidWest","Sunbell",5,24,120]
["2013-11-18","Bobbie  Ryan","East","Crested Beaut",3,23,69]
["2014-11-03","Trevor  Jones","West","V-Rang",1,19,19]
["2014-12-03","Della  Jensen","East","Quad",2,32,64]
["2013-08-16","Dan  Peterson","MidWest","Bellen",3,22.95,68.849999999999994]
["2014-12-23","Lorraine  Gibson","East","Crested Beaut",1,23,23]
["2014-12-29","Lynette  Brewer","MidWest","Quad",2,33,66]
["2013-09-25","Christy  Olson","West","Sunshine",3,19.95,59.85]
["2013-12-21","Iris  Underwood","West","Majectic Beaut",2,30,60]
["2014-12-27","Sonya  Mullins","East","Carlota",2,21.95,43.9]
["2013-02-21","Cassandra  Franklin","MidWest","Sunset",1,23.5,23.5]
["2014-11-14","Lorraine  Gibson","East","Bellen",1,21.95,21.95]
["2013-07-29","Drew  Rogers","MidWest","Sunshine",3,19.95,59.85]
["2014-10-29","Dan  Peterson","MidWest","Bellen",1,22.95,22.95]
["2014-12-28","Marion  Glover","East","Aspen",1,19,19]
["2014-11-23","Edwin  Malone","East","Bellen",2,21.95,43.9]
["2014-10-26","Jenny  Garcia","MidWest","Bellen",2,22.95,45.9]
["2014-12-03","Trevor  Jones","West","Sunshine",2,19.95,39.9]
["2013-11-25","Christina  Fuller","West","Sunshine",3,19.95,59.85]
["2013-11-20","Rachel  Gomez","MidWest","FlatTop",8,27.5,220]
["2013-12-25","Lula  Daniels","MidWest","FlatTop",2,27.5,55]
["2014-12-21","Trevor  Jones","West","Quad",3,34,102]
["2013-06-24","Ellen  Weaver","South","Sunshine",3,19.95,59.85]
["2013-12-26","Herman  Williams","East","Majectic Beaut",3,28,84]
["2014-11-13","Della  Jensen","East","Bellen",3,21.95,65.849999999999994]
["2014-11-02","Salvador  Bass","West","Aspen",1,21,21]
["2013-11-21","Billie  Chandler","MidWest","Crested Beaut",2,24,48]
["2014-10-07","Bethany  Pena","MidWest","Sunshine",9,19.95,179.55]
["2014-04-28","Donna  Reid","West","Crested Beaut",3,25,75]
["2013-11-20","Isabel  Cross","East","Carlota",2,21.95,43.9]
["2013-12-24","Della  Jensen","East","Quad",2,32,64]
["2013-11-05","Nellie  Joseph","East","Bellen",2,21.95,43.9]
["2014-07-21","Don  Gonzales","South","Quad",1,33,33]
["2014-12-28","Drew  Rogers","MidWest","Crested Beaut",2,24,48]
["2014-05-16","Woodrow  Colon","South","Aspen",3,20,60]
["2013-02-15","Charlie  Wood","MidWest","Carlota",2,22.95,45.9]
["2014-11-24","Sonya  Mullins","East","Aspen",8,19,152]
["2013-12-05","Robert  Munoz","MidWest","Quad",2,33,66]
["2014-01-15","Max  Rodgers","West","Carlota",3,22.95,68.849999999999994]
["2014-06-21","Blake  Bridges","South","Quad",7,33,231]
["2014-11-09","Isabel  Cross","East","Bellen",2,21.95,43.9]
["2013-08-08","Shari  Silva","South","Aspen",3,20,60]
["2013-12-03","Ruben  Nunez","West","Carlota",2,22.95,45.9]
["2014-12-27","Brooke  Horton","MidWest","Sunshine",4,19.95,79.8]
["2013-03-28","Salvador  Bass","West","Sunshine",2,19.95,39.9]
["2014-12-07","Shari  Silva","South","Sunset",1,22.5,22.5]
["2013-11-10","Paulette  Spencer","South","Sunset",2,22.5,45]
["2013-01-12","Cecilia  Manning","South","Bellen",1,22.95,22.95]
["2014-12-31","Lula  Daniels","MidWest","Sunset",19,22.33,424.27]
["2014-06-16","Felicia  Jennings","West","Quad",1,34,34]
["2013-12-18","Austin  Reynolds","East","Bellen",2,21.95,43.9]
["2013-10-22","Jenny  Garcia","MidWest","Aspen",3,20,60]
["2013-12-26","Isabel  Cross","East","Sunshine",2,18.95,37.9]
["2014-11-02","Billie  Chandler","MidWest","Sunbell",2,24,48]
["2013-04-26","Nellie  Joseph","East","Crested Beaut",3,23,69]
["2014-02-14","Brooke  Horton","MidWest","Aspen",22,19,418]
["2014-12-19","Colleen  Warren","West","Majectic Beaut",2,30,60]
["2013-08-18","Rachel  Gomez","MidWest","Crested Beaut",1,24,24]
["2014-07-11","Tracy  Reed","MidWest","Carlota",2,22.95,45.9]
["2014-11-20","Felicia  Jennings","West","Sunshine",4,19.95,79.8]
["2013-12-14","Lynette  Brewer","MidWest","Quad",15,31.35,470.25]
["2014-12-11","Arturo  Francis","East","Majectic Beaut",1,28,28]
["2014-12-05","Blake  Bridges","South","Aspen",1,20,20]
["2013-12-24","Andrew  Meyer","West","Quad",2,34,68]
["2014-11-21","Lance  Yates","MidWest","Quad",2,33,66]
["2013-09-25","Herman  Williams","East","Aspen",18,18.05,324.89999999999998]
["2014-12-19","Sandra  Floyd","MidWest","Sunbell",1,24,24]
["2014-06-11","Austin  Reynolds","East","Quad",3,32,96]
["2014-12-28","Nellie  Joseph","East","Sunset",2,22.5,45]
["2013-11-25","Lee  Mack","MidWest","Carlota",2,22.95,45.9]
["2014-12-22","Kyle  Carr","MidWest","Majectic Beaut",1,29,29]
["2014-12-27","Robert  Munoz","MidWest","Bellen",14,21.8,305.2]
["2013-02-06","Brooke  Horton","MidWest","Doublers",2,79.95,159.9]
["2014-11-07","Cindy  Becker","South","Sunshine",3,19.95,59.85]
["2014-12-10","Ernest  Davis","West","Quad",3,34,102]
["2013-12-02","Bobbie  Ryan","East","Sunbell",2,23,46]
["2014-05-21","Brooke  Horton","MidWest","Quad",2,33,66]
["2014-12-24","Max  Rodgers","West","Bellen",13,21.8,283.39999999999998]
["2014-09-02","Max  Rodgers","West","Quad",1,34,34]
["2013-12-03","Ellen  Weaver","South","Quad",3,33,99]
["2014-12-09","Billie  Chandler","MidWest","Bellen",2,22.95,45.9]
["2013-08-05","Cindy  Becker","South","Aspen",2,20,40]
["2013-12-09","Dan  Peterson","MidWest","Sunshine",3,19.95,59.85]
["2013-11-22","Willie  Vega","MidWest","Sunshine",2,19.95,39.9]
["2013-12-11","Cassandra  Franklin","MidWest","Bellen",1,22.95,22.95]
["2013-07-15","Isabel  Cross","East","Sunshine",3,18.95,56.85]
["2013-12-15","Salvador  Bass","West","Majectic Beaut",3,30,90]
["2013-05-18","Marion  Glover","East","Carlota",2,21.95,43.9]
["2014-12-27","Jenny  Garcia","MidWest","Carlota",24,21.8,523.20000000000005]
["2013-11-26","Ruben  Nunez","West","Aspen",2,21,42]
["2014-12-05","Isabel  Cross","East","Sunshine",2,18.95,37.9]
["2013-12-28","Herman  Williams","East","Doublers",3,75.95,227.85]
["2014-12-28","Carla  Mccormick","MidWest","Crested Beaut",3,24,72]
["2013-02-09","Donna  Reid","West","Sunset",13,22.33,290.29000000000002]
["2013-12-18","Salvador  Bass","West","Sunshine",1,19.95,19.95]
["2014-11-11","Ben  Perez","West","Carlota",4,22.95,91.8]
["2014-11-28","Joey  Wong","West","Quad",19,32.299999999999997,613.70000000000005]
["2013-09-30","Max  Rodgers","West","Carlota",2,22.95,45.9]
["2014-12-15","Rachel  Gomez","MidWest","Sunshine",2,19.95,39.9]
["2013-04-19","Mable  Lindsey","West","Bellen",2,22.95,45.9]
["2013-12-23","Fernando  Rowe","West","Sunshine",1,19.95,19.95]
["2014-12-18","Drew  Rogers","MidWest","Sunshine",2,19.95,39.9]
["2013-01-20","Robert  Munoz","MidWest","Majectic Beaut",21,27.55,578.54999999999995]
["2014-02-06","Salvador  Bass","West","Sunset",2,23.5,47]
["2013-12-14","Della  Jensen","East","Quad",1,32,32]
["2014-12-05","Billie  Chandler","MidWest","Sunset",2,23.5,47]
["2014-11-02","Salvador  Bass","West","Doublers",2,79.95,159.9]
["2013-11-20","Drew  Rogers","MidWest","Sunbell",2,24,48]
["2014-11-27","Tracy  Reed","MidWest","Crested Beaut",3,24,72]
["2013-12-20","Elbert  Klein","South","Carlota",1,22.95,22.95]
["2014-05-22","Peter  Hodges","MidWest","Sunbell",3,24,72]
["2014-11-09","Carla  Mccormick","MidWest","Carlota",2,22.95,45.9]
["2014-12-03","Edwin  Malone","East","Sunbell",2,23,46]
["2014-12-02","Salvador  Bass","West","Majectic Beaut",2,30,60]
["2013-12-14","Cecilia  Manning","South","Carlota",1,22.95,22.95]
["2013-12-06","Pauline  Beck","West","Carlota",1,22.95,22.95]
["2014-11-30","Austin  Reynolds","East","Aspen",2,19,38]
["2014-10-19","Elbert  Klein","South","Sunshine",2,19.95,39.9]
["2013-12-11","Allan  Ramos","MidWest","Aspen",16,19,304]
["2013-11-01","Shari  Silva","South","Aspen",1,20,20]
["2014-11-09","Paulette  Spencer","South","Doublers",2,77.95,155.9]
["2013-02-08","Eric  Rose","West","Carlota",2,22.95,45.9]
["2014-11-06","Tracy  Reed","MidWest","FlatTop",3,27.5,82.5]
["2013-12-06","Elaine  Ellis","South","Bellen",1,22.95,22.95]
["2014-07-15","Tiffany  May","West","FlatTop",2,27.5,55]
["2014-11-21","Lynette  Brewer","MidWest","V-Rang",3,18,54]
["2013-11-04","Ben  Perez","West","Sunshine",3,19.95,59.85]
["2014-11-10","Iris  Underwood","West","Quad",1,34,34]
["2013-11-22","Edwin  Malone","East","Quad",1,32,32]
["2013-12-15","Marion  Glover","East","Sunshine",1,18.95,18.95]
["2013-07-12","Bethany  Pena","MidWest","Sunshine",3,19.95,59.85]
["2013-11-30","Robert  Munoz","MidWest","FlatTop",2,27.5,55]
["2013-12-05","Bethany  Pena","MidWest","Sunbell",3,24,72]
["2013-08-07","Salvador  Bass","West","Carlota",2,22.95,45.9]
["2014-11-03","Beth  Tucker","West","Doublers",1,79.95,79.95]
["2014-11-20","Robert  Munoz","MidWest","Quad",1,33,33]
["2013-11-14","Ellen  Weaver","South","Bellen",2,22.95,45.9]
["2014-11-18","Bernadette  Page","MidWest","Carlota",3,22.95,68.849999999999994]
["2013-12-16","Felicia  Jennings","West","Majectic Beaut",2,30,60]
["2013-09-05","Kyle  Carr","MidWest","Crested Beaut",2,24,48]
["2014-12-18","Willie  Vega","MidWest","Crested Beaut",2,24,48]
["2014-12-25","Elvira  Bowman","MidWest","Bellen",2,22.95,45.9]
["2014-11-08","Sandra  Floyd","MidWest","FlatTop",2,27.5,55]
["2013-12-26","Christina  Fuller","West","Quad",9,34,306]
["2014-11-28","Max  Rodgers","West","Bellen",7,22.95,160.65]
["2014-11-04","Lynette  Brewer","MidWest","Aspen",1,20,20]
["2013-11-25","Mable  Lindsey","West","Quad",2,34,68]
["2013-12-26","Ellen  Weaver","South","Sunshine",1,19.95,19.95]
["2014-11-16","Herman  Williams","East","Sunbell",9,23,207]
["2013-04-04","Brooke  Horton","MidWest","Quad",23,31.35,721.05]
["2013-10-16","Jenny  Garcia","MidWest","Carlota",2,22.95,45.9]
["2013-11-28","Sonya  Mullins","East","Quad",1,32,32]
["2014-03-02","Peter  Hodges","MidWest","Aspen",2,20,40]
["2014-12-19","Don  Gonzales","South","Carlota",3,22.95,68.849999999999994]
["2014-12-17","Lula  Daniels","MidWest","V-Rang",3,18,54]
["2014-11-16","Willie  Vega","MidWest","Carlota",1,22.95,22.95]
["2014-12-23","Jenny  Garcia","MidWest","Majectic Beaut",3,29,87]
["2013-12-10","Peter  Hodges","MidWest","Carlota",2,22.95,45.9]
["2014-08-04","Sonya  Mullins","East","Doublers",3,75.95,227.85]
["2014-05-16","Isabel  Cross","East","Sunshine",1,18.95,18.95]
["2014-12-01","Ernest  Davis","West","Crested Beaut",1,25,25]
["2014-12-27","Colleen  Warren","West","Sunbell",1,25,25]
["2013-08-27","Ben  Perez","West","Sunset",3,23.5,70.5]
["2013-12-23","Sonya  Mullins","East","Crested Beaut",1,23,23]
["2014-12-04","Beth  Tucker","West","Carlota",1,22.95,22.95]
["2013-12-24","Marion  Glover","East","Sunbell",1,23,23]
["2013-04-25","Elbert  Klein","South","Sunbell",1,24,24]
["2013-12-23","Trevor  Jones","West","Sunshine",3,19.95,59.85]
["2014-12-10","Trevor  Jones","West","Carlota",1,22.95,22.95]
["2014-12-12","Guillermo  Potter","MidWest","Majectic Beaut",3,29,87]
["2014-12-06","Salvador  Bass","West","Quad",12,32.299999999999997,387.6]
["2013-12-08","Robert  Munoz","MidWest","Bellen",2,22.95,45.9]
["2013-12-13","Joey  Wong","West","FlatTop",2,27.5,55]
["2013-12-25","Della  Jensen","East","Bellen",3,21.95,65.849999999999994]
["2014-11-27","Cassandra  Franklin","MidWest","Quad",2,33,66]
["2013-11-14","Drew  Rogers","MidWest","Sunbell",2,24,48]
["2013-01-22","Mable  Lindsey","West","Crested Beaut",2,25,50]
["2013-12-27","Sandra  Floyd","MidWest","Carlota",2,22.95,45.9]
["2013-09-01","Isabel  Cross","East","Quad",3,32,96]
["2014-12-15","Paulette  Spencer","South","Sunshine",5,19.95,99.75]
["2013-12-04","Salvador  Bass","West","Quad",2,34,68]
["2014-11-02","Felicia  Jennings","West","V-Rang",11,18.05,198.55]
["2014-12-30","Cecilia  Manning","South","Aspen",2,20,40]
["2013-01-21","Rachel  Gomez","MidWest","Bellen",2,22.95,45.9]
["2013-11-06","Isabel  Cross","East","Quad",2,32,64]
["2013-11-17","Brooke  Horton","MidWest","Sunshine",2,19.95,39.9]
["2014-11-14","Pauline  Beck","West","Crested Beaut",2,25,50]
["2014-11-22","Ruben  Nunez","West","Carlota",7,22.95,160.65]
["2014-11-16","Lee  Mack","MidWest","Quad",3,33,99]
["2014-11-14","Arturo  Francis","East","Quad",1,32,32]
["2014-12-25","Max  Rodgers","West","Doublers",2,79.95,159.9]
["2013-12-16","Eddie  Green","East","Sunshine",3,18.95,56.85]
["2013-11-08","Cecilia  Manning","South","V-Rang",2,18,36]
["2014-12-13","Patty  Thompson","West","Sunbell",3,25,75]
["2013-11-26","Drew  Rogers","MidWest","Quad",18,31.35,564.29999999999995]
["2013-11-19","Don  Gonzales","South","Sunshine",3,19.95,59.85]
["2013-12-30","Elbert  Klein","South","Quad",2,33,66]
["2013-11-19","Elvira  Bowman","MidWest","Aspen",2,20,40]
["2013-06-16","Carla  Mccormick","MidWest","Sunbell",4,24,96]
["2013-11-22","Lynette  Brewer","MidWest","Carlota",1,22.95,22.95]
["2014-04-24","Shari  Silva","South","Aspen",2,20,40]
["2013-12-14","Dan  Peterson","MidWest","Sunshine",2,19.95,39.9]
["2013-12-03","Cindy  Becker","South","Majectic Beaut",2,29,58]
["2013-03-24","Brooke  Horton","MidWest","Quad",1,33,33]
["2014-11-16","Nellie  Joseph","East","Aspen",3,19,57]
["2014-07-31","Cassandra  Franklin","MidWest","Sunshine",1,19.95,19.95]
["2013-11-30","Bobbie  Ryan","East","Aspen",2,19,38]
["2013-11-24","Drew  Rogers","MidWest","Crested Beaut",2,24,48]
["2013-02-14","Donna  Reid","West","Majectic Beaut",3,30,90]
["2013-11-16","Rachel  Gomez","MidWest","Crested Beaut",2,24,48]
["2013-05-07","Shari  Silva","South","Quad",1,33,33]
["2014-04-30","Trevor  Jones","West","Aspen",12,19.95,239.4]
["2014-12-22","Ernest  Davis","West","Sunshine",1,19.95,19.95]
["2013-12-02","Kyle  Carr","MidWest","Bellen",1,22.95,22.95]
["2014-12-28","Robert  Munoz","MidWest","Quad",2,33,66]
["2013-03-10","Patty  Thompson","West","Quad",11,32.299999999999997,355.3]
["2013-04-20","Tracy  Reed","MidWest","FlatTop",4,27.5,110]
["2014-12-07","Tiffany  May","West","Majectic Beaut",2,30,60]
["2013-11-06","Lance  Yates","MidWest","FlatTop",2,27.5,55]
["2014-12-28","Andrew  Meyer","West","Doublers",2,79.95,159.9]
["2013-12-28","Jenny  Garcia","MidWest","Carlota",3,22.95,68.849999999999994]
["2014-11-15","Bobbie  Ryan","East","Sunshine",1,18.95,18.95]
["2014-12-10","Della  Jensen","East","Crested Beaut",3,23,69]
["2013-12-30","Blake  Bridges","South","Sunshine",2,19.95,39.9]
["2014-08-18","Allan  Ramos","MidWest","Carlota",1,22.95,22.95]
["2014-11-29","Isabel  Cross","East","Sunshine",3,18.95,56.85]
["2014-06-21","Lee  Mack","MidWest","Aspen",2,20,40]
["2013-12-14","Kyle  Carr","MidWest","Doublers",1,79.95,79.95]
["2014-02-12","Elbert  Klein","South","Carlota",2,22.95,45.9]
["2014-11-12","Lynette  Brewer","MidWest","Sunshine",3,19.95,59.85]
["2014-11-30","Robert  Munoz","MidWest","Sunbell",1,24,24]
["2013-12-16","Max  Rodgers","West","Crested Beaut",3,25,75]
["2014-12-22","Ruben  Nunez","West","Sunbell",2,25,50]
["2014-11-18","Isabel  Cross","East","Bellen",2,21.95,43.9]
["2014-10-29","Cassandra  Franklin","MidWest","Aspen",2,20,40]
["2013-12-15","Rachel  Gomez","MidWest","Crested Beaut",1,24,24]
["2014-12-24","Trevor  Jones","West","Crested Beaut",3,25,75]
["2014-04-04","Elaine  Ellis","South","Sunbell",1,24,24]
["2013-11-05","Max  Rodgers","West","Quad",2,34,68]
["2014-12-02","Allan  Ramos","MidWest","Sunset",3,23.5,70.5]
["2013-11-08","Max  Rodgers","West","Majectic Beaut",3,30,90]
["2014-03-27","Cassandra  Franklin","MidWest","Carlota",3,22.95,68.849999999999994]
["2014-02-08","Isabel  Cross","East","Sunbell",1,23,23]
["2014-12-22","Elaine  Ellis","South","Quad",1,33,33]
["2013-08-06","Sandra  Floyd","MidWest","Bellen",4,22.95,91.8]
["2014-11-15","Cindy  Becker","South","Carlota",2,22.95,45.9]
["2014-05-26","Don  Gonzales","South","Sunshine",2,19.95,39.9]
["2014-06-30","Blake  Bridges","South","Bellen",3,22.95,68.849999999999994]
["2014-01-10","Kyle  Carr","MidWest","Majectic Beaut",3,29,87]
["2013-11-06","Andrew  Meyer","West","Sunshine",1,19.95,19.95]
["2013-10-09","Eddie  Green","East","Majectic Beaut",25,26.6,665]
["2013-11-11","Cassandra  Franklin","MidWest","Aspen",1,20,20]
["2014-02-16","Isabel  Cross","East","Majectic Beaut",2,28,56]
["2013-12-10","Brooke  Horton","MidWest","Quad",8,33,264]
["2013-12-30","Paulette  Spencer","South","Sunset",3,22.5,67.5]
["2014-12-21","Andrew  Meyer","West","Sunbell",2,25,50]
["2013-12-26","Shari  Silva","South","Aspen",2,20,40]
["2013-12-17","Lynette  Brewer","MidWest","Aspen",1,20,20]
["2014-06-27","Elaine  Ellis","South","Carlota",1,22.95,22.95]
["2014-10-01","Max  Rodgers","West","Doublers",3,79.95,239.85]
["2013-11-11","Shari  Silva","South","Carlota",1,22.95,22.95]
["2013-05-15","Lorraine  Gibson","East","Sunshine",1,18.95,18.95]
["2014-11-21","Ruben  Nunez","West","Carlota",2,22.95,45.9]
["2013-12-01","Jenny  Garcia","MidWest","Sunbell",2,24,48]
["2013-12-26","Lula  Daniels","MidWest","Sunshine",18,18.95,341.1]
["2013-12-08","Elvira  Bowman","MidWest","Quad",1,33,33]
["2013-11-20","Salvador  Bass","West","Quad",2,34,68]
["2013-11-17","Trevor  Jones","West","Sunshine",3,19.95,59.85]
["2013-09-04","Christy  Olson","West","Crested Beaut",2,25,50]
["2013-11-03","Charlie  Wood","MidWest","Carlota",23,21.8,501.4]
["2014-05-28","Isabel  Cross","East","Carlota",1,21.95,21.95]
["2014-11-20","Lance  Yates","MidWest","Sunshine",2,19.95,39.9]
["2014-12-18","Cassandra  Franklin","MidWest","Sunbell",2,24,48]
["2013-11-23","Brooke  Horton","MidWest","Doublers",1,79.95,79.95]
["2014-02-28","Shari  Silva","South","FlatTop",1,26.5,26.5]
["2014-11-29","Beth  Tucker","West","Majectic Beaut",3,30,90]
["2014-10-16","Elbert  Klein","South","Aspen",3,20,60]
["2014-12-09","Brooke  Horton","MidWest","Sunshine",2,19.95,39.9]
["2014-11-16","Salvador  Bass","West","Carlota",4,22.95,91.8]
["2013-02-23","Marian  Hill","South","Bellen",1,22.95,22.95]
["2013-11-30","Brooke  Horton","MidWest","Sunbell",15,22.8,342]
["2013-12-11","Marion  Glover","East","Quad",2,32,64]
["2014-11-22","Isabel  Cross","East","Sunbell",3,23,69]
["2013-12-28","Cindy  Becker","South","Crested Beaut",11,22.8,250.8]
["2014-03-17","Tiffany  May","West","Carlota",2,22.95,45.9]
["2013-11-30","Brooke  Horton","MidWest","Bellen",3,22.95,68.849999999999994]
["2013-10-21","Andrew  Meyer","West","Bellen",2,22.95,45.9]
["2014-11-08","Cindy  Becker","South","Quad",1,33,33]
["2014-09-27","Kyle  Carr","MidWest","Sunbell",1,24,24]
["2014-11-18","Herman  Williams","East","Sunshine",2,18.95,37.9]
["2013-11-06","Mable  Lindsey","West","Sunbell",2,25,50]
["2014-04-01","Carla  Mccormick","MidWest","Crested Beaut",1,24,24]
["2013-11-27","Max  Rodgers","West","Doublers",2,79.95,159.9]
["2013-12-24","Shari  Silva","South","Sunshine",4,19.95,79.8]
["2013-02-04","Trevor  Jones","West","Sunshine",3,19.95,59.85]
["2013-12-27","Bobbie  Ryan","East","Sunshine",2,18.95,37.9]
["2014-11-18","Max  Rodgers","West","Sunbell",3,25,75]
["2013-11-13","Billie  Chandler","MidWest","Carlota",1,22.95,22.95]
["2014-11-19","Carla  Mccormick","MidWest","Quad",2,33,66]
["2013-12-11","Brooke  Horton","MidWest","Sunshine",1,19.95,19.95]
["2014-12-25","Ruben  Nunez","West","Quad",2,34,68]
["2013-12-01","Bethany  Pena","MidWest","Majectic Beaut",1,29,29]
["2014-11-01","Jenny  Garcia","MidWest","Carlota",3,22.95,68.849999999999994]
["2013-04-20","Johanna  Boone","South","Doublers",6,77.95,467.7]
["2014-11-22","Cassandra  Franklin","MidWest","Quad",1,33,33]
["2013-12-22","Shari  Silva","South","Aspen",1,20,20]
["2014-09-07","Tracy  Reed","MidWest","Majectic Beaut",6,29,174]
["2014-12-05","Ellen  Weaver","South","Aspen",2,20,40]
["2014-12-26","Cecilia  Manning","South","Bellen",3,22.95,68.849999999999994]
["2013-08-25","Edwin  Malone","East","Sunset",2,22.5,45]
["2013-11-21","Cassandra  Franklin","MidWest","Quad",2,33,66]
["2013-11-30","Rachel  Gomez","MidWest","Carlota",1,22.95,22.95]
["2014-11-20","Lula  Daniels","MidWest","Bellen",3,22.95,68.849999999999994]
["2013-11-23","Cecilia  Manning","South","Sunset",2,22.5,45]
["2013-12-02","Rachel  Gomez","MidWest","Bellen",1,22.95,22.95]
["2013-12-12","Salvador  Bass","West","Majectic Beaut",1,30,30]
["2013-07-01","Shari  Silva","South","Majectic Beaut",1,29,29]
["2013-11-14","Cecilia  Manning","South","Quad",1,33,33]
["2014-11-15","Nellie  Joseph","East","Bellen",2,21.95,43.9]
["2013-12-09","Nellie  Joseph","East","Carlota",1,21.95,21.95]
["2013-12-15","Kyle  Carr","MidWest","Sunset",1,23.5,23.5]
["2014-12-27","Austin  Reynolds","East","Crested Beaut",2,23,46]
["2013-11-28","Lance  Yates","MidWest","Sunshine",2,19.95,39.9]
["2013-11-18","Brooke  Horton","MidWest","Carlota",1,22.95,22.95]
["2013-12-12","Blake  Bridges","South","Crested Beaut",4,24,96]
["2014-12-18","Brooke  Horton","MidWest","Sunbell",1,24,24]
["2013-03-18","Andrew  Meyer","West","Carlota",1,22.95,22.95]
["2014-11-09","Salvador  Bass","West","Carlota",3,22.95,68.849999999999994]
["2013-11-22","Beth  Tucker","West","Quad",2,34,68]
["2014-06-08","Drew  Rogers","MidWest","Sunshine",3,19.95,59.85]
["2014-11-07","Sandra  Floyd","MidWest","Crested Beaut",17,22.8,387.6]
["2014-11-08","Robert  Munoz","MidWest","Carlota",3,22.95,68.849999999999994]
["2014-11-08","Peter  Hodges","MidWest","Sunshine",2,19.95,39.9]
["2014-12-15","Beth  Tucker","West","Aspen",2,21,42]
["2013-11-30","Pauline  Beck","West","Bellen",2,22.95,45.9]
["2014-12-28","Eric  Rose","West","Bellen",3,22.95,68.849999999999994]
["2014-05-14","Marian  Hill","South","Quad",1,33,33]
["2013-10-11","Eddie  Green","East","Majectic Beaut",3,28,84]
["2014-04-01","Marion  Glover","East","Sunshine",2,18.95,37.9]
["2014-09-01","Don  Gonzales","South","Bellen",1,22.95,22.95]
["2014-12-20","Robert  Munoz","MidWest","Carlota",1,22.95,22.95]
["2013-12-27","Edwin  Malone","East","Crested Beaut",1,23,23]
["2013-12-19","Lance  Yates","MidWest","Bellen",3,22.95,68.849999999999994]
["2014-12-21","Cindy  Becker","South","Carlota",1,22.95,22.95]
["2014-12-08","Patty  Thompson","West","Majectic Beaut",2,30,60]
["2013-12-29","Christina  Fuller","West","Sunbell",9,25,225]
["2014-12-11","Elvira  Bowman","MidWest","Aspen",1,20,20]
["2013-11-17","Christina  Fuller","West","Carlota",3,22.95,68.849999999999994]
["2013-11-04","Edwin  Malone","East","Bellen",23,20.85,479.55]
["2013-07-17","Lynette  Brewer","MidWest","Carlota",17,21.8,370.6]
["2013-05-29","Brooke  Horton","MidWest","Quad",1,33,33]
["2014-12-09","Austin  Reynolds","East","Carlota",21,20.85,437.85]
["2013-11-04","Donna  Reid","West","Bellen",1,22.95,22.95]
["2013-11-25","Rachel  Gomez","MidWest","Bellen",2,22.95,45.9]
["2013-11-24","Isabel  Cross","East","Sunset",17,21.38,363.46]
["2013-08-02","Jenny  Garcia","MidWest","Bellen",2,22.95,45.9]
["2014-12-11","Carla  Mccormick","MidWest","Sunset",1,23.5,23.5]
["2014-12-12","Shari  Silva","South","Carlota",2,22.95,45.9]
["2013-11-10","Brooke  Horton","MidWest","FlatTop",1,27.5,27.5]
["2013-12-08","Iris  Underwood","West","Doublers",3,79.95,239.85]
["2013-09-07","Elvira  Bowman","MidWest","Sunbell",1,24,24]
["2013-11-23","Herman  Williams","East","Carlota",3,21.95,65.849999999999994]
["2013-12-15","Robert  Munoz","MidWest","Aspen",6,20,120]
["2014-12-06","Bernadette  Page","MidWest","Aspen",2,20,40]
["2013-04-04","Isabel  Cross","East","Quad",1,32,32]
["2014-11-21","Drew  Rogers","MidWest","Carlota",10,22.95,229.5]
["2014-10-01","Shari  Silva","South","Quad",3,33,99]
["2013-12-17","Salvador  Bass","West","Bellen",2,22.95,45.9]
["2013-11-05","Don  Gonzales","South","Sunbell",1,24,24]
["2013-09-12","Drew  Rogers","MidWest","Doublers",3,79.95,239.85]
["2014-12-08","Della  Jensen","East","Sunshine",1,18.95,18.95]
["2014-11-03","Patty  Thompson","West","Carlota",3,22.95,68.849999999999994]
["2014-12-29","Brooke  Horton","MidWest","Quad",3,33,99]
["2014-12-10","Brooke  Horton","MidWest","Quad",3,33,99]
["2014-11-16","Trevor  Jones","West","Quad",17,32.299999999999997,549.1]
["2014-03-17","Ernest  Davis","West","Carlota",3,22.95,68.849999999999994]
["2013-11-03","Brooke  Horton","MidWest","Carlota",3,22.95,68.849999999999994]
["2013-02-02","Cassandra  Franklin","MidWest","Bellen",3,22.95,68.849999999999994]
["2013-12-22","Patty  Thompson","West","Crested Beaut",13,23.75,308.75]
["2013-12-04","Carla  Mccormick","MidWest","Sunbell",2,24,48]
["2013-11-11","Robert  Munoz","MidWest","Sunshine",1,19.95,19.95]
["2014-11-09","Cecilia  Manning","South","Sunshine",3,19.95,59.85]
["2014-12-01","Max  Rodgers","West","Quad",3,34,102]
["2014-12-19","Marian  Hill","South","Sunshine",8,19.95,159.6]
["2014-11-17","Brooke  Horton","MidWest","Bellen",3,22.95,68.849999999999994]
["2013-12-09","Elaine  Ellis","South","Sunshine",2,19.95,39.9]
["2014-11-23","Isabel  Cross","East","Sunshine",3,18.95,56.85]
["2013-02-01","Joey  Wong","West","Crested Beaut",2,25,50]
["2013-05-31","Austin  Reynolds","East","Carlota",3,21.95,65.849999999999994]
["2014-12-30","Bernadette  Page","MidWest","Sunshine",2,19.95,39.9]
["2014-08-11","Lance  Yates","MidWest","Aspen",4,20,80]
["2014-08-04","Drew  Rogers","MidWest","Quad",1,33,33]
["2014-07-02","Trevor  Jones","West","Quad",2,34,68]
["2014-12-08","Ivan  Adkins","West","Sunshine",2,19.95,39.9]
["2014-08-12","Andrew  Meyer","West","Aspen",2,21,42]
["2013-12-13","Tracy  Reed","MidWest","Carlota",1,22.95,22.95]
["2014-11-28","Jenny  Garcia","MidWest","Sunshine",3,19.95,59.85]
["2014-12-31","Bobbie  Ryan","East","Quad",18,30.4,547.20000000000005]
["2013-12-18","Ellen  Weaver","South","Aspen",1,20,20]
["2014-09-11","Cecilia  Manning","South","Crested Beaut",2,24,48]
["2014-11-20","Ernest  Davis","West","Bellen",3,22.95,68.849999999999994]
["2013-11-08","Christina  Fuller","West","Aspen",3,21,63]
["2013-11-15","Brooke  Horton","MidWest","Quad",1,33,33]
["2014-02-02","Don  Gonzales","South","Carlota",19,21.8,414.2]
["2013-12-07","Brooke  Horton","MidWest","Sunbell",3,24,72]
["2013-11-07","Della  Jensen","East","Sunbell",3,23,69]
["2014-12-18","Bobbie  Ryan","East","Bellen",1,21.95,21.95]
["2013-12-16","Tiffany  May","West","Majectic Beaut",2,30,60]
["2013-11-30","Fernando  Rowe","West","Sunshine",11,18.95,208.45]
["2013-12-20","Max  Rodgers","West","Quad",3,34,102]
["2013-12-26","Brooke  Horton","MidWest","Crested Beaut",1,24,24]
["2013-11-02","Guillermo  Potter","MidWest","V-Rang",3,18,54]
["2014-07-17","Woodrow  Colon","South","Quad",2,33,66]
["2014-09-16","Mable  Lindsey","West","Sunbell",2,25,50]
["2014-12-09","Sylvester  Morales","West","Sunbell",3,25,75]
["2014-11-09","Shari  Silva","South","Bellen",2,22.95,45.9]
["2014-12-07","Salvador  Bass","West","Sunbell",4,25,100]
["2014-11-17","Lance  Yates","MidWest","Doublers",1,79.95,79.95]
["2014-11-08","Jenny  Garcia","MidWest","Sunbell",2,24,48]
["2014-12-10","Brooke  Horton","MidWest","Carlota",1,22.95,22.95]
["2013-11-15","Austin  Reynolds","East","Quad",2,32,64]
["2013-11-12","Drew  Rogers","MidWest","Sunshine",22,18.95,416.9]
["2013-11-20","Sylvester  Morales","West","Crested Beaut",3,25,75]
["2014-10-12","Eddie  Green","East","Sunshine",3,18.95,56.85]
["2014-12-21","Salvador  Bass","West","Crested Beaut",2,25,50]
["2013-11-15","Sylvester  Morales","West","Bellen",3,22.95,68.849999999999994]
["2014-12-09","Lynette  Brewer","MidWest","Bellen",2,22.95,45.9]
["2013-11-14","Cindy  Becker","South","Crested Beaut",3,24,72]
["2013-12-22","Woodrow  Colon","South","Crested Beaut",3,24,72]
["2013-11-23","Lance  Yates","MidWest","Sunset",3,23.5,70.5]
["2013-07-24","Don  Gonzales","South","Bellen",2,22.95,45.9]
["2014-12-11","Colleen  Warren","West","Aspen",3,21,63]
["2013-11-22","Billie  Chandler","MidWest","Quad",3,33,99]
["2013-11-25","Bernadette  Page","MidWest","Bellen",2,22.95,45.9]
["2013-12-29","Blake  Bridges","South","Quad",3,33,99]
["2014-12-07","Lorraine  Gibson","East","Doublers",3,75.95,227.85]
["2014-11-06","Brooke  Horton","MidWest","Crested Beaut",1,24,24]
["2014-11-16","Colleen  Warren","West","Quad",2,34,68]
["2014-11-26","Elaine  Ellis","South","FlatTop",2,26.5,53]
["2014-12-24","Ben  Perez","West","FlatTop",2,27.5,55]
["2013-11-27","Cindy  Becker","South","Quad",3,33,99]
["2013-12-17","Kyle  Carr","MidWest","Sunbell",3,24,72]
["2013-01-23","Blake  Bridges","South","Crested Beaut",2,24,48]
["2013-11-10","Pauline  Beck","West","Sunshine",2,19.95,39.9]
["2014-04-01","Johanna  Boone","South","Bellen",3,22.95,68.849999999999994]
["2014-12-15","Lorraine  Gibson","East","Bellen",10,21.95,219.5]
["2013-11-30","Colleen  Warren","West","Bellen",1,22.95,22.95]
["2014-12-21","Pauline  Beck","West","Bellen",1,22.95,22.95]
["2014-12-06","Shari  Silva","South","Crested Beaut",2,24,48]
["2014-12-10","Peter  Hodges","MidWest","Sunshine",1,19.95,19.95]
["2014-12-17","Johanna  Boone","South","Bellen",1,22.95,22.95]
["2014-11-23","Shari  Silva","South","Bellen",1,22.95,22.95]
["2013-12-07","Bernadette  Page","MidWest","Carlota",24,21.8,523.20000000000005]
["2013-12-21","Billie  Chandler","MidWest","Sunset",3,23.5,70.5]
["2013-11-30","Bernadette  Page","MidWest","Doublers",3,79.95,239.85]
["2013-06-15","Shari  Silva","South","Quad",3,33,99]
["2013-11-22","Cindy  Becker","South","Bellen",3,22.95,68.849999999999994]
["2013-12-15","Ernest  Davis","West","Sunshine",3,19.95,59.85]
["2013-11-07","Andrew  Meyer","West","Sunshine",2,19.95,39.9]
["2013-11-27","Peter  Hodges","MidWest","Quad",2,33,66]
["2013-11-21","Brooke  Horton","MidWest","Sunset",2,23.5,47]
["2014-11-21","Sonya  Mullins","East","Quad",2,32,64]
["2013-11-16","Cassandra  Franklin","MidWest","FlatTop",3,27.5,82.5]
["2014-12-19","Rachel  Gomez","MidWest","Bellen",24,21.8,523.20000000000005]
["2014-11-10","Jaime  Pearson","MidWest","V-Rang",2,18,36]
["2014-05-01","Brooke  Horton","MidWest","Bellen",3,22.95,68.849999999999994]
["2014-12-09","Lance  Yates","MidWest","Bellen",3,22.95,68.849999999999994]
["2013-02-16","Lance  Yates","MidWest","Crested Beaut",3,24,72]
["2014-07-08","Ben  Perez","West","Bellen",17,21.8,370.6]
["2013-02-21","Salvador  Bass","West","Quad",2,34,68]
["2013-11-25","Johanna  Boone","South","Sunset",3,22.5,67.5]
["2014-11-20","Isabel  Cross","East","Aspen",2,19,38]
["2014-10-27","Shari  Silva","South","Crested Beaut",16,22.8,364.8]
["2013-04-22","Robert  Munoz","MidWest","Sunshine",3,19.95,59.85]
["2014-12-22","Eric  Rose","West","Carlota",3,22.95,68.849999999999994]
["2014-11-16","Arturo  Francis","East","Sunshine",2,18.95,37.9]
["2014-12-17","Ernest  Davis","West","Sunshine",6,19.95,119.7]
["2014-12-11","Jaime  Pearson","MidWest","Crested Beaut",2,24,48]
["2014-11-11","Andrew  Meyer","West","Quad",1,34,34]
["2014-06-14","Ben  Perez","West","Sunbell",3,25,75]
["2014-12-30","Bobbie  Ryan","East","Crested Beaut",6,23,138]
["2013-12-25","Bethany  Pena","MidWest","Bellen",3,22.95,68.849999999999994]
["2014-12-05","Sandra  Floyd","MidWest","Bellen",2,22.95,45.9]
["2013-11-19","Patty  Thompson","West","Sunbell",1,25,25]
["2014-11-13","Ben  Perez","West","Sunshine",2,19.95,39.9]
["2013-12-26","Jenny  Garcia","MidWest","Aspen",3,20,60]
["2014-12-02","Nellie  Joseph","East","Majectic Beaut",4,28,112]
["2014-01-28","Iris  Underwood","West","Majectic Beaut",3,30,90]
["2014-12-31","Woodrow  Colon","South","Carlota",2,22.95,45.9]
["2013-12-08","Shari  Silva","South","Bellen",2,22.95,45.9]
["2013-06-17","Bethany  Pena","MidWest","Majectic Beaut",2,29,58]
["2014-11-21","Sylvester  Morales","West","Quad",19,32.299999999999997,613.70000000000005]
["2013-11-02","Trevor  Jones","West","Bellen",3,22.95,68.849999999999994]
["2013-05-17","Felicia  Jennings","West","Quad",3,34,102]
["2014-06-04","Trevor  Jones","West","Quad",1,34,34]
["2013-11-03","Andrew  Meyer","West","Aspen",2,21,42]
["2013-11-05","Drew  Rogers","MidWest","Quad",1,33,33]
["2014-11-21","Isabel  Cross","East","Quad",1,32,32]
["2014-07-31","Isabel  Cross","East","Quad",2,32,64]
["2013-11-11","Nellie  Joseph","East","Quad",2,32,64]
["2014-10-15","Felicia  Jennings","West","Carlota",3,22.95,68.849999999999994]
["2013-12-30","Woodrow  Colon","South","Carlota",3,22.95,68.849999999999994]
["2014-12-20","Blake  Bridges","South","FlatTop",3,26.5,79.5]
["2013-10-14","Rachel  Gomez","MidWest","Aspen",1,20,20]
["2013-11-05","Rachel  Gomez","MidWest","Quad",1,33,33]
["2013-11-22","Della  Jensen","East","Quad",2,32,64]
["2013-11-15","Austin  Reynolds","East","Crested Beaut",4,23,92]
["2013-12-09","Dan  Peterson","MidWest","Majectic Beaut",21,27.55,578.54999999999995]
["2013-11-11","Robert  Munoz","MidWest","Aspen",2,20,40]
["2014-04-30","Cecilia  Manning","South","Quad",1,33,33]
["2013-12-11","Johanna  Boone","South","Sunbell",3,24,72]
["2014-12-01","Drew  Rogers","MidWest","Sunbell",3,24,72]
["2014-12-27","Ernest  Davis","West","Sunbell",3,25,75]
["2013-08-29","Blake  Bridges","South","Bellen",2,22.95,45.9]
["2014-12-14","Robert  Munoz","MidWest","Bellen",1,22.95,22.95]
["2013-12-02","Shari  Silva","South","Crested Beaut",2,24,48]
["2014-12-04","Beth  Tucker","West","Quad",1,34,34]
["2014-11-05","Isabel  Cross","East","Sunshine",4,18.95,75.8]
["2014-07-09","Austin  Reynolds","East","Quad",2,32,64]
["2013-11-11","Austin  Reynolds","East","Carlota",2,21.95,43.9]
["2013-12-11","Arturo  Francis","East","Aspen",2,19,38]
["2014-12-23","Isabel  Cross","East","Sunshine",2,18.95,37.9]
["2014-12-24","Beth  Tucker","West","Sunbell",3,25,75]
["2013-11-07","Sonya  Mullins","East","Sunbell",1,23,23]
["2014-06-22","Shari  Silva","South","FlatTop",2,26.5,53]
["2014-11-04","Tiffany  May","West","Carlota",2,22.95,45.9]
["2014-11-16","Cassandra  Franklin","MidWest","Carlota",3,22.95,68.849999999999994]
["2014-12-09","Lance  Yates","MidWest","Sunshine",2,19.95,39.9]
["2014-11-15","Drew  Rogers","MidWest","Carlota",2,22.95,45.9]
["2013-01-19","Lance  Yates","MidWest","Majectic Beaut",3,29,87]
["2013-10-12","Eric  Rose","West","Quad",3,34,102]
["2014-11-12","Max  Rodgers","West","Carlota",1,22.95,22.95]
["2014-12-08","Ruben  Nunez","West","Majectic Beaut",3,30,90]
["2014-11-23","Mable  Lindsey","West","V-Rang",11,18.05,198.55]
["2013-11-06","Cindy  Becker","South","Quad",1,33,33]
["2014-01-18","Ellen  Weaver","South","Bellen",14,21.8,305.2]
["2014-07-24","Paulette  Spencer","South","FlatTop",1,26.5,26.5]
["2014-11-12","Paulette  Spencer","South","Carlota",3,22.95,68.849999999999994]
["2014-11-23","Della  Jensen","East","Bellen",1,21.95,21.95]
["2014-11-26","Trevor  Jones","West","V-Rang",1,19,19]
["2014-02-02","Woodrow  Colon","South","Quad",1,33,33]
["2014-12-08","Guillermo  Potter","MidWest","Quad",3,33,99]
["2013-02-17","Austin  Reynolds","East","Sunshine",3,18.95,56.85]
["2014-10-04","Trevor  Jones","West","Bellen",2,22.95,45.9]
["2014-02-18","Shari  Silva","South","Quad",3,33,99]
["2014-06-22","Johanna  Boone","South","Sunset",3,22.5,67.5]
["2014-11-26","Paulette  Spencer","South","Sunbell",1,24,24]
["2013-11-21","Elaine  Ellis","South","Bellen",1,22.95,22.95]
["2014-08-15","Trevor  Jones","West","Crested Beaut",1,25,25]
["2014-11-28","Patty  Thompson","West","Sunbell",1,25,25]
["2013-11-26","Blake  Bridges","South","Bellen",3,22.95,68.849999999999994]
["2014-12-30","Kyle  Carr","MidWest","Sunshine",2,19.95,39.9]
["2013-12-01","Andrew  Meyer","West","Quad",12,32.299999999999997,387.6]
["2013-11-30","Lula  Daniels","MidWest","Quad",2,33,66]
["2013-11-25","Woodrow  Colon","South","Sunbell",20,22.8,456]
["2013-07-04","Jenny  Garcia","MidWest","Crested Beaut",2,24,48]
["2014-11-30","Felicia  Jennings","West","FlatTop",1,27.5,27.5]
["2014-03-13","Andrew  Meyer","West","Quad",1,34,34]
["2013-09-27","Peter  Hodges","MidWest","Bellen",1,22.95,22.95]
["2013-11-15","Colleen  Warren","West","Sunset",1,23.5,23.5]
["2014-12-22","Jenny  Garcia","MidWest","Sunshine",2,19.95,39.9]
["2013-11-22","Lula  Daniels","MidWest","Carlota",2,22.95,45.9]
["2013-08-01","Austin  Reynolds","East","Quad",13,30.4,395.2]
["2014-11-08","Paulette  Spencer","South","Bellen",22,21.8,479.6]
["2013-12-17","Paulette  Spencer","South","Aspen",2,20,40]
["2014-12-15","Isabel  Cross","East","Crested Beaut",2,23,46]
["2013-12-02","Brooke  Horton","MidWest","Bellen",1,22.95,22.95]
["2014-12-29","Ivan  Adkins","West","Sunshine",1,19.95,19.95]
["2014-12-08","Johanna  Boone","South","Majectic Beaut",1,29,29]
["2014-03-18","Sandra  Floyd","MidWest","Crested Beaut",2,24,48]
["2014-12-19","Edwin  Malone","East","Carlota",3,21.95,65.849999999999994]
["2013-12-05","Blake  Bridges","South","Carlota",2,22.95,45.9]
["2014-11-11","Max  Rodgers","West","Sunshine",1,19.95,19.95]
["2013-12-06","Tiffany  May","West","FlatTop",2,27.5,55]
["2013-07-07","Lance  Yates","MidWest","Carlota",2,22.95,45.9]
["2013-12-17","Sonya  Mullins","East","Crested Beaut",3,23,69]
["2013-06-07","Rachel  Gomez","MidWest","Sunbell",2,24,48]
["2013-06-07","Isabel  Cross","East","Sunshine",3,18.95,56.85]
["2014-11-10","Ellen  Weaver","South","Quad",3,33,99]
["2013-11-29","Drew  Rogers","MidWest","Aspen",2,20,40]
["2014-07-09","Max  Rodgers","West","Quad",1,34,34]
["2014-10-21","Lance  Yates","MidWest","Quad",3,33,99]
["2013-11-11","Della  Jensen","East","Sunbell",3,23,69]
["2013-11-26","Eric  Rose","West","Carlota",2,22.95,45.9]
["2013-12-05","Della  Jensen","East","Sunshine",2,18.95,37.9]
["2013-11-15","Nellie  Joseph","East","Sunshine",3,18.95,56.85]
["2014-12-19","Patty  Thompson","West","FlatTop",1,27.5,27.5]
["2014-05-24","Brooke  Horton","MidWest","Aspen",2,20,40]
["2013-11-14","Mable  Lindsey","West","V-Rang",2,19,38]
["2013-07-10","Isabel  Cross","East","Sunset",22,21.38,470.36]
["2014-12-26","Nellie  Joseph","East","Crested Beaut",3,23,69]
["2014-11-27","Brooke  Horton","MidWest","Sunbell",3,24,72]
["2013-10-28","Della  Jensen","East","Sunshine",20,18,360]
["2014-11-24","Cassandra  Franklin","MidWest","Sunbell",2,24,48]
["2014-12-12","Rachel  Gomez","MidWest","Majectic Beaut",2,29,58]
["2013-11-29","Lance  Yates","MidWest","Sunbell",3,24,72]
["2014-11-19","Isabel  Cross","East","Aspen",1,19,19]
["2014-05-07","Pauline  Beck","West","Sunset",2,23.5,47]
["2013-12-06","Isabel  Cross","East","Quad",1,32,32]
["2013-11-07","Brooke  Horton","MidWest","Sunshine",3,19.95,59.85]
["2014-01-08","Edwin  Malone","East","Sunset",2,22.5,45]
["2014-11-29","Elbert  Klein","South","Carlota",10,22.95,229.5]
["2014-09-16","Elbert  Klein","South","Quad",2,33,66]
["2013-10-22","Christy  Olson","West","Bellen",1,22.95,22.95]
["2014-12-03","Mable  Lindsey","West","Aspen",3,21,63]
["2014-11-09","Rachel  Gomez","MidWest","Bellen",2,22.95,45.9]
["2014-12-08","Cecilia  Manning","South","Bellen",3,22.95,68.849999999999994]
["2013-11-22","Cecilia  Manning","South","Majectic Beaut",2,29,58]
["2014-08-20","Donna  Reid","West","V-Rang",2,19,38]
["2014-11-04","Trevor  Jones","West","Majectic Beaut",2,30,60]
["2013-09-23","Robert  Munoz","MidWest","Sunshine",1,19.95,19.95]
["2013-12-21","Rachel  Gomez","MidWest","V-Rang",2,18,36]
["2013-11-21","Fernando  Rowe","West","Aspen",2,21,42]
["2014-12-06","Salvador  Bass","West","Quad",1,34,34]
["2013-11-27","Shari  Silva","South","Sunbell",3,24,72]
["2014-12-18","Isabel  Cross","East","Sunbell",3,23,69]
["2014-08-22","Cassandra  Franklin","MidWest","Majectic Beaut",2,29,58]
["2014-11-23","Ernest  Davis","West","Sunbell",3,25,75]
["2014-11-17","Cassandra  Franklin","MidWest","Sunbell",4,24,96]
["2014-11-04","Patty  Thompson","West","Bellen",3,22.95,68.849999999999994]
["2013-12-29","Bobbie  Ryan","East","Sunshine",2,18.95,37.9]
["2013-12-07","Cecilia  Manning","South","Bellen",2,22.95,45.9]
["2013-12-13","Sandra  Floyd","MidWest","Crested Beaut",3,24,72]
["2013-12-24","Donna  Reid","West","Carlota",3,22.95,68.849999999999994]
["2014-09-04","Shari  Silva","South","Sunshine",3,19.95,59.85]
["2014-01-23","Elbert  Klein","South","Bellen",2,22.95,45.9]
["2013-11-16","Sylvester  Morales","West","Carlota",1,22.95,22.95]
["2013-11-15","Robert  Munoz","MidWest","Carlota",3,22.95,68.849999999999994]
["2014-07-17","Don  Gonzales","South","Sunset",2,22.5,45]
["2013-12-29","Trevor  Jones","West","V-Rang",2,19,38]
["2014-12-27","Elbert  Klein","South","Carlota",24,21.8,523.20000000000005]
["2013-07-14","Robert  Munoz","MidWest","Quad",13,31.35,407.55]
["2013-11-16","Christy  Olson","West","Quad",3,34,102]
["2013-12-17","Johanna  Boone","South","Bellen",3,22.95,68.849999999999994]
["2013-12-03","Della  Jensen","East","Quad",1,32,32]
["2014-12-05","Tracy  Reed","MidWest","Sunshine",3,19.95,59.85]
["2014-04-10","Sylvester  Morales","West","Sunset",2,23.5,47]
["2014-12-09","Cecilia  Manning","South","Quad",1,33,33]
["2013-11-15","Iris  Underwood","West","Aspen",3,21,63]
["2014-12-24","Isabel  Cross","East","Carlota",3,21.95,65.849999999999994]
["2014-11-17","Max  Rodgers","West","Crested Beaut",8,25,200]
["2013-01-21","Ellen  Weaver","South","Quad",3,33,99]
["2013-12-12","Dan  Peterson","MidWest","Quad",1,33,33]
["2014-08-01","Eddie  Green","East","Sunshine",3,18.95,56.85]
["2013-12-08","Della  Jensen","East","Quad",2,32,64]
["2013-12-07","Patty  Thompson","West","Majectic Beaut",4,30,120]
["2014-11-04","Iris  Underwood","West","FlatTop",3,27.5,82.5]
["2013-11-15","Marian  Hill","South","Bellen",2,22.95,45.9]
["2014-12-15","Della  Jensen","East","Carlota",22,20.85,458.7]
["2013-11-11","Colleen  Warren","West","Sunshine",3,19.95,59.85]
["2013-05-09","Ruben  Nunez","West","Carlota",3,22.95,68.849999999999994]
["2013-11-30","Ernest  Davis","West","Sunset",1,23.5,23.5]
["2013-08-01","Salvador  Bass","West","Quad",3,34,102]
["2013-03-22","Bernadette  Page","MidWest","V-Rang",1,18,18]
["2013-12-18","Ben  Perez","West","Sunshine",2,19.95,39.9]
["2014-11-06","Lance  Yates","MidWest","Sunbell",3,24,72]
["2014-12-11","Christy  Olson","West","Majectic Beaut",2,30,60]
["2013-11-11","Blake  Bridges","South","Sunshine",1,19.95,19.95]
["2013-12-20","Carla  Mccormick","MidWest","Majectic Beaut",2,29,58]
["2013-08-26","Lula  Daniels","MidWest","Sunshine",1,19.95,19.95]
["2013-12-05","Dan  Peterson","MidWest","Sunbell",1,24,24]
["2013-12-06","Cassandra  Franklin","MidWest","Sunshine",3,19.95,59.85]
["2013-11-20","Salvador  Bass","West","Quad",16,32.299999999999997,516.79999999999995]
["2013-12-05","Guillermo  Potter","MidWest","Quad",3,33,99]
["2013-11-18","Shari  Silva","South","Crested Beaut",1,24,24]
["2013-05-23","Sonya  Mullins","East","Carlota",3,21.95,65.849999999999994]
["2013-11-08","Sandra  Floyd","MidWest","Carlota",2,22.95,45.9]
["2013-11-07","Lance  Yates","MidWest","Quad",1,33,33]
["2014-11-13","Eddie  Green","East","Bellen",3,21.95,65.849999999999994]
["2014-12-31","Kyle  Carr","MidWest","Sunshine",1,19.95,19.95]
["2014-05-23","Beth  Tucker","West","Sunbell",3,25,75]
["2013-12-10","Elvira  Bowman","MidWest","Carlota",1,22.95,22.95]
["2013-05-21","Mable  Lindsey","West","Quad",2,34,68]
["2013-11-14","Max  Rodgers","West","Carlota",1,22.95,22.95]
["2014-11-11","Beth  Tucker","West","Doublers",2,79.95,159.9]
["2013-04-10","Brooke  Horton","MidWest","Sunset",2,23.5,47]
["2013-11-30","Elaine  Ellis","South","Carlota",1,22.95,22.95]
["2014-11-01","Beth  Tucker","West","Sunbell",3,25,75]
["2013-11-04","Max  Rodgers","West","Sunset",2,23.5,47]
["2014-06-25","Ellen  Weaver","South","Aspen",3,20,60]
["2013-12-17","Salvador  Bass","West","Sunbell",2,25,50]
["2014-12-10","Cecilia  Manning","South","Bellen",3,22.95,68.849999999999994]
["2014-12-25","Herman  Williams","East","FlatTop",2,26.5,53]
["2013-04-28","Guillermo  Potter","MidWest","Carlota",3,22.95,68.849999999999994]
["2014-11-13","Rachel  Gomez","MidWest","Sunbell",3,24,72]
["2013-12-20","Charlie  Wood","MidWest","Carlota",4,22.95,91.8]
["2013-11-06","Patty  Thompson","West","Bellen",2,22.95,45.9]
["2014-12-17","Isabel  Cross","East","Quad",15,30.4,456]
["2013-12-02","Salvador  Bass","West","V-Rang",2,19,38]
["2014-02-14","Brooke  Horton","MidWest","Quad",3,33,99]
["2014-12-05","Lynette  Brewer","MidWest","Quad",2,33,66]
["2014-11-09","Shari  Silva","South","Crested Beaut",3,24,72]
["2013-03-10","Beth  Tucker","West","Sunset",2,23.5,47]
["2014-11-29","Tracy  Reed","MidWest","Sunbell",2,24,48]
["2014-08-26","Herman  Williams","East","Quad",3,32,96]
["2014-12-16","Cecilia  Manning","South","Crested Beaut",1,24,24]
["2013-06-01","Eric  Rose","West","Sunset",7,23.5,164.5]
["2013-12-24","Bobbie  Ryan","East","Aspen",3,19,57]
["2014-01-17","Sandra  Floyd","MidWest","Quad",2,33,66]
["2014-09-02","Brooke  Horton","MidWest","FlatTop",2,27.5,55]
["2013-12-01","Sonya  Mullins","East","Bellen",2,21.95,43.9]
["2013-12-28","Cecilia  Manning","South","Carlota",3,22.95,68.849999999999994]
["2014-12-25","Brooke  Horton","MidWest","Sunshine",3,19.95,59.85]
["2014-11-04","Elbert  Klein","South","Carlota",2,22.95,45.9]
["2014-12-24","Cecilia  Manning","South","Carlota",2,22.95,45.9]
["2013-08-20","Robert  Munoz","MidWest","Bellen",1,22.95,22.95]
["2013-04-16","Cassandra  Franklin","MidWest","Majectic Beaut",3,29,87]
["2013-12-13","Billie  Chandler","MidWest","V-Rang",2,18,36]
["2014-11-26","Mable  Lindsey","West","Bellen",3,22.95,68.849999999999994]
["2013-12-12","Robert  Munoz","MidWest","Crested Beaut",1,24,24]
["2014-11-20","Ben  Perez","West","Sunshine",1,19.95,19.95]
["2014-12-10","Arturo  Francis","East","Quad",2,32,64]
["2013-06-13","Christina  Fuller","West","FlatTop",14,26.13,365.82]
["2013-10-12","Max  Rodgers","West","Quad",3,34,102]
["2014-11-18","Marian  Hill","South","Sunshine",3,19.95,59.85]
["2014-11-09","Jenny  Garcia","MidWest","Quad",3,33,99]
["2013-12-21","Carla  Mccormick","MidWest","Sunshine",3,19.95,59.85]
["2014-11-18","Pauline  Beck","West","Sunshine",3,19.95,59.85]
["2013-08-26","Elbert  Klein","South","Bellen",2,22.95,45.9]
["2013-12-07","Sandra  Floyd","MidWest","Aspen",1,20,20]
["2013-06-05","Carla  Mccormick","MidWest","Carlota",2,22.95,45.9]
["2014-11-04","Brooke  Horton","MidWest","Sunset",3,23.5,70.5]
["2014-11-04","Della  Jensen","East","Carlota",3,21.95,65.849999999999994]
["2014-08-12","Willie  Vega","MidWest","Bellen",2,22.95,45.9]
["2014-12-19","Andrew  Meyer","West","Bellen",2,22.95,45.9]
["2014-11-05","Cecilia  Manning","South","Aspen",3,20,60]
["2013-12-11","Edwin  Malone","East","Sunset",16,21.38,342.08]
["2014-12-21","Edwin  Malone","East","Majectic Beaut",2,28,56]
["2014-11-07","Brooke  Horton","MidWest","Bellen",2,22.95,45.9]
["2013-12-22","Christina  Fuller","West","FlatTop",2,27.5,55]
["2014-12-10","Marion  Glover","East","Quad",2,32,64]
["2013-11-27","Shari  Silva","South","Bellen",2,22.95,45.9]
["2013-12-05","Austin  Reynolds","East","Majectic Beaut",1,28,28]
["2013-12-23","Brooke  Horton","MidWest","Carlota",2,22.95,45.9]
["2014-12-17","Don  Gonzales","South","FlatTop",3,26.5,79.5]
["2014-04-13","Peter  Hodges","MidWest","Crested Beaut",1,24,24]
["2013-12-10","Della  Jensen","East","Aspen",2,19,38]
["2013-11-01","Rachel  Gomez","MidWest","Bellen",14,21.8,305.2]
["2014-08-16","Brooke  Horton","MidWest","Aspen",12,19,228]
["2014-07-19","Arturo  Francis","East","Bellen",1,21.95,21.95]
["2014-02-13","Shari  Silva","South","V-Rang",2,18,36]
["2014-12-19","Tracy  Reed","MidWest","Majectic Beaut",1,29,29]
["2013-12-19","Sonya  Mullins","East","Sunset",3,22.5,67.5]
["2014-11-01","Don  Gonzales","South","Sunbell",2,24,48]
["2013-11-20","Jaime  Pearson","MidWest","Crested Beaut",4,24,96]
["2013-11-14","Lorraine  Gibson","East","Sunbell",3,23,69]
["2014-09-16","Ernest  Davis","West","Carlota",2,22.95,45.9]
["2013-12-21","Sonya  Mullins","East","FlatTop",1,26.5,26.5]
["2014-09-19","Paulette  Spencer","South","Crested Beaut",2,24,48]
["2013-12-07","Pauline  Beck","West","Crested Beaut",3,25,75]
["2013-12-25","Andrew  Meyer","West","Aspen",2,21,42]
["2014-11-20","Herman  Williams","East","Quad",2,32,64]
["2013-11-11","Herman  Williams","East","Aspen",2,19,38]
["2014-06-11","Della  Jensen","East","Sunbell",1,23,23]
["2013-12-26","Ruben  Nunez","West","Carlota",2,22.95,45.9]
["2014-07-16","Fernando  Rowe","West","Sunshine",3,19.95,59.85]
["2013-11-04","Isabel  Cross","East","Sunbell",2,23,46]
["2014-11-06","Marian  Hill","South","Carlota",3,22.95,68.849999999999994]
["2014-12-15","Mable  Lindsey","West","Majectic Beaut",3,30,90]
["2014-11-11","Lorraine  Gibson","East","Carlota",3,21.95,65.849999999999994]
["2014-04-01","Shari  Silva","South","Sunbell",3,24,72]
["2013-02-08","Lula  Daniels","MidWest","Doublers",12,75.95,911.4]
["2014-12-04","Marion  Glover","East","Bellen",19,20.85,396.15]
["2014-11-05","Tiffany  May","West","Sunset",3,23.5,70.5]
["2013-04-12","Shari  Silva","South","Carlota",5,22.95,114.75]
["2014-06-08","Rachel  Gomez","MidWest","Sunshine",1,19.95,19.95]
["2014-07-17","Fernando  Rowe","West","Sunbell",2,25,50]
["2013-02-28","Robert  Munoz","MidWest","Majectic Beaut",24,27.55,661.2]
["2014-05-05","Della  Jensen","East","FlatTop",2,26.5,53]
["2013-12-26","Mable  Lindsey","West","Aspen",18,19.95,359.1]
["2013-11-16","Jenny  Garcia","MidWest","Bellen",2,22.95,45.9]
["2013-04-30","Christy  Olson","West","Sunset",3,23.5,70.5]
["2014-06-30","Sonya  Mullins","East","Sunshine",1,18.95,18.95]
["2013-12-14","Jenny  Garcia","MidWest","Bellen",2,22.95,45.9]
["2013-11-20","Charlie  Wood","MidWest","Sunbell",7,24,168]
["2013-03-10","Drew  Rogers","MidWest","Majectic Beaut",3,29,87]
["2014-11-17","Lula  Daniels","MidWest","Crested Beaut",2,24,48]
["2013-11-08","Charlie  Wood","MidWest","Carlota",1,22.95,22.95]
["2013-12-21","Don  Gonzales","South","Sunset",21,21.38,448.98]
["2013-04-09","Ernest  Davis","West","FlatTop",1,27.5,27.5]
["2013-11-26","Billie  Chandler","MidWest","Carlota",2,22.95,45.9]
["2013-11-26","Marian  Hill","South","Quad",3,33,99]
["2014-11-11","Brooke  Horton","MidWest","Sunshine",3,19.95,59.85]
["2014-11-20","Cassandra  Franklin","MidWest","Quad",2,33,66]
["2013-12-08","Lynette  Brewer","MidWest","Crested Beaut",3,24,72]
["2013-12-19","Joey  Wong","West","Quad",2,34,68]
["2013-12-28","Eddie  Green","East","Carlota",3,21.95,65.849999999999994]
["2013-02-11","Arturo  Francis","East","Sunset",3,22.5,67.5]
["2014-04-15","Eric  Rose","West","Bellen",21,21.8,457.8]
["2014-11-14","Shari  Silva","South","Quad",2,33,66]
["2013-11-30","Nellie  Joseph","East","Bellen",3,21.95,65.849999999999994]
["2013-11-15","Ruben  Nunez","West","Sunshine",3,19.95,59.85]
["2013-08-22","Iris  Underwood","West","Majectic Beaut",2,30,60]
["2013-12-18","Jenny  Garcia","MidWest","Carlota",7,22.95,160.65]
["2013-11-07","Salvador  Bass","West","Sunbell",3,25,75]
["2014-11-26","Ben  Perez","West","Crested Beaut",3,25,75]
["2014-11-24","Tracy  Reed","MidWest","Bellen",3,22.95,68.849999999999994]
["2014-11-26","Elbert  Klein","South","Quad",2,33,66]
["2014-09-29","Johanna  Boone","South","Majectic Beaut",2,29,58]
["2014-12-04","Sonya  Mullins","East","Quad",1,32,32]
["2013-10-30","Ernest  Davis","West","Majectic Beaut",2,30,60]
["2013-12-18","Austin  Reynolds","East","Sunset",2,22.5,45]
["2014-12-15","Bernadette  Page","MidWest","Doublers",1,79.95,79.95]
["2013-11-20","Allan  Ramos","MidWest","Sunshine",1,19.95,19.95]
["2013-11-29","Bernadette  Page","MidWest","Aspen",1,20,20]
["2014-03-28","Andrew  Meyer","West","Bellen",1,22.95,22.95]
["2013-11-18","Lynette  Brewer","MidWest","Aspen",3,20,60]
["2013-12-31","Eddie  Green","East","Sunset",1,22.5,22.5]
["2013-05-15","Christy  Olson","West","Doublers",1,79.95,79.95]
["2013-11-19","Patty  Thompson","West","Carlota",3,22.95,68.849999999999994]
["2013-11-22","Edwin  Malone","East","Majectic Beaut",2,28,56]
["2013-02-26","Shari  Silva","South","FlatTop",2,26.5,53]
["2014-12-28","Edwin  Malone","East","Quad",3,32,96]
["2014-05-29","Joey  Wong","West","Majectic Beaut",15,28.5,427.5]
["2013-02-08","Fernando  Rowe","West","Sunbell",1,25,25]
["2013-10-28","Elbert  Klein","South","V-Rang",1,18,18]
["2014-06-06","Lance  Yates","MidWest","Quad",1,33,33]
["2013-07-21","Lee  Mack","MidWest","Bellen",18,21.8,392.4]
["2014-04-26","Mable  Lindsey","West","Sunset",3,23.5,70.5]
["2013-11-21","Trevor  Jones","West","Quad",1,34,34]
["2014-12-23","Guillermo  Potter","MidWest","Quad",2,33,66]
["2013-09-23","Mable  Lindsey","West","Sunbell",1,25,25]
["2014-11-25","Ellen  Weaver","South","Bellen",3,22.95,68.849999999999994]
["2014-11-23","Ben  Perez","West","Aspen",3,21,63]
["2014-12-18","Marian  Hill","South","Sunbell",1,24,24]
["2014-11-08","Tiffany  May","West","Sunbell",2,25,50]
["2014-11-25","Elvira  Bowman","MidWest","Quad",3,33,99]
["2013-12-10","Trevor  Jones","West","Carlota",2,22.95,45.9]
["2013-12-19","Shari  Silva","South","V-Rang",15,17.100000000000001,256.5]
["2013-11-21","Lance  Yates","MidWest","Sunshine",2,19.95,39.9]
["2013-02-09","Lynette  Brewer","MidWest","Sunbell",2,24,48]
["2014-04-15","Cecilia  Manning","South","Aspen",2,20,40]
["2014-07-21","Allan  Ramos","MidWest","Sunshine",2,19.95,39.9]
["2014-11-20","Ellen  Weaver","South","Bellen",1,22.95,22.95]
["2014-11-29","Sylvester  Morales","West","Bellen",1,22.95,22.95]
["2014-09-20","Edwin  Malone","East","Aspen",3,19,57]
["2014-09-29","Andrew  Meyer","West","Sunset",1,23.5,23.5]
["2013-12-25","Donna  Reid","West","Majectic Beaut",3,30,90]
["2014-02-20","Andrew  Meyer","West","V-Rang",2,19,38]
["2014-03-12","Don  Gonzales","South","Crested Beaut",3,24,72]
["2014-11-18","Christina  Fuller","West","Sunshine",2,19.95,39.9]
["2014-11-25","Max  Rodgers","West","Quad",2,34,68]
["2013-11-28","Beth  Tucker","West","Crested Beaut",2,25,50]
["2014-01-31","Max  Rodgers","West","Aspen",3,21,63]
["2013-06-02","Beth  Tucker","West","Sunset",25,22.33,558.25]
["2013-08-28","Drew  Rogers","MidWest","Quad",3,33,99]
["2013-01-12","Jaime  Pearson","MidWest","Aspen",1,20,20]
["2013-12-08","Shari  Silva","South","Sunset",3,22.5,67.5]
["2014-12-25","Iris  Underwood","West","Sunbell",7,25,175]
["2014-11-20","Lula  Daniels","MidWest","Sunshine",3,19.95,59.85]
["2014-12-12","Isabel  Cross","East","Sunset",3,22.5,67.5]
["2013-05-27","Elbert  Klein","South","Quad",1,33,33]
["2014-12-31","Lance  Yates","MidWest","Quad",3,33,99]
["2014-12-03","Rachel  Gomez","MidWest","Bellen",3,22.95,68.849999999999994]
["2014-11-22","Edwin  Malone","East","Sunshine",19,18,342]
["2014-12-18","Ruben  Nunez","West","Sunshine",1,19.95,19.95]
["2014-12-27","Elbert  Klein","South","Carlota",2,22.95,45.9]
["2014-09-27","Max  Rodgers","West","Quad",2,34,68]
["2013-01-13","Rachel  Gomez","MidWest","Sunbell",4,24,96]
["2013-11-15","Shari  Silva","South","Bellen",3,22.95,68.849999999999994]
["2013-11-09","Brooke  Horton","MidWest","Sunbell",3,24,72]
["2013-08-03","Blake  Bridges","South","Quad",3,33,99]
["2014-05-18","Salvador  Bass","West","Carlota",1,22.95,22.95]
["2014-06-26","Dan  Peterson","MidWest","Quad",4,33,132]
["2014-07-13","Shari  Silva","South","Sunshine",11,18.95,208.45]
["2014-12-16","Ivan  Adkins","West","Majectic Beaut",3,30,90]
["2014-04-23","Isabel  Cross","East","Carlota",2,21.95,43.9]
["2014-11-05","Shari  Silva","South","Sunset",2,22.5,45]
["2013-12-22","Nellie  Joseph","East","Crested Beaut",2,23,46]
["2013-12-25","Robert  Munoz","MidWest","Quad",1,33,33]
["2013-11-21","Mable  Lindsey","West","Carlota",1,22.95,22.95]
["2014-12-26","Joey  Wong","West","Sunshine",2,19.95,39.9]
["2013-12-03","Sandra  Floyd","MidWest","Majectic Beaut",3,29,87]
["2014-11-01","Kyle  Carr","MidWest","Sunset",2,23.5,47]
["2014-09-06","Cassandra  Franklin","MidWest","Majectic Beaut",3,29,87]
["2013-11-14","Jenny  Garcia","MidWest","Doublers",3,79.95,239.85]
["2014-12-24","Cecilia  Manning","South","Majectic Beaut",1,29,29]
["2013-11-04","Cindy  Becker","South","Sunbell",2,24,48]
["2013-11-05","Dan  Peterson","MidWest","Bellen",1,22.95,22.95]
["2014-12-16","Robert  Munoz","MidWest","Majectic Beaut",4,29,116]
["2013-12-06","Edwin  Malone","East","Bellen",1,21.95,21.95]
["2013-02-10","Kyle  Carr","MidWest","FlatTop",3,27.5,82.5]
["2014-01-12","Iris  Underwood","West","Sunbell",2,25,50]
["2013-03-31","Cindy  Becker","South","Sunset",3,22.5,67.5]
["2013-07-20","Herman  Williams","East","Sunset",16,21.38,342.08]
["2013-06-04","Rachel  Gomez","MidWest","Sunset",3,23.5,70.5]
["2013-12-29","Shari  Silva","South","Carlota",2,22.95,45.9]
["2013-11-05","Della  Jensen","East","Carlota",2,21.95,43.9]
["2013-08-04","Sylvester  Morales","West","Carlota",2,22.95,45.9]
["2014-12-07","Ellen  Weaver","South","Sunbell",2,24,48]
["2014-12-23","Lance  Yates","MidWest","Bellen",24,21.8,523.20000000000005]
["2013-12-28","Mable  Lindsey","West","Carlota",3,22.95,68.849999999999994]
["2013-11-28","Christina  Fuller","West","Quad",1,34,34]
["2014-10-13","Shari  Silva","South","Crested Beaut",1,24,24]
["2013-05-21","Rachel  Gomez","MidWest","Quad",3,33,99]
["2013-12-14","Drew  Rogers","MidWest","Carlota",1,22.95,22.95]
["2013-12-17","Max  Rodgers","West","Carlota",2,22.95,45.9]
["2013-11-21","Salvador  Bass","West","Sunbell",3,25,75]
["2014-11-14","Robert  Munoz","MidWest","Sunset",3,23.5,70.5]
["2014-07-28","Eddie  Green","East","Carlota",3,21.95,65.849999999999994]
["2013-09-27","Felicia  Jennings","West","Quad",2,34,68]
["2014-12-27","Rachel  Gomez","MidWest","Sunshine",3,19.95,59.85]
["2013-09-25","Charlie  Wood","MidWest","Quad",2,33,66]
["2013-12-08","Eddie  Green","East","Quad",2,32,64]
["2014-07-03","Brooke  Horton","MidWest","Quad",2,33,66]
["2014-12-23","Max  Rodgers","West","Majectic Beaut",2,30,60]
["2013-12-16","Andrew  Meyer","West","Bellen",6,22.95,137.69999999999999]
["2013-12-03","Bobbie  Ryan","East","Doublers",1,75.95,75.95]
["2014-12-13","Iris  Underwood","West","Quad",3,34,102]
["2014-12-06","Marian  Hill","South","Sunbell",1,24,24]
["2014-12-13","Cecilia  Manning","South","Crested Beaut",2,24,48]
["2014-06-29","Don  Gonzales","South","Sunbell",2,24,48]
["2014-12-17","Andrew  Meyer","West","Sunshine",2,19.95,39.9]
["2013-11-23","Shari  Silva","South","Sunset",2,22.5,45]
["2013-11-26","Charlie  Wood","MidWest","Quad",3,33,99]
["2013-11-09","Trevor  Jones","West","Aspen",2,21,42]
["2013-12-29","Colleen  Warren","West","Sunset",3,23.5,70.5]
["2014-12-08","Max  Rodgers","West","Sunbell",2,25,50]
["2013-08-02","Drew  Rogers","MidWest","Sunbell",2,24,48]
["2014-08-19","Della  Jensen","East","Sunshine",1,18.95,18.95]
["2013-11-18","Donna  Reid","West","Sunshine",1,19.95,19.95]
["2013-12-07","Herman  Williams","East","Sunset",1,22.5,22.5]
["2013-11-16","Kyle  Carr","MidWest","Sunbell",3,24,72]
["2014-06-28","Sylvester  Morales","West","Crested Beaut",2,25,50]
["2013-11-27","Paulette  Spencer","South","Sunbell",1,24,24]
["2013-12-04","Drew  Rogers","MidWest","Carlota",3,22.95,68.849999999999994]
["2014-11-12","Max  Rodgers","West","Sunset",4,23.5,94]
["2014-11-24","Herman  Williams","East","Sunshine",1,18.95,18.95]
["2013-11-09","Bethany  Pena","MidWest","Sunset",2,23.5,47]
["2014-01-20","Max  Rodgers","West","V-Rang",2,19,38]
["2013-11-14","Trevor  Jones","West","Sunset",2,23.5,47]
["2013-12-02","Trevor  Jones","West","Quad",2,34,68]
["2014-11-30","Christy  Olson","West","Quad",1,34,34]
["2014-11-29","Kyle  Carr","MidWest","V-Rang",2,18,36]
["2014-09-17","Lorraine  Gibson","East","Sunshine",3,18.95,56.85]
["2014-02-23","Lula  Daniels","MidWest","Sunshine",2,19.95,39.9]
["2013-12-07","Beth  Tucker","West","Crested Beaut",1,25,25]
["2014-12-05","Drew  Rogers","MidWest","Carlota",2,22.95,45.9]
["2014-02-01","Tiffany  May","West","FlatTop",3,27.5,82.5]
["2013-12-07","Bernadette  Page","MidWest","Sunset",3,23.5,70.5]
["2014-11-07","Don  Gonzales","South","Majectic Beaut",2,29,58]
["2013-12-11","Edwin  Malone","East","Sunshine",1,18.95,18.95]
["2013-08-31","Cecilia  Manning","South","Quad",1,33,33]
["2014-06-11","Allan  Ramos","MidWest","Sunbell",3,24,72]
["2014-12-28","Jenny  Garcia","MidWest","Sunset",3,23.5,70.5]
["2014-11-15","Cecilia  Manning","South","Bellen",2,22.95,45.9]
["2014-12-05","Bernadette  Page","MidWest","Carlota",3,22.95,68.849999999999994]
["2013-02-24","Felicia  Jennings","West","Sunshine",3,19.95,59.85]
["2014-11-22","Ernest  Davis","West","Carlota",1,22.95,22.95]
["2014-11-17","Iris  Underwood","West","Crested Beaut",2,25,50]
["2014-11-16","Kyle  Carr","MidWest","Quad",4,33,132]
["2014-02-18","Jaime  Pearson","MidWest","Carlota",1,22.95,22.95]
["2013-12-11","Bethany  Pena","MidWest","FlatTop",4,27.5,110]
["2014-02-18","Rachel  Gomez","MidWest","Carlota",1,22.95,22.95]
["2014-12-22","Lynette  Brewer","MidWest","Bellen",2,22.95,45.9]
["2014-11-12","Carla  Mccormick","MidWest","Sunbell",18,22.8,410.4]
["2014-12-30","Rachel  Gomez","MidWest","Quad",2,33,66]
["2013-12-22","Della  Jensen","East","Crested Beaut",3,23,69]
["2013-12-30","Isabel  Cross","East","Sunshine",1,18.95,18.95]
["2014-06-15","Eddie  Green","East","Carlota",1,21.95,21.95]
["2013-04-22","Max  Rodgers","West","Crested Beaut",2,25,50]
["2014-12-11","Salvador  Bass","West","Sunshine",7,19.95,139.65]
["2013-12-05","Ben  Perez","West","Quad",2,34,68]
["2013-12-21","Max  Rodgers","West","Majectic Beaut",2,30,60]
["2014-12-07","Ben  Perez","West","Sunset",4,23.5,94]
["2013-05-22","Donna  Reid","West","Carlota",3,22.95,68.849999999999994]
["2014-11-19","Carla  Mccormick","MidWest","Quad",1,33,33]
["2013-11-16","Max  Rodgers","West","FlatTop",12,26.13,313.56]
["2013-12-02","Willie  Vega","MidWest","Quad",2,33,66]
["2014-02-21","Elaine  Ellis","South","Sunset",4,22.5,90]
["2014-12-09","Billie  Chandler","MidWest","Sunshine",1,19.95,19.95]
["2013-11-23","Jaime  Pearson","MidWest","Quad",2,33,66]
["2014-07-15","Marion  Glover","East","Sunset",2,22.5,45]
["2014-12-09","Jaime  Pearson","MidWest","Bellen",3,22.95,68.849999999999994]
["2013-09-06","Jenny  Garcia","MidWest","Crested Beaut",1,24,24]
["2013-12-04","Kyle  Carr","MidWest","Sunbell",1,24,24]
["2014-07-20","Rachel  Gomez","MidWest","Bellen",3,22.95,68.849999999999994]
["2013-11-08","Shari  Silva","South","Majectic Beaut",2,29,58]
["2014-11-20","Elbert  Klein","South","Bellen",1,22.95,22.95]
["2013-12-26","Max  Rodgers","West","Crested Beaut",11,23.75,261.25]
["2013-08-09","Sonya  Mullins","East","Sunshine",2,18.95,37.9]
["2014-11-12","Cassandra  Franklin","MidWest","Doublers",1,79.95,79.95]
["2014-11-07","Cindy  Becker","South","Sunbell",2,24,48]
["2014-11-24","Billie  Chandler","MidWest","Carlota",1,22.95,22.95]
["2014-12-30","Dan  Peterson","MidWest","Aspen",2,20,40]
["2014-12-10","Bethany  Pena","MidWest","Carlota",3,22.95,68.849999999999994]
["2013-11-27","Marion  Glover","East","Sunset",2,22.5,45]
["2013-12-14","Beth  Tucker","West","Aspen",11,19.95,219.45]
["2013-11-17","Joey  Wong","West","Crested Beaut",3,25,75]
["2014-11-30","Rachel  Gomez","MidWest","Sunshine",2,19.95,39.9]
["2014-09-15","Cassandra  Franklin","MidWest","Sunbell",2,24,48]
["2013-03-08","Lee  Mack","MidWest","Majectic Beaut",4,29,116]
["2014-11-01","Robert  Munoz","MidWest","Carlota",2,22.95,45.9]
["2014-03-31","Joey  Wong","West","Carlota",2,22.95,45.9]
["2013-12-14","Andrew  Meyer","West","Quad",3,34,102]
["2014-09-27","Christina  Fuller","West","Sunbell",4,25,100]
["2014-12-30","Shari  Silva","South","Quad",3,33,99]
["2014-11-23","Peter  Hodges","MidWest","Sunshine",1,19.95,19.95]
["2013-12-07","Jenny  Garcia","MidWest","Crested Beaut",2,24,48]
["2013-12-13","Rachel  Gomez","MidWest","Sunbell",1,24,24]
["2013-12-02","Rachel  Gomez","MidWest","Carlota",3,22.95,68.849999999999994]
["2014-01-26","Robert  Munoz","MidWest","Crested Beaut",2,24,48]
["2013-09-12","Jenny  Garcia","MidWest","Quad",12,31.35,376.2]
["2013-12-15","Isabel  Cross","East","Sunbell",1,23,23]
["2013-10-08","Bobbie  Ryan","East","FlatTop",3,26.5,79.5]
["2013-11-12","Cecilia  Manning","South","Sunshine",2,19.95,39.9]
["2014-12-22","Rachel  Gomez","MidWest","Majectic Beaut",2,29,58]
["2013-11-01","Shari  Silva","South","V-Rang",2,18,36]
["2013-11-02","Guillermo  Potter","MidWest","Quad",3,33,99]
["2014-11-13","Guillermo  Potter","MidWest","Majectic Beaut",2,29,58]
["2014-11-08","Patty  Thompson","West","Bellen",3,22.95,68.849999999999994]
["2014-08-15","Lance  Yates","MidWest","Crested Beaut",2,24,48]
["2014-12-01","Iris  Underwood","West","Sunset",4,23.5,94]
["2014-12-31","Cindy  Becker","South","Sunshine",2,19.95,39.9]
["2014-12-27","Robert  Munoz","MidWest","Sunset",3,23.5,70.5]
["2013-11-18","Pauline  Beck","West","Doublers",1,79.95,79.95]
["2014-11-22","Della  Jensen","East","Sunset",2,22.5,45]
["2014-12-16","Fernando  Rowe","West","Carlota",3,22.95,68.849999999999994]
["2014-11-20","Drew  Rogers","MidWest","Majectic Beaut",14,27.55,385.7]
["2014-02-14","Salvador  Bass","West","Carlota",1,22.95,22.95]
["2013-12-23","Lance  Yates","MidWest","Quad",2,33,66]
["2013-12-08","Marian  Hill","South","Bellen",3,22.95,68.849999999999994]
["2014-12-29","Salvador  Bass","West","Quad",2,34,68]
["2013-11-17","Felicia  Jennings","West","Sunshine",3,19.95,59.85]
["2013-12-19","Nellie  Joseph","East","Crested Beaut",1,23,23]
["2014-09-16","Patty  Thompson","West","Sunshine",2,19.95,39.9]
["2014-11-06","Blake  Bridges","South","Majectic Beaut",3,29,87]
["2013-12-03","Ellen  Weaver","South","Quad",1,33,33]
["2013-11-18","Marian  Hill","South","Majectic Beaut",4,29,116]
["2013-11-01","Salvador  Bass","West","Sunshine",2,19.95,39.9]
["2013-09-08","Austin  Reynolds","East","Bellen",1,21.95,21.95]
["2013-12-12","Cecilia  Manning","South","Quad",3,33,99]
["2013-12-08","Herman  Williams","East","Doublers",3,75.95,227.85]
["2013-12-07","Johanna  Boone","South","V-Rang",3,18,54]
["2013-09-09","Cecilia  Manning","South","Bellen",3,22.95,68.849999999999994]
["2014-12-19","Max  Rodgers","West","Quad",2,34,68]
["2014-12-27","Mable  Lindsey","West","Carlota",2,22.95,45.9]
["2014-11-03","Charlie  Wood","MidWest","Aspen",3,20,60]
["2014-12-17","Drew  Rogers","MidWest","Bellen",2,22.95,45.9]
["2013-11-22","Salvador  Bass","West","Sunset",3,23.5,70.5]
["2013-03-01","Brooke  Horton","MidWest","Quad",1,33,33]
["2013-12-05","Edwin  Malone","East","Carlota",4,21.95,87.8]
["2013-12-04","Robert  Munoz","MidWest","Quad",3,33,99]
["2014-04-29","Cindy  Becker","South","Quad",1,33,33]
["2013-11-25","Brooke  Horton","MidWest","FlatTop",2,27.5,55]
["2014-12-25","Della  Jensen","East","Bellen",4,21.95,87.8]
["2013-11-13","Salvador  Bass","West","Bellen",1,22.95,22.95]
["2013-11-11","Woodrow  Colon","South","Aspen",3,20,60]
["2014-10-12","Andrew  Meyer","West","Sunbell",2,25,50]
["2013-05-29","Bobbie  Ryan","East","Majectic Beaut",3,28,84]
["2014-12-03","Robert  Munoz","MidWest","Sunshine",2,19.95,39.9]
["2014-11-21","Herman  Williams","East","Bellen",14,20.85,291.89999999999998]
["2013-12-24","Christy  Olson","West","Sunshine",1,19.95,19.95]
["2013-12-10","Bethany  Pena","MidWest","Majectic Beaut",25,27.55,688.75]
["2014-12-19","Nellie  Joseph","East","Sunbell",3,23,69]
["2014-11-02","Cecilia  Manning","South","Quad",3,33,99]
["2013-12-16","Christina  Fuller","West","Crested Beaut",2,25,50]
["2014-12-03","Lance  Yates","MidWest","Sunshine",4,19.95,79.8]
["2013-11-01","Guillermo  Potter","MidWest","Doublers",2,79.95,159.9]
["2013-12-15","Don  Gonzales","South","Crested Beaut",2,24,48]
["2013-12-03","Paulette  Spencer","South","Quad",3,33,99]
["2013-12-21","Bobbie  Ryan","East","Majectic Beaut",3,28,84]
["2014-12-23","Austin  Reynolds","East","Crested Beaut",15,21.85,327.75]
["2014-11-18","Cassandra  Franklin","MidWest","Bellen",1,22.95,22.95]
["2014-12-08","Guillermo  Potter","MidWest","Quad",2,33,66]
["2014-05-06","Della  Jensen","East","Quad",12,30.4,364.8]
["2013-01-05","Ruben  Nunez","West","Quad",19,32.299999999999997,613.70000000000005]
["2014-11-28","Shari  Silva","South","Bellen",4,22.95,91.8]
["2014-11-20","Ernest  Davis","West","Sunshine",1,19.95,19.95]
["2014-11-28","Ruben  Nunez","West","Sunset",2,23.5,47]
["2014-09-22","Trevor  Jones","West","Aspen",2,21,42]
["2013-11-20","Drew  Rogers","MidWest","Sunbell",1,24,24]
["2013-07-17","Fernando  Rowe","West","Carlota",1,22.95,22.95]
["2014-11-21","Sandra  Floyd","MidWest","Aspen",1,20,20]
["2014-11-30","Brooke  Horton","MidWest","Sunbell",2,24,48]
["2014-11-28","Mable  Lindsey","West","Carlota",2,22.95,45.9]
["2014-11-16","Ben  Perez","West","Bellen",2,22.95,45.9]
["2013-04-05","Jaime  Pearson","MidWest","Quad",1,33,33]
["2013-06-13","Robert  Munoz","MidWest","Majectic Beaut",1,29,29]
["2013-01-26","Robert  Munoz","MidWest","Bellen",2,22.95,45.9]
["2014-11-01","Lula  Daniels","MidWest","Sunbell",1,24,24]
["2013-12-04","Carla  Mccormick","MidWest","Aspen",12,19,228]
["2014-11-14","Edwin  Malone","East","Carlota",2,21.95,43.9]
["2014-11-10","Elvira  Bowman","MidWest","Quad",1,33,33]
["2013-07-18","Marion  Glover","East","Quad",2,32,64]
["2013-03-11","Brooke  Horton","MidWest","Carlota",2,22.95,45.9]
["2013-11-26","Elaine  Ellis","South","Majectic Beaut",2,29,58]
["2014-11-01","Ernest  Davis","West","Sunset",17,22.33,379.61]
["2013-11-20","Salvador  Bass","West","Bellen",3,22.95,68.849999999999994]
["2014-05-12","Max  Rodgers","West","Crested Beaut",2,25,50]
["2014-08-19","Charlie  Wood","MidWest","Quad",3,33,99]
["2013-12-19","Elbert  Klein","South","Quad",1,33,33]
["2013-03-10","Isabel  Cross","East","Carlota",1,21.95,21.95]
["2014-12-07","Bethany  Pena","MidWest","Bellen",1,22.95,22.95]
["2013-12-03","Joey  Wong","West","Crested Beaut",2,25,50]
["2013-03-22","Johanna  Boone","South","Bellen",1,22.95,22.95]
["2013-12-09","Andrew  Meyer","West","Sunshine",3,19.95,59.85]
["2013-11-30","Arturo  Francis","East","Quad",2,32,64]
["2014-11-25","Ruben  Nunez","West","Carlota",18,21.8,392.4]
["2014-12-14","Lorraine  Gibson","East","Sunset",1,22.5,22.5]
["2013-12-10","Salvador  Bass","West","Sunshine",1,19.95,19.95]
["2014-12-06","Della  Jensen","East","Sunshine",2,18.95,37.9]
["2013-12-09","Elaine  Ellis","South","Quad",3,33,99]
["2014-07-19","Allan  Ramos","MidWest","Sunshine",3,19.95,59.85]
["2014-11-02","Isabel  Cross","East","Bellen",3,21.95,65.849999999999994]
["2014-11-11","Della  Jensen","East","Aspen",1,19,19]
["2014-11-24","Willie  Vega","MidWest","Sunbell",3,24,72]
["2013-11-23","Della  Jensen","East","Majectic Beaut",1,28,28]
["2013-12-22","Lynette  Brewer","MidWest","Quad",1,33,33]
["2014-11-02","Fernando  Rowe","West","Sunshine",1,19.95,19.95]
["2013-11-13","Cindy  Becker","South","Bellen",3,22.95,68.849999999999994]
["2014-12-11","Sonya  Mullins","East","Crested Beaut",2,23,46]
["2014-12-16","Edwin  Malone","East","Sunshine",6,18.95,113.7]
["2014-12-06","Joey  Wong","West","Sunshine",13,18.95,246.35]
["2014-11-10","Max  Rodgers","West","Sunshine",1,19.95,19.95]
["2013-11-04","Ruben  Nunez","West","Sunset",2,23.5,47]
["2014-07-25","Salvador  Bass","West","Majectic Beaut",2,30,60]
["2013-06-21","Eric  Rose","West","Sunset",3,23.5,70.5]
["2013-12-06","Elaine  Ellis","South","Bellen",1,22.95,22.95]
["2014-12-07","Arturo  Francis","East","Sunset",2,22.5,45]
["2014-11-03","Sylvester  Morales","West","Bellen",3,22.95,68.849999999999994]
["2014-11-19","Iris  Underwood","West","Crested Beaut",1,25,25]
["2013-06-08","Beth  Tucker","West","Sunshine",9,19.95,179.55]
["2014-11-26","Max  Rodgers","West","Quad",1,34,34]
["2014-12-21","Rachel  Gomez","MidWest","Bellen",3,22.95,68.849999999999994]
["2014-12-15","Andrew  Meyer","West","Quad",1,34,34]
["2014-11-22","Lee  Mack","MidWest","Bellen",3,22.95,68.849999999999994]
["2013-12-14","Ben  Perez","West","Carlota",2,22.95,45.9]
["2013-11-10","Rachel  Gomez","MidWest","Carlota",4,22.95,91.8]
["2013-08-21","Max  Rodgers","West","Crested Beaut",2,25,50]
["2013-11-09","Isabel  Cross","East","Carlota",3,21.95,65.849999999999994]
["2013-11-21","Isabel  Cross","East","Quad",1,32,32]
["2013-11-24","Guillermo  Potter","MidWest","Aspen",3,20,60]
["2014-12-25","Fernando  Rowe","West","Sunset",4,23.5,94]
["2014-11-04","Don  Gonzales","South","Aspen",1,20,20]
["2014-07-17","Salvador  Bass","West","Bellen",2,22.95,45.9]
["2014-11-23","Kyle  Carr","MidWest","Quad",3,33,99]
["2014-11-03","Lula  Daniels","MidWest","Carlota",3,22.95,68.849999999999994]
["2013-11-29","Bethany  Pena","MidWest","Sunbell",3,24,72]
["2014-12-21","Herman  Williams","East","Sunbell",2,23,46]
["2014-11-19","Cassandra  Franklin","MidWest","Aspen",2,20,40]
["2013-11-30","Drew  Rogers","MidWest","Quad",2,33,66]
["2013-12-12","Brooke  Horton","MidWest","Sunbell",3,24,72]
["2013-12-05","Lee  Mack","MidWest","Quad",3,33,99]
["2013-11-17","Bethany  Pena","MidWest","Crested Beaut",1,24,24]
["2014-10-20","Tracy  Reed","MidWest","Crested Beaut",3,24,72]
["2013-03-12","Edwin  Malone","East","Sunshine",3,18.95,56.85]
["2014-12-21","Lula  Daniels","MidWest","Sunshine",2,19.95,39.9]
["2013-11-24","Ernest  Davis","West","Bellen",1,22.95,22.95]
["2013-11-22","Eric  Rose","West","Sunshine",3,19.95,59.85]
["2014-08-31","Cindy  Becker","South","V-Rang",1,18,18]
["2013-11-07","Isabel  Cross","East","Sunshine",1,18.95,18.95]
["2013-01-04","Max  Rodgers","West","Bellen",15,21.8,327]
["2013-12-03","Edwin  Malone","East","Sunshine",2,18.95,37.9]
["2014-12-17","Tracy  Reed","MidWest","Sunbell",2,24,48]
["2013-10-13","Della  Jensen","East","Quad",2,32,64]
["2014-11-04","Bernadette  Page","MidWest","FlatTop",14,26.13,365.82]
["2013-12-26","Joey  Wong","West","Carlota",16,21.8,348.8]
["2014-12-09","Ivan  Adkins","West","Aspen",1,21,21]
["2013-11-25","Max  Rodgers","West","Aspen",4,21,84]
["2014-02-10","Ivan  Adkins","West","Sunbell",2,25,50]
["2014-12-16","Elbert  Klein","South","Aspen",2,20,40]
["2013-12-25","Billie  Chandler","MidWest","Bellen",2,22.95,45.9]
["2013-05-08","Tiffany  May","West","Quad",2,34,68]
["2014-12-08","Della  Jensen","East","Doublers",2,75.95,151.9]
["2014-09-21","Don  Gonzales","South","Carlota",19,21.8,414.2]
["2014-11-01","Marian  Hill","South","Quad",3,33,99]
["2014-12-03","Bernadette  Page","MidWest","Quad",2,33,66]
["2014-01-07","Della  Jensen","East","Carlota",23,20.85,479.55]
["2014-11-24","Billie  Chandler","MidWest","Carlota",1,22.95,22.95]
["2013-03-31","Salvador  Bass","West","Carlota",3,22.95,68.849999999999994]
["2014-12-31","Drew  Rogers","MidWest","Bellen",3,22.95,68.849999999999994]
["2013-11-13","Marian  Hill","South","Crested Beaut",1,24,24]
["2013-03-16","Nellie  Joseph","East","Quad",1,32,32]
["2014-12-26","Lynette  Brewer","MidWest","Bellen",2,22.95,45.9]
["2013-12-19","Ernest  Davis","West","Aspen",3,21,63]
["2013-06-14","Rachel  Gomez","MidWest","Bellen",2,22.95,45.9]
["2013-12-20","Lance  Yates","MidWest","Sunset",2,23.5,47]
["2013-03-11","Della  Jensen","East","Quad",1,32,32]
["2014-11-30","Charlie  Wood","MidWest","Bellen",2,22.95,45.9]
["2013-11-21","Brooke  Horton","MidWest","Bellen",1,22.95,22.95]
["2013-11-10","Max  Rodgers","West","Quad",2,34,68]
["2013-11-27","Arturo  Francis","East","Sunshine",2,18.95,37.9]
["2014-11-28","Allan  Ramos","MidWest","Quad",2,33,66]
["2014-05-18","Joey  Wong","West","Aspen",2,21,42]
["2014-12-09","Cecilia  Manning","South","Aspen",11,19,209]
["2013-11-06","Bobbie  Ryan","East","Doublers",1,75.95,75.95]
["2014-03-25","Ernest  Davis","West","Carlota",2,22.95,45.9]
["2014-12-04","Della  Jensen","East","Carlota",3,21.95,65.849999999999994]
["2014-12-20","Carla  Mccormick","MidWest","V-Rang",3,18,54]
["2014-12-08","Lula  Daniels","MidWest","Quad",1,33,33]
["2013-12-24","Della  Jensen","East","Bellen",1,21.95,21.95]
["2014-11-09","Ruben  Nunez","West","Sunbell",2,25,50]
["2013-11-07","Christina  Fuller","West","Carlota",3,22.95,68.849999999999994]
["2014-11-05","Cassandra  Franklin","MidWest","Sunshine",2,19.95,39.9]
["2013-11-16","Iris  Underwood","West","Sunshine",16,18.95,303.2]
["2014-12-25","Don  Gonzales","South","Sunshine",4,19.95,79.8]
["2014-02-16","Brooke  Horton","MidWest","Sunbell",1,24,24]
["2013-12-08","Willie  Vega","MidWest","Sunshine",2,19.95,39.9]
["2014-06-30","Elvira  Bowman","MidWest","Carlota",2,22.95,45.9]
["2013-11-01","Ruben  Nunez","West","Sunshine",2,19.95,39.9]
["2014-02-06","Bobbie  Ryan","East","Sunshine",3,18.95,56.85]
["2014-11-04","Paulette  Spencer","South","Doublers",3,77.95,233.85]
["2014-11-14","Jenny  Garcia","MidWest","Crested Beaut",23,22.8,524.4]
["2013-12-09","Lorraine  Gibson","East","Sunset",3,22.5,67.5]
["2014-11-28","Sandra  Floyd","MidWest","Sunset",3,23.5,70.5]
["2014-11-07","Eddie  Green","East","Carlota",2,21.95,43.9]
["2013-11-28","Woodrow  Colon","South","Bellen",3,22.95,68.849999999999994]
["2013-09-14","Salvador  Bass","West","Quad",2,34,68]
["2013-11-22","Rachel  Gomez","MidWest","Bellen",3,22.95,68.849999999999994]
["2014-11-05","Blake  Bridges","South","Sunshine",1,19.95,19.95]
["2013-12-06","Cecilia  Manning","South","Sunbell",21,22.8,478.8]
["2014-12-14","Lance  Yates","MidWest","Quad",2,33,66]
["2014-03-26","Andrew  Meyer","West","Bellen",2,22.95,45.9]
["2013-04-28","Max  Rodgers","West","Carlota",3,22.95,68.849999999999994]
["2014-11-01","Mable  Lindsey","West","Sunbell",2,25,50]
["2014-12-05","Della  Jensen","East","Aspen",3,19,57]
["2013-11-15","Della  Jensen","East","Bellen",2,21.95,43.9]
["2013-11-11","Trevor  Jones","West","Quad",1,34,34]
["2014-11-16","Robert  Munoz","MidWest","Aspen",6,20,120]
["2014-12-12","Shari  Silva","South","Sunshine",1,19.95,19.95]
["2014-07-11","Salvador  Bass","West","Aspen",1,21,21]
["2013-10-02","Donna  Reid","West","Bellen",22,21.8,479.6]
["2013-12-02","Johanna  Boone","South","Quad",23,31.35,721.05]
["2014-11-21","Lula  Daniels","MidWest","Sunbell",2,24,48]
["2013-05-14","Sonya  Mullins","East","Sunshine",3,18.95,56.85]
["2013-11-28","Fernando  Rowe","West","Crested Beaut",2,25,50]
["2013-01-02","Isabel  Cross","East","Crested Beaut",1,23,23]
["2013-11-15","Joey  Wong","West","Carlota",2,22.95,45.9]
["2013-05-10","Drew  Rogers","MidWest","Carlota",2,22.95,45.9]
["2013-12-06","Sonya  Mullins","East","Bellen",1,21.95,21.95]
["2013-12-10","Ivan  Adkins","West","Carlota",2,22.95,45.9]
["2013-11-20","Joey  Wong","West","FlatTop",24,26.13,627.12]
["2013-12-01","Bobbie  Ryan","East","FlatTop",1,26.5,26.5]
["2013-11-28","Lorraine  Gibson","East","Bellen",4,21.95,87.8]
["2014-12-24","Beth  Tucker","West","Carlota",2,22.95,45.9]
["2014-12-01","Mable  Lindsey","West","Carlota",3,22.95,68.849999999999994]
["2014-11-12","Trevor  Jones","West","Sunshine",15,18.95,284.25]
["2014-12-13","Brooke  Horton","MidWest","Carlota",2,22.95,45.9]
["2013-12-10","Nellie  Joseph","East","Bellen",2,21.95,43.9]
["2013-10-20","Tracy  Reed","MidWest","Bellen",2,22.95,45.9]
["2014-07-31","Edwin  Malone","East","Carlota",3,21.95,65.849999999999994]
["2014-11-25","Lula  Daniels","MidWest","Carlota",3,22.95,68.849999999999994]
["2013-12-06","Ernest  Davis","West","Sunset",2,23.5,47]
["2014-11-03","Ernest  Davis","West","V-Rang",3,19,57]
["2014-11-01","Cindy  Becker","South","Aspen",3,20,60]
["2014-09-05","Austin  Reynolds","East","Sunshine",2,18.95,37.9]
["2013-12-20","Bobbie  Ryan","East","Majectic Beaut",2,28,56]
["2014-11-11","Elaine  Ellis","South","Sunshine",3,19.95,59.85]
["2013-11-02","Max  Rodgers","West","Doublers",1,79.95,79.95]
["2013-03-05","Don  Gonzales","South","Quad",2,33,66]
["2013-11-08","Christy  Olson","West","Aspen",2,21,42]
["2013-11-23","Felicia  Jennings","West","Crested Beaut",2,25,50]
["2014-12-03","Woodrow  Colon","South","Quad",2,33,66]
["2014-12-04","Sandra  Floyd","MidWest","Sunshine",3,19.95,59.85]
["2013-10-15","Ivan  Adkins","West","Bellen",1,22.95,22.95]
["2013-12-12","Drew  Rogers","MidWest","Bellen",2,22.95,45.9]
["2014-09-22","Elaine  Ellis","South","Bellen",3,22.95,68.849999999999994]
["2013-01-02","Shari  Silva","South","Crested Beaut",2,24,48]
["2014-11-17","Rachel  Gomez","MidWest","Bellen",1,22.95,22.95]
["2014-11-04","Salvador  Bass","West","Carlota",3,22.95,68.849999999999994]
["2013-12-12","Robert  Munoz","MidWest","Quad",3,33,99]
["2014-05-05","Edwin  Malone","East","Crested Beaut",2,23,46]
["2014-07-24","Elbert  Klein","South","Bellen",2,22.95,45.9]
["2013-12-02","Ben  Perez","West","Bellen",3,22.95,68.849999999999994]
["2014-10-07","Guillermo  Potter","MidWest","Carlota",1,22.95,22.95]
["2013-12-25","Salvador  Bass","West","Sunshine",2,19.95,39.9]
["2013-02-28","Trevor  Jones","West","Aspen",1,21,21]
["2014-11-25","Cassandra  Franklin","MidWest","Quad",4,33,132]
["2013-02-13","Eddie  Green","East","Carlota",1,21.95,21.95]
["2014-12-20","Edwin  Malone","East","Bellen",1,21.95,21.95]
["2013-11-22","Billie  Chandler","MidWest","FlatTop",2,27.5,55]
["2013-12-17","Ellen  Weaver","South","Majectic Beaut",11,27.55,303.05]
["2014-11-28","Charlie  Wood","MidWest","Sunshine",2,19.95,39.9]
["2013-12-18","Cassandra  Franklin","MidWest","Quad",2,33,66]
["2014-12-24","Tiffany  May","West","Aspen",3,21,63]
["2013-11-16","Herman  Williams","East","Sunbell",3,23,69]
["2013-08-23","Drew  Rogers","MidWest","Sunshine",2,19.95,39.9]
["2013-12-17","Andrew  Meyer","West","Sunbell",1,25,25]
["2014-02-20","Jenny  Garcia","MidWest","Sunshine",3,19.95,59.85]
["2014-12-20","Pauline  Beck","West","Carlota",1,22.95,22.95]
["2014-11-04","Isabel  Cross","East","Sunshine",14,18,252]
["2014-12-08","Drew  Rogers","MidWest","Sunshine",3,19.95,59.85]
["2013-07-24","Dan  Peterson","MidWest","Quad",1,33,33]
["2013-02-12","Herman  Williams","East","FlatTop",1,26.5,26.5]
["2014-12-08","Sonya  Mullins","East","Aspen",2,19,38]
["2013-12-18","Kyle  Carr","MidWest","Sunshine",2,19.95,39.9]
["2014-12-14","Trevor  Jones","West","Sunshine",1,19.95,19.95]
["2013-11-11","Shari  Silva","South","Majectic Beaut",2,29,58]
["2014-09-04","Robert  Munoz","MidWest","Sunbell",2,24,48]
["2013-11-08","Patty  Thompson","West","Sunshine",1,19.95,19.95]
["2013-12-16","Guillermo  Potter","MidWest","Carlota",1,22.95,22.95]
["2013-11-06","Iris  Underwood","West","Majectic Beaut",4,30,120]
["2014-11-02","Peter  Hodges","MidWest","Sunshine",1,19.95,19.95]
["2014-12-10","Brooke  Horton","MidWest","Sunshine",2,19.95,39.9]
["2013-12-07","Robert  Munoz","MidWest","Sunbell",2,24,48]
["2014-12-18","Eric  Rose","West","Aspen",3,21,63]
["2013-12-12","Ruben  Nunez","West","Majectic Beaut",8,30,240]
["2014-02-22","Isabel  Cross","East","Majectic Beaut",1,28,28]
["2014-11-09","Iris  Underwood","West","Bellen",1,22.95,22.95]
["2014-11-04","Fernando  Rowe","West","FlatTop",2,27.5,55]
["2014-07-05","Edwin  Malone","East","V-Rang",2,18,36]
["2014-08-23","Brooke  Horton","MidWest","Sunshine",2,19.95,39.9]
["2013-12-10","Tiffany  May","West","Crested Beaut",3,25,75]
["2013-11-06","Rachel  Gomez","MidWest","Quad",2,33,66]
["2014-12-18","Beth  Tucker","West","Bellen",1,22.95,22.95]
["2014-12-02","Christy  Olson","West","Bellen",2,22.95,45.9]
["2014-12-26","Cassandra  Franklin","MidWest","Quad",2,33,66]
["2013-12-07","Lynette  Brewer","MidWest","Bellen",2,22.95,45.9]
["2014-12-31","Fernando  Rowe","West","Sunshine",3,19.95,59.85]
["2013-03-25","Willie  Vega","MidWest","Sunbell",2,24,48]
["2014-12-02","Della  Jensen","East","Doublers",4,75.95,303.8]
["2013-11-26","Shari  Silva","South","Carlota",1,22.95,22.95]
["2014-12-21","Johanna  Boone","South","Quad",2,33,66]
["2014-12-20","Rachel  Gomez","MidWest","Bellen",3,22.95,68.849999999999994]
["2013-07-29","Elbert  Klein","South","Crested Beaut",3,24,72]
["2013-11-12","Ruben  Nunez","West","Sunshine",3,19.95,59.85]
["2013-11-21","Donna  Reid","West","Quad",1,34,34]
["2014-11-16","Blake  Bridges","South","Bellen",20,21.8,436]
["2013-06-07","Colleen  Warren","West","Sunset",2,23.5,47]
["2014-12-24","Salvador  Bass","West","Quad",3,34,102]
["2013-11-29","Robert  Munoz","MidWest","Carlota",3,22.95,68.849999999999994]
["2014-09-26","Ruben  Nunez","West","Bellen",1,22.95,22.95]
["2014-12-12","Woodrow  Colon","South","Sunshine",3,19.95,59.85]
["2013-12-30","Salvador  Bass","West","Crested Beaut",3,25,75]
["2014-12-22","Lynette  Brewer","MidWest","Bellen",7,22.95,160.65]
["2014-09-20","Lee  Mack","MidWest","Sunbell",1,24,24]
["2013-12-13","Iris  Underwood","West","Quad",9,34,306]
["2014-12-29","Jenny  Garcia","MidWest","Quad",1,33,33]
["2013-03-15","Colleen  Warren","West","Carlota",8,22.95,183.6]
["2013-11-01","Lance  Yates","MidWest","Sunset",1,23.5,23.5]
["2014-08-26","Della  Jensen","East","Majectic Beaut",3,28,84]
["2014-12-09","Bernadette  Page","MidWest","Carlota",2,22.95,45.9]
["2014-11-22","Sonya  Mullins","East","Sunbell",2,23,46]
["2014-12-14","Cecilia  Manning","South","Quad",3,33,99]
["2014-11-18","Lee  Mack","MidWest","Quad",3,33,99]
["2014-11-18","Paulette  Spencer","South","Aspen",3,20,60]
["2013-11-20","Austin  Reynolds","East","Bellen",6,21.95,131.69999999999999]
["2014-11-11","Elvira  Bowman","MidWest","Sunbell",2,24,48]
["2014-12-27","Don  Gonzales","South","Crested Beaut",2,24,48]
["2013-11-03","Ernest  Davis","West","Bellen",3,22.95,68.849999999999994]
["2014-12-02","Salvador  Bass","West","Sunbell",3,25,75]
["2014-11-04","Sandra  Floyd","MidWest","V-Rang",3,18,54]
["2013-12-11","Edwin  Malone","East","Aspen",2,19,38]
["2014-12-27","Salvador  Bass","West","FlatTop",1,27.5,27.5]
["2014-06-14","Fernando  Rowe","West","Quad",2,34,68]
["2013-08-28","Ben  Perez","West","Quad",3,34,102]
["2013-12-20","Rachel  Gomez","MidWest","Bellen",3,22.95,68.849999999999994]
["2014-11-12","Ben  Perez","West","Sunset",2,23.5,47]
["2014-08-15","Allan  Ramos","MidWest","Aspen",1,20,20]
["2013-11-27","Shari  Silva","South","Majectic Beaut",13,27.55,358.15]
["2014-11-15","Isabel  Cross","East","Carlota",2,21.95,43.9]
["2013-12-19","Donna  Reid","West","Sunbell",2,25,50]
["2014-11-11","Allan  Ramos","MidWest","Carlota",3,22.95,68.849999999999994]
["2014-11-09","Marian  Hill","South","Majectic Beaut",3,29,87]
["2014-12-15","Salvador  Bass","West","Sunshine",2,19.95,39.9]
["2014-05-31","Cindy  Becker","South","Carlota",1,22.95,22.95]
["2014-12-30","Tiffany  May","West","FlatTop",24,26.13,627.12]
["2014-12-04","Blake  Bridges","South","Aspen",1,20,20]
["2013-11-08","Mable  Lindsey","West","Sunset",3,23.5,70.5]
["2013-02-06","Salvador  Bass","West","Quad",1,34,34]
["2013-12-05","Brooke  Horton","MidWest","Sunshine",3,19.95,59.85]
["2014-11-16","Peter  Hodges","MidWest","Carlota",2,22.95,45.9]
["2013-11-23","Andrew  Meyer","West","Doublers",3,79.95,239.85]
["2013-05-13","Brooke  Horton","MidWest","Quad",2,33,66]
["2014-03-07","Donna  Reid","West","Sunshine",3,19.95,59.85]
["2013-11-14","Eddie  Green","East","Sunshine",3,18.95,56.85]
["2014-11-15","Trevor  Jones","West","Sunbell",2,25,50]
["2014-10-11","Nellie  Joseph","East","Sunshine",3,18.95,56.85]
["2013-12-15","Lynette  Brewer","MidWest","Majectic Beaut",3,29,87]
["2013-11-03","Allan  Ramos","MidWest","Carlota",2,22.95,45.9]
["2014-12-07","Herman  Williams","East","Carlota",3,21.95,65.849999999999994]
["2014-06-04","Ivan  Adkins","West","Crested Beaut",3,25,75]
["2014-11-05","Guillermo  Potter","MidWest","Bellen",2,22.95,45.9]
["2013-12-12","Bernadette  Page","MidWest","Majectic Beaut",17,27.55,468.35]
["2014-11-22","Ernest  Davis","West","Sunbell",3,25,75]
["2013-01-07","Trevor  Jones","West","Sunbell",2,25,50]
["2014-12-21","Charlie  Wood","MidWest","Quad",2,33,66]
["2014-04-05","Isabel  Cross","East","Bellen",1,21.95,21.95]
["2014-05-22","Lee  Mack","MidWest","Sunshine",15,18.95,284.25]
["2014-12-21","Ruben  Nunez","West","Aspen",3,21,63]
["2013-06-30","Shari  Silva","South","Majectic Beaut",2,29,58]
["2013-12-19","Colleen  Warren","West","Majectic Beaut",1,30,30]
["2014-12-05","Willie  Vega","MidWest","Sunshine",8,19.95,159.6]
["2014-12-08","Rachel  Gomez","MidWest","Sunshine",1,19.95,19.95]
["2014-11-23","Eddie  Green","East","Sunbell",1,23,23]
["2013-12-04","Bethany  Pena","MidWest","FlatTop",2,27.5,55]
["2014-11-23","Sonya  Mullins","East","Bellen",1,21.95,21.95]
["2013-12-23","Billie  Chandler","MidWest","Sunset",1,23.5,23.5]
["2013-12-23","Elaine  Ellis","South","Quad",3,33,99]
["2013-12-13","Christy  Olson","West","Majectic Beaut",11,28.5,313.5]
["2013-11-05","Paulette  Spencer","South","Aspen",3,20,60]
["2013-04-12","Charlie  Wood","MidWest","Carlota",3,22.95,68.849999999999994]
["2013-11-08","Ruben  Nunez","West","Sunshine",3,19.95,59.85]
["2013-01-11","Christina  Fuller","West","Crested Beaut",2,25,50]
["2014-12-02","Sonya  Mullins","East","Quad",4,32,128]
["2013-12-30","Woodrow  Colon","South","Doublers",2,77.95,155.9]
["2014-12-15","Nellie  Joseph","East","Carlota",3,21.95,65.849999999999994]
["2013-11-24","Lorraine  Gibson","East","Bellen",3,21.95,65.849999999999994]
["2014-12-17","Sylvester  Morales","West","Bellen",17,21.8,370.6]
["2013-12-14","Andrew  Meyer","West","Carlota",2,22.95,45.9]
["2013-03-28","Charlie  Wood","MidWest","Sunbell",1,24,24]
["2014-11-22","Herman  Williams","East","Quad",4,32,128]
["2014-12-05","Elbert  Klein","South","Sunbell",3,24,72]
["2013-12-11","Shari  Silva","South","Majectic Beaut",3,29,87]
["2013-04-14","Mable  Lindsey","West","Sunset",2,23.5,47]
["2014-11-28","Jenny  Garcia","MidWest","Quad",1,33,33]
["2013-11-16","Andrew  Meyer","West","Majectic Beaut",3,30,90]
["2014-11-05","Drew  Rogers","MidWest","Aspen",1,20,20]
["2013-08-25","Tiffany  May","West","Sunshine",1,19.95,19.95]
["2013-09-21","Cassandra  Franklin","MidWest","Sunshine",3,19.95,59.85]
["2014-02-21","Isabel  Cross","East","Quad",3,32,96]
["2014-12-13","Brooke  Horton","MidWest","Sunshine",2,19.95,39.9]
["2013-12-25","Trevor  Jones","West","Bellen",2,22.95,45.9]
["2014-11-16","Ruben  Nunez","West","Carlota",3,22.95,68.849999999999994]
["2014-11-16","Rachel  Gomez","MidWest","Sunshine",4,19.95,79.8]
["2014-11-25","Ellen  Weaver","South","Sunshine",1,19.95,19.95]
["2013-04-05","Lance  Yates","MidWest","Sunshine",1,19.95,19.95]
["2013-10-06","Andrew  Meyer","West","Sunshine",3,19.95,59.85]
["2014-11-21","Patty  Thompson","West","Sunshine",1,19.95,19.95]
["2013-11-02","Della  Jensen","East","Sunbell",2,23,46]
["2013-11-23","Blake  Bridges","South","Sunbell",2,24,48]
["2014-12-08","Charlie  Wood","MidWest","Doublers",23,75.95,1746.85]
["2014-02-21","Woodrow  Colon","South","Sunshine",2,19.95,39.9]
["2013-12-30","Paulette  Spencer","South","Carlota",3,22.95,68.849999999999994]
["2014-11-16","Tiffany  May","West","Bellen",1,22.95,22.95]
["2013-12-25","Cindy  Becker","South","Quad",3,33,99]
["2014-12-27","Carla  Mccormick","MidWest","Sunbell",3,24,72]
["2014-07-01","Della  Jensen","East","Crested Beaut",2,23,46]
["2014-12-15","Isabel  Cross","East","Sunbell",1,23,23]
["2013-12-25","Drew  Rogers","MidWest","Majectic Beaut",2,29,58]
["2013-12-11","Dan  Peterson","MidWest","Bellen",2,22.95,45.9]
["2013-12-07","Kyle  Carr","MidWest","Quad",1,33,33]
["2013-07-21","Dan  Peterson","MidWest","Quad",2,33,66]
["2013-12-06","Brooke  Horton","MidWest","Sunbell",2,24,48]
["2013-11-08","Herman  Williams","East","Quad",3,32,96]
["2014-11-18","Christina  Fuller","West","Aspen",13,19.95,259.35000000000002]
["2014-05-29","Felicia  Jennings","West","Quad",2,34,68]
["2013-12-15","Patty  Thompson","West","Carlota",1,22.95,22.95]
["2013-11-27","Nellie  Joseph","East","Sunset",10,22.5,225]
["2013-12-30","Tracy  Reed","MidWest","V-Rang",1,18,18]
["2013-12-26","Brooke  Horton","MidWest","Quad",3,33,99]
["2013-11-02","Brooke  Horton","MidWest","Crested Beaut",3,24,72]
["2014-12-10","Joey  Wong","West","Aspen",24,19.95,478.8]
["2014-12-01","Donna  Reid","West","Crested Beaut",4,25,100]
["2013-11-04","Woodrow  Colon","South","Crested Beaut",2,24,48]
["2013-05-09","Salvador  Bass","West","Carlota",2,22.95,45.9]
["2014-07-08","Johanna  Boone","South","Sunset",1,22.5,22.5]
["2014-12-24","Cassandra  Franklin","MidWest","Sunset",2,23.5,47]
["2013-12-28","Eric  Rose","West","Sunshine",2,19.95,39.9]
["2013-11-08","Cindy  Becker","South","Quad",2,33,66]
["2013-12-14","Christina  Fuller","West","V-Rang",2,19,38]
["2013-11-09","Woodrow  Colon","South","Quad",2,33,66]
["2013-04-13","Paulette  Spencer","South","Sunbell",19,22.8,433.2]
["2013-11-11","Rachel  Gomez","MidWest","Sunset",3,23.5,70.5]
["2013-12-06","Christy  Olson","West","Quad",3,34,102]
["2013-12-17","Ellen  Weaver","South","Carlota",1,22.95,22.95]
["2014-06-30","Brooke  Horton","MidWest","Sunset",3,23.5,70.5]
["2013-11-15","Mable  Lindsey","West","Carlota",3,22.95,68.849999999999994]
["2013-12-07","Salvador  Bass","West","Quad",3,34,102]
["2013-12-09","Rachel  Gomez","MidWest","Quad",2,33,66]
["2014-04-23","Donna  Reid","West","Quad",3,34,102]
["2013-12-05","Peter  Hodges","MidWest","Majectic Beaut",1,29,29]
["2014-11-13","Pauline  Beck","West","Sunshine",2,19.95,39.9]
["2013-11-04","Della  Jensen","East","Majectic Beaut",2,28,56]
["2013-12-10","Nellie  Joseph","East","Quad",3,32,96]
["2013-12-24","Elvira  Bowman","MidWest","Sunset",3,23.5,70.5]
["2013-01-13","Edwin  Malone","East","Sunshine",3,18.95,56.85]
["2014-11-20","Shari  Silva","South","Sunbell",3,24,72]
["2014-12-15","Joey  Wong","West","Crested Beaut",14,23.75,332.5]
["2013-11-20","Christina  Fuller","West","Sunshine",3,19.95,59.85]
["2014-08-20","Mable  Lindsey","West","Sunbell",3,25,75]
["2014-11-05","Della  Jensen","East","Sunset",2,22.5,45]
["2013-12-21","Bethany  Pena","MidWest","Quad",1,33,33]
["2014-11-09","Sonya  Mullins","East","Quad",1,32,32]
["2013-10-06","Kyle  Carr","MidWest","Sunshine",1,19.95,19.95]
["2014-11-08","Lula  Daniels","MidWest","Bellen",2,22.95,45.9]
["2014-08-24","Christina  Fuller","West","Quad",1,34,34]
["2013-12-20","Lynette  Brewer","MidWest","Crested Beaut",1,24,24]
["2013-11-21","Sandra  Floyd","MidWest","Quad",4,33,132]
["2013-11-06","Eddie  Green","East","Majectic Beaut",3,28,84]
["2013-01-21","Shari  Silva","South","Sunshine",1,19.95,19.95]
["2013-11-04","Sandra  Floyd","MidWest","FlatTop",3,27.5,82.5]
["2014-12-12","Mable  Lindsey","West","Bellen",3,22.95,68.849999999999994]
["2014-11-08","Marian  Hill","South","Quad",1,33,33]
["2014-11-12","Tracy  Reed","MidWest","Sunset",2,23.5,47]
["2013-11-06","Marion  Glover","East","Crested Beaut",2,23,46]
["2013-06-25","Billie  Chandler","MidWest","Sunset",3,23.5,70.5]
["2013-12-27","Trevor  Jones","West","V-Rang",1,19,19]
["2013-09-14","Don  Gonzales","South","Bellen",6,22.95,137.69999999999999]
["2014-12-08","Robert  Munoz","MidWest","Bellen",3,22.95,68.849999999999994]
["2014-12-17","Austin  Reynolds","East","V-Rang",1,18,18]
["2013-11-26","Rachel  Gomez","MidWest","Sunbell",1,24,24]
["2013-11-05","Cassandra  Franklin","MidWest","Quad",2,33,66]
["2014-12-07","Rachel  Gomez","MidWest","Doublers",1,79.95,79.95]
["2013-03-06","Lee  Mack","MidWest","V-Rang",2,18,36]
["2014-12-08","Elbert  Klein","South","Bellen",3,22.95,68.849999999999994]
["2013-03-26","Peter  Hodges","MidWest","Quad",2,33,66]
["2013-03-27","Cassandra  Franklin","MidWest","Sunbell",2,24,48]
["2013-12-27","Rachel  Gomez","MidWest","Crested Beaut",16,22.8,364.8]
["2014-11-05","Cassandra  Franklin","MidWest","Sunbell",3,24,72]
["2014-11-07","Patty  Thompson","West","Sunshine",2,19.95,39.9]
["2014-12-11","Della  Jensen","East","Sunbell",3,23,69]
["2014-12-16","Isabel  Cross","East","Sunshine",1,18.95,18.95]
["2014-11-12","Rachel  Gomez","MidWest","Aspen",2,20,40]
["2014-10-01","Ernest  Davis","West","Aspen",3,21,63]
["2014-12-28","Don  Gonzales","South","Quad",2,33,66]
["2013-12-06","Sylvester  Morales","West","Sunshine",2,19.95,39.9]
["2013-11-29","Edwin  Malone","East","Bellen",2,21.95,43.9]
["2013-12-24","Kyle  Carr","MidWest","Sunbell",3,24,72]
["2014-11-17","Peter  Hodges","MidWest","Quad",2,33,66]
["2013-11-28","Della  Jensen","East","V-Rang",3,18,54]
["2014-12-21","Isabel  Cross","East","Aspen",2,19,38]
["2014-01-25","Brooke  Horton","MidWest","Sunset",2,23.5,47]
["2014-11-30","Charlie  Wood","MidWest","Doublers",1,79.95,79.95]
["2014-11-09","Don  Gonzales","South","Crested Beaut",20,22.8,456]
["2013-11-15","Eddie  Green","East","Doublers",2,75.95,151.9]
["2014-06-21","Cecilia  Manning","South","Sunshine",20,18.95,379]
["2014-05-30","Drew  Rogers","MidWest","Carlota",2,22.95,45.9]
["2014-12-18","Marian  Hill","South","Bellen",2,22.95,45.9]
["2014-11-02","Sonya  Mullins","East","V-Rang",20,17.100000000000001,342]
["2013-12-21","Eric  Rose","West","Bellen",2,22.95,45.9]
["2014-12-22","Elbert  Klein","South","Quad",1,33,33]
["2013-12-27","Trevor  Jones","West","FlatTop",3,27.5,82.5]
["2014-12-25","Rachel  Gomez","MidWest","Sunshine",3,19.95,59.85]
["2013-12-25","Lance  Yates","MidWest","Bellen",1,22.95,22.95]
["2013-03-25","Drew  Rogers","MidWest","Sunbell",3,24,72]
["2013-12-24","Bernadette  Page","MidWest","Quad",3,33,99]
["2014-10-22","Lula  Daniels","MidWest","Doublers",18,75.95,1367.1]
["2013-10-25","Johanna  Boone","South","Aspen",9,20,180]
["2013-11-04","Cecilia  Manning","South","Doublers",2,77.95,155.9]
["2014-11-27","Cecilia  Manning","South","Crested Beaut",3,24,72]
["2013-12-17","Elbert  Klein","South","Aspen",6,20,120]
["2014-12-01","Lee  Mack","MidWest","Carlota",3,22.95,68.849999999999994]
["2014-11-02","Shari  Silva","South","Majectic Beaut",16,27.55,440.8]
["2013-12-18","Blake  Bridges","South","V-Rang",3,18,54]
["2013-11-06","Blake  Bridges","South","Bellen",2,22.95,45.9]
["2013-12-02","Max  Rodgers","West","V-Rang",2,19,38]
["2014-11-02","Willie  Vega","MidWest","Sunbell",4,24,96]
["2014-01-23","Bernadette  Page","MidWest","Sunset",15,22.33,334.95]
["2014-12-13","Ruben  Nunez","West","FlatTop",19,26.13,496.47]
["2014-11-21","Eddie  Green","East","Sunbell",2,23,46]
["2014-08-22","Shari  Silva","South","Sunshine",4,19.95,79.8]
["2014-07-01","Drew  Rogers","MidWest","Quad",3,33,99]
["2014-12-06","Salvador  Bass","West","Sunbell",2,25,50]
["2014-03-23","Shari  Silva","South","Sunset",1,22.5,22.5]
["2013-12-04","Eddie  Green","East","Sunbell",3,23,69]
["2013-12-18","Ivan  Adkins","West","Carlota",1,22.95,22.95]
["2014-11-30","Shari  Silva","South","Quad",3,33,99]
["2014-12-05","Sonya  Mullins","East","Carlota",3,21.95,65.849999999999994]
["2013-11-01","Salvador  Bass","West","Quad",4,34,136]
["2014-11-26","Felicia  Jennings","West","Quad",1,34,34]
["2014-05-07","Dan  Peterson","MidWest","Sunset",1,23.5,23.5]
["2014-05-02","Andrew  Meyer","West","Majectic Beaut",3,30,90]
["2013-04-10","Cindy  Becker","South","Carlota",2,22.95,45.9]
["2013-11-02","Sandra  Floyd","MidWest","Sunshine",2,19.95,39.9]
["2014-12-09","Johanna  Boone","South","Majectic Beaut",2,29,58]
["2014-11-26","Eric  Rose","West","Sunshine",3,19.95,59.85]
["2013-12-12","Ellen  Weaver","South","Carlota",2,22.95,45.9]
["2014-11-03","Andrew  Meyer","West","Carlota",3,22.95,68.849999999999994]
["2014-08-25","Tiffany  May","West","Quad",3,34,102]
["2013-12-20","Della  Jensen","East","Sunset",3,22.5,67.5]
["2014-01-23","Pauline  Beck","West","Crested Beaut",13,23.75,308.75]
["2014-10-30","Elaine  Ellis","South","Carlota",3,22.95,68.849999999999994]
["2014-12-09","Shari  Silva","South","Aspen",2,20,40]
["2013-12-01","Marian  Hill","South","Carlota",2,22.95,45.9]
["2013-03-15","Lula  Daniels","MidWest","Quad",2,33,66]
["2014-12-17","Christy  Olson","West","Carlota",2,22.95,45.9]
["2013-01-26","Ernest  Davis","West","Bellen",1,22.95,22.95]
["2013-11-18","Ellen  Weaver","South","Quad",2,33,66]
["2013-11-13","Patty  Thompson","West","V-Rang",10,19,190]
["2013-11-10","Elvira  Bowman","MidWest","V-Rang",1,18,18]
["2013-11-20","Johanna  Boone","South","Bellen",2,22.95,45.9]
["2013-12-24","Della  Jensen","East","V-Rang",3,18,54]
["2013-03-08","Nellie  Joseph","East","Sunbell",3,23,69]
["2014-11-22","Brooke  Horton","MidWest","Aspen",1,20,20]
["2014-09-05","Della  Jensen","East","Crested Beaut",1,23,23]
["2013-11-02","Austin  Reynolds","East","Sunshine",9,18.95,170.55]
["2014-12-28","Shari  Silva","South","Sunshine",15,18.95,284.25]
["2014-12-14","Austin  Reynolds","East","Bellen",4,21.95,87.8]
["2014-05-12","Shari  Silva","South","Quad",2,33,66]
["2014-12-31","Robert  Munoz","MidWest","Carlota",22,21.8,479.6]
["2013-11-14","Johanna  Boone","South","Bellen",3,22.95,68.849999999999994]
["2014-12-31","Fernando  Rowe","West","Sunbell",3,25,75]
["2014-11-12","Bobbie  Ryan","East","FlatTop",2,26.5,53]
["2013-11-19","Willie  Vega","MidWest","Sunshine",2,19.95,39.9]
["2014-07-14","Bobbie  Ryan","East","Majectic Beaut",1,28,28]
["2013-11-04","Ivan  Adkins","West","Carlota",2,22.95,45.9]
["2014-12-01","Lynette  Brewer","MidWest","Quad",1,33,33]
["2014-11-15","Kyle  Carr","MidWest","Quad",2,33,66]
["2013-07-02","Lee  Mack","MidWest","Sunshine",3,19.95,59.85]
["2013-09-19","Bernadette  Page","MidWest","Sunbell",1,24,24]
["2014-05-26","Marian  Hill","South","Majectic Beaut",3,29,87]
["2013-12-07","Jenny  Garcia","MidWest","V-Rang",4,18,72]
["2014-11-25","Max  Rodgers","West","Carlota",3,22.95,68.849999999999994]
["2013-12-09","Cindy  Becker","South","Doublers",3,77.95,233.85]
["2013-12-11","Isabel  Cross","East","Aspen",1,19,19]
["2013-03-24","Cindy  Becker","South","Crested Beaut",2,24,48]
["2014-02-18","Robert  Munoz","MidWest","Sunset",1,23.5,23.5]
["2014-11-27","Lance  Yates","MidWest","Aspen",1,20,20]
["2014-11-14","Dan  Peterson","MidWest","Carlota",3,22.95,68.849999999999994]
["2014-12-04","Robert  Munoz","MidWest","Majectic Beaut",2,29,58]
["2013-12-06","Eric  Rose","West","Carlota",1,22.95,22.95]
["2014-12-03","Sylvester  Morales","West","FlatTop",2,27.5,55]
["2013-02-16","Jenny  Garcia","MidWest","Aspen",3,20,60]
["2014-12-10","Arturo  Francis","East","Sunshine",4,18.95,75.8]
["2013-11-08","Robert  Munoz","MidWest","Crested Beaut",1,24,24]
["2014-04-24","Dan  Peterson","MidWest","Sunset",1,23.5,23.5]
["2014-11-23","Drew  Rogers","MidWest","Majectic Beaut",1,29,29]
["2014-12-25","Ellen  Weaver","South","Sunshine",1,19.95,19.95]
["2014-12-15","Kyle  Carr","MidWest","Quad",1,33,33]
["2014-12-26","Cassandra  Franklin","MidWest","Quad",2,33,66]
["2013-09-28","Shari  Silva","South","Bellen",3,22.95,68.849999999999994]
["2013-12-16","Sandra  Floyd","MidWest","Carlota",3,22.95,68.849999999999994]
["2013-11-19","Andrew  Meyer","West","Bellen",2,22.95,45.9]
["2013-11-13","Rachel  Gomez","MidWest","Carlota",3,22.95,68.849999999999994]
["2014-05-24","Max  Rodgers","West","Sunshine",1,19.95,19.95]
["2013-09-17","Marion  Glover","East","Sunbell",3,23,69]
["2014-11-25","Willie  Vega","MidWest","Carlota",2,22.95,45.9]
["2013-11-03","Brooke  Horton","MidWest","FlatTop",1,27.5,27.5]
["2013-08-03","Della  Jensen","East","Sunshine",1,18.95,18.95]
["2013-04-25","Rachel  Gomez","MidWest","Sunset",3,23.5,70.5]
["2014-11-24","Andrew  Meyer","West","Sunbell",3,25,75]
["2013-03-15","Jenny  Garcia","MidWest","Quad",4,33,132]
["2014-08-29","Felicia  Jennings","West","Bellen",3,22.95,68.849999999999994]
["2014-11-03","Sonya  Mullins","East","Quad",2,32,64]
["2014-10-03","Shari  Silva","South","Quad",2,33,66]
["2014-05-23","Della  Jensen","East","Quad",4,32,128]
["2014-11-24","Andrew  Meyer","West","Sunshine",22,18.95,416.9]
["2013-12-22","Trevor  Jones","West","Sunbell",3,25,75]
["2013-01-04","Dan  Peterson","MidWest","Sunbell",2,24,48]
["2014-03-03","Tiffany  May","West","Sunshine",2,19.95,39.9]
["2013-02-22","Iris  Underwood","West","Aspen",16,19.95,319.2]
["2013-08-04","Trevor  Jones","West","Aspen",2,21,42]
["2013-12-07","Edwin  Malone","East","Carlota",2,21.95,43.9]
["2014-11-08","Marion  Glover","East","Sunshine",2,18.95,37.9]
["2013-12-05","Salvador  Bass","West","Quad",3,34,102]
["2014-12-16","Colleen  Warren","West","Sunshine",2,19.95,39.9]
["2013-11-17","Max  Rodgers","West","Carlota",2,22.95,45.9]
["2014-12-21","Jaime  Pearson","MidWest","Bellen",3,22.95,68.849999999999994]
["2013-03-18","Tracy  Reed","MidWest","Sunset",2,23.5,47]
["2013-12-30","Della  Jensen","East","FlatTop",2,26.5,53]
["2014-08-17","Salvador  Bass","West","Sunbell",3,25,75]
["2013-12-23","Salvador  Bass","West","Doublers",2,79.95,159.9]
["2014-11-29","Tracy  Reed","MidWest","Sunshine",2,19.95,39.9]
["2014-11-09","Max  Rodgers","West","Sunshine",2,19.95,39.9]
["2014-12-22","Donna  Reid","West","Sunshine",2,19.95,39.9]
["2014-11-05","Elvira  Bowman","MidWest","Majectic Beaut",2,29,58]
["2013-11-07","Billie  Chandler","MidWest","Quad",3,33,99]
["2014-12-02","Kyle  Carr","MidWest","Quad",3,33,99]
["2013-05-18","Jenny  Garcia","MidWest","Carlota",2,22.95,45.9]
["2013-11-04","Rachel  Gomez","MidWest","Quad",2,33,66]
["2014-01-19","Edwin  Malone","East","Sunshine",1,18.95,18.95]
["2014-11-03","Rachel  Gomez","MidWest","Quad",2,33,66]
["2013-07-10","Ruben  Nunez","West","Sunbell",25,23.75,593.75]
["2014-11-30","Marion  Glover","East","Carlota",2,21.95,43.9]
["2013-12-14","Woodrow  Colon","South","Crested Beaut",2,24,48]
["2013-05-16","Fernando  Rowe","West","Doublers",2,79.95,159.9]
["2014-02-14","Dan  Peterson","MidWest","Doublers",2,79.95,159.9]
["2014-01-23","Christina  Fuller","West","Sunshine",3,19.95,59.85]
["2013-11-18","Donna  Reid","West","Quad",3,34,102]
["2014-12-25","Elbert  Klein","South","Sunshine",4,19.95,79.8]
["2013-07-02","Nellie  Joseph","East","Sunset",1,22.5,22.5]
["2014-12-29","Sylvester  Morales","West","Carlota",2,22.95,45.9]
["2013-12-15","Drew  Rogers","MidWest","Bellen",23,21.8,501.4]
["2014-11-15","Marian  Hill","South","Quad",3,33,99]
["2013-12-02","Lula  Daniels","MidWest","Majectic Beaut",2,29,58]
["2013-11-03","Edwin  Malone","East","Majectic Beaut",2,28,56]
["2013-08-14","Jaime  Pearson","MidWest","Aspen",2,20,40]
["2014-04-21","Marian  Hill","South","Sunbell",16,22.8,364.8]
["2014-12-11","Isabel  Cross","East","Aspen",14,18.05,252.7]
["2013-12-18","Felicia  Jennings","West","Aspen",4,21,84]
["2014-11-09","Pauline  Beck","West","Bellen",2,22.95,45.9]
["2013-03-06","Isabel  Cross","East","Doublers",7,75.95,531.65]
["2014-05-01","Cassandra  Franklin","MidWest","Quad",3,33,99]
["2013-12-25","Salvador  Bass","West","Bellen",2,22.95,45.9]
["2013-11-29","Kyle  Carr","MidWest","Carlota",1,22.95,22.95]
["2013-11-24","Dan  Peterson","MidWest","Quad",3,33,99]
["2013-12-27","Elvira  Bowman","MidWest","Crested Beaut",2,24,48]
["2014-02-13","Della  Jensen","East","Crested Beaut",1,23,23]
["2013-01-21","Eric  Rose","West","Sunshine",3,19.95,59.85]
["2014-11-18","Kyle  Carr","MidWest","Aspen",2,20,40]
["2013-12-16","Bethany  Pena","MidWest","Bellen",2,22.95,45.9]
["2014-11-15","Sylvester  Morales","West","Carlota",1,22.95,22.95]
["2014-11-02","Johanna  Boone","South","Majectic Beaut",17,27.55,468.35]
["2013-08-22","Andrew  Meyer","West","Sunset",2,23.5,47]
["2014-12-16","Elvira  Bowman","MidWest","Bellen",2,22.95,45.9]
["2013-12-30","Shari  Silva","South","FlatTop",3,26.5,79.5]
["2013-12-22","Bernadette  Page","MidWest","Crested Beaut",1,24,24]
["2014-12-21","Sandra  Floyd","MidWest","V-Rang",3,18,54]
["2014-11-21","Marian  Hill","South","Aspen",2,20,40]
["2014-12-14","Kyle  Carr","MidWest","Carlota",2,22.95,45.9]
["2014-12-26","Isabel  Cross","East","Bellen",23,20.85,479.55]
["2014-11-06","Iris  Underwood","West","Sunbell",3,25,75]
["2014-12-27","Willie  Vega","MidWest","V-Rang",2,18,36]
["2014-07-12","Jenny  Garcia","MidWest","Sunbell",2,24,48]
["2014-10-11","Woodrow  Colon","South","Majectic Beaut",4,29,116]
["2014-12-16","Robert  Munoz","MidWest","Carlota",2,22.95,45.9]
["2014-12-04","Bernadette  Page","MidWest","Carlota",2,22.95,45.9]
["2014-11-30","Dan  Peterson","MidWest","Bellen",3,22.95,68.849999999999994]
["2013-08-20","Herman  Williams","East","Sunbell",3,23,69]
["2014-12-30","Bethany  Pena","MidWest","Aspen",3,20,60]
["2013-11-22","Rachel  Gomez","MidWest","Sunshine",6,19.95,119.7]
["2014-12-23","Elaine  Ellis","South","Carlota",3,22.95,68.849999999999994]
["2014-11-02","Elvira  Bowman","MidWest","Carlota",15,21.8,327]
["2013-03-25","Della  Jensen","East","Carlota",1,21.95,21.95]
["2014-12-20","Lynette  Brewer","MidWest","Aspen",1,20,20]
["2013-12-17","Trevor  Jones","West","Aspen",1,21,21]
["2013-05-21","Marion  Glover","East","Bellen",3,21.95,65.849999999999994]
["2014-10-16","Lorraine  Gibson","East","Quad",2,32,64]
["2014-05-28","Sonya  Mullins","East","Aspen",2,19,38]
["2014-11-20","Willie  Vega","MidWest","Sunshine",3,19.95,59.85]
["2013-10-08","Cassandra  Franklin","MidWest","Bellen",3,22.95,68.849999999999994]
["2013-12-07","Max  Rodgers","West","Doublers",2,79.95,159.9]
["2013-11-07","Herman  Williams","East","Bellen",3,21.95,65.849999999999994]
["2014-09-18","Mable  Lindsey","West","Quad",2,34,68]
["2014-12-20","Drew  Rogers","MidWest","Carlota",2,22.95,45.9]
["2014-12-17","Cecilia  Manning","South","Carlota",3,22.95,68.849999999999994]
["2014-12-10","Iris  Underwood","West","Bellen",2,22.95,45.9]
["2013-05-16","Marian  Hill","South","Bellen",3,22.95,68.849999999999994]
["2014-11-05","Della  Jensen","East","Quad",3,32,96]
["2014-12-16","Salvador  Bass","West","Sunbell",1,25,25]
["2014-11-13","Cassandra  Franklin","MidWest","Carlota",2,22.95,45.9]
["2014-12-04","Shari  Silva","South","Bellen",2,22.95,45.9]
["2014-12-14","Della  Jensen","East","Quad",2,32,64]
["2014-10-24","Rachel  Gomez","MidWest","V-Rang",3,18,54]
["2013-05-12","Iris  Underwood","West","Majectic Beaut",1,30,30]
["2013-11-10","Ben  Perez","West","Majectic Beaut",2,30,60]
["2013-12-29","Trevor  Jones","West","Sunshine",3,19.95,59.85]
["2014-11-02","Sandra  Floyd","MidWest","Majectic Beaut",2,29,58]
["2013-04-16","Don  Gonzales","South","Sunbell",3,24,72]
["2014-11-15","Christy  Olson","West","Sunbell",3,25,75]
["2013-08-06","Bernadette  Page","MidWest","FlatTop",2,27.5,55]
["2013-01-16","Drew  Rogers","MidWest","Sunbell",2,24,48]
["2014-11-17","Joey  Wong","West","Bellen",3,22.95,68.849999999999994]
["2013-11-06","Donna  Reid","West","Sunshine",3,19.95,59.85]
["2014-12-22","Sylvester  Morales","West","Bellen",2,22.95,45.9]
["2013-12-18","Drew  Rogers","MidWest","Bellen",3,22.95,68.849999999999994]
["2013-12-15","Shari  Silva","South","Sunshine",4,19.95,79.8]
["2013-12-17","Johanna  Boone","South","Bellen",2,22.95,45.9]
["2014-12-04","Salvador  Bass","West","Majectic Beaut",6,30,180]
["2014-12-17","Della  Jensen","East","Doublers",1,75.95,75.95]
["2014-11-26","Rachel  Gomez","MidWest","Crested Beaut",2,24,48]
["2013-12-28","Fernando  Rowe","West","Doublers",3,79.95,239.85]
["2014-12-15","Drew  Rogers","MidWest","Quad",3,33,99]
["2013-11-09","Rachel  Gomez","MidWest","Quad",3,33,99]
["2013-01-09","Willie  Vega","MidWest","Sunbell",3,24,72]
["2013-12-19","Pauline  Beck","West","Quad",3,34,102]
["2013-12-20","Max  Rodgers","West","Majectic Beaut",3,30,90]
["2014-12-12","Brooke  Horton","MidWest","Bellen",3,22.95,68.849999999999994]
["2013-06-24","Ivan  Adkins","West","Aspen",2,21,42]
["2013-11-21","Trevor  Jones","West","Carlota",1,22.95,22.95]
["2014-12-11","Sonya  Mullins","East","Crested Beaut",2,23,46]
["2014-08-01","Cecilia  Manning","South","Carlota",2,22.95,45.9]
["2014-12-28","Rachel  Gomez","MidWest","Bellen",3,22.95,68.849999999999994]
["2013-12-05","Della  Jensen","East","Aspen",1,19,19]
["2013-11-17","Pauline  Beck","West","Sunshine",3,19.95,59.85]
["2013-03-09","Ivan  Adkins","West","Bellen",3,22.95,68.849999999999994]
["2014-02-15","Donna  Reid","West","Aspen",1,21,21]
["2014-03-31","Isabel  Cross","East","Doublers",1,75.95,75.95]
["2014-12-30","Paulette  Spencer","South","Crested Beaut",11,22.8,250.8]
["2013-10-11","Mable  Lindsey","West","Sunshine",2,19.95,39.9]
["2013-04-23","Max  Rodgers","West","Quad",1,34,34]
["2013-08-06","Brooke  Horton","MidWest","Sunset",3,23.5,70.5]
["2014-11-24","Christy  Olson","West","Quad",2,34,68]
["2013-12-17","Eddie  Green","East","Quad",1,32,32]
["2013-01-21","Lula  Daniels","MidWest","Bellen",2,22.95,45.9]
["2014-11-11","Della  Jensen","East","FlatTop",3,26.5,79.5]
["2014-01-20","Jenny  Garcia","MidWest","Sunshine",3,19.95,59.85]
["2013-11-01","Lance  Yates","MidWest","Quad",1,33,33]
["2013-12-04","Colleen  Warren","West","Bellen",1,22.95,22.95]
["2014-04-23","Austin  Reynolds","East","FlatTop",1,26.5,26.5]
["2014-11-19","Lance  Yates","MidWest","Quad",24,31.35,752.4]
["2013-12-29","Lance  Yates","MidWest","Sunshine",3,19.95,59.85]
["2013-12-27","Beth  Tucker","West","Crested Beaut",2,25,50]
["2014-12-13","Trevor  Jones","West","Quad",2,34,68]
["2013-12-08","Cassandra  Franklin","MidWest","Sunshine",15,18.95,284.25]
["2014-12-27","Arturo  Francis","East","Quad",1,32,32]
["2014-11-23","Billie  Chandler","MidWest","Sunshine",2,19.95,39.9]
["2014-02-25","Della  Jensen","East","Bellen",4,21.95,87.8]
["2013-11-17","Cassandra  Franklin","MidWest","Quad",5,33,165]
["2013-10-15","Eric  Rose","West","Bellen",1,22.95,22.95]
["2014-12-16","Willie  Vega","MidWest","Aspen",1,20,20]
["2014-08-26","Blake  Bridges","South","Sunshine",3,19.95,59.85]
["2013-12-09","Sandra  Floyd","MidWest","Sunshine",1,19.95,19.95]
["2013-11-13","Drew  Rogers","MidWest","Carlota",21,21.8,457.8]
["2014-11-08","Ernest  Davis","West","Sunbell",2,25,50]
["2014-02-23","Jaime  Pearson","MidWest","Quad",16,31.35,501.6]
["2013-12-14","Nellie  Joseph","East","Carlota",16,20.85,333.6]
["2013-12-21","Iris  Underwood","West","Carlota",2,22.95,45.9]
["2013-12-29","Joey  Wong","West","Aspen",2,21,42]
["2014-10-17","Rachel  Gomez","MidWest","Bellen",3,22.95,68.849999999999994]
["2014-03-27","Max  Rodgers","West","Bellen",3,22.95,68.849999999999994]
["2013-11-13","Lorraine  Gibson","East","Aspen",1,19,19]
["2013-08-28","Lynette  Brewer","MidWest","Carlota",3,22.95,68.849999999999994]
["2013-11-03","Kyle  Carr","MidWest","Sunset",3,23.5,70.5]
["2014-11-25","Allan  Ramos","MidWest","Crested Beaut",2,24,48]
["2014-07-28","Della  Jensen","East","Crested Beaut",2,23,46]
["2013-11-15","Charlie  Wood","MidWest","V-Rang",1,18,18]
["2013-11-07","Brooke  Horton","MidWest","Bellen",1,22.95,22.95]
["2014-10-19","Tiffany  May","West","Sunbell",3,25,75]
["2013-12-22","Ruben  Nunez","West","Sunbell",1,25,25]
["2014-10-12","Eddie  Green","East","V-Rang",3,18,54]
["2014-06-29","Ruben  Nunez","West","Doublers",14,75.95,1063.3]
["2014-12-14","Woodrow  Colon","South","Sunshine",1,19.95,19.95]
["2014-12-25","Kyle  Carr","MidWest","Sunbell",2,24,48]
["2014-11-14","Shari  Silva","South","Quad",2,33,66]
["2013-12-21","Beth  Tucker","West","Bellen",2,22.95,45.9]
["2014-08-15","Charlie  Wood","MidWest","Aspen",3,20,60]
["2013-11-19","Edwin  Malone","East","Aspen",11,18.05,198.55]
["2014-07-16","Edwin  Malone","East","Carlota",2,21.95,43.9]
["2013-08-17","Ben  Perez","West","Quad",2,34,68]
["2014-11-21","Edwin  Malone","East","Quad",1,32,32]
["2014-01-16","Johanna  Boone","South","Carlota",2,22.95,45.9]
["2013-11-17","Colleen  Warren","West","Carlota",2,22.95,45.9]
["2013-11-06","Lorraine  Gibson","East","Crested Beaut",1,23,23]
["2013-12-04","Marian  Hill","South","Sunshine",1,19.95,19.95]
["2013-12-17","Cecilia  Manning","South","Sunbell",2,24,48]
["2013-11-22","Salvador  Bass","West","Majectic Beaut",3,30,90]
["2013-11-12","Joey  Wong","West","Sunbell",18,23.75,427.5]
["2014-09-24","Rachel  Gomez","MidWest","Sunset",2,23.5,47]
["2014-11-26","Drew  Rogers","MidWest","Sunshine",1,19.95,19.95]
["2014-02-27","Robert  Munoz","MidWest","FlatTop",2,27.5,55]
["2014-11-02","Lynette  Brewer","MidWest","Bellen",4,22.95,91.8]
["2013-06-12","Austin  Reynolds","East","Quad",2,32,64]
["2013-11-29","Jaime  Pearson","MidWest","Sunbell",2,24,48]
["2013-11-21","Woodrow  Colon","South","Sunshine",17,18.95,322.14999999999998]
["2013-12-21","Robert  Munoz","MidWest","Sunbell",2,24,48]
["2014-07-26","Carla  Mccormick","MidWest","Quad",3,33,99]
["2013-04-18","Ben  Perez","West","Sunbell",3,25,75]
["2013-12-26","Salvador  Bass","West","Sunshine",4,19.95,79.8]
["2014-11-25","Marian  Hill","South","Quad",3,33,99]
["2014-11-06","Kyle  Carr","MidWest","Sunset",3,23.5,70.5]
["2014-12-22","Cecilia  Manning","South","Quad",3,33,99]
["2013-12-19","Billie  Chandler","MidWest","Sunbell",2,24,48]
["2014-11-24","Iris  Underwood","West","Quad",2,34,68]
["2014-07-14","Isabel  Cross","East","Carlota",3,21.95,65.849999999999994]
["2013-11-20","Shari  Silva","South","Sunbell",2,24,48]
["2014-11-18","Arturo  Francis","East","Bellen",2,21.95,43.9]
["2013-11-24","Robert  Munoz","MidWest","V-Rang",3,18,54]
["2013-12-04","Fernando  Rowe","West","Sunbell",2,25,50]
["2014-12-30","Cecilia  Manning","South","Carlota",3,22.95,68.849999999999994]
["2014-11-24","Shari  Silva","South","Sunshine",3,19.95,59.85]
["2014-10-02","Peter  Hodges","MidWest","Quad",1,33,33]
["2014-12-17","Guillermo  Potter","MidWest","V-Rang",3,18,54]
["2013-11-03","Della  Jensen","East","Sunbell",3,23,69]
["2013-05-14","Max  Rodgers","West","Bellen",3,22.95,68.849999999999994]
["2013-12-30","Cecilia  Manning","South","Majectic Beaut",2,29,58]
["2014-05-26","Salvador  Bass","West","Aspen",2,21,42]
["2013-11-15","Drew  Rogers","MidWest","Carlota",2,22.95,45.9]
["2014-05-17","Dan  Peterson","MidWest","Quad",3,33,99]
["2014-11-16","Brooke  Horton","MidWest","Carlota",2,22.95,45.9]
["2014-12-18","Beth  Tucker","West","Bellen",2,22.95,45.9]
["2014-11-23","Ellen  Weaver","South","Majectic Beaut",2,29,58]
["2013-12-18","Shari  Silva","South","Sunbell",3,24,72]
["2014-12-24","Sylvester  Morales","West","Bellen",2,22.95,45.9]
["2014-04-03","Blake  Bridges","South","Bellen",3,22.95,68.849999999999994]
["2014-11-05","Ivan  Adkins","West","Quad",3,34,102]
["2013-12-29","Ruben  Nunez","West","Bellen",4,22.95,91.8]
["2014-12-02","Salvador  Bass","West","Aspen",2,21,42]
["2013-11-22","Salvador  Bass","West","V-Rang",1,19,19]
["2013-12-12","Kyle  Carr","MidWest","Carlota",2,22.95,45.9]
["2014-10-05","Cecilia  Manning","South","Bellen",2,22.95,45.9]
["2014-12-21","Cindy  Becker","South","Quad",3,33,99]
["2013-09-21","Paulette  Spencer","South","Carlota",2,22.95,45.9]
["2014-11-22","Willie  Vega","MidWest","FlatTop",2,27.5,55]
["2013-11-12","Ernest  Davis","West","Doublers",2,79.95,159.9]
["2014-11-01","Brooke  Horton","MidWest","Bellen",3,22.95,68.849999999999994]
["2014-12-06","Joey  Wong","West","Sunshine",2,19.95,39.9]
["2014-11-20","Sonya  Mullins","East","Carlota",2,21.95,43.9]
["2014-11-01","Lorraine  Gibson","East","Bellen",3,21.95,65.849999999999994]
["2013-03-24","Jaime  Pearson","MidWest","Sunbell",3,24,72]
["2014-11-12","Lee  Mack","MidWest","Crested Beaut",3,24,72]
["2014-11-04","Trevor  Jones","West","Sunset",3,23.5,70.5]
["2013-11-27","Carla  Mccormick","MidWest","Majectic Beaut",3,29,87]
["2013-11-06","Ernest  Davis","West","Sunshine",2,19.95,39.9]
["2014-12-03","Eddie  Green","East","Bellen",3,21.95,65.849999999999994]
["2014-12-29","Tiffany  May","West","Bellen",1,22.95,22.95]
["2014-09-07","Peter  Hodges","MidWest","Sunbell",2,24,48]
["2014-12-19","Lee  Mack","MidWest","Doublers",3,79.95,239.85]
["2014-11-17","Christy  Olson","West","Crested Beaut",2,25,50]
["2014-11-24","Paulette  Spencer","South","Quad",2,33,66]
["2014-11-04","Elbert  Klein","South","Majectic Beaut",2,29,58]
["2014-12-23","Max  Rodgers","West","Doublers",3,79.95,239.85]
["2014-11-19","Ivan  Adkins","West","Carlota",1,22.95,22.95]
["2013-11-05","Ernest  Davis","West","Majectic Beaut",2,30,60]
["2014-04-09","Isabel  Cross","East","Majectic Beaut",2,28,56]
["2013-12-10","Sandra  Floyd","MidWest","Crested Beaut",2,24,48]
["2014-12-04","Tracy  Reed","MidWest","Sunbell",5,24,120]
["2014-12-03","Salvador  Bass","West","Sunshine",3,19.95,59.85]
["2014-11-12","Sandra  Floyd","MidWest","Carlota",2,22.95,45.9]
["2014-11-12","Ben  Perez","West","Sunbell",3,25,75]
["2014-12-13","Edwin  Malone","East","V-Rang",8,18,144]
["2013-12-28","Paulette  Spencer","South","Sunbell",1,24,24]
["2013-02-01","Trevor  Jones","West","Sunshine",3,19.95,59.85]
["2013-12-23","Cassandra  Franklin","MidWest","V-Rang",11,17.100000000000001,188.1]
["2014-03-14","Cindy  Becker","South","V-Rang",10,18,180]
["2014-11-27","Mable  Lindsey","West","Majectic Beaut",2,30,60]
["2013-11-14","Drew  Rogers","MidWest","Sunshine",1,19.95,19.95]
["2013-12-29","Cecilia  Manning","South","Aspen",3,20,60]
["2014-11-28","Kyle  Carr","MidWest","Quad",2,33,66]
["2013-06-28","Sandra  Floyd","MidWest","Sunshine",17,18.95,322.14999999999998]
["2013-11-02","Christina  Fuller","West","Aspen",3,21,63]
["2014-11-27","Drew  Rogers","MidWest","Carlota",2,22.95,45.9]
["2013-11-01","Della  Jensen","East","Quad",1,32,32]
["2014-02-19","Eddie  Green","East","Crested Beaut",2,23,46]
["2013-01-04","Salvador  Bass","West","Sunbell",2,25,50]
["2014-12-19","Felicia  Jennings","West","Quad",3,34,102]
["2014-12-28","Edwin  Malone","East","V-Rang",2,18,36]
["2013-12-04","Sonya  Mullins","East","Quad",3,32,96]
["2014-11-03","Marion  Glover","East","Sunbell",2,23,46]
["2013-07-16","Cassandra  Franklin","MidWest","Majectic Beaut",2,29,58]
["2014-11-29","Christina  Fuller","West","Carlota",2,22.95,45.9]
["2014-11-14","Allan  Ramos","MidWest","Sunset",1,23.5,23.5]
["2014-11-20","Lynette  Brewer","MidWest","Sunset",1,23.5,23.5]
["2013-06-13","Willie  Vega","MidWest","Quad",3,33,99]
["2013-02-11","Mable  Lindsey","West","Sunshine",2,19.95,39.9]
["2014-12-15","Ivan  Adkins","West","Quad",1,34,34]
["2014-11-12","Rachel  Gomez","MidWest","Majectic Beaut",2,29,58]
["2013-11-12","Cassandra  Franklin","MidWest","Quad",1,33,33]
["2013-12-27","Max  Rodgers","West","Sunbell",24,23.75,570]
["2014-11-15","Jenny  Garcia","MidWest","Sunshine",3,19.95,59.85]
["2013-11-02","Max  Rodgers","West","Sunbell",3,25,75]
["2013-12-03","Rachel  Gomez","MidWest","Quad",3,33,99]
["2014-11-02","Ben  Perez","West","Quad",2,34,68]
["2013-07-06","Cecilia  Manning","South","Sunbell",2,24,48]
["2013-12-20","Donna  Reid","West","Sunbell",7,25,175]
["2013-10-27","Isabel  Cross","East","Bellen",2,21.95,43.9]
["2013-11-25","Lance  Yates","MidWest","Majectic Beaut",1,29,29]
["2014-06-08","Paulette  Spencer","South","Majectic Beaut",2,29,58]
["2014-09-27","Elvira  Bowman","MidWest","Sunshine",1,19.95,19.95]
["2013-05-12","Cassandra  Franklin","MidWest","Carlota",2,22.95,45.9]
["2014-11-11","Drew  Rogers","MidWest","Aspen",2,20,40]
["2014-12-29","Marian  Hill","South","Bellen",2,22.95,45.9]
["2014-11-27","Shari  Silva","South","Sunbell",15,22.8,342]
["2013-11-23","Charlie  Wood","MidWest","Bellen",1,22.95,22.95]
["2014-12-29","Arturo  Francis","East","Bellen",3,21.95,65.849999999999994]
["2014-11-04","Della  Jensen","East","Quad",1,32,32]
["2014-12-05","Edwin  Malone","East","Sunshine",2,18.95,37.9]
["2014-03-28","Drew  Rogers","MidWest","Quad",2,33,66]
["2013-12-02","Salvador  Bass","West","Sunbell",3,25,75]
["2014-02-18","Robert  Munoz","MidWest","Majectic Beaut",1,29,29]
["2013-11-04","Marian  Hill","South","Quad",25,31.35,783.75]
["2013-11-25","Lance  Yates","MidWest","Carlota",1,22.95,22.95]
["2014-12-22","Lula  Daniels","MidWest","Quad",3,33,99]
["2013-12-03","Isabel  Cross","East","Carlota",1,21.95,21.95]
["2014-12-30","Lynette  Brewer","MidWest","Sunbell",3,24,72]
["2014-11-28","Jaime  Pearson","MidWest","Quad",2,33,66]
["2013-11-21","Brooke  Horton","MidWest","Carlota",2,22.95,45.9]
["2014-12-06","Jenny  Garcia","MidWest","Carlota",2,22.95,45.9]
["2013-01-12","Johanna  Boone","South","Sunbell",3,24,72]
["2013-12-05","Ivan  Adkins","West","Sunshine",22,18.95,416.9]
["2013-11-05","Colleen  Warren","West","Quad",2,34,68]
["2014-11-18","Elvira  Bowman","MidWest","Carlota",2,22.95,45.9]
["2014-04-09","Max  Rodgers","West","Sunshine",3,19.95,59.85]
["2014-12-07","Jenny  Garcia","MidWest","Aspen",18,19,342]
["2014-11-19","Mable  Lindsey","West","Quad",1,34,34]
["2013-11-26","Max  Rodgers","West","Quad",2,34,68]
["2014-11-27","Ivan  Adkins","West","Bellen",2,22.95,45.9]
["2013-12-11","Lula  Daniels","MidWest","Carlota",22,21.8,479.6]
["2013-11-15","Brooke  Horton","MidWest","Carlota",1,22.95,22.95]
["2014-02-26","Max  Rodgers","West","Bellen",4,22.95,91.8]
["2014-12-30","Joey  Wong","West","Sunbell",4,25,100]
["2013-07-26","Eric  Rose","West","Doublers",2,79.95,159.9]
["2014-09-08","Colleen  Warren","West","Carlota",3,22.95,68.849999999999994]
["2014-12-31","Cecilia  Manning","South","Sunset",2,22.5,45]
["2014-11-16","Woodrow  Colon","South","Sunshine",4,19.95,79.8]
["2013-02-26","Robert  Munoz","MidWest","Carlota",2,22.95,45.9]
["2013-11-14","Robert  Munoz","MidWest","Aspen",3,20,60]
["2014-03-19","Drew  Rogers","MidWest","Sunshine",2,19.95,39.9]
["2014-12-07","Kyle  Carr","MidWest","Sunshine",2,19.95,39.9]
["2014-12-15","Drew  Rogers","MidWest","Bellen",3,22.95,68.849999999999994]
["2013-09-12","Herman  Williams","East","Carlota",3,21.95,65.849999999999994]
["2013-11-10","Arturo  Francis","East","Quad",2,32,64]
["2014-12-28","Herman  Williams","East","Aspen",3,19,57]
["2014-12-07","Johanna  Boone","South","Aspen",4,20,80]
["2014-11-02","Tracy  Reed","MidWest","Doublers",3,79.95,239.85]
["2013-11-14","Don  Gonzales","South","Crested Beaut",2,24,48]
["2013-03-16","Patty  Thompson","West","Bellen",1,22.95,22.95]
["2013-01-30","Iris  Underwood","West","Bellen",1,22.95,22.95]
["2014-06-15","Lance  Yates","MidWest","Carlota",2,22.95,45.9]
["2014-08-25","Ellen  Weaver","South","Sunbell",3,24,72]
["2013-10-31","Della  Jensen","East","Aspen",1,19,19]
["2014-12-07","Robert  Munoz","MidWest","Carlota",3,22.95,68.849999999999994]
["2013-03-20","Shari  Silva","South","Aspen",2,20,40]
["2014-12-16","Guillermo  Potter","MidWest","Quad",1,33,33]
["2013-11-14","Rachel  Gomez","MidWest","Quad",1,33,33]
["2013-12-27","Della  Jensen","East","Carlota",3,21.95,65.849999999999994]
["2014-04-24","Cassandra  Franklin","MidWest","Crested Beaut",24,22.8,547.20000000000005]
["2014-11-12","Cecilia  Manning","South","Bellen",3,22.95,68.849999999999994]
["2013-03-08","Felicia  Jennings","West","Bellen",2,22.95,45.9]
["2014-12-18","Lynette  Brewer","MidWest","Sunbell",4,24,96]
["2014-11-17","Elbert  Klein","South","Quad",2,33,66]
["2013-12-08","Drew  Rogers","MidWest","Carlota",2,22.95,45.9]
["2014-11-24","Joey  Wong","West","Sunset",1,23.5,23.5]
["2014-03-16","Cassandra  Franklin","MidWest","Sunset",2,23.5,47]
["2014-12-23","Trevor  Jones","West","Sunset",12,22.33,267.95999999999998]
["2014-11-07","Andrew  Meyer","West","V-Rang",1,19,19]
["2013-11-08","Carla  Mccormick","MidWest","Quad",3,33,99]
["2014-11-01","Donna  Reid","West","Sunshine",2,19.95,39.9]
["2014-03-16","Lula  Daniels","MidWest","Sunset",2,23.5,47]
["2014-12-08","Lee  Mack","MidWest","Sunset",2,23.5,47]
["2014-10-09","Edwin  Malone","East","Sunshine",2,18.95,37.9]
["2014-11-30","Herman  Williams","East","Crested Beaut",3,23,69]
["2014-12-02","Isabel  Cross","East","Sunbell",2,23,46]
["2014-11-14","Kyle  Carr","MidWest","Sunset",2,23.5,47]
["2014-12-14","Andrew  Meyer","West","Majectic Beaut",4,30,120]
["2014-11-27","Trevor  Jones","West","Bellen",2,22.95,45.9]
["2014-07-29","Robert  Munoz","MidWest","Majectic Beaut",2,29,58]
["2014-11-21","Cecilia  Manning","South","Quad",2,33,66]
["2013-12-10","Ben  Perez","West","Sunshine",3,19.95,59.85]
["2013-11-04","Johanna  Boone","South","Bellen",2,22.95,45.9]
["2014-12-17","Don  Gonzales","South","Quad",1,33,33]
["2014-12-12","Della  Jensen","East","Quad",2,32,64]
["2014-11-02","Della  Jensen","East","Sunbell",3,23,69]
["2014-10-31","Edwin  Malone","East","Carlota",2,21.95,43.9]
["2013-11-29","Ben  Perez","West","Carlota",2,22.95,45.9]
["2013-11-10","Patty  Thompson","West","Carlota",13,21.8,283.39999999999998]
["2013-11-20","Bobbie  Ryan","East","Bellen",9,21.95,197.55]
["2013-01-12","Dan  Peterson","MidWest","V-Rang",1,18,18]
["2014-05-22","Edwin  Malone","East","Sunbell",1,23,23]
["2013-07-02","Blake  Bridges","South","Sunshine",1,19.95,19.95]
["2013-12-09","Christy  Olson","West","Carlota",2,22.95,45.9]
["2014-11-12","Max  Rodgers","West","Quad",4,34,136]
["2014-11-26","Johanna  Boone","South","Carlota",2,22.95,45.9]
["2014-04-09","Donna  Reid","West","Quad",2,34,68]
["2014-02-24","Fernando  Rowe","West","Doublers",2,79.95,159.9]
["2014-09-18","Dan  Peterson","MidWest","Sunshine",2,19.95,39.9]
["2014-06-04","Carla  Mccormick","MidWest","Quad",2,33,66]
["2013-11-21","Lorraine  Gibson","East","Bellen",1,21.95,21.95]
["2014-11-05","Bobbie  Ryan","East","Bellen",2,21.95,43.9]
["2013-11-10","Cassandra  Franklin","MidWest","Bellen",1,22.95,22.95]
["2014-12-21","Isabel  Cross","East","Sunshine",3,18.95,56.85]
["2014-05-12","Beth  Tucker","West","Carlota",3,22.95,68.849999999999994]
["2013-11-29","Pauline  Beck","West","Carlota",2,22.95,45.9]
["2014-11-10","Brooke  Horton","MidWest","Quad",3,33,99]
["2014-12-05","Brooke  Horton","MidWest","Majectic Beaut",1,29,29]
["2014-12-30","Drew  Rogers","MidWest","Majectic Beaut",2,29,58]
["2014-05-05","Felicia  Jennings","West","Doublers",3,79.95,239.85]
["2013-11-24","Max  Rodgers","West","Doublers",13,75.95,987.35]
["2014-09-21","Lynette  Brewer","MidWest","Quad",1,33,33]
["2014-12-29","Cindy  Becker","South","V-Rang",2,18,36]
["2014-11-12","Sandra  Floyd","MidWest","Majectic Beaut",3,29,87]
["2013-11-24","Sandra  Floyd","MidWest","Sunbell",3,24,72]
["2014-09-27","Trevor  Jones","West","Quad",4,34,136]
["2013-02-07","Arturo  Francis","East","Quad",1,32,32]
["2013-12-27","Don  Gonzales","South","Majectic Beaut",2,29,58]
["2013-06-25","Johanna  Boone","South","Sunbell",2,24,48]
["2013-12-18","Iris  Underwood","West","Quad",2,34,68]
["2013-11-26","Cassandra  Franklin","MidWest","Bellen",3,22.95,68.849999999999994]
["2013-10-14","Charlie  Wood","MidWest","Majectic Beaut",2,29,58]
["2014-12-19","Willie  Vega","MidWest","Sunbell",3,24,72]
["2014-09-11","Jenny  Garcia","MidWest","Sunshine",3,19.95,59.85]
["2014-12-27","Edwin  Malone","East","Bellen",2,21.95,43.9]
["2014-07-27","Christy  Olson","West","Bellen",1,22.95,22.95]
["2013-02-05","Beth  Tucker","West","Aspen",2,21,42]
["2013-06-09","Eric  Rose","West","Bellen",3,22.95,68.849999999999994]
["2014-12-27","Lynette  Brewer","MidWest","Crested Beaut",3,24,72]
["2014-10-17","Rachel  Gomez","MidWest","Sunbell",1,24,24]
["2013-12-03","Salvador  Bass","West","Sunbell",3,25,75]
["2013-12-19","Bobbie  Ryan","East","Sunshine",2,18.95,37.9]
["2014-12-03","Dan  Peterson","MidWest","Sunset",4,23.5,94]
["2013-12-19","Drew  Rogers","MidWest","Sunbell",3,24,72]
["2013-03-17","Brooke  Horton","MidWest","Bellen",1,22.95,22.95]
["2014-09-13","Bernadette  Page","MidWest","Doublers",3,79.95,239.85]
["2014-12-30","Lance  Yates","MidWest","Quad",2,33,66]
["2013-11-11","Drew  Rogers","MidWest","Bellen",1,22.95,22.95]
["2014-02-13","Salvador  Bass","West","Carlota",3,22.95,68.849999999999994]
["2013-09-04","Tracy  Reed","MidWest","Sunshine",1,19.95,19.95]
["2013-03-22","Dan  Peterson","MidWest","Sunset",3,23.5,70.5]
["2014-11-14","Herman  Williams","East","Quad",3,32,96]
["2013-11-18","Kyle  Carr","MidWest","Sunshine",1,19.95,19.95]
["2014-11-11","Bethany  Pena","MidWest","Sunset",1,23.5,23.5]
["2013-12-23","Drew  Rogers","MidWest","Carlota",1,22.95,22.95]
["2014-12-09","Eric  Rose","West","Quad",3,34,102]
["2013-12-03","Lula  Daniels","MidWest","Quad",2,33,66]
["2013-12-18","Dan  Peterson","MidWest","Bellen",1,22.95,22.95]
["2014-12-06","Kyle  Carr","MidWest","Quad",2,33,66]
["2014-11-20","Blake  Bridges","South","Crested Beaut",3,24,72]
["2014-11-05","Paulette  Spencer","South","Sunset",24,21.38,513.12]
["2013-11-04","Rachel  Gomez","MidWest","Crested Beaut",3,24,72]
["2013-11-17","Isabel  Cross","East","Doublers",2,75.95,151.9]
["2014-06-24","Felicia  Jennings","West","Sunbell",2,25,50]
["2013-08-03","Herman  Williams","East","Sunbell",4,23,92]
["2013-12-04","Andrew  Meyer","West","Majectic Beaut",2,30,60]
["2013-11-12","Robert  Munoz","MidWest","Majectic Beaut",1,29,29]
["2013-12-06","Beth  Tucker","West","Aspen",2,21,42]
["2014-12-02","Robert  Munoz","MidWest","Bellen",1,22.95,22.95]
["2014-12-08","Donna  Reid","West","Carlota",1,22.95,22.95]
["2014-11-21","Austin  Reynolds","East","Carlota",1,21.95,21.95]
["2013-02-15","Bethany  Pena","MidWest","Crested Beaut",2,24,48]
["2014-12-24","Trevor  Jones","West","Aspen",3,21,63]
["2014-11-12","Donna  Reid","West","Carlota",3,22.95,68.849999999999994]
["2014-07-26","Herman  Williams","East","Majectic Beaut",2,28,56]
["2013-05-30","Felicia  Jennings","West","Quad",3,34,102]
["2013-11-20","Willie  Vega","MidWest","Sunshine",1,19.95,19.95]
["2013-12-08","Colleen  Warren","West","Bellen",1,22.95,22.95]
["2014-12-13","Shari  Silva","South","Doublers",10,77.95,779.5]
["2014-11-17","Sonya  Mullins","East","Aspen",2,19,38]
["2014-12-02","Johanna  Boone","South","Sunset",2,22.5,45]
["2013-05-01","Ernest  Davis","West","Crested Beaut",3,25,75]
["2013-08-23","Cassandra  Franklin","MidWest","Bellen",1,22.95,22.95]
["2014-09-18","Salvador  Bass","West","Quad",2,34,68]
["2014-08-16","Rachel  Gomez","MidWest","Majectic Beaut",5,29,145]
["2013-12-21","Shari  Silva","South","Bellen",1,22.95,22.95]
["2013-12-04","Robert  Munoz","MidWest","Sunshine",2,19.95,39.9]
["2013-11-25","Shari  Silva","South","Carlota",18,21.8,392.4]
["2013-12-11","Rachel  Gomez","MidWest","Sunshine",2,19.95,39.9]
["2013-11-08","Della  Jensen","East","Quad",3,32,96]
["2013-10-09","Rachel  Gomez","MidWest","Carlota",3,22.95,68.849999999999994]
["2014-03-07","Shari  Silva","South","Bellen",2,22.95,45.9]
["2014-12-19","Ruben  Nunez","West","Quad",2,34,68]
["2014-11-29","Eric  Rose","West","Majectic Beaut",3,30,90]
["2014-12-13","Lee  Mack","MidWest","Carlota",1,22.95,22.95]
["2014-11-30","Rachel  Gomez","MidWest","Crested Beaut",3,24,72]
["2014-12-25","Della  Jensen","East","Carlota",2,21.95,43.9]
["2014-05-05","Cindy  Becker","South","Sunset",2,22.5,45]
["2013-12-02","Andrew  Meyer","West","Sunset",3,23.5,70.5]
["2014-12-29","Joey  Wong","West","Majectic Beaut",2,30,60]
["2013-10-05","Paulette  Spencer","South","Doublers",3,77.95,233.85]
["2013-08-19","Marion  Glover","East","Sunset",2,22.5,45]
["2013-11-01","Sandra  Floyd","MidWest","Bellen",2,22.95,45.9]
["2013-12-24","Della  Jensen","East","Sunbell",16,21.85,349.6]
["2014-12-17","Lula  Daniels","MidWest","Crested Beaut",9,24,216]
["2013-11-18","Kyle  Carr","MidWest","Bellen",3,22.95,68.849999999999994]
["2013-11-25","Brooke  Horton","MidWest","Sunbell",3,24,72]
["2014-05-16","Max  Rodgers","West","Aspen",1,21,21]
["2013-10-17","Lance  Yates","MidWest","Sunbell",4,24,96]
["2014-12-18","Elbert  Klein","South","Doublers",2,77.95,155.9]
["2014-11-02","Elaine  Ellis","South","Sunshine",3,19.95,59.85]
["2013-11-06","Tiffany  May","West","Carlota",4,22.95,91.8]
["2013-11-29","Willie  Vega","MidWest","Crested Beaut",1,24,24]
["2014-12-23","Jenny  Garcia","MidWest","Sunshine",11,18.95,208.45]
["2014-12-07","Della  Jensen","East","Sunshine",3,18.95,56.85]
["2014-11-30","Shari  Silva","South","Carlota",2,22.95,45.9]
["2014-07-06","Donna  Reid","West","Carlota",2,22.95,45.9]
["2013-11-18","Drew  Rogers","MidWest","Sunset",1,23.5,23.5]
["2013-11-23","Don  Gonzales","South","Sunset",1,22.5,22.5]
["2014-11-26","Elbert  Klein","South","Quad",2,33,66]
["2013-10-26","Isabel  Cross","East","Doublers",2,75.95,151.9]
["2013-11-07","Christina  Fuller","West","Carlota",14,21.8,305.2]
["2013-12-14","Ben  Perez","West","Carlota",1,22.95,22.95]
["2014-11-07","Christy  Olson","West","Bellen",3,22.95,68.849999999999994]
["2013-11-05","Drew  Rogers","MidWest","V-Rang",3,18,54]
["2013-08-10","Lula  Daniels","MidWest","Quad",1,33,33]
["2014-11-03","Trevor  Jones","West","Aspen",2,21,42]
["2013-08-21","Joey  Wong","West","Sunshine",2,19.95,39.9]
["2014-12-17","Lorraine  Gibson","East","Sunbell",21,21.85,458.85]
["2014-12-21","Sandra  Floyd","MidWest","Quad",2,33,66]
["2014-02-19","Charlie  Wood","MidWest","Sunset",3,23.5,70.5]
["2014-12-26","Cindy  Becker","South","Carlota",3,22.95,68.849999999999994]
["2014-12-20","Iris  Underwood","West","Bellen",2,22.95,45.9]
["2014-12-29","Cassandra  Franklin","MidWest","Crested Beaut",2,24,48]
["2013-01-08","Bobbie  Ryan","East","Quad",2,32,64]
["2014-12-30","Arturo  Francis","East","Carlota",3,21.95,65.849999999999994]
["2013-11-06","Guillermo  Potter","MidWest","Sunshine",3,19.95,59.85]
["2014-03-16","Paulette  Spencer","South","Sunshine",1,19.95,19.95]
["2013-11-23","Edwin  Malone","East","Sunshine",2,18.95,37.9]
["2014-11-11","Shari  Silva","South","Sunshine",3,19.95,59.85]
["2013-05-29","Isabel  Cross","East","Carlota",1,21.95,21.95]
["2014-12-01","Elbert  Klein","South","Aspen",1,20,20]
["2014-11-26","Drew  Rogers","MidWest","Bellen",2,22.95,45.9]
["2014-12-15","Dan  Peterson","MidWest","V-Rang",1,18,18]
["2013-12-20","Dan  Peterson","MidWest","Sunbell",3,24,72]
["2013-01-17","Pauline  Beck","West","Sunshine",2,19.95,39.9]
["2013-11-18","Elaine  Ellis","South","Bellen",3,22.95,68.849999999999994]
["2014-01-30","Bethany  Pena","MidWest","Quad",1,33,33]
["2013-11-07","Kyle  Carr","MidWest","Aspen",4,20,80]
["2013-11-20","Shari  Silva","South","Sunset",4,22.5,90]
["2013-12-06","Paulette  Spencer","South","Quad",3,33,99]
["2014-12-14","Sandra  Floyd","MidWest","Aspen",3,20,60]
["2013-11-12","Felicia  Jennings","West","Bellen",3,22.95,68.849999999999994]
["2014-11-17","Herman  Williams","East","Bellen",2,21.95,43.9]
["2014-12-17","Tiffany  May","West","Majectic Beaut",4,30,120]
["2013-11-27","Carla  Mccormick","MidWest","FlatTop",2,27.5,55]
["2014-12-14","Donna  Reid","West","Quad",3,34,102]
["2014-11-01","Woodrow  Colon","South","Carlota",2,22.95,45.9]
["2014-04-04","Elaine  Ellis","South","Quad",1,33,33]
["2013-11-22","Lorraine  Gibson","East","Sunshine",3,18.95,56.85]
["2014-07-15","Ernest  Davis","West","Crested Beaut",3,25,75]
["2014-12-04","Arturo  Francis","East","Crested Beaut",3,23,69]
["2013-11-29","Nellie  Joseph","East","Sunbell",2,23,46]
["2014-10-18","Sandra  Floyd","MidWest","Doublers",3,79.95,239.85]
["2013-12-22","Drew  Rogers","MidWest","Sunshine",3,19.95,59.85]
["2014-11-06","Patty  Thompson","West","Sunshine",3,19.95,59.85]
["2014-12-26","Rachel  Gomez","MidWest","Sunbell",3,24,72]
["2014-07-05","Max  Rodgers","West","Sunshine",2,19.95,39.9]
["2013-11-14","Salvador  Bass","West","Sunbell",1,25,25]
["2014-11-16","Bethany  Pena","MidWest","Sunshine",2,19.95,39.9]
["2014-04-09","Felicia  Jennings","West","Sunshine",2,19.95,39.9]
["2014-12-13","Paulette  Spencer","South","Aspen",3,20,60]
["2013-12-17","Cassandra  Franklin","MidWest","FlatTop",2,27.5,55]
["2013-11-01","Salvador  Bass","West","Crested Beaut",3,25,75]
["2013-12-12","Bernadette  Page","MidWest","Quad",1,33,33]
["2014-11-18","Rachel  Gomez","MidWest","Sunbell",2,24,48]
["2013-12-25","Cecilia  Manning","South","Sunshine",3,19.95,59.85]
["2013-08-03","Rachel  Gomez","MidWest","Carlota",18,21.8,392.4]
["2013-11-15","Kyle  Carr","MidWest","Sunshine",9,19.95,179.55]
["2013-11-04","Jenny  Garcia","MidWest","Aspen",1,20,20]
["2013-04-23","Max  Rodgers","West","Bellen",1,22.95,22.95]
["2013-12-23","Kyle  Carr","MidWest","Doublers",3,79.95,239.85]
["2013-11-15","Paulette  Spencer","South","Sunshine",1,19.95,19.95]
["2013-12-10","Trevor  Jones","West","Carlota",13,21.8,283.39999999999998]
["2014-12-10","Paulette  Spencer","South","V-Rang",2,18,36]
["2013-12-21","Bobbie  Ryan","East","Crested Beaut",1,23,23]
["2013-02-09","Colleen  Warren","West","Bellen",2,22.95,45.9]
["2013-12-14","Sandra  Floyd","MidWest","Sunshine",3,19.95,59.85]
["2013-12-12","Lance  Yates","MidWest","Carlota",3,22.95,68.849999999999994]
["2013-11-03","Woodrow  Colon","South","Crested Beaut",1,24,24]
["2013-11-01","Marian  Hill","South","Sunshine",2,19.95,39.9]
["2013-12-22","Lee  Mack","MidWest","Bellen",1,22.95,22.95]
["2013-12-28","Della  Jensen","East","Sunshine",2,18.95,37.9]
["2013-11-02","Felicia  Jennings","West","Carlota",2,22.95,45.9]
["2014-02-03","Trevor  Jones","West","Aspen",1,21,21]
["2013-01-14","Shari  Silva","South","Aspen",2,20,40]
["2014-03-10","Kyle  Carr","MidWest","Crested Beaut",2,24,48]
["2014-11-20","Tracy  Reed","MidWest","Sunshine",3,19.95,59.85]
["2013-12-08","Eddie  Green","East","Sunbell",2,23,46]
["2014-12-27","Tracy  Reed","MidWest","Carlota",3,22.95,68.849999999999994]
["2014-01-01","Rachel  Gomez","MidWest","Sunset",3,23.5,70.5]
["2014-05-09","Ben  Perez","West","Carlota",3,22.95,68.849999999999994]
["2013-12-15","Elaine  Ellis","South","Sunshine",4,19.95,79.8]
["2014-12-11","Shari  Silva","South","Carlota",1,22.95,22.95]
["2014-03-02","Trevor  Jones","West","Carlota",3,22.95,68.849999999999994]
["2013-11-30","Lee  Mack","MidWest","V-Rang",3,18,54]
["2013-11-17","Patty  Thompson","West","V-Rang",2,19,38]
["2014-11-19","Elvira  Bowman","MidWest","FlatTop",3,27.5,82.5]
["2014-02-18","Cecilia  Manning","South","Quad",1,33,33]
["2014-12-08","Jenny  Garcia","MidWest","Quad",2,33,66]
["2013-11-10","Salvador  Bass","West","Sunbell",2,25,50]
["2013-12-06","Drew  Rogers","MidWest","FlatTop",16,26.13,418.08]
["2014-12-10","Salvador  Bass","West","Carlota",3,22.95,68.849999999999994]
["2014-08-25","Eddie  Green","East","Bellen",2,21.95,43.9]
["2013-12-25","Marian  Hill","South","Sunshine",19,18.95,360.05]
["2014-12-06","Brooke  Horton","MidWest","Carlota",2,22.95,45.9]
["2014-10-02","Max  Rodgers","West","Aspen",2,21,42]
["2014-11-27","Eric  Rose","West","Carlota",2,22.95,45.9]
["2014-11-26","Herman  Williams","East","Bellen",1,21.95,21.95]
["2014-12-24","Don  Gonzales","South","Bellen",2,22.95,45.9]
["2013-11-04","Rachel  Gomez","MidWest","Crested Beaut",2,24,48]
["2013-03-01","Salvador  Bass","West","Majectic Beaut",2,30,60]
["2014-12-21","Jenny  Garcia","MidWest","Doublers",2,79.95,159.9]
["2014-11-02","Andrew  Meyer","West","Sunbell",1,25,25]
["2014-09-04","Dan  Peterson","MidWest","Crested Beaut",2,24,48]
["2014-07-03","Jaime  Pearson","MidWest","Sunshine",3,19.95,59.85]
["2014-11-20","Mable  Lindsey","West","Sunshine",2,19.95,39.9]
["2013-11-14","Bobbie  Ryan","East","Carlota",2,21.95,43.9]
["2013-01-29","Lee  Mack","MidWest","Sunbell",22,22.8,501.6]
["2014-11-16","Guillermo  Potter","MidWest","Bellen",3,22.95,68.849999999999994]
["2014-05-19","Fernando  Rowe","West","Crested Beaut",1,25,25]
["2013-12-03","Beth  Tucker","West","Sunbell",2,25,50]
["2013-11-24","Drew  Rogers","MidWest","Sunbell",1,24,24]
["2013-11-01","Jaime  Pearson","MidWest","Carlota",1,22.95,22.95]
["2014-12-09","Mable  Lindsey","West","Sunshine",3,19.95,59.85]
["2014-12-11","Carla  Mccormick","MidWest","Sunshine",1,19.95,19.95]
["2013-11-23","Carla  Mccormick","MidWest","Crested Beaut",2,24,48]
["2013-11-08","Mable  Lindsey","West","Aspen",1,21,21]
["2014-11-03","Cassandra  Franklin","MidWest","Majectic Beaut",3,29,87]
["2013-11-30","Jaime  Pearson","MidWest","Quad",1,33,33]
["2014-12-11","Willie  Vega","MidWest","Quad",1,33,33]
["2013-12-19","Sylvester  Morales","West","Doublers",2,79.95,159.9]
["2014-11-27","Max  Rodgers","West","Bellen",3,22.95,68.849999999999994]
["2014-12-17","Robert  Munoz","MidWest","Majectic Beaut",2,29,58]
["2014-12-27","Jaime  Pearson","MidWest","Bellen",2,22.95,45.9]
["2013-07-04","Peter  Hodges","MidWest","Carlota",2,22.95,45.9]
["2013-02-22","Isabel  Cross","East","Sunset",3,22.5,67.5]
["2013-04-24","Andrew  Meyer","West","Carlota",2,22.95,45.9]
["2014-12-10","Pauline  Beck","West","Sunshine",1,19.95,19.95]
["2013-03-27","Isabel  Cross","East","Quad",2,32,64]
["2013-11-24","Max  Rodgers","West","Sunshine",3,19.95,59.85]
["2013-12-10","Edwin  Malone","East","Bellen",1,21.95,21.95]
["2013-10-08","Fernando  Rowe","West","Bellen",1,22.95,22.95]
["2014-11-20","Della  Jensen","East","Sunbell",2,23,46]
["2014-11-21","Shari  Silva","South","Sunshine",3,19.95,59.85]
["2013-12-22","Iris  Underwood","West","Bellen",25,21.8,545]
["2013-11-01","Ivan  Adkins","West","Sunshine",3,19.95,59.85]
["2013-11-15","Salvador  Bass","West","Sunshine",1,19.95,19.95]
["2014-12-15","Beth  Tucker","West","Sunshine",2,19.95,39.9]
["2014-11-13","Lula  Daniels","MidWest","Bellen",2,22.95,45.9]
["2014-02-02","Shari  Silva","South","Carlota",1,22.95,22.95]
["2014-11-22","Robert  Munoz","MidWest","Sunset",3,23.5,70.5]
["2014-12-03","Salvador  Bass","West","Aspen",1,21,21]
["2013-11-20","Robert  Munoz","MidWest","Quad",3,33,99]
["2014-12-27","Johanna  Boone","South","Quad",3,33,99]
["2013-11-09","Cassandra  Franklin","MidWest","Sunshine",1,19.95,19.95]
["2013-06-16","Edwin  Malone","East","Sunset",1,22.5,22.5]
["2013-12-30","Salvador  Bass","West","Sunbell",2,25,50]
["2014-12-06","Colleen  Warren","West","Crested Beaut",2,25,50]
["2013-09-17","Ruben  Nunez","West","Doublers",1,79.95,79.95]
["2014-12-03","Mable  Lindsey","West","FlatTop",2,27.5,55]
["2013-11-11","Elvira  Bowman","MidWest","Aspen",1,20,20]
["2014-03-15","Christina  Fuller","West","Carlota",2,22.95,45.9]
["2013-12-06","Dan  Peterson","MidWest","Crested Beaut",2,24,48]
["2014-04-12","Woodrow  Colon","South","Bellen",16,21.8,348.8]
["2013-07-22","Lee  Mack","MidWest","Crested Beaut",4,24,96]
["2013-12-28","Max  Rodgers","West","Carlota",25,21.8,545]
["2013-11-14","Cassandra  Franklin","MidWest","Sunshine",2,19.95,39.9]
["2013-11-21","Cindy  Becker","South","Sunbell",3,24,72]
["2013-12-21","Arturo  Francis","East","Aspen",1,19,19]
["2013-12-14","Jaime  Pearson","MidWest","V-Rang",1,18,18]
["2013-11-10","Patty  Thompson","West","FlatTop",1,27.5,27.5]
["2013-06-04","Sonya  Mullins","East","Bellen",20,20.85,417]
["2013-11-12","Donna  Reid","West","Sunshine",2,19.95,39.9]
["2014-12-22","Edwin  Malone","East","Sunshine",2,18.95,37.9]
["2014-12-02","Rachel  Gomez","MidWest","Sunshine",3,19.95,59.85]
["2014-02-23","Fernando  Rowe","West","Quad",3,34,102]
["2013-11-20","Colleen  Warren","West","FlatTop",7,27.5,192.5]
["2014-12-01","Ernest  Davis","West","Sunbell",2,25,50]
["2013-11-10","Della  Jensen","East","Sunshine",3,18.95,56.85]
["2014-11-16","Lynette  Brewer","MidWest","Doublers",2,79.95,159.9]
["2014-10-08","Cassandra  Franklin","MidWest","Quad",1,33,33]
["2014-06-21","Sandra  Floyd","MidWest","Bellen",3,22.95,68.849999999999994]
["2014-11-15","Edwin  Malone","East","Sunset",3,22.5,67.5]
["2013-11-16","Willie  Vega","MidWest","Sunset",2,23.5,47]
["2014-11-26","Sandra  Floyd","MidWest","Sunbell",2,24,48]
["2013-03-21","Don  Gonzales","South","Carlota",2,22.95,45.9]
["2013-11-02","Edwin  Malone","East","Carlota",3,21.95,65.849999999999994]
["2014-11-02","Kyle  Carr","MidWest","Bellen",3,22.95,68.849999999999994]
["2013-11-05","Arturo  Francis","East","Quad",3,32,96]
["2014-11-24","Shari  Silva","South","Carlota",3,22.95,68.849999999999994]
["2013-12-04","Bobbie  Ryan","East","Majectic Beaut",3,28,84]
["2014-11-08","Brooke  Horton","MidWest","Sunbell",2,24,48]
["2013-11-28","Jenny  Garcia","MidWest","Doublers",2,79.95,159.9]
["2014-12-11","Bethany  Pena","MidWest","Quad",2,33,66]
["2014-11-09","Paulette  Spencer","South","Bellen",1,22.95,22.95]
["2013-12-06","Willie  Vega","MidWest","Sunbell",2,24,48]
["2013-05-09","Salvador  Bass","West","Sunshine",17,18.95,322.14999999999998]
["2013-11-18","Cassandra  Franklin","MidWest","Sunshine",3,19.95,59.85]
["2014-12-10","Shari  Silva","South","Sunshine",1,19.95,19.95]
["2013-11-16","Trevor  Jones","West","Sunbell",4,25,100]
["2013-11-27","Fernando  Rowe","West","Carlota",1,22.95,22.95]
["2013-01-05","Beth  Tucker","West","Sunbell",3,25,75]
["2014-11-07","Jenny  Garcia","MidWest","Quad",1,33,33]
["2014-12-29","Elaine  Ellis","South","Carlota",3,22.95,68.849999999999994]
["2013-11-22","Salvador  Bass","West","Aspen",1,21,21]
["2013-11-26","Elvira  Bowman","MidWest","Quad",2,33,66]
["2014-11-08","Robert  Munoz","MidWest","Quad",4,33,132]
["2014-11-30","Donna  Reid","West","Doublers",2,79.95,159.9]
["2013-04-20","Lee  Mack","MidWest","V-Rang",2,18,36]
["2013-11-04","Ben  Perez","West","Doublers",1,79.95,79.95]
["2013-11-22","Trevor  Jones","West","Aspen",2,21,42]
["2014-07-15","Blake  Bridges","South","Aspen",2,20,40]
["2014-12-01","Sylvester  Morales","West","Quad",3,34,102]
["2013-11-23","Tiffany  May","West","Quad",2,34,68]
["2014-11-19","Charlie  Wood","MidWest","Aspen",3,20,60]
["2013-05-10","Tiffany  May","West","Doublers",2,79.95,159.9]
["2013-11-20","Marian  Hill","South","Quad",3,33,99]
["2013-09-18","Kyle  Carr","MidWest","Crested Beaut",20,22.8,456]
["2014-03-01","Tiffany  May","West","Sunshine",1,19.95,19.95]
["2014-12-26","Carla  Mccormick","MidWest","Sunbell",1,24,24]
["2013-02-09","Robert  Munoz","MidWest","Quad",1,33,33]
["2013-07-01","Robert  Munoz","MidWest","Aspen",2,20,40]
["2014-11-18","Pauline  Beck","West","Sunset",3,23.5,70.5]
["2013-11-01","Ellen  Weaver","South","Sunshine",22,18.95,416.9]
["2014-12-04","Peter  Hodges","MidWest","Sunbell",1,24,24]
["2013-11-06","Ellen  Weaver","South","Crested Beaut",5,24,120]
["2014-12-19","Della  Jensen","East","Aspen",3,19,57]
["2014-02-22","Carla  Mccormick","MidWest","Carlota",2,22.95,45.9]
["2013-12-06","Isabel  Cross","East","Crested Beaut",19,21.85,415.15]
["2014-11-29","Shari  Silva","South","Sunshine",3,19.95,59.85]
["2013-09-21","Ernest  Davis","West","Crested Beaut",2,25,50]
["2014-02-22","Felicia  Jennings","West","Sunshine",1,19.95,19.95]
["2014-11-24","Della  Jensen","East","Sunbell",1,23,23]
["2013-12-29","Bobbie  Ryan","East","V-Rang",3,18,54]
["2013-12-20","Bethany  Pena","MidWest","Sunbell",2,24,48]
["2013-11-11","Drew  Rogers","MidWest","Sunshine",1,19.95,19.95]
["2014-11-21","Johanna  Boone","South","Quad",2,33,66]
["2014-12-27","Iris  Underwood","West","Carlota",25,21.8,545]
["2013-03-03","Elaine  Ellis","South","Sunset",2,22.5,45]
["2013-12-11","Herman  Williams","East","Majectic Beaut",3,28,84]
["2013-11-01","Allan  Ramos","MidWest","Quad",3,33,99]
["2013-12-17","Rachel  Gomez","MidWest","Quad",2,33,66]
["2014-11-27","Jaime  Pearson","MidWest","Crested Beaut",2,24,48]
["2013-01-11","Bernadette  Page","MidWest","Carlota",1,22.95,22.95]
["2013-11-20","Marian  Hill","South","Sunshine",3,19.95,59.85]
["2014-12-10","Paulette  Spencer","South","Aspen",3,20,60]
["2013-11-07","Della  Jensen","East","Bellen",2,21.95,43.9]
["2013-11-19","Cassandra  Franklin","MidWest","Quad",3,33,99]
["2013-11-11","Lee  Mack","MidWest","Aspen",3,20,60]
["2014-11-02","Guillermo  Potter","MidWest","Crested Beaut",2,24,48]
["2013-09-09","Cassandra  Franklin","MidWest","V-Rang",1,18,18]
["2013-11-03","Guillermo  Potter","MidWest","Bellen",2,22.95,45.9]
["2013-03-31","Beth  Tucker","West","Quad",16,32.299999999999997,516.79999999999995]
["2014-12-26","Lee  Mack","MidWest","Crested Beaut",3,24,72]
["2013-12-01","Lee  Mack","MidWest","Carlota",1,22.95,22.95]
["2013-12-20","Drew  Rogers","MidWest","Sunshine",2,19.95,39.9]
["2013-11-06","Lorraine  Gibson","East","Majectic Beaut",18,26.6,478.8]
["2014-07-30","Brooke  Horton","MidWest","Sunbell",3,24,72]
["2013-10-18","Donna  Reid","West","Bellen",1,22.95,22.95]
["2014-01-14","Colleen  Warren","West","Sunset",3,23.5,70.5]
["2013-12-26","Charlie  Wood","MidWest","Quad",23,31.35,721.05]
["2014-12-18","Elvira  Bowman","MidWest","FlatTop",1,27.5,27.5]
["2013-11-07","Iris  Underwood","West","Crested Beaut",1,25,25]
["2014-12-11","Colleen  Warren","West","Sunset",2,23.5,47]
["2014-07-07","Felicia  Jennings","West","Carlota",2,22.95,45.9]
["2014-05-02","Edwin  Malone","East","Sunbell",1,23,23]
["2013-11-03","Eric  Rose","West","Sunset",5,23.5,117.5]
["2014-12-26","Cassandra  Franklin","MidWest","Carlota",1,22.95,22.95]
["2013-11-18","Edwin  Malone","East","Quad",2,32,64]
["2013-11-16","Don  Gonzales","South","Majectic Beaut",1,29,29]
["2013-11-21","Andrew  Meyer","West","Majectic Beaut",1,30,30]
["2014-11-04","Salvador  Bass","West","Sunbell",25,23.75,593.75]
["2013-12-24","Max  Rodgers","West","Sunbell",2,25,50]
["2013-11-02","Ivan  Adkins","West","Sunshine",2,19.95,39.9]
["2014-11-02","Donna  Reid","West","Bellen",2,22.95,45.9]
["2014-12-27","Willie  Vega","MidWest","Sunshine",1,19.95,19.95]
["2014-11-19","Della  Jensen","East","Quad",3,32,96]
["2014-12-29","Lynette  Brewer","MidWest","Sunshine",1,19.95,19.95]
["2013-12-23","Johanna  Boone","South","Bellen",3,22.95,68.849999999999994]
["2013-11-17","Brooke  Horton","MidWest","V-Rang",3,18,54]
["2014-11-29","Cassandra  Franklin","MidWest","Sunbell",2,24,48]
["2013-12-09","Ernest  Davis","West","Carlota",1,22.95,22.95]
["2013-04-25","Max  Rodgers","West","Bellen",3,22.95,68.849999999999994]
["2014-12-01","Drew  Rogers","MidWest","Sunshine",1,19.95,19.95]
["2014-11-12","Trevor  Jones","West","Bellen",3,22.95,68.849999999999994]
["2014-02-13","Salvador  Bass","West","Quad",1,34,34]
["2013-08-30","Fernando  Rowe","West","Sunbell",11,23.75,261.25]
["2014-05-18","Jenny  Garcia","MidWest","Quad",15,31.35,470.25]
["2014-07-29","Fernando  Rowe","West","Doublers",2,79.95,159.9]
["2014-12-05","Ruben  Nunez","West","Sunset",1,23.5,23.5]
["2013-12-05","Rachel  Gomez","MidWest","Sunshine",3,19.95,59.85]
["2014-12-27","Christina  Fuller","West","FlatTop",2,27.5,55]
["2014-12-01","Drew  Rogers","MidWest","Aspen",1,20,20]
["2014-12-16","Christina  Fuller","West","Quad",1,34,34]
["2014-11-07","Arturo  Francis","East","Sunbell",2,23,46]
["2013-11-30","Cassandra  Franklin","MidWest","Crested Beaut",1,24,24]
["2014-07-04","Patty  Thompson","West","Sunshine",2,19.95,39.9]
["2014-11-21","Bobbie  Ryan","East","Bellen",2,21.95,43.9]
["2013-11-24","Tiffany  May","West","Sunshine",1,19.95,19.95]
["2013-12-11","Peter  Hodges","MidWest","Bellen",2,22.95,45.9]
["2014-11-05","Jenny  Garcia","MidWest","Crested Beaut",1,24,24]
["2014-12-01","Sandra  Floyd","MidWest","Bellen",2,22.95,45.9]
["2014-11-06","Edwin  Malone","East","Quad",1,32,32]
["2013-02-26","Johanna  Boone","South","Quad",3,33,99]
["2013-11-27","Joey  Wong","West","Bellen",3,22.95,68.849999999999994]
["2013-11-30","Edwin  Malone","East","Bellen",1,21.95,21.95]
["2014-11-03","Billie  Chandler","MidWest","Aspen",4,20,80]
["2014-01-15","Sylvester  Morales","West","Majectic Beaut",3,30,90]
["2013-07-23","Salvador  Bass","West","Crested Beaut",1,25,25]
["2013-12-05","Cassandra  Franklin","MidWest","Crested Beaut",4,24,96]
["2013-11-19","Donna  Reid","West","Aspen",1,21,21]
["2013-05-02","Kyle  Carr","MidWest","Quad",1,33,33]
["2014-03-20","Kyle  Carr","MidWest","Aspen",2,20,40]
["2013-04-30","Drew  Rogers","MidWest","Sunset",14,22.33,312.62]
["2013-11-22","Drew  Rogers","MidWest","Sunset",2,23.5,47]
["2013-10-05","Shari  Silva","South","Bellen",15,21.8,327]
["2013-11-27","Edwin  Malone","East","Bellen",1,21.95,21.95]
["2013-12-06","Lance  Yates","MidWest","Quad",2,33,66]
["2013-12-26","Drew  Rogers","MidWest","Sunshine",1,19.95,19.95]
["2014-12-27","Isabel  Cross","East","FlatTop",3,26.5,79.5]
["2013-12-13","Bobbie  Ryan","East","FlatTop",3,26.5,79.5]
["2014-11-04","Christina  Fuller","West","Sunshine",1,19.95,19.95]
["2013-12-15","Beth  Tucker","West","Carlota",2,22.95,45.9]
["2014-11-27","Shari  Silva","South","Crested Beaut",1,24,24]
["2014-02-12","Felicia  Jennings","West","V-Rang",3,19,57]
["2013-04-26","Mable  Lindsey","West","Crested Beaut",2,25,50]
["2014-03-24","Ernest  Davis","West","Sunshine",3,19.95,59.85]
["2014-12-07","Peter  Hodges","MidWest","Bellen",2,22.95,45.9]
["2014-05-26","Drew  Rogers","MidWest","Aspen",1,20,20]
["2013-11-06","Brooke  Horton","MidWest","Sunshine",2,19.95,39.9]
["2014-12-18","Isabel  Cross","East","Bellen",2,21.95,43.9]
["2014-12-11","Brooke  Horton","MidWest","Quad",18,31.35,564.29999999999995]
["2013-12-23","Tracy  Reed","MidWest","Sunset",2,23.5,47]
["2014-12-18","Beth  Tucker","West","Bellen",2,22.95,45.9]
["2014-12-26","Ernest  Davis","West","Bellen",2,22.95,45.9]
["2014-02-18","Drew  Rogers","MidWest","Sunset",3,23.5,70.5]
["2014-10-03","Elaine  Ellis","South","Sunshine",2,19.95,39.9]
["2013-11-18","Herman  Williams","East","Carlota",24,20.85,500.4]
["2013-11-23","Pauline  Beck","West","Sunset",3,23.5,70.5]
["2014-09-30","Colleen  Warren","West","Quad",2,34,68]
["2013-11-11","Shari  Silva","South","Majectic Beaut",2,29,58]
["2013-11-15","Isabel  Cross","East","Carlota",2,21.95,43.9]
["2014-11-18","Tracy  Reed","MidWest","Sunshine",2,19.95,39.9]
["2014-12-31","Cecilia  Manning","South","FlatTop",2,26.5,53]
["2014-11-18","Robert  Munoz","MidWest","Aspen",3,20,60]
["2014-10-24","Brooke  Horton","MidWest","Sunshine",3,19.95,59.85]
["2014-12-06","Robert  Munoz","MidWest","Sunbell",2,24,48]
["2013-09-17","Bobbie  Ryan","East","Bellen",2,21.95,43.9]
["2013-11-19","Ben  Perez","West","Aspen",3,21,63]
["2014-02-19","Jenny  Garcia","MidWest","Crested Beaut",2,24,48]
["2014-10-11","Isabel  Cross","East","Doublers",3,75.95,227.85]
["2014-12-27","Andrew  Meyer","West","Doublers",2,79.95,159.9]
["2014-11-08","Rachel  Gomez","MidWest","Doublers",1,79.95,79.95]
["2013-12-07","Edwin  Malone","East","Aspen",9,19,171]
["2014-12-13","Peter  Hodges","MidWest","Doublers",3,79.95,239.85]
["2013-12-09","Brooke  Horton","MidWest","Carlota",2,22.95,45.9]
["2013-12-02","Ruben  Nunez","West","Sunshine",3,19.95,59.85]
["2014-12-04","Colleen  Warren","West","Sunshine",2,19.95,39.9]
["2014-02-11","Cecilia  Manning","South","Sunshine",3,19.95,59.85]
["2013-12-11","Johanna  Boone","South","Sunbell",2,24,48]
["2014-12-29","Felicia  Jennings","West","Sunshine",1,19.95,19.95]
["2013-12-06","Fernando  Rowe","West","Aspen",1,21,21]
["2014-12-15","Colleen  Warren","West","Sunshine",1,19.95,19.95]
["2013-11-05","Robert  Munoz","MidWest","Sunbell",25,22.8,570]
["2014-11-09","Sandra  Floyd","MidWest","FlatTop",1,27.5,27.5]
["2014-12-05","Lee  Mack","MidWest","Quad",7,33,231]
["2014-09-23","Della  Jensen","East","Quad",2,32,64]
["2013-02-04","Robert  Munoz","MidWest","Sunset",2,23.5,47]
["2013-12-17","Eric  Rose","West","Majectic Beaut",1,30,30]
["2014-08-01","Elvira  Bowman","MidWest","Quad",3,33,99]
["2014-07-26","Mable  Lindsey","West","Quad",3,34,102]
["2014-11-23","Sonya  Mullins","East","FlatTop",20,25.18,503.6]
["2014-12-26","Arturo  Francis","East","Sunbell",2,23,46]
["2013-12-26","Andrew  Meyer","West","FlatTop",2,27.5,55]
["2013-04-24","Dan  Peterson","MidWest","Crested Beaut",1,24,24]
["2013-12-08","Kyle  Carr","MidWest","Majectic Beaut",4,29,116]
["2013-03-31","Fernando  Rowe","West","Majectic Beaut",18,28.5,513]
["2013-11-02","Lula  Daniels","MidWest","Aspen",1,20,20]
["2014-08-01","Cindy  Becker","South","Sunbell",2,24,48]
["2013-04-21","Willie  Vega","MidWest","Sunset",2,23.5,47]
["2013-11-25","Christina  Fuller","West","Carlota",2,22.95,45.9]
["2013-11-30","Bethany  Pena","MidWest","Crested Beaut",3,24,72]
["2014-12-19","Nellie  Joseph","East","Sunbell",1,23,23]
["2013-11-02","Lance  Yates","MidWest","Carlota",2,22.95,45.9]
["2013-11-05","Isabel  Cross","East","Quad",25,30.4,760]
["2014-11-20","Salvador  Bass","West","Aspen",3,21,63]
["2014-11-29","Beth  Tucker","West","V-Rang",3,19,57]
["2013-11-09","Don  Gonzales","South","Sunbell",1,24,24]
["2013-12-05","Bobbie  Ryan","East","Sunset",3,22.5,67.5]
["2013-04-19","Guillermo  Potter","MidWest","Aspen",3,20,60]
["2013-12-21","Salvador  Bass","West","Doublers",9,79.95,719.55]
["2014-11-17","Drew  Rogers","MidWest","Sunshine",2,19.95,39.9]
["2014-12-11","Ellen  Weaver","South","Sunshine",1,19.95,19.95]
["2013-11-19","Ivan  Adkins","West","FlatTop",2,27.5,55]
["2013-11-01","Cindy  Becker","South","Quad",2,33,66]
["2014-12-24","Lynette  Brewer","MidWest","Bellen",3,22.95,68.849999999999994]
["2013-11-01","Blake  Bridges","South","Bellen",1,22.95,22.95]
["2013-12-26","Woodrow  Colon","South","Carlota",2,22.95,45.9]
["2013-12-27","Edwin  Malone","East","Majectic Beaut",3,28,84]
["2014-10-06","Colleen  Warren","West","Carlota",2,22.95,45.9]
["2014-12-18","Fernando  Rowe","West","Majectic Beaut",1,30,30]
["2013-11-08","Salvador  Bass","West","V-Rang",2,19,38]
["2014-12-12","Jenny  Garcia","MidWest","Quad",3,33,99]
["2014-12-31","Brooke  Horton","MidWest","Sunset",3,23.5,70.5]
["2013-11-02","Trevor  Jones","West","Sunbell",3,25,75]
["2014-01-21","Salvador  Bass","West","Sunshine",1,19.95,19.95]
["2014-06-17","Jenny  Garcia","MidWest","Carlota",1,22.95,22.95]
["2013-11-11","Cassandra  Franklin","MidWest","Quad",2,33,66]
["2013-11-04","Sylvester  Morales","West","Carlota",1,22.95,22.95]
["2014-12-02","Isabel  Cross","East","Carlota",17,20.85,354.45]
["2014-12-15","Ivan  Adkins","West","V-Rang",1,19,19]
["2014-12-29","Drew  Rogers","MidWest","Carlota",2,22.95,45.9]
["2013-12-18","Woodrow  Colon","South","Sunbell",3,24,72]
["2014-11-09","Drew  Rogers","MidWest","Sunshine",2,19.95,39.9]
["2013-12-26","Ben  Perez","West","V-Rang",2,19,38]
["2014-12-11","Della  Jensen","East","Aspen",19,18.05,342.95]
["2013-06-04","Shari  Silva","South","Majectic Beaut",1,29,29]
["2014-11-27","Carla  Mccormick","MidWest","Sunbell",4,24,96]
["2013-08-16","Ruben  Nunez","West","Quad",2,34,68]
["2013-11-22","Drew  Rogers","MidWest","Bellen",3,22.95,68.849999999999994]
["2013-02-20","Max  Rodgers","West","Carlota",2,22.95,45.9]
["2014-12-25","Sylvester  Morales","West","Quad",1,34,34]
["2014-12-04","Dan  Peterson","MidWest","Sunbell",2,24,48]
["2013-11-12","Charlie  Wood","MidWest","Sunbell",1,24,24]
["2014-12-16","Dan  Peterson","MidWest","Sunset",3,23.5,70.5]
["2013-10-08","Della  Jensen","East","FlatTop",2,26.5,53]
["2014-03-07","Jaime  Pearson","MidWest","Bellen",1,22.95,22.95]
["2013-04-15","Trevor  Jones","West","Quad",3,34,102]
["2014-12-11","Edwin  Malone","East","Carlota",3,21.95,65.849999999999994]
["2013-12-25","Willie  Vega","MidWest","Bellen",4,22.95,91.8]
["2013-12-25","Woodrow  Colon","South","Carlota",2,22.95,45.9]
["2013-11-30","Andrew  Meyer","West","Majectic Beaut",2,30,60]
["2014-12-30","Blake  Bridges","South","Bellen",1,22.95,22.95]
["2014-11-19","Willie  Vega","MidWest","Majectic Beaut",2,29,58]
["2013-12-29","Rachel  Gomez","MidWest","Majectic Beaut",3,29,87]
["2013-12-22","Ivan  Adkins","West","Bellen",2,22.95,45.9]
["2013-12-05","Jaime  Pearson","MidWest","Doublers",3,79.95,239.85]
["2013-11-30","Shari  Silva","South","V-Rang",3,18,54]
["2013-12-16","Colleen  Warren","West","Majectic Beaut",3,30,90]
["2013-11-11","Salvador  Bass","West","V-Rang",2,19,38]
["2013-11-22","Carla  Mccormick","MidWest","Carlota",3,22.95,68.849999999999994]
["2013-01-06","Rachel  Gomez","MidWest","Sunset",2,23.5,47]
["2013-11-18","Cassandra  Franklin","MidWest","Sunbell",2,24,48]
["2014-11-04","Pauline  Beck","West","Sunshine",3,19.95,59.85]
["2013-12-09","Fernando  Rowe","West","Bellen",3,22.95,68.849999999999994]
["2014-11-30","Elbert  Klein","South","Sunbell",1,24,24]
["2014-12-20","Robert  Munoz","MidWest","Sunshine",1,19.95,19.95]
["2013-11-15","Max  Rodgers","West","Quad",3,34,102]
["2013-11-12","Tracy  Reed","MidWest","V-Rang",3,18,54]
["2014-11-17","Shari  Silva","South","Majectic Beaut",3,29,87]
["2013-04-30","Elbert  Klein","South","Majectic Beaut",3,29,87]
["2014-11-04","Della  Jensen","East","Sunset",1,22.5,22.5]
["2014-11-27","Salvador  Bass","West","Carlota",3,22.95,68.849999999999994]
["2013-12-24","Peter  Hodges","MidWest","Aspen",2,20,40]
["2013-08-05","Max  Rodgers","West","Sunset",2,23.5,47]
["2013-12-16","Edwin  Malone","East","Sunset",2,22.5,45]
["2013-05-22","Shari  Silva","South","Sunbell",1,24,24]
["2013-06-17","Felicia  Jennings","West","Sunshine",3,19.95,59.85]
["2014-05-09","Kyle  Carr","MidWest","Sunshine",1,19.95,19.95]
["2014-12-02","Shari  Silva","South","Quad",1,33,33]
["2014-12-31","Peter  Hodges","MidWest","Quad",2,33,66]
["2013-12-25","Edwin  Malone","East","Crested Beaut",2,23,46]
["2013-11-23","Jenny  Garcia","MidWest","Quad",3,33,99]
["2013-11-17","Elvira  Bowman","MidWest","Sunbell",1,24,24]
["2014-11-15","Joey  Wong","West","Aspen",10,21,210]
["2014-12-21","Robert  Munoz","MidWest","Crested Beaut",12,22.8,273.60000000000002]
["2013-12-29","Kyle  Carr","MidWest","Crested Beaut",3,24,72]
["2014-12-31","Rachel  Gomez","MidWest","Aspen",1,20,20]
["2014-12-01","Della  Jensen","East","Bellen",2,21.95,43.9]
["2013-12-10","Andrew  Meyer","West","FlatTop",3,27.5,82.5]
["2014-11-29","Salvador  Bass","West","Sunset",2,23.5,47]
["2013-11-14","Lula  Daniels","MidWest","Quad",4,33,132]
["2014-11-25","Kyle  Carr","MidWest","Crested Beaut",18,22.8,410.4]
["2014-12-12","Jenny  Garcia","MidWest","Quad",3,33,99]
["2014-11-24","Brooke  Horton","MidWest","Bellen",1,22.95,22.95]
["2013-12-03","Don  Gonzales","South","Bellen",3,22.95,68.849999999999994]
["2014-12-09","Beth  Tucker","West","Quad",1,34,34]
["2013-12-12","Bobbie  Ryan","East","Bellen",2,21.95,43.9]
["2014-12-12","Bernadette  Page","MidWest","Quad",3,33,99]
["2014-11-02","Christina  Fuller","West","Carlota",2,22.95,45.9]
["2013-12-25","Felicia  Jennings","West","Sunbell",2,25,50]
["2014-09-21","Rachel  Gomez","MidWest","Quad",1,33,33]
["2013-06-18","Drew  Rogers","MidWest","Carlota",2,22.95,45.9]
["2013-11-14","Willie  Vega","MidWest","V-Rang",1,18,18]
["2013-12-18","Joey  Wong","West","Crested Beaut",3,25,75]
["2014-11-17","Willie  Vega","MidWest","Sunset",1,23.5,23.5]
["2014-11-18","Andrew  Meyer","West","Sunbell",1,25,25]
["2013-11-01","Eddie  Green","East","Quad",1,32,32]
["2014-12-21","Della  Jensen","East","Sunshine",1,18.95,18.95]
["2013-11-05","Lula  Daniels","MidWest","Doublers",3,79.95,239.85]
["2013-06-11","Max  Rodgers","West","Crested Beaut",1,25,25]
["2013-11-02","Edwin  Malone","East","Bellen",3,21.95,65.849999999999994]
["2014-12-11","Iris  Underwood","West","Sunbell",6,25,150]
["2013-02-27","Robert  Munoz","MidWest","Sunbell",2,24,48]
["2013-12-18","Lula  Daniels","MidWest","Sunbell",2,24,48]
["2013-12-16","Isabel  Cross","East","Sunshine",1,18.95,18.95]
["2014-12-31","Guillermo  Potter","MidWest","Sunbell",1,24,24]
["2014-10-07","Cindy  Becker","South","Sunbell",1,24,24]
["2013-03-29","Salvador  Bass","West","Bellen",3,22.95,68.849999999999994]
["2014-12-28","Patty  Thompson","West","Crested Beaut",2,25,50]
["2013-01-30","Brooke  Horton","MidWest","Quad",3,33,99]
["2014-03-29","Guillermo  Potter","MidWest","Bellen",2,22.95,45.9]
["2013-03-23","Bernadette  Page","MidWest","Aspen",2,20,40]
["2013-11-22","Peter  Hodges","MidWest","Carlota",2,22.95,45.9]
["2013-11-25","Austin  Reynolds","East","Sunshine",3,18.95,56.85]
["2014-11-22","Woodrow  Colon","South","Crested Beaut",3,24,72]
["2013-05-10","Robert  Munoz","MidWest","Sunbell",2,24,48]
["2013-11-14","Edwin  Malone","East","Sunshine",3,18.95,56.85]
["2013-12-24","Ivan  Adkins","West","Carlota",3,22.95,68.849999999999994]
["2014-11-03","Jaime  Pearson","MidWest","Bellen",19,21.8,414.2]
["2013-11-08","Patty  Thompson","West","Sunshine",2,19.95,39.9]
["2014-12-21","Trevor  Jones","West","Sunbell",3,25,75]
["2014-11-05","Shari  Silva","South","Carlota",4,22.95,91.8]
["2013-11-10","Kyle  Carr","MidWest","FlatTop",20,26.13,522.6]
["2014-12-19","Herman  Williams","East","Carlota",11,20.85,229.35]
["2013-11-19","Lynette  Brewer","MidWest","Sunshine",3,19.95,59.85]
["2013-11-24","Rachel  Gomez","MidWest","Aspen",2,20,40]
["2013-02-25","Elvira  Bowman","MidWest","Sunbell",3,24,72]
["2014-11-28","Mable  Lindsey","West","Carlota",2,22.95,45.9]
["2014-11-23","Trevor  Jones","West","Aspen",12,19.95,239.4]
["2013-11-14","Joey  Wong","West","Majectic Beaut",3,30,90]
["2014-11-20","Blake  Bridges","South","Sunset",3,22.5,67.5]
["2013-12-20","Elvira  Bowman","MidWest","Sunshine",2,19.95,39.9]
["2014-12-12","Max  Rodgers","West","Sunbell",13,23.75,308.75]
["2013-12-21","Ruben  Nunez","West","Bellen",1,22.95,22.95]
["2014-12-20","Jaime  Pearson","MidWest","Carlota",2,22.95,45.9]
["2013-11-04","Eric  Rose","West","Sunshine",2,19.95,39.9]
["2014-12-07","Marian  Hill","South","Carlota",4,22.95,91.8]
["2013-12-27","Don  Gonzales","South","Sunbell",24,22.8,547.20000000000005]
["2013-11-17","Jenny  Garcia","MidWest","Majectic Beaut",1,29,29]
["2014-11-23","Isabel  Cross","East","Sunshine",2,18.95,37.9]
["2014-11-03","Guillermo  Potter","MidWest","Sunshine",3,19.95,59.85]
["2014-12-08","Cindy  Becker","South","Quad",1,33,33]
["2014-11-23","Shari  Silva","South","Bellen",2,22.95,45.9]
["2013-11-05","Carla  Mccormick","MidWest","Majectic Beaut",3,29,87]
["2014-11-09","Felicia  Jennings","West","Crested Beaut",2,25,50]
["2013-12-28","Beth  Tucker","West","Quad",1,34,34]
["2014-11-11","Ruben  Nunez","West","Carlota",6,22.95,137.69999999999999]
["2014-12-30","Mable  Lindsey","West","Carlota",3,22.95,68.849999999999994]
["2014-12-28","Ben  Perez","West","Majectic Beaut",4,30,120]
["2014-12-16","Christina  Fuller","West","Quad",1,34,34]
["2014-04-17","Eric  Rose","West","Carlota",2,22.95,45.9]
["2013-01-20","Johanna  Boone","South","Quad",2,33,66]
["2014-11-17","Guillermo  Potter","MidWest","Crested Beaut",3,24,72]
["2013-02-06","Patty  Thompson","West","Sunset",3,23.5,70.5]
["2014-12-29","Cassandra  Franklin","MidWest","Carlota",1,22.95,22.95]
["2014-02-11","Robert  Munoz","MidWest","Carlota",2,22.95,45.9]
["2014-11-09","Charlie  Wood","MidWest","Quad",3,33,99]
["2013-12-03","Robert  Munoz","MidWest","Carlota",2,22.95,45.9]
["2014-11-20","Eric  Rose","West","Doublers",1,79.95,79.95]
["2014-11-25","Jenny  Garcia","MidWest","Majectic Beaut",3,29,87]
["2014-10-08","Dan  Peterson","MidWest","Sunbell",1,24,24]
["2013-11-01","Brooke  Horton","MidWest","Carlota",2,22.95,45.9]
["2014-04-02","Mable  Lindsey","West","Quad",1,34,34]
["2014-08-15","Elbert  Klein","South","Majectic Beaut",2,29,58]
["2014-12-02","Della  Jensen","East","Quad",1,32,32]
["2014-11-23","Arturo  Francis","East","Majectic Beaut",2,28,56]
["2014-12-29","Donna  Reid","West","Carlota",20,21.8,436]
["2013-08-08","Marion  Glover","East","Crested Beaut",3,23,69]
["2013-07-26","Della  Jensen","East","Sunbell",2,23,46]
["2013-12-04","Willie  Vega","MidWest","Sunbell",2,24,48]
["2013-12-17","Drew  Rogers","MidWest","Quad",11,31.35,344.85]
["2014-11-26","Jenny  Garcia","MidWest","Crested Beaut",2,24,48]
["2014-10-31","Cassandra  Franklin","MidWest","Sunbell",2,24,48]
["2014-12-07","Della  Jensen","East","Crested Beaut",3,23,69]
["2014-01-29","Cassandra  Franklin","MidWest","Sunshine",1,19.95,19.95]
["2013-12-23","Rachel  Gomez","MidWest","Quad",3,33,99]
["2014-11-27","Herman  Williams","East","Bellen",3,21.95,65.849999999999994]
["2014-12-06","Sonya  Mullins","East","Sunset",2,22.5,45]
["2013-11-15","Shari  Silva","South","Aspen",3,20,60]
["2013-11-06","Robert  Munoz","MidWest","Sunshine",3,19.95,59.85]
["2014-11-16","Della  Jensen","East","Aspen",3,19,57]
["2013-12-12","Elaine  Ellis","South","Sunshine",2,19.95,39.9]
["2014-12-15","Della  Jensen","East","Sunshine",3,18.95,56.85]
["2013-11-15","Marion  Glover","East","Sunshine",1,18.95,18.95]
["2013-04-07","Nellie  Joseph","East","Carlota",2,21.95,43.9]
["2013-11-05","Austin  Reynolds","East","Doublers",2,75.95,151.9]
["2013-03-09","Billie  Chandler","MidWest","Sunshine",2,19.95,39.9]
["2013-12-01","Cindy  Becker","South","Carlota",1,22.95,22.95]
["2014-11-14","Max  Rodgers","West","Sunset",2,23.5,47]
["2014-11-22","Woodrow  Colon","South","Sunbell",1,24,24]
["2013-12-09","Patty  Thompson","West","Sunshine",10,19.95,199.5]
["2014-02-18","Allan  Ramos","MidWest","Bellen",3,22.95,68.849999999999994]
["2013-12-19","Salvador  Bass","West","Bellen",3,22.95,68.849999999999994]
["2014-11-28","Isabel  Cross","East","Quad",1,32,32]
["2013-11-04","Marion  Glover","East","Quad",3,32,96]
["2013-12-20","Ernest  Davis","West","Quad",1,34,34]
["2013-11-04","Isabel  Cross","East","Bellen",1,21.95,21.95]
["2013-06-29","Rachel  Gomez","MidWest","Doublers",3,79.95,239.85]
["2013-12-22","Shari  Silva","South","Bellen",2,22.95,45.9]
["2013-12-12","Cassandra  Franklin","MidWest","Sunshine",13,18.95,246.35]
["2014-12-31","Shari  Silva","South","Sunbell",2,24,48]
["2013-12-01","Salvador  Bass","West","V-Rang",1,19,19]
["2013-11-03","Eddie  Green","East","Quad",1,32,32]
["2014-12-04","Peter  Hodges","MidWest","Sunshine",2,19.95,39.9]
["2014-12-29","Rachel  Gomez","MidWest","Quad",2,33,66]
["2014-12-17","Iris  Underwood","West","Quad",2,34,68]
["2014-12-21","Pauline  Beck","West","Sunset",3,23.5,70.5]
["2014-11-18","Bethany  Pena","MidWest","Bellen",3,22.95,68.849999999999994]
["2014-04-25","Christy  Olson","West","Sunbell",2,25,50]
["2013-12-06","Edwin  Malone","East","Sunset",3,22.5,67.5]
["2014-11-12","Salvador  Bass","West","Bellen",1,22.95,22.95]
["2014-01-03","Eric  Rose","West","Bellen",3,22.95,68.849999999999994]
["2014-11-20","Salvador  Bass","West","Carlota",3,22.95,68.849999999999994]
["2013-11-09","Marion  Glover","East","Sunbell",14,21.85,305.89999999999998]
["2014-11-15","Sonya  Mullins","East","Quad",1,32,32]
["2014-12-11","Beth  Tucker","West","Majectic Beaut",9,30,270]
["2013-11-12","Max  Rodgers","West","Sunbell",2,25,50]
["2014-09-24","Drew  Rogers","MidWest","Doublers",3,79.95,239.85]
["2014-11-16","Iris  Underwood","West","Doublers",24,75.95,1822.8]
["2014-12-01","Woodrow  Colon","South","Carlota",2,22.95,45.9]
["2014-12-04","Edwin  Malone","East","Crested Beaut",1,23,23]
["2013-04-16","Lula  Daniels","MidWest","Quad",2,33,66]
["2014-08-07","Peter  Hodges","MidWest","Carlota",1,22.95,22.95]
["2013-11-06","Cassandra  Franklin","MidWest","Quad",3,33,99]
["2014-02-06","Willie  Vega","MidWest","Sunbell",2,24,48]
["2014-11-26","Charlie  Wood","MidWest","Sunshine",23,18.95,435.85]
["2014-11-15","Tracy  Reed","MidWest","Quad",1,33,33]
["2013-04-18","Lorraine  Gibson","East","Sunshine",21,18,378]
["2014-09-30","Shari  Silva","South","V-Rang",2,18,36]
["2014-12-16","Lee  Mack","MidWest","Aspen",3,20,60]
["2013-12-13","Cassandra  Franklin","MidWest","Aspen",24,19,456]
["2014-11-21","Shari  Silva","South","Sunbell",1,24,24]
["2013-05-28","Marian  Hill","South","Sunshine",1,19.95,19.95]
["2013-11-01","Peter  Hodges","MidWest","Carlota",20,21.8,436]
["2013-11-15","Marian  Hill","South","Majectic Beaut",2,29,58]
["2014-11-08","Lula  Daniels","MidWest","Sunset",2,23.5,47]
["2014-11-09","Marion  Glover","East","Carlota",2,21.95,43.9]
["2014-12-14","Colleen  Warren","West","Bellen",3,22.95,68.849999999999994]
["2014-03-01","Mable  Lindsey","West","Doublers",4,79.95,319.8]
["2013-12-29","Pauline  Beck","West","Aspen",3,21,63]
["2014-12-20","Lynette  Brewer","MidWest","Sunbell",3,24,72]
["2014-11-27","Lynette  Brewer","MidWest","Sunshine",2,19.95,39.9]
["2013-06-22","Della  Jensen","East","Sunbell",3,23,69]
["2014-12-10","Cecilia  Manning","South","Carlota",1,22.95,22.95]
["2013-11-27","Drew  Rogers","MidWest","Quad",3,33,99]
["2013-11-01","Cassandra  Franklin","MidWest","Carlota",1,22.95,22.95]
["2014-11-09","Paulette  Spencer","South","V-Rang",2,18,36]
["2014-07-08","Patty  Thompson","West","Quad",16,32.299999999999997,516.79999999999995]
["2014-09-21","Woodrow  Colon","South","Sunshine",3,19.95,59.85]
["2013-08-25","Drew  Rogers","MidWest","Sunshine",2,19.95,39.9]
["2013-12-29","Herman  Williams","East","Carlota",3,21.95,65.849999999999994]
["2014-12-06","Robert  Munoz","MidWest","Sunshine",21,18.95,397.95]
["2013-12-30","Allan  Ramos","MidWest","Sunshine",2,19.95,39.9]
["2013-12-13","Eric  Rose","West","Carlota",1,22.95,22.95]
["2014-12-27","Salvador  Bass","West","Sunset",2,23.5,47]
["2013-07-03","Elbert  Klein","South","Carlota",2,22.95,45.9]
["2014-09-17","Marian  Hill","South","Aspen",3,20,60]
["2013-11-02","Christy  Olson","West","Sunbell",3,25,75]
["2013-09-09","Kyle  Carr","MidWest","Sunshine",3,19.95,59.85]
["2014-12-24","Salvador  Bass","West","Crested Beaut",3,25,75]
["2013-12-06","Christy  Olson","West","Bellen",3,22.95,68.849999999999994]
["2014-09-23","Jenny  Garcia","MidWest","Quad",3,33,99]
["2014-11-30","Shari  Silva","South","Sunshine",2,19.95,39.9]
["2014-11-05","Willie  Vega","MidWest","Sunshine",2,19.95,39.9]
["2014-12-23","Christina  Fuller","West","Aspen",2,21,42]
["2013-11-14","Marion  Glover","East","Sunbell",1,23,23]
["2014-12-29","Sonya  Mullins","East","Sunset",2,22.5,45]
["2013-12-23","Ben  Perez","West","Bellen",5,22.95,114.75]
["2013-12-03","Joey  Wong","West","Doublers",2,79.95,159.9]
["2014-11-07","Sonya  Mullins","East","Majectic Beaut",4,28,112]
["2014-11-03","Patty  Thompson","West","Doublers",3,79.95,239.85]
["2013-06-27","Peter  Hodges","MidWest","FlatTop",2,27.5,55]
["2014-12-22","Trevor  Jones","West","Carlota",1,22.95,22.95]
["2014-02-08","Cindy  Becker","South","Sunset",1,22.5,22.5]
["2014-12-03","Shari  Silva","South","Doublers",2,77.95,155.9]
["2014-12-01","Guillermo  Potter","MidWest","Crested Beaut",2,24,48]
["2013-05-08","Drew  Rogers","MidWest","Sunset",2,23.5,47]
["2013-11-06","Andrew  Meyer","West","Sunbell",3,25,75]
["2013-11-22","Jaime  Pearson","MidWest","Sunset",3,23.5,70.5]
["2014-01-29","Marian  Hill","South","Aspen",3,20,60]
["2013-11-15","Max  Rodgers","West","Bellen",1,22.95,22.95]
["2014-12-23","Ellen  Weaver","South","Aspen",1,20,20]
["2013-04-20","Lorraine  Gibson","East","Carlota",2,21.95,43.9]
["2013-12-17","Shari  Silva","South","Quad",8,33,264]
["2014-10-07","Cecilia  Manning","South","Aspen",3,20,60]
["2013-12-17","Drew  Rogers","MidWest","Aspen",1,20,20]
["2014-12-24","Sylvester  Morales","West","Doublers",2,79.95,159.9]
["2014-01-02","Iris  Underwood","West","Sunshine",1,19.95,19.95]
["2014-12-29","Cassandra  Franklin","MidWest","Sunset",2,23.5,47]
["2013-10-14","Marion  Glover","East","Carlota",1,21.95,21.95]
["2014-02-01","Herman  Williams","East","Sunshine",17,18,306]
["2014-12-10","Colleen  Warren","West","Bellen",2,22.95,45.9]
["2013-11-03","Paulette  Spencer","South","Bellen",2,22.95,45.9]
["2013-12-11","Brooke  Horton","MidWest","Bellen",2,22.95,45.9]
["2014-11-18","Austin  Reynolds","East","Crested Beaut",1,23,23]
["2013-12-18","Colleen  Warren","West","Quad",3,34,102]
["2014-11-18","Christina  Fuller","West","Crested Beaut",3,25,75]
["2013-12-11","Ruben  Nunez","West","Doublers",2,79.95,159.9]
["2014-11-09","Cassandra  Franklin","MidWest","Carlota",2,22.95,45.9]
["2014-12-28","Herman  Williams","East","Bellen",2,21.95,43.9]
["2013-02-17","Willie  Vega","MidWest","Crested Beaut",3,24,72]
["2014-11-30","Kyle  Carr","MidWest","Sunshine",3,19.95,59.85]
["2013-05-09","Ellen  Weaver","South","Carlota",16,21.8,348.8]
["2013-12-13","Tiffany  May","West","Sunbell",12,23.75,285]
["2013-11-07","Ivan  Adkins","West","Carlota",2,22.95,45.9]
["2014-12-23","Ernest  Davis","West","Bellen",3,22.95,68.849999999999994]
["2013-11-10","Fernando  Rowe","West","Bellen",2,22.95,45.9]
["2014-11-10","Woodrow  Colon","South","Majectic Beaut",2,29,58]
["2014-11-07","Mable  Lindsey","West","Sunset",2,23.5,47]
["2014-11-03","Sonya  Mullins","East","Quad",2,32,64]
["2013-12-16","Andrew  Meyer","West","Quad",2,34,68]
["2013-11-01","Della  Jensen","East","Carlota",24,20.85,500.4]
["2013-11-04","Iris  Underwood","West","Sunbell",1,25,25]
["2013-05-15","Andrew  Meyer","West","Aspen",3,21,63]
["2014-12-22","Elaine  Ellis","South","Sunbell",3,24,72]
["2013-12-02","Don  Gonzales","South","Carlota",2,22.95,45.9]
["2013-12-17","Isabel  Cross","East","Sunshine",3,18.95,56.85]
["2014-11-14","Iris  Underwood","West","Bellen",2,22.95,45.9]
["2013-07-30","Trevor  Jones","West","Quad",4,34,136]
["2014-12-12","Rachel  Gomez","MidWest","FlatTop",3,27.5,82.5]
["2014-10-06","Shari  Silva","South","Crested Beaut",1,24,24]
["2013-09-06","Kyle  Carr","MidWest","Crested Beaut",2,24,48]
["2013-12-14","Elbert  Klein","South","Crested Beaut",2,24,48]
["2013-12-26","Edwin  Malone","East","Sunbell",1,23,23]
["2014-09-28","Elvira  Bowman","MidWest","Quad",2,33,66]
["2013-12-23","Kyle  Carr","MidWest","Sunshine",1,19.95,19.95]
["2013-11-03","Rachel  Gomez","MidWest","Aspen",3,20,60]
["2013-12-17","Eric  Rose","West","Bellen",3,22.95,68.849999999999994]
["2014-11-03","Cindy  Becker","South","Sunbell",1,24,24]
["2013-11-20","Herman  Williams","East","Carlota",3,21.95,65.849999999999994]
["2013-12-02","Fernando  Rowe","West","Majectic Beaut",4,30,120]
["2013-02-05","Robert  Munoz","MidWest","FlatTop",2,27.5,55]
["2013-12-18","Shari  Silva","South","Majectic Beaut",2,29,58]
["2014-12-07","Brooke  Horton","MidWest","Carlota",15,21.8,327]
["2014-11-10","Ernest  Davis","West","Bellen",3,22.95,68.849999999999994]
["2014-11-08","Ivan  Adkins","West","Majectic Beaut",1,30,30]
["2013-11-29","Billie  Chandler","MidWest","Crested Beaut",2,24,48]
["2014-12-02","Cecilia  Manning","South","Bellen",3,22.95,68.849999999999994]
["2014-09-11","Shari  Silva","South","Sunbell",3,24,72]
["2014-11-02","Guillermo  Potter","MidWest","Sunshine",3,19.95,59.85]
["2013-12-27","Elvira  Bowman","MidWest","Carlota",2,22.95,45.9]
["2013-11-23","Christy  Olson","West","Sunbell",1,25,25]
["2013-11-02","Pauline  Beck","West","Quad",3,34,102]
["2013-12-17","Brooke  Horton","MidWest","Bellen",3,22.95,68.849999999999994]
["2014-12-10","Shari  Silva","South","Quad",24,31.35,752.4]
["2013-08-20","Elbert  Klein","South","Crested Beaut",3,24,72]
["2014-06-26","Willie  Vega","MidWest","Sunbell",3,24,72]
["2013-11-08","Max  Rodgers","West","Majectic Beaut",3,30,90]
["2014-12-11","Shari  Silva","South","Crested Beaut",3,24,72]
["2013-11-16","Tracy  Reed","MidWest","Carlota",3,22.95,68.849999999999994]
["2014-03-07","Cindy  Becker","South","Sunshine",2,19.95,39.9]
["2014-11-01","Della  Jensen","East","Majectic Beaut",3,28,84]
["2013-12-06","Beth  Tucker","West","Carlota",1,22.95,22.95]
["2013-12-25","Tracy  Reed","MidWest","Quad",2,33,66]
["2013-11-29","Bethany  Pena","MidWest","Quad",2,33,66]
["2014-11-08","Bernadette  Page","MidWest","Sunshine",2,19.95,39.9]
["2014-12-22","Rachel  Gomez","MidWest","Sunshine",3,19.95,59.85]
["2013-12-10","Eric  Rose","West","Doublers",3,79.95,239.85]
["2014-12-18","Marion  Glover","East","Doublers",2,75.95,151.9]
["2013-12-05","Brooke  Horton","MidWest","Bellen",8,22.95,183.6]
["2013-05-25","Blake  Bridges","South","Aspen",1,20,20]
["2013-07-03","Elaine  Ellis","South","Quad",3,33,99]
["2014-10-05","Brooke  Horton","MidWest","Aspen",1,20,20]
["2013-11-30","Joey  Wong","West","Bellen",2,22.95,45.9]
["2013-11-05","Donna  Reid","West","Carlota",2,22.95,45.9]
["2013-12-27","Cassandra  Franklin","MidWest","Sunbell",2,24,48]
["2014-12-09","Cassandra  Franklin","MidWest","Aspen",3,20,60]
["2013-07-25","Willie  Vega","MidWest","Doublers",2,79.95,159.9]
["2013-11-11","Mable  Lindsey","West","Aspen",1,21,21]
["2014-12-22","Eddie  Green","East","Quad",1,32,32]
["2014-12-26","Johanna  Boone","South","Carlota",2,22.95,45.9]
["2014-08-20","Lula  Daniels","MidWest","Crested Beaut",2,24,48]
["2014-12-20","Christina  Fuller","West","Sunshine",2,19.95,39.9]
["2013-11-11","Rachel  Gomez","MidWest","Crested Beaut",17,22.8,387.6]
["2013-11-23","Sonya  Mullins","East","Quad",1,32,32]
["2014-05-14","Robert  Munoz","MidWest","Sunbell",1,24,24]
["2013-11-07","Della  Jensen","East","Sunshine",1,18.95,18.95]
["2014-12-21","Max  Rodgers","West","Crested Beaut",3,25,75]
["2013-11-25","Cindy  Becker","South","Carlota",3,22.95,68.849999999999994]
["2013-12-26","Isabel  Cross","East","Quad",1,32,32]
["2014-11-20","Fernando  Rowe","West","Sunbell",2,25,50]
["2013-11-16","Guillermo  Potter","MidWest","Majectic Beaut",3,29,87]
["2013-06-14","Robert  Munoz","MidWest","FlatTop",3,27.5,82.5]
["2014-02-05","Andrew  Meyer","West","Quad",8,34,272]
["2013-11-19","Drew  Rogers","MidWest","Sunbell",2,24,48]
["2014-11-02","Johanna  Boone","South","Majectic Beaut",1,29,29]
["2014-12-20","Mable  Lindsey","West","FlatTop",2,27.5,55]
["2014-12-05","Isabel  Cross","East","Sunbell",2,23,46]
["2014-11-20","Jaime  Pearson","MidWest","Carlota",2,22.95,45.9]
["2014-11-27","Edwin  Malone","East","Aspen",2,19,38]
["2013-08-28","Bernadette  Page","MidWest","Quad",3,33,99]
["2014-11-02","Brooke  Horton","MidWest","Quad",15,31.35,470.25]
["2013-11-11","Jaime  Pearson","MidWest","V-Rang",1,18,18]
["2014-12-14","Tracy  Reed","MidWest","Quad",3,33,99]
["2013-07-21","Arturo  Francis","East","Doublers",2,75.95,151.9]
["2013-12-19","Beth  Tucker","West","Majectic Beaut",4,30,120]
["2014-11-12","Marian  Hill","South","Bellen",1,22.95,22.95]
["2014-04-06","Elbert  Klein","South","Bellen",2,22.95,45.9]
["2013-11-19","Marian  Hill","South","Bellen",3,22.95,68.849999999999994]
["2014-12-16","Iris  Underwood","West","Sunshine",1,19.95,19.95]
["2014-11-04","Cassandra  Franklin","MidWest","Bellen",2,22.95,45.9]
["2014-12-30","Andrew  Meyer","West","Sunbell",2,25,50]
["2014-11-23","Andrew  Meyer","West","Quad",3,34,102]
["2014-11-03","Guillermo  Potter","MidWest","Carlota",6,22.95,137.69999999999999]
["2013-12-04","Don  Gonzales","South","Bellen",1,22.95,22.95]
["2014-12-01","Kyle  Carr","MidWest","Majectic Beaut",2,29,58]
["2014-12-13","Ellen  Weaver","South","Aspen",2,20,40]
["2013-11-26","Austin  Reynolds","East","V-Rang",2,18,36]
["2014-06-16","Peter  Hodges","MidWest","Quad",1,33,33]
["2014-10-27","Joey  Wong","West","Sunshine",2,19.95,39.9]
["2013-11-17","Andrew  Meyer","West","Sunset",4,23.5,94]
["2014-12-27","Mable  Lindsey","West","Quad",2,34,68]
["2013-12-13","Felicia  Jennings","West","FlatTop",3,27.5,82.5]
["2013-12-02","Edwin  Malone","East","V-Rang",2,18,36]
["2014-11-12","Della  Jensen","East","Carlota",1,21.95,21.95]
["2014-07-04","Isabel  Cross","East","Quad",3,32,96]
["2014-01-27","Drew  Rogers","MidWest","Bellen",18,21.8,392.4]
["2013-08-22","Cecilia  Manning","South","Quad",3,33,99]
["2013-11-19","Max  Rodgers","West","Sunset",1,23.5,23.5]
["2014-12-18","Rachel  Gomez","MidWest","Sunshine",1,19.95,19.95]
["2013-12-20","Elbert  Klein","South","Bellen",2,22.95,45.9]
["2013-11-12","Cecilia  Manning","South","Crested Beaut",17,22.8,387.6]
["2014-11-04","Lance  Yates","MidWest","Aspen",2,20,40]
["2014-07-12","Charlie  Wood","MidWest","Bellen",2,22.95,45.9]
["2014-12-04","Lula  Daniels","MidWest","Sunbell",3,24,72]
["2014-04-26","Austin  Reynolds","East","Carlota",2,21.95,43.9]
["2013-12-01","Salvador  Bass","West","Aspen",1,21,21]
["2013-12-11","Pauline  Beck","West","Aspen",3,21,63]
["2014-08-16","Elaine  Ellis","South","Sunshine",1,19.95,19.95]
["2013-12-07","Christina  Fuller","West","Quad",2,34,68]
["2014-11-10","Herman  Williams","East","Quad",3,32,96]
["2014-12-22","Salvador  Bass","West","Sunshine",1,19.95,19.95]
["2013-12-29","Herman  Williams","East","Bellen",4,21.95,87.8]
["2013-11-15","Drew  Rogers","MidWest","Carlota",3,22.95,68.849999999999994]
["2014-12-13","Joey  Wong","West","Majectic Beaut",1,30,30]
["2014-06-08","Blake  Bridges","South","Sunshine",5,19.95,99.75]
["2014-12-30","Lorraine  Gibson","East","Majectic Beaut",2,28,56]
["2013-11-02","Mable  Lindsey","West","Majectic Beaut",3,30,90]
["2014-11-10","Lee  Mack","MidWest","Quad",2,33,66]
["2014-12-18","Max  Rodgers","West","Bellen",2,22.95,45.9]
["2014-11-04","Ruben  Nunez","West","Bellen",1,22.95,22.95]
["2013-12-11","Edwin  Malone","East","Sunshine",3,18.95,56.85]
["2014-11-18","Lance  Yates","MidWest","Doublers",2,79.95,159.9]
["2014-12-23","Tiffany  May","West","Carlota",3,22.95,68.849999999999994]
["2013-11-10","Tracy  Reed","MidWest","Quad",1,33,33]
["2014-07-24","Bobbie  Ryan","East","Quad",3,32,96]
["2014-10-14","Max  Rodgers","West","Majectic Beaut",2,30,60]
["2013-12-15","Kyle  Carr","MidWest","Majectic Beaut",2,29,58]
["2013-01-28","Rachel  Gomez","MidWest","Bellen",1,22.95,22.95]
["2013-11-02","Fernando  Rowe","West","Bellen",3,22.95,68.849999999999994]
["2014-11-16","Austin  Reynolds","East","Bellen",1,21.95,21.95]
["2013-12-09","Isabel  Cross","East","Sunset",1,22.5,22.5]
["2013-12-02","Tiffany  May","West","Sunshine",1,19.95,19.95]
["2013-11-25","Trevor  Jones","West","Crested Beaut",3,25,75]
["2013-11-25","Kyle  Carr","MidWest","Sunbell",2,24,48]
["2014-11-18","Ellen  Weaver","South","Quad",1,33,33]
["2013-11-13","Trevor  Jones","West","V-Rang",4,19,76]
["2013-11-24","Brooke  Horton","MidWest","Majectic Beaut",1,29,29]
["2014-06-11","Drew  Rogers","MidWest","Crested Beaut",3,24,72]
["2014-09-13","Cecilia  Manning","South","FlatTop",20,25.18,503.6]
["2014-09-27","Edwin  Malone","East","Sunshine",1,18.95,18.95]
["2013-11-22","Isabel  Cross","East","Crested Beaut",1,23,23]
["2013-11-28","Christina  Fuller","West","Aspen",2,21,42]
["2014-12-27","Shari  Silva","South","Sunbell",17,22.8,387.6]
["2013-11-19","Ruben  Nunez","West","Sunset",13,22.33,290.29000000000002]
["2014-11-17","Joey  Wong","West","Majectic Beaut",2,30,60]
["2013-04-10","Ruben  Nunez","West","Aspen",3,21,63]
["2013-11-16","Guillermo  Potter","MidWest","Carlota",3,22.95,68.849999999999994]
["2013-12-12","Ben  Perez","West","Sunshine",3,19.95,59.85]
["2014-12-06","Bobbie  Ryan","East","Sunbell",2,23,46]
["2014-12-29","Robert  Munoz","MidWest","Sunbell",3,24,72]
["2013-11-13","Cindy  Becker","South","Sunshine",2,19.95,39.9]
["2014-11-07","Drew  Rogers","MidWest","Quad",3,33,99]
["2014-11-11","Isabel  Cross","East","Quad",1,32,32]
["2013-12-15","Della  Jensen","East","Quad",1,32,32]
["2013-12-11","Sonya  Mullins","East","Crested Beaut",3,23,69]
["2014-11-06","Della  Jensen","East","Bellen",1,21.95,21.95]
["2013-07-22","Tracy  Reed","MidWest","Quad",3,33,99]
["2014-07-15","Eric  Rose","West","Carlota",2,22.95,45.9]
["2013-12-20","Tiffany  May","West","Quad",1,34,34]
["2013-11-30","Della  Jensen","East","Quad",2,32,64]
["2014-11-14","Shari  Silva","South","Quad",2,33,66]
["2014-04-18","Pauline  Beck","West","Quad",2,34,68]
["2014-01-04","Kyle  Carr","MidWest","Crested Beaut",2,24,48]
["2013-11-03","Drew  Rogers","MidWest","Sunset",1,23.5,23.5]
["2014-02-28","Iris  Underwood","West","Carlota",3,22.95,68.849999999999994]
["2014-01-10","Carla  Mccormick","MidWest","Sunshine",24,18.95,454.8]
["2014-11-23","Elvira  Bowman","MidWest","Sunbell",1,24,24]
["2013-03-07","Rachel  Gomez","MidWest","Crested Beaut",2,24,48]
["2014-12-11","Kyle  Carr","MidWest","Quad",4,33,132]
["2014-11-10","Pauline  Beck","West","Sunbell",20,23.75,475]
["2014-12-26","Mable  Lindsey","West","Bellen",3,22.95,68.849999999999994]
["2014-11-09","Shari  Silva","South","FlatTop",2,26.5,53]
["2014-11-23","Ben  Perez","West","Carlota",3,22.95,68.849999999999994]
["2014-12-31","Eric  Rose","West","Carlota",3,22.95,68.849999999999994]
["2013-12-07","Shari  Silva","South","Carlota",22,21.8,479.6]
["2014-01-14","Salvador  Bass","West","Bellen",12,21.8,261.60000000000002]
["2013-12-18","Joey  Wong","West","Bellen",3,22.95,68.849999999999994]
["2013-12-17","Robert  Munoz","MidWest","Sunshine",3,19.95,59.85]
["2014-11-16","Ben  Perez","West","Sunbell",1,25,25]
["2014-04-11","Beth  Tucker","West","Quad",2,34,68]
["2014-11-01","Lance  Yates","MidWest","Sunshine",5,19.95,99.75]
["2013-03-28","Cindy  Becker","South","Sunshine",1,19.95,19.95]
["2014-07-03","Cecilia  Manning","South","Sunshine",4,19.95,79.8]
["2014-11-03","Max  Rodgers","West","Sunshine",3,19.95,59.85]
["2013-10-24","Herman  Williams","East","Sunbell",3,23,69]
["2013-11-07","Eddie  Green","East","Quad",1,32,32]
["2014-11-05","Elaine  Ellis","South","Sunbell",3,24,72]
["2014-11-28","Andrew  Meyer","West","Carlota",3,22.95,68.849999999999994]
["2014-12-27","Ben  Perez","West","Majectic Beaut",2,30,60]
["2014-12-17","Rachel  Gomez","MidWest","Sunshine",25,18.95,473.75]
["2014-11-13","Lee  Mack","MidWest","Sunset",2,23.5,47]
["2013-12-03","Salvador  Bass","West","Crested Beaut",3,25,75]
["2014-04-06","Donna  Reid","West","Quad",3,34,102]
["2013-08-29","Max  Rodgers","West","Sunshine",3,19.95,59.85]
["2013-11-26","Cindy  Becker","South","Crested Beaut",3,24,72]
["2013-11-26","Colleen  Warren","West","Carlota",2,22.95,45.9]
["2013-05-06","Lynette  Brewer","MidWest","Carlota",3,22.95,68.849999999999994]
["2013-12-29","Ruben  Nunez","West","Bellen",3,22.95,68.849999999999994]
["2014-12-11","Fernando  Rowe","West","Quad",1,34,34]
["2014-12-06","Austin  Reynolds","East","Crested Beaut",1,23,23]
["2013-11-04","Bernadette  Page","MidWest","Quad",1,33,33]
["2014-06-06","Ivan  Adkins","West","Sunbell",2,25,50]
["2013-12-04","Brooke  Horton","MidWest","Sunshine",2,19.95,39.9]
["2013-11-23","Peter  Hodges","MidWest","Bellen",2,22.95,45.9]
["2014-12-02","Cecilia  Manning","South","Sunshine",1,19.95,19.95]
["2013-12-14","Lynette  Brewer","MidWest","Crested Beaut",1,24,24]
["2014-11-09","Cassandra  Franklin","MidWest","Crested Beaut",11,22.8,250.8]
["2014-12-11","Cassandra  Franklin","MidWest","Sunbell",2,24,48]
["2013-12-14","Donna  Reid","West","Carlota",3,22.95,68.849999999999994]
["2013-05-25","Kyle  Carr","MidWest","Quad",2,33,66]
["2014-12-20","Paulette  Spencer","South","Carlota",2,22.95,45.9]
["2013-05-03","Edwin  Malone","East","Carlota",1,21.95,21.95]
["2013-09-13","Lorraine  Gibson","East","Sunshine",14,18,252]
["2013-12-19","Max  Rodgers","West","Carlota",2,22.95,45.9]
["2014-11-02","Cassandra  Franklin","MidWest","Doublers",3,79.95,239.85]
["2014-05-05","Cassandra  Franklin","MidWest","Quad",3,33,99]
["2014-12-15","Guillermo  Potter","MidWest","Carlota",1,22.95,22.95]
["2013-11-19","Eddie  Green","East","Sunshine",3,18.95,56.85]
["2014-11-15","Don  Gonzales","South","Carlota",1,22.95,22.95]
["2013-12-09","Max  Rodgers","West","Bellen",1,22.95,22.95]
["2014-11-07","Elaine  Ellis","South","Doublers",1,77.95,77.95]
["2014-12-21","Cassandra  Franklin","MidWest","Bellen",1,22.95,22.95]
["2014-03-05","Elaine  Ellis","South","Bellen",1,22.95,22.95]
["2014-12-06","Ellen  Weaver","South","Sunshine",2,19.95,39.9]
["2013-11-22","Christina  Fuller","West","Carlota",2,22.95,45.9]
["2013-12-14","Kyle  Carr","MidWest","FlatTop",1,27.5,27.5]
["2014-12-20","Lee  Mack","MidWest","Bellen",3,22.95,68.849999999999994]
["2014-01-21","Trevor  Jones","West","Quad",1,34,34]
["2013-11-26","Beth  Tucker","West","Bellen",2,22.95,45.9]
["2013-01-16","Guillermo  Potter","MidWest","Sunset",2,23.5,47]
["2013-11-06","Ivan  Adkins","West","Sunshine",2,19.95,39.9]
["2014-08-10","Herman  Williams","East","Sunshine",2,18.95,37.9]
["2013-12-24","Cassandra  Franklin","MidWest","Sunshine",2,19.95,39.9]
["2014-09-10","Johanna  Boone","South","Carlota",2,22.95,45.9]
["2013-06-30","Kyle  Carr","MidWest","Carlota",14,21.8,305.2]
["2014-11-30","Felicia  Jennings","West","Sunset",3,23.5,70.5]
["2013-12-03","Edwin  Malone","East","Majectic Beaut",2,28,56]
["2013-12-13","Rachel  Gomez","MidWest","Sunshine",2,19.95,39.9]
["2013-11-27","Colleen  Warren","West","FlatTop",2,27.5,55]
["2014-11-24","Marian  Hill","South","V-Rang",1,18,18]
["2013-09-21","Tiffany  May","West","Majectic Beaut",3,30,90]
["2014-12-06","Jenny  Garcia","MidWest","FlatTop",1,27.5,27.5]
["2014-12-25","Nellie  Joseph","East","Quad",2,32,64]
["2014-12-16","Salvador  Bass","West","Majectic Beaut",3,30,90]
["2014-12-16","Cassandra  Franklin","MidWest","Carlota",3,22.95,68.849999999999994]
["2014-07-09","Peter  Hodges","MidWest","Sunshine",2,19.95,39.9]
["2013-11-04","Andrew  Meyer","West","Carlota",2,22.95,45.9]
["2013-11-06","Austin  Reynolds","East","Sunshine",1,18.95,18.95]
["2014-12-14","Fernando  Rowe","West","Carlota",2,22.95,45.9]
["2014-11-13","Lorraine  Gibson","East","Aspen",2,19,38]
["2013-11-12","Drew  Rogers","MidWest","Sunbell",3,24,72]
["2014-12-19","Ellen  Weaver","South","Sunbell",3,24,72]
["2014-12-18","Andrew  Meyer","West","Crested Beaut",2,25,50]
["2013-11-10","Dan  Peterson","MidWest","Doublers",3,79.95,239.85]
["2014-11-05","Edwin  Malone","East","Quad",2,32,64]
["2014-12-15","Elvira  Bowman","MidWest","Aspen",2,20,40]
["2014-11-21","Guillermo  Potter","MidWest","Quad",2,33,66]
["2013-11-30","Bernadette  Page","MidWest","Sunshine",3,19.95,59.85]
["2013-12-08","Brooke  Horton","MidWest","Bellen",2,22.95,45.9]
["2013-11-07","Drew  Rogers","MidWest","Majectic Beaut",3,29,87]
["2014-03-05","Isabel  Cross","East","Sunset",2,22.5,45]
["2014-12-31","Woodrow  Colon","South","Bellen",1,22.95,22.95]
["2014-04-20","Carla  Mccormick","MidWest","V-Rang",3,18,54]
["2013-12-16","Trevor  Jones","West","Bellen",3,22.95,68.849999999999994]
["2014-11-18","Cindy  Becker","South","Carlota",2,22.95,45.9]
["2013-12-18","Johanna  Boone","South","Quad",3,33,99]
["2013-07-01","Cecilia  Manning","South","Sunbell",2,24,48]
["2013-01-31","Edwin  Malone","East","Carlota",1,21.95,21.95]
["2013-10-28","Eric  Rose","West","Bellen",1,22.95,22.95]
["2013-10-13","Iris  Underwood","West","Aspen",3,21,63]
["2014-11-27","Nellie  Joseph","East","Sunbell",1,23,23]
["2013-06-13","Lance  Yates","MidWest","Crested Beaut",1,24,24]
["2014-11-25","Marion  Glover","East","Sunshine",6,18.95,113.7]
["2013-12-03","Della  Jensen","East","Quad",2,32,64]
["2014-12-02","Paulette  Spencer","South","Quad",25,31.35,783.75]
["2013-04-13","Mable  Lindsey","West","Sunshine",3,19.95,59.85]
["2014-11-29","Allan  Ramos","MidWest","Quad",2,33,66]
["2013-10-17","Della  Jensen","East","Aspen",3,19,57]
["2014-11-04","Johanna  Boone","South","Carlota",2,22.95,45.9]
["2013-11-15","Jaime  Pearson","MidWest","Quad",3,33,99]
["2014-05-23","Drew  Rogers","MidWest","Sunshine",1,19.95,19.95]
["2014-02-04","Cassandra  Franklin","MidWest","Quad",1,33,33]
["2013-11-30","Elbert  Klein","South","Sunset",1,22.5,22.5]
["2013-07-14","Ernest  Davis","West","Sunset",3,23.5,70.5]
["2014-12-04","Woodrow  Colon","South","FlatTop",2,26.5,53]
["2014-07-29","Ben  Perez","West","Sunshine",2,19.95,39.9]
["2013-04-12","Blake  Bridges","South","Quad",1,33,33]
["2013-12-29","Shari  Silva","South","Sunset",2,22.5,45]
["2013-12-08","Austin  Reynolds","East","Carlota",2,21.95,43.9]
["2014-12-31","Brooke  Horton","MidWest","V-Rang",1,18,18]
["2013-05-07","Cindy  Becker","South","Quad",21,31.35,658.35]
["2014-12-15","Woodrow  Colon","South","Carlota",3,22.95,68.849999999999994]
["2014-10-02","Salvador  Bass","West","Bellen",1,22.95,22.95]
["2013-11-21","Max  Rodgers","West","Carlota",3,22.95,68.849999999999994]
["2013-12-24","Shari  Silva","South","Sunbell",3,24,72]
["2013-09-16","Bobbie  Ryan","East","Majectic Beaut",2,28,56]
["2013-12-25","Lula  Daniels","MidWest","V-Rang",2,18,36]
["2013-11-17","Della  Jensen","East","Sunset",4,22.5,90]
["2013-12-17","Bernadette  Page","MidWest","Quad",3,33,99]
["2013-12-22","Edwin  Malone","East","Sunbell",4,23,92]
["2013-11-17","Tiffany  May","West","Aspen",3,21,63]
["2013-11-22","Donna  Reid","West","Sunshine",2,19.95,39.9]
["2013-06-11","Fernando  Rowe","West","Sunshine",1,19.95,19.95]
["2013-12-19","Colleen  Warren","West","FlatTop",18,26.13,470.34]
["2014-01-22","Johanna  Boone","South","Sunset",1,22.5,22.5]
["2014-06-22","Woodrow  Colon","South","FlatTop",3,26.5,79.5]
["2013-11-26","Sonya  Mullins","East","Crested Beaut",2,23,46]
["2014-11-02","Fernando  Rowe","West","Sunbell",2,25,50]
["2013-11-24","Pauline  Beck","West","Quad",1,34,34]
["2014-11-08","Fernando  Rowe","West","Crested Beaut",2,25,50]
["2013-12-08","Shari  Silva","South","Carlota",22,21.8,479.6]
["2013-12-07","Drew  Rogers","MidWest","Sunbell",2,24,48]
["2013-12-01","Johanna  Boone","South","Sunshine",2,19.95,39.9]
["2013-11-26","Sylvester  Morales","West","Quad",1,34,34]
["2014-11-15","Kyle  Carr","MidWest","Sunbell",2,24,48]
["2014-12-27","Sylvester  Morales","West","Bellen",1,22.95,22.95]
["2014-12-16","Lance  Yates","MidWest","Sunshine",1,19.95,19.95]
["2014-10-20","Jaime  Pearson","MidWest","Majectic Beaut",1,29,29]
["2013-02-20","Shari  Silva","South","Sunbell",3,24,72]
["2014-12-07","Eric  Rose","West","Sunbell",1,25,25]
["2013-11-23","Isabel  Cross","East","Sunbell",2,23,46]
["2013-06-11","Marian  Hill","South","Carlota",3,22.95,68.849999999999994]
["2013-11-08","Peter  Hodges","MidWest","Sunset",1,23.5,23.5]
["2013-11-08","Iris  Underwood","West","Majectic Beaut",3,30,90]
["2013-12-15","Lynette  Brewer","MidWest","Carlota",3,22.95,68.849999999999994]
["2014-12-29","Bernadette  Page","MidWest","Carlota",1,22.95,22.95]
["2013-11-16","Guillermo  Potter","MidWest","Bellen",2,22.95,45.9]
["2014-12-09","Elvira  Bowman","MidWest","Sunbell",1,24,24]
["2014-10-17","Elvira  Bowman","MidWest","Majectic Beaut",25,27.55,688.75]
["2013-11-15","Austin  Reynolds","East","Sunshine",1,18.95,18.95]
["2014-12-13","Trevor  Jones","West","Sunshine",3,19.95,59.85]
["2013-06-11","Tiffany  May","West","Sunbell",3,25,75]
["2013-12-13","Salvador  Bass","West","Quad",18,32.299999999999997,581.4]
["2014-12-28","Shari  Silva","South","Sunbell",1,24,24]
["2013-12-03","Dan  Peterson","MidWest","Crested Beaut",1,24,24]
["2013-02-11","Johanna  Boone","South","Sunshine",4,19.95,79.8]
["2014-11-19","Drew  Rogers","MidWest","Bellen",3,22.95,68.849999999999994]
["2013-12-14","Mable  Lindsey","West","Sunshine",2,19.95,39.9]
["2013-11-17","Billie  Chandler","MidWest","Majectic Beaut",4,29,116]
["2014-05-09","Marian  Hill","South","Crested Beaut",3,24,72]
["2013-12-08","Elaine  Ellis","South","Quad",1,33,33]
["2014-11-05","Johanna  Boone","South","Bellen",3,22.95,68.849999999999994]
["2013-12-04","Austin  Reynolds","East","Carlota",1,21.95,21.95]
["2014-07-17","Shari  Silva","South","Bellen",2,22.95,45.9]
["2014-12-10","Guillermo  Potter","MidWest","Majectic Beaut",2,29,58]
["2014-11-12","Peter  Hodges","MidWest","Quad",4,33,132]
["2014-11-06","Sandra  Floyd","MidWest","Aspen",1,20,20]
["2013-12-04","Ernest  Davis","West","Crested Beaut",2,25,50]
["2013-11-26","Mable  Lindsey","West","Sunshine",1,19.95,19.95]
["2014-01-24","Tracy  Reed","MidWest","Aspen",2,20,40]
["2013-12-30","Allan  Ramos","MidWest","Quad",1,33,33]
["2013-02-21","Johanna  Boone","South","Crested Beaut",3,24,72]
["2014-08-08","Bobbie  Ryan","East","Carlota",2,21.95,43.9]
["2013-11-28","Austin  Reynolds","East","Sunbell",2,23,46]
["2013-12-18","Donna  Reid","West","Sunbell",2,25,50]
["2014-09-15","Sonya  Mullins","East","Sunshine",1,18.95,18.95]
["2013-07-12","Isabel  Cross","East","Sunset",3,22.5,67.5]
["2013-11-14","Mable  Lindsey","West","Sunset",3,23.5,70.5]
["2014-12-15","Mable  Lindsey","West","Sunshine",3,19.95,59.85]
["2013-11-11","Willie  Vega","MidWest","Sunshine",2,19.95,39.9]
["2013-12-24","Willie  Vega","MidWest","Bellen",1,22.95,22.95]
["2013-11-02","Bobbie  Ryan","East","Majectic Beaut",1,28,28]
["2014-12-30","Eddie  Green","East","Bellen",3,21.95,65.849999999999994]
["2013-12-12","Edwin  Malone","East","Crested Beaut",3,23,69]
["2013-02-13","Salvador  Bass","West","Sunshine",3,19.95,59.85]
["2014-12-20","Bethany  Pena","MidWest","Sunshine",3,19.95,59.85]
["2013-05-30","Billie  Chandler","MidWest","Quad",1,33,33]
["2014-09-01","Robert  Munoz","MidWest","Majectic Beaut",3,29,87]
["2013-08-31","Bobbie  Ryan","East","Majectic Beaut",3,28,84]
["2014-08-25","Ernest  Davis","West","Sunshine",2,19.95,39.9]
["2013-12-06","Drew  Rogers","MidWest","Bellen",17,21.8,370.6]
["2014-12-30","Cassandra  Franklin","MidWest","Sunshine",3,19.95,59.85]
["2013-12-10","Salvador  Bass","West","Bellen",1,22.95,22.95]
["2013-12-09","Elaine  Ellis","South","Sunshine",3,19.95,59.85]
["2013-08-04","Marion  Glover","East","Quad",3,32,96]
["2014-09-15","Drew  Rogers","MidWest","Sunbell",2,24,48]
["2014-12-13","Shari  Silva","South","Bellen",3,22.95,68.849999999999994]
["2013-02-11","Lula  Daniels","MidWest","Majectic Beaut",18,27.55,495.9]
["2014-12-26","Billie  Chandler","MidWest","Sunset",18,22.33,401.94]
["2014-06-17","Cecilia  Manning","South","Bellen",2,22.95,45.9]
["2013-12-17","Jaime  Pearson","MidWest","Sunbell",3,24,72]
["2013-12-23","Tiffany  May","West","Bellen",2,22.95,45.9]
["2013-12-26","Brooke  Horton","MidWest","Bellen",4,22.95,91.8]
["2014-11-27","Andrew  Meyer","West","Sunshine",3,19.95,59.85]
["2014-08-13","Ivan  Adkins","West","Majectic Beaut",15,28.5,427.5]
["2013-11-11","Johanna  Boone","South","Aspen",3,20,60]
["2014-09-12","Max  Rodgers","West","Sunset",3,23.5,70.5]
["2013-12-08","Ellen  Weaver","South","Majectic Beaut",18,27.55,495.9]
["2014-12-01","Dan  Peterson","MidWest","FlatTop",4,27.5,110]
["2014-11-14","Edwin  Malone","East","Carlota",20,20.85,417]
["2013-11-17","Brooke  Horton","MidWest","Doublers",2,79.95,159.9]
["2014-12-08","Jenny  Garcia","MidWest","Doublers",2,79.95,159.9]
["2013-12-17","Max  Rodgers","West","Bellen",12,21.8,261.60000000000002]
["2013-11-28","Fernando  Rowe","West","Crested Beaut",2,25,50]
["2014-12-24","Andrew  Meyer","West","FlatTop",1,27.5,27.5]
["2013-10-05","Elbert  Klein","South","Quad",1,33,33]
["2013-11-20","Donna  Reid","West","Sunset",1,23.5,23.5]
["2013-08-06","Brooke  Horton","MidWest","Sunshine",1,19.95,19.95]
["2014-08-18","Lorraine  Gibson","East","Quad",2,32,64]
["2014-11-07","Cindy  Becker","South","Bellen",23,21.8,501.4]
["2014-12-08","Kyle  Carr","MidWest","Sunshine",2,19.95,39.9]
["2014-11-04","Isabel  Cross","East","Carlota",2,21.95,43.9]
["2013-11-27","Blake  Bridges","South","Crested Beaut",2,24,48]
["2013-11-05","Marian  Hill","South","Aspen",1,20,20]
["2013-12-05","Sonya  Mullins","East","Sunbell",2,23,46]
["2014-12-11","Della  Jensen","East","Bellen",3,21.95,65.849999999999994]
["2014-12-04","Andrew  Meyer","West","Majectic Beaut",2,30,60]
["2013-11-04","Isabel  Cross","East","Sunbell",3,23,69]
["2014-11-17","Iris  Underwood","West","Sunset",3,23.5,70.5]
["2013-01-27","Cindy  Becker","South","Carlota",2,22.95,45.9]
["2013-11-06","Cecilia  Manning","South","Quad",3,33,99]
["2013-12-13","Elvira  Bowman","MidWest","Sunshine",1,19.95,19.95]
["2014-03-02","Marian  Hill","South","Bellen",1,22.95,22.95]
["2014-11-24","Ernest  Davis","West","Carlota",2,22.95,45.9]
["2013-11-06","Johanna  Boone","South","Sunbell",3,24,72]
["2013-12-02","Ivan  Adkins","West","Sunshine",3,19.95,59.85]
["2013-12-27","Eric  Rose","West","Majectic Beaut",2,30,60]
["2013-01-24","Robert  Munoz","MidWest","Majectic Beaut",2,29,58]
["2014-11-09","Dan  Peterson","MidWest","Sunshine",3,19.95,59.85]
["2014-11-01","Bobbie  Ryan","East","Bellen",2,21.95,43.9]
["2013-01-14","Brooke  Horton","MidWest","Carlota",15,21.8,327]
["2014-09-16","Robert  Munoz","MidWest","Sunbell",3,24,72]
["2013-12-26","Paulette  Spencer","South","V-Rang",2,18,36]
["2014-12-06","Edwin  Malone","East","Bellen",3,21.95,65.849999999999994]
["2014-12-23","Sonya  Mullins","East","Bellen",2,21.95,43.9]
["2013-05-14","Lula  Daniels","MidWest","Bellen",1,22.95,22.95]
["2013-05-10","Paulette  Spencer","South","Sunbell",3,24,72]
["2014-12-20","Sonya  Mullins","East","Quad",3,32,96]
["2013-05-18","Salvador  Bass","West","Majectic Beaut",1,30,30]
["2013-11-10","Elvira  Bowman","MidWest","Bellen",2,22.95,45.9]
["2014-12-10","Sonya  Mullins","East","Sunshine",1,18.95,18.95]
["2014-11-07","Ellen  Weaver","South","Bellen",2,22.95,45.9]
["2014-02-22","Guillermo  Potter","MidWest","Bellen",2,22.95,45.9]
["2014-12-14","Bobbie  Ryan","East","Bellen",1,21.95,21.95]
["2014-12-01","Della  Jensen","East","Carlota",1,21.95,21.95]
["2014-11-24","Lance  Yates","MidWest","Bellen",2,22.95,45.9]
["2014-08-26","Joey  Wong","West","Sunshine",2,19.95,39.9]
["2014-02-08","Eddie  Green","East","Carlota",3,21.95,65.849999999999994]
["2014-12-21","Lee  Mack","MidWest","Doublers",2,79.95,159.9]
["2014-03-29","Brooke  Horton","MidWest","Aspen",3,20,60]
["2013-11-23","Andrew  Meyer","West","Quad",1,34,34]
["2013-11-24","Marion  Glover","East","Crested Beaut",3,23,69]
["2014-12-24","Guillermo  Potter","MidWest","Quad",2,33,66]
["2014-04-19","Edwin  Malone","East","Bellen",2,21.95,43.9]
["2013-11-12","Peter  Hodges","MidWest","Doublers",2,79.95,159.9]
["2013-11-26","Mable  Lindsey","West","Doublers",2,79.95,159.9]
["2014-11-05","Salvador  Bass","West","Sunshine",2,19.95,39.9]
["2013-06-08","Kyle  Carr","MidWest","Quad",20,31.35,627]
["2014-04-08","Arturo  Francis","East","Doublers",3,75.95,227.85]
["2014-11-08","Joey  Wong","West","Sunset",3,23.5,70.5]
["2014-11-16","Sonya  Mullins","East","Sunshine",2,18.95,37.9]
["2013-12-15","Lee  Mack","MidWest","Sunset",3,23.5,70.5]
["2013-04-02","Lula  Daniels","MidWest","Sunset",3,23.5,70.5]
["2014-12-14","Christy  Olson","West","Quad",3,34,102]
["2013-04-13","Ruben  Nunez","West","Bellen",2,22.95,45.9]
["2014-11-28","Don  Gonzales","South","Majectic Beaut",3,29,87]
["2013-12-01","Nellie  Joseph","East","Aspen",2,19,38]
["2013-07-19","Marian  Hill","South","V-Rang",1,18,18]
["2013-11-13","Shari  Silva","South","Carlota",2,22.95,45.9]
["2014-08-22","Cassandra  Franklin","MidWest","Quad",2,33,66]
["2014-04-26","Lee  Mack","MidWest","Sunshine",2,19.95,39.9]
["2013-11-20","Christy  Olson","West","Carlota",2,22.95,45.9]
["2014-12-13","Della  Jensen","East","Sunbell",3,23,69]
["2013-12-16","Max  Rodgers","West","V-Rang",2,19,38]
["2013-10-05","Iris  Underwood","West","Sunshine",2,19.95,39.9]
["2014-08-14","Elbert  Klein","South","V-Rang",2,18,36]
["2014-12-26","Drew  Rogers","MidWest","Carlota",2,22.95,45.9]
["2014-11-25","Trevor  Jones","West","Sunshine",1,19.95,19.95]
["2014-01-08","Rachel  Gomez","MidWest","Carlota",18,21.8,392.4]
["2013-12-11","Cecilia  Manning","South","Bellen",13,21.8,283.39999999999998]
["2014-02-25","Della  Jensen","East","Carlota",3,21.95,65.849999999999994]
["2013-02-17","Salvador  Bass","West","Sunshine",3,19.95,59.85]
["2014-11-18","Lula  Daniels","MidWest","Aspen",2,20,40]
["2013-11-20","Bernadette  Page","MidWest","Majectic Beaut",3,29,87]
["2014-11-03","Brooke  Horton","MidWest","Majectic Beaut",1,29,29]
["2014-11-03","Paulette  Spencer","South","Bellen",1,22.95,22.95]
["2014-12-03","Rachel  Gomez","MidWest","Bellen",25,21.8,545]
["2013-11-14","Lorraine  Gibson","East","Bellen",1,21.95,21.95]
["2013-12-29","Cindy  Becker","South","Carlota",1,22.95,22.95]
["2014-11-19","Isabel  Cross","East","Sunshine",1,18.95,18.95]
["2014-07-23","Eric  Rose","West","Crested Beaut",2,25,50]
["2013-11-25","Rachel  Gomez","MidWest","Quad",3,33,99]
["2013-04-09","Billie  Chandler","MidWest","Carlota",1,22.95,22.95]
["2014-09-15","Joey  Wong","West","Majectic Beaut",2,30,60]
["2013-12-21","Cindy  Becker","South","Quad",1,33,33]
["2014-12-01","Jenny  Garcia","MidWest","Sunbell",1,24,24]
["2013-11-11","Jaime  Pearson","MidWest","Quad",2,33,66]
["2014-02-18","Dan  Peterson","MidWest","Crested Beaut",3,24,72]
["2014-11-22","Lula  Daniels","MidWest","Bellen",2,22.95,45.9]
["2014-11-16","Jenny  Garcia","MidWest","Majectic Beaut",2,29,58]
["2013-12-12","Guillermo  Potter","MidWest","Sunbell",2,24,48]
["2014-09-06","Shari  Silva","South","Quad",3,33,99]
["2014-11-14","Isabel  Cross","East","Aspen",1,19,19]
["2014-07-12","Mable  Lindsey","West","Quad",3,34,102]
["2013-11-01","Robert  Munoz","MidWest","Sunshine",3,19.95,59.85]
["2013-02-27","Isabel  Cross","East","Carlota",2,21.95,43.9]
["2014-07-01","Cassandra  Franklin","MidWest","Quad",2,33,66]
["2013-05-31","Rachel  Gomez","MidWest","Sunset",13,22.33,290.29000000000002]
["2013-11-14","Tracy  Reed","MidWest","Quad",2,33,66]
["2014-12-24","Kyle  Carr","MidWest","Sunset",1,23.5,23.5]
["2013-11-01","Drew  Rogers","MidWest","Aspen",2,20,40]
["2014-11-01","Andrew  Meyer","West","Sunshine",2,19.95,39.9]
["2013-11-11","Cassandra  Franklin","MidWest","Bellen",2,22.95,45.9]
["2013-01-15","Elvira  Bowman","MidWest","Sunbell",3,24,72]
["2014-11-03","Paulette  Spencer","South","Majectic Beaut",4,29,116]
["2013-02-01","Andrew  Meyer","West","V-Rang",3,19,57]
["2014-12-21","Robert  Munoz","MidWest","Quad",4,33,132]
["2013-05-10","Ben  Perez","West","Carlota",4,22.95,91.8]
["2013-12-14","Willie  Vega","MidWest","Sunshine",1,19.95,19.95]
["2014-12-03","Joey  Wong","West","Carlota",18,21.8,392.4]
["2014-08-27","Cindy  Becker","South","Sunshine",3,19.95,59.85]
["2013-10-27","Jenny  Garcia","MidWest","Carlota",1,22.95,22.95]
["2014-11-10","Bethany  Pena","MidWest","Quad",2,33,66]
["2013-01-25","Rachel  Gomez","MidWest","Bellen",3,22.95,68.849999999999994]
["2013-12-09","Ellen  Weaver","South","Crested Beaut",2,24,48]
["2014-05-20","Della  Jensen","East","Sunshine",2,18.95,37.9]
["2013-12-20","Della  Jensen","East","Sunshine",4,18.95,75.8]
["2013-11-03","Willie  Vega","MidWest","Aspen",3,20,60]
["2013-11-13","Tiffany  May","West","Sunbell",17,23.75,403.75]
["2014-12-27","Christina  Fuller","West","Crested Beaut",2,25,50]
["2013-12-07","Salvador  Bass","West","V-Rang",2,19,38]
["2014-11-26","Bethany  Pena","MidWest","Quad",2,33,66]
["2013-12-06","Robert  Munoz","MidWest","Carlota",2,22.95,45.9]
["2013-11-05","Sandra  Floyd","MidWest","Bellen",1,22.95,22.95]
["2014-11-28","Andrew  Meyer","West","Sunshine",1,19.95,19.95]
["2013-12-30","Iris  Underwood","West","Quad",1,34,34]
["2014-11-08","Peter  Hodges","MidWest","Aspen",2,20,40]
["2014-12-27","Max  Rodgers","West","FlatTop",24,26.13,627.12]
["2013-12-07","Cindy  Becker","South","Quad",2,33,66]
["2013-12-24","Marian  Hill","South","Carlota",3,22.95,68.849999999999994]
["2013-11-26","Shari  Silva","South","V-Rang",12,17.100000000000001,205.2]
["2014-12-01","Ellen  Weaver","South","Carlota",1,22.95,22.95]
["2013-05-28","Brooke  Horton","MidWest","Sunbell",2,24,48]
["2013-05-22","Elvira  Bowman","MidWest","Carlota",2,22.95,45.9]
["2014-11-25","Billie  Chandler","MidWest","Doublers",2,79.95,159.9]
["2013-12-12","Ben  Perez","West","Majectic Beaut",3,30,90]
["2014-11-04","Christina  Fuller","West","Quad",3,34,102]
["2013-03-09","Ellen  Weaver","South","Sunbell",3,24,72]
["2014-04-04","Elbert  Klein","South","Doublers",2,77.95,155.9]
["2013-11-01","Blake  Bridges","South","Quad",2,33,66]
["2014-06-22","Austin  Reynolds","East","Sunset",3,22.5,67.5]
["2013-11-10","Edwin  Malone","East","Sunshine",3,18.95,56.85]
["2013-11-18","Elvira  Bowman","MidWest","Sunshine",1,19.95,19.95]
["2014-12-02","Isabel  Cross","East","Sunbell",2,23,46]
["2013-11-12","Ben  Perez","West","Crested Beaut",3,25,75]
["2013-11-14","Cecilia  Manning","South","Sunbell",3,24,72]
["2013-05-06","Brooke  Horton","MidWest","Carlota",1,22.95,22.95]
["2013-11-06","Iris  Underwood","West","Carlota",3,22.95,68.849999999999994]
["2013-11-03","Fernando  Rowe","West","Aspen",2,21,42]
["2014-11-12","Brooke  Horton","MidWest","V-Rang",3,18,54]
["2014-12-02","Shari  Silva","South","Aspen",3,20,60]
["2014-12-19","Max  Rodgers","West","Bellen",2,22.95,45.9]
["2013-11-16","Don  Gonzales","South","Quad",1,33,33]
["2013-11-07","Lynette  Brewer","MidWest","Sunbell",1,24,24]
["2013-08-15","Shari  Silva","South","Bellen",3,22.95,68.849999999999994]
["2014-03-25","Blake  Bridges","South","Aspen",2,20,40]
["2014-12-09","Eddie  Green","East","Sunshine",3,18.95,56.85]
["2013-01-17","Marion  Glover","East","FlatTop",1,26.5,26.5]
["2014-11-15","Lee  Mack","MidWest","Sunbell",2,24,48]
["2013-03-30","Rachel  Gomez","MidWest","Carlota",3,22.95,68.849999999999994]
["2013-11-05","Bernadette  Page","MidWest","Majectic Beaut",3,29,87]
["2014-12-14","Salvador  Bass","West","Crested Beaut",3,25,75]
["2014-12-27","Rachel  Gomez","MidWest","Quad",1,33,33]
["2014-12-27","Rachel  Gomez","MidWest","Quad",3,33,99]
["2013-12-14","Jenny  Garcia","MidWest","Aspen",3,20,60]
["2013-11-05","Cassandra  Franklin","MidWest","Bellen",1,22.95,22.95]
["2013-11-29","Elaine  Ellis","South","Carlota",2,22.95,45.9]
["2014-11-23","Cindy  Becker","South","Sunshine",2,19.95,39.9]
["2013-01-05","Marian  Hill","South","Doublers",2,77.95,155.9]
["2013-11-07","Willie  Vega","MidWest","Quad",3,33,99]
["2014-11-26","Donna  Reid","West","Quad",2,34,68]
["2013-11-02","Robert  Munoz","MidWest","Sunbell",2,24,48]
["2013-12-25","Sylvester  Morales","West","Doublers",3,79.95,239.85]
["2014-11-09","Donna  Reid","West","Crested Beaut",1,25,25]
["2013-11-24","Mable  Lindsey","West","Quad",2,34,68]
["2014-11-12","Brooke  Horton","MidWest","Sunshine",1,19.95,19.95]
["2014-12-14","Elbert  Klein","South","Sunshine",1,19.95,19.95]
["2014-11-08","Max  Rodgers","West","V-Rang",2,19,38]
["2013-10-28","Marion  Glover","East","Quad",1,32,32]
["2013-12-13","Drew  Rogers","MidWest","Majectic Beaut",3,29,87]
["2013-12-13","Felicia  Jennings","West","Carlota",3,22.95,68.849999999999994]
["2013-12-20","Guillermo  Potter","MidWest","Aspen",3,20,60]
["2014-11-03","Allan  Ramos","MidWest","Sunshine",1,19.95,19.95]
["2014-07-15","Donna  Reid","West","Sunshine",10,19.95,199.5]
["2014-12-16","Drew  Rogers","MidWest","Sunbell",3,24,72]
["2014-11-27","Kyle  Carr","MidWest","Bellen",1,22.95,22.95]
["2013-05-10","Eric  Rose","West","Quad",3,34,102]
["2013-11-13","Joey  Wong","West","Bellen",2,22.95,45.9]
["2013-11-18","Bobbie  Ryan","East","Doublers",2,75.95,151.9]
["2013-09-18","Drew  Rogers","MidWest","Sunshine",2,19.95,39.9]
["2013-10-29","Austin  Reynolds","East","Carlota",2,21.95,43.9]
["2013-03-01","Kyle  Carr","MidWest","Majectic Beaut",1,29,29]
["2013-11-21","Robert  Munoz","MidWest","Carlota",3,22.95,68.849999999999994]
["2013-12-11","Donna  Reid","West","Bellen",2,22.95,45.9]
["2013-12-07","Robert  Munoz","MidWest","Sunshine",2,19.95,39.9]
["2014-12-12","Della  Jensen","East","Aspen",2,19,38]
["2014-11-02","Cassandra  Franklin","MidWest","Quad",2,33,66]
["2013-11-21","Johanna  Boone","South","Bellen",1,22.95,22.95]
["2013-12-19","Allan  Ramos","MidWest","V-Rang",16,17.100000000000001,273.60000000000002]
["2014-11-20","Elbert  Klein","South","Sunbell",2,24,48]
["2014-02-03","Lee  Mack","MidWest","FlatTop",3,27.5,82.5]
["2014-10-03","Andrew  Meyer","West","Sunshine",2,19.95,39.9]
["2014-12-24","Elvira  Bowman","MidWest","Doublers",3,79.95,239.85]
["2013-09-26","Trevor  Jones","West","Carlota",1,22.95,22.95]
["2013-12-19","Mable  Lindsey","West","Bellen",3,22.95,68.849999999999994]
["2014-08-31","Ruben  Nunez","West","Carlota",2,22.95,45.9]
["2014-11-04","Ernest  Davis","West","Aspen",1,21,21]
["2013-11-05","Elaine  Ellis","South","Sunbell",2,24,48]
["2014-11-04","Don  Gonzales","South","Bellen",2,22.95,45.9]
["2013-09-01","Cindy  Becker","South","Sunbell",2,24,48]
["2014-12-20","Christy  Olson","West","Crested Beaut",19,23.75,451.25]
["2013-02-18","Drew  Rogers","MidWest","FlatTop",4,27.5,110]
["2013-12-24","Rachel  Gomez","MidWest","Bellen",2,22.95,45.9]
["2014-12-06","Rachel  Gomez","MidWest","Quad",2,33,66]
["2013-11-12","Christy  Olson","West","Quad",3,34,102]
["2013-10-26","Ernest  Davis","West","Bellen",1,22.95,22.95]
["2013-11-27","Shari  Silva","South","Quad",1,33,33]
["2014-09-26","Patty  Thompson","West","Sunshine",3,19.95,59.85]
["2014-11-09","Cassandra  Franklin","MidWest","Carlota",3,22.95,68.849999999999994]
["2013-11-17","Kyle  Carr","MidWest","Sunbell",1,24,24]
["2014-11-02","Dan  Peterson","MidWest","Bellen",3,22.95,68.849999999999994]
["2013-12-01","Ivan  Adkins","West","Sunset",2,23.5,47]
["2014-11-07","Marion  Glover","East","FlatTop",3,26.5,79.5]
["2013-02-08","Lorraine  Gibson","East","Doublers",3,75.95,227.85]
["2014-12-02","Ivan  Adkins","West","Quad",1,34,34]
["2013-11-21","Kyle  Carr","MidWest","Bellen",3,22.95,68.849999999999994]
["2013-11-16","Robert  Munoz","MidWest","Sunbell",3,24,72]
["2013-09-19","Sandra  Floyd","MidWest","Carlota",3,22.95,68.849999999999994]
["2014-12-05","Sonya  Mullins","East","Doublers",3,75.95,227.85]
["2014-04-09","Ruben  Nunez","West","Aspen",3,21,63]
["2014-12-07","Dan  Peterson","MidWest","Sunbell",2,24,48]
["2013-11-21","Della  Jensen","East","Carlota",2,21.95,43.9]
["2013-07-08","Carla  Mccormick","MidWest","Crested Beaut",1,24,24]
["2013-11-25","Cassandra  Franklin","MidWest","Sunset",18,22.33,401.94]
["2013-12-08","Robert  Munoz","MidWest","Sunbell",2,24,48]
["2014-11-10","Christina  Fuller","West","Bellen",1,22.95,22.95]
["2013-11-27","Beth  Tucker","West","Sunshine",1,19.95,19.95]
["2013-10-26","Patty  Thompson","West","Sunshine",3,19.95,59.85]
["2013-12-17","Marion  Glover","East","Sunset",6,22.5,135]
["2014-12-15","Elaine  Ellis","South","Sunshine",2,19.95,39.9]
["2014-11-26","Cindy  Becker","South","Doublers",2,77.95,155.9]
["2014-06-07","Cecilia  Manning","South","FlatTop",2,26.5,53]
["2013-12-28","Salvador  Bass","West","Quad",2,34,68]
["2013-03-03","Elvira  Bowman","MidWest","Quad",4,33,132]
["2014-05-05","Shari  Silva","South","Sunset",2,22.5,45]
["2013-06-17","Donna  Reid","West","Quad",4,34,136]
["2013-11-28","Arturo  Francis","East","Sunbell",2,23,46]
["2013-11-26","Woodrow  Colon","South","Majectic Beaut",1,29,29]
["2013-11-17","Donna  Reid","West","Majectic Beaut",3,30,90]
["2013-12-13","Mable  Lindsey","West","Bellen",1,22.95,22.95]
["2013-12-30","Patty  Thompson","West","Quad",1,34,34]
["2013-11-17","Isabel  Cross","East","Carlota",2,21.95,43.9]
["2014-09-29","Salvador  Bass","West","Majectic Beaut",2,30,60]
["2013-02-03","Trevor  Jones","West","Majectic Beaut",1,30,30]
["2013-06-18","Jenny  Garcia","MidWest","Carlota",1,22.95,22.95]
["2014-11-29","Allan  Ramos","MidWest","Majectic Beaut",2,29,58]
["2014-12-13","Arturo  Francis","East","Sunshine",1,18.95,18.95]
["2014-12-23","Drew  Rogers","MidWest","Bellen",3,22.95,68.849999999999994]
["2014-12-17","Elvira  Bowman","MidWest","Sunset",3,23.5,70.5]
["2014-12-01","Blake  Bridges","South","Quad",2,33,66]
["2014-12-08","Trevor  Jones","West","FlatTop",1,27.5,27.5]
["2013-12-28","Nellie  Joseph","East","Sunshine",3,18.95,56.85]
["2014-11-04","Lula  Daniels","MidWest","Sunshine",21,18.95,397.95]
["2013-11-29","Andrew  Meyer","West","Sunshine",3,19.95,59.85]
["2013-12-19","Kyle  Carr","MidWest","Sunshine",3,19.95,59.85]
["2014-09-15","Andrew  Meyer","West","V-Rang",4,19,76]
["2013-07-07","Shari  Silva","South","Quad",2,33,66]
["2014-11-16","Marion  Glover","East","Sunset",2,22.5,45]
["2013-09-15","Ruben  Nunez","West","Carlota",11,21.8,239.8]
["2013-12-10","Kyle  Carr","MidWest","Quad",1,33,33]
["2013-11-17","Elaine  Ellis","South","Sunset",2,22.5,45]
["2014-12-11","Salvador  Bass","West","Bellen",4,22.95,91.8]
["2013-05-21","Billie  Chandler","MidWest","Carlota",1,22.95,22.95]
["2014-05-12","Elaine  Ellis","South","Sunshine",1,19.95,19.95]
["2014-11-10","Iris  Underwood","West","Majectic Beaut",1,30,30]
["2014-11-28","Marian  Hill","South","Quad",2,33,66]
["2013-12-11","Sylvester  Morales","West","Crested Beaut",25,23.75,593.75]
["2013-11-14","Cindy  Becker","South","Quad",3,33,99]
["2014-11-29","Trevor  Jones","West","Quad",3,34,102]
["2013-11-17","Jenny  Garcia","MidWest","Bellen",1,22.95,22.95]
["2014-12-22","Donna  Reid","West","Quad",2,34,68]
["2013-11-21","Trevor  Jones","West","Sunshine",2,19.95,39.9]
["2014-12-30","Mable  Lindsey","West","Quad",3,34,102]
["2014-12-18","Robert  Munoz","MidWest","Bellen",2,22.95,45.9]
["2014-11-10","Herman  Williams","East","Aspen",2,19,38]
["2013-12-01","Jenny  Garcia","MidWest","Carlota",3,22.95,68.849999999999994]
["2013-11-17","Fernando  Rowe","West","Bellen",1,22.95,22.95]
["2013-11-27","Patty  Thompson","West","Carlota",5,22.95,114.75]
["2014-12-05","Isabel  Cross","East","Sunshine",22,18,396]
["2014-11-17","Elvira  Bowman","MidWest","Crested Beaut",3,24,72]
["2013-11-09","Iris  Underwood","West","Crested Beaut",3,25,75]
["2014-11-15","Bethany  Pena","MidWest","Sunset",1,23.5,23.5]
["2014-11-12","Paulette  Spencer","South","Sunbell",18,22.8,410.4]
["2014-11-20","Robert  Munoz","MidWest","Sunset",2,23.5,47]
["2013-12-02","Cassandra  Franklin","MidWest","Doublers",3,79.95,239.85]
["2013-12-02","Ellen  Weaver","South","Sunshine",4,19.95,79.8]
["2013-12-17","Drew  Rogers","MidWest","FlatTop",2,27.5,55]
["2014-04-18","Lance  Yates","MidWest","Carlota",2,22.95,45.9]
["2014-11-27","Shari  Silva","South","V-Rang",2,18,36]
["2014-11-13","Elaine  Ellis","South","Sunbell",2,24,48]
["2013-12-22","Woodrow  Colon","South","Sunset",3,22.5,67.5]
["2014-12-05","Felicia  Jennings","West","Sunshine",2,19.95,39.9]
["2013-07-03","Eddie  Green","East","Sunbell",3,23,69]
["2013-10-10","Isabel  Cross","East","Sunshine",1,18.95,18.95]
["2014-11-23","Edwin  Malone","East","Crested Beaut",1,23,23]
["2013-11-16","Eric  Rose","West","Crested Beaut",2,25,50]
["2014-11-23","Ruben  Nunez","West","Carlota",2,22.95,45.9]
["2013-11-29","Edwin  Malone","East","Sunbell",2,23,46]
["2014-11-28","Guillermo  Potter","MidWest","Aspen",3,20,60]
["2013-11-12","Kyle  Carr","MidWest","V-Rang",1,18,18]
["2014-12-31","Guillermo  Potter","MidWest","Sunset",3,23.5,70.5]
["2014-02-07","Austin  Reynolds","East","Crested Beaut",1,23,23]
["2013-04-26","Lance  Yates","MidWest","Carlota",3,22.95,68.849999999999994]
["2013-05-20","Cassandra  Franklin","MidWest","Carlota",2,22.95,45.9]
["2014-01-15","Lorraine  Gibson","East","Bellen",1,21.95,21.95]
["2014-06-15","Mable  Lindsey","West","Bellen",5,22.95,114.75]
["2014-03-22","Lorraine  Gibson","East","Sunbell",2,23,46]
["2013-04-08","Robert  Munoz","MidWest","Majectic Beaut",3,29,87]
["2014-11-26","Johanna  Boone","South","Doublers",16,74.05,1184.8]
["2014-11-07","Isabel  Cross","East","Crested Beaut",3,23,69]
["2014-12-10","Shari  Silva","South","Sunbell",1,24,24]
["2013-01-17","Ernest  Davis","West","Sunshine",1,19.95,19.95]
["2014-12-05","Isabel  Cross","East","Crested Beaut",1,23,23]
["2013-11-17","Trevor  Jones","West","Sunbell",2,25,50]
["2013-11-16","Charlie  Wood","MidWest","Quad",1,33,33]
["2013-11-28","Ruben  Nunez","West","Carlota",3,22.95,68.849999999999994]
["2014-11-11","Pauline  Beck","West","Sunshine",2,19.95,39.9]
["2014-12-31","Drew  Rogers","MidWest","Sunbell",1,24,24]
["2014-11-02","Pauline  Beck","West","Doublers",1,79.95,79.95]
["2013-12-24","Isabel  Cross","East","Aspen",3,19,57]
["2014-12-28","Christy  Olson","West","Crested Beaut",2,25,50]
["2013-02-21","Eddie  Green","East","Bellen",1,21.95,21.95]
["2014-12-30","Isabel  Cross","East","Sunbell",19,21.85,415.15]
["2013-09-30","Sylvester  Morales","West","Sunbell",2,25,50]
["2013-11-26","Jenny  Garcia","MidWest","Sunset",2,23.5,47]
["2013-07-13","Kyle  Carr","MidWest","Sunshine",1,19.95,19.95]
["2014-07-22","Woodrow  Colon","South","Doublers",3,77.95,233.85]
["2014-12-29","Christina  Fuller","West","Carlota",1,22.95,22.95]
["2014-04-09","Elaine  Ellis","South","Aspen",3,20,60]
["2013-11-26","Shari  Silva","South","Carlota",3,22.95,68.849999999999994]
["2014-12-21","Salvador  Bass","West","FlatTop",2,27.5,55]
["2014-11-18","Cecilia  Manning","South","Sunshine",3,19.95,59.85]
["2013-11-20","Don  Gonzales","South","Sunbell",2,24,48]
["2014-08-16","Shari  Silva","South","Sunset",3,22.5,67.5]
["2014-03-27","Salvador  Bass","West","Sunbell",3,25,75]
["2014-11-03","Brooke  Horton","MidWest","Quad",2,33,66]
["2013-12-05","Woodrow  Colon","South","FlatTop",1,26.5,26.5]
["2014-12-31","Cassandra  Franklin","MidWest","Sunshine",3,19.95,59.85]
["2013-12-22","Willie  Vega","MidWest","V-Rang",2,18,36]
["2013-12-09","Lula  Daniels","MidWest","Majectic Beaut",2,29,58]
["2014-11-06","Colleen  Warren","West","Majectic Beaut",2,30,60]
["2014-11-25","Max  Rodgers","West","Carlota",1,22.95,22.95]
["2013-04-11","Dan  Peterson","MidWest","FlatTop",2,27.5,55]
["2013-08-21","Peter  Hodges","MidWest","Bellen",2,22.95,45.9]
["2013-11-18","Ernest  Davis","West","Sunbell",3,25,75]
["2014-12-20","Max  Rodgers","West","Sunset",22,22.33,491.26]
["2014-11-09","Della  Jensen","East","Quad",2,32,64]
["2013-02-11","Tracy  Reed","MidWest","Crested Beaut",3,24,72]
["2013-03-21","Cassandra  Franklin","MidWest","Majectic Beaut",1,29,29]
["2014-09-12","Allan  Ramos","MidWest","Sunshine",3,19.95,59.85]
["2013-12-11","Robert  Munoz","MidWest","Quad",2,33,66]
["2014-12-04","Christy  Olson","West","Sunbell",2,25,50]
["2013-11-05","Mable  Lindsey","West","Doublers",2,79.95,159.9]
["2014-12-26","Isabel  Cross","East","Quad",2,32,64]
["2014-12-11","Robert  Munoz","MidWest","Bellen",3,22.95,68.849999999999994]
["2014-12-14","Eddie  Green","East","Aspen",15,18.05,270.75]
["2014-12-07","Dan  Peterson","MidWest","Carlota",3,22.95,68.849999999999994]
["2014-02-16","Drew  Rogers","MidWest","V-Rang",4,18,72]
["2013-11-13","Elbert  Klein","South","Crested Beaut",1,24,24]
["2014-12-26","Robert  Munoz","MidWest","Aspen",1,20,20]
["2013-12-09","Ivan  Adkins","West","Bellen",2,22.95,45.9]
["2013-01-03","Trevor  Jones","West","Doublers",2,79.95,159.9]
["2014-05-02","Cassandra  Franklin","MidWest","Sunbell",3,24,72]
["2014-11-16","Beth  Tucker","West","Sunshine",3,19.95,59.85]
["2013-09-10","Iris  Underwood","West","Quad",2,34,68]
["2014-12-02","Cecilia  Manning","South","Majectic Beaut",1,29,29]
["2014-11-25","Woodrow  Colon","South","Quad",2,33,66]
["2014-11-26","Dan  Peterson","MidWest","Quad",1,33,33]
["2013-11-29","Max  Rodgers","West","Bellen",3,22.95,68.849999999999994]
["2014-10-18","Salvador  Bass","West","Sunset",9,23.5,211.5]
["2013-06-28","Bethany  Pena","MidWest","Bellen",3,22.95,68.849999999999994]
["2014-11-19","Carla  Mccormick","MidWest","Majectic Beaut",1,29,29]
["2014-11-22","Dan  Peterson","MidWest","Sunbell",3,24,72]
["2013-06-07","Donna  Reid","West","Sunbell",3,25,75]
["2014-12-10","Marion  Glover","East","Aspen",3,19,57]
["2014-01-13","Herman  Williams","East","Majectic Beaut",22,26.6,585.20000000000005]
["2014-09-07","Salvador  Bass","West","Carlota",3,22.95,68.849999999999994]
["2013-12-12","Tracy  Reed","MidWest","Sunbell",2,24,48]
["2014-12-19","Eric  Rose","West","Sunshine",1,19.95,19.95]
["2014-12-27","Mable  Lindsey","West","Sunshine",1,19.95,19.95]
["2013-11-24","Guillermo  Potter","MidWest","Quad",1,33,33]
["2014-12-21","Billie  Chandler","MidWest","Bellen",1,22.95,22.95]
["2014-10-15","Della  Jensen","East","Sunbell",1,23,23]
["2014-11-14","Jaime  Pearson","MidWest","Bellen",2,22.95,45.9]
["2013-11-01","Edwin  Malone","East","Sunshine",1,18.95,18.95]
["2013-01-22","Andrew  Meyer","West","Carlota",1,22.95,22.95]
["2013-09-04","Austin  Reynolds","East","Aspen",2,19,38]
["2013-12-18","Andrew  Meyer","West","V-Rang",5,19,95]
["2014-10-03","Woodrow  Colon","South","Sunset",3,22.5,67.5]
["2013-10-03","Cassandra  Franklin","MidWest","Sunbell",2,24,48]
["2014-11-07","Mable  Lindsey","West","Carlota",2,22.95,45.9]
["2014-12-14","Jenny  Garcia","MidWest","Sunshine",2,19.95,39.9]
["2013-11-23","Rachel  Gomez","MidWest","Sunbell",3,24,72]
["2014-03-14","Ellen  Weaver","South","Majectic Beaut",3,29,87]
["2013-11-26","Marian  Hill","South","FlatTop",2,26.5,53]
["2014-11-07","Salvador  Bass","West","Sunshine",2,19.95,39.9]
["2014-11-06","Salvador  Bass","West","Bellen",2,22.95,45.9]
["2013-12-11","Woodrow  Colon","South","Bellen",3,22.95,68.849999999999994]
["2013-12-06","Colleen  Warren","West","Quad",3,34,102]
["2014-03-21","Lynette  Brewer","MidWest","Quad",1,33,33]
["2013-11-20","Robert  Munoz","MidWest","Crested Beaut",1,24,24]
["2014-11-06","Cassandra  Franklin","MidWest","V-Rang",3,18,54]
["2013-12-29","Jenny  Garcia","MidWest","Carlota",3,22.95,68.849999999999994]
["2013-12-12","Paulette  Spencer","South","Sunshine",3,19.95,59.85]
["2014-11-19","Jenny  Garcia","MidWest","Quad",3,33,99]
["2014-03-03","Paulette  Spencer","South","Sunbell",3,24,72]
["2013-07-15","Isabel  Cross","East","Bellen",2,21.95,43.9]
["2013-12-01","Guillermo  Potter","MidWest","Bellen",2,22.95,45.9]
["2013-01-11","Lee  Mack","MidWest","Sunshine",2,19.95,39.9]
["2013-11-01","Ruben  Nunez","West","Sunbell",1,25,25]
["2014-07-26","Guillermo  Potter","MidWest","Majectic Beaut",1,29,29]
["2014-11-26","Ellen  Weaver","South","Quad",4,33,132]
["2013-11-27","Brooke  Horton","MidWest","Sunshine",25,18.95,473.75]
["2014-12-24","Sandra  Floyd","MidWest","Quad",2,33,66]
["2014-12-30","Edwin  Malone","East","Quad",3,32,96]
["2014-06-11","Carla  Mccormick","MidWest","Majectic Beaut",3,29,87]
["2014-12-19","Colleen  Warren","West","Crested Beaut",3,25,75]
["2013-12-13","Peter  Hodges","MidWest","Carlota",1,22.95,22.95]
["2013-11-26","Mable  Lindsey","West","Sunshine",1,19.95,19.95]
["2014-12-29","Andrew  Meyer","West","Majectic Beaut",3,30,90]
["2013-11-07","Cassandra  Franklin","MidWest","Aspen",21,19,399]
["2014-09-10","Cassandra  Franklin","MidWest","Bellen",2,22.95,45.9]
["2013-05-23","Lula  Daniels","MidWest","V-Rang",19,17.100000000000001,324.89999999999998]
["2014-11-21","Blake  Bridges","South","V-Rang",3,18,54]
["2013-01-10","Peter  Hodges","MidWest","Doublers",2,79.95,159.9]
["2014-11-06","Salvador  Bass","West","Sunshine",3,19.95,59.85]
["2014-09-01","Lula  Daniels","MidWest","Sunshine",1,19.95,19.95]
["2014-03-27","Don  Gonzales","South","Quad",3,33,99]
["2013-12-25","Lula  Daniels","MidWest","Sunbell",3,24,72]
["2013-07-09","Herman  Williams","East","Bellen",1,21.95,21.95]
["2014-08-21","Trevor  Jones","West","Quad",3,34,102]
["2014-05-27","Carla  Mccormick","MidWest","Sunset",1,23.5,23.5]
["2013-05-09","Sylvester  Morales","West","Aspen",2,21,42]
["2013-06-28","Ivan  Adkins","West","Majectic Beaut",2,30,60]
["2014-12-08","Jenny  Garcia","MidWest","Majectic Beaut",2,29,58]
["2013-11-18","Marion  Glover","East","Carlota",2,21.95,43.9]
["2013-11-07","Jenny  Garcia","MidWest","Bellen",2,22.95,45.9]
["2013-11-23","Della  Jensen","East","Bellen",3,21.95,65.849999999999994]
["2014-12-04","Ivan  Adkins","West","Quad",2,34,68]
["2014-12-01","Cindy  Becker","South","Carlota",11,21.8,239.8]
["2014-12-10","Carla  Mccormick","MidWest","Majectic Beaut",7,29,203]
["2013-05-16","Bethany  Pena","MidWest","Aspen",3,20,60]
["2013-12-06","Cassandra  Franklin","MidWest","Carlota",2,22.95,45.9]
["2014-01-13","Felicia  Jennings","West","Quad",3,34,102]
["2013-05-22","Sandra  Floyd","MidWest","Sunshine",2,19.95,39.9]
["2014-04-10","Robert  Munoz","MidWest","Quad",1,33,33]
["2013-12-15","Lee  Mack","MidWest","Sunbell",3,24,72]
["2014-12-30","Elbert  Klein","South","Bellen",2,22.95,45.9]
["2014-12-09","Cecilia  Manning","South","Bellen",2,22.95,45.9]
["2014-12-22","Salvador  Bass","West","Carlota",1,22.95,22.95]
["2013-12-26","Andrew  Meyer","West","FlatTop",2,27.5,55]
["2014-12-06","Charlie  Wood","MidWest","Sunbell",1,24,24]
["2014-11-06","Marian  Hill","South","Sunbell",1,24,24]
["2013-11-20","Willie  Vega","MidWest","Crested Beaut",5,24,120]
["2014-12-17","Cassandra  Franklin","MidWest","Sunshine",2,19.95,39.9]
["2013-12-18","Cindy  Becker","South","Sunset",2,22.5,45]
["2014-11-21","Willie  Vega","MidWest","Doublers",15,75.95,1139.25]
["2014-11-04","Cindy  Becker","South","Bellen",2,22.95,45.9]
["2014-11-28","Ellen  Weaver","South","Sunshine",3,19.95,59.85]
["2014-12-22","Tiffany  May","West","Quad",1,34,34]
["2014-11-07","Christy  Olson","West","Sunbell",1,25,25]
["2013-11-17","Allan  Ramos","MidWest","Aspen",1,20,20]
["2014-11-23","Shari  Silva","South","Carlota",2,22.95,45.9]
["2014-12-04","Drew  Rogers","MidWest","Carlota",3,22.95,68.849999999999994]
["2014-03-12","Max  Rodgers","West","Majectic Beaut",1,30,30]
["2013-01-14","Ben  Perez","West","Carlota",2,22.95,45.9]
["2013-12-24","Sonya  Mullins","East","Carlota",4,21.95,87.8]
["2014-10-24","Max  Rodgers","West","Sunshine",3,19.95,59.85]
["2014-12-26","Salvador  Bass","West","Carlota",2,22.95,45.9]
["2014-12-18","Mable  Lindsey","West","Crested Beaut",2,25,50]
["2013-01-04","Rachel  Gomez","MidWest","Aspen",2,20,40]
["2013-03-27","Isabel  Cross","East","Aspen",2,19,38]
["2014-10-16","Max  Rodgers","West","Sunshine",3,19.95,59.85]
["2013-10-22","Rachel  Gomez","MidWest","Sunshine",2,19.95,39.9]
["2014-11-07","Isabel  Cross","East","FlatTop",25,25.18,629.5]
["2013-04-29","Trevor  Jones","West","Carlota",2,22.95,45.9]
["2014-11-16","Robert  Munoz","MidWest","Quad",1,33,33]
["2014-08-18","Shari  Silva","South","Sunshine",3,19.95,59.85]
["2014-02-18","Colleen  Warren","West","Crested Beaut",3,25,75]
["2013-12-21","Johanna  Boone","South","Quad",3,33,99]
["2014-11-26","Allan  Ramos","MidWest","Sunbell",2,24,48]
["2014-11-13","Mable  Lindsey","West","Sunshine",3,19.95,59.85]
["2013-11-18","Bobbie  Ryan","East","Sunbell",1,23,23]
["2014-11-03","Cecilia  Manning","South","Carlota",3,22.95,68.849999999999994]
["2014-12-31","Isabel  Cross","East","Sunset",3,22.5,67.5]
["2014-04-23","Ivan  Adkins","West","Quad",4,34,136]
["2014-11-24","Kyle  Carr","MidWest","Sunshine",2,19.95,39.9]
["2013-04-23","Lorraine  Gibson","East","Doublers",1,75.95,75.95]
["2013-12-09","Brooke  Horton","MidWest","Sunshine",13,18.95,246.35]
["2014-07-02","Rachel  Gomez","MidWest","Majectic Beaut",4,29,116]
["2014-11-04","Elvira  Bowman","MidWest","Aspen",3,20,60]
["2014-11-25","Sandra  Floyd","MidWest","Bellen",2,22.95,45.9]
["2013-11-12","Andrew  Meyer","West","Carlota",1,22.95,22.95]
["2013-02-09","Iris  Underwood","West","Sunbell",3,25,75]
["2014-12-04","Donna  Reid","West","Doublers",3,79.95,239.85]
["2014-12-24","Ellen  Weaver","South","Sunshine",5,19.95,99.75]
["2014-11-18","Bernadette  Page","MidWest","Sunbell",4,24,96]
["2014-12-14","Edwin  Malone","East","Aspen",2,19,38]
["2014-11-24","Iris  Underwood","West","Majectic Beaut",1,30,30]
["2014-11-20","Kyle  Carr","MidWest","Doublers",11,75.95,835.45]
["2013-10-27","Nellie  Joseph","East","Sunset",3,22.5,67.5]
["2014-11-10","Shari  Silva","South","Bellen",2,22.95,45.9]
["2014-05-09","Robert  Munoz","MidWest","Bellen",3,22.95,68.849999999999994]
["2013-11-18","Shari  Silva","South","Quad",4,33,132]
["2014-11-27","Pauline  Beck","West","V-Rang",1,19,19]
["2013-11-08","Don  Gonzales","South","Bellen",2,22.95,45.9]
["2013-11-13","Felicia  Jennings","West","Carlota",3,22.95,68.849999999999994]
["2013-11-06","Jenny  Garcia","MidWest","Sunshine",3,19.95,59.85]
["2014-11-03","Shari  Silva","South","Aspen",3,20,60]
["2014-02-13","Patty  Thompson","West","Sunshine",1,19.95,19.95]
["2014-12-09","Cecilia  Manning","South","Majectic Beaut",2,29,58]
["2013-05-24","Rachel  Gomez","MidWest","Bellen",2,22.95,45.9]
["2014-12-13","Kyle  Carr","MidWest","Doublers",18,75.95,1367.1]
["2014-12-22","Della  Jensen","East","Carlota",3,21.95,65.849999999999994]
["2013-09-06","Don  Gonzales","South","Sunshine",3,19.95,59.85]
["2013-11-25","Austin  Reynolds","East","Bellen",3,21.95,65.849999999999994]
["2013-12-18","Marian  Hill","South","Bellen",1,22.95,22.95]
["2014-11-26","Elbert  Klein","South","Doublers",3,77.95,233.85]
["2014-12-09","Robert  Munoz","MidWest","Bellen",2,22.95,45.9]
["2014-11-22","Ben  Perez","West","Sunshine",1,19.95,19.95]
["2013-12-30","Della  Jensen","East","Sunshine",1,18.95,18.95]
["2014-06-24","Johanna  Boone","South","Sunbell",2,24,48]
["2014-11-01","Nellie  Joseph","East","Bellen",1,21.95,21.95]
["2013-12-28","Max  Rodgers","West","Carlota",19,21.8,414.2]
["2013-12-26","Isabel  Cross","East","Quad",1,32,32]
["2014-11-04","Edwin  Malone","East","Quad",23,30.4,699.2]
["2014-11-06","Lynette  Brewer","MidWest","Bellen",1,22.95,22.95]
["2013-12-22","Austin  Reynolds","East","Quad",12,30.4,364.8]
["2013-12-04","Bethany  Pena","MidWest","FlatTop",2,27.5,55]
["2013-12-06","Woodrow  Colon","South","Carlota",2,22.95,45.9]
["2013-12-12","Rachel  Gomez","MidWest","Quad",2,33,66]
["2014-11-14","Willie  Vega","MidWest","Sunshine",6,19.95,119.7]
["2014-12-20","Jaime  Pearson","MidWest","Sunset",2,23.5,47]
["2013-11-20","Christy  Olson","West","Doublers",1,79.95,79.95]
["2013-11-16","Austin  Reynolds","East","Sunbell",3,23,69]
["2014-11-13","Trevor  Jones","West","Quad",3,34,102]
["2014-12-18","Drew  Rogers","MidWest","Bellen",1,22.95,22.95]
["2014-11-10","Herman  Williams","East","Sunbell",1,23,23]
["2014-11-09","Bethany  Pena","MidWest","Majectic Beaut",2,29,58]
["2014-12-05","Ivan  Adkins","West","Carlota",2,22.95,45.9]
["2014-11-20","Shari  Silva","South","Quad",3,33,99]
["2013-12-05","Shari  Silva","South","Quad",16,31.35,501.6]
["2013-12-07","Guillermo  Potter","MidWest","V-Rang",2,18,36]
["2013-11-23","Andrew  Meyer","West","Bellen",1,22.95,22.95]
["2013-05-21","Blake  Bridges","South","Crested Beaut",2,24,48]
["2013-12-29","Cassandra  Franklin","MidWest","Crested Beaut",3,24,72]
["2013-11-18","Mable  Lindsey","West","Quad",1,34,34]
["2014-11-17","Salvador  Bass","West","Aspen",3,21,63]
["2013-12-06","Isabel  Cross","East","Quad",1,32,32]
["2014-05-24","Allan  Ramos","MidWest","Sunbell",2,24,48]
["2014-11-06","Ben  Perez","West","FlatTop",2,27.5,55]
["2013-11-06","Beth  Tucker","West","Carlota",3,22.95,68.849999999999994]
["2014-12-11","Pauline  Beck","West","Sunshine",1,19.95,19.95]
["2014-12-30","Robert  Munoz","MidWest","Carlota",2,22.95,45.9]
["2013-12-17","Shari  Silva","South","Carlota",3,22.95,68.849999999999994]
["2013-12-20","Cecilia  Manning","South","Carlota",1,22.95,22.95]
["2014-11-23","Kyle  Carr","MidWest","Sunbell",1,24,24]
["2013-03-09","Sylvester  Morales","West","Quad",2,34,68]
["2013-05-01","Mable  Lindsey","West","Carlota",2,22.95,45.9]
["2013-12-30","Jenny  Garcia","MidWest","Aspen",2,20,40]
["2013-12-05","Donna  Reid","West","Bellen",3,22.95,68.849999999999994]
["2014-02-18","Elvira  Bowman","MidWest","Sunbell",2,24,48]
["2014-08-05","Salvador  Bass","West","Aspen",1,21,21]
["2013-12-11","Brooke  Horton","MidWest","Majectic Beaut",2,29,58]
["2013-01-07","Brooke  Horton","MidWest","Sunset",2,23.5,47]
["2013-11-25","Ernest  Davis","West","Sunset",2,23.5,47]
["2014-11-10","Della  Jensen","East","Doublers",2,75.95,151.9]
["2013-12-11","Rachel  Gomez","MidWest","Bellen",3,22.95,68.849999999999994]
["2014-05-12","Charlie  Wood","MidWest","Doublers",20,75.95,1519]
["2014-12-30","Rachel  Gomez","MidWest","Carlota",1,22.95,22.95]
["2014-12-17","Lula  Daniels","MidWest","Sunbell",1,24,24]
["2013-12-14","Cecilia  Manning","South","Sunset",3,22.5,67.5]
["2014-06-25","Salvador  Bass","West","Sunbell",3,25,75]
["2014-04-21","Ruben  Nunez","West","Sunbell",2,25,50]
["2013-12-08","Isabel  Cross","East","Sunshine",1,18.95,18.95]
["2014-12-15","Ernest  Davis","West","Carlota",2,22.95,45.9]
["2014-11-27","Rachel  Gomez","MidWest","Sunset",2,23.5,47]
["2014-11-14","Robert  Munoz","MidWest","Quad",2,33,66]
["2013-12-01","Della  Jensen","East","Bellen",1,21.95,21.95]
["2013-12-17","Bethany  Pena","MidWest","Crested Beaut",1,24,24]
["2014-12-28","Jenny  Garcia","MidWest","Quad",4,33,132]
["2013-12-15","Nellie  Joseph","East","Quad",1,32,32]
["2014-12-19","Della  Jensen","East","Quad",3,32,96]
["2014-11-27","Brooke  Horton","MidWest","Sunbell",1,24,24]
["2014-09-13","Ellen  Weaver","South","Sunbell",3,24,72]
["2013-11-08","Elbert  Klein","South","Sunshine",2,19.95,39.9]
["2013-12-24","Cecilia  Manning","South","Aspen",3,20,60]
["2014-05-15","Ruben  Nunez","West","Bellen",3,22.95,68.849999999999994]
["2013-12-21","Tiffany  May","West","FlatTop",2,27.5,55]
["2013-12-19","Isabel  Cross","East","Bellen",4,21.95,87.8]
["2013-08-23","Rachel  Gomez","MidWest","Carlota",1,22.95,22.95]
["2014-12-02","Isabel  Cross","East","Bellen",2,21.95,43.9]
["2014-12-05","Jenny  Garcia","MidWest","Quad",1,33,33]
["2014-11-18","Tiffany  May","West","Majectic Beaut",4,30,120]
["2014-12-10","Donna  Reid","West","Aspen",22,19.95,438.9]
["2013-12-20","Ruben  Nunez","West","Sunbell",1,25,25]
["2014-12-04","Shari  Silva","South","Sunbell",4,24,96]
["2013-09-22","Isabel  Cross","East","V-Rang",1,18,18]
["2014-04-21","Christy  Olson","West","FlatTop",14,26.13,365.82]
["2013-12-11","Carla  Mccormick","MidWest","Sunshine",2,19.95,39.9]
["2013-01-07","Marian  Hill","South","Bellen",1,22.95,22.95]
["2013-11-21","Ellen  Weaver","South","Sunset",1,22.5,22.5]
["2013-11-05","Drew  Rogers","MidWest","Majectic Beaut",3,29,87]
["2013-11-22","Edwin  Malone","East","Sunshine",3,18.95,56.85]
["2013-11-14","Brooke  Horton","MidWest","FlatTop",1,27.5,27.5]
["2014-11-06","Pauline  Beck","West","Sunbell",3,25,75]
["2013-11-12","Eric  Rose","West","Quad",2,34,68]
["2014-08-12","Bethany  Pena","MidWest","Sunbell",2,24,48]
["2014-12-31","Robert  Munoz","MidWest","Bellen",8,22.95,183.6]
["2013-12-27","Ellen  Weaver","South","FlatTop",2,26.5,53]
["2014-12-22","Salvador  Bass","West","Bellen",2,22.95,45.9]
["2013-11-06","Ben  Perez","West","Carlota",1,22.95,22.95]
["2013-11-07","Ivan  Adkins","West","Sunset",1,23.5,23.5]
["2013-11-20","Andrew  Meyer","West","Bellen",3,22.95,68.849999999999994]
["2013-02-11","Eddie  Green","East","Quad",3,32,96]
["2013-05-02","Iris  Underwood","West","Quad",1,34,34]
["2014-11-14","Robert  Munoz","MidWest","Aspen",2,20,40]
["2013-12-05","Elvira  Bowman","MidWest","Quad",3,33,99]
["2014-11-01","Isabel  Cross","East","Aspen",1,19,19]
["2014-12-24","Arturo  Francis","East","Sunbell",2,23,46]
["2014-11-23","Blake  Bridges","South","Crested Beaut",3,24,72]
["2013-11-09","Max  Rodgers","West","Carlota",2,22.95,45.9]
["2013-02-22","Max  Rodgers","West","Aspen",1,21,21]
["2014-09-10","Johanna  Boone","South","Sunbell",2,24,48]
["2013-04-28","Guillermo  Potter","MidWest","Carlota",2,22.95,45.9]
["2013-11-27","Elvira  Bowman","MidWest","FlatTop",23,26.13,600.99]
["2013-12-22","Joey  Wong","West","Carlota",11,21.8,239.8]
["2013-10-08","Salvador  Bass","West","Majectic Beaut",1,30,30]
["2014-12-29","Isabel  Cross","East","Aspen",2,19,38]
["2013-12-18","Ellen  Weaver","South","Sunshine",3,19.95,59.85]
["2013-11-11","Ruben  Nunez","West","Sunbell",2,25,50]
["2014-11-04","Jenny  Garcia","MidWest","Sunbell",20,22.8,456]
["2014-12-24","Della  Jensen","East","Bellen",3,21.95,65.849999999999994]
["2013-12-24","Shari  Silva","South","Bellen",3,22.95,68.849999999999994]
["2013-05-01","Drew  Rogers","MidWest","Aspen",11,19,209]
["2013-11-29","Ruben  Nunez","West","Sunbell",3,25,75]
["2013-12-07","Salvador  Bass","West","Bellen",3,22.95,68.849999999999994]
["2014-12-08","Drew  Rogers","MidWest","Aspen",3,20,60]
["2013-12-13","Paulette  Spencer","South","Quad",3,33,99]
["2014-06-15","Marian  Hill","South","Doublers",3,77.95,233.85]
["2013-09-11","Don  Gonzales","South","Carlota",2,22.95,45.9]
["2014-02-02","Robert  Munoz","MidWest","Bellen",10,22.95,229.5]
["2013-12-20","Max  Rodgers","West","Bellen",4,22.95,91.8]
["2014-11-11","Kyle  Carr","MidWest","Bellen",17,21.8,370.6]
["2014-06-21","Woodrow  Colon","South","Sunshine",25,18.95,473.75]
["2014-09-28","Jaime  Pearson","MidWest","Bellen",2,22.95,45.9]
["2014-11-20","Cindy  Becker","South","Quad",1,33,33]
["2014-05-19","Sandra  Floyd","MidWest","Sunbell",1,24,24]
["2013-11-28","Beth  Tucker","West","Sunbell",11,23.75,261.25]
["2013-11-18","Cecilia  Manning","South","Quad",4,33,132]
["2014-12-09","Isabel  Cross","East","Sunbell",3,23,69]
["2014-07-15","Ruben  Nunez","West","Sunshine",3,19.95,59.85]
["2014-11-15","Salvador  Bass","West","Crested Beaut",3,25,75]
["2013-11-18","Christina  Fuller","West","Carlota",2,22.95,45.9]
["2014-10-27","Christy  Olson","West","Quad",2,34,68]
["2014-12-19","Drew  Rogers","MidWest","Sunbell",3,24,72]
["2013-10-25","Sylvester  Morales","West","Sunshine",1,19.95,19.95]
["2013-12-28","Max  Rodgers","West","Quad",2,34,68]
["2014-10-21","Paulette  Spencer","South","Sunset",3,22.5,67.5]
["2013-12-26","Iris  Underwood","West","Quad",3,34,102]
["2013-11-13","Drew  Rogers","MidWest","FlatTop",2,27.5,55]
["2013-05-21","Della  Jensen","East","Majectic Beaut",17,26.6,452.2]
["2013-05-14","Della  Jensen","East","Sunset",2,22.5,45]
["2013-11-28","Jenny  Garcia","MidWest","Quad",3,33,99]
["2013-12-26","Sylvester  Morales","West","Sunset",2,23.5,47]
["2013-11-10","Della  Jensen","East","Doublers",1,75.95,75.95]
["2014-11-18","Drew  Rogers","MidWest","Sunset",2,23.5,47]
["2013-12-19","Della  Jensen","East","Doublers",3,75.95,227.85]
["2013-05-22","Dan  Peterson","MidWest","Sunbell",3,24,72]
["2014-06-28","Ben  Perez","West","Sunset",1,23.5,23.5]
["2013-09-30","Peter  Hodges","MidWest","Sunset",3,23.5,70.5]
["2014-11-04","Jaime  Pearson","MidWest","Carlota",1,22.95,22.95]
["2014-11-09","Cassandra  Franklin","MidWest","Majectic Beaut",3,29,87]
["2014-12-24","Beth  Tucker","West","Majectic Beaut",2,30,60]
["2013-12-24","Shari  Silva","South","Quad",3,33,99]
["2013-12-13","Brooke  Horton","MidWest","Sunshine",4,19.95,79.8]
["2014-09-14","Della  Jensen","East","Sunbell",2,23,46]
["2013-12-22","Tracy  Reed","MidWest","Sunshine",3,19.95,59.85]
["2013-12-05","Blake  Bridges","South","Bellen",2,22.95,45.9]
["2013-12-29","Marian  Hill","South","Bellen",1,22.95,22.95]
["2013-11-06","Willie  Vega","MidWest","Quad",2,33,66]
["2013-05-04","Cindy  Becker","South","Sunshine",2,19.95,39.9]
["2013-11-08","Iris  Underwood","West","Carlota",3,22.95,68.849999999999994]
["2013-12-30","Peter  Hodges","MidWest","Carlota",3,22.95,68.849999999999994]
["2013-04-09","Cecilia  Manning","South","Bellen",3,22.95,68.849999999999994]
["2014-11-29","Lorraine  Gibson","East","Sunshine",10,18.95,189.5]
["2014-11-03","Willie  Vega","MidWest","Sunshine",4,19.95,79.8]
["2013-11-29","Della  Jensen","East","Quad",2,32,64]
["2013-03-11","Bethany  Pena","MidWest","FlatTop",1,27.5,27.5]
["2013-12-16","Jaime  Pearson","MidWest","Crested Beaut",2,24,48]
["2014-12-31","Rachel  Gomez","MidWest","Sunbell",3,24,72]
["2014-11-26","Cassandra  Franklin","MidWest","Aspen",1,20,20]
["2014-08-06","Salvador  Bass","West","Carlota",3,22.95,68.849999999999994]
["2013-12-06","Elaine  Ellis","South","Bellen",1,22.95,22.95]
["2014-06-05","Tiffany  May","West","Carlota",2,22.95,45.9]
["2013-01-12","Christy  Olson","West","Quad",2,34,68]
["2014-12-10","Marion  Glover","East","Bellen",2,21.95,43.9]
["2014-12-27","Cecilia  Manning","South","Sunbell",2,24,48]
["2013-08-18","Elvira  Bowman","MidWest","Sunshine",1,19.95,19.95]
["2014-12-08","Trevor  Jones","West","Sunbell",1,25,25]
["2013-11-27","Felicia  Jennings","West","Quad",1,34,34]
["2013-11-22","Lee  Mack","MidWest","Carlota",3,22.95,68.849999999999994]
["2014-11-19","Peter  Hodges","MidWest","V-Rang",3,18,54]
["2013-12-18","Cindy  Becker","South","Sunshine",10,19.95,199.5]
["2014-12-02","Shari  Silva","South","Bellen",2,22.95,45.9]
["2013-11-14","Edwin  Malone","East","Carlota",2,21.95,43.9]
["2013-12-07","Elaine  Ellis","South","Quad",3,33,99]
["2013-11-24","Iris  Underwood","West","Sunbell",3,25,75]
["2014-03-28","Willie  Vega","MidWest","Carlota",3,22.95,68.849999999999994]
["2013-02-20","Robert  Munoz","MidWest","Sunshine",3,19.95,59.85]
["2013-12-10","Lorraine  Gibson","East","Quad",3,32,96]
["2014-12-19","Isabel  Cross","East","Majectic Beaut",9,28,252]
["2013-12-17","Ellen  Weaver","South","Aspen",2,20,40]
["2013-11-02","Max  Rodgers","West","Crested Beaut",2,25,50]
["2014-10-11","Salvador  Bass","West","Majectic Beaut",7,30,210]
["2014-11-18","Christina  Fuller","West","Bellen",3,22.95,68.849999999999994]
["2013-11-30","Drew  Rogers","MidWest","Aspen",2,20,40]
["2013-12-03","Jenny  Garcia","MidWest","Sunbell",13,22.8,296.39999999999998]
["2013-07-09","Drew  Rogers","MidWest","Quad",2,33,66]
["2014-12-16","Edwin  Malone","East","Sunset",3,22.5,67.5]
["2013-05-26","Jenny  Garcia","MidWest","Bellen",2,22.95,45.9]
["2013-12-03","Cecilia  Manning","South","Carlota",2,22.95,45.9]
["2014-09-10","Robert  Munoz","MidWest","Majectic Beaut",2,29,58]
["2013-03-31","Marian  Hill","South","Carlota",2,22.95,45.9]
["2014-02-19","Max  Rodgers","West","Quad",2,34,68]
["2014-01-13","Drew  Rogers","MidWest","Aspen",3,20,60]
["2014-11-04","Christina  Fuller","West","Quad",3,34,102]
["2013-12-12","Elaine  Ellis","South","Carlota",2,22.95,45.9]
["2014-12-19","Drew  Rogers","MidWest","Bellen",3,22.95,68.849999999999994]
["2013-11-24","Cindy  Becker","South","Quad",2,33,66]
["2014-12-03","Lorraine  Gibson","East","Sunbell",3,23,69]
["2013-12-19","Ernest  Davis","West","Bellen",3,22.95,68.849999999999994]
["2013-12-08","Max  Rodgers","West","Crested Beaut",25,23.75,593.75]
["2013-12-22","Ellen  Weaver","South","Sunbell",2,24,48]
["2014-12-07","Shari  Silva","South","Quad",13,31.35,407.55]
["2014-06-21","Bobbie  Ryan","East","Carlota",1,21.95,21.95]
["2014-12-03","Max  Rodgers","West","Quad",3,34,102]
["2013-07-09","Ruben  Nunez","West","Sunset",3,23.5,70.5]
["2014-11-06","Elbert  Klein","South","Carlota",1,22.95,22.95]
["2013-04-20","Della  Jensen","East","Sunbell",3,23,69]
["2013-04-14","Shari  Silva","South","Quad",1,33,33]
["2014-12-22","Cindy  Becker","South","Quad",2,33,66]
["2014-11-29","Don  Gonzales","South","Majectic Beaut",1,29,29]
["2013-12-02","Jenny  Garcia","MidWest","Majectic Beaut",3,29,87]
["2013-12-11","Marian  Hill","South","Sunshine",1,19.95,19.95]
["2014-10-05","Tiffany  May","West","Quad",3,34,102]
["2013-11-02","Isabel  Cross","East","Bellen",2,21.95,43.9]
["2013-11-24","Eddie  Green","East","Crested Beaut",1,23,23]
["2013-11-27","Drew  Rogers","MidWest","Sunshine",14,18.95,265.3]
["2014-11-12","Rachel  Gomez","MidWest","Quad",16,31.35,501.6]
["2014-11-25","Andrew  Meyer","West","Majectic Beaut",3,30,90]
["2013-12-22","Tracy  Reed","MidWest","Sunset",3,23.5,70.5]
["2014-11-12","Trevor  Jones","West","Quad",2,34,68]
["2013-11-01","Christina  Fuller","West","Bellen",1,22.95,22.95]
["2014-11-25","Della  Jensen","East","FlatTop",3,26.5,79.5]
["2013-11-02","Patty  Thompson","West","Bellen",2,22.95,45.9]
["2013-12-11","Drew  Rogers","MidWest","Crested Beaut",1,24,24]
["2014-11-15","Rachel  Gomez","MidWest","Sunset",6,23.5,141]
["2013-11-03","Andrew  Meyer","West","Sunshine",3,19.95,59.85]
["2014-12-08","Robert  Munoz","MidWest","Carlota",3,22.95,68.849999999999994]
["2014-09-16","Rachel  Gomez","MidWest","Sunshine",3,19.95,59.85]
["2014-09-27","Isabel  Cross","East","Sunbell",2,23,46]
["2013-12-08","Peter  Hodges","MidWest","Quad",2,33,66]
["2013-12-17","Rachel  Gomez","MidWest","Sunshine",2,19.95,39.9]
["2014-11-16","Sandra  Floyd","MidWest","Sunset",3,23.5,70.5]
["2013-12-28","Rachel  Gomez","MidWest","Doublers",1,79.95,79.95]
["2013-10-25","Dan  Peterson","MidWest","Sunshine",2,19.95,39.9]
["2014-12-03","Max  Rodgers","West","Bellen",3,22.95,68.849999999999994]
["2013-09-01","Christina  Fuller","West","Quad",1,34,34]
["2013-04-20","Eric  Rose","West","Majectic Beaut",2,30,60]
["2013-09-13","Della  Jensen","East","Sunbell",3,23,69]
["2014-04-04","Iris  Underwood","West","Sunset",7,23.5,164.5]
["2013-01-22","Lynette  Brewer","MidWest","Majectic Beaut",19,27.55,523.45000000000005]
["2014-11-03","Ivan  Adkins","West","Quad",3,34,102]
["2013-12-10","Cassandra  Franklin","MidWest","Carlota",3,22.95,68.849999999999994]
["2013-10-13","Jenny  Garcia","MidWest","Carlota",1,22.95,22.95]
["2013-01-17","Johanna  Boone","South","Bellen",1,22.95,22.95]
["2013-11-21","Billie  Chandler","MidWest","Majectic Beaut",3,29,87]
["2014-10-17","Kyle  Carr","MidWest","Bellen",2,22.95,45.9]
["2013-12-06","Marian  Hill","South","Crested Beaut",1,24,24]
["2014-07-12","Shari  Silva","South","Sunshine",2,19.95,39.9]
["2014-01-12","Brooke  Horton","MidWest","Quad",3,33,99]
["2013-04-30","Max  Rodgers","West","Bellen",1,22.95,22.95]
["2014-07-15","Shari  Silva","South","Carlota",1,22.95,22.95]
["2014-11-03","Rachel  Gomez","MidWest","Doublers",1,79.95,79.95]
["2013-11-15","Woodrow  Colon","South","Aspen",3,20,60]
["2014-12-03","Cecilia  Manning","South","Quad",18,31.35,564.29999999999995]
["2013-11-07","Marion  Glover","East","Doublers",2,75.95,151.9]
["2014-11-27","Tiffany  May","West","Sunset",3,23.5,70.5]
["2013-12-22","Carla  Mccormick","MidWest","Crested Beaut",1,24,24]
["2013-12-22","Salvador  Bass","West","Crested Beaut",1,25,25]
["2013-11-28","Salvador  Bass","West","Bellen",1,22.95,22.95]
["2014-11-07","Rachel  Gomez","MidWest","Carlota",2,22.95,45.9]
["2013-12-08","Della  Jensen","East","Crested Beaut",2,23,46]
["2014-12-28","Cassandra  Franklin","MidWest","Sunset",10,23.5,235]
["2013-11-06","Brooke  Horton","MidWest","Sunbell",1,24,24]
["2014-05-18","Donna  Reid","West","Quad",1,34,34]
["2013-12-12","Christina  Fuller","West","Aspen",1,21,21]
["2014-12-28","Robert  Munoz","MidWest","Majectic Beaut",2,29,58]
["2014-11-12","Robert  Munoz","MidWest","Crested Beaut",14,22.8,319.2]
["2013-11-02","Patty  Thompson","West","Quad",2,34,68]
["2014-11-30","Peter  Hodges","MidWest","Carlota",2,22.95,45.9]
["2014-12-24","Dan  Peterson","MidWest","Crested Beaut",1,24,24]
["2014-12-29","Carla  Mccormick","MidWest","Carlota",2,22.95,45.9]
["2014-11-16","Lula  Daniels","MidWest","Bellen",2,22.95,45.9]
["2014-12-14","Shari  Silva","South","Sunbell",3,24,72]
["2013-04-09","Carla  Mccormick","MidWest","Quad",14,31.35,438.9]
["2013-12-23","Max  Rodgers","West","Aspen",10,21,210]
["2013-11-17","Lance  Yates","MidWest","Sunbell",4,24,96]
["2014-01-03","Don  Gonzales","South","Majectic Beaut",3,29,87]
["2013-07-05","Robert  Munoz","MidWest","Crested Beaut",2,24,48]
["2013-11-06","Pauline  Beck","West","V-Rang",3,19,57]
["2014-11-02","Billie  Chandler","MidWest","Bellen",3,22.95,68.849999999999994]
["2014-11-09","Cecilia  Manning","South","Quad",2,33,66]
["2014-12-18","Shari  Silva","South","Bellen",1,22.95,22.95]
["2013-12-30","Drew  Rogers","MidWest","Bellen",2,22.95,45.9]
["2013-04-03","Mable  Lindsey","West","Bellen",2,22.95,45.9]
["2013-06-07","Isabel  Cross","East","Sunset",4,22.5,90]
["2014-12-26","Trevor  Jones","West","Sunbell",1,25,25]
["2014-12-30","Bobbie  Ryan","East","Aspen",2,19,38]
["2014-12-26","Salvador  Bass","West","Quad",1,34,34]
["2013-12-21","Cassandra  Franklin","MidWest","Bellen",2,22.95,45.9]
["2014-03-23","Bobbie  Ryan","East","Sunset",2,22.5,45]
["2014-11-26","Charlie  Wood","MidWest","Carlota",1,22.95,22.95]
["2013-12-19","Beth  Tucker","West","Majectic Beaut",1,30,30]
["2014-11-25","Trevor  Jones","West","Majectic Beaut",2,30,60]
["2013-11-22","Ernest  Davis","West","Carlota",3,22.95,68.849999999999994]
["2014-09-02","Dan  Peterson","MidWest","Carlota",2,22.95,45.9]
["2013-09-28","Andrew  Meyer","West","Quad",4,34,136]
["2013-12-08","Patty  Thompson","West","Bellen",1,22.95,22.95]
["2014-12-02","Colleen  Warren","West","Quad",2,34,68]
["2013-12-21","Sonya  Mullins","East","Bellen",2,21.95,43.9]
["2013-11-27","Christina  Fuller","West","Aspen",2,21,42]
["2014-11-08","Austin  Reynolds","East","Aspen",2,19,38]
["2014-06-05","Della  Jensen","East","Sunbell",3,23,69]
["2013-11-11","Edwin  Malone","East","Bellen",2,21.95,43.9]
["2014-11-17","Max  Rodgers","West","Bellen",1,22.95,22.95]
["2013-12-18","Brooke  Horton","MidWest","Quad",1,33,33]
["2014-11-15","Don  Gonzales","South","Sunshine",2,19.95,39.9]
["2013-10-07","Edwin  Malone","East","Quad",3,32,96]
["2013-12-29","Blake  Bridges","South","Quad",24,31.35,752.4]
["2014-11-21","Isabel  Cross","East","FlatTop",1,26.5,26.5]
["2013-06-05","Pauline  Beck","West","FlatTop",3,27.5,82.5]
["2013-06-07","Peter  Hodges","MidWest","Aspen",3,20,60]
["2014-12-31","Drew  Rogers","MidWest","Sunshine",3,19.95,59.85]
["2013-12-18","Elvira  Bowman","MidWest","V-Rang",3,18,54]
["2014-12-31","Salvador  Bass","West","Quad",3,34,102]
["2013-10-24","Cassandra  Franklin","MidWest","Sunbell",3,24,72]
["2014-12-19","Shari  Silva","South","Aspen",12,19,228]
["2014-12-26","Johanna  Boone","South","Sunbell",3,24,72]
["2013-12-16","Max  Rodgers","West","Carlota",3,22.95,68.849999999999994]
["2014-03-11","Trevor  Jones","West","Quad",2,34,68]
["2014-12-17","Beth  Tucker","West","Doublers",3,79.95,239.85]
["2014-11-08","Woodrow  Colon","South","Bellen",2,22.95,45.9]
["2013-12-18","Brooke  Horton","MidWest","FlatTop",3,27.5,82.5]
["2014-12-06","Marion  Glover","East","V-Rang",1,18,18]
["2013-11-19","Brooke  Horton","MidWest","Aspen",3,20,60]
["2013-12-04","Mable  Lindsey","West","Crested Beaut",1,25,25]
["2014-07-17","Andrew  Meyer","West","Sunshine",11,18.95,208.45]
["2014-11-07","Shari  Silva","South","Majectic Beaut",17,27.55,468.35]
["2014-01-21","Shari  Silva","South","Aspen",3,20,60]
["2013-04-22","Mable  Lindsey","West","FlatTop",2,27.5,55]
["2013-11-26","Isabel  Cross","East","Crested Beaut",2,23,46]
["2014-12-25","Andrew  Meyer","West","Sunshine",3,19.95,59.85]
["2013-11-16","Tracy  Reed","MidWest","Sunbell",2,24,48]
["2014-12-29","Trevor  Jones","West","Quad",3,34,102]
["2014-11-09","Robert  Munoz","MidWest","V-Rang",3,18,54]
["2013-11-17","Mable  Lindsey","West","Sunset",1,23.5,23.5]
["2013-11-18","Jenny  Garcia","MidWest","FlatTop",2,27.5,55]
["2013-12-12","Sylvester  Morales","West","Aspen",1,21,21]
["2014-11-30","Peter  Hodges","MidWest","Carlota",3,22.95,68.849999999999994]
["2014-06-21","Herman  Williams","East","Carlota",2,21.95,43.9]
["2014-12-14","Johanna  Boone","South","Doublers",2,77.95,155.9]
["2013-10-31","Paulette  Spencer","South","Majectic Beaut",3,29,87]
["2014-11-18","Sandra  Floyd","MidWest","Quad",3,33,99]
["2014-06-05","Lynette  Brewer","MidWest","Sunbell",2,24,48]
["2013-04-13","Christina  Fuller","West","Crested Beaut",16,23.75,380]
["2013-11-18","Elbert  Klein","South","Carlota",19,21.8,414.2]
["2014-05-28","Shari  Silva","South","Aspen",2,20,40]
["2014-12-21","Cindy  Becker","South","Sunshine",3,19.95,59.85]
["2013-03-23","Austin  Reynolds","East","Sunshine",4,18.95,75.8]
["2014-12-11","Beth  Tucker","West","FlatTop",3,27.5,82.5]
["2013-12-29","Salvador  Bass","West","Sunbell",6,25,150]
["2013-12-10","Tiffany  May","West","Aspen",2,21,42]
["2014-11-15","Drew  Rogers","MidWest","Carlota",16,21.8,348.8]
["2013-12-19","Jaime  Pearson","MidWest","Quad",2,33,66]
["2014-01-16","Lorraine  Gibson","East","Carlota",3,21.95,65.849999999999994]
["2013-03-04","Christy  Olson","West","Sunshine",1,19.95,19.95]
["2014-12-09","Shari  Silva","South","Quad",3,33,99]
["2014-11-28","Herman  Williams","East","Crested Beaut",3,23,69]
["2013-02-27","Tiffany  May","West","V-Rang",3,19,57]
["2013-12-02","Allan  Ramos","MidWest","Carlota",2,22.95,45.9]
["2014-03-10","Brooke  Horton","MidWest","Aspen",4,20,80]
["2014-10-29","Lynette  Brewer","MidWest","Carlota",3,22.95,68.849999999999994]
["2013-12-21","Trevor  Jones","West","Carlota",2,22.95,45.9]
["2013-11-16","Donna  Reid","West","V-Rang",2,19,38]
["2014-11-08","Brooke  Horton","MidWest","FlatTop",3,27.5,82.5]
["2013-12-04","Fernando  Rowe","West","FlatTop",1,27.5,27.5]
["2014-07-25","Della  Jensen","East","Quad",10,32,320]
["2014-04-24","Max  Rodgers","West","Bellen",3,22.95,68.849999999999994]
["2013-01-07","Tracy  Reed","MidWest","Crested Beaut",3,24,72]
["2013-12-15","Eddie  Green","East","Carlota",2,21.95,43.9]
["2014-02-24","Shari  Silva","South","Carlota",2,22.95,45.9]
["2014-12-15","Trevor  Jones","West","Quad",2,34,68]
["2013-11-12","Brooke  Horton","MidWest","Quad",3,33,99]
["2014-11-26","Peter  Hodges","MidWest","Sunshine",3,19.95,59.85]
["2013-12-03","Robert  Munoz","MidWest","Quad",2,33,66]
["2014-01-06","Pauline  Beck","West","Quad",3,34,102]
["2014-11-18","Dan  Peterson","MidWest","Carlota",2,22.95,45.9]
["2013-11-17","Eddie  Green","East","Bellen",2,21.95,43.9]
["2014-12-31","Ruben  Nunez","West","Quad",3,34,102]
["2014-11-18","Christina  Fuller","West","Carlota",3,22.95,68.849999999999994]
["2014-12-29","Robert  Munoz","MidWest","Quad",1,33,33]
["2014-05-14","Cassandra  Franklin","MidWest","Sunshine",2,19.95,39.9]
["2014-12-03","Isabel  Cross","East","Crested Beaut",2,23,46]
["2014-12-03","Christy  Olson","West","Sunbell",1,25,25]
["2014-08-12","Arturo  Francis","East","Aspen",3,19,57]
["2014-04-11","Robert  Munoz","MidWest","FlatTop",2,27.5,55]
["2013-03-03","Jaime  Pearson","MidWest","Bellen",3,22.95,68.849999999999994]
["2013-11-28","Jenny  Garcia","MidWest","V-Rang",3,18,54]
["2013-11-30","Lynette  Brewer","MidWest","Bellen",2,22.95,45.9]
["2014-01-06","Jaime  Pearson","MidWest","Bellen",2,22.95,45.9]
["2014-12-14","Della  Jensen","East","Quad",3,32,96]
["2014-10-10","Colleen  Warren","West","Quad",3,34,102]
["2014-03-26","Iris  Underwood","West","Bellen",2,22.95,45.9]
["2014-12-17","Patty  Thompson","West","Quad",2,34,68]
["2013-12-05","Paulette  Spencer","South","Sunshine",3,19.95,59.85]
["2013-11-19","Allan  Ramos","MidWest","Doublers",2,79.95,159.9]
["2014-12-24","Lorraine  Gibson","East","Sunshine",2,18.95,37.9]
["2013-11-21","Robert  Munoz","MidWest","Doublers",4,79.95,319.8]
["2014-09-06","Jenny  Garcia","MidWest","Majectic Beaut",2,29,58]
["2014-11-06","Ivan  Adkins","West","Bellen",3,22.95,68.849999999999994]
["2014-12-11","Cecilia  Manning","South","Majectic Beaut",1,29,29]
["2014-11-19","Tracy  Reed","MidWest","Doublers",3,79.95,239.85]
["2014-11-03","Andrew  Meyer","West","V-Rang",1,19,19]
["2013-11-22","Drew  Rogers","MidWest","Doublers",3,79.95,239.85]
["2013-12-19","Max  Rodgers","West","Carlota",1,22.95,22.95]
["2014-11-16","Rachel  Gomez","MidWest","Carlota",2,22.95,45.9]
["2014-09-09","Lee  Mack","MidWest","Bellen",4,22.95,91.8]
["2014-11-30","Christy  Olson","West","Bellen",3,22.95,68.849999999999994]
["2014-12-01","Colleen  Warren","West","Quad",2,34,68]
["2013-12-09","Christy  Olson","West","Sunset",3,23.5,70.5]
["2014-12-03","Sonya  Mullins","East","Majectic Beaut",2,28,56]
["2013-12-30","Elvira  Bowman","MidWest","Sunset",3,23.5,70.5]
["2013-11-18","Shari  Silva","South","Sunshine",1,19.95,19.95]
["2013-12-26","Cassandra  Franklin","MidWest","Sunset",23,22.33,513.59]
["2013-10-11","Lorraine  Gibson","East","Sunbell",2,23,46]
["2014-11-09","Bethany  Pena","MidWest","Quad",1,33,33]
["2014-12-26","Andrew  Meyer","West","Sunset",4,23.5,94]
["2014-11-21","Isabel  Cross","East","Quad",2,32,64]
["2014-12-25","Brooke  Horton","MidWest","Bellen",1,22.95,22.95]
["2013-01-08","Isabel  Cross","East","Sunshine",3,18.95,56.85]
["2013-12-23","Cassandra  Franklin","MidWest","Sunshine",2,19.95,39.9]
["2013-11-25","Jenny  Garcia","MidWest","Quad",2,33,66]
["2014-11-02","Tiffany  May","West","Sunshine",3,19.95,59.85]
["2014-12-18","Brooke  Horton","MidWest","Carlota",2,22.95,45.9]
["2014-11-11","Tracy  Reed","MidWest","Quad",2,33,66]
["2013-12-16","Robert  Munoz","MidWest","Quad",3,33,99]
["2013-11-13","Dan  Peterson","MidWest","Quad",2,33,66]
["2014-11-11","Shari  Silva","South","Carlota",1,22.95,22.95]
["2013-11-28","Andrew  Meyer","West","Sunshine",3,19.95,59.85]
["2013-11-25","Elaine  Ellis","South","Sunshine",3,19.95,59.85]
["2013-12-30","Trevor  Jones","West","Bellen",1,22.95,22.95]
["2013-11-18","Herman  Williams","East","Aspen",2,19,38]
["2014-04-02","Herman  Williams","East","Bellen",1,21.95,21.95]
["2013-12-26","Drew  Rogers","MidWest","Sunbell",2,24,48]
["2014-12-03","Rachel  Gomez","MidWest","Sunbell",2,24,48]
["2013-12-23","Cindy  Becker","South","Carlota",2,22.95,45.9]
["2014-11-04","Marian  Hill","South","Sunbell",2,24,48]
["2014-11-27","Della  Jensen","East","Sunshine",4,18.95,75.8]
["2013-12-12","Mable  Lindsey","West","Sunbell",1,25,25]
["2014-03-14","Salvador  Bass","West","Majectic Beaut",2,30,60]
["2013-11-30","Rachel  Gomez","MidWest","V-Rang",2,18,36]
["2014-11-18","Elbert  Klein","South","Bellen",2,22.95,45.9]
["2013-11-03","Iris  Underwood","West","Sunshine",2,19.95,39.9]
["2014-11-12","Elvira  Bowman","MidWest","Carlota",2,22.95,45.9]
["2013-12-18","Max  Rodgers","West","Crested Beaut",3,25,75]
["2014-12-30","Max  Rodgers","West","Sunbell",2,25,50]
["2014-12-01","Drew  Rogers","MidWest","Quad",3,33,99]
["2013-11-06","Arturo  Francis","East","Quad",2,32,64]
["2013-11-04","Brooke  Horton","MidWest","Bellen",3,22.95,68.849999999999994]
["2014-11-06","Sylvester  Morales","West","Bellen",2,22.95,45.9]
["2013-08-11","Andrew  Meyer","West","V-Rang",2,19,38]
["2014-12-29","Cindy  Becker","South","Sunshine",2,19.95,39.9]
["2014-11-09","Ben  Perez","West","Bellen",1,22.95,22.95]
["2014-12-10","Rachel  Gomez","MidWest","Carlota",2,22.95,45.9]
["2013-11-15","Drew  Rogers","MidWest","Crested Beaut",14,22.8,319.2]
["2014-11-08","Rachel  Gomez","MidWest","Majectic Beaut",2,29,58]
["2014-11-29","Jenny  Garcia","MidWest","Bellen",2,22.95,45.9]
["2013-11-28","Bethany  Pena","MidWest","Quad",3,33,99]
["2014-12-05","Felicia  Jennings","West","Bellen",8,22.95,183.6]
["2013-12-10","Isabel  Cross","East","Bellen",2,21.95,43.9]
["2013-05-21","Cecilia  Manning","South","Sunshine",1,19.95,19.95]
["2013-11-04","Ben  Perez","West","Majectic Beaut",1,30,30]
["2013-11-10","Rachel  Gomez","MidWest","Doublers",1,79.95,79.95]
["2014-11-28","Ben  Perez","West","Quad",3,34,102]
["2014-03-10","Joey  Wong","West","Quad",3,34,102]
["2014-11-02","Bobbie  Ryan","East","Sunshine",2,18.95,37.9]
["2014-12-24","Jenny  Garcia","MidWest","Aspen",2,20,40]
["2014-12-03","Kyle  Carr","MidWest","Quad",1,33,33]
["2014-11-24","Donna  Reid","West","Sunshine",2,19.95,39.9]
["2013-08-31","Salvador  Bass","West","Aspen",4,21,84]
["2013-12-29","Rachel  Gomez","MidWest","V-Rang",2,18,36]
["2013-12-19","Drew  Rogers","MidWest","Quad",3,33,99]
["2014-12-03","Christina  Fuller","West","Crested Beaut",2,25,50]
["2013-03-28","Sandra  Floyd","MidWest","Majectic Beaut",17,27.55,468.35]
["2013-03-14","Iris  Underwood","West","Sunshine",3,19.95,59.85]
["2013-12-16","Pauline  Beck","West","Quad",2,34,68]
["2014-11-25","Della  Jensen","East","Doublers",2,75.95,151.9]
["2014-12-26","Ben  Perez","West","Quad",1,34,34]
["2013-06-02","Elaine  Ellis","South","V-Rang",3,18,54]
["2013-12-22","Robert  Munoz","MidWest","Carlota",4,22.95,91.8]
["2013-10-15","Kyle  Carr","MidWest","Bellen",3,22.95,68.849999999999994]
["2013-06-02","Lula  Daniels","MidWest","FlatTop",3,27.5,82.5]
["2014-01-21","Drew  Rogers","MidWest","Sunbell",3,24,72]
["2014-10-23","Rachel  Gomez","MidWest","Sunbell",3,24,72]
["2014-11-30","Christy  Olson","West","Carlota",3,22.95,68.849999999999994]
["2013-11-05","Jenny  Garcia","MidWest","Quad",3,33,99]
["2014-11-22","Brooke  Horton","MidWest","Sunbell",3,24,72]
["2014-11-25","Nellie  Joseph","East","Sunbell",2,23,46]
["2014-11-18","Ernest  Davis","West","Sunshine",2,19.95,39.9]
["2013-12-10","Mable  Lindsey","West","Crested Beaut",2,25,50]
["2013-12-22","Marian  Hill","South","FlatTop",2,26.5,53]
["2013-12-08","Kyle  Carr","MidWest","Doublers",3,79.95,239.85]
["2014-12-15","Della  Jensen","East","Sunshine",1,18.95,18.95]
["2014-01-25","Cassandra  Franklin","MidWest","Majectic Beaut",2,29,58]
["2013-05-03","Trevor  Jones","West","Sunshine",2,19.95,39.9]
["2014-10-23","Mable  Lindsey","West","Sunbell",1,25,25]
["2013-12-29","Cassandra  Franklin","MidWest","Aspen",5,20,100]
["2013-08-29","Edwin  Malone","East","Bellen",15,20.85,312.75]
["2014-11-08","Paulette  Spencer","South","Carlota",3,22.95,68.849999999999994]
["2013-11-27","Robert  Munoz","MidWest","Carlota",1,22.95,22.95]
["2014-07-19","Carla  Mccormick","MidWest","Sunbell",1,24,24]
["2014-12-17","Eric  Rose","West","Crested Beaut",2,25,50]
["2014-09-19","Trevor  Jones","West","Quad",2,34,68]
["2014-12-28","Ivan  Adkins","West","Sunset",1,23.5,23.5]
["2014-05-28","Ellen  Weaver","South","V-Rang",3,18,54]
["2013-11-24","Lynette  Brewer","MidWest","Sunbell",2,24,48]
["2014-11-17","Allan  Ramos","MidWest","Sunshine",3,19.95,59.85]
["2014-11-03","Della  Jensen","East","Crested Beaut",3,23,69]
["2013-07-22","Shari  Silva","South","FlatTop",2,26.5,53]
["2013-09-19","Marian  Hill","South","Quad",24,31.35,752.4]
["2014-05-09","Sonya  Mullins","East","Quad",1,32,32]
["2013-12-02","Shari  Silva","South","Bellen",3,22.95,68.849999999999994]
["2014-05-07","Ruben  Nunez","West","Bellen",6,22.95,137.69999999999999]
["2014-12-01","Allan  Ramos","MidWest","Bellen",1,22.95,22.95]
["2014-11-03","Robert  Munoz","MidWest","Carlota",3,22.95,68.849999999999994]
["2014-11-22","Della  Jensen","East","Quad",1,32,32]
["2014-12-20","Andrew  Meyer","West","Crested Beaut",3,25,75]
["2014-12-22","Lee  Mack","MidWest","Majectic Beaut",18,27.55,495.9]
["2014-10-29","Johanna  Boone","South","Majectic Beaut",3,29,87]
["2014-12-30","Salvador  Bass","West","Crested Beaut",2,25,50]
["2013-11-14","Paulette  Spencer","South","Sunbell",1,24,24]
["2014-07-13","Kyle  Carr","MidWest","Carlota",4,22.95,91.8]
["2014-11-11","Ben  Perez","West","Aspen",3,21,63]
["2014-12-28","Carla  Mccormick","MidWest","Crested Beaut",2,24,48]
["2014-11-14","Sandra  Floyd","MidWest","Quad",3,33,99]
["2013-11-01","Beth  Tucker","West","Sunbell",3,25,75]
["2014-12-08","Sandra  Floyd","MidWest","Majectic Beaut",2,29,58]
["2014-04-02","Drew  Rogers","MidWest","Bellen",2,22.95,45.9]
["2014-12-06","Cassandra  Franklin","MidWest","Majectic Beaut",4,29,116]
["2013-11-29","Billie  Chandler","MidWest","Doublers",2,79.95,159.9]
["2014-11-09","Ivan  Adkins","West","Doublers",2,79.95,159.9]
["2014-12-22","Max  Rodgers","West","Carlota",1,22.95,22.95]
["2013-11-29","Elbert  Klein","South","Sunset",3,22.5,67.5]
["2013-12-28","Eddie  Green","East","Quad",23,30.4,699.2]
["2014-10-09","Charlie  Wood","MidWest","Carlota",4,22.95,91.8]
["2014-11-14","Sylvester  Morales","West","Sunbell",1,25,25]
["2014-03-14","Isabel  Cross","East","Majectic Beaut",2,28,56]
["2014-07-17","Felicia  Jennings","West","Carlota",1,22.95,22.95]
["2014-05-22","Edwin  Malone","East","V-Rang",1,18,18]
["2014-10-17","Ernest  Davis","West","Majectic Beaut",3,30,90]
["2014-10-05","Christy  Olson","West","Sunbell",3,25,75]
["2014-12-19","Herman  Williams","East","Sunbell",1,23,23]
["2014-06-22","Edwin  Malone","East","Sunshine",2,18.95,37.9]
["2014-11-16","Austin  Reynolds","East","Sunbell",2,23,46]
["2014-11-25","Marian  Hill","South","Doublers",3,77.95,233.85]
["2013-05-07","Tracy  Reed","MidWest","Bellen",1,22.95,22.95]
["2014-07-20","Cassandra  Franklin","MidWest","Crested Beaut",3,24,72]
["2013-04-20","Ruben  Nunez","West","Aspen",3,21,63]
["2014-12-02","Robert  Munoz","MidWest","Carlota",3,22.95,68.849999999999994]
["2013-12-18","Shari  Silva","South","Bellen",3,22.95,68.849999999999994]
["2014-03-29","Donna  Reid","West","Sunbell",3,25,75]
["2013-12-21","Ernest  Davis","West","Sunshine",3,19.95,59.85]
["2014-01-10","Max  Rodgers","West","Bellen",13,21.8,283.39999999999998]
["2013-12-11","Cecilia  Manning","South","Doublers",2,77.95,155.9]
["2013-08-07","Della  Jensen","East","Sunbell",3,23,69]
["2013-07-20","Jaime  Pearson","MidWest","Carlota",2,22.95,45.9]
["2014-01-05","Lorraine  Gibson","East","V-Rang",3,18,54]
["2013-09-09","Billie  Chandler","MidWest","Sunbell",1,24,24]
["2014-12-12","Isabel  Cross","East","Sunset",2,22.5,45]
["2014-11-26","Sylvester  Morales","West","Sunbell",1,25,25]
["2014-12-09","Fernando  Rowe","West","Quad",2,34,68]
["2014-11-04","Kyle  Carr","MidWest","Sunbell",3,24,72]
["2013-12-14","Della  Jensen","East","Carlota",2,21.95,43.9]
["2013-11-21","Ellen  Weaver","South","Sunbell",1,24,24]
["2014-12-13","Cassandra  Franklin","MidWest","Aspen",4,20,80]
["2014-11-26","Elvira  Bowman","MidWest","Crested Beaut",3,24,72]
["2013-11-23","Paulette  Spencer","South","Quad",3,33,99]
["2013-01-11","Marion  Glover","East","Majectic Beaut",2,28,56]
["2013-12-25","Lance  Yates","MidWest","Sunshine",3,19.95,59.85]
["2014-08-10","Ben  Perez","West","Bellen",3,22.95,68.849999999999994]
["2013-11-29","Christina  Fuller","West","Quad",1,34,34]
["2013-11-28","Bernadette  Page","MidWest","Bellen",2,22.95,45.9]
["2013-07-31","Eric  Rose","West","V-Rang",1,19,19]
["2014-12-22","Robert  Munoz","MidWest","Sunshine",1,19.95,19.95]
["2014-02-04","Cecilia  Manning","South","Aspen",11,19,209]
["2013-11-15","Andrew  Meyer","West","Quad",3,34,102]
["2013-11-16","Edwin  Malone","East","Bellen",2,21.95,43.9]
["2014-12-31","Salvador  Bass","West","Sunset",8,23.5,188]
["2013-11-02","Bernadette  Page","MidWest","Carlota",3,22.95,68.849999999999994]
["2014-11-07","Isabel  Cross","East","Quad",3,32,96]
["2014-09-13","Austin  Reynolds","East","Bellen",3,21.95,65.849999999999994]
["2013-12-17","Shari  Silva","South","Sunset",3,22.5,67.5]
["2013-02-14","Rachel  Gomez","MidWest","V-Rang",1,18,18]
["2013-11-13","Iris  Underwood","West","Doublers",3,79.95,239.85]
["2013-10-16","Robert  Munoz","MidWest","Aspen",3,20,60]
["2013-12-03","Rachel  Gomez","MidWest","Bellen",4,22.95,91.8]
["2013-11-01","Paulette  Spencer","South","V-Rang",1,18,18]
["2013-11-02","Charlie  Wood","MidWest","Carlota",2,22.95,45.9]
["2013-11-01","Ruben  Nunez","West","Aspen",2,21,42]
["2014-12-21","Pauline  Beck","West","Sunshine",3,19.95,59.85]
["2014-08-14","Tiffany  May","West","Sunbell",19,23.75,451.25]
["2014-11-22","Andrew  Meyer","West","Bellen",3,22.95,68.849999999999994]
["2014-12-24","Jenny  Garcia","MidWest","Aspen",3,20,60]
["2013-10-12","Paulette  Spencer","South","FlatTop",1,26.5,26.5]
["2014-11-29","Ellen  Weaver","South","Aspen",1,20,20]
["2014-11-25","Eddie  Green","East","Majectic Beaut",3,28,84]
["2013-12-22","Patty  Thompson","West","Crested Beaut",1,25,25]
["2014-11-24","Guillermo  Potter","MidWest","Sunset",3,23.5,70.5]
["2013-06-13","Mable  Lindsey","West","Carlota",4,22.95,91.8]
["2013-12-05","Guillermo  Potter","MidWest","V-Rang",2,18,36]
["2013-02-01","Drew  Rogers","MidWest","Quad",1,33,33]
["2014-12-25","Max  Rodgers","West","Quad",1,34,34]
["2013-03-04","Christina  Fuller","West","Bellen",10,22.95,229.5]
["2014-03-20","Jenny  Garcia","MidWest","Bellen",2,22.95,45.9]
["2014-04-12","Rachel  Gomez","MidWest","Carlota",3,22.95,68.849999999999994]
["2013-11-24","Rachel  Gomez","MidWest","FlatTop",2,27.5,55]
["2014-11-06","Kyle  Carr","MidWest","FlatTop",1,27.5,27.5]
["2014-12-06","Billie  Chandler","MidWest","Carlota",1,22.95,22.95]
["2014-11-03","Kyle  Carr","MidWest","Sunshine",3,19.95,59.85]
["2014-11-23","Max  Rodgers","West","Sunset",2,23.5,47]
["2013-11-01","Rachel  Gomez","MidWest","Crested Beaut",2,24,48]
["2014-11-24","Shari  Silva","South","V-Rang",2,18,36]
["2014-01-28","Tiffany  May","West","Bellen",2,22.95,45.9]
["2014-12-21","Cassandra  Franklin","MidWest","Bellen",2,22.95,45.9]
["2014-07-26","Tracy  Reed","MidWest","Sunset",1,23.5,23.5]
["2013-12-18","Isabel  Cross","East","Bellen",2,21.95,43.9]
["2014-12-31","Isabel  Cross","East","Aspen",2,19,38]
["2014-12-28","Lorraine  Gibson","East","Carlota",2,21.95,43.9]
["2014-06-08","Fernando  Rowe","West","Sunset",2,23.5,47]
["2014-11-06","Peter  Hodges","MidWest","Sunshine",1,19.95,19.95]
["2014-11-12","Della  Jensen","East","Carlota",3,21.95,65.849999999999994]
["2013-03-24","Patty  Thompson","West","Sunbell",2,25,50]
["2013-11-06","Willie  Vega","MidWest","Carlota",3,22.95,68.849999999999994]
["2013-01-11","Cassandra  Franklin","MidWest","FlatTop",2,27.5,55]
["2014-03-15","Della  Jensen","East","Sunset",1,22.5,22.5]
["2013-02-17","Rachel  Gomez","MidWest","Bellen",13,21.8,283.39999999999998]
["2014-11-12","Brooke  Horton","MidWest","Aspen",3,20,60]
["2013-09-02","Trevor  Jones","West","Sunshine",2,19.95,39.9]
["2013-05-22","Elaine  Ellis","South","Crested Beaut",13,22.8,296.39999999999998]
["2013-01-04","Christina  Fuller","West","Carlota",2,22.95,45.9]
["2014-09-04","Brooke  Horton","MidWest","Crested Beaut",3,24,72]
["2013-12-24","Willie  Vega","MidWest","Sunset",3,23.5,70.5]
["2013-12-19","Tiffany  May","West","Bellen",3,22.95,68.849999999999994]
["2014-12-14","Elbert  Klein","South","Carlota",2,22.95,45.9]
["2014-12-30","Shari  Silva","South","Bellen",2,22.95,45.9]
["2014-07-27","Elvira  Bowman","MidWest","Bellen",3,22.95,68.849999999999994]
["2014-11-22","Eddie  Green","East","Carlota",1,21.95,21.95]
["2013-11-02","Cindy  Becker","South","Sunshine",3,19.95,59.85]
["2014-11-06","Lorraine  Gibson","East","FlatTop",1,26.5,26.5]
["2013-12-11","Fernando  Rowe","West","Quad",2,34,68]
["2014-11-02","Della  Jensen","East","Carlota",2,21.95,43.9]
["2014-11-16","Bethany  Pena","MidWest","Sunbell",3,24,72]
["2014-12-01","Paulette  Spencer","South","Sunshine",1,19.95,19.95]
["2013-12-15","Jaime  Pearson","MidWest","Majectic Beaut",2,29,58]
["2014-11-06","Carla  Mccormick","MidWest","Quad",3,33,99]
["2014-11-29","Elaine  Ellis","South","Quad",20,31.35,627]
["2014-12-16","Dan  Peterson","MidWest","Sunset",2,23.5,47]
["2014-11-06","Cassandra  Franklin","MidWest","Majectic Beaut",3,29,87]
["2013-11-05","Johanna  Boone","South","Sunshine",3,19.95,59.85]
["2013-03-09","Cassandra  Franklin","MidWest","Sunbell",2,24,48]
["2014-11-15","Isabel  Cross","East","Sunset",24,21.38,513.12]
["2013-11-24","Shari  Silva","South","FlatTop",3,26.5,79.5]
["2014-11-28","Donna  Reid","West","Carlota",2,22.95,45.9]
["2014-05-13","Cindy  Becker","South","FlatTop",2,26.5,53]
["2013-12-14","Robert  Munoz","MidWest","Quad",2,33,66]
["2013-12-07","Joey  Wong","West","Carlota",1,22.95,22.95]
["2014-06-12","Andrew  Meyer","West","Bellen",2,22.95,45.9]
["2014-01-21","Isabel  Cross","East","Quad",2,32,64]
["2013-12-22","Rachel  Gomez","MidWest","Carlota",2,22.95,45.9]
["2014-12-27","Drew  Rogers","MidWest","Quad",3,33,99]
["2013-12-11","Mable  Lindsey","West","Sunbell",2,25,50]
["2014-12-10","Ruben  Nunez","West","Doublers",3,79.95,239.85]
["2013-12-25","Mable  Lindsey","West","Sunshine",3,19.95,59.85]
["2013-02-14","Bobbie  Ryan","East","Sunshine",1,18.95,18.95]
["2013-12-25","Lynette  Brewer","MidWest","Crested Beaut",1,24,24]
["2014-09-13","Jenny  Garcia","MidWest","FlatTop",1,27.5,27.5]
["2014-11-20","Cassandra  Franklin","MidWest","Majectic Beaut",21,27.55,578.54999999999995]
["2014-05-13","Iris  Underwood","West","V-Rang",3,19,57]
["2014-12-24","Peter  Hodges","MidWest","Sunset",1,23.5,23.5]
["2013-12-17","Bernadette  Page","MidWest","Carlota",3,22.95,68.849999999999994]
["2013-11-04","Andrew  Meyer","West","Sunshine",3,19.95,59.85]
["2013-01-16","Lula  Daniels","MidWest","Bellen",3,22.95,68.849999999999994]
["2014-05-31","Mable  Lindsey","West","Sunset",3,23.5,70.5]
["2013-11-02","Patty  Thompson","West","Carlota",3,22.95,68.849999999999994]
["2014-12-19","Isabel  Cross","East","Sunbell",3,23,69]
["2013-12-17","Lance  Yates","MidWest","Carlota",2,22.95,45.9]
["2013-12-18","Jaime  Pearson","MidWest","Sunset",1,23.5,23.5]
["2014-10-06","Andrew  Meyer","West","Carlota",2,22.95,45.9]
["2014-06-01","Austin  Reynolds","East","Crested Beaut",2,23,46]
["2013-09-25","Charlie  Wood","MidWest","Crested Beaut",2,24,48]
["2014-11-28","Cassandra  Franklin","MidWest","Sunset",3,23.5,70.5]
["2014-11-30","Felicia  Jennings","West","Majectic Beaut",21,28.5,598.5]
["2014-11-17","Ivan  Adkins","West","Sunset",24,22.33,535.91999999999996]
["2014-10-15","Cassandra  Franklin","MidWest","Sunbell",3,24,72]
["2014-12-19","Willie  Vega","MidWest","Bellen",2,22.95,45.9]
["2013-12-05","Billie  Chandler","MidWest","Quad",1,33,33]
["2014-09-25","Christy  Olson","West","Sunshine",3,19.95,59.85]
["2013-11-18","Felicia  Jennings","West","Sunshine",1,19.95,19.95]
["2014-12-18","Brooke  Horton","MidWest","Quad",2,33,66]
["2013-12-28","Joey  Wong","West","Sunshine",3,19.95,59.85]
["2014-12-14","Mable  Lindsey","West","Bellen",1,22.95,22.95]
["2013-11-01","Christina  Fuller","West","Bellen",2,22.95,45.9]
["2014-03-05","Lee  Mack","MidWest","Carlota",2,22.95,45.9]
["2013-12-17","Salvador  Bass","West","Quad",1,34,34]
["2014-11-28","Cassandra  Franklin","MidWest","Sunbell",4,24,96]
["2014-11-23","Christy  Olson","West","Bellen",3,22.95,68.849999999999994]
["2014-12-17","Patty  Thompson","West","Crested Beaut",1,25,25]
["2013-11-09","Charlie  Wood","MidWest","Carlota",3,22.95,68.849999999999994]
["2013-12-14","Marion  Glover","East","Sunset",3,22.5,67.5]
["2013-05-15","Edwin  Malone","East","Quad",2,32,64]
["2013-11-13","Mable  Lindsey","West","V-Rang",1,19,19]
["2013-11-05","Elbert  Klein","South","Bellen",1,22.95,22.95]
["2013-11-26","Jenny  Garcia","MidWest","Quad",3,33,99]
["2013-11-18","Kyle  Carr","MidWest","Crested Beaut",2,24,48]
["2013-11-09","Cassandra  Franklin","MidWest","Sunbell",3,24,72]
["2014-12-16","Max  Rodgers","West","Majectic Beaut",1,30,30]
["2013-04-28","Drew  Rogers","MidWest","V-Rang",3,18,54]
["2013-04-29","Jenny  Garcia","MidWest","Quad",1,33,33]
["2013-09-19","Della  Jensen","East","Sunset",1,22.5,22.5]
["2013-11-16","Robert  Munoz","MidWest","Sunbell",2,24,48]
["2014-12-21","Patty  Thompson","West","Quad",2,34,68]
["2013-11-22","Jenny  Garcia","MidWest","Bellen",2,22.95,45.9]
["2014-12-10","Kyle  Carr","MidWest","FlatTop",3,27.5,82.5]
["2013-12-12","Christina  Fuller","West","Carlota",2,22.95,45.9]
["2014-11-06","Della  Jensen","East","Quad",13,30.4,395.2]
["2014-11-30","Woodrow  Colon","South","Bellen",3,22.95,68.849999999999994]
["2013-11-29","Mable  Lindsey","West","Carlota",3,22.95,68.849999999999994]
["2014-11-14","Edwin  Malone","East","Quad",3,32,96]
["2014-09-13","Cecilia  Manning","South","Bellen",1,22.95,22.95]
["2014-11-28","Isabel  Cross","East","Quad",2,32,64]
["2013-11-14","Jenny  Garcia","MidWest","Quad",2,33,66]
["2013-11-21","Elbert  Klein","South","Carlota",3,22.95,68.849999999999994]
["2013-11-01","Colleen  Warren","West","Bellen",3,22.95,68.849999999999994]
["2014-11-11","Blake  Bridges","South","Sunshine",1,19.95,19.95]
["2013-11-13","Max  Rodgers","West","Bellen",1,22.95,22.95]
["2013-05-18","Cecilia  Manning","South","Quad",1,33,33]
["2014-11-20","Austin  Reynolds","East","Carlota",1,21.95,21.95]
["2013-11-03","Andrew  Meyer","West","Crested Beaut",2,25,50]
["2014-11-17","Kyle  Carr","MidWest","Quad",1,33,33]
["2014-02-17","Cecilia  Manning","South","Carlota",1,22.95,22.95]
["2014-09-21","Cindy  Becker","South","Majectic Beaut",2,29,58]
["2013-03-21","Sylvester  Morales","West","Sunshine",2,19.95,39.9]
["2014-11-13","Eric  Rose","West","Sunshine",4,19.95,79.8]
["2014-11-06","Colleen  Warren","West","Crested Beaut",3,25,75]
["2013-04-27","Arturo  Francis","East","Sunbell",2,23,46]
["2013-11-16","Nellie  Joseph","East","V-Rang",2,18,36]
["2013-12-19","Edwin  Malone","East","Sunbell",1,23,23]
["2013-11-22","Bobbie  Ryan","East","Sunshine",3,18.95,56.85]
["2013-12-08","Peter  Hodges","MidWest","Carlota",2,22.95,45.9]
["2014-12-04","Guillermo  Potter","MidWest","Quad",3,33,99]
["2013-12-19","Lynette  Brewer","MidWest","Quad",2,33,66]
["2013-11-18","Rachel  Gomez","MidWest","Quad",2,33,66]
["2014-11-27","Joey  Wong","West","V-Rang",21,18.05,379.05]
["2014-12-11","Bethany  Pena","MidWest","Sunshine",2,19.95,39.9]
["2013-11-10","Edwin  Malone","East","Sunbell",19,21.85,415.15]
["2013-11-18","Rachel  Gomez","MidWest","FlatTop",1,27.5,27.5]
["2013-11-18","Ernest  Davis","West","Aspen",3,21,63]
["2014-11-06","Sandra  Floyd","MidWest","Bellen",3,22.95,68.849999999999994]
["2013-08-06","Max  Rodgers","West","Carlota",2,22.95,45.9]
["2014-05-06","Cassandra  Franklin","MidWest","Quad",3,33,99]
["2013-09-28","Andrew  Meyer","West","Quad",1,34,34]
["2013-09-18","Felicia  Jennings","West","Sunshine",2,19.95,39.9]
["2014-11-13","Rachel  Gomez","MidWest","Aspen",3,20,60]
["2013-11-19","Lee  Mack","MidWest","Bellen",3,22.95,68.849999999999994]
["2014-12-12","Brooke  Horton","MidWest","FlatTop",2,27.5,55]
["2014-11-15","Jaime  Pearson","MidWest","Sunbell",4,24,96]
["2014-11-16","Brooke  Horton","MidWest","Quad",2,33,66]
["2013-11-17","Tiffany  May","West","Majectic Beaut",21,28.5,598.5]
["2013-04-18","Ruben  Nunez","West","Quad",2,34,68]
["2013-12-30","Lance  Yates","MidWest","Sunset",2,23.5,47]
["2013-06-11","Pauline  Beck","West","Carlota",2,22.95,45.9]
["2013-10-02","Kyle  Carr","MidWest","Majectic Beaut",2,29,58]
["2013-12-24","Nellie  Joseph","East","Crested Beaut",2,23,46]
["2014-11-12","Lee  Mack","MidWest","Bellen",2,22.95,45.9]
["2013-12-09","Sonya  Mullins","East","Quad",3,32,96]
["2014-11-09","Billie  Chandler","MidWest","Aspen",1,20,20]
["2014-12-31","Edwin  Malone","East","Sunshine",2,18.95,37.9]
["2013-12-27","Blake  Bridges","South","Sunshine",3,19.95,59.85]
["2014-03-06","Robert  Munoz","MidWest","Majectic Beaut",1,29,29]
["2013-01-06","Sylvester  Morales","West","Quad",1,34,34]
["2014-11-07","Ruben  Nunez","West","Aspen",2,21,42]
["2013-11-18","Eric  Rose","West","Majectic Beaut",2,30,60]
["2013-12-03","Max  Rodgers","West","Sunbell",2,25,50]
["2013-12-07","Iris  Underwood","West","FlatTop",2,27.5,55]
["2014-12-03","Billie  Chandler","MidWest","Bellen",3,22.95,68.849999999999994]
["2013-11-17","Robert  Munoz","MidWest","Bellen",2,22.95,45.9]
["2014-11-09","Salvador  Bass","West","Bellen",3,22.95,68.849999999999994]
["2013-12-02","Della  Jensen","East","Quad",14,30.4,425.6]
["2014-12-15","Eddie  Green","East","Crested Beaut",3,23,69]
["2013-01-11","Eric  Rose","West","FlatTop",3,27.5,82.5]
["2013-04-11","Donna  Reid","West","Bellen",4,22.95,91.8]
["2013-11-19","Dan  Peterson","MidWest","Bellen",1,22.95,22.95]
["2014-03-06","Patty  Thompson","West","Sunset",3,23.5,70.5]
["2014-12-31","Guillermo  Potter","MidWest","Sunset",3,23.5,70.5]
["2014-12-15","Ruben  Nunez","West","Quad",23,32.299999999999997,742.9]
["2013-12-09","Lynette  Brewer","MidWest","Quad",3,33,99]
["2014-11-12","Sandra  Floyd","MidWest","V-Rang",12,17.100000000000001,205.2]
["2014-06-25","Max  Rodgers","West","Bellen",2,22.95,45.9]
["2013-12-13","Rachel  Gomez","MidWest","Aspen",1,20,20]
["2014-02-10","Iris  Underwood","West","Majectic Beaut",2,30,60]
["2013-11-19","Billie  Chandler","MidWest","Bellen",2,22.95,45.9]
["2014-07-29","Della  Jensen","East","V-Rang",2,18,36]
["2013-11-24","Cassandra  Franklin","MidWest","Crested Beaut",3,24,72]
["2013-11-25","Max  Rodgers","West","Sunshine",1,19.95,19.95]
["2013-12-14","Lula  Daniels","MidWest","Sunset",3,23.5,70.5]
["2013-11-18","Bobbie  Ryan","East","Sunbell",2,23,46]
["2014-11-26","Dan  Peterson","MidWest","Carlota",2,22.95,45.9]
["2013-11-13","Donna  Reid","West","Aspen",2,21,42]
["2014-11-13","Ruben  Nunez","West","Sunbell",4,25,100]
["2014-12-05","Woodrow  Colon","South","Sunbell",2,24,48]
["2014-07-13","Jenny  Garcia","MidWest","Carlota",2,22.95,45.9]
["2014-12-09","Pauline  Beck","West","Majectic Beaut",1,30,30]
["2014-11-21","Cindy  Becker","South","Bellen",1,22.95,22.95]
["2013-11-30","Austin  Reynolds","East","Aspen",1,19,19]
["2013-11-07","Max  Rodgers","West","Quad",1,34,34]
["2014-09-07","Allan  Ramos","MidWest","FlatTop",1,27.5,27.5]
["2013-12-16","Elbert  Klein","South","Sunshine",2,19.95,39.9]
["2013-12-15","Fernando  Rowe","West","Quad",2,34,68]
["2014-11-11","Pauline  Beck","West","Sunbell",2,25,50]
["2013-11-29","Charlie  Wood","MidWest","Majectic Beaut",3,29,87]
["2013-12-02","Ernest  Davis","West","Sunshine",3,19.95,59.85]
["2014-12-02","Eddie  Green","East","Sunset",2,22.5,45]
["2013-11-23","Peter  Hodges","MidWest","Sunshine",3,19.95,59.85]
["2014-05-08","Tracy  Reed","MidWest","Carlota",3,22.95,68.849999999999994]
["2013-11-29","Charlie  Wood","MidWest","Carlota",3,22.95,68.849999999999994]
["2013-04-15","Salvador  Bass","West","Quad",3,34,102]
["2013-12-02","Pauline  Beck","West","Aspen",2,21,42]
["2013-05-14","Paulette  Spencer","South","Sunbell",3,24,72]
["2013-03-24","Mable  Lindsey","West","Sunbell",17,23.75,403.75]
["2013-11-04","Brooke  Horton","MidWest","V-Rang",3,18,54]
["2014-11-03","Billie  Chandler","MidWest","Bellen",1,22.95,22.95]
["2014-08-11","Allan  Ramos","MidWest","Sunset",3,23.5,70.5]
["2013-03-13","Cecilia  Manning","South","Bellen",2,22.95,45.9]
["2013-12-16","Christina  Fuller","West","V-Rang",1,19,19]
["2013-12-03","Shari  Silva","South","Quad",1,33,33]
["2013-12-20","Max  Rodgers","West","Carlota",12,21.8,261.60000000000002]
["2014-12-13","Shari  Silva","South","Majectic Beaut",18,27.55,495.9]
["2013-04-27","Kyle  Carr","MidWest","Sunbell",3,24,72]
["2014-11-08","Ben  Perez","West","Doublers",3,79.95,239.85]
["2014-11-30","Lula  Daniels","MidWest","Sunbell",2,24,48]
["2014-07-14","Tiffany  May","West","Majectic Beaut",1,30,30]
["2014-12-06","Isabel  Cross","East","Aspen",1,19,19]
["2013-05-16","Felicia  Jennings","West","Aspen",3,21,63]
["2014-12-23","Bobbie  Ryan","East","Sunbell",3,23,69]
["2014-12-06","Ivan  Adkins","West","V-Rang",3,19,57]
["2014-12-09","Eddie  Green","East","V-Rang",3,18,54]
["2014-07-28","Rachel  Gomez","MidWest","Bellen",2,22.95,45.9]
["2013-04-14","Shari  Silva","South","Doublers",2,77.95,155.9]
["2014-12-28","Bethany  Pena","MidWest","Doublers",2,79.95,159.9]
["2014-12-08","Blake  Bridges","South","Sunshine",3,19.95,59.85]
["2014-01-27","Joey  Wong","West","FlatTop",1,27.5,27.5]
["2013-11-30","Elaine  Ellis","South","Carlota",3,22.95,68.849999999999994]
["2014-12-13","Carla  Mccormick","MidWest","Carlota",1,22.95,22.95]
["2013-06-07","Cassandra  Franklin","MidWest","Sunshine",2,19.95,39.9]
["2014-12-11","Andrew  Meyer","West","Bellen",4,22.95,91.8]
["2014-12-30","Sandra  Floyd","MidWest","Quad",3,33,99]
["2013-12-29","Della  Jensen","East","Aspen",1,19,19]
["2013-02-08","Donna  Reid","West","Carlota",2,22.95,45.9]
["2014-12-26","Nellie  Joseph","East","Doublers",3,75.95,227.85]
["2014-12-22","Bethany  Pena","MidWest","Sunshine",2,19.95,39.9]
["2014-12-13","Eric  Rose","West","Sunbell",1,25,25]
["2013-12-15","Jaime  Pearson","MidWest","FlatTop",2,27.5,55]
["2013-12-02","Billie  Chandler","MidWest","Sunshine",2,19.95,39.9]
["2013-11-16","Austin  Reynolds","East","Crested Beaut",3,23,69]
["2013-12-28","Beth  Tucker","West","Sunbell",3,25,75]
["2014-06-22","Colleen  Warren","West","Bellen",2,22.95,45.9]
["2013-12-20","Charlie  Wood","MidWest","Quad",1,33,33]
["2014-03-14","Ruben  Nunez","West","Sunbell",3,25,75]
["2013-11-22","Willie  Vega","MidWest","Majectic Beaut",2,29,58]
["2014-09-10","Sylvester  Morales","West","Doublers",11,75.95,835.45]
["2013-11-27","Beth  Tucker","West","Bellen",2,22.95,45.9]
["2014-11-20","Tiffany  May","West","Carlota",1,22.95,22.95]
["2013-12-27","Christy  Olson","West","Quad",3,34,102]
["2014-07-29","Ellen  Weaver","South","Majectic Beaut",3,29,87]
["2014-07-13","Don  Gonzales","South","Sunbell",3,24,72]
["2013-12-15","Christy  Olson","West","Quad",1,34,34]
["2013-12-13","Brooke  Horton","MidWest","Quad",1,33,33]
["2013-01-07","Trevor  Jones","West","Majectic Beaut",1,30,30]
["2013-02-01","Max  Rodgers","West","Sunbell",1,25,25]
["2014-02-15","Colleen  Warren","West","Bellen",1,22.95,22.95]
["2014-11-28","Isabel  Cross","East","Aspen",3,19,57]
["2013-10-25","Christina  Fuller","West","Sunshine",3,19.95,59.85]
["2014-08-20","Beth  Tucker","West","Bellen",2,22.95,45.9]
["2013-12-06","Cecilia  Manning","South","Sunshine",2,19.95,39.9]
["2014-11-20","Salvador  Bass","West","Quad",3,34,102]
["2013-11-05","Cindy  Becker","South","Carlota",21,21.8,457.8]
["2013-09-26","Lula  Daniels","MidWest","Quad",3,33,99]
["2014-11-04","Mable  Lindsey","West","Bellen",2,22.95,45.9]
["2014-12-20","Drew  Rogers","MidWest","Sunbell",3,24,72]
["2013-12-12","Cecilia  Manning","South","Sunshine",2,19.95,39.9]
["2013-03-07","Rachel  Gomez","MidWest","Sunshine",16,18.95,303.2]
["2013-09-12","Max  Rodgers","West","Bellen",3,22.95,68.849999999999994]
["2014-09-03","Max  Rodgers","West","Aspen",2,21,42]
["2013-11-11","Eric  Rose","West","Bellen",3,22.95,68.849999999999994]
["2013-11-30","Nellie  Joseph","East","Carlota",1,21.95,21.95]
["2013-02-03","Cindy  Becker","South","Carlota",1,22.95,22.95]
["2014-12-10","Iris  Underwood","West","Crested Beaut",3,25,75]
["2013-04-26","Max  Rodgers","West","Crested Beaut",1,25,25]
["2014-12-16","Billie  Chandler","MidWest","Sunshine",1,19.95,19.95]
["2014-12-15","Mable  Lindsey","West","Carlota",3,22.95,68.849999999999994]
["2013-11-28","Isabel  Cross","East","Sunset",2,22.5,45]
["2014-05-04","Andrew  Meyer","West","Quad",2,34,68]
["2014-11-17","Jaime  Pearson","MidWest","Carlota",3,22.95,68.849999999999994]
["2014-07-24","Iris  Underwood","West","Quad",3,34,102]
["2014-11-22","Bernadette  Page","MidWest","Sunbell",3,24,72]
["2013-11-30","Joey  Wong","West","Aspen",2,21,42]
["2013-11-06","Jaime  Pearson","MidWest","Aspen",3,20,60]
["2014-11-29","Lynette  Brewer","MidWest","V-Rang",1,18,18]
["2014-11-16","Rachel  Gomez","MidWest","Sunset",2,23.5,47]
["2014-10-09","Guillermo  Potter","MidWest","Crested Beaut",2,24,48]
["2013-12-09","Fernando  Rowe","West","Aspen",3,21,63]
["2013-12-10","Felicia  Jennings","West","Sunshine",3,19.95,59.85]
["2014-12-26","Brooke  Horton","MidWest","Majectic Beaut",23,27.55,633.65]
["2014-12-28","Elvira  Bowman","MidWest","Aspen",2,20,40]
["2013-12-17","Cassandra  Franklin","MidWest","Sunshine",3,19.95,59.85]
["2013-12-03","Bobbie  Ryan","East","FlatTop",2,26.5,53]
["2013-04-27","Paulette  Spencer","South","Sunshine",1,19.95,19.95]
["2014-03-18","Christy  Olson","West","Bellen",1,22.95,22.95]
["2013-11-17","Lance  Yates","MidWest","Quad",2,33,66]
["2013-12-27","Beth  Tucker","West","Majectic Beaut",2,30,60]
["2013-11-18","Robert  Munoz","MidWest","Sunshine",2,19.95,39.9]
["2014-12-25","Lance  Yates","MidWest","Sunshine",2,19.95,39.9]
["2013-12-26","Della  Jensen","East","Carlota",3,21.95,65.849999999999994]
["2013-06-09","Lance  Yates","MidWest","Aspen",3,20,60]
["2013-12-29","Della  Jensen","East","Bellen",2,21.95,43.9]
["2014-12-14","Cecilia  Manning","South","FlatTop",3,26.5,79.5]
["2014-10-06","Kyle  Carr","MidWest","Quad",1,33,33]
["2013-10-19","Mable  Lindsey","West","Sunset",3,23.5,70.5]
["2013-11-03","Elvira  Bowman","MidWest","Sunset",2,23.5,47]
["2014-12-31","Isabel  Cross","East","Quad",1,32,32]
["2013-11-28","Isabel  Cross","East","FlatTop",19,25.18,478.42]
["2013-08-19","Rachel  Gomez","MidWest","Sunbell",2,24,48]
["2014-09-09","Elaine  Ellis","South","Carlota",1,22.95,22.95]
["2014-09-10","Patty  Thompson","West","Bellen",2,22.95,45.9]
["2014-12-25","Billie  Chandler","MidWest","Sunbell",3,24,72]
["2014-11-26","Trevor  Jones","West","Quad",4,34,136]
["2014-03-18","Pauline  Beck","West","Carlota",1,22.95,22.95]
["2013-05-10","Edwin  Malone","East","Sunbell",3,23,69]
["2013-12-10","Kyle  Carr","MidWest","Sunset",3,23.5,70.5]
["2013-02-11","Herman  Williams","East","Doublers",1,75.95,75.95]
["2014-10-17","Christina  Fuller","West","Quad",2,34,68]
["2014-11-10","Joey  Wong","West","Sunset",3,23.5,70.5]
["2013-03-17","Christy  Olson","West","Quad",2,34,68]
["2013-12-16","Salvador  Bass","West","Sunset",1,23.5,23.5]
["2013-01-23","Mable  Lindsey","West","Aspen",23,19.95,458.85]
["2014-07-04","Della  Jensen","East","Bellen",2,21.95,43.9]
["2014-11-02","Brooke  Horton","MidWest","Crested Beaut",1,24,24]
["2014-11-27","Charlie  Wood","MidWest","Carlota",3,22.95,68.849999999999994]
["2013-11-14","Drew  Rogers","MidWest","Bellen",2,22.95,45.9]
["2014-04-22","Arturo  Francis","East","Sunset",4,22.5,90]
["2013-12-25","Patty  Thompson","West","Bellen",3,22.95,68.849999999999994]
["2013-12-24","Sylvester  Morales","West","Quad",2,34,68]
["2013-01-02","Trevor  Jones","West","Majectic Beaut",4,30,120]
["2013-12-04","Willie  Vega","MidWest","Sunshine",3,19.95,59.85]
["2014-11-29","Max  Rodgers","West","V-Rang",3,19,57]
["2013-12-17","Brooke  Horton","MidWest","Bellen",2,22.95,45.9]
["2013-12-03","Beth  Tucker","West","V-Rang",2,19,38]
["2014-07-23","Drew  Rogers","MidWest","Crested Beaut",3,24,72]
["2013-03-27","Jenny  Garcia","MidWest","Carlota",2,22.95,45.9]
["2013-11-10","Drew  Rogers","MidWest","Sunbell",3,24,72]
["2013-05-15","Paulette  Spencer","South","Sunshine",24,18.95,454.8]
["2013-11-01","Colleen  Warren","West","Quad",3,34,102]
["2014-12-08","Jenny  Garcia","MidWest","Quad",3,33,99]
["2013-11-10","Patty  Thompson","West","Sunset",3,23.5,70.5]
["2013-11-21","Bobbie  Ryan","East","Sunbell",3,23,69]
["2014-10-09","Christina  Fuller","West","Sunbell",3,25,75]
["2013-12-06","Robert  Munoz","MidWest","Quad",3,33,99]
["2014-11-28","Rachel  Gomez","MidWest","Sunshine",2,19.95,39.9]
["2014-11-13","Ruben  Nunez","West","Carlota",20,21.8,436]
["2013-05-14","Elvira  Bowman","MidWest","Quad",2,33,66]
["2014-08-21","Peter  Hodges","MidWest","Bellen",2,22.95,45.9]
["2013-01-19","Mable  Lindsey","West","Bellen",3,22.95,68.849999999999994]
["2014-12-03","Cecilia  Manning","South","Crested Beaut",5,24,120]
["2014-03-15","Kyle  Carr","MidWest","Bellen",2,22.95,45.9]
["2014-12-22","Ruben  Nunez","West","Bellen",2,22.95,45.9]
["2014-12-17","Kyle  Carr","MidWest","Sunshine",2,19.95,39.9]
["2014-11-06","Elvira  Bowman","MidWest","Carlota",3,22.95,68.849999999999994]
["2014-12-29","Jenny  Garcia","MidWest","Sunset",1,23.5,23.5]
["2013-12-28","Elaine  Ellis","South","Sunshine",2,19.95,39.9]
["2014-06-18","Shari  Silva","South","V-Rang",2,18,36]
["2013-12-22","Shari  Silva","South","Sunshine",1,19.95,19.95]
["2013-12-28","Mable  Lindsey","West","Carlota",3,22.95,68.849999999999994]
["2014-11-10","Lorraine  Gibson","East","Crested Beaut",3,23,69]
["2013-11-17","Drew  Rogers","MidWest","FlatTop",3,27.5,82.5]
["2013-12-07","Guillermo  Potter","MidWest","Carlota",16,21.8,348.8]
["2013-11-27","Cindy  Becker","South","Sunbell",2,24,48]
["2013-12-26","Cassandra  Franklin","MidWest","Carlota",4,22.95,91.8]
["2014-06-28","Isabel  Cross","East","Sunshine",2,18.95,37.9]
["2014-11-17","Joey  Wong","West","Aspen",2,21,42]
["2013-11-21","Kyle  Carr","MidWest","Carlota",2,22.95,45.9]
["2014-04-14","Rachel  Gomez","MidWest","Sunshine",1,19.95,19.95]
["2014-12-18","Christina  Fuller","West","Aspen",3,21,63]
["2013-11-12","Lynette  Brewer","MidWest","Crested Beaut",2,24,48]
["2014-03-05","Drew  Rogers","MidWest","Crested Beaut",1,24,24]
["2014-09-27","Patty  Thompson","West","V-Rang",1,19,19]
["2013-11-12","Mable  Lindsey","West","Carlota",1,22.95,22.95]
["2013-12-10","Shari  Silva","South","Aspen",2,20,40]
["2014-11-04","Drew  Rogers","MidWest","Sunbell",1,24,24]
["2014-12-28","Cassandra  Franklin","MidWest","FlatTop",12,26.13,313.56]
["2014-01-16","Patty  Thompson","West","Quad",2,34,68]
["2013-11-25","Salvador  Bass","West","Crested Beaut",1,25,25]
["2013-12-15","Cecilia  Manning","South","Sunshine",1,19.95,19.95]
["2013-11-01","Cindy  Becker","South","Sunshine",2,19.95,39.9]
["2014-07-13","Christy  Olson","West","Sunset",3,23.5,70.5]
["2014-11-16","Eddie  Green","East","Sunset",1,22.5,22.5]
["2014-11-01","Cecilia  Manning","South","Aspen",1,20,20]
["2014-12-30","Mable  Lindsey","West","Sunbell",2,25,50]
["2014-11-13","Iris  Underwood","West","V-Rang",1,19,19]
["2014-01-15","Joey  Wong","West","V-Rang",1,19,19]
["2014-12-29","Shari  Silva","South","Bellen",2,22.95,45.9]
["2014-11-29","Paulette  Spencer","South","Quad",2,33,66]
["2013-11-15","Dan  Peterson","MidWest","Bellen",1,22.95,22.95]
["2013-12-12","Isabel  Cross","East","Sunshine",1,18.95,18.95]
["2014-05-20","Max  Rodgers","West","Majectic Beaut",2,30,60]
["2014-11-25","Trevor  Jones","West","Quad",2,34,68]
["2013-12-05","Marion  Glover","East","Carlota",3,21.95,65.849999999999994]
["2014-09-02","Lee  Mack","MidWest","Crested Beaut",1,24,24]
["2013-01-18","Robert  Munoz","MidWest","Crested Beaut",2,24,48]
["2014-12-23","Joey  Wong","West","V-Rang",1,19,19]
["2014-05-25","Elvira  Bowman","MidWest","Sunset",2,23.5,47]
["2014-11-15","Brooke  Horton","MidWest","Quad",2,33,66]
["2014-12-10","Jenny  Garcia","MidWest","Quad",2,33,66]
["2014-11-22","Della  Jensen","East","Aspen",2,19,38]
["2014-03-23","Donna  Reid","West","Quad",17,32.299999999999997,549.1]
["2014-11-22","Kyle  Carr","MidWest","Quad",1,33,33]
["2013-11-01","Tracy  Reed","MidWest","Sunset",4,23.5,94]
["2013-12-17","Cecilia  Manning","South","Bellen",3,22.95,68.849999999999994]
["2013-11-16","Rachel  Gomez","MidWest","V-Rang",3,18,54]
["2013-04-19","Della  Jensen","East","Quad",15,30.4,456]
["2013-11-15","Cassandra  Franklin","MidWest","Crested Beaut",3,24,72]
["2013-12-10","Ernest  Davis","West","Majectic Beaut",3,30,90]
["2014-12-09","Salvador  Bass","West","Bellen",2,22.95,45.9]
["2013-11-28","Isabel  Cross","East","Majectic Beaut",1,28,28]
["2014-12-06","Ruben  Nunez","West","Sunshine",2,19.95,39.9]
["2013-11-04","Brooke  Horton","MidWest","Quad",2,33,66]
["2013-12-09","Brooke  Horton","MidWest","Sunbell",2,24,48]
["2013-12-13","Iris  Underwood","West","Sunbell",3,25,75]
["2013-04-05","Lynette  Brewer","MidWest","Sunset",2,23.5,47]
["2014-12-14","Jaime  Pearson","MidWest","Sunshine",4,19.95,79.8]
["2013-04-10","Cindy  Becker","South","Bellen",1,22.95,22.95]
["2013-11-08","Cecilia  Manning","South","Sunset",4,22.5,90]
["2014-03-12","Rachel  Gomez","MidWest","Sunshine",1,19.95,19.95]
["2014-03-25","Elvira  Bowman","MidWest","Majectic Beaut",2,29,58]
["2013-12-10","Cindy  Becker","South","Carlota",2,22.95,45.9]
["2013-12-23","Rachel  Gomez","MidWest","Majectic Beaut",4,29,116]
["2014-10-03","Blake  Bridges","South","Crested Beaut",2,24,48]
["2013-12-22","Marion  Glover","East","Bellen",3,21.95,65.849999999999994]
["2013-12-05","Nellie  Joseph","East","Carlota",2,21.95,43.9]
["2014-11-24","Elvira  Bowman","MidWest","Quad",1,33,33]
["2014-11-18","Rachel  Gomez","MidWest","Crested Beaut",2,24,48]
["2013-11-13","Ivan  Adkins","West","Crested Beaut",2,25,50]
["2013-12-17","Eric  Rose","West","Aspen",1,21,21]
["2013-12-13","Bobbie  Ryan","East","Sunshine",3,18.95,56.85]
["2013-04-29","Rachel  Gomez","MidWest","Crested Beaut",4,24,96]
["2014-12-24","Shari  Silva","South","Carlota",1,22.95,22.95]
["2014-03-12","Edwin  Malone","East","Carlota",2,21.95,43.9]
["2014-11-18","Tracy  Reed","MidWest","Quad",2,33,66]
["2013-11-03","Peter  Hodges","MidWest","Crested Beaut",2,24,48]
["2013-11-15","Mable  Lindsey","West","Sunset",1,23.5,23.5]
["2013-03-11","Mable  Lindsey","West","Carlota",3,22.95,68.849999999999994]
["2014-11-21","Joey  Wong","West","Sunbell",2,25,50]
["2014-11-29","Shari  Silva","South","Doublers",3,77.95,233.85]
["2014-12-29","Trevor  Jones","West","Sunshine",1,19.95,19.95]
["2013-12-08","Shari  Silva","South","Carlota",2,22.95,45.9]
["2014-08-17","Nellie  Joseph","East","Crested Beaut",1,23,23]
["2013-11-23","Jenny  Garcia","MidWest","Sunshine",2,19.95,39.9]
["2014-11-21","Charlie  Wood","MidWest","Doublers",2,79.95,159.9]
["2013-11-18","Marian  Hill","South","Sunbell",2,24,48]
["2013-08-11","Allan  Ramos","MidWest","Crested Beaut",2,24,48]
["2013-11-06","Johanna  Boone","South","Sunbell",2,24,48]
["2013-10-06","Patty  Thompson","West","Crested Beaut",3,25,75]
["2013-12-03","Eric  Rose","West","Crested Beaut",2,25,50]
["2013-12-19","Bethany  Pena","MidWest","Aspen",3,20,60]
["2014-10-17","Andrew  Meyer","West","Bellen",13,21.8,283.39999999999998]
["2014-11-24","Colleen  Warren","West","Bellen",3,22.95,68.849999999999994]
["2014-12-14","Herman  Williams","East","Majectic Beaut",3,28,84]
["2014-12-05","Max  Rodgers","West","Carlota",2,22.95,45.9]
["2013-11-06","Austin  Reynolds","East","Quad",2,32,64]
["2013-12-25","Nellie  Joseph","East","Bellen",2,21.95,43.9]
["2014-12-21","Arturo  Francis","East","Quad",1,32,32]
["2013-11-10","Herman  Williams","East","Majectic Beaut",2,28,56]
["2013-11-11","Austin  Reynolds","East","Carlota",2,21.95,43.9]
["2013-11-07","Christy  Olson","West","Sunset",2,23.5,47]
["2013-12-18","Ernest  Davis","West","Bellen",2,22.95,45.9]
["2014-11-29","Max  Rodgers","West","Doublers",18,75.95,1367.1]
["2014-11-02","Herman  Williams","East","Sunbell",3,23,69]
["2014-11-02","Cindy  Becker","South","Doublers",1,77.95,77.95]
["2014-12-15","Pauline  Beck","West","Carlota",3,22.95,68.849999999999994]
["2014-12-02","Iris  Underwood","West","FlatTop",2,27.5,55]
["2013-11-06","Rachel  Gomez","MidWest","Sunset",8,23.5,188]
["2013-12-13","Eric  Rose","West","Carlota",3,22.95,68.849999999999994]
["2013-11-15","Andrew  Meyer","West","Sunbell",2,25,50]
["2013-11-26","Eric  Rose","West","Bellen",3,22.95,68.849999999999994]
["2013-12-02","Patty  Thompson","West","Aspen",2,21,42]
["2014-11-26","Ernest  Davis","West","Sunset",2,23.5,47]
["2014-12-10","Cindy  Becker","South","Carlota",3,22.95,68.849999999999994]
["2013-12-10","Felicia  Jennings","West","V-Rang",2,19,38]
["2014-11-17","Ruben  Nunez","West","Quad",2,34,68]
["2014-03-13","Bernadette  Page","MidWest","Sunshine",3,19.95,59.85]
["2013-07-11","Mable  Lindsey","West","Bellen",2,22.95,45.9]
["2013-11-06","Eric  Rose","West","Bellen",2,22.95,45.9]
["2013-11-25","Ellen  Weaver","South","Quad",2,33,66]
["2013-12-19","Mable  Lindsey","West","Majectic Beaut",2,30,60]
["2014-04-30","Don  Gonzales","South","Bellen",1,22.95,22.95]
["2013-02-21","Woodrow  Colon","South","FlatTop",3,26.5,79.5]
["2014-08-25","Jenny  Garcia","MidWest","Bellen",22,21.8,479.6]
["2014-11-10","Tiffany  May","West","Sunshine",12,18.95,227.4]
["2013-06-03","Austin  Reynolds","East","Carlota",1,21.95,21.95]
["2014-11-24","Paulette  Spencer","South","Sunbell",1,24,24]
["2013-12-07","Della  Jensen","East","Bellen",1,21.95,21.95]
["2013-12-14","Salvador  Bass","West","Bellen",3,22.95,68.849999999999994]
["2014-11-21","Salvador  Bass","West","Sunbell",2,25,50]
["2014-12-03","Tiffany  May","West","Quad",2,34,68]
["2014-03-22","Donna  Reid","West","Sunbell",11,23.75,261.25]
["2014-12-06","Blake  Bridges","South","Quad",4,33,132]
["2013-11-29","Donna  Reid","West","Carlota",1,22.95,22.95]
["2013-11-19","Brooke  Horton","MidWest","Doublers",2,79.95,159.9]
["2014-04-10","Brooke  Horton","MidWest","Quad",1,33,33]
["2014-12-15","Tracy  Reed","MidWest","Sunset",13,22.33,290.29000000000002]
["2013-07-27","Eddie  Green","East","Quad",2,32,64]
["2014-11-23","Isabel  Cross","East","Sunbell",1,23,23]
["2013-11-19","Rachel  Gomez","MidWest","FlatTop",2,27.5,55]
["2013-01-17","Salvador  Bass","West","Quad",2,34,68]
["2013-11-12","Salvador  Bass","West","Crested Beaut",1,25,25]
["2014-02-24","Salvador  Bass","West","Sunbell",4,25,100]
["2013-12-03","Charlie  Wood","MidWest","Bellen",2,22.95,45.9]
["2014-11-14","Jaime  Pearson","MidWest","Sunshine",3,19.95,59.85]
["2013-11-19","Shari  Silva","South","Sunset",3,22.5,67.5]
["2014-12-05","Fernando  Rowe","West","Sunshine",1,19.95,19.95]
["2013-12-15","Isabel  Cross","East","Bellen",3,21.95,65.849999999999994]
["2013-12-27","Cassandra  Franklin","MidWest","Crested Beaut",3,24,72]
["2013-07-11","Fernando  Rowe","West","Doublers",3,79.95,239.85]
["2013-11-22","Rachel  Gomez","MidWest","Sunbell",1,24,24]
["2014-11-25","Edwin  Malone","East","Aspen",1,19,19]
["2014-11-23","Elaine  Ellis","South","Carlota",1,22.95,22.95]
["2014-11-04","Shari  Silva","South","Sunbell",1,24,24]
["2014-09-20","Salvador  Bass","West","Sunbell",3,25,75]
["2014-11-19","Elaine  Ellis","South","Bellen",2,22.95,45.9]
["2014-12-13","Jaime  Pearson","MidWest","Carlota",2,22.95,45.9]
["2013-12-01","Kyle  Carr","MidWest","Crested Beaut",1,24,24]
["2014-01-31","Billie  Chandler","MidWest","Aspen",1,20,20]
["2014-12-24","Iris  Underwood","West","Aspen",3,21,63]
["2014-11-08","Fernando  Rowe","West","V-Rang",1,19,19]
["2013-12-10","Trevor  Jones","West","Sunset",1,23.5,23.5]
["2014-11-01","Robert  Munoz","MidWest","Bellen",2,22.95,45.9]
["2014-12-19","Andrew  Meyer","West","Bellen",3,22.95,68.849999999999994]
["2014-11-29","Andrew  Meyer","West","Crested Beaut",2,25,50]
["2014-12-08","Carla  Mccormick","MidWest","V-Rang",1,18,18]
["2014-11-29","Don  Gonzales","South","Carlota",2,22.95,45.9]
["2013-11-12","Eric  Rose","West","Aspen",3,21,63]
["2013-11-15","Elbert  Klein","South","Carlota",2,22.95,45.9]
["2013-12-24","Paulette  Spencer","South","Bellen",2,22.95,45.9]
["2014-05-12","Edwin  Malone","East","Quad",1,32,32]
["2013-11-25","Willie  Vega","MidWest","Sunset",1,23.5,23.5]
["2013-12-30","Robert  Munoz","MidWest","FlatTop",1,27.5,27.5]
["2014-12-11","Trevor  Jones","West","Majectic Beaut",3,30,90]
["2013-12-08","Sandra  Floyd","MidWest","Quad",4,33,132]
["2014-11-23","Elvira  Bowman","MidWest","Aspen",3,20,60]
["2014-02-21","Cindy  Becker","South","Crested Beaut",5,24,120]
["2013-12-13","Allan  Ramos","MidWest","Carlota",2,22.95,45.9]
["2013-12-19","Isabel  Cross","East","Bellen",3,21.95,65.849999999999994]
["2014-11-11","Cassandra  Franklin","MidWest","Quad",3,33,99]
["2014-11-17","Max  Rodgers","West","Carlota",2,22.95,45.9]
["2014-12-11","Della  Jensen","East","Bellen",1,21.95,21.95]
["2013-06-13","Eddie  Green","East","Sunset",2,22.5,45]
["2013-11-03","Drew  Rogers","MidWest","Quad",2,33,66]
["2014-12-18","Tiffany  May","West","Crested Beaut",3,25,75]
["2013-12-20","Charlie  Wood","MidWest","Sunbell",2,24,48]
["2013-11-02","Nellie  Joseph","East","Bellen",2,21.95,43.9]
["2014-11-16","Salvador  Bass","West","Majectic Beaut",3,30,90]
["2014-12-08","Cecilia  Manning","South","Bellen",10,22.95,229.5]
["2013-11-28","Lorraine  Gibson","East","Sunshine",3,18.95,56.85]
["2014-12-11","Cindy  Becker","South","Aspen",1,20,20]
["2013-12-11","Nellie  Joseph","East","Majectic Beaut",2,28,56]
["2013-06-03","Isabel  Cross","East","Sunset",14,21.38,299.32]
["2014-01-22","Carla  Mccormick","MidWest","Majectic Beaut",2,29,58]
["2013-10-10","Brooke  Horton","MidWest","Sunset",3,23.5,70.5]
["2013-02-22","Charlie  Wood","MidWest","Aspen",13,19,247]
["2014-07-11","Carla  Mccormick","MidWest","Majectic Beaut",1,29,29]
["2013-11-16","Mable  Lindsey","West","Bellen",1,22.95,22.95]
["2013-06-22","Edwin  Malone","East","Carlota",1,21.95,21.95]
["2014-05-14","Drew  Rogers","MidWest","Crested Beaut",24,22.8,547.20000000000005]
["2013-12-19","Bethany  Pena","MidWest","FlatTop",3,27.5,82.5]
["2013-11-28","Isabel  Cross","East","Majectic Beaut",2,28,56]
["2013-12-20","Rachel  Gomez","MidWest","Aspen",1,20,20]
["2014-12-04","Brooke  Horton","MidWest","Quad",9,33,297]
["2014-08-15","Eric  Rose","West","Majectic Beaut",3,30,90]
["2014-09-18","Sandra  Floyd","MidWest","Bellen",3,22.95,68.849999999999994]
["2014-11-07","Bobbie  Ryan","East","Bellen",1,21.95,21.95]
["2013-11-01","Joey  Wong","West","Quad",2,34,68]
["2014-11-13","Isabel  Cross","East","Sunset",2,22.5,45]
["2014-03-14","Paulette  Spencer","South","Sunbell",2,24,48]
["2014-12-16","Ben  Perez","West","Quad",2,34,68]
["2014-10-11","Elaine  Ellis","South","V-Rang",9,18,162]
["2013-12-19","Elvira  Bowman","MidWest","Sunset",12,22.33,267.95999999999998]
["2014-12-15","Christina  Fuller","West","Majectic Beaut",1,30,30]
["2014-12-06","Max  Rodgers","West","Doublers",3,79.95,239.85]
["2014-11-26","Elvira  Bowman","MidWest","Quad",13,31.35,407.55]
["2014-11-12","Elbert  Klein","South","Quad",2,33,66]
["2013-12-13","Isabel  Cross","East","Bellen",2,21.95,43.9]
["2013-12-06","Shari  Silva","South","Quad",2,33,66]
["2014-11-01","Felicia  Jennings","West","Majectic Beaut",1,30,30]
["2013-12-27","Mable  Lindsey","West","Quad",3,34,102]
["2013-02-27","Robert  Munoz","MidWest","Doublers",2,79.95,159.9]
["2013-12-14","Brooke  Horton","MidWest","FlatTop",4,27.5,110]
["2014-12-25","Cindy  Becker","South","Sunshine",1,19.95,19.95]
["2014-11-23","Lee  Mack","MidWest","Bellen",3,22.95,68.849999999999994]
["2013-11-08","Cassandra  Franklin","MidWest","Quad",3,33,99]
["2014-12-18","Della  Jensen","East","Carlota",3,21.95,65.849999999999994]
["2013-12-28","Andrew  Meyer","West","Crested Beaut",2,25,50]
["2013-12-29","Brooke  Horton","MidWest","Doublers",2,79.95,159.9]
["2014-09-06","Bernadette  Page","MidWest","Bellen",1,22.95,22.95]
["2014-02-26","Charlie  Wood","MidWest","Crested Beaut",2,24,48]
["2013-12-15","Bernadette  Page","MidWest","Sunshine",3,19.95,59.85]
["2013-12-17","Cassandra  Franklin","MidWest","Quad",2,33,66]
["2013-11-29","Elvira  Bowman","MidWest","Sunshine",1,19.95,19.95]
["2014-12-05","Cecilia  Manning","South","Doublers",3,77.95,233.85]
["2014-08-25","Della  Jensen","East","Crested Beaut",3,23,69]
["2013-11-28","Elbert  Klein","South","Sunshine",3,19.95,59.85]
["2013-12-08","Cassandra  Franklin","MidWest","V-Rang",2,18,36]
["2013-11-21","Christy  Olson","West","Quad",2,34,68]
["2014-08-01","Guillermo  Potter","MidWest","FlatTop",3,27.5,82.5]
["2014-11-29","Cassandra  Franklin","MidWest","V-Rang",2,18,36]
["2013-01-21","Salvador  Bass","West","Crested Beaut",1,25,25]
["2013-12-25","Bernadette  Page","MidWest","Quad",3,33,99]
["2013-11-23","Max  Rodgers","West","Carlota",4,22.95,91.8]
["2014-12-17","Della  Jensen","East","Sunshine",2,18.95,37.9]
["2014-04-02","Don  Gonzales","South","Quad",11,31.35,344.85]
["2013-12-14","Ruben  Nunez","West","Quad",2,34,68]
["2013-10-27","Drew  Rogers","MidWest","Sunshine",2,19.95,39.9]
["2014-12-15","Cassandra  Franklin","MidWest","Sunset",3,23.5,70.5]
["2013-12-04","Bernadette  Page","MidWest","Bellen",3,22.95,68.849999999999994]
["2014-12-29","Ernest  Davis","West","Sunshine",14,18.95,265.3]
["2014-12-13","Woodrow  Colon","South","Sunshine",2,19.95,39.9]
["2014-05-03","Shari  Silva","South","Sunshine",2,19.95,39.9]
["2013-11-16","Cecilia  Manning","South","Doublers",3,77.95,233.85]
["2014-12-04","Nellie  Joseph","East","Quad",2,32,64]
["2013-06-21","Jenny  Garcia","MidWest","Majectic Beaut",3,29,87]
["2014-11-07","Cindy  Becker","South","V-Rang",1,18,18]
["2013-06-23","Donna  Reid","West","FlatTop",1,27.5,27.5]
["2013-12-10","Cindy  Becker","South","V-Rang",3,18,54]
["2013-12-03","Ellen  Weaver","South","Carlota",2,22.95,45.9]
["2014-10-27","Cassandra  Franklin","MidWest","Sunset",2,23.5,47]
["2013-12-05","Rachel  Gomez","MidWest","Sunshine",2,19.95,39.9]
["2014-11-02","Donna  Reid","West","FlatTop",19,26.13,496.47]
["2013-10-27","Ellen  Weaver","South","FlatTop",3,26.5,79.5]
["2014-11-17","Brooke  Horton","MidWest","Sunbell",1,24,24]
["2013-11-15","Pauline  Beck","West","Quad",4,34,136]
["2014-11-28","Ivan  Adkins","West","Carlota",3,22.95,68.849999999999994]
["2013-12-14","Lee  Mack","MidWest","Sunshine",1,19.95,19.95]
["2013-07-04","Eddie  Green","East","Carlota",1,21.95,21.95]
["2014-11-16","Ivan  Adkins","West","Carlota",2,22.95,45.9]
["2014-12-14","Arturo  Francis","East","Sunbell",3,23,69]
["2013-06-07","Salvador  Bass","West","Quad",1,34,34]
["2013-12-02","Lance  Yates","MidWest","Carlota",20,21.8,436]
["2013-10-16","Tracy  Reed","MidWest","Doublers",1,79.95,79.95]
["2014-12-21","Sylvester  Morales","West","Sunbell",1,25,25]
["2013-11-17","Edwin  Malone","East","Quad",2,32,64]
["2014-11-20","Christina  Fuller","West","Aspen",4,21,84]
["2013-11-20","Cecilia  Manning","South","Quad",3,33,99]
["2014-04-13","Peter  Hodges","MidWest","Sunbell",1,24,24]
["2014-12-12","Blake  Bridges","South","Carlota",3,22.95,68.849999999999994]
["2013-12-06","Marian  Hill","South","Sunset",3,22.5,67.5]
["2013-12-14","Colleen  Warren","West","Aspen",1,21,21]
["2014-07-20","Isabel  Cross","East","V-Rang",1,18,18]
["2014-11-06","Arturo  Francis","East","Bellen",4,21.95,87.8]
["2014-12-23","Cecilia  Manning","South","Carlota",3,22.95,68.849999999999994]
["2014-11-21","Jenny  Garcia","MidWest","Sunbell",2,24,48]
["2014-11-03","Felicia  Jennings","West","Bellen",9,22.95,206.55]
["2014-12-22","Fernando  Rowe","West","Crested Beaut",3,25,75]
["2014-11-10","Joey  Wong","West","Sunshine",2,19.95,39.9]
["2014-12-03","Donna  Reid","West","Bellen",3,22.95,68.849999999999994]
["2014-11-18","Peter  Hodges","MidWest","Aspen",3,20,60]
["2014-09-18","Cecilia  Manning","South","Sunbell",2,24,48]
["2013-11-15","Dan  Peterson","MidWest","V-Rang",1,18,18]
["2013-11-13","Elvira  Bowman","MidWest","Bellen",3,22.95,68.849999999999994]
["2013-12-21","Sylvester  Morales","West","Quad",2,34,68]
["2014-11-15","Rachel  Gomez","MidWest","Bellen",22,21.8,479.6]
["2014-12-02","Isabel  Cross","East","Sunbell",3,23,69]
["2014-11-08","Max  Rodgers","West","Quad",2,34,68]
["2013-11-23","Rachel  Gomez","MidWest","Sunshine",1,19.95,19.95]
["2014-12-12","Max  Rodgers","West","Sunset",10,23.5,235]
["2014-12-03","Cecilia  Manning","South","Sunbell",11,22.8,250.8]
["2013-10-22","Jenny  Garcia","MidWest","Sunset",2,23.5,47]
["2014-11-24","Salvador  Bass","West","Bellen",3,22.95,68.849999999999994]
["2014-09-19","Austin  Reynolds","East","Carlota",2,21.95,43.9]
["2014-11-28","Ivan  Adkins","West","Bellen",2,22.95,45.9]
["2014-11-26","Sylvester  Morales","West","Crested Beaut",3,25,75]
["2013-11-14","Willie  Vega","MidWest","Quad",3,33,99]
["2013-12-17","Patty  Thompson","West","FlatTop",3,27.5,82.5]
["2014-12-31","Della  Jensen","East","Sunset",4,22.5,90]
["2014-12-22","Beth  Tucker","West","Aspen",3,21,63]
["2014-11-15","Drew  Rogers","MidWest","Carlota",4,22.95,91.8]
["2014-12-02","Shari  Silva","South","Sunset",13,21.38,277.94]
["2013-11-02","Willie  Vega","MidWest","Sunshine",3,19.95,59.85]
["2014-11-10","Pauline  Beck","West","Bellen",3,22.95,68.849999999999994]
["2014-11-08","Willie  Vega","MidWest","Carlota",2,22.95,45.9]
["2014-11-12","Shari  Silva","South","Sunset",2,22.5,45]
["2014-12-13","Isabel  Cross","East","Sunbell",3,23,69]
["2014-12-09","Jenny  Garcia","MidWest","Carlota",3,22.95,68.849999999999994]
["2013-11-26","Mable  Lindsey","West","V-Rang",1,19,19]
["2013-12-18","Shari  Silva","South","Sunshine",6,19.95,119.7]
["2014-12-01","Kyle  Carr","MidWest","Sunshine",3,19.95,59.85]
["2014-12-08","Johanna  Boone","South","FlatTop",1,26.5,26.5]
["2014-11-18","Max  Rodgers","West","Quad",3,34,102]
["2014-12-29","Charlie  Wood","MidWest","Carlota",2,22.95,45.9]
["2014-11-01","Willie  Vega","MidWest","Carlota",3,22.95,68.849999999999994]
["2014-11-17","Drew  Rogers","MidWest","Bellen",3,22.95,68.849999999999994]
["2014-11-30","Max  Rodgers","West","Sunbell",3,25,75]
["2014-12-05","Cindy  Becker","South","Sunshine",2,19.95,39.9]
["2013-12-05","Cindy  Becker","South","FlatTop",2,26.5,53]
["2014-03-19","Carla  Mccormick","MidWest","Sunshine",4,19.95,79.8]
["2014-04-13","Kyle  Carr","MidWest","Quad",3,33,99]
["2013-12-16","Cassandra  Franklin","MidWest","Majectic Beaut",2,29,58]
["2013-04-02","Cassandra  Franklin","MidWest","Quad",1,33,33]
["2014-08-05","Drew  Rogers","MidWest","Aspen",2,20,40]
["2014-12-31","Willie  Vega","MidWest","Crested Beaut",1,24,24]
["2013-12-08","Lance  Yates","MidWest","Majectic Beaut",1,29,29]
["2013-11-12","Jenny  Garcia","MidWest","Quad",1,33,33]
["2013-08-30","Cindy  Becker","South","Sunbell",3,24,72]
["2013-12-22","Paulette  Spencer","South","Quad",3,33,99]
["2013-12-27","Trevor  Jones","West","Bellen",1,22.95,22.95]
["2014-12-05","Ben  Perez","West","Carlota",3,22.95,68.849999999999994]
["2014-04-25","Ivan  Adkins","West","Sunshine",1,19.95,19.95]
["2013-11-25","Lorraine  Gibson","East","Bellen",2,21.95,43.9]
["2014-12-03","Lula  Daniels","MidWest","Sunset",3,23.5,70.5]
["2014-05-05","Cindy  Becker","South","Carlota",7,22.95,160.65]
["2014-12-22","Sylvester  Morales","West","Quad",1,34,34]
["2014-11-08","Andrew  Meyer","West","Carlota",3,22.95,68.849999999999994]
["2013-11-01","Ben  Perez","West","Doublers",4,79.95,319.8]
["2014-09-24","Mable  Lindsey","West","Carlota",7,22.95,160.65]
["2013-07-12","Max  Rodgers","West","Crested Beaut",3,25,75]
["2014-12-30","Paulette  Spencer","South","Aspen",2,20,40]
["2014-11-28","Robert  Munoz","MidWest","Majectic Beaut",1,29,29]
["2014-11-13","Lance  Yates","MidWest","Carlota",3,22.95,68.849999999999994]
["2014-03-06","Della  Jensen","East","Crested Beaut",2,23,46]
["2014-10-28","Felicia  Jennings","West","Sunset",3,23.5,70.5]
["2013-11-16","Kyle  Carr","MidWest","Sunbell",2,24,48]
["2014-03-29","Tiffany  May","West","Sunbell",2,25,50]
["2013-12-02","Drew  Rogers","MidWest","Crested Beaut",3,24,72]
["2014-12-27","Brooke  Horton","MidWest","Sunshine",3,19.95,59.85]
["2013-12-08","Drew  Rogers","MidWest","Bellen",1,22.95,22.95]
["2013-12-17","Robert  Munoz","MidWest","Bellen",2,22.95,45.9]
["2013-11-05","Andrew  Meyer","West","Sunset",1,23.5,23.5]
["2014-11-25","Andrew  Meyer","West","Bellen",3,22.95,68.849999999999994]
["2013-03-22","Lorraine  Gibson","East","Carlota",3,21.95,65.849999999999994]
["2013-11-03","Salvador  Bass","West","Sunshine",1,19.95,19.95]
["2013-07-06","Cecilia  Manning","South","Aspen",1,20,20]
["2014-12-26","Ruben  Nunez","West","Aspen",19,19.95,379.05]
["2013-07-16","Ruben  Nunez","West","Carlota",1,22.95,22.95]
["2013-11-08","Woodrow  Colon","South","Majectic Beaut",2,29,58]
["2014-09-26","Marion  Glover","East","Bellen",1,21.95,21.95]
["2014-11-19","Marion  Glover","East","Bellen",3,21.95,65.849999999999994]
["2013-12-18","Della  Jensen","East","FlatTop",3,26.5,79.5]
["2013-05-26","Guillermo  Potter","MidWest","Bellen",5,22.95,114.75]
["2013-11-04","Cassandra  Franklin","MidWest","Sunbell",2,24,48]
["2013-07-21","Herman  Williams","East","Aspen",1,19,19]
["2014-11-21","Cassandra  Franklin","MidWest","Sunshine",8,19.95,159.6]
["2013-11-04","Cecilia  Manning","South","Aspen",4,20,80]
["2013-11-19","Christy  Olson","West","Bellen",1,22.95,22.95]
["2013-12-30","Christina  Fuller","West","Bellen",1,22.95,22.95]
["2013-11-08","Jenny  Garcia","MidWest","Sunshine",1,19.95,19.95]
["2014-10-14","Elvira  Bowman","MidWest","Quad",1,33,33]
["2013-11-24","Brooke  Horton","MidWest","Bellen",4,22.95,91.8]
["2013-10-31","Max  Rodgers","West","Sunset",3,23.5,70.5]
["2014-11-01","Brooke  Horton","MidWest","Bellen",3,22.95,68.849999999999994]
["2013-04-07","Paulette  Spencer","South","Quad",3,33,99]
["2014-12-15","Lance  Yates","MidWest","Sunshine",18,18.95,341.1]
["2013-11-18","Colleen  Warren","West","Carlota",2,22.95,45.9]
["2014-12-13","Bobbie  Ryan","East","Sunbell",2,23,46]
["2013-10-23","Isabel  Cross","East","Aspen",4,19,76]
["2013-12-04","Rachel  Gomez","MidWest","Aspen",2,20,40]
["2013-05-11","Eric  Rose","West","Majectic Beaut",1,30,30]
["2014-11-04","Allan  Ramos","MidWest","Quad",3,33,99]
["2014-11-08","Edwin  Malone","East","Crested Beaut",3,23,69]
["2014-07-15","Sylvester  Morales","West","Sunbell",12,23.75,285]
["2013-12-23","Beth  Tucker","West","Carlota",1,22.95,22.95]
["2014-05-05","Marion  Glover","East","Sunset",1,22.5,22.5]
["2013-11-12","Sandra  Floyd","MidWest","Sunbell",1,24,24]
["2014-11-23","Della  Jensen","East","Sunshine",1,18.95,18.95]
["2013-10-25","Colleen  Warren","West","Carlota",1,22.95,22.95]
["2014-11-25","Brooke  Horton","MidWest","Bellen",4,22.95,91.8]
["2014-12-11","Salvador  Bass","West","FlatTop",2,27.5,55]
["2013-12-25","Robert  Munoz","MidWest","Sunbell",3,24,72]
["2014-11-17","Isabel  Cross","East","Carlota",1,21.95,21.95]
["2013-01-15","Drew  Rogers","MidWest","Aspen",1,20,20]
["2013-08-28","Max  Rodgers","West","Quad",3,34,102]
["2013-11-10","Joey  Wong","West","Quad",3,34,102]
["2014-09-22","Drew  Rogers","MidWest","Aspen",2,20,40]
["2014-12-19","Drew  Rogers","MidWest","Majectic Beaut",2,29,58]
["2013-11-15","Elbert  Klein","South","Crested Beaut",1,24,24]
["2014-04-16","Lance  Yates","MidWest","Bellen",3,22.95,68.849999999999994]
["2013-11-04","Salvador  Bass","West","Quad",2,34,68]
["2013-03-04","Salvador  Bass","West","FlatTop",1,27.5,27.5]
["2014-11-14","Bernadette  Page","MidWest","Sunshine",2,19.95,39.9]
["2013-12-07","Patty  Thompson","West","Sunset",2,23.5,47]
["2013-11-27","Cassandra  Franklin","MidWest","Sunshine",1,19.95,19.95]
["2014-11-14","Brooke  Horton","MidWest","Sunset",3,23.5,70.5]
["2013-10-07","Ivan  Adkins","West","Sunbell",2,25,50]
["2014-12-25","Lee  Mack","MidWest","Majectic Beaut",24,27.55,661.2]
["2014-12-14","Ben  Perez","West","Crested Beaut",2,25,50]
["2013-05-09","Ellen  Weaver","South","Quad",1,33,33]
["2014-12-29","Max  Rodgers","West","Sunshine",1,19.95,19.95]
["2014-12-29","Ernest  Davis","West","Quad",1,34,34]
["2014-01-25","Drew  Rogers","MidWest","Sunshine",2,19.95,39.9]
["2013-10-06","Bethany  Pena","MidWest","Bellen",2,22.95,45.9]
["2014-12-05","Ernest  Davis","West","Sunbell",3,25,75]
["2014-07-15","Bernadette  Page","MidWest","Bellen",3,22.95,68.849999999999994]
["2014-11-14","Rachel  Gomez","MidWest","Aspen",1,20,20]
["2013-11-24","Bethany  Pena","MidWest","Carlota",2,22.95,45.9]
["2014-12-08","Max  Rodgers","West","Sunbell",1,25,25]
["2014-12-03","Carla  Mccormick","MidWest","Sunbell",3,24,72]
["2013-12-16","Andrew  Meyer","West","Crested Beaut",2,25,50]
["2014-09-23","Cassandra  Franklin","MidWest","FlatTop",2,27.5,55]
["2014-12-06","Salvador  Bass","West","Sunset",2,23.5,47]
["2014-12-13","Sonya  Mullins","East","Bellen",3,21.95,65.849999999999994]
["2013-12-12","Shari  Silva","South","Bellen",3,22.95,68.849999999999994]
["2013-02-15","Shari  Silva","South","Sunset",2,22.5,45]
["2014-04-07","Brooke  Horton","MidWest","Bellen",20,21.8,436]
["2014-11-16","Don  Gonzales","South","FlatTop",2,26.5,53]
["2013-12-29","Peter  Hodges","MidWest","Quad",2,33,66]
["2014-12-30","Shari  Silva","South","Bellen",4,22.95,91.8]
["2013-11-15","Andrew  Meyer","West","Sunbell",2,25,50]
["2013-12-16","Robert  Munoz","MidWest","Aspen",2,20,40]
["2013-12-13","Tracy  Reed","MidWest","Sunset",2,23.5,47]
["2013-12-20","Rachel  Gomez","MidWest","Quad",2,33,66]
["2014-11-17","Lynette  Brewer","MidWest","Majectic Beaut",2,29,58]
["2013-12-01","Felicia  Jennings","West","Sunset",1,23.5,23.5]
["2014-12-17","Max  Rodgers","West","Carlota",2,22.95,45.9]
["2014-10-28","Jenny  Garcia","MidWest","Bellen",2,22.95,45.9]
["2014-11-29","Andrew  Meyer","West","Quad",2,34,68]
["2014-11-29","Kyle  Carr","MidWest","Carlota",2,22.95,45.9]
["2014-11-25","Andrew  Meyer","West","Sunset",3,23.5,70.5]
["2014-10-06","Bernadette  Page","MidWest","Sunshine",3,19.95,59.85]
["2014-06-16","Sylvester  Morales","West","Crested Beaut",1,25,25]
["2014-12-27","Edwin  Malone","East","Bellen",15,20.85,312.75]
["2013-12-10","Della  Jensen","East","Sunshine",7,18.95,132.65]
["2013-12-08","Peter  Hodges","MidWest","V-Rang",1,18,18]
["2013-11-07","Eric  Rose","West","Quad",3,34,102]
["2014-12-05","Elaine  Ellis","South","Aspen",3,20,60]
["2013-11-05","Max  Rodgers","West","Quad",3,34,102]
["2013-11-30","Carla  Mccormick","MidWest","Sunshine",20,18.95,379]
["2014-12-28","Felicia  Jennings","West","Quad",3,34,102]
["2013-05-15","Eddie  Green","East","Bellen",2,21.95,43.9]
["2014-12-17","Kyle  Carr","MidWest","V-Rang",3,18,54]
["2014-11-17","Ben  Perez","West","Bellen",2,22.95,45.9]
["2014-11-27","Don  Gonzales","South","Quad",3,33,99]
["2014-11-16","Herman  Williams","East","Sunset",2,22.5,45]
["2013-12-03","Eric  Rose","West","Doublers",2,79.95,159.9]
["2013-01-26","Lee  Mack","MidWest","Quad",7,33,231]
["2013-12-30","Rachel  Gomez","MidWest","Sunbell",1,24,24]
["2013-07-07","Della  Jensen","East","Quad",3,32,96]
["2014-11-21","Cecilia  Manning","South","Quad",12,31.35,376.2]
["2014-06-13","Shari  Silva","South","Crested Beaut",14,22.8,319.2]
["2013-12-22","Eddie  Green","East","Bellen",23,20.85,479.55]
["2014-11-29","Kyle  Carr","MidWest","Quad",3,33,99]
["2014-12-20","Beth  Tucker","West","Bellen",1,22.95,22.95]
["2014-12-06","Carla  Mccormick","MidWest","Sunbell",2,24,48]
["2013-11-29","Robert  Munoz","MidWest","Carlota",2,22.95,45.9]
["2014-12-05","Max  Rodgers","West","FlatTop",2,27.5,55]
["2013-12-12","Rachel  Gomez","MidWest","Carlota",2,22.95,45.9]
["2013-11-21","Trevor  Jones","West","Sunset",2,23.5,47]
["2013-11-06","Bernadette  Page","MidWest","Majectic Beaut",2,29,58]
["2013-11-24","Isabel  Cross","East","FlatTop",3,26.5,79.5]
["2014-11-23","Ruben  Nunez","West","Carlota",3,22.95,68.849999999999994]
["2013-12-14","Kyle  Carr","MidWest","Sunbell",2,24,48]
["2013-01-09","Shari  Silva","South","Sunshine",2,19.95,39.9]
["2014-11-02","Sonya  Mullins","East","Doublers",2,75.95,151.9]
["2014-12-25","Pauline  Beck","West","Aspen",3,21,63]
["2014-12-06","Trevor  Jones","West","Sunset",1,23.5,23.5]
["2013-03-20","Austin  Reynolds","East","Carlota",2,21.95,43.9]
["2014-12-24","Marian  Hill","South","Sunshine",1,19.95,19.95]
["2014-11-17","Ellen  Weaver","South","Sunshine",2,19.95,39.9]
["2014-08-05","Willie  Vega","MidWest","FlatTop",3,27.5,82.5]
["2014-11-16","Brooke  Horton","MidWest","Doublers",1,79.95,79.95]
["2013-12-30","Drew  Rogers","MidWest","Sunshine",3,19.95,59.85]
["2014-11-10","Elvira  Bowman","MidWest","Aspen",3,20,60]
["2013-08-04","Sandra  Floyd","MidWest","FlatTop",3,27.5,82.5]
["2014-11-19","Drew  Rogers","MidWest","Sunset",3,23.5,70.5]
["2013-10-06","Carla  Mccormick","MidWest","Bellen",2,22.95,45.9]
["2014-12-09","Max  Rodgers","West","Bellen",2,22.95,45.9]
["2014-11-26","Edwin  Malone","East","Quad",1,32,32]
["2014-12-03","Jenny  Garcia","MidWest","Quad",1,33,33]
["2014-11-03","Carla  Mccormick","MidWest","Sunbell",2,24,48]
["2014-12-15","Eric  Rose","West","Carlota",2,22.95,45.9]
["2013-12-08","Charlie  Wood","MidWest","Majectic Beaut",3,29,87]
["2013-12-19","Iris  Underwood","West","Majectic Beaut",16,28.5,456]
["2013-12-06","Cassandra  Franklin","MidWest","Aspen",1,20,20]
["2013-12-29","Patty  Thompson","West","Sunshine",1,19.95,19.95]
["2013-04-23","Sonya  Mullins","East","Quad",3,32,96]
["2013-12-29","Brooke  Horton","MidWest","Majectic Beaut",1,29,29]
["2014-11-24","Edwin  Malone","East","Sunshine",2,18.95,37.9]
["2013-11-30","Herman  Williams","East","Sunset",1,22.5,22.5]
["2013-12-01","Joey  Wong","West","Quad",1,34,34]
["2013-11-02","Salvador  Bass","West","Doublers",3,79.95,239.85]
["2014-12-09","Mable  Lindsey","West","Sunset",20,22.33,446.6]
["2013-09-17","Robert  Munoz","MidWest","Bellen",21,21.8,457.8]
["2013-12-31","Trevor  Jones","West","Sunset",1,23.5,23.5]
["2013-12-12","Rachel  Gomez","MidWest","Bellen",2,22.95,45.9]
["2014-11-30","Drew  Rogers","MidWest","Quad",3,33,99]
["2014-09-22","Elvira  Bowman","MidWest","FlatTop",3,27.5,82.5]
["2014-11-11","Allan  Ramos","MidWest","Doublers",1,79.95,79.95]
["2013-11-10","Fernando  Rowe","West","Crested Beaut",3,25,75]
["2013-12-13","Trevor  Jones","West","Bellen",3,22.95,68.849999999999994]
["2013-12-02","Tiffany  May","West","Bellen",2,22.95,45.9]
["2014-12-04","Billie  Chandler","MidWest","Carlota",3,22.95,68.849999999999994]
["2014-02-14","Della  Jensen","East","Sunbell",2,23,46]
["2013-05-02","Kyle  Carr","MidWest","Quad",3,33,99]
["2014-11-06","Allan  Ramos","MidWest","Sunbell",3,24,72]
["2013-11-01","Carla  Mccormick","MidWest","Majectic Beaut",3,29,87]
["2014-11-24","Rachel  Gomez","MidWest","Quad",2,33,66]
["2013-11-18","Lorraine  Gibson","East","Sunbell",3,23,69]
["2013-11-27","Patty  Thompson","West","Sunshine",2,19.95,39.9]
["2014-11-22","Willie  Vega","MidWest","FlatTop",2,27.5,55]
["2013-12-17","Isabel  Cross","East","Bellen",2,21.95,43.9]
["2013-11-17","Edwin  Malone","East","Crested Beaut",3,23,69]
["2014-12-12","Don  Gonzales","South","Sunbell",2,24,48]
["2013-11-17","Robert  Munoz","MidWest","Carlota",1,22.95,22.95]
["2014-12-18","Cindy  Becker","South","Sunbell",18,22.8,410.4]
["2014-11-15","Isabel  Cross","East","Carlota",2,21.95,43.9]
["2014-12-03","Herman  Williams","East","Bellen",1,21.95,21.95]
["2013-12-09","Max  Rodgers","West","Bellen",1,22.95,22.95]
["2014-11-08","Lee  Mack","MidWest","Bellen",2,22.95,45.9]
["2014-11-16","Salvador  Bass","West","Sunshine",2,19.95,39.9]
["2014-12-06","Iris  Underwood","West","Bellen",3,22.95,68.849999999999994]
["2014-11-11","Elbert  Klein","South","FlatTop",3,26.5,79.5]
["2014-09-13","Peter  Hodges","MidWest","Majectic Beaut",3,29,87]
["2013-06-09","Della  Jensen","East","Crested Beaut",11,21.85,240.35]
["2013-12-18","Austin  Reynolds","East","Carlota",2,21.95,43.9]
["2013-11-25","Elbert  Klein","South","Bellen",2,22.95,45.9]
["2014-02-07","Drew  Rogers","MidWest","Carlota",3,22.95,68.849999999999994]
["2013-04-10","Bernadette  Page","MidWest","Sunset",2,23.5,47]
["2013-11-20","Della  Jensen","East","Sunshine",2,18.95,37.9]
["2014-11-20","Bernadette  Page","MidWest","Sunshine",2,19.95,39.9]
["2013-08-10","Della  Jensen","East","Quad",3,32,96]
["2014-11-05","Brooke  Horton","MidWest","Sunbell",21,22.8,478.8]
["2014-12-02","Kyle  Carr","MidWest","Majectic Beaut",1,29,29]
["2013-11-16","Dan  Peterson","MidWest","Sunset",2,23.5,47]
["2013-11-29","Billie  Chandler","MidWest","Quad",2,33,66]
["2013-11-02","Bernadette  Page","MidWest","Bellen",1,22.95,22.95]
["2013-11-28","Ellen  Weaver","South","Sunset",3,22.5,67.5]
["2013-11-14","Bobbie  Ryan","East","Quad",1,32,32]
["2013-12-28","Sylvester  Morales","West","Majectic Beaut",17,28.5,484.5]
["2013-12-05","Max  Rodgers","West","Bellen",2,22.95,45.9]
["2014-07-30","Trevor  Jones","West","Quad",2,34,68]
["2013-11-22","Trevor  Jones","West","Carlota",1,22.95,22.95]
["2014-11-13","Cecilia  Manning","South","Carlota",2,22.95,45.9]
["2014-02-08","Drew  Rogers","MidWest","Quad",2,33,66]
["2013-11-16","Elaine  Ellis","South","Sunshine",1,19.95,19.95]
["2014-12-01","Trevor  Jones","West","Bellen",3,22.95,68.849999999999994]
["2013-05-20","Beth  Tucker","West","Carlota",2,22.95,45.9]
["2014-03-16","Cecilia  Manning","South","Quad",1,33,33]
["2013-11-07","Eric  Rose","West","Crested Beaut",3,25,75]
["2014-11-22","Jaime  Pearson","MidWest","Majectic Beaut",3,29,87]
["2013-12-17","Brooke  Horton","MidWest","Aspen",3,20,60]
["2014-11-22","Peter  Hodges","MidWest","Carlota",2,22.95,45.9]
["2014-02-25","Kyle  Carr","MidWest","Sunshine",1,19.95,19.95]
["2013-11-08","Isabel  Cross","East","Quad",2,32,64]
["2014-11-30","Trevor  Jones","West","Quad",2,34,68]
["2014-12-01","Max  Rodgers","West","Carlota",3,22.95,68.849999999999994]
["2014-12-25","Salvador  Bass","West","Bellen",2,22.95,45.9]
["2013-10-27","Cindy  Becker","South","Aspen",3,20,60]
["2013-12-09","Andrew  Meyer","West","Majectic Beaut",1,30,30]
["2014-12-22","Della  Jensen","East","FlatTop",1,26.5,26.5]
["2013-12-17","Lance  Yates","MidWest","Quad",2,33,66]
["2014-11-17","Paulette  Spencer","South","Bellen",2,22.95,45.9]
["2014-01-30","Christina  Fuller","West","Sunshine",3,19.95,59.85]
["2014-11-19","Ellen  Weaver","South","Sunbell",2,24,48]
["2014-11-28","Patty  Thompson","West","Majectic Beaut",13,28.5,370.5]
["2013-11-19","Bethany  Pena","MidWest","Sunset",3,23.5,70.5]
["2014-11-29","Shari  Silva","South","Carlota",3,22.95,68.849999999999994]
["2013-12-28","Lula  Daniels","MidWest","Quad",2,33,66]
["2014-12-01","Dan  Peterson","MidWest","Sunset",1,23.5,23.5]
["2014-09-01","Elaine  Ellis","South","Doublers",9,77.95,701.55]
["2014-07-17","Isabel  Cross","East","Quad",4,32,128]
["2014-09-04","Trevor  Jones","West","Carlota",4,22.95,91.8]
["2014-12-29","Trevor  Jones","West","Crested Beaut",3,25,75]
["2013-12-04","Andrew  Meyer","West","Sunshine",3,19.95,59.85]
["2014-07-24","Carla  Mccormick","MidWest","Sunshine",2,19.95,39.9]
["2013-03-28","Elvira  Bowman","MidWest","Carlota",1,22.95,22.95]
["2013-12-13","Lee  Mack","MidWest","Bellen",1,22.95,22.95]
["2014-12-15","Dan  Peterson","MidWest","Quad",17,31.35,532.95000000000005]
["2014-12-30","Cindy  Becker","South","Sunset",2,22.5,45]
["2014-11-03","Jenny  Garcia","MidWest","Majectic Beaut",3,29,87]
["2014-12-06","Isabel  Cross","East","Sunshine",2,18.95,37.9]
["2014-09-16","Guillermo  Potter","MidWest","Bellen",5,22.95,114.75]
["2014-09-10","Christy  Olson","West","Sunshine",1,19.95,19.95]
["2014-08-05","Johanna  Boone","South","Bellen",2,22.95,45.9]
["2014-12-21","Felicia  Jennings","West","Sunset",3,23.5,70.5]
["2014-11-27","Colleen  Warren","West","Sunshine",3,19.95,59.85]
["2013-07-31","Elvira  Bowman","MidWest","Sunbell",3,24,72]
["2013-03-25","Pauline  Beck","West","Quad",2,34,68]
["2014-11-20","Don  Gonzales","South","V-Rang",1,18,18]
["2013-12-06","Della  Jensen","East","Aspen",3,19,57]
["2014-07-02","Willie  Vega","MidWest","Sunbell",13,22.8,296.39999999999998]
["2014-12-28","Christina  Fuller","West","Aspen",2,21,42]
["2013-03-05","Max  Rodgers","West","Quad",3,34,102]
["2014-12-11","Ellen  Weaver","South","Quad",2,33,66]
["2014-02-03","Tracy  Reed","MidWest","Sunset",1,23.5,23.5]
["2013-10-20","Isabel  Cross","East","Aspen",3,19,57]
["2013-12-05","Brooke  Horton","MidWest","Quad",19,31.35,595.65]
["2014-10-11","Cassandra  Franklin","MidWest","FlatTop",6,27.5,165]
["2013-11-05","Trevor  Jones","West","Majectic Beaut",8,30,240]
["2013-11-28","Shari  Silva","South","Carlota",3,22.95,68.849999999999994]
["2014-12-10","Kyle  Carr","MidWest","Quad",3,33,99]
["2014-12-28","Rachel  Gomez","MidWest","Majectic Beaut",2,29,58]
["2013-08-02","Herman  Williams","East","Doublers",3,75.95,227.85]
["2014-09-29","Ivan  Adkins","West","Quad",2,34,68]
["2013-05-16","Felicia  Jennings","West","FlatTop",1,27.5,27.5]
["2014-12-14","Isabel  Cross","East","Crested Beaut",2,23,46]
["2014-09-19","Don  Gonzales","South","Carlota",2,22.95,45.9]
["2014-04-08","Della  Jensen","East","Bellen",1,21.95,21.95]
["2013-11-11","Trevor  Jones","West","Majectic Beaut",2,30,60]
["2014-08-12","Patty  Thompson","West","Aspen",2,21,42]
["2014-11-24","Woodrow  Colon","South","Quad",3,33,99]
["2014-12-21","Isabel  Cross","East","Aspen",1,19,19]
["2014-01-10","Ellen  Weaver","South","Carlota",3,22.95,68.849999999999994]
["2014-11-08","Isabel  Cross","East","Quad",3,32,96]
["2014-11-11","Charlie  Wood","MidWest","Bellen",3,22.95,68.849999999999994]
["2013-02-11","Guillermo  Potter","MidWest","Sunset",3,23.5,70.5]
["2014-12-04","Elvira  Bowman","MidWest","Quad",2,33,66]
["2014-11-10","Woodrow  Colon","South","Bellen",3,22.95,68.849999999999994]
["2014-12-23","Jenny  Garcia","MidWest","Sunset",3,23.5,70.5]
["2014-12-27","Peter  Hodges","MidWest","Sunshine",4,19.95,79.8]
["2013-12-24","Jenny  Garcia","MidWest","Majectic Beaut",2,29,58]
["2014-10-10","Jaime  Pearson","MidWest","Sunset",2,23.5,47]
["2014-10-25","Elvira  Bowman","MidWest","Quad",2,33,66]
["2013-11-17","Herman  Williams","East","Quad",2,32,64]
["2013-10-29","Rachel  Gomez","MidWest","Sunshine",2,19.95,39.9]
["2014-11-21","Herman  Williams","East","Crested Beaut",4,23,92]
["2014-09-29","Johanna  Boone","South","Sunshine",3,19.95,59.85]
["2014-09-17","Isabel  Cross","East","Quad",2,32,64]
["2014-12-24","Lynette  Brewer","MidWest","Quad",2,33,66]
["2014-02-12","Della  Jensen","East","Sunshine",3,18.95,56.85]
["2014-11-18","Lorraine  Gibson","East","Bellen",2,21.95,43.9]
["2014-12-15","Marion  Glover","East","Carlota",1,21.95,21.95]
["2013-11-14","Lula  Daniels","MidWest","Majectic Beaut",1,29,29]
["2013-12-04","Cassandra  Franklin","MidWest","Aspen",3,20,60]
["2013-11-12","Colleen  Warren","West","Doublers",3,79.95,239.85]
["2013-12-19","Don  Gonzales","South","Sunbell",3,24,72]
["2013-11-28","Carla  Mccormick","MidWest","Doublers",2,79.95,159.9]
["2013-11-24","Ernest  Davis","West","Crested Beaut",2,25,50]
["2013-11-24","Peter  Hodges","MidWest","Bellen",3,22.95,68.849999999999994]
["2014-11-26","Rachel  Gomez","MidWest","Sunbell",2,24,48]
["2013-11-23","Sandra  Floyd","MidWest","Bellen",4,22.95,91.8]
["2013-11-20","Willie  Vega","MidWest","Bellen",3,22.95,68.849999999999994]
["2013-11-27","Bethany  Pena","MidWest","Bellen",3,22.95,68.849999999999994]
["2014-05-01","Arturo  Francis","East","Bellen",2,21.95,43.9]
["2013-12-04","Bobbie  Ryan","East","Quad",3,32,96]
["2013-03-29","Brooke  Horton","MidWest","Aspen",1,20,20]
["2013-11-28","Guillermo  Potter","MidWest","Sunbell",3,24,72]
["2013-09-13","Edwin  Malone","East","Carlota",2,21.95,43.9]
["2014-12-22","Bethany  Pena","MidWest","Carlota",2,22.95,45.9]
["2013-11-23","Cindy  Becker","South","Crested Beaut",3,24,72]
["2014-05-17","Elvira  Bowman","MidWest","Sunshine",2,19.95,39.9]
["2013-12-09","Salvador  Bass","West","Crested Beaut",1,25,25]
["2014-09-01","Cecilia  Manning","South","FlatTop",5,26.5,132.5]
["2014-11-23","Cassandra  Franklin","MidWest","Aspen",2,20,40]
["2014-11-30","Charlie  Wood","MidWest","Sunbell",3,24,72]
["2014-12-29","Jenny  Garcia","MidWest","Sunset",4,23.5,94]
["2014-05-07","Elbert  Klein","South","Aspen",2,20,40]
["2014-05-14","Fernando  Rowe","West","Majectic Beaut",2,30,60]
["2014-12-11","Iris  Underwood","West","Quad",10,34,340]
["2013-11-10","Della  Jensen","East","Sunbell",1,23,23]
["2014-07-28","Edwin  Malone","East","Majectic Beaut",1,28,28]
["2014-11-17","Pauline  Beck","West","Crested Beaut",25,23.75,593.75]
["2013-11-18","Rachel  Gomez","MidWest","Quad",4,33,132]
["2014-12-16","Sandra  Floyd","MidWest","V-Rang",16,17.100000000000001,273.60000000000002]
["2013-11-20","Johanna  Boone","South","Crested Beaut",3,24,72]
["2014-12-04","Bernadette  Page","MidWest","V-Rang",2,18,36]
["2014-12-27","Don  Gonzales","South","Crested Beaut",2,24,48]
["2013-11-27","Dan  Peterson","MidWest","Bellen",3,22.95,68.849999999999994]
["2014-01-05","Elbert  Klein","South","Bellen",3,22.95,68.849999999999994]
["2013-11-19","Isabel  Cross","East","Sunshine",2,18.95,37.9]
["2013-11-21","Charlie  Wood","MidWest","Quad",2,33,66]
["2013-12-02","Della  Jensen","East","Aspen",2,19,38]
["2014-05-07","Marian  Hill","South","V-Rang",24,17.100000000000001,410.4]
["2013-11-29","Fernando  Rowe","West","Majectic Beaut",4,30,120]
["2014-06-07","Marion  Glover","East","Sunshine",2,18.95,37.9]
["2014-12-17","Sonya  Mullins","East","Sunshine",19,18,342]
["2013-06-20","Max  Rodgers","West","Bellen",2,22.95,45.9]
["2013-11-11","Fernando  Rowe","West","Aspen",2,21,42]
["2014-12-17","Trevor  Jones","West","Sunset",1,23.5,23.5]
["2014-11-01","Christy  Olson","West","Crested Beaut",3,25,75]
["2013-11-18","Salvador  Bass","West","Quad",1,34,34]
["2013-02-06","Felicia  Jennings","West","Sunset",1,23.5,23.5]
["2013-11-06","Salvador  Bass","West","V-Rang",2,19,38]
["2013-11-21","Andrew  Meyer","West","Majectic Beaut",3,30,90]
["2013-05-06","Edwin  Malone","East","Quad",1,32,32]
["2014-09-29","Ruben  Nunez","West","Quad",3,34,102]
["2014-10-27","Tracy  Reed","MidWest","Majectic Beaut",2,29,58]
["2013-02-04","Max  Rodgers","West","V-Rang",1,19,19]
["2013-11-18","Lee  Mack","MidWest","Majectic Beaut",2,29,58]
["2014-12-12","Carla  Mccormick","MidWest","Sunbell",3,24,72]
["2013-11-06","Bobbie  Ryan","East","Aspen",2,19,38]
["2013-12-15","Christy  Olson","West","Aspen",1,21,21]
["2013-05-27","Shari  Silva","South","Carlota",1,22.95,22.95]
["2014-12-06","Ivan  Adkins","West","Sunset",1,23.5,23.5]
["2014-12-29","Cassandra  Franklin","MidWest","Sunshine",3,19.95,59.85]
["2014-12-04","Eric  Rose","West","Quad",3,34,102]
["2013-07-30","Salvador  Bass","West","Bellen",3,22.95,68.849999999999994]
["2013-11-30","Sylvester  Morales","West","Bellen",3,22.95,68.849999999999994]
["2014-12-15","Allan  Ramos","MidWest","Carlota",2,22.95,45.9]
["2014-01-29","Fernando  Rowe","West","Carlota",2,22.95,45.9]
["2014-12-06","Fernando  Rowe","West","Majectic Beaut",3,30,90]
["2014-12-15","Ellen  Weaver","South","Sunshine",3,19.95,59.85]
["2013-11-05","Nellie  Joseph","East","Aspen",2,19,38]
["2014-12-22","Elvira  Bowman","MidWest","Sunbell",2,24,48]
["2013-11-26","Bobbie  Ryan","East","Majectic Beaut",2,28,56]
["2014-01-18","Guillermo  Potter","MidWest","Quad",3,33,99]
["2013-11-29","Rachel  Gomez","MidWest","Majectic Beaut",1,29,29]
["2013-03-05","Charlie  Wood","MidWest","Carlota",3,22.95,68.849999999999994]
["2014-12-08","Tiffany  May","West","Quad",6,34,204]
["2013-01-22","Johanna  Boone","South","Sunbell",1,24,24]
["2014-04-27","Mable  Lindsey","West","Sunset",3,23.5,70.5]
["2014-12-15","Drew  Rogers","MidWest","Bellen",1,22.95,22.95]
["2014-03-09","Cecilia  Manning","South","Bellen",1,22.95,22.95]
["2014-05-02","Tiffany  May","West","Majectic Beaut",10,30,300]
["2014-11-24","Isabel  Cross","East","Quad",3,32,96]
["2013-05-04","Elaine  Ellis","South","Quad",3,33,99]
["2014-11-15","Christina  Fuller","West","Bellen",2,22.95,45.9]
["2013-12-27","Lance  Yates","MidWest","Sunbell",3,24,72]
["2014-11-23","Don  Gonzales","South","Carlota",2,22.95,45.9]
["2013-12-09","Sandra  Floyd","MidWest","Crested Beaut",16,22.8,364.8]
["2014-08-25","Beth  Tucker","West","Quad",3,34,102]
["2013-12-18","Shari  Silva","South","Sunbell",1,24,24]
["2013-11-01","Kyle  Carr","MidWest","Sunbell",2,24,48]
["2014-11-05","Cecilia  Manning","South","Sunshine",3,19.95,59.85]
["2013-05-23","Drew  Rogers","MidWest","Sunbell",2,24,48]
["2014-12-17","Nellie  Joseph","East","Majectic Beaut",3,28,84]
["2013-12-26","Austin  Reynolds","East","Sunbell",2,23,46]
["2014-11-13","Lula  Daniels","MidWest","Bellen",1,22.95,22.95]
["2013-12-02","Jenny  Garcia","MidWest","Sunshine",1,19.95,19.95]
["2013-12-23","Sylvester  Morales","West","Carlota",2,22.95,45.9]
["2014-08-22","Lynette  Brewer","MidWest","Quad",2,33,66]
["2013-11-09","Joey  Wong","West","Aspen",1,21,21]
["2013-03-20","Bernadette  Page","MidWest","Bellen",2,22.95,45.9]
["2013-08-18","Elaine  Ellis","South","Aspen",7,20,140]
["2013-12-04","Johanna  Boone","South","Aspen",3,20,60]
["2013-12-23","Lee  Mack","MidWest","Sunset",3,23.5,70.5]
["2013-03-21","Della  Jensen","East","Carlota",1,21.95,21.95]
["2013-11-05","Robert  Munoz","MidWest","Crested Beaut",1,24,24]
["2013-04-02","Mable  Lindsey","West","Carlota",2,22.95,45.9]
["2014-11-28","Willie  Vega","MidWest","Aspen",3,20,60]
["2013-03-30","Drew  Rogers","MidWest","Majectic Beaut",25,27.55,688.75]
["2013-11-24","Charlie  Wood","MidWest","Sunshine",1,19.95,19.95]
["2013-11-01","Joey  Wong","West","Sunshine",2,19.95,39.9]
["2013-09-06","Cecilia  Manning","South","Sunset",3,22.5,67.5]
["2014-12-05","Cindy  Becker","South","Sunset",1,22.5,22.5]
["2013-12-25","Della  Jensen","East","Aspen",3,19,57]
["2013-12-25","Brooke  Horton","MidWest","Doublers",2,79.95,159.9]
["2013-12-13","Blake  Bridges","South","Majectic Beaut",3,29,87]
["2014-12-28","Bobbie  Ryan","East","Sunshine",2,18.95,37.9]
["2013-12-22","Ellen  Weaver","South","Carlota",3,22.95,68.849999999999994]
["2014-11-03","Don  Gonzales","South","V-Rang",3,18,54]
["2013-04-19","Brooke  Horton","MidWest","Sunshine",3,19.95,59.85]
["2013-12-23","Eric  Rose","West","Doublers",3,79.95,239.85]
["2013-11-27","Kyle  Carr","MidWest","Majectic Beaut",3,29,87]
["2013-12-06","Jenny  Garcia","MidWest","Bellen",2,22.95,45.9]
["2013-03-13","Donna  Reid","West","Majectic Beaut",2,30,60]
["2014-11-20","Jaime  Pearson","MidWest","Sunset",2,23.5,47]
["2014-11-29","Shari  Silva","South","Quad",2,33,66]
["2014-11-17","Drew  Rogers","MidWest","Aspen",7,20,140]
["2014-12-07","Della  Jensen","East","Bellen",3,21.95,65.849999999999994]
["2013-11-25","Max  Rodgers","West","Quad",2,34,68]
["2014-01-23","Arturo  Francis","East","FlatTop",3,26.5,79.5]
["2013-10-10","Johanna  Boone","South","Sunbell",3,24,72]
["2014-11-25","Don  Gonzales","South","Sunshine",1,19.95,19.95]
["2014-04-20","Paulette  Spencer","South","Bellen",3,22.95,68.849999999999994]
["2014-11-16","Tracy  Reed","MidWest","Bellen",2,22.95,45.9]
["2014-02-21","Shari  Silva","South","Bellen",2,22.95,45.9]
["2013-11-26","Eddie  Green","East","Doublers",1,75.95,75.95]
["2013-06-21","Jenny  Garcia","MidWest","FlatTop",2,27.5,55]
["2014-11-27","Billie  Chandler","MidWest","Quad",1,33,33]
["2014-11-13","Shari  Silva","South","Doublers",3,77.95,233.85]
["2014-01-28","Isabel  Cross","East","Quad",3,32,96]
["2013-05-04","Ellen  Weaver","South","Quad",2,33,66]
["2013-11-17","Tiffany  May","West","Quad",4,34,136]
["2014-11-11","Shari  Silva","South","Carlota",2,22.95,45.9]
["2013-10-29","Edwin  Malone","East","V-Rang",3,18,54]
["2014-12-30","Johanna  Boone","South","Carlota",1,22.95,22.95]
["2014-09-30","Isabel  Cross","East","Quad",3,32,96]
["2013-11-14","Jenny  Garcia","MidWest","V-Rang",3,18,54]
["2013-09-28","Herman  Williams","East","Bellen",3,21.95,65.849999999999994]
["2013-12-28","Isabel  Cross","East","Sunset",24,21.38,513.12]
["2014-11-01","Della  Jensen","East","Majectic Beaut",2,28,56]
["2014-09-05","Bernadette  Page","MidWest","Quad",3,33,99]
["2013-12-03","Bernadette  Page","MidWest","Bellen",1,22.95,22.95]
["2013-12-11","Elaine  Ellis","South","Quad",2,33,66]
["2014-06-12","Edwin  Malone","East","Carlota",1,21.95,21.95]
["2013-12-10","Drew  Rogers","MidWest","Aspen",3,20,60]
["2013-01-27","Felicia  Jennings","West","Bellen",1,22.95,22.95]
["2014-11-20","Salvador  Bass","West","Sunshine",1,19.95,19.95]
["2013-11-09","Salvador  Bass","West","Sunshine",2,19.95,39.9]
["2013-12-19","Billie  Chandler","MidWest","Sunshine",2,19.95,39.9]
["2013-11-03","Shari  Silva","South","Aspen",1,20,20]
["2014-12-06","Della  Jensen","East","Sunset",1,22.5,22.5]
["2013-11-12","Nellie  Joseph","East","Carlota",2,21.95,43.9]
["2014-12-25","Patty  Thompson","West","Sunshine",1,19.95,19.95]
["2013-12-26","Cassandra  Franklin","MidWest","Bellen",2,22.95,45.9]
["2013-12-21","Cindy  Becker","South","Quad",3,33,99]
["2014-12-18","Edwin  Malone","East","Sunshine",3,18.95,56.85]
["2013-11-22","Lorraine  Gibson","East","Aspen",3,19,57]
["2014-12-22","Rachel  Gomez","MidWest","Sunshine",1,19.95,19.95]
["2013-11-08","Colleen  Warren","West","Sunset",17,22.33,379.61]
["2013-01-25","Shari  Silva","South","Crested Beaut",2,24,48]
["2014-12-29","Cecilia  Manning","South","Carlota",3,22.95,68.849999999999994]
["2014-12-20","Brooke  Horton","MidWest","Sunbell",24,22.8,547.20000000000005]
["2014-11-30","Tiffany  May","West","Bellen",2,22.95,45.9]
["2013-07-04","Joey  Wong","West","Sunbell",1,25,25]
["2013-12-28","Salvador  Bass","West","V-Rang",1,19,19]
["2013-08-18","Della  Jensen","East","Majectic Beaut",6,28,168]
["2013-07-14","Elaine  Ellis","South","Majectic Beaut",3,29,87]
["2014-01-19","Dan  Peterson","MidWest","Bellen",1,22.95,22.95]
["2014-07-03","Cassandra  Franklin","MidWest","Aspen",2,20,40]
["2013-01-24","Cecilia  Manning","South","Sunset",11,21.38,235.18]
["2014-11-13","Max  Rodgers","West","Sunset",3,23.5,70.5]
["2014-11-29","Pauline  Beck","West","Majectic Beaut",3,30,90]
["2013-02-01","Mable  Lindsey","West","Bellen",2,22.95,45.9]
["2013-01-09","Max  Rodgers","West","Sunshine",3,19.95,59.85]
["2013-07-30","Ivan  Adkins","West","Sunshine",2,19.95,39.9]
["2013-12-30","Austin  Reynolds","East","Majectic Beaut",4,28,112]
["2014-12-07","Ernest  Davis","West","Sunset",23,22.33,513.59]
["2014-12-02","Allan  Ramos","MidWest","Carlota",3,22.95,68.849999999999994]
["2013-12-29","Trevor  Jones","West","V-Rang",3,19,57]
["2014-12-25","Mable  Lindsey","West","Carlota",1,22.95,22.95]
["2013-06-13","Christina  Fuller","West","Majectic Beaut",2,30,60]
["2014-12-30","Shari  Silva","South","Crested Beaut",1,24,24]
["2014-04-06","Ivan  Adkins","West","Doublers",1,79.95,79.95]
["2013-01-04","Andrew  Meyer","West","Sunshine",6,19.95,119.7]
["2013-11-01","Della  Jensen","East","Sunset",3,22.5,67.5]
["2014-11-02","Elaine  Ellis","South","Quad",3,33,99]
["2014-12-09","Andrew  Meyer","West","Sunshine",3,19.95,59.85]
["2014-12-20","Salvador  Bass","West","Sunshine",3,19.95,59.85]
["2014-12-23","Donna  Reid","West","Sunbell",3,25,75]
["2013-12-28","Johanna  Boone","South","Bellen",1,22.95,22.95]
["2014-12-09","Trevor  Jones","West","Sunshine",2,19.95,39.9]
["2014-09-22","Isabel  Cross","East","Bellen",6,21.95,131.69999999999999]
["2014-11-11","Woodrow  Colon","South","Doublers",3,77.95,233.85]
["2014-10-27","Shari  Silva","South","Bellen",2,22.95,45.9]
["2014-12-02","Salvador  Bass","West","Crested Beaut",3,25,75]
["2014-05-08","Jenny  Garcia","MidWest","Carlota",3,22.95,68.849999999999994]
["2013-11-05","Robert  Munoz","MidWest","Bellen",1,22.95,22.95]
["2014-12-09","Elbert  Klein","South","Quad",2,33,66]
["2014-07-17","Nellie  Joseph","East","Bellen",3,21.95,65.849999999999994]
["2014-06-24","Robert  Munoz","MidWest","Quad",1,33,33]
["2013-12-12","Donna  Reid","West","Crested Beaut",1,25,25]
["2013-12-06","Patty  Thompson","West","Carlota",17,21.8,370.6]
["2013-07-16","Rachel  Gomez","MidWest","Aspen",4,20,80]
["2013-12-16","Ivan  Adkins","West","Sunbell",2,25,50]
["2014-12-29","Mable  Lindsey","West","Carlota",2,22.95,45.9]
["2014-07-29","Drew  Rogers","MidWest","V-Rang",3,18,54]
["2013-11-07","Salvador  Bass","West","Sunbell",3,25,75]
["2013-11-28","Shari  Silva","South","Carlota",4,22.95,91.8]
["2013-12-04","Lorraine  Gibson","East","Bellen",3,21.95,65.849999999999994]
["2013-11-07","Cindy  Becker","South","Carlota",2,22.95,45.9]
["2014-06-17","Sandra  Floyd","MidWest","Doublers",11,75.95,835.45]
["2014-11-04","Della  Jensen","East","Bellen",3,21.95,65.849999999999994]
["2013-11-17","Lance  Yates","MidWest","Sunshine",2,19.95,39.9]
["2014-12-27","Isabel  Cross","East","Crested Beaut",2,23,46]
["2013-11-21","Christina  Fuller","West","Sunset",3,23.5,70.5]
["2014-11-19","Robert  Munoz","MidWest","Carlota",2,22.95,45.9]
["2013-09-16","Shari  Silva","South","Bellen",2,22.95,45.9]
["2014-02-11","Lorraine  Gibson","East","Majectic Beaut",2,28,56]
["2013-11-02","Edwin  Malone","East","Bellen",2,21.95,43.9]
["2014-12-08","Marian  Hill","South","Sunshine",3,19.95,59.85]
["2014-12-12","Bobbie  Ryan","East","Sunshine",1,18.95,18.95]
["2013-01-11","Christy  Olson","West","Doublers",1,79.95,79.95]
["2014-11-29","Bobbie  Ryan","East","Crested Beaut",1,23,23]
["2014-08-03","Marion  Glover","East","Bellen",2,21.95,43.9]
["2014-12-01","Marian  Hill","South","Aspen",3,20,60]
["2013-10-21","Max  Rodgers","West","Sunset",1,23.5,23.5]
["2013-12-19","Bernadette  Page","MidWest","Crested Beaut",1,24,24]
["2014-11-23","Shari  Silva","South","Sunbell",3,24,72]
["2013-05-10","Trevor  Jones","West","Majectic Beaut",1,30,30]
["2013-12-30","Paulette  Spencer","South","Sunshine",3,19.95,59.85]
["2013-11-20","Andrew  Meyer","West","Sunset",3,23.5,70.5]
["2014-11-30","Eric  Rose","West","Carlota",3,22.95,68.849999999999994]
["2014-12-29","Lorraine  Gibson","East","Sunshine",3,18.95,56.85]
["2013-11-21","Jenny  Garcia","MidWest","Sunshine",2,19.95,39.9]
["2013-07-25","Colleen  Warren","West","Sunbell",6,25,150]
["2013-12-11","Bernadette  Page","MidWest","Sunbell",2,24,48]
["2014-12-04","Beth  Tucker","West","Quad",14,32.299999999999997,452.2]
["2013-12-08","Isabel  Cross","East","Sunset",16,21.38,342.08]
["2014-09-19","Colleen  Warren","West","Sunbell",2,25,50]
["2013-11-26","Isabel  Cross","East","Doublers",3,75.95,227.85]
["2014-11-23","Blake  Bridges","South","Sunshine",3,19.95,59.85]
["2014-12-26","Andrew  Meyer","West","Bellen",4,22.95,91.8]
["2013-12-21","Donna  Reid","West","Carlota",4,22.95,91.8]
["2014-12-20","Cindy  Becker","South","Crested Beaut",2,24,48]
["2013-12-07","Edwin  Malone","East","Crested Beaut",3,23,69]
["2014-12-07","Beth  Tucker","West","Bellen",1,22.95,22.95]
["2013-12-13","Cecilia  Manning","South","Sunshine",4,19.95,79.8]
["2013-11-24","Marian  Hill","South","Carlota",2,22.95,45.9]
["2013-12-14","Jenny  Garcia","MidWest","Carlota",2,22.95,45.9]
["2014-04-13","Isabel  Cross","East","Crested Beaut",2,23,46]
["2014-12-24","Shari  Silva","South","Bellen",3,22.95,68.849999999999994]
["2014-12-27","Isabel  Cross","East","FlatTop",2,26.5,53]
["2014-12-20","Cassandra  Franklin","MidWest","Quad",4,33,132]
["2014-09-10","Nellie  Joseph","East","Sunbell",2,23,46]
["2013-12-05","Trevor  Jones","West","Sunbell",25,23.75,593.75]
["2014-03-04","Brooke  Horton","MidWest","Bellen",2,22.95,45.9]
["2014-11-28","Sonya  Mullins","East","Aspen",2,19,38]
["2013-06-30","Bernadette  Page","MidWest","Bellen",1,22.95,22.95]
["2013-11-11","Bernadette  Page","MidWest","Quad",3,33,99]
["2014-12-07","Felicia  Jennings","West","Sunset",2,23.5,47]
["2014-12-22","Trevor  Jones","West","Bellen",18,21.8,392.4]
["2013-05-12","Robert  Munoz","MidWest","Carlota",1,22.95,22.95]
["2014-11-06","Kyle  Carr","MidWest","V-Rang",3,18,54]
["2014-12-03","Cindy  Becker","South","Sunbell",2,24,48]
["2013-10-17","Cindy  Becker","South","Doublers",2,77.95,155.9]
["2013-11-23","Eric  Rose","West","Sunshine",2,19.95,39.9]
["2013-12-30","Ellen  Weaver","South","Sunshine",1,19.95,19.95]
["2014-11-07","Sandra  Floyd","MidWest","Aspen",2,20,40]
["2013-12-05","Max  Rodgers","West","Crested Beaut",2,25,50]
["2014-12-03","Christy  Olson","West","Sunshine",1,19.95,19.95]
["2013-05-24","Drew  Rogers","MidWest","Sunshine",1,19.95,19.95]
["2014-11-03","Lula  Daniels","MidWest","Aspen",3,20,60]
["2014-05-24","Donna  Reid","West","Sunset",24,22.33,535.91999999999996]
["2014-12-28","Kyle  Carr","MidWest","Sunshine",3,19.95,59.85]
["2014-11-28","Christy  Olson","West","Quad",3,34,102]
["2014-12-05","Cassandra  Franklin","MidWest","Aspen",3,20,60]
["2014-08-19","Iris  Underwood","West","Quad",5,34,170]
["2013-03-28","Cassandra  Franklin","MidWest","Quad",3,33,99]
["2014-11-02","Trevor  Jones","West","Carlota",3,22.95,68.849999999999994]
["2014-07-19","Max  Rodgers","West","Quad",1,34,34]
["2013-11-06","Elaine  Ellis","South","Carlota",3,22.95,68.849999999999994]
["2013-12-30","Edwin  Malone","East","Sunshine",6,18.95,113.7]
["2014-03-07","Lorraine  Gibson","East","Sunbell",1,23,23]
["2014-06-23","Charlie  Wood","MidWest","Sunshine",2,19.95,39.9]
["2014-12-04","Cassandra  Franklin","MidWest","Sunshine",3,19.95,59.85]
["2014-01-10","Woodrow  Colon","South","Quad",2,33,66]
["2014-06-01","Don  Gonzales","South","Majectic Beaut",2,29,58]
["2013-06-13","Lula  Daniels","MidWest","Carlota",3,22.95,68.849999999999994]
["2013-11-19","Tracy  Reed","MidWest","Carlota",2,22.95,45.9]
["2013-11-11","Jaime  Pearson","MidWest","Bellen",2,22.95,45.9]
["2014-11-28","Cassandra  Franklin","MidWest","Sunbell",2,24,48]
["2013-12-30","Max  Rodgers","West","Crested Beaut",2,25,50]
["2014-08-26","Beth  Tucker","West","Sunshine",1,19.95,19.95]
["2013-12-28","Andrew  Meyer","West","Bellen",3,22.95,68.849999999999994]
["2013-12-14","Edwin  Malone","East","V-Rang",1,18,18]
["2013-11-15","Max  Rodgers","West","Sunshine",1,19.95,19.95]
["2014-09-27","Willie  Vega","MidWest","Quad",1,33,33]
["2013-05-21","Rachel  Gomez","MidWest","Sunshine",2,19.95,39.9]
["2014-11-11","Cindy  Becker","South","Bellen",3,22.95,68.849999999999994]
["2014-11-01","Cindy  Becker","South","Quad",20,31.35,627]
["2014-11-13","Drew  Rogers","MidWest","Sunset",2,23.5,47]
["2013-11-16","Dan  Peterson","MidWest","Sunshine",2,19.95,39.9]
["2013-12-05","Elvira  Bowman","MidWest","Carlota",10,22.95,229.5]
["2014-11-30","Cassandra  Franklin","MidWest","Carlota",2,22.95,45.9]
["2013-12-26","Robert  Munoz","MidWest","V-Rang",2,18,36]
["2013-11-18","Rachel  Gomez","MidWest","Bellen",1,22.95,22.95]
["2014-11-13","Ruben  Nunez","West","Sunset",1,23.5,23.5]
["2013-12-07","Kyle  Carr","MidWest","Carlota",3,22.95,68.849999999999994]
["2014-01-17","Shari  Silva","South","Sunset",1,22.5,22.5]
["2013-04-28","Jenny  Garcia","MidWest","Sunbell",1,24,24]
["2014-11-29","Cassandra  Franklin","MidWest","Sunset",3,23.5,70.5]
["2013-12-14","Drew  Rogers","MidWest","Sunset",1,23.5,23.5]
["2014-11-15","Patty  Thompson","West","Doublers",19,75.95,1443.05]
["2014-02-27","Della  Jensen","East","Crested Beaut",1,23,23]
["2013-04-13","Billie  Chandler","MidWest","Majectic Beaut",1,29,29]
["2014-11-24","Charlie  Wood","MidWest","Doublers",1,79.95,79.95]
["2014-12-28","Peter  Hodges","MidWest","Sunbell",2,24,48]
["2014-02-19","Shari  Silva","South","Sunshine",2,19.95,39.9]
["2014-12-29","Sonya  Mullins","East","V-Rang",2,18,36]
["2013-12-27","Edwin  Malone","East","Majectic Beaut",2,28,56]
["2013-11-05","Don  Gonzales","South","Sunbell",2,24,48]
["2014-06-28","Ellen  Weaver","South","Sunshine",1,19.95,19.95]
["2013-12-24","Eric  Rose","West","Sunshine",2,19.95,39.9]
["2013-12-29","Cindy  Becker","South","Bellen",4,22.95,91.8]
["2013-11-01","Arturo  Francis","East","Aspen",2,19,38]
["2014-11-27","Isabel  Cross","East","FlatTop",1,26.5,26.5]
["2014-12-09","Robert  Munoz","MidWest","Sunbell",3,24,72]
["2013-11-27","Herman  Williams","East","Majectic Beaut",3,28,84]
["2014-04-12","Rachel  Gomez","MidWest","Carlota",23,21.8,501.4]
["2014-04-07","Della  Jensen","East","Crested Beaut",2,23,46]
["2013-11-16","Elaine  Ellis","South","Sunset",9,22.5,202.5]
["2013-12-13","Sonya  Mullins","East","Quad",1,32,32]
["2013-11-18","Kyle  Carr","MidWest","Crested Beaut",3,24,72]
["2013-11-17","Austin  Reynolds","East","Carlota",19,20.85,396.15]
["2014-07-02","Woodrow  Colon","South","Quad",1,33,33]
["2013-12-18","Felicia  Jennings","West","Aspen",2,21,42]
["2014-11-01","Lula  Daniels","MidWest","Sunbell",1,24,24]
["2014-12-21","Allan  Ramos","MidWest","Carlota",2,22.95,45.9]
["2014-11-23","Brooke  Horton","MidWest","Bellen",3,22.95,68.849999999999994]
["2014-11-10","Drew  Rogers","MidWest","Bellen",1,22.95,22.95]
["2013-12-07","Jenny  Garcia","MidWest","Carlota",2,22.95,45.9]
["2014-12-26","Isabel  Cross","East","Sunset",3,22.5,67.5]
["2013-11-21","Edwin  Malone","East","Bellen",2,21.95,43.9]
["2014-12-22","Donna  Reid","West","Sunbell",3,25,75]
["2013-02-26","Drew  Rogers","MidWest","V-Rang",2,18,36]
["2013-11-12","Ruben  Nunez","West","Carlota",2,22.95,45.9]
["2014-05-02","Rachel  Gomez","MidWest","Sunset",3,23.5,70.5]
["2013-02-07","Shari  Silva","South","Carlota",3,22.95,68.849999999999994]
["2014-12-29","Peter  Hodges","MidWest","Crested Beaut",2,24,48]
["2014-11-25","Donna  Reid","West","Sunset",6,23.5,141]
["2013-11-13","Isabel  Cross","East","V-Rang",4,18,72]
["2013-11-07","Cassandra  Franklin","MidWest","Carlota",2,22.95,45.9]
["2013-01-16","Marion  Glover","East","Quad",2,32,64]
["2014-11-07","Mable  Lindsey","West","Sunshine",2,19.95,39.9]
["2014-09-12","Cassandra  Franklin","MidWest","Crested Beaut",4,24,96]
["2013-02-06","Edwin  Malone","East","Aspen",1,19,19]
["2013-03-14","Isabel  Cross","East","Doublers",2,75.95,151.9]
["2014-11-07","Lula  Daniels","MidWest","Carlota",2,22.95,45.9]
["2014-10-12","Jenny  Garcia","MidWest","Aspen",25,19,475]
["2014-12-11","Christy  Olson","West","Majectic Beaut",3,30,90]
["2014-09-06","Drew  Rogers","MidWest","Sunbell",4,24,96]
["2013-12-29","Trevor  Jones","West","V-Rang",4,19,76]
["2013-11-11","Shari  Silva","South","Crested Beaut",1,24,24]
["2013-11-15","Fernando  Rowe","West","Carlota",1,22.95,22.95]
["2013-12-29","Tiffany  May","West","Sunbell",2,25,50]
["2014-12-02","Shari  Silva","South","Carlota",1,22.95,22.95]
["2014-12-01","Eric  Rose","West","Quad",2,34,68]
["2014-11-07","Elvira  Bowman","MidWest","Quad",2,33,66]
["2014-12-03","Christina  Fuller","West","Carlota",2,22.95,45.9]
["2014-11-11","Marian  Hill","South","Carlota",3,22.95,68.849999999999994]
["2014-10-29","Carla  Mccormick","MidWest","Doublers",3,79.95,239.85]
["2014-11-16","Arturo  Francis","East","Sunbell",3,23,69]
["2014-11-23","Bobbie  Ryan","East","Sunbell",2,23,46]
["2013-12-10","Felicia  Jennings","West","Quad",3,34,102]
["2014-12-05","Andrew  Meyer","West","Sunbell",2,25,50]
["2014-12-06","Bernadette  Page","MidWest","Bellen",3,22.95,68.849999999999994]
["2014-12-24","Lula  Daniels","MidWest","V-Rang",1,18,18]
["2014-12-28","Eddie  Green","East","FlatTop",6,26.5,159]
["2013-12-30","Austin  Reynolds","East","Sunshine",2,18.95,37.9]
["2013-11-09","Cecilia  Manning","South","Aspen",2,20,40]
["2013-06-28","Tiffany  May","West","Bellen",3,22.95,68.849999999999994]
["2014-11-07","Ben  Perez","West","Sunbell",18,23.75,427.5]
["2013-12-11","Eddie  Green","East","Sunshine",2,18.95,37.9]
["2013-11-06","Blake  Bridges","South","Carlota",3,22.95,68.849999999999994]
["2014-02-03","Herman  Williams","East","Quad",1,32,32]
["2014-11-27","Cecilia  Manning","South","Sunbell",2,24,48]
["2014-11-04","Jenny  Garcia","MidWest","Doublers",4,79.95,319.8]
["2013-06-23","Eddie  Green","East","Quad",3,32,96]
["2013-11-03","Guillermo  Potter","MidWest","FlatTop",1,27.5,27.5]
["2014-11-20","Dan  Peterson","MidWest","Bellen",3,22.95,68.849999999999994]
["2014-12-06","Rachel  Gomez","MidWest","Sunshine",3,19.95,59.85]
["2014-12-15","Rachel  Gomez","MidWest","Bellen",4,22.95,91.8]
["2014-12-27","Edwin  Malone","East","Sunset",1,22.5,22.5]
["2014-07-12","Jaime  Pearson","MidWest","Sunshine",1,19.95,19.95]
["2014-10-17","Cindy  Becker","South","Quad",2,33,66]
["2013-10-22","Lula  Daniels","MidWest","Quad",8,33,264]
["2013-11-24","Allan  Ramos","MidWest","V-Rang",2,18,36]
["2013-11-07","Austin  Reynolds","East","Carlota",3,21.95,65.849999999999994]
["2014-03-08","Fernando  Rowe","West","Quad",2,34,68]
["2014-11-10","Max  Rodgers","West","V-Rang",2,19,38]
["2013-12-23","Cindy  Becker","South","Sunshine",13,18.95,246.35]
["2014-11-13","Drew  Rogers","MidWest","Quad",3,33,99]
["2014-11-28","Edwin  Malone","East","Quad",4,32,128]
["2014-04-30","Max  Rodgers","West","FlatTop",1,27.5,27.5]
["2014-11-05","Fernando  Rowe","West","Doublers",10,79.95,799.5]
["2013-12-08","Donna  Reid","West","Quad",3,34,102]
["2013-11-25","Robert  Munoz","MidWest","Bellen",2,22.95,45.9]
["2014-11-19","Willie  Vega","MidWest","Carlota",1,22.95,22.95]
["2014-12-13","Shari  Silva","South","Quad",2,33,66]
["2014-11-08","Ruben  Nunez","West","V-Rang",2,19,38]
["2013-11-12","Ruben  Nunez","West","Carlota",1,22.95,22.95]
["2013-12-20","Rachel  Gomez","MidWest","Quad",1,33,33]
["2014-11-20","Blake  Bridges","South","Carlota",2,22.95,45.9]
["2013-11-01","Paulette  Spencer","South","Sunshine",2,19.95,39.9]
["2014-12-10","Rachel  Gomez","MidWest","FlatTop",1,27.5,27.5]
["2013-04-29","Guillermo  Potter","MidWest","Sunset",2,23.5,47]
["2014-12-14","Mable  Lindsey","West","Sunshine",3,19.95,59.85]
["2014-07-03","Nellie  Joseph","East","Carlota",14,20.85,291.89999999999998]
["2013-12-18","Paulette  Spencer","South","Bellen",3,22.95,68.849999999999994]
["2013-11-26","Don  Gonzales","South","Sunset",2,22.5,45]
["2014-11-17","Shari  Silva","South","Carlota",4,22.95,91.8]
["2014-11-29","Edwin  Malone","East","Doublers",3,75.95,227.85]
["2014-12-13","Christina  Fuller","West","Carlota",1,22.95,22.95]
["2013-11-28","Brooke  Horton","MidWest","Crested Beaut",2,24,48]
["2014-11-28","Woodrow  Colon","South","Carlota",3,22.95,68.849999999999994]
["2014-12-28","Andrew  Meyer","West","Sunbell",14,23.75,332.5]
["2014-11-20","Dan  Peterson","MidWest","Aspen",1,20,20]
["2014-11-07","Ruben  Nunez","West","Crested Beaut",2,25,50]
["2014-12-23","Iris  Underwood","West","Doublers",3,79.95,239.85]
["2014-12-07","Kyle  Carr","MidWest","Sunshine",2,19.95,39.9]
["2013-12-06","Lula  Daniels","MidWest","Crested Beaut",3,24,72]
["2013-02-07","Herman  Williams","East","Majectic Beaut",1,28,28]
["2013-12-04","Donna  Reid","West","Carlota",3,22.95,68.849999999999994]
["2013-05-21","Bobbie  Ryan","East","Sunbell",3,23,69]
["2014-06-15","Max  Rodgers","West","Quad",2,34,68]
["2014-11-14","Andrew  Meyer","West","Sunshine",3,19.95,59.85]
["2013-12-29","Kyle  Carr","MidWest","Majectic Beaut",4,29,116]
["2013-12-03","Guillermo  Potter","MidWest","Sunbell",2,24,48]
["2014-03-08","Fernando  Rowe","West","Bellen",2,22.95,45.9]
["2014-11-22","Ben  Perez","West","Bellen",2,22.95,45.9]
["2013-08-10","Beth  Tucker","West","Carlota",2,22.95,45.9]
["2013-08-07","Eric  Rose","West","Majectic Beaut",2,30,60]
["2014-12-17","Cassandra  Franklin","MidWest","Bellen",3,22.95,68.849999999999994]
["2014-11-15","Trevor  Jones","West","Quad",2,34,68]
["2014-11-21","Shari  Silva","South","Bellen",3,22.95,68.849999999999994]
["2013-12-18","Drew  Rogers","MidWest","Carlota",1,22.95,22.95]
["2014-12-30","Della  Jensen","East","Quad",9,32,288]
["2013-12-28","Donna  Reid","West","Doublers",3,79.95,239.85]
["2014-12-06","Rachel  Gomez","MidWest","Aspen",2,20,40]
["2014-11-20","Peter  Hodges","MidWest","Sunbell",3,24,72]
["2014-12-21","Dan  Peterson","MidWest","Sunbell",1,24,24]
["2014-04-28","Don  Gonzales","South","FlatTop",3,26.5,79.5]
["2013-02-27","Andrew  Meyer","West","Carlota",2,22.95,45.9]
["2014-12-14","Iris  Underwood","West","Crested Beaut",2,25,50]
["2014-12-11","Bobbie  Ryan","East","Sunbell",2,23,46]
["2014-12-11","Cindy  Becker","South","Quad",2,33,66]
["2014-03-11","Jenny  Garcia","MidWest","Majectic Beaut",8,29,232]
["2013-12-19","Elvira  Bowman","MidWest","Sunset",2,23.5,47]
["2013-09-08","Brooke  Horton","MidWest","Sunbell",2,24,48]
["2014-12-16","Drew  Rogers","MidWest","Sunbell",24,22.8,547.20000000000005]
["2013-11-18","Colleen  Warren","West","Sunbell",3,25,75]
["2014-11-27","Della  Jensen","East","Quad",3,32,96]
["2013-12-15","Salvador  Bass","West","Quad",2,34,68]
["2013-12-19","Lance  Yates","MidWest","Majectic Beaut",3,29,87]
["2013-04-15","Fernando  Rowe","West","Aspen",1,21,21]
["2014-07-30","Patty  Thompson","West","Bellen",2,22.95,45.9]
["2013-11-29","Rachel  Gomez","MidWest","Crested Beaut",1,24,24]
["2013-11-11","Shari  Silva","South","Sunshine",3,19.95,59.85]
["2014-12-13","Jenny  Garcia","MidWest","Carlota",1,22.95,22.95]
["2013-03-23","Allan  Ramos","MidWest","Carlota",2,22.95,45.9]
["2013-11-14","Patty  Thompson","West","Crested Beaut",3,25,75]
["2013-12-27","Dan  Peterson","MidWest","Sunshine",3,19.95,59.85]
["2013-12-27","Sylvester  Morales","West","Carlota",2,22.95,45.9]
["2014-07-05","Edwin  Malone","East","Quad",3,32,96]
["2014-01-02","Joey  Wong","West","Aspen",3,21,63]
["2013-11-16","Salvador  Bass","West","Sunbell",2,25,50]
["2013-12-21","Patty  Thompson","West","Sunshine",2,19.95,39.9]
["2013-12-28","Mable  Lindsey","West","Bellen",4,22.95,91.8]
["2014-12-29","Shari  Silva","South","Quad",1,33,33]
["2013-12-01","Charlie  Wood","MidWest","Sunshine",2,19.95,39.9]
["2013-09-30","Guillermo  Potter","MidWest","Crested Beaut",3,24,72]
["2013-12-30","Lee  Mack","MidWest","Sunset",3,23.5,70.5]
["2013-12-10","Edwin  Malone","East","Sunshine",1,18.95,18.95]
["2014-12-10","Bethany  Pena","MidWest","Quad",1,33,33]
["2013-12-30","Billie  Chandler","MidWest","Quad",2,33,66]
["2014-07-28","Mable  Lindsey","West","Bellen",1,22.95,22.95]
["2014-12-17","Don  Gonzales","South","Carlota",1,22.95,22.95]
["2013-11-22","Lynette  Brewer","MidWest","Carlota",1,22.95,22.95]
["2014-11-10","Charlie  Wood","MidWest","Sunshine",2,19.95,39.9]
["2013-12-25","Iris  Underwood","West","Aspen",1,21,21]
["2014-12-09","Salvador  Bass","West","Crested Beaut",2,25,50]
["2014-12-20","Max  Rodgers","West","Doublers",9,79.95,719.55]
["2013-12-20","Kyle  Carr","MidWest","Quad",3,33,99]
["2014-09-24","Della  Jensen","East","Sunbell",2,23,46]
["2013-12-03","Elbert  Klein","South","Bellen",2,22.95,45.9]
["2014-12-03","Sylvester  Morales","West","Sunshine",2,19.95,39.9]
["2013-12-07","Edwin  Malone","East","Bellen",15,20.85,312.75]
["2014-11-20","Max  Rodgers","West","Carlota",2,22.95,45.9]
["2014-12-10","Lance  Yates","MidWest","Quad",2,33,66]
["2014-11-29","Marian  Hill","South","Quad",1,33,33]
["2013-12-30","Willie  Vega","MidWest","Quad",1,33,33]
["2014-12-26","Fernando  Rowe","West","Bellen",1,22.95,22.95]
["2013-12-29","Pauline  Beck","West","Bellen",2,22.95,45.9]
["2013-11-07","Jaime  Pearson","MidWest","Bellen",2,22.95,45.9]
["2013-10-23","Ernest  Davis","West","Sunshine",2,19.95,39.9]
["2013-12-11","Ernest  Davis","West","Majectic Beaut",1,30,30]
["2013-11-20","Max  Rodgers","West","Sunset",3,23.5,70.5]
["2014-12-15","Trevor  Jones","West","Sunbell",3,25,75]
["2013-12-14","Edwin  Malone","East","Sunshine",2,18.95,37.9]
["2013-11-10","Sonya  Mullins","East","Sunbell",3,23,69]
["2013-12-27","Rachel  Gomez","MidWest","Sunshine",3,19.95,59.85]
["2014-01-14","Lance  Yates","MidWest","Sunshine",1,19.95,19.95]
["2013-07-13","Billie  Chandler","MidWest","Aspen",3,20,60]
["2014-06-04","Ernest  Davis","West","Quad",2,34,68]
["2013-08-22","Pauline  Beck","West","Aspen",4,21,84]
["2013-12-03","Shari  Silva","South","Quad",2,33,66]
["2014-11-02","Mable  Lindsey","West","Bellen",2,22.95,45.9]
["2014-11-04","Lorraine  Gibson","East","Sunset",3,22.5,67.5]
["2014-12-11","Paulette  Spencer","South","Sunshine",2,19.95,39.9]
["2014-04-19","Rachel  Gomez","MidWest","Majectic Beaut",3,29,87]
["2014-11-14","Brooke  Horton","MidWest","Carlota",3,22.95,68.849999999999994]
["2013-05-26","Arturo  Francis","East","Sunset",2,22.5,45]
["2014-11-14","Sandra  Floyd","MidWest","Majectic Beaut",2,29,58]
["2014-11-04","Cecilia  Manning","South","V-Rang",2,18,36]
["2013-11-04","Allan  Ramos","MidWest","FlatTop",3,27.5,82.5]
["2013-11-23","Cindy  Becker","South","Crested Beaut",2,24,48]
["2013-12-21","Mable  Lindsey","West","Sunbell",3,25,75]
["2014-08-09","Guillermo  Potter","MidWest","Doublers",3,79.95,239.85]
["2014-01-20","Trevor  Jones","West","Carlota",3,22.95,68.849999999999994]
["2014-11-27","Cecilia  Manning","South","Quad",2,33,66]
["2013-12-06","Ellen  Weaver","South","Bellen",1,22.95,22.95]
["2013-12-03","Cecilia  Manning","South","Sunshine",1,19.95,19.95]
["2013-04-09","Brooke  Horton","MidWest","Bellen",3,22.95,68.849999999999994]
["2013-12-28","Andrew  Meyer","West","Sunshine",1,19.95,19.95]
["2013-11-15","Sonya  Mullins","East","Bellen",2,21.95,43.9]
["2014-07-29","Marion  Glover","East","Sunset",1,22.5,22.5]
["2013-07-16","Christina  Fuller","West","Quad",23,32.299999999999997,742.9]
["2014-06-15","Max  Rodgers","West","Quad",3,34,102]
["2014-11-10","Colleen  Warren","West","Carlota",2,22.95,45.9]
["2013-04-08","Ivan  Adkins","West","Bellen",3,22.95,68.849999999999994]
["2013-11-12","Sylvester  Morales","West","FlatTop",1,27.5,27.5]
["2014-05-29","Herman  Williams","East","Sunbell",2,23,46]
["2014-11-03","Salvador  Bass","West","Bellen",1,22.95,22.95]
["2013-11-01","Allan  Ramos","MidWest","Bellen",1,22.95,22.95]
["2014-12-09","Donna  Reid","West","Sunshine",10,19.95,199.5]
["2014-11-09","Max  Rodgers","West","Bellen",3,22.95,68.849999999999994]
["2013-11-21","Patty  Thompson","West","Aspen",3,21,63]
["2014-08-31","Don  Gonzales","South","FlatTop",10,26.5,265]
["2013-01-15","Rachel  Gomez","MidWest","Carlota",2,22.95,45.9]
["2013-12-26","Della  Jensen","East","Carlota",16,20.85,333.6]
["2013-05-08","Cecilia  Manning","South","Sunbell",2,24,48]
["2014-12-31","Eddie  Green","East","Majectic Beaut",1,28,28]
["2013-12-12","Bernadette  Page","MidWest","Quad",3,33,99]
["2013-05-12","Austin  Reynolds","East","Sunshine",3,18.95,56.85]
["2013-04-16","Rachel  Gomez","MidWest","Bellen",1,22.95,22.95]
["2013-11-07","Peter  Hodges","MidWest","Bellen",23,21.8,501.4]
["2014-11-26","Fernando  Rowe","West","Majectic Beaut",3,30,90]
["2014-12-16","Isabel  Cross","East","Bellen",3,21.95,65.849999999999994]
["2014-12-08","Bernadette  Page","MidWest","Carlota",3,22.95,68.849999999999994]
["2013-12-02","Ruben  Nunez","West","Bellen",2,22.95,45.9]
["2013-12-04","Max  Rodgers","West","Carlota",2,22.95,45.9]
["2014-12-03","Max  Rodgers","West","Carlota",3,22.95,68.849999999999994]
["2013-05-18","Austin  Reynolds","East","Bellen",4,21.95,87.8]
["2013-10-24","Christina  Fuller","West","Sunset",3,23.5,70.5]
["2013-11-03","Guillermo  Potter","MidWest","Carlota",2,22.95,45.9]
["2014-12-07","Patty  Thompson","West","Bellen",3,22.95,68.849999999999994]
["2014-01-09","Shari  Silva","South","Carlota",16,21.8,348.8]
["2013-06-13","Max  Rodgers","West","Aspen",2,21,42]
["2014-11-17","Cindy  Becker","South","Carlota",1,22.95,22.95]
["2013-11-04","Jaime  Pearson","MidWest","Sunbell",1,24,24]
["2013-11-09","Andrew  Meyer","West","Aspen",2,21,42]
["2014-12-05","Arturo  Francis","East","FlatTop",1,26.5,26.5]
["2013-08-23","Dan  Peterson","MidWest","Majectic Beaut",4,29,116]
["2014-12-22","Bethany  Pena","MidWest","Sunshine",3,19.95,59.85]
["2013-10-25","Mable  Lindsey","West","Carlota",3,22.95,68.849999999999994]
["2014-12-15","Max  Rodgers","West","Carlota",7,22.95,160.65]
["2014-11-20","Rachel  Gomez","MidWest","Crested Beaut",1,24,24]
["2014-11-13","Elaine  Ellis","South","Sunshine",16,18.95,303.2]
["2014-12-21","Cindy  Becker","South","Quad",3,33,99]
["2014-02-22","Austin  Reynolds","East","Quad",1,32,32]
["2013-11-09","Cindy  Becker","South","Sunshine",3,19.95,59.85]
["2013-11-05","Kyle  Carr","MidWest","Sunshine",3,19.95,59.85]
["2014-09-28","Brooke  Horton","MidWest","Sunbell",3,24,72]
["2013-11-18","Carla  Mccormick","MidWest","Quad",1,33,33]
["2014-12-27","Lynette  Brewer","MidWest","Bellen",2,22.95,45.9]
["2013-11-19","Peter  Hodges","MidWest","Bellen",3,22.95,68.849999999999994]
["2014-01-29","Cassandra  Franklin","MidWest","FlatTop",2,27.5,55]
["2013-11-08","Marian  Hill","South","Sunshine",3,19.95,59.85]
["2013-11-18","Ben  Perez","West","Bellen",1,22.95,22.95]
["2014-02-17","Dan  Peterson","MidWest","Quad",3,33,99]
["2013-03-03","Iris  Underwood","West","V-Rang",1,19,19]
["2013-05-02","Ruben  Nunez","West","Quad",12,32.299999999999997,387.6]
["2013-04-23","Marian  Hill","South","Sunshine",14,18.95,265.3]
["2013-12-01","Billie  Chandler","MidWest","Quad",2,33,66]
["2013-11-12","Marion  Glover","East","Majectic Beaut",2,28,56]
["2014-11-17","Andrew  Meyer","West","Quad",3,34,102]
["2013-09-19","Bernadette  Page","MidWest","Carlota",2,22.95,45.9]
["2013-11-16","Cecilia  Manning","South","Sunset",2,22.5,45]
["2014-03-10","Ruben  Nunez","West","Sunset",3,23.5,70.5]
["2013-08-17","Drew  Rogers","MidWest","Sunbell",3,24,72]
["2013-11-28","Ivan  Adkins","West","Crested Beaut",3,25,75]
["2014-12-25","Christy  Olson","West","Quad",2,34,68]
["2014-11-23","Austin  Reynolds","East","Bellen",3,21.95,65.849999999999994]
["2014-12-05","Isabel  Cross","East","Sunset",22,21.38,470.36]
["2014-12-04","Tracy  Reed","MidWest","Crested Beaut",3,24,72]
["2014-05-17","Paulette  Spencer","South","Quad",1,33,33]
["2013-11-19","Fernando  Rowe","West","Aspen",3,21,63]
["2013-12-17","Christy  Olson","West","Quad",3,34,102]
["2014-11-01","Ruben  Nunez","West","Doublers",1,79.95,79.95]
["2014-09-29","Don  Gonzales","South","Crested Beaut",15,22.8,342]
["2014-12-01","Salvador  Bass","West","Sunshine",2,19.95,39.9]
["2013-11-06","Cassandra  Franklin","MidWest","Bellen",3,22.95,68.849999999999994]
["2013-12-27","Cindy  Becker","South","Majectic Beaut",19,27.55,523.45000000000005]
["2013-12-21","Della  Jensen","East","Sunbell",2,23,46]
["2014-09-27","Cecilia  Manning","South","Sunset",3,22.5,67.5]
["2014-05-20","Patty  Thompson","West","Quad",3,34,102]
["2014-12-31","Jenny  Garcia","MidWest","Carlota",3,22.95,68.849999999999994]
["2013-11-28","Ellen  Weaver","South","Quad",3,33,99]
["2014-12-11","Della  Jensen","East","Sunshine",2,18.95,37.9]
["2014-10-22","Bernadette  Page","MidWest","Sunbell",10,24,240]
["2013-11-04","Billie  Chandler","MidWest","Doublers",2,79.95,159.9]
["2013-11-07","Ivan  Adkins","West","Carlota",3,22.95,68.849999999999994]
["2013-10-28","Sylvester  Morales","West","Quad",2,34,68]
["2013-12-19","Blake  Bridges","South","Sunset",3,22.5,67.5]
["2013-12-22","Salvador  Bass","West","Sunbell",1,25,25]
["2013-12-11","Bethany  Pena","MidWest","Crested Beaut",5,24,120]
["2013-12-22","Ernest  Davis","West","Doublers",2,79.95,159.9]
["2014-11-14","Brooke  Horton","MidWest","Sunset",1,23.5,23.5]
["2014-01-29","Marian  Hill","South","Majectic Beaut",1,29,29]
["2014-12-13","Drew  Rogers","MidWest","Sunset",2,23.5,47]
["2014-11-02","Trevor  Jones","West","Sunshine",3,19.95,59.85]
["2013-11-08","Robert  Munoz","MidWest","Sunset",2,23.5,47]
["2014-05-02","Della  Jensen","East","Sunshine",1,18.95,18.95]
["2014-02-04","Lance  Yates","MidWest","Majectic Beaut",2,29,58]
["2014-12-25","Andrew  Meyer","West","Aspen",1,21,21]
["2014-08-21","Joey  Wong","West","Quad",1,34,34]
["2013-12-06","Isabel  Cross","East","Majectic Beaut",3,28,84]
["2014-12-17","Donna  Reid","West","Bellen",3,22.95,68.849999999999994]
["2014-12-25","Isabel  Cross","East","Carlota",2,21.95,43.9]
["2013-12-20","Paulette  Spencer","South","Carlota",1,22.95,22.95]
["2013-12-12","Cecilia  Manning","South","Majectic Beaut",2,29,58]
["2013-08-07","Mable  Lindsey","West","Bellen",2,22.95,45.9]
["2014-03-11","Isabel  Cross","East","Majectic Beaut",1,28,28]
["2013-03-17","Brooke  Horton","MidWest","Doublers",3,79.95,239.85]
["2014-10-04","Eric  Rose","West","Quad",12,32.299999999999997,387.6]
["2013-12-01","Tiffany  May","West","Sunset",1,23.5,23.5]
["2014-02-24","Della  Jensen","East","Quad",2,32,64]
["2014-02-28","Johanna  Boone","South","Sunbell",3,24,72]
["2014-04-18","Lee  Mack","MidWest","Sunbell",2,24,48]
["2013-12-21","Jenny  Garcia","MidWest","Sunbell",3,24,72]
["2014-11-09","Dan  Peterson","MidWest","Crested Beaut",1,24,24]
["2014-12-17","Rachel  Gomez","MidWest","Crested Beaut",3,24,72]
["2013-11-22","Rachel  Gomez","MidWest","Quad",2,33,66]
["2013-11-26","Edwin  Malone","East","Quad",1,32,32]
["2014-11-23","Ivan  Adkins","West","Bellen",3,22.95,68.849999999999994]
["2014-11-19","Salvador  Bass","West","Aspen",3,21,63]
["2013-12-16","Elaine  Ellis","South","Bellen",3,22.95,68.849999999999994]
["2014-11-19","Nellie  Joseph","East","Majectic Beaut",2,28,56]
["2013-11-18","Patty  Thompson","West","Sunshine",1,19.95,19.95]
["2013-11-06","Elaine  Ellis","South","Quad",3,33,99]
["2013-11-28","Sandra  Floyd","MidWest","Bellen",1,22.95,22.95]
["2014-09-22","Cassandra  Franklin","MidWest","Quad",2,33,66]
["2013-07-28","Ernest  Davis","West","Sunset",2,23.5,47]
["2013-12-09","Cindy  Becker","South","Quad",18,31.35,564.29999999999995]
["2013-12-03","Pauline  Beck","West","Carlota",1,22.95,22.95]
["2014-05-02","Mable  Lindsey","West","Aspen",3,21,63]
["2013-12-04","Beth  Tucker","West","Sunshine",2,19.95,39.9]
["2013-11-03","Billie  Chandler","MidWest","Sunset",2,23.5,47]
["2013-01-26","Rachel  Gomez","MidWest","Aspen",1,20,20]
["2014-12-20","Lee  Mack","MidWest","Sunbell",2,24,48]
["2013-12-09","Bobbie  Ryan","East","Quad",2,32,64]
["2014-12-18","Shari  Silva","South","Majectic Beaut",1,29,29]
["2014-09-05","Carla  Mccormick","MidWest","Sunset",3,23.5,70.5]
["2014-12-03","Colleen  Warren","West","Quad",1,34,34]
["2013-11-18","Beth  Tucker","West","Doublers",2,79.95,159.9]
["2013-12-13","Ernest  Davis","West","Bellen",2,22.95,45.9]
["2013-12-10","Ellen  Weaver","South","FlatTop",3,26.5,79.5]
["2014-05-09","Tiffany  May","West","Aspen",1,21,21]
["2013-12-02","Fernando  Rowe","West","Doublers",1,79.95,79.95]
["2014-07-02","Max  Rodgers","West","Crested Beaut",3,25,75]
["2013-01-23","Ernest  Davis","West","Sunshine",3,19.95,59.85]
["2013-12-19","Isabel  Cross","East","Quad",1,32,32]
["2014-10-17","Andrew  Meyer","West","Carlota",3,22.95,68.849999999999994]
["2013-11-18","Patty  Thompson","West","Majectic Beaut",1,30,30]
["2013-12-09","Trevor  Jones","West","Sunbell",3,25,75]
["2013-05-03","Marion  Glover","East","Sunshine",1,18.95,18.95]
["2014-12-25","Rachel  Gomez","MidWest","Sunset",2,23.5,47]
["2014-11-02","Peter  Hodges","MidWest","Quad",4,33,132]
["2014-11-01","Kyle  Carr","MidWest","V-Rang",1,18,18]
["2014-11-01","Blake  Bridges","South","Sunshine",2,19.95,39.9]
["2014-12-11","Beth  Tucker","West","Sunset",2,23.5,47]
["2014-09-01","Max  Rodgers","West","Quad",1,34,34]
["2014-05-25","Sylvester  Morales","West","Quad",7,34,238]
["2014-11-20","Lula  Daniels","MidWest","Doublers",3,79.95,239.85]
["2013-04-20","Donna  Reid","West","Carlota",2,22.95,45.9]
["2014-12-31","Donna  Reid","West","Bellen",3,22.95,68.849999999999994]
["2013-03-30","Drew  Rogers","MidWest","Sunset",2,23.5,47]
["2014-10-15","Eddie  Green","East","Quad",3,32,96]
["2014-08-20","Edwin  Malone","East","Bellen",3,21.95,65.849999999999994]
["2014-02-07","Robert  Munoz","MidWest","Crested Beaut",4,24,96]
["2014-12-03","Tracy  Reed","MidWest","Sunbell",3,24,72]
["2014-11-26","Colleen  Warren","West","Doublers",1,79.95,79.95]
["2013-05-20","Della  Jensen","East","Majectic Beaut",2,28,56]
["2013-11-15","Marion  Glover","East","Majectic Beaut",3,28,84]
["2013-11-11","Eric  Rose","West","V-Rang",1,19,19]
["2013-09-19","Donna  Reid","West","Sunbell",2,25,50]
["2013-11-25","Elbert  Klein","South","Quad",2,33,66]
["2013-12-11","Max  Rodgers","West","Sunset",3,23.5,70.5]
["2014-05-15","Iris  Underwood","West","Carlota",3,22.95,68.849999999999994]
["2014-12-28","Charlie  Wood","MidWest","Bellen",1,22.95,22.95]
["2013-11-10","Ellen  Weaver","South","Quad",1,33,33]
["2013-04-23","Lula  Daniels","MidWest","Sunshine",2,19.95,39.9]
["2013-11-15","Austin  Reynolds","East","Bellen",2,21.95,43.9]
["2014-11-26","Mable  Lindsey","West","Crested Beaut",3,25,75]
["2014-05-30","Jaime  Pearson","MidWest","Sunbell",3,24,72]
["2014-05-21","Della  Jensen","East","Majectic Beaut",1,28,28]
["2014-11-15","Iris  Underwood","West","Sunshine",1,19.95,19.95]
["2014-12-25","Carla  Mccormick","MidWest","Sunshine",3,19.95,59.85]
["2013-11-04","Charlie  Wood","MidWest","Aspen",1,20,20]
["2014-12-17","Marian  Hill","South","Sunshine",2,19.95,39.9]
["2013-09-13","Fernando  Rowe","West","Aspen",1,21,21]
["2014-12-13","Ernest  Davis","West","Crested Beaut",3,25,75]
["2013-08-14","Ellen  Weaver","South","Quad",3,33,99]
["2013-12-21","Don  Gonzales","South","Quad",3,33,99]
["2014-12-25","Robert  Munoz","MidWest","Sunbell",17,22.8,387.6]
["2014-12-21","Guillermo  Potter","MidWest","Bellen",2,22.95,45.9]
["2014-12-29","Fernando  Rowe","West","Bellen",4,22.95,91.8]
["2014-12-12","Tracy  Reed","MidWest","Crested Beaut",1,24,24]
["2014-06-19","Max  Rodgers","West","Quad",2,34,68]
["2013-12-09","Shari  Silva","South","Sunshine",4,19.95,79.8]
["2013-11-27","Beth  Tucker","West","Quad",2,34,68]
["2013-12-30","Brooke  Horton","MidWest","Doublers",2,79.95,159.9]
["2014-12-07","Donna  Reid","West","Sunset",2,23.5,47]
["2013-12-02","Tracy  Reed","MidWest","Doublers",2,79.95,159.9]
["2013-12-22","Eric  Rose","West","Sunbell",1,25,25]
["2014-12-19","Bobbie  Ryan","East","Carlota",1,21.95,21.95]
["2013-01-09","Lance  Yates","MidWest","Crested Beaut",2,24,48]
["2013-11-10","Robert  Munoz","MidWest","Carlota",1,22.95,22.95]
["2014-11-13","Lynette  Brewer","MidWest","Sunshine",3,19.95,59.85]
["2013-08-09","Drew  Rogers","MidWest","Sunshine",2,19.95,39.9]
["2013-11-19","Peter  Hodges","MidWest","Sunset",3,23.5,70.5]
["2013-11-10","Brooke  Horton","MidWest","Sunset",1,23.5,23.5]
["2013-06-03","Christina  Fuller","West","Sunbell",3,25,75]
["2013-11-12","Paulette  Spencer","South","Majectic Beaut",3,29,87]
["2013-08-04","Shari  Silva","South","Carlota",2,22.95,45.9]
["2014-12-11","Pauline  Beck","West","Carlota",3,22.95,68.849999999999994]
["2013-07-23","Edwin  Malone","East","Quad",2,32,64]
["2013-01-18","Ellen  Weaver","South","Carlota",3,22.95,68.849999999999994]
["2013-12-28","Cecilia  Manning","South","Quad",2,33,66]
["2014-12-30","Ellen  Weaver","South","Quad",2,33,66]
["2014-10-27","Billie  Chandler","MidWest","Bellen",3,22.95,68.849999999999994]
["2014-11-03","Sonya  Mullins","East","Quad",2,32,64]
["2014-12-06","Nellie  Joseph","East","Carlota",3,21.95,65.849999999999994]
["2014-11-05","Robert  Munoz","MidWest","Quad",12,31.35,376.2]
["2013-03-23","Edwin  Malone","East","Bellen",1,21.95,21.95]
["2014-03-27","Dan  Peterson","MidWest","Quad",2,33,66]
["2014-12-15","Eddie  Green","East","Crested Beaut",1,23,23]
["2013-12-23","Shari  Silva","South","Sunbell",2,24,48]
["2014-01-01","Brooke  Horton","MidWest","Carlota",3,22.95,68.849999999999994]
["2014-05-15","Edwin  Malone","East","Bellen",3,21.95,65.849999999999994]
["2014-12-22","Pauline  Beck","West","Carlota",2,22.95,45.9]
["2014-02-23","Shari  Silva","South","Bellen",3,22.95,68.849999999999994]
["2014-12-12","Eric  Rose","West","Quad",7,34,238]
["2014-02-26","Trevor  Jones","West","Bellen",2,22.95,45.9]
["2013-11-12","Johanna  Boone","South","Aspen",2,20,40]
["2013-11-05","Peter  Hodges","MidWest","Sunshine",4,19.95,79.8]
["2013-12-01","Trevor  Jones","West","Majectic Beaut",2,30,60]
["2013-11-01","Salvador  Bass","West","Quad",16,32.299999999999997,516.79999999999995]
["2013-04-06","Mable  Lindsey","West","Sunshine",2,19.95,39.9]
["2013-11-04","Lorraine  Gibson","East","Quad",19,30.4,577.6]
["2013-01-03","Trevor  Jones","West","Carlota",3,22.95,68.849999999999994]
["2014-02-13","Cecilia  Manning","South","Bellen",2,22.95,45.9]
["2013-04-30","Marion  Glover","East","Bellen",2,21.95,43.9]
["2014-11-15","Jenny  Garcia","MidWest","Quad",1,33,33]
["2013-11-07","Felicia  Jennings","West","Aspen",1,21,21]
["2014-11-10","Rachel  Gomez","MidWest","Carlota",3,22.95,68.849999999999994]
["2014-12-02","Johanna  Boone","South","Sunbell",3,24,72]
["2013-12-26","Brooke  Horton","MidWest","Sunbell",2,24,48]
["2013-11-15","Lynette  Brewer","MidWest","Carlota",2,22.95,45.9]
["2013-11-30","Shari  Silva","South","Sunshine",2,19.95,39.9]
["2013-11-02","Sonya  Mullins","East","Sunset",19,21.38,406.22]
["2013-12-10","Edwin  Malone","East","Sunbell",1,23,23]
["2014-11-11","Isabel  Cross","East","Aspen",3,19,57]
["2014-11-01","Felicia  Jennings","West","V-Rang",1,19,19]
["2013-11-13","Cindy  Becker","South","Quad",2,33,66]
["2014-06-20","Johanna  Boone","South","Bellen",2,22.95,45.9]
["2014-09-13","Dan  Peterson","MidWest","Majectic Beaut",2,29,58]
["2014-11-22","Jaime  Pearson","MidWest","Quad",1,33,33]
["2014-11-15","Carla  Mccormick","MidWest","Quad",3,33,99]
["2013-06-01","Robert  Munoz","MidWest","Sunshine",2,19.95,39.9]
["2014-11-30","Herman  Williams","East","Sunset",3,22.5,67.5]
["2013-12-26","Joey  Wong","West","Aspen",3,21,63]
["2014-12-10","Isabel  Cross","East","Bellen",2,21.95,43.9]
["2014-12-14","Brooke  Horton","MidWest","Sunbell",1,24,24]
["2014-12-10","Sylvester  Morales","West","Carlota",20,21.8,436]
["2014-08-29","Don  Gonzales","South","Crested Beaut",3,24,72]
["2013-12-21","Rachel  Gomez","MidWest","Quad",1,33,33]
["2014-11-09","Christina  Fuller","West","Sunshine",12,18.95,227.4]
["2013-04-28","Allan  Ramos","MidWest","Crested Beaut",1,24,24]
["2013-11-01","Trevor  Jones","West","Sunbell",3,25,75]
["2013-12-20","Shari  Silva","South","Majectic Beaut",2,29,58]
["2013-12-04","Lula  Daniels","MidWest","Bellen",2,22.95,45.9]
["2013-12-23","Andrew  Meyer","West","Quad",1,34,34]
["2014-07-03","Eric  Rose","West","Crested Beaut",2,25,50]
["2013-12-17","Christy  Olson","West","Bellen",2,22.95,45.9]
["2013-04-22","Brooke  Horton","MidWest","Sunshine",3,19.95,59.85]
["2013-12-02","Eric  Rose","West","Carlota",3,22.95,68.849999999999994]
["2013-11-17","Isabel  Cross","East","Aspen",1,19,19]
["2013-07-24","Rachel  Gomez","MidWest","Sunshine",4,19.95,79.8]
["2013-05-21","Ernest  Davis","West","Majectic Beaut",2,30,60]
["2014-12-02","Christina  Fuller","West","Doublers",3,79.95,239.85]
["2013-12-13","Edwin  Malone","East","Bellen",2,21.95,43.9]
["2014-12-27","Max  Rodgers","West","Sunbell",2,25,50]
["2013-12-29","Salvador  Bass","West","Crested Beaut",1,25,25]
["2014-11-22","Ben  Perez","West","Quad",1,34,34]
["2014-11-28","Christina  Fuller","West","Crested Beaut",3,25,75]
["2014-11-02","Pauline  Beck","West","Majectic Beaut",3,30,90]
["2014-12-03","Tiffany  May","West","Sunshine",2,19.95,39.9]
["2013-04-23","Fernando  Rowe","West","Quad",3,34,102]
["2014-12-21","Austin  Reynolds","East","Bellen",2,21.95,43.9]
["2013-11-01","Cindy  Becker","South","Carlota",2,22.95,45.9]
["2013-08-01","Rachel  Gomez","MidWest","Sunshine",2,19.95,39.9]
["2014-12-06","Marian  Hill","South","Majectic Beaut",1,29,29]
["2014-08-03","Austin  Reynolds","East","Sunbell",1,23,23]
["2013-06-23","Charlie  Wood","MidWest","Crested Beaut",2,24,48]
["2014-08-03","Ruben  Nunez","West","Sunbell",3,25,75]
["2013-11-30","Cindy  Becker","South","V-Rang",2,18,36]
["2013-12-12","Rachel  Gomez","MidWest","Majectic Beaut",2,29,58]
["2013-11-20","Max  Rodgers","West","Carlota",1,22.95,22.95]
["2014-01-02","Johanna  Boone","South","Majectic Beaut",25,27.55,688.75]
["2014-12-07","Max  Rodgers","West","Sunset",1,23.5,23.5]
["2014-11-27","Allan  Ramos","MidWest","FlatTop",2,27.5,55]
["2013-12-26","Ellen  Weaver","South","Quad",11,31.35,344.85]
["2013-11-07","Nellie  Joseph","East","Sunshine",1,18.95,18.95]
["2014-01-13","Sonya  Mullins","East","Carlota",2,21.95,43.9]
["2014-07-30","Woodrow  Colon","South","Sunshine",3,19.95,59.85]
["2013-12-04","Tracy  Reed","MidWest","V-Rang",2,18,36]
["2014-12-03","Sandra  Floyd","MidWest","Sunset",25,22.33,558.25]
["2013-11-13","Cecilia  Manning","South","Sunset",24,21.38,513.12]
["2014-04-05","Willie  Vega","MidWest","Sunshine",3,19.95,59.85]
["2014-11-03","Trevor  Jones","West","Carlota",1,22.95,22.95]
["2014-12-26","Eric  Rose","West","Sunshine",2,19.95,39.9]
["2013-11-26","Ruben  Nunez","West","Quad",1,34,34]
["2014-12-22","Jenny  Garcia","MidWest","Bellen",2,22.95,45.9]
["2013-12-10","Bobbie  Ryan","East","Bellen",2,21.95,43.9]
["2014-11-27","Patty  Thompson","West","Sunset",2,23.5,47]
["2013-12-16","Sandra  Floyd","MidWest","Quad",18,31.35,564.29999999999995]
["2014-12-17","Sylvester  Morales","West","Quad",4,34,136]
["2013-11-08","Brooke  Horton","MidWest","Quad",2,33,66]
["2013-11-12","Sandra  Floyd","MidWest","V-Rang",2,18,36]
["2014-01-25","Ellen  Weaver","South","Bellen",7,22.95,160.65]
["2013-11-22","Cassandra  Franklin","MidWest","V-Rang",3,18,54]
["2014-03-24","Shari  Silva","South","Doublers",4,77.95,311.8]
["2014-11-14","Ivan  Adkins","West","V-Rang",2,19,38]
["2014-02-18","Eric  Rose","West","Sunbell",1,25,25]
["2014-08-15","Marian  Hill","South","Majectic Beaut",3,29,87]
["2014-11-14","Bobbie  Ryan","East","Aspen",3,19,57]
["2013-06-03","Della  Jensen","East","Carlota",1,21.95,21.95]
["2013-12-07","Charlie  Wood","MidWest","Majectic Beaut",3,29,87]
["2013-11-17","Drew  Rogers","MidWest","Bellen",2,22.95,45.9]
["2013-06-08","Drew  Rogers","MidWest","Sunbell",2,24,48]
["2014-11-16","Pauline  Beck","West","Crested Beaut",3,25,75]
["2014-05-16","Ivan  Adkins","West","V-Rang",3,19,57]
["2013-11-08","Johanna  Boone","South","Quad",13,31.35,407.55]
["2014-11-22","Felicia  Jennings","West","Quad",3,34,102]
["2013-01-28","Cecilia  Manning","South","Sunshine",3,19.95,59.85]
["2013-11-29","Andrew  Meyer","West","Sunset",2,23.5,47]
["2014-12-20","Shari  Silva","South","Quad",1,33,33]
["2014-03-25","Sonya  Mullins","East","Bellen",2,21.95,43.9]
["2013-11-14","Rachel  Gomez","MidWest","V-Rang",3,18,54]
["2014-11-27","Bobbie  Ryan","East","V-Rang",3,18,54]
["2014-06-23","Elvira  Bowman","MidWest","Aspen",2,20,40]
["2014-02-25","Willie  Vega","MidWest","Sunset",1,23.5,23.5]
["2013-03-26","Cassandra  Franklin","MidWest","Sunset",13,22.33,290.29000000000002]
["2014-12-10","Cassandra  Franklin","MidWest","Sunshine",2,19.95,39.9]
["2014-09-02","Elaine  Ellis","South","FlatTop",3,26.5,79.5]
["2013-09-13","Max  Rodgers","West","FlatTop",2,27.5,55]
["2013-12-28","Trevor  Jones","West","Crested Beaut",3,25,75]
["2013-12-06","Tracy  Reed","MidWest","Quad",3,33,99]
["2014-12-24","Jaime  Pearson","MidWest","V-Rang",1,18,18]
["2013-11-10","Iris  Underwood","West","Carlota",3,22.95,68.849999999999994]
["2014-09-28","Ivan  Adkins","West","Sunset",3,23.5,70.5]
["2014-06-18","Blake  Bridges","South","Sunbell",3,24,72]
["2013-02-14","Eddie  Green","East","Bellen",4,21.95,87.8]
["2013-11-15","Felicia  Jennings","West","Quad",2,34,68]
["2014-12-07","Dan  Peterson","MidWest","V-Rang",1,18,18]
["2013-12-22","Felicia  Jennings","West","Sunbell",3,25,75]
["2014-12-17","Cindy  Becker","South","Aspen",2,20,40]
["2014-12-22","Cecilia  Manning","South","Sunbell",1,24,24]
["2013-11-08","Brooke  Horton","MidWest","Majectic Beaut",3,29,87]
["2013-12-02","Elaine  Ellis","South","Doublers",2,77.95,155.9]
["2013-12-03","Willie  Vega","MidWest","Quad",1,33,33]
["2013-12-28","Robert  Munoz","MidWest","Quad",1,33,33]
["2013-08-28","Christy  Olson","West","Majectic Beaut",1,30,30]
["2013-11-28","Austin  Reynolds","East","Quad",23,30.4,699.2]
["2014-11-25","Patty  Thompson","West","Sunbell",1,25,25]
["2013-09-17","Tracy  Reed","MidWest","FlatTop",1,27.5,27.5]
["2014-12-09","Lorraine  Gibson","East","Crested Beaut",2,23,46]
["2013-11-22","Mable  Lindsey","West","Doublers",25,75.95,1898.75]
["2014-05-27","Kyle  Carr","MidWest","Quad",3,33,99]
["2014-11-18","Don  Gonzales","South","Quad",23,31.35,721.05]
["2014-11-10","Blake  Bridges","South","Majectic Beaut",3,29,87]
["2014-12-16","Bobbie  Ryan","East","Crested Beaut",2,23,46]
["2014-11-07","Mable  Lindsey","West","Quad",3,34,102]
["2013-04-19","Edwin  Malone","East","Aspen",3,19,57]
["2014-11-08","Eric  Rose","West","Aspen",3,21,63]
["2014-11-10","Marian  Hill","South","Quad",3,33,99]
["2013-12-06","Arturo  Francis","East","Quad",1,32,32]
["2013-05-19","Sylvester  Morales","West","Sunshine",2,19.95,39.9]
["2013-11-24","Cassandra  Franklin","MidWest","Aspen",3,20,60]
["2013-03-05","Blake  Bridges","South","Aspen",3,20,60]
["2014-12-02","Ernest  Davis","West","Quad",2,34,68]
["2014-01-26","Cassandra  Franklin","MidWest","Carlota",3,22.95,68.849999999999994]
["2013-11-07","Christy  Olson","West","Sunshine",25,18.95,473.75]
["2014-11-08","Woodrow  Colon","South","Bellen",24,21.8,523.20000000000005]
["2014-12-11","Willie  Vega","MidWest","V-Rang",2,18,36]
["2013-11-01","Edwin  Malone","East","Sunset",2,22.5,45]
["2014-11-05","Herman  Williams","East","Sunset",1,22.5,22.5]
["2014-01-02","Shari  Silva","South","Sunshine",22,18.95,416.9]
["2013-12-03","Ivan  Adkins","West","Carlota",3,22.95,68.849999999999994]
["2013-01-14","Willie  Vega","MidWest","Bellen",1,22.95,22.95]
["2013-03-23","Drew  Rogers","MidWest","Sunbell",1,24,24]
["2014-11-05","Drew  Rogers","MidWest","Sunshine",2,19.95,39.9]
["2014-12-15","Della  Jensen","East","Doublers",1,75.95,75.95]
["2013-05-26","Drew  Rogers","MidWest","Bellen",1,22.95,22.95]
["2014-12-20","Robert  Munoz","MidWest","Sunshine",17,18.95,322.14999999999998]
["2014-11-09","Shari  Silva","South","Bellen",2,22.95,45.9]
["2014-12-29","Lee  Mack","MidWest","Sunshine",1,19.95,19.95]
["2013-09-24","Lynette  Brewer","MidWest","Carlota",1,22.95,22.95]
["2013-08-26","Andrew  Meyer","West","Quad",4,34,136]
["2013-11-21","Cassandra  Franklin","MidWest","Quad",3,33,99]
["2013-11-09","Ernest  Davis","West","Sunbell",3,25,75]
["2014-11-10","Willie  Vega","MidWest","Quad",25,31.35,783.75]
["2014-11-12","Paulette  Spencer","South","Sunshine",1,19.95,19.95]
["2014-10-06","Robert  Munoz","MidWest","Sunbell",3,24,72]
["2014-12-02","Joey  Wong","West","Majectic Beaut",8,30,240]
["2013-12-04","Max  Rodgers","West","Sunbell",1,25,25]
["2013-11-14","Lance  Yates","MidWest","Carlota",1,22.95,22.95]
["2013-11-19","Drew  Rogers","MidWest","Sunshine",1,19.95,19.95]
["2013-11-15","Lance  Yates","MidWest","Carlota",2,22.95,45.9]
["2013-11-26","Della  Jensen","East","Carlota",3,21.95,65.849999999999994]
["2014-11-26","Christina  Fuller","West","Quad",1,34,34]
["2014-11-01","Woodrow  Colon","South","Crested Beaut",19,22.8,433.2]
["2014-10-21","Drew  Rogers","MidWest","Crested Beaut",1,24,24]
["2013-12-11","Isabel  Cross","East","Sunbell",2,23,46]
["2013-08-07","Tracy  Reed","MidWest","Sunshine",1,19.95,19.95]
["2013-12-16","Guillermo  Potter","MidWest","Quad",3,33,99]
["2013-11-03","Donna  Reid","West","Sunset",3,23.5,70.5]
["2014-11-25","Elaine  Ellis","South","Crested Beaut",2,24,48]
["2014-12-11","Robert  Munoz","MidWest","Majectic Beaut",3,29,87]
["2013-11-11","Brooke  Horton","MidWest","Quad",3,33,99]
["2014-11-16","Lorraine  Gibson","East","Bellen",2,21.95,43.9]
["2014-08-26","Lance  Yates","MidWest","Carlota",2,22.95,45.9]
["2014-06-08","Max  Rodgers","West","Sunshine",1,19.95,19.95]
["2014-11-15","Lynette  Brewer","MidWest","Sunset",1,23.5,23.5]
["2014-11-04","Lee  Mack","MidWest","Majectic Beaut",2,29,58]
["2014-11-26","Mable  Lindsey","West","FlatTop",2,27.5,55]
["2013-11-21","Dan  Peterson","MidWest","Carlota",4,22.95,91.8]
["2013-12-14","Shari  Silva","South","Bellen",3,22.95,68.849999999999994]
["2013-12-28","Marian  Hill","South","Sunset",2,22.5,45]
["2013-11-20","Ellen  Weaver","South","Sunshine",2,19.95,39.9]
["2013-04-30","Cassandra  Franklin","MidWest","Crested Beaut",3,24,72]
["2014-12-17","Shari  Silva","South","Doublers",3,77.95,233.85]
["2013-01-24","Salvador  Bass","West","Sunshine",3,19.95,59.85]
["2014-11-20","Mable  Lindsey","West","Bellen",8,22.95,183.6]
["2014-07-14","Peter  Hodges","MidWest","Carlota",2,22.95,45.9]
["2013-12-27","Ben  Perez","West","Crested Beaut",1,25,25]
["2014-03-18","Cecilia  Manning","South","Sunshine",3,19.95,59.85]
["2013-11-09","Trevor  Jones","West","Carlota",3,22.95,68.849999999999994]
["2013-12-25","Isabel  Cross","East","Majectic Beaut",3,28,84]
["2013-11-16","Ruben  Nunez","West","Majectic Beaut",12,28.5,342]
["2014-11-23","Elbert  Klein","South","Carlota",3,22.95,68.849999999999994]
["2014-12-03","Ellen  Weaver","South","Carlota",3,22.95,68.849999999999994]
["2013-05-09","Jenny  Garcia","MidWest","Quad",3,33,99]
["2013-11-26","Ruben  Nunez","West","Quad",2,34,68]
["2014-06-17","Isabel  Cross","East","Aspen",1,19,19]
["2013-04-18","Allan  Ramos","MidWest","Sunshine",2,19.95,39.9]
["2013-11-14","Felicia  Jennings","West","Carlota",2,22.95,45.9]
["2014-11-07","Lorraine  Gibson","East","Quad",2,32,64]
["2013-08-24","Woodrow  Colon","South","Bellen",1,22.95,22.95]
["2013-11-02","Marion  Glover","East","Majectic Beaut",2,28,56]
["2013-12-28","Paulette  Spencer","South","Sunshine",1,19.95,19.95]
["2014-11-05","Rachel  Gomez","MidWest","Bellen",3,22.95,68.849999999999994]
["2013-12-23","Woodrow  Colon","South","Bellen",10,22.95,229.5]
["2013-10-26","Kyle  Carr","MidWest","Crested Beaut",2,24,48]
["2013-11-18","Ellen  Weaver","South","Doublers",2,77.95,155.9]
["2013-11-03","Robert  Munoz","MidWest","Aspen",2,20,40]
["2014-11-03","Lynette  Brewer","MidWest","Sunshine",4,19.95,79.8]
["2014-07-24","Willie  Vega","MidWest","Aspen",1,20,20]
["2014-07-19","Shari  Silva","South","Carlota",1,22.95,22.95]
["2013-12-24","Billie  Chandler","MidWest","Sunbell",1,24,24]
["2014-11-16","Della  Jensen","East","Crested Beaut",2,23,46]
["2014-03-06","Iris  Underwood","West","Quad",6,34,204]
["2013-08-28","Della  Jensen","East","Quad",2,32,64]
["2013-12-04","Arturo  Francis","East","Sunshine",25,18,450]
["2014-12-10","Salvador  Bass","West","Sunbell",1,25,25]
["2013-12-09","Shari  Silva","South","Crested Beaut",1,24,24]
["2014-12-07","Drew  Rogers","MidWest","Bellen",1,22.95,22.95]
["2014-11-02","Ellen  Weaver","South","Bellen",2,22.95,45.9]
["2013-04-15","Cassandra  Franklin","MidWest","Sunbell",3,24,72]
["2014-12-09","Herman  Williams","East","Sunshine",2,18.95,37.9]
["2013-11-24","Lance  Yates","MidWest","Sunbell",3,24,72]
["2014-07-24","Trevor  Jones","West","Quad",4,34,136]
["2013-11-18","Shari  Silva","South","Sunbell",3,24,72]
["2013-12-29","Don  Gonzales","South","Crested Beaut",3,24,72]
["2014-12-27","Elaine  Ellis","South","Quad",2,33,66]
["2013-12-30","Max  Rodgers","West","Bellen",1,22.95,22.95]
["2013-11-11","Cecilia  Manning","South","Quad",3,33,99]
["2014-12-14","Brooke  Horton","MidWest","Bellen",1,22.95,22.95]
["2013-01-05","Carla  Mccormick","MidWest","Quad",1,33,33]
["2014-11-10","Christina  Fuller","West","Sunbell",4,25,100]
["2014-12-26","Rachel  Gomez","MidWest","Carlota",2,22.95,45.9]
["2014-08-18","Nellie  Joseph","East","Quad",2,32,64]
["2013-12-30","Willie  Vega","MidWest","Bellen",1,22.95,22.95]
["2014-12-13","Dan  Peterson","MidWest","Crested Beaut",1,24,24]
["2013-11-24","Jenny  Garcia","MidWest","Aspen",1,20,20]
["2014-09-15","Trevor  Jones","West","Quad",2,34,68]
["2013-11-25","Cecilia  Manning","South","Bellen",2,22.95,45.9]
["2013-11-19","Johanna  Boone","South","Majectic Beaut",1,29,29]
["2013-11-03","Guillermo  Potter","MidWest","Carlota",2,22.95,45.9]
["2013-10-28","Kyle  Carr","MidWest","Quad",14,31.35,438.9]
["2013-12-13","Cecilia  Manning","South","Quad",15,31.35,470.25]
["2013-12-14","Drew  Rogers","MidWest","Quad",3,33,99]
["2013-11-24","Ellen  Weaver","South","Bellen",2,22.95,45.9]
["2013-11-21","Sonya  Mullins","East","Carlota",3,21.95,65.849999999999994]
["2014-12-23","Arturo  Francis","East","Quad",3,32,96]
["2014-07-02","Lee  Mack","MidWest","FlatTop",3,27.5,82.5]
["2014-11-29","Max  Rodgers","West","Sunshine",2,19.95,39.9]
["2013-12-24","Drew  Rogers","MidWest","Carlota",2,22.95,45.9]
["2013-12-16","Beth  Tucker","West","Quad",2,34,68]
["2014-04-14","Salvador  Bass","West","Quad",2,34,68]
["2014-12-10","Mable  Lindsey","West","Quad",3,34,102]
["2013-09-09","Willie  Vega","MidWest","Aspen",19,19,361]
["2013-12-25","Robert  Munoz","MidWest","Carlota",3,22.95,68.849999999999994]
["2013-12-29","Sonya  Mullins","East","Crested Beaut",1,23,23]
["2013-11-17","Willie  Vega","MidWest","Bellen",1,22.95,22.95]
["2014-12-01","Della  Jensen","East","Quad",3,32,96]
["2013-11-24","Shari  Silva","South","Majectic Beaut",2,29,58]
["2013-12-15","Cassandra  Franklin","MidWest","Carlota",1,22.95,22.95]
["2013-11-30","Carla  Mccormick","MidWest","Aspen",2,20,40]
["2013-12-25","Isabel  Cross","East","Sunset",1,22.5,22.5]
["2014-11-06","Guillermo  Potter","MidWest","Carlota",1,22.95,22.95]
["2014-12-23","Kyle  Carr","MidWest","Aspen",3,20,60]
["2014-12-08","Billie  Chandler","MidWest","Sunshine",1,19.95,19.95]
["2013-11-30","Max  Rodgers","West","Sunshine",1,19.95,19.95]
["2013-12-25","Paulette  Spencer","South","Carlota",3,22.95,68.849999999999994]
["2013-08-21","Brooke  Horton","MidWest","Sunshine",24,18.95,454.8]
["2014-12-22","Peter  Hodges","MidWest","Bellen",1,22.95,22.95]
["2013-11-01","Jenny  Garcia","MidWest","Majectic Beaut",3,29,87]
["2014-12-07","Austin  Reynolds","East","Crested Beaut",1,23,23]
["2014-11-09","Elaine  Ellis","South","Aspen",4,20,80]
["2013-11-28","Austin  Reynolds","East","Bellen",5,21.95,109.75]
["2014-12-08","Max  Rodgers","West","FlatTop",2,27.5,55]
["2014-12-27","Dan  Peterson","MidWest","Sunbell",1,24,24]
["2013-11-13","Peter  Hodges","MidWest","Quad",3,33,99]
["2013-01-23","Della  Jensen","East","Doublers",2,75.95,151.9]
["2013-12-03","Drew  Rogers","MidWest","Quad",2,33,66]
["2013-02-26","Tiffany  May","West","Quad",1,34,34]
["2013-12-15","Max  Rodgers","West","Aspen",2,21,42]
["2013-11-22","Robert  Munoz","MidWest","Doublers",1,79.95,79.95]
["2014-02-14","Nellie  Joseph","East","Bellen",2,21.95,43.9]
["2013-11-07","Mable  Lindsey","West","Majectic Beaut",3,30,90]
["2014-12-29","Cecilia  Manning","South","Sunset",3,22.5,67.5]
["2013-11-08","Cecilia  Manning","South","Aspen",2,20,40]
["2014-11-22","Felicia  Jennings","West","Crested Beaut",3,25,75]
["2014-12-29","Lance  Yates","MidWest","Bellen",3,22.95,68.849999999999994]
["2013-12-03","Della  Jensen","East","Aspen",1,19,19]
["2013-12-03","Robert  Munoz","MidWest","Sunshine",2,19.95,39.9]
["2014-12-03","Cindy  Becker","South","Sunbell",3,24,72]
["2014-12-31","Elvira  Bowman","MidWest","Majectic Beaut",2,29,58]
["2013-07-31","Ellen  Weaver","South","Quad",6,33,198]
["2013-12-08","Elbert  Klein","South","Carlota",1,22.95,22.95]
["2013-11-30","Shari  Silva","South","Bellen",22,21.8,479.6]
["2014-12-09","Johanna  Boone","South","V-Rang",2,18,36]
["2013-11-25","Rachel  Gomez","MidWest","FlatTop",3,27.5,82.5]
["2013-12-24","Della  Jensen","East","Bellen",2,21.95,43.9]
["2013-11-01","Lorraine  Gibson","East","Sunbell",1,23,23]
["2014-12-22","Ernest  Davis","West","Sunbell",2,25,50]
["2014-05-07","Lynette  Brewer","MidWest","Sunshine",2,19.95,39.9]
["2014-11-01","Brooke  Horton","MidWest","Quad",2,33,66]
["2014-12-29","Elvira  Bowman","MidWest","Crested Beaut",3,24,72]
["2013-11-28","Bobbie  Ryan","East","Sunshine",2,18.95,37.9]
["2013-12-24","Arturo  Francis","East","Aspen",2,19,38]
["2014-09-30","Dan  Peterson","MidWest","Sunbell",3,24,72]
["2014-09-10","Drew  Rogers","MidWest","Sunshine",4,19.95,79.8]
["2013-11-07","Fernando  Rowe","West","Sunshine",1,19.95,19.95]
["2014-12-09","Bobbie  Ryan","East","Bellen",3,21.95,65.849999999999994]
["2014-03-07","Max  Rodgers","West","Quad",2,34,68]
["2014-11-29","Lance  Yates","MidWest","Aspen",1,20,20]
["2014-12-06","Felicia  Jennings","West","Bellen",2,22.95,45.9]
["2013-12-20","Salvador  Bass","West","Carlota",2,22.95,45.9]
["2013-01-05","Brooke  Horton","MidWest","Quad",2,33,66]
["2013-05-22","Tiffany  May","West","Crested Beaut",2,25,50]
["2013-11-29","Elbert  Klein","South","Sunbell",1,24,24]
["2014-12-23","Drew  Rogers","MidWest","Sunshine",3,19.95,59.85]
["2013-12-12","Elvira  Bowman","MidWest","Bellen",1,22.95,22.95]
["2013-12-12","Della  Jensen","East","Bellen",3,21.95,65.849999999999994]
["2013-07-13","Peter  Hodges","MidWest","Aspen",1,20,20]
["2014-12-12","Andrew  Meyer","West","Quad",1,34,34]
["2014-12-25","Brooke  Horton","MidWest","Bellen",2,22.95,45.9]
["2014-11-18","Allan  Ramos","MidWest","Sunshine",2,19.95,39.9]
["2013-05-24","Felicia  Jennings","West","Crested Beaut",1,25,25]
["2014-12-10","Elbert  Klein","South","Sunshine",19,18.95,360.05]
["2013-12-28","Cecilia  Manning","South","Crested Beaut",3,24,72]
["2014-11-29","Robert  Munoz","MidWest","Bellen",2,22.95,45.9]
["2013-12-25","Arturo  Francis","East","Quad",14,30.4,425.6]
["2013-11-24","Pauline  Beck","West","Carlota",3,22.95,68.849999999999994]
["2013-12-03","Edwin  Malone","East","Majectic Beaut",2,28,56]
["2014-06-03","Paulette  Spencer","South","Quad",1,33,33]
["2013-12-26","Edwin  Malone","East","Doublers",4,75.95,303.8]
["2013-12-08","Drew  Rogers","MidWest","Sunshine",1,19.95,19.95]
["2014-12-30","Jenny  Garcia","MidWest","Quad",3,33,99]
["2014-09-16","Salvador  Bass","West","Carlota",1,22.95,22.95]
["2014-12-24","Sandra  Floyd","MidWest","Crested Beaut",2,24,48]
["2013-01-18","Bobbie  Ryan","East","Quad",3,32,96]
["2013-12-13","Arturo  Francis","East","Sunbell",1,23,23]
["2014-11-01","Isabel  Cross","East","V-Rang",2,18,36]
["2013-03-01","Della  Jensen","East","Aspen",1,19,19]
["2014-12-17","Cecilia  Manning","South","Doublers",10,77.95,779.5]
["2013-11-06","Max  Rodgers","West","Sunshine",3,19.95,59.85]
["2013-12-26","Jenny  Garcia","MidWest","Sunshine",2,19.95,39.9]
["2013-12-07","Rachel  Gomez","MidWest","Crested Beaut",2,24,48]
["2014-10-08","Drew  Rogers","MidWest","Bellen",1,22.95,22.95]
["2014-11-26","Elvira  Bowman","MidWest","Sunset",2,23.5,47]
["2014-11-07","Jenny  Garcia","MidWest","Bellen",3,22.95,68.849999999999994]
["2013-11-06","Bernadette  Page","MidWest","Sunset",1,23.5,23.5]
["2014-11-24","Colleen  Warren","West","Crested Beaut",1,25,25]
["2014-07-13","Edwin  Malone","East","Carlota",2,21.95,43.9]
["2013-09-09","Guillermo  Potter","MidWest","Quad",3,33,99]
["2013-11-24","Austin  Reynolds","East","Carlota",12,20.85,250.2]
["2013-11-25","Isabel  Cross","East","Quad",1,32,32]
["2013-11-13","Donna  Reid","West","Sunshine",2,19.95,39.9]
["2013-03-26","Fernando  Rowe","West","Sunbell",2,25,50]
["2014-12-29","Ellen  Weaver","South","Bellen",2,22.95,45.9]
["2013-11-19","Bernadette  Page","MidWest","Bellen",3,22.95,68.849999999999994]
["2014-12-01","Edwin  Malone","East","Bellen",3,21.95,65.849999999999994]
["2014-11-16","Cecilia  Manning","South","Crested Beaut",22,22.8,501.6]
["2013-12-11","Johanna  Boone","South","Aspen",3,20,60]
["2013-12-20","Sandra  Floyd","MidWest","Quad",2,33,66]
["2013-12-04","Lula  Daniels","MidWest","Carlota",3,22.95,68.849999999999994]
["2013-12-07","Nellie  Joseph","East","Bellen",3,21.95,65.849999999999994]
["2013-11-13","Ivan  Adkins","West","Carlota",1,22.95,22.95]
["2014-12-18","Sylvester  Morales","West","Majectic Beaut",1,30,30]
["2014-12-18","Trevor  Jones","West","Sunset",2,23.5,47]
["2014-11-16","Carla  Mccormick","MidWest","FlatTop",25,26.13,653.25]
["2013-08-13","Robert  Munoz","MidWest","Quad",2,33,66]
["2014-12-07","Isabel  Cross","East","Bellen",2,21.95,43.9]
["2013-11-14","Shari  Silva","South","Quad",5,33,165]
["2014-09-14","Joey  Wong","West","Carlota",3,22.95,68.849999999999994]
["2013-12-28","Woodrow  Colon","South","Sunshine",1,19.95,19.95]
["2013-03-26","Elvira  Bowman","MidWest","Crested Beaut",3,24,72]
["2014-12-15","Isabel  Cross","East","Doublers",2,75.95,151.9]
["2014-10-14","Christina  Fuller","West","Sunbell",1,25,25]
["2013-11-05","Nellie  Joseph","East","Aspen",3,19,57]
["2014-11-19","Brooke  Horton","MidWest","Sunshine",2,19.95,39.9]
["2013-10-17","Edwin  Malone","East","Bellen",2,21.95,43.9]
["2013-10-31","Ivan  Adkins","West","Sunset",2,23.5,47]
["2014-11-28","Della  Jensen","East","Sunbell",1,23,23]
["2013-11-21","Jenny  Garcia","MidWest","Quad",3,33,99]
["2014-11-10","Kyle  Carr","MidWest","Majectic Beaut",2,29,58]
["2014-05-10","Shari  Silva","South","Sunshine",1,19.95,19.95]
["2014-11-20","Salvador  Bass","West","Crested Beaut",10,25,250]
["2013-12-09","Paulette  Spencer","South","Quad",3,33,99]
["2013-08-06","Pauline  Beck","West","Aspen",1,21,21]
["2013-08-18","Bernadette  Page","MidWest","Quad",1,33,33]
["2014-11-23","Tracy  Reed","MidWest","Sunshine",2,19.95,39.9]
["2013-12-10","Shari  Silva","South","Carlota",2,22.95,45.9]
["2014-12-23","Brooke  Horton","MidWest","Bellen",3,22.95,68.849999999999994]
["2014-11-05","Sonya  Mullins","East","Quad",2,32,64]
["2014-12-30","Fernando  Rowe","West","Carlota",2,22.95,45.9]
["2014-11-20","Shari  Silva","South","Bellen",2,22.95,45.9]
["2013-12-01","Kyle  Carr","MidWest","Quad",2,33,66]
["2014-12-12","Fernando  Rowe","West","Carlota",1,22.95,22.95]
["2014-12-21","Sandra  Floyd","MidWest","Sunbell",16,22.8,364.8]
["2014-01-10","Della  Jensen","East","Bellen",2,21.95,43.9]
["2013-12-18","Brooke  Horton","MidWest","Sunbell",2,24,48]
["2013-12-11","Lula  Daniels","MidWest","Sunset",1,23.5,23.5]
["2013-08-24","Joey  Wong","West","Quad",2,34,68]
["2013-11-08","Nellie  Joseph","East","Carlota",2,21.95,43.9]
["2014-11-22","Herman  Williams","East","Aspen",2,19,38]
["2014-08-14","Dan  Peterson","MidWest","Quad",2,33,66]
["2013-05-30","Robert  Munoz","MidWest","Quad",3,33,99]
["2013-11-01","Dan  Peterson","MidWest","Aspen",2,20,40]
["2014-05-01","Patty  Thompson","West","V-Rang",3,19,57]
["2014-12-25","Herman  Williams","East","Aspen",2,19,38]
["2014-11-18","Bethany  Pena","MidWest","Quad",2,33,66]
["2014-11-13","Rachel  Gomez","MidWest","Quad",3,33,99]
["2014-12-05","Peter  Hodges","MidWest","FlatTop",2,27.5,55]
["2013-06-07","Paulette  Spencer","South","Bellen",3,22.95,68.849999999999994]
["2013-11-15","Lynette  Brewer","MidWest","Sunshine",3,19.95,59.85]
["2014-04-26","Lula  Daniels","MidWest","Carlota",2,22.95,45.9]
["2013-11-17","Ernest  Davis","West","Majectic Beaut",1,30,30]
["2014-11-14","Brooke  Horton","MidWest","Majectic Beaut",1,29,29]
["2014-12-17","Cindy  Becker","South","Bellen",2,22.95,45.9]
["2014-12-13","Paulette  Spencer","South","Sunset",1,22.5,22.5]
["2013-12-08","Brooke  Horton","MidWest","Crested Beaut",19,22.8,433.2]
["2014-06-15","Eddie  Green","East","Quad",2,32,64]
["2013-11-03","Della  Jensen","East","V-Rang",2,18,36]
["2013-11-12","Elvira  Bowman","MidWest","Doublers",4,79.95,319.8]
["2014-12-11","Blake  Bridges","South","Sunbell",3,24,72]
["2013-12-16","Guillermo  Potter","MidWest","Doublers",3,79.95,239.85]
["2014-06-08","Elaine  Ellis","South","Quad",2,33,66]
["2013-02-14","Shari  Silva","South","Bellen",3,22.95,68.849999999999994]
["2014-08-15","Rachel  Gomez","MidWest","Majectic Beaut",5,29,145]
["2013-01-27","Della  Jensen","East","Sunshine",1,18.95,18.95]
["2014-11-16","Lorraine  Gibson","East","Sunbell",2,23,46]
["2014-05-23","Bernadette  Page","MidWest","Aspen",2,20,40]
["2014-12-13","Eddie  Green","East","Doublers",3,75.95,227.85]
["2013-12-08","Donna  Reid","West","Carlota",1,22.95,22.95]
["2013-11-30","Lula  Daniels","MidWest","Aspen",1,20,20]
["2014-03-19","Shari  Silva","South","Sunshine",24,18.95,454.8]
["2013-12-11","Shari  Silva","South","Quad",2,33,66]
["2013-02-24","Elbert  Klein","South","Bellen",2,22.95,45.9]
["2013-11-22","Marion  Glover","East","Crested Beaut",3,23,69]
["2014-09-25","Jenny  Garcia","MidWest","Sunshine",1,19.95,19.95]
["2013-12-30","Rachel  Gomez","MidWest","Quad",2,33,66]
["2014-11-22","Ivan  Adkins","West","Quad",1,34,34]
["2013-03-12","Fernando  Rowe","West","Bellen",3,22.95,68.849999999999994]
["2014-11-17","Rachel  Gomez","MidWest","Sunshine",1,19.95,19.95]
["2014-12-03","Drew  Rogers","MidWest","Aspen",2,20,40]
["2013-10-31","Colleen  Warren","West","Majectic Beaut",3,30,90]
["2013-02-23","Isabel  Cross","East","Sunshine",3,18.95,56.85]
["2014-11-07","Della  Jensen","East","Aspen",2,19,38]
["2013-11-25","Shari  Silva","South","Carlota",1,22.95,22.95]
["2013-04-21","Donna  Reid","West","Bellen",14,21.8,305.2]
["2013-02-11","Ernest  Davis","West","Carlota",4,22.95,91.8]
["2013-11-07","Robert  Munoz","MidWest","Sunbell",13,22.8,296.39999999999998]
["2014-11-21","Trevor  Jones","West","Aspen",2,21,42]
["2013-12-20","Don  Gonzales","South","Bellen",2,22.95,45.9]
["2013-12-07","Andrew  Meyer","West","Sunshine",3,19.95,59.85]
["2014-11-16","Andrew  Meyer","West","Carlota",3,22.95,68.849999999999994]
["2014-04-17","Della  Jensen","East","Crested Beaut",2,23,46]
["2014-12-26","Elbert  Klein","South","Quad",3,33,99]
["2013-11-27","Della  Jensen","East","Quad",2,32,64]
["2013-11-02","Robert  Munoz","MidWest","Bellen",1,22.95,22.95]
["2014-12-29","Rachel  Gomez","MidWest","Bellen",2,22.95,45.9]
["2013-01-31","Joey  Wong","West","Quad",3,34,102]
["2014-11-29","Rachel  Gomez","MidWest","Quad",2,33,66]
["2013-12-02","Drew  Rogers","MidWest","Aspen",3,20,60]
["2013-11-26","Kyle  Carr","MidWest","Bellen",3,22.95,68.849999999999994]
["2014-12-13","Charlie  Wood","MidWest","FlatTop",2,27.5,55]
["2014-12-04","Trevor  Jones","West","Quad",24,32.299999999999997,775.2]
["2013-12-16","Christina  Fuller","West","Bellen",3,22.95,68.849999999999994]
["2014-12-23","Max  Rodgers","West","Crested Beaut",4,25,100]
["2014-11-13","Peter  Hodges","MidWest","Majectic Beaut",1,29,29]
["2014-03-16","Herman  Williams","East","Crested Beaut",2,23,46]
["2013-11-19","Elvira  Bowman","MidWest","FlatTop",11,26.13,287.43]
["2013-12-09","Sylvester  Morales","West","Majectic Beaut",9,30,270]
["2014-10-18","Eddie  Green","East","Sunset",2,22.5,45]
["2013-02-08","Rachel  Gomez","MidWest","Sunbell",4,24,96]
["2014-12-25","Lula  Daniels","MidWest","Sunshine",3,19.95,59.85]
["2013-12-03","Salvador  Bass","West","Quad",2,34,68]
["2013-04-20","Johanna  Boone","South","Sunshine",3,19.95,59.85]
["2013-11-14","Eddie  Green","East","Crested Beaut",3,23,69]
["2014-12-16","Andrew  Meyer","West","Quad",12,32.299999999999997,387.6]
["2014-11-15","Jenny  Garcia","MidWest","Bellen",3,22.95,68.849999999999994]
["2013-11-06","Max  Rodgers","West","V-Rang",3,19,57]
["2014-11-14","Dan  Peterson","MidWest","Crested Beaut",2,24,48]
["2013-12-04","Shari  Silva","South","Sunshine",3,19.95,59.85]
["2013-12-06","Elbert  Klein","South","Sunbell",1,24,24]
["2014-10-02","Cassandra  Franklin","MidWest","Quad",1,33,33]
["2014-12-21","Max  Rodgers","West","Crested Beaut",2,25,50]
["2013-12-13","Billie  Chandler","MidWest","Sunshine",3,19.95,59.85]
["2013-08-01","Della  Jensen","East","Sunset",3,22.5,67.5]
["2013-01-20","Cassandra  Franklin","MidWest","Quad",3,33,99]
["2013-12-02","Shari  Silva","South","Majectic Beaut",25,27.55,688.75]
["2014-08-26","Andrew  Meyer","West","Quad",21,32.299999999999997,678.3]
["2013-12-17","Woodrow  Colon","South","Sunshine",3,19.95,59.85]
["2013-11-25","Ellen  Weaver","South","Sunshine",3,19.95,59.85]
["2013-12-11","Della  Jensen","East","Aspen",1,19,19]
["2014-11-07","Tracy  Reed","MidWest","Carlota",2,22.95,45.9]
["2014-12-13","Elaine  Ellis","South","Bellen",3,22.95,68.849999999999994]
["2013-12-30","Donna  Reid","West","Bellen",3,22.95,68.849999999999994]
["2014-11-18","Pauline  Beck","West","Bellen",2,22.95,45.9]
["2014-11-21","Robert  Munoz","MidWest","Sunshine",2,19.95,39.9]
["2014-11-21","Trevor  Jones","West","Sunset",3,23.5,70.5]
["2014-12-22","Charlie  Wood","MidWest","FlatTop",1,27.5,27.5]
["2014-08-21","Shari  Silva","South","Bellen",3,22.95,68.849999999999994]
["2014-11-12","Robert  Munoz","MidWest","Sunshine",2,19.95,39.9]
["2014-09-27","Paulette  Spencer","South","Bellen",2,22.95,45.9]
["2013-09-15","Max  Rodgers","West","Bellen",1,22.95,22.95]
["2014-05-02","Sandra  Floyd","MidWest","Carlota",1,22.95,22.95]
["2014-12-31","Lynette  Brewer","MidWest","Sunbell",2,24,48]
["2014-06-22","Trevor  Jones","West","Bellen",17,21.8,370.6]
["2014-12-02","Jenny  Garcia","MidWest","Sunbell",2,24,48]
["2014-11-11","Johanna  Boone","South","Sunbell",3,24,72]
["2013-12-13","Willie  Vega","MidWest","Carlota",2,22.95,45.9]
["2014-12-30","Della  Jensen","East","Majectic Beaut",3,28,84]
["2014-09-06","Shari  Silva","South","Sunshine",2,19.95,39.9]
["2013-02-23","Salvador  Bass","West","FlatTop",3,27.5,82.5]
["2013-06-27","Mable  Lindsey","West","Bellen",17,21.8,370.6]
["2013-12-17","Edwin  Malone","East","Aspen",1,19,19]
["2013-12-13","Jenny  Garcia","MidWest","Sunbell",2,24,48]
["2014-11-22","Isabel  Cross","East","Sunshine",3,18.95,56.85]
["2014-11-16","Max  Rodgers","West","Aspen",13,19.95,259.35000000000002]
["2014-02-18","Tracy  Reed","MidWest","Carlota",2,22.95,45.9]
["2013-11-19","Fernando  Rowe","West","Sunset",3,23.5,70.5]
["2013-11-12","Blake  Bridges","South","Bellen",2,22.95,45.9]
["2014-03-07","Rachel  Gomez","MidWest","Quad",2,33,66]
["2013-11-05","Lynette  Brewer","MidWest","Doublers",2,79.95,159.9]
["2013-08-11","Isabel  Cross","East","Sunshine",2,18.95,37.9]
["2013-05-14","Allan  Ramos","MidWest","Sunbell",3,24,72]
["2014-12-23","Colleen  Warren","West","Majectic Beaut",2,30,60]
["2014-12-31","Kyle  Carr","MidWest","Carlota",2,22.95,45.9]
["2013-04-24","Robert  Munoz","MidWest","Bellen",1,22.95,22.95]
["2014-12-02","Jenny  Garcia","MidWest","Quad",1,33,33]
["2014-12-28","Ellen  Weaver","South","Aspen",3,20,60]
["2013-12-20","Shari  Silva","South","Sunset",1,22.5,22.5]
["2014-12-03","Salvador  Bass","West","Sunshine",3,19.95,59.85]
["2014-12-05","Mable  Lindsey","West","Crested Beaut",2,25,50]
["2014-11-19","Lorraine  Gibson","East","Quad",2,32,64]
["2014-04-04","Ivan  Adkins","West","Aspen",3,21,63]
["2013-11-07","Drew  Rogers","MidWest","Quad",3,33,99]
["2014-05-08","Salvador  Bass","West","Carlota",2,22.95,45.9]
["2014-12-12","Cassandra  Franklin","MidWest","Quad",2,33,66]
["2014-11-25","Colleen  Warren","West","Bellen",2,22.95,45.9]
["2014-04-13","Jenny  Garcia","MidWest","Majectic Beaut",2,29,58]
["2014-12-27","Donna  Reid","West","Carlota",14,21.8,305.2]
["2014-12-08","Kyle  Carr","MidWest","Majectic Beaut",1,29,29]
["2013-11-11","Bernadette  Page","MidWest","Sunshine",2,19.95,39.9]
["2014-11-25","Della  Jensen","East","Bellen",1,21.95,21.95]
["2014-11-09","Allan  Ramos","MidWest","Quad",2,33,66]
["2013-05-01","Don  Gonzales","South","Doublers",3,77.95,233.85]
["2014-11-03","Ivan  Adkins","West","Quad",1,34,34]
["2013-11-11","Shari  Silva","South","Sunset",3,22.5,67.5]
["2014-11-12","Charlie  Wood","MidWest","Bellen",2,22.95,45.9]
["2014-06-20","Pauline  Beck","West","Crested Beaut",2,25,50]
["2014-11-11","Brooke  Horton","MidWest","Carlota",9,22.95,206.55]
["2014-12-26","Rachel  Gomez","MidWest","Sunshine",2,19.95,39.9]
["2014-11-19","Marian  Hill","South","Crested Beaut",2,24,48]
["2014-01-15","Mable  Lindsey","West","Sunset",1,23.5,23.5]
["2013-03-02","Marion  Glover","East","Sunbell",3,23,69]
["2013-12-13","Billie  Chandler","MidWest","Quad",3,33,99]
["2014-12-24","Marian  Hill","South","Sunbell",2,24,48]
["2014-11-21","Salvador  Bass","West","V-Rang",3,19,57]
["2014-11-18","Bobbie  Ryan","East","Aspen",1,19,19]
["2014-12-27","Jaime  Pearson","MidWest","Quad",2,33,66]
["2013-12-01","Don  Gonzales","South","Crested Beaut",2,24,48]
["2013-03-03","Robert  Munoz","MidWest","Quad",2,33,66]
["2013-05-16","Elbert  Klein","South","Carlota",1,22.95,22.95]
["2013-02-06","Iris  Underwood","West","Aspen",3,21,63]
["2013-11-20","Ben  Perez","West","Aspen",4,21,84]
["2014-12-23","Robert  Munoz","MidWest","Carlota",3,22.95,68.849999999999994]
["2013-11-12","Felicia  Jennings","West","Sunset",2,23.5,47]
["2014-09-30","Ivan  Adkins","West","Aspen",1,21,21]
["2013-11-19","Cecilia  Manning","South","Majectic Beaut",3,29,87]
["2013-11-25","Lorraine  Gibson","East","Majectic Beaut",8,28,224]
["2013-12-10","Patty  Thompson","West","Quad",1,34,34]
["2014-12-08","Ernest  Davis","West","Crested Beaut",2,25,50]
["2013-03-04","Lorraine  Gibson","East","Bellen",3,21.95,65.849999999999994]
["2014-11-22","Cecilia  Manning","South","Sunshine",1,19.95,19.95]
["2013-12-23","Shari  Silva","South","Sunbell",1,24,24]
["2014-11-26","Mable  Lindsey","West","Sunset",3,23.5,70.5]
["2013-12-13","Shari  Silva","South","Bellen",1,22.95,22.95]
["2014-12-07","Elaine  Ellis","South","Majectic Beaut",2,29,58]
["2014-11-25","Rachel  Gomez","MidWest","Sunshine",2,19.95,39.9]
["2013-12-06","Rachel  Gomez","MidWest","Majectic Beaut",4,29,116]
["2013-12-13","Della  Jensen","East","Majectic Beaut",1,28,28]
["2013-08-17","Della  Jensen","East","Majectic Beaut",5,28,140]
["2014-12-14","Dan  Peterson","MidWest","Aspen",2,20,40]
["2013-12-08","Isabel  Cross","East","Sunshine",1,18.95,18.95]
["2014-12-09","Robert  Munoz","MidWest","Majectic Beaut",2,29,58]
["2013-11-29","Robert  Munoz","MidWest","Sunbell",2,24,48]
["2013-12-14","Tiffany  May","West","Majectic Beaut",2,30,60]
["2014-12-02","Rachel  Gomez","MidWest","Quad",2,33,66]
["2013-09-12","Charlie  Wood","MidWest","Sunshine",8,19.95,159.6]
["2014-11-24","Marian  Hill","South","V-Rang",2,18,36]
["2014-12-10","Marian  Hill","South","Quad",1,33,33]
["2014-11-04","Jenny  Garcia","MidWest","Crested Beaut",1,24,24]
["2014-11-14","Isabel  Cross","East","Aspen",3,19,57]
["2013-12-04","Andrew  Meyer","West","Crested Beaut",2,25,50]
["2013-12-19","Beth  Tucker","West","Majectic Beaut",2,30,60]
["2013-01-05","Bethany  Pena","MidWest","Sunset",3,23.5,70.5]
["2014-10-11","Max  Rodgers","West","Carlota",3,22.95,68.849999999999994]
["2013-11-04","Marian  Hill","South","Quad",2,33,66]
["2014-07-31","Salvador  Bass","West","Quad",2,34,68]
["2014-11-19","Sandra  Floyd","MidWest","Sunset",3,23.5,70.5]
["2014-12-08","Max  Rodgers","West","Majectic Beaut",3,30,90]
["2013-11-30","Jenny  Garcia","MidWest","Carlota",1,22.95,22.95]
["2013-12-19","Cindy  Becker","South","Sunbell",1,24,24]
["2014-12-29","Jenny  Garcia","MidWest","Carlota",6,22.95,137.69999999999999]
["2014-07-16","Peter  Hodges","MidWest","Quad",2,33,66]
["2013-04-15","Cecilia  Manning","South","Sunset",1,22.5,22.5]
["2014-12-26","Beth  Tucker","West","Aspen",3,21,63]
["2013-11-26","Patty  Thompson","West","Bellen",1,22.95,22.95]
["2014-07-21","Trevor  Jones","West","Crested Beaut",4,25,100]
["2013-12-19","Trevor  Jones","West","Sunshine",2,19.95,39.9]
["2013-11-22","Mable  Lindsey","West","Crested Beaut",2,25,50]
["2014-07-14","Cindy  Becker","South","Sunbell",2,24,48]
["2013-06-06","Iris  Underwood","West","V-Rang",2,19,38]
["2014-09-14","Max  Rodgers","West","Sunset",2,23.5,47]
["2013-12-18","Drew  Rogers","MidWest","Quad",3,33,99]
["2013-03-17","Rachel  Gomez","MidWest","Sunshine",2,19.95,39.9]
["2013-08-02","Lula  Daniels","MidWest","Quad",1,33,33]
["2013-12-08","Billie  Chandler","MidWest","Doublers",3,79.95,239.85]
["2014-08-10","Max  Rodgers","West","Sunshine",1,19.95,19.95]
["2014-11-29","Bobbie  Ryan","East","Doublers",2,75.95,151.9]
["2014-12-31","Don  Gonzales","South","Sunbell",1,24,24]
["2013-05-10","Max  Rodgers","West","Bellen",3,22.95,68.849999999999994]
["2013-10-28","Isabel  Cross","East","Quad",2,32,64]
["2014-12-20","Ernest  Davis","West","Quad",4,34,136]
["2014-11-04","Fernando  Rowe","West","Majectic Beaut",2,30,60]
["2013-11-24","Robert  Munoz","MidWest","Bellen",3,22.95,68.849999999999994]
["2013-11-03","Tracy  Reed","MidWest","Quad",2,33,66]
["2014-12-20","Cassandra  Franklin","MidWest","Bellen",2,22.95,45.9]
["2013-12-22","Arturo  Francis","East","Sunset",21,21.38,448.98]
["2014-11-11","Lorraine  Gibson","East","Sunshine",25,18,450]
["2014-11-01","Willie  Vega","MidWest","Sunshine",3,19.95,59.85]
["2014-05-09","Mable  Lindsey","West","Aspen",2,21,42]
["2013-12-27","Shari  Silva","South","Sunshine",2,19.95,39.9]
["2013-12-29","Rachel  Gomez","MidWest","Aspen",8,20,160]
["2013-11-12","Drew  Rogers","MidWest","Sunshine",2,19.95,39.9]
["2013-12-05","Tiffany  May","West","Majectic Beaut",1,30,30]
["2013-11-30","Dan  Peterson","MidWest","Bellen",1,22.95,22.95]
["2014-02-09","Cassandra  Franklin","MidWest","Sunshine",3,19.95,59.85]
["2014-12-12","Shari  Silva","South","Bellen",1,22.95,22.95]
["2014-12-18","Sonya  Mullins","East","Sunshine",1,18.95,18.95]
["2013-09-19","Carla  Mccormick","MidWest","Sunshine",12,18.95,227.4]
["2014-11-03","Jenny  Garcia","MidWest","Carlota",2,22.95,45.9]
["2014-12-19","Peter  Hodges","MidWest","Carlota",1,22.95,22.95]
["2013-07-11","Cecilia  Manning","South","Aspen",3,20,60]
["2014-12-25","Cindy  Becker","South","Quad",3,33,99]
["2013-11-07","Isabel  Cross","East","Quad",2,32,64]
["2014-12-31","Marian  Hill","South","Bellen",3,22.95,68.849999999999994]
["2014-11-16","Trevor  Jones","West","Sunshine",4,19.95,79.8]
["2013-12-08","Drew  Rogers","MidWest","Sunshine",10,19.95,199.5]
["2014-11-04","Guillermo  Potter","MidWest","Quad",3,33,99]
["2013-12-03","Shari  Silva","South","Aspen",10,20,200]
["2013-01-22","Edwin  Malone","East","Quad",2,32,64]
["2013-12-02","Herman  Williams","East","Bellen",2,21.95,43.9]
["2014-12-21","Blake  Bridges","South","Sunshine",23,18.95,435.85]
["2013-05-07","Tiffany  May","West","Sunshine",2,19.95,39.9]
["2014-05-13","Cecilia  Manning","South","V-Rang",3,18,54]
["2013-11-18","Christina  Fuller","West","Crested Beaut",1,25,25]
["2014-02-05","Robert  Munoz","MidWest","V-Rang",1,18,18]
["2013-12-18","Austin  Reynolds","East","Sunshine",3,18.95,56.85]
["2014-11-09","Shari  Silva","South","Doublers",4,77.95,311.8]
["2014-11-21","Isabel  Cross","East","Sunbell",3,23,69]
["2014-11-22","Ernest  Davis","West","Bellen",1,22.95,22.95]
["2014-08-03","Shari  Silva","South","Bellen",2,22.95,45.9]
["2014-10-31","Lula  Daniels","MidWest","Majectic Beaut",3,29,87]
["2014-11-13","Isabel  Cross","East","Quad",3,32,96]
["2013-02-06","Salvador  Bass","West","Carlota",1,22.95,22.95]
["2013-11-12","Brooke  Horton","MidWest","Majectic Beaut",2,29,58]
["2013-07-30","Kyle  Carr","MidWest","Quad",3,33,99]
["2013-12-25","Cassandra  Franklin","MidWest","Sunset",3,23.5,70.5]
["2013-11-17","Rachel  Gomez","MidWest","Majectic Beaut",2,29,58]
["2013-11-25","Cecilia  Manning","South","Sunshine",1,19.95,19.95]
["2014-12-25","Max  Rodgers","West","Majectic Beaut",2,30,60]
["2014-12-10","Cassandra  Franklin","MidWest","Sunbell",1,24,24]
["2013-12-03","Lula  Daniels","MidWest","Sunshine",2,19.95,39.9]
["2014-06-08","Robert  Munoz","MidWest","Sunset",3,23.5,70.5]
["2014-12-01","Lula  Daniels","MidWest","Sunbell",2,24,48]
["2013-03-14","Trevor  Jones","West","Quad",2,34,68]
["2014-11-13","Herman  Williams","East","Carlota",3,21.95,65.849999999999994]
["2013-11-27","Lynette  Brewer","MidWest","Sunset",1,23.5,23.5]
["2014-11-19","Christy  Olson","West","Crested Beaut",1,25,25]
["2014-11-18","Isabel  Cross","East","Bellen",25,20.85,521.25]
["2013-05-30","Eric  Rose","West","Carlota",1,22.95,22.95]
["2014-12-07","Brooke  Horton","MidWest","Crested Beaut",1,24,24]
["2014-12-09","Jaime  Pearson","MidWest","Majectic Beaut",2,29,58]
["2014-11-24","Paulette  Spencer","South","Quad",3,33,99]
["2013-11-30","Andrew  Meyer","West","Bellen",3,22.95,68.849999999999994]
["2013-11-21","Iris  Underwood","West","Carlota",4,22.95,91.8]
["2014-01-19","Cassandra  Franklin","MidWest","Bellen",3,22.95,68.849999999999994]
["2014-12-01","Herman  Williams","East","Quad",2,32,64]
["2013-11-13","Ivan  Adkins","West","Sunshine",5,19.95,99.75]
["2013-11-11","Mable  Lindsey","West","Sunset",3,23.5,70.5]
["2013-11-04","Paulette  Spencer","South","Doublers",1,77.95,77.95]
["2014-11-14","Ernest  Davis","West","Quad",2,34,68]
["2013-12-27","Rachel  Gomez","MidWest","Sunshine",3,19.95,59.85]
["2014-07-25","Jenny  Garcia","MidWest","Sunbell",1,24,24]
["2013-03-20","Johanna  Boone","South","Doublers",3,77.95,233.85]
["2013-11-30","Marian  Hill","South","Quad",2,33,66]
["2013-11-16","Fernando  Rowe","West","Crested Beaut",21,23.75,498.75]
["2013-04-19","Dan  Peterson","MidWest","Quad",2,33,66]
["2014-11-20","Fernando  Rowe","West","Carlota",3,22.95,68.849999999999994]
["2013-11-09","Woodrow  Colon","South","Bellen",2,22.95,45.9]
["2014-03-11","Don  Gonzales","South","Aspen",3,20,60]
["2014-12-22","Lance  Yates","MidWest","Carlota",1,22.95,22.95]
["2014-11-03","Brooke  Horton","MidWest","Quad",2,33,66]
["2013-11-18","Trevor  Jones","West","V-Rang",2,19,38]
["2013-06-07","Shari  Silva","South","Carlota",3,22.95,68.849999999999994]
["2014-12-20","Salvador  Bass","West","Crested Beaut",1,25,25]
["2013-02-13","Iris  Underwood","West","Carlota",3,22.95,68.849999999999994]
["2014-11-18","Marion  Glover","East","Quad",2,32,64]
["2014-11-27","Cassandra  Franklin","MidWest","Sunbell",3,24,72]
["2013-11-20","Shari  Silva","South","Bellen",1,22.95,22.95]
["2014-11-18","Christina  Fuller","West","Sunbell",1,25,25]
["2013-11-25","Willie  Vega","MidWest","Sunshine",3,19.95,59.85]
["2014-12-29","Max  Rodgers","West","Sunshine",3,19.95,59.85]
["2014-11-21","Marian  Hill","South","Sunbell",1,24,24]
["2013-12-14","Jenny  Garcia","MidWest","Crested Beaut",2,24,48]
["2014-11-13","Rachel  Gomez","MidWest","Crested Beaut",2,24,48]
["2013-12-15","Charlie  Wood","MidWest","Quad",14,31.35,438.9]
["2014-12-07","Kyle  Carr","MidWest","Sunshine",2,19.95,39.9]
["2014-05-18","Ellen  Weaver","South","Quad",3,33,99]
["2013-11-26","Guillermo  Potter","MidWest","FlatTop",4,27.5,110]
["2014-12-06","Max  Rodgers","West","Sunshine",3,19.95,59.85]
["2013-11-29","Della  Jensen","East","Sunbell",1,23,23]
["2014-11-02","Lance  Yates","MidWest","Bellen",3,22.95,68.849999999999994]
["2014-12-13","Joey  Wong","West","Sunshine",2,19.95,39.9]
["2014-11-14","Joey  Wong","West","Quad",2,34,68]
["2013-11-18","Drew  Rogers","MidWest","FlatTop",3,27.5,82.5]
["2014-11-27","Ben  Perez","West","Doublers",3,79.95,239.85]
["2014-12-04","Rachel  Gomez","MidWest","FlatTop",14,26.13,365.82]
["2013-12-16","Cecilia  Manning","South","Majectic Beaut",2,29,58]
["2014-11-14","Ben  Perez","West","Sunshine",3,19.95,59.85]
["2013-12-01","Iris  Underwood","West","Bellen",2,22.95,45.9]
["2013-11-27","Salvador  Bass","West","Carlota",1,22.95,22.95]
["2013-11-21","Mable  Lindsey","West","Bellen",2,22.95,45.9]
["2014-12-09","Joey  Wong","West","Bellen",2,22.95,45.9]
["2013-11-08","Blake  Bridges","South","Sunshine",2,19.95,39.9]
["2014-07-02","Lorraine  Gibson","East","Sunbell",1,23,23]
["2013-03-09","Andrew  Meyer","West","Sunset",2,23.5,47]
["2014-12-31","Austin  Reynolds","East","Bellen",3,21.95,65.849999999999994]
["2014-11-23","Cindy  Becker","South","Bellen",4,22.95,91.8]
["2013-07-14","Tracy  Reed","MidWest","Carlota",1,22.95,22.95]
["2013-12-07","Shari  Silva","South","Doublers",14,74.05,1036.7]
["2014-01-08","Herman  Williams","East","Sunshine",2,18.95,37.9]
["2013-12-13","Elbert  Klein","South","Aspen",3,20,60]
["2014-11-24","Rachel  Gomez","MidWest","FlatTop",2,27.5,55]
["2014-12-04","Lee  Mack","MidWest","FlatTop",1,27.5,27.5]
["2014-11-11","Sandra  Floyd","MidWest","Sunshine",2,19.95,39.9]
["2013-07-16","Donna  Reid","West","Sunbell",2,25,50]
["2014-11-15","Dan  Peterson","MidWest","Sunshine",2,19.95,39.9]
["2014-11-02","Shari  Silva","South","Carlota",2,22.95,45.9]
["2014-11-22","Trevor  Jones","West","Majectic Beaut",4,30,120]
["2014-11-24","Dan  Peterson","MidWest","Carlota",1,22.95,22.95]
["2014-11-07","Cindy  Becker","South","Sunshine",3,19.95,59.85]
["2014-07-18","Drew  Rogers","MidWest","Sunbell",1,24,24]
["2014-11-15","Charlie  Wood","MidWest","Sunbell",1,24,24]
["2014-11-26","Eddie  Green","East","Carlota",2,21.95,43.9]
["2013-12-30","Beth  Tucker","West","Crested Beaut",2,25,50]
["2014-12-21","Drew  Rogers","MidWest","Bellen",3,22.95,68.849999999999994]
["2013-12-04","Cindy  Becker","South","Carlota",2,22.95,45.9]
["2013-12-21","Robert  Munoz","MidWest","FlatTop",3,27.5,82.5]
["2013-12-20","Jenny  Garcia","MidWest","Carlota",4,22.95,91.8]
["2014-11-07","Salvador  Bass","West","Bellen",21,21.8,457.8]
["2013-12-17","Lynette  Brewer","MidWest","Bellen",2,22.95,45.9]
["2014-12-27","Donna  Reid","West","Sunbell",1,25,25]
["2013-12-17","Carla  Mccormick","MidWest","Majectic Beaut",3,29,87]
["2013-11-06","Rachel  Gomez","MidWest","Majectic Beaut",1,29,29]
["2014-09-08","Shari  Silva","South","Sunshine",2,19.95,39.9]
["2013-12-03","Elaine  Ellis","South","V-Rang",2,18,36]
["2013-12-17","Mable  Lindsey","West","Quad",2,34,68]
["2014-08-12","Cassandra  Franklin","MidWest","V-Rang",2,18,36]
["2014-12-20","Shari  Silva","South","Majectic Beaut",3,29,87]
["2013-11-03","Della  Jensen","East","Sunbell",4,23,92]
["2013-12-20","Rachel  Gomez","MidWest","Quad",25,31.35,783.75]
["2013-12-27","Austin  Reynolds","East","Bellen",3,21.95,65.849999999999994]
["2014-09-30","Johanna  Boone","South","Sunbell",2,24,48]
["2014-12-31","Cecilia  Manning","South","Crested Beaut",2,24,48]
["2013-11-24","Jenny  Garcia","MidWest","Sunbell",7,24,168]
["2013-12-06","Drew  Rogers","MidWest","Carlota",13,21.8,283.39999999999998]
["2014-11-17","Edwin  Malone","East","Quad",1,32,32]
["2013-11-01","Salvador  Bass","West","Doublers",3,79.95,239.85]
["2014-01-03","Donna  Reid","West","Majectic Beaut",1,30,30]
["2014-06-25","Lynette  Brewer","MidWest","Aspen",3,20,60]
["2013-11-18","Elvira  Bowman","MidWest","Carlota",3,22.95,68.849999999999994]
["2014-10-07","Jaime  Pearson","MidWest","Sunshine",4,19.95,79.8]
["2013-11-05","Kyle  Carr","MidWest","Carlota",9,22.95,206.55]
["2013-11-14","Drew  Rogers","MidWest","Carlota",1,22.95,22.95]
["2014-12-08","Elvira  Bowman","MidWest","Sunshine",2,19.95,39.9]
["2014-12-15","Herman  Williams","East","Carlota",2,21.95,43.9]
["2014-11-19","Brooke  Horton","MidWest","Carlota",1,22.95,22.95]
["2013-12-12","Iris  Underwood","West","Crested Beaut",3,25,75]
["2013-04-06","Isabel  Cross","East","Sunshine",1,18.95,18.95]
["2014-12-24","Mable  Lindsey","West","Quad",2,34,68]
["2014-10-29","Drew  Rogers","MidWest","Aspen",3,20,60]
["2013-11-24","Jenny  Garcia","MidWest","Quad",3,33,99]
["2013-11-16","Trevor  Jones","West","Sunset",2,23.5,47]
["2014-11-23","Christina  Fuller","West","Aspen",3,21,63]
["2013-09-12","Joey  Wong","West","Bellen",2,22.95,45.9]
["2013-12-04","Isabel  Cross","East","Sunset",1,22.5,22.5]
["2014-03-27","Shari  Silva","South","Sunshine",1,19.95,19.95]
["2014-11-04","Peter  Hodges","MidWest","Crested Beaut",1,24,24]
["2013-06-03","Mable  Lindsey","West","Aspen",3,21,63]
["2013-11-13","Ernest  Davis","West","Crested Beaut",1,25,25]
["2013-12-17","Shari  Silva","South","Bellen",3,22.95,68.849999999999994]
["2014-01-07","Max  Rodgers","West","Quad",3,34,102]
["2014-12-12","Lance  Yates","MidWest","Quad",3,33,99]
["2014-12-22","Bethany  Pena","MidWest","Majectic Beaut",3,29,87]
["2014-12-04","Don  Gonzales","South","FlatTop",2,26.5,53]
["2013-06-30","Christy  Olson","West","Sunset",1,23.5,23.5]
["2013-12-10","Herman  Williams","East","Majectic Beaut",1,28,28]
["2014-11-19","Cindy  Becker","South","Bellen",2,22.95,45.9]
["2014-11-22","Shari  Silva","South","Sunset",1,22.5,22.5]
["2014-11-19","Ivan  Adkins","West","V-Rang",2,19,38]
["2013-11-06","Billie  Chandler","MidWest","Quad",3,33,99]
["2013-11-08","Mable  Lindsey","West","Quad",9,34,306]
["2013-05-25","Lance  Yates","MidWest","Sunset",3,23.5,70.5]
["2013-12-17","Kyle  Carr","MidWest","FlatTop",4,27.5,110]
["2014-11-20","Fernando  Rowe","West","Sunbell",2,25,50]
["2013-08-16","Andrew  Meyer","West","Carlota",2,22.95,45.9]
["2013-11-05","Robert  Munoz","MidWest","Sunshine",5,19.95,99.75]
["2013-12-09","Lynette  Brewer","MidWest","Sunset",16,22.33,357.28]
["2013-12-21","Ben  Perez","West","Carlota",15,21.8,327]
["2014-10-26","Billie  Chandler","MidWest","Sunshine",1,19.95,19.95]
["2014-04-12","Lorraine  Gibson","East","Sunset",3,22.5,67.5]
["2014-05-07","Felicia  Jennings","West","Sunset",1,23.5,23.5]
["2013-04-26","Shari  Silva","South","Quad",4,33,132]
["2014-09-10","Cindy  Becker","South","Sunset",1,22.5,22.5]
["2013-11-02","Della  Jensen","East","Quad",3,32,96]
["2014-04-09","Rachel  Gomez","MidWest","Majectic Beaut",3,29,87]
["2013-11-28","Max  Rodgers","West","Sunbell",4,25,100]
["2014-12-25","Elaine  Ellis","South","Crested Beaut",1,24,24]
["2014-12-21","Drew  Rogers","MidWest","Bellen",16,21.8,348.8]
["2013-12-19","Marian  Hill","South","Sunbell",3,24,72]
["2014-11-24","Tiffany  May","West","Aspen",3,21,63]
["2014-11-02","Joey  Wong","West","Quad",2,34,68]
["2013-12-25","Christina  Fuller","West","Bellen",3,22.95,68.849999999999994]
["2014-11-16","Max  Rodgers","West","Bellen",1,22.95,22.95]
["2013-11-04","Don  Gonzales","South","Quad",3,33,99]
["2013-11-21","Shari  Silva","South","Carlota",2,22.95,45.9]
["2014-12-20","Lynette  Brewer","MidWest","Carlota",1,22.95,22.95]
["2014-12-17","Brooke  Horton","MidWest","Sunshine",2,19.95,39.9]
["2013-12-01","Sandra  Floyd","MidWest","Quad",2,33,66]
["2013-11-17","Cecilia  Manning","South","Quad",2,33,66]
["2013-12-16","Eric  Rose","West","Quad",2,34,68]
["2014-06-16","Della  Jensen","East","Bellen",4,21.95,87.8]
["2014-12-18","Rachel  Gomez","MidWest","Aspen",2,20,40]
["2014-04-03","Tracy  Reed","MidWest","Sunset",2,23.5,47]
["2014-09-22","Rachel  Gomez","MidWest","Bellen",15,21.8,327]
["2013-12-31","Lynette  Brewer","MidWest","Sunshine",4,19.95,79.8]
["2013-12-18","Shari  Silva","South","Sunbell",3,24,72]
["2014-11-06","Marion  Glover","East","Bellen",2,21.95,43.9]
["2013-12-27","Herman  Williams","East","Carlota",1,21.95,21.95]
["2014-12-30","Charlie  Wood","MidWest","Doublers",2,79.95,159.9]
["2013-11-30","Salvador  Bass","West","Aspen",3,21,63]
["2013-12-10","Brooke  Horton","MidWest","Sunshine",3,19.95,59.85]
["2013-11-23","Christy  Olson","West","FlatTop",3,27.5,82.5]
["2013-12-19","Salvador  Bass","West","Sunshine",2,19.95,39.9]
["2014-12-24","Christy  Olson","West","Carlota",3,22.95,68.849999999999994]
["2013-12-14","Ben  Perez","West","Sunshine",3,19.95,59.85]
["2014-11-22","Lance  Yates","MidWest","Aspen",20,19,380]
["2014-11-28","Isabel  Cross","East","Sunshine",1,18.95,18.95]
["2013-12-05","Joey  Wong","West","Bellen",1,22.95,22.95]
["2013-02-18","Guillermo  Potter","MidWest","Sunshine",4,19.95,79.8]
["2014-11-04","Eddie  Green","East","Sunbell",2,23,46]
["2014-08-10","Cecilia  Manning","South","Sunbell",2,24,48]
["2014-12-21","Iris  Underwood","West","Bellen",1,22.95,22.95]
["2013-11-09","Robert  Munoz","MidWest","FlatTop",14,26.13,365.82]
["2013-11-09","Brooke  Horton","MidWest","Carlota",11,21.8,239.8]
["2014-11-12","Mable  Lindsey","West","V-Rang",4,19,76]
["2014-11-16","Dan  Peterson","MidWest","Doublers",2,79.95,159.9]
["2013-09-28","Lula  Daniels","MidWest","Quad",3,33,99]
["2013-11-06","Max  Rodgers","West","Bellen",3,22.95,68.849999999999994]
["2013-11-28","Beth  Tucker","West","Quad",2,34,68]
["2013-12-18","Arturo  Francis","East","Majectic Beaut",2,28,56]
["2014-11-07","Beth  Tucker","West","Sunset",2,23.5,47]
["2014-12-13","Bobbie  Ryan","East","Majectic Beaut",2,28,56]
["2013-11-28","Shari  Silva","South","Sunbell",4,24,96]
["2014-12-28","Edwin  Malone","East","Sunset",3,22.5,67.5]
["2013-12-14","Eddie  Green","East","Crested Beaut",3,23,69]
["2014-12-12","Herman  Williams","East","Bellen",3,21.95,65.849999999999994]
["2014-11-11","Blake  Bridges","South","Sunset",1,22.5,22.5]
["2014-11-01","Brooke  Horton","MidWest","Crested Beaut",2,24,48]
["2013-12-06","Allan  Ramos","MidWest","Sunshine",2,19.95,39.9]
["2013-11-05","Allan  Ramos","MidWest","Sunshine",2,19.95,39.9]
["2014-11-26","Jaime  Pearson","MidWest","Bellen",3,22.95,68.849999999999994]
["2014-12-17","Lorraine  Gibson","East","Doublers",2,75.95,151.9]
["2013-11-08","Willie  Vega","MidWest","Sunbell",2,24,48]
["2013-12-12","Cassandra  Franklin","MidWest","Carlota",3,22.95,68.849999999999994]
["2014-04-04","Elaine  Ellis","South","Carlota",3,22.95,68.849999999999994]
["2014-10-21","Marian  Hill","South","Doublers",2,77.95,155.9]
["2013-02-23","Lula  Daniels","MidWest","Carlota",4,22.95,91.8]
["2013-11-24","Don  Gonzales","South","Carlota",3,22.95,68.849999999999994]
["2014-02-05","Marion  Glover","East","Majectic Beaut",1,28,28]
["2013-11-14","Cecilia  Manning","South","Quad",1,33,33]
["2013-12-11","Bernadette  Page","MidWest","Sunshine",1,19.95,19.95]
["2013-12-02","Rachel  Gomez","MidWest","Carlota",2,22.95,45.9]
["2014-05-20","Max  Rodgers","West","Aspen",2,21,42]
["2014-12-30","Robert  Munoz","MidWest","Sunbell",18,22.8,410.4]
["2014-11-06","Woodrow  Colon","South","V-Rang",2,18,36]
["2014-12-06","Elaine  Ellis","South","Crested Beaut",3,24,72]
["2013-05-28","Jaime  Pearson","MidWest","Crested Beaut",1,24,24]
["2013-11-25","Isabel  Cross","East","Carlota",2,21.95,43.9]
["2013-11-24","Edwin  Malone","East","Quad",1,32,32]
["2014-11-21","Drew  Rogers","MidWest","Sunshine",1,19.95,19.95]
["2014-11-03","Brooke  Horton","MidWest","FlatTop",1,27.5,27.5]
["2014-12-30","Lorraine  Gibson","East","Bellen",2,21.95,43.9]
["2014-07-28","Rachel  Gomez","MidWest","Sunshine",2,19.95,39.9]
["2013-12-10","Christy  Olson","West","Crested Beaut",3,25,75]
["2014-08-17","Eric  Rose","West","Bellen",3,22.95,68.849999999999994]
["2013-12-22","Edwin  Malone","East","Quad",4,32,128]
["2014-12-15","Austin  Reynolds","East","Carlota",2,21.95,43.9]
["2013-12-04","Cassandra  Franklin","MidWest","Sunbell",1,24,24]
["2014-11-08","Lula  Daniels","MidWest","Bellen",3,22.95,68.849999999999994]
["2014-09-20","Tiffany  May","West","Bellen",1,22.95,22.95]
["2014-11-19","Kyle  Carr","MidWest","Sunset",3,23.5,70.5]
["2014-12-15","Bobbie  Ryan","East","Aspen",1,19,19]
["2014-11-16","Kyle  Carr","MidWest","Bellen",3,22.95,68.849999999999994]
["2014-12-12","Lynette  Brewer","MidWest","Crested Beaut",2,24,48]
["2014-12-13","Eric  Rose","West","Carlota",3,22.95,68.849999999999994]
["2014-11-15","Isabel  Cross","East","Sunshine",3,18.95,56.85]
["2013-11-04","Herman  Williams","East","Crested Beaut",3,23,69]
["2014-12-16","Eric  Rose","West","Carlota",1,22.95,22.95]
["2013-09-28","Willie  Vega","MidWest","Carlota",2,22.95,45.9]
["2014-12-26","Peter  Hodges","MidWest","Sunbell",2,24,48]
["2014-12-08","Isabel  Cross","East","FlatTop",3,26.5,79.5]
["2013-11-05","Cassandra  Franklin","MidWest","Carlota",3,22.95,68.849999999999994]
["2014-12-26","Isabel  Cross","East","Quad",1,32,32]
["2013-11-26","Austin  Reynolds","East","Sunshine",1,18.95,18.95]
["2014-12-25","Carla  Mccormick","MidWest","Quad",2,33,66]
["2014-11-12","Tracy  Reed","MidWest","Carlota",1,22.95,22.95]
["2013-03-08","Christina  Fuller","West","Bellen",9,22.95,206.55]
["2013-07-08","Cecilia  Manning","South","Sunset",6,22.5,135]
["2013-12-05","Marion  Glover","East","Sunset",2,22.5,45]
["2013-11-14","Max  Rodgers","West","Sunbell",1,25,25]
["2014-11-16","Cassandra  Franklin","MidWest","Carlota",1,22.95,22.95]
["2013-01-08","Rachel  Gomez","MidWest","Carlota",21,21.8,457.8]
["2013-06-03","Pauline  Beck","West","Carlota",3,22.95,68.849999999999994]
["2014-12-15","Iris  Underwood","West","Quad",1,34,34]
["2013-12-20","Blake  Bridges","South","Aspen",3,20,60]
["2013-11-15","Brooke  Horton","MidWest","Quad",1,33,33]
["2013-11-28","Max  Rodgers","West","Quad",3,34,102]
["2013-11-19","Beth  Tucker","West","Sunbell",11,23.75,261.25]
["2013-12-26","Herman  Williams","East","Majectic Beaut",3,28,84]
["2014-12-12","Della  Jensen","East","Quad",1,32,32]
["2013-11-29","Ben  Perez","West","Quad",3,34,102]
["2014-11-23","Dan  Peterson","MidWest","Doublers",1,79.95,79.95]
["2014-11-09","Ben  Perez","West","V-Rang",22,18.05,397.1]
["2014-11-08","Dan  Peterson","MidWest","Quad",3,33,99]
["2014-09-17","Robert  Munoz","MidWest","Doublers",4,79.95,319.8]
["2014-10-11","Felicia  Jennings","West","Sunset",13,22.33,290.29000000000002]
["2014-08-24","Carla  Mccormick","MidWest","Crested Beaut",1,24,24]
["2014-12-13","Robert  Munoz","MidWest","Sunshine",1,19.95,19.95]
["2013-06-17","Lula  Daniels","MidWest","Quad",1,33,33]
["2013-12-06","Drew  Rogers","MidWest","Sunbell",2,24,48]
["2014-05-29","Christina  Fuller","West","Carlota",25,21.8,545]
["2013-11-04","Sandra  Floyd","MidWest","Sunset",2,23.5,47]
["2013-11-12","Cindy  Becker","South","Crested Beaut",3,24,72]
["2014-11-04","Jenny  Garcia","MidWest","Quad",3,33,99]
["2014-11-10","Bethany  Pena","MidWest","Majectic Beaut",3,29,87]
["2013-12-16","Drew  Rogers","MidWest","Sunshine",5,19.95,99.75]
["2013-11-08","Paulette  Spencer","South","Carlota",2,22.95,45.9]
["2013-01-17","Herman  Williams","East","V-Rang",3,18,54]
["2013-11-19","Salvador  Bass","West","Bellen",1,22.95,22.95]
["2014-11-05","Bernadette  Page","MidWest","Quad",2,33,66]
["2014-11-15","Salvador  Bass","West","Aspen",3,21,63]
["2014-12-26","Ben  Perez","West","Crested Beaut",2,25,50]
["2014-09-18","Drew  Rogers","MidWest","Carlota",5,22.95,114.75]
["2014-01-25","Della  Jensen","East","Sunbell",3,23,69]
["2013-03-28","Robert  Munoz","MidWest","Carlota",3,22.95,68.849999999999994]
["2014-11-01","Austin  Reynolds","East","Bellen",22,20.85,458.7]
["2014-12-26","Drew  Rogers","MidWest","Crested Beaut",3,24,72]
["2014-11-30","Blake  Bridges","South","Crested Beaut",1,24,24]
["2013-12-20","Brooke  Horton","MidWest","Quad",3,33,99]
["2013-02-19","Cindy  Becker","South","Bellen",17,21.8,370.6]
["2014-09-30","Salvador  Bass","West","Carlota",2,22.95,45.9]
["2013-12-21","Rachel  Gomez","MidWest","Quad",2,33,66]
["2013-12-30","Drew  Rogers","MidWest","V-Rang",16,17.100000000000001,273.60000000000002]
["2013-12-24","Jenny  Garcia","MidWest","Sunset",1,23.5,23.5]
["2014-01-07","Robert  Munoz","MidWest","Sunbell",3,24,72]
["2014-04-23","Lula  Daniels","MidWest","Sunbell",2,24,48]
["2014-12-21","Jaime  Pearson","MidWest","Sunset",3,23.5,70.5]
["2013-11-03","Allan  Ramos","MidWest","Carlota",1,22.95,22.95]
["2013-12-28","Cassandra  Franklin","MidWest","Quad",3,33,99]
["2013-12-28","Willie  Vega","MidWest","Carlota",2,22.95,45.9]
["2014-12-25","Donna  Reid","West","Bellen",2,22.95,45.9]
["2013-12-29","Charlie  Wood","MidWest","Doublers",2,79.95,159.9]
["2013-11-19","Rachel  Gomez","MidWest","Carlota",1,22.95,22.95]
["2014-05-04","Isabel  Cross","East","V-Rang",3,18,54]
["2013-11-18","Austin  Reynolds","East","Carlota",21,20.85,437.85]
["2014-11-23","Blake  Bridges","South","Bellen",2,22.95,45.9]
["2014-11-12","Fernando  Rowe","West","Sunbell",3,25,75]
["2013-12-30","Trevor  Jones","West","Crested Beaut",2,25,50]
["2014-12-29","Nellie  Joseph","East","Bellen",3,21.95,65.849999999999994]
["2014-11-17","Isabel  Cross","East","Quad",2,32,64]
["2014-12-15","Joey  Wong","West","Quad",2,34,68]
["2013-12-04","Ivan  Adkins","West","FlatTop",2,27.5,55]
["2013-11-21","Mable  Lindsey","West","Carlota",2,22.95,45.9]
["2013-12-26","Ruben  Nunez","West","Bellen",2,22.95,45.9]
["2014-11-18","Bernadette  Page","MidWest","Carlota",2,22.95,45.9]
["2014-11-21","Don  Gonzales","South","Quad",2,33,66]
["2013-12-09","Donna  Reid","West","Quad",1,34,34]
["2014-12-11","Kyle  Carr","MidWest","Bellen",1,22.95,22.95]
["2013-12-25","Patty  Thompson","West","Doublers",19,75.95,1443.05]
["2014-11-10","Drew  Rogers","MidWest","Sunshine",3,19.95,59.85]
["2013-12-27","Andrew  Meyer","West","Quad",9,34,306]
["2013-11-13","Carla  Mccormick","MidWest","Sunshine",2,19.95,39.9]
["2013-12-30","Elbert  Klein","South","Quad",2,33,66]
["2013-12-28","Isabel  Cross","East","Aspen",2,19,38]
["2014-12-05","Elaine  Ellis","South","Aspen",2,20,40]
["2014-12-17","Mable  Lindsey","West","Majectic Beaut",2,30,60]
["2013-11-15","Mable  Lindsey","West","Sunshine",3,19.95,59.85]
["2013-11-05","Trevor  Jones","West","Sunbell",2,25,50]
["2014-11-03","Pauline  Beck","West","Bellen",2,22.95,45.9]
["2013-12-13","Lance  Yates","MidWest","Sunbell",4,24,96]
["2013-11-29","Don  Gonzales","South","Doublers",1,77.95,77.95]
["2013-08-28","Cindy  Becker","South","Sunshine",1,19.95,19.95]
["2013-11-13","Tiffany  May","West","Doublers",2,79.95,159.9]
["2013-12-04","Lula  Daniels","MidWest","Quad",2,33,66]
["2014-12-19","Patty  Thompson","West","Bellen",2,22.95,45.9]
["2014-05-22","Drew  Rogers","MidWest","Sunshine",2,19.95,39.9]
["2014-08-22","Shari  Silva","South","Bellen",3,22.95,68.849999999999994]
["2014-01-30","Felicia  Jennings","West","Sunbell",1,25,25]
["2014-12-25","Arturo  Francis","East","Quad",3,32,96]
["2013-12-24","Willie  Vega","MidWest","Sunshine",2,19.95,39.9]
["2013-11-04","Max  Rodgers","West","Sunshine",2,19.95,39.9]
["2013-08-12","Shari  Silva","South","FlatTop",8,26.5,212]
["2013-12-16","Colleen  Warren","West","Doublers",3,79.95,239.85]
["2014-06-18","Isabel  Cross","East","Sunbell",2,23,46]
["2013-12-24","Mable  Lindsey","West","Bellen",1,22.95,22.95]
["2013-04-15","Sonya  Mullins","East","Bellen",3,21.95,65.849999999999994]
["2014-11-15","Max  Rodgers","West","Carlota",3,22.95,68.849999999999994]
["2013-08-24","Christina  Fuller","West","Sunbell",21,23.75,498.75]
["2014-11-07","Tiffany  May","West","Aspen",1,21,21]
["2013-11-12","Christy  Olson","West","Quad",2,34,68]
["2014-11-22","Isabel  Cross","East","Quad",3,32,96]
["2014-11-13","Elvira  Bowman","MidWest","Sunshine",1,19.95,19.95]
["2013-12-15","Salvador  Bass","West","Sunbell",3,25,75]
["2013-11-04","Cindy  Becker","South","Quad",1,33,33]
["2013-11-25","Marian  Hill","South","Sunshine",3,19.95,59.85]
["2013-04-05","Guillermo  Potter","MidWest","Sunset",3,23.5,70.5]
["2014-12-16","Austin  Reynolds","East","Sunshine",3,18.95,56.85]
["2014-12-02","Brooke  Horton","MidWest","Aspen",3,20,60]
["2014-12-31","Ben  Perez","West","Sunshine",3,19.95,59.85]
["2013-09-12","Cecilia  Manning","South","Majectic Beaut",3,29,87]
["2014-06-22","Elvira  Bowman","MidWest","Bellen",3,22.95,68.849999999999994]
["2014-11-06","Della  Jensen","East","Carlota",2,21.95,43.9]
["2013-12-09","Kyle  Carr","MidWest","Bellen",1,22.95,22.95]
["2014-01-22","Tracy  Reed","MidWest","Bellen",2,22.95,45.9]
["2014-11-24","Cecilia  Manning","South","Carlota",1,22.95,22.95]
["2014-03-22","Donna  Reid","West","Sunbell",3,25,75]
["2013-12-05","Eddie  Green","East","Quad",1,32,32]
["2013-11-06","Guillermo  Potter","MidWest","Doublers",3,79.95,239.85]
["2014-09-16","Isabel  Cross","East","V-Rang",3,18,54]
["2014-06-29","Trevor  Jones","West","Bellen",3,22.95,68.849999999999994]
["2014-06-08","Paulette  Spencer","South","Crested Beaut",17,22.8,387.6]
["2013-12-21","Herman  Williams","East","Quad",6,32,192]
["2014-11-03","Shari  Silva","South","Doublers",1,77.95,77.95]
["2014-11-08","Rachel  Gomez","MidWest","Sunbell",1,24,24]
["2014-11-29","Elaine  Ellis","South","Quad",1,33,33]
["2014-11-19","Cindy  Becker","South","Majectic Beaut",2,29,58]
["2014-12-24","Marian  Hill","South","Sunbell",3,24,72]
["2014-08-11","Nellie  Joseph","East","Crested Beaut",4,23,92]
["2013-12-06","Charlie  Wood","MidWest","Majectic Beaut",1,29,29]
["2014-12-09","Elaine  Ellis","South","Bellen",2,22.95,45.9]
["2014-12-14","Tiffany  May","West","Quad",1,34,34]
["2013-12-22","Jenny  Garcia","MidWest","Sunbell",2,24,48]
["2014-11-14","Cassandra  Franklin","MidWest","Bellen",3,22.95,68.849999999999994]
["2013-12-16","Ben  Perez","West","Bellen",8,22.95,183.6]
["2014-12-10","Jenny  Garcia","MidWest","Majectic Beaut",2,29,58]
["2014-12-22","Lula  Daniels","MidWest","V-Rang",11,17.100000000000001,188.1]
["2013-11-05","Carla  Mccormick","MidWest","Quad",2,33,66]
["2013-11-30","Ernest  Davis","West","Quad",1,34,34]
["2013-12-20","Andrew  Meyer","West","Crested Beaut",2,25,50]
["2014-12-02","Cecilia  Manning","South","Crested Beaut",2,24,48]
["2013-12-08","Marian  Hill","South","Crested Beaut",1,24,24]
["2014-01-10","Jaime  Pearson","MidWest","Crested Beaut",3,24,72]
["2013-12-20","Max  Rodgers","West","Sunbell",2,25,50]
["2013-11-25","Beth  Tucker","West","Sunbell",3,25,75]
["2014-12-28","Salvador  Bass","West","Carlota",3,22.95,68.849999999999994]
["2013-11-11","Carla  Mccormick","MidWest","Sunshine",2,19.95,39.9]
["2014-11-30","Dan  Peterson","MidWest","Sunshine",2,19.95,39.9]
["2014-12-24","Blake  Bridges","South","FlatTop",1,26.5,26.5]
["2014-11-16","Tiffany  May","West","Sunset",2,23.5,47]
["2013-12-24","Billie  Chandler","MidWest","V-Rang",1,18,18]
["2014-11-12","Cassandra  Franklin","MidWest","Sunbell",2,24,48]
["2013-11-30","Patty  Thompson","West","Carlota",4,22.95,91.8]
["2014-11-13","Carla  Mccormick","MidWest","FlatTop",2,27.5,55]
["2013-11-07","Lee  Mack","MidWest","Sunshine",24,18.95,454.8]
["2013-12-13","Brooke  Horton","MidWest","Majectic Beaut",3,29,87]
["2013-11-15","Donna  Reid","West","Sunshine",1,19.95,19.95]
["2013-11-12","Drew  Rogers","MidWest","Sunbell",3,24,72]
["2014-11-12","Carla  Mccormick","MidWest","Carlota",5,22.95,114.75]
["2014-08-28","Paulette  Spencer","South","Carlota",1,22.95,22.95]
["2013-11-12","Billie  Chandler","MidWest","Sunshine",3,19.95,59.85]
["2014-11-25","Rachel  Gomez","MidWest","Quad",1,33,33]
["2014-07-29","Eric  Rose","West","Bellen",2,22.95,45.9]
["2013-05-12","Marian  Hill","South","Quad",2,33,66]
["2013-11-16","Cecilia  Manning","South","Sunshine",3,19.95,59.85]
["2014-12-05","Allan  Ramos","MidWest","FlatTop",1,27.5,27.5]
["2014-12-07","Elbert  Klein","South","Sunshine",3,19.95,59.85]
["2014-03-08","Cassandra  Franklin","MidWest","Aspen",19,19,361]
["2014-09-16","Trevor  Jones","West","Bellen",2,22.95,45.9]
["2014-06-30","Rachel  Gomez","MidWest","FlatTop",2,27.5,55]
["2013-10-15","Rachel  Gomez","MidWest","Sunshine",3,19.95,59.85]
["2014-12-12","Felicia  Jennings","West","Quad",3,34,102]
["2013-11-03","Lance  Yates","MidWest","Quad",3,33,99]
["2013-07-05","Tiffany  May","West","Crested Beaut",1,25,25]
["2014-12-11","Max  Rodgers","West","Carlota",2,22.95,45.9]
["2014-11-18","Salvador  Bass","West","Bellen",2,22.95,45.9]
["2014-10-12","Eric  Rose","West","Crested Beaut",2,25,50]
["2013-12-17","Jenny  Garcia","MidWest","Aspen",3,20,60]
["2013-11-27","Paulette  Spencer","South","Doublers",2,77.95,155.9]
["2014-06-19","Herman  Williams","East","Sunbell",3,23,69]
["2014-11-30","Lula  Daniels","MidWest","Sunbell",2,24,48]
["2014-12-01","Patty  Thompson","West","Quad",3,34,102]
["2014-07-22","Christina  Fuller","West","Majectic Beaut",4,30,120]
["2013-12-06","Nellie  Joseph","East","Doublers",1,75.95,75.95]
["2013-11-10","Carla  Mccormick","MidWest","Sunbell",2,24,48]
["2014-08-03","Austin  Reynolds","East","Sunshine",3,18.95,56.85]
["2013-11-03","Mable  Lindsey","West","Majectic Beaut",1,30,30]
["2014-11-17","Isabel  Cross","East","Majectic Beaut",3,28,84]
["2013-12-12","Ivan  Adkins","West","Majectic Beaut",11,28.5,313.5]
["2014-09-22","Johanna  Boone","South","Quad",3,33,99]
["2013-11-02","Billie  Chandler","MidWest","Sunshine",2,19.95,39.9]
["2014-11-22","Lee  Mack","MidWest","Sunset",1,23.5,23.5]
["2013-10-02","Donna  Reid","West","Aspen",1,21,21]
["2014-11-08","Herman  Williams","East","Aspen",1,19,19]
["2014-11-15","Arturo  Francis","East","Sunset",1,22.5,22.5]
["2013-11-06","Sandra  Floyd","MidWest","Bellen",3,22.95,68.849999999999994]
["2013-01-20","Cecilia  Manning","South","Aspen",12,19,228]
["2014-11-01","Ruben  Nunez","West","Crested Beaut",2,25,50]
["2013-06-25","Robert  Munoz","MidWest","Carlota",3,22.95,68.849999999999994]
["2014-11-11","Rachel  Gomez","MidWest","Majectic Beaut",3,29,87]
["2013-11-25","Trevor  Jones","West","Carlota",3,22.95,68.849999999999994]
["2013-12-14","Sonya  Mullins","East","Carlota",3,21.95,65.849999999999994]
["2014-11-28","Charlie  Wood","MidWest","Quad",2,33,66]
["2014-12-22","Billie  Chandler","MidWest","Sunbell",2,24,48]
["2014-03-10","Robert  Munoz","MidWest","Crested Beaut",1,24,24]
["2014-12-16","Lorraine  Gibson","East","Sunshine",3,18.95,56.85]
["2013-04-28","Drew  Rogers","MidWest","Quad",1,33,33]
["2013-12-09","Willie  Vega","MidWest","Carlota",2,22.95,45.9]
["2013-05-26","Trevor  Jones","West","Sunset",3,23.5,70.5]
["2013-12-22","Robert  Munoz","MidWest","Sunbell",2,24,48]
["2014-04-12","Paulette  Spencer","South","FlatTop",2,26.5,53]
["2013-01-10","Drew  Rogers","MidWest","FlatTop",3,27.5,82.5]
["2014-12-12","Blake  Bridges","South","Aspen",2,20,40]
["2014-07-28","Lance  Yates","MidWest","Sunshine",1,19.95,19.95]
["2014-11-05","Elbert  Klein","South","Carlota",25,21.8,545]
["2014-12-05","Marion  Glover","East","Bellen",2,21.95,43.9]
["2013-11-28","Shari  Silva","South","V-Rang",2,18,36]
["2013-12-09","Carla  Mccormick","MidWest","Aspen",1,20,20]
["2013-12-30","Herman  Williams","East","FlatTop",2,26.5,53]
["2014-06-12","Iris  Underwood","West","Crested Beaut",2,25,50]
["2013-12-18","Max  Rodgers","West","Carlota",3,22.95,68.849999999999994]
["2013-11-04","Carla  Mccormick","MidWest","Bellen",3,22.95,68.849999999999994]
["2014-11-21","Cassandra  Franklin","MidWest","Aspen",3,20,60]
["2013-06-10","Cecilia  Manning","South","Carlota",3,22.95,68.849999999999994]
["2013-12-02","Christy  Olson","West","Bellen",2,22.95,45.9]
["2014-11-15","Charlie  Wood","MidWest","Doublers",1,79.95,79.95]
["2013-12-12","Herman  Williams","East","Quad",1,32,32]
["2013-11-15","Max  Rodgers","West","Sunset",1,23.5,23.5]
["2014-12-01","Christina  Fuller","West","Carlota",8,22.95,183.6]
["2014-12-05","Drew  Rogers","MidWest","Aspen",2,20,40]
["2014-11-10","Edwin  Malone","East","Quad",2,32,64]
["2013-09-02","Brooke  Horton","MidWest","Sunset",1,23.5,23.5]
["2014-11-23","Mable  Lindsey","West","Carlota",3,22.95,68.849999999999994]
["2014-11-14","Billie  Chandler","MidWest","Sunshine",3,19.95,59.85]
["2013-12-14","Cassandra  Franklin","MidWest","V-Rang",3,18,54]
["2014-06-03","Sylvester  Morales","West","Bellen",2,22.95,45.9]
["2013-12-17","Rachel  Gomez","MidWest","Sunset",2,23.5,47]
["2013-12-12","Elaine  Ellis","South","Sunbell",2,24,48]
["2014-11-10","Robert  Munoz","MidWest","Aspen",2,20,40]
["2014-11-07","Andrew  Meyer","West","Sunbell",3,25,75]
["2014-12-30","Salvador  Bass","West","Majectic Beaut",2,30,60]
["2014-12-05","Mable  Lindsey","West","Quad",3,34,102]
["2014-11-20","Jaime  Pearson","MidWest","Carlota",2,22.95,45.9]
["2013-12-09","Peter  Hodges","MidWest","Majectic Beaut",1,29,29]
["2014-11-03","Edwin  Malone","East","V-Rang",3,18,54]
["2014-11-06","Drew  Rogers","MidWest","Crested Beaut",2,24,48]
["2013-12-23","Carla  Mccormick","MidWest","Aspen",2,20,40]
["2014-06-27","Cindy  Becker","South","Majectic Beaut",1,29,29]
["2013-06-18","Carla  Mccormick","MidWest","V-Rang",1,18,18]
["2014-10-29","Billie  Chandler","MidWest","Sunbell",4,24,96]
["2014-12-03","Austin  Reynolds","East","Bellen",1,21.95,21.95]
["2013-12-28","Donna  Reid","West","Bellen",2,22.95,45.9]
["2014-11-15","Cecilia  Manning","South","Sunshine",2,19.95,39.9]
["2013-12-13","Bernadette  Page","MidWest","Bellen",2,22.95,45.9]
["2013-04-03","Billie  Chandler","MidWest","Sunbell",1,24,24]
["2013-11-24","Brooke  Horton","MidWest","FlatTop",3,27.5,82.5]
["2014-12-22","Allan  Ramos","MidWest","Carlota",3,22.95,68.849999999999994]
["2014-01-08","Andrew  Meyer","West","Majectic Beaut",2,30,60]
["2013-05-28","Sonya  Mullins","East","Carlota",11,20.85,229.35]
["2014-11-06","Robert  Munoz","MidWest","Bellen",3,22.95,68.849999999999994]
["2013-12-30","Colleen  Warren","West","Sunshine",2,19.95,39.9]
["2014-11-14","Salvador  Bass","West","Carlota",1,22.95,22.95]
["2014-12-19","Willie  Vega","MidWest","Sunbell",3,24,72]
["2013-12-17","Elaine  Ellis","South","Quad",2,33,66]
["2014-10-07","Isabel  Cross","East","Majectic Beaut",20,26.6,532]
["2013-02-10","Robert  Munoz","MidWest","V-Rang",2,18,36]
["2013-11-17","Felicia  Jennings","West","Quad",19,32.299999999999997,613.70000000000005]
["2014-07-15","Allan  Ramos","MidWest","Bellen",3,22.95,68.849999999999994]
["2014-12-14","Isabel  Cross","East","Sunbell",3,23,69]
["2013-06-12","Ellen  Weaver","South","Sunshine",2,19.95,39.9]
["2014-12-19","Dan  Peterson","MidWest","Bellen",5,22.95,114.75]
["2014-10-03","Robert  Munoz","MidWest","Carlota",1,22.95,22.95]
["2014-08-13","Ruben  Nunez","West","Sunbell",2,25,50]
["2014-12-24","Drew  Rogers","MidWest","Majectic Beaut",2,29,58]
["2014-02-03","Lynette  Brewer","MidWest","Sunset",1,23.5,23.5]
["2014-12-24","Max  Rodgers","West","Carlota",3,22.95,68.849999999999994]
["2014-01-30","Kyle  Carr","MidWest","Quad",1,33,33]
["2014-11-11","Patty  Thompson","West","Quad",2,34,68]
["2014-11-16","Mable  Lindsey","West","Aspen",2,21,42]
["2013-11-12","Andrew  Meyer","West","Quad",2,34,68]
["2013-11-19","Lula  Daniels","MidWest","Bellen",1,22.95,22.95]
["2014-11-12","Bernadette  Page","MidWest","Quad",2,33,66]
["2013-11-06","Billie  Chandler","MidWest","Bellen",3,22.95,68.849999999999994]
["2013-02-28","Johanna  Boone","South","Doublers",2,77.95,155.9]
["2013-03-11","Salvador  Bass","West","Crested Beaut",1,25,25]
["2014-11-25","Cassandra  Franklin","MidWest","Crested Beaut",1,24,24]
["2013-12-24","Cassandra  Franklin","MidWest","Bellen",1,22.95,22.95]
["2014-10-04","Austin  Reynolds","East","Bellen",2,21.95,43.9]
["2013-12-26","Robert  Munoz","MidWest","Quad",1,33,33]
["2014-11-15","Isabel  Cross","East","V-Rang",3,18,54]
["2013-10-27","Shari  Silva","South","Sunshine",23,18.95,435.85]
["2014-12-31","Jaime  Pearson","MidWest","Bellen",1,22.95,22.95]
["2013-11-08","Allan  Ramos","MidWest","Carlota",2,22.95,45.9]
["2013-11-16","Drew  Rogers","MidWest","Sunbell",2,24,48]
["2013-11-01","Paulette  Spencer","South","Sunbell",2,24,48]
["2013-10-16","Ben  Perez","West","Sunset",1,23.5,23.5]
["2014-03-26","Cassandra  Franklin","MidWest","Quad",2,33,66]
["2013-11-17","Shari  Silva","South","Quad",4,33,132]
["2013-12-09","Cassandra  Franklin","MidWest","Quad",3,33,99]
["2014-11-08","Marion  Glover","East","Doublers",1,75.95,75.95]
["2013-12-02","Bernadette  Page","MidWest","Carlota",2,22.95,45.9]
["2014-06-09","Austin  Reynolds","East","Majectic Beaut",3,28,84]
["2013-11-25","Robert  Munoz","MidWest","Quad",3,33,99]
["2014-12-07","Bobbie  Ryan","East","V-Rang",2,18,36]
["2013-11-20","Edwin  Malone","East","Majectic Beaut",2,28,56]
["2013-12-25","Brooke  Horton","MidWest","Quad",1,33,33]
["2014-11-28","Salvador  Bass","West","Majectic Beaut",3,30,90]
["2013-11-28","Lorraine  Gibson","East","Sunset",3,22.5,67.5]
["2014-11-10","Felicia  Jennings","West","Carlota",1,22.95,22.95]
["2014-12-22","Herman  Williams","East","Crested Beaut",2,23,46]
["2014-11-30","Elaine  Ellis","South","Sunbell",2,24,48]
["2013-12-07","Sylvester  Morales","West","Crested Beaut",3,25,75]
["2013-12-28","Patty  Thompson","West","Sunset",3,23.5,70.5]
["2014-10-22","Mable  Lindsey","West","Carlota",2,22.95,45.9]
["2013-12-26","Mable  Lindsey","West","Quad",3,34,102]
["2014-06-10","Max  Rodgers","West","Sunbell",2,25,50]
["2014-12-17","Della  Jensen","East","Quad",2,32,64]
["2013-07-25","Charlie  Wood","MidWest","Doublers",2,79.95,159.9]
["2014-11-07","Salvador  Bass","West","Sunbell",3,25,75]
["2013-12-27","Trevor  Jones","West","Majectic Beaut",2,30,60]
["2014-12-23","Lee  Mack","MidWest","Carlota",3,22.95,68.849999999999994]
["2013-03-06","Marian  Hill","South","Sunset",2,22.5,45]
["2013-11-17","Ivan  Adkins","West","Majectic Beaut",2,30,60]
["2013-11-23","Della  Jensen","East","Quad",2,32,64]
["2014-12-03","Max  Rodgers","West","Carlota",3,22.95,68.849999999999994]
["2014-11-06","Ivan  Adkins","West","Quad",2,34,68]
["2013-12-11","Eddie  Green","East","Aspen",2,19,38]
["2013-12-13","Allan  Ramos","MidWest","Quad",2,33,66]
["2013-11-17","Edwin  Malone","East","Quad",3,32,96]
["2013-12-13","Isabel  Cross","East","Majectic Beaut",1,28,28]
["2014-10-09","Ellen  Weaver","South","Sunshine",1,19.95,19.95]
["2014-12-31","Fernando  Rowe","West","Quad",2,34,68]
["2014-11-02","Kyle  Carr","MidWest","Sunshine",2,19.95,39.9]
["2014-11-01","Donna  Reid","West","V-Rang",3,19,57]
["2013-12-11","Ivan  Adkins","West","Bellen",12,21.8,261.60000000000002]
["2014-10-20","Christy  Olson","West","Sunbell",2,25,50]
["2014-06-14","Cassandra  Franklin","MidWest","Sunshine",1,19.95,19.95]
["2014-11-11","Christina  Fuller","West","Sunset",1,23.5,23.5]
["2013-11-02","Guillermo  Potter","MidWest","Sunbell",1,24,24]
["2013-11-21","Dan  Peterson","MidWest","Aspen",2,20,40]
["2013-11-10","Della  Jensen","East","Carlota",1,21.95,21.95]
["2013-12-03","Isabel  Cross","East","Bellen",2,21.95,43.9]
["2013-11-19","Isabel  Cross","East","Quad",3,32,96]
["2013-11-06","Shari  Silva","South","FlatTop",3,26.5,79.5]
["2013-11-21","Salvador  Bass","West","Carlota",3,22.95,68.849999999999994]
["2013-12-09","Salvador  Bass","West","Sunset",2,23.5,47]
["2014-11-08","Drew  Rogers","MidWest","Majectic Beaut",1,29,29]
["2013-05-31","Ivan  Adkins","West","Sunbell",3,25,75]
["2014-11-19","Della  Jensen","East","Sunbell",2,23,46]
["2014-11-17","Salvador  Bass","West","Sunshine",3,19.95,59.85]
["2013-11-28","Charlie  Wood","MidWest","Sunbell",1,24,24]
["2013-06-24","Lorraine  Gibson","East","Sunset",12,21.38,256.56]
["2014-12-25","Shari  Silva","South","V-Rang",2,18,36]
["2013-05-04","Woodrow  Colon","South","Quad",2,33,66]
["2013-11-13","Dan  Peterson","MidWest","Doublers",23,75.95,1746.85]
["2013-11-18","Cindy  Becker","South","Sunshine",3,19.95,59.85]
["2013-11-30","Lorraine  Gibson","East","Quad",1,32,32]
["2013-10-27","Lula  Daniels","MidWest","Sunbell",1,24,24]
["2013-12-30","Christy  Olson","West","Carlota",4,22.95,91.8]
["2013-12-12","Lorraine  Gibson","East","V-Rang",3,18,54]
["2013-05-07","Salvador  Bass","West","Sunset",1,23.5,23.5]
["2013-11-22","Isabel  Cross","East","Crested Beaut",2,23,46]
["2013-10-23","Allan  Ramos","MidWest","Quad",2,33,66]
["2013-11-30","Tracy  Reed","MidWest","Sunshine",1,19.95,19.95]
["2014-01-15","Mable  Lindsey","West","Sunshine",3,19.95,59.85]
["2014-06-23","Isabel  Cross","East","Sunshine",1,18.95,18.95]
["2014-12-29","Dan  Peterson","MidWest","Carlota",1,22.95,22.95]
["2014-12-23","Bobbie  Ryan","East","V-Rang",3,18,54]
["2013-12-20","Rachel  Gomez","MidWest","Quad",4,33,132]
["2013-12-14","Peter  Hodges","MidWest","Sunbell",1,24,24]
["2014-04-21","Carla  Mccormick","MidWest","Doublers",2,79.95,159.9]
["2013-11-18","Rachel  Gomez","MidWest","Sunbell",4,24,96]
["2013-12-15","Elaine  Ellis","South","Carlota",6,22.95,137.69999999999999]
["2014-12-24","Max  Rodgers","West","Crested Beaut",3,25,75]
["2013-12-20","Robert  Munoz","MidWest","Quad",1,33,33]
["2014-12-14","Max  Rodgers","West","Bellen",2,22.95,45.9]
["2013-11-09","Robert  Munoz","MidWest","Bellen",21,21.8,457.8]
["2013-07-23","Christy  Olson","West","Majectic Beaut",1,30,30]
["2013-12-07","Ben  Perez","West","Crested Beaut",2,25,50]
["2013-07-30","Della  Jensen","East","Quad",4,32,128]
["2013-05-16","Isabel  Cross","East","Sunset",1,22.5,22.5]
["2014-07-31","Max  Rodgers","West","Sunshine",3,19.95,59.85]
["2014-10-12","Sylvester  Morales","West","Carlota",2,22.95,45.9]
["2013-11-11","Della  Jensen","East","Majectic Beaut",2,28,56]
["2013-11-07","Cassandra  Franklin","MidWest","Sunbell",2,24,48]
["2013-11-01","Max  Rodgers","West","Carlota",1,22.95,22.95]
["2014-11-23","Brooke  Horton","MidWest","Quad",2,33,66]
["2013-11-08","Don  Gonzales","South","Carlota",3,22.95,68.849999999999994]
["2014-11-26","Sonya  Mullins","East","Bellen",2,21.95,43.9]
["2013-08-04","Rachel  Gomez","MidWest","Sunshine",2,19.95,39.9]
["2014-11-19","Arturo  Francis","East","Sunbell",2,23,46]
["2013-10-27","Peter  Hodges","MidWest","Aspen",21,19,399]
["2014-12-06","Christy  Olson","West","Sunset",21,22.33,468.93]
["2014-12-12","Joey  Wong","West","Sunbell",2,25,50]
["2013-12-23","Trevor  Jones","West","FlatTop",2,27.5,55]
["2014-11-13","Lynette  Brewer","MidWest","Carlota",3,22.95,68.849999999999994]
["2014-11-08","Kyle  Carr","MidWest","Aspen",3,20,60]
["2014-12-30","Iris  Underwood","West","Bellen",20,21.8,436]
["2014-11-11","Peter  Hodges","MidWest","Bellen",2,22.95,45.9]
["2013-11-24","Robert  Munoz","MidWest","Doublers",9,79.95,719.55]
["2013-06-26","Iris  Underwood","West","Carlota",2,22.95,45.9]
["2014-11-30","Bobbie  Ryan","East","FlatTop",3,26.5,79.5]
["2013-12-03","Allan  Ramos","MidWest","Carlota",1,22.95,22.95]
["2013-12-29","Christina  Fuller","West","Crested Beaut",19,23.75,451.25]
["2013-11-20","Mable  Lindsey","West","Carlota",2,22.95,45.9]
["2014-02-11","Elvira  Bowman","MidWest","Aspen",2,20,40]
["2014-11-15","Herman  Williams","East","Aspen",18,18.05,324.89999999999998]
["2014-12-08","Shari  Silva","South","Quad",3,33,99]
["2014-12-19","Trevor  Jones","West","Bellen",8,22.95,183.6]
["2014-12-04","Andrew  Meyer","West","Sunset",2,23.5,47]
["2014-11-05","Isabel  Cross","East","Sunshine",2,18.95,37.9]
["2013-11-08","Woodrow  Colon","South","Carlota",3,22.95,68.849999999999994]
["2014-11-16","Lee  Mack","MidWest","Quad",1,33,33]
["2013-12-09","Billie  Chandler","MidWest","Carlota",22,21.8,479.6]
["2014-12-17","Shari  Silva","South","Bellen",3,22.95,68.849999999999994]
["2013-10-20","Ruben  Nunez","West","Quad",23,32.299999999999997,742.9]
["2014-12-12","Isabel  Cross","East","Quad",3,32,96]
["2014-11-11","Cecilia  Manning","South","FlatTop",25,25.18,629.5]
["2013-12-06","Cecilia  Manning","South","Sunbell",3,24,72]
["2014-11-10","Bernadette  Page","MidWest","Sunshine",11,18.95,208.45]
["2014-12-19","Beth  Tucker","West","Crested Beaut",3,25,75]
["2013-03-12","Felicia  Jennings","West","Quad",2,34,68]
["2013-11-16","Shari  Silva","South","Sunbell",2,24,48]
["2014-11-06","Andrew  Meyer","West","Sunset",3,23.5,70.5]
["2013-12-04","Max  Rodgers","West","Aspen",2,21,42]
["2014-11-21","Sonya  Mullins","East","Sunset",2,22.5,45]
["2013-12-24","Trevor  Jones","West","Sunset",15,22.33,334.95]
["2013-11-03","Sandra  Floyd","MidWest","Sunset",2,23.5,47]
["2014-11-27","Brooke  Horton","MidWest","Quad",2,33,66]
["2013-11-18","Jenny  Garcia","MidWest","Sunset",3,23.5,70.5]
["2014-11-03","Max  Rodgers","West","Doublers",3,79.95,239.85]
["2014-11-05","Eddie  Green","East","Majectic Beaut",2,28,56]
["2013-12-23","Carla  Mccormick","MidWest","Aspen",1,20,20]
["2013-12-28","Drew  Rogers","MidWest","Sunshine",3,19.95,59.85]
["2014-05-22","Jenny  Garcia","MidWest","Crested Beaut",4,24,96]
["2014-12-24","Della  Jensen","East","FlatTop",3,26.5,79.5]
["2013-11-18","Andrew  Meyer","West","Bellen",10,22.95,229.5]
["2013-12-08","Willie  Vega","MidWest","Carlota",3,22.95,68.849999999999994]
["2013-11-30","Salvador  Bass","West","Carlota",1,22.95,22.95]
["2013-12-08","Salvador  Bass","West","Sunbell",2,25,50]
["2014-12-27","Lula  Daniels","MidWest","Sunset",1,23.5,23.5]
["2013-12-24","Lula  Daniels","MidWest","Carlota",3,22.95,68.849999999999994]
["2013-11-26","Jenny  Garcia","MidWest","Quad",2,33,66]
["2013-11-22","Ernest  Davis","West","FlatTop",1,27.5,27.5]
["2014-12-28","Marion  Glover","East","FlatTop",4,26.5,106]
["2013-12-13","Trevor  Jones","West","Aspen",2,21,42]
["2014-11-04","Christina  Fuller","West","Sunshine",3,19.95,59.85]
["2014-12-20","Ernest  Davis","West","Quad",2,34,68]
["2013-12-28","Tiffany  May","West","Sunbell",1,25,25]
["2013-06-22","Christy  Olson","West","Doublers",3,79.95,239.85]
["2013-12-02","Marion  Glover","East","Sunset",2,22.5,45]
["2014-01-29","Max  Rodgers","West","Quad",2,34,68]
["2013-05-10","Ben  Perez","West","Crested Beaut",2,25,50]
["2013-11-06","Bobbie  Ryan","East","Sunset",1,22.5,22.5]
["2013-06-26","Drew  Rogers","MidWest","Quad",22,31.35,689.7]
["2014-12-28","Isabel  Cross","East","Carlota",23,20.85,479.55]
["2014-11-01","Drew  Rogers","MidWest","Quad",2,33,66]
["2014-12-29","Nellie  Joseph","East","V-Rang",1,18,18]
["2014-11-24","Trevor  Jones","West","Crested Beaut",2,25,50]
["2013-12-16","Fernando  Rowe","West","Sunbell",20,23.75,475]
["2014-02-26","Della  Jensen","East","Majectic Beaut",3,28,84]
["2014-09-07","Charlie  Wood","MidWest","Crested Beaut",2,24,48]
["2014-11-13","Brooke  Horton","MidWest","Aspen",1,20,20]
["2014-12-05","Tiffany  May","West","Sunbell",2,25,50]
["2013-12-10","Dan  Peterson","MidWest","Crested Beaut",1,24,24]
["2013-12-27","Guillermo  Potter","MidWest","Crested Beaut",1,24,24]
["2014-12-12","Sonya  Mullins","East","Carlota",1,21.95,21.95]
["2013-08-25","Willie  Vega","MidWest","Carlota",1,22.95,22.95]
["2014-11-25","Robert  Munoz","MidWest","Quad",1,33,33]
["2014-09-27","Fernando  Rowe","West","Aspen",3,21,63]
["2013-12-11","Trevor  Jones","West","Majectic Beaut",2,30,60]
["2013-09-25","Marian  Hill","South","V-Rang",2,18,36]
["2013-03-16","Edwin  Malone","East","Aspen",2,19,38]
["2013-02-24","Cecilia  Manning","South","Majectic Beaut",3,29,87]
["2014-08-12","Mable  Lindsey","West","Carlota",2,22.95,45.9]
["2013-11-28","Joey  Wong","West","Quad",24,32.299999999999997,775.2]
["2014-08-06","Jenny  Garcia","MidWest","Sunshine",3,19.95,59.85]
["2014-11-07","Herman  Williams","East","Sunshine",1,18.95,18.95]
["2013-05-04","Bobbie  Ryan","East","Aspen",1,19,19]
["2014-02-15","Charlie  Wood","MidWest","Quad",2,33,66]
["2014-12-09","Donna  Reid","West","Bellen",2,22.95,45.9]
["2013-11-14","Marian  Hill","South","Sunset",1,22.5,22.5]
["2014-11-20","Kyle  Carr","MidWest","Sunbell",1,24,24]
["2013-12-19","Tracy  Reed","MidWest","Sunshine",2,19.95,39.9]
["2013-11-14","Rachel  Gomez","MidWest","Bellen",2,22.95,45.9]
["2014-10-26","Iris  Underwood","West","FlatTop",1,27.5,27.5]
["2014-12-15","Drew  Rogers","MidWest","Quad",3,33,99]
["2014-12-18","Edwin  Malone","East","Sunshine",13,18,234]
["2013-11-16","Billie  Chandler","MidWest","Doublers",2,79.95,159.9]
["2014-11-13","Jenny  Garcia","MidWest","Bellen",1,22.95,22.95]
["2014-12-06","Lee  Mack","MidWest","Majectic Beaut",2,29,58]
["2013-04-04","Don  Gonzales","South","Sunset",1,22.5,22.5]
["2013-11-17","Bethany  Pena","MidWest","FlatTop",1,27.5,27.5]
["2014-12-04","Max  Rodgers","West","Carlota",2,22.95,45.9]
["2014-11-17","Woodrow  Colon","South","V-Rang",15,17.100000000000001,256.5]
["2014-11-13","Della  Jensen","East","Sunbell",1,23,23]
["2014-11-25","Cassandra  Franklin","MidWest","Sunset",1,23.5,23.5]
["2013-11-12","Elvira  Bowman","MidWest","Crested Beaut",1,24,24]
["2013-11-16","Ruben  Nunez","West","Quad",2,34,68]
["2013-12-25","Elvira  Bowman","MidWest","Sunbell",2,24,48]
["2013-12-14","Tracy  Reed","MidWest","Sunshine",3,19.95,59.85]
["2013-07-01","Paulette  Spencer","South","Sunbell",2,24,48]
["2013-09-29","Robert  Munoz","MidWest","Crested Beaut",13,22.8,296.39999999999998]
["2013-10-13","Austin  Reynolds","East","Majectic Beaut",1,28,28]
["2013-11-17","Ben  Perez","West","Aspen",2,21,42]
["2013-11-22","Cassandra  Franklin","MidWest","Quad",1,33,33]
["2013-01-01","Isabel  Cross","East","Sunshine",4,18.95,75.8]
["2014-09-15","Rachel  Gomez","MidWest","Carlota",1,22.95,22.95]
["2013-12-13","Johanna  Boone","South","Bellen",1,22.95,22.95]
["2013-11-18","Salvador  Bass","West","Quad",1,34,34]
["2014-12-11","Billie  Chandler","MidWest","Carlota",2,22.95,45.9]
["2014-12-13","Nellie  Joseph","East","Sunshine",3,18.95,56.85]
["2013-12-20","Tiffany  May","West","Carlota",2,22.95,45.9]
["2014-09-10","Robert  Munoz","MidWest","Carlota",2,22.95,45.9]
["2013-06-30","Robert  Munoz","MidWest","Bellen",1,22.95,22.95]
["2013-12-21","Cindy  Becker","South","Crested Beaut",7,24,168]
["2014-12-02","Lee  Mack","MidWest","Sunshine",7,19.95,139.65]
["2014-12-09","Eddie  Green","East","Carlota",2,21.95,43.9]
["2014-05-28","Felicia  Jennings","West","Sunbell",2,25,50]
["2013-12-24","Lee  Mack","MidWest","Majectic Beaut",3,29,87]
["2014-08-26","Mable  Lindsey","West","Sunbell",2,25,50]
["2013-12-16","Salvador  Bass","West","Majectic Beaut",1,30,30]
["2013-05-19","Isabel  Cross","East","Crested Beaut",1,23,23]
["2014-11-18","Bernadette  Page","MidWest","V-Rang",3,18,54]
["2014-06-19","Cecilia  Manning","South","Bellen",2,22.95,45.9]
["2014-11-10","Della  Jensen","East","Bellen",16,20.85,333.6]
["2013-07-02","Edwin  Malone","East","Quad",13,30.4,395.2]
["2013-11-25","Shari  Silva","South","FlatTop",14,25.18,352.52]
["2013-12-10","Edwin  Malone","East","Quad",1,32,32]
["2014-12-28","Kyle  Carr","MidWest","Majectic Beaut",2,29,58]
["2013-02-24","Bobbie  Ryan","East","Sunset",2,22.5,45]
["2013-06-04","Fernando  Rowe","West","Sunset",2,23.5,47]
["2013-12-27","Mable  Lindsey","West","Carlota",6,22.95,137.69999999999999]
["2013-12-04","Lance  Yates","MidWest","Majectic Beaut",1,29,29]
["2014-12-19","Cassandra  Franklin","MidWest","Sunbell",2,24,48]
["2014-12-26","Salvador  Bass","West","Majectic Beaut",1,30,30]
["2014-12-02","Christina  Fuller","West","Sunshine",3,19.95,59.85]
["2014-12-27","Paulette  Spencer","South","Carlota",1,22.95,22.95]
["2014-08-10","Sylvester  Morales","West","Sunshine",2,19.95,39.9]
["2013-06-07","Trevor  Jones","West","Sunbell",16,23.75,380]
["2013-12-04","Robert  Munoz","MidWest","Carlota",3,22.95,68.849999999999994]
["2013-11-20","Andrew  Meyer","West","Bellen",1,22.95,22.95]
["2014-11-22","Charlie  Wood","MidWest","Doublers",3,79.95,239.85]
["2013-05-31","Drew  Rogers","MidWest","Bellen",19,21.8,414.2]
["2014-12-11","Guillermo  Potter","MidWest","Bellen",2,22.95,45.9]
["2014-12-05","Don  Gonzales","South","Crested Beaut",3,24,72]
["2014-11-05","Carla  Mccormick","MidWest","FlatTop",2,27.5,55]
["2014-11-18","Kyle  Carr","MidWest","Quad",1,33,33]
["2013-12-22","Lynette  Brewer","MidWest","Bellen",3,22.95,68.849999999999994]
["2014-11-28","Trevor  Jones","West","Sunbell",1,25,25]
["2014-12-22","Lance  Yates","MidWest","Sunshine",3,19.95,59.85]
["2014-11-24","Joey  Wong","West","Sunshine",1,19.95,19.95]
["2013-12-11","Rachel  Gomez","MidWest","Sunbell",1,24,24]
["2014-04-21","Billie  Chandler","MidWest","Quad",1,33,33]
["2013-11-15","Marion  Glover","East","Crested Beaut",3,23,69]
["2013-12-03","Marian  Hill","South","Quad",3,33,99]
["2014-12-15","Lee  Mack","MidWest","Sunbell",2,24,48]
["2013-11-19","Carla  Mccormick","MidWest","Majectic Beaut",1,29,29]
["2014-11-20","Marian  Hill","South","Bellen",2,22.95,45.9]
["2014-12-27","Cassandra  Franklin","MidWest","Doublers",1,79.95,79.95]
["2013-06-01","Cecilia  Manning","South","Quad",2,33,66]
["2014-11-12","Blake  Bridges","South","Sunshine",1,19.95,19.95]
["2014-06-01","Don  Gonzales","South","Sunset",2,22.5,45]
["2013-12-19","Blake  Bridges","South","Carlota",3,22.95,68.849999999999994]
["2014-11-22","Andrew  Meyer","West","Sunbell",3,25,75]
["2013-12-02","Della  Jensen","East","Crested Beaut",1,23,23]
["2014-12-31","Johanna  Boone","South","Quad",2,33,66]
["2013-06-03","Jenny  Garcia","MidWest","Sunshine",3,19.95,59.85]
["2014-12-15","Della  Jensen","East","Sunshine",1,18.95,18.95]
["2013-09-14","Sandra  Floyd","MidWest","Doublers",1,79.95,79.95]
["2013-03-10","Cindy  Becker","South","Sunset",2,22.5,45]
["2014-12-06","Max  Rodgers","West","Crested Beaut",3,25,75]
["2013-11-19","Nellie  Joseph","East","Sunshine",2,18.95,37.9]
["2014-11-12","Cassandra  Franklin","MidWest","Bellen",25,21.8,545]
["2014-12-18","Isabel  Cross","East","Quad",3,32,96]
["2013-11-01","Patty  Thompson","West","FlatTop",1,27.5,27.5]
["2013-11-11","Mable  Lindsey","West","Majectic Beaut",2,30,60]
["2014-11-05","Beth  Tucker","West","Crested Beaut",3,25,75]
["2014-11-13","Billie  Chandler","MidWest","Sunbell",3,24,72]
["2013-11-17","Christy  Olson","West","Crested Beaut",23,23.75,546.25]
["2013-01-26","Andrew  Meyer","West","Carlota",20,21.8,436]
["2014-12-04","Cassandra  Franklin","MidWest","Bellen",3,22.95,68.849999999999994]
["2013-12-01","Drew  Rogers","MidWest","Quad",2,33,66]
["2014-12-20","Sylvester  Morales","West","Aspen",3,21,63]
["2013-03-24","Sonya  Mullins","East","Quad",3,32,96]
["2014-11-24","Jaime  Pearson","MidWest","Quad",3,33,99]
["2013-12-15","Marian  Hill","South","V-Rang",3,18,54]
["2014-12-30","Sonya  Mullins","East","Majectic Beaut",2,28,56]
["2013-12-19","Ernest  Davis","West","Crested Beaut",3,25,75]
["2014-11-11","Austin  Reynolds","East","Sunshine",2,18.95,37.9]
["2014-11-03","Peter  Hodges","MidWest","Majectic Beaut",17,27.55,468.35]
["2013-11-08","Kyle  Carr","MidWest","Carlota",1,22.95,22.95]
["2013-06-22","Guillermo  Potter","MidWest","Aspen",3,20,60]
["2014-04-06","Brooke  Horton","MidWest","Sunshine",3,19.95,59.85]
["2014-11-18","Mable  Lindsey","West","Quad",6,34,204]
["2013-11-24","Lynette  Brewer","MidWest","Carlota",1,22.95,22.95]
["2013-11-18","Brooke  Horton","MidWest","Quad",1,33,33]
["2014-11-14","Elbert  Klein","South","Sunset",2,22.5,45]
["2014-11-20","Pauline  Beck","West","Quad",1,34,34]
["2013-11-08","Tiffany  May","West","Quad",1,34,34]
["2013-01-10","Marian  Hill","South","Quad",1,33,33]
["2014-07-27","Patty  Thompson","West","Aspen",3,21,63]
["2013-12-11","Max  Rodgers","West","Sunshine",2,19.95,39.9]
["2013-11-27","Salvador  Bass","West","Aspen",2,21,42]
["2013-11-30","Iris  Underwood","West","Quad",3,34,102]
["2013-11-24","Jenny  Garcia","MidWest","Sunbell",1,24,24]
["2013-11-11","Eddie  Green","East","Sunbell",1,23,23]
["2013-12-02","Isabel  Cross","East","Carlota",14,20.85,291.89999999999998]
["2013-11-24","Trevor  Jones","West","Quad",2,34,68]
["2014-05-19","Tracy  Reed","MidWest","Sunbell",1,24,24]
["2013-12-14","Austin  Reynolds","East","Bellen",1,21.95,21.95]
["2013-12-21","Cindy  Becker","South","Quad",1,33,33]
["2014-11-29","Elbert  Klein","South","Bellen",3,22.95,68.849999999999994]
["2014-11-04","Robert  Munoz","MidWest","Carlota",3,22.95,68.849999999999994]
["2013-01-13","Dan  Peterson","MidWest","Crested Beaut",2,24,48]
["2013-12-05","Ben  Perez","West","Carlota",24,21.8,523.20000000000005]
["2014-12-14","Jenny  Garcia","MidWest","Sunset",3,23.5,70.5]
["2014-11-03","Herman  Williams","East","Sunshine",11,18,198]
["2013-12-30","Lorraine  Gibson","East","FlatTop",3,26.5,79.5]
["2013-05-07","Isabel  Cross","East","Sunshine",3,18.95,56.85]
["2013-12-22","Ruben  Nunez","West","Sunshine",3,19.95,59.85]
["2014-10-01","Robert  Munoz","MidWest","Sunset",1,23.5,23.5]
["2014-11-30","Colleen  Warren","West","Sunbell",3,25,75]
["2014-12-20","Elbert  Klein","South","FlatTop",1,26.5,26.5]
["2013-12-22","Edwin  Malone","East","Bellen",3,21.95,65.849999999999994]
["2013-04-14","Elvira  Bowman","MidWest","Sunbell",2,24,48]
["2014-11-22","Bernadette  Page","MidWest","Aspen",24,19,456]
["2013-11-09","Arturo  Francis","East","Sunshine",2,18.95,37.9]
["2014-12-18","Lynette  Brewer","MidWest","Carlota",3,22.95,68.849999999999994]
["2013-11-10","Marion  Glover","East","Doublers",2,75.95,151.9]
["2013-11-28","Cassandra  Franklin","MidWest","Bellen",3,22.95,68.849999999999994]
["2014-09-20","Tracy  Reed","MidWest","FlatTop",2,27.5,55]
["2013-11-30","Donna  Reid","West","Aspen",3,21,63]
["2014-11-26","Brooke  Horton","MidWest","Sunbell",2,24,48]
["2014-11-08","Pauline  Beck","West","Sunshine",3,19.95,59.85]
["2014-11-13","Robert  Munoz","MidWest","Carlota",22,21.8,479.6]
["2013-11-06","Max  Rodgers","West","Sunshine",3,19.95,59.85]
["2014-12-04","Eddie  Green","East","Sunset",1,22.5,22.5]
["2013-12-27","Cindy  Becker","South","Aspen",2,20,40]
["2013-12-26","Felicia  Jennings","West","Sunbell",3,25,75]
["2013-12-25","Billie  Chandler","MidWest","Bellen",2,22.95,45.9]
["2013-12-22","Eric  Rose","West","Sunbell",2,25,50]
["2014-01-05","Edwin  Malone","East","Quad",3,32,96]
["2014-10-29","Christy  Olson","West","Sunshine",3,19.95,59.85]
["2013-12-07","Colleen  Warren","West","Majectic Beaut",2,30,60]
["2014-02-18","Della  Jensen","East","Bellen",2,21.95,43.9]
["2013-11-25","Robert  Munoz","MidWest","Quad",18,31.35,564.29999999999995]
["2014-12-14","Kyle  Carr","MidWest","Majectic Beaut",1,29,29]
["2014-11-24","Ernest  Davis","West","V-Rang",1,19,19]
["2014-11-16","Cecilia  Manning","South","Aspen",2,20,40]
["2013-03-06","Brooke  Horton","MidWest","Carlota",3,22.95,68.849999999999994]
["2013-11-10","Beth  Tucker","West","Sunshine",1,19.95,19.95]
["2013-12-09","Dan  Peterson","MidWest","V-Rang",2,18,36]
["2013-12-25","Ellen  Weaver","South","Bellen",2,22.95,45.9]
["2013-12-11","Rachel  Gomez","MidWest","Bellen",1,22.95,22.95]
["2014-11-26","Donna  Reid","West","FlatTop",1,27.5,27.5]
["2014-12-26","Max  Rodgers","West","Bellen",1,22.95,22.95]
["2014-12-22","Della  Jensen","East","Aspen",3,19,57]
["2013-03-21","Peter  Hodges","MidWest","Majectic Beaut",4,29,116]
["2013-05-29","Sonya  Mullins","East","Sunset",2,22.5,45]
["2014-11-27","Don  Gonzales","South","Quad",2,33,66]
["2014-01-20","Mable  Lindsey","West","Crested Beaut",3,25,75]
["2013-05-09","Della  Jensen","East","Bellen",1,21.95,21.95]
["2013-11-03","Robert  Munoz","MidWest","Sunbell",2,24,48]
["2013-04-19","Ben  Perez","West","FlatTop",2,27.5,55]
["2014-12-29","Nellie  Joseph","East","Aspen",3,19,57]
["2014-11-06","Andrew  Meyer","West","Doublers",1,79.95,79.95]
["2013-11-09","Salvador  Bass","West","Quad",2,34,68]
["2013-12-27","Ellen  Weaver","South","Sunset",3,22.5,67.5]
["2013-12-16","Salvador  Bass","West","Carlota",1,22.95,22.95]
["2014-03-25","Edwin  Malone","East","Carlota",2,21.95,43.9]
["2013-11-13","Sonya  Mullins","East","Quad",9,32,288]
["2013-10-12","Della  Jensen","East","Quad",12,30.4,364.8]
["2013-07-28","Bobbie  Ryan","East","Bellen",1,21.95,21.95]
["2014-12-16","Ellen  Weaver","South","Carlota",2,22.95,45.9]
["2014-11-04","Brooke  Horton","MidWest","Bellen",2,22.95,45.9]
["2014-01-25","Lula  Daniels","MidWest","Crested Beaut",1,24,24]
["2013-12-05","Arturo  Francis","East","Aspen",1,19,19]
["2013-12-16","Jaime  Pearson","MidWest","Doublers",3,79.95,239.85]
["2013-12-28","Marian  Hill","South","Quad",2,33,66]
["2014-11-15","Cindy  Becker","South","Crested Beaut",3,24,72]
["2014-12-20","Salvador  Bass","West","V-Rang",2,19,38]
["2013-04-10","Lynette  Brewer","MidWest","Carlota",2,22.95,45.9]
["2013-07-02","Lula  Daniels","MidWest","Carlota",2,22.95,45.9]
["2013-12-07","Paulette  Spencer","South","Quad",2,33,66]
["2014-06-03","Rachel  Gomez","MidWest","Sunbell",3,24,72]
["2013-11-01","Patty  Thompson","West","FlatTop",2,27.5,55]
["2013-11-17","Cindy  Becker","South","Carlota",3,22.95,68.849999999999994]
["2014-03-04","Mable  Lindsey","West","FlatTop",3,27.5,82.5]
["2014-12-26","Isabel  Cross","East","Sunbell",2,23,46]
["2013-11-06","Paulette  Spencer","South","FlatTop",2,26.5,53]
["2014-02-01","Mable  Lindsey","West","Crested Beaut",12,23.75,285]
["2013-12-26","Donna  Reid","West","Quad",3,34,102]
["2013-05-04","Eddie  Green","East","Sunbell",14,21.85,305.89999999999998]
["2013-11-14","Marion  Glover","East","Bellen",3,21.95,65.849999999999994]
["2013-12-14","Trevor  Jones","West","Sunset",3,23.5,70.5]
["2014-12-08","Nellie  Joseph","East","Aspen",2,19,38]
["2013-12-24","Andrew  Meyer","West","Bellen",2,22.95,45.9]
["2013-09-21","Salvador  Bass","West","Quad",1,34,34]
["2014-11-17","Lula  Daniels","MidWest","Bellen",2,22.95,45.9]
["2013-12-29","Lee  Mack","MidWest","Quad",1,33,33]
["2013-11-16","Joey  Wong","West","Quad",2,34,68]
["2013-11-12","Della  Jensen","East","FlatTop",2,26.5,53]
["2013-12-03","Salvador  Bass","West","Aspen",2,21,42]
["2014-11-17","Christina  Fuller","West","Crested Beaut",3,25,75]
["2014-11-30","Eddie  Green","East","Sunshine",23,18,414]
["2013-12-15","Edwin  Malone","East","Bellen",4,21.95,87.8]
["2014-03-14","Elvira  Bowman","MidWest","Crested Beaut",3,24,72]
["2013-06-25","Donna  Reid","West","Sunshine",2,19.95,39.9]
["2014-12-27","Ivan  Adkins","West","Bellen",2,22.95,45.9]
["2014-11-08","Sonya  Mullins","East","Carlota",2,21.95,43.9]
["2013-12-01","Andrew  Meyer","West","Carlota",2,22.95,45.9]
["2013-11-21","Cassandra  Franklin","MidWest","Majectic Beaut",2,29,58]
["2014-11-15","Jenny  Garcia","MidWest","Carlota",2,22.95,45.9]
["2014-12-29","Willie  Vega","MidWest","Aspen",1,20,20]
["2014-11-25","Ruben  Nunez","West","Bellen",3,22.95,68.849999999999994]
["2013-10-07","Elaine  Ellis","South","Crested Beaut",1,24,24]
["2014-11-29","Beth  Tucker","West","Quad",2,34,68]
["2014-09-23","Sonya  Mullins","East","Quad",2,32,64]
["2013-12-25","Jenny  Garcia","MidWest","Sunshine",2,19.95,39.9]
["2014-11-06","Lula  Daniels","MidWest","Sunshine",3,19.95,59.85]
["2014-12-10","Robert  Munoz","MidWest","Carlota",1,22.95,22.95]
["2014-11-06","Arturo  Francis","East","Sunset",2,22.5,45]
["2014-06-19","Don  Gonzales","South","Majectic Beaut",3,29,87]
["2014-01-23","Sandra  Floyd","MidWest","Carlota",1,22.95,22.95]
["2013-11-24","Allan  Ramos","MidWest","Sunbell",3,24,72]
["2013-06-22","Brooke  Horton","MidWest","Majectic Beaut",1,29,29]
["2013-11-16","Peter  Hodges","MidWest","Sunset",3,23.5,70.5]
["2014-07-17","Isabel  Cross","East","Carlota",4,21.95,87.8]
["2013-12-07","Trevor  Jones","West","Majectic Beaut",3,30,90]
["2014-12-14","Willie  Vega","MidWest","Quad",4,33,132]
["2014-12-27","Jaime  Pearson","MidWest","Aspen",2,20,40]
["2014-11-08","Andrew  Meyer","West","Aspen",2,21,42]
["2013-12-05","Cassandra  Franklin","MidWest","Quad",2,33,66]
["2014-11-04","Christy  Olson","West","Sunbell",2,25,50]
["2014-09-30","Isabel  Cross","East","FlatTop",3,26.5,79.5]
["2013-12-06","Shari  Silva","South","Bellen",2,22.95,45.9]
["2013-12-28","Jenny  Garcia","MidWest","Sunshine",1,19.95,19.95]
["2014-04-24","Isabel  Cross","East","Bellen",3,21.95,65.849999999999994]
["2014-11-21","Patty  Thompson","West","Sunbell",2,25,50]
["2013-04-19","Edwin  Malone","East","Crested Beaut",1,23,23]
["2014-12-24","Salvador  Bass","West","Carlota",1,22.95,22.95]
["2013-10-08","Charlie  Wood","MidWest","Quad",2,33,66]
["2013-10-27","Isabel  Cross","East","Sunbell",1,23,23]
["2014-12-16","Austin  Reynolds","East","Aspen",3,19,57]
["2013-12-28","Brooke  Horton","MidWest","Sunshine",3,19.95,59.85]
["2013-11-20","Cassandra  Franklin","MidWest","Aspen",2,20,40]
["2014-11-20","Bethany  Pena","MidWest","Sunshine",17,18.95,322.14999999999998]
["2013-11-01","Allan  Ramos","MidWest","Aspen",1,20,20]
["2013-11-11","Salvador  Bass","West","Carlota",3,22.95,68.849999999999994]
["2014-05-22","Austin  Reynolds","East","Crested Beaut",3,23,69]
["2014-12-27","Carla  Mccormick","MidWest","Aspen",1,20,20]
["2014-12-07","Bethany  Pena","MidWest","Quad",3,33,99]
["2013-12-22","Andrew  Meyer","West","Quad",1,34,34]
["2013-12-27","Jaime  Pearson","MidWest","Bellen",2,22.95,45.9]
["2014-11-12","Fernando  Rowe","West","Sunset",2,23.5,47]
["2013-12-12","Shari  Silva","South","Quad",3,33,99]
["2013-07-02","Lorraine  Gibson","East","Sunbell",2,23,46]
["2013-11-21","Cassandra  Franklin","MidWest","Quad",4,33,132]
["2013-11-25","Donna  Reid","West","Sunshine",12,18.95,227.4]
["2014-12-24","Mable  Lindsey","West","Sunbell",2,25,50]
["2013-11-03","Max  Rodgers","West","Sunbell",1,25,25]
["2013-09-05","Jenny  Garcia","MidWest","Majectic Beaut",2,29,58]
["2014-03-20","Donna  Reid","West","Bellen",1,22.95,22.95]

{"sheet":"Data(5)","index":6,"n_rows":1013,"n_cols":18,"rows_kept":1013,"cut":false,"hidden":false,"merged":[]}
[43,"Show Values As: % of Grand Total"]
[44,"Show Values As: % of Column"]
[45,"Show Values As: % of Row",null,null,null,null,"46: Connect One Slicer to many PivotTables"]
[47,"Show Values As: Running Total"]
[48,"Show Values As: Difference From"]
[49,"Show Values As: % Difference From"]
[50,"Show Values As: % of Parent"]
[51,"Show Values As: % of Parent Row Total"]
[52,"Show Values As: % of Parent Column Total"]
[53,"Show Values As: Rank"]
[54,"Sort based on Value Field",null,null,null,null,"55: Create Formula in PivotTable: Sales - Expense"]
[]
["Invoice Number","Date","Time","Internal Toy ID Number","Toy Item Number","Toy Company","Toy Name","Suggested Age","Price Per Toy","Units Sold","Total Line Revenue","Total COGS","Payment","Cashier ID","Member?","Coupon?","Purchaser Age","Parking Validation?"]
[654522,"2010-01-07","10:25:37.200","D255/FE",192,"Duplo","Policemen","6 and up",9.9499999999999993,1,9.9499999999999993,5.17,"Cash","V.W.|880-4523","No","No",39,"No"]
[654526,"2010-01-07","12:00:00","L217/SN",255,"Duplo","Farming Scene","7 and up",24.95,5,124.75,81.099999999999994,"Visa","B.X.|880-9149","No","No",29,"No"]
[654568,"2010-01-07","14:19:12","L195/AE",195,"Lego","Airplane","8 and up",5.95,1,5.95,3.09,"Cash","Z.Q.|880-4240","No","Yes",46,"Yes"]
[654576,"2010-01-25","12:57:00","L256/PE",256,"Lego","Police Officers and Motorcycle","9 and up",9.9499999999999993,1,9.9499999999999993,4.4800000000000004,"Discover","D.U.|880-2953","No","No",36,"No"]
[654613,"2010-02-05","14:51:36","D250/AT",192,"Duplo","Policemen","6 and up",9.9499999999999993,1,9.9499999999999993,5.17,"Cash","D.Z.|880-1179","No","No",33,"No"]
[654624,"2010-02-05","14:36:00","D250/AT",192,"Duplo","Policemen","6 and up",9.9499999999999993,5,49.75,25.85,"Cash","L.W.|880-4986","No","No",47,"No"]
[654650,"2010-02-06","14:33:36","D250/AT",192,"Duplo","Policemen","6 and up",9.9499999999999993,1,9.9499999999999993,5.17,"Mastercard","D.S.|880-7532","No","No",34,"No"]
[654650,"2010-02-06","14:33:36","L195/AE",195,"Lego","Airplane","8 and up",5.95,2,11.9,6.18,"Mastercard","D.S.|880-7532","No","No",34,"No"]
[654668,"2010-02-11","13:42:46.800","L195/AE",195,"Lego","Airplane","8 and up",5.95,1,5.95,3.09,"Check","D.W.|880-7199","No","No",47,"Yes"]
[654673,"2010-02-20","15:27:18","L256/PE",256,"Lego","Police Officers and Motorcycle","9 and up",9.9499999999999993,4,39.799999999999997,17.920000000000002,"Cash","W.B.|880-9647","No","No",32,"No"]
[654693,"2010-03-11","15:45:36","D254/FE",192,"Duplo","Policemen","6 and up",9.9499999999999993,1,9.9499999999999993,5.17,"Cash","B.Y.|880-6845","No","No",36,"No"]
[654693,"2010-03-11","15:45:36","L195/AE",195,"Lego","Airplane","8 and up",5.95,1,5.95,3.09,"Cash","B.Y.|880-6845","No","No",36,"No"]
[654733,"2010-03-11","13:59:24","L256/PE",256,"Lego","Police Officers and Motorcycle","9 and up",9.9499999999999993,2,19.899999999999999,8.9600000000000009,"Visa","P.N.|880-3021","No","No",36,"No"]
[654754,"2010-03-27","12:08:24","D255/FE",192,"Duplo","Policemen","6 and up",9.9499999999999993,1,9.9499999999999993,5.17,"Mastercard","P.N.|880-3021","No","No",33,"No"]
[654799,"2010-04-03","15:27:36","D255/FE",192,"Duplo","Policemen","6 and up",9.9499999999999993,3,29.849999999999998,15.51,"Cash","A.U.|880-2167","Yes","No",47,"No"]
[654827,"2010-04-09","15:58:33.600","D254/FE",192,"Duplo","Policemen","6 and up",9.9499999999999993,2,19.899999999999999,10.34,"Mastercard","A.U.|880-2167","No","No",35,"Yes"]
[654834,"2010-04-09","12:06:00","D254/FE",192,"Duplo","Policemen","6 and up",9.9499999999999993,2,19.899999999999999,10.34,"Visa","Z.Q.|880-4240","Yes","Yes",49,"No"]
[654860,"2010-04-09","17:12:36","L195/AE",195,"Lego","Airplane","8 and up",5.95,2,11.9,6.18,"Gift Card","B.B.|880-9330","No","Yes",30,"No"]
[654883,"2010-04-09","12:59:16.800","L217/SN",255,"Duplo","Farming Scene","7 and up",24.95,3,74.849999999999994,48.66,"Visa","Z.Q.|880-4240","No","No",42,"Yes"]
[654908,"2010-04-14","19:54:00","D218/FN",192,"Duplo","Policemen","6 and up",9.9499999999999993,1,9.9499999999999993,5.17,"Mastercard","L.C.|880-6872","No","No",39,"No"]
[654932,"2010-04-14","12:42:00","D250/AT",192,"Duplo","Policemen","6 and up",9.9499999999999993,1,9.9499999999999993,5.17,"Mastercard","U.O.|880-3720","No","No",36,"Yes"]
[654979,"2010-04-17","14:16:30","D254/FE",192,"Duplo","Policemen","6 and up",9.9499999999999993,2,19.899999999999999,10.34,"Cash","D.W.|880-7199","No","Yes",39,"No"]
[655029,"2010-04-22","13:39:36","L256/PE",256,"Lego","Police Officers and Motorcycle","9 and up",9.9499999999999993,1,9.9499999999999993,4.4800000000000004,"Discover","S.V.|880-5987","No","Yes",63,"No"]
[655035,"2010-04-24","17:16:48","L340/FS",340,"Lego","Fire Trucks","6 and up",34.950000000000003,2,69.900000000000006,39.840000000000003,"Mastercard","V.W.|880-4523","Yes","Yes",38,"No"]
[655083,"2010-04-25","16:52:12","L256/PE",256,"Lego","Police Officers and Motorcycle","9 and up",9.9499999999999993,2,19.899999999999999,8.9600000000000009,"Visa","N.W.|880-6237","No","Yes",33,"No"]
[655105,"2010-05-01","15:27:36","L256/PE",256,"Lego","Police Officers and Motorcycle","9 and up",9.9499999999999993,1,9.9499999999999993,4.4800000000000004,"Visa","U.W.|880-9683","No","No",33,"No"]
[655105,"2010-05-01","15:27:36","L256/PE",256,"Lego","Police Officers and Motorcycle","9 and up",9.9499999999999993,2,19.899999999999999,8.9600000000000009,"Visa","U.W.|880-9683","No","No",33,"No"]
[655112,"2010-05-04","14:47:13.200","D255/FE",192,"Duplo","Policemen","6 and up",9.9499999999999993,1,9.9499999999999993,5.17,"Visa","H.B.|880-3254","Yes","Yes",31,"No"]
[655124,"2010-05-06","12:39:57.600","D255/FE",192,"Duplo","Policemen","6 and up",9.9499999999999993,1,9.9499999999999993,5.17,"Visa","Z.Q.|880-4240","No","No",45,"No"]
[655165,"2010-05-30","17:40:12","D250/AT",192,"Duplo","Policemen","6 and up",9.9499999999999993,2,19.899999999999999,10.34,"Cash","D.U.|880-2953","Yes","Yes",29,"No"]
[655189,"2010-05-30","16:21:00","L195/AE",195,"Lego","Airplane","8 and up",5.95,2,11.9,6.18,"Visa","B.B.|880-9330","No","No",49,"No"]
[655232,"2010-05-30","11:17:24","D250/AT",192,"Duplo","Policemen","6 and up",9.9499999999999993,1,9.9499999999999993,5.17,"Cash","H.B.|880-3254","No","Yes",42,"No"]
[655232,"2010-05-30","11:17:24","L256/PE",256,"Lego","Police Officers and Motorcycle","9 and up",9.9499999999999993,2,19.899999999999999,8.9600000000000009,"Cash","H.B.|880-3254","No","Yes",42,"No"]
[655281,"2010-06-01","15:27:36","D255/FE",192,"Duplo","Policemen","6 and up",9.9499999999999993,4,39.799999999999997,20.68,"Mastercard","W.C.|880-4861","No","No",34,"Yes"]
[655298,"2010-06-09","16:28:48","D255/FE",192,"Duplo","Policemen","6 and up",9.9499999999999993,1,9.9499999999999993,5.17,"Discover","V.W.|880-8599","No","No",36,"No"]
[655323,"2010-06-13","12:18:36","D255/FE",192,"Duplo","Policemen","6 and up",9.9499999999999993,1,9.9499999999999993,5.17,"Mastercard","N.C.|880-3850","No","No",41,"No"]
[655358,"2010-06-13","19:16:12","L195/AE",195,"Lego","Airplane","8 and up",5.95,2,11.9,6.18,"Cash","W.C.|880-4861","No","No",32,"Yes"]
[655358,"2010-06-13","19:16:12","D254/FE",192,"Duplo","Policemen","6 and up",9.9499999999999993,1,9.9499999999999993,5.17,"Cash","W.C.|880-4861","No","No",32,"Yes"]
[655373,"2010-06-21","12:27:39.600","L195/AE",195,"Lego","Airplane","8 and up",5.95,1,5.95,3.09,"Visa","N.W.|880-6237","No","No",43,"No"]
[655385,"2010-06-21","16:05:24","L256/PE",256,"Lego","Police Officers and Motorcycle","9 and up",9.9499999999999993,2,19.899999999999999,8.9600000000000009,"Mastercard","W.B.|880-9647","No","No",46,"No"]
[655412,"2010-06-24","11:39:10.800","D254/FE",192,"Duplo","Policemen","6 and up",9.9499999999999993,5,49.75,25.85,"Mastercard","H.B.|880-3254","No","No",65,"No"]
[655412,"2010-06-24","11:39:10.800","D250/AT",192,"Duplo","Policemen","6 and up",9.9499999999999993,2,19.899999999999999,10.34,"Mastercard","H.B.|880-3254","No","No",65,"No"]
[655420,"2010-06-26","16:09:36","L256/PE",256,"Lego","Police Officers and Motorcycle","9 and up",9.9499999999999993,2,19.899999999999999,8.9600000000000009,"Mastercard","A.U.|880-2167","No","No",56,"Yes"]
[655467,"2010-07-04","13:46:48","L195/AE",195,"Lego","Airplane","8 and up",5.95,1,5.95,3.09,"Cash","Y.P.|880-6894","No","No",34,"Yes"]
[655505,"2010-07-09","09:10:12","D254/FE",192,"Duplo","Policemen","6 and up",9.9499999999999993,2,19.899999999999999,10.34,"Gift Card","N.C.|880-3850","No","No",30,"Yes"]
[655526,"2010-07-09","12:57:36","D250/AT",192,"Duplo","Policemen","6 and up",9.9499999999999993,3,29.849999999999998,15.51,"Mastercard","Z.Q.|880-4240","No","No",24,"Yes"]
[655557,"2010-07-10","16:00:00","L195/AE",195,"Lego","Airplane","8 and up",5.95,4,23.8,12.36,"Visa","V.W.|880-8599","No","No",37,"No"]
[655557,"2010-07-10","16:00:00","D255/FE",192,"Duplo","Policemen","6 and up",9.9499999999999993,2,19.899999999999999,10.34,"Visa","V.W.|880-8599","No","No",37,"No"]
[655570,"2010-07-18","14:46:12","D255/FE",192,"Duplo","Policemen","6 and up",9.9499999999999993,1,9.9499999999999993,5.17,"Cash","L.W.|880-4986","No","Yes",37,"No"]
[655577,"2010-07-19","11:24:00","L256/PE",256,"Lego","Police Officers and Motorcycle","9 and up",9.9499999999999993,4,39.799999999999997,17.920000000000002,"Mastercard","V.W.|880-8599","No","No",12,"No"]
[655613,"2010-07-25","12:04:22.800","D250/AT",192,"Duplo","Policemen","6 and up",9.9499999999999993,2,19.899999999999999,10.34,"Visa","L.W.|880-4986","No","No",64,"No"]
[655623,"2010-07-29","10:13:48","D250/AT",192,"Duplo","Policemen","6 and up",9.9499999999999993,1,9.9499999999999993,5.17,"Visa","D.U.|880-2953","No","No",43,"No"]
[655643,"2010-07-30","11:49:48","L195/AE",195,"Lego","Airplane","8 and up",5.95,3,17.850000000000001,9.27,"Gift Card","N.C.|880-3850","No","No",48,"No"]
[655661,"2010-08-09","16:56:24","D250/AT",192,"Duplo","Policemen","6 and up",9.9499999999999993,1,9.9499999999999993,5.17,"Mastercard","C.X.|880-3590","Yes","Yes",34,"No"]
[655661,"2010-08-09","16:56:24","D254/FE",192,"Duplo","Policemen","6 and up",9.9499999999999993,1,9.9499999999999993,5.17,"Mastercard","C.X.|880-3590","Yes","Yes",34,"No"]
[655673,"2010-08-16","15:42:36","D255/FE",192,"Duplo","Policemen","6 and up",9.9499999999999993,1,9.9499999999999993,5.17,"Cash","D.U.|880-2953","No","No",50,"Yes"]
[655676,"2010-08-18","18:27:36","D254/FE",192,"Duplo","Policemen","6 and up",9.9499999999999993,1,9.9499999999999993,5.17,"Cash","D.Z.|880-1179","No","No",38,"No"]
[655676,"2010-08-18","18:27:36","D254/FE",192,"Duplo","Policemen","6 and up",9.9499999999999993,4,39.799999999999997,20.68,"Cash","D.Z.|880-1179","No","No",38,"No"]
[655679,"2010-08-24","16:49:12","D250/AT",192,"Duplo","Policemen","6 and up",9.9499999999999993,3,29.849999999999998,15.51,"Gift Card","S.V.|880-5987","No","No",41,"No"]
[655716,"2010-09-02","16:19:04.800","D250/AT",192,"Duplo","Policemen","6 and up",9.9499999999999993,1,9.9499999999999993,5.17,"Cash","U.W.|880-9683","Yes","No",21,"No"]
[655731,"2010-09-05","18:17:24","D254/FE",192,"Duplo","Policemen","6 and up",9.9499999999999993,1,9.9499999999999993,5.17,"Visa","Z.T.|880-7477","No","Yes",31,"No"]
[655768,"2010-09-12","14:41:34.800","L256/PE",256,"Lego","Police Officers and Motorcycle","9 and up",9.9499999999999993,1,9.9499999999999993,4.4800000000000004,"Mastercard","H.B.|880-3254","No","No",40,"No"]
[655793,"2010-09-12","17:33:00","D255/FE",192,"Duplo","Policemen","6 and up",9.9499999999999993,3,29.849999999999998,15.51,"Cash","A.U.|880-2167","Yes","Yes",48,"No"]
[655793,"2010-09-12","17:33:00","D254/FE",192,"Duplo","Policemen","6 and up",9.9499999999999993,1,9.9499999999999993,5.17,"Cash","A.U.|880-2167","Yes","Yes",48,"No"]
[655833,"2010-09-21","18:36:36","L195/AE",195,"Lego","Airplane","8 and up",5.95,2,11.9,6.18,"Discover","H.B.|880-3254","No","No",32,"Yes"]
[655833,"2010-09-21","18:36:36","D250/AT",192,"Duplo","Policemen","6 and up",9.9499999999999993,2,19.899999999999999,10.34,"Discover","H.B.|880-3254","No","No",32,"Yes"]
[655842,"2010-10-04","13:49:12","D250/AT",192,"Duplo","Policemen","6 and up",9.9499999999999993,2,19.899999999999999,10.34,"Cash","D.W.|880-7199","No","No",44,"No"]
[655845,"2010-10-14","20:37:48","L195/AE",195,"Lego","Airplane","8 and up",5.95,1,5.95,3.09,"Mastercard","N.C.|880-3850","No","No",34,"No"]
[655894,"2010-10-16","16:01:48","D255/FE",192,"Duplo","Policemen","6 and up",9.9499999999999993,1,9.9499999999999993,5.17,"Discover","D.S.|880-7532","No","No",40,"No"]
[655933,"2010-10-16","10:30:00","L195/AE",195,"Lego","Airplane","8 and up",5.95,2,11.9,6.18,"Cash","U.W.|880-9683","No","No",31,"No"]
[655965,"2010-10-21","11:27:28.800","L196/AR",196,"Lego","Antique Car","8 and up",7.95,2,15.9,8.9,"Visa","W.C.|880-4861","No","No",45,"No"]
[655965,"2010-10-21","11:27:28.800","D254/FE",192,"Duplo","Policemen","6 and up",9.9499999999999993,1,9.9499999999999993,5.17,"Visa","W.C.|880-4861","No","No",45,"No"]
[655976,"2010-11-01","08:55:48","D250/AT",192,"Duplo","Policemen","6 and up",9.9499999999999993,1,9.9499999999999993,5.17,"Check","D.W.|880-7199","No","No",34,"No"]
[656007,"2010-11-01","20:07:48","D254/FE",192,"Duplo","Policemen","6 and up",9.9499999999999993,1,9.9499999999999993,5.17,"Mastercard","Z.T.|880-7477","No","No",43,"No"]
[656032,"2010-11-01","19:55:48","L194/FY",194,"Lego","Family","4 and up",14.95,1,14.95,8.3699999999999992,"Visa","W.B.|880-9647","No","No",43,"No"]
[656032,"2010-11-01","19:55:48","D254/FE",192,"Duplo","Policemen","6 and up",9.9499999999999993,1,9.9499999999999993,5.17,"Visa","W.B.|880-9647","No","No",43,"No"]
[656077,"2010-11-02","19:21:00","L256/PE",256,"Lego","Police Officers and Motorcycle","9 and up",9.9499999999999993,1,9.9499999999999993,4.4800000000000004,"Cash","U.W.|880-9683","Yes","No",37,"No"]
[656123,"2010-11-02","15:27:36","L256/PE",256,"Lego","Police Officers and Motorcycle","9 and up",9.9499999999999993,1,9.9499999999999993,4.4800000000000004,"Gift Card","V.W.|880-8599","No","Yes",38,"Yes"]
[656125,"2010-11-02","11:49:12","D250/AT",192,"Duplo","Policemen","6 and up",9.9499999999999993,1,9.9499999999999993,5.17,"Cash","U.O.|880-3720","No","No",37,"No"]
[656125,"2010-11-02","11:49:12","L195/AE",195,"Lego","Airplane","8 and up",5.95,1,5.95,3.09,"Cash","U.O.|880-3720","No","No",37,"No"]
[656171,"2010-11-02","15:14:24","L256/PE",256,"Lego","Police Officers and Motorcycle","9 and up",9.9499999999999993,3,29.849999999999998,13.44,"Visa","S.V.|880-5987","No","No",50,"No"]
[656171,"2010-11-02","15:14:24","L256/PE",256,"Lego","Police Officers and Motorcycle","9 and up",9.9499999999999993,1,9.9499999999999993,4.4800000000000004,"Visa","S.V.|880-5987","No","No",50,"No"]
[656207,"2010-11-02","13:25:48","D255/FE",192,"Duplo","Policemen","6 and up",9.9499999999999993,1,9.9499999999999993,5.17,"Cash","N.C.|880-3850","No","No",50,"No"]
[656246,"2010-11-02","10:59:16.800","L195/AE",195,"Lego","Airplane","8 and up",5.95,1,5.95,3.09,"Visa","A.U.|880-2167","No","Yes",43,"No"]
[656246,"2010-11-02","10:59:16.800","L256/PE",256,"Lego","Police Officers and Motorcycle","9 and up",9.9499999999999993,1,9.9499999999999993,4.4800000000000004,"Visa","A.U.|880-2167","No","Yes",43,"No"]
[656287,"2010-11-03","15:33:28.800","D255/FE",192,"Duplo","Policemen","6 and up",9.9499999999999993,1,9.9499999999999993,5.17,"Check","C.X.|880-3590","No","No",43,"No"]
[656300,"2010-11-03","17:16:12","D255/FE",192,"Duplo","Policemen","6 and up",9.9499999999999993,1,9.9499999999999993,5.17,"Cash","N.C.|880-3850","No","No",27,"No"]
[656314,"2010-11-03","12:48:36","D255/FE",192,"Duplo","Policemen","6 and up",9.9499999999999993,4,39.799999999999997,20.68,"Visa","D.S.|880-7532","No","Yes",26,"No"]
[656314,"2010-11-03","12:48:36","L195/AE",195,"Lego","Airplane","8 and up",5.95,5,29.75,15.45,"Visa","D.S.|880-7532","No","Yes",26,"No"]
[656314,"2010-11-03","12:48:36","L195/AE",195,"Lego","Airplane","8 and up",5.95,1,5.95,3.09,"Visa","D.S.|880-7532","No","Yes",26,"No"]
[656364,"2010-11-04","16:56:24","L195/AE",195,"Lego","Airplane","8 and up",5.95,1,5.95,3.09,"Visa","C.X.|880-3590","No","No",38,"Yes"]
[656380,"2010-11-05","15:40:12","D250/AT",192,"Duplo","Policemen","6 and up",9.9499999999999993,1,9.9499999999999993,5.17,"Cash","Z.T.|880-7477","No","No",29,"No"]
[656416,"2010-11-05","16:06:36","L256/PE",256,"Lego","Police Officers and Motorcycle","9 and up",9.9499999999999993,4,39.799999999999997,17.920000000000002,"Cash","C.X.|880-3590","Yes","No",14,"No"]
[656416,"2010-11-05","16:06:36","D254/FE",192,"Duplo","Policemen","6 and up",9.9499999999999993,1,9.9499999999999993,5.17,"Cash","C.X.|880-3590","Yes","No",14,"No"]
[656444,"2010-11-05","15:19:48","D250/AT",192,"Duplo","Policemen","6 and up",9.9499999999999993,1,9.9499999999999993,5.17,"Cash","B.Y.|880-6845","No","Yes",44,"Yes"]
[656478,"2010-11-05","20:51:36","L195/AE",195,"Lego","Airplane","8 and up",5.95,1,5.95,3.09,"Visa","W.B.|880-9647","No","Yes",32,"No"]
[656495,"2010-11-05","13:37:12","L195/AE",195,"Lego","Airplane","8 and up",5.95,2,11.9,6.18,"Check","D.U.|880-2953","No","No",30,"No"]
[656518,"2010-11-05","13:12:00","L256/PE",256,"Lego","Police Officers and Motorcycle","9 and up",9.9499999999999993,1,9.9499999999999993,4.4800000000000004,"Visa","B.B.|880-9330","No","No",19,"No"]
[656533,"2010-11-05","11:01:58.800","L256/PE",256,"Lego","Police Officers and Motorcycle","9 and up",9.9499999999999993,1,9.9499999999999993,4.4800000000000004,"Cash","V.W.|880-4523","No","No",50,"No"]
[656547,"2010-11-06","20:00:00","L195/AE",195,"Lego","Airplane","8 and up",5.95,2,11.9,6.18,"Visa","D.U.|880-2953","Yes","No",11,"No"]
[656588,"2010-11-06","13:24:36","L256/PE",256,"Lego","Police Officers and Motorcycle","9 and up",9.9499999999999993,1,9.9499999999999993,4.4800000000000004,"Visa","H.B.|880-3254","Yes","Yes",41,"Yes"]
[656617,"2010-11-06","10:52:12","D250/AT",192,"Duplo","Policemen","6 and up",9.9499999999999993,2,19.899999999999999,10.34,"Visa","A.U.|880-2167","No","No",38,"No"]
[656617,"2010-11-06","10:52:12","D255/FE",192,"Duplo","Policemen","6 and up",9.9499999999999993,1,9.9499999999999993,5.17,"Visa","A.U.|880-2167","No","No",38,"No"]
[656628,"2010-11-06","10:15:00","L330/GN",330,"Lego","Gas Station","8 and up",32.950000000000003,1,32.950000000000003,19.11,"Discover","U.O.|880-3720","No","No",37,"No"]
[656637,"2010-11-06","11:00:39.600","D254/FE",192,"Duplo","Policemen","6 and up",9.9499999999999993,1,9.9499999999999993,5.17,"Visa","B.Y.|880-6845","No","No",30,"No"]
[656648,"2010-11-06","13:24:36","L195/AE",195,"Lego","Airplane","8 and up",5.95,1,5.95,3.09,"Visa","W.B.|880-9647","No","No",11,"No"]
[656657,"2010-11-06","15:04:12","D254/FE",192,"Duplo","Policemen","6 and up",9.9499999999999993,1,9.9499999999999993,5.17,"Cash","U.W.|880-9683","No","No",22,"No"]
[656657,"2010-11-06","15:04:12","L212/SD",212,"Lego","Scooter and Stand","6 and up",4.95,1,4.95,2.23,"Cash","U.W.|880-9683","No","No",22,"No"]
[656657,"2010-11-06","15:04:12","D218/FN",192,"Duplo","Policemen","6 and up",9.9499999999999993,1,9.9499999999999993,5.17,"Cash","U.W.|880-9683","No","No",22,"No"]
[656671,"2010-11-07","13:21:36","D255/FE",192,"Duplo","Policemen","6 and up",9.9499999999999993,1,9.9499999999999993,5.17,"Gift Card","S.V.|880-5987","No","No",37,"No"]
[656692,"2010-11-08","15:22:12","L256/PE",256,"Lego","Police Officers and Motorcycle","9 and up",9.9499999999999993,1,9.9499999999999993,4.4800000000000004,"Visa","L.W.|880-4986","No","No",11,"No"]
[656737,"2010-11-08","19:04:48","D250/AT",192,"Duplo","Policemen","6 and up",9.9499999999999993,2,19.899999999999999,10.34,"Visa","D.S.|880-7532","No","No",40,"No"]
[656757,"2010-11-08","09:24:36","D255/FE",192,"Duplo","Policemen","6 and up",9.9499999999999993,1,9.9499999999999993,5.17,"Cash","S.Y.|880-3139","No","No",36,"Yes"]
[656757,"2010-11-08","09:24:36","D254/FE",192,"Duplo","Policemen","6 and up",9.9499999999999993,2,19.899999999999999,10.34,"Cash","S.Y.|880-3139","No","No",36,"Yes"]
[656770,"2010-11-09","14:56:24","D255/FE",192,"Duplo","Policemen","6 and up",9.9499999999999993,1,9.9499999999999993,5.17,"Mastercard","H.B.|880-3254","No","No",66,"No"]
[656807,"2010-11-10","11:28:48","L210/CS",210,"Lego","Cowboys with Horses","6 and up",9.4499999999999993,1,9.4499999999999993,4.63,"Visa","P.N.|880-3021","No","No",48,"No"]
[656822,"2010-11-10","08:07:48","D254/FE",192,"Duplo","Policemen","6 and up",9.9499999999999993,2,19.899999999999999,10.34,"Mastercard","B.B.|880-9330","No","No",57,"No"]
[656847,"2010-11-10","12:25:12","D198/LX",192,"Duplo","Policemen","6 and up",9.9499999999999993,2,19.899999999999999,10.34,"Visa","S.Y.|880-3139","Yes","No",38,"No"]
[656854,"2010-11-10","11:12:00","L195/AE",195,"Lego","Airplane","8 and up",5.95,1,5.95,3.09,"Mastercard","V.W.|880-4523","No","Yes",31,"No"]
[656893,"2010-11-10","15:20:24","L212/SD",212,"Lego","Scooter and Stand","6 and up",4.95,1,4.95,2.23,"Visa","U.O.|880-3720","No","No",45,"No"]
[656931,"2010-11-11","09:09:00","D254/FE",192,"Duplo","Policemen","6 and up",9.9499999999999993,1,9.9499999999999993,5.17,"Visa","A.U.|880-2167","No","No",30,"No"]
[656952,"2010-11-11","11:40:55.200","L195/AE",195,"Lego","Airplane","8 and up",5.95,3,17.850000000000001,9.27,"Cash","N.C.|880-3850","No","No",38,"No"]
[656956,"2010-11-11","12:48:36","L256/PE",256,"Lego","Police Officers and Motorcycle","9 and up",9.9499999999999993,1,9.9499999999999993,4.4800000000000004,"Mastercard","V.W.|880-8599","No","No",24,"No"]
[656991,"2010-11-11","15:47:24","D255/FE",192,"Duplo","Policemen","6 and up",9.9499999999999993,4,39.799999999999997,20.68,"Visa","V.W.|880-4523","No","Yes",43,"No"]
[656991,"2010-11-11","15:47:24","D198/LX",192,"Duplo","Policemen","6 and up",9.9499999999999993,2,19.899999999999999,10.34,"Visa","V.W.|880-4523","No","Yes",43,"No"]
[657009,"2010-11-11","12:02:24","D255/FE",192,"Duplo","Policemen","6 and up",9.9499999999999993,2,19.899999999999999,10.34,"Cash","V.W.|880-8599","No","No",36,"No"]
[657052,"2010-11-11","19:45:36","D254/FE",192,"Duplo","Policemen","6 and up",9.9499999999999993,1,9.9499999999999993,5.17,"Check","B.B.|880-9330","No","Yes",34,"Yes"]
[657052,"2010-11-11","19:45:36","L256/PE",256,"Lego","Police Officers and Motorcycle","9 and up",9.9499999999999993,1,9.9499999999999993,4.4800000000000004,"Check","B.B.|880-9330","No","Yes",34,"Yes"]
[657055,"2010-11-12","11:37:12","D250/AT",192,"Duplo","Policemen","6 and up",9.9499999999999993,2,19.899999999999999,10.34,"Check","D.S.|880-7532","No","No",36,"No"]
[657055,"2010-11-12","11:37:12","D250/AT",192,"Duplo","Policemen","6 and up",9.9499999999999993,2,19.899999999999999,10.34,"Check","D.S.|880-7532","No","No",36,"No"]
[657055,"2010-11-12","11:37:12","L256/PE",256,"Lego","Police Officers and Motorcycle","9 and up",9.9499999999999993,1,9.9499999999999993,4.4800000000000004,"Check","D.S.|880-7532","No","No",36,"No"]
[657093,"2010-11-12","13:33:50.400","D250/AT",192,"Duplo","Policemen","6 and up",9.9499999999999993,5,49.75,25.85,"Visa","Y.P.|880-6894","Yes","No",31,"Yes"]
[657101,"2010-11-13","09:53:24","L195/AE",195,"Lego","Airplane","8 and up",5.95,1,5.95,3.09,"Gift Card","Z.T.|880-7477","Yes","No",41,"Yes"]
[657140,"2010-11-13","16:50:56.400","L340/FS",340,"Lego","Fire Trucks","6 and up",34.950000000000003,2,69.900000000000006,39.840000000000003,"Visa","B.Y.|880-6845","No","No",34,"No"]
[657140,"2010-11-13","16:50:56.400","D255/FE",192,"Duplo","Policemen","6 and up",9.9499999999999993,1,9.9499999999999993,5.17,"Visa","B.Y.|880-6845","No","No",34,"No"]
[657187,"2010-11-13","10:39:36","D250/AT",192,"Duplo","Policemen","6 and up",9.9499999999999993,2,19.899999999999999,10.34,"Gift Card","Z.Q.|880-4240","No","No",31,"Yes"]
[657232,"2010-11-13","20:11:24","L195/AE",195,"Lego","Airplane","8 and up",5.95,3,17.850000000000001,9.27,"Visa","C.X.|880-3590","No","No",31,"Yes"]
[657255,"2010-11-14","17:18:36","D254/FE",192,"Duplo","Policemen","6 and up",9.9499999999999993,1,9.9499999999999993,5.17,"Check","U.O.|880-3720","No","No",27,"Yes"]
[657291,"2010-11-14","12:37:48","L256/PE",256,"Lego","Police Officers and Motorcycle","9 and up",9.9499999999999993,1,9.9499999999999993,4.4800000000000004,"Cash","Z.T.|880-7477","No","No",49,"No"]
[657306,"2010-11-14","09:50:56.400","D254/FE",192,"Duplo","Policemen","6 and up",9.9499999999999993,4,39.799999999999997,20.68,"Visa","N.C.|880-3850","No","No",69,"Yes"]
[657316,"2010-11-15","16:45:36","L252/LR",255,"Duplo","Farming Scene","7 and up",24.95,1,24.95,16.22,"Mastercard","P.N.|880-3021","No","No",20,"No"]
[657320,"2010-11-15","08:24:10.800","D250/AT",192,"Duplo","Policemen","6 and up",9.9499999999999993,1,9.9499999999999993,5.17,"Mastercard","B.X.|880-9149","No","No",30,"Yes"]
[657336,"2010-11-15","08:29:42","D255/FE",192,"Duplo","Policemen","6 and up",9.9499999999999993,1,9.9499999999999993,5.17,"Mastercard","H.B.|880-3254","No","No",37,"Yes"]
[657336,"2010-11-15","08:29:42","D250/AT",192,"Duplo","Policemen","6 and up",9.9499999999999993,1,9.9499999999999993,5.17,"Mastercard","H.B.|880-3254","No","No",37,"Yes"]
[657366,"2010-11-16","08:44:42","L256/PE",256,"Lego","Police Officers and Motorcycle","9 and up",9.9499999999999993,2,19.899999999999999,8.9600000000000009,"Mastercard","B.X.|880-9149","No","No",42,"No"]
[657415,"2010-11-16","11:59:56.400","D250/AT",192,"Duplo","Policemen","6 and up",9.9499999999999993,2,19.899999999999999,10.34,"Visa","S.V.|880-5987","No","No",41,"Yes"]
[657415,"2010-11-16","11:59:56.400","D255/FE",192,"Duplo","Policemen","6 and up",9.9499999999999993,2,19.899999999999999,10.34,"Visa","S.V.|880-5987","No","No",41,"Yes"]
[657447,"2010-11-17","13:42:00","L195/AE",195,"Lego","Airplane","8 and up",5.95,4,23.8,12.36,"Mastercard","L.W.|880-4986","No","Yes",40,"Yes"]
[657482,"2010-11-17","10:13:48","L256/PE",256,"Lego","Police Officers and Motorcycle","9 and up",9.9499999999999993,2,19.899999999999999,8.9600000000000009,"Discover","D.W.|880-7199","No","No",39,"Yes"]
[657512,"2010-11-17","11:34:12","D192/PN",192,"Duplo","Policemen","6 and up",9.9499999999999993,1,9.9499999999999993,5.17,"Cash","N.C.|880-3850","No","No",31,"No"]
[657529,"2010-11-17","15:44:24","D255/FE",192,"Duplo","Policemen","6 and up",9.9499999999999993,5,49.75,25.85,"Mastercard","B.Y.|880-6845","No","No",40,"No"]
[657533,"2010-11-17","16:32:24","D254/FE",192,"Duplo","Policemen","6 and up",9.9499999999999993,2,19.899999999999999,10.34,"Mastercard","B.B.|880-9330","Yes","No",38,"No"]
[657533,"2010-11-17","16:32:24","L195/AE",195,"Lego","Airplane","8 and up",5.95,3,17.850000000000001,9.27,"Mastercard","B.B.|880-9330","Yes","No",38,"No"]
[657533,"2010-11-17","16:32:24","D254/FE",192,"Duplo","Policemen","6 and up",9.9499999999999993,1,9.9499999999999993,5.17,"Mastercard","B.B.|880-9330","Yes","No",38,"No"]
[657563,"2010-11-17","13:18:36","L256/PE",256,"Lego","Police Officers and Motorcycle","9 and up",9.9499999999999993,1,9.9499999999999993,4.4800000000000004,"Visa","D.W.|880-7199","No","No",25,"No"]
[657591,"2010-11-18","19:45:00","L194/FY",194,"Lego","Family","4 and up",14.95,1,14.95,8.3699999999999992,"Visa","W.C.|880-4861","No","No",26,"No"]
[657607,"2010-11-18","13:44:24","D250/AT",192,"Duplo","Policemen","6 and up",9.9499999999999993,2,19.899999999999999,10.34,"Visa","D.S.|880-7532","Yes","No",44,"No"]
[657635,"2010-11-18","13:05:52.800","D255/FE",192,"Duplo","Policemen","6 and up",9.9499999999999993,1,9.9499999999999993,5.17,"Cash","D.U.|880-2953","No","No",50,"No"]
[657663,"2010-11-19","14:05:24","L330/GN",330,"Lego","Gas Station","8 and up",32.950000000000003,4,131.80000000000001,76.44,"Visa","D.W.|880-7199","No","No",28,"No"]
[657663,"2010-11-19","14:05:24","D255/FE",192,"Duplo","Policemen","6 and up",9.9499999999999993,5,49.75,25.85,"Visa","D.W.|880-7199","No","No",28,"No"]
[657686,"2010-11-19","12:06:00","L195/AE",195,"Lego","Airplane","8 and up",5.95,2,11.9,6.18,"Mastercard","S.Y.|880-3139","No","No",60,"No"]
[657703,"2010-11-20","11:39:00","L256/PE",256,"Lego","Police Officers and Motorcycle","9 and up",9.9499999999999993,1,9.9499999999999993,4.4800000000000004,"Discover","U.W.|880-9683","No","No",31,"No"]
[657712,"2010-11-20","18:11:24","L195/AE",195,"Lego","Airplane","8 and up",5.95,2,11.9,6.18,"Visa","U.W.|880-9683","No","No",42,"No"]
[657751,"2010-11-20","10:41:24","D250/AT",192,"Duplo","Policemen","6 and up",9.9499999999999993,5,49.75,25.85,"Mastercard","H.B.|880-3254","No","No",48,"No"]
[657751,"2010-11-20","10:41:24","D250/AT",192,"Duplo","Policemen","6 and up",9.9499999999999993,2,19.899999999999999,10.34,"Mastercard","H.B.|880-3254","No","No",48,"No"]
[657769,"2010-11-20","18:34:12","L256/PE",256,"Lego","Police Officers and Motorcycle","9 and up",9.9499999999999993,3,29.849999999999998,13.44,"Cash","S.V.|880-5987","No","No",30,"No"]
[657815,"2010-11-20","12:12:00","D250/AT",192,"Duplo","Policemen","6 and up",9.9499999999999993,2,19.899999999999999,10.34,"Cash","P.N.|880-3021","No","No",44,"No"]
[657839,"2010-11-21","15:01:48","L195/AE",195,"Lego","Airplane","8 and up",5.95,3,17.850000000000001,9.27,"Mastercard","N.W.|880-6237","No","No",35,"No"]
[657858,"2010-11-21","12:19:12","D250/AT",192,"Duplo","Policemen","6 and up",9.9499999999999993,2,19.899999999999999,10.34,"Gift Card","N.C.|880-3850","No","No",50,"No"]
[657884,"2010-11-21","15:37:12","D250/AT",192,"Duplo","Policemen","6 and up",9.9499999999999993,1,9.9499999999999993,5.17,"Discover","V.W.|880-4523","No","No",30,"No"]
[657887,"2010-11-21","13:09:36","L256/PE",256,"Lego","Police Officers and Motorcycle","9 and up",9.9499999999999993,1,9.9499999999999993,4.4800000000000004,"Cash","D.S.|880-7532","No","No",38,"No"]
[657921,"2010-11-22","08:58:48","D254/FE",192,"Duplo","Policemen","6 and up",9.9499999999999993,2,19.899999999999999,10.34,"Cash","Y.P.|880-6894","No","No",30,"Yes"]
[657945,"2010-11-22","13:39:54","L256/PE",256,"Lego","Police Officers and Motorcycle","9 and up",9.9499999999999993,1,9.9499999999999993,4.4800000000000004,"Cash","S.Y.|880-3139","No","No",30,"No"]
[657946,"2010-11-22","19:31:48","L256/PE",256,"Lego","Police Officers and Motorcycle","9 and up",9.9499999999999993,3,29.849999999999998,13.44,"Cash","V.W.|880-8599","No","No",31,"No"]
[657946,"2010-11-22","19:31:48","L330/GN",330,"Lego","Gas Station","8 and up",32.950000000000003,4,131.80000000000001,76.44,"Cash","V.W.|880-8599","No","No",31,"No"]
[657946,"2010-11-22","19:31:48","L195/AE",195,"Lego","Airplane","8 and up",5.95,2,11.9,6.18,"Cash","V.W.|880-8599","No","No",31,"No"]
[657967,"2010-11-23","13:55:51.600","D254/FE",192,"Duplo","Policemen","6 and up",9.9499999999999993,5,49.75,25.85,"Mastercard","C.X.|880-3590","No","No",36,"No"]
[657971,"2010-11-23","10:58:12","L195/AE",195,"Lego","Airplane","8 and up",5.95,2,11.9,6.18,"Discover","H.B.|880-3254","No","No",50,"Yes"]
[657973,"2010-11-23","10:14:16.800","D254/FE",192,"Duplo","Policemen","6 and up",9.9499999999999993,1,9.9499999999999993,5.17,"Check","B.Y.|880-6845","Yes","No",25,"No"]
[657985,"2010-11-23","15:29:52.800","D254/FE",192,"Duplo","Policemen","6 and up",9.9499999999999993,1,9.9499999999999993,5.17,"Cash","U.W.|880-9683","No","No",30,"No"]
[658025,"2010-11-23","09:24:36","L256/PE",256,"Lego","Police Officers and Motorcycle","9 and up",9.9499999999999993,3,29.849999999999998,13.44,"Discover","Z.T.|880-7477","No","No",44,"No"]
[658054,"2010-11-24","14:09:00","L195/AE",195,"Lego","Airplane","8 and up",5.95,2,11.9,6.18,"Visa","H.B.|880-3254","No","No",29,"No"]
[658088,"2010-11-24","16:13:55.200","D250/AT",192,"Duplo","Policemen","6 and up",9.9499999999999993,1,9.9499999999999993,5.17,"Mastercard","D.U.|880-2953","No","No",38,"No"]
[658095,"2010-11-24","18:35:24","D254/FE",192,"Duplo","Policemen","6 and up",9.9499999999999993,4,39.799999999999997,20.68,"Mastercard","L.C.|880-6872","Yes","Yes",30,"Yes"]
[658095,"2010-11-24","18:35:24","D255/FE",192,"Duplo","Policemen","6 and up",9.9499999999999993,1,9.9499999999999993,5.17,"Mastercard","L.C.|880-6872","Yes","Yes",30,"Yes"]
[658135,"2010-11-25","16:22:12","L194/FY",194,"Lego","Family","4 and up",14.95,1,14.95,8.3699999999999992,"Visa","U.O.|880-3720","No","No",49,"No"]
[658157,"2010-11-26","16:59:24","D255/FE",192,"Duplo","Policemen","6 and up",9.9499999999999993,5,49.75,25.85,"Visa","Z.Q.|880-4240","No","No",34,"No"]
[658183,"2010-11-26","15:34:12","D254/FE",192,"Duplo","Policemen","6 and up",9.9499999999999993,1,9.9499999999999993,5.17,"Discover","B.X.|880-9149","No","No",39,"No"]
[658183,"2010-11-26","15:34:12","D250/AT",192,"Duplo","Policemen","6 and up",9.9499999999999993,4,39.799999999999997,20.68,"Discover","B.X.|880-9149","No","No",39,"No"]
[658221,"2010-11-26","15:21:25.200","D254/FE",192,"Duplo","Policemen","6 and up",9.9499999999999993,1,9.9499999999999993,5.17,"Visa","L.C.|880-6872","No","No",11,"No"]
[658267,"2010-11-26","18:50:24","L195/AE",195,"Lego","Airplane","8 and up",5.95,2,11.9,6.18,"Visa","N.C.|880-3850","No","No",34,"No"]
[658278,"2010-11-26","19:56:24","L256/PE",256,"Lego","Police Officers and Motorcycle","9 and up",9.9499999999999993,1,9.9499999999999993,4.4800000000000004,"Visa","L.W.|880-4986","No","No",36,"No"]
[658280,"2010-11-26","11:15:00","D254/FE",192,"Duplo","Policemen","6 and up",9.9499999999999993,5,49.75,25.85,"Discover","S.Y.|880-3139","No","No",32,"No"]
[658330,"2010-11-26","19:00:36","L195/AE",195,"Lego","Airplane","8 and up",5.95,2,11.9,6.18,"Cash","U.O.|880-3720","No","No",36,"No"]
[658361,"2010-11-27","15:36:36","L330/GN",330,"Lego","Gas Station","8 and up",32.950000000000003,1,32.950000000000003,19.11,"Visa","B.Y.|880-6845","No","Yes",47,"No"]
[658387,"2010-11-27","12:25:12","L256/PE",256,"Lego","Police Officers and Motorcycle","9 and up",9.9499999999999993,2,19.899999999999999,8.9600000000000009,"Discover","N.W.|880-6237","No","No",32,"No"]
[658404,"2010-11-27","12:16:12","D250/AT",192,"Duplo","Policemen","6 and up",9.9499999999999993,1,9.9499999999999993,5.17,"Discover","S.V.|880-5987","No","Yes",21,"No"]
[658406,"2010-11-27","10:55:48","D255/FE",192,"Duplo","Policemen","6 and up",9.9499999999999993,2,19.899999999999999,10.34,"Gift Card","B.Y.|880-6845","No","No",34,"No"]
[658406,"2010-11-27","10:55:48","D255/FE",192,"Duplo","Policemen","6 and up",9.9499999999999993,1,9.9499999999999993,5.17,"Gift Card","B.Y.|880-6845","No","No",34,"No"]
[658456,"2010-11-27","14:18:36","D254/FE",192,"Duplo","Policemen","6 and up",9.9499999999999993,1,9.9499999999999993,5.17,"Visa","D.S.|880-7532","No","No",66,"No"]
[658456,"2010-11-27","14:18:36","L195/AE",195,"Lego","Airplane","8 and up",5.95,1,5.95,3.09,"Visa","D.S.|880-7532","No","No",66,"No"]
[658476,"2010-11-28","15:13:22.800","L195/AE",195,"Lego","Airplane","8 and up",5.95,1,5.95,3.09,"Visa","V.W.|880-4523","No","No",34,"No"]
[658499,"2010-11-28","16:56:24","D250/AT",192,"Duplo","Policemen","6 and up",9.9499999999999993,2,19.899999999999999,10.34,"Mastercard","Z.T.|880-7477","No","No",39,"No"]
[658521,"2010-11-28","14:47:24","L256/PE",256,"Lego","Police Officers and Motorcycle","9 and up",9.9499999999999993,1,9.9499999999999993,4.4800000000000004,"Cash","B.B.|880-9330","No","No",66,"No"]
[658562,"2010-11-28","13:23:13.200","D255/FE",192,"Duplo","Policemen","6 and up",9.9499999999999993,2,19.899999999999999,10.34,"Mastercard","D.U.|880-2953","No","No",34,"No"]
[658599,"2010-11-28","14:37:08.400","D250/AT",192,"Duplo","Policemen","6 and up",9.9499999999999993,2,19.899999999999999,10.34,"Cash","D.Z.|880-1179","No","Yes",41,"No"]
[658628,"2010-11-28","13:13:04.800","L256/PE",256,"Lego","Police Officers and Motorcycle","9 and up",9.9499999999999993,1,9.9499999999999993,4.4800000000000004,"Cash","W.C.|880-4861","Yes","No",48,"No"]
[658641,"2010-11-28","16:19:12","D255/FE",192,"Duplo","Policemen","6 and up",9.9499999999999993,1,9.9499999999999993,5.17,"Visa","B.Y.|880-6845","No","No",34,"No"]
[658688,"2010-11-29","13:30:39.600","L256/PE",256,"Lego","Police Officers and Motorcycle","9 and up",9.9499999999999993,2,19.899999999999999,8.9600000000000009,"Cash","L.W.|880-4986","No","No",53,"No"]
[658701,"2010-11-29","11:31:48","L195/AE",195,"Lego","Airplane","8 and up",5.95,4,23.8,12.36,"Mastercard","L.W.|880-4986","No","No",43,"No"]
[658715,"2010-11-29","12:50:24","L256/PE",256,"Lego","Police Officers and Motorcycle","9 and up",9.9499999999999993,5,49.75,22.4,"Mastercard","V.W.|880-8599","No","No",39,"No"]
[658755,"2010-11-29","12:24:00","L210/CS",210,"Lego","Cowboys with Horses","6 and up",9.4499999999999993,4,37.799999999999997,18.52,"Visa","V.W.|880-8599","No","No",31,"No"]
[658773,"2010-11-29","11:57:39.600","D255/FE",192,"Duplo","Policemen","6 and up",9.9499999999999993,2,19.899999999999999,10.34,"Cash","A.U.|880-2167","No","No",34,"No"]
[658817,"2010-11-30","11:05:24","L195/AE",195,"Lego","Airplane","8 and up",5.95,2,11.9,6.18,"Visa","N.C.|880-3850","No","No",31,"Yes"]
[658851,"2010-11-30","14:02:24","D250/AT",192,"Duplo","Policemen","6 and up",9.9499999999999993,4,39.799999999999997,20.68,"Visa","W.C.|880-4861","No","No",36,"No"]
[658858,"2010-11-30","11:50:24","L195/AE",195,"Lego","Airplane","8 and up",5.95,1,5.95,3.09,"Visa","W.B.|880-9647","No","No",38,"No"]
[658894,"2010-11-30","12:46:40.800","D254/FE",192,"Duplo","Policemen","6 and up",9.9499999999999993,3,29.849999999999998,15.51,"Cash","D.W.|880-7199","No","Yes",43,"No"]
[658894,"2010-11-30","12:46:40.800","D255/FE",192,"Duplo","Policemen","6 and up",9.9499999999999993,4,39.799999999999997,20.68,"Cash","D.W.|880-7199","No","Yes",43,"No"]
[658915,"2010-12-01","18:03:00","D254/FE",192,"Duplo","Policemen","6 and up",9.9499999999999993,1,9.9499999999999993,5.17,"Cash","S.V.|880-5987","No","No",39,"No"]
[658942,"2010-12-01","11:16:12","L330/GN",330,"Lego","Gas Station","8 and up",32.950000000000003,2,65.900000000000006,38.22,"Visa","V.W.|880-8599","No","No",31,"No"]
[658968,"2010-12-01","11:03:18","L197/FS",199,"Duplo","Scooter","4 and up",4.95,4,19.8,10.08,"Cash","S.V.|880-5987","No","No",27,"Yes"]
[659005,"2010-12-01","13:00:50.400","D254/FE",192,"Duplo","Policemen","6 and up",9.9499999999999993,4,39.799999999999997,20.68,"Visa","Y.P.|880-6894","No","No",36,"No"]
[659005,"2010-12-01","13:00:50.400","D250/AT",192,"Duplo","Policemen","6 and up",9.9499999999999993,1,9.9499999999999993,5.17,"Visa","Y.P.|880-6894","No","No",36,"No"]
[659007,"2010-12-02","13:16:08.400","D254/FE",192,"Duplo","Policemen","6 and up",9.9499999999999993,2,19.899999999999999,10.34,"Cash","N.W.|880-6237","Yes","Yes",30,"No"]
[659039,"2010-12-02","11:30:18","L195/AE",195,"Lego","Airplane","8 and up",5.95,3,17.850000000000001,9.27,"Mastercard","N.W.|880-6237","Yes","No",55,"Yes"]
[659065,"2010-12-02","16:13:01.200","L195/AE",195,"Lego","Airplane","8 and up",5.95,2,11.9,6.18,"Visa","N.W.|880-6237","No","No",33,"Yes"]
[659082,"2010-12-02","12:18:39.600","L195/AE",195,"Lego","Airplane","8 and up",5.95,1,5.95,3.09,"Check","D.W.|880-7199","No","No",39,"Yes"]
[659106,"2010-12-02","18:23:24","L256/PE",256,"Lego","Police Officers and Motorcycle","9 and up",9.9499999999999993,4,39.799999999999997,17.920000000000002,"Discover","H.B.|880-3254","No","No",34,"No"]
[659126,"2010-12-02","15:17:24","D254/FE",192,"Duplo","Policemen","6 and up",9.9499999999999993,1,9.9499999999999993,5.17,"Cash","D.S.|880-7532","No","No",39,"Yes"]
[659155,"2010-12-02","16:20:24","D255/FE",192,"Duplo","Policemen","6 and up",9.9499999999999993,2,19.899999999999999,10.34,"Visa","Y.P.|880-6894","No","No",32,"No"]
[659189,"2010-12-02","14:21:00","D198/LX",192,"Duplo","Policemen","6 and up",9.9499999999999993,1,9.9499999999999993,5.17,"Cash","Z.Q.|880-4240","No","No",47,"No"]
[659211,"2010-12-03","11:55:48","D254/FE",192,"Duplo","Policemen","6 and up",9.9499999999999993,2,19.899999999999999,10.34,"Visa","H.B.|880-3254","No","No",32,"No"]
[659219,"2010-12-03","13:50:24","D254/FE",192,"Duplo","Policemen","6 and up",9.9499999999999993,1,9.9499999999999993,5.17,"Mastercard","B.X.|880-9149","No","No",25,"Yes"]
[659261,"2010-12-03","11:11:24","D255/FE",192,"Duplo","Policemen","6 and up",9.9499999999999993,2,19.899999999999999,10.34,"Visa","V.W.|880-4523","No","No",40,"No"]
[659269,"2010-12-03","13:43:40.800","D254/FE",192,"Duplo","Policemen","6 and up",9.9499999999999993,1,9.9499999999999993,5.17,"Visa","P.N.|880-3021","No","No",44,"Yes"]
[659277,"2010-12-04","09:50:24","L195/AE",195,"Lego","Airplane","8 and up",5.95,5,29.75,15.45,"Cash","D.Z.|880-1179","Yes","No",73,"Yes"]
[659294,"2010-12-04","11:57:36","D254/FE",192,"Duplo","Policemen","6 and up",9.9499999999999993,2,19.899999999999999,10.34,"Check","Y.P.|880-6894","No","No",25,"No"]
[659294,"2010-12-04","11:57:36","D255/FE",192,"Duplo","Policemen","6 and up",9.9499999999999993,1,9.9499999999999993,5.17,"Check","Y.P.|880-6894","No","No",25,"No"]
[659343,"2010-12-05","16:59:24","L256/PE",256,"Lego","Police Officers and Motorcycle","9 and up",9.9499999999999993,1,9.9499999999999993,4.4800000000000004,"Cash","B.Y.|880-6845","No","No",47,"No"]
[659353,"2010-12-05","11:27:36","D255/FE",192,"Duplo","Policemen","6 and up",9.9499999999999993,1,9.9499999999999993,5.17,"Cash","V.W.|880-8599","No","No",27,"Yes"]
[659395,"2010-12-05","14:23:13.200","D255/FE",192,"Duplo","Policemen","6 and up",9.9499999999999993,1,9.9499999999999993,5.17,"Visa","C.X.|880-3590","No","No",48,"No"]
[659439,"2010-12-05","08:54:36","D254/FE",192,"Duplo","Policemen","6 and up",9.9499999999999993,2,19.899999999999999,10.34,"Mastercard","D.W.|880-7199","No","No",41,"No"]
[659439,"2010-12-05","08:54:36","L195/AE",195,"Lego","Airplane","8 and up",5.95,2,11.9,6.18,"Mastercard","D.W.|880-7199","No","No",41,"No"]
[659457,"2010-12-05","16:34:48","D250/AT",192,"Duplo","Policemen","6 and up",9.9499999999999993,1,9.9499999999999993,5.17,"Visa","D.S.|880-7532","No","No",25,"Yes"]
[659478,"2010-12-06","16:59:24","L195/AE",195,"Lego","Airplane","8 and up",5.95,1,5.95,3.09,"Cash","L.C.|880-6872","No","No",42,"No"]
[659504,"2010-12-06","14:31:30","D255/FE",192,"Duplo","Policemen","6 and up",9.9499999999999993,5,49.75,25.85,"Cash","S.Y.|880-3139","No","No",29,"No"]
[659552,"2010-12-06","13:47:24","L195/AE",195,"Lego","Airplane","8 and up",5.95,1,5.95,3.09,"Discover","L.C.|880-6872","No","No",30,"No"]
[659552,"2010-12-06","13:47:24","D255/FE",192,"Duplo","Policemen","6 and up",9.9499999999999993,1,9.9499999999999993,5.17,"Discover","L.C.|880-6872","No","No",30,"No"]
[659591,"2010-12-06","16:34:40.800","D250/AT",192,"Duplo","Policemen","6 and up",9.9499999999999993,1,9.9499999999999993,5.17,"Visa","P.N.|880-3021","No","No",58,"No"]
[659591,"2010-12-06","16:34:40.800","D250/AT",192,"Duplo","Policemen","6 and up",9.9499999999999993,4,39.799999999999997,20.68,"Visa","P.N.|880-3021","No","No",58,"No"]
[659616,"2010-12-06","17:54:36","D254/FE",192,"Duplo","Policemen","6 and up",9.9499999999999993,1,9.9499999999999993,5.17,"Gift Card","Z.T.|880-7477","No","No",35,"No"]
[659629,"2010-12-06","11:29:56.400","D250/AT",192,"Duplo","Policemen","6 and up",9.9499999999999993,1,9.9499999999999993,5.17,"Mastercard","L.W.|880-4986","No","No",37,"No"]
[659646,"2010-12-06","12:03:00","L256/PE",256,"Lego","Police Officers and Motorcycle","9 and up",9.9499999999999993,5,49.75,22.4,"Mastercard","H.B.|880-3254","No","No",27,"No"]
[659651,"2010-12-06","16:55:55.200","D250/AT",192,"Duplo","Policemen","6 and up",9.9499999999999993,1,9.9499999999999993,5.17,"Mastercard","D.W.|880-7199","No","No",38,"Yes"]
[659692,"2010-12-06","14:40:12","D255/FE",192,"Duplo","Policemen","6 and up",9.9499999999999993,1,9.9499999999999993,5.17,"Visa","W.B.|880-9647","Yes","No",38,"Yes"]
[659699,"2010-12-06","14:00:36","L195/AE",195,"Lego","Airplane","8 and up",5.95,1,5.95,3.09,"Mastercard","V.W.|880-8599","No","No",53,"Yes"]
[659700,"2010-12-06","11:45:36","D218/FN",192,"Duplo","Policemen","6 and up",9.9499999999999993,4,39.799999999999997,20.68,"Mastercard","P.N.|880-3021","No","No",34,"No"]
[659720,"2010-12-08","16:45:36","D254/FE",192,"Duplo","Policemen","6 and up",9.9499999999999993,2,19.899999999999999,10.34,"Visa","P.N.|880-3021","No","No",18,"No"]
[659720,"2010-12-08","16:45:36","L256/PE",256,"Lego","Police Officers and Motorcycle","9 and up",9.9499999999999993,1,9.9499999999999993,4.4800000000000004,"Visa","P.N.|880-3021","No","No",18,"No"]
[659731,"2010-12-08","11:16:48","D250/AT",192,"Duplo","Policemen","6 and up",9.9499999999999993,1,9.9499999999999993,5.17,"Gift Card","Y.P.|880-6894","Yes","No",43,"No"]
[659750,"2010-12-09","15:01:48","D254/FE",192,"Duplo","Policemen","6 and up",9.9499999999999993,1,9.9499999999999993,5.17,"Mastercard","L.W.|880-4986","No","No",27,"No"]
[659750,"2010-12-09","15:01:48","L195/AE",195,"Lego","Airplane","8 and up",5.95,1,5.95,3.09,"Mastercard","L.W.|880-4986","No","No",27,"No"]
[659750,"2010-12-09","15:01:48","D254/FE",192,"Duplo","Policemen","6 and up",9.9499999999999993,2,19.899999999999999,10.34,"Mastercard","L.W.|880-4986","No","No",27,"No"]
[659759,"2010-12-09","13:17:24","D255/FE",192,"Duplo","Policemen","6 and up",9.9499999999999993,1,9.9499999999999993,5.17,"Visa","S.Y.|880-3139","No","No",30,"No"]
[659765,"2010-12-09","14:23:24","L195/AE",195,"Lego","Airplane","8 and up",5.95,1,5.95,3.09,"Visa","Z.Q.|880-4240","Yes","No",27,"No"]
[659788,"2010-12-10","10:32:13.200","L195/AE",195,"Lego","Airplane","8 and up",5.95,3,17.850000000000001,9.27,"Check","H.B.|880-3254","No","No",7,"Yes"]
[659807,"2010-12-10","13:36:36","D192/PN",192,"Duplo","Policemen","6 and up",9.9499999999999993,1,9.9499999999999993,5.17,"Visa","B.Y.|880-6845","No","No",50,"No"]
[659830,"2010-12-10","10:07:12","D255/FE",192,"Duplo","Policemen","6 and up",9.9499999999999993,1,9.9499999999999993,5.17,"Gift Card","W.C.|880-4861","No","No",31,"Yes"]
[659835,"2010-12-10","16:01:12","L195/AE",195,"Lego","Airplane","8 and up",5.95,4,23.8,12.36,"Visa","W.B.|880-9647","No","No",44,"No"]
[659855,"2010-12-10","18:27:36","D255/FE",192,"Duplo","Policemen","6 and up",9.9499999999999993,2,19.899999999999999,10.34,"Mastercard","U.O.|880-3720","No","No",67,"No"]
[659882,"2010-12-10","13:40:55.200","L256/PE",256,"Lego","Police Officers and Motorcycle","9 and up",9.9499999999999993,2,19.899999999999999,8.9600000000000009,"Visa","Z.T.|880-7477","Yes","Yes",46,"No"]
[659895,"2010-12-11","11:38:24","D250/AT",192,"Duplo","Policemen","6 and up",9.9499999999999993,2,19.899999999999999,10.34,"Cash","L.C.|880-6872","No","No",25,"No"]
[659916,"2010-12-12","14:19:12","L210/CS",210,"Lego","Cowboys with Horses","6 and up",9.4499999999999993,1,9.4499999999999993,4.63,"Visa","C.X.|880-3590","No","No",42,"Yes"]
[659916,"2010-12-12","14:19:12","D254/FE",192,"Duplo","Policemen","6 and up",9.9499999999999993,2,19.899999999999999,10.34,"Visa","C.X.|880-3590","No","No",42,"Yes"]
[659936,"2010-12-13","11:38:24","D255/FE",192,"Duplo","Policemen","6 and up",9.9499999999999993,1,9.9499999999999993,5.17,"Cash","L.C.|880-6872","No","No",38,"No"]
[659976,"2010-12-13","12:45:50.400","L256/PE",256,"Lego","Police Officers and Motorcycle","9 and up",9.9499999999999993,1,9.9499999999999993,4.4800000000000004,"Cash","W.C.|880-4861","No","No",25,"No"]
[659976,"2010-12-13","12:45:50.400","D255/FE",192,"Duplo","Policemen","6 and up",9.9499999999999993,1,9.9499999999999993,5.17,"Cash","W.C.|880-4861","No","No",25,"No"]
[659976,"2010-12-13","12:45:50.400","L195/AE",195,"Lego","Airplane","8 and up",5.95,1,5.95,3.09,"Cash","W.C.|880-4861","No","No",25,"No"]
[660004,"2010-12-13","16:22:12","D255/FE",192,"Duplo","Policemen","6 and up",9.9499999999999993,1,9.9499999999999993,5.17,"Cash","W.B.|880-9647","Yes","No",43,"No"]
[660020,"2010-12-14","20:35:24","L256/PE",256,"Lego","Police Officers and Motorcycle","9 and up",9.9499999999999993,5,49.75,22.4,"Gift Card","B.X.|880-9149","No","No",67,"No"]
[660045,"2010-12-14","13:21:36","D250/AT",192,"Duplo","Policemen","6 and up",9.9499999999999993,4,39.799999999999997,20.68,"Cash","B.X.|880-9149","No","No",34,"Yes"]
[660045,"2010-12-14","13:21:36","L195/AE",195,"Lego","Airplane","8 and up",5.95,1,5.95,3.09,"Cash","B.X.|880-9149","No","No",34,"Yes"]
[660066,"2010-12-14","11:16:48","D254/FE",192,"Duplo","Policemen","6 and up",9.9499999999999993,5,49.75,25.85,"Mastercard","D.U.|880-2953","No","No",34,"No"]
[660066,"2010-12-14","11:16:48","L195/AE",195,"Lego","Airplane","8 and up",5.95,1,5.95,3.09,"Mastercard","D.U.|880-2953","No","No",34,"No"]
[660066,"2010-12-14","11:16:48","D255/FE",192,"Duplo","Policemen","6 and up",9.9499999999999993,2,19.899999999999999,10.34,"Mastercard","D.U.|880-2953","No","No",34,"No"]
[660097,"2010-12-14","14:00:00","D255/FE",192,"Duplo","Policemen","6 and up",9.9499999999999993,2,19.899999999999999,10.34,"Mastercard","B.X.|880-9149","Yes","Yes",39,"No"]
[660117,"2010-12-15","13:02:45.600","D192/PN",192,"Duplo","Policemen","6 and up",9.9499999999999993,1,9.9499999999999993,5.17,"Visa","S.V.|880-5987","Yes","No",35,"No"]
[660150,"2010-12-15","10:01:30","D255/FE",192,"Duplo","Policemen","6 and up",9.9499999999999993,1,9.9499999999999993,5.17,"Gift Card","B.B.|880-9330","No","No",38,"No"]
[660150,"2010-12-15","10:01:30","L195/AE",195,"Lego","Airplane","8 and up",5.95,1,5.95,3.09,"Gift Card","B.B.|880-9330","No","No",38,"No"]
[660165,"2010-12-15","13:51:21.600","D250/AT",192,"Duplo","Policemen","6 and up",9.9499999999999993,1,9.9499999999999993,5.17,"Visa","B.B.|880-9330","No","No",41,"No"]
[660208,"2010-12-15","15:15:03.600","D250/AT",192,"Duplo","Policemen","6 and up",9.9499999999999993,1,9.9499999999999993,5.17,"Cash","Z.Q.|880-4240","No","No",39,"No"]
[660241,"2010-12-15","12:40:48","L256/PE",256,"Lego","Police Officers and Motorcycle","9 and up",9.9499999999999993,1,9.9499999999999993,4.4800000000000004,"Visa","L.C.|880-6872","No","Yes",41,"Yes"]
[660241,"2010-12-15","12:40:48","L256/PE",256,"Lego","Police Officers and Motorcycle","9 and up",9.9499999999999993,1,9.9499999999999993,4.4800000000000004,"Visa","L.C.|880-6872","No","Yes",41,"Yes"]
[660275,"2010-12-16","11:27:00","D255/FE",192,"Duplo","Policemen","6 and up",9.9499999999999993,1,9.9499999999999993,5.17,"Mastercard","W.B.|880-9647","No","No",44,"Yes"]
[660317,"2010-12-16","13:17:02.400","D254/FE",192,"Duplo","Policemen","6 and up",9.9499999999999993,1,9.9499999999999993,5.17,"Gift Card","U.W.|880-9683","No","No",38,"No"]
[660317,"2010-12-16","13:17:02.400","D254/FE",192,"Duplo","Policemen","6 and up",9.9499999999999993,1,9.9499999999999993,5.17,"Gift Card","U.W.|880-9683","No","No",38,"No"]
[660341,"2010-12-16","10:45:00","D250/AT",192,"Duplo","Policemen","6 and up",9.9499999999999993,2,19.899999999999999,10.34,"Cash","L.W.|880-4986","No","No",40,"No"]
[660374,"2010-12-16","15:52:48","D254/FE",192,"Duplo","Policemen","6 and up",9.9499999999999993,2,19.899999999999999,10.34,"Mastercard","U.O.|880-3720","No","Yes",40,"No"]
[660374,"2010-12-16","15:52:48","L256/PE",256,"Lego","Police Officers and Motorcycle","9 and up",9.9499999999999993,2,19.899999999999999,8.9600000000000009,"Mastercard","U.O.|880-3720","No","Yes",40,"No"]
[660413,"2010-12-16","13:23:52.800","D254/FE",192,"Duplo","Policemen","6 and up",9.9499999999999993,1,9.9499999999999993,5.17,"Visa","Z.T.|880-7477","No","No",38,"No"]
[660413,"2010-12-16","13:23:52.800","D250/AT",192,"Duplo","Policemen","6 and up",9.9499999999999993,1,9.9499999999999993,5.17,"Visa","Z.T.|880-7477","No","No",38,"No"]
[660459,"2010-12-16","15:48:36","D199/SR",192,"Duplo","Policemen","6 and up",9.9499999999999993,1,9.9499999999999993,5.17,"Gift Card","S.V.|880-5987","No","No",35,"No"]
[660490,"2010-12-16","10:12:32.400","L256/PE",256,"Lego","Police Officers and Motorcycle","9 and up",9.9499999999999993,2,19.899999999999999,8.9600000000000009,"Cash","L.W.|880-4986","No","No",34,"Yes"]
[660503,"2010-12-16","20:53:24","D198/LX",192,"Duplo","Policemen","6 and up",9.9499999999999993,1,9.9499999999999993,5.17,"Visa","C.X.|880-3590","No","No",29,"No"]
[660544,"2010-12-16","15:32:24","D254/FE",192,"Duplo","Policemen","6 and up",9.9499999999999993,4,39.799999999999997,20.68,"Cash","Z.Q.|880-4240","No","No",40,"No"]
[660556,"2010-12-16","12:57:10.800","D254/FE",192,"Duplo","Policemen","6 and up",9.9499999999999993,1,9.9499999999999993,5.17,"Visa","N.W.|880-6237","No","No",41,"No"]
[660562,"2010-12-17","15:18:36","D250/AT",192,"Duplo","Policemen","6 and up",9.9499999999999993,1,9.9499999999999993,5.17,"Visa","H.B.|880-3254","Yes","No",32,"No"]
[660563,"2010-12-17","11:56:24","L195/AE",195,"Lego","Airplane","8 and up",5.95,1,5.95,3.09,"Mastercard","B.B.|880-9330","No","No",36,"No"]
[660571,"2010-12-17","10:11:24","L195/AE",195,"Lego","Airplane","8 and up",5.95,2,11.9,6.18,"Visa","U.O.|880-3720","No","No",40,"No"]
[660571,"2010-12-17","10:11:24","D250/AT",192,"Duplo","Policemen","6 and up",9.9499999999999993,2,19.899999999999999,10.34,"Visa","U.O.|880-3720","No","No",40,"No"]
[660576,"2010-12-18","15:12:00","L195/AE",195,"Lego","Airplane","8 and up",5.95,2,11.9,6.18,"Visa","N.W.|880-6237","No","No",30,"Yes"]
[660585,"2010-12-18","12:06:36","L256/PE",256,"Lego","Police Officers and Motorcycle","9 and up",9.9499999999999993,3,29.849999999999998,13.44,"Mastercard","B.Y.|880-6845","No","Yes",40,"No"]
[660585,"2010-12-18","12:06:36","D250/AT",192,"Duplo","Policemen","6 and up",9.9499999999999993,4,39.799999999999997,20.68,"Mastercard","B.Y.|880-6845","No","Yes",40,"No"]
[660633,"2010-12-18","11:17:24","L256/PE",256,"Lego","Police Officers and Motorcycle","9 and up",9.9499999999999993,2,19.899999999999999,8.9600000000000009,"Visa","S.V.|880-5987","No","No",36,"No"]
[660633,"2010-12-18","11:17:24","D255/FE",192,"Duplo","Policemen","6 and up",9.9499999999999993,2,19.899999999999999,10.34,"Visa","S.V.|880-5987","No","No",36,"No"]
[660668,"2010-12-18","12:24:25.200","L256/PE",256,"Lego","Police Officers and Motorcycle","9 and up",9.9499999999999993,4,39.799999999999997,17.920000000000002,"Visa","B.Y.|880-6845","No","No",42,"No"]
[660668,"2010-12-18","12:24:25.200","D254/FE",192,"Duplo","Policemen","6 and up",9.9499999999999993,1,9.9499999999999993,5.17,"Visa","B.Y.|880-6845","No","No",42,"No"]
[660685,"2010-12-19","12:01:48","D255/FE",192,"Duplo","Policemen","6 and up",9.9499999999999993,5,49.75,25.85,"Gift Card","N.W.|880-6237","No","No",31,"No"]
[660685,"2010-12-19","12:01:48","L340/FS",340,"Lego","Fire Trucks","6 and up",34.950000000000003,2,69.900000000000006,39.840000000000003,"Gift Card","N.W.|880-6237","No","No",31,"No"]
[660685,"2010-12-19","12:01:48","D255/FE",192,"Duplo","Policemen","6 and up",9.9499999999999993,2,19.899999999999999,10.34,"Gift Card","N.W.|880-6237","No","No",31,"No"]
[660707,"2010-12-20","12:01:12","D192/PN",192,"Duplo","Policemen","6 and up",9.9499999999999993,2,19.899999999999999,10.34,"Visa","A.U.|880-2167","No","No",30,"No"]
[660757,"2010-12-20","12:59:24","D254/FE",192,"Duplo","Policemen","6 and up",9.9499999999999993,1,9.9499999999999993,5.17,"Gift Card","B.Y.|880-6845","No","No",51,"Yes"]
[660805,"2010-12-21","13:11:52.800","L195/AE",195,"Lego","Airplane","8 and up",5.95,1,5.95,3.09,"Visa","D.S.|880-7532","No","No",45,"No"]
[660845,"2010-12-21","15:29:24","D250/AT",192,"Duplo","Policemen","6 and up",9.9499999999999993,1,9.9499999999999993,5.17,"Cash","Z.T.|880-7477","No","No",38,"No"]
[660893,"2010-12-21","10:17:52.800","L195/AE",195,"Lego","Airplane","8 and up",5.95,4,23.8,12.36,"Visa","Z.Q.|880-4240","No","No",27,"Yes"]
[660926,"2010-12-21","16:24:36","L256/PE",256,"Lego","Police Officers and Motorcycle","9 and up",9.9499999999999993,2,19.899999999999999,8.9600000000000009,"Visa","D.W.|880-7199","No","No",39,"Yes"]
[660964,"2010-12-21","08:19:33.600","D254/FE",192,"Duplo","Policemen","6 and up",9.9499999999999993,1,9.9499999999999993,5.17,"Mastercard","H.B.|880-3254","No","No",48,"No"]
[660989,"2010-12-21","15:51:00","L196/AR",196,"Lego","Antique Car","8 and up",7.95,3,23.85,13.35,"Cash","V.W.|880-8599","No","No",73,"No"]
[660994,"2010-12-21","12:54:36","L195/AE",195,"Lego","Airplane","8 and up",5.95,1,5.95,3.09,"Visa","C.X.|880-3590","No","No",31,"No"]
[661002,"2010-12-22","15:02:24","D250/AT",192,"Duplo","Policemen","6 and up",9.9499999999999993,1,9.9499999999999993,5.17,"Visa","L.W.|880-4986","No","No",35,"No"]
[661044,"2010-12-22","08:52:12","D254/FE",192,"Duplo","Policemen","6 and up",9.9499999999999993,1,9.9499999999999993,5.17,"Cash","W.C.|880-4861","No","No",40,"Yes"]
[661083,"2010-12-22","18:15:00","L195/AE",195,"Lego","Airplane","8 and up",5.95,1,5.95,3.09,"Cash","A.U.|880-2167","No","No",48,"Yes"]
[661083,"2010-12-22","18:15:00","D255/FE",192,"Duplo","Policemen","6 and up",9.9499999999999993,2,19.899999999999999,10.34,"Cash","A.U.|880-2167","No","No",48,"Yes"]
[661083,"2010-12-22","18:15:00","D255/FE",192,"Duplo","Policemen","6 and up",9.9499999999999993,5,49.75,25.85,"Cash","A.U.|880-2167","No","No",48,"Yes"]
[661121,"2010-12-23","12:52:12","D255/FE",192,"Duplo","Policemen","6 and up",9.9499999999999993,1,9.9499999999999993,5.17,"Check","S.V.|880-5987","No","No",37,"No"]
[661154,"2010-12-24","16:18:50.400","L210/CS",210,"Lego","Cowboys with Horses","6 and up",9.4499999999999993,1,9.4499999999999993,4.63,"Gift Card","V.W.|880-4523","No","No",35,"No"]
[661195,"2010-12-24","10:36:00","D250/AT",192,"Duplo","Policemen","6 and up",9.9499999999999993,2,19.899999999999999,10.34,"Check","B.X.|880-9149","No","No",49,"No"]
[661234,"2010-12-24","13:44:06","D198/LX",192,"Duplo","Policemen","6 and up",9.9499999999999993,1,9.9499999999999993,5.17,"Visa","D.U.|880-2953","No","No",54,"No"]
[661236,"2010-12-24","13:19:48","D254/FE",192,"Duplo","Policemen","6 and up",9.9499999999999993,2,19.899999999999999,10.34,"Mastercard","P.N.|880-3021","Yes","No",42,"No"]
[661251,"2010-12-25","16:49:48","L195/AE",195,"Lego","Airplane","8 and up",5.95,1,5.95,3.09,"Visa","B.Y.|880-6845","No","No",50,"No"]
[661251,"2010-12-25","16:49:48","D254/FE",192,"Duplo","Policemen","6 and up",9.9499999999999993,5,49.75,25.85,"Visa","B.Y.|880-6845","No","No",50,"No"]
[661286,"2010-12-25","12:55:12","L256/PE",256,"Lego","Police Officers and Motorcycle","9 and up",9.9499999999999993,1,9.9499999999999993,4.4800000000000004,"Visa","U.O.|880-3720","No","No",39,"No"]
[661326,"2010-12-25","14:31:48","D250/AT",192,"Duplo","Policemen","6 and up",9.9499999999999993,1,9.9499999999999993,5.17,"Visa","V.W.|880-4523","No","No",11,"Yes"]
[661368,"2010-12-25","19:24:36","D254/FE",192,"Duplo","Policemen","6 and up",9.9499999999999993,1,9.9499999999999993,5.17,"Gift Card","H.B.|880-3254","No","No",36,"Yes"]
[661387,"2010-12-25","14:20:24","L195/AE",195,"Lego","Airplane","8 and up",5.95,5,29.75,15.45,"Cash","S.V.|880-5987","No","No",43,"No"]
[661403,"2010-12-25","14:46:12","L195/AE",195,"Lego","Airplane","8 and up",5.95,1,5.95,3.09,"Mastercard","D.U.|880-2953","No","Yes",39,"No"]
[661431,"2010-12-25","15:06:00","L195/AE",195,"Lego","Airplane","8 and up",5.95,2,11.9,6.18,"Mastercard","S.Y.|880-3139","No","No",39,"Yes"]
[661475,"2010-12-25","10:13:12","L252/LR",255,"Duplo","Farming Scene","7 and up",24.95,4,99.8,64.88,"Mastercard","W.B.|880-9647","Yes","No",42,"No"]
[661481,"2010-12-31","12:12:36","D250/AT",192,"Duplo","Policemen","6 and up",9.9499999999999993,2,19.899999999999999,10.34,"Check","P.N.|880-3021","No","No",33,"Yes"]
[661528,"2011-01-05","11:54:00","L256/PE",256,"Lego","Police Officers and Motorcycle","9 and up",9.9499999999999993,1,9.9499999999999993,4.4800000000000004,"Cash","N.W.|880-6237","No","No",50,"No"]
[661558,"2011-01-06","10:06:00","D255/FE",192,"Duplo","Policemen","6 and up",9.9499999999999993,1,9.9499999999999993,5.17,"Mastercard","P.N.|880-3021","Yes","Yes",33,"No"]
[661568,"2011-01-21","16:55:12","D198/LX",192,"Duplo","Policemen","6 and up",9.9499999999999993,2,19.899999999999999,10.34,"Visa","W.B.|880-9647","No","No",39,"No"]
[661602,"2011-01-23","13:59:24","D250/AT",192,"Duplo","Policemen","6 and up",9.9499999999999993,1,9.9499999999999993,5.17,"Mastercard","U.W.|880-9683","No","No",16,"No"]
[661635,"2011-01-31","08:40:15.600","D254/FE",192,"Duplo","Policemen","6 and up",9.9499999999999993,1,9.9499999999999993,5.17,"Check","Z.T.|880-7477","No","No",32,"No"]
[661651,"2011-02-08","15:25:12","D254/FE",192,"Duplo","Policemen","6 and up",9.9499999999999993,1,9.9499999999999993,5.17,"Mastercard","B.X.|880-9149","No","No",31,"No"]
[661651,"2011-02-08","15:25:12","D250/AT",192,"Duplo","Policemen","6 and up",9.9499999999999993,2,19.899999999999999,10.34,"Mastercard","B.X.|880-9149","No","No",31,"No"]
[661664,"2011-02-22","15:43:12","L195/AE",195,"Lego","Airplane","8 and up",5.95,1,5.95,3.09,"Visa","S.V.|880-5987","No","No",25,"No"]
[661664,"2011-02-22","15:43:12","L195/AE",195,"Lego","Airplane","8 and up",5.95,2,11.9,6.18,"Visa","S.V.|880-5987","No","No",25,"No"]
[661705,"2011-02-28","15:21:07.200","D218/FN",192,"Duplo","Policemen","6 and up",9.9499999999999993,5,49.75,25.85,"Gift Card","D.Z.|880-1179","No","No",40,"No"]
[661721,"2011-02-28","14:45:00","L256/PE",256,"Lego","Police Officers and Motorcycle","9 and up",9.9499999999999993,5,49.75,22.4,"Visa","A.U.|880-2167","No","Yes",55,"No"]
[661734,"2011-03-12","13:06:00","D250/AT",192,"Duplo","Policemen","6 and up",9.9499999999999993,2,19.899999999999999,10.34,"Check","Z.T.|880-7477","No","No",47,"No"]
[661758,"2011-03-18","12:53:24","L195/AE",195,"Lego","Airplane","8 and up",5.95,3,17.850000000000001,9.27,"Mastercard","B.Y.|880-6845","No","No",61,"No"]
[661758,"2011-03-18","12:53:24","L195/AE",195,"Lego","Airplane","8 and up",5.95,1,5.95,3.09,"Mastercard","B.Y.|880-6845","No","No",61,"No"]
[661772,"2011-03-25","09:26:34.800","L197/FS",199,"Duplo","Scooter","4 and up",4.95,2,9.9,5.04,"Cash","N.C.|880-3850","No","No",43,"No"]
[661774,"2011-04-19","09:30:14.400","L252/LR",255,"Duplo","Farming Scene","7 and up",24.95,1,24.95,16.22,"Visa","Y.P.|880-6894","No","No",32,"Yes"]
[661786,"2011-04-19","15:30:18","L256/PE",256,"Lego","Police Officers and Motorcycle","9 and up",9.9499999999999993,1,9.9499999999999993,4.4800000000000004,"Check","S.Y.|880-3139","No","No",25,"No"]
[661786,"2011-04-19","15:30:18","L210/CS",210,"Lego","Cowboys with Horses","6 and up",9.4499999999999993,2,18.899999999999999,9.26,"Check","S.Y.|880-3139","No","No",25,"No"]
[661817,"2011-04-28","18:00:36","D255/FE",192,"Duplo","Policemen","6 and up",9.9499999999999993,2,19.899999999999999,10.34,"Mastercard","W.C.|880-4861","No","No",32,"No"]
[661861,"2011-05-07","12:36:21.600","L256/PE",256,"Lego","Police Officers and Motorcycle","9 and up",9.9499999999999993,1,9.9499999999999993,4.4800000000000004,"Visa","V.W.|880-8599","No","No",37,"No"]
[661908,"2011-05-08","14:52:48","D255/FE",192,"Duplo","Policemen","6 and up",9.9499999999999993,2,19.899999999999999,10.34,"Discover","P.N.|880-3021","No","No",27,"No"]
[661933,"2011-05-08","13:28:15.600","L195/AE",195,"Lego","Airplane","8 and up",5.95,3,17.850000000000001,9.27,"Cash","B.B.|880-9330","No","No",57,"No"]
[661972,"2011-05-14","14:13:48","D254/FE",192,"Duplo","Policemen","6 and up",9.9499999999999993,1,9.9499999999999993,5.17,"Visa","L.W.|880-4986","No","No",38,"No"]
[662019,"2011-05-17","12:21:46.800","D254/FE",192,"Duplo","Policemen","6 and up",9.9499999999999993,2,19.899999999999999,10.34,"Mastercard","U.O.|880-3720","No","No",38,"No"]
[662019,"2011-05-17","12:21:46.800","L195/AE",195,"Lego","Airplane","8 and up",5.95,4,23.8,12.36,"Mastercard","U.O.|880-3720","No","No",38,"No"]
[662065,"2011-05-24","12:55:12","D250/AT",192,"Duplo","Policemen","6 and up",9.9499999999999993,1,9.9499999999999993,5.17,"Cash","P.N.|880-3021","No","No",38,"No"]
[662065,"2011-05-24","12:55:12","D254/FE",192,"Duplo","Policemen","6 and up",9.9499999999999993,2,19.899999999999999,10.34,"Cash","P.N.|880-3021","No","No",38,"No"]
[662065,"2011-05-24","12:55:12","L256/PE",256,"Lego","Police Officers and Motorcycle","9 and up",9.9499999999999993,1,9.9499999999999993,4.4800000000000004,"Cash","P.N.|880-3021","No","No",38,"No"]
[662077,"2011-05-29","16:27:00","D254/FE",192,"Duplo","Policemen","6 and up",9.9499999999999993,1,9.9499999999999993,5.17,"Visa","B.B.|880-9330","No","No",43,"Yes"]
[662078,"2011-05-30","14:21:36","D250/AT",192,"Duplo","Policemen","6 and up",9.9499999999999993,2,19.899999999999999,10.34,"Visa","D.S.|880-7532","No","No",12,"No"]
[662095,"2011-06-02","18:13:48","D254/FE",192,"Duplo","Policemen","6 and up",9.9499999999999993,1,9.9499999999999993,5.17,"Visa","N.C.|880-3850","No","No",47,"No"]
[662095,"2011-06-02","18:13:48","D254/FE",192,"Duplo","Policemen","6 and up",9.9499999999999993,2,19.899999999999999,10.34,"Visa","N.C.|880-3850","No","No",47,"No"]
[662140,"2011-06-16","09:16:33.600","D255/FE",192,"Duplo","Policemen","6 and up",9.9499999999999993,2,19.899999999999999,10.34,"Check","Y.P.|880-6894","No","No",37,"No"]
[662189,"2011-06-20","08:01:12","L195/AE",195,"Lego","Airplane","8 and up",5.95,3,17.850000000000001,9.27,"Check","D.W.|880-7199","Yes","No",34,"No"]
[662221,"2011-06-23","15:45:07.200","L256/PE",256,"Lego","Police Officers and Motorcycle","9 and up",9.9499999999999993,1,9.9499999999999993,4.4800000000000004,"Visa","A.U.|880-2167","No","No",43,"No"]
[662242,"2011-06-25","08:20:56.400","L212/SD",212,"Lego","Scooter and Stand","6 and up",4.95,2,9.9,4.46,"Visa","Z.Q.|880-4240","No","No",39,"No"]
[662272,"2011-06-26","11:42:00","L210/CS",210,"Lego","Cowboys with Horses","6 and up",9.4499999999999993,1,9.4499999999999993,4.63,"Visa","L.W.|880-4986","No","Yes",44,"No"]
[662272,"2011-06-26","11:42:00","L195/AE",195,"Lego","Airplane","8 and up",5.95,2,11.9,6.18,"Visa","L.W.|880-4986","No","Yes",44,"No"]
[662313,"2011-06-27","15:50:24","L256/PE",256,"Lego","Police Officers and Motorcycle","9 and up",9.9499999999999993,3,29.849999999999998,13.44,"Visa","B.X.|880-9149","No","No",31,"No"]
[662321,"2011-06-27","09:15:36","L195/AE",195,"Lego","Airplane","8 and up",5.95,5,29.75,15.45,"Visa","W.C.|880-4861","No","No",40,"No"]
[662333,"2011-07-03","13:39:00","D255/FE",192,"Duplo","Policemen","6 and up",9.9499999999999993,2,19.899999999999999,10.34,"Discover","N.C.|880-3850","No","Yes",22,"No"]
[662367,"2011-07-03","19:03:00","D255/FE",192,"Duplo","Policemen","6 and up",9.9499999999999993,1,9.9499999999999993,5.17,"Visa","V.W.|880-4523","No","No",47,"No"]
[662408,"2011-07-18","16:54:00","D255/FE",192,"Duplo","Policemen","6 and up",9.9499999999999993,1,9.9499999999999993,5.17,"Check","V.W.|880-4523","No","No",35,"No"]
[662436,"2011-07-20","11:17:20.400","D250/AT",192,"Duplo","Policemen","6 and up",9.9499999999999993,2,19.899999999999999,10.34,"Check","N.W.|880-6237","No","No",36,"No"]
[662462,"2011-07-22","13:50:27.600","D255/FE",192,"Duplo","Policemen","6 and up",9.9499999999999993,1,9.9499999999999993,5.17,"Cash","S.V.|880-5987","No","No",32,"Yes"]
[662467,"2011-07-25","15:39:36","D254/FE",192,"Duplo","Policemen","6 and up",9.9499999999999993,2,19.899999999999999,10.34,"Visa","P.N.|880-3021","Yes","No",25,"No"]
[662496,"2011-07-26","14:05:52.800","L195/AE",195,"Lego","Airplane","8 and up",5.95,1,5.95,3.09,"Mastercard","D.Z.|880-1179","No","No",30,"No"]
[662514,"2011-08-13","12:37:48","L256/PE",256,"Lego","Police Officers and Motorcycle","9 and up",9.9499999999999993,1,9.9499999999999993,4.4800000000000004,"Cash","U.O.|880-3720","Yes","Yes",38,"No"]
[662560,"2011-08-17","11:47:24","D255/FE",192,"Duplo","Policemen","6 and up",9.9499999999999993,4,39.799999999999997,20.68,"Visa","Z.T.|880-7477","No","Yes",49,"No"]
[662571,"2011-08-19","14:42:36","D250/AT",192,"Duplo","Policemen","6 and up",9.9499999999999993,1,9.9499999999999993,5.17,"Mastercard","A.U.|880-2167","No","No",32,"No"]
[662586,"2011-08-19","16:00:00","D250/AT",192,"Duplo","Policemen","6 and up",9.9499999999999993,5,49.75,25.85,"Gift Card","W.B.|880-9647","No","No",51,"Yes"]
[662599,"2011-08-23","14:36:00","D255/FE",192,"Duplo","Policemen","6 and up",9.9499999999999993,1,9.9499999999999993,5.17,"Visa","U.W.|880-9683","No","No",44,"No"]
[662613,"2011-08-23","14:25:01.200","L195/AE",195,"Lego","Airplane","8 and up",5.95,2,11.9,6.18,"Gift Card","N.W.|880-6237","Yes","Yes",18,"No"]
[662613,"2011-08-23","14:25:01.200","D254/FE",192,"Duplo","Policemen","6 and up",9.9499999999999993,1,9.9499999999999993,5.17,"Gift Card","N.W.|880-6237","Yes","Yes",18,"No"]
[662663,"2011-08-25","08:21:36","L195/AE",195,"Lego","Airplane","8 and up",5.95,1,5.95,3.09,"Mastercard","D.U.|880-2953","No","No",43,"No"]
[662663,"2011-08-25","08:21:36","D255/FE",192,"Duplo","Policemen","6 and up",9.9499999999999993,2,19.899999999999999,10.34,"Mastercard","D.U.|880-2953","No","No",43,"No"]
[662693,"2011-08-30","15:29:49.200","L195/AE",195,"Lego","Airplane","8 and up",5.95,5,29.75,15.45,"Visa","D.Z.|880-1179","No","No",27,"No"]
[662695,"2011-09-01","11:31:58.800","L340/FS",340,"Lego","Fire Trucks","6 and up",34.950000000000003,2,69.900000000000006,39.840000000000003,"Visa","N.W.|880-6237","Yes","No",49,"No"]
[662729,"2011-09-03","15:09:36","D255/FE",192,"Duplo","Policemen","6 and up",9.9499999999999993,2,19.899999999999999,10.34,"Gift Card","Z.T.|880-7477","No","No",31,"No"]
[662751,"2011-09-03","10:57:36","L256/PE",256,"Lego","Police Officers and Motorcycle","9 and up",9.9499999999999993,5,49.75,22.4,"Cash","U.W.|880-9683","No","Yes",43,"Yes"]
[662775,"2011-09-12","13:20:38.400","L256/PE",256,"Lego","Police Officers and Motorcycle","9 and up",9.9499999999999993,5,49.75,22.4,"Check","S.Y.|880-3139","No","No",35,"Yes"]
[662824,"2011-09-16","14:01:12","D250/AT",192,"Duplo","Policemen","6 and up",9.9499999999999993,1,9.9499999999999993,5.17,"Cash","W.C.|880-4861","No","No",49,"No"]
[662870,"2011-09-17","11:14:38.400","L195/AE",195,"Lego","Airplane","8 and up",5.95,2,11.9,6.18,"Visa","W.C.|880-4861","No","No",47,"Yes"]
[662870,"2011-09-17","11:14:38.400","L256/PE",256,"Lego","Police Officers and Motorcycle","9 and up",9.9499999999999993,1,9.9499999999999993,4.4800000000000004,"Visa","W.C.|880-4861","No","No",47,"Yes"]
[662883,"2011-09-18","12:06:00","L256/PE",256,"Lego","Police Officers and Motorcycle","9 and up",9.9499999999999993,5,49.75,22.4,"Cash","W.C.|880-4861","No","No",36,"No"]
[662923,"2011-09-18","19:06:36","D250/AT",192,"Duplo","Policemen","6 and up",9.9499999999999993,1,9.9499999999999993,5.17,"Visa","W.C.|880-4861","No","No",34,"No"]
[662964,"2011-09-29","15:36:00","L195/AE",195,"Lego","Airplane","8 and up",5.95,1,5.95,3.09,"Cash","D.U.|880-2953","No","No",40,"Yes"]
[662977,"2011-09-29","15:48:36","L195/AE",195,"Lego","Airplane","8 and up",5.95,1,5.95,3.09,"Mastercard","D.U.|880-2953","Yes","No",44,"No"]
[662993,"2011-10-06","09:22:12","L256/PE",256,"Lego","Police Officers and Motorcycle","9 and up",9.9499999999999993,2,19.899999999999999,8.9600000000000009,"Mastercard","D.U.|880-2953","No","No",33,"Yes"]
[663020,"2011-10-13","15:22:12","L256/PE",256,"Lego","Police Officers and Motorcycle","9 and up",9.9499999999999993,1,9.9499999999999993,4.4800000000000004,"Visa","V.W.|880-8599","Yes","No",44,"Yes"]
[663036,"2011-10-25","16:52:12","D250/AT",192,"Duplo","Policemen","6 and up",9.9499999999999993,2,19.899999999999999,10.34,"Visa","L.C.|880-6872","No","No",22,"No"]
[663053,"2011-10-29","13:27:36","L195/AE",195,"Lego","Airplane","8 and up",5.95,2,11.9,6.18,"Visa","Z.T.|880-7477","No","No",38,"No"]
[663053,"2011-10-29","13:27:36","L195/AE",195,"Lego","Airplane","8 and up",5.95,1,5.95,3.09,"Visa","Z.T.|880-7477","No","No",38,"No"]
[663082,"2011-11-01","16:25:12","D254/FE",192,"Duplo","Policemen","6 and up",9.9499999999999993,2,19.899999999999999,10.34,"Mastercard","B.B.|880-9330","No","No",36,"No"]
[663082,"2011-11-01","16:25:12","D254/FE",192,"Duplo","Policemen","6 and up",9.9499999999999993,1,9.9499999999999993,5.17,"Mastercard","B.B.|880-9330","No","No",36,"No"]
[663115,"2011-11-01","12:15:36","L195/AE",195,"Lego","Airplane","8 and up",5.95,3,17.850000000000001,9.27,"Visa","P.N.|880-3021","Yes","Yes",40,"Yes"]
[663129,"2011-11-01","10:21:00","D198/LX",192,"Duplo","Policemen","6 and up",9.9499999999999993,2,19.899999999999999,10.34,"Discover","P.N.|880-3021","No","Yes",35,"No"]
[663148,"2011-11-01","11:49:48","L195/AE",195,"Lego","Airplane","8 and up",5.95,1,5.95,3.09,"Visa","C.X.|880-3590","No","No",27,"No"]
[663187,"2011-11-01","13:06:10.800","D254/FE",192,"Duplo","Policemen","6 and up",9.9499999999999993,2,19.899999999999999,10.34,"Visa","S.Y.|880-3139","No","No",34,"No"]
[663196,"2011-11-02","15:22:48","L195/AE",195,"Lego","Airplane","8 and up",5.95,4,23.8,12.36,"Gift Card","U.W.|880-9683","No","No",31,"No"]
[663196,"2011-11-02","15:22:48","L195/AE",195,"Lego","Airplane","8 and up",5.95,4,23.8,12.36,"Gift Card","U.W.|880-9683","No","No",31,"No"]
[663229,"2011-11-02","15:28:12","D250/AT",192,"Duplo","Policemen","6 and up",9.9499999999999993,2,19.899999999999999,10.34,"Visa","S.Y.|880-3139","No","No",42,"No"]
[663268,"2011-11-02","16:46:12","D254/FE",192,"Duplo","Policemen","6 and up",9.9499999999999993,3,29.849999999999998,15.51,"Visa","V.W.|880-8599","Yes","No",43,"Yes"]
[663268,"2011-11-02","16:46:12","D255/FE",192,"Duplo","Policemen","6 and up",9.9499999999999993,1,9.9499999999999993,5.17,"Visa","V.W.|880-8599","Yes","No",43,"Yes"]
[663301,"2011-11-02","17:51:00","D250/AT",192,"Duplo","Policemen","6 and up",9.9499999999999993,1,9.9499999999999993,5.17,"Cash","L.W.|880-4986","Yes","No",34,"No"]
[663314,"2011-11-02","08:52:44.400","D255/FE",192,"Duplo","Policemen","6 and up",9.9499999999999993,4,39.799999999999997,20.68,"Discover","Z.T.|880-7477","No","No",33,"No"]
[663314,"2011-11-02","08:52:44.400","D254/FE",192,"Duplo","Policemen","6 and up",9.9499999999999993,1,9.9499999999999993,5.17,"Discover","Z.T.|880-7477","No","No",33,"No"]
[663314,"2011-11-02","08:52:44.400","D254/FE",192,"Duplo","Policemen","6 and up",9.9499999999999993,4,39.799999999999997,20.68,"Discover","Z.T.|880-7477","No","No",33,"No"]
[663351,"2011-11-03","14:49:55.200","D255/FE",192,"Duplo","Policemen","6 and up",9.9499999999999993,1,9.9499999999999993,5.17,"Visa","N.C.|880-3850","No","No",33,"No"]
[663366,"2011-11-03","15:47:13.200","D250/AT",192,"Duplo","Policemen","6 and up",9.9499999999999993,1,9.9499999999999993,5.17,"Cash","Y.P.|880-6894","No","No",39,"Yes"]
[663384,"2011-11-04","09:04:12","D255/FE",192,"Duplo","Policemen","6 and up",9.9499999999999993,1,9.9499999999999993,5.17,"Mastercard","A.U.|880-2167","Yes","No",42,"No"]
[663384,"2011-11-04","09:04:12","L195/AE",195,"Lego","Airplane","8 and up",5.95,1,5.95,3.09,"Mastercard","A.U.|880-2167","Yes","No",42,"No"]
[663425,"2011-11-05","19:01:48","L195/AE",195,"Lego","Airplane","8 and up",5.95,1,5.95,3.09,"Cash","H.B.|880-3254","No","No",32,"No"]
[663455,"2011-11-05","16:04:04.800","D250/AT",192,"Duplo","Policemen","6 and up",9.9499999999999993,1,9.9499999999999993,5.17,"Visa","D.S.|880-7532","No","No",40,"No"]
[663495,"2011-11-05","15:06:36","D218/FN",192,"Duplo","Policemen","6 and up",9.9499999999999993,1,9.9499999999999993,5.17,"Cash","U.W.|880-9683","No","No",30,"No"]
[663506,"2011-11-06","12:39:36","L252/LR",255,"Duplo","Farming Scene","7 and up",24.95,2,49.9,32.44,"Gift Card","B.B.|880-9330","No","No",33,"No"]
[663521,"2011-11-06","15:57:00","L330/GN",330,"Lego","Gas Station","8 and up",32.950000000000003,1,32.950000000000003,19.11,"Cash","V.W.|880-4523","No","No",27,"No"]
[663523,"2011-11-06","16:17:24","D255/FE",192,"Duplo","Policemen","6 and up",9.9499999999999993,1,9.9499999999999993,5.17,"Check","Z.T.|880-7477","No","Yes",45,"No"]
[663523,"2011-11-06","16:17:24","L217/SN",255,"Duplo","Farming Scene","7 and up",24.95,1,24.95,16.22,"Check","Z.T.|880-7477","No","Yes",45,"No"]
[663561,"2011-11-06","12:00:03.600","D255/FE",192,"Duplo","Policemen","6 and up",9.9499999999999993,4,39.799999999999997,20.68,"Cash","L.W.|880-4986","No","No",45,"No"]
[663570,"2011-11-06","10:55:48","L195/AE",195,"Lego","Airplane","8 and up",5.95,1,5.95,3.09,"Mastercard","S.V.|880-5987","No","No",39,"No"]
[663600,"2011-11-06","11:11:06","L196/AR",196,"Lego","Antique Car","8 and up",7.95,2,15.9,8.9,"Mastercard","S.Y.|880-3139","No","No",39,"No"]
[663612,"2011-11-06","14:01:12","L256/PE",256,"Lego","Police Officers and Motorcycle","9 and up",9.9499999999999993,1,9.9499999999999993,4.4800000000000004,"Mastercard","L.W.|880-4986","Yes","No",30,"No"]
[663653,"2011-11-06","16:05:24","L256/PE",256,"Lego","Police Officers and Motorcycle","9 and up",9.9499999999999993,1,9.9499999999999993,4.4800000000000004,"Discover","N.C.|880-3850","No","No",44,"No"]
[663694,"2011-11-06","10:19:48","L195/AE",195,"Lego","Airplane","8 and up",5.95,1,5.95,3.09,"Mastercard","C.X.|880-3590","No","Yes",49,"No"]
[663723,"2011-11-07","12:18:36","D250/AT",192,"Duplo","Policemen","6 and up",9.9499999999999993,2,19.899999999999999,10.34,"Visa","H.B.|880-3254","Yes","No",37,"No"]
[663756,"2011-11-07","17:04:12","L195/AE",195,"Lego","Airplane","8 and up",5.95,1,5.95,3.09,"Cash","P.N.|880-3021","No","No",38,"No"]
[663799,"2011-11-08","12:05:24","D254/FE",192,"Duplo","Policemen","6 and up",9.9499999999999993,2,19.899999999999999,10.34,"Mastercard","N.C.|880-3850","No","No",49,"No"]
[663800,"2011-11-09","09:56:24","D250/AT",192,"Duplo","Policemen","6 and up",9.9499999999999993,1,9.9499999999999993,5.17,"Cash","Y.P.|880-6894","No","No",32,"No"]
[663822,"2011-11-10","12:24:36","L256/PE",256,"Lego","Police Officers and Motorcycle","9 and up",9.9499999999999993,1,9.9499999999999993,4.4800000000000004,"Visa","D.U.|880-2953","No","Yes",34,"No"]
[663854,"2011-11-10","12:25:19.200","D254/FE",192,"Duplo","Policemen","6 and up",9.9499999999999993,2,19.899999999999999,10.34,"Cash","B.B.|880-9330","No","No",48,"No"]
[663889,"2011-11-10","15:59:24","L195/AE",195,"Lego","Airplane","8 and up",5.95,2,11.9,6.18,"Cash","V.W.|880-8599","No","No",43,"No"]
[663919,"2011-11-10","09:55:04.800","D255/FE",192,"Duplo","Policemen","6 and up",9.9499999999999993,1,9.9499999999999993,5.17,"Visa","N.C.|880-3850","No","No",43,"No"]
[663919,"2011-11-10","09:55:04.800","L252/LR",255,"Duplo","Farming Scene","7 and up",24.95,1,24.95,16.22,"Visa","N.C.|880-3850","No","No",43,"No"]
[663951,"2011-11-10","14:20:20.400","L217/SN",255,"Duplo","Farming Scene","7 and up",24.95,1,24.95,16.22,"Visa","Z.T.|880-7477","No","No",41,"No"]
[663971,"2011-11-10","15:26:49.200","D255/FE",192,"Duplo","Policemen","6 and up",9.9499999999999993,1,9.9499999999999993,5.17,"Mastercard","N.W.|880-6237","Yes","No",32,"No"]
[663977,"2011-11-10","08:46:48","D254/FE",192,"Duplo","Policemen","6 and up",9.9499999999999993,1,9.9499999999999993,5.17,"Visa","Z.T.|880-7477","No","Yes",46,"No"]
[664005,"2011-11-11","14:55:19.200","L195/AE",195,"Lego","Airplane","8 and up",5.95,2,11.9,6.18,"Discover","H.B.|880-3254","No","No",30,"No"]
[664006,"2011-11-11","16:44:24","D250/AT",192,"Duplo","Policemen","6 and up",9.9499999999999993,1,9.9499999999999993,5.17,"Mastercard","W.C.|880-4861","No","No",37,"No"]
[664016,"2011-11-12","11:18:57.600","D250/AT",192,"Duplo","Policemen","6 and up",9.9499999999999993,2,19.899999999999999,10.34,"Discover","N.W.|880-6237","No","No",38,"No"]
[664016,"2011-11-12","11:18:57.600","L195/AE",195,"Lego","Airplane","8 and up",5.95,1,5.95,3.09,"Discover","N.W.|880-6237","No","No",38,"No"]
[664047,"2011-11-12","15:06:57.600","D255/FE",192,"Duplo","Policemen","6 and up",9.9499999999999993,1,9.9499999999999993,5.17,"Discover","W.C.|880-4861","No","No",43,"No"]
[664082,"2011-11-12","16:13:48","D199/SR",192,"Duplo","Policemen","6 and up",9.9499999999999993,1,9.9499999999999993,5.17,"Cash","N.C.|880-3850","Yes","No",43,"Yes"]
[664111,"2011-11-12","11:13:22.800","D254/FE",192,"Duplo","Policemen","6 and up",9.9499999999999993,1,9.9499999999999993,5.17,"Cash","N.C.|880-3850","No","No",35,"No"]
[664126,"2011-11-13","13:39:43.200","D254/FE",192,"Duplo","Policemen","6 and up",9.9499999999999993,5,49.75,25.85,"Cash","L.C.|880-6872","No","No",33,"No"]
[664135,"2011-11-13","20:33:00","D254/FE",192,"Duplo","Policemen","6 and up",9.9499999999999993,2,19.899999999999999,10.34,"Check","B.Y.|880-6845","Yes","Yes",48,"No"]
[664158,"2011-11-13","09:10:48","D254/FE",192,"Duplo","Policemen","6 and up",9.9499999999999993,4,39.799999999999997,20.68,"Mastercard","Z.T.|880-7477","No","No",30,"No"]
[664200,"2011-11-14","12:49:12","D254/FE",192,"Duplo","Policemen","6 and up",9.9499999999999993,1,9.9499999999999993,5.17,"Cash","S.V.|880-5987","No","No",60,"No"]
[664203,"2011-11-14","15:40:48","L256/PE",256,"Lego","Police Officers and Motorcycle","9 and up",9.9499999999999993,1,9.9499999999999993,4.4800000000000004,"Mastercard","U.O.|880-3720","No","No",35,"No"]
[664218,"2011-11-14","10:00:36","L256/PE",256,"Lego","Police Officers and Motorcycle","9 and up",9.9499999999999993,1,9.9499999999999993,4.4800000000000004,"Visa","D.S.|880-7532","No","No",30,"Yes"]
[664268,"2011-11-15","09:58:44.400","D250/AT",192,"Duplo","Policemen","6 and up",9.9499999999999993,3,29.849999999999998,15.51,"Visa","S.V.|880-5987","No","Yes",31,"No"]
[664303,"2011-11-15","19:51:36","D254/FE",192,"Duplo","Policemen","6 and up",9.9499999999999993,1,9.9499999999999993,5.17,"Mastercard","S.Y.|880-3139","No","No",31,"Yes"]
[664322,"2011-11-16","08:48:28.800","L256/PE",256,"Lego","Police Officers and Motorcycle","9 and up",9.9499999999999993,1,9.9499999999999993,4.4800000000000004,"Mastercard","L.C.|880-6872","No","No",37,"No"]
[664322,"2011-11-16","08:48:28.800","L194/FY",194,"Lego","Family","4 and up",14.95,4,59.8,33.479999999999997,"Mastercard","L.C.|880-6872","No","No",37,"No"]
[664369,"2011-11-16","15:55:12","D250/AT",192,"Duplo","Policemen","6 and up",9.9499999999999993,2,19.899999999999999,10.34,"Mastercard","D.Z.|880-1179","No","No",32,"No"]
[664388,"2011-11-17","14:50:31.200","D254/FE",192,"Duplo","Policemen","6 and up",9.9499999999999993,1,9.9499999999999993,5.17,"Cash","S.Y.|880-3139","No","No",46,"Yes"]
[664415,"2011-11-17","16:27:57.600","D254/FE",192,"Duplo","Policemen","6 and up",9.9499999999999993,3,29.849999999999998,15.51,"Mastercard","V.W.|880-4523","No","No",66,"No"]
[664436,"2011-11-17","12:12:00","D255/FE",192,"Duplo","Policemen","6 and up",9.9499999999999993,1,9.9499999999999993,5.17,"Visa","W.C.|880-4861","No","No",37,"No"]
[664436,"2011-11-17","12:12:00","L195/AE",195,"Lego","Airplane","8 and up",5.95,1,5.95,3.09,"Visa","W.C.|880-4861","No","No",37,"No"]
[664478,"2011-11-17","13:00:36","L195/AE",195,"Lego","Airplane","8 and up",5.95,1,5.95,3.09,"Cash","S.Y.|880-3139","No","No",29,"No"]
[664520,"2011-11-18","15:58:12","D254/FE",192,"Duplo","Policemen","6 and up",9.9499999999999993,1,9.9499999999999993,5.17,"Visa","N.W.|880-6237","Yes","Yes",29,"Yes"]
[664522,"2011-11-18","12:01:48","L256/PE",256,"Lego","Police Officers and Motorcycle","9 and up",9.9499999999999993,2,19.899999999999999,8.9600000000000009,"Visa","D.W.|880-7199","No","No",46,"No"]
[664571,"2011-11-18","13:46:44.400","D254/FE",192,"Duplo","Policemen","6 and up",9.9499999999999993,1,9.9499999999999993,5.17,"Visa","S.Y.|880-3139","No","No",38,"No"]
[664571,"2011-11-18","13:46:44.400","L256/PE",256,"Lego","Police Officers and Motorcycle","9 and up",9.9499999999999993,1,9.9499999999999993,4.4800000000000004,"Visa","S.Y.|880-3139","No","No",38,"No"]
[664616,"2011-11-19","14:12:36","L195/AE",195,"Lego","Airplane","8 and up",5.95,4,23.8,12.36,"Cash","V.W.|880-8599","Yes","Yes",21,"No"]
[664616,"2011-11-19","14:12:36","D255/FE",192,"Duplo","Policemen","6 and up",9.9499999999999993,3,29.849999999999998,15.51,"Cash","V.W.|880-8599","Yes","Yes",21,"No"]
[664616,"2011-11-19","14:12:36","D250/AT",192,"Duplo","Policemen","6 and up",9.9499999999999993,1,9.9499999999999993,5.17,"Cash","V.W.|880-8599","Yes","Yes",21,"No"]
[664659,"2011-11-20","20:44:24","D254/FE",192,"Duplo","Policemen","6 and up",9.9499999999999993,1,9.9499999999999993,5.17,"Mastercard","C.X.|880-3590","No","Yes",28,"No"]
[664659,"2011-11-20","20:44:24","D250/AT",192,"Duplo","Policemen","6 and up",9.9499999999999993,1,9.9499999999999993,5.17,"Mastercard","C.X.|880-3590","No","Yes",28,"No"]
[664707,"2011-11-21","15:26:24","L256/PE",256,"Lego","Police Officers and Motorcycle","9 and up",9.9499999999999993,2,19.899999999999999,8.9600000000000009,"Discover","U.W.|880-9683","No","No",21,"No"]
[664731,"2011-11-21","12:49:12","L194/FY",194,"Lego","Family","4 and up",14.95,1,14.95,8.3699999999999992,"Visa","L.C.|880-6872","No","Yes",25,"No"]
[664741,"2011-11-21","16:49:12","L256/PE",256,"Lego","Police Officers and Motorcycle","9 and up",9.9499999999999993,2,19.899999999999999,8.9600000000000009,"Discover","S.Y.|880-3139","No","No",50,"No"]
[664756,"2011-11-21","18:16:12","D198/LX",192,"Duplo","Policemen","6 and up",9.9499999999999993,1,9.9499999999999993,5.17,"Mastercard","L.C.|880-6872","No","No",49,"No"]
[664782,"2011-11-21","11:51:46.800","D254/FE",192,"Duplo","Policemen","6 and up",9.9499999999999993,3,29.849999999999998,15.51,"Discover","C.X.|880-3590","No","No",66,"No"]
[664782,"2011-11-21","11:51:46.800","L256/PE",256,"Lego","Police Officers and Motorcycle","9 and up",9.9499999999999993,1,9.9499999999999993,4.4800000000000004,"Discover","C.X.|880-3590","No","No",66,"No"]
[664787,"2011-11-22","11:55:37.200","D254/FE",192,"Duplo","Policemen","6 and up",9.9499999999999993,4,39.799999999999997,20.68,"Visa","P.N.|880-3021","No","Yes",50,"No"]
[664789,"2011-11-22","14:01:12","D250/AT",192,"Duplo","Policemen","6 and up",9.9499999999999993,1,9.9499999999999993,5.17,"Mastercard","B.B.|880-9330","Yes","No",45,"No"]
[664789,"2011-11-22","14:01:12","D254/FE",192,"Duplo","Policemen","6 and up",9.9499999999999993,1,9.9499999999999993,5.17,"Mastercard","B.B.|880-9330","Yes","No",45,"No"]
[664807,"2011-11-22","17:46:12","L195/AE",195,"Lego","Airplane","8 and up",5.95,2,11.9,6.18,"Cash","D.Z.|880-1179","No","No",50,"Yes"]
[664856,"2011-11-22","09:18:00","L197/FS",199,"Duplo","Scooter","4 and up",4.95,2,9.9,5.04,"Cash","D.W.|880-7199","No","No",39,"Yes"]
[664884,"2011-11-22","11:17:56.400","D198/LX",192,"Duplo","Policemen","6 and up",9.9499999999999993,2,19.899999999999999,10.34,"Mastercard","U.W.|880-9683","No","No",28,"No"]
[664898,"2011-11-22","10:15:36","L195/AE",195,"Lego","Airplane","8 and up",5.95,1,5.95,3.09,"Visa","A.U.|880-2167","No","No",26,"Yes"]
[664948,"2011-11-22","16:14:24","L256/PE",256,"Lego","Police Officers and Motorcycle","9 and up",9.9499999999999993,2,19.899999999999999,8.9600000000000009,"Cash","D.W.|880-7199","No","No",37,"Yes"]
[664948,"2011-11-22","16:14:24","L256/PE",256,"Lego","Police Officers and Motorcycle","9 and up",9.9499999999999993,1,9.9499999999999993,4.4800000000000004,"Cash","D.W.|880-7199","No","No",37,"Yes"]
[664958,"2011-11-22","12:47:42","L256/PE",256,"Lego","Police Officers and Motorcycle","9 and up",9.9499999999999993,4,39.799999999999997,17.920000000000002,"Cash","B.X.|880-9149","No","No",37,"No"]
[664989,"2011-11-22","13:02:24","D192/PN",192,"Duplo","Policemen","6 and up",9.9499999999999993,2,19.899999999999999,10.34,"Check","W.C.|880-4861","No","No",27,"No"]
[664989,"2011-11-22","13:02:24","D250/AT",192,"Duplo","Policemen","6 and up",9.9499999999999993,1,9.9499999999999993,5.17,"Check","W.C.|880-4861","No","No",27,"No"]
[665036,"2011-11-23","15:52:48","D254/FE",192,"Duplo","Policemen","6 and up",9.9499999999999993,1,9.9499999999999993,5.17,"Visa","B.Y.|880-6845","No","Yes",34,"No"]
[665052,"2011-11-23","10:32:24","D255/FE",192,"Duplo","Policemen","6 and up",9.9499999999999993,2,19.899999999999999,10.34,"Mastercard","V.W.|880-4523","Yes","No",33,"No"]
[665100,"2011-11-23","15:52:48","L256/PE",256,"Lego","Police Officers and Motorcycle","9 and up",9.9499999999999993,2,19.899999999999999,8.9600000000000009,"Visa","U.O.|880-3720","No","No",11,"No"]
[665111,"2011-11-23","12:53:24","D250/AT",192,"Duplo","Policemen","6 and up",9.9499999999999993,1,9.9499999999999993,5.17,"Discover","D.Z.|880-1179","Yes","Yes",36,"Yes"]
[665119,"2011-11-24","19:00:00","L195/AE",195,"Lego","Airplane","8 and up",5.95,1,5.95,3.09,"Cash","N.C.|880-3850","Yes","Yes",35,"No"]
[665119,"2011-11-24","19:00:00","D255/FE",192,"Duplo","Policemen","6 and up",9.9499999999999993,2,19.899999999999999,10.34,"Cash","N.C.|880-3850","Yes","Yes",35,"No"]
[665161,"2011-11-24","14:38:24","D255/FE",192,"Duplo","Policemen","6 and up",9.9499999999999993,2,19.899999999999999,10.34,"Check","P.N.|880-3021","Yes","Yes",72,"No"]
[665186,"2011-11-25","13:14:24","L197/FS",199,"Duplo","Scooter","4 and up",4.95,2,9.9,5.04,"Visa","Z.T.|880-7477","No","No",46,"Yes"]
[665213,"2011-11-25","11:33:54","L195/AE",195,"Lego","Airplane","8 and up",5.95,1,5.95,3.09,"Discover","W.B.|880-9647","No","No",43,"No"]
[665255,"2011-11-26","16:23:24","L256/PE",256,"Lego","Police Officers and Motorcycle","9 and up",9.9499999999999993,2,19.899999999999999,8.9600000000000009,"Visa","V.W.|880-4523","Yes","No",31,"No"]
[665264,"2011-11-26","14:11:24","D250/AT",192,"Duplo","Policemen","6 and up",9.9499999999999993,2,19.899999999999999,10.34,"Mastercard","P.N.|880-3021","No","No",35,"No"]
[665295,"2011-11-26","14:12:07.200","D250/AT",192,"Duplo","Policemen","6 and up",9.9499999999999993,1,9.9499999999999993,5.17,"Check","D.U.|880-2953","No","No",38,"No"]
[665337,"2011-11-26","12:58:04.800","L195/AE",195,"Lego","Airplane","8 and up",5.95,2,11.9,6.18,"Discover","U.W.|880-9683","No","Yes",30,"Yes"]
[665337,"2011-11-26","12:58:04.800","L195/AE",195,"Lego","Airplane","8 and up",5.95,5,29.75,15.45,"Discover","U.W.|880-9683","No","Yes",30,"Yes"]
[665367,"2011-11-27","15:14:38.400","L256/PE",256,"Lego","Police Officers and Motorcycle","9 and up",9.9499999999999993,1,9.9499999999999993,4.4800000000000004,"Check","N.C.|880-3850","No","No",31,"No"]
[665367,"2011-11-27","15:14:38.400","L197/FS",199,"Duplo","Scooter","4 and up",4.95,4,19.8,10.08,"Check","N.C.|880-3850","No","No",31,"No"]
[665379,"2011-11-27","09:33:54","D254/FE",192,"Duplo","Policemen","6 and up",9.9499999999999993,1,9.9499999999999993,5.17,"Cash","P.N.|880-3021","No","No",44,"No"]
[665405,"2011-11-28","16:58:26.400","L256/PE",256,"Lego","Police Officers and Motorcycle","9 and up",9.9499999999999993,1,9.9499999999999993,4.4800000000000004,"Visa","Z.T.|880-7477","No","No",37,"No"]
[665409,"2011-11-28","15:24:00","D254/FE",192,"Duplo","Policemen","6 and up",9.9499999999999993,1,9.9499999999999993,5.17,"Visa","A.U.|880-2167","No","No",33,"No"]
[665449,"2011-11-28","11:48:03.600","D250/AT",192,"Duplo","Policemen","6 and up",9.9499999999999993,1,9.9499999999999993,5.17,"Mastercard","U.W.|880-9683","No","No",43,"No"]
[665449,"2011-11-28","11:48:03.600","L217/SN",255,"Duplo","Farming Scene","7 and up",24.95,2,49.9,32.44,"Mastercard","U.W.|880-9683","No","No",43,"No"]
[665488,"2011-11-28","14:26:45.600","L195/AE",195,"Lego","Airplane","8 and up",5.95,1,5.95,3.09,"Mastercard","A.U.|880-2167","Yes","No",43,"Yes"]
[665519,"2011-11-28","16:07:12","L256/PE",256,"Lego","Police Officers and Motorcycle","9 and up",9.9499999999999993,1,9.9499999999999993,4.4800000000000004,"Cash","S.V.|880-5987","No","No",38,"No"]
[665520,"2011-11-29","20:40:48","L256/PE",256,"Lego","Police Officers and Motorcycle","9 and up",9.9499999999999993,4,39.799999999999997,17.920000000000002,"Visa","U.W.|880-9683","No","No",69,"Yes"]
[665569,"2011-11-29","15:54:36","D250/AT",192,"Duplo","Policemen","6 and up",9.9499999999999993,4,39.799999999999997,20.68,"Gift Card","S.V.|880-5987","No","No",40,"Yes"]
[665605,"2011-11-29","10:00:50.400","L195/AE",195,"Lego","Airplane","8 and up",5.95,4,23.8,12.36,"Check","Z.T.|880-7477","No","No",40,"Yes"]
[665621,"2011-11-29","13:23:34.800","D254/FE",192,"Duplo","Policemen","6 and up",9.9499999999999993,2,19.899999999999999,10.34,"Cash","U.O.|880-3720","No","No",34,"Yes"]
[665647,"2011-11-29","16:55:33.600","L195/AE",195,"Lego","Airplane","8 and up",5.95,1,5.95,3.09,"Visa","V.W.|880-8599","No","No",27,"No"]
[665658,"2011-11-29","11:40:04.800","L256/PE",256,"Lego","Police Officers and Motorcycle","9 and up",9.9499999999999993,4,39.799999999999997,17.920000000000002,"Mastercard","Y.P.|880-6894","No","No",36,"Yes"]
[665658,"2011-11-29","11:40:04.800","D254/FE",192,"Duplo","Policemen","6 and up",9.9499999999999993,1,9.9499999999999993,5.17,"Mastercard","Y.P.|880-6894","No","No",36,"Yes"]
[665663,"2011-11-29","20:09:00","L217/SN",255,"Duplo","Farming Scene","7 and up",24.95,1,24.95,16.22,"Visa","D.U.|880-2953","No","No",40,"No"]
[665711,"2011-11-29","13:22:58.800","D255/FE",192,"Duplo","Policemen","6 and up",9.9499999999999993,1,9.9499999999999993,5.17,"Cash","D.U.|880-2953","No","No",32,"No"]
[665724,"2011-11-30","11:36:00","D255/FE",192,"Duplo","Policemen","6 and up",9.9499999999999993,1,9.9499999999999993,5.17,"Visa","Z.Q.|880-4240","Yes","Yes",20,"No"]
[665727,"2011-11-30","11:07:12","D254/FE",192,"Duplo","Policemen","6 and up",9.9499999999999993,1,9.9499999999999993,5.17,"Mastercard","D.U.|880-2953","No","No",27,"No"]
[665727,"2011-11-30","11:07:12","D255/FE",192,"Duplo","Policemen","6 and up",9.9499999999999993,1,9.9499999999999993,5.17,"Mastercard","D.U.|880-2953","No","No",27,"No"]
[665727,"2011-11-30","11:07:12","D255/FE",192,"Duplo","Policemen","6 and up",9.9499999999999993,1,9.9499999999999993,5.17,"Mastercard","D.U.|880-2953","No","No",27,"No"]
[665765,"2011-12-01","09:33:21.600","L195/AE",195,"Lego","Airplane","8 and up",5.95,2,11.9,6.18,"Visa","U.O.|880-3720","No","No",36,"Yes"]
[665815,"2011-12-01","11:19:37.200","D199/SR",192,"Duplo","Policemen","6 and up",9.9499999999999993,1,9.9499999999999993,5.17,"Mastercard","V.W.|880-8599","No","No",61,"No"]
[665815,"2011-12-01","11:19:37.200","L195/AE",195,"Lego","Airplane","8 and up",5.95,4,23.8,12.36,"Mastercard","V.W.|880-8599","No","No",61,"No"]
[665840,"2011-12-01","15:49:12","L195/AE",195,"Lego","Airplane","8 and up",5.95,1,5.95,3.09,"Discover","A.U.|880-2167","No","No",30,"No"]
[665840,"2011-12-01","15:49:12","D218/FN",192,"Duplo","Policemen","6 and up",9.9499999999999993,2,19.899999999999999,10.34,"Discover","A.U.|880-2167","No","No",30,"No"]
[665857,"2011-12-01","11:08:49.200","D255/FE",192,"Duplo","Policemen","6 and up",9.9499999999999993,1,9.9499999999999993,5.17,"Cash","B.X.|880-9149","Yes","No",20,"No"]
[665902,"2011-12-01","13:06:28.800","D255/FE",192,"Duplo","Policemen","6 and up",9.9499999999999993,2,19.899999999999999,10.34,"Cash","S.Y.|880-3139","No","No",32,"No"]
[665932,"2011-12-02","13:07:12","L252/LR",255,"Duplo","Farming Scene","7 and up",24.95,1,24.95,16.22,"Visa","B.B.|880-9330","No","No",37,"No"]
[665961,"2011-12-02","12:33:00","D254/FE",192,"Duplo","Policemen","6 and up",9.9499999999999993,2,19.899999999999999,10.34,"Visa","B.B.|880-9330","No","Yes",43,"No"]
[665977,"2011-12-02","13:17:24","D198/LX",192,"Duplo","Policemen","6 and up",9.9499999999999993,1,9.9499999999999993,5.17,"Visa","D.U.|880-2953","No","No",37,"No"]
[666002,"2011-12-03","13:59:24","D254/FE",192,"Duplo","Policemen","6 and up",9.9499999999999993,1,9.9499999999999993,5.17,"Visa","D.W.|880-7199","Yes","Yes",36,"No"]
[666047,"2011-12-03","10:55:33.600","L256/PE",256,"Lego","Police Officers and Motorcycle","9 and up",9.9499999999999993,1,9.9499999999999993,4.4800000000000004,"Cash","D.W.|880-7199","No","No",16,"No"]
[666086,"2011-12-03","16:54:00","L195/AE",195,"Lego","Airplane","8 and up",5.95,1,5.95,3.09,"Cash","W.B.|880-9647","No","No",53,"No"]
[666094,"2011-12-03","13:42:00","L195/AE",195,"Lego","Airplane","8 and up",5.95,4,23.8,12.36,"Mastercard","B.B.|880-9330","No","No",32,"Yes"]
[666100,"2011-12-03","15:39:36","L194/FY",194,"Lego","Family","4 and up",14.95,2,29.9,16.739999999999998,"Cash","H.B.|880-3254","No","No",38,"No"]
[666110,"2011-12-03","10:28:48","D250/AT",192,"Duplo","Policemen","6 and up",9.9499999999999993,2,19.899999999999999,10.34,"Gift Card","N.C.|880-3850","No","Yes",34,"No"]
[666116,"2011-12-03","13:44:02.400","L195/AE",195,"Lego","Airplane","8 and up",5.95,3,17.850000000000001,9.27,"Discover","P.N.|880-3021","No","No",47,"Yes"]
[666137,"2011-12-04","13:08:24","D255/FE",192,"Duplo","Policemen","6 and up",9.9499999999999993,1,9.9499999999999993,5.17,"Mastercard","U.O.|880-3720","No","No",36,"No"]
[666187,"2011-12-04","13:56:45.600","D254/FE",192,"Duplo","Policemen","6 and up",9.9499999999999993,3,29.849999999999998,15.51,"Visa","H.B.|880-3254","No","No",36,"No"]
[666187,"2011-12-04","13:56:45.600","D254/FE",192,"Duplo","Policemen","6 and up",9.9499999999999993,1,9.9499999999999993,5.17,"Visa","H.B.|880-3254","No","No",36,"No"]
[666232,"2011-12-04","17:35:24","D250/AT",192,"Duplo","Policemen","6 and up",9.9499999999999993,4,39.799999999999997,20.68,"Mastercard","D.Z.|880-1179","No","No",27,"No"]
[666232,"2011-12-04","17:35:24","L195/AE",195,"Lego","Airplane","8 and up",5.95,3,17.850000000000001,9.27,"Mastercard","D.Z.|880-1179","No","No",27,"No"]
[666232,"2011-12-04","17:35:24","D250/AT",192,"Duplo","Policemen","6 and up",9.9499999999999993,1,9.9499999999999993,5.17,"Mastercard","D.Z.|880-1179","No","No",27,"No"]
[666245,"2011-12-04","15:30:00","D250/AT",192,"Duplo","Policemen","6 and up",9.9499999999999993,2,19.899999999999999,10.34,"Discover","A.U.|880-2167","No","No",26,"No"]
[666294,"2011-12-05","20:54:00","L252/LR",255,"Duplo","Farming Scene","7 and up",24.95,4,99.8,64.88,"Mastercard","Y.P.|880-6894","No","No",39,"No"]
[666344,"2011-12-05","14:33:00","L195/AE",195,"Lego","Airplane","8 and up",5.95,1,5.95,3.09,"Cash","U.W.|880-9683","No","No",35,"Yes"]
[666381,"2011-12-06","12:06:00","D255/FE",192,"Duplo","Policemen","6 and up",9.9499999999999993,3,29.849999999999998,15.51,"Check","P.N.|880-3021","No","No",43,"No"]
[666418,"2011-12-06","14:03:36","L330/GN",330,"Lego","Gas Station","8 and up",32.950000000000003,1,32.950000000000003,19.11,"Cash","Z.T.|880-7477","No","No",36,"Yes"]
[666436,"2011-12-06","20:37:48","D254/FE",192,"Duplo","Policemen","6 and up",9.9499999999999993,1,9.9499999999999993,5.17,"Visa","N.W.|880-6237","Yes","No",31,"No"]
[666474,"2011-12-06","13:45:00","D250/AT",192,"Duplo","Policemen","6 and up",9.9499999999999993,1,9.9499999999999993,5.17,"Gift Card","D.W.|880-7199","No","No",37,"No"]
[666486,"2011-12-06","11:10:12","D255/FE",192,"Duplo","Policemen","6 and up",9.9499999999999993,2,19.899999999999999,10.34,"Mastercard","B.X.|880-9149","No","No",44,"No"]
[666486,"2011-12-06","11:10:12","D254/FE",192,"Duplo","Policemen","6 and up",9.9499999999999993,1,9.9499999999999993,5.17,"Mastercard","B.X.|880-9149","No","No",44,"No"]
[666514,"2011-12-07","20:36:00","D250/AT",192,"Duplo","Policemen","6 and up",9.9499999999999993,1,9.9499999999999993,5.17,"Mastercard","D.Z.|880-1179","No","No",31,"No"]
[666514,"2011-12-07","20:36:00","L256/PE",256,"Lego","Police Officers and Motorcycle","9 and up",9.9499999999999993,1,9.9499999999999993,4.4800000000000004,"Mastercard","D.Z.|880-1179","No","No",31,"No"]
[666514,"2011-12-07","20:36:00","D254/FE",192,"Duplo","Policemen","6 and up",9.9499999999999993,1,9.9499999999999993,5.17,"Mastercard","D.Z.|880-1179","No","No",31,"No"]
[666559,"2011-12-07","16:42:00","D255/FE",192,"Duplo","Policemen","6 and up",9.9499999999999993,2,19.899999999999999,10.34,"Visa","N.C.|880-3850","No","Yes",31,"No"]
[666599,"2011-12-07","11:42:36","D255/FE",192,"Duplo","Policemen","6 and up",9.9499999999999993,2,19.899999999999999,10.34,"Discover","H.B.|880-3254","No","No",25,"Yes"]
[666599,"2011-12-07","11:42:36","D250/AT",192,"Duplo","Policemen","6 and up",9.9499999999999993,4,39.799999999999997,20.68,"Discover","H.B.|880-3254","No","No",25,"Yes"]
[666623,"2011-12-07","16:54:03.600","L195/AE",195,"Lego","Airplane","8 and up",5.95,4,23.8,12.36,"Visa","B.B.|880-9330","No","No",45,"No"]
[666623,"2011-12-07","16:54:03.600","L256/PE",256,"Lego","Police Officers and Motorcycle","9 and up",9.9499999999999993,1,9.9499999999999993,4.4800000000000004,"Visa","B.B.|880-9330","No","No",45,"No"]
[666628,"2011-12-08","16:04:48","L256/PE",256,"Lego","Police Officers and Motorcycle","9 and up",9.9499999999999993,4,39.799999999999997,17.920000000000002,"Visa","S.Y.|880-3139","No","No",35,"No"]
[666647,"2011-12-08","15:10:55.200","D255/FE",192,"Duplo","Policemen","6 and up",9.9499999999999993,1,9.9499999999999993,5.17,"Mastercard","S.Y.|880-3139","No","No",32,"No"]
[666657,"2011-12-09","12:22:48","D254/FE",192,"Duplo","Policemen","6 and up",9.9499999999999993,1,9.9499999999999993,5.17,"Discover","N.W.|880-6237","No","No",50,"No"]
[666662,"2011-12-09","13:11:52.800","D255/FE",192,"Duplo","Policemen","6 and up",9.9499999999999993,3,29.849999999999998,15.51,"Cash","D.U.|880-2953","No","No",25,"No"]
[666678,"2011-12-09","13:08:24","L256/PE",256,"Lego","Police Officers and Motorcycle","9 and up",9.9499999999999993,1,9.9499999999999993,4.4800000000000004,"Visa","S.V.|880-5987","No","No",38,"No"]
[666721,"2011-12-09","16:41:45.600","D250/AT",192,"Duplo","Policemen","6 and up",9.9499999999999993,2,19.899999999999999,10.34,"Mastercard","W.C.|880-4861","No","No",28,"Yes"]
[666727,"2011-12-09","10:51:00","L256/PE",256,"Lego","Police Officers and Motorcycle","9 and up",9.9499999999999993,1,9.9499999999999993,4.4800000000000004,"Mastercard","H.B.|880-3254","No","Yes",43,"No"]
[666749,"2011-12-10","14:46:48","D255/FE",192,"Duplo","Policemen","6 and up",9.9499999999999993,1,9.9499999999999993,5.17,"Discover","A.U.|880-2167","No","No",50,"No"]
[666798,"2011-12-10","19:34:12","L197/FS",199,"Duplo","Scooter","4 and up",4.95,4,19.8,10.08,"Visa","W.C.|880-4861","No","No",24,"No"]
[666814,"2011-12-10","18:25:48","D199/SR",192,"Duplo","Policemen","6 and up",9.9499999999999993,4,39.799999999999997,20.68,"Gift Card","W.B.|880-9647","No","Yes",46,"Yes"]
[666844,"2011-12-10","12:04:08.400","D254/FE",192,"Duplo","Policemen","6 and up",9.9499999999999993,1,9.9499999999999993,5.17,"Visa","V.W.|880-8599","No","No",30,"No"]
[666888,"2011-12-10","18:46:48","D254/FE",192,"Duplo","Policemen","6 and up",9.9499999999999993,1,9.9499999999999993,5.17,"Cash","B.Y.|880-6845","No","No",43,"No"]
[666918,"2011-12-11","15:00:00","L195/AE",195,"Lego","Airplane","8 and up",5.95,5,29.75,15.45,"Visa","B.X.|880-9149","No","No",50,"No"]
[666948,"2011-12-11","10:49:12","L195/AE",195,"Lego","Airplane","8 and up",5.95,2,11.9,6.18,"Visa","Z.T.|880-7477","No","Yes",32,"No"]
[666976,"2011-12-11","13:13:12","D255/FE",192,"Duplo","Policemen","6 and up",9.9499999999999993,1,9.9499999999999993,5.17,"Visa","N.C.|880-3850","No","Yes",47,"No"]
[667021,"2011-12-12","11:02:24","L217/SN",255,"Duplo","Farming Scene","7 and up",24.95,4,99.8,64.88,"Cash","B.X.|880-9149","No","No",32,"Yes"]
[667056,"2011-12-13","16:13:12","D254/FE",192,"Duplo","Policemen","6 and up",9.9499999999999993,1,9.9499999999999993,5.17,"Visa","Z.T.|880-7477","No","No",36,"No"]
[667092,"2011-12-13","10:48:00","L194/FY",194,"Lego","Family","4 and up",14.95,1,14.95,8.3699999999999992,"Gift Card","V.W.|880-8599","Yes","Yes",43,"No"]
[667113,"2011-12-13","14:23:24","D254/FE",192,"Duplo","Policemen","6 and up",9.9499999999999993,2,19.899999999999999,10.34,"Visa","L.C.|880-6872","No","No",67,"No"]
[667122,"2011-12-13","16:53:38.400","L256/PE",256,"Lego","Police Officers and Motorcycle","9 and up",9.9499999999999993,1,9.9499999999999993,4.4800000000000004,"Mastercard","Y.P.|880-6894","No","No",41,"No"]
[667149,"2011-12-14","14:16:40.800","D254/FE",192,"Duplo","Policemen","6 and up",9.9499999999999993,1,9.9499999999999993,5.17,"Discover","B.X.|880-9149","No","No",41,"No"]
[667195,"2011-12-14","15:52:12","D254/FE",192,"Duplo","Policemen","6 and up",9.9499999999999993,2,19.899999999999999,10.34,"Visa","S.V.|880-5987","Yes","No",29,"No"]
[667195,"2011-12-14","15:52:12","L256/PE",256,"Lego","Police Officers and Motorcycle","9 and up",9.9499999999999993,2,19.899999999999999,8.9600000000000009,"Visa","S.V.|880-5987","Yes","No",29,"No"]
[667235,"2011-12-14","15:00:00","D250/AT",192,"Duplo","Policemen","6 and up",9.9499999999999993,2,19.899999999999999,10.34,"Visa","B.Y.|880-6845","Yes","No",35,"No"]
[667284,"2011-12-14","12:23:24","D255/FE",192,"Duplo","Policemen","6 and up",9.9499999999999993,1,9.9499999999999993,5.17,"Cash","L.W.|880-4986","No","No",33,"No"]
[667284,"2011-12-14","12:23:24","D255/FE",192,"Duplo","Policemen","6 and up",9.9499999999999993,5,49.75,25.85,"Cash","L.W.|880-4986","No","No",33,"No"]
[667323,"2011-12-14","13:06:00","D255/FE",192,"Duplo","Policemen","6 and up",9.9499999999999993,1,9.9499999999999993,5.17,"Cash","V.W.|880-8599","No","No",30,"Yes"]
[667323,"2011-12-14","13:06:00","D255/FE",192,"Duplo","Policemen","6 and up",9.9499999999999993,2,19.899999999999999,10.34,"Cash","V.W.|880-8599","No","No",30,"Yes"]
[667372,"2011-12-15","14:01:26.400","D250/AT",192,"Duplo","Policemen","6 and up",9.9499999999999993,2,19.899999999999999,10.34,"Visa","W.B.|880-9647","No","No",42,"No"]
[667387,"2011-12-15","18:57:36","D250/AT",192,"Duplo","Policemen","6 and up",9.9499999999999993,1,9.9499999999999993,5.17,"Discover","Z.T.|880-7477","Yes","No",29,"No"]
[667425,"2011-12-16","10:55:12","D250/AT",192,"Duplo","Policemen","6 and up",9.9499999999999993,1,9.9499999999999993,5.17,"Cash","W.C.|880-4861","No","No",40,"No"]
[667462,"2011-12-16","16:09:00","D254/FE",192,"Duplo","Policemen","6 and up",9.9499999999999993,1,9.9499999999999993,5.17,"Gift Card","V.W.|880-4523","No","No",31,"No"]
[667462,"2011-12-16","16:09:00","D250/AT",192,"Duplo","Policemen","6 and up",9.9499999999999993,1,9.9499999999999993,5.17,"Gift Card","V.W.|880-4523","No","No",31,"No"]
[667483,"2011-12-16","18:38:24","D254/FE",192,"Duplo","Policemen","6 and up",9.9499999999999993,2,19.899999999999999,10.34,"Mastercard","S.Y.|880-3139","No","No",36,"Yes"]
[667502,"2011-12-16","10:45:00","D255/FE",192,"Duplo","Policemen","6 and up",9.9499999999999993,1,9.9499999999999993,5.17,"Mastercard","H.B.|880-3254","No","No",30,"No"]
[667541,"2011-12-17","12:57:46.800","D254/FE",192,"Duplo","Policemen","6 and up",9.9499999999999993,3,29.849999999999998,15.51,"Visa","B.Y.|880-6845","No","No",57,"No"]
[667545,"2011-12-17","16:41:09.600","D255/FE",192,"Duplo","Policemen","6 and up",9.9499999999999993,1,9.9499999999999993,5.17,"Cash","N.W.|880-6237","No","No",19,"No"]
[667580,"2011-12-17","15:53:24","L195/AE",195,"Lego","Airplane","8 and up",5.95,1,5.95,3.09,"Discover","W.C.|880-4861","No","No",31,"No"]
[667628,"2011-12-17","16:18:39.600","L195/AE",195,"Lego","Airplane","8 and up",5.95,1,5.95,3.09,"Cash","N.C.|880-3850","No","No",31,"No"]
[667629,"2011-12-17","16:30:00","D255/FE",192,"Duplo","Policemen","6 and up",9.9499999999999993,1,9.9499999999999993,5.17,"Visa","Y.P.|880-6894","No","No",17,"No"]
[667629,"2011-12-17","16:30:00","L195/AE",195,"Lego","Airplane","8 and up",5.95,2,11.9,6.18,"Visa","Y.P.|880-6894","No","No",17,"No"]
[667654,"2011-12-18","11:51:36","L256/PE",256,"Lego","Police Officers and Motorcycle","9 and up",9.9499999999999993,2,19.899999999999999,8.9600000000000009,"Mastercard","L.C.|880-6872","No","No",51,"No"]
[667661,"2011-12-18","13:43:48","D255/FE",192,"Duplo","Policemen","6 and up",9.9499999999999993,1,9.9499999999999993,5.17,"Mastercard","B.X.|880-9149","Yes","No",38,"No"]
[667700,"2011-12-18","14:15:36","L197/FS",199,"Duplo","Scooter","4 and up",4.95,1,4.95,2.52,"Visa","U.W.|880-9683","No","No",27,"No"]
[667706,"2011-12-18","10:39:28.800","L256/PE",256,"Lego","Police Officers and Motorcycle","9 and up",9.9499999999999993,1,9.9499999999999993,4.4800000000000004,"Cash","P.N.|880-3021","No","No",32,"Yes"]
[667706,"2011-12-18","10:39:28.800","L210/CS",210,"Lego","Cowboys with Horses","6 and up",9.4499999999999993,2,18.899999999999999,9.26,"Cash","P.N.|880-3021","No","No",32,"Yes"]
[667727,"2011-12-19","13:39:50.400","D250/AT",192,"Duplo","Policemen","6 and up",9.9499999999999993,4,39.799999999999997,20.68,"Mastercard","B.Y.|880-6845","Yes","No",27,"No"]
[667750,"2011-12-19","15:38:24","L256/PE",256,"Lego","Police Officers and Motorcycle","9 and up",9.9499999999999993,5,49.75,22.4,"Gift Card","D.Z.|880-1179","No","No",43,"No"]
[667750,"2011-12-19","15:38:24","L256/PE",256,"Lego","Police Officers and Motorcycle","9 and up",9.9499999999999993,1,9.9499999999999993,4.4800000000000004,"Gift Card","D.Z.|880-1179","No","No",43,"No"]
[667750,"2011-12-19","15:38:24","L195/AE",195,"Lego","Airplane","8 and up",5.95,2,11.9,6.18,"Gift Card","D.Z.|880-1179","No","No",43,"No"]
[667798,"2011-12-19","10:10:48","D250/AT",192,"Duplo","Policemen","6 and up",9.9499999999999993,4,39.799999999999997,20.68,"Mastercard","N.C.|880-3850","No","No",31,"No"]
[667798,"2011-12-19","10:10:48","L256/PE",256,"Lego","Police Officers and Motorcycle","9 and up",9.9499999999999993,1,9.9499999999999993,4.4800000000000004,"Mastercard","N.C.|880-3850","No","No",31,"No"]
[667828,"2011-12-19","14:16:04.800","L212/SD",212,"Lego","Scooter and Stand","6 and up",4.95,2,9.9,4.46,"Check","H.B.|880-3254","No","No",38,"No"]
[667828,"2011-12-19","14:16:04.800","D255/FE",192,"Duplo","Policemen","6 and up",9.9499999999999993,2,19.899999999999999,10.34,"Check","H.B.|880-3254","No","No",38,"No"]
[667840,"2011-12-21","13:28:40.800","D254/FE",192,"Duplo","Policemen","6 and up",9.9499999999999993,3,29.849999999999998,15.51,"Visa","S.V.|880-5987","No","No",73,"No"]
[667840,"2011-12-21","13:28:40.800","D250/AT",192,"Duplo","Policemen","6 and up",9.9499999999999993,1,9.9499999999999993,5.17,"Visa","S.V.|880-5987","No","No",73,"No"]
[667857,"2011-12-21","15:18:28.800","D254/FE",192,"Duplo","Policemen","6 and up",9.9499999999999993,1,9.9499999999999993,5.17,"Visa","Z.T.|880-7477","No","No",44,"No"]
[667861,"2011-12-21","13:17:02.400","D250/AT",192,"Duplo","Policemen","6 and up",9.9499999999999993,1,9.9499999999999993,5.17,"Mastercard","D.U.|880-2953","No","No",6,"No"]
[667871,"2011-12-21","15:08:24","L252/LR",255,"Duplo","Farming Scene","7 and up",24.95,2,49.9,32.44,"Check","L.C.|880-6872","Yes","No",33,"No"]
[667895,"2011-12-21","15:59:27.600","L256/PE",256,"Lego","Police Officers and Motorcycle","9 and up",9.9499999999999993,2,19.899999999999999,8.9600000000000009,"Cash","D.U.|880-2953","No","No",29,"No"]
[667932,"2011-12-21","14:26:24","D254/FE",192,"Duplo","Policemen","6 and up",9.9499999999999993,1,9.9499999999999993,5.17,"Discover","W.C.|880-4861","No","No",35,"No"]
[667932,"2011-12-21","14:26:24","D254/FE",192,"Duplo","Policemen","6 and up",9.9499999999999993,4,39.799999999999997,20.68,"Discover","W.C.|880-4861","No","No",35,"No"]
[667953,"2011-12-21","12:27:36","D250/AT",192,"Duplo","Policemen","6 and up",9.9499999999999993,1,9.9499999999999993,5.17,"Discover","A.U.|880-2167","No","No",50,"No"]
[667993,"2011-12-22","10:07:12","L195/AE",195,"Lego","Airplane","8 and up",5.95,2,11.9,6.18,"Cash","Y.P.|880-6894","No","No",39,"No"]
[667995,"2011-12-22","12:19:48","D250/AT",192,"Duplo","Policemen","6 and up",9.9499999999999993,2,19.899999999999999,10.34,"Gift Card","U.O.|880-3720","No","No",43,"No"]
[668018,"2011-12-22","15:47:24","D250/AT",192,"Duplo","Policemen","6 and up",9.9499999999999993,1,9.9499999999999993,5.17,"Visa","V.W.|880-4523","No","No",68,"No"]
[668018,"2011-12-22","15:47:24","L195/AE",195,"Lego","Airplane","8 and up",5.95,2,11.9,6.18,"Visa","V.W.|880-4523","No","No",68,"No"]
[668052,"2011-12-22","15:36:36","D255/FE",192,"Duplo","Policemen","6 and up",9.9499999999999993,1,9.9499999999999993,5.17,"Discover","Z.Q.|880-4240","Yes","No",21,"No"]
[668052,"2011-12-22","15:36:36","L195/AE",195,"Lego","Airplane","8 and up",5.95,1,5.95,3.09,"Discover","Z.Q.|880-4240","Yes","No",21,"No"]
[668095,"2011-12-23","12:54:00","L256/PE",256,"Lego","Police Officers and Motorcycle","9 and up",9.9499999999999993,2,19.899999999999999,8.9600000000000009,"Cash","D.Z.|880-1179","No","No",32,"No"]
[668095,"2011-12-23","12:54:00","D254/FE",192,"Duplo","Policemen","6 and up",9.9499999999999993,2,19.899999999999999,10.34,"Cash","D.Z.|880-1179","No","No",32,"No"]
[668130,"2011-12-23","13:53:24","D255/FE",192,"Duplo","Policemen","6 and up",9.9499999999999993,2,19.899999999999999,10.34,"Mastercard","U.O.|880-3720","No","No",39,"No"]
[668145,"2011-12-23","13:56:24","L210/CS",210,"Lego","Cowboys with Horses","6 and up",9.4499999999999993,4,37.799999999999997,18.52,"Check","B.B.|880-9330","No","No",41,"No"]
[668156,"2011-12-23","19:21:36","D254/FE",192,"Duplo","Policemen","6 and up",9.9499999999999993,3,29.849999999999998,15.51,"Mastercard","U.O.|880-3720","No","No",45,"No"]
[668184,"2011-12-23","08:19:12","L217/SN",255,"Duplo","Farming Scene","7 and up",24.95,1,24.95,16.22,"Visa","A.U.|880-2167","No","No",36,"No"]
[668207,"2011-12-24","11:00:36","L256/PE",256,"Lego","Police Officers and Motorcycle","9 and up",9.9499999999999993,2,19.899999999999999,8.9600000000000009,"Discover","P.N.|880-3021","No","No",30,"No"]
[668216,"2011-12-24","15:58:12","L196/AR",196,"Lego","Antique Car","8 and up",7.95,1,7.95,4.45,"Visa","P.N.|880-3021","No","No",34,"No"]
[668232,"2011-12-24","14:10:48","D250/AT",192,"Duplo","Policemen","6 and up",9.9499999999999993,1,9.9499999999999993,5.17,"Mastercard","L.W.|880-4986","No","No",31,"No"]
[668232,"2011-12-24","14:10:48","D254/FE",192,"Duplo","Policemen","6 and up",9.9499999999999993,1,9.9499999999999993,5.17,"Mastercard","L.W.|880-4986","No","No",31,"No"]
[668232,"2011-12-24","14:10:48","D254/FE",192,"Duplo","Policemen","6 and up",9.9499999999999993,1,9.9499999999999993,5.17,"Mastercard","L.W.|880-4986","No","No",31,"No"]
[668261,"2011-12-25","14:12:32.400","D255/FE",192,"Duplo","Policemen","6 and up",9.9499999999999993,2,19.899999999999999,10.34,"Cash","B.X.|880-9149","No","No",34,"No"]
[668261,"2011-12-25","14:12:32.400","D254/FE",192,"Duplo","Policemen","6 and up",9.9499999999999993,1,9.9499999999999993,5.17,"Cash","B.X.|880-9149","No","No",34,"No"]
[668293,"2011-12-25","14:41:24","D199/SR",192,"Duplo","Policemen","6 and up",9.9499999999999993,2,19.899999999999999,10.34,"Visa","Z.T.|880-7477","No","No",44,"No"]
[668305,"2011-12-25","11:47:13.200","L212/SD",212,"Lego","Scooter and Stand","6 and up",4.95,1,4.95,2.23,"Visa","A.U.|880-2167","No","No",28,"No"]
[668326,"2011-12-25","19:46:12","D250/AT",192,"Duplo","Policemen","6 and up",9.9499999999999993,1,9.9499999999999993,5.17,"Visa","S.Y.|880-3139","Yes","Yes",34,"No"]
[668376,"2012-01-02","20:10:48","L195/AE",195,"Lego","Airplane","8 and up",5.95,1,5.95,3.09,"Visa","S.V.|880-5987","No","No",37,"No"]
[668384,"2012-01-02","09:32:34.800","L195/AE",195,"Lego","Airplane","8 and up",5.95,1,5.95,3.09,"Visa","C.X.|880-3590","No","No",27,"No"]
[668384,"2012-01-02","09:32:34.800","L195/AE",195,"Lego","Airplane","8 and up",5.95,4,23.8,12.36,"Visa","C.X.|880-3590","No","No",27,"No"]
[668391,"2012-01-08","13:18:00","L195/AE",195,"Lego","Airplane","8 and up",5.95,1,5.95,3.09,"Mastercard","W.B.|880-9647","No","No",29,"No"]
[668431,"2012-01-13","12:46:08.400","L195/AE",195,"Lego","Airplane","8 and up",5.95,5,29.75,15.45,"Cash","D.S.|880-7532","No","No",32,"Yes"]
[668451,"2012-01-19","18:06:00","D255/FE",192,"Duplo","Policemen","6 and up",9.9499999999999993,1,9.9499999999999993,5.17,"Visa","L.C.|880-6872","No","No",41,"No"]
[668451,"2012-01-19","18:06:00","D255/FE",192,"Duplo","Policemen","6 and up",9.9499999999999993,1,9.9499999999999993,5.17,"Visa","L.C.|880-6872","No","No",41,"No"]
[668489,"2012-01-21","15:27:00","D254/FE",192,"Duplo","Policemen","6 and up",9.9499999999999993,1,9.9499999999999993,5.17,"Cash","D.U.|880-2953","No","No",36,"No"]
[668499,"2012-01-29","14:21:36","D254/FE",192,"Duplo","Policemen","6 and up",9.9499999999999993,2,19.899999999999999,10.34,"Visa","Z.T.|880-7477","Yes","No",33,"No"]
[668499,"2012-01-29","14:21:36","D250/AT",192,"Duplo","Policemen","6 and up",9.9499999999999993,1,9.9499999999999993,5.17,"Visa","Z.T.|880-7477","Yes","No",33,"No"]
[668546,"2012-02-12","09:36:54","L217/SN",255,"Duplo","Farming Scene","7 and up",24.95,2,49.9,32.44,"Discover","V.W.|880-4523","No","No",33,"No"]
[668564,"2012-02-13","17:55:12","D255/FE",192,"Duplo","Policemen","6 and up",9.9499999999999993,1,9.9499999999999993,5.17,"Discover","Y.P.|880-6894","No","No",35,"No"]
[668585,"2012-02-14","18:39:36","L256/PE",256,"Lego","Police Officers and Motorcycle","9 and up",9.9499999999999993,3,29.849999999999998,13.44,"Gift Card","Y.P.|880-6894","No","No",39,"Yes"]
[668585,"2012-02-14","18:39:36","L256/PE",256,"Lego","Police Officers and Motorcycle","9 and up",9.9499999999999993,2,19.899999999999999,8.9600000000000009,"Gift Card","Y.P.|880-6894","No","No",39,"Yes"]
[668615,"2012-03-03","12:16:12","D254/FE",192,"Duplo","Policemen","6 and up",9.9499999999999993,1,9.9499999999999993,5.17,"Mastercard","S.Y.|880-3139","No","No",35,"No"]
[668615,"2012-03-03","12:16:12","D255/FE",192,"Duplo","Policemen","6 and up",9.9499999999999993,1,9.9499999999999993,5.17,"Mastercard","S.Y.|880-3139","No","No",35,"No"]
[668653,"2012-03-16","16:55:26.400","L256/PE",256,"Lego","Police Officers and Motorcycle","9 and up",9.9499999999999993,1,9.9499999999999993,4.4800000000000004,"Mastercard","H.B.|880-3254","No","No",40,"No"]
[668653,"2012-03-16","16:55:26.400","D250/AT",192,"Duplo","Policemen","6 and up",9.9499999999999993,2,19.899999999999999,10.34,"Mastercard","H.B.|880-3254","No","No",40,"No"]
[668653,"2012-03-16","16:55:26.400","L256/PE",256,"Lego","Police Officers and Motorcycle","9 and up",9.9499999999999993,1,9.9499999999999993,4.4800000000000004,"Mastercard","H.B.|880-3254","No","No",40,"No"]
[668660,"2012-03-24","20:19:12","D254/FE",192,"Duplo","Policemen","6 and up",9.9499999999999993,2,19.899999999999999,10.34,"Cash","C.X.|880-3590","No","No",61,"No"]
[668681,"2012-04-03","14:31:33.600","L252/LR",255,"Duplo","Farming Scene","7 and up",24.95,1,24.95,16.22,"Visa","W.B.|880-9647","No","No",32,"No"]
[668691,"2012-04-10","20:49:48","D250/AT",192,"Duplo","Policemen","6 and up",9.9499999999999993,1,9.9499999999999993,5.17,"Visa","S.Y.|880-3139","Yes","No",59,"Yes"]
[668692,"2012-04-12","20:51:00","L256/PE",256,"Lego","Police Officers and Motorcycle","9 and up",9.9499999999999993,1,9.9499999999999993,4.4800000000000004,"Check","A.U.|880-2167","No","No",37,"Yes"]
[668692,"2012-04-12","20:51:00","D250/AT",192,"Duplo","Policemen","6 and up",9.9499999999999993,1,9.9499999999999993,5.17,"Check","A.U.|880-2167","No","No",37,"Yes"]
[668708,"2012-04-21","20:20:24","D255/FE",192,"Duplo","Policemen","6 and up",9.9499999999999993,1,9.9499999999999993,5.17,"Visa","D.U.|880-2953","No","No",70,"No"]
[668714,"2012-04-22","11:37:48","D255/FE",192,"Duplo","Policemen","6 and up",9.9499999999999993,4,39.799999999999997,20.68,"Cash","N.W.|880-6237","No","No",23,"No"]
[668743,"2012-04-23","10:40:30","D254/FE",192,"Duplo","Policemen","6 and up",9.9499999999999993,1,9.9499999999999993,5.17,"Cash","Y.P.|880-6894","No","No",35,"No"]
[668752,"2012-04-23","17:21:36","D250/AT",192,"Duplo","Policemen","6 and up",9.9499999999999993,4,39.799999999999997,20.68,"Discover","D.Z.|880-1179","No","No",41,"No"]
[668752,"2012-04-23","17:21:36","D250/AT",192,"Duplo","Policemen","6 and up",9.9499999999999993,1,9.9499999999999993,5.17,"Discover","D.Z.|880-1179","No","No",41,"No"]
[668801,"2012-05-13","15:10:48","L256/PE",256,"Lego","Police Officers and Motorcycle","9 and up",9.9499999999999993,1,9.9499999999999993,4.4800000000000004,"Visa","D.U.|880-2953","No","No",27,"No"]
[668804,"2012-05-19","12:32:31.200","D250/AT",192,"Duplo","Policemen","6 and up",9.9499999999999993,4,39.799999999999997,20.68,"Visa","S.Y.|880-3139","No","No",29,"No"]
[668804,"2012-05-19","12:32:31.200","L195/AE",195,"Lego","Airplane","8 and up",5.95,3,17.850000000000001,9.27,"Visa","S.Y.|880-3139","No","No",29,"No"]
[668829,"2012-05-24","13:25:12","D254/FE",192,"Duplo","Policemen","6 and up",9.9499999999999993,1,9.9499999999999993,5.17,"Visa","B.X.|880-9149","No","No",34,"No"]
[668848,"2012-06-08","09:46:30","D255/FE",192,"Duplo","Policemen","6 and up",9.9499999999999993,2,19.899999999999999,10.34,"Visa","A.U.|880-2167","No","No",42,"No"]
[668883,"2012-06-09","11:39:43.200","L194/FY",194,"Lego","Family","4 and up",14.95,2,29.9,16.739999999999998,"Gift Card","V.W.|880-8599","No","No",38,"No"]
[668903,"2012-06-09","08:28:48","D250/AT",192,"Duplo","Policemen","6 and up",9.9499999999999993,1,9.9499999999999993,5.17,"Visa","L.W.|880-4986","No","Yes",21,"No"]
[668943,"2012-06-11","10:28:12","D250/AT",192,"Duplo","Policemen","6 and up",9.9499999999999993,1,9.9499999999999993,5.17,"Visa","N.C.|880-3850","No","No",35,"No"]
[668982,"2012-06-12","15:45:00","L252/LR",255,"Duplo","Farming Scene","7 and up",24.95,1,24.95,16.22,"Visa","A.U.|880-2167","No","No",47,"Yes"]
[668997,"2012-06-23","15:00:36","D254/FE",192,"Duplo","Policemen","6 and up",9.9499999999999993,4,39.799999999999997,20.68,"Visa","S.V.|880-5987","No","No",33,"No"]
[669021,"2012-06-23","17:43:12","D255/FE",192,"Duplo","Policemen","6 and up",9.9499999999999993,3,29.849999999999998,15.51,"Mastercard","B.X.|880-9149","Yes","No",35,"No"]
[669042,"2012-06-25","13:12:07.200","L256/PE",256,"Lego","Police Officers and Motorcycle","9 and up",9.9499999999999993,1,9.9499999999999993,4.4800000000000004,"Mastercard","D.U.|880-2953","No","No",59,"No"]
[669080,"2012-07-02","16:00:00","D199/SR",192,"Duplo","Policemen","6 and up",9.9499999999999993,1,9.9499999999999993,5.17,"Visa","N.C.|880-3850","No","No",37,"Yes"]
[669090,"2012-07-02","16:20:24","D254/FE",192,"Duplo","Policemen","6 and up",9.9499999999999993,1,9.9499999999999993,5.17,"Cash","P.N.|880-3021","No","Yes",31,"No"]
[669121,"2012-08-05","15:28:26.400","L256/PE",256,"Lego","Police Officers and Motorcycle","9 and up",9.9499999999999993,4,39.799999999999997,17.920000000000002,"Check","W.C.|880-4861","No","No",50,"No"]
[669126,"2012-08-14","15:18:00","D255/FE",192,"Duplo","Policemen","6 and up",9.9499999999999993,2,19.899999999999999,10.34,"Mastercard","S.Y.|880-3139","No","No",42,"No"]
[669126,"2012-08-14","15:18:00","D254/FE",192,"Duplo","Policemen","6 and up",9.9499999999999993,1,9.9499999999999993,5.17,"Mastercard","S.Y.|880-3139","No","No",42,"No"]
[669138,"2012-09-04","15:18:36","L195/AE",195,"Lego","Airplane","8 and up",5.95,1,5.95,3.09,"Cash","S.Y.|880-3139","No","No",36,"Yes"]
[669163,"2012-09-06","13:15:03.600","D254/FE",192,"Duplo","Policemen","6 and up",9.9499999999999993,1,9.9499999999999993,5.17,"Check","D.W.|880-7199","Yes","No",39,"Yes"]
[669163,"2012-09-06","13:15:03.600","D250/AT",192,"Duplo","Policemen","6 and up",9.9499999999999993,5,49.75,25.85,"Check","D.W.|880-7199","Yes","No",39,"Yes"]
[669181,"2012-09-09","17:49:12","D254/FE",192,"Duplo","Policemen","6 and up",9.9499999999999993,1,9.9499999999999993,5.17,"Mastercard","W.C.|880-4861","No","No",46,"No"]
[669197,"2012-09-10","16:52:48","D255/FE",192,"Duplo","Policemen","6 and up",9.9499999999999993,1,9.9499999999999993,5.17,"Visa","A.U.|880-2167","No","No",39,"No"]
[669197,"2012-09-10","16:52:48","D254/FE",192,"Duplo","Policemen","6 and up",9.9499999999999993,2,19.899999999999999,10.34,"Visa","A.U.|880-2167","No","No",39,"No"]
[669198,"2012-09-18","12:08:24","L256/PE",256,"Lego","Police Officers and Motorcycle","9 and up",9.9499999999999993,4,39.799999999999997,17.920000000000002,"Gift Card","Z.T.|880-7477","No","No",34,"No"]
[669198,"2012-09-18","12:08:24","L256/PE",256,"Lego","Police Officers and Motorcycle","9 and up",9.9499999999999993,2,19.899999999999999,8.9600000000000009,"Gift Card","Z.T.|880-7477","No","No",34,"No"]
[669208,"2012-09-28","14:22:48","D254/FE",192,"Duplo","Policemen","6 and up",9.9499999999999993,1,9.9499999999999993,5.17,"Mastercard","D.W.|880-7199","No","No",30,"No"]
[669238,"2012-10-07","12:24:00","D250/AT",192,"Duplo","Policemen","6 and up",9.9499999999999993,1,9.9499999999999993,5.17,"Gift Card","V.W.|880-8599","No","No",36,"No"]
[669260,"2012-10-09","12:06:36","D250/AT",192,"Duplo","Policemen","6 and up",9.9499999999999993,2,19.899999999999999,10.34,"Gift Card","W.B.|880-9647","Yes","No",20,"No"]
[669260,"2012-10-09","12:06:36","D250/AT",192,"Duplo","Policemen","6 and up",9.9499999999999993,2,19.899999999999999,10.34,"Gift Card","W.B.|880-9647","Yes","No",20,"No"]
[669277,"2012-10-16","13:38:24","L194/FY",194,"Lego","Family","4 and up",14.95,1,14.95,8.3699999999999992,"Cash","D.U.|880-2953","No","No",23,"No"]
[669306,"2012-10-16","16:23:27.600","D255/FE",192,"Duplo","Policemen","6 and up",9.9499999999999993,2,19.899999999999999,10.34,"Cash","B.Y.|880-6845","No","No",45,"No"]
[669318,"2012-10-16","16:13:15.600","L194/FY",194,"Lego","Family","4 and up",14.95,1,14.95,8.3699999999999992,"Visa","D.S.|880-7532","No","Yes",29,"Yes"]
[669320,"2012-10-22","16:08:42","D254/FE",192,"Duplo","Policemen","6 and up",9.9499999999999993,1,9.9499999999999993,5.17,"Visa","H.B.|880-3254","No","No",24,"No"]
[669353,"2012-10-22","14:39:00","D250/AT",192,"Duplo","Policemen","6 and up",9.9499999999999993,4,39.799999999999997,20.68,"Mastercard","D.U.|880-2953","No","No",60,"No"]
[669400,"2012-10-22","13:42:25.200","D255/FE",192,"Duplo","Policemen","6 and up",9.9499999999999993,2,19.899999999999999,10.34,"Gift Card","H.B.|880-3254","No","No",36,"No"]
[669400,"2012-10-22","13:42:25.200","D250/AT",192,"Duplo","Policemen","6 and up",9.9499999999999993,1,9.9499999999999993,5.17,"Gift Card","H.B.|880-3254","No","No",36,"No"]
[669401,"2012-10-30","16:02:52.800","D254/FE",192,"Duplo","Policemen","6 and up",9.9499999999999993,2,19.899999999999999,10.34,"Visa","N.W.|880-6237","No","Yes",44,"No"]
[669401,"2012-10-30","16:02:52.800","D250/AT",192,"Duplo","Policemen","6 and up",9.9499999999999993,1,9.9499999999999993,5.17,"Visa","N.W.|880-6237","No","Yes",44,"No"]
[669451,"2012-11-01","20:07:12","L195/AE",195,"Lego","Airplane","8 and up",5.95,1,5.95,3.09,"Cash","U.W.|880-9683","No","No",29,"No"]
[669469,"2012-11-01","12:52:48","L256/PE",256,"Lego","Police Officers and Motorcycle","9 and up",9.9499999999999993,1,9.9499999999999993,4.4800000000000004,"Cash","B.B.|880-9330","No","No",36,"No"]
[669482,"2012-11-01","11:05:13.200","D254/FE",192,"Duplo","Policemen","6 and up",9.9499999999999993,1,9.9499999999999993,5.17,"Mastercard","L.W.|880-4986","No","No",37,"No"]
[669482,"2012-11-01","11:05:13.200","D250/AT",192,"Duplo","Policemen","6 and up",9.9499999999999993,1,9.9499999999999993,5.17,"Mastercard","L.W.|880-4986","No","No",37,"No"]
[669529,"2012-11-02","11:18:36","D255/FE",192,"Duplo","Policemen","6 and up",9.9499999999999993,1,9.9499999999999993,5.17,"Visa","Y.P.|880-6894","No","No",30,"No"]
[669560,"2012-11-03","12:12:14.400","L197/FS",199,"Duplo","Scooter","4 and up",4.95,1,4.95,2.52,"Visa","L.C.|880-6872","No","No",21,"No"]
[669602,"2012-11-04","19:37:48","D254/FE",192,"Duplo","Policemen","6 and up",9.9499999999999993,2,19.899999999999999,10.34,"Check","U.W.|880-9683","No","No",74,"No"]
[669617,"2012-11-04","10:26:24","L195/AE",195,"Lego","Airplane","8 and up",5.95,1,5.95,3.09,"Mastercard","C.X.|880-3590","No","No",32,"No"]
[669649,"2012-11-04","12:35:20.400","D255/FE",192,"Duplo","Policemen","6 and up",9.9499999999999993,1,9.9499999999999993,5.17,"Cash","D.W.|880-7199","No","No",24,"No"]
[669652,"2012-11-04","11:37:04.800","L195/AE",195,"Lego","Airplane","8 and up",5.95,2,11.9,6.18,"Cash","V.W.|880-8599","No","No",34,"No"]
[669659,"2012-11-04","14:15:36","D250/AT",192,"Duplo","Policemen","6 and up",9.9499999999999993,1,9.9499999999999993,5.17,"Mastercard","Y.P.|880-6894","No","No",35,"Yes"]
[669698,"2012-11-05","13:49:48","D254/FE",192,"Duplo","Policemen","6 and up",9.9499999999999993,4,39.799999999999997,20.68,"Visa","D.Z.|880-1179","No","No",56,"No"]
[669703,"2012-11-05","14:51:36","L195/AE",195,"Lego","Airplane","8 and up",5.95,1,5.95,3.09,"Visa","W.C.|880-4861","No","No",27,"No"]
[669722,"2012-11-05","16:54:36","D250/AT",192,"Duplo","Policemen","6 and up",9.9499999999999993,1,9.9499999999999993,5.17,"Visa","Z.Q.|880-4240","No","No",35,"No"]
[669722,"2012-11-05","16:54:36","D250/AT",192,"Duplo","Policemen","6 and up",9.9499999999999993,1,9.9499999999999993,5.17,"Visa","Z.Q.|880-4240","No","No",35,"No"]
[669764,"2012-11-06","16:21:00","D255/FE",192,"Duplo","Policemen","6 and up",9.9499999999999993,1,9.9499999999999993,5.17,"Visa","N.W.|880-6237","No","No",39,"No"]
[669764,"2012-11-06","16:21:00","D255/FE",192,"Duplo","Policemen","6 and up",9.9499999999999993,2,19.899999999999999,10.34,"Visa","N.W.|880-6237","No","No",39,"No"]
[669783,"2012-11-06","18:03:00","D254/FE",192,"Duplo","Policemen","6 and up",9.9499999999999993,1,9.9499999999999993,5.17,"Cash","H.B.|880-3254","No","No",40,"No"]
[669804,"2012-11-06","12:00:36","D255/FE",192,"Duplo","Policemen","6 and up",9.9499999999999993,1,9.9499999999999993,5.17,"Visa","N.C.|880-3850","No","No",48,"No"]
[669805,"2012-11-06","09:12:14.400","L195/AE",195,"Lego","Airplane","8 and up",5.95,3,17.850000000000001,9.27,"Mastercard","N.C.|880-3850","No","No",30,"Yes"]
[669813,"2012-11-06","12:17:24","D255/FE",192,"Duplo","Policemen","6 and up",9.9499999999999993,2,19.899999999999999,10.34,"Cash","D.Z.|880-1179","No","Yes",38,"No"]
[669813,"2012-11-06","12:17:24","L256/PE",256,"Lego","Police Officers and Motorcycle","9 and up",9.9499999999999993,1,9.9499999999999993,4.4800000000000004,"Cash","D.Z.|880-1179","No","Yes",38,"No"]
[669819,"2012-11-06","14:50:34.800","L256/PE",256,"Lego","Police Officers and Motorcycle","9 and up",9.9499999999999993,1,9.9499999999999993,4.4800000000000004,"Visa","S.Y.|880-3139","Yes","Yes",27,"No"]
[669860,"2012-11-06","17:30:36","L195/AE",195,"Lego","Airplane","8 and up",5.95,1,5.95,3.09,"Discover","D.W.|880-7199","No","No",31,"No"]
[669905,"2012-11-06","14:43:12","D255/FE",192,"Duplo","Policemen","6 and up",9.9499999999999993,1,9.9499999999999993,5.17,"Cash","V.W.|880-8599","No","No",39,"No"]
[669905,"2012-11-06","14:43:12","L256/PE",256,"Lego","Police Officers and Motorcycle","9 and up",9.9499999999999993,2,19.899999999999999,8.9600000000000009,"Cash","V.W.|880-8599","No","No",39,"No"]
[669931,"2012-11-07","09:34:48","L256/PE",256,"Lego","Police Officers and Motorcycle","9 and up",9.9499999999999993,4,39.799999999999997,17.920000000000002,"Visa","S.Y.|880-3139","No","No",44,"Yes"]
[669981,"2012-11-07","13:27:54","D250/AT",192,"Duplo","Policemen","6 and up",9.9499999999999993,4,39.799999999999997,20.68,"Visa","Y.P.|880-6894","No","No",27,"No"]
[670014,"2012-11-07","14:53:45.600","D255/FE",192,"Duplo","Policemen","6 and up",9.9499999999999993,4,39.799999999999997,20.68,"Cash","B.X.|880-9149","No","No",42,"No"]
[670015,"2012-11-07","12:56:24","L256/PE",256,"Lego","Police Officers and Motorcycle","9 and up",9.9499999999999993,1,9.9499999999999993,4.4800000000000004,"Mastercard","D.Z.|880-1179","Yes","No",41,"No"]
[670038,"2012-11-07","16:05:31.200","L256/PE",256,"Lego","Police Officers and Motorcycle","9 and up",9.9499999999999993,1,9.9499999999999993,4.4800000000000004,"Mastercard","W.C.|880-4861","No","Yes",31,"Yes"]
[670081,"2012-11-08","12:10:48","L330/GN",330,"Lego","Gas Station","8 and up",32.950000000000003,1,32.950000000000003,19.11,"Cash","S.Y.|880-3139","No","No",59,"Yes"]
[670120,"2012-11-08","16:49:04.800","L256/PE",256,"Lego","Police Officers and Motorcycle","9 and up",9.9499999999999993,2,19.899999999999999,8.9600000000000009,"Mastercard","S.V.|880-5987","No","No",37,"No"]
[670143,"2012-11-08","13:21:00","D254/FE",192,"Duplo","Policemen","6 and up",9.9499999999999993,2,19.899999999999999,10.34,"Cash","S.Y.|880-3139","No","No",30,"No"]
[670166,"2012-11-08","19:22:48","D254/FE",192,"Duplo","Policemen","6 and up",9.9499999999999993,2,19.899999999999999,10.34,"Cash","S.V.|880-5987","No","No",31,"No"]
[670166,"2012-11-08","19:22:48","D255/FE",192,"Duplo","Policemen","6 and up",9.9499999999999993,1,9.9499999999999993,5.17,"Cash","S.V.|880-5987","No","No",31,"No"]
[670172,"2012-11-08","11:02:27.600","D198/LX",192,"Duplo","Policemen","6 and up",9.9499999999999993,2,19.899999999999999,10.34,"Cash","L.W.|880-4986","No","No",21,"No"]
[670172,"2012-11-08","11:02:27.600","D255/FE",192,"Duplo","Policemen","6 and up",9.9499999999999993,1,9.9499999999999993,5.17,"Cash","L.W.|880-4986","No","No",21,"No"]
[670207,"2012-11-09","16:27:36","L256/PE",256,"Lego","Police Officers and Motorcycle","9 and up",9.9499999999999993,5,49.75,22.4,"Mastercard","D.S.|880-7532","Yes","No",38,"Yes"]
[670207,"2012-11-09","16:27:36","L256/PE",256,"Lego","Police Officers and Motorcycle","9 and up",9.9499999999999993,2,19.899999999999999,8.9600000000000009,"Mastercard","D.S.|880-7532","Yes","No",38,"Yes"]
[670245,"2012-11-09","12:06:50.400","L195/AE",195,"Lego","Airplane","8 and up",5.95,4,23.8,12.36,"Mastercard","P.N.|880-3021","No","No",33,"Yes"]
[670275,"2012-11-10","12:30:00","D250/AT",192,"Duplo","Policemen","6 and up",9.9499999999999993,1,9.9499999999999993,5.17,"Mastercard","B.B.|880-9330","No","No",33,"No"]
[670311,"2012-11-10","14:13:48","L256/PE",256,"Lego","Police Officers and Motorcycle","9 and up",9.9499999999999993,2,19.899999999999999,8.9600000000000009,"Cash","N.W.|880-6237","Yes","No",68,"No"]
[670311,"2012-11-10","14:13:48","D254/FE",192,"Duplo","Policemen","6 and up",9.9499999999999993,1,9.9499999999999993,5.17,"Cash","N.W.|880-6237","Yes","No",68,"No"]
[670358,"2012-11-10","14:07:33.600","D254/FE",192,"Duplo","Policemen","6 and up",9.9499999999999993,1,9.9499999999999993,5.17,"Mastercard","S.V.|880-5987","No","No",47,"No"]
[670364,"2012-11-10","17:38:24","L256/PE",256,"Lego","Police Officers and Motorcycle","9 and up",9.9499999999999993,1,9.9499999999999993,4.4800000000000004,"Cash","Z.T.|880-7477","No","No",29,"Yes"]
[670394,"2012-11-10","16:19:19.200","D250/AT",192,"Duplo","Policemen","6 and up",9.9499999999999993,1,9.9499999999999993,5.17,"Cash","D.S.|880-7532","No","No",36,"No"]
[670398,"2012-11-10","13:16:48","L195/AE",195,"Lego","Airplane","8 and up",5.95,1,5.95,3.09,"Cash","B.X.|880-9149","No","No",30,"No"]
[670436,"2012-11-11","15:13:12","D250/AT",192,"Duplo","Policemen","6 and up",9.9499999999999993,2,19.899999999999999,10.34,"Visa","V.W.|880-8599","No","Yes",49,"No"]
[670473,"2012-11-11","08:42:43.200","D254/FE",192,"Duplo","Policemen","6 and up",9.9499999999999993,2,19.899999999999999,10.34,"Mastercard","D.S.|880-7532","No","No",12,"Yes"]
[670487,"2012-11-11","17:22:12","D255/FE",192,"Duplo","Policemen","6 and up",9.9499999999999993,1,9.9499999999999993,5.17,"Mastercard","N.W.|880-6237","No","No",65,"No"]
[670529,"2012-11-12","11:15:36","L195/AE",195,"Lego","Airplane","8 and up",5.95,1,5.95,3.09,"Mastercard","N.C.|880-3850","No","No",34,"No"]
[670575,"2012-11-12","08:40:55.200","L196/AR",196,"Lego","Antique Car","8 and up",7.95,1,7.95,4.45,"Gift Card","B.X.|880-9149","No","No",29,"No"]
[670601,"2012-11-12","13:06:18","D250/AT",192,"Duplo","Policemen","6 and up",9.9499999999999993,4,39.799999999999997,20.68,"Visa","W.B.|880-9647","No","No",40,"No"]
[670634,"2012-11-12","13:21:00","D254/FE",192,"Duplo","Policemen","6 and up",9.9499999999999993,1,9.9499999999999993,5.17,"Visa","L.W.|880-4986","No","No",36,"No"]
[670682,"2012-11-12","14:21:00","L195/AE",195,"Lego","Airplane","8 and up",5.95,1,5.95,3.09,"Visa","Y.P.|880-6894","No","No",47,"No"]
[670688,"2012-11-13","15:36:00","D254/FE",192,"Duplo","Policemen","6 and up",9.9499999999999993,1,9.9499999999999993,5.17,"Visa","S.Y.|880-3139","Yes","No",33,"Yes"]
[670716,"2012-11-13","08:01:48","L195/AE",195,"Lego","Airplane","8 and up",5.95,2,11.9,6.18,"Visa","N.W.|880-6237","No","Yes",37,"No"]
[670723,"2012-11-13","21:00:00","L256/PE",256,"Lego","Police Officers and Motorcycle","9 and up",9.9499999999999993,2,19.899999999999999,8.9600000000000009,"Visa","U.W.|880-9683","No","No",11,"No"]
[670735,"2012-11-13","19:02:24","L195/AE",195,"Lego","Airplane","8 and up",5.95,1,5.95,3.09,"Visa","D.U.|880-2953","No","Yes",35,"No"]
[670743,"2012-11-14","14:39:36","L256/PE",256,"Lego","Police Officers and Motorcycle","9 and up",9.9499999999999993,1,9.9499999999999993,4.4800000000000004,"Visa","Y.P.|880-6894","Yes","No",34,"No"]
[670790,"2012-11-15","12:21:00","D254/FE",192,"Duplo","Policemen","6 and up",9.9499999999999993,3,29.849999999999998,15.51,"Cash","D.S.|880-7532","No","No",37,"Yes"]
[670827,"2012-11-15","18:52:48","L195/AE",195,"Lego","Airplane","8 and up",5.95,1,5.95,3.09,"Mastercard","L.C.|880-6872","No","Yes",40,"No"]
[670870,"2012-11-15","20:03:00","L195/AE",195,"Lego","Airplane","8 and up",5.95,1,5.95,3.09,"Visa","V.W.|880-4523","No","No",27,"No"]
[670918,"2012-11-15","15:52:19.200","D255/FE",192,"Duplo","Policemen","6 and up",9.9499999999999993,1,9.9499999999999993,5.17,"Discover","N.C.|880-3850","No","No",33,"Yes"]
[670953,"2012-11-16","11:22:12","L195/AE",195,"Lego","Airplane","8 and up",5.95,1,5.95,3.09,"Cash","W.B.|880-9647","No","No",17,"No"]
[670977,"2012-11-16","13:22:48","D250/AT",192,"Duplo","Policemen","6 and up",9.9499999999999993,1,9.9499999999999993,5.17,"Visa","W.B.|880-9647","No","No",53,"No"]
[670980,"2012-11-16","12:52:44.400","L256/PE",256,"Lego","Police Officers and Motorcycle","9 and up",9.9499999999999993,1,9.9499999999999993,4.4800000000000004,"Check","D.S.|880-7532","Yes","Yes",30,"No"]
[670980,"2012-11-16","12:52:44.400","L196/AR",196,"Lego","Antique Car","8 and up",7.95,1,7.95,4.45,"Check","D.S.|880-7532","Yes","Yes",30,"No"]
[670991,"2012-11-16","20:13:12","L256/PE",256,"Lego","Police Officers and Motorcycle","9 and up",9.9499999999999993,1,9.9499999999999993,4.4800000000000004,"Cash","B.B.|880-9330","No","No",37,"Yes"]
[671036,"2012-11-16","11:39:00","D255/FE",192,"Duplo","Policemen","6 and up",9.9499999999999993,1,9.9499999999999993,5.17,"Visa","D.U.|880-2953","No","No",31,"Yes"]
[671069,"2012-11-17","16:34:12","L195/AE",195,"Lego","Airplane","8 and up",5.95,2,11.9,6.18,"Mastercard","Z.T.|880-7477","No","No",26,"No"]
[671089,"2012-11-17","13:33:00","D255/FE",192,"Duplo","Policemen","6 and up",9.9499999999999993,2,19.899999999999999,10.34,"Cash","P.N.|880-3021","No","No",36,"No"]
[671089,"2012-11-17","13:33:00","L256/PE",256,"Lego","Police Officers and Motorcycle","9 and up",9.9499999999999993,2,19.899999999999999,8.9600000000000009,"Cash","P.N.|880-3021","No","No",36,"No"]
[671089,"2012-11-17","13:33:00","L195/AE",195,"Lego","Airplane","8 and up",5.95,2,11.9,6.18,"Cash","P.N.|880-3021","No","No",36,"No"]
[671138,"2012-11-17","16:19:48","D255/FE",192,"Duplo","Policemen","6 and up",9.9499999999999993,5,49.75,25.85,"Gift Card","H.B.|880-3254","No","No",49,"No"]
[671140,"2012-11-17","12:59:06","L256/PE",256,"Lego","Police Officers and Motorcycle","9 and up",9.9499999999999993,1,9.9499999999999993,4.4800000000000004,"Visa","D.Z.|880-1179","No","No",31,"Yes"]
[671182,"2012-11-18","11:40:12","D254/FE",192,"Duplo","Policemen","6 and up",9.9499999999999993,2,19.899999999999999,10.34,"Visa","U.W.|880-9683","No","No",40,"No"]
[671199,"2012-11-18","20:03:00","D254/FE",192,"Duplo","Policemen","6 and up",9.9499999999999993,2,19.899999999999999,10.34,"Visa","S.Y.|880-3139","No","No",38,"No"]
[671199,"2012-11-18","20:03:00","L195/AE",195,"Lego","Airplane","8 and up",5.95,2,11.9,6.18,"Visa","S.Y.|880-3139","No","No",38,"No"]
[671199,"2012-11-18","20:03:00","L256/PE",256,"Lego","Police Officers and Motorcycle","9 and up",9.9499999999999993,2,19.899999999999999,8.9600000000000009,"Visa","S.Y.|880-3139","No","No",38,"No"]
[671199,"2012-11-18","20:03:00","D250/AT",192,"Duplo","Policemen","6 and up",9.9499999999999993,4,39.799999999999997,20.68,"Visa","S.Y.|880-3139","No","No",38,"No"]
[671210,"2012-11-19","16:20:24","D250/AT",192,"Duplo","Policemen","6 and up",9.9499999999999993,1,9.9499999999999993,5.17,"Gift Card","S.V.|880-5987","No","No",51,"No"]
[671256,"2012-11-19","16:43:12","D254/FE",192,"Duplo","Policemen","6 and up",9.9499999999999993,1,9.9499999999999993,5.17,"Check","Y.P.|880-6894","No","No",11,"Yes"]
[671256,"2012-11-19","16:43:12","L195/AE",195,"Lego","Airplane","8 and up",5.95,4,23.8,12.36,"Check","Y.P.|880-6894","No","No",11,"Yes"]
[671264,"2012-11-19","13:21:36","D254/FE",192,"Duplo","Policemen","6 and up",9.9499999999999993,1,9.9499999999999993,5.17,"Cash","N.C.|880-3850","No","No",48,"Yes"]
[671283,"2012-11-20","13:19:12","D250/AT",192,"Duplo","Policemen","6 and up",9.9499999999999993,1,9.9499999999999993,5.17,"Visa","V.W.|880-8599","No","No",53,"No"]
[671323,"2012-11-21","13:10:48","L197/FS",199,"Duplo","Scooter","4 and up",4.95,1,4.95,2.52,"Visa","W.B.|880-9647","Yes","No",31,"No"]
[671359,"2012-11-21","14:55:48","D254/FE",192,"Duplo","Policemen","6 and up",9.9499999999999993,2,19.899999999999999,10.34,"Mastercard","N.W.|880-6237","No","No",59,"No"]
[671382,"2012-11-21","13:10:12","D255/FE",192,"Duplo","Policemen","6 and up",9.9499999999999993,1,9.9499999999999993,5.17,"Mastercard","C.X.|880-3590","No","No",30,"No"]
[671409,"2012-11-22","11:23:24","D254/FE",192,"Duplo","Policemen","6 and up",9.9499999999999993,1,9.9499999999999993,5.17,"Gift Card","S.Y.|880-3139","No","No",60,"No"]
[671457,"2012-11-22","17:24:00","D250/AT",192,"Duplo","Policemen","6 and up",9.9499999999999993,2,19.899999999999999,10.34,"Visa","L.C.|880-6872","No","No",39,"Yes"]
[671492,"2012-11-22","14:31:12","D250/AT",192,"Duplo","Policemen","6 and up",9.9499999999999993,3,29.849999999999998,15.51,"Visa","W.B.|880-9647","No","Yes",35,"No"]
[671494,"2012-11-22","14:25:48","D250/AT",192,"Duplo","Policemen","6 and up",9.9499999999999993,4,39.799999999999997,20.68,"Visa","W.B.|880-9647","No","No",38,"No"]
[671517,"2012-11-22","16:29:49.200","L256/PE",256,"Lego","Police Officers and Motorcycle","9 and up",9.9499999999999993,3,29.849999999999998,13.44,"Cash","L.C.|880-6872","No","Yes",43,"No"]
[671549,"2012-11-22","16:19:48","L195/AE",195,"Lego","Airplane","8 and up",5.95,1,5.95,3.09,"Visa","Z.Q.|880-4240","No","No",34,"Yes"]
[671563,"2012-11-23","08:02:24","D255/FE",192,"Duplo","Policemen","6 and up",9.9499999999999993,2,19.899999999999999,10.34,"Mastercard","Z.T.|880-7477","No","No",38,"No"]
[671563,"2012-11-23","08:02:24","D250/AT",192,"Duplo","Policemen","6 and up",9.9499999999999993,2,19.899999999999999,10.34,"Mastercard","Z.T.|880-7477","No","No",38,"No"]
[671588,"2012-11-23","15:27:25.200","D255/FE",192,"Duplo","Policemen","6 and up",9.9499999999999993,2,19.899999999999999,10.34,"Cash","U.O.|880-3720","No","No",40,"Yes"]
[671605,"2012-11-23","13:07:01.200","L196/AR",196,"Lego","Antique Car","8 and up",7.95,1,7.95,4.45,"Visa","S.V.|880-5987","No","No",31,"No"]
[671637,"2012-11-23","16:42:14.400","D250/AT",192,"Duplo","Policemen","6 and up",9.9499999999999993,1,9.9499999999999993,5.17,"Visa","C.X.|880-3590","Yes","No",40,"No"]
[671647,"2012-11-24","15:16:26.400","D254/FE",192,"Duplo","Policemen","6 and up",9.9499999999999993,1,9.9499999999999993,5.17,"Mastercard","C.X.|880-3590","No","No",38,"Yes"]
[671685,"2012-11-24","20:36:00","L256/PE",256,"Lego","Police Officers and Motorcycle","9 and up",9.9499999999999993,2,19.899999999999999,8.9600000000000009,"Gift Card","A.U.|880-2167","No","No",34,"No"]
[671700,"2012-11-25","16:58:48","D254/FE",192,"Duplo","Policemen","6 and up",9.9499999999999993,1,9.9499999999999993,5.17,"Visa","D.U.|880-2953","No","No",27,"No"]
[671700,"2012-11-25","16:58:48","L195/AE",195,"Lego","Airplane","8 and up",5.95,1,5.95,3.09,"Visa","D.U.|880-2953","No","No",27,"No"]
[671735,"2012-11-25","16:58:04.800","D199/SR",192,"Duplo","Policemen","6 and up",9.9499999999999993,5,49.75,25.85,"Visa","B.B.|880-9330","No","No",21,"Yes"]
[671753,"2012-11-25","15:46:12","D255/FE",192,"Duplo","Policemen","6 and up",9.9499999999999993,4,39.799999999999997,20.68,"Visa","U.W.|880-9683","No","No",19,"No"]
[671753,"2012-11-25","15:46:12","L195/AE",195,"Lego","Airplane","8 and up",5.95,1,5.95,3.09,"Visa","U.W.|880-9683","No","No",19,"No"]
[671799,"2012-11-26","19:18:00","D192/PN",192,"Duplo","Policemen","6 and up",9.9499999999999993,4,39.799999999999997,20.68,"Discover","H.B.|880-3254","No","No",40,"No"]
[671801,"2012-11-27","10:40:37.200","L195/AE",195,"Lego","Airplane","8 and up",5.95,4,23.8,12.36,"Mastercard","D.Z.|880-1179","No","No",38,"No"]
[671801,"2012-11-27","10:40:37.200","D250/AT",192,"Duplo","Policemen","6 and up",9.9499999999999993,1,9.9499999999999993,5.17,"Mastercard","D.Z.|880-1179","No","No",38,"No"]
[671816,"2012-11-27","12:58:12","D250/AT",192,"Duplo","Policemen","6 and up",9.9499999999999993,1,9.9499999999999993,5.17,"Visa","V.W.|880-8599","No","No",28,"Yes"]
[671858,"2012-11-27","12:21:36","L195/AE",195,"Lego","Airplane","8 and up",5.95,2,11.9,6.18,"Cash","B.B.|880-9330","No","No",6,"No"]
[671901,"2012-11-28","19:34:12","L196/AR",196,"Lego","Antique Car","8 and up",7.95,1,7.95,4.45,"Cash","V.W.|880-4523","No","No",37,"No"]
[671923,"2012-11-28","13:38:24","L256/PE",256,"Lego","Police Officers and Motorcycle","9 and up",9.9499999999999993,4,39.799999999999997,17.920000000000002,"Cash","U.O.|880-3720","No","No",28,"Yes"]
[671935,"2012-11-28","14:10:12","D254/FE",192,"Duplo","Policemen","6 and up",9.9499999999999993,2,19.899999999999999,10.34,"Visa","H.B.|880-3254","No","No",46,"No"]
[671984,"2012-11-28","16:39:36","D255/FE",192,"Duplo","Policemen","6 and up",9.9499999999999993,5,49.75,25.85,"Cash","Y.P.|880-6894","No","No",40,"No"]
[671992,"2012-11-28","18:58:12","L256/PE",256,"Lego","Police Officers and Motorcycle","9 and up",9.9499999999999993,2,19.899999999999999,8.9600000000000009,"Discover","S.Y.|880-3139","No","No",37,"Yes"]
[672040,"2012-11-28","10:25:55.200","L195/AE",195,"Lego","Airplane","8 and up",5.95,1,5.95,3.09,"Visa","Z.Q.|880-4240","Yes","No",23,"Yes"]
[672078,"2012-11-28","15:08:24","D254/FE",192,"Duplo","Policemen","6 and up",9.9499999999999993,5,49.75,25.85,"Mastercard","H.B.|880-3254","No","No",31,"Yes"]
[672091,"2012-11-28","12:32:24","L256/PE",256,"Lego","Police Officers and Motorcycle","9 and up",9.9499999999999993,2,19.899999999999999,8.9600000000000009,"Cash","W.C.|880-4861","No","No",42,"No"]
[672118,"2012-11-28","18:26:24","D255/FE",192,"Duplo","Policemen","6 and up",9.9499999999999993,1,9.9499999999999993,5.17,"Gift Card","L.W.|880-4986","No","No",39,"No"]
[672118,"2012-11-28","18:26:24","L195/AE",195,"Lego","Airplane","8 and up",5.95,1,5.95,3.09,"Gift Card","L.W.|880-4986","No","No",39,"No"]
[672134,"2012-11-28","20:01:48","L256/PE",256,"Lego","Police Officers and Motorcycle","9 and up",9.9499999999999993,1,9.9499999999999993,4.4800000000000004,"Visa","D.Z.|880-1179","No","No",44,"No"]
[672134,"2012-11-28","20:01:48","L212/SD",212,"Lego","Scooter and Stand","6 and up",4.95,4,19.8,8.92,"Visa","D.Z.|880-1179","No","No",44,"No"]
[672134,"2012-11-28","20:01:48","D254/FE",192,"Duplo","Policemen","6 and up",9.9499999999999993,1,9.9499999999999993,5.17,"Visa","D.Z.|880-1179","No","No",44,"No"]
[672184,"2012-11-29","20:58:48","D250/AT",192,"Duplo","Policemen","6 and up",9.9499999999999993,2,19.899999999999999,10.34,"Visa","U.O.|880-3720","No","No",32,"No"]
[672184,"2012-11-29","20:58:48","L210/CS",210,"Lego","Cowboys with Horses","6 and up",9.4499999999999993,2,18.899999999999999,9.26,"Visa","U.O.|880-3720","No","No",32,"No"]
[672193,"2012-11-29","11:24:00","D250/AT",192,"Duplo","Policemen","6 and up",9.9499999999999993,2,19.899999999999999,10.34,"Visa","C.X.|880-3590","No","No",48,"No"]
[672236,"2012-11-29","16:10:12","L340/FS",340,"Lego","Fire Trucks","6 and up",34.950000000000003,1,34.950000000000003,19.920000000000002,"Visa","N.W.|880-6237","No","No",46,"Yes"]
[672276,"2012-11-29","13:03:36","L195/AE",195,"Lego","Airplane","8 and up",5.95,1,5.95,3.09,"Cash","N.C.|880-3850","No","No",30,"No"]
[672300,"2012-11-30","08:30:54","D254/FE",192,"Duplo","Policemen","6 and up",9.9499999999999993,1,9.9499999999999993,5.17,"Mastercard","S.V.|880-5987","No","No",14,"No"]
[672305,"2012-11-30","14:19:12","L195/AE",195,"Lego","Airplane","8 and up",5.95,4,23.8,12.36,"Mastercard","Z.T.|880-7477","No","No",30,"No"]
[672354,"2012-11-30","16:04:12","D255/FE",192,"Duplo","Policemen","6 and up",9.9499999999999993,4,39.799999999999997,20.68,"Visa","Y.P.|880-6894","No","No",30,"Yes"]
[672359,"2012-11-30","10:43:12","L210/CS",210,"Lego","Cowboys with Horses","6 and up",9.4499999999999993,2,18.899999999999999,9.26,"Visa","V.W.|880-8599","No","No",30,"No"]
[672390,"2012-12-01","11:32:49.200","L256/PE",256,"Lego","Police Officers and Motorcycle","9 and up",9.9499999999999993,3,29.849999999999998,13.44,"Gift Card","U.O.|880-3720","No","No",38,"Yes"]
[672390,"2012-12-01","11:32:49.200","L256/PE",256,"Lego","Police Officers and Motorcycle","9 and up",9.9499999999999993,1,9.9499999999999993,4.4800000000000004,"Gift Card","U.O.|880-3720","No","No",38,"Yes"]
[672403,"2012-12-01","11:57:36","L196/AR",196,"Lego","Antique Car","8 and up",7.95,1,7.95,4.45,"Visa","Z.Q.|880-4240","No","No",26,"No"]
[672419,"2012-12-01","20:01:48","L256/PE",256,"Lego","Police Officers and Motorcycle","9 and up",9.9499999999999993,5,49.75,22.4,"Visa","H.B.|880-3254","No","No",36,"No"]
[672464,"2012-12-01","13:03:21.600","D250/AT",192,"Duplo","Policemen","6 and up",9.9499999999999993,1,9.9499999999999993,5.17,"Cash","Z.T.|880-7477","No","No",35,"No"]
[672464,"2012-12-01","13:03:21.600","D255/FE",192,"Duplo","Policemen","6 and up",9.9499999999999993,1,9.9499999999999993,5.17,"Cash","Z.T.|880-7477","No","No",35,"No"]
[672500,"2012-12-03","09:21:46.800","L195/AE",195,"Lego","Airplane","8 and up",5.95,5,29.75,15.45,"Visa","D.Z.|880-1179","No","Yes",33,"Yes"]
[672540,"2012-12-03","12:37:12","D254/FE",192,"Duplo","Policemen","6 and up",9.9499999999999993,1,9.9499999999999993,5.17,"Gift Card","D.W.|880-7199","No","No",26,"No"]
[672545,"2012-12-03","16:15:36","D255/FE",192,"Duplo","Policemen","6 and up",9.9499999999999993,1,9.9499999999999993,5.17,"Visa","B.B.|880-9330","No","Yes",47,"No"]
[672545,"2012-12-03","16:15:36","L195/AE",195,"Lego","Airplane","8 and up",5.95,2,11.9,6.18,"Visa","B.B.|880-9330","No","Yes",47,"No"]
[672587,"2012-12-04","09:40:12","L212/SD",212,"Lego","Scooter and Stand","6 and up",4.95,4,19.8,8.92,"Check","L.C.|880-6872","No","No",38,"No"]
[672616,"2012-12-04","18:58:48","D250/AT",192,"Duplo","Policemen","6 and up",9.9499999999999993,5,49.75,25.85,"Cash","D.Z.|880-1179","No","No",30,"No"]
[672616,"2012-12-04","18:58:48","D198/LX",192,"Duplo","Policemen","6 and up",9.9499999999999993,1,9.9499999999999993,5.17,"Cash","D.Z.|880-1179","No","No",30,"No"]
[672618,"2012-12-04","15:12:36","L256/PE",256,"Lego","Police Officers and Motorcycle","9 and up",9.9499999999999993,1,9.9499999999999993,4.4800000000000004,"Discover","U.W.|880-9683","No","No",35,"Yes"]
[672630,"2012-12-04","12:08:24","D255/FE",192,"Duplo","Policemen","6 and up",9.9499999999999993,2,19.899999999999999,10.34,"Mastercard","S.Y.|880-3139","Yes","No",31,"No"]
[672630,"2012-12-04","12:08:24","D255/FE",192,"Duplo","Policemen","6 and up",9.9499999999999993,1,9.9499999999999993,5.17,"Mastercard","S.Y.|880-3139","Yes","No",31,"No"]
[672630,"2012-12-04","12:08:24","L195/AE",195,"Lego","Airplane","8 and up",5.95,1,5.95,3.09,"Mastercard","S.Y.|880-3139","Yes","No",31,"No"]
[672646,"2012-12-04","09:16:30","L256/PE",256,"Lego","Police Officers and Motorcycle","9 and up",9.9499999999999993,1,9.9499999999999993,4.4800000000000004,"Visa","C.X.|880-3590","No","No",48,"Yes"]
[672657,"2012-12-05","08:37:12","L330/GN",330,"Lego","Gas Station","8 and up",32.950000000000003,1,32.950000000000003,19.11,"Cash","S.Y.|880-3139","No","No",38,"No"]
[672698,"2012-12-05","19:25:12","L197/FS",199,"Duplo","Scooter","4 and up",4.95,2,9.9,5.04,"Mastercard","C.X.|880-3590","No","No",38,"No"]
[672701,"2012-12-05","14:37:22.800","D250/AT",192,"Duplo","Policemen","6 and up",9.9499999999999993,1,9.9499999999999993,5.17,"Mastercard","W.B.|880-9647","No","No",63,"Yes"]
[672701,"2012-12-05","14:37:22.800","D198/LX",192,"Duplo","Policemen","6 and up",9.9499999999999993,2,19.899999999999999,10.34,"Mastercard","W.B.|880-9647","No","No",63,"Yes"]
[672726,"2012-12-05","15:44:24","L256/PE",256,"Lego","Police Officers and Motorcycle","9 and up",9.9499999999999993,1,9.9499999999999993,4.4800000000000004,"Mastercard","D.S.|880-7532","Yes","Yes",39,"No"]
[672756,"2012-12-05","12:55:12","D250/AT",192,"Duplo","Policemen","6 and up",9.9499999999999993,1,9.9499999999999993,5.17,"Visa","A.U.|880-2167","No","No",22,"No"]
[672798,"2012-12-05","13:47:34.800","D254/FE",192,"Duplo","Policemen","6 and up",9.9499999999999993,1,9.9499999999999993,5.17,"Visa","W.B.|880-9647","No","No",55,"No"]
[672798,"2012-12-05","13:47:34.800","D255/FE",192,"Duplo","Policemen","6 and up",9.9499999999999993,1,9.9499999999999993,5.17,"Visa","W.B.|880-9647","No","No",55,"No"]
[672809,"2012-12-06","15:58:44.400","L195/AE",195,"Lego","Airplane","8 and up",5.95,4,23.8,12.36,"Mastercard","B.Y.|880-6845","No","No",32,"Yes"]
[672831,"2012-12-06","15:28:12","D250/AT",192,"Duplo","Policemen","6 and up",9.9499999999999993,1,9.9499999999999993,5.17,"Mastercard","B.Y.|880-6845","No","No",43,"No"]
[672839,"2012-12-06","14:13:26.400","D255/FE",192,"Duplo","Policemen","6 and up",9.9499999999999993,2,19.899999999999999,10.34,"Cash","H.B.|880-3254","No","No",27,"No"]
[672856,"2012-12-06","16:36:00","L256/PE",256,"Lego","Police Officers and Motorcycle","9 and up",9.9499999999999993,1,9.9499999999999993,4.4800000000000004,"Mastercard","V.W.|880-4523","No","No",28,"Yes"]
[672869,"2012-12-06","10:40:55.200","D254/FE",192,"Duplo","Policemen","6 and up",9.9499999999999993,1,9.9499999999999993,5.17,"Mastercard","A.U.|880-2167","No","No",41,"No"]
[672904,"2012-12-07","15:30:36","D255/FE",192,"Duplo","Policemen","6 and up",9.9499999999999993,5,49.75,25.85,"Cash","V.W.|880-4523","No","No",25,"No"]
[672950,"2012-12-07","14:18:36","D255/FE",192,"Duplo","Policemen","6 and up",9.9499999999999993,4,39.799999999999997,20.68,"Visa","B.B.|880-9330","No","No",39,"No"]
[673000,"2012-12-07","11:10:48","D254/FE",192,"Duplo","Policemen","6 and up",9.9499999999999993,1,9.9499999999999993,5.17,"Mastercard","V.W.|880-4523","No","No",40,"No"]
[673009,"2012-12-07","14:21:00","D255/FE",192,"Duplo","Policemen","6 and up",9.9499999999999993,1,9.9499999999999993,5.17,"Mastercard","H.B.|880-3254","No","No",44,"No"]
[673025,"2012-12-08","15:43:12","L256/PE",256,"Lego","Police Officers and Motorcycle","9 and up",9.9499999999999993,1,9.9499999999999993,4.4800000000000004,"Mastercard","L.W.|880-4986","No","No",44,"No"]
[673059,"2012-12-08","11:01:30","D254/FE",192,"Duplo","Policemen","6 and up",9.9499999999999993,1,9.9499999999999993,5.17,"Cash","D.S.|880-7532","No","Yes",32,"No"]
[673099,"2012-12-09","16:57:36","D250/AT",192,"Duplo","Policemen","6 and up",9.9499999999999993,2,19.899999999999999,10.34,"Visa","S.V.|880-5987","No","No",38,"Yes"]
[673143,"2012-12-09","12:28:58.800","L195/AE",195,"Lego","Airplane","8 and up",5.95,1,5.95,3.09,"Gift Card","Z.T.|880-7477","No","No",36,"No"]
[673145,"2012-12-09","15:39:25.200","L195/AE",195,"Lego","Airplane","8 and up",5.95,1,5.95,3.09,"Visa","L.C.|880-6872","No","No",58,"Yes"]
[673159,"2012-12-09","16:22:12","D192/PN",192,"Duplo","Policemen","6 and up",9.9499999999999993,4,39.799999999999997,20.68,"Visa","B.Y.|880-6845","No","No",40,"No"]
[673176,"2012-12-09","13:08:27.600","L256/PE",256,"Lego","Police Officers and Motorcycle","9 and up",9.9499999999999993,2,19.899999999999999,8.9600000000000009,"Cash","Z.T.|880-7477","No","No",38,"No"]
[673176,"2012-12-09","13:08:27.600","D255/FE",192,"Duplo","Policemen","6 and up",9.9499999999999993,2,19.899999999999999,10.34,"Cash","Z.T.|880-7477","No","No",38,"No"]
[673199,"2012-12-09","16:40:44.400","L195/AE",195,"Lego","Airplane","8 and up",5.95,1,5.95,3.09,"Visa","D.S.|880-7532","No","No",28,"No"]
[673243,"2012-12-10","18:46:48","D254/FE",192,"Duplo","Policemen","6 and up",9.9499999999999993,1,9.9499999999999993,5.17,"Visa","D.S.|880-7532","No","No",35,"No"]
[673243,"2012-12-10","18:46:48","L256/PE",256,"Lego","Police Officers and Motorcycle","9 and up",9.9499999999999993,1,9.9499999999999993,4.4800000000000004,"Visa","D.S.|880-7532","No","No",35,"No"]
[673269,"2012-12-10","13:41:24","D250/AT",192,"Duplo","Policemen","6 and up",9.9499999999999993,1,9.9499999999999993,5.17,"Cash","D.U.|880-2953","No","No",32,"No"]
[673286,"2012-12-11","10:21:36","L197/FS",199,"Duplo","Scooter","4 and up",4.95,4,19.8,10.08,"Mastercard","B.X.|880-9149","No","No",40,"No"]
[673312,"2012-12-11","08:07:48","L195/AE",195,"Lego","Airplane","8 and up",5.95,1,5.95,3.09,"Mastercard","W.B.|880-9647","No","No",39,"No"]
[673325,"2012-12-11","16:03:36","L196/AR",196,"Lego","Antique Car","8 and up",7.95,1,7.95,4.45,"Mastercard","Z.T.|880-7477","No","No",47,"No"]
[673358,"2012-12-11","09:43:12","D254/FE",192,"Duplo","Policemen","6 and up",9.9499999999999993,1,9.9499999999999993,5.17,"Cash","A.U.|880-2167","No","No",34,"No"]
[673395,"2012-12-11","14:13:48","L256/PE",256,"Lego","Police Officers and Motorcycle","9 and up",9.9499999999999993,1,9.9499999999999993,4.4800000000000004,"Discover","A.U.|880-2167","Yes","No",48,"No"]
[673423,"2012-12-11","14:04:12","D192/PN",192,"Duplo","Policemen","6 and up",9.9499999999999993,1,9.9499999999999993,5.17,"Cash","U.O.|880-3720","No","No",44,"No"]
[673423,"2012-12-11","14:04:12","L340/FS",340,"Lego","Fire Trucks","6 and up",34.950000000000003,1,34.950000000000003,19.920000000000002,"Cash","U.O.|880-3720","No","No",44,"No"]
[673424,"2012-12-12","16:07:37.200","D255/FE",192,"Duplo","Policemen","6 and up",9.9499999999999993,2,19.899999999999999,10.34,"Cash","Y.P.|880-6894","No","No",31,"No"]
[673441,"2012-12-12","10:29:45.600","D255/FE",192,"Duplo","Policemen","6 and up",9.9499999999999993,5,49.75,25.85,"Visa","S.V.|880-5987","No","No",41,"Yes"]
[673441,"2012-12-12","10:29:45.600","L195/AE",195,"Lego","Airplane","8 and up",5.95,1,5.95,3.09,"Visa","S.V.|880-5987","No","No",41,"Yes"]
[673469,"2012-12-12","19:17:24","D255/FE",192,"Duplo","Policemen","6 and up",9.9499999999999993,2,19.899999999999999,10.34,"Gift Card","W.B.|880-9647","No","No",8,"Yes"]
[673506,"2012-12-12","12:55:12","L197/FS",199,"Duplo","Scooter","4 and up",4.95,1,4.95,2.52,"Cash","D.S.|880-7532","No","No",39,"No"]
[673506,"2012-12-12","12:55:12","D255/FE",192,"Duplo","Policemen","6 and up",9.9499999999999993,1,9.9499999999999993,5.17,"Cash","D.S.|880-7532","No","No",39,"No"]
[673539,"2012-12-12","16:02:24","L256/PE",256,"Lego","Police Officers and Motorcycle","9 and up",9.9499999999999993,1,9.9499999999999993,4.4800000000000004,"Visa","B.Y.|880-6845","No","Yes",33,"Yes"]
[673539,"2012-12-12","16:02:24","L195/AE",195,"Lego","Airplane","8 and up",5.95,1,5.95,3.09,"Visa","B.Y.|880-6845","No","Yes",33,"Yes"]
[673561,"2012-12-12","15:43:01.200","D250/AT",192,"Duplo","Policemen","6 and up",9.9499999999999993,2,19.899999999999999,10.34,"Visa","B.X.|880-9149","No","No",37,"Yes"]
[673561,"2012-12-12","15:43:01.200","L195/AE",195,"Lego","Airplane","8 and up",5.95,2,11.9,6.18,"Visa","B.X.|880-9149","No","No",37,"Yes"]
[673581,"2012-12-12","10:42:21.600","D250/AT",192,"Duplo","Policemen","6 and up",9.9499999999999993,4,39.799999999999997,20.68,"Check","V.W.|880-8599","No","No",28,"No"]
[673589,"2012-12-12","16:39:36","L256/PE",256,"Lego","Police Officers and Motorcycle","9 and up",9.9499999999999993,2,19.899999999999999,8.9600000000000009,"Gift Card","S.Y.|880-3139","No","No",58,"No"]
[673633,"2012-12-13","10:25:12","D250/AT",192,"Duplo","Policemen","6 and up",9.9499999999999993,1,9.9499999999999993,5.17,"Cash","D.Z.|880-1179","No","Yes",35,"No"]
[673634,"2012-12-13","15:44:24","L212/SD",212,"Lego","Scooter and Stand","6 and up",4.95,2,9.9,4.46,"Mastercard","D.U.|880-2953","No","No",64,"Yes"]
[673678,"2012-12-13","12:40:48","D250/AT",192,"Duplo","Policemen","6 and up",9.9499999999999993,1,9.9499999999999993,5.17,"Mastercard","N.W.|880-6237","No","No",44,"Yes"]
[673688,"2012-12-13","13:15:18","D255/FE",192,"Duplo","Policemen","6 and up",9.9499999999999993,1,9.9499999999999993,5.17,"Cash","V.W.|880-8599","No","No",75,"No"]
[673688,"2012-12-13","13:15:18","L256/PE",256,"Lego","Police Officers and Motorcycle","9 and up",9.9499999999999993,1,9.9499999999999993,4.4800000000000004,"Cash","V.W.|880-8599","No","No",75,"No"]
[673728,"2012-12-13","16:01:19.200","D254/FE",192,"Duplo","Policemen","6 and up",9.9499999999999993,2,19.899999999999999,10.34,"Visa","D.Z.|880-1179","No","No",38,"No"]
[673771,"2012-12-13","10:07:37.200","L256/PE",256,"Lego","Police Officers and Motorcycle","9 and up",9.9499999999999993,5,49.75,22.4,"Visa","U.W.|880-9683","No","No",30,"No"]
[673799,"2012-12-14","12:00:43.200","L195/AE",195,"Lego","Airplane","8 and up",5.95,1,5.95,3.09,"Visa","V.W.|880-8599","No","No",34,"No"]
[673803,"2012-12-14","16:17:34.800","D254/FE",192,"Duplo","Policemen","6 and up",9.9499999999999993,2,19.899999999999999,10.34,"Cash","B.Y.|880-6845","No","No",22,"No"]
[673822,"2012-12-14","11:31:58.800","L195/AE",195,"Lego","Airplane","8 and up",5.95,5,29.75,15.45,"Cash","W.C.|880-4861","No","No",41,"No"]
[673823,"2012-12-14","14:58:48","L195/AE",195,"Lego","Airplane","8 and up",5.95,1,5.95,3.09,"Discover","B.Y.|880-6845","No","No",28,"Yes"]
[673867,"2012-12-14","12:22:55.200","D254/FE",192,"Duplo","Policemen","6 and up",9.9499999999999993,1,9.9499999999999993,5.17,"Mastercard","B.X.|880-9149","No","No",29,"No"]
[673882,"2012-12-15","16:01:30","L256/PE",256,"Lego","Police Officers and Motorcycle","9 and up",9.9499999999999993,2,19.899999999999999,8.9600000000000009,"Visa","D.W.|880-7199","No","Yes",34,"No"]
[673882,"2012-12-15","16:01:30","D255/FE",192,"Duplo","Policemen","6 and up",9.9499999999999993,1,9.9499999999999993,5.17,"Visa","D.W.|880-7199","No","Yes",34,"No"]
[673920,"2012-12-15","13:47:02.400","D254/FE",192,"Duplo","Policemen","6 and up",9.9499999999999993,1,9.9499999999999993,5.17,"Discover","B.Y.|880-6845","No","Yes",29,"No"]
[673920,"2012-12-15","13:47:02.400","D254/FE",192,"Duplo","Policemen","6 and up",9.9499999999999993,2,19.899999999999999,10.34,"Discover","B.Y.|880-6845","No","Yes",29,"No"]
[673961,"2012-12-16","20:00:00","D255/FE",192,"Duplo","Policemen","6 and up",9.9499999999999993,4,39.799999999999997,20.68,"Visa","S.V.|880-5987","No","Yes",42,"No"]
[673990,"2012-12-16","12:20:24","L212/SD",212,"Lego","Scooter and Stand","6 and up",4.95,1,4.95,2.23,"Cash","D.S.|880-7532","No","No",39,"No"]
[673990,"2012-12-16","12:20:24","D254/FE",192,"Duplo","Policemen","6 and up",9.9499999999999993,1,9.9499999999999993,5.17,"Cash","D.S.|880-7532","No","No",39,"No"]
[674019,"2012-12-16","12:21:36","D254/FE",192,"Duplo","Policemen","6 and up",9.9499999999999993,1,9.9499999999999993,5.17,"Cash","N.W.|880-6237","No","No",49,"No"]
[674050,"2012-12-16","20:19:48","D250/AT",192,"Duplo","Policemen","6 and up",9.9499999999999993,2,19.899999999999999,10.34,"Cash","W.B.|880-9647","No","Yes",35,"No"]
[674055,"2012-12-16","09:09:50.400","L256/PE",256,"Lego","Police Officers and Motorcycle","9 and up",9.9499999999999993,3,29.849999999999998,13.44,"Check","N.W.|880-6237","Yes","No",39,"No"]
[674097,"2012-12-17","14:18:00","D254/FE",192,"Duplo","Policemen","6 and up",9.9499999999999993,1,9.9499999999999993,5.17,"Visa","D.S.|880-7532","No","No",35,"No"]
[674097,"2012-12-17","14:18:00","D250/AT",192,"Duplo","Policemen","6 and up",9.9499999999999993,1,9.9499999999999993,5.17,"Visa","D.S.|880-7532","No","No",35,"No"]
[674126,"2012-12-17","17:33:00","L195/AE",195,"Lego","Airplane","8 and up",5.95,4,23.8,12.36,"Cash","U.W.|880-9683","No","No",31,"No"]
[674158,"2012-12-17","13:21:00","D254/FE",192,"Duplo","Policemen","6 and up",9.9499999999999993,1,9.9499999999999993,5.17,"Mastercard","D.U.|880-2953","No","No",31,"No"]
[674171,"2012-12-17","15:54:36","L195/AE",195,"Lego","Airplane","8 and up",5.95,4,23.8,12.36,"Visa","D.Z.|880-1179","No","Yes",28,"Yes"]
[674195,"2012-12-18","18:39:36","L195/AE",195,"Lego","Airplane","8 and up",5.95,1,5.95,3.09,"Discover","W.C.|880-4861","Yes","Yes",38,"No"]
[674195,"2012-12-18","18:39:36","D255/FE",192,"Duplo","Policemen","6 and up",9.9499999999999993,1,9.9499999999999993,5.17,"Discover","W.C.|880-4861","Yes","Yes",38,"No"]
[674195,"2012-12-18","18:39:36","L195/AE",195,"Lego","Airplane","8 and up",5.95,1,5.95,3.09,"Discover","W.C.|880-4861","Yes","Yes",38,"No"]
[674225,"2012-12-19","15:59:13.200","D255/FE",192,"Duplo","Policemen","6 and up",9.9499999999999993,1,9.9499999999999993,5.17,"Visa","D.S.|880-7532","No","No",42,"No"]
[674225,"2012-12-19","15:59:13.200","L256/PE",256,"Lego","Police Officers and Motorcycle","9 and up",9.9499999999999993,1,9.9499999999999993,4.4800000000000004,"Visa","D.S.|880-7532","No","No",42,"No"]
[674266,"2012-12-19","15:00:00","D254/FE",192,"Duplo","Policemen","6 and up",9.9499999999999993,2,19.899999999999999,10.34,"Visa","W.B.|880-9647","No","No",67,"No"]
[674286,"2012-12-20","15:42:00","L195/AE",195,"Lego","Airplane","8 and up",5.95,1,5.95,3.09,"Mastercard","U.O.|880-3720","No","No",31,"No"]
[674286,"2012-12-20","15:42:00","D250/AT",192,"Duplo","Policemen","6 and up",9.9499999999999993,1,9.9499999999999993,5.17,"Mastercard","U.O.|880-3720","No","No",31,"No"]
[674306,"2012-12-20","12:37:22.800","D255/FE",192,"Duplo","Policemen","6 and up",9.9499999999999993,4,39.799999999999997,20.68,"Cash","A.U.|880-2167","Yes","No",24,"No"]
[674332,"2012-12-20","15:12:28.800","L340/FS",340,"Lego","Fire Trucks","6 and up",34.950000000000003,4,139.80000000000001,79.680000000000007,"Cash","D.W.|880-7199","No","No",37,"No"]
[674363,"2012-12-21","09:21:54","L197/FS",199,"Duplo","Scooter","4 and up",4.95,2,9.9,5.04,"Cash","V.W.|880-4523","No","No",18,"No"]
[674363,"2012-12-21","09:21:54","L195/AE",195,"Lego","Airplane","8 and up",5.95,1,5.95,3.09,"Cash","V.W.|880-4523","No","No",18,"No"]
[674377,"2012-12-22","08:25:12","L256/PE",256,"Lego","Police Officers and Motorcycle","9 and up",9.9499999999999993,1,9.9499999999999993,4.4800000000000004,"Cash","D.S.|880-7532","No","No",30,"Yes"]
[674377,"2012-12-22","08:25:12","L195/AE",195,"Lego","Airplane","8 and up",5.95,1,5.95,3.09,"Cash","D.S.|880-7532","No","No",30,"Yes"]
[674404,"2012-12-22","12:22:48","L195/AE",195,"Lego","Airplane","8 and up",5.95,2,11.9,6.18,"Visa","L.W.|880-4986","No","No",34,"Yes"]
[674404,"2012-12-22","12:22:48","D250/AT",192,"Duplo","Policemen","6 and up",9.9499999999999993,2,19.899999999999999,10.34,"Visa","L.W.|880-4986","No","No",34,"Yes"]
[674410,"2012-12-22","11:48:39.600","D255/FE",192,"Duplo","Policemen","6 and up",9.9499999999999993,3,29.849999999999998,15.51,"Cash","D.W.|880-7199","No","No",27,"No"]
[674410,"2012-12-22","11:48:39.600","D255/FE",192,"Duplo","Policemen","6 and up",9.9499999999999993,1,9.9499999999999993,5.17,"Cash","D.W.|880-7199","No","No",27,"No"]
[674444,"2012-12-23","16:10:48","D250/AT",192,"Duplo","Policemen","6 and up",9.9499999999999993,1,9.9499999999999993,5.17,"Mastercard","Y.P.|880-6894","Yes","No",30,"No"]
[674445,"2012-12-23","15:45:00","L256/PE",256,"Lego","Police Officers and Motorcycle","9 and up",9.9499999999999993,1,9.9499999999999993,4.4800000000000004,"Discover","W.B.|880-9647","No","No",56,"No"]
[674445,"2012-12-23","15:45:00","D250/AT",192,"Duplo","Policemen","6 and up",9.9499999999999993,1,9.9499999999999993,5.17,"Discover","W.B.|880-9647","No","No",56,"No"]
[674481,"2012-12-24","12:59:24","D250/AT",192,"Duplo","Policemen","6 and up",9.9499999999999993,1,9.9499999999999993,5.17,"Cash","Z.T.|880-7477","No","No",41,"No"]
[674524,"2012-12-24","16:58:48","L196/AR",196,"Lego","Antique Car","8 and up",7.95,1,7.95,4.45,"Mastercard","W.B.|880-9647","No","No",38,"Yes"]
[674560,"2012-12-25","12:49:12","D254/FE",192,"Duplo","Policemen","6 and up",9.9499999999999993,2,19.899999999999999,10.34,"Check","V.W.|880-8599","No","No",23,"No"]
[674575,"2012-12-25","18:46:12","L197/FS",199,"Duplo","Scooter","4 and up",4.95,5,24.75,12.6,"Cash","L.C.|880-6872","No","No",35,"No"]
[674624,"2012-12-25","11:33:36","L195/AE",195,"Lego","Airplane","8 and up",5.95,1,5.95,3.09,"Cash","L.W.|880-4986","No","No",32,"No"]
[674655,"2012-12-25","15:33:00","L256/PE",256,"Lego","Police Officers and Motorcycle","9 and up",9.9499999999999993,2,19.899999999999999,8.9600000000000009,"Mastercard","S.V.|880-5987","No","No",48,"No"]
[674655,"2012-12-25","15:33:00","D254/FE",192,"Duplo","Policemen","6 and up",9.9499999999999993,1,9.9499999999999993,5.17,"Mastercard","S.V.|880-5987","No","No",48,"No"]

{"sheet":"Data(6)","index":7,"n_rows":10020,"n_cols":10,"rows_kept":10020,"cut":false,"hidden":false,"merged":[]}
[56,"Check Data Model to get 1 new PivotTable function: Distinct Count. This will remove the Product function and in its place will be the Unique Count function"]
[57,"Use Data Model and Relationships to replace VLOOKUP"]
[]
[]
["Data Model:"]
["To Get Distinct Count"]
["1) Convert Proper Data Sets to Excel Tables, and Name the Tables."]
["2) Create PivotTable from first Table and check \"Add data to Data Model\" check box in PivotTable Dialog Box."]
["To Use Two Tables in a PivotTable"]
["3) From the All Tab in the PivotTable Field List, Right-click second Table and select \"Show in Active Tab\""]
["4) Click inside PivotTable and then on the Analyze Ribbon Tab, click on the Relationships button in Calculations group. "]
["5) Primary  = VLOOKUP Table. Foreign = Table that would get VLOOKUP function."]
["6) Now you can build a PivotTable based on two tables"]
["7) In PivotTable \"Summarize Values by\": Distinct Count replaces Product."]
["No Grouping in PivotTable."]
["Drilldown only goes to record 1000"]
[]
["Transaction Table:",null,null,null,null,null,null,null,"SalesRepRegion Table:"]
[]
["Date","SalesRep","Product","Units","Price","Revenue",null,null,"SalesRep","Region"]
["2013-08-31","Christy  Olson","Doublers",2,79.95,159.9,null,null,"Allan  Ramos","MidWest"]
["2014-11-27","Dan  Peterson","Sunshine",2,19.95,39.9,null,null,"Andrew  Meyer","West"]
["2013-11-07","Mable  Lindsey","Crested Beaut",3,25,75,null,null,"Arturo  Francis","East"]
["2014-06-02","Kyle  Carr","Quad",3,33,99,null,null,"Austin  Reynolds","East"]
["2013-08-01","Rachel  Gomez","Carlota",2,22.95,45.9,null,null,"Ben  Perez","West"]
["2014-11-14","Isabel  Cross","Majestic Beaut",1,28,28,null,null,"Bernadette  Page","MidWest"]
["2013-11-13","Billie  Chandler","Sunset",3,23.5,70.5,null,null,"Beth  Tucker","West"]
["2014-11-04","Sylvester  Morales","Carlota",2,22.95,45.9,null,null,"Bethany  Pena","MidWest"]
["2014-11-26","Rachel  Gomez","Bellen",1,22.95,22.95,null,null,"Billie  Chandler","MidWest"]
["2014-07-08","Beth  Tucker","Sunbell",2,25,50,null,null,"Blake  Bridges","South"]
["2014-12-06","Shari  Silva","Quad",2,33,66,null,null,"Bobbie  Ryan","East"]
["2013-12-14","Drew  Rogers","Sunset",1,23.5,23.5,null,null,"Brooke  Horton","MidWest"]
["2013-12-01","Arturo  Francis","Carlota",4,21.95,87.8,null,null,"Carla  Mccormick","MidWest"]
["2014-11-11","Mable  Lindsey","Quad",2,34,68,null,null,"Cassandra  Franklin","MidWest"]
["2014-03-13","Shari  Silva","Sunshine",1,19.95,19.95,null,null,"Cecilia  Manning","South"]
["2013-02-01","Rachel  Gomez","Sunbell",1,24,24,null,null,"Charlie  Wood","MidWest"]
["2013-01-10","Jenny  Garcia","Doublers",1,79.95,79.95,null,null,"Christina  Fuller","West"]
["2014-11-15","Colleen  Warren","Quad",9,34,306,null,null,"Christy  Olson","West"]
["2013-12-12","Pauline  Beck","Sunshine",1,19.95,19.95,null,null,"Cindy  Becker","South"]
["2014-11-22","Shari  Silva","Carlota",3,22.95,68.849999999999994,null,null,"Colleen  Warren","West"]
["2014-07-10","Jenny  Garcia","Quad",3,33,99,null,null,"Dan  Peterson","MidWest"]
["2013-12-27","Ben  Perez","Quad",2,34,68,null,null,"Della  Jensen","East"]
["2013-09-28","Cassandra  Franklin","FlatTop",1,27.5,27.5,null,null,"Don  Gonzales","South"]
["2013-11-01","Elaine  Ellis","Carlota",2,22.95,45.9,null,null,"Donna  Reid","West"]
["2013-10-31","Beth  Tucker","Aspen",24,19.95,478.8,null,null,"Drew  Rogers","MidWest"]
["2014-06-16","Cassandra  Franklin","Sunset",2,23.5,47,null,null,"Eddie  Green","East"]
["2013-11-21","Colleen  Warren","Sunbell",3,25,75,null,null,"Edwin  Malone","East"]
["2014-11-23","Cassandra  Franklin","Sunshine",3,19.95,59.85,null,null,"Elaine  Ellis","South"]
["2013-01-25","Cassandra  Franklin","Sunbell",2,24,48,null,null,"Elbert  Klein","South"]
["2013-04-25","Nellie  Joseph","Sunbell",1,23,23,null,null,"Ellen  Weaver","South"]
["2014-11-09","Guillermo  Potter","Aspen",1,20,20,null,null,"Elvira  Bowman","MidWest"]
["2013-11-22","Lynette  Brewer","Sunshine",3,19.95,59.85,null,null,"Eric  Rose","West"]
["2013-12-05","Rachel  Gomez","Majestic Beaut",15,27.55,413.25,null,null,"Ernest  Davis","West"]
["2014-11-16","Lance  Yates","Sunshine",2,19.95,39.9,null,null,"Felicia  Jennings","West"]
["2014-03-26","Arturo  Francis","Sunshine",3,18.95,56.85,null,null,"Fernando  Rowe","West"]
["2013-12-29","Lula  Daniels","FlatTop",3,27.5,82.5,null,null,"Guillermo  Potter","MidWest"]
["2013-11-29","Bethany  Pena","Crested Beaut",3,24,72,null,null,"Herman  Williams","East"]
["2013-06-17","Robert  Munoz","Aspen",4,20,80,null,null,"Iris  Underwood","West"]
["2014-11-18","Shari  Silva","Sunshine",3,19.95,59.85,null,null,"Isabel  Cross","East"]
["2014-11-20","Cindy  Becker","Carlota",1,22.95,22.95,null,null,"Ivan  Adkins","West"]
["2013-11-11","Guillermo  Potter","Sunshine",3,19.95,59.85,null,null,"Jaime  Pearson","MidWest"]
["2013-12-23","Sandra  Floyd","Aspen",2,20,40,null,null,"Jenny  Garcia","MidWest"]
["2013-12-05","Billie  Chandler","Sunshine",2,19.95,39.9,null,null,"Joey  Wong","West"]
["2013-12-06","Isabel  Cross","Sunshine",1,18.95,18.95,null,null,"Johanna  Boone","South"]
["2013-01-28","Bernadette  Page","Sunshine",2,19.95,39.9,null,null,"Kyle  Carr","MidWest"]
["2013-12-01","Andrew  Meyer","Majestic Beaut",3,30,90,null,null,"Lance  Yates","MidWest"]
["2013-01-25","Lee  Mack","Carlota",1,22.95,22.95,null,null,"Lee  Mack","MidWest"]
["2014-04-18","Bobbie  Ryan","Crested Beaut",2,23,46,null,null,"Lorraine  Gibson","East"]
["2014-11-25","Trevor  Jones","FlatTop",3,27.5,82.5,null,null,"Lula  Daniels","MidWest"]
["2013-03-03","Eric  Rose","Sunbell",2,25,50,null,null,"Lynette  Brewer","MidWest"]
["2013-12-03","Donna  Reid","Bellen",2,22.95,45.9,null,null,"Mable  Lindsey","West"]
["2013-11-02","Ivan  Adkins","Carlota",1,22.95,22.95,null,null,"Marian  Hill","South"]
["2014-11-09","Billie  Chandler","FlatTop",1,27.5,27.5,null,null,"Marion  Glover","East"]
["2013-11-16","Jenny  Garcia","Crested Beaut",11,22.8,250.8,null,null,"Max  Rodgers","West"]
["2013-11-09","Andrew  Meyer","Quad",2,34,68,null,null,"Nellie  Joseph","East"]
["2013-11-09","Brooke  Horton","Doublers",2,79.95,159.9,null,null,"Patty  Thompson","West"]
["2013-12-05","Max  Rodgers","Sunshine",3,19.95,59.85,null,null,"Paulette  Spencer","South"]
["2013-11-23","Eric  Rose","Sunbell",2,25,50,null,null,"Pauline  Beck","West"]
["2014-12-16","Rachel  Gomez","FlatTop",18,26.13,470.34,null,null,"Peter  Hodges","MidWest"]
["2014-12-24","Max  Rodgers","Quad",2,34,68,null,null,"Rachel  Gomez","MidWest"]
["2013-04-07","Robert  Munoz","Sunbell",15,22.8,342,null,null,"Robert  Munoz","MidWest"]
["2013-12-04","Don  Gonzales","Majestic Beaut",1,29,29,null,null,"Ruben  Nunez","West"]
["2014-07-30","Cecilia  Manning","Bellen",2,22.95,45.9,null,null,"Salvador  Bass","West"]
["2013-12-25","Cindy  Becker","Bellen",1,22.95,22.95,null,null,"Sandra  Floyd","MidWest"]
["2014-11-29","Brooke  Horton","Sunbell",2,24,48,null,null,"Shari  Silva","South"]
["2014-10-21","Ivan  Adkins","V-Rang",3,19,57,null,null,"Sonya  Mullins","East"]
["2013-09-10","Christina  Fuller","Aspen",2,21,42,null,null,"Sylvester  Morales","West"]
["2014-12-01","Peter  Hodges","Sunshine",2,19.95,39.9,null,null,"Tiffany  May","West"]
["2014-11-17","Ben  Perez","Bellen",1,22.95,22.95,null,null,"Tracy  Reed","MidWest"]
["2014-12-02","Andrew  Meyer","Carlota",4,22.95,91.8,null,null,"Trevor  Jones","West"]
["2014-11-30","Peter  Hodges","Bellen",3,22.95,68.849999999999994,null,null,"Willie  Vega","MidWest"]
["2013-11-27","Billie  Chandler","Quad",2,33,66,null,null,"Woodrow  Colon","South"]
["2013-11-19","Robert  Munoz","Sunbell",1,24,24]
["2013-11-16","Salvador  Bass","FlatTop",2,27.5,55]
["2014-12-17","Salvador  Bass","Sunset",3,23.5,70.5]
["2014-11-13","Bobbie  Ryan","Carlota",1,21.95,21.95]
["2014-12-13","Andrew  Meyer","Carlota",2,22.95,45.9]
["2013-10-17","Drew  Rogers","Majestic Beaut",7,29,203]
["2013-11-30","Isabel  Cross","Bellen",3,21.95,65.849999999999994]
["2013-12-28","Della  Jensen","FlatTop",1,26.5,26.5]
["2014-12-24","Lorraine  Gibson","Carlota",25,20.85,521.25]
["2013-12-22","Shari  Silva","Sunshine",20,18.95,379]
["2013-12-17","Drew  Rogers","Sunshine",2,19.95,39.9]
["2013-12-06","Iris  Underwood","Quad",3,34,102]
["2013-11-20","Drew  Rogers","Quad",1,33,33]
["2013-01-21","Jenny  Garcia","Quad",3,33,99]
["2013-09-28","Lorraine  Gibson","Sunshine",3,18.95,56.85]
["2014-12-16","Elaine  Ellis","Crested Beaut",1,24,24]
["2014-11-01","Eric  Rose","Bellen",3,22.95,68.849999999999994]
["2013-09-27","Isabel  Cross","Quad",1,32,32]
["2013-03-06","Billie  Chandler","FlatTop",21,26.13,548.73]
["2014-12-12","Woodrow  Colon","Sunset",2,22.5,45]
["2013-08-03","Edwin  Malone","Sunbell",1,23,23]
["2013-11-18","Paulette  Spencer","Bellen",3,22.95,68.849999999999994]
["2013-12-08","Cassandra  Franklin","Bellen",2,22.95,45.9]
["2014-11-13","Allan  Ramos","Sunbell",2,24,48]
["2014-07-12","Eric  Rose","Quad",1,34,34]
["2014-11-29","Cassandra  Franklin","Carlota",3,22.95,68.849999999999994]
["2014-11-28","Della  Jensen","Carlota",3,21.95,65.849999999999994]
["2013-12-09","Shari  Silva","Carlota",3,22.95,68.849999999999994]
["2014-07-18","Austin  Reynolds","Crested Beaut",3,23,69]
["2014-11-02","Dan  Peterson","Sunshine",2,19.95,39.9]
["2014-11-18","Elbert  Klein","Sunshine",1,19.95,19.95]
["2013-12-19","Nellie  Joseph","Aspen",3,19,57]
["2013-12-09","Robert  Munoz","Sunbell",2,24,48]
["2014-12-04","Herman  Williams","Sunset",3,22.5,67.5]
["2014-12-09","Cassandra  Franklin","FlatTop",3,27.5,82.5]
["2013-11-28","Woodrow  Colon","Bellen",3,22.95,68.849999999999994]
["2013-11-13","Willie  Vega","Majestic Beaut",2,29,58]
["2014-12-04","Cassandra  Franklin","Doublers",2,79.95,159.9]
["2014-06-09","Lorraine  Gibson","Quad",2,32,64]
["2013-07-13","Christina  Fuller","Bellen",1,22.95,22.95]
["2013-11-06","Ivan  Adkins","Sunshine",2,19.95,39.9]
["2014-11-19","Brooke  Horton","FlatTop",3,27.5,82.5]
["2014-12-19","Robert  Munoz","Sunset",19,22.33,424.27]
["2014-11-21","Robert  Munoz","Crested Beaut",1,24,24]
["2014-12-31","Edwin  Malone","Carlota",3,21.95,65.849999999999994]
["2013-11-10","Tracy  Reed","Sunbell",2,24,48]
["2013-11-25","Rachel  Gomez","FlatTop",3,27.5,82.5]
["2014-12-17","Elbert  Klein","Sunset",16,21.38,342.08]
["2013-11-11","Lynette  Brewer","Aspen",3,20,60]
["2014-11-18","Kyle  Carr","Carlota",2,22.95,45.9]
["2014-12-13","Max  Rodgers","Bellen",7,22.95,160.65]
["2013-12-10","Carla  Mccormick","Carlota",3,22.95,68.849999999999994]
["2013-12-04","Fernando  Rowe","Sunshine",1,19.95,19.95]
["2013-11-05","Jaime  Pearson","Bellen",2,22.95,45.9]
["2014-12-15","Max  Rodgers","Sunbell",2,25,50]
["2014-12-27","Della  Jensen","Bellen",2,21.95,43.9]
["2013-08-25","Donna  Reid","Carlota",3,22.95,68.849999999999994]
["2014-12-22","Robert  Munoz","Carlota",2,22.95,45.9]
["2014-12-14","Cindy  Becker","Majestic Beaut",1,29,29]
["2014-12-19","Max  Rodgers","Sunset",12,22.33,267.95999999999998]
["2013-09-14","Cindy  Becker","Aspen",1,20,20]
["2014-12-22","Robert  Munoz","Quad",3,33,99]
["2013-11-14","Jenny  Garcia","Sunset",3,23.5,70.5]
["2013-02-03","Pauline  Beck","Sunbell",1,25,25]
["2013-12-04","Max  Rodgers","Majestic Beaut",2,30,60]
["2013-12-27","Cindy  Becker","Carlota",1,22.95,22.95]
["2013-11-27","Rachel  Gomez","Sunshine",2,19.95,39.9]
["2013-07-12","Lorraine  Gibson","Carlota",2,21.95,43.9]
["2014-11-10","Billie  Chandler","Quad",8,33,264]
["2013-01-29","Lee  Mack","Sunbell",1,24,24]
["2013-12-23","Dan  Peterson","Sunshine",1,19.95,19.95]
["2014-08-03","Robert  Munoz","Quad",3,33,99]
["2014-11-01","Eric  Rose","Sunshine",1,19.95,19.95]
["2014-12-21","Christina  Fuller","Bellen",2,22.95,45.9]
["2013-11-25","Jenny  Garcia","Quad",4,33,132]
["2014-12-30","Ellen  Weaver","Sunset",1,22.5,22.5]
["2014-12-22","Eric  Rose","Carlota",2,22.95,45.9]
["2013-12-30","Jaime  Pearson","Bellen",2,22.95,45.9]
["2014-12-02","Marian  Hill","Sunshine",2,19.95,39.9]
["2013-10-13","Blake  Bridges","Sunshine",1,19.95,19.95]
["2014-12-14","Robert  Munoz","Quad",5,33,165]
["2013-12-27","Sandra  Floyd","Quad",2,33,66]
["2013-12-29","Cindy  Becker","Carlota",1,22.95,22.95]
["2014-12-31","Austin  Reynolds","Bellen",4,21.95,87.8]
["2013-12-08","Elvira  Bowman","Sunshine",3,19.95,59.85]
["2013-11-23","Jenny  Garcia","Quad",3,33,99]
["2013-12-08","Salvador  Bass","Sunbell",14,23.75,332.5]
["2013-02-19","Cassandra  Franklin","Doublers",4,79.95,319.8]
["2013-12-13","Ben  Perez","Crested Beaut",1,25,25]
["2013-01-29","Robert  Munoz","Sunbell",2,24,48]
["2014-12-11","Lance  Yates","Doublers",2,79.95,159.9]
["2013-12-05","Beth  Tucker","Carlota",14,21.8,305.2]
["2013-03-25","Cecilia  Manning","Quad",3,33,99]
["2014-11-21","Patty  Thompson","Bellen",4,22.95,91.8]
["2013-12-10","Robert  Munoz","FlatTop",2,27.5,55]
["2014-05-07","Elaine  Ellis","Sunshine",2,19.95,39.9]
["2013-11-30","Isabel  Cross","Sunshine",3,18.95,56.85]
["2014-11-14","Shari  Silva","Quad",2,33,66]
["2014-11-13","Sandra  Floyd","Sunshine",2,19.95,39.9]
["2014-12-31","Shari  Silva","Bellen",2,22.95,45.9]
["2013-04-17","Trevor  Jones","Sunshine",1,19.95,19.95]
["2013-12-07","Robert  Munoz","Bellen",5,22.95,114.75]
["2014-11-27","Brooke  Horton","Majestic Beaut",19,27.55,523.45000000000005]
["2014-02-26","Mable  Lindsey","Quad",3,34,102]
["2014-12-10","Drew  Rogers","Quad",2,33,66]
["2013-12-21","Sonya  Mullins","Quad",1,32,32]
["2014-11-15","Jenny  Garcia","Bellen",3,22.95,68.849999999999994]
["2013-11-10","Brooke  Horton","Carlota",19,21.8,414.2]
["2013-11-15","Jenny  Garcia","Aspen",2,20,40]
["2013-03-04","Iris  Underwood","Quad",2,34,68]
["2014-01-29","Tiffany  May","Quad",3,34,102]
["2013-05-06","Kyle  Carr","Quad",4,33,132]
["2014-04-05","Salvador  Bass","Sunbell",1,25,25]
["2014-11-10","Kyle  Carr","Aspen",11,19,209]
["2014-11-25","Dan  Peterson","Crested Beaut",2,24,48]
["2014-07-05","Max  Rodgers","Sunbell",2,25,50]
["2014-12-26","Edwin  Malone","Bellen",2,21.95,43.9]
["2014-04-10","Robert  Munoz","Sunbell",2,24,48]
["2013-11-17","Elbert  Klein","Aspen",1,20,20]
["2014-12-04","Isabel  Cross","Sunbell",2,23,46]
["2013-11-14","Sandra  Floyd","Sunshine",5,19.95,99.75]
["2013-12-11","Cassandra  Franklin","Sunbell",2,24,48]
["2013-03-11","Drew  Rogers","Doublers",1,79.95,79.95]
["2014-11-25","Cassandra  Franklin","Quad",2,33,66]
["2013-11-21","Trevor  Jones","Sunshine",3,19.95,59.85]
["2013-03-04","Rachel  Gomez","Sunshine",2,19.95,39.9]
["2014-11-18","Della  Jensen","Quad",2,32,64]
["2013-12-08","Billie  Chandler","Sunshine",2,19.95,39.9]
["2013-11-02","Guillermo  Potter","Carlota",3,22.95,68.849999999999994]
["2014-12-28","Donna  Reid","Quad",3,34,102]
["2013-11-06","Salvador  Bass","Majestic Beaut",1,30,30]
["2014-12-22","Brooke  Horton","Sunbell",2,24,48]
["2014-02-17","Allan  Ramos","Sunbell",3,24,72]
["2014-08-06","Isabel  Cross","Quad",1,32,32]
["2014-05-13","Woodrow  Colon","Quad",22,31.35,689.7]
["2013-11-27","Robert  Munoz","Aspen",2,20,40]
["2014-11-19","Sandra  Floyd","Bellen",1,22.95,22.95]
["2013-11-21","Della  Jensen","Carlota",19,20.85,396.15]
["2014-07-17","Cecilia  Manning","Majestic Beaut",2,29,58]
["2013-12-16","Donna  Reid","Quad",9,34,306]
["2013-11-12","Max  Rodgers","Majestic Beaut",2,30,60]
["2014-01-28","Isabel  Cross","Majestic Beaut",4,28,112]
["2013-11-23","Bernadette  Page","Quad",1,33,33]
["2013-10-19","Isabel  Cross","Carlota",1,21.95,21.95]
["2014-11-01","Woodrow  Colon","V-Rang",3,18,54]
["2014-12-26","Andrew  Meyer","Bellen",2,22.95,45.9]
["2013-10-02","Allan  Ramos","Sunset",1,23.5,23.5]
["2013-03-02","Bethany  Pena","Sunshine",1,19.95,19.95]
["2013-11-10","Salvador  Bass","Quad",7,34,238]
["2014-11-04","Carla  Mccormick","Bellen",1,22.95,22.95]
["2014-11-19","Lance  Yates","Quad",2,33,66]
["2014-12-28","Drew  Rogers","Quad",2,33,66]
["2013-05-26","Sylvester  Morales","Quad",2,34,68]
["2014-11-13","Edwin  Malone","Sunshine",2,18.95,37.9]
["2014-12-15","Robert  Munoz","Carlota",3,22.95,68.849999999999994]
["2014-11-16","Salvador  Bass","Bellen",1,22.95,22.95]
["2014-11-20","Salvador  Bass","Quad",2,34,68]
["2013-09-09","Trevor  Jones","Aspen",5,21,105]
["2014-12-21","Rachel  Gomez","Sunset",8,23.5,188]
["2014-02-05","Bethany  Pena","Carlota",3,22.95,68.849999999999994]
["2013-11-07","Robert  Munoz","Crested Beaut",10,24,240]
["2013-12-11","Jenny  Garcia","Carlota",3,22.95,68.849999999999994]
["2014-06-26","Ernest  Davis","FlatTop",2,27.5,55]
["2013-12-14","Rachel  Gomez","Quad",3,33,99]
["2014-12-06","Elbert  Klein","Crested Beaut",4,24,96]
["2013-11-29","Christina  Fuller","Doublers",2,79.95,159.9]
["2013-11-24","Elaine  Ellis","Quad",2,33,66]
["2013-12-30","Austin  Reynolds","Carlota",3,21.95,65.849999999999994]
["2013-12-06","Eddie  Green","Bellen",2,21.95,43.9]
["2013-11-23","Elbert  Klein","Crested Beaut",3,24,72]
["2013-12-27","Patty  Thompson","Sunshine",2,19.95,39.9]
["2014-03-10","Arturo  Francis","Aspen",3,19,57]
["2014-11-10","Mable  Lindsey","Carlota",18,21.8,392.4]
["2014-12-26","Edwin  Malone","Bellen",2,21.95,43.9]
["2013-12-10","Joey  Wong","Aspen",3,21,63]
["2013-12-11","Drew  Rogers","Sunbell",2,24,48]
["2013-03-14","Lynette  Brewer","Sunshine",1,19.95,19.95]
["2013-11-22","Sonya  Mullins","Doublers",3,75.95,227.85]
["2014-11-01","Brooke  Horton","Carlota",3,22.95,68.849999999999994]
["2013-01-05","Don  Gonzales","Doublers",4,77.95,311.8]
["2013-08-10","Rachel  Gomez","Doublers",3,79.95,239.85]
["2013-12-24","Isabel  Cross","Quad",17,30.4,516.79999999999995]
["2013-11-29","Bethany  Pena","Sunshine",4,19.95,79.8]
["2013-11-29","Ruben  Nunez","Sunbell",3,25,75]
["2014-11-21","Herman  Williams","Crested Beaut",1,23,23]
["2013-12-02","Lance  Yates","Carlota",3,22.95,68.849999999999994]
["2013-11-10","Sonya  Mullins","V-Rang",2,18,36]
["2013-11-18","Brooke  Horton","Carlota",3,22.95,68.849999999999994]
["2013-12-25","Lorraine  Gibson","Carlota",1,21.95,21.95]
["2013-07-19","Della  Jensen","Bellen",3,21.95,65.849999999999994]
["2013-11-30","Rachel  Gomez","Quad",2,33,66]
["2014-12-21","Paulette  Spencer","Sunshine",2,19.95,39.9]
["2014-11-19","Rachel  Gomez","Sunshine",2,19.95,39.9]
["2013-11-28","Beth  Tucker","Carlota",2,22.95,45.9]
["2014-11-02","Della  Jensen","Bellen",3,21.95,65.849999999999994]
["2014-12-29","Rachel  Gomez","Crested Beaut",3,24,72]
["2014-11-08","Bernadette  Page","Bellen",3,22.95,68.849999999999994]
["2014-12-15","Cecilia  Manning","Majestic Beaut",3,29,87]
["2013-12-27","Eddie  Green","Quad",1,32,32]
["2014-11-19","Paulette  Spencer","Quad",12,31.35,376.2]
["2014-12-26","Joey  Wong","Sunset",3,23.5,70.5]
["2014-12-29","Allan  Ramos","Aspen",1,20,20]
["2013-11-30","Bernadette  Page","Aspen",2,20,40]
["2013-11-19","Blake  Bridges","Quad",24,31.35,752.4]
["2013-11-21","Elvira  Bowman","Sunset",3,23.5,70.5]
["2014-12-02","Fernando  Rowe","Carlota",3,22.95,68.849999999999994]
["2014-11-01","Jenny  Garcia","Quad",2,33,66]
["2013-10-22","Allan  Ramos","Aspen",2,20,40]
["2014-11-14","Fernando  Rowe","Bellen",2,22.95,45.9]
["2014-11-12","Beth  Tucker","Sunshine",3,19.95,59.85]
["2014-12-12","Andrew  Meyer","Sunshine",2,19.95,39.9]
["2013-11-07","Della  Jensen","Carlota",1,21.95,21.95]
["2013-12-25","Mable  Lindsey","Bellen",2,22.95,45.9]
["2014-12-26","Rachel  Gomez","Quad",3,33,99]
["2014-11-11","Edwin  Malone","Bellen",2,21.95,43.9]
["2013-12-26","Patty  Thompson","Quad",2,34,68]
["2013-04-08","Rachel  Gomez","Bellen",2,22.95,45.9]
["2013-12-18","Della  Jensen","Sunset",2,22.5,45]
["2013-09-04","Colleen  Warren","Quad",1,34,34]
["2014-12-31","Bernadette  Page","Crested Beaut",3,24,72]
["2014-11-14","Rachel  Gomez","Sunbell",2,24,48]
["2013-02-28","Donna  Reid","Carlota",2,22.95,45.9]
["2013-11-03","Arturo  Francis","Majestic Beaut",3,28,84]
["2014-10-24","Drew  Rogers","Sunset",2,23.5,47]
["2013-12-23","Salvador  Bass","Majestic Beaut",1,30,30]
["2013-12-29","Bethany  Pena","Quad",1,33,33]
["2014-08-20","Max  Rodgers","Sunbell",2,25,50]
["2013-11-19","Sandra  Floyd","Bellen",2,22.95,45.9]
["2014-12-05","Peter  Hodges","Sunbell",1,24,24]
["2013-12-27","Rachel  Gomez","Carlota",1,22.95,22.95]
["2014-12-31","Andrew  Meyer","Bellen",1,22.95,22.95]
["2014-12-23","Beth  Tucker","Sunbell",3,25,75]
["2014-12-23","Lula  Daniels","Carlota",3,22.95,68.849999999999994]
["2014-12-06","Cindy  Becker","Bellen",1,22.95,22.95]
["2013-11-18","Bobbie  Ryan","Bellen",3,21.95,65.849999999999994]
["2013-12-22","Cecilia  Manning","Quad",1,33,33]
["2013-12-24","Colleen  Warren","Carlota",2,22.95,45.9]
["2013-12-25","Marion  Glover","Bellen",1,21.95,21.95]
["2013-05-06","Ruben  Nunez","Quad",2,34,68]
["2014-07-17","Arturo  Francis","Sunshine",1,18.95,18.95]
["2013-11-24","Peter  Hodges","Sunset",21,22.33,468.93]
["2013-11-23","Edwin  Malone","Carlota",2,21.95,43.9]
["2013-12-22","Robert  Munoz","Sunset",4,23.5,94]
["2013-11-01","Marion  Glover","Sunshine",3,18.95,56.85]
["2014-11-18","Guillermo  Potter","Quad",2,33,66]
["2014-03-03","Trevor  Jones","Sunshine",1,19.95,19.95]
["2013-11-25","Della  Jensen","Carlota",1,21.95,21.95]
["2013-11-16","Salvador  Bass","Quad",3,34,102]
["2013-12-30","Bethany  Pena","FlatTop",2,27.5,55]
["2013-11-30","Don  Gonzales","Crested Beaut",4,24,96]
["2014-12-07","Beth  Tucker","Majestic Beaut",2,30,60]
["2013-12-30","Brooke  Horton","Aspen",1,20,20]
["2013-12-11","Ernest  Davis","Sunshine",4,19.95,79.8]
["2014-11-05","Edwin  Malone","V-Rang",2,18,36]
["2013-12-11","Rachel  Gomez","Bellen",2,22.95,45.9]
["2013-04-16","Elvira  Bowman","Aspen",1,20,20]
["2014-12-06","Beth  Tucker","Carlota",1,22.95,22.95]
["2014-11-19","Ruben  Nunez","Sunshine",4,19.95,79.8]
["2014-11-07","Iris  Underwood","Aspen",13,19.95,259.35000000000002]
["2014-11-03","Billie  Chandler","Majestic Beaut",25,27.55,688.75]
["2013-11-04","Isabel  Cross","Sunshine",2,18.95,37.9]
["2014-12-30","Brooke  Horton","Majestic Beaut",2,29,58]
["2014-12-01","Trevor  Jones","Carlota",2,22.95,45.9]
["2014-08-10","Ben  Perez","Sunset",3,23.5,70.5]
["2014-11-27","Colleen  Warren","Sunshine",2,19.95,39.9]
["2014-11-07","Lynette  Brewer","Aspen",1,20,20]
["2013-12-09","Brooke  Horton","Bellen",2,22.95,45.9]
["2013-05-18","Isabel  Cross","Carlota",2,21.95,43.9]
["2014-01-29","Dan  Peterson","V-Rang",2,18,36]
["2014-12-08","Isabel  Cross","Quad",1,32,32]
["2014-12-29","Christina  Fuller","Sunshine",3,19.95,59.85]
["2014-04-08","Eric  Rose","Carlota",2,22.95,45.9]
["2014-12-06","Isabel  Cross","FlatTop",2,26.5,53]
["2014-06-16","Carla  Mccormick","Majestic Beaut",2,29,58]
["2013-07-26","Isabel  Cross","Bellen",2,21.95,43.9]
["2014-11-06","Joey  Wong","Bellen",1,22.95,22.95]
["2014-11-08","Arturo  Francis","Bellen",2,21.95,43.9]
["2013-11-24","Joey  Wong","Aspen",2,21,42]
["2014-11-09","Christy  Olson","Crested Beaut",3,25,75]
["2013-12-03","Marion  Glover","Sunbell",2,23,46]
["2014-11-04","Cecilia  Manning","Quad",2,33,66]
["2013-12-29","Trevor  Jones","Crested Beaut",4,25,100]
["2014-12-25","Johanna  Boone","Quad",1,33,33]
["2013-11-02","Isabel  Cross","Sunbell",2,23,46]
["2014-12-05","Drew  Rogers","Quad",14,31.35,438.9]
["2013-12-16","Carla  Mccormick","Bellen",2,22.95,45.9]
["2013-11-15","Trevor  Jones","Carlota",2,22.95,45.9]
["2014-03-02","Robert  Munoz","Quad",2,33,66]
["2013-11-22","Blake  Bridges","Carlota",1,22.95,22.95]
["2014-11-30","Brooke  Horton","Sunshine",2,19.95,39.9]
["2013-11-08","Blake  Bridges","Crested Beaut",3,24,72]
["2014-11-14","Jenny  Garcia","Majestic Beaut",3,29,87]
["2013-12-13","Elvira  Bowman","Sunshine",1,19.95,19.95]
["2014-11-11","Shari  Silva","Sunbell",1,24,24]
["2013-11-25","Cindy  Becker","Doublers",1,77.95,77.95]
["2014-11-22","Cindy  Becker","Aspen",3,20,60]
["2013-11-19","Shari  Silva","Bellen",3,22.95,68.849999999999994]
["2013-05-29","Della  Jensen","Crested Beaut",2,23,46]
["2013-11-11","Ernest  Davis","Bellen",1,22.95,22.95]
["2013-02-27","Willie  Vega","Carlota",1,22.95,22.95]
["2013-05-26","Marian  Hill","Bellen",2,22.95,45.9]
["2013-11-16","Robert  Munoz","Carlota",14,21.8,305.2]
["2013-11-24","Eddie  Green","FlatTop",2,26.5,53]
["2013-10-08","Rachel  Gomez","Bellen",1,22.95,22.95]
["2013-06-13","Eddie  Green","Bellen",2,21.95,43.9]
["2013-12-26","Felicia  Jennings","Aspen",1,21,21]
["2013-12-26","Paulette  Spencer","Quad",1,33,33]
["2013-12-06","Rachel  Gomez","Bellen",1,22.95,22.95]
["2013-12-29","Lynette  Brewer","Carlota",2,22.95,45.9]
["2014-11-30","Max  Rodgers","Sunshine",17,18.95,322.14999999999998]
["2014-11-13","Ben  Perez","Bellen",2,22.95,45.9]
["2014-12-09","Edwin  Malone","Aspen",4,19,76]
["2013-12-14","Paulette  Spencer","Quad",3,33,99]
["2014-01-07","Nellie  Joseph","Carlota",2,21.95,43.9]
["2013-11-27","Cecilia  Manning","Sunshine",3,19.95,59.85]
["2013-09-20","Arturo  Francis","Crested Beaut",1,23,23]
["2013-11-07","Brooke  Horton","Doublers",1,79.95,79.95]
["2013-12-19","Willie  Vega","Sunshine",15,18.95,284.25]
["2014-12-25","Sonya  Mullins","Sunshine",3,18.95,56.85]
["2013-11-10","Elaine  Ellis","Doublers",3,77.95,233.85]
["2014-12-11","Max  Rodgers","Crested Beaut",1,25,25]
["2014-03-02","Cecilia  Manning","Sunshine",1,19.95,19.95]
["2014-11-09","Woodrow  Colon","Crested Beaut",2,24,48]
["2013-11-09","Cassandra  Franklin","Bellen",1,22.95,22.95]
["2013-11-06","Sonya  Mullins","Sunshine",3,18.95,56.85]
["2014-08-25","Kyle  Carr","Quad",2,33,66]
["2014-12-03","Eddie  Green","Doublers",3,75.95,227.85]
["2014-04-30","Ben  Perez","Majestic Beaut",3,30,90]
["2014-05-02","Donna  Reid","Bellen",1,22.95,22.95]
["2014-12-02","Willie  Vega","Sunset",23,22.33,513.59]
["2014-12-08","Isabel  Cross","Quad",2,32,64]
["2013-12-15","Isabel  Cross","Majestic Beaut",1,28,28]
["2013-11-26","Shari  Silva","Bellen",3,22.95,68.849999999999994]
["2013-05-30","Shari  Silva","V-Rang",2,18,36]
["2013-11-23","Cindy  Becker","Sunshine",1,19.95,19.95]
["2014-12-29","Cassandra  Franklin","Majestic Beaut",2,29,58]
["2014-12-24","Drew  Rogers","Sunshine",8,19.95,159.6]
["2013-12-03","Pauline  Beck","Crested Beaut",1,25,25]
["2013-11-10","Jenny  Garcia","Quad",3,33,99]
["2014-12-27","Max  Rodgers","Bellen",2,22.95,45.9]
["2014-12-26","Nellie  Joseph","Majestic Beaut",3,28,84]
["2013-11-23","Robert  Munoz","Bellen",5,22.95,114.75]
["2013-09-07","Shari  Silva","Sunbell",22,22.8,501.6]
["2013-08-07","Allan  Ramos","Aspen",2,20,40]
["2014-04-21","Shari  Silva","Bellen",10,22.95,229.5]
["2014-12-05","Don  Gonzales","Sunbell",3,24,72]
["2013-01-26","Shari  Silva","Sunbell",2,24,48]
["2013-11-07","Jaime  Pearson","Sunshine",1,19.95,19.95]
["2013-11-27","Eric  Rose","Doublers",3,79.95,239.85]
["2013-04-22","Andrew  Meyer","V-Rang",2,19,38]
["2014-12-03","Beth  Tucker","Doublers",11,75.95,835.45]
["2014-11-24","Paulette  Spencer","Majestic Beaut",3,29,87]
["2014-12-15","Rachel  Gomez","Sunshine",2,19.95,39.9]
["2013-12-13","Pauline  Beck","Sunshine",3,19.95,59.85]
["2014-11-30","Ellen  Weaver","Aspen",2,20,40]
["2013-11-22","Cassandra  Franklin","Carlota",14,21.8,305.2]
["2013-12-01","Trevor  Jones","Sunshine",1,19.95,19.95]
["2013-02-06","Elvira  Bowman","Quad",3,33,99]
["2013-11-11","Salvador  Bass","Quad",1,34,34]
["2013-12-15","Tracy  Reed","Bellen",3,22.95,68.849999999999994]
["2014-12-17","Peter  Hodges","Sunshine",3,19.95,59.85]
["2013-11-21","Drew  Rogers","Carlota",1,22.95,22.95]
["2013-11-15","Patty  Thompson","Sunset",2,23.5,47]
["2013-12-05","Patty  Thompson","Aspen",2,21,42]
["2014-08-16","Brooke  Horton","Sunbell",2,24,48]
["2013-12-25","Max  Rodgers","Crested Beaut",2,25,50]
["2013-03-20","Donna  Reid","Quad",1,34,34]
["2013-02-26","Edwin  Malone","Crested Beaut",20,21.85,437]
["2014-11-19","Kyle  Carr","Carlota",2,22.95,45.9]
["2014-04-27","Shari  Silva","Quad",2,33,66]
["2013-05-18","Eddie  Green","Aspen",4,19,76]
["2014-09-15","Ellen  Weaver","Bellen",3,22.95,68.849999999999994]
["2013-12-27","Colleen  Warren","Carlota",1,22.95,22.95]
["2013-11-27","Max  Rodgers","Sunset",2,23.5,47]
["2013-12-20","Tracy  Reed","Sunset",3,23.5,70.5]
["2013-04-08","Colleen  Warren","Carlota",1,22.95,22.95]
["2014-12-24","Cindy  Becker","Majestic Beaut",1,29,29]
["2013-11-19","Elvira  Bowman","Quad",4,33,132]
["2013-11-29","Sonya  Mullins","Bellen",1,21.95,21.95]
["2013-11-02","Ivan  Adkins","Majestic Beaut",8,30,240]
["2013-12-13","Robert  Munoz","Bellen",2,22.95,45.9]
["2014-07-24","Patty  Thompson","Sunbell",2,25,50]
["2013-12-06","Shari  Silva","Quad",1,33,33]
["2013-05-27","Austin  Reynolds","Sunbell",3,23,69]
["2013-12-01","Shari  Silva","Quad",2,33,66]
["2013-12-23","Ernest  Davis","Sunbell",3,25,75]
["2013-12-17","Tiffany  May","Sunset",22,22.33,491.26]
["2014-12-03","Elbert  Klein","Sunshine",3,19.95,59.85]
["2014-12-27","Cecilia  Manning","Quad",1,33,33]
["2014-12-04","Shari  Silva","Sunshine",1,19.95,19.95]
["2014-11-25","Cecilia  Manning","Sunshine",2,19.95,39.9]
["2013-12-06","Andrew  Meyer","Sunset",2,23.5,47]
["2013-11-21","Allan  Ramos","Sunshine",4,19.95,79.8]
["2014-11-15","Sylvester  Morales","Quad",3,34,102]
["2014-02-28","Salvador  Bass","Doublers",3,79.95,239.85]
["2014-10-22","Dan  Peterson","Aspen",3,20,60]
["2014-12-01","Dan  Peterson","Quad",1,33,33]
["2013-12-30","Max  Rodgers","Crested Beaut",1,25,25]
["2013-09-30","Cecilia  Manning","Quad",3,33,99]
["2013-12-28","Joey  Wong","Aspen",3,21,63]
["2013-10-13","Blake  Bridges","Quad",2,33,66]
["2013-12-17","Nellie  Joseph","Carlota",1,21.95,21.95]
["2014-11-25","Willie  Vega","Majestic Beaut",3,29,87]
["2013-05-21","Tiffany  May","Quad",3,34,102]
["2013-11-18","Marion  Glover","Bellen",3,21.95,65.849999999999994]
["2014-03-08","Della  Jensen","Sunbell",3,23,69]
["2014-01-21","Charlie  Wood","Sunbell",23,22.8,524.4]
["2013-07-16","Dan  Peterson","Bellen",2,22.95,45.9]
["2013-06-25","Don  Gonzales","FlatTop",4,26.5,106]
["2014-12-26","Woodrow  Colon","V-Rang",2,18,36]
["2013-12-06","Eddie  Green","Quad",3,32,96]
["2014-12-26","Guillermo  Potter","Bellen",2,22.95,45.9]
["2014-02-22","Paulette  Spencer","FlatTop",1,26.5,26.5]
["2014-12-03","Kyle  Carr","Sunshine",22,18.95,416.9]
["2013-11-23","Sandra  Floyd","Quad",24,31.35,752.4]
["2013-12-08","Ellen  Weaver","Crested Beaut",4,24,96]
["2013-08-31","Peter  Hodges","Bellen",11,21.8,239.8]
["2013-06-05","Edwin  Malone","V-Rang",2,18,36]
["2014-12-08","Andrew  Meyer","Quad",2,34,68]
["2014-11-07","Lee  Mack","Sunbell",2,24,48]
["2013-11-06","Felicia  Jennings","FlatTop",1,27.5,27.5]
["2014-03-30","Cindy  Becker","Sunbell",3,24,72]
["2014-11-05","Della  Jensen","Sunbell",3,23,69]
["2014-12-16","Arturo  Francis","Crested Beaut",2,23,46]
["2013-12-05","Blake  Bridges","Carlota",2,22.95,45.9]
["2014-11-12","Brooke  Horton","Bellen",6,22.95,137.69999999999999]
["2013-11-07","Edwin  Malone","Aspen",3,19,57]
["2014-12-24","Drew  Rogers","V-Rang",2,18,36]
["2014-11-08","Salvador  Bass","Majestic Beaut",2,30,60]
["2014-03-16","Della  Jensen","Bellen",4,21.95,87.8]
["2013-12-09","Isabel  Cross","FlatTop",3,26.5,79.5]
["2014-02-21","Mable  Lindsey","Doublers",2,79.95,159.9]
["2014-02-04","Lee  Mack","Sunshine",2,19.95,39.9]
["2013-11-18","Kyle  Carr","Sunshine",1,19.95,19.95]
["2013-01-21","Jaime  Pearson","Bellen",2,22.95,45.9]
["2013-12-06","Elaine  Ellis","V-Rang",2,18,36]
["2014-12-05","Drew  Rogers","Sunset",3,23.5,70.5]
["2013-12-15","Bernadette  Page","Sunbell",4,24,96]
["2014-12-06","Della  Jensen","Sunset",1,22.5,22.5]
["2013-11-02","Ruben  Nunez","Sunbell",3,25,75]
["2013-12-28","Isabel  Cross","Sunbell",1,23,23]
["2013-01-18","Shari  Silva","Aspen",3,20,60]
["2013-12-05","Cecilia  Manning","Sunbell",4,24,96]
["2014-03-24","Peter  Hodges","Sunbell",2,24,48]
["2013-02-08","Trevor  Jones","Quad",1,34,34]
["2014-12-16","Max  Rodgers","Bellen",1,22.95,22.95]
["2014-12-06","Cindy  Becker","Majestic Beaut",2,29,58]
["2014-06-25","Lorraine  Gibson","Crested Beaut",3,23,69]
["2014-03-05","Cassandra  Franklin","Quad",1,33,33]
["2014-12-08","Rachel  Gomez","Crested Beaut",2,24,48]
["2013-12-16","Lynette  Brewer","FlatTop",3,27.5,82.5]
["2014-12-21","Sandra  Floyd","V-Rang",3,18,54]
["2013-12-27","Robert  Munoz","Crested Beaut",2,24,48]
["2014-11-13","Don  Gonzales","Quad",4,33,132]
["2013-11-14","Cassandra  Franklin","Carlota",2,22.95,45.9]
["2014-12-12","Shari  Silva","Bellen",2,22.95,45.9]
["2013-11-25","Sandra  Floyd","Carlota",25,21.8,545]
["2014-03-22","Cassandra  Franklin","FlatTop",1,27.5,27.5]
["2014-12-08","Paulette  Spencer","Sunshine",2,19.95,39.9]
["2013-07-22","Patty  Thompson","Bellen",2,22.95,45.9]
["2013-05-06","Don  Gonzales","Bellen",2,22.95,45.9]
["2013-08-09","Max  Rodgers","Bellen",3,22.95,68.849999999999994]
["2014-11-08","Kyle  Carr","Quad",20,31.35,627]
["2013-12-08","Jenny  Garcia","FlatTop",3,27.5,82.5]
["2014-11-02","Trevor  Jones","Carlota",2,22.95,45.9]
["2013-12-02","Andrew  Meyer","V-Rang",2,19,38]
["2014-05-09","Billie  Chandler","Sunshine",1,19.95,19.95]
["2013-12-12","Iris  Underwood","Quad",3,34,102]
["2013-12-21","Della  Jensen","Aspen",2,19,38]
["2014-11-06","Shari  Silva","Sunshine",1,19.95,19.95]
["2013-09-23","Robert  Munoz","Doublers",1,79.95,79.95]
["2013-02-24","Brooke  Horton","Sunbell",1,24,24]
["2014-12-14","Sandra  Floyd","Quad",1,33,33]
["2014-12-03","Edwin  Malone","Sunset",12,21.38,256.56]
["2013-04-26","Eddie  Green","Sunbell",2,23,46]
["2013-03-13","Isabel  Cross","Sunbell",4,23,92]
["2013-11-08","Lynette  Brewer","Carlota",1,22.95,22.95]
["2013-11-04","Drew  Rogers","Carlota",2,22.95,45.9]
["2013-11-25","Jaime  Pearson","Quad",1,33,33]
["2013-01-02","Cecilia  Manning","Quad",2,33,66]
["2014-02-04","Austin  Reynolds","Majestic Beaut",1,28,28]
["2013-11-09","Patty  Thompson","Sunshine",7,19.95,139.65]
["2013-11-11","Rachel  Gomez","Bellen",2,22.95,45.9]
["2014-12-29","Della  Jensen","Quad",2,32,64]
["2013-12-28","Isabel  Cross","Carlota",2,21.95,43.9]
["2013-11-17","Donna  Reid","Sunshine",2,19.95,39.9]
["2014-11-26","Ellen  Weaver","Carlota",2,22.95,45.9]
["2014-11-04","Rachel  Gomez","Carlota",1,22.95,22.95]
["2014-12-05","Andrew  Meyer","Sunset",1,23.5,23.5]
["2013-11-28","Robert  Munoz","Bellen",4,22.95,91.8]
["2013-11-08","Bethany  Pena","Majestic Beaut",3,29,87]
["2014-12-09","Lee  Mack","Bellen",3,22.95,68.849999999999994]
["2013-12-29","Herman  Williams","Bellen",2,21.95,43.9]
["2013-12-11","Cassandra  Franklin","Quad",1,33,33]
["2013-11-06","Cassandra  Franklin","Sunbell",3,24,72]
["2014-12-07","Della  Jensen","FlatTop",1,26.5,26.5]
["2013-01-20","Ivan  Adkins","Sunshine",1,19.95,19.95]
["2013-12-29","Robert  Munoz","Majestic Beaut",2,29,58]
["2014-11-20","Marion  Glover","Carlota",3,21.95,65.849999999999994]
["2013-12-23","Della  Jensen","Bellen",1,21.95,21.95]
["2013-11-25","Christina  Fuller","Quad",2,34,68]
["2014-05-16","Della  Jensen","Bellen",3,21.95,65.849999999999994]
["2013-11-27","Mable  Lindsey","Crested Beaut",2,25,50]
["2014-09-22","Drew  Rogers","Doublers",3,79.95,239.85]
["2013-11-10","Salvador  Bass","Quad",2,34,68]
["2013-05-20","Elvira  Bowman","Doublers",1,79.95,79.95]
["2013-12-27","Marion  Glover","Carlota",23,20.85,479.55]
["2013-12-12","Lula  Daniels","Sunset",2,23.5,47]
["2014-04-26","Andrew  Meyer","Aspen",2,21,42]
["2013-12-08","Donna  Reid","Aspen",3,21,63]
["2013-12-07","Patty  Thompson","Crested Beaut",2,25,50]
["2013-11-12","Elaine  Ellis","Bellen",1,22.95,22.95]
["2013-12-19","Cindy  Becker","Carlota",3,22.95,68.849999999999994]
["2014-11-08","Peter  Hodges","Sunset",3,23.5,70.5]
["2014-12-16","Rachel  Gomez","Majestic Beaut",1,29,29]
["2013-11-04","Marion  Glover","Quad",24,30.4,729.6]
["2014-11-10","Isabel  Cross","Majestic Beaut",1,28,28]
["2013-11-24","Tiffany  May","Crested Beaut",1,25,25]
["2013-12-30","Jenny  Garcia","Bellen",2,22.95,45.9]
["2013-12-30","Edwin  Malone","Carlota",1,21.95,21.95]
["2014-03-13","Sandra  Floyd","Sunset",2,23.5,47]
["2013-05-06","Billie  Chandler","Sunshine",3,19.95,59.85]
["2014-08-17","Della  Jensen","Doublers",2,75.95,151.9]
["2014-12-28","Sylvester  Morales","FlatTop",3,27.5,82.5]
["2014-07-15","Robert  Munoz","Bellen",3,22.95,68.849999999999994]
["2013-05-03","Don  Gonzales","Majestic Beaut",2,29,58]
["2014-12-02","Shari  Silva","V-Rang",3,18,54]
["2014-12-06","Max  Rodgers","Doublers",7,79.95,559.65]
["2013-12-29","Christy  Olson","Sunbell",2,25,50]
["2013-11-06","Mable  Lindsey","Sunshine",3,19.95,59.85]
["2014-11-23","Cecilia  Manning","Bellen",2,22.95,45.9]
["2014-12-07","Rachel  Gomez","Quad",2,33,66]
["2014-12-16","Cassandra  Franklin","Crested Beaut",2,24,48]
["2013-12-27","Shari  Silva","Crested Beaut",2,24,48]
["2014-12-02","Patty  Thompson","Carlota",2,22.95,45.9]
["2014-11-15","Rachel  Gomez","Bellen",2,22.95,45.9]
["2013-12-14","Elvira  Bowman","V-Rang",1,18,18]
["2013-12-12","Jenny  Garcia","Sunshine",4,19.95,79.8]
["2014-12-26","Cecilia  Manning","Bellen",2,22.95,45.9]
["2013-12-10","Don  Gonzales","Quad",3,33,99]
["2013-07-23","Robert  Munoz","Crested Beaut",3,24,72]
["2014-11-05","Jenny  Garcia","Sunshine",2,19.95,39.9]
["2014-01-24","Dan  Peterson","Quad",1,33,33]
["2013-02-17","Pauline  Beck","Sunshine",18,18.95,341.1]
["2014-12-03","Pauline  Beck","Crested Beaut",1,25,25]
["2014-11-15","Max  Rodgers","Quad",3,34,102]
["2014-12-12","Isabel  Cross","Aspen",2,19,38]
["2013-12-04","Della  Jensen","Aspen",2,19,38]
["2014-12-28","Rachel  Gomez","Sunshine",3,19.95,59.85]
["2014-12-04","Cecilia  Manning","Quad",21,31.35,658.35]
["2013-09-25","Lorraine  Gibson","Crested Beaut",3,23,69]
["2013-12-08","Rachel  Gomez","Crested Beaut",2,24,48]
["2013-12-02","Isabel  Cross","Bellen",1,21.95,21.95]
["2013-11-15","Ivan  Adkins","Sunshine",2,19.95,39.9]
["2014-12-30","Pauline  Beck","Sunset",2,23.5,47]
["2013-06-09","Isabel  Cross","Doublers",3,75.95,227.85]
["2013-12-19","Bethany  Pena","Carlota",2,22.95,45.9]
["2014-12-04","Christina  Fuller","Carlota",2,22.95,45.9]
["2014-12-27","Trevor  Jones","Majestic Beaut",4,30,120]
["2014-01-27","Cindy  Becker","Crested Beaut",2,24,48]
["2013-08-30","Nellie  Joseph","Bellen",4,21.95,87.8]
["2013-08-15","Salvador  Bass","Majestic Beaut",2,30,60]
["2013-11-06","Eric  Rose","FlatTop",3,27.5,82.5]
["2014-11-25","Shari  Silva","Carlota",2,22.95,45.9]
["2013-02-24","Salvador  Bass","Sunbell",1,25,25]
["2014-11-14","Sylvester  Morales","Crested Beaut",2,25,50]
["2013-12-25","Arturo  Francis","Sunbell",2,23,46]
["2014-12-07","Eric  Rose","V-Rang",4,19,76]
["2013-01-05","Lance  Yates","Carlota",3,22.95,68.849999999999994]
["2014-12-17","Sandra  Floyd","Quad",3,33,99]
["2013-11-08","Cindy  Becker","Quad",1,33,33]
["2014-11-11","Ernest  Davis","Crested Beaut",1,25,25]
["2014-10-06","Iris  Underwood","Carlota",2,22.95,45.9]
["2013-12-09","Paulette  Spencer","Carlota",3,22.95,68.849999999999994]
["2013-12-04","Robert  Munoz","Sunset",3,23.5,70.5]
["2013-05-01","Della  Jensen","Quad",2,32,64]
["2013-07-16","Don  Gonzales","Aspen",2,20,40]
["2014-11-24","Robert  Munoz","Majestic Beaut",3,29,87]
["2014-06-09","Marian  Hill","Bellen",6,22.95,137.69999999999999]
["2013-11-28","Sonya  Mullins","Sunbell",2,23,46]
["2013-11-23","Carla  Mccormick","Majestic Beaut",19,27.55,523.45000000000005]
["2014-12-30","Bernadette  Page","Sunbell",3,24,72]
["2014-12-29","Felicia  Jennings","Carlota",4,22.95,91.8]
["2014-11-24","Max  Rodgers","Sunshine",3,19.95,59.85]
["2014-11-22","Felicia  Jennings","Quad",2,34,68]
["2014-12-20","Elvira  Bowman","Quad",3,33,99]
["2013-11-19","Cecilia  Manning","Sunshine",3,19.95,59.85]
["2013-06-05","Christina  Fuller","V-Rang",2,19,38]
["2014-11-15","Eddie  Green","Quad",3,32,96]
["2013-12-09","Drew  Rogers","Sunset",1,23.5,23.5]
["2013-11-25","Bethany  Pena","Quad",3,33,99]
["2013-12-19","Sonya  Mullins","Sunbell",2,23,46]
["2014-01-10","Cecilia  Manning","Sunshine",1,19.95,19.95]
["2014-11-22","Blake  Bridges","Carlota",2,22.95,45.9]
["2013-02-02","Colleen  Warren","Quad",1,34,34]
["2014-12-31","Herman  Williams","Sunshine",2,18.95,37.9]
["2014-11-27","Trevor  Jones","Doublers",3,79.95,239.85]
["2014-11-14","Andrew  Meyer","Carlota",3,22.95,68.849999999999994]
["2013-12-25","Carla  Mccormick","Bellen",3,22.95,68.849999999999994]
["2013-11-04","Cecilia  Manning","Sunbell",2,24,48]
["2014-03-27","Shari  Silva","Bellen",2,22.95,45.9]
["2014-04-24","Tracy  Reed","Crested Beaut",2,24,48]
["2014-07-25","Marian  Hill","Bellen",1,22.95,22.95]
["2013-12-27","Bernadette  Page","Carlota",2,22.95,45.9]
["2014-01-14","Drew  Rogers","Majestic Beaut",2,29,58]
["2014-11-12","Beth  Tucker","Carlota",3,22.95,68.849999999999994]
["2014-11-01","Robert  Munoz","Aspen",3,20,60]
["2013-12-03","Austin  Reynolds","Aspen",3,19,57]
["2014-12-29","Billie  Chandler","Crested Beaut",1,24,24]
["2013-12-29","Shari  Silva","FlatTop",7,26.5,185.5]
["2014-02-25","Ernest  Davis","Quad",2,34,68]
["2013-12-17","Salvador  Bass","Quad",1,34,34]
["2013-12-10","Della  Jensen","Quad",1,32,32]
["2013-12-10","Mable  Lindsey","Sunbell",2,25,50]
["2014-11-05","Mable  Lindsey","Sunset",2,23.5,47]
["2014-03-08","Isabel  Cross","Bellen",2,21.95,43.9]
["2014-11-22","Joey  Wong","Carlota",2,22.95,45.9]
["2013-02-05","Bobbie  Ryan","Sunshine",3,18.95,56.85]
["2013-05-21","Cassandra  Franklin","Carlota",1,22.95,22.95]
["2014-11-18","Johanna  Boone","Sunshine",9,19.95,179.55]
["2013-02-17","Ellen  Weaver","Carlota",2,22.95,45.9]
["2013-12-24","Colleen  Warren","Carlota",2,22.95,45.9]
["2014-12-09","Drew  Rogers","Majestic Beaut",3,29,87]
["2013-11-07","Bethany  Pena","Sunset",3,23.5,70.5]
["2014-11-19","Brooke  Horton","Quad",1,33,33]
["2014-12-03","Carla  Mccormick","Carlota",1,22.95,22.95]
["2014-01-20","Lee  Mack","FlatTop",23,26.13,600.99]
["2014-12-24","Trevor  Jones","Sunset",2,23.5,47]
["2013-07-30","Max  Rodgers","Quad",2,34,68]
["2013-11-04","Cassandra  Franklin","Bellen",2,22.95,45.9]
["2014-12-05","Jenny  Garcia","Bellen",2,22.95,45.9]
["2013-04-27","Carla  Mccormick","Carlota",1,22.95,22.95]
["2014-11-27","Drew  Rogers","Aspen",1,20,20]
["2014-11-13","Isabel  Cross","Bellen",2,21.95,43.9]
["2013-12-30","Cindy  Becker","Bellen",1,22.95,22.95]
["2014-11-19","Trevor  Jones","Quad",3,34,102]
["2013-11-09","Jaime  Pearson","Doublers",3,79.95,239.85]
["2014-02-06","Eddie  Green","V-Rang",5,18,90]
["2014-11-01","Bobbie  Ryan","Quad",5,32,160]
["2014-12-25","Della  Jensen","Carlota",3,21.95,65.849999999999994]
["2013-11-30","Arturo  Francis","Bellen",2,21.95,43.9]
["2014-08-25","Isabel  Cross","Bellen",3,21.95,65.849999999999994]
["2013-12-30","Andrew  Meyer","V-Rang",3,19,57]
["2013-12-28","Brooke  Horton","Quad",2,33,66]
["2013-11-11","Cecilia  Manning","Bellen",2,22.95,45.9]
["2014-01-05","Patty  Thompson","Carlota",1,22.95,22.95]
["2014-12-15","Jenny  Garcia","Carlota",3,22.95,68.849999999999994]
["2014-12-07","Salvador  Bass","Majestic Beaut",3,30,90]
["2014-12-14","Don  Gonzales","Quad",3,33,99]
["2013-03-21","Ben  Perez","Sunbell",1,25,25]
["2014-12-08","Max  Rodgers","Aspen",3,21,63]
["2014-11-30","Paulette  Spencer","Carlota",15,21.8,327]
["2013-08-01","Cassandra  Franklin","Sunset",1,23.5,23.5]
["2014-11-19","Della  Jensen","Sunshine",1,18.95,18.95]
["2014-09-11","Pauline  Beck","Quad",2,34,68]
["2014-05-24","Patty  Thompson","Bellen",3,22.95,68.849999999999994]
["2014-11-15","Blake  Bridges","Aspen",2,20,40]
["2014-11-08","Kyle  Carr","Crested Beaut",1,24,24]
["2013-12-19","Paulette  Spencer","Quad",2,33,66]
["2013-04-30","Eric  Rose","Sunset",1,23.5,23.5]
["2014-11-25","Max  Rodgers","Quad",3,34,102]
["2014-12-26","Bernadette  Page","Aspen",4,20,80]
["2014-09-11","Robert  Munoz","Carlota",1,22.95,22.95]
["2013-11-09","Arturo  Francis","Carlota",1,21.95,21.95]
["2014-03-25","Della  Jensen","Crested Beaut",2,23,46]
["2013-12-03","Herman  Williams","Carlota",2,21.95,43.9]
["2013-12-01","Rachel  Gomez","Quad",3,33,99]
["2013-11-01","Della  Jensen","Sunshine",2,18.95,37.9]
["2013-07-29","Herman  Williams","Carlota",8,21.95,175.6]
["2014-05-21","Isabel  Cross","Quad",6,32,192]
["2014-11-01","Della  Jensen","Doublers",2,75.95,151.9]
["2014-01-04","Jaime  Pearson","Carlota",2,22.95,45.9]
["2013-12-26","Sonya  Mullins","Quad",3,32,96]
["2014-12-18","Isabel  Cross","Quad",1,32,32]
["2013-11-14","Robert  Munoz","Bellen",2,22.95,45.9]
["2013-10-18","Ruben  Nunez","Majestic Beaut",3,30,90]
["2013-01-23","Della  Jensen","Sunbell",2,23,46]
["2014-07-27","Della  Jensen","Carlota",1,21.95,21.95]
["2014-12-31","Christina  Fuller","V-Rang",3,19,57]
["2013-12-30","Pauline  Beck","Bellen",2,22.95,45.9]
["2014-12-05","Max  Rodgers","Crested Beaut",2,25,50]
["2013-12-22","Allan  Ramos","Sunshine",2,19.95,39.9]
["2014-12-23","Andrew  Meyer","Majestic Beaut",3,30,90]
["2014-06-18","Trevor  Jones","V-Rang",3,19,57]
["2013-12-21","Joey  Wong","Aspen",3,21,63]
["2013-12-22","Eric  Rose","Carlota",2,22.95,45.9]
["2014-12-02","Cassandra  Franklin","Bellen",3,22.95,68.849999999999994]
["2013-11-11","Kyle  Carr","Sunbell",24,22.8,547.20000000000005]
["2014-10-30","Bobbie  Ryan","Sunset",2,22.5,45]
["2013-12-28","Eddie  Green","Sunshine",1,18.95,18.95]
["2014-12-30","Isabel  Cross","Quad",2,32,64]
["2013-11-04","Colleen  Warren","Aspen",3,21,63]
["2013-11-13","Cindy  Becker","Quad",3,33,99]
["2013-09-05","Iris  Underwood","Bellen",4,22.95,91.8]
["2014-12-08","Ellen  Weaver","Sunset",1,22.5,22.5]
["2013-11-07","Guillermo  Potter","Aspen",2,20,40]
["2014-11-30","Bobbie  Ryan","FlatTop",22,25.18,553.96]
["2013-11-17","Robert  Munoz","Sunshine",3,19.95,59.85]
["2013-11-11","Drew  Rogers","Bellen",1,22.95,22.95]
["2013-12-08","Tiffany  May","Quad",1,34,34]
["2014-01-12","Johanna  Boone","Doublers",2,77.95,155.9]
["2014-12-27","Ernest  Davis","Sunbell",2,25,50]
["2013-11-02","Eric  Rose","Bellen",2,22.95,45.9]
["2014-12-17","Cecilia  Manning","Crested Beaut",2,24,48]
["2014-12-19","Brooke  Horton","Aspen",1,20,20]
["2013-12-12","Della  Jensen","Aspen",3,19,57]
["2013-11-27","Edwin  Malone","Quad",2,32,64]
["2013-11-05","Cassandra  Franklin","Sunbell",3,24,72]
["2014-11-20","Tracy  Reed","Majestic Beaut",1,29,29]
["2014-11-28","Cassandra  Franklin","Bellen",1,22.95,22.95]
["2014-12-27","Trevor  Jones","V-Rang",4,19,76]
["2013-12-17","Max  Rodgers","Bellen",3,22.95,68.849999999999994]
["2013-12-21","Edwin  Malone","Carlota",3,21.95,65.849999999999994]
["2013-12-19","Trevor  Jones","Sunbell",3,25,75]
["2014-09-16","Shari  Silva","Carlota",2,22.95,45.9]
["2014-12-03","Robert  Munoz","Sunshine",1,19.95,19.95]
["2014-03-24","Iris  Underwood","FlatTop",2,27.5,55]
["2013-12-22","Trevor  Jones","Sunbell",2,25,50]
["2014-11-18","Jenny  Garcia","Quad",2,33,66]
["2013-12-01","Blake  Bridges","Bellen",2,22.95,45.9]
["2014-12-19","Salvador  Bass","Sunshine",5,19.95,99.75]
["2013-12-30","Max  Rodgers","Majestic Beaut",2,30,60]
["2013-11-24","Max  Rodgers","Bellen",3,22.95,68.849999999999994]
["2013-12-21","Lorraine  Gibson","Quad",2,32,64]
["2014-11-19","Sonya  Mullins","Majestic Beaut",3,28,84]
["2014-11-07","Bernadette  Page","Bellen",1,22.95,22.95]
["2013-09-29","Sylvester  Morales","Majestic Beaut",2,30,60]
["2013-11-25","Trevor  Jones","Carlota",1,22.95,22.95]
["2013-06-22","Pauline  Beck","Sunbell",2,25,50]
["2014-11-26","Sylvester  Morales","Sunbell",3,25,75]
["2013-11-14","Cecilia  Manning","Crested Beaut",13,22.8,296.39999999999998]
["2014-11-14","Arturo  Francis","Aspen",2,19,38]
["2014-12-17","Ruben  Nunez","Bellen",2,22.95,45.9]
["2014-06-24","Arturo  Francis","Sunshine",2,18.95,37.9]
["2013-11-26","Austin  Reynolds","Carlota",1,21.95,21.95]
["2014-12-06","Tiffany  May","V-Rang",2,19,38]
["2014-11-16","Elbert  Klein","Sunbell",2,24,48]
["2014-07-03","Trevor  Jones","Bellen",1,22.95,22.95]
["2013-07-26","Shari  Silva","Sunset",2,22.5,45]
["2013-12-24","Arturo  Francis","Aspen",1,19,19]
["2013-08-25","Della  Jensen","Doublers",1,75.95,75.95]
["2014-11-30","Tiffany  May","Sunshine",1,19.95,19.95]
["2013-02-23","Tiffany  May","V-Rang",3,19,57]
["2014-08-26","Isabel  Cross","Aspen",1,19,19]
["2014-12-15","Nellie  Joseph","Quad",2,32,64]
["2014-12-26","Isabel  Cross","Aspen",2,19,38]
["2014-11-21","Lynette  Brewer","V-Rang",1,18,18]
["2013-12-04","Robert  Munoz","Majestic Beaut",1,29,29]
["2013-11-23","Isabel  Cross","Sunshine",24,18,432]
["2014-02-17","Woodrow  Colon","Majestic Beaut",2,29,58]
["2014-12-01","Jenny  Garcia","Sunshine",3,19.95,59.85]
["2013-12-20","Salvador  Bass","Sunbell",2,25,50]
["2014-12-03","Beth  Tucker","Bellen",2,22.95,45.9]
["2013-09-17","Lorraine  Gibson","Bellen",2,21.95,43.9]
["2014-07-13","Jenny  Garcia","Majestic Beaut",3,29,87]
["2013-07-01","Rachel  Gomez","Carlota",1,22.95,22.95]
["2014-12-28","Rachel  Gomez","Aspen",3,20,60]
["2013-08-05","Cassandra  Franklin","Doublers",1,79.95,79.95]
["2013-12-08","Billie  Chandler","Quad",3,33,99]
["2014-12-04","Elvira  Bowman","V-Rang",18,17.100000000000001,307.8]
["2014-11-13","Lorraine  Gibson","Sunshine",2,18.95,37.9]
["2014-11-13","Arturo  Francis","Aspen",2,19,38]
["2013-12-25","Lula  Daniels","V-Rang",2,18,36]
["2014-04-10","Tracy  Reed","Bellen",2,22.95,45.9]
["2014-06-13","Shari  Silva","Aspen",2,20,40]
["2013-06-22","Lynette  Brewer","Carlota",2,22.95,45.9]
["2013-11-16","Willie  Vega","Quad",2,33,66]
["2014-11-08","Max  Rodgers","Majestic Beaut",3,30,90]
["2014-12-02","Drew  Rogers","Sunshine",2,19.95,39.9]
["2013-11-03","Max  Rodgers","Sunbell",2,25,50]
["2014-12-18","Fernando  Rowe","Sunset",2,23.5,47]
["2014-11-11","Sandra  Floyd","Sunshine",3,19.95,59.85]
["2014-12-27","Jaime  Pearson","Carlota",2,22.95,45.9]
["2014-01-06","Jenny  Garcia","V-Rang",2,18,36]
["2013-11-17","Cecilia  Manning","Sunset",4,22.5,90]
["2013-12-02","Fernando  Rowe","Majestic Beaut",1,30,30]
["2014-12-10","Bernadette  Page","Carlota",2,22.95,45.9]
["2014-12-21","Woodrow  Colon","Sunset",3,22.5,67.5]
["2013-12-05","Brooke  Horton","Sunbell",2,24,48]
["2014-12-05","Mable  Lindsey","Sunset",7,23.5,164.5]
["2014-07-24","Brooke  Horton","Carlota",2,22.95,45.9]
["2013-06-08","Patty  Thompson","Quad",2,34,68]
["2013-12-04","Guillermo  Potter","Bellen",3,22.95,68.849999999999994]
["2013-12-09","Shari  Silva","Carlota",3,22.95,68.849999999999994]
["2014-09-20","Johanna  Boone","Quad",1,33,33]
["2013-11-17","Brooke  Horton","Carlota",2,22.95,45.9]
["2013-11-06","Elaine  Ellis","Sunbell",4,24,96]
["2013-12-14","Andrew  Meyer","Bellen",2,22.95,45.9]
["2013-01-20","Christina  Fuller","Sunbell",3,25,75]
["2014-12-26","Guillermo  Potter","Bellen",4,22.95,91.8]
["2013-12-17","Salvador  Bass","Quad",2,34,68]
["2014-12-21","Austin  Reynolds","Quad",2,32,64]
["2013-07-23","Kyle  Carr","Quad",3,33,99]
["2014-12-15","Peter  Hodges","Aspen",1,20,20]
["2013-11-13","Cassandra  Franklin","Majestic Beaut",2,29,58]
["2014-12-30","Bethany  Pena","Sunshine",1,19.95,19.95]
["2014-11-10","Johanna  Boone","Carlota",1,22.95,22.95]
["2014-09-04","Robert  Munoz","Sunset",23,22.33,513.59]
["2013-05-08","Peter  Hodges","Carlota",2,22.95,45.9]
["2014-12-06","Della  Jensen","Sunbell",2,23,46]
["2014-12-23","Rachel  Gomez","Sunshine",3,19.95,59.85]
["2014-03-16","Trevor  Jones","Bellen",2,22.95,45.9]
["2013-11-23","Max  Rodgers","Majestic Beaut",20,28.5,570]
["2013-04-18","Max  Rodgers","Aspen",2,21,42]
["2013-12-26","Jenny  Garcia","Sunset",3,23.5,70.5]
["2014-11-26","Lynette  Brewer","Sunshine",2,19.95,39.9]
["2014-11-03","Eric  Rose","Sunshine",2,19.95,39.9]
["2014-02-19","Tiffany  May","Quad",2,34,68]
["2014-04-30","Ellen  Weaver","Carlota",1,22.95,22.95]
["2013-12-07","Lorraine  Gibson","Aspen",2,19,38]
["2013-11-27","Brooke  Horton","Sunbell",2,24,48]
["2014-11-11","Drew  Rogers","Crested Beaut",3,24,72]
["2014-12-20","Shari  Silva","Quad",4,33,132]
["2013-12-09","Mable  Lindsey","Doublers",3,79.95,239.85]
["2014-12-09","Max  Rodgers","Crested Beaut",1,25,25]
["2013-12-04","Jenny  Garcia","Carlota",1,22.95,22.95]
["2013-12-04","Cassandra  Franklin","Crested Beaut",2,24,48]
["2013-12-21","Mable  Lindsey","Doublers",3,79.95,239.85]
["2013-12-26","Robert  Munoz","Bellen",19,21.8,414.2]
["2013-12-20","Edwin  Malone","Sunbell",1,23,23]
["2014-12-30","Shari  Silva","Carlota",14,21.8,305.2]
["2014-12-18","Peter  Hodges","Sunshine",24,18.95,454.8]
["2013-12-27","Colleen  Warren","Carlota",1,22.95,22.95]
["2014-10-11","Kyle  Carr","Quad",3,33,99]
["2013-04-13","Max  Rodgers","FlatTop",1,27.5,27.5]
["2013-11-30","Peter  Hodges","Doublers",11,75.95,835.45]
["2014-12-23","Ivan  Adkins","Sunshine",2,19.95,39.9]
["2013-11-12","Sylvester  Morales","Carlota",1,22.95,22.95]
["2014-12-10","Isabel  Cross","Quad",2,32,64]
["2013-01-11","Ruben  Nunez","Carlota",1,22.95,22.95]
["2014-12-28","Mable  Lindsey","Quad",8,34,272]
["2013-12-01","Ellen  Weaver","Sunbell",1,24,24]
["2013-12-01","Bernadette  Page","Doublers",3,79.95,239.85]
["2013-11-14","Mable  Lindsey","FlatTop",18,26.13,470.34]
["2014-04-06","Pauline  Beck","Sunshine",1,19.95,19.95]
["2013-11-15","Trevor  Jones","Aspen",13,19.95,259.35000000000002]
["2013-11-09","Jenny  Garcia","Sunset",3,23.5,70.5]
["2013-12-26","Allan  Ramos","Carlota",2,22.95,45.9]
["2013-11-05","Christina  Fuller","Aspen",2,21,42]
["2014-12-05","Ben  Perez","Sunbell",2,25,50]
["2014-11-15","Bobbie  Ryan","Quad",3,32,96]
["2013-11-09","Drew  Rogers","Sunshine",1,19.95,19.95]
["2014-12-19","Johanna  Boone","Bellen",2,22.95,45.9]
["2014-12-27","Della  Jensen","Quad",16,30.4,486.4]
["2014-12-11","Shari  Silva","Carlota",3,22.95,68.849999999999994]
["2014-11-18","Sandra  Floyd","Quad",3,33,99]
["2014-12-19","Ernest  Davis","Carlota",1,22.95,22.95]
["2014-12-08","Willie  Vega","Majestic Beaut",2,29,58]
["2014-12-10","Christy  Olson","Sunshine",1,19.95,19.95]
["2014-11-27","Donna  Reid","Bellen",7,22.95,160.65]
["2014-02-14","Cassandra  Franklin","V-Rang",2,18,36]
["2014-11-26","Cassandra  Franklin","Carlota",2,22.95,45.9]
["2014-05-08","Christina  Fuller","Carlota",1,22.95,22.95]
["2014-11-24","Beth  Tucker","Sunshine",23,18.95,435.85]
["2013-11-11","Austin  Reynolds","Doublers",2,75.95,151.9]
["2014-12-29","Herman  Williams","Crested Beaut",2,23,46]
["2013-11-26","Isabel  Cross","Sunset",2,22.5,45]
["2013-06-05","Felicia  Jennings","V-Rang",1,19,19]
["2014-12-22","Christy  Olson","Carlota",11,21.8,239.8]
["2013-11-09","Cindy  Becker","Majestic Beaut",16,27.55,440.8]
["2013-01-30","Carla  Mccormick","Quad",3,33,99]
["2013-11-07","Ernest  Davis","Bellen",3,22.95,68.849999999999994]
["2013-05-03","Salvador  Bass","Bellen",2,22.95,45.9]
["2013-11-16","Cassandra  Franklin","Quad",3,33,99]
["2013-04-27","Isabel  Cross","Sunset",1,22.5,22.5]
["2014-11-12","Bobbie  Ryan","Sunbell",4,23,92]
["2013-12-12","Felicia  Jennings","Sunshine",2,19.95,39.9]
["2013-01-08","Arturo  Francis","Quad",3,32,96]
["2014-11-21","Ruben  Nunez","Bellen",3,22.95,68.849999999999994]
["2014-08-22","Lynette  Brewer","Sunshine",2,19.95,39.9]
["2013-10-01","Bobbie  Ryan","Quad",5,32,160]
["2014-12-31","Billie  Chandler","FlatTop",2,27.5,55]
["2013-07-03","Johanna  Boone","Majestic Beaut",3,29,87]
["2013-11-20","Arturo  Francis","Sunshine",2,18.95,37.9]
["2013-09-21","Shari  Silva","Sunset",2,22.5,45]
["2014-09-02","Guillermo  Potter","Sunbell",2,24,48]
["2014-02-04","Cassandra  Franklin","FlatTop",4,27.5,110]
["2014-12-24","Ellen  Weaver","Carlota",17,21.8,370.6]
["2013-11-22","Billie  Chandler","Bellen",2,22.95,45.9]
["2013-11-18","Brooke  Horton","Carlota",1,22.95,22.95]
["2014-12-19","Mable  Lindsey","Sunbell",1,25,25]
["2013-12-08","Pauline  Beck","Bellen",3,22.95,68.849999999999994]
["2014-12-28","Cassandra  Franklin","Carlota",24,21.8,523.20000000000005]
["2014-03-08","Colleen  Warren","Carlota",2,22.95,45.9]
["2014-11-19","Della  Jensen","Sunshine",2,18.95,37.9]
["2014-11-27","Shari  Silva","Carlota",1,22.95,22.95]
["2014-12-30","Robert  Munoz","Quad",6,33,198]
["2013-11-23","Brooke  Horton","Carlota",2,22.95,45.9]
["2013-11-05","Drew  Rogers","Sunbell",17,22.8,387.6]
["2013-12-09","Patty  Thompson","Quad",17,32.299999999999997,549.1]
["2014-05-18","Dan  Peterson","Sunset",1,23.5,23.5]
["2014-12-14","Andrew  Meyer","Bellen",1,22.95,22.95]
["2014-07-29","Brooke  Horton","Carlota",2,22.95,45.9]
["2014-11-24","Joey  Wong","Sunshine",2,19.95,39.9]
["2014-12-16","Lynette  Brewer","Sunbell",3,24,72]
["2013-12-28","Max  Rodgers","Sunshine",2,19.95,39.9]
["2014-05-04","Allan  Ramos","Quad",3,33,99]
["2013-03-17","Brooke  Horton","Sunset",1,23.5,23.5]
["2013-12-01","Marion  Glover","Quad",3,32,96]
["2013-12-05","Kyle  Carr","Sunbell",2,24,48]
["2014-11-10","Andrew  Meyer","Majestic Beaut",3,30,90]
["2014-11-21","Shari  Silva","Quad",5,33,165]
["2013-11-08","Edwin  Malone","Sunshine",2,18.95,37.9]
["2013-11-11","Christina  Fuller","Sunshine",1,19.95,19.95]
["2014-11-03","Bobbie  Ryan","Carlota",5,21.95,109.75]
["2013-12-13","Salvador  Bass","Carlota",3,22.95,68.849999999999994]
["2013-11-24","Donna  Reid","Sunset",3,23.5,70.5]
["2013-12-09","Max  Rodgers","Quad",2,34,68]
["2013-10-11","Beth  Tucker","Carlota",1,22.95,22.95]
["2013-01-22","Elvira  Bowman","Sunshine",22,18.95,416.9]
["2013-12-28","Marian  Hill","Sunshine",1,19.95,19.95]
["2014-12-21","Shari  Silva","Quad",9,33,297]
["2014-03-13","Felicia  Jennings","Aspen",2,21,42]
["2013-11-12","Pauline  Beck","Sunbell",2,25,50]
["2014-12-01","Colleen  Warren","Quad",1,34,34]
["2014-11-06","Shari  Silva","Quad",2,33,66]
["2013-11-08","Sylvester  Morales","FlatTop",2,27.5,55]
["2013-11-12","Ben  Perez","Bellen",3,22.95,68.849999999999994]
["2014-11-13","Colleen  Warren","Quad",1,34,34]
["2014-12-31","Lula  Daniels","Sunset",1,23.5,23.5]
["2014-12-09","Robert  Munoz","Doublers",2,79.95,159.9]
["2013-03-11","Robert  Munoz","V-Rang",3,18,54]
["2014-12-17","Robert  Munoz","Quad",2,33,66]
["2013-04-08","Christy  Olson","Crested Beaut",3,25,75]
["2014-12-20","Sonya  Mullins","Sunshine",2,18.95,37.9]
["2013-12-20","Arturo  Francis","Quad",2,32,64]
["2014-11-13","Elaine  Ellis","Bellen",2,22.95,45.9]
["2014-11-12","Mable  Lindsey","Bellen",1,22.95,22.95]
["2014-09-07","Ernest  Davis","Sunset",2,23.5,47]
["2014-12-18","Salvador  Bass","Sunshine",1,19.95,19.95]
["2013-11-04","Kyle  Carr","Bellen",2,22.95,45.9]
["2013-03-21","Edwin  Malone","Aspen",4,19,76]
["2013-12-27","Johanna  Boone","Bellen",3,22.95,68.849999999999994]
["2013-12-14","Christina  Fuller","Sunbell",3,25,75]
["2013-11-02","Robert  Munoz","Aspen",4,20,80]
["2013-02-15","Lynette  Brewer","FlatTop",2,27.5,55]
["2014-04-05","Don  Gonzales","Sunshine",1,19.95,19.95]
["2014-08-05","Herman  Williams","Sunbell",1,23,23]
["2013-04-27","Sandra  Floyd","Quad",19,31.35,595.65]
["2014-11-10","Drew  Rogers","Sunset",4,23.5,94]
["2014-05-19","Shari  Silva","Bellen",1,22.95,22.95]
["2013-12-06","Lorraine  Gibson","Sunbell",3,23,69]
["2014-12-08","Mable  Lindsey","Quad",1,34,34]
["2014-12-30","Lula  Daniels","Quad",2,33,66]
["2014-12-09","Allan  Ramos","Bellen",19,21.8,414.2]
["2014-05-02","Salvador  Bass","Quad",1,34,34]
["2013-11-20","Trevor  Jones","Quad",2,34,68]
["2014-01-30","Ruben  Nunez","Crested Beaut",1,25,25]
["2014-12-09","Robert  Munoz","Sunbell",2,24,48]
["2013-12-03","Johanna  Boone","Bellen",2,22.95,45.9]
["2013-11-02","Lynette  Brewer","Bellen",3,22.95,68.849999999999994]
["2014-11-23","Max  Rodgers","Crested Beaut",2,25,50]
["2013-11-15","Cecilia  Manning","Quad",1,33,33]
["2013-10-08","Cindy  Becker","Bellen",10,22.95,229.5]
["2014-01-26","Rachel  Gomez","Carlota",1,22.95,22.95]
["2013-01-17","Trevor  Jones","Crested Beaut",2,25,50]
["2013-12-18","Lula  Daniels","Doublers",3,79.95,239.85]
["2013-12-03","Kyle  Carr","Quad",3,33,99]
["2014-12-26","Max  Rodgers","Sunset",2,23.5,47]
["2013-11-16","Lynette  Brewer","Quad",3,33,99]
["2013-12-30","Andrew  Meyer","Quad",3,34,102]
["2013-11-05","Lula  Daniels","Sunset",4,23.5,94]
["2013-11-06","Christina  Fuller","Sunbell",1,25,25]
["2013-12-12","Billie  Chandler","Sunbell",2,24,48]
["2013-10-29","Sylvester  Morales","Crested Beaut",22,23.75,522.5]
["2013-12-21","Shari  Silva","Bellen",3,22.95,68.849999999999994]
["2014-02-11","Dan  Peterson","Aspen",2,20,40]
["2014-12-27","Lee  Mack","Sunbell",3,24,72]
["2014-12-12","Marion  Glover","Aspen",2,19,38]
["2013-12-06","Edwin  Malone","Sunbell",25,21.85,546.25]
["2014-12-24","Cassandra  Franklin","Crested Beaut",2,24,48]
["2014-12-02","Brooke  Horton","Majestic Beaut",3,29,87]
["2014-11-30","Shari  Silva","FlatTop",12,25.18,302.16000000000003]
["2014-10-20","Brooke  Horton","Doublers",2,79.95,159.9]
["2014-11-08","Don  Gonzales","Majestic Beaut",8,29,232]
["2014-01-19","Ben  Perez","Majestic Beaut",2,30,60]
["2014-12-20","Ben  Perez","Sunbell",3,25,75]
["2014-10-26","Andrew  Meyer","Sunshine",1,19.95,19.95]
["2013-05-19","Bobbie  Ryan","Sunbell",2,23,46]
["2013-01-05","Shari  Silva","Sunbell",2,24,48]
["2013-05-19","Jaime  Pearson","Bellen",1,22.95,22.95]
["2013-12-20","Ivan  Adkins","Majestic Beaut",3,30,90]
["2014-03-21","Cecilia  Manning","Crested Beaut",2,24,48]
["2014-12-08","Brooke  Horton","FlatTop",2,27.5,55]
["2013-12-08","Andrew  Meyer","Sunset",2,23.5,47]
["2014-12-05","Brooke  Horton","Quad",3,33,99]
["2014-12-13","Felicia  Jennings","Crested Beaut",3,25,75]
["2013-12-17","Rachel  Gomez","Sunshine",2,19.95,39.9]
["2013-12-23","Mable  Lindsey","Crested Beaut",3,25,75]
["2014-11-18","Lance  Yates","Sunshine",3,19.95,59.85]
["2013-12-30","Lynette  Brewer","Majestic Beaut",1,29,29]
["2013-12-05","Don  Gonzales","Carlota",2,22.95,45.9]
["2014-12-01","Robert  Munoz","Carlota",2,22.95,45.9]
["2014-11-25","Shari  Silva","Crested Beaut",3,24,72]
["2014-10-30","Fernando  Rowe","Sunbell",3,25,75]
["2013-07-21","Marion  Glover","Bellen",3,21.95,65.849999999999994]
["2014-02-14","Tiffany  May","Sunshine",3,19.95,59.85]
["2014-12-19","Brooke  Horton","Majestic Beaut",2,29,58]
["2013-12-19","Della  Jensen","Sunbell",3,23,69]
["2013-11-02","Della  Jensen","V-Rang",1,18,18]
["2013-03-25","Tiffany  May","Crested Beaut",3,25,75]
["2014-11-27","Trevor  Jones","Quad",1,34,34]
["2014-11-10","Cindy  Becker","Quad",3,33,99]
["2013-12-08","Shari  Silva","Sunbell",1,24,24]
["2014-11-25","Isabel  Cross","Sunbell",3,23,69]
["2013-12-20","Ruben  Nunez","Majestic Beaut",3,30,90]
["2013-12-15","Donna  Reid","Sunshine",1,19.95,19.95]
["2014-11-06","Ernest  Davis","Sunshine",1,19.95,19.95]
["2013-11-14","Cindy  Becker","Sunset",3,22.5,67.5]
["2014-11-04","Marian  Hill","Sunbell",20,22.8,456]
["2014-11-16","Patty  Thompson","Quad",3,34,102]
["2014-07-15","Della  Jensen","Sunbell",1,23,23]
["2013-12-29","Cindy  Becker","Quad",2,33,66]
["2014-02-13","Max  Rodgers","Quad",2,34,68]
["2013-07-28","Joey  Wong","Sunbell",3,25,75]
["2014-11-28","Ben  Perez","Quad",2,34,68]
["2014-12-07","Bethany  Pena","Quad",1,33,33]
["2013-12-04","Blake  Bridges","Sunbell",1,24,24]
["2014-12-24","Sylvester  Morales","Sunset",2,23.5,47]
["2014-11-11","Isabel  Cross","Aspen",2,19,38]
["2013-11-04","Mable  Lindsey","Sunset",19,22.33,424.27]
["2014-12-16","Robert  Munoz","Sunshine",2,19.95,39.9]
["2014-11-12","Jenny  Garcia","Crested Beaut",2,24,48]
["2013-12-14","Christina  Fuller","Quad",3,34,102]
["2013-11-19","Ivan  Adkins","Carlota",4,22.95,91.8]
["2014-05-24","Drew  Rogers","Carlota",2,22.95,45.9]
["2013-12-27","Patty  Thompson","Sunshine",2,19.95,39.9]
["2013-11-22","Bethany  Pena","Quad",2,33,66]
["2014-12-12","Brooke  Horton","Crested Beaut",3,24,72]
["2013-04-30","Jenny  Garcia","Quad",2,33,66]
["2013-11-29","Billie  Chandler","Sunset",2,23.5,47]
["2013-12-26","Bethany  Pena","Doublers",2,79.95,159.9]
["2013-02-15","Pauline  Beck","Sunbell",3,25,75]
["2013-11-24","Johanna  Boone","Quad",2,33,66]
["2013-04-20","Bernadette  Page","Carlota",1,22.95,22.95]
["2014-12-16","Allan  Ramos","Carlota",1,22.95,22.95]
["2014-12-30","Brooke  Horton","Sunbell",3,24,72]
["2013-12-12","Bethany  Pena","Doublers",4,79.95,319.8]
["2014-11-08","Tracy  Reed","Sunbell",2,24,48]
["2013-12-22","Ben  Perez","Bellen",1,22.95,22.95]
["2014-11-08","Rachel  Gomez","Quad",3,33,99]
["2014-12-06","Dan  Peterson","Bellen",2,22.95,45.9]
["2013-02-16","Ernest  Davis","Quad",2,34,68]
["2014-12-06","Allan  Ramos","Doublers",2,79.95,159.9]
["2014-12-13","Christina  Fuller","Quad",1,34,34]
["2013-12-27","Cecilia  Manning","Sunshine",1,19.95,19.95]
["2013-11-22","Ivan  Adkins","Quad",17,32.299999999999997,549.1]
["2014-12-14","Sandra  Floyd","Doublers",3,79.95,239.85]
["2014-11-17","Iris  Underwood","Carlota",3,22.95,68.849999999999994]
["2014-11-23","Edwin  Malone","Carlota",2,21.95,43.9]
["2013-12-02","Christina  Fuller","Quad",2,34,68]
["2014-11-29","Woodrow  Colon","Sunbell",1,24,24]
["2013-11-30","Edwin  Malone","Majestic Beaut",1,28,28]
["2014-12-29","Shari  Silva","Majestic Beaut",3,29,87]
["2013-02-03","Joey  Wong","Aspen",2,21,42]
["2013-12-10","Christy  Olson","Doublers",3,79.95,239.85]
["2014-11-25","Patty  Thompson","Sunshine",2,19.95,39.9]
["2014-11-09","Isabel  Cross","Aspen",2,19,38]
["2013-12-23","Isabel  Cross","Sunbell",2,23,46]
["2013-09-26","Arturo  Francis","Bellen",1,21.95,21.95]
["2014-12-01","Willie  Vega","Aspen",3,20,60]
["2013-07-21","Robert  Munoz","Quad",3,33,99]
["2014-11-29","Rachel  Gomez","Sunbell",1,24,24]
["2013-05-19","Rachel  Gomez","Carlota",2,22.95,45.9]
["2014-11-21","Johanna  Boone","Sunshine",5,19.95,99.75]
["2014-11-09","Isabel  Cross","Bellen",3,21.95,65.849999999999994]
["2014-11-08","Ernest  Davis","Quad",1,34,34]
["2013-07-19","Drew  Rogers","Sunset",3,23.5,70.5]
["2013-02-09","Jaime  Pearson","V-Rang",2,18,36]
["2014-12-19","Andrew  Meyer","Sunbell",3,25,75]
["2013-12-16","Jenny  Garcia","Sunshine",2,19.95,39.9]
["2014-11-15","Cassandra  Franklin","Carlota",2,22.95,45.9]
["2013-11-14","Guillermo  Potter","Quad",2,33,66]
["2014-12-24","Brooke  Horton","Crested Beaut",3,24,72]
["2013-11-23","Salvador  Bass","Quad",5,34,170]
["2013-11-15","Brooke  Horton","Doublers",2,79.95,159.9]
["2013-12-14","Isabel  Cross","Sunbell",3,23,69]
["2014-11-07","Ellen  Weaver","Majestic Beaut",1,29,29]
["2013-12-27","Jenny  Garcia","Sunbell",2,24,48]
["2014-12-05","Salvador  Bass","Majestic Beaut",2,30,60]
["2014-12-17","Della  Jensen","Quad",3,32,96]
["2014-12-25","Brooke  Horton","Quad",3,33,99]
["2013-09-16","Colleen  Warren","Aspen",3,21,63]
["2014-11-01","Sylvester  Morales","Sunshine",3,19.95,59.85]
["2013-09-26","Donna  Reid","V-Rang",1,19,19]
["2014-11-07","Salvador  Bass","Carlota",19,21.8,414.2]
["2013-11-20","Don  Gonzales","Bellen",2,22.95,45.9]
["2013-11-28","Ivan  Adkins","Majestic Beaut",14,28.5,399]
["2013-12-30","Donna  Reid","Majestic Beaut",4,30,120]
["2014-11-15","Kyle  Carr","Bellen",2,22.95,45.9]
["2014-12-21","Della  Jensen","Sunshine",3,18.95,56.85]
["2013-11-12","Patty  Thompson","Bellen",3,22.95,68.849999999999994]
["2014-11-27","Brooke  Horton","Carlota",2,22.95,45.9]
["2014-12-21","Peter  Hodges","Bellen",2,22.95,45.9]
["2014-12-23","Trevor  Jones","Carlota",1,22.95,22.95]
["2014-11-27","Max  Rodgers","Bellen",2,22.95,45.9]
["2013-11-26","Shari  Silva","Aspen",1,20,20]
["2014-02-01","Tiffany  May","Sunset",3,23.5,70.5]
["2013-12-06","Drew  Rogers","Crested Beaut",3,24,72]
["2013-12-12","Shari  Silva","Sunbell",3,24,72]
["2013-11-19","Edwin  Malone","FlatTop",1,26.5,26.5]
["2013-12-06","Drew  Rogers","Sunshine",3,19.95,59.85]
["2014-12-16","Robert  Munoz","Bellen",1,22.95,22.95]
["2014-11-16","Elbert  Klein","Majestic Beaut",21,27.55,578.54999999999995]
["2014-09-09","Guillermo  Potter","Carlota",1,22.95,22.95]
["2013-11-05","Isabel  Cross","Carlota",3,21.95,65.849999999999994]
["2014-11-24","Sonya  Mullins","Carlota",16,20.85,333.6]
["2014-11-06","Isabel  Cross","Doublers",2,75.95,151.9]
["2013-12-05","Willie  Vega","Quad",2,33,66]
["2013-11-19","Tiffany  May","Bellen",1,22.95,22.95]
["2013-11-21","Nellie  Joseph","Carlota",3,21.95,65.849999999999994]
["2014-12-06","Max  Rodgers","Quad",22,32.299999999999997,710.6]
["2013-11-17","Iris  Underwood","Quad",2,34,68]
["2013-12-17","Fernando  Rowe","Majestic Beaut",3,30,90]
["2014-11-19","Ben  Perez","Quad",2,34,68]
["2014-12-29","Ivan  Adkins","Sunbell",3,25,75]
["2014-11-11","Sylvester  Morales","Sunbell",4,25,100]
["2014-12-28","Shari  Silva","Majestic Beaut",2,29,58]
["2013-07-08","Elaine  Ellis","Sunshine",1,19.95,19.95]
["2013-11-02","Shari  Silva","Aspen",2,20,40]
["2013-11-23","Brooke  Horton","Majestic Beaut",3,29,87]
["2014-12-21","Trevor  Jones","Quad",3,34,102]
["2013-11-13","Marion  Glover","Sunset",24,21.38,513.12]
["2014-11-30","Eddie  Green","Majestic Beaut",1,28,28]
["2014-12-03","Lee  Mack","Bellen",3,22.95,68.849999999999994]
["2013-03-01","Jenny  Garcia","Majestic Beaut",24,27.55,661.2]
["2013-02-07","Jaime  Pearson","Bellen",1,22.95,22.95]
["2014-12-05","Ellen  Weaver","Bellen",2,22.95,45.9]
["2014-02-09","Lance  Yates","Bellen",1,22.95,22.95]
["2013-12-05","Fernando  Rowe","Doublers",2,79.95,159.9]
["2014-12-04","Salvador  Bass","Doublers",3,79.95,239.85]
["2014-11-05","Beth  Tucker","Carlota",2,22.95,45.9]
["2013-12-03","Cassandra  Franklin","Majestic Beaut",1,29,29]
["2014-11-06","Brooke  Horton","Doublers",3,79.95,239.85]
["2014-12-21","Beth  Tucker","Sunshine",2,19.95,39.9]
["2013-12-15","Christina  Fuller","Sunshine",3,19.95,59.85]
["2014-11-29","Felicia  Jennings","Doublers",3,79.95,239.85]
["2013-10-02","Robert  Munoz","Carlota",2,22.95,45.9]
["2013-12-28","Christina  Fuller","Sunshine",1,19.95,19.95]
["2013-02-28","Jaime  Pearson","Quad",2,33,66]
["2014-11-01","Isabel  Cross","Quad",3,32,96]
["2014-11-05","Bethany  Pena","Carlota",2,22.95,45.9]
["2013-08-15","Andrew  Meyer","Crested Beaut",1,25,25]
["2013-12-17","Shari  Silva","Carlota",14,21.8,305.2]
["2013-11-27","Cassandra  Franklin","Quad",6,33,198]
["2013-09-01","Trevor  Jones","Bellen",24,21.8,523.20000000000005]
["2013-09-06","Felicia  Jennings","Crested Beaut",2,25,50]
["2013-06-23","Drew  Rogers","Sunset",23,22.33,513.59]
["2014-12-14","Rachel  Gomez","Majestic Beaut",2,29,58]
["2014-10-29","Eddie  Green","Sunset",1,22.5,22.5]
["2013-04-29","Woodrow  Colon","Bellen",2,22.95,45.9]
["2014-12-08","Shari  Silva","Bellen",3,22.95,68.849999999999994]
["2014-11-17","Cassandra  Franklin","Sunshine",3,19.95,59.85]
["2013-11-29","Cassandra  Franklin","Crested Beaut",2,24,48]
["2014-08-27","Salvador  Bass","V-Rang",2,19,38]
["2013-01-27","Isabel  Cross","Quad",20,30.4,608]
["2013-11-01","Eric  Rose","Bellen",1,22.95,22.95]
["2013-11-29","Robert  Munoz","Sunshine",2,19.95,39.9]
["2014-12-05","Rachel  Gomez","Carlota",2,22.95,45.9]
["2014-12-21","Ben  Perez","Quad",1,34,34]
["2013-12-13","Blake  Bridges","Majestic Beaut",2,29,58]
["2013-11-03","Shari  Silva","Sunset",17,21.38,363.46]
["2014-12-11","Jaime  Pearson","Quad",2,33,66]
["2014-07-22","Max  Rodgers","Carlota",2,22.95,45.9]
["2014-09-26","Joey  Wong","Sunshine",1,19.95,19.95]
["2013-11-06","Elaine  Ellis","Sunbell",2,24,48]
["2013-11-27","Brooke  Horton","Sunshine",20,18.95,379]
["2014-12-04","Shari  Silva","Bellen",1,22.95,22.95]
["2014-02-19","Austin  Reynolds","Sunshine",2,18.95,37.9]
["2013-12-23","Brooke  Horton","Sunset",1,23.5,23.5]
["2014-12-30","Allan  Ramos","Quad",2,33,66]
["2014-12-12","Felicia  Jennings","Sunbell",2,25,50]
["2013-12-13","Charlie  Wood","Aspen",3,20,60]
["2014-12-27","Jenny  Garcia","Carlota",2,22.95,45.9]
["2013-11-04","Isabel  Cross","Sunbell",8,23,184]
["2014-12-08","Ellen  Weaver","Carlota",3,22.95,68.849999999999994]
["2014-09-26","Cindy  Becker","Bellen",2,22.95,45.9]
["2014-11-17","Isabel  Cross","Carlota",1,21.95,21.95]
["2014-12-22","Allan  Ramos","Quad",3,33,99]
["2013-07-15","Paulette  Spencer","Carlota",1,22.95,22.95]
["2013-11-28","Felicia  Jennings","Quad",3,34,102]
["2014-11-01","Johanna  Boone","Aspen",4,20,80]
["2014-09-18","Ellen  Weaver","Sunshine",2,19.95,39.9]
["2013-03-28","Drew  Rogers","Carlota",20,21.8,436]
["2013-12-22","Charlie  Wood","Aspen",3,20,60]
["2013-10-19","Isabel  Cross","Doublers",3,75.95,227.85]
["2014-06-27","Robert  Munoz","Sunbell",2,24,48]
["2014-12-25","Salvador  Bass","Sunshine",2,19.95,39.9]
["2014-11-25","Cecilia  Manning","Carlota",3,22.95,68.849999999999994]
["2013-11-09","Lance  Yates","Majestic Beaut",2,29,58]
["2014-09-26","Cecilia  Manning","Quad",4,33,132]
["2014-12-27","Jaime  Pearson","Bellen",4,22.95,91.8]
["2013-11-26","Billie  Chandler","Sunshine",3,19.95,59.85]
["2014-01-28","Jenny  Garcia","Sunset",3,23.5,70.5]
["2014-11-27","Drew  Rogers","Crested Beaut",1,24,24]
["2013-12-28","Fernando  Rowe","Sunbell",5,25,125]
["2013-12-25","Isabel  Cross","Sunbell",1,23,23]
["2014-12-07","Donna  Reid","Carlota",2,22.95,45.9]
["2014-10-06","Sonya  Mullins","Quad",1,32,32]
["2013-11-28","Elaine  Ellis","Aspen",3,20,60]
["2013-12-21","Isabel  Cross","Sunbell",1,23,23]
["2013-11-15","Allan  Ramos","Crested Beaut",2,24,48]
["2013-01-17","Max  Rodgers","Sunbell",3,25,75]
["2013-11-15","Eddie  Green","Sunshine",2,18.95,37.9]
["2014-10-25","Rachel  Gomez","Carlota",2,22.95,45.9]
["2013-11-10","Sylvester  Morales","Bellen",4,22.95,91.8]
["2014-05-15","Cassandra  Franklin","Sunshine",1,19.95,19.95]
["2014-11-17","Ivan  Adkins","Sunset",3,23.5,70.5]
["2014-12-27","Bobbie  Ryan","Bellen",3,21.95,65.849999999999994]
["2013-12-08","Cassandra  Franklin","Sunshine",3,19.95,59.85]
["2013-12-26","Billie  Chandler","Majestic Beaut",4,29,116]
["2013-05-28","Pauline  Beck","FlatTop",1,27.5,27.5]
["2014-01-12","Drew  Rogers","Carlota",3,22.95,68.849999999999994]
["2013-11-10","Bobbie  Ryan","Bellen",2,21.95,43.9]
["2013-03-07","Iris  Underwood","Bellen",2,22.95,45.9]
["2014-11-26","Eddie  Green","Sunshine",1,18.95,18.95]
["2014-12-29","Max  Rodgers","Bellen",2,22.95,45.9]
["2014-09-07","Jenny  Garcia","Aspen",3,20,60]
["2013-11-17","Lance  Yates","Majestic Beaut",3,29,87]
["2014-12-24","Pauline  Beck","Sunshine",3,19.95,59.85]
["2014-12-24","Brooke  Horton","Quad",2,33,66]
["2014-06-28","Tiffany  May","Sunbell",3,25,75]
["2013-11-28","Edwin  Malone","Sunshine",2,18.95,37.9]
["2013-12-02","Mable  Lindsey","Sunbell",2,25,50]
["2013-11-25","Salvador  Bass","Carlota",2,22.95,45.9]
["2014-09-02","Cindy  Becker","Carlota",2,22.95,45.9]
["2014-11-19","Ernest  Davis","V-Rang",2,19,38]
["2014-11-06","Brooke  Horton","Carlota",1,22.95,22.95]
["2013-12-11","Brooke  Horton","Carlota",3,22.95,68.849999999999994]
["2014-11-08","Drew  Rogers","Sunshine",1,19.95,19.95]
["2013-12-19","Sandra  Floyd","Sunshine",1,19.95,19.95]
["2014-08-04","Tiffany  May","Majestic Beaut",1,30,30]
["2014-12-11","Bethany  Pena","Sunshine",3,19.95,59.85]
["2013-12-10","Robert  Munoz","Carlota",1,22.95,22.95]
["2014-09-12","Drew  Rogers","Sunshine",1,19.95,19.95]
["2014-12-30","Max  Rodgers","Crested Beaut",2,25,50]
["2014-12-07","Elvira  Bowman","Majestic Beaut",2,29,58]
["2013-11-14","Iris  Underwood","Sunbell",2,25,50]
["2013-12-19","Drew  Rogers","Doublers",3,79.95,239.85]
["2013-12-17","Shari  Silva","Sunbell",2,24,48]
["2014-12-20","Paulette  Spencer","Carlota",2,22.95,45.9]
["2014-11-16","Max  Rodgers","Bellen",2,22.95,45.9]
["2013-11-30","Rachel  Gomez","Quad",1,33,33]
["2014-09-11","Max  Rodgers","FlatTop",2,27.5,55]
["2014-12-10","Robert  Munoz","Quad",1,33,33]
["2014-12-08","Cecilia  Manning","Sunshine",2,19.95,39.9]
["2013-10-10","Donna  Reid","Bellen",2,22.95,45.9]
["2014-04-27","Arturo  Francis","Quad",2,32,64]
["2013-12-21","Bobbie  Ryan","Sunset",1,22.5,22.5]
["2013-12-04","Lynette  Brewer","Quad",17,31.35,532.95000000000005]
["2013-12-09","Johanna  Boone","Quad",2,33,66]
["2014-05-27","Tracy  Reed","Carlota",3,22.95,68.849999999999994]
["2014-09-03","Salvador  Bass","Sunset",1,23.5,23.5]
["2014-03-24","Elbert  Klein","Quad",1,33,33]
["2014-01-22","Eddie  Green","Sunset",1,22.5,22.5]
["2014-09-19","Ben  Perez","Quad",2,34,68]
["2013-12-09","Pauline  Beck","FlatTop",2,27.5,55]
["2013-04-20","Fernando  Rowe","Aspen",1,21,21]
["2014-10-06","Sonya  Mullins","Carlota",7,21.95,153.65]
["2013-03-29","Lorraine  Gibson","Quad",2,32,64]
["2014-12-07","Lee  Mack","Sunbell",3,24,72]
["2014-11-12","Elbert  Klein","Sunshine",1,19.95,19.95]
["2013-12-28","Herman  Williams","Majestic Beaut",2,28,56]
["2014-12-30","Mable  Lindsey","Carlota",3,22.95,68.849999999999994]
["2013-10-19","Sonya  Mullins","Aspen",2,19,38]
["2013-12-28","Robert  Munoz","Carlota",2,22.95,45.9]
["2013-12-02","Elaine  Ellis","Sunshine",4,19.95,79.8]
["2014-12-25","Brooke  Horton","Majestic Beaut",1,29,29]
["2013-04-16","Joey  Wong","Sunshine",2,19.95,39.9]
["2013-07-05","Blake  Bridges","Carlota",3,22.95,68.849999999999994]
["2014-12-06","Max  Rodgers","Sunbell",3,25,75]
["2014-10-02","Isabel  Cross","Carlota",2,21.95,43.9]
["2013-11-13","Johanna  Boone","Quad",2,33,66]
["2014-12-12","Colleen  Warren","Quad",3,34,102]
["2014-11-13","Max  Rodgers","Majestic Beaut",3,30,90]
["2014-11-05","Sylvester  Morales","Sunshine",1,19.95,19.95]
["2013-12-09","Lynette  Brewer","Majestic Beaut",19,27.55,523.45000000000005]
["2013-11-20","Edwin  Malone","Aspen",2,19,38]
["2013-11-14","Arturo  Francis","Sunshine",4,18.95,75.8]
["2014-12-25","Billie  Chandler","Majestic Beaut",1,29,29]
["2014-12-28","Cecilia  Manning","Sunbell",3,24,72]
["2014-11-16","Blake  Bridges","Doublers",22,74.05,1629.1]
["2014-11-23","Andrew  Meyer","Sunshine",3,19.95,59.85]
["2013-08-07","Herman  Williams","V-Rang",2,18,36]
["2014-11-26","Brooke  Horton","Majestic Beaut",2,29,58]
["2013-11-05","Mable  Lindsey","FlatTop",3,27.5,82.5]
["2014-12-21","Felicia  Jennings","V-Rang",13,18.05,234.65]
["2013-12-24","Robert  Munoz","Sunset",2,23.5,47]
["2014-12-25","Edwin  Malone","Quad",3,32,96]
["2014-07-25","Robert  Munoz","Sunshine",3,19.95,59.85]
["2013-11-01","Shari  Silva","Quad",2,33,66]
["2013-12-21","Elbert  Klein","Majestic Beaut",1,29,29]
["2013-11-01","Cassandra  Franklin","Sunshine",2,19.95,39.9]
["2014-08-12","Guillermo  Potter","Quad",2,33,66]
["2013-11-07","Dan  Peterson","FlatTop",1,27.5,27.5]
["2013-12-11","Trevor  Jones","Sunshine",3,19.95,59.85]
["2014-05-23","Mable  Lindsey","Aspen",3,21,63]
["2014-12-18","Elbert  Klein","Sunbell",1,24,24]
["2013-11-30","Rachel  Gomez","Bellen",2,22.95,45.9]
["2014-11-14","Edwin  Malone","Sunset",4,22.5,90]
["2013-11-22","Ruben  Nunez","Majestic Beaut",2,30,60]
["2013-03-18","Robert  Munoz","Bellen",3,22.95,68.849999999999994]
["2014-07-15","Isabel  Cross","FlatTop",14,25.18,352.52]
["2013-12-15","Edwin  Malone","Majestic Beaut",2,28,56]
["2014-12-24","Cassandra  Franklin","Sunbell",3,24,72]
["2014-08-12","Eddie  Green","Crested Beaut",1,23,23]
["2013-12-10","Brooke  Horton","Sunshine",2,19.95,39.9]
["2014-12-05","Elaine  Ellis","Sunshine",2,19.95,39.9]
["2013-11-11","Beth  Tucker","Carlota",3,22.95,68.849999999999994]
["2014-11-09","Isabel  Cross","Sunshine",2,18.95,37.9]
["2014-11-12","Fernando  Rowe","Carlota",17,21.8,370.6]
["2014-12-30","Sandra  Floyd","V-Rang",2,18,36]
["2013-11-21","Felicia  Jennings","Majestic Beaut",1,30,30]
["2013-12-17","Cecilia  Manning","Aspen",3,20,60]
["2013-03-25","Isabel  Cross","Bellen",2,21.95,43.9]
["2013-12-19","Christy  Olson","Aspen",1,21,21]
["2014-09-24","Marion  Glover","Quad",2,32,64]
["2013-05-22","Jaime  Pearson","Quad",2,33,66]
["2014-12-16","Andrew  Meyer","Bellen",1,22.95,22.95]
["2013-11-17","Felicia  Jennings","Bellen",2,22.95,45.9]
["2014-11-23","Rachel  Gomez","Aspen",3,20,60]
["2014-08-11","Felicia  Jennings","Carlota",10,22.95,229.5]
["2014-12-26","Rachel  Gomez","Carlota",2,22.95,45.9]
["2014-11-15","Robert  Munoz","Sunshine",2,19.95,39.9]
["2013-11-15","Cecilia  Manning","Bellen",2,22.95,45.9]
["2013-05-01","Robert  Munoz","Bellen",3,22.95,68.849999999999994]
["2013-12-24","Johanna  Boone","Quad",3,33,99]
["2014-12-14","Fernando  Rowe","Quad",3,34,102]
["2014-10-29","Drew  Rogers","Quad",1,33,33]
["2013-12-18","Kyle  Carr","Bellen",1,22.95,22.95]
["2014-12-23","Cassandra  Franklin","Carlota",3,22.95,68.849999999999994]
["2013-12-04","Robert  Munoz","Aspen",3,20,60]
["2013-12-07","Brooke  Horton","Quad",1,33,33]
["2013-05-12","Ellen  Weaver","V-Rang",1,18,18]
["2013-11-18","Sylvester  Morales","Crested Beaut",2,25,50]
["2014-11-21","Cassandra  Franklin","Sunshine",2,19.95,39.9]
["2013-11-07","Max  Rodgers","Sunshine",3,19.95,59.85]
["2014-12-18","Rachel  Gomez","V-Rang",17,17.100000000000001,290.7]
["2013-11-30","Bethany  Pena","Sunbell",21,22.8,478.8]
["2014-07-09","Colleen  Warren","Bellen",2,22.95,45.9]
["2014-11-29","Rachel  Gomez","Bellen",19,21.8,414.2]
["2014-11-29","Kyle  Carr","Sunshine",1,19.95,19.95]
["2014-05-17","Lorraine  Gibson","Majestic Beaut",1,28,28]
["2014-11-25","Peter  Hodges","Bellen",3,22.95,68.849999999999994]
["2013-12-29","Peter  Hodges","Bellen",2,22.95,45.9]
["2013-08-01","Tracy  Reed","Quad",3,33,99]
["2013-09-01","Lorraine  Gibson","Quad",4,32,128]
["2014-11-22","Drew  Rogers","Doublers",1,79.95,79.95]
["2013-10-02","Shari  Silva","Bellen",2,22.95,45.9]
["2013-06-03","Patty  Thompson","Quad",1,34,34]
["2014-09-05","Cassandra  Franklin","FlatTop",3,27.5,82.5]
["2014-11-21","Shari  Silva","Sunbell",1,24,24]
["2013-05-14","Cecilia  Manning","Majestic Beaut",1,29,29]
["2013-11-26","Della  Jensen","Sunshine",3,18.95,56.85]
["2013-11-08","Donna  Reid","Sunbell",2,25,50]
["2014-08-05","Eric  Rose","Crested Beaut",2,25,50]
["2013-11-22","Shari  Silva","Sunshine",4,19.95,79.8]
["2014-11-02","Salvador  Bass","Majestic Beaut",22,28.5,627]
["2013-12-11","Trevor  Jones","Quad",2,34,68]
["2013-09-12","Sonya  Mullins","Majestic Beaut",1,28,28]
["2013-11-18","Elaine  Ellis","Sunbell",1,24,24]
["2014-08-23","Mable  Lindsey","Bellen",3,22.95,68.849999999999994]
["2014-12-30","Allan  Ramos","Sunset",16,22.33,357.28]
["2013-04-26","Kyle  Carr","Aspen",19,19,361]
["2014-12-08","Elvira  Bowman","Bellen",2,22.95,45.9]
["2013-02-12","Trevor  Jones","V-Rang",1,19,19]
["2014-12-05","Max  Rodgers","Bellen",3,22.95,68.849999999999994]
["2013-11-01","Shari  Silva","Majestic Beaut",1,29,29]
["2013-11-26","Elbert  Klein","Quad",4,33,132]
["2013-11-25","Lee  Mack","Carlota",2,22.95,45.9]
["2014-11-05","Ruben  Nunez","Quad",2,34,68]
["2014-08-28","Bernadette  Page","Quad",3,33,99]
["2013-12-14","Lula  Daniels","Quad",3,33,99]
["2014-04-25","Sonya  Mullins","Sunbell",3,23,69]
["2013-03-04","Elvira  Bowman","Quad",2,33,66]
["2013-11-16","Fernando  Rowe","Sunshine",4,19.95,79.8]
["2014-11-27","Salvador  Bass","V-Rang",3,19,57]
["2014-11-23","Cindy  Becker","Bellen",2,22.95,45.9]
["2013-11-30","Tracy  Reed","Sunshine",1,19.95,19.95]
["2014-07-28","Salvador  Bass","Quad",2,34,68]
["2013-11-14","Mable  Lindsey","Carlota",3,22.95,68.849999999999994]
["2013-07-15","Billie  Chandler","Doublers",1,79.95,79.95]
["2013-12-23","Edwin  Malone","FlatTop",3,26.5,79.5]
["2014-12-25","Guillermo  Potter","Aspen",1,20,20]
["2013-11-29","Herman  Williams","Sunbell",4,23,92]
["2013-11-27","Ernest  Davis","Quad",4,34,136]
["2013-06-28","Bobbie  Ryan","Sunset",19,21.38,406.22]
["2014-12-29","Arturo  Francis","Carlota",1,21.95,21.95]
["2013-12-21","Trevor  Jones","Sunset",4,23.5,94]
["2013-07-24","Lula  Daniels","Quad",3,33,99]
["2014-12-03","Marian  Hill","Bellen",2,22.95,45.9]
["2014-11-14","Ben  Perez","Bellen",1,22.95,22.95]
["2014-12-02","Eddie  Green","Sunshine",2,18.95,37.9]
["2013-05-12","Edwin  Malone","Quad",1,32,32]
["2013-01-11","Mable  Lindsey","FlatTop",19,26.13,496.47]
["2014-11-25","Mable  Lindsey","Carlota",3,22.95,68.849999999999994]
["2013-05-12","Christy  Olson","Carlota",2,22.95,45.9]
["2014-03-22","Isabel  Cross","Sunshine",1,18.95,18.95]
["2014-11-19","Fernando  Rowe","V-Rang",3,19,57]
["2014-12-06","Peter  Hodges","Sunshine",8,19.95,159.6]
["2014-11-24","Drew  Rogers","Quad",4,33,132]
["2014-12-31","Lynette  Brewer","Sunshine",18,18.95,341.1]
["2013-12-16","Isabel  Cross","Sunbell",1,23,23]
["2014-04-01","Max  Rodgers","Crested Beaut",2,25,50]
["2014-12-02","Max  Rodgers","Quad",3,34,102]
["2013-12-10","Lee  Mack","Quad",2,33,66]
["2014-12-14","Edwin  Malone","Majestic Beaut",1,28,28]
["2014-12-11","Rachel  Gomez","Sunset",1,23.5,23.5]
["2014-11-20","Della  Jensen","Crested Beaut",3,23,69]
["2014-11-01","Edwin  Malone","Sunbell",3,23,69]
["2013-12-25","Robert  Munoz","FlatTop",1,27.5,27.5]
["2014-12-19","Arturo  Francis","Aspen",1,19,19]
["2013-11-13","Salvador  Bass","V-Rang",2,19,38]
["2013-11-25","Max  Rodgers","Aspen",2,21,42]
["2014-11-30","Lynette  Brewer","Sunbell",2,24,48]
["2013-05-03","Arturo  Francis","Aspen",3,19,57]
["2013-06-28","Dan  Peterson","Aspen",3,20,60]
["2013-11-09","Paulette  Spencer","Carlota",3,22.95,68.849999999999994]
["2014-12-29","Rachel  Gomez","Sunbell",3,24,72]
["2014-07-11","Andrew  Meyer","Quad",2,34,68]
["2014-12-09","Willie  Vega","Bellen",1,22.95,22.95]
["2013-12-28","Trevor  Jones","V-Rang",3,19,57]
["2013-12-28","Ellen  Weaver","Sunbell",4,24,96]
["2013-12-28","Salvador  Bass","Carlota",3,22.95,68.849999999999994]
["2014-12-25","Trevor  Jones","Sunshine",3,19.95,59.85]
["2013-11-22","Robert  Munoz","Doublers",2,79.95,159.9]
["2014-11-02","Christy  Olson","Quad",2,34,68]
["2014-11-12","Felicia  Jennings","FlatTop",1,27.5,27.5]
["2013-11-18","Marion  Glover","FlatTop",3,26.5,79.5]
["2013-11-14","Salvador  Bass","Sunshine",3,19.95,59.85]
["2014-09-30","Carla  Mccormick","Sunshine",2,19.95,39.9]
["2013-11-17","Lula  Daniels","Carlota",1,22.95,22.95]
["2014-12-16","Willie  Vega","Quad",4,33,132]
["2014-11-04","Salvador  Bass","Doublers",2,79.95,159.9]
["2014-12-03","Bobbie  Ryan","Quad",3,32,96]
["2014-12-06","Della  Jensen","Crested Beaut",3,23,69]
["2013-11-02","Lula  Daniels","Carlota",2,22.95,45.9]
["2013-05-07","Max  Rodgers","Quad",2,34,68]
["2014-11-21","Andrew  Meyer","Sunbell",4,25,100]
["2014-03-17","Iris  Underwood","Bellen",2,22.95,45.9]
["2013-11-23","Salvador  Bass","Bellen",3,22.95,68.849999999999994]
["2014-06-17","Blake  Bridges","Quad",17,31.35,532.95000000000005]
["2013-12-19","Shari  Silva","Bellen",2,22.95,45.9]
["2014-12-30","Bethany  Pena","Bellen",2,22.95,45.9]
["2014-12-08","Paulette  Spencer","Crested Beaut",5,24,120]
["2014-11-23","Rachel  Gomez","Carlota",2,22.95,45.9]
["2014-11-26","Mable  Lindsey","Doublers",2,79.95,159.9]
["2013-12-22","Isabel  Cross","Quad",4,32,128]
["2014-11-08","Charlie  Wood","Quad",1,33,33]
["2014-06-20","Salvador  Bass","Sunshine",1,19.95,19.95]
["2014-04-01","Patty  Thompson","Quad",2,34,68]
["2014-11-17","Cassandra  Franklin","Sunbell",7,24,168]
["2014-12-25","Elbert  Klein","Quad",3,33,99]
["2014-02-24","Brooke  Horton","Sunbell",1,24,24]
["2014-11-08","Tiffany  May","Majestic Beaut",3,30,90]
["2013-12-17","Sonya  Mullins","Sunbell",1,23,23]
["2014-09-06","Elbert  Klein","Quad",2,33,66]
["2014-12-28","Max  Rodgers","Sunbell",1,25,25]
["2013-11-07","Rachel  Gomez","Quad",1,33,33]
["2014-12-24","Charlie  Wood","Crested Beaut",2,24,48]
["2013-12-07","Shari  Silva","Quad",2,33,66]
["2013-12-27","Pauline  Beck","V-Rang",2,19,38]
["2014-01-16","Paulette  Spencer","Bellen",2,22.95,45.9]
["2014-11-23","Paulette  Spencer","Doublers",1,77.95,77.95]
["2014-12-20","Woodrow  Colon","FlatTop",3,26.5,79.5]
["2014-12-13","Trevor  Jones","Quad",2,34,68]
["2013-01-14","Cassandra  Franklin","Carlota",4,22.95,91.8]
["2014-03-11","Joey  Wong","Quad",4,34,136]
["2013-12-26","Cassandra  Franklin","Quad",2,33,66]
["2013-03-19","Marion  Glover","Sunshine",1,18.95,18.95]
["2013-11-16","Cassandra  Franklin","Crested Beaut",3,24,72]
["2014-12-21","Ellen  Weaver","Bellen",2,22.95,45.9]
["2014-11-28","Cassandra  Franklin","Aspen",2,20,40]
["2014-11-18","Rachel  Gomez","Sunbell",3,24,72]
["2013-11-23","Carla  Mccormick","Sunset",1,23.5,23.5]
["2013-09-10","Marion  Glover","Majestic Beaut",4,28,112]
["2014-07-11","Iris  Underwood","Quad",2,34,68]
["2014-11-18","Edwin  Malone","Bellen",2,21.95,43.9]
["2013-11-09","Kyle  Carr","Crested Beaut",3,24,72]
["2014-03-25","Kyle  Carr","Quad",2,33,66]
["2014-12-11","Arturo  Francis","FlatTop",2,26.5,53]
["2014-12-02","Mable  Lindsey","Carlota",2,22.95,45.9]
["2013-09-20","Rachel  Gomez","Majestic Beaut",2,29,58]
["2013-08-01","Max  Rodgers","Crested Beaut",3,25,75]
["2013-11-01","Patty  Thompson","Bellen",2,22.95,45.9]
["2014-02-15","Marian  Hill","Majestic Beaut",4,29,116]
["2013-12-24","Mable  Lindsey","FlatTop",1,27.5,27.5]
["2014-11-18","Pauline  Beck","Carlota",24,21.8,523.20000000000005]
["2013-12-16","Isabel  Cross","Majestic Beaut",3,28,84]
["2014-11-23","Elbert  Klein","Carlota",2,22.95,45.9]
["2013-12-18","Salvador  Bass","Crested Beaut",17,23.75,403.75]
["2013-11-21","Cecilia  Manning","Sunbell",2,24,48]
["2014-11-16","Salvador  Bass","Sunbell",1,25,25]
["2014-11-16","Charlie  Wood","Bellen",1,22.95,22.95]
["2014-11-23","Lorraine  Gibson","Carlota",3,21.95,65.849999999999994]
["2013-11-11","Brooke  Horton","V-Rang",2,18,36]
["2014-11-14","Lee  Mack","Sunset",5,23.5,117.5]
["2014-10-23","Cassandra  Franklin","Majestic Beaut",3,29,87]
["2014-12-29","Cassandra  Franklin","Aspen",2,20,40]
["2013-04-07","Cassandra  Franklin","Quad",3,33,99]
["2014-02-14","Salvador  Bass","Crested Beaut",2,25,50]
["2013-12-23","Nellie  Joseph","Aspen",3,19,57]
["2014-11-02","Charlie  Wood","Sunbell",1,24,24]
["2013-11-20","Cassandra  Franklin","Majestic Beaut",2,29,58]
["2014-11-09","Cassandra  Franklin","Sunbell",1,24,24]
["2013-11-19","Della  Jensen","Sunbell",1,23,23]
["2014-12-23","Cindy  Becker","Doublers",3,77.95,233.85]
["2013-12-18","Drew  Rogers","Sunset",4,23.5,94]
["2014-11-25","Edwin  Malone","Crested Beaut",3,23,69]
["2014-07-23","Ben  Perez","Quad",3,34,102]
["2014-03-27","Della  Jensen","Sunset",1,22.5,22.5]
["2013-05-18","Shari  Silva","Sunshine",2,19.95,39.9]
["2014-11-18","Max  Rodgers","Quad",2,34,68]
["2014-11-13","Lula  Daniels","Sunbell",3,24,72]
["2014-12-08","Sylvester  Morales","Aspen",3,21,63]
["2014-12-13","Ellen  Weaver","Sunshine",10,19.95,199.5]
["2013-12-29","Della  Jensen","Sunbell",2,23,46]
["2014-12-02","Della  Jensen","Sunbell",2,23,46]
["2013-11-19","Lynette  Brewer","Carlota",3,22.95,68.849999999999994]
["2014-11-13","Nellie  Joseph","Sunbell",2,23,46]
["2014-11-05","Isabel  Cross","Quad",2,32,64]
["2014-12-23","Marian  Hill","Carlota",2,22.95,45.9]
["2013-03-18","Elaine  Ellis","FlatTop",1,26.5,26.5]
["2014-12-15","Max  Rodgers","FlatTop",2,27.5,55]
["2013-11-10","Drew  Rogers","FlatTop",3,27.5,82.5]
["2013-11-02","Elvira  Bowman","Sunshine",21,18.95,397.95]
["2014-11-26","Della  Jensen","Bellen",4,21.95,87.8]
["2013-12-19","Ruben  Nunez","Bellen",2,22.95,45.9]
["2014-12-30","Cindy  Becker","Aspen",3,20,60]
["2013-11-05","Marion  Glover","Carlota",1,21.95,21.95]
["2014-11-25","Edwin  Malone","Sunshine",7,18.95,132.65]
["2013-12-19","Ernest  Davis","Sunshine",1,19.95,19.95]
["2014-11-23","Johanna  Boone","Quad",1,33,33]
["2014-12-25","Della  Jensen","Quad",3,32,96]
["2013-12-02","Tracy  Reed","Majestic Beaut",2,29,58]
["2014-12-07","Paulette  Spencer","V-Rang",2,18,36]
["2014-04-19","Herman  Williams","Sunshine",18,18,324]
["2014-12-03","Paulette  Spencer","Doublers",4,77.95,311.8]
["2013-11-11","Marion  Glover","Carlota",2,21.95,43.9]
["2014-12-27","Della  Jensen","Bellen",1,21.95,21.95]
["2014-10-30","Fernando  Rowe","Sunbell",1,25,25]
["2014-12-23","Ernest  Davis","Quad",2,34,68]
["2014-05-26","Elvira  Bowman","Quad",1,33,33]
["2013-11-05","Robert  Munoz","Sunbell",2,24,48]
["2014-12-03","Rachel  Gomez","Quad",1,33,33]
["2013-11-12","Cassandra  Franklin","Aspen",2,20,40]
["2014-12-29","Carla  Mccormick","Aspen",9,20,180]
["2013-11-08","Max  Rodgers","Bellen",2,22.95,45.9]
["2013-11-14","Ellen  Weaver","Sunbell",3,24,72]
["2014-11-23","Max  Rodgers","Crested Beaut",1,25,25]
["2013-12-07","Max  Rodgers","Sunset",3,23.5,70.5]
["2014-11-30","Paulette  Spencer","Sunbell",3,24,72]
["2013-12-23","Robert  Munoz","Doublers",2,79.95,159.9]
["2013-12-22","Robert  Munoz","Crested Beaut",3,24,72]
["2014-11-18","Lance  Yates","Sunshine",1,19.95,19.95]
["2013-03-08","Joey  Wong","Crested Beaut",1,25,25]
["2013-12-24","Jenny  Garcia","Carlota",2,22.95,45.9]
["2014-12-15","Trevor  Jones","Sunset",1,23.5,23.5]
["2013-11-16","Salvador  Bass","Sunshine",18,18.95,341.1]
["2013-11-01","Iris  Underwood","Sunshine",1,19.95,19.95]
["2013-11-18","Trevor  Jones","Aspen",16,19.95,319.2]
["2014-06-09","Guillermo  Potter","Quad",1,33,33]
["2014-06-09","Tracy  Reed","Carlota",2,22.95,45.9]
["2014-12-26","Cindy  Becker","Quad",3,33,99]
["2013-12-05","Max  Rodgers","Carlota",2,22.95,45.9]
["2014-11-19","Trevor  Jones","Sunbell",2,25,50]
["2014-11-30","Cecilia  Manning","Sunshine",4,19.95,79.8]
["2014-12-22","Ruben  Nunez","Carlota",3,22.95,68.849999999999994]
["2014-07-07","Rachel  Gomez","Carlota",23,21.8,501.4]
["2014-11-01","Christy  Olson","Sunbell",3,25,75]
["2014-11-08","Max  Rodgers","Sunshine",1,19.95,19.95]
["2013-07-23","Carla  Mccormick","Sunset",2,23.5,47]
["2013-12-01","Jenny  Garcia","Sunbell",3,24,72]
["2014-11-27","Rachel  Gomez","Sunset",1,23.5,23.5]
["2013-12-18","Woodrow  Colon","Carlota",3,22.95,68.849999999999994]
["2014-12-20","Trevor  Jones","Majestic Beaut",1,30,30]
["2013-12-24","Beth  Tucker","Quad",8,34,272]
["2013-11-22","Bernadette  Page","Quad",1,33,33]
["2013-12-27","Mable  Lindsey","Sunbell",3,25,75]
["2014-12-03","Jenny  Garcia","Sunset",3,23.5,70.5]
["2014-11-23","Woodrow  Colon","Bellen",2,22.95,45.9]
["2014-11-08","Eric  Rose","Quad",1,34,34]
["2014-11-05","Ernest  Davis","V-Rang",2,19,38]
["2014-11-03","Rachel  Gomez","Aspen",2,20,40]
["2013-11-08","Dan  Peterson","Sunset",1,23.5,23.5]
["2013-12-13","Nellie  Joseph","Sunbell",19,21.85,415.15]
["2013-12-03","Edwin  Malone","Majestic Beaut",1,28,28]
["2013-11-01","Trevor  Jones","Bellen",2,22.95,45.9]
["2013-11-07","Patty  Thompson","Sunbell",1,25,25]
["2014-11-07","Jenny  Garcia","Sunbell",2,24,48]
["2013-12-27","Bobbie  Ryan","Sunshine",2,18.95,37.9]
["2014-11-14","Billie  Chandler","Carlota",2,22.95,45.9]
["2013-05-30","Salvador  Bass","FlatTop",2,27.5,55]
["2014-12-21","Tiffany  May","Majestic Beaut",2,30,60]
["2013-11-17","Kyle  Carr","Bellen",1,22.95,22.95]
["2014-12-23","Ellen  Weaver","Bellen",2,22.95,45.9]
["2014-11-21","Edwin  Malone","Quad",2,32,64]
["2014-11-15","Elvira  Bowman","Aspen",2,20,40]
["2014-12-20","Brooke  Horton","Quad",4,33,132]
["2014-11-22","Eddie  Green","Sunset",1,22.5,22.5]
["2014-12-01","Tiffany  May","Quad",3,34,102]
["2014-11-08","Willie  Vega","Quad",1,33,33]
["2013-12-30","Joey  Wong","Doublers",2,79.95,159.9]
["2014-07-20","Ellen  Weaver","Sunshine",1,19.95,19.95]
["2013-11-03","Sylvester  Morales","Quad",2,34,68]
["2013-05-01","Ivan  Adkins","Sunbell",3,25,75]
["2013-12-01","Colleen  Warren","FlatTop",1,27.5,27.5]
["2013-06-14","Colleen  Warren","Quad",3,34,102]
["2014-11-30","Cassandra  Franklin","Sunshine",2,19.95,39.9]
["2013-12-26","Robert  Munoz","Bellen",3,22.95,68.849999999999994]
["2013-11-25","Rachel  Gomez","Carlota",4,22.95,91.8]
["2014-11-14","Bernadette  Page","Sunshine",2,19.95,39.9]
["2014-11-10","Brooke  Horton","Aspen",2,20,40]
["2013-11-16","Jaime  Pearson","Sunbell",3,24,72]
["2014-11-02","Cassandra  Franklin","Bellen",13,21.8,283.39999999999998]
["2014-11-05","Allan  Ramos","Aspen",1,20,20]
["2013-11-02","Woodrow  Colon","Quad",3,33,99]
["2014-12-13","Cecilia  Manning","Bellen",1,22.95,22.95]
["2013-11-03","Isabel  Cross","Bellen",3,21.95,65.849999999999994]
["2014-12-25","Ernest  Davis","Sunset",21,22.33,468.93]
["2013-12-20","Christina  Fuller","Bellen",15,21.8,327]
["2014-06-26","Christina  Fuller","Bellen",2,22.95,45.9]
["2013-11-12","Max  Rodgers","Sunbell",1,25,25]
["2014-11-12","Elvira  Bowman","Bellen",12,21.8,261.60000000000002]
["2013-11-28","Don  Gonzales","Bellen",2,22.95,45.9]
["2014-06-28","Shari  Silva","Sunset",1,22.5,22.5]
["2013-01-13","Lula  Daniels","Carlota",2,22.95,45.9]
["2013-12-13","Ben  Perez","Quad",3,34,102]
["2014-11-03","Cassandra  Franklin","Carlota",1,22.95,22.95]
["2013-12-21","Felicia  Jennings","Bellen",2,22.95,45.9]
["2013-06-25","Eric  Rose","Carlota",2,22.95,45.9]
["2013-05-18","Patty  Thompson","Sunset",3,23.5,70.5]
["2014-11-26","Robert  Munoz","Sunbell",3,24,72]
["2013-12-18","Cassandra  Franklin","Sunshine",1,19.95,19.95]
["2014-12-14","Brooke  Horton","Majestic Beaut",3,29,87]
["2014-11-21","Brooke  Horton","Majestic Beaut",1,29,29]
["2014-12-09","Della  Jensen","Sunshine",1,18.95,18.95]
["2013-12-29","Carla  Mccormick","Carlota",3,22.95,68.849999999999994]
["2014-02-10","Isabel  Cross","FlatTop",3,26.5,79.5]
["2014-09-24","Edwin  Malone","Crested Beaut",2,23,46]
["2014-11-06","Charlie  Wood","Sunshine",2,19.95,39.9]
["2014-12-13","Elaine  Ellis","Sunshine",2,19.95,39.9]
["2013-12-23","Cassandra  Franklin","Sunset",4,23.5,94]
["2013-11-19","Edwin  Malone","Sunset",3,22.5,67.5]
["2014-11-22","Rachel  Gomez","Bellen",19,21.8,414.2]
["2013-12-29","Marion  Glover","Quad",2,32,64]
["2013-12-21","Ruben  Nunez","Majestic Beaut",2,30,60]
["2014-12-17","Robert  Munoz","Sunbell",4,24,96]
["2013-11-25","Joey  Wong","Bellen",22,21.8,479.6]
["2013-08-25","Donna  Reid","Sunset",2,23.5,47]
["2013-02-28","Kyle  Carr","Sunshine",3,19.95,59.85]
["2014-12-07","Pauline  Beck","FlatTop",3,27.5,82.5]
["2014-12-26","Christy  Olson","Bellen",1,22.95,22.95]
["2013-01-12","Cecilia  Manning","Sunset",2,22.5,45]
["2013-12-29","Cassandra  Franklin","Quad",3,33,99]
["2014-11-07","Don  Gonzales","Majestic Beaut",2,29,58]
["2014-11-28","Isabel  Cross","Crested Beaut",4,23,92]
["2014-12-21","Billie  Chandler","Aspen",2,20,40]
["2014-12-23","Cassandra  Franklin","Sunset",3,23.5,70.5]
["2014-12-04","Bethany  Pena","Aspen",2,20,40]
["2014-09-28","Rachel  Gomez","Crested Beaut",3,24,72]
["2014-12-15","Jaime  Pearson","Majestic Beaut",3,29,87]
["2013-11-06","Della  Jensen","Majestic Beaut",2,28,56]
["2014-11-28","Pauline  Beck","Quad",2,34,68]
["2013-11-11","Kyle  Carr","Carlota",2,22.95,45.9]
["2013-11-01","Andrew  Meyer","Sunbell",2,25,50]
["2014-12-14","Sandra  Floyd","Quad",22,31.35,689.7]
["2013-11-06","Brooke  Horton","Quad",1,33,33]
["2014-11-13","Paulette  Spencer","Majestic Beaut",3,29,87]
["2014-07-18","Rachel  Gomez","Sunbell",1,24,24]
["2014-08-30","Colleen  Warren","Carlota",3,22.95,68.849999999999994]
["2013-11-06","Max  Rodgers","Majestic Beaut",1,30,30]
["2014-09-10","Nellie  Joseph","Carlota",2,21.95,43.9]
["2013-11-03","Bernadette  Page","Majestic Beaut",2,29,58]
["2014-11-19","Brooke  Horton","Sunshine",2,19.95,39.9]
["2014-11-27","Shari  Silva","Quad",2,33,66]
["2014-12-22","Lula  Daniels","Quad",1,33,33]
["2014-12-01","Ruben  Nunez","Crested Beaut",1,25,25]
["2014-11-09","Willie  Vega","Quad",1,33,33]
["2014-09-04","Jaime  Pearson","Sunshine",15,18.95,284.25]
["2014-11-12","Willie  Vega","Sunbell",2,24,48]
["2014-01-13","Rachel  Gomez","Carlota",2,22.95,45.9]
["2013-07-13","Salvador  Bass","Aspen",2,21,42]
["2013-11-01","Della  Jensen","Sunbell",1,23,23]
["2014-08-09","Jaime  Pearson","Bellen",2,22.95,45.9]
["2014-11-30","Andrew  Meyer","Quad",2,34,68]
["2014-10-23","Cecilia  Manning","Sunshine",3,19.95,59.85]
["2013-12-27","Joey  Wong","Sunset",3,23.5,70.5]
["2013-12-14","Tiffany  May","Doublers",3,79.95,239.85]
["2014-11-03","Lorraine  Gibson","Carlota",1,21.95,21.95]
["2014-12-02","Max  Rodgers","Aspen",2,21,42]
["2013-12-12","Lance  Yates","Sunbell",3,24,72]
["2013-07-17","Max  Rodgers","Quad",2,34,68]
["2014-12-24","Eddie  Green","Quad",1,32,32]
["2013-12-09","Shari  Silva","V-Rang",4,18,72]
["2014-02-18","Woodrow  Colon","Quad",15,31.35,470.25]
["2014-02-18","Della  Jensen","Aspen",3,19,57]
["2013-12-20","Brooke  Horton","Quad",2,33,66]
["2013-12-13","Robert  Munoz","Bellen",3,22.95,68.849999999999994]
["2014-02-02","Max  Rodgers","V-Rang",2,19,38]
["2014-11-18","Guillermo  Potter","Sunset",2,23.5,47]
["2013-12-03","Cassandra  Franklin","Sunset",1,23.5,23.5]
["2013-11-30","Colleen  Warren","Carlota",4,22.95,91.8]
["2014-12-31","Felicia  Jennings","Aspen",3,21,63]
["2014-11-01","Ivan  Adkins","Carlota",3,22.95,68.849999999999994]
["2014-11-23","Rachel  Gomez","Doublers",1,79.95,79.95]
["2014-12-28","Shari  Silva","Bellen",2,22.95,45.9]
["2013-04-30","Elbert  Klein","Bellen",3,22.95,68.849999999999994]
["2014-06-19","Joey  Wong","Bellen",1,22.95,22.95]
["2013-12-20","Cassandra  Franklin","Bellen",2,22.95,45.9]
["2013-02-12","Brooke  Horton","Quad",4,33,132]
["2013-12-19","Nellie  Joseph","V-Rang",1,18,18]
["2013-11-30","Della  Jensen","FlatTop",1,26.5,26.5]
["2014-12-31","Ruben  Nunez","Aspen",3,21,63]
["2014-12-30","Jenny  Garcia","Sunshine",3,19.95,59.85]
["2013-12-01","Della  Jensen","Majestic Beaut",2,28,56]
["2013-03-16","Elbert  Klein","Quad",1,33,33]
["2014-12-23","Eddie  Green","Sunset",4,22.5,90]
["2014-11-24","Mable  Lindsey","Majestic Beaut",2,30,60]
["2013-12-27","Christy  Olson","Sunshine",3,19.95,59.85]
["2013-12-25","Ruben  Nunez","Carlota",1,22.95,22.95]
["2014-11-06","Sandra  Floyd","Crested Beaut",1,24,24]
["2013-11-30","Beth  Tucker","Crested Beaut",4,25,100]
["2013-12-15","Lula  Daniels","Sunset",2,23.5,47]
["2014-12-10","Max  Rodgers","Sunbell",3,25,75]
["2013-03-17","Ruben  Nunez","Carlota",2,22.95,45.9]
["2013-12-08","Trevor  Jones","Carlota",19,21.8,414.2]
["2014-11-23","Drew  Rogers","Majestic Beaut",1,29,29]
["2014-06-22","Felicia  Jennings","FlatTop",1,27.5,27.5]
["2014-07-03","Lorraine  Gibson","Sunshine",1,18.95,18.95]
["2013-12-04","Don  Gonzales","Quad",1,33,33]
["2013-11-02","Christy  Olson","Quad",4,34,136]
["2014-02-03","Herman  Williams","Sunshine",2,18.95,37.9]
["2014-11-28","Dan  Peterson","Sunbell",3,24,72]
["2014-12-21","Tracy  Reed","Sunbell",2,24,48]
["2013-06-16","Salvador  Bass","Crested Beaut",1,25,25]
["2014-12-11","Beth  Tucker","Doublers",1,79.95,79.95]
["2014-12-16","Ellen  Weaver","Quad",2,33,66]
["2014-02-13","Elbert  Klein","Sunset",3,22.5,67.5]
["2014-01-31","Rachel  Gomez","Doublers",7,79.95,559.65]
["2014-02-28","Woodrow  Colon","Carlota",1,22.95,22.95]
["2014-11-02","Isabel  Cross","Quad",2,32,64]
["2013-11-26","Trevor  Jones","Carlota",2,22.95,45.9]
["2014-11-15","Cecilia  Manning","Bellen",2,22.95,45.9]
["2013-11-30","Cindy  Becker","Majestic Beaut",3,29,87]
["2014-12-13","Salvador  Bass","Crested Beaut",3,25,75]
["2014-11-28","Jenny  Garcia","Aspen",2,20,40]
["2013-11-14","Robert  Munoz","Quad",3,33,99]
["2014-11-25","Elbert  Klein","Sunset",10,22.5,225]
["2014-09-27","Cindy  Becker","Bellen",2,22.95,45.9]
["2014-11-24","Max  Rodgers","V-Rang",3,19,57]
["2014-12-30","Edwin  Malone","Majestic Beaut",3,28,84]
["2014-11-11","Don  Gonzales","Bellen",3,22.95,68.849999999999994]
["2013-11-15","Nellie  Joseph","FlatTop",3,26.5,79.5]
["2013-11-09","Rachel  Gomez","Carlota",1,22.95,22.95]
["2014-11-03","Trevor  Jones","Bellen",3,22.95,68.849999999999994]
["2014-10-29","Max  Rodgers","Majestic Beaut",3,30,90]
["2014-12-17","Paulette  Spencer","Carlota",2,22.95,45.9]
["2013-12-10","Paulette  Spencer","Sunshine",2,19.95,39.9]
["2013-11-22","Sandra  Floyd","Bellen",3,22.95,68.849999999999994]
["2013-12-27","Nellie  Joseph","V-Rang",1,18,18]
["2013-12-04","Max  Rodgers","Bellen",2,22.95,45.9]
["2013-11-22","Charlie  Wood","Sunshine",2,19.95,39.9]
["2014-07-14","Shari  Silva","Sunshine",2,19.95,39.9]
["2013-10-04","Trevor  Jones","Quad",3,34,102]
["2013-12-26","Charlie  Wood","V-Rang",3,18,54]
["2013-12-09","Max  Rodgers","Quad",1,34,34]
["2014-12-11","Rachel  Gomez","Sunset",2,23.5,47]
["2013-03-03","Sonya  Mullins","Sunshine",2,18.95,37.9]
["2013-05-12","Iris  Underwood","Quad",2,34,68]
["2014-12-26","Salvador  Bass","Crested Beaut",2,25,50]
["2014-05-12","Elvira  Bowman","Quad",4,33,132]
["2014-12-01","Cindy  Becker","Bellen",2,22.95,45.9]
["2013-05-20","Jenny  Garcia","Quad",2,33,66]
["2013-12-15","Jenny  Garcia","V-Rang",3,18,54]
["2014-08-24","Max  Rodgers","Sunbell",1,25,25]
["2013-12-10","Herman  Williams","Sunbell",3,23,69]
["2013-09-08","Salvador  Bass","Bellen",1,22.95,22.95]
["2014-11-03","Tiffany  May","Quad",3,34,102]
["2013-12-09","Trevor  Jones","Quad",1,34,34]
["2014-12-05","Iris  Underwood","Sunbell",3,25,75]
["2013-12-16","Isabel  Cross","Sunbell",2,23,46]
["2013-01-31","Edwin  Malone","Quad",3,32,96]
["2013-08-26","Isabel  Cross","Sunshine",2,18.95,37.9]
["2014-11-03","Elvira  Bowman","Sunshine",3,19.95,59.85]
["2013-11-13","Salvador  Bass","Bellen",1,22.95,22.95]
["2013-12-13","Willie  Vega","Majestic Beaut",3,29,87]
["2014-11-19","Brooke  Horton","Carlota",3,22.95,68.849999999999994]
["2014-11-09","Jenny  Garcia","Majestic Beaut",4,29,116]
["2013-06-12","Mable  Lindsey","Quad",2,34,68]
["2014-02-25","Jaime  Pearson","Bellen",2,22.95,45.9]
["2013-11-16","Herman  Williams","FlatTop",2,26.5,53]
["2013-12-08","Drew  Rogers","Sunshine",3,19.95,59.85]
["2014-04-24","Don  Gonzales","Bellen",3,22.95,68.849999999999994]
["2013-11-18","Sylvester  Morales","Sunbell",2,25,50]
["2013-11-14","Rachel  Gomez","Quad",3,33,99]
["2013-12-30","Joey  Wong","Carlota",3,22.95,68.849999999999994]
["2013-12-14","Shari  Silva","Sunbell",3,24,72]
["2013-11-25","Max  Rodgers","Quad",3,34,102]
["2013-12-13","Isabel  Cross","Crested Beaut",2,23,46]
["2013-12-08","Della  Jensen","Sunbell",2,23,46]
["2014-12-10","Cassandra  Franklin","Quad",17,31.35,532.95000000000005]
["2014-08-22","Patty  Thompson","Quad",3,34,102]
["2014-12-25","Nellie  Joseph","Carlota",2,21.95,43.9]
["2014-01-07","Ernest  Davis","Aspen",2,21,42]
["2013-01-05","Herman  Williams","Carlota",1,21.95,21.95]
["2014-11-28","Don  Gonzales","Bellen",23,21.8,501.4]
["2013-11-30","Salvador  Bass","Bellen",21,21.8,457.8]
["2014-01-21","Joey  Wong","Sunbell",1,25,25]
["2013-11-20","Peter  Hodges","Sunbell",1,24,24]
["2013-12-11","Sandra  Floyd","Carlota",1,22.95,22.95]
["2013-12-09","Edwin  Malone","Quad",2,32,64]
["2013-11-06","Tracy  Reed","Quad",2,33,66]
["2014-07-07","Carla  Mccormick","Quad",2,33,66]
["2013-12-05","Mable  Lindsey","Crested Beaut",3,25,75]
["2014-09-13","Felicia  Jennings","Carlota",1,22.95,22.95]
["2013-12-15","Max  Rodgers","Sunset",3,23.5,70.5]
["2013-12-04","Woodrow  Colon","Sunset",2,22.5,45]
["2013-12-10","Marion  Glover","Carlota",4,21.95,87.8]
["2013-12-17","Paulette  Spencer","Quad",4,33,132]
["2013-12-09","Joey  Wong","Bellen",1,22.95,22.95]
["2014-11-20","Della  Jensen","Sunbell",1,23,23]
["2014-12-30","Pauline  Beck","V-Rang",4,19,76]
["2014-11-12","Mable  Lindsey","Carlota",3,22.95,68.849999999999994]
["2014-12-18","Elbert  Klein","Crested Beaut",1,24,24]
["2014-12-15","Mable  Lindsey","Bellen",4,22.95,91.8]
["2013-01-15","Bernadette  Page","Quad",2,33,66]
["2014-05-07","Joey  Wong","Carlota",4,22.95,91.8]
["2013-08-26","Sandra  Floyd","Majestic Beaut",3,29,87]
["2013-09-30","Shari  Silva","Quad",2,33,66]
["2014-12-14","Don  Gonzales","Carlota",2,22.95,45.9]
["2014-12-17","Herman  Williams","V-Rang",3,18,54]
["2014-11-21","Mable  Lindsey","Carlota",3,22.95,68.849999999999994]
["2013-04-30","Marian  Hill","Crested Beaut",3,24,72]
["2014-12-08","Isabel  Cross","Crested Beaut",2,23,46]
["2013-12-14","Salvador  Bass","Quad",3,34,102]
["2013-11-22","Johanna  Boone","Sunshine",3,19.95,59.85]
["2014-11-01","Drew  Rogers","Quad",2,33,66]
["2014-12-12","Della  Jensen","Quad",3,32,96]
["2013-11-15","Elaine  Ellis","Majestic Beaut",2,29,58]
["2014-12-20","Bobbie  Ryan","Quad",2,32,64]
["2013-12-17","Joey  Wong","Aspen",1,21,21]
["2013-11-08","Fernando  Rowe","Carlota",3,22.95,68.849999999999994]
["2014-11-28","Della  Jensen","Sunset",2,22.5,45]
["2014-07-02","Ellen  Weaver","Aspen",3,20,60]
["2014-11-23","Ruben  Nunez","Sunset",2,23.5,47]
["2013-12-25","Salvador  Bass","Aspen",2,21,42]
["2013-12-02","Bobbie  Ryan","Bellen",3,21.95,65.849999999999994]
["2014-01-27","Paulette  Spencer","Bellen",1,22.95,22.95]
["2014-11-22","Shari  Silva","Sunbell",2,24,48]
["2013-10-17","Max  Rodgers","Sunset",15,22.33,334.95]
["2014-11-02","Drew  Rogers","Sunshine",3,19.95,59.85]
["2013-12-18","Eric  Rose","Crested Beaut",2,25,50]
["2013-11-01","Sandra  Floyd","Carlota",3,22.95,68.849999999999994]
["2013-08-12","Robert  Munoz","Crested Beaut",3,24,72]
["2013-11-20","Elbert  Klein","Sunshine",1,19.95,19.95]
["2014-02-27","Robert  Munoz","Sunshine",10,19.95,199.5]
["2014-09-11","Sylvester  Morales","Crested Beaut",3,25,75]
["2014-12-15","Sandra  Floyd","Carlota",24,21.8,523.20000000000005]
["2014-05-27","Lee  Mack","Sunshine",2,19.95,39.9]
["2013-06-07","Arturo  Francis","Bellen",1,21.95,21.95]
["2013-04-12","Jenny  Garcia","Sunbell",4,24,96]
["2013-12-28","Della  Jensen","Carlota",2,21.95,43.9]
["2014-12-25","Drew  Rogers","FlatTop",3,27.5,82.5]
["2014-12-25","Billie  Chandler","Bellen",2,22.95,45.9]
["2013-01-31","Johanna  Boone","Sunbell",2,24,48]
["2014-03-06","Salvador  Bass","Sunset",1,23.5,23.5]
["2013-12-03","Cassandra  Franklin","Sunshine",1,19.95,19.95]
["2013-12-23","Johanna  Boone","FlatTop",2,26.5,53]
["2013-11-25","Lee  Mack","Crested Beaut",1,24,24]
["2013-11-18","Max  Rodgers","Sunshine",3,19.95,59.85]
["2014-11-23","Lee  Mack","Carlota",1,22.95,22.95]
["2013-12-08","Herman  Williams","Crested Beaut",2,23,46]
["2013-11-23","Cassandra  Franklin","Crested Beaut",1,24,24]
["2014-12-25","Trevor  Jones","Sunshine",2,19.95,39.9]
["2014-11-15","Elaine  Ellis","V-Rang",2,18,36]
["2013-09-11","Blake  Bridges","Bellen",2,22.95,45.9]
["2014-12-28","Rachel  Gomez","Crested Beaut",2,24,48]
["2014-12-07","Rachel  Gomez","Sunshine",1,19.95,19.95]
["2014-09-23","Isabel  Cross","Bellen",3,21.95,65.849999999999994]
["2014-10-14","Cecilia  Manning","Sunset",3,22.5,67.5]
["2014-12-05","Rachel  Gomez","V-Rang",3,18,54]
["2014-11-27","Blake  Bridges","Quad",2,33,66]
["2013-12-13","Joey  Wong","Aspen",3,21,63]
["2014-11-30","Marian  Hill","Sunshine",1,19.95,19.95]
["2014-09-08","Christy  Olson","Sunset",1,23.5,23.5]
["2013-11-19","Eric  Rose","Aspen",4,21,84]
["2013-10-05","Christy  Olson","Sunset",2,23.5,47]
["2014-12-14","Jaime  Pearson","Majestic Beaut",3,29,87]
["2014-01-28","Peter  Hodges","Sunshine",2,19.95,39.9]
["2014-12-28","Elbert  Klein","Sunshine",13,18.95,246.35]
["2014-02-21","Lee  Mack","Doublers",3,79.95,239.85]
["2014-12-08","Rachel  Gomez","Quad",3,33,99]
["2013-09-13","Donna  Reid","Quad",2,34,68]
["2013-01-15","Drew  Rogers","Crested Beaut",3,24,72]
["2013-11-10","Mable  Lindsey","Sunshine",2,19.95,39.9]
["2014-12-10","Patty  Thompson","Sunset",3,23.5,70.5]
["2014-11-25","Pauline  Beck","Sunset",3,23.5,70.5]
["2014-09-22","Tracy  Reed","Carlota",2,22.95,45.9]
["2013-11-04","Ruben  Nunez","Bellen",3,22.95,68.849999999999994]
["2013-11-29","Rachel  Gomez","Carlota",3,22.95,68.849999999999994]
["2014-11-04","Cassandra  Franklin","Quad",2,33,66]
["2014-11-23","Christy  Olson","Quad",2,34,68]
["2014-08-15","Isabel  Cross","Sunshine",2,18.95,37.9]
["2014-12-12","Elvira  Bowman","Bellen",1,22.95,22.95]
["2013-05-26","Ellen  Weaver","Majestic Beaut",2,29,58]
["2014-12-09","Billie  Chandler","Majestic Beaut",3,29,87]
["2013-11-04","Christy  Olson","FlatTop",3,27.5,82.5]
["2014-11-03","Johanna  Boone","Majestic Beaut",12,27.55,330.6]
["2014-09-07","Marion  Glover","Quad",3,32,96]
["2013-11-04","Brooke  Horton","Majestic Beaut",2,29,58]
["2013-11-21","Sylvester  Morales","Bellen",1,22.95,22.95]
["2014-11-30","Cindy  Becker","FlatTop",11,25.18,276.98]
["2014-11-07","Lula  Daniels","Quad",1,33,33]
["2013-12-29","Cassandra  Franklin","Sunbell",1,24,24]
["2014-09-30","Edwin  Malone","Bellen",3,21.95,65.849999999999994]
["2013-12-07","Herman  Williams","FlatTop",1,26.5,26.5]
["2013-11-14","Bethany  Pena","Bellen",1,22.95,22.95]
["2013-12-22","Sonya  Mullins","Majestic Beaut",1,28,28]
["2014-12-04","Lee  Mack","Sunshine",3,19.95,59.85]
["2013-12-11","Salvador  Bass","Crested Beaut",3,25,75]
["2014-10-20","Elaine  Ellis","Doublers",1,77.95,77.95]
["2014-12-19","Robert  Munoz","FlatTop",3,27.5,82.5]
["2014-11-11","Max  Rodgers","Quad",4,34,136]
["2013-03-08","Kyle  Carr","Majestic Beaut",1,29,29]
["2014-11-19","Austin  Reynolds","Sunshine",2,18.95,37.9]
["2014-12-28","Donna  Reid","Bellen",2,22.95,45.9]
["2014-12-11","Pauline  Beck","Carlota",23,21.8,501.4]
["2014-10-16","Lee  Mack","Sunshine",3,19.95,59.85]
["2014-11-05","Colleen  Warren","Doublers",2,79.95,159.9]
["2014-12-22","Brooke  Horton","Quad",3,33,99]
["2013-12-03","Felicia  Jennings","Sunbell",3,25,75]
["2014-12-07","Jenny  Garcia","Sunset",1,23.5,23.5]
["2014-12-15","Della  Jensen","Sunshine",1,18.95,18.95]
["2013-12-13","Shari  Silva","Carlota",3,22.95,68.849999999999994]
["2013-08-27","Eddie  Green","Bellen",1,21.95,21.95]
["2014-11-11","Della  Jensen","Bellen",1,21.95,21.95]
["2014-11-20","Robert  Munoz","Sunshine",3,19.95,59.85]
["2014-02-22","Herman  Williams","Bellen",2,21.95,43.9]
["2013-04-01","Joey  Wong","V-Rang",21,18.05,379.05]
["2013-11-24","Willie  Vega","Bellen",3,22.95,68.849999999999994]
["2013-12-12","Robert  Munoz","Sunshine",1,19.95,19.95]
["2013-11-13","Trevor  Jones","Aspen",1,21,21]
["2013-11-07","Brooke  Horton","Sunset",3,23.5,70.5]
["2013-11-06","Nellie  Joseph","Crested Beaut",3,23,69]
["2014-12-21","Cassandra  Franklin","Doublers",1,79.95,79.95]
["2014-12-21","Herman  Williams","Bellen",2,21.95,43.9]
["2014-12-29","Mable  Lindsey","Aspen",1,21,21]
["2014-11-06","Elvira  Bowman","Carlota",2,22.95,45.9]
["2014-12-21","Bobbie  Ryan","Quad",12,30.4,364.8]
["2013-11-24","Elvira  Bowman","Carlota",3,22.95,68.849999999999994]
["2013-12-30","Robert  Munoz","Crested Beaut",1,24,24]
["2013-12-13","Salvador  Bass","Carlota",2,22.95,45.9]
["2013-11-06","Isabel  Cross","Sunbell",3,23,69]
["2014-11-23","Drew  Rogers","Sunset",22,22.33,491.26]
["2014-12-15","Della  Jensen","Sunshine",3,18.95,56.85]
["2014-11-07","Edwin  Malone","Sunbell",1,23,23]
["2014-11-29","Edwin  Malone","Quad",2,32,64]
["2013-11-03","Nellie  Joseph","Sunshine",3,18.95,56.85]
["2013-01-31","Cassandra  Franklin","Bellen",2,22.95,45.9]
["2013-12-06","Salvador  Bass","Carlota",1,22.95,22.95]
["2013-01-31","Guillermo  Potter","Bellen",2,22.95,45.9]
["2013-12-22","Marion  Glover","Sunshine",2,18.95,37.9]
["2014-12-26","Della  Jensen","Sunbell",2,23,46]
["2014-11-20","Carla  Mccormick","Sunset",2,23.5,47]
["2013-11-07","Della  Jensen","Sunshine",4,18.95,75.8]
["2013-12-13","Cassandra  Franklin","Sunshine",1,19.95,19.95]
["2013-11-04","Della  Jensen","Sunbell",1,23,23]
["2014-01-22","Donna  Reid","Carlota",3,22.95,68.849999999999994]
["2014-12-18","Carla  Mccormick","V-Rang",2,18,36]
["2014-12-30","Christina  Fuller","FlatTop",2,27.5,55]
["2013-12-28","Jenny  Garcia","Carlota",3,22.95,68.849999999999994]
["2013-11-19","Cecilia  Manning","Crested Beaut",3,24,72]
["2014-02-28","Lorraine  Gibson","Bellen",2,21.95,43.9]
["2013-06-13","Brooke  Horton","Majestic Beaut",7,29,203]
["2013-01-07","Kyle  Carr","Sunbell",2,24,48]
["2013-03-26","Pauline  Beck","Sunshine",3,19.95,59.85]
["2014-07-17","Bobbie  Ryan","Quad",4,32,128]
["2014-12-24","Beth  Tucker","Sunshine",7,19.95,139.65]
["2014-12-09","Donna  Reid","Bellen",2,22.95,45.9]
["2014-11-09","Peter  Hodges","Sunshine",1,19.95,19.95]
["2014-12-18","Ben  Perez","Crested Beaut",2,25,50]
["2013-12-23","Arturo  Francis","Carlota",2,21.95,43.9]
["2013-05-11","Charlie  Wood","Quad",2,33,66]
["2013-11-02","Cassandra  Franklin","Bellen",2,22.95,45.9]
["2013-10-25","Ben  Perez","Sunset",21,22.33,468.93]
["2014-12-01","Lula  Daniels","Crested Beaut",3,24,72]
["2014-11-16","Patty  Thompson","Carlota",2,22.95,45.9]
["2013-11-30","Ivan  Adkins","Quad",3,34,102]
["2014-12-16","Cassandra  Franklin","Bellen",1,22.95,22.95]
["2013-07-05","Isabel  Cross","Quad",2,32,64]
["2014-11-05","Brooke  Horton","Doublers",2,79.95,159.9]
["2013-07-02","Ivan  Adkins","Sunbell",1,25,25]
["2013-01-07","Salvador  Bass","Aspen",1,21,21]
["2013-11-23","Ben  Perez","Doublers",2,79.95,159.9]
["2014-11-01","Drew  Rogers","Sunset",22,22.33,491.26]
["2014-12-12","Brooke  Horton","Sunbell",1,24,24]
["2014-02-10","Cindy  Becker","Quad",3,33,99]
["2013-12-28","Trevor  Jones","Sunbell",3,25,75]
["2014-11-21","Billie  Chandler","Sunbell",16,22.8,364.8]
["2014-08-25","Cecilia  Manning","Bellen",2,22.95,45.9]
["2013-07-16","Guillermo  Potter","Sunset",2,23.5,47]
["2014-11-22","Della  Jensen","Crested Beaut",3,23,69]
["2013-03-21","Blake  Bridges","Crested Beaut",13,22.8,296.39999999999998]
["2013-12-16","Cindy  Becker","Sunshine",3,19.95,59.85]
["2013-11-26","Charlie  Wood","Bellen",1,22.95,22.95]
["2013-11-20","Robert  Munoz","Carlota",1,22.95,22.95]
["2013-12-25","Cassandra  Franklin","Sunshine",2,19.95,39.9]
["2013-02-26","Jaime  Pearson","Aspen",1,20,20]
["2014-09-03","Cassandra  Franklin","Aspen",1,20,20]
["2013-01-15","Shari  Silva","Quad",1,33,33]
["2013-05-27","Jenny  Garcia","Carlota",3,22.95,68.849999999999994]
["2013-05-18","Donna  Reid","Sunshine",1,19.95,19.95]
["2013-11-20","Brooke  Horton","Quad",2,33,66]
["2013-12-29","Marion  Glover","Carlota",2,21.95,43.9]
["2014-12-31","Cecilia  Manning","Bellen",3,22.95,68.849999999999994]
["2014-11-09","Colleen  Warren","Quad",2,34,68]
["2014-12-26","Guillermo  Potter","Carlota",4,22.95,91.8]
["2013-11-27","Felicia  Jennings","Carlota",2,22.95,45.9]
["2013-12-22","Salvador  Bass","Crested Beaut",3,25,75]
["2014-11-09","Bobbie  Ryan","Sunshine",1,18.95,18.95]
["2014-11-04","Ernest  Davis","Carlota",3,22.95,68.849999999999994]
["2014-12-13","Iris  Underwood","FlatTop",1,27.5,27.5]
["2014-12-04","Edwin  Malone","Carlota",1,21.95,21.95]
["2013-12-10","Cecilia  Manning","Quad",2,33,66]
["2013-12-28","Brooke  Horton","Carlota",2,22.95,45.9]
["2014-11-04","Jenny  Garcia","Bellen",1,22.95,22.95]
["2013-11-29","Brooke  Horton","Carlota",1,22.95,22.95]
["2014-11-04","Drew  Rogers","Sunshine",2,19.95,39.9]
["2014-08-29","Marian  Hill","Sunbell",2,24,48]
["2014-04-20","Woodrow  Colon","Sunbell",2,24,48]
["2014-11-15","Brooke  Horton","Quad",3,33,99]
["2014-11-17","Willie  Vega","Quad",4,33,132]
["2014-12-23","Joey  Wong","Sunshine",1,19.95,19.95]
["2013-03-30","Eddie  Green","Quad",3,32,96]
["2014-12-22","Lance  Yates","Sunbell",5,24,120]
["2013-11-18","Bobbie  Ryan","Crested Beaut",3,23,69]
["2014-11-03","Trevor  Jones","V-Rang",1,19,19]
["2014-12-03","Della  Jensen","Quad",2,32,64]
["2013-08-16","Dan  Peterson","Bellen",3,22.95,68.849999999999994]
["2014-12-23","Lorraine  Gibson","Crested Beaut",1,23,23]
["2014-12-29","Lynette  Brewer","Quad",2,33,66]
["2013-09-25","Christy  Olson","Sunshine",3,19.95,59.85]
["2013-12-21","Iris  Underwood","Majestic Beaut",2,30,60]
["2014-12-27","Sonya  Mullins","Carlota",2,21.95,43.9]
["2013-02-21","Cassandra  Franklin","Sunset",1,23.5,23.5]
["2014-11-14","Lorraine  Gibson","Bellen",1,21.95,21.95]
["2013-07-29","Drew  Rogers","Sunshine",3,19.95,59.85]
["2014-10-29","Dan  Peterson","Bellen",1,22.95,22.95]
["2014-12-28","Marion  Glover","Aspen",1,19,19]
["2014-11-23","Edwin  Malone","Bellen",2,21.95,43.9]
["2014-10-26","Jenny  Garcia","Bellen",2,22.95,45.9]
["2014-12-03","Trevor  Jones","Sunshine",2,19.95,39.9]
["2013-11-25","Christina  Fuller","Sunshine",3,19.95,59.85]
["2013-11-20","Rachel  Gomez","FlatTop",8,27.5,220]
["2013-12-25","Lula  Daniels","FlatTop",2,27.5,55]
["2014-12-21","Trevor  Jones","Quad",3,34,102]
["2013-06-24","Ellen  Weaver","Sunshine",3,19.95,59.85]
["2013-12-26","Herman  Williams","Majestic Beaut",3,28,84]
["2014-11-13","Della  Jensen","Bellen",3,21.95,65.849999999999994]
["2014-11-02","Salvador  Bass","Aspen",1,21,21]
["2013-11-21","Billie  Chandler","Crested Beaut",2,24,48]
["2014-10-07","Bethany  Pena","Sunshine",9,19.95,179.55]
["2014-04-28","Donna  Reid","Crested Beaut",3,25,75]
["2013-11-20","Isabel  Cross","Carlota",2,21.95,43.9]
["2013-12-24","Della  Jensen","Quad",2,32,64]
["2013-11-05","Nellie  Joseph","Bellen",2,21.95,43.9]
["2014-07-21","Don  Gonzales","Quad",1,33,33]
["2014-12-28","Drew  Rogers","Crested Beaut",2,24,48]
["2014-05-16","Woodrow  Colon","Aspen",3,20,60]
["2013-02-15","Charlie  Wood","Carlota",2,22.95,45.9]
["2014-11-24","Sonya  Mullins","Aspen",8,19,152]
["2013-12-05","Robert  Munoz","Quad",2,33,66]
["2014-01-15","Max  Rodgers","Carlota",3,22.95,68.849999999999994]
["2014-06-21","Blake  Bridges","Quad",7,33,231]
["2014-11-09","Isabel  Cross","Bellen",2,21.95,43.9]
["2013-08-08","Shari  Silva","Aspen",3,20,60]
["2013-12-03","Ruben  Nunez","Carlota",2,22.95,45.9]
["2014-12-27","Brooke  Horton","Sunshine",4,19.95,79.8]
["2013-03-28","Salvador  Bass","Sunshine",2,19.95,39.9]
["2014-12-07","Shari  Silva","Sunset",1,22.5,22.5]
["2013-11-10","Paulette  Spencer","Sunset",2,22.5,45]
["2013-01-12","Cecilia  Manning","Bellen",1,22.95,22.95]
["2014-12-31","Lula  Daniels","Sunset",19,22.33,424.27]
["2014-06-16","Felicia  Jennings","Quad",1,34,34]
["2013-12-18","Austin  Reynolds","Bellen",2,21.95,43.9]
["2013-10-22","Jenny  Garcia","Aspen",3,20,60]
["2013-12-26","Isabel  Cross","Sunshine",2,18.95,37.9]
["2014-11-02","Billie  Chandler","Sunbell",2,24,48]
["2013-04-26","Nellie  Joseph","Crested Beaut",3,23,69]
["2014-02-14","Brooke  Horton","Aspen",22,19,418]
["2014-12-19","Colleen  Warren","Majestic Beaut",2,30,60]
["2013-08-18","Rachel  Gomez","Crested Beaut",1,24,24]
["2014-07-11","Tracy  Reed","Carlota",2,22.95,45.9]
["2014-11-20","Felicia  Jennings","Sunshine",4,19.95,79.8]
["2013-12-14","Lynette  Brewer","Quad",15,31.35,470.25]
["2014-12-11","Arturo  Francis","Majestic Beaut",1,28,28]
["2014-12-05","Blake  Bridges","Aspen",1,20,20]
["2013-12-24","Andrew  Meyer","Quad",2,34,68]
["2014-11-21","Lance  Yates","Quad",2,33,66]
["2013-09-25","Herman  Williams","Aspen",18,18.05,324.89999999999998]
["2014-12-19","Sandra  Floyd","Sunbell",1,24,24]
["2014-06-11","Austin  Reynolds","Quad",3,32,96]
["2014-12-28","Nellie  Joseph","Sunset",2,22.5,45]
["2013-11-25","Lee  Mack","Carlota",2,22.95,45.9]
["2014-12-22","Kyle  Carr","Majestic Beaut",1,29,29]
["2014-12-27","Robert  Munoz","Bellen",14,21.8,305.2]
["2013-02-06","Brooke  Horton","Doublers",2,79.95,159.9]
["2014-11-07","Cindy  Becker","Sunshine",3,19.95,59.85]
["2014-12-10","Ernest  Davis","Quad",3,34,102]
["2013-12-02","Bobbie  Ryan","Sunbell",2,23,46]
["2014-05-21","Brooke  Horton","Quad",2,33,66]
["2014-12-24","Max  Rodgers","Bellen",13,21.8,283.39999999999998]
["2014-09-02","Max  Rodgers","Quad",1,34,34]
["2013-12-03","Ellen  Weaver","Quad",3,33,99]
["2014-12-09","Billie  Chandler","Bellen",2,22.95,45.9]
["2013-08-05","Cindy  Becker","Aspen",2,20,40]
["2013-12-09","Dan  Peterson","Sunshine",3,19.95,59.85]
["2013-11-22","Willie  Vega","Sunshine",2,19.95,39.9]
["2013-12-11","Cassandra  Franklin","Bellen",1,22.95,22.95]
["2013-07-15","Isabel  Cross","Sunshine",3,18.95,56.85]
["2013-12-15","Salvador  Bass","Majestic Beaut",3,30,90]
["2013-05-18","Marion  Glover","Carlota",2,21.95,43.9]
["2014-12-27","Jenny  Garcia","Carlota",24,21.8,523.20000000000005]
["2013-11-26","Ruben  Nunez","Aspen",2,21,42]
["2014-12-05","Isabel  Cross","Sunshine",2,18.95,37.9]
["2013-12-28","Herman  Williams","Doublers",3,75.95,227.85]
["2014-12-28","Carla  Mccormick","Crested Beaut",3,24,72]
["2013-02-09","Donna  Reid","Sunset",13,22.33,290.29000000000002]
["2013-12-18","Salvador  Bass","Sunshine",1,19.95,19.95]
["2014-11-11","Ben  Perez","Carlota",4,22.95,91.8]
["2014-11-28","Joey  Wong","Quad",19,32.299999999999997,613.70000000000005]
["2013-09-30","Max  Rodgers","Carlota",2,22.95,45.9]
["2014-12-15","Rachel  Gomez","Sunshine",2,19.95,39.9]
["2013-04-19","Mable  Lindsey","Bellen",2,22.95,45.9]
["2013-12-23","Fernando  Rowe","Sunshine",1,19.95,19.95]
["2014-12-18","Drew  Rogers","Sunshine",2,19.95,39.9]
["2013-01-20","Robert  Munoz","Majestic Beaut",21,27.55,578.54999999999995]
["2014-02-06","Salvador  Bass","Sunset",2,23.5,47]
["2013-12-14","Della  Jensen","Quad",1,32,32]
["2014-12-05","Billie  Chandler","Sunset",2,23.5,47]
["2014-11-02","Salvador  Bass","Doublers",2,79.95,159.9]
["2013-11-20","Drew  Rogers","Sunbell",2,24,48]
["2014-11-27","Tracy  Reed","Crested Beaut",3,24,72]
["2013-12-20","Elbert  Klein","Carlota",1,22.95,22.95]
["2014-05-22","Peter  Hodges","Sunbell",3,24,72]
["2014-11-09","Carla  Mccormick","Carlota",2,22.95,45.9]
["2014-12-03","Edwin  Malone","Sunbell",2,23,46]
["2014-12-02","Salvador  Bass","Majestic Beaut",2,30,60]
["2013-12-14","Cecilia  Manning","Carlota",1,22.95,22.95]
["2013-12-06","Pauline  Beck","Carlota",1,22.95,22.95]
["2014-11-30","Austin  Reynolds","Aspen",2,19,38]
["2014-10-19","Elbert  Klein","Sunshine",2,19.95,39.9]
["2013-12-11","Allan  Ramos","Aspen",16,19,304]
["2013-11-01","Shari  Silva","Aspen",1,20,20]
["2014-11-09","Paulette  Spencer","Doublers",2,77.95,155.9]
["2013-02-08","Eric  Rose","Carlota",2,22.95,45.9]
["2014-11-06","Tracy  Reed","FlatTop",3,27.5,82.5]
["2013-12-06","Elaine  Ellis","Bellen",1,22.95,22.95]
["2014-07-15","Tiffany  May","FlatTop",2,27.5,55]
["2014-11-21","Lynette  Brewer","V-Rang",3,18,54]
["2013-11-04","Ben  Perez","Sunshine",3,19.95,59.85]
["2014-11-10","Iris  Underwood","Quad",1,34,34]
["2013-11-22","Edwin  Malone","Quad",1,32,32]
["2013-12-15","Marion  Glover","Sunshine",1,18.95,18.95]
["2013-07-12","Bethany  Pena","Sunshine",3,19.95,59.85]
["2013-11-30","Robert  Munoz","FlatTop",2,27.5,55]
["2013-12-05","Bethany  Pena","Sunbell",3,24,72]
["2013-08-07","Salvador  Bass","Carlota",2,22.95,45.9]
["2014-11-03","Beth  Tucker","Doublers",1,79.95,79.95]
["2014-11-20","Robert  Munoz","Quad",1,33,33]
["2013-11-14","Ellen  Weaver","Bellen",2,22.95,45.9]
["2014-11-18","Bernadette  Page","Carlota",3,22.95,68.849999999999994]
["2013-12-16","Felicia  Jennings","Majestic Beaut",2,30,60]
["2013-09-05","Kyle  Carr","Crested Beaut",2,24,48]
["2014-12-18","Willie  Vega","Crested Beaut",2,24,48]
["2014-12-25","Elvira  Bowman","Bellen",2,22.95,45.9]
["2014-11-08","Sandra  Floyd","FlatTop",2,27.5,55]
["2013-12-26","Christina  Fuller","Quad",9,34,306]
["2014-11-28","Max  Rodgers","Bellen",7,22.95,160.65]
["2014-11-04","Lynette  Brewer","Aspen",1,20,20]
["2013-11-25","Mable  Lindsey","Quad",2,34,68]
["2013-12-26","Ellen  Weaver","Sunshine",1,19.95,19.95]
["2014-11-16","Herman  Williams","Sunbell",9,23,207]
["2013-04-04","Brooke  Horton","Quad",23,31.35,721.05]
["2013-10-16","Jenny  Garcia","Carlota",2,22.95,45.9]
["2013-11-28","Sonya  Mullins","Quad",1,32,32]
["2014-03-02","Peter  Hodges","Aspen",2,20,40]
["2014-12-19","Don  Gonzales","Carlota",3,22.95,68.849999999999994]
["2014-12-17","Lula  Daniels","V-Rang",3,18,54]
["2014-11-16","Willie  Vega","Carlota",1,22.95,22.95]
["2014-12-23","Jenny  Garcia","Majestic Beaut",3,29,87]
["2013-12-10","Peter  Hodges","Carlota",2,22.95,45.9]
["2014-08-04","Sonya  Mullins","Doublers",3,75.95,227.85]
["2014-05-16","Isabel  Cross","Sunshine",1,18.95,18.95]
["2014-12-01","Ernest  Davis","Crested Beaut",1,25,25]
["2014-12-27","Colleen  Warren","Sunbell",1,25,25]
["2013-08-27","Ben  Perez","Sunset",3,23.5,70.5]
["2013-12-23","Sonya  Mullins","Crested Beaut",1,23,23]
["2014-12-04","Beth  Tucker","Carlota",1,22.95,22.95]
["2013-12-24","Marion  Glover","Sunbell",1,23,23]
["2013-04-25","Elbert  Klein","Sunbell",1,24,24]
["2013-12-23","Trevor  Jones","Sunshine",3,19.95,59.85]
["2014-12-10","Trevor  Jones","Carlota",1,22.95,22.95]
["2014-12-12","Guillermo  Potter","Majestic Beaut",3,29,87]
["2014-12-06","Salvador  Bass","Quad",12,32.299999999999997,387.6]
["2013-12-08","Robert  Munoz","Bellen",2,22.95,45.9]
["2013-12-13","Joey  Wong","FlatTop",2,27.5,55]
["2013-12-25","Della  Jensen","Bellen",3,21.95,65.849999999999994]
["2014-11-27","Cassandra  Franklin","Quad",2,33,66]
["2013-11-14","Drew  Rogers","Sunbell",2,24,48]
["2013-01-22","Mable  Lindsey","Crested Beaut",2,25,50]
["2013-12-27","Sandra  Floyd","Carlota",2,22.95,45.9]
["2013-09-01","Isabel  Cross","Quad",3,32,96]
["2014-12-15","Paulette  Spencer","Sunshine",5,19.95,99.75]
["2013-12-04","Salvador  Bass","Quad",2,34,68]
["2014-11-02","Felicia  Jennings","V-Rang",11,18.05,198.55]
["2014-12-30","Cecilia  Manning","Aspen",2,20,40]
["2013-01-21","Rachel  Gomez","Bellen",2,22.95,45.9]
["2013-11-06","Isabel  Cross","Quad",2,32,64]
["2013-11-17","Brooke  Horton","Sunshine",2,19.95,39.9]
["2014-11-14","Pauline  Beck","Crested Beaut",2,25,50]
["2014-11-22","Ruben  Nunez","Carlota",7,22.95,160.65]
["2014-11-16","Lee  Mack","Quad",3,33,99]
["2014-11-14","Arturo  Francis","Quad",1,32,32]
["2014-12-25","Max  Rodgers","Doublers",2,79.95,159.9]
["2013-12-16","Eddie  Green","Sunshine",3,18.95,56.85]
["2013-11-08","Cecilia  Manning","V-Rang",2,18,36]
["2014-12-13","Patty  Thompson","Sunbell",3,25,75]
["2013-11-26","Drew  Rogers","Quad",18,31.35,564.29999999999995]
["2013-11-19","Don  Gonzales","Sunshine",3,19.95,59.85]
["2013-12-30","Elbert  Klein","Quad",2,33,66]
["2013-11-19","Elvira  Bowman","Aspen",2,20,40]
["2013-06-16","Carla  Mccormick","Sunbell",4,24,96]
["2013-11-22","Lynette  Brewer","Carlota",1,22.95,22.95]
["2014-04-24","Shari  Silva","Aspen",2,20,40]
["2013-12-14","Dan  Peterson","Sunshine",2,19.95,39.9]
["2013-12-03","Cindy  Becker","Majestic Beaut",2,29,58]
["2013-03-24","Brooke  Horton","Quad",1,33,33]
["2014-11-16","Nellie  Joseph","Aspen",3,19,57]
["2014-07-31","Cassandra  Franklin","Sunshine",1,19.95,19.95]
["2013-11-30","Bobbie  Ryan","Aspen",2,19,38]
["2013-11-24","Drew  Rogers","Crested Beaut",2,24,48]
["2013-02-14","Donna  Reid","Majestic Beaut",3,30,90]
["2013-11-16","Rachel  Gomez","Crested Beaut",2,24,48]
["2013-05-07","Shari  Silva","Quad",1,33,33]
["2014-04-30","Trevor  Jones","Aspen",12,19.95,239.4]
["2014-12-22","Ernest  Davis","Sunshine",1,19.95,19.95]
["2013-12-02","Kyle  Carr","Bellen",1,22.95,22.95]
["2014-12-28","Robert  Munoz","Quad",2,33,66]
["2013-03-10","Patty  Thompson","Quad",11,32.299999999999997,355.3]
["2013-04-20","Tracy  Reed","FlatTop",4,27.5,110]
["2014-12-07","Tiffany  May","Majestic Beaut",2,30,60]
["2013-11-06","Lance  Yates","FlatTop",2,27.5,55]
["2014-12-28","Andrew  Meyer","Doublers",2,79.95,159.9]
["2013-12-28","Jenny  Garcia","Carlota",3,22.95,68.849999999999994]
["2014-11-15","Bobbie  Ryan","Sunshine",1,18.95,18.95]
["2014-12-10","Della  Jensen","Crested Beaut",3,23,69]
["2013-12-30","Blake  Bridges","Sunshine",2,19.95,39.9]
["2014-08-18","Allan  Ramos","Carlota",1,22.95,22.95]
["2014-11-29","Isabel  Cross","Sunshine",3,18.95,56.85]
["2014-06-21","Lee  Mack","Aspen",2,20,40]
["2013-12-14","Kyle  Carr","Doublers",1,79.95,79.95]
["2014-02-12","Elbert  Klein","Carlota",2,22.95,45.9]
["2014-11-12","Lynette  Brewer","Sunshine",3,19.95,59.85]
["2014-11-30","Robert  Munoz","Sunbell",1,24,24]
["2013-12-16","Max  Rodgers","Crested Beaut",3,25,75]
["2014-12-22","Ruben  Nunez","Sunbell",2,25,50]
["2014-11-18","Isabel  Cross","Bellen",2,21.95,43.9]
["2014-10-29","Cassandra  Franklin","Aspen",2,20,40]
["2013-12-15","Rachel  Gomez","Crested Beaut",1,24,24]
["2014-12-24","Trevor  Jones","Crested Beaut",3,25,75]
["2014-04-04","Elaine  Ellis","Sunbell",1,24,24]
["2013-11-05","Max  Rodgers","Quad",2,34,68]
["2014-12-02","Allan  Ramos","Sunset",3,23.5,70.5]
["2013-11-08","Max  Rodgers","Majestic Beaut",3,30,90]
["2014-03-27","Cassandra  Franklin","Carlota",3,22.95,68.849999999999994]
["2014-02-08","Isabel  Cross","Sunbell",1,23,23]
["2014-12-22","Elaine  Ellis","Quad",1,33,33]
["2013-08-06","Sandra  Floyd","Bellen",4,22.95,91.8]
["2014-11-15","Cindy  Becker","Carlota",2,22.95,45.9]
["2014-05-26","Don  Gonzales","Sunshine",2,19.95,39.9]
["2014-06-30","Blake  Bridges","Bellen",3,22.95,68.849999999999994]
["2014-01-10","Kyle  Carr","Majestic Beaut",3,29,87]
["2013-11-06","Andrew  Meyer","Sunshine",1,19.95,19.95]
["2013-10-09","Eddie  Green","Majestic Beaut",25,26.6,665]
["2013-11-11","Cassandra  Franklin","Aspen",1,20,20]
["2014-02-16","Isabel  Cross","Majestic Beaut",2,28,56]
["2013-12-10","Brooke  Horton","Quad",8,33,264]
["2013-12-30","Paulette  Spencer","Sunset",3,22.5,67.5]
["2014-12-21","Andrew  Meyer","Sunbell",2,25,50]
["2013-12-26","Shari  Silva","Aspen",2,20,40]
["2013-12-17","Lynette  Brewer","Aspen",1,20,20]
["2014-06-27","Elaine  Ellis","Carlota",1,22.95,22.95]
["2014-10-01","Max  Rodgers","Doublers",3,79.95,239.85]
["2013-11-11","Shari  Silva","Carlota",1,22.95,22.95]
["2013-05-15","Lorraine  Gibson","Sunshine",1,18.95,18.95]
["2014-11-21","Ruben  Nunez","Carlota",2,22.95,45.9]
["2013-12-01","Jenny  Garcia","Sunbell",2,24,48]
["2013-12-26","Lula  Daniels","Sunshine",18,18.95,341.1]
["2013-12-08","Elvira  Bowman","Quad",1,33,33]
["2013-11-20","Salvador  Bass","Quad",2,34,68]
["2013-11-17","Trevor  Jones","Sunshine",3,19.95,59.85]
["2013-09-04","Christy  Olson","Crested Beaut",2,25,50]
["2013-11-03","Charlie  Wood","Carlota",23,21.8,501.4]
["2014-05-28","Isabel  Cross","Carlota",1,21.95,21.95]
["2014-11-20","Lance  Yates","Sunshine",2,19.95,39.9]
["2014-12-18","Cassandra  Franklin","Sunbell",2,24,48]
["2013-11-23","Brooke  Horton","Doublers",1,79.95,79.95]
["2014-02-28","Shari  Silva","FlatTop",1,26.5,26.5]
["2014-11-29","Beth  Tucker","Majestic Beaut",3,30,90]
["2014-10-16","Elbert  Klein","Aspen",3,20,60]
["2014-12-09","Brooke  Horton","Sunshine",2,19.95,39.9]
["2014-11-16","Salvador  Bass","Carlota",4,22.95,91.8]
["2013-02-23","Marian  Hill","Bellen",1,22.95,22.95]
["2013-11-30","Brooke  Horton","Sunbell",15,22.8,342]
["2013-12-11","Marion  Glover","Quad",2,32,64]
["2014-11-22","Isabel  Cross","Sunbell",3,23,69]
["2013-12-28","Cindy  Becker","Crested Beaut",11,22.8,250.8]
["2014-03-17","Tiffany  May","Carlota",2,22.95,45.9]
["2013-11-30","Brooke  Horton","Bellen",3,22.95,68.849999999999994]
["2013-10-21","Andrew  Meyer","Bellen",2,22.95,45.9]
["2014-11-08","Cindy  Becker","Quad",1,33,33]
["2014-09-27","Kyle  Carr","Sunbell",1,24,24]
["2014-11-18","Herman  Williams","Sunshine",2,18.95,37.9]
["2013-11-06","Mable  Lindsey","Sunbell",2,25,50]
["2014-04-01","Carla  Mccormick","Crested Beaut",1,24,24]
["2013-11-27","Max  Rodgers","Doublers",2,79.95,159.9]
["2013-12-24","Shari  Silva","Sunshine",4,19.95,79.8]
["2013-02-04","Trevor  Jones","Sunshine",3,19.95,59.85]
["2013-12-27","Bobbie  Ryan","Sunshine",2,18.95,37.9]
["2014-11-18","Max  Rodgers","Sunbell",3,25,75]
["2013-11-13","Billie  Chandler","Carlota",1,22.95,22.95]
["2014-11-19","Carla  Mccormick","Quad",2,33,66]
["2013-12-11","Brooke  Horton","Sunshine",1,19.95,19.95]
["2014-12-25","Ruben  Nunez","Quad",2,34,68]
["2013-12-01","Bethany  Pena","Majestic Beaut",1,29,29]
["2014-11-01","Jenny  Garcia","Carlota",3,22.95,68.849999999999994]
["2013-04-20","Johanna  Boone","Doublers",6,77.95,467.7]
["2014-11-22","Cassandra  Franklin","Quad",1,33,33]
["2013-12-22","Shari  Silva","Aspen",1,20,20]
["2014-09-07","Tracy  Reed","Majestic Beaut",6,29,174]
["2014-12-05","Ellen  Weaver","Aspen",2,20,40]
["2014-12-26","Cecilia  Manning","Bellen",3,22.95,68.849999999999994]
["2013-08-25","Edwin  Malone","Sunset",2,22.5,45]
["2013-11-21","Cassandra  Franklin","Quad",2,33,66]
["2013-11-30","Rachel  Gomez","Carlota",1,22.95,22.95]
["2014-11-20","Lula  Daniels","Bellen",3,22.95,68.849999999999994]
["2013-11-23","Cecilia  Manning","Sunset",2,22.5,45]
["2013-12-02","Rachel  Gomez","Bellen",1,22.95,22.95]
["2013-12-12","Salvador  Bass","Majestic Beaut",1,30,30]
["2013-07-01","Shari  Silva","Majestic Beaut",1,29,29]
["2013-11-14","Cecilia  Manning","Quad",1,33,33]
["2014-11-15","Nellie  Joseph","Bellen",2,21.95,43.9]
["2013-12-09","Nellie  Joseph","Carlota",1,21.95,21.95]
["2013-12-15","Kyle  Carr","Sunset",1,23.5,23.5]
["2014-12-27","Austin  Reynolds","Crested Beaut",2,23,46]
["2013-11-28","Lance  Yates","Sunshine",2,19.95,39.9]
["2013-11-18","Brooke  Horton","Carlota",1,22.95,22.95]
["2013-12-12","Blake  Bridges","Crested Beaut",4,24,96]
["2014-12-18","Brooke  Horton","Sunbell",1,24,24]
["2013-03-18","Andrew  Meyer","Carlota",1,22.95,22.95]
["2014-11-09","Salvador  Bass","Carlota",3,22.95,68.849999999999994]
["2013-11-22","Beth  Tucker","Quad",2,34,68]
["2014-06-08","Drew  Rogers","Sunshine",3,19.95,59.85]
["2014-11-07","Sandra  Floyd","Crested Beaut",17,22.8,387.6]
["2014-11-08","Robert  Munoz","Carlota",3,22.95,68.849999999999994]
["2014-11-08","Peter  Hodges","Sunshine",2,19.95,39.9]
["2014-12-15","Beth  Tucker","Aspen",2,21,42]
["2013-11-30","Pauline  Beck","Bellen",2,22.95,45.9]
["2014-12-28","Eric  Rose","Bellen",3,22.95,68.849999999999994]
["2014-05-14","Marian  Hill","Quad",1,33,33]
["2013-10-11","Eddie  Green","Majestic Beaut",3,28,84]
["2014-04-01","Marion  Glover","Sunshine",2,18.95,37.9]
["2014-09-01","Don  Gonzales","Bellen",1,22.95,22.95]
["2014-12-20","Robert  Munoz","Carlota",1,22.95,22.95]
["2013-12-27","Edwin  Malone","Crested Beaut",1,23,23]
["2013-12-19","Lance  Yates","Bellen",3,22.95,68.849999999999994]
["2014-12-21","Cindy  Becker","Carlota",1,22.95,22.95]
["2014-12-08","Patty  Thompson","Majestic Beaut",2,30,60]
["2013-12-29","Christina  Fuller","Sunbell",9,25,225]
["2014-12-11","Elvira  Bowman","Aspen",1,20,20]
["2013-11-17","Christina  Fuller","Carlota",3,22.95,68.849999999999994]
["2013-11-04","Edwin  Malone","Bellen",23,20.85,479.55]
["2013-07-17","Lynette  Brewer","Carlota",17,21.8,370.6]
["2013-05-29","Brooke  Horton","Quad",1,33,33]
["2014-12-09","Austin  Reynolds","Carlota",21,20.85,437.85]
["2013-11-04","Donna  Reid","Bellen",1,22.95,22.95]
["2013-11-25","Rachel  Gomez","Bellen",2,22.95,45.9]
["2013-11-24","Isabel  Cross","Sunset",17,21.38,363.46]
["2013-08-02","Jenny  Garcia","Bellen",2,22.95,45.9]
["2014-12-11","Carla  Mccormick","Sunset",1,23.5,23.5]
["2014-12-12","Shari  Silva","Carlota",2,22.95,45.9]
["2013-11-10","Brooke  Horton","FlatTop",1,27.5,27.5]
["2013-12-08","Iris  Underwood","Doublers",3,79.95,239.85]
["2013-09-07","Elvira  Bowman","Sunbell",1,24,24]
["2013-11-23","Herman  Williams","Carlota",3,21.95,65.849999999999994]
["2013-12-15","Robert  Munoz","Aspen",6,20,120]
["2014-12-06","Bernadette  Page","Aspen",2,20,40]
["2013-04-04","Isabel  Cross","Quad",1,32,32]
["2014-11-21","Drew  Rogers","Carlota",10,22.95,229.5]
["2014-10-01","Shari  Silva","Quad",3,33,99]
["2013-12-17","Salvador  Bass","Bellen",2,22.95,45.9]
["2013-11-05","Don  Gonzales","Sunbell",1,24,24]
["2013-09-12","Drew  Rogers","Doublers",3,79.95,239.85]
["2014-12-08","Della  Jensen","Sunshine",1,18.95,18.95]
["2014-11-03","Patty  Thompson","Carlota",3,22.95,68.849999999999994]
["2014-12-29","Brooke  Horton","Quad",3,33,99]
["2014-12-10","Brooke  Horton","Quad",3,33,99]
["2014-11-16","Trevor  Jones","Quad",17,32.299999999999997,549.1]
["2014-03-17","Ernest  Davis","Carlota",3,22.95,68.849999999999994]
["2013-11-03","Brooke  Horton","Carlota",3,22.95,68.849999999999994]
["2013-02-02","Cassandra  Franklin","Bellen",3,22.95,68.849999999999994]
["2013-12-22","Patty  Thompson","Crested Beaut",13,23.75,308.75]
["2013-12-04","Carla  Mccormick","Sunbell",2,24,48]
["2013-11-11","Robert  Munoz","Sunshine",1,19.95,19.95]
["2014-11-09","Cecilia  Manning","Sunshine",3,19.95,59.85]
["2014-12-01","Max  Rodgers","Quad",3,34,102]
["2014-12-19","Marian  Hill","Sunshine",8,19.95,159.6]
["2014-11-17","Brooke  Horton","Bellen",3,22.95,68.849999999999994]
["2013-12-09","Elaine  Ellis","Sunshine",2,19.95,39.9]
["2014-11-23","Isabel  Cross","Sunshine",3,18.95,56.85]
["2013-02-01","Joey  Wong","Crested Beaut",2,25,50]
["2013-05-31","Austin  Reynolds","Carlota",3,21.95,65.849999999999994]
["2014-12-30","Bernadette  Page","Sunshine",2,19.95,39.9]
["2014-08-11","Lance  Yates","Aspen",4,20,80]
["2014-08-04","Drew  Rogers","Quad",1,33,33]
["2014-07-02","Trevor  Jones","Quad",2,34,68]
["2014-12-08","Ivan  Adkins","Sunshine",2,19.95,39.9]
["2014-08-12","Andrew  Meyer","Aspen",2,21,42]
["2013-12-13","Tracy  Reed","Carlota",1,22.95,22.95]
["2014-11-28","Jenny  Garcia","Sunshine",3,19.95,59.85]
["2014-12-31","Bobbie  Ryan","Quad",18,30.4,547.20000000000005]
["2013-12-18","Ellen  Weaver","Aspen",1,20,20]
["2014-09-11","Cecilia  Manning","Crested Beaut",2,24,48]
["2014-11-20","Ernest  Davis","Bellen",3,22.95,68.849999999999994]
["2013-11-08","Christina  Fuller","Aspen",3,21,63]
["2013-11-15","Brooke  Horton","Quad",1,33,33]
["2014-02-02","Don  Gonzales","Carlota",19,21.8,414.2]
["2013-12-07","Brooke  Horton","Sunbell",3,24,72]
["2013-11-07","Della  Jensen","Sunbell",3,23,69]
["2014-12-18","Bobbie  Ryan","Bellen",1,21.95,21.95]
["2013-12-16","Tiffany  May","Majestic Beaut",2,30,60]
["2013-11-30","Fernando  Rowe","Sunshine",11,18.95,208.45]
["2013-12-20","Max  Rodgers","Quad",3,34,102]
["2013-12-26","Brooke  Horton","Crested Beaut",1,24,24]
["2013-11-02","Guillermo  Potter","V-Rang",3,18,54]
["2014-07-17","Woodrow  Colon","Quad",2,33,66]
["2014-09-16","Mable  Lindsey","Sunbell",2,25,50]
["2014-12-09","Sylvester  Morales","Sunbell",3,25,75]
["2014-11-09","Shari  Silva","Bellen",2,22.95,45.9]
["2014-12-07","Salvador  Bass","Sunbell",4,25,100]
["2014-11-17","Lance  Yates","Doublers",1,79.95,79.95]
["2014-11-08","Jenny  Garcia","Sunbell",2,24,48]
["2014-12-10","Brooke  Horton","Carlota",1,22.95,22.95]
["2013-11-15","Austin  Reynolds","Quad",2,32,64]
["2013-11-12","Drew  Rogers","Sunshine",22,18.95,416.9]
["2013-11-20","Sylvester  Morales","Crested Beaut",3,25,75]
["2014-10-12","Eddie  Green","Sunshine",3,18.95,56.85]
["2014-12-21","Salvador  Bass","Crested Beaut",2,25,50]
["2013-11-15","Sylvester  Morales","Bellen",3,22.95,68.849999999999994]
["2014-12-09","Lynette  Brewer","Bellen",2,22.95,45.9]
["2013-11-14","Cindy  Becker","Crested Beaut",3,24,72]
["2013-12-22","Woodrow  Colon","Crested Beaut",3,24,72]
["2013-11-23","Lance  Yates","Sunset",3,23.5,70.5]
["2013-07-24","Don  Gonzales","Bellen",2,22.95,45.9]
["2014-12-11","Colleen  Warren","Aspen",3,21,63]
["2013-11-22","Billie  Chandler","Quad",3,33,99]
["2013-11-25","Bernadette  Page","Bellen",2,22.95,45.9]
["2013-12-29","Blake  Bridges","Quad",3,33,99]
["2014-12-07","Lorraine  Gibson","Doublers",3,75.95,227.85]
["2014-11-06","Brooke  Horton","Crested Beaut",1,24,24]
["2014-11-16","Colleen  Warren","Quad",2,34,68]
["2014-11-26","Elaine  Ellis","FlatTop",2,26.5,53]
["2014-12-24","Ben  Perez","FlatTop",2,27.5,55]
["2013-11-27","Cindy  Becker","Quad",3,33,99]
["2013-12-17","Kyle  Carr","Sunbell",3,24,72]
["2013-01-23","Blake  Bridges","Crested Beaut",2,24,48]
["2013-11-10","Pauline  Beck","Sunshine",2,19.95,39.9]
["2014-04-01","Johanna  Boone","Bellen",3,22.95,68.849999999999994]
["2014-12-15","Lorraine  Gibson","Bellen",10,21.95,219.5]
["2013-11-30","Colleen  Warren","Bellen",1,22.95,22.95]
["2014-12-21","Pauline  Beck","Bellen",1,22.95,22.95]
["2014-12-06","Shari  Silva","Crested Beaut",2,24,48]
["2014-12-10","Peter  Hodges","Sunshine",1,19.95,19.95]
["2014-12-17","Johanna  Boone","Bellen",1,22.95,22.95]
["2014-11-23","Shari  Silva","Bellen",1,22.95,22.95]
["2013-12-07","Bernadette  Page","Carlota",24,21.8,523.20000000000005]
["2013-12-21","Billie  Chandler","Sunset",3,23.5,70.5]
["2013-11-30","Bernadette  Page","Doublers",3,79.95,239.85]
["2013-06-15","Shari  Silva","Quad",3,33,99]
["2013-11-22","Cindy  Becker","Bellen",3,22.95,68.849999999999994]
["2013-12-15","Ernest  Davis","Sunshine",3,19.95,59.85]
["2013-11-07","Andrew  Meyer","Sunshine",2,19.95,39.9]
["2013-11-27","Peter  Hodges","Quad",2,33,66]
["2013-11-21","Brooke  Horton","Sunset",2,23.5,47]
["2014-11-21","Sonya  Mullins","Quad",2,32,64]
["2013-11-16","Cassandra  Franklin","FlatTop",3,27.5,82.5]
["2014-12-19","Rachel  Gomez","Bellen",24,21.8,523.20000000000005]
["2014-11-10","Jaime  Pearson","V-Rang",2,18,36]
["2014-05-01","Brooke  Horton","Bellen",3,22.95,68.849999999999994]
["2014-12-09","Lance  Yates","Bellen",3,22.95,68.849999999999994]
["2013-02-16","Lance  Yates","Crested Beaut",3,24,72]
["2014-07-08","Ben  Perez","Bellen",17,21.8,370.6]
["2013-02-21","Salvador  Bass","Quad",2,34,68]
["2013-11-25","Johanna  Boone","Sunset",3,22.5,67.5]
["2014-11-20","Isabel  Cross","Aspen",2,19,38]
["2014-10-27","Shari  Silva","Crested Beaut",16,22.8,364.8]
["2013-04-22","Robert  Munoz","Sunshine",3,19.95,59.85]
["2014-12-22","Eric  Rose","Carlota",3,22.95,68.849999999999994]
["2014-11-16","Arturo  Francis","Sunshine",2,18.95,37.9]
["2014-12-17","Ernest  Davis","Sunshine",6,19.95,119.7]
["2014-12-11","Jaime  Pearson","Crested Beaut",2,24,48]
["2014-11-11","Andrew  Meyer","Quad",1,34,34]
["2014-06-14","Ben  Perez","Sunbell",3,25,75]
["2014-12-30","Bobbie  Ryan","Crested Beaut",6,23,138]
["2013-12-25","Bethany  Pena","Bellen",3,22.95,68.849999999999994]
["2014-12-05","Sandra  Floyd","Bellen",2,22.95,45.9]
["2013-11-19","Patty  Thompson","Sunbell",1,25,25]
["2014-11-13","Ben  Perez","Sunshine",2,19.95,39.9]
["2013-12-26","Jenny  Garcia","Aspen",3,20,60]
["2014-12-02","Nellie  Joseph","Majestic Beaut",4,28,112]
["2014-01-28","Iris  Underwood","Majestic Beaut",3,30,90]
["2014-12-31","Woodrow  Colon","Carlota",2,22.95,45.9]
["2013-12-08","Shari  Silva","Bellen",2,22.95,45.9]
["2013-06-17","Bethany  Pena","Majestic Beaut",2,29,58]
["2014-11-21","Sylvester  Morales","Quad",19,32.299999999999997,613.70000000000005]
["2013-11-02","Trevor  Jones","Bellen",3,22.95,68.849999999999994]
["2013-05-17","Felicia  Jennings","Quad",3,34,102]
["2014-06-04","Trevor  Jones","Quad",1,34,34]
["2013-11-03","Andrew  Meyer","Aspen",2,21,42]
["2013-11-05","Drew  Rogers","Quad",1,33,33]
["2014-11-21","Isabel  Cross","Quad",1,32,32]
["2014-07-31","Isabel  Cross","Quad",2,32,64]
["2013-11-11","Nellie  Joseph","Quad",2,32,64]
["2014-10-15","Felicia  Jennings","Carlota",3,22.95,68.849999999999994]
["2013-12-30","Woodrow  Colon","Carlota",3,22.95,68.849999999999994]
["2014-12-20","Blake  Bridges","FlatTop",3,26.5,79.5]
["2013-10-14","Rachel  Gomez","Aspen",1,20,20]
["2013-11-05","Rachel  Gomez","Quad",1,33,33]
["2013-11-22","Della  Jensen","Quad",2,32,64]
["2013-11-15","Austin  Reynolds","Crested Beaut",4,23,92]
["2013-12-09","Dan  Peterson","Majestic Beaut",21,27.55,578.54999999999995]
["2013-11-11","Robert  Munoz","Aspen",2,20,40]
["2014-04-30","Cecilia  Manning","Quad",1,33,33]
["2013-12-11","Johanna  Boone","Sunbell",3,24,72]
["2014-12-01","Drew  Rogers","Sunbell",3,24,72]
["2014-12-27","Ernest  Davis","Sunbell",3,25,75]
["2013-08-29","Blake  Bridges","Bellen",2,22.95,45.9]
["2014-12-14","Robert  Munoz","Bellen",1,22.95,22.95]
["2013-12-02","Shari  Silva","Crested Beaut",2,24,48]
["2014-12-04","Beth  Tucker","Quad",1,34,34]
["2014-11-05","Isabel  Cross","Sunshine",4,18.95,75.8]
["2014-07-09","Austin  Reynolds","Quad",2,32,64]
["2013-11-11","Austin  Reynolds","Carlota",2,21.95,43.9]
["2013-12-11","Arturo  Francis","Aspen",2,19,38]
["2014-12-23","Isabel  Cross","Sunshine",2,18.95,37.9]
["2014-12-24","Beth  Tucker","Sunbell",3,25,75]
["2013-11-07","Sonya  Mullins","Sunbell",1,23,23]
["2014-06-22","Shari  Silva","FlatTop",2,26.5,53]
["2014-11-04","Tiffany  May","Carlota",2,22.95,45.9]
["2014-11-16","Cassandra  Franklin","Carlota",3,22.95,68.849999999999994]
["2014-12-09","Lance  Yates","Sunshine",2,19.95,39.9]
["2014-11-15","Drew  Rogers","Carlota",2,22.95,45.9]
["2013-01-19","Lance  Yates","Majestic Beaut",3,29,87]
["2013-10-12","Eric  Rose","Quad",3,34,102]
["2014-11-12","Max  Rodgers","Carlota",1,22.95,22.95]
["2014-12-08","Ruben  Nunez","Majestic Beaut",3,30,90]
["2014-11-23","Mable  Lindsey","V-Rang",11,18.05,198.55]
["2013-11-06","Cindy  Becker","Quad",1,33,33]
["2014-01-18","Ellen  Weaver","Bellen",14,21.8,305.2]
["2014-07-24","Paulette  Spencer","FlatTop",1,26.5,26.5]
["2014-11-12","Paulette  Spencer","Carlota",3,22.95,68.849999999999994]
["2014-11-23","Della  Jensen","Bellen",1,21.95,21.95]
["2014-11-26","Trevor  Jones","V-Rang",1,19,19]
["2014-02-02","Woodrow  Colon","Quad",1,33,33]
["2014-12-08","Guillermo  Potter","Quad",3,33,99]
["2013-02-17","Austin  Reynolds","Sunshine",3,18.95,56.85]
["2014-10-04","Trevor  Jones","Bellen",2,22.95,45.9]
["2014-02-18","Shari  Silva","Quad",3,33,99]
["2014-06-22","Johanna  Boone","Sunset",3,22.5,67.5]
["2014-11-26","Paulette  Spencer","Sunbell",1,24,24]
["2013-11-21","Elaine  Ellis","Bellen",1,22.95,22.95]
["2014-08-15","Trevor  Jones","Crested Beaut",1,25,25]
["2014-11-28","Patty  Thompson","Sunbell",1,25,25]
["2013-11-26","Blake  Bridges","Bellen",3,22.95,68.849999999999994]
["2014-12-30","Kyle  Carr","Sunshine",2,19.95,39.9]
["2013-12-01","Andrew  Meyer","Quad",12,32.299999999999997,387.6]
["2013-11-30","Lula  Daniels","Quad",2,33,66]
["2013-11-25","Woodrow  Colon","Sunbell",20,22.8,456]
["2013-07-04","Jenny  Garcia","Crested Beaut",2,24,48]
["2014-11-30","Felicia  Jennings","FlatTop",1,27.5,27.5]
["2014-03-13","Andrew  Meyer","Quad",1,34,34]
["2013-09-27","Peter  Hodges","Bellen",1,22.95,22.95]
["2013-11-15","Colleen  Warren","Sunset",1,23.5,23.5]
["2014-12-22","Jenny  Garcia","Sunshine",2,19.95,39.9]
["2013-11-22","Lula  Daniels","Carlota",2,22.95,45.9]
["2013-08-01","Austin  Reynolds","Quad",13,30.4,395.2]
["2014-11-08","Paulette  Spencer","Bellen",22,21.8,479.6]
["2013-12-17","Paulette  Spencer","Aspen",2,20,40]
["2014-12-15","Isabel  Cross","Crested Beaut",2,23,46]
["2013-12-02","Brooke  Horton","Bellen",1,22.95,22.95]
["2014-12-29","Ivan  Adkins","Sunshine",1,19.95,19.95]
["2014-12-08","Johanna  Boone","Majestic Beaut",1,29,29]
["2014-03-18","Sandra  Floyd","Crested Beaut",2,24,48]
["2014-12-19","Edwin  Malone","Carlota",3,21.95,65.849999999999994]
["2013-12-05","Blake  Bridges","Carlota",2,22.95,45.9]
["2014-11-11","Max  Rodgers","Sunshine",1,19.95,19.95]
["2013-12-06","Tiffany  May","FlatTop",2,27.5,55]
["2013-07-07","Lance  Yates","Carlota",2,22.95,45.9]
["2013-12-17","Sonya  Mullins","Crested Beaut",3,23,69]
["2013-06-07","Rachel  Gomez","Sunbell",2,24,48]
["2013-06-07","Isabel  Cross","Sunshine",3,18.95,56.85]
["2014-11-10","Ellen  Weaver","Quad",3,33,99]
["2013-11-29","Drew  Rogers","Aspen",2,20,40]
["2014-07-09","Max  Rodgers","Quad",1,34,34]
["2014-10-21","Lance  Yates","Quad",3,33,99]
["2013-11-11","Della  Jensen","Sunbell",3,23,69]
["2013-11-26","Eric  Rose","Carlota",2,22.95,45.9]
["2013-12-05","Della  Jensen","Sunshine",2,18.95,37.9]
["2013-11-15","Nellie  Joseph","Sunshine",3,18.95,56.85]
["2014-12-19","Patty  Thompson","FlatTop",1,27.5,27.5]
["2014-05-24","Brooke  Horton","Aspen",2,20,40]
["2013-11-14","Mable  Lindsey","V-Rang",2,19,38]
["2013-07-10","Isabel  Cross","Sunset",22,21.38,470.36]
["2014-12-26","Nellie  Joseph","Crested Beaut",3,23,69]
["2014-11-27","Brooke  Horton","Sunbell",3,24,72]
["2013-10-28","Della  Jensen","Sunshine",20,18,360]
["2014-11-24","Cassandra  Franklin","Sunbell",2,24,48]
["2014-12-12","Rachel  Gomez","Majestic Beaut",2,29,58]
["2013-11-29","Lance  Yates","Sunbell",3,24,72]
["2014-11-19","Isabel  Cross","Aspen",1,19,19]
["2014-05-07","Pauline  Beck","Sunset",2,23.5,47]
["2013-12-06","Isabel  Cross","Quad",1,32,32]
["2013-11-07","Brooke  Horton","Sunshine",3,19.95,59.85]
["2014-01-08","Edwin  Malone","Sunset",2,22.5,45]
["2014-11-29","Elbert  Klein","Carlota",10,22.95,229.5]
["2014-09-16","Elbert  Klein","Quad",2,33,66]
["2013-10-22","Christy  Olson","Bellen",1,22.95,22.95]
["2014-12-03","Mable  Lindsey","Aspen",3,21,63]
["2014-11-09","Rachel  Gomez","Bellen",2,22.95,45.9]
["2014-12-08","Cecilia  Manning","Bellen",3,22.95,68.849999999999994]
["2013-11-22","Cecilia  Manning","Majestic Beaut",2,29,58]
["2014-08-20","Donna  Reid","V-Rang",2,19,38]
["2014-11-04","Trevor  Jones","Majestic Beaut",2,30,60]
["2013-09-23","Robert  Munoz","Sunshine",1,19.95,19.95]
["2013-12-21","Rachel  Gomez","V-Rang",2,18,36]
["2013-11-21","Fernando  Rowe","Aspen",2,21,42]
["2014-12-06","Salvador  Bass","Quad",1,34,34]
["2013-11-27","Shari  Silva","Sunbell",3,24,72]
["2014-12-18","Isabel  Cross","Sunbell",3,23,69]
["2014-08-22","Cassandra  Franklin","Majestic Beaut",2,29,58]
["2014-11-23","Ernest  Davis","Sunbell",3,25,75]
["2014-11-17","Cassandra  Franklin","Sunbell",4,24,96]
["2014-11-04","Patty  Thompson","Bellen",3,22.95,68.849999999999994]
["2013-12-29","Bobbie  Ryan","Sunshine",2,18.95,37.9]
["2013-12-07","Cecilia  Manning","Bellen",2,22.95,45.9]
["2013-12-13","Sandra  Floyd","Crested Beaut",3,24,72]
["2013-12-24","Donna  Reid","Carlota",3,22.95,68.849999999999994]
["2014-09-04","Shari  Silva","Sunshine",3,19.95,59.85]
["2014-01-23","Elbert  Klein","Bellen",2,22.95,45.9]
["2013-11-16","Sylvester  Morales","Carlota",1,22.95,22.95]
["2013-11-15","Robert  Munoz","Carlota",3,22.95,68.849999999999994]
["2014-07-17","Don  Gonzales","Sunset",2,22.5,45]
["2013-12-29","Trevor  Jones","V-Rang",2,19,38]
["2014-12-27","Elbert  Klein","Carlota",24,21.8,523.20000000000005]
["2013-07-14","Robert  Munoz","Quad",13,31.35,407.55]
["2013-11-16","Christy  Olson","Quad",3,34,102]
["2013-12-17","Johanna  Boone","Bellen",3,22.95,68.849999999999994]
["2013-12-03","Della  Jensen","Quad",1,32,32]
["2014-12-05","Tracy  Reed","Sunshine",3,19.95,59.85]
["2014-04-10","Sylvester  Morales","Sunset",2,23.5,47]
["2014-12-09","Cecilia  Manning","Quad",1,33,33]
["2013-11-15","Iris  Underwood","Aspen",3,21,63]
["2014-12-24","Isabel  Cross","Carlota",3,21.95,65.849999999999994]
["2014-11-17","Max  Rodgers","Crested Beaut",8,25,200]
["2013-01-21","Ellen  Weaver","Quad",3,33,99]
["2013-12-12","Dan  Peterson","Quad",1,33,33]
["2014-08-01","Eddie  Green","Sunshine",3,18.95,56.85]
["2013-12-08","Della  Jensen","Quad",2,32,64]
["2013-12-07","Patty  Thompson","Majestic Beaut",4,30,120]
["2014-11-04","Iris  Underwood","FlatTop",3,27.5,82.5]
["2013-11-15","Marian  Hill","Bellen",2,22.95,45.9]
["2014-12-15","Della  Jensen","Carlota",22,20.85,458.7]
["2013-11-11","Colleen  Warren","Sunshine",3,19.95,59.85]
["2013-05-09","Ruben  Nunez","Carlota",3,22.95,68.849999999999994]
["2013-11-30","Ernest  Davis","Sunset",1,23.5,23.5]
["2013-08-01","Salvador  Bass","Quad",3,34,102]
["2013-03-22","Bernadette  Page","V-Rang",1,18,18]
["2013-12-18","Ben  Perez","Sunshine",2,19.95,39.9]
["2014-11-06","Lance  Yates","Sunbell",3,24,72]
["2014-12-11","Christy  Olson","Majestic Beaut",2,30,60]
["2013-11-11","Blake  Bridges","Sunshine",1,19.95,19.95]
["2013-12-20","Carla  Mccormick","Majestic Beaut",2,29,58]
["2013-08-26","Lula  Daniels","Sunshine",1,19.95,19.95]
["2013-12-05","Dan  Peterson","Sunbell",1,24,24]
["2013-12-06","Cassandra  Franklin","Sunshine",3,19.95,59.85]
["2013-11-20","Salvador  Bass","Quad",16,32.299999999999997,516.79999999999995]
["2013-12-05","Guillermo  Potter","Quad",3,33,99]
["2013-11-18","Shari  Silva","Crested Beaut",1,24,24]
["2013-05-23","Sonya  Mullins","Carlota",3,21.95,65.849999999999994]
["2013-11-08","Sandra  Floyd","Carlota",2,22.95,45.9]
["2013-11-07","Lance  Yates","Quad",1,33,33]
["2014-11-13","Eddie  Green","Bellen",3,21.95,65.849999999999994]
["2014-12-31","Kyle  Carr","Sunshine",1,19.95,19.95]
["2014-05-23","Beth  Tucker","Sunbell",3,25,75]
["2013-12-10","Elvira  Bowman","Carlota",1,22.95,22.95]
["2013-05-21","Mable  Lindsey","Quad",2,34,68]
["2013-11-14","Max  Rodgers","Carlota",1,22.95,22.95]
["2014-11-11","Beth  Tucker","Doublers",2,79.95,159.9]
["2013-04-10","Brooke  Horton","Sunset",2,23.5,47]
["2013-11-30","Elaine  Ellis","Carlota",1,22.95,22.95]
["2014-11-01","Beth  Tucker","Sunbell",3,25,75]
["2013-11-04","Max  Rodgers","Sunset",2,23.5,47]
["2014-06-25","Ellen  Weaver","Aspen",3,20,60]
["2013-12-17","Salvador  Bass","Sunbell",2,25,50]
["2014-12-10","Cecilia  Manning","Bellen",3,22.95,68.849999999999994]
["2014-12-25","Herman  Williams","FlatTop",2,26.5,53]
["2013-04-28","Guillermo  Potter","Carlota",3,22.95,68.849999999999994]
["2014-11-13","Rachel  Gomez","Sunbell",3,24,72]
["2013-12-20","Charlie  Wood","Carlota",4,22.95,91.8]
["2013-11-06","Patty  Thompson","Bellen",2,22.95,45.9]
["2014-12-17","Isabel  Cross","Quad",15,30.4,456]
["2013-12-02","Salvador  Bass","V-Rang",2,19,38]
["2014-02-14","Brooke  Horton","Quad",3,33,99]
["2014-12-05","Lynette  Brewer","Quad",2,33,66]
["2014-11-09","Shari  Silva","Crested Beaut",3,24,72]
["2013-03-10","Beth  Tucker","Sunset",2,23.5,47]
["2014-11-29","Tracy  Reed","Sunbell",2,24,48]
["2014-08-26","Herman  Williams","Quad",3,32,96]
["2014-12-16","Cecilia  Manning","Crested Beaut",1,24,24]
["2013-06-01","Eric  Rose","Sunset",7,23.5,164.5]
["2013-12-24","Bobbie  Ryan","Aspen",3,19,57]
["2014-01-17","Sandra  Floyd","Quad",2,33,66]
["2014-09-02","Brooke  Horton","FlatTop",2,27.5,55]
["2013-12-01","Sonya  Mullins","Bellen",2,21.95,43.9]
["2013-12-28","Cecilia  Manning","Carlota",3,22.95,68.849999999999994]
["2014-12-25","Brooke  Horton","Sunshine",3,19.95,59.85]
["2014-11-04","Elbert  Klein","Carlota",2,22.95,45.9]
["2014-12-24","Cecilia  Manning","Carlota",2,22.95,45.9]
["2013-08-20","Robert  Munoz","Bellen",1,22.95,22.95]
["2013-04-16","Cassandra  Franklin","Majestic Beaut",3,29,87]
["2013-12-13","Billie  Chandler","V-Rang",2,18,36]
["2014-11-26","Mable  Lindsey","Bellen",3,22.95,68.849999999999994]
["2013-12-12","Robert  Munoz","Crested Beaut",1,24,24]
["2014-11-20","Ben  Perez","Sunshine",1,19.95,19.95]
["2014-12-10","Arturo  Francis","Quad",2,32,64]
["2013-06-13","Christina  Fuller","FlatTop",14,26.13,365.82]
["2013-10-12","Max  Rodgers","Quad",3,34,102]
["2014-11-18","Marian  Hill","Sunshine",3,19.95,59.85]
["2014-11-09","Jenny  Garcia","Quad",3,33,99]
["2013-12-21","Carla  Mccormick","Sunshine",3,19.95,59.85]
["2014-11-18","Pauline  Beck","Sunshine",3,19.95,59.85]
["2013-08-26","Elbert  Klein","Bellen",2,22.95,45.9]
["2013-12-07","Sandra  Floyd","Aspen",1,20,20]
["2013-06-05","Carla  Mccormick","Carlota",2,22.95,45.9]
["2014-11-04","Brooke  Horton","Sunset",3,23.5,70.5]
["2014-11-04","Della  Jensen","Carlota",3,21.95,65.849999999999994]
["2014-08-12","Willie  Vega","Bellen",2,22.95,45.9]
["2014-12-19","Andrew  Meyer","Bellen",2,22.95,45.9]
["2014-11-05","Cecilia  Manning","Aspen",3,20,60]
["2013-12-11","Edwin  Malone","Sunset",16,21.38,342.08]
["2014-12-21","Edwin  Malone","Majestic Beaut",2,28,56]
["2014-11-07","Brooke  Horton","Bellen",2,22.95,45.9]
["2013-12-22","Christina  Fuller","FlatTop",2,27.5,55]
["2014-12-10","Marion  Glover","Quad",2,32,64]
["2013-11-27","Shari  Silva","Bellen",2,22.95,45.9]
["2013-12-05","Austin  Reynolds","Majestic Beaut",1,28,28]
["2013-12-23","Brooke  Horton","Carlota",2,22.95,45.9]
["2014-12-17","Don  Gonzales","FlatTop",3,26.5,79.5]
["2014-04-13","Peter  Hodges","Crested Beaut",1,24,24]
["2013-12-10","Della  Jensen","Aspen",2,19,38]
["2013-11-01","Rachel  Gomez","Bellen",14,21.8,305.2]
["2014-08-16","Brooke  Horton","Aspen",12,19,228]
["2014-07-19","Arturo  Francis","Bellen",1,21.95,21.95]
["2014-02-13","Shari  Silva","V-Rang",2,18,36]
["2014-12-19","Tracy  Reed","Majestic Beaut",1,29,29]
["2013-12-19","Sonya  Mullins","Sunset",3,22.5,67.5]
["2014-11-01","Don  Gonzales","Sunbell",2,24,48]
["2013-11-20","Jaime  Pearson","Crested Beaut",4,24,96]
["2013-11-14","Lorraine  Gibson","Sunbell",3,23,69]
["2014-09-16","Ernest  Davis","Carlota",2,22.95,45.9]
["2013-12-21","Sonya  Mullins","FlatTop",1,26.5,26.5]
["2014-09-19","Paulette  Spencer","Crested Beaut",2,24,48]
["2013-12-07","Pauline  Beck","Crested Beaut",3,25,75]
["2013-12-25","Andrew  Meyer","Aspen",2,21,42]
["2014-11-20","Herman  Williams","Quad",2,32,64]
["2013-11-11","Herman  Williams","Aspen",2,19,38]
["2014-06-11","Della  Jensen","Sunbell",1,23,23]
["2013-12-26","Ruben  Nunez","Carlota",2,22.95,45.9]
["2014-07-16","Fernando  Rowe","Sunshine",3,19.95,59.85]
["2013-11-04","Isabel  Cross","Sunbell",2,23,46]
["2014-11-06","Marian  Hill","Carlota",3,22.95,68.849999999999994]
["2014-12-15","Mable  Lindsey","Majestic Beaut",3,30,90]
["2014-11-11","Lorraine  Gibson","Carlota",3,21.95,65.849999999999994]
["2014-04-01","Shari  Silva","Sunbell",3,24,72]
["2013-02-08","Lula  Daniels","Doublers",12,75.95,911.4]
["2014-12-04","Marion  Glover","Bellen",19,20.85,396.15]
["2014-11-05","Tiffany  May","Sunset",3,23.5,70.5]
["2013-04-12","Shari  Silva","Carlota",5,22.95,114.75]
["2014-06-08","Rachel  Gomez","Sunshine",1,19.95,19.95]
["2014-07-17","Fernando  Rowe","Sunbell",2,25,50]
["2013-02-28","Robert  Munoz","Majestic Beaut",24,27.55,661.2]
["2014-05-05","Della  Jensen","FlatTop",2,26.5,53]
["2013-12-26","Mable  Lindsey","Aspen",18,19.95,359.1]
["2013-11-16","Jenny  Garcia","Bellen",2,22.95,45.9]
["2013-04-30","Christy  Olson","Sunset",3,23.5,70.5]
["2014-06-30","Sonya  Mullins","Sunshine",1,18.95,18.95]
["2013-12-14","Jenny  Garcia","Bellen",2,22.95,45.9]
["2013-11-20","Charlie  Wood","Sunbell",7,24,168]
["2013-03-10","Drew  Rogers","Majestic Beaut",3,29,87]
["2014-11-17","Lula  Daniels","Crested Beaut",2,24,48]
["2013-11-08","Charlie  Wood","Carlota",1,22.95,22.95]
["2013-12-21","Don  Gonzales","Sunset",21,21.38,448.98]
["2013-04-09","Ernest  Davis","FlatTop",1,27.5,27.5]
["2013-11-26","Billie  Chandler","Carlota",2,22.95,45.9]
["2013-11-26","Marian  Hill","Quad",3,33,99]
["2014-11-11","Brooke  Horton","Sunshine",3,19.95,59.85]
["2014-11-20","Cassandra  Franklin","Quad",2,33,66]
["2013-12-08","Lynette  Brewer","Crested Beaut",3,24,72]
["2013-12-19","Joey  Wong","Quad",2,34,68]
["2013-12-28","Eddie  Green","Carlota",3,21.95,65.849999999999994]
["2013-02-11","Arturo  Francis","Sunset",3,22.5,67.5]
["2014-04-15","Eric  Rose","Bellen",21,21.8,457.8]
["2014-11-14","Shari  Silva","Quad",2,33,66]
["2013-11-30","Nellie  Joseph","Bellen",3,21.95,65.849999999999994]
["2013-11-15","Ruben  Nunez","Sunshine",3,19.95,59.85]
["2013-08-22","Iris  Underwood","Majestic Beaut",2,30,60]
["2013-12-18","Jenny  Garcia","Carlota",7,22.95,160.65]
["2013-11-07","Salvador  Bass","Sunbell",3,25,75]
["2014-11-26","Ben  Perez","Crested Beaut",3,25,75]
["2014-11-24","Tracy  Reed","Bellen",3,22.95,68.849999999999994]
["2014-11-26","Elbert  Klein","Quad",2,33,66]
["2014-09-29","Johanna  Boone","Majestic Beaut",2,29,58]
["2014-12-04","Sonya  Mullins","Quad",1,32,32]
["2013-10-30","Ernest  Davis","Majestic Beaut",2,30,60]
["2013-12-18","Austin  Reynolds","Sunset",2,22.5,45]
["2014-12-15","Bernadette  Page","Doublers",1,79.95,79.95]
["2013-11-20","Allan  Ramos","Sunshine",1,19.95,19.95]
["2013-11-29","Bernadette  Page","Aspen",1,20,20]
["2014-03-28","Andrew  Meyer","Bellen",1,22.95,22.95]
["2013-11-18","Lynette  Brewer","Aspen",3,20,60]
["2013-12-31","Eddie  Green","Sunset",1,22.5,22.5]
["2013-05-15","Christy  Olson","Doublers",1,79.95,79.95]
["2013-11-19","Patty  Thompson","Carlota",3,22.95,68.849999999999994]
["2013-11-22","Edwin  Malone","Majestic Beaut",2,28,56]
["2013-02-26","Shari  Silva","FlatTop",2,26.5,53]
["2014-12-28","Edwin  Malone","Quad",3,32,96]
["2014-05-29","Joey  Wong","Majestic Beaut",15,28.5,427.5]
["2013-02-08","Fernando  Rowe","Sunbell",1,25,25]
["2013-10-28","Elbert  Klein","V-Rang",1,18,18]
["2014-06-06","Lance  Yates","Quad",1,33,33]
["2013-07-21","Lee  Mack","Bellen",18,21.8,392.4]
["2014-04-26","Mable  Lindsey","Sunset",3,23.5,70.5]
["2013-11-21","Trevor  Jones","Quad",1,34,34]
["2014-12-23","Guillermo  Potter","Quad",2,33,66]
["2013-09-23","Mable  Lindsey","Sunbell",1,25,25]
["2014-11-25","Ellen  Weaver","Bellen",3,22.95,68.849999999999994]
["2014-11-23","Ben  Perez","Aspen",3,21,63]
["2014-12-18","Marian  Hill","Sunbell",1,24,24]
["2014-11-08","Tiffany  May","Sunbell",2,25,50]
["2014-11-25","Elvira  Bowman","Quad",3,33,99]
["2013-12-10","Trevor  Jones","Carlota",2,22.95,45.9]
["2013-12-19","Shari  Silva","V-Rang",15,17.100000000000001,256.5]
["2013-11-21","Lance  Yates","Sunshine",2,19.95,39.9]
["2013-02-09","Lynette  Brewer","Sunbell",2,24,48]
["2014-04-15","Cecilia  Manning","Aspen",2,20,40]
["2014-07-21","Allan  Ramos","Sunshine",2,19.95,39.9]
["2014-11-20","Ellen  Weaver","Bellen",1,22.95,22.95]
["2014-11-29","Sylvester  Morales","Bellen",1,22.95,22.95]
["2014-09-20","Edwin  Malone","Aspen",3,19,57]
["2014-09-29","Andrew  Meyer","Sunset",1,23.5,23.5]
["2013-12-25","Donna  Reid","Majestic Beaut",3,30,90]
["2014-02-20","Andrew  Meyer","V-Rang",2,19,38]
["2014-03-12","Don  Gonzales","Crested Beaut",3,24,72]
["2014-11-18","Christina  Fuller","Sunshine",2,19.95,39.9]
["2014-11-25","Max  Rodgers","Quad",2,34,68]
["2013-11-28","Beth  Tucker","Crested Beaut",2,25,50]
["2014-01-31","Max  Rodgers","Aspen",3,21,63]
["2013-06-02","Beth  Tucker","Sunset",25,22.33,558.25]
["2013-08-28","Drew  Rogers","Quad",3,33,99]
["2013-01-12","Jaime  Pearson","Aspen",1,20,20]
["2013-12-08","Shari  Silva","Sunset",3,22.5,67.5]
["2014-12-25","Iris  Underwood","Sunbell",7,25,175]
["2014-11-20","Lula  Daniels","Sunshine",3,19.95,59.85]
["2014-12-12","Isabel  Cross","Sunset",3,22.5,67.5]
["2013-05-27","Elbert  Klein","Quad",1,33,33]
["2014-12-31","Lance  Yates","Quad",3,33,99]
["2014-12-03","Rachel  Gomez","Bellen",3,22.95,68.849999999999994]
["2014-11-22","Edwin  Malone","Sunshine",19,18,342]
["2014-12-18","Ruben  Nunez","Sunshine",1,19.95,19.95]
["2014-12-27","Elbert  Klein","Carlota",2,22.95,45.9]
["2014-09-27","Max  Rodgers","Quad",2,34,68]
["2013-01-13","Rachel  Gomez","Sunbell",4,24,96]
["2013-11-15","Shari  Silva","Bellen",3,22.95,68.849999999999994]
["2013-11-09","Brooke  Horton","Sunbell",3,24,72]
["2013-08-03","Blake  Bridges","Quad",3,33,99]
["2014-05-18","Salvador  Bass","Carlota",1,22.95,22.95]
["2014-06-26","Dan  Peterson","Quad",4,33,132]
["2014-07-13","Shari  Silva","Sunshine",11,18.95,208.45]
["2014-12-16","Ivan  Adkins","Majestic Beaut",3,30,90]
["2014-04-23","Isabel  Cross","Carlota",2,21.95,43.9]
["2014-11-05","Shari  Silva","Sunset",2,22.5,45]
["2013-12-22","Nellie  Joseph","Crested Beaut",2,23,46]
["2013-12-25","Robert  Munoz","Quad",1,33,33]
["2013-11-21","Mable  Lindsey","Carlota",1,22.95,22.95]
["2014-12-26","Joey  Wong","Sunshine",2,19.95,39.9]
["2013-12-03","Sandra  Floyd","Majestic Beaut",3,29,87]
["2014-11-01","Kyle  Carr","Sunset",2,23.5,47]
["2014-09-06","Cassandra  Franklin","Majestic Beaut",3,29,87]
["2013-11-14","Jenny  Garcia","Doublers",3,79.95,239.85]
["2014-12-24","Cecilia  Manning","Majestic Beaut",1,29,29]
["2013-11-04","Cindy  Becker","Sunbell",2,24,48]
["2013-11-05","Dan  Peterson","Bellen",1,22.95,22.95]
["2014-12-16","Robert  Munoz","Majestic Beaut",4,29,116]
["2013-12-06","Edwin  Malone","Bellen",1,21.95,21.95]
["2013-02-10","Kyle  Carr","FlatTop",3,27.5,82.5]
["2014-01-12","Iris  Underwood","Sunbell",2,25,50]
["2013-03-31","Cindy  Becker","Sunset",3,22.5,67.5]
["2013-07-20","Herman  Williams","Sunset",16,21.38,342.08]
["2013-06-04","Rachel  Gomez","Sunset",3,23.5,70.5]
["2013-12-29","Shari  Silva","Carlota",2,22.95,45.9]
["2013-11-05","Della  Jensen","Carlota",2,21.95,43.9]
["2013-08-04","Sylvester  Morales","Carlota",2,22.95,45.9]
["2014-12-07","Ellen  Weaver","Sunbell",2,24,48]
["2014-12-23","Lance  Yates","Bellen",24,21.8,523.20000000000005]
["2013-12-28","Mable  Lindsey","Carlota",3,22.95,68.849999999999994]
["2013-11-28","Christina  Fuller","Quad",1,34,34]
["2014-10-13","Shari  Silva","Crested Beaut",1,24,24]
["2013-05-21","Rachel  Gomez","Quad",3,33,99]
["2013-12-14","Drew  Rogers","Carlota",1,22.95,22.95]
["2013-12-17","Max  Rodgers","Carlota",2,22.95,45.9]
["2013-11-21","Salvador  Bass","Sunbell",3,25,75]
["2014-11-14","Robert  Munoz","Sunset",3,23.5,70.5]
["2014-07-28","Eddie  Green","Carlota",3,21.95,65.849999999999994]
["2013-09-27","Felicia  Jennings","Quad",2,34,68]
["2014-12-27","Rachel  Gomez","Sunshine",3,19.95,59.85]
["2013-09-25","Charlie  Wood","Quad",2,33,66]
["2013-12-08","Eddie  Green","Quad",2,32,64]
["2014-07-03","Brooke  Horton","Quad",2,33,66]
["2014-12-23","Max  Rodgers","Majestic Beaut",2,30,60]
["2013-12-16","Andrew  Meyer","Bellen",6,22.95,137.69999999999999]
["2013-12-03","Bobbie  Ryan","Doublers",1,75.95,75.95]
["2014-12-13","Iris  Underwood","Quad",3,34,102]
["2014-12-06","Marian  Hill","Sunbell",1,24,24]
["2014-12-13","Cecilia  Manning","Crested Beaut",2,24,48]
["2014-06-29","Don  Gonzales","Sunbell",2,24,48]
["2014-12-17","Andrew  Meyer","Sunshine",2,19.95,39.9]
["2013-11-23","Shari  Silva","Sunset",2,22.5,45]
["2013-11-26","Charlie  Wood","Quad",3,33,99]
["2013-11-09","Trevor  Jones","Aspen",2,21,42]
["2013-12-29","Colleen  Warren","Sunset",3,23.5,70.5]
["2014-12-08","Max  Rodgers","Sunbell",2,25,50]
["2013-08-02","Drew  Rogers","Sunbell",2,24,48]
["2014-08-19","Della  Jensen","Sunshine",1,18.95,18.95]
["2013-11-18","Donna  Reid","Sunshine",1,19.95,19.95]
["2013-12-07","Herman  Williams","Sunset",1,22.5,22.5]
["2013-11-16","Kyle  Carr","Sunbell",3,24,72]
["2014-06-28","Sylvester  Morales","Crested Beaut",2,25,50]
["2013-11-27","Paulette  Spencer","Sunbell",1,24,24]
["2013-12-04","Drew  Rogers","Carlota",3,22.95,68.849999999999994]
["2014-11-12","Max  Rodgers","Sunset",4,23.5,94]
["2014-11-24","Herman  Williams","Sunshine",1,18.95,18.95]
["2013-11-09","Bethany  Pena","Sunset",2,23.5,47]
["2014-01-20","Max  Rodgers","V-Rang",2,19,38]
["2013-11-14","Trevor  Jones","Sunset",2,23.5,47]
["2013-12-02","Trevor  Jones","Quad",2,34,68]
["2014-11-30","Christy  Olson","Quad",1,34,34]
["2014-11-29","Kyle  Carr","V-Rang",2,18,36]
["2014-09-17","Lorraine  Gibson","Sunshine",3,18.95,56.85]
["2014-02-23","Lula  Daniels","Sunshine",2,19.95,39.9]
["2013-12-07","Beth  Tucker","Crested Beaut",1,25,25]
["2014-12-05","Drew  Rogers","Carlota",2,22.95,45.9]
["2014-02-01","Tiffany  May","FlatTop",3,27.5,82.5]
["2013-12-07","Bernadette  Page","Sunset",3,23.5,70.5]
["2014-11-07","Don  Gonzales","Majestic Beaut",2,29,58]
["2013-12-11","Edwin  Malone","Sunshine",1,18.95,18.95]
["2013-08-31","Cecilia  Manning","Quad",1,33,33]
["2014-06-11","Allan  Ramos","Sunbell",3,24,72]
["2014-12-28","Jenny  Garcia","Sunset",3,23.5,70.5]
["2014-11-15","Cecilia  Manning","Bellen",2,22.95,45.9]
["2014-12-05","Bernadette  Page","Carlota",3,22.95,68.849999999999994]
["2013-02-24","Felicia  Jennings","Sunshine",3,19.95,59.85]
["2014-11-22","Ernest  Davis","Carlota",1,22.95,22.95]
["2014-11-17","Iris  Underwood","Crested Beaut",2,25,50]
["2014-11-16","Kyle  Carr","Quad",4,33,132]
["2014-02-18","Jaime  Pearson","Carlota",1,22.95,22.95]
["2013-12-11","Bethany  Pena","FlatTop",4,27.5,110]
["2014-02-18","Rachel  Gomez","Carlota",1,22.95,22.95]
["2014-12-22","Lynette  Brewer","Bellen",2,22.95,45.9]
["2014-11-12","Carla  Mccormick","Sunbell",18,22.8,410.4]
["2014-12-30","Rachel  Gomez","Quad",2,33,66]
["2013-12-22","Della  Jensen","Crested Beaut",3,23,69]
["2013-12-30","Isabel  Cross","Sunshine",1,18.95,18.95]
["2014-06-15","Eddie  Green","Carlota",1,21.95,21.95]
["2013-04-22","Max  Rodgers","Crested Beaut",2,25,50]
["2014-12-11","Salvador  Bass","Sunshine",7,19.95,139.65]
["2013-12-05","Ben  Perez","Quad",2,34,68]
["2013-12-21","Max  Rodgers","Majestic Beaut",2,30,60]
["2014-12-07","Ben  Perez","Sunset",4,23.5,94]
["2013-05-22","Donna  Reid","Carlota",3,22.95,68.849999999999994]
["2014-11-19","Carla  Mccormick","Quad",1,33,33]
["2013-11-16","Max  Rodgers","FlatTop",12,26.13,313.56]
["2013-12-02","Willie  Vega","Quad",2,33,66]
["2014-02-21","Elaine  Ellis","Sunset",4,22.5,90]
["2014-12-09","Billie  Chandler","Sunshine",1,19.95,19.95]
["2013-11-23","Jaime  Pearson","Quad",2,33,66]
["2014-07-15","Marion  Glover","Sunset",2,22.5,45]
["2014-12-09","Jaime  Pearson","Bellen",3,22.95,68.849999999999994]
["2013-09-06","Jenny  Garcia","Crested Beaut",1,24,24]
["2013-12-04","Kyle  Carr","Sunbell",1,24,24]
["2014-07-20","Rachel  Gomez","Bellen",3,22.95,68.849999999999994]
["2013-11-08","Shari  Silva","Majestic Beaut",2,29,58]
["2014-11-20","Elbert  Klein","Bellen",1,22.95,22.95]
["2013-12-26","Max  Rodgers","Crested Beaut",11,23.75,261.25]
["2013-08-09","Sonya  Mullins","Sunshine",2,18.95,37.9]
["2014-11-12","Cassandra  Franklin","Doublers",1,79.95,79.95]
["2014-11-07","Cindy  Becker","Sunbell",2,24,48]
["2014-11-24","Billie  Chandler","Carlota",1,22.95,22.95]
["2014-12-30","Dan  Peterson","Aspen",2,20,40]
["2014-12-10","Bethany  Pena","Carlota",3,22.95,68.849999999999994]
["2013-11-27","Marion  Glover","Sunset",2,22.5,45]
["2013-12-14","Beth  Tucker","Aspen",11,19.95,219.45]
["2013-11-17","Joey  Wong","Crested Beaut",3,25,75]
["2014-11-30","Rachel  Gomez","Sunshine",2,19.95,39.9]
["2014-09-15","Cassandra  Franklin","Sunbell",2,24,48]
["2013-03-08","Lee  Mack","Majestic Beaut",4,29,116]
["2014-11-01","Robert  Munoz","Carlota",2,22.95,45.9]
["2014-03-31","Joey  Wong","Carlota",2,22.95,45.9]
["2013-12-14","Andrew  Meyer","Quad",3,34,102]
["2014-09-27","Christina  Fuller","Sunbell",4,25,100]
["2014-12-30","Shari  Silva","Quad",3,33,99]
["2014-11-23","Peter  Hodges","Sunshine",1,19.95,19.95]
["2013-12-07","Jenny  Garcia","Crested Beaut",2,24,48]
["2013-12-13","Rachel  Gomez","Sunbell",1,24,24]
["2013-12-02","Rachel  Gomez","Carlota",3,22.95,68.849999999999994]
["2014-01-26","Robert  Munoz","Crested Beaut",2,24,48]
["2013-09-12","Jenny  Garcia","Quad",12,31.35,376.2]
["2013-12-15","Isabel  Cross","Sunbell",1,23,23]
["2013-10-08","Bobbie  Ryan","FlatTop",3,26.5,79.5]
["2013-11-12","Cecilia  Manning","Sunshine",2,19.95,39.9]
["2014-12-22","Rachel  Gomez","Majestic Beaut",2,29,58]
["2013-11-01","Shari  Silva","V-Rang",2,18,36]
["2013-11-02","Guillermo  Potter","Quad",3,33,99]
["2014-11-13","Guillermo  Potter","Majestic Beaut",2,29,58]
["2014-11-08","Patty  Thompson","Bellen",3,22.95,68.849999999999994]
["2014-08-15","Lance  Yates","Crested Beaut",2,24,48]
["2014-12-01","Iris  Underwood","Sunset",4,23.5,94]
["2014-12-31","Cindy  Becker","Sunshine",2,19.95,39.9]
["2014-12-27","Robert  Munoz","Sunset",3,23.5,70.5]
["2013-11-18","Pauline  Beck","Doublers",1,79.95,79.95]
["2014-11-22","Della  Jensen","Sunset",2,22.5,45]
["2014-12-16","Fernando  Rowe","Carlota",3,22.95,68.849999999999994]
["2014-11-20","Drew  Rogers","Majestic Beaut",14,27.55,385.7]
["2014-02-14","Salvador  Bass","Carlota",1,22.95,22.95]
["2013-12-23","Lance  Yates","Quad",2,33,66]
["2013-12-08","Marian  Hill","Bellen",3,22.95,68.849999999999994]
["2014-12-29","Salvador  Bass","Quad",2,34,68]
["2013-11-17","Felicia  Jennings","Sunshine",3,19.95,59.85]
["2013-12-19","Nellie  Joseph","Crested Beaut",1,23,23]
["2014-09-16","Patty  Thompson","Sunshine",2,19.95,39.9]
["2014-11-06","Blake  Bridges","Majestic Beaut",3,29,87]
["2013-12-03","Ellen  Weaver","Quad",1,33,33]
["2013-11-18","Marian  Hill","Majestic Beaut",4,29,116]
["2013-11-01","Salvador  Bass","Sunshine",2,19.95,39.9]
["2013-09-08","Austin  Reynolds","Bellen",1,21.95,21.95]
["2013-12-12","Cecilia  Manning","Quad",3,33,99]
["2013-12-08","Herman  Williams","Doublers",3,75.95,227.85]
["2013-12-07","Johanna  Boone","V-Rang",3,18,54]
["2013-09-09","Cecilia  Manning","Bellen",3,22.95,68.849999999999994]
["2014-12-19","Max  Rodgers","Quad",2,34,68]
["2014-12-27","Mable  Lindsey","Carlota",2,22.95,45.9]
["2014-11-03","Charlie  Wood","Aspen",3,20,60]
["2014-12-17","Drew  Rogers","Bellen",2,22.95,45.9]
["2013-11-22","Salvador  Bass","Sunset",3,23.5,70.5]
["2013-03-01","Brooke  Horton","Quad",1,33,33]
["2013-12-05","Edwin  Malone","Carlota",4,21.95,87.8]
["2013-12-04","Robert  Munoz","Quad",3,33,99]
["2014-04-29","Cindy  Becker","Quad",1,33,33]
["2013-11-25","Brooke  Horton","FlatTop",2,27.5,55]
["2014-12-25","Della  Jensen","Bellen",4,21.95,87.8]
["2013-11-13","Salvador  Bass","Bellen",1,22.95,22.95]
["2013-11-11","Woodrow  Colon","Aspen",3,20,60]
["2014-10-12","Andrew  Meyer","Sunbell",2,25,50]
["2013-05-29","Bobbie  Ryan","Majestic Beaut",3,28,84]
["2014-12-03","Robert  Munoz","Sunshine",2,19.95,39.9]
["2014-11-21","Herman  Williams","Bellen",14,20.85,291.89999999999998]
["2013-12-24","Christy  Olson","Sunshine",1,19.95,19.95]
["2013-12-10","Bethany  Pena","Majestic Beaut",25,27.55,688.75]
["2014-12-19","Nellie  Joseph","Sunbell",3,23,69]
["2014-11-02","Cecilia  Manning","Quad",3,33,99]
["2013-12-16","Christina  Fuller","Crested Beaut",2,25,50]
["2014-12-03","Lance  Yates","Sunshine",4,19.95,79.8]
["2013-11-01","Guillermo  Potter","Doublers",2,79.95,159.9]
["2013-12-15","Don  Gonzales","Crested Beaut",2,24,48]
["2013-12-03","Paulette  Spencer","Quad",3,33,99]
["2013-12-21","Bobbie  Ryan","Majestic Beaut",3,28,84]
["2014-12-23","Austin  Reynolds","Crested Beaut",15,21.85,327.75]
["2014-11-18","Cassandra  Franklin","Bellen",1,22.95,22.95]
["2014-12-08","Guillermo  Potter","Quad",2,33,66]
["2014-05-06","Della  Jensen","Quad",12,30.4,364.8]
["2013-01-05","Ruben  Nunez","Quad",19,32.299999999999997,613.70000000000005]
["2014-11-28","Shari  Silva","Bellen",4,22.95,91.8]
["2014-11-20","Ernest  Davis","Sunshine",1,19.95,19.95]
["2014-11-28","Ruben  Nunez","Sunset",2,23.5,47]
["2014-09-22","Trevor  Jones","Aspen",2,21,42]
["2013-11-20","Drew  Rogers","Sunbell",1,24,24]
["2013-07-17","Fernando  Rowe","Carlota",1,22.95,22.95]
["2014-11-21","Sandra  Floyd","Aspen",1,20,20]
["2014-11-30","Brooke  Horton","Sunbell",2,24,48]
["2014-11-28","Mable  Lindsey","Carlota",2,22.95,45.9]
["2014-11-16","Ben  Perez","Bellen",2,22.95,45.9]
["2013-04-05","Jaime  Pearson","Quad",1,33,33]
["2013-06-13","Robert  Munoz","Majestic Beaut",1,29,29]
["2013-01-26","Robert  Munoz","Bellen",2,22.95,45.9]
["2014-11-01","Lula  Daniels","Sunbell",1,24,24]
["2013-12-04","Carla  Mccormick","Aspen",12,19,228]
["2014-11-14","Edwin  Malone","Carlota",2,21.95,43.9]
["2014-11-10","Elvira  Bowman","Quad",1,33,33]
["2013-07-18","Marion  Glover","Quad",2,32,64]
["2013-03-11","Brooke  Horton","Carlota",2,22.95,45.9]
["2013-11-26","Elaine  Ellis","Majestic Beaut",2,29,58]
["2014-11-01","Ernest  Davis","Sunset",17,22.33,379.61]
["2013-11-20","Salvador  Bass","Bellen",3,22.95,68.849999999999994]
["2014-05-12","Max  Rodgers","Crested Beaut",2,25,50]
["2014-08-19","Charlie  Wood","Quad",3,33,99]
["2013-12-19","Elbert  Klein","Quad",1,33,33]
["2013-03-10","Isabel  Cross","Carlota",1,21.95,21.95]
["2014-12-07","Bethany  Pena","Bellen",1,22.95,22.95]
["2013-12-03","Joey  Wong","Crested Beaut",2,25,50]
["2013-03-22","Johanna  Boone","Bellen",1,22.95,22.95]
["2013-12-09","Andrew  Meyer","Sunshine",3,19.95,59.85]
["2013-11-30","Arturo  Francis","Quad",2,32,64]
["2014-11-25","Ruben  Nunez","Carlota",18,21.8,392.4]
["2014-12-14","Lorraine  Gibson","Sunset",1,22.5,22.5]
["2013-12-10","Salvador  Bass","Sunshine",1,19.95,19.95]
["2014-12-06","Della  Jensen","Sunshine",2,18.95,37.9]
["2013-12-09","Elaine  Ellis","Quad",3,33,99]
["2014-07-19","Allan  Ramos","Sunshine",3,19.95,59.85]
["2014-11-02","Isabel  Cross","Bellen",3,21.95,65.849999999999994]
["2014-11-11","Della  Jensen","Aspen",1,19,19]
["2014-11-24","Willie  Vega","Sunbell",3,24,72]
["2013-11-23","Della  Jensen","Majestic Beaut",1,28,28]
["2013-12-22","Lynette  Brewer","Quad",1,33,33]
["2014-11-02","Fernando  Rowe","Sunshine",1,19.95,19.95]
["2013-11-13","Cindy  Becker","Bellen",3,22.95,68.849999999999994]
["2014-12-11","Sonya  Mullins","Crested Beaut",2,23,46]
["2014-12-16","Edwin  Malone","Sunshine",6,18.95,113.7]
["2014-12-06","Joey  Wong","Sunshine",13,18.95,246.35]
["2014-11-10","Max  Rodgers","Sunshine",1,19.95,19.95]
["2013-11-04","Ruben  Nunez","Sunset",2,23.5,47]
["2014-07-25","Salvador  Bass","Majestic Beaut",2,30,60]
["2013-06-21","Eric  Rose","Sunset",3,23.5,70.5]
["2013-12-06","Elaine  Ellis","Bellen",1,22.95,22.95]
["2014-12-07","Arturo  Francis","Sunset",2,22.5,45]
["2014-11-03","Sylvester  Morales","Bellen",3,22.95,68.849999999999994]
["2014-11-19","Iris  Underwood","Crested Beaut",1,25,25]
["2013-06-08","Beth  Tucker","Sunshine",9,19.95,179.55]
["2014-11-26","Max  Rodgers","Quad",1,34,34]
["2014-12-21","Rachel  Gomez","Bellen",3,22.95,68.849999999999994]
["2014-12-15","Andrew  Meyer","Quad",1,34,34]
["2014-11-22","Lee  Mack","Bellen",3,22.95,68.849999999999994]
["2013-12-14","Ben  Perez","Carlota",2,22.95,45.9]
["2013-11-10","Rachel  Gomez","Carlota",4,22.95,91.8]
["2013-08-21","Max  Rodgers","Crested Beaut",2,25,50]
["2013-11-09","Isabel  Cross","Carlota",3,21.95,65.849999999999994]
["2013-11-21","Isabel  Cross","Quad",1,32,32]
["2013-11-24","Guillermo  Potter","Aspen",3,20,60]
["2014-12-25","Fernando  Rowe","Sunset",4,23.5,94]
["2014-11-04","Don  Gonzales","Aspen",1,20,20]
["2014-07-17","Salvador  Bass","Bellen",2,22.95,45.9]
["2014-11-23","Kyle  Carr","Quad",3,33,99]
["2014-11-03","Lula  Daniels","Carlota",3,22.95,68.849999999999994]
["2013-11-29","Bethany  Pena","Sunbell",3,24,72]
["2014-12-21","Herman  Williams","Sunbell",2,23,46]
["2014-11-19","Cassandra  Franklin","Aspen",2,20,40]
["2013-11-30","Drew  Rogers","Quad",2,33,66]
["2013-12-12","Brooke  Horton","Sunbell",3,24,72]
["2013-12-05","Lee  Mack","Quad",3,33,99]
["2013-11-17","Bethany  Pena","Crested Beaut",1,24,24]
["2014-10-20","Tracy  Reed","Crested Beaut",3,24,72]
["2013-03-12","Edwin  Malone","Sunshine",3,18.95,56.85]
["2014-12-21","Lula  Daniels","Sunshine",2,19.95,39.9]
["2013-11-24","Ernest  Davis","Bellen",1,22.95,22.95]
["2013-11-22","Eric  Rose","Sunshine",3,19.95,59.85]
["2014-08-31","Cindy  Becker","V-Rang",1,18,18]
["2013-11-07","Isabel  Cross","Sunshine",1,18.95,18.95]
["2013-01-04","Max  Rodgers","Bellen",15,21.8,327]
["2013-12-03","Edwin  Malone","Sunshine",2,18.95,37.9]
["2014-12-17","Tracy  Reed","Sunbell",2,24,48]
["2013-10-13","Della  Jensen","Quad",2,32,64]
["2014-11-04","Bernadette  Page","FlatTop",14,26.13,365.82]
["2013-12-26","Joey  Wong","Carlota",16,21.8,348.8]
["2014-12-09","Ivan  Adkins","Aspen",1,21,21]
["2013-11-25","Max  Rodgers","Aspen",4,21,84]
["2014-02-10","Ivan  Adkins","Sunbell",2,25,50]
["2014-12-16","Elbert  Klein","Aspen",2,20,40]
["2013-12-25","Billie  Chandler","Bellen",2,22.95,45.9]
["2013-05-08","Tiffany  May","Quad",2,34,68]
["2014-12-08","Della  Jensen","Doublers",2,75.95,151.9]
["2014-09-21","Don  Gonzales","Carlota",19,21.8,414.2]
["2014-11-01","Marian  Hill","Quad",3,33,99]
["2014-12-03","Bernadette  Page","Quad",2,33,66]
["2014-01-07","Della  Jensen","Carlota",23,20.85,479.55]
["2014-11-24","Billie  Chandler","Carlota",1,22.95,22.95]
["2013-03-31","Salvador  Bass","Carlota",3,22.95,68.849999999999994]
["2014-12-31","Drew  Rogers","Bellen",3,22.95,68.849999999999994]
["2013-11-13","Marian  Hill","Crested Beaut",1,24,24]
["2013-03-16","Nellie  Joseph","Quad",1,32,32]
["2014-12-26","Lynette  Brewer","Bellen",2,22.95,45.9]
["2013-12-19","Ernest  Davis","Aspen",3,21,63]
["2013-06-14","Rachel  Gomez","Bellen",2,22.95,45.9]
["2013-12-20","Lance  Yates","Sunset",2,23.5,47]
["2013-03-11","Della  Jensen","Quad",1,32,32]
["2014-11-30","Charlie  Wood","Bellen",2,22.95,45.9]
["2013-11-21","Brooke  Horton","Bellen",1,22.95,22.95]
["2013-11-10","Max  Rodgers","Quad",2,34,68]
["2013-11-27","Arturo  Francis","Sunshine",2,18.95,37.9]
["2014-11-28","Allan  Ramos","Quad",2,33,66]
["2014-05-18","Joey  Wong","Aspen",2,21,42]
["2014-12-09","Cecilia  Manning","Aspen",11,19,209]
["2013-11-06","Bobbie  Ryan","Doublers",1,75.95,75.95]
["2014-03-25","Ernest  Davis","Carlota",2,22.95,45.9]
["2014-12-04","Della  Jensen","Carlota",3,21.95,65.849999999999994]
["2014-12-20","Carla  Mccormick","V-Rang",3,18,54]
["2014-12-08","Lula  Daniels","Quad",1,33,33]
["2013-12-24","Della  Jensen","Bellen",1,21.95,21.95]
["2014-11-09","Ruben  Nunez","Sunbell",2,25,50]
["2013-11-07","Christina  Fuller","Carlota",3,22.95,68.849999999999994]
["2014-11-05","Cassandra  Franklin","Sunshine",2,19.95,39.9]
["2013-11-16","Iris  Underwood","Sunshine",16,18.95,303.2]
["2014-12-25","Don  Gonzales","Sunshine",4,19.95,79.8]
["2014-02-16","Brooke  Horton","Sunbell",1,24,24]
["2013-12-08","Willie  Vega","Sunshine",2,19.95,39.9]
["2014-06-30","Elvira  Bowman","Carlota",2,22.95,45.9]
["2013-11-01","Ruben  Nunez","Sunshine",2,19.95,39.9]
["2014-02-06","Bobbie  Ryan","Sunshine",3,18.95,56.85]
["2014-11-04","Paulette  Spencer","Doublers",3,77.95,233.85]
["2014-11-14","Jenny  Garcia","Crested Beaut",23,22.8,524.4]
["2013-12-09","Lorraine  Gibson","Sunset",3,22.5,67.5]
["2014-11-28","Sandra  Floyd","Sunset",3,23.5,70.5]
["2014-11-07","Eddie  Green","Carlota",2,21.95,43.9]
["2013-11-28","Woodrow  Colon","Bellen",3,22.95,68.849999999999994]
["2013-09-14","Salvador  Bass","Quad",2,34,68]
["2013-11-22","Rachel  Gomez","Bellen",3,22.95,68.849999999999994]
["2014-11-05","Blake  Bridges","Sunshine",1,19.95,19.95]
["2013-12-06","Cecilia  Manning","Sunbell",21,22.8,478.8]
["2014-12-14","Lance  Yates","Quad",2,33,66]
["2014-03-26","Andrew  Meyer","Bellen",2,22.95,45.9]
["2013-04-28","Max  Rodgers","Carlota",3,22.95,68.849999999999994]
["2014-11-01","Mable  Lindsey","Sunbell",2,25,50]
["2014-12-05","Della  Jensen","Aspen",3,19,57]
["2013-11-15","Della  Jensen","Bellen",2,21.95,43.9]
["2013-11-11","Trevor  Jones","Quad",1,34,34]
["2014-11-16","Robert  Munoz","Aspen",6,20,120]
["2014-12-12","Shari  Silva","Sunshine",1,19.95,19.95]
["2014-07-11","Salvador  Bass","Aspen",1,21,21]
["2013-10-02","Donna  Reid","Bellen",22,21.8,479.6]
["2013-12-02","Johanna  Boone","Quad",23,31.35,721.05]
["2014-11-21","Lula  Daniels","Sunbell",2,24,48]
["2013-05-14","Sonya  Mullins","Sunshine",3,18.95,56.85]
["2013-11-28","Fernando  Rowe","Crested Beaut",2,25,50]
["2013-01-02","Isabel  Cross","Crested Beaut",1,23,23]
["2013-11-15","Joey  Wong","Carlota",2,22.95,45.9]
["2013-05-10","Drew  Rogers","Carlota",2,22.95,45.9]
["2013-12-06","Sonya  Mullins","Bellen",1,21.95,21.95]
["2013-12-10","Ivan  Adkins","Carlota",2,22.95,45.9]
["2013-11-20","Joey  Wong","FlatTop",24,26.13,627.12]
["2013-12-01","Bobbie  Ryan","FlatTop",1,26.5,26.5]
["2013-11-28","Lorraine  Gibson","Bellen",4,21.95,87.8]
["2014-12-24","Beth  Tucker","Carlota",2,22.95,45.9]
["2014-12-01","Mable  Lindsey","Carlota",3,22.95,68.849999999999994]
["2014-11-12","Trevor  Jones","Sunshine",15,18.95,284.25]
["2014-12-13","Brooke  Horton","Carlota",2,22.95,45.9]
["2013-12-10","Nellie  Joseph","Bellen",2,21.95,43.9]
["2013-10-20","Tracy  Reed","Bellen",2,22.95,45.9]
["2014-07-31","Edwin  Malone","Carlota",3,21.95,65.849999999999994]
["2014-11-25","Lula  Daniels","Carlota",3,22.95,68.849999999999994]
["2013-12-06","Ernest  Davis","Sunset",2,23.5,47]
["2014-11-03","Ernest  Davis","V-Rang",3,19,57]
["2014-11-01","Cindy  Becker","Aspen",3,20,60]
["2014-09-05","Austin  Reynolds","Sunshine",2,18.95,37.9]
["2013-12-20","Bobbie  Ryan","Majestic Beaut",2,28,56]
["2014-11-11","Elaine  Ellis","Sunshine",3,19.95,59.85]
["2013-11-02","Max  Rodgers","Doublers",1,79.95,79.95]
["2013-03-05","Don  Gonzales","Quad",2,33,66]
["2013-11-08","Christy  Olson","Aspen",2,21,42]
["2013-11-23","Felicia  Jennings","Crested Beaut",2,25,50]
["2014-12-03","Woodrow  Colon","Quad",2,33,66]
["2014-12-04","Sandra  Floyd","Sunshine",3,19.95,59.85]
["2013-10-15","Ivan  Adkins","Bellen",1,22.95,22.95]
["2013-12-12","Drew  Rogers","Bellen",2,22.95,45.9]
["2014-09-22","Elaine  Ellis","Bellen",3,22.95,68.849999999999994]
["2013-01-02","Shari  Silva","Crested Beaut",2,24,48]
["2014-11-17","Rachel  Gomez","Bellen",1,22.95,22.95]
["2014-11-04","Salvador  Bass","Carlota",3,22.95,68.849999999999994]
["2013-12-12","Robert  Munoz","Quad",3,33,99]
["2014-05-05","Edwin  Malone","Crested Beaut",2,23,46]
["2014-07-24","Elbert  Klein","Bellen",2,22.95,45.9]
["2013-12-02","Ben  Perez","Bellen",3,22.95,68.849999999999994]
["2014-10-07","Guillermo  Potter","Carlota",1,22.95,22.95]
["2013-12-25","Salvador  Bass","Sunshine",2,19.95,39.9]
["2013-02-28","Trevor  Jones","Aspen",1,21,21]
["2014-11-25","Cassandra  Franklin","Quad",4,33,132]
["2013-02-13","Eddie  Green","Carlota",1,21.95,21.95]
["2014-12-20","Edwin  Malone","Bellen",1,21.95,21.95]
["2013-11-22","Billie  Chandler","FlatTop",2,27.5,55]
["2013-12-17","Ellen  Weaver","Majestic Beaut",11,27.55,303.05]
["2014-11-28","Charlie  Wood","Sunshine",2,19.95,39.9]
["2013-12-18","Cassandra  Franklin","Quad",2,33,66]
["2014-12-24","Tiffany  May","Aspen",3,21,63]
["2013-11-16","Herman  Williams","Sunbell",3,23,69]
["2013-08-23","Drew  Rogers","Sunshine",2,19.95,39.9]
["2013-12-17","Andrew  Meyer","Sunbell",1,25,25]
["2014-02-20","Jenny  Garcia","Sunshine",3,19.95,59.85]
["2014-12-20","Pauline  Beck","Carlota",1,22.95,22.95]
["2014-11-04","Isabel  Cross","Sunshine",14,18,252]
["2014-12-08","Drew  Rogers","Sunshine",3,19.95,59.85]
["2013-07-24","Dan  Peterson","Quad",1,33,33]
["2013-02-12","Herman  Williams","FlatTop",1,26.5,26.5]
["2014-12-08","Sonya  Mullins","Aspen",2,19,38]
["2013-12-18","Kyle  Carr","Sunshine",2,19.95,39.9]
["2014-12-14","Trevor  Jones","Sunshine",1,19.95,19.95]
["2013-11-11","Shari  Silva","Majestic Beaut",2,29,58]
["2014-09-04","Robert  Munoz","Sunbell",2,24,48]
["2013-11-08","Patty  Thompson","Sunshine",1,19.95,19.95]
["2013-12-16","Guillermo  Potter","Carlota",1,22.95,22.95]
["2013-11-06","Iris  Underwood","Majestic Beaut",4,30,120]
["2014-11-02","Peter  Hodges","Sunshine",1,19.95,19.95]
["2014-12-10","Brooke  Horton","Sunshine",2,19.95,39.9]
["2013-12-07","Robert  Munoz","Sunbell",2,24,48]
["2014-12-18","Eric  Rose","Aspen",3,21,63]
["2013-12-12","Ruben  Nunez","Majestic Beaut",8,30,240]
["2014-02-22","Isabel  Cross","Majestic Beaut",1,28,28]
["2014-11-09","Iris  Underwood","Bellen",1,22.95,22.95]
["2014-11-04","Fernando  Rowe","FlatTop",2,27.5,55]
["2014-07-05","Edwin  Malone","V-Rang",2,18,36]
["2014-08-23","Brooke  Horton","Sunshine",2,19.95,39.9]
["2013-12-10","Tiffany  May","Crested Beaut",3,25,75]
["2013-11-06","Rachel  Gomez","Quad",2,33,66]
["2014-12-18","Beth  Tucker","Bellen",1,22.95,22.95]
["2014-12-02","Christy  Olson","Bellen",2,22.95,45.9]
["2014-12-26","Cassandra  Franklin","Quad",2,33,66]
["2013-12-07","Lynette  Brewer","Bellen",2,22.95,45.9]
["2014-12-31","Fernando  Rowe","Sunshine",3,19.95,59.85]
["2013-03-25","Willie  Vega","Sunbell",2,24,48]
["2014-12-02","Della  Jensen","Doublers",4,75.95,303.8]
["2013-11-26","Shari  Silva","Carlota",1,22.95,22.95]
["2014-12-21","Johanna  Boone","Quad",2,33,66]
["2014-12-20","Rachel  Gomez","Bellen",3,22.95,68.849999999999994]
["2013-07-29","Elbert  Klein","Crested Beaut",3,24,72]
["2013-11-12","Ruben  Nunez","Sunshine",3,19.95,59.85]
["2013-11-21","Donna  Reid","Quad",1,34,34]
["2014-11-16","Blake  Bridges","Bellen",20,21.8,436]
["2013-06-07","Colleen  Warren","Sunset",2,23.5,47]
["2014-12-24","Salvador  Bass","Quad",3,34,102]
["2013-11-29","Robert  Munoz","Carlota",3,22.95,68.849999999999994]
["2014-09-26","Ruben  Nunez","Bellen",1,22.95,22.95]
["2014-12-12","Woodrow  Colon","Sunshine",3,19.95,59.85]
["2013-12-30","Salvador  Bass","Crested Beaut",3,25,75]
["2014-12-22","Lynette  Brewer","Bellen",7,22.95,160.65]
["2014-09-20","Lee  Mack","Sunbell",1,24,24]
["2013-12-13","Iris  Underwood","Quad",9,34,306]
["2014-12-29","Jenny  Garcia","Quad",1,33,33]
["2013-03-15","Colleen  Warren","Carlota",8,22.95,183.6]
["2013-11-01","Lance  Yates","Sunset",1,23.5,23.5]
["2014-08-26","Della  Jensen","Majestic Beaut",3,28,84]
["2014-12-09","Bernadette  Page","Carlota",2,22.95,45.9]
["2014-11-22","Sonya  Mullins","Sunbell",2,23,46]
["2014-12-14","Cecilia  Manning","Quad",3,33,99]
["2014-11-18","Lee  Mack","Quad",3,33,99]
["2014-11-18","Paulette  Spencer","Aspen",3,20,60]
["2013-11-20","Austin  Reynolds","Bellen",6,21.95,131.69999999999999]
["2014-11-11","Elvira  Bowman","Sunbell",2,24,48]
["2014-12-27","Don  Gonzales","Crested Beaut",2,24,48]
["2013-11-03","Ernest  Davis","Bellen",3,22.95,68.849999999999994]
["2014-12-02","Salvador  Bass","Sunbell",3,25,75]
["2014-11-04","Sandra  Floyd","V-Rang",3,18,54]
["2013-12-11","Edwin  Malone","Aspen",2,19,38]
["2014-12-27","Salvador  Bass","FlatTop",1,27.5,27.5]
["2014-06-14","Fernando  Rowe","Quad",2,34,68]
["2013-08-28","Ben  Perez","Quad",3,34,102]
["2013-12-20","Rachel  Gomez","Bellen",3,22.95,68.849999999999994]
["2014-11-12","Ben  Perez","Sunset",2,23.5,47]
["2014-08-15","Allan  Ramos","Aspen",1,20,20]
["2013-11-27","Shari  Silva","Majestic Beaut",13,27.55,358.15]
["2014-11-15","Isabel  Cross","Carlota",2,21.95,43.9]
["2013-12-19","Donna  Reid","Sunbell",2,25,50]
["2014-11-11","Allan  Ramos","Carlota",3,22.95,68.849999999999994]
["2014-11-09","Marian  Hill","Majestic Beaut",3,29,87]
["2014-12-15","Salvador  Bass","Sunshine",2,19.95,39.9]
["2014-05-31","Cindy  Becker","Carlota",1,22.95,22.95]
["2014-12-30","Tiffany  May","FlatTop",24,26.13,627.12]
["2014-12-04","Blake  Bridges","Aspen",1,20,20]
["2013-11-08","Mable  Lindsey","Sunset",3,23.5,70.5]
["2013-02-06","Salvador  Bass","Quad",1,34,34]
["2013-12-05","Brooke  Horton","Sunshine",3,19.95,59.85]
["2014-11-16","Peter  Hodges","Carlota",2,22.95,45.9]
["2013-11-23","Andrew  Meyer","Doublers",3,79.95,239.85]
["2013-05-13","Brooke  Horton","Quad",2,33,66]
["2014-03-07","Donna  Reid","Sunshine",3,19.95,59.85]
["2013-11-14","Eddie  Green","Sunshine",3,18.95,56.85]
["2014-11-15","Trevor  Jones","Sunbell",2,25,50]
["2014-10-11","Nellie  Joseph","Sunshine",3,18.95,56.85]
["2013-12-15","Lynette  Brewer","Majestic Beaut",3,29,87]
["2013-11-03","Allan  Ramos","Carlota",2,22.95,45.9]
["2014-12-07","Herman  Williams","Carlota",3,21.95,65.849999999999994]
["2014-06-04","Ivan  Adkins","Crested Beaut",3,25,75]
["2014-11-05","Guillermo  Potter","Bellen",2,22.95,45.9]
["2013-12-12","Bernadette  Page","Majestic Beaut",17,27.55,468.35]
["2014-11-22","Ernest  Davis","Sunbell",3,25,75]
["2013-01-07","Trevor  Jones","Sunbell",2,25,50]
["2014-12-21","Charlie  Wood","Quad",2,33,66]
["2014-04-05","Isabel  Cross","Bellen",1,21.95,21.95]
["2014-05-22","Lee  Mack","Sunshine",15,18.95,284.25]
["2014-12-21","Ruben  Nunez","Aspen",3,21,63]
["2013-06-30","Shari  Silva","Majestic Beaut",2,29,58]
["2013-12-19","Colleen  Warren","Majestic Beaut",1,30,30]
["2014-12-05","Willie  Vega","Sunshine",8,19.95,159.6]
["2014-12-08","Rachel  Gomez","Sunshine",1,19.95,19.95]
["2014-11-23","Eddie  Green","Sunbell",1,23,23]
["2013-12-04","Bethany  Pena","FlatTop",2,27.5,55]
["2014-11-23","Sonya  Mullins","Bellen",1,21.95,21.95]
["2013-12-23","Billie  Chandler","Sunset",1,23.5,23.5]
["2013-12-23","Elaine  Ellis","Quad",3,33,99]
["2013-12-13","Christy  Olson","Majestic Beaut",11,28.5,313.5]
["2013-11-05","Paulette  Spencer","Aspen",3,20,60]
["2013-04-12","Charlie  Wood","Carlota",3,22.95,68.849999999999994]
["2013-11-08","Ruben  Nunez","Sunshine",3,19.95,59.85]
["2013-01-11","Christina  Fuller","Crested Beaut",2,25,50]
["2014-12-02","Sonya  Mullins","Quad",4,32,128]
["2013-12-30","Woodrow  Colon","Doublers",2,77.95,155.9]
["2014-12-15","Nellie  Joseph","Carlota",3,21.95,65.849999999999994]
["2013-11-24","Lorraine  Gibson","Bellen",3,21.95,65.849999999999994]
["2014-12-17","Sylvester  Morales","Bellen",17,21.8,370.6]
["2013-12-14","Andrew  Meyer","Carlota",2,22.95,45.9]
["2013-03-28","Charlie  Wood","Sunbell",1,24,24]
["2014-11-22","Herman  Williams","Quad",4,32,128]
["2014-12-05","Elbert  Klein","Sunbell",3,24,72]
["2013-12-11","Shari  Silva","Majestic Beaut",3,29,87]
["2013-04-14","Mable  Lindsey","Sunset",2,23.5,47]
["2014-11-28","Jenny  Garcia","Quad",1,33,33]
["2013-11-16","Andrew  Meyer","Majestic Beaut",3,30,90]
["2014-11-05","Drew  Rogers","Aspen",1,20,20]
["2013-08-25","Tiffany  May","Sunshine",1,19.95,19.95]
["2013-09-21","Cassandra  Franklin","Sunshine",3,19.95,59.85]
["2014-02-21","Isabel  Cross","Quad",3,32,96]
["2014-12-13","Brooke  Horton","Sunshine",2,19.95,39.9]
["2013-12-25","Trevor  Jones","Bellen",2,22.95,45.9]
["2014-11-16","Ruben  Nunez","Carlota",3,22.95,68.849999999999994]
["2014-11-16","Rachel  Gomez","Sunshine",4,19.95,79.8]
["2014-11-25","Ellen  Weaver","Sunshine",1,19.95,19.95]
["2013-04-05","Lance  Yates","Sunshine",1,19.95,19.95]
["2013-10-06","Andrew  Meyer","Sunshine",3,19.95,59.85]
["2014-11-21","Patty  Thompson","Sunshine",1,19.95,19.95]
["2013-11-02","Della  Jensen","Sunbell",2,23,46]
["2013-11-23","Blake  Bridges","Sunbell",2,24,48]
["2014-12-08","Charlie  Wood","Doublers",23,75.95,1746.85]
["2014-02-21","Woodrow  Colon","Sunshine",2,19.95,39.9]
["2013-12-30","Paulette  Spencer","Carlota",3,22.95,68.849999999999994]
["2014-11-16","Tiffany  May","Bellen",1,22.95,22.95]
["2013-12-25","Cindy  Becker","Quad",3,33,99]
["2014-12-27","Carla  Mccormick","Sunbell",3,24,72]
["2014-07-01","Della  Jensen","Crested Beaut",2,23,46]
["2014-12-15","Isabel  Cross","Sunbell",1,23,23]
["2013-12-25","Drew  Rogers","Majestic Beaut",2,29,58]
["2013-12-11","Dan  Peterson","Bellen",2,22.95,45.9]
["2013-12-07","Kyle  Carr","Quad",1,33,33]
["2013-07-21","Dan  Peterson","Quad",2,33,66]
["2013-12-06","Brooke  Horton","Sunbell",2,24,48]
["2013-11-08","Herman  Williams","Quad",3,32,96]
["2014-11-18","Christina  Fuller","Aspen",13,19.95,259.35000000000002]
["2014-05-29","Felicia  Jennings","Quad",2,34,68]
["2013-12-15","Patty  Thompson","Carlota",1,22.95,22.95]
["2013-11-27","Nellie  Joseph","Sunset",10,22.5,225]
["2013-12-30","Tracy  Reed","V-Rang",1,18,18]
["2013-12-26","Brooke  Horton","Quad",3,33,99]
["2013-11-02","Brooke  Horton","Crested Beaut",3,24,72]
["2014-12-10","Joey  Wong","Aspen",24,19.95,478.8]
["2014-12-01","Donna  Reid","Crested Beaut",4,25,100]
["2013-11-04","Woodrow  Colon","Crested Beaut",2,24,48]
["2013-05-09","Salvador  Bass","Carlota",2,22.95,45.9]
["2014-07-08","Johanna  Boone","Sunset",1,22.5,22.5]
["2014-12-24","Cassandra  Franklin","Sunset",2,23.5,47]
["2013-12-28","Eric  Rose","Sunshine",2,19.95,39.9]
["2013-11-08","Cindy  Becker","Quad",2,33,66]
["2013-12-14","Christina  Fuller","V-Rang",2,19,38]
["2013-11-09","Woodrow  Colon","Quad",2,33,66]
["2013-04-13","Paulette  Spencer","Sunbell",19,22.8,433.2]
["2013-11-11","Rachel  Gomez","Sunset",3,23.5,70.5]
["2013-12-06","Christy  Olson","Quad",3,34,102]
["2013-12-17","Ellen  Weaver","Carlota",1,22.95,22.95]
["2014-06-30","Brooke  Horton","Sunset",3,23.5,70.5]
["2013-11-15","Mable  Lindsey","Carlota",3,22.95,68.849999999999994]
["2013-12-07","Salvador  Bass","Quad",3,34,102]
["2013-12-09","Rachel  Gomez","Quad",2,33,66]
["2014-04-23","Donna  Reid","Quad",3,34,102]
["2013-12-05","Peter  Hodges","Majestic Beaut",1,29,29]
["2014-11-13","Pauline  Beck","Sunshine",2,19.95,39.9]
["2013-11-04","Della  Jensen","Majestic Beaut",2,28,56]
["2013-12-10","Nellie  Joseph","Quad",3,32,96]
["2013-12-24","Elvira  Bowman","Sunset",3,23.5,70.5]
["2013-01-13","Edwin  Malone","Sunshine",3,18.95,56.85]
["2014-11-20","Shari  Silva","Sunbell",3,24,72]
["2014-12-15","Joey  Wong","Crested Beaut",14,23.75,332.5]
["2013-11-20","Christina  Fuller","Sunshine",3,19.95,59.85]
["2014-08-20","Mable  Lindsey","Sunbell",3,25,75]
["2014-11-05","Della  Jensen","Sunset",2,22.5,45]
["2013-12-21","Bethany  Pena","Quad",1,33,33]
["2014-11-09","Sonya  Mullins","Quad",1,32,32]
["2013-10-06","Kyle  Carr","Sunshine",1,19.95,19.95]
["2014-11-08","Lula  Daniels","Bellen",2,22.95,45.9]
["2014-08-24","Christina  Fuller","Quad",1,34,34]
["2013-12-20","Lynette  Brewer","Crested Beaut",1,24,24]
["2013-11-21","Sandra  Floyd","Quad",4,33,132]
["2013-11-06","Eddie  Green","Majestic Beaut",3,28,84]
["2013-01-21","Shari  Silva","Sunshine",1,19.95,19.95]
["2013-11-04","Sandra  Floyd","FlatTop",3,27.5,82.5]
["2014-12-12","Mable  Lindsey","Bellen",3,22.95,68.849999999999994]
["2014-11-08","Marian  Hill","Quad",1,33,33]
["2014-11-12","Tracy  Reed","Sunset",2,23.5,47]
["2013-11-06","Marion  Glover","Crested Beaut",2,23,46]
["2013-06-25","Billie  Chandler","Sunset",3,23.5,70.5]
["2013-12-27","Trevor  Jones","V-Rang",1,19,19]
["2013-09-14","Don  Gonzales","Bellen",6,22.95,137.69999999999999]
["2014-12-08","Robert  Munoz","Bellen",3,22.95,68.849999999999994]
["2014-12-17","Austin  Reynolds","V-Rang",1,18,18]
["2013-11-26","Rachel  Gomez","Sunbell",1,24,24]
["2013-11-05","Cassandra  Franklin","Quad",2,33,66]
["2014-12-07","Rachel  Gomez","Doublers",1,79.95,79.95]
["2013-03-06","Lee  Mack","V-Rang",2,18,36]
["2014-12-08","Elbert  Klein","Bellen",3,22.95,68.849999999999994]
["2013-03-26","Peter  Hodges","Quad",2,33,66]
["2013-03-27","Cassandra  Franklin","Sunbell",2,24,48]
["2013-12-27","Rachel  Gomez","Crested Beaut",16,22.8,364.8]
["2014-11-05","Cassandra  Franklin","Sunbell",3,24,72]
["2014-11-07","Patty  Thompson","Sunshine",2,19.95,39.9]
["2014-12-11","Della  Jensen","Sunbell",3,23,69]
["2014-12-16","Isabel  Cross","Sunshine",1,18.95,18.95]
["2014-11-12","Rachel  Gomez","Aspen",2,20,40]
["2014-10-01","Ernest  Davis","Aspen",3,21,63]
["2014-12-28","Don  Gonzales","Quad",2,33,66]
["2013-12-06","Sylvester  Morales","Sunshine",2,19.95,39.9]
["2013-11-29","Edwin  Malone","Bellen",2,21.95,43.9]
["2013-12-24","Kyle  Carr","Sunbell",3,24,72]
["2014-11-17","Peter  Hodges","Quad",2,33,66]
["2013-11-28","Della  Jensen","V-Rang",3,18,54]
["2014-12-21","Isabel  Cross","Aspen",2,19,38]
["2014-01-25","Brooke  Horton","Sunset",2,23.5,47]
["2014-11-30","Charlie  Wood","Doublers",1,79.95,79.95]
["2014-11-09","Don  Gonzales","Crested Beaut",20,22.8,456]
["2013-11-15","Eddie  Green","Doublers",2,75.95,151.9]
["2014-06-21","Cecilia  Manning","Sunshine",20,18.95,379]
["2014-05-30","Drew  Rogers","Carlota",2,22.95,45.9]
["2014-12-18","Marian  Hill","Bellen",2,22.95,45.9]
["2014-11-02","Sonya  Mullins","V-Rang",20,17.100000000000001,342]
["2013-12-21","Eric  Rose","Bellen",2,22.95,45.9]
["2014-12-22","Elbert  Klein","Quad",1,33,33]
["2013-12-27","Trevor  Jones","FlatTop",3,27.5,82.5]
["2014-12-25","Rachel  Gomez","Sunshine",3,19.95,59.85]
["2013-12-25","Lance  Yates","Bellen",1,22.95,22.95]
["2013-03-25","Drew  Rogers","Sunbell",3,24,72]
["2013-12-24","Bernadette  Page","Quad",3,33,99]
["2014-10-22","Lula  Daniels","Doublers",18,75.95,1367.1]
["2013-10-25","Johanna  Boone","Aspen",9,20,180]
["2013-11-04","Cecilia  Manning","Doublers",2,77.95,155.9]
["2014-11-27","Cecilia  Manning","Crested Beaut",3,24,72]
["2013-12-17","Elbert  Klein","Aspen",6,20,120]
["2014-12-01","Lee  Mack","Carlota",3,22.95,68.849999999999994]
["2014-11-02","Shari  Silva","Majestic Beaut",16,27.55,440.8]
["2013-12-18","Blake  Bridges","V-Rang",3,18,54]
["2013-11-06","Blake  Bridges","Bellen",2,22.95,45.9]
["2013-12-02","Max  Rodgers","V-Rang",2,19,38]
["2014-11-02","Willie  Vega","Sunbell",4,24,96]
["2014-01-23","Bernadette  Page","Sunset",15,22.33,334.95]
["2014-12-13","Ruben  Nunez","FlatTop",19,26.13,496.47]
["2014-11-21","Eddie  Green","Sunbell",2,23,46]
["2014-08-22","Shari  Silva","Sunshine",4,19.95,79.8]
["2014-07-01","Drew  Rogers","Quad",3,33,99]
["2014-12-06","Salvador  Bass","Sunbell",2,25,50]
["2014-03-23","Shari  Silva","Sunset",1,22.5,22.5]
["2013-12-04","Eddie  Green","Sunbell",3,23,69]
["2013-12-18","Ivan  Adkins","Carlota",1,22.95,22.95]
["2014-11-30","Shari  Silva","Quad",3,33,99]
["2014-12-05","Sonya  Mullins","Carlota",3,21.95,65.849999999999994]
["2013-11-01","Salvador  Bass","Quad",4,34,136]
["2014-11-26","Felicia  Jennings","Quad",1,34,34]
["2014-05-07","Dan  Peterson","Sunset",1,23.5,23.5]
["2014-05-02","Andrew  Meyer","Majestic Beaut",3,30,90]
["2013-04-10","Cindy  Becker","Carlota",2,22.95,45.9]
["2013-11-02","Sandra  Floyd","Sunshine",2,19.95,39.9]
["2014-12-09","Johanna  Boone","Majestic Beaut",2,29,58]
["2014-11-26","Eric  Rose","Sunshine",3,19.95,59.85]
["2013-12-12","Ellen  Weaver","Carlota",2,22.95,45.9]
["2014-11-03","Andrew  Meyer","Carlota",3,22.95,68.849999999999994]
["2014-08-25","Tiffany  May","Quad",3,34,102]
["2013-12-20","Della  Jensen","Sunset",3,22.5,67.5]
["2014-01-23","Pauline  Beck","Crested Beaut",13,23.75,308.75]
["2014-10-30","Elaine  Ellis","Carlota",3,22.95,68.849999999999994]
["2014-12-09","Shari  Silva","Aspen",2,20,40]
["2013-12-01","Marian  Hill","Carlota",2,22.95,45.9]
["2013-03-15","Lula  Daniels","Quad",2,33,66]
["2014-12-17","Christy  Olson","Carlota",2,22.95,45.9]
["2013-01-26","Ernest  Davis","Bellen",1,22.95,22.95]
["2013-11-18","Ellen  Weaver","Quad",2,33,66]
["2013-11-13","Patty  Thompson","V-Rang",10,19,190]
["2013-11-10","Elvira  Bowman","V-Rang",1,18,18]
["2013-11-20","Johanna  Boone","Bellen",2,22.95,45.9]
["2013-12-24","Della  Jensen","V-Rang",3,18,54]
["2013-03-08","Nellie  Joseph","Sunbell",3,23,69]
["2014-11-22","Brooke  Horton","Aspen",1,20,20]
["2014-09-05","Della  Jensen","Crested Beaut",1,23,23]
["2013-11-02","Austin  Reynolds","Sunshine",9,18.95,170.55]
["2014-12-28","Shari  Silva","Sunshine",15,18.95,284.25]
["2014-12-14","Austin  Reynolds","Bellen",4,21.95,87.8]
["2014-05-12","Shari  Silva","Quad",2,33,66]
["2014-12-31","Robert  Munoz","Carlota",22,21.8,479.6]
["2013-11-14","Johanna  Boone","Bellen",3,22.95,68.849999999999994]
["2014-12-31","Fernando  Rowe","Sunbell",3,25,75]
["2014-11-12","Bobbie  Ryan","FlatTop",2,26.5,53]
["2013-11-19","Willie  Vega","Sunshine",2,19.95,39.9]
["2014-07-14","Bobbie  Ryan","Majestic Beaut",1,28,28]
["2013-11-04","Ivan  Adkins","Carlota",2,22.95,45.9]
["2014-12-01","Lynette  Brewer","Quad",1,33,33]
["2014-11-15","Kyle  Carr","Quad",2,33,66]
["2013-07-02","Lee  Mack","Sunshine",3,19.95,59.85]
["2013-09-19","Bernadette  Page","Sunbell",1,24,24]
["2014-05-26","Marian  Hill","Majestic Beaut",3,29,87]
["2013-12-07","Jenny  Garcia","V-Rang",4,18,72]
["2014-11-25","Max  Rodgers","Carlota",3,22.95,68.849999999999994]
["2013-12-09","Cindy  Becker","Doublers",3,77.95,233.85]
["2013-12-11","Isabel  Cross","Aspen",1,19,19]
["2013-03-24","Cindy  Becker","Crested Beaut",2,24,48]
["2014-02-18","Robert  Munoz","Sunset",1,23.5,23.5]
["2014-11-27","Lance  Yates","Aspen",1,20,20]
["2014-11-14","Dan  Peterson","Carlota",3,22.95,68.849999999999994]
["2014-12-04","Robert  Munoz","Majestic Beaut",2,29,58]
["2013-12-06","Eric  Rose","Carlota",1,22.95,22.95]
["2014-12-03","Sylvester  Morales","FlatTop",2,27.5,55]
["2013-02-16","Jenny  Garcia","Aspen",3,20,60]
["2014-12-10","Arturo  Francis","Sunshine",4,18.95,75.8]
["2013-11-08","Robert  Munoz","Crested Beaut",1,24,24]
["2014-04-24","Dan  Peterson","Sunset",1,23.5,23.5]
["2014-11-23","Drew  Rogers","Majestic Beaut",1,29,29]
["2014-12-25","Ellen  Weaver","Sunshine",1,19.95,19.95]
["2014-12-15","Kyle  Carr","Quad",1,33,33]
["2014-12-26","Cassandra  Franklin","Quad",2,33,66]
["2013-09-28","Shari  Silva","Bellen",3,22.95,68.849999999999994]
["2013-12-16","Sandra  Floyd","Carlota",3,22.95,68.849999999999994]
["2013-11-19","Andrew  Meyer","Bellen",2,22.95,45.9]
["2013-11-13","Rachel  Gomez","Carlota",3,22.95,68.849999999999994]
["2014-05-24","Max  Rodgers","Sunshine",1,19.95,19.95]
["2013-09-17","Marion  Glover","Sunbell",3,23,69]
["2014-11-25","Willie  Vega","Carlota",2,22.95,45.9]
["2013-11-03","Brooke  Horton","FlatTop",1,27.5,27.5]
["2013-08-03","Della  Jensen","Sunshine",1,18.95,18.95]
["2013-04-25","Rachel  Gomez","Sunset",3,23.5,70.5]
["2014-11-24","Andrew  Meyer","Sunbell",3,25,75]
["2013-03-15","Jenny  Garcia","Quad",4,33,132]
["2014-08-29","Felicia  Jennings","Bellen",3,22.95,68.849999999999994]
["2014-11-03","Sonya  Mullins","Quad",2,32,64]
["2014-10-03","Shari  Silva","Quad",2,33,66]
["2014-05-23","Della  Jensen","Quad",4,32,128]
["2014-11-24","Andrew  Meyer","Sunshine",22,18.95,416.9]
["2013-12-22","Trevor  Jones","Sunbell",3,25,75]
["2013-01-04","Dan  Peterson","Sunbell",2,24,48]
["2014-03-03","Tiffany  May","Sunshine",2,19.95,39.9]
["2013-02-22","Iris  Underwood","Aspen",16,19.95,319.2]
["2013-08-04","Trevor  Jones","Aspen",2,21,42]
["2013-12-07","Edwin  Malone","Carlota",2,21.95,43.9]
["2014-11-08","Marion  Glover","Sunshine",2,18.95,37.9]
["2013-12-05","Salvador  Bass","Quad",3,34,102]
["2014-12-16","Colleen  Warren","Sunshine",2,19.95,39.9]
["2013-11-17","Max  Rodgers","Carlota",2,22.95,45.9]
["2014-12-21","Jaime  Pearson","Bellen",3,22.95,68.849999999999994]
["2013-03-18","Tracy  Reed","Sunset",2,23.5,47]
["2013-12-30","Della  Jensen","FlatTop",2,26.5,53]
["2014-08-17","Salvador  Bass","Sunbell",3,25,75]
["2013-12-23","Salvador  Bass","Doublers",2,79.95,159.9]
["2014-11-29","Tracy  Reed","Sunshine",2,19.95,39.9]
["2014-11-09","Max  Rodgers","Sunshine",2,19.95,39.9]
["2014-12-22","Donna  Reid","Sunshine",2,19.95,39.9]
["2014-11-05","Elvira  Bowman","Majestic Beaut",2,29,58]
["2013-11-07","Billie  Chandler","Quad",3,33,99]
["2014-12-02","Kyle  Carr","Quad",3,33,99]
["2013-05-18","Jenny  Garcia","Carlota",2,22.95,45.9]
["2013-11-04","Rachel  Gomez","Quad",2,33,66]
["2014-01-19","Edwin  Malone","Sunshine",1,18.95,18.95]
["2014-11-03","Rachel  Gomez","Quad",2,33,66]
["2013-07-10","Ruben  Nunez","Sunbell",25,23.75,593.75]
["2014-11-30","Marion  Glover","Carlota",2,21.95,43.9]
["2013-12-14","Woodrow  Colon","Crested Beaut",2,24,48]
["2013-05-16","Fernando  Rowe","Doublers",2,79.95,159.9]
["2014-02-14","Dan  Peterson","Doublers",2,79.95,159.9]
["2014-01-23","Christina  Fuller","Sunshine",3,19.95,59.85]
["2013-11-18","Donna  Reid","Quad",3,34,102]
["2014-12-25","Elbert  Klein","Sunshine",4,19.95,79.8]
["2013-07-02","Nellie  Joseph","Sunset",1,22.5,22.5]
["2014-12-29","Sylvester  Morales","Carlota",2,22.95,45.9]
["2013-12-15","Drew  Rogers","Bellen",23,21.8,501.4]
["2014-11-15","Marian  Hill","Quad",3,33,99]
["2013-12-02","Lula  Daniels","Majestic Beaut",2,29,58]
["2013-11-03","Edwin  Malone","Majestic Beaut",2,28,56]
["2013-08-14","Jaime  Pearson","Aspen",2,20,40]
["2014-04-21","Marian  Hill","Sunbell",16,22.8,364.8]
["2014-12-11","Isabel  Cross","Aspen",14,18.05,252.7]
["2013-12-18","Felicia  Jennings","Aspen",4,21,84]
["2014-11-09","Pauline  Beck","Bellen",2,22.95,45.9]
["2013-03-06","Isabel  Cross","Doublers",7,75.95,531.65]
["2014-05-01","Cassandra  Franklin","Quad",3,33,99]
["2013-12-25","Salvador  Bass","Bellen",2,22.95,45.9]
["2013-11-29","Kyle  Carr","Carlota",1,22.95,22.95]
["2013-11-24","Dan  Peterson","Quad",3,33,99]
["2013-12-27","Elvira  Bowman","Crested Beaut",2,24,48]
["2014-02-13","Della  Jensen","Crested Beaut",1,23,23]
["2013-01-21","Eric  Rose","Sunshine",3,19.95,59.85]
["2014-11-18","Kyle  Carr","Aspen",2,20,40]
["2013-12-16","Bethany  Pena","Bellen",2,22.95,45.9]
["2014-11-15","Sylvester  Morales","Carlota",1,22.95,22.95]
["2014-11-02","Johanna  Boone","Majestic Beaut",17,27.55,468.35]
["2013-08-22","Andrew  Meyer","Sunset",2,23.5,47]
["2014-12-16","Elvira  Bowman","Bellen",2,22.95,45.9]
["2013-12-30","Shari  Silva","FlatTop",3,26.5,79.5]
["2013-12-22","Bernadette  Page","Crested Beaut",1,24,24]
["2014-12-21","Sandra  Floyd","V-Rang",3,18,54]
["2014-11-21","Marian  Hill","Aspen",2,20,40]
["2014-12-14","Kyle  Carr","Carlota",2,22.95,45.9]
["2014-12-26","Isabel  Cross","Bellen",23,20.85,479.55]
["2014-11-06","Iris  Underwood","Sunbell",3,25,75]
["2014-12-27","Willie  Vega","V-Rang",2,18,36]
["2014-07-12","Jenny  Garcia","Sunbell",2,24,48]
["2014-10-11","Woodrow  Colon","Majestic Beaut",4,29,116]
["2014-12-16","Robert  Munoz","Carlota",2,22.95,45.9]
["2014-12-04","Bernadette  Page","Carlota",2,22.95,45.9]
["2014-11-30","Dan  Peterson","Bellen",3,22.95,68.849999999999994]
["2013-08-20","Herman  Williams","Sunbell",3,23,69]
["2014-12-30","Bethany  Pena","Aspen",3,20,60]
["2013-11-22","Rachel  Gomez","Sunshine",6,19.95,119.7]
["2014-12-23","Elaine  Ellis","Carlota",3,22.95,68.849999999999994]
["2014-11-02","Elvira  Bowman","Carlota",15,21.8,327]
["2013-03-25","Della  Jensen","Carlota",1,21.95,21.95]
["2014-12-20","Lynette  Brewer","Aspen",1,20,20]
["2013-12-17","Trevor  Jones","Aspen",1,21,21]
["2013-05-21","Marion  Glover","Bellen",3,21.95,65.849999999999994]
["2014-10-16","Lorraine  Gibson","Quad",2,32,64]
["2014-05-28","Sonya  Mullins","Aspen",2,19,38]
["2014-11-20","Willie  Vega","Sunshine",3,19.95,59.85]
["2013-10-08","Cassandra  Franklin","Bellen",3,22.95,68.849999999999994]
["2013-12-07","Max  Rodgers","Doublers",2,79.95,159.9]
["2013-11-07","Herman  Williams","Bellen",3,21.95,65.849999999999994]
["2014-09-18","Mable  Lindsey","Quad",2,34,68]
["2014-12-20","Drew  Rogers","Carlota",2,22.95,45.9]
["2014-12-17","Cecilia  Manning","Carlota",3,22.95,68.849999999999994]
["2014-12-10","Iris  Underwood","Bellen",2,22.95,45.9]
["2013-05-16","Marian  Hill","Bellen",3,22.95,68.849999999999994]
["2014-11-05","Della  Jensen","Quad",3,32,96]
["2014-12-16","Salvador  Bass","Sunbell",1,25,25]
["2014-11-13","Cassandra  Franklin","Carlota",2,22.95,45.9]
["2014-12-04","Shari  Silva","Bellen",2,22.95,45.9]
["2014-12-14","Della  Jensen","Quad",2,32,64]
["2014-10-24","Rachel  Gomez","V-Rang",3,18,54]
["2013-05-12","Iris  Underwood","Majestic Beaut",1,30,30]
["2013-11-10","Ben  Perez","Majestic Beaut",2,30,60]
["2013-12-29","Trevor  Jones","Sunshine",3,19.95,59.85]
["2014-11-02","Sandra  Floyd","Majestic Beaut",2,29,58]
["2013-04-16","Don  Gonzales","Sunbell",3,24,72]
["2014-11-15","Christy  Olson","Sunbell",3,25,75]
["2013-08-06","Bernadette  Page","FlatTop",2,27.5,55]
["2013-01-16","Drew  Rogers","Sunbell",2,24,48]
["2014-11-17","Joey  Wong","Bellen",3,22.95,68.849999999999994]
["2013-11-06","Donna  Reid","Sunshine",3,19.95,59.85]
["2014-12-22","Sylvester  Morales","Bellen",2,22.95,45.9]
["2013-12-18","Drew  Rogers","Bellen",3,22.95,68.849999999999994]
["2013-12-15","Shari  Silva","Sunshine",4,19.95,79.8]
["2013-12-17","Johanna  Boone","Bellen",2,22.95,45.9]
["2014-12-04","Salvador  Bass","Majestic Beaut",6,30,180]
["2014-12-17","Della  Jensen","Doublers",1,75.95,75.95]
["2014-11-26","Rachel  Gomez","Crested Beaut",2,24,48]
["2013-12-28","Fernando  Rowe","Doublers",3,79.95,239.85]
["2014-12-15","Drew  Rogers","Quad",3,33,99]
["2013-11-09","Rachel  Gomez","Quad",3,33,99]
["2013-01-09","Willie  Vega","Sunbell",3,24,72]
["2013-12-19","Pauline  Beck","Quad",3,34,102]
["2013-12-20","Max  Rodgers","Majestic Beaut",3,30,90]
["2014-12-12","Brooke  Horton","Bellen",3,22.95,68.849999999999994]
["2013-06-24","Ivan  Adkins","Aspen",2,21,42]
["2013-11-21","Trevor  Jones","Carlota",1,22.95,22.95]
["2014-12-11","Sonya  Mullins","Crested Beaut",2,23,46]
["2014-08-01","Cecilia  Manning","Carlota",2,22.95,45.9]
["2014-12-28","Rachel  Gomez","Bellen",3,22.95,68.849999999999994]
["2013-12-05","Della  Jensen","Aspen",1,19,19]
["2013-11-17","Pauline  Beck","Sunshine",3,19.95,59.85]
["2013-03-09","Ivan  Adkins","Bellen",3,22.95,68.849999999999994]
["2014-02-15","Donna  Reid","Aspen",1,21,21]
["2014-03-31","Isabel  Cross","Doublers",1,75.95,75.95]
["2014-12-30","Paulette  Spencer","Crested Beaut",11,22.8,250.8]
["2013-10-11","Mable  Lindsey","Sunshine",2,19.95,39.9]
["2013-04-23","Max  Rodgers","Quad",1,34,34]
["2013-08-06","Brooke  Horton","Sunset",3,23.5,70.5]
["2014-11-24","Christy  Olson","Quad",2,34,68]
["2013-12-17","Eddie  Green","Quad",1,32,32]
["2013-01-21","Lula  Daniels","Bellen",2,22.95,45.9]
["2014-11-11","Della  Jensen","FlatTop",3,26.5,79.5]
["2014-01-20","Jenny  Garcia","Sunshine",3,19.95,59.85]
["2013-11-01","Lance  Yates","Quad",1,33,33]
["2013-12-04","Colleen  Warren","Bellen",1,22.95,22.95]
["2014-04-23","Austin  Reynolds","FlatTop",1,26.5,26.5]
["2014-11-19","Lance  Yates","Quad",24,31.35,752.4]
["2013-12-29","Lance  Yates","Sunshine",3,19.95,59.85]
["2013-12-27","Beth  Tucker","Crested Beaut",2,25,50]
["2014-12-13","Trevor  Jones","Quad",2,34,68]
["2013-12-08","Cassandra  Franklin","Sunshine",15,18.95,284.25]
["2014-12-27","Arturo  Francis","Quad",1,32,32]
["2014-11-23","Billie  Chandler","Sunshine",2,19.95,39.9]
["2014-02-25","Della  Jensen","Bellen",4,21.95,87.8]
["2013-11-17","Cassandra  Franklin","Quad",5,33,165]
["2013-10-15","Eric  Rose","Bellen",1,22.95,22.95]
["2014-12-16","Willie  Vega","Aspen",1,20,20]
["2014-08-26","Blake  Bridges","Sunshine",3,19.95,59.85]
["2013-12-09","Sandra  Floyd","Sunshine",1,19.95,19.95]
["2013-11-13","Drew  Rogers","Carlota",21,21.8,457.8]
["2014-11-08","Ernest  Davis","Sunbell",2,25,50]
["2014-02-23","Jaime  Pearson","Quad",16,31.35,501.6]
["2013-12-14","Nellie  Joseph","Carlota",16,20.85,333.6]
["2013-12-21","Iris  Underwood","Carlota",2,22.95,45.9]
["2013-12-29","Joey  Wong","Aspen",2,21,42]
["2014-10-17","Rachel  Gomez","Bellen",3,22.95,68.849999999999994]
["2014-03-27","Max  Rodgers","Bellen",3,22.95,68.849999999999994]
["2013-11-13","Lorraine  Gibson","Aspen",1,19,19]
["2013-08-28","Lynette  Brewer","Carlota",3,22.95,68.849999999999994]
["2013-11-03","Kyle  Carr","Sunset",3,23.5,70.5]
["2014-11-25","Allan  Ramos","Crested Beaut",2,24,48]
["2014-07-28","Della  Jensen","Crested Beaut",2,23,46]
["2013-11-15","Charlie  Wood","V-Rang",1,18,18]
["2013-11-07","Brooke  Horton","Bellen",1,22.95,22.95]
["2014-10-19","Tiffany  May","Sunbell",3,25,75]
["2013-12-22","Ruben  Nunez","Sunbell",1,25,25]
["2014-10-12","Eddie  Green","V-Rang",3,18,54]
["2014-06-29","Ruben  Nunez","Doublers",14,75.95,1063.3]
["2014-12-14","Woodrow  Colon","Sunshine",1,19.95,19.95]
["2014-12-25","Kyle  Carr","Sunbell",2,24,48]
["2014-11-14","Shari  Silva","Quad",2,33,66]
["2013-12-21","Beth  Tucker","Bellen",2,22.95,45.9]
["2014-08-15","Charlie  Wood","Aspen",3,20,60]
["2013-11-19","Edwin  Malone","Aspen",11,18.05,198.55]
["2014-07-16","Edwin  Malone","Carlota",2,21.95,43.9]
["2013-08-17","Ben  Perez","Quad",2,34,68]
["2014-11-21","Edwin  Malone","Quad",1,32,32]
["2014-01-16","Johanna  Boone","Carlota",2,22.95,45.9]
["2013-11-17","Colleen  Warren","Carlota",2,22.95,45.9]
["2013-11-06","Lorraine  Gibson","Crested Beaut",1,23,23]
["2013-12-04","Marian  Hill","Sunshine",1,19.95,19.95]
["2013-12-17","Cecilia  Manning","Sunbell",2,24,48]
["2013-11-22","Salvador  Bass","Majestic Beaut",3,30,90]
["2013-11-12","Joey  Wong","Sunbell",18,23.75,427.5]
["2014-09-24","Rachel  Gomez","Sunset",2,23.5,47]
["2014-11-26","Drew  Rogers","Sunshine",1,19.95,19.95]
["2014-02-27","Robert  Munoz","FlatTop",2,27.5,55]
["2014-11-02","Lynette  Brewer","Bellen",4,22.95,91.8]
["2013-06-12","Austin  Reynolds","Quad",2,32,64]
["2013-11-29","Jaime  Pearson","Sunbell",2,24,48]
["2013-11-21","Woodrow  Colon","Sunshine",17,18.95,322.14999999999998]
["2013-12-21","Robert  Munoz","Sunbell",2,24,48]
["2014-07-26","Carla  Mccormick","Quad",3,33,99]
["2013-04-18","Ben  Perez","Sunbell",3,25,75]
["2013-12-26","Salvador  Bass","Sunshine",4,19.95,79.8]
["2014-11-25","Marian  Hill","Quad",3,33,99]
["2014-11-06","Kyle  Carr","Sunset",3,23.5,70.5]
["2014-12-22","Cecilia  Manning","Quad",3,33,99]
["2013-12-19","Billie  Chandler","Sunbell",2,24,48]
["2014-11-24","Iris  Underwood","Quad",2,34,68]
["2014-07-14","Isabel  Cross","Carlota",3,21.95,65.849999999999994]
["2013-11-20","Shari  Silva","Sunbell",2,24,48]
["2014-11-18","Arturo  Francis","Bellen",2,21.95,43.9]
["2013-11-24","Robert  Munoz","V-Rang",3,18,54]
["2013-12-04","Fernando  Rowe","Sunbell",2,25,50]
["2014-12-30","Cecilia  Manning","Carlota",3,22.95,68.849999999999994]
["2014-11-24","Shari  Silva","Sunshine",3,19.95,59.85]
["2014-10-02","Peter  Hodges","Quad",1,33,33]
["2014-12-17","Guillermo  Potter","V-Rang",3,18,54]
["2013-11-03","Della  Jensen","Sunbell",3,23,69]
["2013-05-14","Max  Rodgers","Bellen",3,22.95,68.849999999999994]
["2013-12-30","Cecilia  Manning","Majestic Beaut",2,29,58]
["2014-05-26","Salvador  Bass","Aspen",2,21,42]
["2013-11-15","Drew  Rogers","Carlota",2,22.95,45.9]
["2014-05-17","Dan  Peterson","Quad",3,33,99]
["2014-11-16","Brooke  Horton","Carlota",2,22.95,45.9]
["2014-12-18","Beth  Tucker","Bellen",2,22.95,45.9]
["2014-11-23","Ellen  Weaver","Majestic Beaut",2,29,58]
["2013-12-18","Shari  Silva","Sunbell",3,24,72]
["2014-12-24","Sylvester  Morales","Bellen",2,22.95,45.9]
["2014-04-03","Blake  Bridges","Bellen",3,22.95,68.849999999999994]
["2014-11-05","Ivan  Adkins","Quad",3,34,102]
["2013-12-29","Ruben  Nunez","Bellen",4,22.95,91.8]
["2014-12-02","Salvador  Bass","Aspen",2,21,42]
["2013-11-22","Salvador  Bass","V-Rang",1,19,19]
["2013-12-12","Kyle  Carr","Carlota",2,22.95,45.9]
["2014-10-05","Cecilia  Manning","Bellen",2,22.95,45.9]
["2014-12-21","Cindy  Becker","Quad",3,33,99]
["2013-09-21","Paulette  Spencer","Carlota",2,22.95,45.9]
["2014-11-22","Willie  Vega","FlatTop",2,27.5,55]
["2013-11-12","Ernest  Davis","Doublers",2,79.95,159.9]
["2014-11-01","Brooke  Horton","Bellen",3,22.95,68.849999999999994]
["2014-12-06","Joey  Wong","Sunshine",2,19.95,39.9]
["2014-11-20","Sonya  Mullins","Carlota",2,21.95,43.9]
["2014-11-01","Lorraine  Gibson","Bellen",3,21.95,65.849999999999994]
["2013-03-24","Jaime  Pearson","Sunbell",3,24,72]
["2014-11-12","Lee  Mack","Crested Beaut",3,24,72]
["2014-11-04","Trevor  Jones","Sunset",3,23.5,70.5]
["2013-11-27","Carla  Mccormick","Majestic Beaut",3,29,87]
["2013-11-06","Ernest  Davis","Sunshine",2,19.95,39.9]
["2014-12-03","Eddie  Green","Bellen",3,21.95,65.849999999999994]
["2014-12-29","Tiffany  May","Bellen",1,22.95,22.95]
["2014-09-07","Peter  Hodges","Sunbell",2,24,48]
["2014-12-19","Lee  Mack","Doublers",3,79.95,239.85]
["2014-11-17","Christy  Olson","Crested Beaut",2,25,50]
["2014-11-24","Paulette  Spencer","Quad",2,33,66]
["2014-11-04","Elbert  Klein","Majestic Beaut",2,29,58]
["2014-12-23","Max  Rodgers","Doublers",3,79.95,239.85]
["2014-11-19","Ivan  Adkins","Carlota",1,22.95,22.95]
["2013-11-05","Ernest  Davis","Majestic Beaut",2,30,60]
["2014-04-09","Isabel  Cross","Majestic Beaut",2,28,56]
["2013-12-10","Sandra  Floyd","Crested Beaut",2,24,48]
["2014-12-04","Tracy  Reed","Sunbell",5,24,120]
["2014-12-03","Salvador  Bass","Sunshine",3,19.95,59.85]
["2014-11-12","Sandra  Floyd","Carlota",2,22.95,45.9]
["2014-11-12","Ben  Perez","Sunbell",3,25,75]
["2014-12-13","Edwin  Malone","V-Rang",8,18,144]
["2013-12-28","Paulette  Spencer","Sunbell",1,24,24]
["2013-02-01","Trevor  Jones","Sunshine",3,19.95,59.85]
["2013-12-23","Cassandra  Franklin","V-Rang",11,17.100000000000001,188.1]
["2014-03-14","Cindy  Becker","V-Rang",10,18,180]
["2014-11-27","Mable  Lindsey","Majestic Beaut",2,30,60]
["2013-11-14","Drew  Rogers","Sunshine",1,19.95,19.95]
["2013-12-29","Cecilia  Manning","Aspen",3,20,60]
["2014-11-28","Kyle  Carr","Quad",2,33,66]
["2013-06-28","Sandra  Floyd","Sunshine",17,18.95,322.14999999999998]
["2013-11-02","Christina  Fuller","Aspen",3,21,63]
["2014-11-27","Drew  Rogers","Carlota",2,22.95,45.9]
["2013-11-01","Della  Jensen","Quad",1,32,32]
["2014-02-19","Eddie  Green","Crested Beaut",2,23,46]
["2013-01-04","Salvador  Bass","Sunbell",2,25,50]
["2014-12-19","Felicia  Jennings","Quad",3,34,102]
["2014-12-28","Edwin  Malone","V-Rang",2,18,36]
["2013-12-04","Sonya  Mullins","Quad",3,32,96]
["2014-11-03","Marion  Glover","Sunbell",2,23,46]
["2013-07-16","Cassandra  Franklin","Majestic Beaut",2,29,58]
["2014-11-29","Christina  Fuller","Carlota",2,22.95,45.9]
["2014-11-14","Allan  Ramos","Sunset",1,23.5,23.5]
["2014-11-20","Lynette  Brewer","Sunset",1,23.5,23.5]
["2013-06-13","Willie  Vega","Quad",3,33,99]
["2013-02-11","Mable  Lindsey","Sunshine",2,19.95,39.9]
["2014-12-15","Ivan  Adkins","Quad",1,34,34]
["2014-11-12","Rachel  Gomez","Majestic Beaut",2,29,58]
["2013-11-12","Cassandra  Franklin","Quad",1,33,33]
["2013-12-27","Max  Rodgers","Sunbell",24,23.75,570]
["2014-11-15","Jenny  Garcia","Sunshine",3,19.95,59.85]
["2013-11-02","Max  Rodgers","Sunbell",3,25,75]
["2013-12-03","Rachel  Gomez","Quad",3,33,99]
["2014-11-02","Ben  Perez","Quad",2,34,68]
["2013-07-06","Cecilia  Manning","Sunbell",2,24,48]
["2013-12-20","Donna  Reid","Sunbell",7,25,175]
["2013-10-27","Isabel  Cross","Bellen",2,21.95,43.9]
["2013-11-25","Lance  Yates","Majestic Beaut",1,29,29]
["2014-06-08","Paulette  Spencer","Majestic Beaut",2,29,58]
["2014-09-27","Elvira  Bowman","Sunshine",1,19.95,19.95]
["2013-05-12","Cassandra  Franklin","Carlota",2,22.95,45.9]
["2014-11-11","Drew  Rogers","Aspen",2,20,40]
["2014-12-29","Marian  Hill","Bellen",2,22.95,45.9]
["2014-11-27","Shari  Silva","Sunbell",15,22.8,342]
["2013-11-23","Charlie  Wood","Bellen",1,22.95,22.95]
["2014-12-29","Arturo  Francis","Bellen",3,21.95,65.849999999999994]
["2014-11-04","Della  Jensen","Quad",1,32,32]
["2014-12-05","Edwin  Malone","Sunshine",2,18.95,37.9]
["2014-03-28","Drew  Rogers","Quad",2,33,66]
["2013-12-02","Salvador  Bass","Sunbell",3,25,75]
["2014-02-18","Robert  Munoz","Majestic Beaut",1,29,29]
["2013-11-04","Marian  Hill","Quad",25,31.35,783.75]
["2013-11-25","Lance  Yates","Carlota",1,22.95,22.95]
["2014-12-22","Lula  Daniels","Quad",3,33,99]
["2013-12-03","Isabel  Cross","Carlota",1,21.95,21.95]
["2014-12-30","Lynette  Brewer","Sunbell",3,24,72]
["2014-11-28","Jaime  Pearson","Quad",2,33,66]
["2013-11-21","Brooke  Horton","Carlota",2,22.95,45.9]
["2014-12-06","Jenny  Garcia","Carlota",2,22.95,45.9]
["2013-01-12","Johanna  Boone","Sunbell",3,24,72]
["2013-12-05","Ivan  Adkins","Sunshine",22,18.95,416.9]
["2013-11-05","Colleen  Warren","Quad",2,34,68]
["2014-11-18","Elvira  Bowman","Carlota",2,22.95,45.9]
["2014-04-09","Max  Rodgers","Sunshine",3,19.95,59.85]
["2014-12-07","Jenny  Garcia","Aspen",18,19,342]
["2014-11-19","Mable  Lindsey","Quad",1,34,34]
["2013-11-26","Max  Rodgers","Quad",2,34,68]
["2014-11-27","Ivan  Adkins","Bellen",2,22.95,45.9]
["2013-12-11","Lula  Daniels","Carlota",22,21.8,479.6]
["2013-11-15","Brooke  Horton","Carlota",1,22.95,22.95]
["2014-02-26","Max  Rodgers","Bellen",4,22.95,91.8]
["2014-12-30","Joey  Wong","Sunbell",4,25,100]
["2013-07-26","Eric  Rose","Doublers",2,79.95,159.9]
["2014-09-08","Colleen  Warren","Carlota",3,22.95,68.849999999999994]
["2014-12-31","Cecilia  Manning","Sunset",2,22.5,45]
["2014-11-16","Woodrow  Colon","Sunshine",4,19.95,79.8]
["2013-02-26","Robert  Munoz","Carlota",2,22.95,45.9]
["2013-11-14","Robert  Munoz","Aspen",3,20,60]
["2014-03-19","Drew  Rogers","Sunshine",2,19.95,39.9]
["2014-12-07","Kyle  Carr","Sunshine",2,19.95,39.9]
["2014-12-15","Drew  Rogers","Bellen",3,22.95,68.849999999999994]
["2013-09-12","Herman  Williams","Carlota",3,21.95,65.849999999999994]
["2013-11-10","Arturo  Francis","Quad",2,32,64]
["2014-12-28","Herman  Williams","Aspen",3,19,57]
["2014-12-07","Johanna  Boone","Aspen",4,20,80]
["2014-11-02","Tracy  Reed","Doublers",3,79.95,239.85]
["2013-11-14","Don  Gonzales","Crested Beaut",2,24,48]
["2013-03-16","Patty  Thompson","Bellen",1,22.95,22.95]
["2013-01-30","Iris  Underwood","Bellen",1,22.95,22.95]
["2014-06-15","Lance  Yates","Carlota",2,22.95,45.9]
["2014-08-25","Ellen  Weaver","Sunbell",3,24,72]
["2013-10-31","Della  Jensen","Aspen",1,19,19]
["2014-12-07","Robert  Munoz","Carlota",3,22.95,68.849999999999994]
["2013-03-20","Shari  Silva","Aspen",2,20,40]
["2014-12-16","Guillermo  Potter","Quad",1,33,33]
["2013-11-14","Rachel  Gomez","Quad",1,33,33]
["2013-12-27","Della  Jensen","Carlota",3,21.95,65.849999999999994]
["2014-04-24","Cassandra  Franklin","Crested Beaut",24,22.8,547.20000000000005]
["2014-11-12","Cecilia  Manning","Bellen",3,22.95,68.849999999999994]
["2013-03-08","Felicia  Jennings","Bellen",2,22.95,45.9]
["2014-12-18","Lynette  Brewer","Sunbell",4,24,96]
["2014-11-17","Elbert  Klein","Quad",2,33,66]
["2013-12-08","Drew  Rogers","Carlota",2,22.95,45.9]
["2014-11-24","Joey  Wong","Sunset",1,23.5,23.5]
["2014-03-16","Cassandra  Franklin","Sunset",2,23.5,47]
["2014-12-23","Trevor  Jones","Sunset",12,22.33,267.95999999999998]
["2014-11-07","Andrew  Meyer","V-Rang",1,19,19]
["2013-11-08","Carla  Mccormick","Quad",3,33,99]
["2014-11-01","Donna  Reid","Sunshine",2,19.95,39.9]
["2014-03-16","Lula  Daniels","Sunset",2,23.5,47]
["2014-12-08","Lee  Mack","Sunset",2,23.5,47]
["2014-10-09","Edwin  Malone","Sunshine",2,18.95,37.9]
["2014-11-30","Herman  Williams","Crested Beaut",3,23,69]
["2014-12-02","Isabel  Cross","Sunbell",2,23,46]
["2014-11-14","Kyle  Carr","Sunset",2,23.5,47]
["2014-12-14","Andrew  Meyer","Majestic Beaut",4,30,120]
["2014-11-27","Trevor  Jones","Bellen",2,22.95,45.9]
["2014-07-29","Robert  Munoz","Majestic Beaut",2,29,58]
["2014-11-21","Cecilia  Manning","Quad",2,33,66]
["2013-12-10","Ben  Perez","Sunshine",3,19.95,59.85]
["2013-11-04","Johanna  Boone","Bellen",2,22.95,45.9]
["2014-12-17","Don  Gonzales","Quad",1,33,33]
["2014-12-12","Della  Jensen","Quad",2,32,64]
["2014-11-02","Della  Jensen","Sunbell",3,23,69]
["2014-10-31","Edwin  Malone","Carlota",2,21.95,43.9]
["2013-11-29","Ben  Perez","Carlota",2,22.95,45.9]
["2013-11-10","Patty  Thompson","Carlota",13,21.8,283.39999999999998]
["2013-11-20","Bobbie  Ryan","Bellen",9,21.95,197.55]
["2013-01-12","Dan  Peterson","V-Rang",1,18,18]
["2014-05-22","Edwin  Malone","Sunbell",1,23,23]
["2013-07-02","Blake  Bridges","Sunshine",1,19.95,19.95]
["2013-12-09","Christy  Olson","Carlota",2,22.95,45.9]
["2014-11-12","Max  Rodgers","Quad",4,34,136]
["2014-11-26","Johanna  Boone","Carlota",2,22.95,45.9]
["2014-04-09","Donna  Reid","Quad",2,34,68]
["2014-02-24","Fernando  Rowe","Doublers",2,79.95,159.9]
["2014-09-18","Dan  Peterson","Sunshine",2,19.95,39.9]
["2014-06-04","Carla  Mccormick","Quad",2,33,66]
["2013-11-21","Lorraine  Gibson","Bellen",1,21.95,21.95]
["2014-11-05","Bobbie  Ryan","Bellen",2,21.95,43.9]
["2013-11-10","Cassandra  Franklin","Bellen",1,22.95,22.95]
["2014-12-21","Isabel  Cross","Sunshine",3,18.95,56.85]
["2014-05-12","Beth  Tucker","Carlota",3,22.95,68.849999999999994]
["2013-11-29","Pauline  Beck","Carlota",2,22.95,45.9]
["2014-11-10","Brooke  Horton","Quad",3,33,99]
["2014-12-05","Brooke  Horton","Majestic Beaut",1,29,29]
["2014-12-30","Drew  Rogers","Majestic Beaut",2,29,58]
["2014-05-05","Felicia  Jennings","Doublers",3,79.95,239.85]
["2013-11-24","Max  Rodgers","Doublers",13,75.95,987.35]
["2014-09-21","Lynette  Brewer","Quad",1,33,33]
["2014-12-29","Cindy  Becker","V-Rang",2,18,36]
["2014-11-12","Sandra  Floyd","Majestic Beaut",3,29,87]
["2013-11-24","Sandra  Floyd","Sunbell",3,24,72]
["2014-09-27","Trevor  Jones","Quad",4,34,136]
["2013-02-07","Arturo  Francis","Quad",1,32,32]
["2013-12-27","Don  Gonzales","Majestic Beaut",2,29,58]
["2013-06-25","Johanna  Boone","Sunbell",2,24,48]
["2013-12-18","Iris  Underwood","Quad",2,34,68]
["2013-11-26","Cassandra  Franklin","Bellen",3,22.95,68.849999999999994]
["2013-10-14","Charlie  Wood","Majestic Beaut",2,29,58]
["2014-12-19","Willie  Vega","Sunbell",3,24,72]
["2014-09-11","Jenny  Garcia","Sunshine",3,19.95,59.85]
["2014-12-27","Edwin  Malone","Bellen",2,21.95,43.9]
["2014-07-27","Christy  Olson","Bellen",1,22.95,22.95]
["2013-02-05","Beth  Tucker","Aspen",2,21,42]
["2013-06-09","Eric  Rose","Bellen",3,22.95,68.849999999999994]
["2014-12-27","Lynette  Brewer","Crested Beaut",3,24,72]
["2014-10-17","Rachel  Gomez","Sunbell",1,24,24]
["2013-12-03","Salvador  Bass","Sunbell",3,25,75]
["2013-12-19","Bobbie  Ryan","Sunshine",2,18.95,37.9]
["2014-12-03","Dan  Peterson","Sunset",4,23.5,94]
["2013-12-19","Drew  Rogers","Sunbell",3,24,72]
["2013-03-17","Brooke  Horton","Bellen",1,22.95,22.95]
["2014-09-13","Bernadette  Page","Doublers",3,79.95,239.85]
["2014-12-30","Lance  Yates","Quad",2,33,66]
["2013-11-11","Drew  Rogers","Bellen",1,22.95,22.95]
["2014-02-13","Salvador  Bass","Carlota",3,22.95,68.849999999999994]
["2013-09-04","Tracy  Reed","Sunshine",1,19.95,19.95]
["2013-03-22","Dan  Peterson","Sunset",3,23.5,70.5]
["2014-11-14","Herman  Williams","Quad",3,32,96]
["2013-11-18","Kyle  Carr","Sunshine",1,19.95,19.95]
["2014-11-11","Bethany  Pena","Sunset",1,23.5,23.5]
["2013-12-23","Drew  Rogers","Carlota",1,22.95,22.95]
["2014-12-09","Eric  Rose","Quad",3,34,102]
["2013-12-03","Lula  Daniels","Quad",2,33,66]
["2013-12-18","Dan  Peterson","Bellen",1,22.95,22.95]
["2014-12-06","Kyle  Carr","Quad",2,33,66]
["2014-11-20","Blake  Bridges","Crested Beaut",3,24,72]
["2014-11-05","Paulette  Spencer","Sunset",24,21.38,513.12]
["2013-11-04","Rachel  Gomez","Crested Beaut",3,24,72]
["2013-11-17","Isabel  Cross","Doublers",2,75.95,151.9]
["2014-06-24","Felicia  Jennings","Sunbell",2,25,50]
["2013-08-03","Herman  Williams","Sunbell",4,23,92]
["2013-12-04","Andrew  Meyer","Majestic Beaut",2,30,60]
["2013-11-12","Robert  Munoz","Majestic Beaut",1,29,29]
["2013-12-06","Beth  Tucker","Aspen",2,21,42]
["2014-12-02","Robert  Munoz","Bellen",1,22.95,22.95]
["2014-12-08","Donna  Reid","Carlota",1,22.95,22.95]
["2014-11-21","Austin  Reynolds","Carlota",1,21.95,21.95]
["2013-02-15","Bethany  Pena","Crested Beaut",2,24,48]
["2014-12-24","Trevor  Jones","Aspen",3,21,63]
["2014-11-12","Donna  Reid","Carlota",3,22.95,68.849999999999994]
["2014-07-26","Herman  Williams","Majestic Beaut",2,28,56]
["2013-05-30","Felicia  Jennings","Quad",3,34,102]
["2013-11-20","Willie  Vega","Sunshine",1,19.95,19.95]
["2013-12-08","Colleen  Warren","Bellen",1,22.95,22.95]
["2014-12-13","Shari  Silva","Doublers",10,77.95,779.5]
["2014-11-17","Sonya  Mullins","Aspen",2,19,38]
["2014-12-02","Johanna  Boone","Sunset",2,22.5,45]
["2013-05-01","Ernest  Davis","Crested Beaut",3,25,75]
["2013-08-23","Cassandra  Franklin","Bellen",1,22.95,22.95]
["2014-09-18","Salvador  Bass","Quad",2,34,68]
["2014-08-16","Rachel  Gomez","Majestic Beaut",5,29,145]
["2013-12-21","Shari  Silva","Bellen",1,22.95,22.95]
["2013-12-04","Robert  Munoz","Sunshine",2,19.95,39.9]
["2013-11-25","Shari  Silva","Carlota",18,21.8,392.4]
["2013-12-11","Rachel  Gomez","Sunshine",2,19.95,39.9]
["2013-11-08","Della  Jensen","Quad",3,32,96]
["2013-10-09","Rachel  Gomez","Carlota",3,22.95,68.849999999999994]
["2014-03-07","Shari  Silva","Bellen",2,22.95,45.9]
["2014-12-19","Ruben  Nunez","Quad",2,34,68]
["2014-11-29","Eric  Rose","Majestic Beaut",3,30,90]
["2014-12-13","Lee  Mack","Carlota",1,22.95,22.95]
["2014-11-30","Rachel  Gomez","Crested Beaut",3,24,72]
["2014-12-25","Della  Jensen","Carlota",2,21.95,43.9]
["2014-05-05","Cindy  Becker","Sunset",2,22.5,45]
["2013-12-02","Andrew  Meyer","Sunset",3,23.5,70.5]
["2014-12-29","Joey  Wong","Majestic Beaut",2,30,60]
["2013-10-05","Paulette  Spencer","Doublers",3,77.95,233.85]
["2013-08-19","Marion  Glover","Sunset",2,22.5,45]
["2013-11-01","Sandra  Floyd","Bellen",2,22.95,45.9]
["2013-12-24","Della  Jensen","Sunbell",16,21.85,349.6]
["2014-12-17","Lula  Daniels","Crested Beaut",9,24,216]
["2013-11-18","Kyle  Carr","Bellen",3,22.95,68.849999999999994]
["2013-11-25","Brooke  Horton","Sunbell",3,24,72]
["2014-05-16","Max  Rodgers","Aspen",1,21,21]
["2013-10-17","Lance  Yates","Sunbell",4,24,96]
["2014-12-18","Elbert  Klein","Doublers",2,77.95,155.9]
["2014-11-02","Elaine  Ellis","Sunshine",3,19.95,59.85]
["2013-11-06","Tiffany  May","Carlota",4,22.95,91.8]
["2013-11-29","Willie  Vega","Crested Beaut",1,24,24]
["2014-12-23","Jenny  Garcia","Sunshine",11,18.95,208.45]
["2014-12-07","Della  Jensen","Sunshine",3,18.95,56.85]
["2014-11-30","Shari  Silva","Carlota",2,22.95,45.9]
["2014-07-06","Donna  Reid","Carlota",2,22.95,45.9]
["2013-11-18","Drew  Rogers","Sunset",1,23.5,23.5]
["2013-11-23","Don  Gonzales","Sunset",1,22.5,22.5]
["2014-11-26","Elbert  Klein","Quad",2,33,66]
["2013-10-26","Isabel  Cross","Doublers",2,75.95,151.9]
["2013-11-07","Christina  Fuller","Carlota",14,21.8,305.2]
["2013-12-14","Ben  Perez","Carlota",1,22.95,22.95]
["2014-11-07","Christy  Olson","Bellen",3,22.95,68.849999999999994]
["2013-11-05","Drew  Rogers","V-Rang",3,18,54]
["2013-08-10","Lula  Daniels","Quad",1,33,33]
["2014-11-03","Trevor  Jones","Aspen",2,21,42]
["2013-08-21","Joey  Wong","Sunshine",2,19.95,39.9]
["2014-12-17","Lorraine  Gibson","Sunbell",21,21.85,458.85]
["2014-12-21","Sandra  Floyd","Quad",2,33,66]
["2014-02-19","Charlie  Wood","Sunset",3,23.5,70.5]
["2014-12-26","Cindy  Becker","Carlota",3,22.95,68.849999999999994]
["2014-12-20","Iris  Underwood","Bellen",2,22.95,45.9]
["2014-12-29","Cassandra  Franklin","Crested Beaut",2,24,48]
["2013-01-08","Bobbie  Ryan","Quad",2,32,64]
["2014-12-30","Arturo  Francis","Carlota",3,21.95,65.849999999999994]
["2013-11-06","Guillermo  Potter","Sunshine",3,19.95,59.85]
["2014-03-16","Paulette  Spencer","Sunshine",1,19.95,19.95]
["2013-11-23","Edwin  Malone","Sunshine",2,18.95,37.9]
["2014-11-11","Shari  Silva","Sunshine",3,19.95,59.85]
["2013-05-29","Isabel  Cross","Carlota",1,21.95,21.95]
["2014-12-01","Elbert  Klein","Aspen",1,20,20]
["2014-11-26","Drew  Rogers","Bellen",2,22.95,45.9]
["2014-12-15","Dan  Peterson","V-Rang",1,18,18]
["2013-12-20","Dan  Peterson","Sunbell",3,24,72]
["2013-01-17","Pauline  Beck","Sunshine",2,19.95,39.9]
["2013-11-18","Elaine  Ellis","Bellen",3,22.95,68.849999999999994]
["2014-01-30","Bethany  Pena","Quad",1,33,33]
["2013-11-07","Kyle  Carr","Aspen",4,20,80]
["2013-11-20","Shari  Silva","Sunset",4,22.5,90]
["2013-12-06","Paulette  Spencer","Quad",3,33,99]
["2014-12-14","Sandra  Floyd","Aspen",3,20,60]
["2013-11-12","Felicia  Jennings","Bellen",3,22.95,68.849999999999994]
["2014-11-17","Herman  Williams","Bellen",2,21.95,43.9]
["2014-12-17","Tiffany  May","Majestic Beaut",4,30,120]
["2013-11-27","Carla  Mccormick","FlatTop",2,27.5,55]
["2014-12-14","Donna  Reid","Quad",3,34,102]
["2014-11-01","Woodrow  Colon","Carlota",2,22.95,45.9]
["2014-04-04","Elaine  Ellis","Quad",1,33,33]
["2013-11-22","Lorraine  Gibson","Sunshine",3,18.95,56.85]
["2014-07-15","Ernest  Davis","Crested Beaut",3,25,75]
["2014-12-04","Arturo  Francis","Crested Beaut",3,23,69]
["2013-11-29","Nellie  Joseph","Sunbell",2,23,46]
["2014-10-18","Sandra  Floyd","Doublers",3,79.95,239.85]
["2013-12-22","Drew  Rogers","Sunshine",3,19.95,59.85]
["2014-11-06","Patty  Thompson","Sunshine",3,19.95,59.85]
["2014-12-26","Rachel  Gomez","Sunbell",3,24,72]
["2014-07-05","Max  Rodgers","Sunshine",2,19.95,39.9]
["2013-11-14","Salvador  Bass","Sunbell",1,25,25]
["2014-11-16","Bethany  Pena","Sunshine",2,19.95,39.9]
["2014-04-09","Felicia  Jennings","Sunshine",2,19.95,39.9]
["2014-12-13","Paulette  Spencer","Aspen",3,20,60]
["2013-12-17","Cassandra  Franklin","FlatTop",2,27.5,55]
["2013-11-01","Salvador  Bass","Crested Beaut",3,25,75]
["2013-12-12","Bernadette  Page","Quad",1,33,33]
["2014-11-18","Rachel  Gomez","Sunbell",2,24,48]
["2013-12-25","Cecilia  Manning","Sunshine",3,19.95,59.85]
["2013-08-03","Rachel  Gomez","Carlota",18,21.8,392.4]
["2013-11-15","Kyle  Carr","Sunshine",9,19.95,179.55]
["2013-11-04","Jenny  Garcia","Aspen",1,20,20]
["2013-04-23","Max  Rodgers","Bellen",1,22.95,22.95]
["2013-12-23","Kyle  Carr","Doublers",3,79.95,239.85]
["2013-11-15","Paulette  Spencer","Sunshine",1,19.95,19.95]
["2013-12-10","Trevor  Jones","Carlota",13,21.8,283.39999999999998]
["2014-12-10","Paulette  Spencer","V-Rang",2,18,36]
["2013-12-21","Bobbie  Ryan","Crested Beaut",1,23,23]
["2013-02-09","Colleen  Warren","Bellen",2,22.95,45.9]
["2013-12-14","Sandra  Floyd","Sunshine",3,19.95,59.85]
["2013-12-12","Lance  Yates","Carlota",3,22.95,68.849999999999994]
["2013-11-03","Woodrow  Colon","Crested Beaut",1,24,24]
["2013-11-01","Marian  Hill","Sunshine",2,19.95,39.9]
["2013-12-22","Lee  Mack","Bellen",1,22.95,22.95]
["2013-12-28","Della  Jensen","Sunshine",2,18.95,37.9]
["2013-11-02","Felicia  Jennings","Carlota",2,22.95,45.9]
["2014-02-03","Trevor  Jones","Aspen",1,21,21]
["2013-01-14","Shari  Silva","Aspen",2,20,40]
["2014-03-10","Kyle  Carr","Crested Beaut",2,24,48]
["2014-11-20","Tracy  Reed","Sunshine",3,19.95,59.85]
["2013-12-08","Eddie  Green","Sunbell",2,23,46]
["2014-12-27","Tracy  Reed","Carlota",3,22.95,68.849999999999994]
["2014-01-01","Rachel  Gomez","Sunset",3,23.5,70.5]
["2014-05-09","Ben  Perez","Carlota",3,22.95,68.849999999999994]
["2013-12-15","Elaine  Ellis","Sunshine",4,19.95,79.8]
["2014-12-11","Shari  Silva","Carlota",1,22.95,22.95]
["2014-03-02","Trevor  Jones","Carlota",3,22.95,68.849999999999994]
["2013-11-30","Lee  Mack","V-Rang",3,18,54]
["2013-11-17","Patty  Thompson","V-Rang",2,19,38]
["2014-11-19","Elvira  Bowman","FlatTop",3,27.5,82.5]
["2014-02-18","Cecilia  Manning","Quad",1,33,33]
["2014-12-08","Jenny  Garcia","Quad",2,33,66]
["2013-11-10","Salvador  Bass","Sunbell",2,25,50]
["2013-12-06","Drew  Rogers","FlatTop",16,26.13,418.08]
["2014-12-10","Salvador  Bass","Carlota",3,22.95,68.849999999999994]
["2014-08-25","Eddie  Green","Bellen",2,21.95,43.9]
["2013-12-25","Marian  Hill","Sunshine",19,18.95,360.05]
["2014-12-06","Brooke  Horton","Carlota",2,22.95,45.9]
["2014-10-02","Max  Rodgers","Aspen",2,21,42]
["2014-11-27","Eric  Rose","Carlota",2,22.95,45.9]
["2014-11-26","Herman  Williams","Bellen",1,21.95,21.95]
["2014-12-24","Don  Gonzales","Bellen",2,22.95,45.9]
["2013-11-04","Rachel  Gomez","Crested Beaut",2,24,48]
["2013-03-01","Salvador  Bass","Majestic Beaut",2,30,60]
["2014-12-21","Jenny  Garcia","Doublers",2,79.95,159.9]
["2014-11-02","Andrew  Meyer","Sunbell",1,25,25]
["2014-09-04","Dan  Peterson","Crested Beaut",2,24,48]
["2014-07-03","Jaime  Pearson","Sunshine",3,19.95,59.85]
["2014-11-20","Mable  Lindsey","Sunshine",2,19.95,39.9]
["2013-11-14","Bobbie  Ryan","Carlota",2,21.95,43.9]
["2013-01-29","Lee  Mack","Sunbell",22,22.8,501.6]
["2014-11-16","Guillermo  Potter","Bellen",3,22.95,68.849999999999994]
["2014-05-19","Fernando  Rowe","Crested Beaut",1,25,25]
["2013-12-03","Beth  Tucker","Sunbell",2,25,50]
["2013-11-24","Drew  Rogers","Sunbell",1,24,24]
["2013-11-01","Jaime  Pearson","Carlota",1,22.95,22.95]
["2014-12-09","Mable  Lindsey","Sunshine",3,19.95,59.85]
["2014-12-11","Carla  Mccormick","Sunshine",1,19.95,19.95]
["2013-11-23","Carla  Mccormick","Crested Beaut",2,24,48]
["2013-11-08","Mable  Lindsey","Aspen",1,21,21]
["2014-11-03","Cassandra  Franklin","Majestic Beaut",3,29,87]
["2013-11-30","Jaime  Pearson","Quad",1,33,33]
["2014-12-11","Willie  Vega","Quad",1,33,33]
["2013-12-19","Sylvester  Morales","Doublers",2,79.95,159.9]
["2014-11-27","Max  Rodgers","Bellen",3,22.95,68.849999999999994]
["2014-12-17","Robert  Munoz","Majestic Beaut",2,29,58]
["2014-12-27","Jaime  Pearson","Bellen",2,22.95,45.9]
["2013-07-04","Peter  Hodges","Carlota",2,22.95,45.9]
["2013-02-22","Isabel  Cross","Sunset",3,22.5,67.5]
["2013-04-24","Andrew  Meyer","Carlota",2,22.95,45.9]
["2014-12-10","Pauline  Beck","Sunshine",1,19.95,19.95]
["2013-03-27","Isabel  Cross","Quad",2,32,64]
["2013-11-24","Max  Rodgers","Sunshine",3,19.95,59.85]
["2013-12-10","Edwin  Malone","Bellen",1,21.95,21.95]
["2013-10-08","Fernando  Rowe","Bellen",1,22.95,22.95]
["2014-11-20","Della  Jensen","Sunbell",2,23,46]
["2014-11-21","Shari  Silva","Sunshine",3,19.95,59.85]
["2013-12-22","Iris  Underwood","Bellen",25,21.8,545]
["2013-11-01","Ivan  Adkins","Sunshine",3,19.95,59.85]
["2013-11-15","Salvador  Bass","Sunshine",1,19.95,19.95]
["2014-12-15","Beth  Tucker","Sunshine",2,19.95,39.9]
["2014-11-13","Lula  Daniels","Bellen",2,22.95,45.9]
["2014-02-02","Shari  Silva","Carlota",1,22.95,22.95]
["2014-11-22","Robert  Munoz","Sunset",3,23.5,70.5]
["2014-12-03","Salvador  Bass","Aspen",1,21,21]
["2013-11-20","Robert  Munoz","Quad",3,33,99]
["2014-12-27","Johanna  Boone","Quad",3,33,99]
["2013-11-09","Cassandra  Franklin","Sunshine",1,19.95,19.95]
["2013-06-16","Edwin  Malone","Sunset",1,22.5,22.5]
["2013-12-30","Salvador  Bass","Sunbell",2,25,50]
["2014-12-06","Colleen  Warren","Crested Beaut",2,25,50]
["2013-09-17","Ruben  Nunez","Doublers",1,79.95,79.95]
["2014-12-03","Mable  Lindsey","FlatTop",2,27.5,55]
["2013-11-11","Elvira  Bowman","Aspen",1,20,20]
["2014-03-15","Christina  Fuller","Carlota",2,22.95,45.9]
["2013-12-06","Dan  Peterson","Crested Beaut",2,24,48]
["2014-04-12","Woodrow  Colon","Bellen",16,21.8,348.8]
["2013-07-22","Lee  Mack","Crested Beaut",4,24,96]
["2013-12-28","Max  Rodgers","Carlota",25,21.8,545]
["2013-11-14","Cassandra  Franklin","Sunshine",2,19.95,39.9]
["2013-11-21","Cindy  Becker","Sunbell",3,24,72]
["2013-12-21","Arturo  Francis","Aspen",1,19,19]
["2013-12-14","Jaime  Pearson","V-Rang",1,18,18]
["2013-11-10","Patty  Thompson","FlatTop",1,27.5,27.5]
["2013-06-04","Sonya  Mullins","Bellen",20,20.85,417]
["2013-11-12","Donna  Reid","Sunshine",2,19.95,39.9]
["2014-12-22","Edwin  Malone","Sunshine",2,18.95,37.9]
["2014-12-02","Rachel  Gomez","Sunshine",3,19.95,59.85]
["2014-02-23","Fernando  Rowe","Quad",3,34,102]
["2013-11-20","Colleen  Warren","FlatTop",7,27.5,192.5]
["2014-12-01","Ernest  Davis","Sunbell",2,25,50]
["2013-11-10","Della  Jensen","Sunshine",3,18.95,56.85]
["2014-11-16","Lynette  Brewer","Doublers",2,79.95,159.9]
["2014-10-08","Cassandra  Franklin","Quad",1,33,33]
["2014-06-21","Sandra  Floyd","Bellen",3,22.95,68.849999999999994]
["2014-11-15","Edwin  Malone","Sunset",3,22.5,67.5]
["2013-11-16","Willie  Vega","Sunset",2,23.5,47]
["2014-11-26","Sandra  Floyd","Sunbell",2,24,48]
["2013-03-21","Don  Gonzales","Carlota",2,22.95,45.9]
["2013-11-02","Edwin  Malone","Carlota",3,21.95,65.849999999999994]
["2014-11-02","Kyle  Carr","Bellen",3,22.95,68.849999999999994]
["2013-11-05","Arturo  Francis","Quad",3,32,96]
["2014-11-24","Shari  Silva","Carlota",3,22.95,68.849999999999994]
["2013-12-04","Bobbie  Ryan","Majestic Beaut",3,28,84]
["2014-11-08","Brooke  Horton","Sunbell",2,24,48]
["2013-11-28","Jenny  Garcia","Doublers",2,79.95,159.9]
["2014-12-11","Bethany  Pena","Quad",2,33,66]
["2014-11-09","Paulette  Spencer","Bellen",1,22.95,22.95]
["2013-12-06","Willie  Vega","Sunbell",2,24,48]
["2013-05-09","Salvador  Bass","Sunshine",17,18.95,322.14999999999998]
["2013-11-18","Cassandra  Franklin","Sunshine",3,19.95,59.85]
["2014-12-10","Shari  Silva","Sunshine",1,19.95,19.95]
["2013-11-16","Trevor  Jones","Sunbell",4,25,100]
["2013-11-27","Fernando  Rowe","Carlota",1,22.95,22.95]
["2013-01-05","Beth  Tucker","Sunbell",3,25,75]
["2014-11-07","Jenny  Garcia","Quad",1,33,33]
["2014-12-29","Elaine  Ellis","Carlota",3,22.95,68.849999999999994]
["2013-11-22","Salvador  Bass","Aspen",1,21,21]
["2013-11-26","Elvira  Bowman","Quad",2,33,66]
["2014-11-08","Robert  Munoz","Quad",4,33,132]
["2014-11-30","Donna  Reid","Doublers",2,79.95,159.9]
["2013-04-20","Lee  Mack","V-Rang",2,18,36]
["2013-11-04","Ben  Perez","Doublers",1,79.95,79.95]
["2013-11-22","Trevor  Jones","Aspen",2,21,42]
["2014-07-15","Blake  Bridges","Aspen",2,20,40]
["2014-12-01","Sylvester  Morales","Quad",3,34,102]
["2013-11-23","Tiffany  May","Quad",2,34,68]
["2014-11-19","Charlie  Wood","Aspen",3,20,60]
["2013-05-10","Tiffany  May","Doublers",2,79.95,159.9]
["2013-11-20","Marian  Hill","Quad",3,33,99]
["2013-09-18","Kyle  Carr","Crested Beaut",20,22.8,456]
["2014-03-01","Tiffany  May","Sunshine",1,19.95,19.95]
["2014-12-26","Carla  Mccormick","Sunbell",1,24,24]
["2013-02-09","Robert  Munoz","Quad",1,33,33]
["2013-07-01","Robert  Munoz","Aspen",2,20,40]
["2014-11-18","Pauline  Beck","Sunset",3,23.5,70.5]
["2013-11-01","Ellen  Weaver","Sunshine",22,18.95,416.9]
["2014-12-04","Peter  Hodges","Sunbell",1,24,24]
["2013-11-06","Ellen  Weaver","Crested Beaut",5,24,120]
["2014-12-19","Della  Jensen","Aspen",3,19,57]
["2014-02-22","Carla  Mccormick","Carlota",2,22.95,45.9]
["2013-12-06","Isabel  Cross","Crested Beaut",19,21.85,415.15]
["2014-11-29","Shari  Silva","Sunshine",3,19.95,59.85]
["2013-09-21","Ernest  Davis","Crested Beaut",2,25,50]
["2014-02-22","Felicia  Jennings","Sunshine",1,19.95,19.95]
["2014-11-24","Della  Jensen","Sunbell",1,23,23]
["2013-12-29","Bobbie  Ryan","V-Rang",3,18,54]
["2013-12-20","Bethany  Pena","Sunbell",2,24,48]
["2013-11-11","Drew  Rogers","Sunshine",1,19.95,19.95]
["2014-11-21","Johanna  Boone","Quad",2,33,66]
["2014-12-27","Iris  Underwood","Carlota",25,21.8,545]
["2013-03-03","Elaine  Ellis","Sunset",2,22.5,45]
["2013-12-11","Herman  Williams","Majestic Beaut",3,28,84]
["2013-11-01","Allan  Ramos","Quad",3,33,99]
["2013-12-17","Rachel  Gomez","Quad",2,33,66]
["2014-11-27","Jaime  Pearson","Crested Beaut",2,24,48]
["2013-01-11","Bernadette  Page","Carlota",1,22.95,22.95]
["2013-11-20","Marian  Hill","Sunshine",3,19.95,59.85]
["2014-12-10","Paulette  Spencer","Aspen",3,20,60]
["2013-11-07","Della  Jensen","Bellen",2,21.95,43.9]
["2013-11-19","Cassandra  Franklin","Quad",3,33,99]
["2013-11-11","Lee  Mack","Aspen",3,20,60]
["2014-11-02","Guillermo  Potter","Crested Beaut",2,24,48]
["2013-09-09","Cassandra  Franklin","V-Rang",1,18,18]
["2013-11-03","Guillermo  Potter","Bellen",2,22.95,45.9]
["2013-03-31","Beth  Tucker","Quad",16,32.299999999999997,516.79999999999995]
["2014-12-26","Lee  Mack","Crested Beaut",3,24,72]
["2013-12-01","Lee  Mack","Carlota",1,22.95,22.95]
["2013-12-20","Drew  Rogers","Sunshine",2,19.95,39.9]
["2013-11-06","Lorraine  Gibson","Majestic Beaut",18,26.6,478.8]
["2014-07-30","Brooke  Horton","Sunbell",3,24,72]
["2013-10-18","Donna  Reid","Bellen",1,22.95,22.95]
["2014-01-14","Colleen  Warren","Sunset",3,23.5,70.5]
["2013-12-26","Charlie  Wood","Quad",23,31.35,721.05]
["2014-12-18","Elvira  Bowman","FlatTop",1,27.5,27.5]
["2013-11-07","Iris  Underwood","Crested Beaut",1,25,25]
["2014-12-11","Colleen  Warren","Sunset",2,23.5,47]
["2014-07-07","Felicia  Jennings","Carlota",2,22.95,45.9]
["2014-05-02","Edwin  Malone","Sunbell",1,23,23]
["2013-11-03","Eric  Rose","Sunset",5,23.5,117.5]
["2014-12-26","Cassandra  Franklin","Carlota",1,22.95,22.95]
["2013-11-18","Edwin  Malone","Quad",2,32,64]
["2013-11-16","Don  Gonzales","Majestic Beaut",1,29,29]
["2013-11-21","Andrew  Meyer","Majestic Beaut",1,30,30]
["2014-11-04","Salvador  Bass","Sunbell",25,23.75,593.75]
["2013-12-24","Max  Rodgers","Sunbell",2,25,50]
["2013-11-02","Ivan  Adkins","Sunshine",2,19.95,39.9]
["2014-11-02","Donna  Reid","Bellen",2,22.95,45.9]
["2014-12-27","Willie  Vega","Sunshine",1,19.95,19.95]
["2014-11-19","Della  Jensen","Quad",3,32,96]
["2014-12-29","Lynette  Brewer","Sunshine",1,19.95,19.95]
["2013-12-23","Johanna  Boone","Bellen",3,22.95,68.849999999999994]
["2013-11-17","Brooke  Horton","V-Rang",3,18,54]
["2014-11-29","Cassandra  Franklin","Sunbell",2,24,48]
["2013-12-09","Ernest  Davis","Carlota",1,22.95,22.95]
["2013-04-25","Max  Rodgers","Bellen",3,22.95,68.849999999999994]
["2014-12-01","Drew  Rogers","Sunshine",1,19.95,19.95]
["2014-11-12","Trevor  Jones","Bellen",3,22.95,68.849999999999994]
["2014-02-13","Salvador  Bass","Quad",1,34,34]
["2013-08-30","Fernando  Rowe","Sunbell",11,23.75,261.25]
["2014-05-18","Jenny  Garcia","Quad",15,31.35,470.25]
["2014-07-29","Fernando  Rowe","Doublers",2,79.95,159.9]
["2014-12-05","Ruben  Nunez","Sunset",1,23.5,23.5]
["2013-12-05","Rachel  Gomez","Sunshine",3,19.95,59.85]
["2014-12-27","Christina  Fuller","FlatTop",2,27.5,55]
["2014-12-01","Drew  Rogers","Aspen",1,20,20]
["2014-12-16","Christina  Fuller","Quad",1,34,34]
["2014-11-07","Arturo  Francis","Sunbell",2,23,46]
["2013-11-30","Cassandra  Franklin","Crested Beaut",1,24,24]
["2014-07-04","Patty  Thompson","Sunshine",2,19.95,39.9]
["2014-11-21","Bobbie  Ryan","Bellen",2,21.95,43.9]
["2013-11-24","Tiffany  May","Sunshine",1,19.95,19.95]
["2013-12-11","Peter  Hodges","Bellen",2,22.95,45.9]
["2014-11-05","Jenny  Garcia","Crested Beaut",1,24,24]
["2014-12-01","Sandra  Floyd","Bellen",2,22.95,45.9]
["2014-11-06","Edwin  Malone","Quad",1,32,32]
["2013-02-26","Johanna  Boone","Quad",3,33,99]
["2013-11-27","Joey  Wong","Bellen",3,22.95,68.849999999999994]
["2013-11-30","Edwin  Malone","Bellen",1,21.95,21.95]
["2014-11-03","Billie  Chandler","Aspen",4,20,80]
["2014-01-15","Sylvester  Morales","Majestic Beaut",3,30,90]
["2013-07-23","Salvador  Bass","Crested Beaut",1,25,25]
["2013-12-05","Cassandra  Franklin","Crested Beaut",4,24,96]
["2013-11-19","Donna  Reid","Aspen",1,21,21]
["2013-05-02","Kyle  Carr","Quad",1,33,33]
["2014-03-20","Kyle  Carr","Aspen",2,20,40]
["2013-04-30","Drew  Rogers","Sunset",14,22.33,312.62]
["2013-11-22","Drew  Rogers","Sunset",2,23.5,47]
["2013-10-05","Shari  Silva","Bellen",15,21.8,327]
["2013-11-27","Edwin  Malone","Bellen",1,21.95,21.95]
["2013-12-06","Lance  Yates","Quad",2,33,66]
["2013-12-26","Drew  Rogers","Sunshine",1,19.95,19.95]
["2014-12-27","Isabel  Cross","FlatTop",3,26.5,79.5]
["2013-12-13","Bobbie  Ryan","FlatTop",3,26.5,79.5]
["2014-11-04","Christina  Fuller","Sunshine",1,19.95,19.95]
["2013-12-15","Beth  Tucker","Carlota",2,22.95,45.9]
["2014-11-27","Shari  Silva","Crested Beaut",1,24,24]
["2014-02-12","Felicia  Jennings","V-Rang",3,19,57]
["2013-04-26","Mable  Lindsey","Crested Beaut",2,25,50]
["2014-03-24","Ernest  Davis","Sunshine",3,19.95,59.85]
["2014-12-07","Peter  Hodges","Bellen",2,22.95,45.9]
["2014-05-26","Drew  Rogers","Aspen",1,20,20]
["2013-11-06","Brooke  Horton","Sunshine",2,19.95,39.9]
["2014-12-18","Isabel  Cross","Bellen",2,21.95,43.9]
["2014-12-11","Brooke  Horton","Quad",18,31.35,564.29999999999995]
["2013-12-23","Tracy  Reed","Sunset",2,23.5,47]
["2014-12-18","Beth  Tucker","Bellen",2,22.95,45.9]
["2014-12-26","Ernest  Davis","Bellen",2,22.95,45.9]
["2014-02-18","Drew  Rogers","Sunset",3,23.5,70.5]
["2014-10-03","Elaine  Ellis","Sunshine",2,19.95,39.9]
["2013-11-18","Herman  Williams","Carlota",24,20.85,500.4]
["2013-11-23","Pauline  Beck","Sunset",3,23.5,70.5]
["2014-09-30","Colleen  Warren","Quad",2,34,68]
["2013-11-11","Shari  Silva","Majestic Beaut",2,29,58]
["2013-11-15","Isabel  Cross","Carlota",2,21.95,43.9]
["2014-11-18","Tracy  Reed","Sunshine",2,19.95,39.9]
["2014-12-31","Cecilia  Manning","FlatTop",2,26.5,53]
["2014-11-18","Robert  Munoz","Aspen",3,20,60]
["2014-10-24","Brooke  Horton","Sunshine",3,19.95,59.85]
["2014-12-06","Robert  Munoz","Sunbell",2,24,48]
["2013-09-17","Bobbie  Ryan","Bellen",2,21.95,43.9]
["2013-11-19","Ben  Perez","Aspen",3,21,63]
["2014-02-19","Jenny  Garcia","Crested Beaut",2,24,48]
["2014-10-11","Isabel  Cross","Doublers",3,75.95,227.85]
["2014-12-27","Andrew  Meyer","Doublers",2,79.95,159.9]
["2014-11-08","Rachel  Gomez","Doublers",1,79.95,79.95]
["2013-12-07","Edwin  Malone","Aspen",9,19,171]
["2014-12-13","Peter  Hodges","Doublers",3,79.95,239.85]
["2013-12-09","Brooke  Horton","Carlota",2,22.95,45.9]
["2013-12-02","Ruben  Nunez","Sunshine",3,19.95,59.85]
["2014-12-04","Colleen  Warren","Sunshine",2,19.95,39.9]
["2014-02-11","Cecilia  Manning","Sunshine",3,19.95,59.85]
["2013-12-11","Johanna  Boone","Sunbell",2,24,48]
["2014-12-29","Felicia  Jennings","Sunshine",1,19.95,19.95]
["2013-12-06","Fernando  Rowe","Aspen",1,21,21]
["2014-12-15","Colleen  Warren","Sunshine",1,19.95,19.95]
["2013-11-05","Robert  Munoz","Sunbell",25,22.8,570]
["2014-11-09","Sandra  Floyd","FlatTop",1,27.5,27.5]
["2014-12-05","Lee  Mack","Quad",7,33,231]
["2014-09-23","Della  Jensen","Quad",2,32,64]
["2013-02-04","Robert  Munoz","Sunset",2,23.5,47]
["2013-12-17","Eric  Rose","Majestic Beaut",1,30,30]
["2014-08-01","Elvira  Bowman","Quad",3,33,99]
["2014-07-26","Mable  Lindsey","Quad",3,34,102]
["2014-11-23","Sonya  Mullins","FlatTop",20,25.18,503.6]
["2014-12-26","Arturo  Francis","Sunbell",2,23,46]
["2013-12-26","Andrew  Meyer","FlatTop",2,27.5,55]
["2013-04-24","Dan  Peterson","Crested Beaut",1,24,24]
["2013-12-08","Kyle  Carr","Majestic Beaut",4,29,116]
["2013-03-31","Fernando  Rowe","Majestic Beaut",18,28.5,513]
["2013-11-02","Lula  Daniels","Aspen",1,20,20]
["2014-08-01","Cindy  Becker","Sunbell",2,24,48]
["2013-04-21","Willie  Vega","Sunset",2,23.5,47]
["2013-11-25","Christina  Fuller","Carlota",2,22.95,45.9]
["2013-11-30","Bethany  Pena","Crested Beaut",3,24,72]
["2014-12-19","Nellie  Joseph","Sunbell",1,23,23]
["2013-11-02","Lance  Yates","Carlota",2,22.95,45.9]
["2013-11-05","Isabel  Cross","Quad",25,30.4,760]
["2014-11-20","Salvador  Bass","Aspen",3,21,63]
["2014-11-29","Beth  Tucker","V-Rang",3,19,57]
["2013-11-09","Don  Gonzales","Sunbell",1,24,24]
["2013-12-05","Bobbie  Ryan","Sunset",3,22.5,67.5]
["2013-04-19","Guillermo  Potter","Aspen",3,20,60]
["2013-12-21","Salvador  Bass","Doublers",9,79.95,719.55]
["2014-11-17","Drew  Rogers","Sunshine",2,19.95,39.9]
["2014-12-11","Ellen  Weaver","Sunshine",1,19.95,19.95]
["2013-11-19","Ivan  Adkins","FlatTop",2,27.5,55]
["2013-11-01","Cindy  Becker","Quad",2,33,66]
["2014-12-24","Lynette  Brewer","Bellen",3,22.95,68.849999999999994]
["2013-11-01","Blake  Bridges","Bellen",1,22.95,22.95]
["2013-12-26","Woodrow  Colon","Carlota",2,22.95,45.9]
["2013-12-27","Edwin  Malone","Majestic Beaut",3,28,84]
["2014-10-06","Colleen  Warren","Carlota",2,22.95,45.9]
["2014-12-18","Fernando  Rowe","Majestic Beaut",1,30,30]
["2013-11-08","Salvador  Bass","V-Rang",2,19,38]
["2014-12-12","Jenny  Garcia","Quad",3,33,99]
["2014-12-31","Brooke  Horton","Sunset",3,23.5,70.5]
["2013-11-02","Trevor  Jones","Sunbell",3,25,75]
["2014-01-21","Salvador  Bass","Sunshine",1,19.95,19.95]
["2014-06-17","Jenny  Garcia","Carlota",1,22.95,22.95]
["2013-11-11","Cassandra  Franklin","Quad",2,33,66]
["2013-11-04","Sylvester  Morales","Carlota",1,22.95,22.95]
["2014-12-02","Isabel  Cross","Carlota",17,20.85,354.45]
["2014-12-15","Ivan  Adkins","V-Rang",1,19,19]
["2014-12-29","Drew  Rogers","Carlota",2,22.95,45.9]
["2013-12-18","Woodrow  Colon","Sunbell",3,24,72]
["2014-11-09","Drew  Rogers","Sunshine",2,19.95,39.9]
["2013-12-26","Ben  Perez","V-Rang",2,19,38]
["2014-12-11","Della  Jensen","Aspen",19,18.05,342.95]
["2013-06-04","Shari  Silva","Majestic Beaut",1,29,29]
["2014-11-27","Carla  Mccormick","Sunbell",4,24,96]
["2013-08-16","Ruben  Nunez","Quad",2,34,68]
["2013-11-22","Drew  Rogers","Bellen",3,22.95,68.849999999999994]
["2013-02-20","Max  Rodgers","Carlota",2,22.95,45.9]
["2014-12-25","Sylvester  Morales","Quad",1,34,34]
["2014-12-04","Dan  Peterson","Sunbell",2,24,48]
["2013-11-12","Charlie  Wood","Sunbell",1,24,24]
["2014-12-16","Dan  Peterson","Sunset",3,23.5,70.5]
["2013-10-08","Della  Jensen","FlatTop",2,26.5,53]
["2014-03-07","Jaime  Pearson","Bellen",1,22.95,22.95]
["2013-04-15","Trevor  Jones","Quad",3,34,102]
["2014-12-11","Edwin  Malone","Carlota",3,21.95,65.849999999999994]
["2013-12-25","Willie  Vega","Bellen",4,22.95,91.8]
["2013-12-25","Woodrow  Colon","Carlota",2,22.95,45.9]
["2013-11-30","Andrew  Meyer","Majestic Beaut",2,30,60]
["2014-12-30","Blake  Bridges","Bellen",1,22.95,22.95]
["2014-11-19","Willie  Vega","Majestic Beaut",2,29,58]
["2013-12-29","Rachel  Gomez","Majestic Beaut",3,29,87]
["2013-12-22","Ivan  Adkins","Bellen",2,22.95,45.9]
["2013-12-05","Jaime  Pearson","Doublers",3,79.95,239.85]
["2013-11-30","Shari  Silva","V-Rang",3,18,54]
["2013-12-16","Colleen  Warren","Majestic Beaut",3,30,90]
["2013-11-11","Salvador  Bass","V-Rang",2,19,38]
["2013-11-22","Carla  Mccormick","Carlota",3,22.95,68.849999999999994]
["2013-01-06","Rachel  Gomez","Sunset",2,23.5,47]
["2013-11-18","Cassandra  Franklin","Sunbell",2,24,48]
["2014-11-04","Pauline  Beck","Sunshine",3,19.95,59.85]
["2013-12-09","Fernando  Rowe","Bellen",3,22.95,68.849999999999994]
["2014-11-30","Elbert  Klein","Sunbell",1,24,24]
["2014-12-20","Robert  Munoz","Sunshine",1,19.95,19.95]
["2013-11-15","Max  Rodgers","Quad",3,34,102]
["2013-11-12","Tracy  Reed","V-Rang",3,18,54]
["2014-11-17","Shari  Silva","Majestic Beaut",3,29,87]
["2013-04-30","Elbert  Klein","Majestic Beaut",3,29,87]
["2014-11-04","Della  Jensen","Sunset",1,22.5,22.5]
["2014-11-27","Salvador  Bass","Carlota",3,22.95,68.849999999999994]
["2013-12-24","Peter  Hodges","Aspen",2,20,40]
["2013-08-05","Max  Rodgers","Sunset",2,23.5,47]
["2013-12-16","Edwin  Malone","Sunset",2,22.5,45]
["2013-05-22","Shari  Silva","Sunbell",1,24,24]
["2013-06-17","Felicia  Jennings","Sunshine",3,19.95,59.85]
["2014-05-09","Kyle  Carr","Sunshine",1,19.95,19.95]
["2014-12-02","Shari  Silva","Quad",1,33,33]
["2014-12-31","Peter  Hodges","Quad",2,33,66]
["2013-12-25","Edwin  Malone","Crested Beaut",2,23,46]
["2013-11-23","Jenny  Garcia","Quad",3,33,99]
["2013-11-17","Elvira  Bowman","Sunbell",1,24,24]
["2014-11-15","Joey  Wong","Aspen",10,21,210]
["2014-12-21","Robert  Munoz","Crested Beaut",12,22.8,273.60000000000002]
["2013-12-29","Kyle  Carr","Crested Beaut",3,24,72]
["2014-12-31","Rachel  Gomez","Aspen",1,20,20]
["2014-12-01","Della  Jensen","Bellen",2,21.95,43.9]
["2013-12-10","Andrew  Meyer","FlatTop",3,27.5,82.5]
["2014-11-29","Salvador  Bass","Sunset",2,23.5,47]
["2013-11-14","Lula  Daniels","Quad",4,33,132]
["2014-11-25","Kyle  Carr","Crested Beaut",18,22.8,410.4]
["2014-12-12","Jenny  Garcia","Quad",3,33,99]
["2014-11-24","Brooke  Horton","Bellen",1,22.95,22.95]
["2013-12-03","Don  Gonzales","Bellen",3,22.95,68.849999999999994]
["2014-12-09","Beth  Tucker","Quad",1,34,34]
["2013-12-12","Bobbie  Ryan","Bellen",2,21.95,43.9]
["2014-12-12","Bernadette  Page","Quad",3,33,99]
["2014-11-02","Christina  Fuller","Carlota",2,22.95,45.9]
["2013-12-25","Felicia  Jennings","Sunbell",2,25,50]
["2014-09-21","Rachel  Gomez","Quad",1,33,33]
["2013-06-18","Drew  Rogers","Carlota",2,22.95,45.9]
["2013-11-14","Willie  Vega","V-Rang",1,18,18]
["2013-12-18","Joey  Wong","Crested Beaut",3,25,75]
["2014-11-17","Willie  Vega","Sunset",1,23.5,23.5]
["2014-11-18","Andrew  Meyer","Sunbell",1,25,25]
["2013-11-01","Eddie  Green","Quad",1,32,32]
["2014-12-21","Della  Jensen","Sunshine",1,18.95,18.95]
["2013-11-05","Lula  Daniels","Doublers",3,79.95,239.85]
["2013-06-11","Max  Rodgers","Crested Beaut",1,25,25]
["2013-11-02","Edwin  Malone","Bellen",3,21.95,65.849999999999994]
["2014-12-11","Iris  Underwood","Sunbell",6,25,150]
["2013-02-27","Robert  Munoz","Sunbell",2,24,48]
["2013-12-18","Lula  Daniels","Sunbell",2,24,48]
["2013-12-16","Isabel  Cross","Sunshine",1,18.95,18.95]
["2014-12-31","Guillermo  Potter","Sunbell",1,24,24]
["2014-10-07","Cindy  Becker","Sunbell",1,24,24]
["2013-03-29","Salvador  Bass","Bellen",3,22.95,68.849999999999994]
["2014-12-28","Patty  Thompson","Crested Beaut",2,25,50]
["2013-01-30","Brooke  Horton","Quad",3,33,99]
["2014-03-29","Guillermo  Potter","Bellen",2,22.95,45.9]
["2013-03-23","Bernadette  Page","Aspen",2,20,40]
["2013-11-22","Peter  Hodges","Carlota",2,22.95,45.9]
["2013-11-25","Austin  Reynolds","Sunshine",3,18.95,56.85]
["2014-11-22","Woodrow  Colon","Crested Beaut",3,24,72]
["2013-05-10","Robert  Munoz","Sunbell",2,24,48]
["2013-11-14","Edwin  Malone","Sunshine",3,18.95,56.85]
["2013-12-24","Ivan  Adkins","Carlota",3,22.95,68.849999999999994]
["2014-11-03","Jaime  Pearson","Bellen",19,21.8,414.2]
["2013-11-08","Patty  Thompson","Sunshine",2,19.95,39.9]
["2014-12-21","Trevor  Jones","Sunbell",3,25,75]
["2014-11-05","Shari  Silva","Carlota",4,22.95,91.8]
["2013-11-10","Kyle  Carr","FlatTop",20,26.13,522.6]
["2014-12-19","Herman  Williams","Carlota",11,20.85,229.35]
["2013-11-19","Lynette  Brewer","Sunshine",3,19.95,59.85]
["2013-11-24","Rachel  Gomez","Aspen",2,20,40]
["2013-02-25","Elvira  Bowman","Sunbell",3,24,72]
["2014-11-28","Mable  Lindsey","Carlota",2,22.95,45.9]
["2014-11-23","Trevor  Jones","Aspen",12,19.95,239.4]
["2013-11-14","Joey  Wong","Majestic Beaut",3,30,90]
["2014-11-20","Blake  Bridges","Sunset",3,22.5,67.5]
["2013-12-20","Elvira  Bowman","Sunshine",2,19.95,39.9]
["2014-12-12","Max  Rodgers","Sunbell",13,23.75,308.75]
["2013-12-21","Ruben  Nunez","Bellen",1,22.95,22.95]
["2014-12-20","Jaime  Pearson","Carlota",2,22.95,45.9]
["2013-11-04","Eric  Rose","Sunshine",2,19.95,39.9]
["2014-12-07","Marian  Hill","Carlota",4,22.95,91.8]
["2013-12-27","Don  Gonzales","Sunbell",24,22.8,547.20000000000005]
["2013-11-17","Jenny  Garcia","Majestic Beaut",1,29,29]
["2014-11-23","Isabel  Cross","Sunshine",2,18.95,37.9]
["2014-11-03","Guillermo  Potter","Sunshine",3,19.95,59.85]
["2014-12-08","Cindy  Becker","Quad",1,33,33]
["2014-11-23","Shari  Silva","Bellen",2,22.95,45.9]
["2013-11-05","Carla  Mccormick","Majestic Beaut",3,29,87]
["2014-11-09","Felicia  Jennings","Crested Beaut",2,25,50]
["2013-12-28","Beth  Tucker","Quad",1,34,34]
["2014-11-11","Ruben  Nunez","Carlota",6,22.95,137.69999999999999]
["2014-12-30","Mable  Lindsey","Carlota",3,22.95,68.849999999999994]
["2014-12-28","Ben  Perez","Majestic Beaut",4,30,120]
["2014-12-16","Christina  Fuller","Quad",1,34,34]
["2014-04-17","Eric  Rose","Carlota",2,22.95,45.9]
["2013-01-20","Johanna  Boone","Quad",2,33,66]
["2014-11-17","Guillermo  Potter","Crested Beaut",3,24,72]
["2013-02-06","Patty  Thompson","Sunset",3,23.5,70.5]
["2014-12-29","Cassandra  Franklin","Carlota",1,22.95,22.95]
["2014-02-11","Robert  Munoz","Carlota",2,22.95,45.9]
["2014-11-09","Charlie  Wood","Quad",3,33,99]
["2013-12-03","Robert  Munoz","Carlota",2,22.95,45.9]
["2014-11-20","Eric  Rose","Doublers",1,79.95,79.95]
["2014-11-25","Jenny  Garcia","Majestic Beaut",3,29,87]
["2014-10-08","Dan  Peterson","Sunbell",1,24,24]
["2013-11-01","Brooke  Horton","Carlota",2,22.95,45.9]
["2014-04-02","Mable  Lindsey","Quad",1,34,34]
["2014-08-15","Elbert  Klein","Majestic Beaut",2,29,58]
["2014-12-02","Della  Jensen","Quad",1,32,32]
["2014-11-23","Arturo  Francis","Majestic Beaut",2,28,56]
["2014-12-29","Donna  Reid","Carlota",20,21.8,436]
["2013-08-08","Marion  Glover","Crested Beaut",3,23,69]
["2013-07-26","Della  Jensen","Sunbell",2,23,46]
["2013-12-04","Willie  Vega","Sunbell",2,24,48]
["2013-12-17","Drew  Rogers","Quad",11,31.35,344.85]
["2014-11-26","Jenny  Garcia","Crested Beaut",2,24,48]
["2014-10-31","Cassandra  Franklin","Sunbell",2,24,48]
["2014-12-07","Della  Jensen","Crested Beaut",3,23,69]
["2014-01-29","Cassandra  Franklin","Sunshine",1,19.95,19.95]
["2013-12-23","Rachel  Gomez","Quad",3,33,99]
["2014-11-27","Herman  Williams","Bellen",3,21.95,65.849999999999994]
["2014-12-06","Sonya  Mullins","Sunset",2,22.5,45]
["2013-11-15","Shari  Silva","Aspen",3,20,60]
["2013-11-06","Robert  Munoz","Sunshine",3,19.95,59.85]
["2014-11-16","Della  Jensen","Aspen",3,19,57]
["2013-12-12","Elaine  Ellis","Sunshine",2,19.95,39.9]
["2014-12-15","Della  Jensen","Sunshine",3,18.95,56.85]
["2013-11-15","Marion  Glover","Sunshine",1,18.95,18.95]
["2013-04-07","Nellie  Joseph","Carlota",2,21.95,43.9]
["2013-11-05","Austin  Reynolds","Doublers",2,75.95,151.9]
["2013-03-09","Billie  Chandler","Sunshine",2,19.95,39.9]
["2013-12-01","Cindy  Becker","Carlota",1,22.95,22.95]
["2014-11-14","Max  Rodgers","Sunset",2,23.5,47]
["2014-11-22","Woodrow  Colon","Sunbell",1,24,24]
["2013-12-09","Patty  Thompson","Sunshine",10,19.95,199.5]
["2014-02-18","Allan  Ramos","Bellen",3,22.95,68.849999999999994]
["2013-12-19","Salvador  Bass","Bellen",3,22.95,68.849999999999994]
["2014-11-28","Isabel  Cross","Quad",1,32,32]
["2013-11-04","Marion  Glover","Quad",3,32,96]
["2013-12-20","Ernest  Davis","Quad",1,34,34]
["2013-11-04","Isabel  Cross","Bellen",1,21.95,21.95]
["2013-06-29","Rachel  Gomez","Doublers",3,79.95,239.85]
["2013-12-22","Shari  Silva","Bellen",2,22.95,45.9]
["2013-12-12","Cassandra  Franklin","Sunshine",13,18.95,246.35]
["2014-12-31","Shari  Silva","Sunbell",2,24,48]
["2013-12-01","Salvador  Bass","V-Rang",1,19,19]
["2013-11-03","Eddie  Green","Quad",1,32,32]
["2014-12-04","Peter  Hodges","Sunshine",2,19.95,39.9]
["2014-12-29","Rachel  Gomez","Quad",2,33,66]
["2014-12-17","Iris  Underwood","Quad",2,34,68]
["2014-12-21","Pauline  Beck","Sunset",3,23.5,70.5]
["2014-11-18","Bethany  Pena","Bellen",3,22.95,68.849999999999994]
["2014-04-25","Christy  Olson","Sunbell",2,25,50]
["2013-12-06","Edwin  Malone","Sunset",3,22.5,67.5]
["2014-11-12","Salvador  Bass","Bellen",1,22.95,22.95]
["2014-01-03","Eric  Rose","Bellen",3,22.95,68.849999999999994]
["2014-11-20","Salvador  Bass","Carlota",3,22.95,68.849999999999994]
["2013-11-09","Marion  Glover","Sunbell",14,21.85,305.89999999999998]
["2014-11-15","Sonya  Mullins","Quad",1,32,32]
["2014-12-11","Beth  Tucker","Majestic Beaut",9,30,270]
["2013-11-12","Max  Rodgers","Sunbell",2,25,50]
["2014-09-24","Drew  Rogers","Doublers",3,79.95,239.85]
["2014-11-16","Iris  Underwood","Doublers",24,75.95,1822.8]
["2014-12-01","Woodrow  Colon","Carlota",2,22.95,45.9]
["2014-12-04","Edwin  Malone","Crested Beaut",1,23,23]
["2013-04-16","Lula  Daniels","Quad",2,33,66]
["2014-08-07","Peter  Hodges","Carlota",1,22.95,22.95]
["2013-11-06","Cassandra  Franklin","Quad",3,33,99]
["2014-02-06","Willie  Vega","Sunbell",2,24,48]
["2014-11-26","Charlie  Wood","Sunshine",23,18.95,435.85]
["2014-11-15","Tracy  Reed","Quad",1,33,33]
["2013-04-18","Lorraine  Gibson","Sunshine",21,18,378]
["2014-09-30","Shari  Silva","V-Rang",2,18,36]
["2014-12-16","Lee  Mack","Aspen",3,20,60]
["2013-12-13","Cassandra  Franklin","Aspen",24,19,456]
["2014-11-21","Shari  Silva","Sunbell",1,24,24]
["2013-05-28","Marian  Hill","Sunshine",1,19.95,19.95]
["2013-11-01","Peter  Hodges","Carlota",20,21.8,436]
["2013-11-15","Marian  Hill","Majestic Beaut",2,29,58]
["2014-11-08","Lula  Daniels","Sunset",2,23.5,47]
["2014-11-09","Marion  Glover","Carlota",2,21.95,43.9]
["2014-12-14","Colleen  Warren","Bellen",3,22.95,68.849999999999994]
["2014-03-01","Mable  Lindsey","Doublers",4,79.95,319.8]
["2013-12-29","Pauline  Beck","Aspen",3,21,63]
["2014-12-20","Lynette  Brewer","Sunbell",3,24,72]
["2014-11-27","Lynette  Brewer","Sunshine",2,19.95,39.9]
["2013-06-22","Della  Jensen","Sunbell",3,23,69]
["2014-12-10","Cecilia  Manning","Carlota",1,22.95,22.95]
["2013-11-27","Drew  Rogers","Quad",3,33,99]
["2013-11-01","Cassandra  Franklin","Carlota",1,22.95,22.95]
["2014-11-09","Paulette  Spencer","V-Rang",2,18,36]
["2014-07-08","Patty  Thompson","Quad",16,32.299999999999997,516.79999999999995]
["2014-09-21","Woodrow  Colon","Sunshine",3,19.95,59.85]
["2013-08-25","Drew  Rogers","Sunshine",2,19.95,39.9]
["2013-12-29","Herman  Williams","Carlota",3,21.95,65.849999999999994]
["2014-12-06","Robert  Munoz","Sunshine",21,18.95,397.95]
["2013-12-30","Allan  Ramos","Sunshine",2,19.95,39.9]
["2013-12-13","Eric  Rose","Carlota",1,22.95,22.95]
["2014-12-27","Salvador  Bass","Sunset",2,23.5,47]
["2013-07-03","Elbert  Klein","Carlota",2,22.95,45.9]
["2014-09-17","Marian  Hill","Aspen",3,20,60]
["2013-11-02","Christy  Olson","Sunbell",3,25,75]
["2013-09-09","Kyle  Carr","Sunshine",3,19.95,59.85]
["2014-12-24","Salvador  Bass","Crested Beaut",3,25,75]
["2013-12-06","Christy  Olson","Bellen",3,22.95,68.849999999999994]
["2014-09-23","Jenny  Garcia","Quad",3,33,99]
["2014-11-30","Shari  Silva","Sunshine",2,19.95,39.9]
["2014-11-05","Willie  Vega","Sunshine",2,19.95,39.9]
["2014-12-23","Christina  Fuller","Aspen",2,21,42]
["2013-11-14","Marion  Glover","Sunbell",1,23,23]
["2014-12-29","Sonya  Mullins","Sunset",2,22.5,45]
["2013-12-23","Ben  Perez","Bellen",5,22.95,114.75]
["2013-12-03","Joey  Wong","Doublers",2,79.95,159.9]
["2014-11-07","Sonya  Mullins","Majestic Beaut",4,28,112]
["2014-11-03","Patty  Thompson","Doublers",3,79.95,239.85]
["2013-06-27","Peter  Hodges","FlatTop",2,27.5,55]
["2014-12-22","Trevor  Jones","Carlota",1,22.95,22.95]
["2014-02-08","Cindy  Becker","Sunset",1,22.5,22.5]
["2014-12-03","Shari  Silva","Doublers",2,77.95,155.9]
["2014-12-01","Guillermo  Potter","Crested Beaut",2,24,48]
["2013-05-08","Drew  Rogers","Sunset",2,23.5,47]
["2013-11-06","Andrew  Meyer","Sunbell",3,25,75]
["2013-11-22","Jaime  Pearson","Sunset",3,23.5,70.5]
["2014-01-29","Marian  Hill","Aspen",3,20,60]
["2013-11-15","Max  Rodgers","Bellen",1,22.95,22.95]
["2014-12-23","Ellen  Weaver","Aspen",1,20,20]
["2013-04-20","Lorraine  Gibson","Carlota",2,21.95,43.9]
["2013-12-17","Shari  Silva","Quad",8,33,264]
["2014-10-07","Cecilia  Manning","Aspen",3,20,60]
["2013-12-17","Drew  Rogers","Aspen",1,20,20]
["2014-12-24","Sylvester  Morales","Doublers",2,79.95,159.9]
["2014-01-02","Iris  Underwood","Sunshine",1,19.95,19.95]
["2014-12-29","Cassandra  Franklin","Sunset",2,23.5,47]
["2013-10-14","Marion  Glover","Carlota",1,21.95,21.95]
["2014-02-01","Herman  Williams","Sunshine",17,18,306]
["2014-12-10","Colleen  Warren","Bellen",2,22.95,45.9]
["2013-11-03","Paulette  Spencer","Bellen",2,22.95,45.9]
["2013-12-11","Brooke  Horton","Bellen",2,22.95,45.9]
["2014-11-18","Austin  Reynolds","Crested Beaut",1,23,23]
["2013-12-18","Colleen  Warren","Quad",3,34,102]
["2014-11-18","Christina  Fuller","Crested Beaut",3,25,75]
["2013-12-11","Ruben  Nunez","Doublers",2,79.95,159.9]
["2014-11-09","Cassandra  Franklin","Carlota",2,22.95,45.9]
["2014-12-28","Herman  Williams","Bellen",2,21.95,43.9]
["2013-02-17","Willie  Vega","Crested Beaut",3,24,72]
["2014-11-30","Kyle  Carr","Sunshine",3,19.95,59.85]
["2013-05-09","Ellen  Weaver","Carlota",16,21.8,348.8]
["2013-12-13","Tiffany  May","Sunbell",12,23.75,285]
["2013-11-07","Ivan  Adkins","Carlota",2,22.95,45.9]
["2014-12-23","Ernest  Davis","Bellen",3,22.95,68.849999999999994]
["2013-11-10","Fernando  Rowe","Bellen",2,22.95,45.9]
["2014-11-10","Woodrow  Colon","Majestic Beaut",2,29,58]
["2014-11-07","Mable  Lindsey","Sunset",2,23.5,47]
["2014-11-03","Sonya  Mullins","Quad",2,32,64]
["2013-12-16","Andrew  Meyer","Quad",2,34,68]
["2013-11-01","Della  Jensen","Carlota",24,20.85,500.4]
["2013-11-04","Iris  Underwood","Sunbell",1,25,25]
["2013-05-15","Andrew  Meyer","Aspen",3,21,63]
["2014-12-22","Elaine  Ellis","Sunbell",3,24,72]
["2013-12-02","Don  Gonzales","Carlota",2,22.95,45.9]
["2013-12-17","Isabel  Cross","Sunshine",3,18.95,56.85]
["2014-11-14","Iris  Underwood","Bellen",2,22.95,45.9]
["2013-07-30","Trevor  Jones","Quad",4,34,136]
["2014-12-12","Rachel  Gomez","FlatTop",3,27.5,82.5]
["2014-10-06","Shari  Silva","Crested Beaut",1,24,24]
["2013-09-06","Kyle  Carr","Crested Beaut",2,24,48]
["2013-12-14","Elbert  Klein","Crested Beaut",2,24,48]
["2013-12-26","Edwin  Malone","Sunbell",1,23,23]
["2014-09-28","Elvira  Bowman","Quad",2,33,66]
["2013-12-23","Kyle  Carr","Sunshine",1,19.95,19.95]
["2013-11-03","Rachel  Gomez","Aspen",3,20,60]
["2013-12-17","Eric  Rose","Bellen",3,22.95,68.849999999999994]
["2014-11-03","Cindy  Becker","Sunbell",1,24,24]
["2013-11-20","Herman  Williams","Carlota",3,21.95,65.849999999999994]
["2013-12-02","Fernando  Rowe","Majestic Beaut",4,30,120]
["2013-02-05","Robert  Munoz","FlatTop",2,27.5,55]
["2013-12-18","Shari  Silva","Majestic Beaut",2,29,58]
["2014-12-07","Brooke  Horton","Carlota",15,21.8,327]
["2014-11-10","Ernest  Davis","Bellen",3,22.95,68.849999999999994]
["2014-11-08","Ivan  Adkins","Majestic Beaut",1,30,30]
["2013-11-29","Billie  Chandler","Crested Beaut",2,24,48]
["2014-12-02","Cecilia  Manning","Bellen",3,22.95,68.849999999999994]
["2014-09-11","Shari  Silva","Sunbell",3,24,72]
["2014-11-02","Guillermo  Potter","Sunshine",3,19.95,59.85]
["2013-12-27","Elvira  Bowman","Carlota",2,22.95,45.9]
["2013-11-23","Christy  Olson","Sunbell",1,25,25]
["2013-11-02","Pauline  Beck","Quad",3,34,102]
["2013-12-17","Brooke  Horton","Bellen",3,22.95,68.849999999999994]
["2014-12-10","Shari  Silva","Quad",24,31.35,752.4]
["2013-08-20","Elbert  Klein","Crested Beaut",3,24,72]
["2014-06-26","Willie  Vega","Sunbell",3,24,72]
["2013-11-08","Max  Rodgers","Majestic Beaut",3,30,90]
["2014-12-11","Shari  Silva","Crested Beaut",3,24,72]
["2013-11-16","Tracy  Reed","Carlota",3,22.95,68.849999999999994]
["2014-03-07","Cindy  Becker","Sunshine",2,19.95,39.9]
["2014-11-01","Della  Jensen","Majestic Beaut",3,28,84]
["2013-12-06","Beth  Tucker","Carlota",1,22.95,22.95]
["2013-12-25","Tracy  Reed","Quad",2,33,66]
["2013-11-29","Bethany  Pena","Quad",2,33,66]
["2014-11-08","Bernadette  Page","Sunshine",2,19.95,39.9]
["2014-12-22","Rachel  Gomez","Sunshine",3,19.95,59.85]
["2013-12-10","Eric  Rose","Doublers",3,79.95,239.85]
["2014-12-18","Marion  Glover","Doublers",2,75.95,151.9]
["2013-12-05","Brooke  Horton","Bellen",8,22.95,183.6]
["2013-05-25","Blake  Bridges","Aspen",1,20,20]
["2013-07-03","Elaine  Ellis","Quad",3,33,99]
["2014-10-05","Brooke  Horton","Aspen",1,20,20]
["2013-11-30","Joey  Wong","Bellen",2,22.95,45.9]
["2013-11-05","Donna  Reid","Carlota",2,22.95,45.9]
["2013-12-27","Cassandra  Franklin","Sunbell",2,24,48]
["2014-12-09","Cassandra  Franklin","Aspen",3,20,60]
["2013-07-25","Willie  Vega","Doublers",2,79.95,159.9]
["2013-11-11","Mable  Lindsey","Aspen",1,21,21]
["2014-12-22","Eddie  Green","Quad",1,32,32]
["2014-12-26","Johanna  Boone","Carlota",2,22.95,45.9]
["2014-08-20","Lula  Daniels","Crested Beaut",2,24,48]
["2014-12-20","Christina  Fuller","Sunshine",2,19.95,39.9]
["2013-11-11","Rachel  Gomez","Crested Beaut",17,22.8,387.6]
["2013-11-23","Sonya  Mullins","Quad",1,32,32]
["2014-05-14","Robert  Munoz","Sunbell",1,24,24]
["2013-11-07","Della  Jensen","Sunshine",1,18.95,18.95]
["2014-12-21","Max  Rodgers","Crested Beaut",3,25,75]
["2013-11-25","Cindy  Becker","Carlota",3,22.95,68.849999999999994]
["2013-12-26","Isabel  Cross","Quad",1,32,32]
["2014-11-20","Fernando  Rowe","Sunbell",2,25,50]
["2013-11-16","Guillermo  Potter","Majestic Beaut",3,29,87]
["2013-06-14","Robert  Munoz","FlatTop",3,27.5,82.5]
["2014-02-05","Andrew  Meyer","Quad",8,34,272]
["2013-11-19","Drew  Rogers","Sunbell",2,24,48]
["2014-11-02","Johanna  Boone","Majestic Beaut",1,29,29]
["2014-12-20","Mable  Lindsey","FlatTop",2,27.5,55]
["2014-12-05","Isabel  Cross","Sunbell",2,23,46]
["2014-11-20","Jaime  Pearson","Carlota",2,22.95,45.9]
["2014-11-27","Edwin  Malone","Aspen",2,19,38]
["2013-08-28","Bernadette  Page","Quad",3,33,99]
["2014-11-02","Brooke  Horton","Quad",15,31.35,470.25]
["2013-11-11","Jaime  Pearson","V-Rang",1,18,18]
["2014-12-14","Tracy  Reed","Quad",3,33,99]
["2013-07-21","Arturo  Francis","Doublers",2,75.95,151.9]
["2013-12-19","Beth  Tucker","Majestic Beaut",4,30,120]
["2014-11-12","Marian  Hill","Bellen",1,22.95,22.95]
["2014-04-06","Elbert  Klein","Bellen",2,22.95,45.9]
["2013-11-19","Marian  Hill","Bellen",3,22.95,68.849999999999994]
["2014-12-16","Iris  Underwood","Sunshine",1,19.95,19.95]
["2014-11-04","Cassandra  Franklin","Bellen",2,22.95,45.9]
["2014-12-30","Andrew  Meyer","Sunbell",2,25,50]
["2014-11-23","Andrew  Meyer","Quad",3,34,102]
["2014-11-03","Guillermo  Potter","Carlota",6,22.95,137.69999999999999]
["2013-12-04","Don  Gonzales","Bellen",1,22.95,22.95]
["2014-12-01","Kyle  Carr","Majestic Beaut",2,29,58]
["2014-12-13","Ellen  Weaver","Aspen",2,20,40]
["2013-11-26","Austin  Reynolds","V-Rang",2,18,36]
["2014-06-16","Peter  Hodges","Quad",1,33,33]
["2014-10-27","Joey  Wong","Sunshine",2,19.95,39.9]
["2013-11-17","Andrew  Meyer","Sunset",4,23.5,94]
["2014-12-27","Mable  Lindsey","Quad",2,34,68]
["2013-12-13","Felicia  Jennings","FlatTop",3,27.5,82.5]
["2013-12-02","Edwin  Malone","V-Rang",2,18,36]
["2014-11-12","Della  Jensen","Carlota",1,21.95,21.95]
["2014-07-04","Isabel  Cross","Quad",3,32,96]
["2014-01-27","Drew  Rogers","Bellen",18,21.8,392.4]
["2013-08-22","Cecilia  Manning","Quad",3,33,99]
["2013-11-19","Max  Rodgers","Sunset",1,23.5,23.5]
["2014-12-18","Rachel  Gomez","Sunshine",1,19.95,19.95]
["2013-12-20","Elbert  Klein","Bellen",2,22.95,45.9]
["2013-11-12","Cecilia  Manning","Crested Beaut",17,22.8,387.6]
["2014-11-04","Lance  Yates","Aspen",2,20,40]
["2014-07-12","Charlie  Wood","Bellen",2,22.95,45.9]
["2014-12-04","Lula  Daniels","Sunbell",3,24,72]
["2014-04-26","Austin  Reynolds","Carlota",2,21.95,43.9]
["2013-12-01","Salvador  Bass","Aspen",1,21,21]
["2013-12-11","Pauline  Beck","Aspen",3,21,63]
["2014-08-16","Elaine  Ellis","Sunshine",1,19.95,19.95]
["2013-12-07","Christina  Fuller","Quad",2,34,68]
["2014-11-10","Herman  Williams","Quad",3,32,96]
["2014-12-22","Salvador  Bass","Sunshine",1,19.95,19.95]
["2013-12-29","Herman  Williams","Bellen",4,21.95,87.8]
["2013-11-15","Drew  Rogers","Carlota",3,22.95,68.849999999999994]
["2014-12-13","Joey  Wong","Majestic Beaut",1,30,30]
["2014-06-08","Blake  Bridges","Sunshine",5,19.95,99.75]
["2014-12-30","Lorraine  Gibson","Majestic Beaut",2,28,56]
["2013-11-02","Mable  Lindsey","Majestic Beaut",3,30,90]
["2014-11-10","Lee  Mack","Quad",2,33,66]
["2014-12-18","Max  Rodgers","Bellen",2,22.95,45.9]
["2014-11-04","Ruben  Nunez","Bellen",1,22.95,22.95]
["2013-12-11","Edwin  Malone","Sunshine",3,18.95,56.85]
["2014-11-18","Lance  Yates","Doublers",2,79.95,159.9]
["2014-12-23","Tiffany  May","Carlota",3,22.95,68.849999999999994]
["2013-11-10","Tracy  Reed","Quad",1,33,33]
["2014-07-24","Bobbie  Ryan","Quad",3,32,96]
["2014-10-14","Max  Rodgers","Majestic Beaut",2,30,60]
["2013-12-15","Kyle  Carr","Majestic Beaut",2,29,58]
["2013-01-28","Rachel  Gomez","Bellen",1,22.95,22.95]
["2013-11-02","Fernando  Rowe","Bellen",3,22.95,68.849999999999994]
["2014-11-16","Austin  Reynolds","Bellen",1,21.95,21.95]
["2013-12-09","Isabel  Cross","Sunset",1,22.5,22.5]
["2013-12-02","Tiffany  May","Sunshine",1,19.95,19.95]
["2013-11-25","Trevor  Jones","Crested Beaut",3,25,75]
["2013-11-25","Kyle  Carr","Sunbell",2,24,48]
["2014-11-18","Ellen  Weaver","Quad",1,33,33]
["2013-11-13","Trevor  Jones","V-Rang",4,19,76]
["2013-11-24","Brooke  Horton","Majestic Beaut",1,29,29]
["2014-06-11","Drew  Rogers","Crested Beaut",3,24,72]
["2014-09-13","Cecilia  Manning","FlatTop",20,25.18,503.6]
["2014-09-27","Edwin  Malone","Sunshine",1,18.95,18.95]
["2013-11-22","Isabel  Cross","Crested Beaut",1,23,23]
["2013-11-28","Christina  Fuller","Aspen",2,21,42]
["2014-12-27","Shari  Silva","Sunbell",17,22.8,387.6]
["2013-11-19","Ruben  Nunez","Sunset",13,22.33,290.29000000000002]
["2014-11-17","Joey  Wong","Majestic Beaut",2,30,60]
["2013-04-10","Ruben  Nunez","Aspen",3,21,63]
["2013-11-16","Guillermo  Potter","Carlota",3,22.95,68.849999999999994]
["2013-12-12","Ben  Perez","Sunshine",3,19.95,59.85]
["2014-12-06","Bobbie  Ryan","Sunbell",2,23,46]
["2014-12-29","Robert  Munoz","Sunbell",3,24,72]
["2013-11-13","Cindy  Becker","Sunshine",2,19.95,39.9]
["2014-11-07","Drew  Rogers","Quad",3,33,99]
["2014-11-11","Isabel  Cross","Quad",1,32,32]
["2013-12-15","Della  Jensen","Quad",1,32,32]
["2013-12-11","Sonya  Mullins","Crested Beaut",3,23,69]
["2014-11-06","Della  Jensen","Bellen",1,21.95,21.95]
["2013-07-22","Tracy  Reed","Quad",3,33,99]
["2014-07-15","Eric  Rose","Carlota",2,22.95,45.9]
["2013-12-20","Tiffany  May","Quad",1,34,34]
["2013-11-30","Della  Jensen","Quad",2,32,64]
["2014-11-14","Shari  Silva","Quad",2,33,66]
["2014-04-18","Pauline  Beck","Quad",2,34,68]
["2014-01-04","Kyle  Carr","Crested Beaut",2,24,48]
["2013-11-03","Drew  Rogers","Sunset",1,23.5,23.5]
["2014-02-28","Iris  Underwood","Carlota",3,22.95,68.849999999999994]
["2014-01-10","Carla  Mccormick","Sunshine",24,18.95,454.8]
["2014-11-23","Elvira  Bowman","Sunbell",1,24,24]
["2013-03-07","Rachel  Gomez","Crested Beaut",2,24,48]
["2014-12-11","Kyle  Carr","Quad",4,33,132]
["2014-11-10","Pauline  Beck","Sunbell",20,23.75,475]
["2014-12-26","Mable  Lindsey","Bellen",3,22.95,68.849999999999994]
["2014-11-09","Shari  Silva","FlatTop",2,26.5,53]
["2014-11-23","Ben  Perez","Carlota",3,22.95,68.849999999999994]
["2014-12-31","Eric  Rose","Carlota",3,22.95,68.849999999999994]
["2013-12-07","Shari  Silva","Carlota",22,21.8,479.6]
["2014-01-14","Salvador  Bass","Bellen",12,21.8,261.60000000000002]
["2013-12-18","Joey  Wong","Bellen",3,22.95,68.849999999999994]
["2013-12-17","Robert  Munoz","Sunshine",3,19.95,59.85]
["2014-11-16","Ben  Perez","Sunbell",1,25,25]
["2014-04-11","Beth  Tucker","Quad",2,34,68]
["2014-11-01","Lance  Yates","Sunshine",5,19.95,99.75]
["2013-03-28","Cindy  Becker","Sunshine",1,19.95,19.95]
["2014-07-03","Cecilia  Manning","Sunshine",4,19.95,79.8]
["2014-11-03","Max  Rodgers","Sunshine",3,19.95,59.85]
["2013-10-24","Herman  Williams","Sunbell",3,23,69]
["2013-11-07","Eddie  Green","Quad",1,32,32]
["2014-11-05","Elaine  Ellis","Sunbell",3,24,72]
["2014-11-28","Andrew  Meyer","Carlota",3,22.95,68.849999999999994]
["2014-12-27","Ben  Perez","Majestic Beaut",2,30,60]
["2014-12-17","Rachel  Gomez","Sunshine",25,18.95,473.75]
["2014-11-13","Lee  Mack","Sunset",2,23.5,47]
["2013-12-03","Salvador  Bass","Crested Beaut",3,25,75]
["2014-04-06","Donna  Reid","Quad",3,34,102]
["2013-08-29","Max  Rodgers","Sunshine",3,19.95,59.85]
["2013-11-26","Cindy  Becker","Crested Beaut",3,24,72]
["2013-11-26","Colleen  Warren","Carlota",2,22.95,45.9]
["2013-05-06","Lynette  Brewer","Carlota",3,22.95,68.849999999999994]
["2013-12-29","Ruben  Nunez","Bellen",3,22.95,68.849999999999994]
["2014-12-11","Fernando  Rowe","Quad",1,34,34]
["2014-12-06","Austin  Reynolds","Crested Beaut",1,23,23]
["2013-11-04","Bernadette  Page","Quad",1,33,33]
["2014-06-06","Ivan  Adkins","Sunbell",2,25,50]
["2013-12-04","Brooke  Horton","Sunshine",2,19.95,39.9]
["2013-11-23","Peter  Hodges","Bellen",2,22.95,45.9]
["2014-12-02","Cecilia  Manning","Sunshine",1,19.95,19.95]
["2013-12-14","Lynette  Brewer","Crested Beaut",1,24,24]
["2014-11-09","Cassandra  Franklin","Crested Beaut",11,22.8,250.8]
["2014-12-11","Cassandra  Franklin","Sunbell",2,24,48]
["2013-12-14","Donna  Reid","Carlota",3,22.95,68.849999999999994]
["2013-05-25","Kyle  Carr","Quad",2,33,66]
["2014-12-20","Paulette  Spencer","Carlota",2,22.95,45.9]
["2013-05-03","Edwin  Malone","Carlota",1,21.95,21.95]
["2013-09-13","Lorraine  Gibson","Sunshine",14,18,252]
["2013-12-19","Max  Rodgers","Carlota",2,22.95,45.9]
["2014-11-02","Cassandra  Franklin","Doublers",3,79.95,239.85]
["2014-05-05","Cassandra  Franklin","Quad",3,33,99]
["2014-12-15","Guillermo  Potter","Carlota",1,22.95,22.95]
["2013-11-19","Eddie  Green","Sunshine",3,18.95,56.85]
["2014-11-15","Don  Gonzales","Carlota",1,22.95,22.95]
["2013-12-09","Max  Rodgers","Bellen",1,22.95,22.95]
["2014-11-07","Elaine  Ellis","Doublers",1,77.95,77.95]
["2014-12-21","Cassandra  Franklin","Bellen",1,22.95,22.95]
["2014-03-05","Elaine  Ellis","Bellen",1,22.95,22.95]
["2014-12-06","Ellen  Weaver","Sunshine",2,19.95,39.9]
["2013-11-22","Christina  Fuller","Carlota",2,22.95,45.9]
["2013-12-14","Kyle  Carr","FlatTop",1,27.5,27.5]
["2014-12-20","Lee  Mack","Bellen",3,22.95,68.849999999999994]
["2014-01-21","Trevor  Jones","Quad",1,34,34]
["2013-11-26","Beth  Tucker","Bellen",2,22.95,45.9]
["2013-01-16","Guillermo  Potter","Sunset",2,23.5,47]
["2013-11-06","Ivan  Adkins","Sunshine",2,19.95,39.9]
["2014-08-10","Herman  Williams","Sunshine",2,18.95,37.9]
["2013-12-24","Cassandra  Franklin","Sunshine",2,19.95,39.9]
["2014-09-10","Johanna  Boone","Carlota",2,22.95,45.9]
["2013-06-30","Kyle  Carr","Carlota",14,21.8,305.2]
["2014-11-30","Felicia  Jennings","Sunset",3,23.5,70.5]
["2013-12-03","Edwin  Malone","Majestic Beaut",2,28,56]
["2013-12-13","Rachel  Gomez","Sunshine",2,19.95,39.9]
["2013-11-27","Colleen  Warren","FlatTop",2,27.5,55]
["2014-11-24","Marian  Hill","V-Rang",1,18,18]
["2013-09-21","Tiffany  May","Majestic Beaut",3,30,90]
["2014-12-06","Jenny  Garcia","FlatTop",1,27.5,27.5]
["2014-12-25","Nellie  Joseph","Quad",2,32,64]
["2014-12-16","Salvador  Bass","Majestic Beaut",3,30,90]
["2014-12-16","Cassandra  Franklin","Carlota",3,22.95,68.849999999999994]
["2014-07-09","Peter  Hodges","Sunshine",2,19.95,39.9]
["2013-11-04","Andrew  Meyer","Carlota",2,22.95,45.9]
["2013-11-06","Austin  Reynolds","Sunshine",1,18.95,18.95]
["2014-12-14","Fernando  Rowe","Carlota",2,22.95,45.9]
["2014-11-13","Lorraine  Gibson","Aspen",2,19,38]
["2013-11-12","Drew  Rogers","Sunbell",3,24,72]
["2014-12-19","Ellen  Weaver","Sunbell",3,24,72]
["2014-12-18","Andrew  Meyer","Crested Beaut",2,25,50]
["2013-11-10","Dan  Peterson","Doublers",3,79.95,239.85]
["2014-11-05","Edwin  Malone","Quad",2,32,64]
["2014-12-15","Elvira  Bowman","Aspen",2,20,40]
["2014-11-21","Guillermo  Potter","Quad",2,33,66]
["2013-11-30","Bernadette  Page","Sunshine",3,19.95,59.85]
["2013-12-08","Brooke  Horton","Bellen",2,22.95,45.9]
["2013-11-07","Drew  Rogers","Majestic Beaut",3,29,87]
["2014-03-05","Isabel  Cross","Sunset",2,22.5,45]
["2014-12-31","Woodrow  Colon","Bellen",1,22.95,22.95]
["2014-04-20","Carla  Mccormick","V-Rang",3,18,54]
["2013-12-16","Trevor  Jones","Bellen",3,22.95,68.849999999999994]
["2014-11-18","Cindy  Becker","Carlota",2,22.95,45.9]
["2013-12-18","Johanna  Boone","Quad",3,33,99]
["2013-07-01","Cecilia  Manning","Sunbell",2,24,48]
["2013-01-31","Edwin  Malone","Carlota",1,21.95,21.95]
["2013-10-28","Eric  Rose","Bellen",1,22.95,22.95]
["2013-10-13","Iris  Underwood","Aspen",3,21,63]
["2014-11-27","Nellie  Joseph","Sunbell",1,23,23]
["2013-06-13","Lance  Yates","Crested Beaut",1,24,24]
["2014-11-25","Marion  Glover","Sunshine",6,18.95,113.7]
["2013-12-03","Della  Jensen","Quad",2,32,64]
["2014-12-02","Paulette  Spencer","Quad",25,31.35,783.75]
["2013-04-13","Mable  Lindsey","Sunshine",3,19.95,59.85]
["2014-11-29","Allan  Ramos","Quad",2,33,66]
["2013-10-17","Della  Jensen","Aspen",3,19,57]
["2014-11-04","Johanna  Boone","Carlota",2,22.95,45.9]
["2013-11-15","Jaime  Pearson","Quad",3,33,99]
["2014-05-23","Drew  Rogers","Sunshine",1,19.95,19.95]
["2014-02-04","Cassandra  Franklin","Quad",1,33,33]
["2013-11-30","Elbert  Klein","Sunset",1,22.5,22.5]
["2013-07-14","Ernest  Davis","Sunset",3,23.5,70.5]
["2014-12-04","Woodrow  Colon","FlatTop",2,26.5,53]
["2014-07-29","Ben  Perez","Sunshine",2,19.95,39.9]
["2013-04-12","Blake  Bridges","Quad",1,33,33]
["2013-12-29","Shari  Silva","Sunset",2,22.5,45]
["2013-12-08","Austin  Reynolds","Carlota",2,21.95,43.9]
["2014-12-31","Brooke  Horton","V-Rang",1,18,18]
["2013-05-07","Cindy  Becker","Quad",21,31.35,658.35]
["2014-12-15","Woodrow  Colon","Carlota",3,22.95,68.849999999999994]
["2014-10-02","Salvador  Bass","Bellen",1,22.95,22.95]
["2013-11-21","Max  Rodgers","Carlota",3,22.95,68.849999999999994]
["2013-12-24","Shari  Silva","Sunbell",3,24,72]
["2013-09-16","Bobbie  Ryan","Majestic Beaut",2,28,56]
["2013-12-25","Lula  Daniels","V-Rang",2,18,36]
["2013-11-17","Della  Jensen","Sunset",4,22.5,90]
["2013-12-17","Bernadette  Page","Quad",3,33,99]
["2013-12-22","Edwin  Malone","Sunbell",4,23,92]
["2013-11-17","Tiffany  May","Aspen",3,21,63]
["2013-11-22","Donna  Reid","Sunshine",2,19.95,39.9]
["2013-06-11","Fernando  Rowe","Sunshine",1,19.95,19.95]
["2013-12-19","Colleen  Warren","FlatTop",18,26.13,470.34]
["2014-01-22","Johanna  Boone","Sunset",1,22.5,22.5]
["2014-06-22","Woodrow  Colon","FlatTop",3,26.5,79.5]
["2013-11-26","Sonya  Mullins","Crested Beaut",2,23,46]
["2014-11-02","Fernando  Rowe","Sunbell",2,25,50]
["2013-11-24","Pauline  Beck","Quad",1,34,34]
["2014-11-08","Fernando  Rowe","Crested Beaut",2,25,50]
["2013-12-08","Shari  Silva","Carlota",22,21.8,479.6]
["2013-12-07","Drew  Rogers","Sunbell",2,24,48]
["2013-12-01","Johanna  Boone","Sunshine",2,19.95,39.9]
["2013-11-26","Sylvester  Morales","Quad",1,34,34]
["2014-11-15","Kyle  Carr","Sunbell",2,24,48]
["2014-12-27","Sylvester  Morales","Bellen",1,22.95,22.95]
["2014-12-16","Lance  Yates","Sunshine",1,19.95,19.95]
["2014-10-20","Jaime  Pearson","Majestic Beaut",1,29,29]
["2013-02-20","Shari  Silva","Sunbell",3,24,72]
["2014-12-07","Eric  Rose","Sunbell",1,25,25]
["2013-11-23","Isabel  Cross","Sunbell",2,23,46]
["2013-06-11","Marian  Hill","Carlota",3,22.95,68.849999999999994]
["2013-11-08","Peter  Hodges","Sunset",1,23.5,23.5]
["2013-11-08","Iris  Underwood","Majestic Beaut",3,30,90]
["2013-12-15","Lynette  Brewer","Carlota",3,22.95,68.849999999999994]
["2014-12-29","Bernadette  Page","Carlota",1,22.95,22.95]
["2013-11-16","Guillermo  Potter","Bellen",2,22.95,45.9]
["2014-12-09","Elvira  Bowman","Sunbell",1,24,24]
["2014-10-17","Elvira  Bowman","Majestic Beaut",25,27.55,688.75]
["2013-11-15","Austin  Reynolds","Sunshine",1,18.95,18.95]
["2014-12-13","Trevor  Jones","Sunshine",3,19.95,59.85]
["2013-06-11","Tiffany  May","Sunbell",3,25,75]
["2013-12-13","Salvador  Bass","Quad",18,32.299999999999997,581.4]
["2014-12-28","Shari  Silva","Sunbell",1,24,24]
["2013-12-03","Dan  Peterson","Crested Beaut",1,24,24]
["2013-02-11","Johanna  Boone","Sunshine",4,19.95,79.8]
["2014-11-19","Drew  Rogers","Bellen",3,22.95,68.849999999999994]
["2013-12-14","Mable  Lindsey","Sunshine",2,19.95,39.9]
["2013-11-17","Billie  Chandler","Majestic Beaut",4,29,116]
["2014-05-09","Marian  Hill","Crested Beaut",3,24,72]
["2013-12-08","Elaine  Ellis","Quad",1,33,33]
["2014-11-05","Johanna  Boone","Bellen",3,22.95,68.849999999999994]
["2013-12-04","Austin  Reynolds","Carlota",1,21.95,21.95]
["2014-07-17","Shari  Silva","Bellen",2,22.95,45.9]
["2014-12-10","Guillermo  Potter","Majestic Beaut",2,29,58]
["2014-11-12","Peter  Hodges","Quad",4,33,132]
["2014-11-06","Sandra  Floyd","Aspen",1,20,20]
["2013-12-04","Ernest  Davis","Crested Beaut",2,25,50]
["2013-11-26","Mable  Lindsey","Sunshine",1,19.95,19.95]
["2014-01-24","Tracy  Reed","Aspen",2,20,40]
["2013-12-30","Allan  Ramos","Quad",1,33,33]
["2013-02-21","Johanna  Boone","Crested Beaut",3,24,72]
["2014-08-08","Bobbie  Ryan","Carlota",2,21.95,43.9]
["2013-11-28","Austin  Reynolds","Sunbell",2,23,46]
["2013-12-18","Donna  Reid","Sunbell",2,25,50]
["2014-09-15","Sonya  Mullins","Sunshine",1,18.95,18.95]
["2013-07-12","Isabel  Cross","Sunset",3,22.5,67.5]
["2013-11-14","Mable  Lindsey","Sunset",3,23.5,70.5]
["2014-12-15","Mable  Lindsey","Sunshine",3,19.95,59.85]
["2013-11-11","Willie  Vega","Sunshine",2,19.95,39.9]
["2013-12-24","Willie  Vega","Bellen",1,22.95,22.95]
["2013-11-02","Bobbie  Ryan","Majestic Beaut",1,28,28]
["2014-12-30","Eddie  Green","Bellen",3,21.95,65.849999999999994]
["2013-12-12","Edwin  Malone","Crested Beaut",3,23,69]
["2013-02-13","Salvador  Bass","Sunshine",3,19.95,59.85]
["2014-12-20","Bethany  Pena","Sunshine",3,19.95,59.85]
["2013-05-30","Billie  Chandler","Quad",1,33,33]
["2014-09-01","Robert  Munoz","Majestic Beaut",3,29,87]
["2013-08-31","Bobbie  Ryan","Majestic Beaut",3,28,84]
["2014-08-25","Ernest  Davis","Sunshine",2,19.95,39.9]
["2013-12-06","Drew  Rogers","Bellen",17,21.8,370.6]
["2014-12-30","Cassandra  Franklin","Sunshine",3,19.95,59.85]
["2013-12-10","Salvador  Bass","Bellen",1,22.95,22.95]
["2013-12-09","Elaine  Ellis","Sunshine",3,19.95,59.85]
["2013-08-04","Marion  Glover","Quad",3,32,96]
["2014-09-15","Drew  Rogers","Sunbell",2,24,48]
["2014-12-13","Shari  Silva","Bellen",3,22.95,68.849999999999994]
["2013-02-11","Lula  Daniels","Majestic Beaut",18,27.55,495.9]
["2014-12-26","Billie  Chandler","Sunset",18,22.33,401.94]
["2014-06-17","Cecilia  Manning","Bellen",2,22.95,45.9]
["2013-12-17","Jaime  Pearson","Sunbell",3,24,72]
["2013-12-23","Tiffany  May","Bellen",2,22.95,45.9]
["2013-12-26","Brooke  Horton","Bellen",4,22.95,91.8]
["2014-11-27","Andrew  Meyer","Sunshine",3,19.95,59.85]
["2014-08-13","Ivan  Adkins","Majestic Beaut",15,28.5,427.5]
["2013-11-11","Johanna  Boone","Aspen",3,20,60]
["2014-09-12","Max  Rodgers","Sunset",3,23.5,70.5]
["2013-12-08","Ellen  Weaver","Majestic Beaut",18,27.55,495.9]
["2014-12-01","Dan  Peterson","FlatTop",4,27.5,110]
["2014-11-14","Edwin  Malone","Carlota",20,20.85,417]
["2013-11-17","Brooke  Horton","Doublers",2,79.95,159.9]
["2014-12-08","Jenny  Garcia","Doublers",2,79.95,159.9]
["2013-12-17","Max  Rodgers","Bellen",12,21.8,261.60000000000002]
["2013-11-28","Fernando  Rowe","Crested Beaut",2,25,50]
["2014-12-24","Andrew  Meyer","FlatTop",1,27.5,27.5]
["2013-10-05","Elbert  Klein","Quad",1,33,33]
["2013-11-20","Donna  Reid","Sunset",1,23.5,23.5]
["2013-08-06","Brooke  Horton","Sunshine",1,19.95,19.95]
["2014-08-18","Lorraine  Gibson","Quad",2,32,64]
["2014-11-07","Cindy  Becker","Bellen",23,21.8,501.4]
["2014-12-08","Kyle  Carr","Sunshine",2,19.95,39.9]
["2014-11-04","Isabel  Cross","Carlota",2,21.95,43.9]
["2013-11-27","Blake  Bridges","Crested Beaut",2,24,48]
["2013-11-05","Marian  Hill","Aspen",1,20,20]
["2013-12-05","Sonya  Mullins","Sunbell",2,23,46]
["2014-12-11","Della  Jensen","Bellen",3,21.95,65.849999999999994]
["2014-12-04","Andrew  Meyer","Majestic Beaut",2,30,60]
["2013-11-04","Isabel  Cross","Sunbell",3,23,69]
["2014-11-17","Iris  Underwood","Sunset",3,23.5,70.5]
["2013-01-27","Cindy  Becker","Carlota",2,22.95,45.9]
["2013-11-06","Cecilia  Manning","Quad",3,33,99]
["2013-12-13","Elvira  Bowman","Sunshine",1,19.95,19.95]
["2014-03-02","Marian  Hill","Bellen",1,22.95,22.95]
["2014-11-24","Ernest  Davis","Carlota",2,22.95,45.9]
["2013-11-06","Johanna  Boone","Sunbell",3,24,72]
["2013-12-02","Ivan  Adkins","Sunshine",3,19.95,59.85]
["2013-12-27","Eric  Rose","Majestic Beaut",2,30,60]
["2013-01-24","Robert  Munoz","Majestic Beaut",2,29,58]
["2014-11-09","Dan  Peterson","Sunshine",3,19.95,59.85]
["2014-11-01","Bobbie  Ryan","Bellen",2,21.95,43.9]
["2013-01-14","Brooke  Horton","Carlota",15,21.8,327]
["2014-09-16","Robert  Munoz","Sunbell",3,24,72]
["2013-12-26","Paulette  Spencer","V-Rang",2,18,36]
["2014-12-06","Edwin  Malone","Bellen",3,21.95,65.849999999999994]
["2014-12-23","Sonya  Mullins","Bellen",2,21.95,43.9]
["2013-05-14","Lula  Daniels","Bellen",1,22.95,22.95]
["2013-05-10","Paulette  Spencer","Sunbell",3,24,72]
["2014-12-20","Sonya  Mullins","Quad",3,32,96]
["2013-05-18","Salvador  Bass","Majestic Beaut",1,30,30]
["2013-11-10","Elvira  Bowman","Bellen",2,22.95,45.9]
["2014-12-10","Sonya  Mullins","Sunshine",1,18.95,18.95]
["2014-11-07","Ellen  Weaver","Bellen",2,22.95,45.9]
["2014-02-22","Guillermo  Potter","Bellen",2,22.95,45.9]
["2014-12-14","Bobbie  Ryan","Bellen",1,21.95,21.95]
["2014-12-01","Della  Jensen","Carlota",1,21.95,21.95]
["2014-11-24","Lance  Yates","Bellen",2,22.95,45.9]
["2014-08-26","Joey  Wong","Sunshine",2,19.95,39.9]
["2014-02-08","Eddie  Green","Carlota",3,21.95,65.849999999999994]
["2014-12-21","Lee  Mack","Doublers",2,79.95,159.9]
["2014-03-29","Brooke  Horton","Aspen",3,20,60]
["2013-11-23","Andrew  Meyer","Quad",1,34,34]
["2013-11-24","Marion  Glover","Crested Beaut",3,23,69]
["2014-12-24","Guillermo  Potter","Quad",2,33,66]
["2014-04-19","Edwin  Malone","Bellen",2,21.95,43.9]
["2013-11-12","Peter  Hodges","Doublers",2,79.95,159.9]
["2013-11-26","Mable  Lindsey","Doublers",2,79.95,159.9]
["2014-11-05","Salvador  Bass","Sunshine",2,19.95,39.9]
["2013-06-08","Kyle  Carr","Quad",20,31.35,627]
["2014-04-08","Arturo  Francis","Doublers",3,75.95,227.85]
["2014-11-08","Joey  Wong","Sunset",3,23.5,70.5]
["2014-11-16","Sonya  Mullins","Sunshine",2,18.95,37.9]
["2013-12-15","Lee  Mack","Sunset",3,23.5,70.5]
["2013-04-02","Lula  Daniels","Sunset",3,23.5,70.5]
["2014-12-14","Christy  Olson","Quad",3,34,102]
["2013-04-13","Ruben  Nunez","Bellen",2,22.95,45.9]
["2014-11-28","Don  Gonzales","Majestic Beaut",3,29,87]
["2013-12-01","Nellie  Joseph","Aspen",2,19,38]
["2013-07-19","Marian  Hill","V-Rang",1,18,18]
["2013-11-13","Shari  Silva","Carlota",2,22.95,45.9]
["2014-08-22","Cassandra  Franklin","Quad",2,33,66]
["2014-04-26","Lee  Mack","Sunshine",2,19.95,39.9]
["2013-11-20","Christy  Olson","Carlota",2,22.95,45.9]
["2014-12-13","Della  Jensen","Sunbell",3,23,69]
["2013-12-16","Max  Rodgers","V-Rang",2,19,38]
["2013-10-05","Iris  Underwood","Sunshine",2,19.95,39.9]
["2014-08-14","Elbert  Klein","V-Rang",2,18,36]
["2014-12-26","Drew  Rogers","Carlota",2,22.95,45.9]
["2014-11-25","Trevor  Jones","Sunshine",1,19.95,19.95]
["2014-01-08","Rachel  Gomez","Carlota",18,21.8,392.4]
["2013-12-11","Cecilia  Manning","Bellen",13,21.8,283.39999999999998]
["2014-02-25","Della  Jensen","Carlota",3,21.95,65.849999999999994]
["2013-02-17","Salvador  Bass","Sunshine",3,19.95,59.85]
["2014-11-18","Lula  Daniels","Aspen",2,20,40]
["2013-11-20","Bernadette  Page","Majestic Beaut",3,29,87]
["2014-11-03","Brooke  Horton","Majestic Beaut",1,29,29]
["2014-11-03","Paulette  Spencer","Bellen",1,22.95,22.95]
["2014-12-03","Rachel  Gomez","Bellen",25,21.8,545]
["2013-11-14","Lorraine  Gibson","Bellen",1,21.95,21.95]
["2013-12-29","Cindy  Becker","Carlota",1,22.95,22.95]
["2014-11-19","Isabel  Cross","Sunshine",1,18.95,18.95]
["2014-07-23","Eric  Rose","Crested Beaut",2,25,50]
["2013-11-25","Rachel  Gomez","Quad",3,33,99]
["2013-04-09","Billie  Chandler","Carlota",1,22.95,22.95]
["2014-09-15","Joey  Wong","Majestic Beaut",2,30,60]
["2013-12-21","Cindy  Becker","Quad",1,33,33]
["2014-12-01","Jenny  Garcia","Sunbell",1,24,24]
["2013-11-11","Jaime  Pearson","Quad",2,33,66]
["2014-02-18","Dan  Peterson","Crested Beaut",3,24,72]
["2014-11-22","Lula  Daniels","Bellen",2,22.95,45.9]
["2014-11-16","Jenny  Garcia","Majestic Beaut",2,29,58]
["2013-12-12","Guillermo  Potter","Sunbell",2,24,48]
["2014-09-06","Shari  Silva","Quad",3,33,99]
["2014-11-14","Isabel  Cross","Aspen",1,19,19]
["2014-07-12","Mable  Lindsey","Quad",3,34,102]
["2013-11-01","Robert  Munoz","Sunshine",3,19.95,59.85]
["2013-02-27","Isabel  Cross","Carlota",2,21.95,43.9]
["2014-07-01","Cassandra  Franklin","Quad",2,33,66]
["2013-05-31","Rachel  Gomez","Sunset",13,22.33,290.29000000000002]
["2013-11-14","Tracy  Reed","Quad",2,33,66]
["2014-12-24","Kyle  Carr","Sunset",1,23.5,23.5]
["2013-11-01","Drew  Rogers","Aspen",2,20,40]
["2014-11-01","Andrew  Meyer","Sunshine",2,19.95,39.9]
["2013-11-11","Cassandra  Franklin","Bellen",2,22.95,45.9]
["2013-01-15","Elvira  Bowman","Sunbell",3,24,72]
["2014-11-03","Paulette  Spencer","Majestic Beaut",4,29,116]
["2013-02-01","Andrew  Meyer","V-Rang",3,19,57]
["2014-12-21","Robert  Munoz","Quad",4,33,132]
["2013-05-10","Ben  Perez","Carlota",4,22.95,91.8]
["2013-12-14","Willie  Vega","Sunshine",1,19.95,19.95]
["2014-12-03","Joey  Wong","Carlota",18,21.8,392.4]
["2014-08-27","Cindy  Becker","Sunshine",3,19.95,59.85]
["2013-10-27","Jenny  Garcia","Carlota",1,22.95,22.95]
["2014-11-10","Bethany  Pena","Quad",2,33,66]
["2013-01-25","Rachel  Gomez","Bellen",3,22.95,68.849999999999994]
["2013-12-09","Ellen  Weaver","Crested Beaut",2,24,48]
["2014-05-20","Della  Jensen","Sunshine",2,18.95,37.9]
["2013-12-20","Della  Jensen","Sunshine",4,18.95,75.8]
["2013-11-03","Willie  Vega","Aspen",3,20,60]
["2013-11-13","Tiffany  May","Sunbell",17,23.75,403.75]
["2014-12-27","Christina  Fuller","Crested Beaut",2,25,50]
["2013-12-07","Salvador  Bass","V-Rang",2,19,38]
["2014-11-26","Bethany  Pena","Quad",2,33,66]
["2013-12-06","Robert  Munoz","Carlota",2,22.95,45.9]
["2013-11-05","Sandra  Floyd","Bellen",1,22.95,22.95]
["2014-11-28","Andrew  Meyer","Sunshine",1,19.95,19.95]
["2013-12-30","Iris  Underwood","Quad",1,34,34]
["2014-11-08","Peter  Hodges","Aspen",2,20,40]
["2014-12-27","Max  Rodgers","FlatTop",24,26.13,627.12]
["2013-12-07","Cindy  Becker","Quad",2,33,66]
["2013-12-24","Marian  Hill","Carlota",3,22.95,68.849999999999994]
["2013-11-26","Shari  Silva","V-Rang",12,17.100000000000001,205.2]
["2014-12-01","Ellen  Weaver","Carlota",1,22.95,22.95]
["2013-05-28","Brooke  Horton","Sunbell",2,24,48]
["2013-05-22","Elvira  Bowman","Carlota",2,22.95,45.9]
["2014-11-25","Billie  Chandler","Doublers",2,79.95,159.9]
["2013-12-12","Ben  Perez","Majestic Beaut",3,30,90]
["2014-11-04","Christina  Fuller","Quad",3,34,102]
["2013-03-09","Ellen  Weaver","Sunbell",3,24,72]
["2014-04-04","Elbert  Klein","Doublers",2,77.95,155.9]
["2013-11-01","Blake  Bridges","Quad",2,33,66]
["2014-06-22","Austin  Reynolds","Sunset",3,22.5,67.5]
["2013-11-10","Edwin  Malone","Sunshine",3,18.95,56.85]
["2013-11-18","Elvira  Bowman","Sunshine",1,19.95,19.95]
["2014-12-02","Isabel  Cross","Sunbell",2,23,46]
["2013-11-12","Ben  Perez","Crested Beaut",3,25,75]
["2013-11-14","Cecilia  Manning","Sunbell",3,24,72]
["2013-05-06","Brooke  Horton","Carlota",1,22.95,22.95]
["2013-11-06","Iris  Underwood","Carlota",3,22.95,68.849999999999994]
["2013-11-03","Fernando  Rowe","Aspen",2,21,42]
["2014-11-12","Brooke  Horton","V-Rang",3,18,54]
["2014-12-02","Shari  Silva","Aspen",3,20,60]
["2014-12-19","Max  Rodgers","Bellen",2,22.95,45.9]
["2013-11-16","Don  Gonzales","Quad",1,33,33]
["2013-11-07","Lynette  Brewer","Sunbell",1,24,24]
["2013-08-15","Shari  Silva","Bellen",3,22.95,68.849999999999994]
["2014-03-25","Blake  Bridges","Aspen",2,20,40]
["2014-12-09","Eddie  Green","Sunshine",3,18.95,56.85]
["2013-01-17","Marion  Glover","FlatTop",1,26.5,26.5]
["2014-11-15","Lee  Mack","Sunbell",2,24,48]
["2013-03-30","Rachel  Gomez","Carlota",3,22.95,68.849999999999994]
["2013-11-05","Bernadette  Page","Majestic Beaut",3,29,87]
["2014-12-14","Salvador  Bass","Crested Beaut",3,25,75]
["2014-12-27","Rachel  Gomez","Quad",1,33,33]
["2014-12-27","Rachel  Gomez","Quad",3,33,99]
["2013-12-14","Jenny  Garcia","Aspen",3,20,60]
["2013-11-05","Cassandra  Franklin","Bellen",1,22.95,22.95]
["2013-11-29","Elaine  Ellis","Carlota",2,22.95,45.9]
["2014-11-23","Cindy  Becker","Sunshine",2,19.95,39.9]
["2013-01-05","Marian  Hill","Doublers",2,77.95,155.9]
["2013-11-07","Willie  Vega","Quad",3,33,99]
["2014-11-26","Donna  Reid","Quad",2,34,68]
["2013-11-02","Robert  Munoz","Sunbell",2,24,48]
["2013-12-25","Sylvester  Morales","Doublers",3,79.95,239.85]
["2014-11-09","Donna  Reid","Crested Beaut",1,25,25]
["2013-11-24","Mable  Lindsey","Quad",2,34,68]
["2014-11-12","Brooke  Horton","Sunshine",1,19.95,19.95]
["2014-12-14","Elbert  Klein","Sunshine",1,19.95,19.95]
["2014-11-08","Max  Rodgers","V-Rang",2,19,38]
["2013-10-28","Marion  Glover","Quad",1,32,32]
["2013-12-13","Drew  Rogers","Majestic Beaut",3,29,87]
["2013-12-13","Felicia  Jennings","Carlota",3,22.95,68.849999999999994]
["2013-12-20","Guillermo  Potter","Aspen",3,20,60]
["2014-11-03","Allan  Ramos","Sunshine",1,19.95,19.95]
["2014-07-15","Donna  Reid","Sunshine",10,19.95,199.5]
["2014-12-16","Drew  Rogers","Sunbell",3,24,72]
["2014-11-27","Kyle  Carr","Bellen",1,22.95,22.95]
["2013-05-10","Eric  Rose","Quad",3,34,102]
["2013-11-13","Joey  Wong","Bellen",2,22.95,45.9]
["2013-11-18","Bobbie  Ryan","Doublers",2,75.95,151.9]
["2013-09-18","Drew  Rogers","Sunshine",2,19.95,39.9]
["2013-10-29","Austin  Reynolds","Carlota",2,21.95,43.9]
["2013-03-01","Kyle  Carr","Majestic Beaut",1,29,29]
["2013-11-21","Robert  Munoz","Carlota",3,22.95,68.849999999999994]
["2013-12-11","Donna  Reid","Bellen",2,22.95,45.9]
["2013-12-07","Robert  Munoz","Sunshine",2,19.95,39.9]
["2014-12-12","Della  Jensen","Aspen",2,19,38]
["2014-11-02","Cassandra  Franklin","Quad",2,33,66]
["2013-11-21","Johanna  Boone","Bellen",1,22.95,22.95]
["2013-12-19","Allan  Ramos","V-Rang",16,17.100000000000001,273.60000000000002]
["2014-11-20","Elbert  Klein","Sunbell",2,24,48]
["2014-02-03","Lee  Mack","FlatTop",3,27.5,82.5]
["2014-10-03","Andrew  Meyer","Sunshine",2,19.95,39.9]
["2014-12-24","Elvira  Bowman","Doublers",3,79.95,239.85]
["2013-09-26","Trevor  Jones","Carlota",1,22.95,22.95]
["2013-12-19","Mable  Lindsey","Bellen",3,22.95,68.849999999999994]
["2014-08-31","Ruben  Nunez","Carlota",2,22.95,45.9]
["2014-11-04","Ernest  Davis","Aspen",1,21,21]
["2013-11-05","Elaine  Ellis","Sunbell",2,24,48]
["2014-11-04","Don  Gonzales","Bellen",2,22.95,45.9]
["2013-09-01","Cindy  Becker","Sunbell",2,24,48]
["2014-12-20","Christy  Olson","Crested Beaut",19,23.75,451.25]
["2013-02-18","Drew  Rogers","FlatTop",4,27.5,110]
["2013-12-24","Rachel  Gomez","Bellen",2,22.95,45.9]
["2014-12-06","Rachel  Gomez","Quad",2,33,66]
["2013-11-12","Christy  Olson","Quad",3,34,102]
["2013-10-26","Ernest  Davis","Bellen",1,22.95,22.95]
["2013-11-27","Shari  Silva","Quad",1,33,33]
["2014-09-26","Patty  Thompson","Sunshine",3,19.95,59.85]
["2014-11-09","Cassandra  Franklin","Carlota",3,22.95,68.849999999999994]
["2013-11-17","Kyle  Carr","Sunbell",1,24,24]
["2014-11-02","Dan  Peterson","Bellen",3,22.95,68.849999999999994]
["2013-12-01","Ivan  Adkins","Sunset",2,23.5,47]
["2014-11-07","Marion  Glover","FlatTop",3,26.5,79.5]
["2013-02-08","Lorraine  Gibson","Doublers",3,75.95,227.85]
["2014-12-02","Ivan  Adkins","Quad",1,34,34]
["2013-11-21","Kyle  Carr","Bellen",3,22.95,68.849999999999994]
["2013-11-16","Robert  Munoz","Sunbell",3,24,72]
["2013-09-19","Sandra  Floyd","Carlota",3,22.95,68.849999999999994]
["2014-12-05","Sonya  Mullins","Doublers",3,75.95,227.85]
["2014-04-09","Ruben  Nunez","Aspen",3,21,63]
["2014-12-07","Dan  Peterson","Sunbell",2,24,48]
["2013-11-21","Della  Jensen","Carlota",2,21.95,43.9]
["2013-07-08","Carla  Mccormick","Crested Beaut",1,24,24]
["2013-11-25","Cassandra  Franklin","Sunset",18,22.33,401.94]
["2013-12-08","Robert  Munoz","Sunbell",2,24,48]
["2014-11-10","Christina  Fuller","Bellen",1,22.95,22.95]
["2013-11-27","Beth  Tucker","Sunshine",1,19.95,19.95]
["2013-10-26","Patty  Thompson","Sunshine",3,19.95,59.85]
["2013-12-17","Marion  Glover","Sunset",6,22.5,135]
["2014-12-15","Elaine  Ellis","Sunshine",2,19.95,39.9]
["2014-11-26","Cindy  Becker","Doublers",2,77.95,155.9]
["2014-06-07","Cecilia  Manning","FlatTop",2,26.5,53]
["2013-12-28","Salvador  Bass","Quad",2,34,68]
["2013-03-03","Elvira  Bowman","Quad",4,33,132]
["2014-05-05","Shari  Silva","Sunset",2,22.5,45]
["2013-06-17","Donna  Reid","Quad",4,34,136]
["2013-11-28","Arturo  Francis","Sunbell",2,23,46]
["2013-11-26","Woodrow  Colon","Majestic Beaut",1,29,29]
["2013-11-17","Donna  Reid","Majestic Beaut",3,30,90]
["2013-12-13","Mable  Lindsey","Bellen",1,22.95,22.95]
["2013-12-30","Patty  Thompson","Quad",1,34,34]
["2013-11-17","Isabel  Cross","Carlota",2,21.95,43.9]
["2014-09-29","Salvador  Bass","Majestic Beaut",2,30,60]
["2013-02-03","Trevor  Jones","Majestic Beaut",1,30,30]
["2013-06-18","Jenny  Garcia","Carlota",1,22.95,22.95]
["2014-11-29","Allan  Ramos","Majestic Beaut",2,29,58]
["2014-12-13","Arturo  Francis","Sunshine",1,18.95,18.95]
["2014-12-23","Drew  Rogers","Bellen",3,22.95,68.849999999999994]
["2014-12-17","Elvira  Bowman","Sunset",3,23.5,70.5]
["2014-12-01","Blake  Bridges","Quad",2,33,66]
["2014-12-08","Trevor  Jones","FlatTop",1,27.5,27.5]
["2013-12-28","Nellie  Joseph","Sunshine",3,18.95,56.85]
["2014-11-04","Lula  Daniels","Sunshine",21,18.95,397.95]
["2013-11-29","Andrew  Meyer","Sunshine",3,19.95,59.85]
["2013-12-19","Kyle  Carr","Sunshine",3,19.95,59.85]
["2014-09-15","Andrew  Meyer","V-Rang",4,19,76]
["2013-07-07","Shari  Silva","Quad",2,33,66]
["2014-11-16","Marion  Glover","Sunset",2,22.5,45]
["2013-09-15","Ruben  Nunez","Carlota",11,21.8,239.8]
["2013-12-10","Kyle  Carr","Quad",1,33,33]
["2013-11-17","Elaine  Ellis","Sunset",2,22.5,45]
["2014-12-11","Salvador  Bass","Bellen",4,22.95,91.8]
["2013-05-21","Billie  Chandler","Carlota",1,22.95,22.95]
["2014-05-12","Elaine  Ellis","Sunshine",1,19.95,19.95]
["2014-11-10","Iris  Underwood","Majestic Beaut",1,30,30]
["2014-11-28","Marian  Hill","Quad",2,33,66]
["2013-12-11","Sylvester  Morales","Crested Beaut",25,23.75,593.75]
["2013-11-14","Cindy  Becker","Quad",3,33,99]
["2014-11-29","Trevor  Jones","Quad",3,34,102]
["2013-11-17","Jenny  Garcia","Bellen",1,22.95,22.95]
["2014-12-22","Donna  Reid","Quad",2,34,68]
["2013-11-21","Trevor  Jones","Sunshine",2,19.95,39.9]
["2014-12-30","Mable  Lindsey","Quad",3,34,102]
["2014-12-18","Robert  Munoz","Bellen",2,22.95,45.9]
["2014-11-10","Herman  Williams","Aspen",2,19,38]
["2013-12-01","Jenny  Garcia","Carlota",3,22.95,68.849999999999994]
["2013-11-17","Fernando  Rowe","Bellen",1,22.95,22.95]
["2013-11-27","Patty  Thompson","Carlota",5,22.95,114.75]
["2014-12-05","Isabel  Cross","Sunshine",22,18,396]
["2014-11-17","Elvira  Bowman","Crested Beaut",3,24,72]
["2013-11-09","Iris  Underwood","Crested Beaut",3,25,75]
["2014-11-15","Bethany  Pena","Sunset",1,23.5,23.5]
["2014-11-12","Paulette  Spencer","Sunbell",18,22.8,410.4]
["2014-11-20","Robert  Munoz","Sunset",2,23.5,47]
["2013-12-02","Cassandra  Franklin","Doublers",3,79.95,239.85]
["2013-12-02","Ellen  Weaver","Sunshine",4,19.95,79.8]
["2013-12-17","Drew  Rogers","FlatTop",2,27.5,55]
["2014-04-18","Lance  Yates","Carlota",2,22.95,45.9]
["2014-11-27","Shari  Silva","V-Rang",2,18,36]
["2014-11-13","Elaine  Ellis","Sunbell",2,24,48]
["2013-12-22","Woodrow  Colon","Sunset",3,22.5,67.5]
["2014-12-05","Felicia  Jennings","Sunshine",2,19.95,39.9]
["2013-07-03","Eddie  Green","Sunbell",3,23,69]
["2013-10-10","Isabel  Cross","Sunshine",1,18.95,18.95]
["2014-11-23","Edwin  Malone","Crested Beaut",1,23,23]
["2013-11-16","Eric  Rose","Crested Beaut",2,25,50]
["2014-11-23","Ruben  Nunez","Carlota",2,22.95,45.9]
["2013-11-29","Edwin  Malone","Sunbell",2,23,46]
["2014-11-28","Guillermo  Potter","Aspen",3,20,60]
["2013-11-12","Kyle  Carr","V-Rang",1,18,18]
["2014-12-31","Guillermo  Potter","Sunset",3,23.5,70.5]
["2014-02-07","Austin  Reynolds","Crested Beaut",1,23,23]
["2013-04-26","Lance  Yates","Carlota",3,22.95,68.849999999999994]
["2013-05-20","Cassandra  Franklin","Carlota",2,22.95,45.9]
["2014-01-15","Lorraine  Gibson","Bellen",1,21.95,21.95]
["2014-06-15","Mable  Lindsey","Bellen",5,22.95,114.75]
["2014-03-22","Lorraine  Gibson","Sunbell",2,23,46]
["2013-04-08","Robert  Munoz","Majestic Beaut",3,29,87]
["2014-11-26","Johanna  Boone","Doublers",16,74.05,1184.8]
["2014-11-07","Isabel  Cross","Crested Beaut",3,23,69]
["2014-12-10","Shari  Silva","Sunbell",1,24,24]
["2013-01-17","Ernest  Davis","Sunshine",1,19.95,19.95]
["2014-12-05","Isabel  Cross","Crested Beaut",1,23,23]
["2013-11-17","Trevor  Jones","Sunbell",2,25,50]
["2013-11-16","Charlie  Wood","Quad",1,33,33]
["2013-11-28","Ruben  Nunez","Carlota",3,22.95,68.849999999999994]
["2014-11-11","Pauline  Beck","Sunshine",2,19.95,39.9]
["2014-12-31","Drew  Rogers","Sunbell",1,24,24]
["2014-11-02","Pauline  Beck","Doublers",1,79.95,79.95]
["2013-12-24","Isabel  Cross","Aspen",3,19,57]
["2014-12-28","Christy  Olson","Crested Beaut",2,25,50]
["2013-02-21","Eddie  Green","Bellen",1,21.95,21.95]
["2014-12-30","Isabel  Cross","Sunbell",19,21.85,415.15]
["2013-09-30","Sylvester  Morales","Sunbell",2,25,50]
["2013-11-26","Jenny  Garcia","Sunset",2,23.5,47]
["2013-07-13","Kyle  Carr","Sunshine",1,19.95,19.95]
["2014-07-22","Woodrow  Colon","Doublers",3,77.95,233.85]
["2014-12-29","Christina  Fuller","Carlota",1,22.95,22.95]
["2014-04-09","Elaine  Ellis","Aspen",3,20,60]
["2013-11-26","Shari  Silva","Carlota",3,22.95,68.849999999999994]
["2014-12-21","Salvador  Bass","FlatTop",2,27.5,55]
["2014-11-18","Cecilia  Manning","Sunshine",3,19.95,59.85]
["2013-11-20","Don  Gonzales","Sunbell",2,24,48]
["2014-08-16","Shari  Silva","Sunset",3,22.5,67.5]
["2014-03-27","Salvador  Bass","Sunbell",3,25,75]
["2014-11-03","Brooke  Horton","Quad",2,33,66]
["2013-12-05","Woodrow  Colon","FlatTop",1,26.5,26.5]
["2014-12-31","Cassandra  Franklin","Sunshine",3,19.95,59.85]
["2013-12-22","Willie  Vega","V-Rang",2,18,36]
["2013-12-09","Lula  Daniels","Majestic Beaut",2,29,58]
["2014-11-06","Colleen  Warren","Majestic Beaut",2,30,60]
["2014-11-25","Max  Rodgers","Carlota",1,22.95,22.95]
["2013-04-11","Dan  Peterson","FlatTop",2,27.5,55]
["2013-08-21","Peter  Hodges","Bellen",2,22.95,45.9]
["2013-11-18","Ernest  Davis","Sunbell",3,25,75]
["2014-12-20","Max  Rodgers","Sunset",22,22.33,491.26]
["2014-11-09","Della  Jensen","Quad",2,32,64]
["2013-02-11","Tracy  Reed","Crested Beaut",3,24,72]
["2013-03-21","Cassandra  Franklin","Majestic Beaut",1,29,29]
["2014-09-12","Allan  Ramos","Sunshine",3,19.95,59.85]
["2013-12-11","Robert  Munoz","Quad",2,33,66]
["2014-12-04","Christy  Olson","Sunbell",2,25,50]
["2013-11-05","Mable  Lindsey","Doublers",2,79.95,159.9]
["2014-12-26","Isabel  Cross","Quad",2,32,64]
["2014-12-11","Robert  Munoz","Bellen",3,22.95,68.849999999999994]
["2014-12-14","Eddie  Green","Aspen",15,18.05,270.75]
["2014-12-07","Dan  Peterson","Carlota",3,22.95,68.849999999999994]
["2014-02-16","Drew  Rogers","V-Rang",4,18,72]
["2013-11-13","Elbert  Klein","Crested Beaut",1,24,24]
["2014-12-26","Robert  Munoz","Aspen",1,20,20]
["2013-12-09","Ivan  Adkins","Bellen",2,22.95,45.9]
["2013-01-03","Trevor  Jones","Doublers",2,79.95,159.9]
["2014-05-02","Cassandra  Franklin","Sunbell",3,24,72]
["2014-11-16","Beth  Tucker","Sunshine",3,19.95,59.85]
["2013-09-10","Iris  Underwood","Quad",2,34,68]
["2014-12-02","Cecilia  Manning","Majestic Beaut",1,29,29]
["2014-11-25","Woodrow  Colon","Quad",2,33,66]
["2014-11-26","Dan  Peterson","Quad",1,33,33]
["2013-11-29","Max  Rodgers","Bellen",3,22.95,68.849999999999994]
["2014-10-18","Salvador  Bass","Sunset",9,23.5,211.5]
["2013-06-28","Bethany  Pena","Bellen",3,22.95,68.849999999999994]
["2014-11-19","Carla  Mccormick","Majestic Beaut",1,29,29]
["2014-11-22","Dan  Peterson","Sunbell",3,24,72]
["2013-06-07","Donna  Reid","Sunbell",3,25,75]
["2014-12-10","Marion  Glover","Aspen",3,19,57]
["2014-01-13","Herman  Williams","Majestic Beaut",22,26.6,585.20000000000005]
["2014-09-07","Salvador  Bass","Carlota",3,22.95,68.849999999999994]
["2013-12-12","Tracy  Reed","Sunbell",2,24,48]
["2014-12-19","Eric  Rose","Sunshine",1,19.95,19.95]
["2014-12-27","Mable  Lindsey","Sunshine",1,19.95,19.95]
["2013-11-24","Guillermo  Potter","Quad",1,33,33]
["2014-12-21","Billie  Chandler","Bellen",1,22.95,22.95]
["2014-10-15","Della  Jensen","Sunbell",1,23,23]
["2014-11-14","Jaime  Pearson","Bellen",2,22.95,45.9]
["2013-11-01","Edwin  Malone","Sunshine",1,18.95,18.95]
["2013-01-22","Andrew  Meyer","Carlota",1,22.95,22.95]
["2013-09-04","Austin  Reynolds","Aspen",2,19,38]
["2013-12-18","Andrew  Meyer","V-Rang",5,19,95]
["2014-10-03","Woodrow  Colon","Sunset",3,22.5,67.5]
["2013-10-03","Cassandra  Franklin","Sunbell",2,24,48]
["2014-11-07","Mable  Lindsey","Carlota",2,22.95,45.9]
["2014-12-14","Jenny  Garcia","Sunshine",2,19.95,39.9]
["2013-11-23","Rachel  Gomez","Sunbell",3,24,72]
["2014-03-14","Ellen  Weaver","Majestic Beaut",3,29,87]
["2013-11-26","Marian  Hill","FlatTop",2,26.5,53]
["2014-11-07","Salvador  Bass","Sunshine",2,19.95,39.9]
["2014-11-06","Salvador  Bass","Bellen",2,22.95,45.9]
["2013-12-11","Woodrow  Colon","Bellen",3,22.95,68.849999999999994]
["2013-12-06","Colleen  Warren","Quad",3,34,102]
["2014-03-21","Lynette  Brewer","Quad",1,33,33]
["2013-11-20","Robert  Munoz","Crested Beaut",1,24,24]
["2014-11-06","Cassandra  Franklin","V-Rang",3,18,54]
["2013-12-29","Jenny  Garcia","Carlota",3,22.95,68.849999999999994]
["2013-12-12","Paulette  Spencer","Sunshine",3,19.95,59.85]
["2014-11-19","Jenny  Garcia","Quad",3,33,99]
["2014-03-03","Paulette  Spencer","Sunbell",3,24,72]
["2013-07-15","Isabel  Cross","Bellen",2,21.95,43.9]
["2013-12-01","Guillermo  Potter","Bellen",2,22.95,45.9]
["2013-01-11","Lee  Mack","Sunshine",2,19.95,39.9]
["2013-11-01","Ruben  Nunez","Sunbell",1,25,25]
["2014-07-26","Guillermo  Potter","Majestic Beaut",1,29,29]
["2014-11-26","Ellen  Weaver","Quad",4,33,132]
["2013-11-27","Brooke  Horton","Sunshine",25,18.95,473.75]
["2014-12-24","Sandra  Floyd","Quad",2,33,66]
["2014-12-30","Edwin  Malone","Quad",3,32,96]
["2014-06-11","Carla  Mccormick","Majestic Beaut",3,29,87]
["2014-12-19","Colleen  Warren","Crested Beaut",3,25,75]
["2013-12-13","Peter  Hodges","Carlota",1,22.95,22.95]
["2013-11-26","Mable  Lindsey","Sunshine",1,19.95,19.95]
["2014-12-29","Andrew  Meyer","Majestic Beaut",3,30,90]
["2013-11-07","Cassandra  Franklin","Aspen",21,19,399]
["2014-09-10","Cassandra  Franklin","Bellen",2,22.95,45.9]
["2013-05-23","Lula  Daniels","V-Rang",19,17.100000000000001,324.89999999999998]
["2014-11-21","Blake  Bridges","V-Rang",3,18,54]
["2013-01-10","Peter  Hodges","Doublers",2,79.95,159.9]
["2014-11-06","Salvador  Bass","Sunshine",3,19.95,59.85]
["2014-09-01","Lula  Daniels","Sunshine",1,19.95,19.95]
["2014-03-27","Don  Gonzales","Quad",3,33,99]
["2013-12-25","Lula  Daniels","Sunbell",3,24,72]
["2013-07-09","Herman  Williams","Bellen",1,21.95,21.95]
["2014-08-21","Trevor  Jones","Quad",3,34,102]
["2014-05-27","Carla  Mccormick","Sunset",1,23.5,23.5]
["2013-05-09","Sylvester  Morales","Aspen",2,21,42]
["2013-06-28","Ivan  Adkins","Majestic Beaut",2,30,60]
["2014-12-08","Jenny  Garcia","Majestic Beaut",2,29,58]
["2013-11-18","Marion  Glover","Carlota",2,21.95,43.9]
["2013-11-07","Jenny  Garcia","Bellen",2,22.95,45.9]
["2013-11-23","Della  Jensen","Bellen",3,21.95,65.849999999999994]
["2014-12-04","Ivan  Adkins","Quad",2,34,68]
["2014-12-01","Cindy  Becker","Carlota",11,21.8,239.8]
["2014-12-10","Carla  Mccormick","Majestic Beaut",7,29,203]
["2013-05-16","Bethany  Pena","Aspen",3,20,60]
["2013-12-06","Cassandra  Franklin","Carlota",2,22.95,45.9]
["2014-01-13","Felicia  Jennings","Quad",3,34,102]
["2013-05-22","Sandra  Floyd","Sunshine",2,19.95,39.9]
["2014-04-10","Robert  Munoz","Quad",1,33,33]
["2013-12-15","Lee  Mack","Sunbell",3,24,72]
["2014-12-30","Elbert  Klein","Bellen",2,22.95,45.9]
["2014-12-09","Cecilia  Manning","Bellen",2,22.95,45.9]
["2014-12-22","Salvador  Bass","Carlota",1,22.95,22.95]
["2013-12-26","Andrew  Meyer","FlatTop",2,27.5,55]
["2014-12-06","Charlie  Wood","Sunbell",1,24,24]
["2014-11-06","Marian  Hill","Sunbell",1,24,24]
["2013-11-20","Willie  Vega","Crested Beaut",5,24,120]
["2014-12-17","Cassandra  Franklin","Sunshine",2,19.95,39.9]
["2013-12-18","Cindy  Becker","Sunset",2,22.5,45]
["2014-11-21","Willie  Vega","Doublers",15,75.95,1139.25]
["2014-11-04","Cindy  Becker","Bellen",2,22.95,45.9]
["2014-11-28","Ellen  Weaver","Sunshine",3,19.95,59.85]
["2014-12-22","Tiffany  May","Quad",1,34,34]
["2014-11-07","Christy  Olson","Sunbell",1,25,25]
["2013-11-17","Allan  Ramos","Aspen",1,20,20]
["2014-11-23","Shari  Silva","Carlota",2,22.95,45.9]
["2014-12-04","Drew  Rogers","Carlota",3,22.95,68.849999999999994]
["2014-03-12","Max  Rodgers","Majestic Beaut",1,30,30]
["2013-01-14","Ben  Perez","Carlota",2,22.95,45.9]
["2013-12-24","Sonya  Mullins","Carlota",4,21.95,87.8]
["2014-10-24","Max  Rodgers","Sunshine",3,19.95,59.85]
["2014-12-26","Salvador  Bass","Carlota",2,22.95,45.9]
["2014-12-18","Mable  Lindsey","Crested Beaut",2,25,50]
["2013-01-04","Rachel  Gomez","Aspen",2,20,40]
["2013-03-27","Isabel  Cross","Aspen",2,19,38]
["2014-10-16","Max  Rodgers","Sunshine",3,19.95,59.85]
["2013-10-22","Rachel  Gomez","Sunshine",2,19.95,39.9]
["2014-11-07","Isabel  Cross","FlatTop",25,25.18,629.5]
["2013-04-29","Trevor  Jones","Carlota",2,22.95,45.9]
["2014-11-16","Robert  Munoz","Quad",1,33,33]
["2014-08-18","Shari  Silva","Sunshine",3,19.95,59.85]
["2014-02-18","Colleen  Warren","Crested Beaut",3,25,75]
["2013-12-21","Johanna  Boone","Quad",3,33,99]
["2014-11-26","Allan  Ramos","Sunbell",2,24,48]
["2014-11-13","Mable  Lindsey","Sunshine",3,19.95,59.85]
["2013-11-18","Bobbie  Ryan","Sunbell",1,23,23]
["2014-11-03","Cecilia  Manning","Carlota",3,22.95,68.849999999999994]
["2014-12-31","Isabel  Cross","Sunset",3,22.5,67.5]
["2014-04-23","Ivan  Adkins","Quad",4,34,136]
["2014-11-24","Kyle  Carr","Sunshine",2,19.95,39.9]
["2013-04-23","Lorraine  Gibson","Doublers",1,75.95,75.95]
["2013-12-09","Brooke  Horton","Sunshine",13,18.95,246.35]
["2014-07-02","Rachel  Gomez","Majestic Beaut",4,29,116]
["2014-11-04","Elvira  Bowman","Aspen",3,20,60]
["2014-11-25","Sandra  Floyd","Bellen",2,22.95,45.9]
["2013-11-12","Andrew  Meyer","Carlota",1,22.95,22.95]
["2013-02-09","Iris  Underwood","Sunbell",3,25,75]
["2014-12-04","Donna  Reid","Doublers",3,79.95,239.85]
["2014-12-24","Ellen  Weaver","Sunshine",5,19.95,99.75]
["2014-11-18","Bernadette  Page","Sunbell",4,24,96]
["2014-12-14","Edwin  Malone","Aspen",2,19,38]
["2014-11-24","Iris  Underwood","Majestic Beaut",1,30,30]
["2014-11-20","Kyle  Carr","Doublers",11,75.95,835.45]
["2013-10-27","Nellie  Joseph","Sunset",3,22.5,67.5]
["2014-11-10","Shari  Silva","Bellen",2,22.95,45.9]
["2014-05-09","Robert  Munoz","Bellen",3,22.95,68.849999999999994]
["2013-11-18","Shari  Silva","Quad",4,33,132]
["2014-11-27","Pauline  Beck","V-Rang",1,19,19]
["2013-11-08","Don  Gonzales","Bellen",2,22.95,45.9]
["2013-11-13","Felicia  Jennings","Carlota",3,22.95,68.849999999999994]
["2013-11-06","Jenny  Garcia","Sunshine",3,19.95,59.85]
["2014-11-03","Shari  Silva","Aspen",3,20,60]
["2014-02-13","Patty  Thompson","Sunshine",1,19.95,19.95]
["2014-12-09","Cecilia  Manning","Majestic Beaut",2,29,58]
["2013-05-24","Rachel  Gomez","Bellen",2,22.95,45.9]
["2014-12-13","Kyle  Carr","Doublers",18,75.95,1367.1]
["2014-12-22","Della  Jensen","Carlota",3,21.95,65.849999999999994]
["2013-09-06","Don  Gonzales","Sunshine",3,19.95,59.85]
["2013-11-25","Austin  Reynolds","Bellen",3,21.95,65.849999999999994]
["2013-12-18","Marian  Hill","Bellen",1,22.95,22.95]
["2014-11-26","Elbert  Klein","Doublers",3,77.95,233.85]
["2014-12-09","Robert  Munoz","Bellen",2,22.95,45.9]
["2014-11-22","Ben  Perez","Sunshine",1,19.95,19.95]
["2013-12-30","Della  Jensen","Sunshine",1,18.95,18.95]
["2014-06-24","Johanna  Boone","Sunbell",2,24,48]
["2014-11-01","Nellie  Joseph","Bellen",1,21.95,21.95]
["2013-12-28","Max  Rodgers","Carlota",19,21.8,414.2]
["2013-12-26","Isabel  Cross","Quad",1,32,32]
["2014-11-04","Edwin  Malone","Quad",23,30.4,699.2]
["2014-11-06","Lynette  Brewer","Bellen",1,22.95,22.95]
["2013-12-22","Austin  Reynolds","Quad",12,30.4,364.8]
["2013-12-04","Bethany  Pena","FlatTop",2,27.5,55]
["2013-12-06","Woodrow  Colon","Carlota",2,22.95,45.9]
["2013-12-12","Rachel  Gomez","Quad",2,33,66]
["2014-11-14","Willie  Vega","Sunshine",6,19.95,119.7]
["2014-12-20","Jaime  Pearson","Sunset",2,23.5,47]
["2013-11-20","Christy  Olson","Doublers",1,79.95,79.95]
["2013-11-16","Austin  Reynolds","Sunbell",3,23,69]
["2014-11-13","Trevor  Jones","Quad",3,34,102]
["2014-12-18","Drew  Rogers","Bellen",1,22.95,22.95]
["2014-11-10","Herman  Williams","Sunbell",1,23,23]
["2014-11-09","Bethany  Pena","Majestic Beaut",2,29,58]
["2014-12-05","Ivan  Adkins","Carlota",2,22.95,45.9]
["2014-11-20","Shari  Silva","Quad",3,33,99]
["2013-12-05","Shari  Silva","Quad",16,31.35,501.6]
["2013-12-07","Guillermo  Potter","V-Rang",2,18,36]
["2013-11-23","Andrew  Meyer","Bellen",1,22.95,22.95]
["2013-05-21","Blake  Bridges","Crested Beaut",2,24,48]
["2013-12-29","Cassandra  Franklin","Crested Beaut",3,24,72]
["2013-11-18","Mable  Lindsey","Quad",1,34,34]
["2014-11-17","Salvador  Bass","Aspen",3,21,63]
["2013-12-06","Isabel  Cross","Quad",1,32,32]
["2014-05-24","Allan  Ramos","Sunbell",2,24,48]
["2014-11-06","Ben  Perez","FlatTop",2,27.5,55]
["2013-11-06","Beth  Tucker","Carlota",3,22.95,68.849999999999994]
["2014-12-11","Pauline  Beck","Sunshine",1,19.95,19.95]
["2014-12-30","Robert  Munoz","Carlota",2,22.95,45.9]
["2013-12-17","Shari  Silva","Carlota",3,22.95,68.849999999999994]
["2013-12-20","Cecilia  Manning","Carlota",1,22.95,22.95]
["2014-11-23","Kyle  Carr","Sunbell",1,24,24]
["2013-03-09","Sylvester  Morales","Quad",2,34,68]
["2013-05-01","Mable  Lindsey","Carlota",2,22.95,45.9]
["2013-12-30","Jenny  Garcia","Aspen",2,20,40]
["2013-12-05","Donna  Reid","Bellen",3,22.95,68.849999999999994]
["2014-02-18","Elvira  Bowman","Sunbell",2,24,48]
["2014-08-05","Salvador  Bass","Aspen",1,21,21]
["2013-12-11","Brooke  Horton","Majestic Beaut",2,29,58]
["2013-01-07","Brooke  Horton","Sunset",2,23.5,47]
["2013-11-25","Ernest  Davis","Sunset",2,23.5,47]
["2014-11-10","Della  Jensen","Doublers",2,75.95,151.9]
["2013-12-11","Rachel  Gomez","Bellen",3,22.95,68.849999999999994]
["2014-05-12","Charlie  Wood","Doublers",20,75.95,1519]
["2014-12-30","Rachel  Gomez","Carlota",1,22.95,22.95]
["2014-12-17","Lula  Daniels","Sunbell",1,24,24]
["2013-12-14","Cecilia  Manning","Sunset",3,22.5,67.5]
["2014-06-25","Salvador  Bass","Sunbell",3,25,75]
["2014-04-21","Ruben  Nunez","Sunbell",2,25,50]
["2013-12-08","Isabel  Cross","Sunshine",1,18.95,18.95]
["2014-12-15","Ernest  Davis","Carlota",2,22.95,45.9]
["2014-11-27","Rachel  Gomez","Sunset",2,23.5,47]
["2014-11-14","Robert  Munoz","Quad",2,33,66]
["2013-12-01","Della  Jensen","Bellen",1,21.95,21.95]
["2013-12-17","Bethany  Pena","Crested Beaut",1,24,24]
["2014-12-28","Jenny  Garcia","Quad",4,33,132]
["2013-12-15","Nellie  Joseph","Quad",1,32,32]
["2014-12-19","Della  Jensen","Quad",3,32,96]
["2014-11-27","Brooke  Horton","Sunbell",1,24,24]
["2014-09-13","Ellen  Weaver","Sunbell",3,24,72]
["2013-11-08","Elbert  Klein","Sunshine",2,19.95,39.9]
["2013-12-24","Cecilia  Manning","Aspen",3,20,60]
["2014-05-15","Ruben  Nunez","Bellen",3,22.95,68.849999999999994]
["2013-12-21","Tiffany  May","FlatTop",2,27.5,55]
["2013-12-19","Isabel  Cross","Bellen",4,21.95,87.8]
["2013-08-23","Rachel  Gomez","Carlota",1,22.95,22.95]
["2014-12-02","Isabel  Cross","Bellen",2,21.95,43.9]
["2014-12-05","Jenny  Garcia","Quad",1,33,33]
["2014-11-18","Tiffany  May","Majestic Beaut",4,30,120]
["2014-12-10","Donna  Reid","Aspen",22,19.95,438.9]
["2013-12-20","Ruben  Nunez","Sunbell",1,25,25]
["2014-12-04","Shari  Silva","Sunbell",4,24,96]
["2013-09-22","Isabel  Cross","V-Rang",1,18,18]
["2014-04-21","Christy  Olson","FlatTop",14,26.13,365.82]
["2013-12-11","Carla  Mccormick","Sunshine",2,19.95,39.9]
["2013-01-07","Marian  Hill","Bellen",1,22.95,22.95]
["2013-11-21","Ellen  Weaver","Sunset",1,22.5,22.5]
["2013-11-05","Drew  Rogers","Majestic Beaut",3,29,87]
["2013-11-22","Edwin  Malone","Sunshine",3,18.95,56.85]
["2013-11-14","Brooke  Horton","FlatTop",1,27.5,27.5]
["2014-11-06","Pauline  Beck","Sunbell",3,25,75]
["2013-11-12","Eric  Rose","Quad",2,34,68]
["2014-08-12","Bethany  Pena","Sunbell",2,24,48]
["2014-12-31","Robert  Munoz","Bellen",8,22.95,183.6]
["2013-12-27","Ellen  Weaver","FlatTop",2,26.5,53]
["2014-12-22","Salvador  Bass","Bellen",2,22.95,45.9]
["2013-11-06","Ben  Perez","Carlota",1,22.95,22.95]
["2013-11-07","Ivan  Adkins","Sunset",1,23.5,23.5]
["2013-11-20","Andrew  Meyer","Bellen",3,22.95,68.849999999999994]
["2013-02-11","Eddie  Green","Quad",3,32,96]
["2013-05-02","Iris  Underwood","Quad",1,34,34]
["2014-11-14","Robert  Munoz","Aspen",2,20,40]
["2013-12-05","Elvira  Bowman","Quad",3,33,99]
["2014-11-01","Isabel  Cross","Aspen",1,19,19]
["2014-12-24","Arturo  Francis","Sunbell",2,23,46]
["2014-11-23","Blake  Bridges","Crested Beaut",3,24,72]
["2013-11-09","Max  Rodgers","Carlota",2,22.95,45.9]
["2013-02-22","Max  Rodgers","Aspen",1,21,21]
["2014-09-10","Johanna  Boone","Sunbell",2,24,48]
["2013-04-28","Guillermo  Potter","Carlota",2,22.95,45.9]
["2013-11-27","Elvira  Bowman","FlatTop",23,26.13,600.99]
["2013-12-22","Joey  Wong","Carlota",11,21.8,239.8]
["2013-10-08","Salvador  Bass","Majestic Beaut",1,30,30]
["2014-12-29","Isabel  Cross","Aspen",2,19,38]
["2013-12-18","Ellen  Weaver","Sunshine",3,19.95,59.85]
["2013-11-11","Ruben  Nunez","Sunbell",2,25,50]
["2014-11-04","Jenny  Garcia","Sunbell",20,22.8,456]
["2014-12-24","Della  Jensen","Bellen",3,21.95,65.849999999999994]
["2013-12-24","Shari  Silva","Bellen",3,22.95,68.849999999999994]
["2013-05-01","Drew  Rogers","Aspen",11,19,209]
["2013-11-29","Ruben  Nunez","Sunbell",3,25,75]
["2013-12-07","Salvador  Bass","Bellen",3,22.95,68.849999999999994]
["2014-12-08","Drew  Rogers","Aspen",3,20,60]
["2013-12-13","Paulette  Spencer","Quad",3,33,99]
["2014-06-15","Marian  Hill","Doublers",3,77.95,233.85]
["2013-09-11","Don  Gonzales","Carlota",2,22.95,45.9]
["2014-02-02","Robert  Munoz","Bellen",10,22.95,229.5]
["2013-12-20","Max  Rodgers","Bellen",4,22.95,91.8]
["2014-11-11","Kyle  Carr","Bellen",17,21.8,370.6]
["2014-06-21","Woodrow  Colon","Sunshine",25,18.95,473.75]
["2014-09-28","Jaime  Pearson","Bellen",2,22.95,45.9]
["2014-11-20","Cindy  Becker","Quad",1,33,33]
["2014-05-19","Sandra  Floyd","Sunbell",1,24,24]
["2013-11-28","Beth  Tucker","Sunbell",11,23.75,261.25]
["2013-11-18","Cecilia  Manning","Quad",4,33,132]
["2014-12-09","Isabel  Cross","Sunbell",3,23,69]
["2014-07-15","Ruben  Nunez","Sunshine",3,19.95,59.85]
["2014-11-15","Salvador  Bass","Crested Beaut",3,25,75]
["2013-11-18","Christina  Fuller","Carlota",2,22.95,45.9]
["2014-10-27","Christy  Olson","Quad",2,34,68]
["2014-12-19","Drew  Rogers","Sunbell",3,24,72]
["2013-10-25","Sylvester  Morales","Sunshine",1,19.95,19.95]
["2013-12-28","Max  Rodgers","Quad",2,34,68]
["2014-10-21","Paulette  Spencer","Sunset",3,22.5,67.5]
["2013-12-26","Iris  Underwood","Quad",3,34,102]
["2013-11-13","Drew  Rogers","FlatTop",2,27.5,55]
["2013-05-21","Della  Jensen","Majestic Beaut",17,26.6,452.2]
["2013-05-14","Della  Jensen","Sunset",2,22.5,45]
["2013-11-28","Jenny  Garcia","Quad",3,33,99]
["2013-12-26","Sylvester  Morales","Sunset",2,23.5,47]
["2013-11-10","Della  Jensen","Doublers",1,75.95,75.95]
["2014-11-18","Drew  Rogers","Sunset",2,23.5,47]
["2013-12-19","Della  Jensen","Doublers",3,75.95,227.85]
["2013-05-22","Dan  Peterson","Sunbell",3,24,72]
["2014-06-28","Ben  Perez","Sunset",1,23.5,23.5]
["2013-09-30","Peter  Hodges","Sunset",3,23.5,70.5]
["2014-11-04","Jaime  Pearson","Carlota",1,22.95,22.95]
["2014-11-09","Cassandra  Franklin","Majestic Beaut",3,29,87]
["2014-12-24","Beth  Tucker","Majestic Beaut",2,30,60]
["2013-12-24","Shari  Silva","Quad",3,33,99]
["2013-12-13","Brooke  Horton","Sunshine",4,19.95,79.8]
["2014-09-14","Della  Jensen","Sunbell",2,23,46]
["2013-12-22","Tracy  Reed","Sunshine",3,19.95,59.85]
["2013-12-05","Blake  Bridges","Bellen",2,22.95,45.9]
["2013-12-29","Marian  Hill","Bellen",1,22.95,22.95]
["2013-11-06","Willie  Vega","Quad",2,33,66]
["2013-05-04","Cindy  Becker","Sunshine",2,19.95,39.9]
["2013-11-08","Iris  Underwood","Carlota",3,22.95,68.849999999999994]
["2013-12-30","Peter  Hodges","Carlota",3,22.95,68.849999999999994]
["2013-04-09","Cecilia  Manning","Bellen",3,22.95,68.849999999999994]
["2014-11-29","Lorraine  Gibson","Sunshine",10,18.95,189.5]
["2014-11-03","Willie  Vega","Sunshine",4,19.95,79.8]
["2013-11-29","Della  Jensen","Quad",2,32,64]
["2013-03-11","Bethany  Pena","FlatTop",1,27.5,27.5]
["2013-12-16","Jaime  Pearson","Crested Beaut",2,24,48]
["2014-12-31","Rachel  Gomez","Sunbell",3,24,72]
["2014-11-26","Cassandra  Franklin","Aspen",1,20,20]
["2014-08-06","Salvador  Bass","Carlota",3,22.95,68.849999999999994]
["2013-12-06","Elaine  Ellis","Bellen",1,22.95,22.95]
["2014-06-05","Tiffany  May","Carlota",2,22.95,45.9]
["2013-01-12","Christy  Olson","Quad",2,34,68]
["2014-12-10","Marion  Glover","Bellen",2,21.95,43.9]
["2014-12-27","Cecilia  Manning","Sunbell",2,24,48]
["2013-08-18","Elvira  Bowman","Sunshine",1,19.95,19.95]
["2014-12-08","Trevor  Jones","Sunbell",1,25,25]
["2013-11-27","Felicia  Jennings","Quad",1,34,34]
["2013-11-22","Lee  Mack","Carlota",3,22.95,68.849999999999994]
["2014-11-19","Peter  Hodges","V-Rang",3,18,54]
["2013-12-18","Cindy  Becker","Sunshine",10,19.95,199.5]
["2014-12-02","Shari  Silva","Bellen",2,22.95,45.9]
["2013-11-14","Edwin  Malone","Carlota",2,21.95,43.9]
["2013-12-07","Elaine  Ellis","Quad",3,33,99]
["2013-11-24","Iris  Underwood","Sunbell",3,25,75]
["2014-03-28","Willie  Vega","Carlota",3,22.95,68.849999999999994]
["2013-02-20","Robert  Munoz","Sunshine",3,19.95,59.85]
["2013-12-10","Lorraine  Gibson","Quad",3,32,96]
["2014-12-19","Isabel  Cross","Majestic Beaut",9,28,252]
["2013-12-17","Ellen  Weaver","Aspen",2,20,40]
["2013-11-02","Max  Rodgers","Crested Beaut",2,25,50]
["2014-10-11","Salvador  Bass","Majestic Beaut",7,30,210]
["2014-11-18","Christina  Fuller","Bellen",3,22.95,68.849999999999994]
["2013-11-30","Drew  Rogers","Aspen",2,20,40]
["2013-12-03","Jenny  Garcia","Sunbell",13,22.8,296.39999999999998]
["2013-07-09","Drew  Rogers","Quad",2,33,66]
["2014-12-16","Edwin  Malone","Sunset",3,22.5,67.5]
["2013-05-26","Jenny  Garcia","Bellen",2,22.95,45.9]
["2013-12-03","Cecilia  Manning","Carlota",2,22.95,45.9]
["2014-09-10","Robert  Munoz","Majestic Beaut",2,29,58]
["2013-03-31","Marian  Hill","Carlota",2,22.95,45.9]
["2014-02-19","Max  Rodgers","Quad",2,34,68]
["2014-01-13","Drew  Rogers","Aspen",3,20,60]
["2014-11-04","Christina  Fuller","Quad",3,34,102]
["2013-12-12","Elaine  Ellis","Carlota",2,22.95,45.9]
["2014-12-19","Drew  Rogers","Bellen",3,22.95,68.849999999999994]
["2013-11-24","Cindy  Becker","Quad",2,33,66]
["2014-12-03","Lorraine  Gibson","Sunbell",3,23,69]
["2013-12-19","Ernest  Davis","Bellen",3,22.95,68.849999999999994]
["2013-12-08","Max  Rodgers","Crested Beaut",25,23.75,593.75]
["2013-12-22","Ellen  Weaver","Sunbell",2,24,48]
["2014-12-07","Shari  Silva","Quad",13,31.35,407.55]
["2014-06-21","Bobbie  Ryan","Carlota",1,21.95,21.95]
["2014-12-03","Max  Rodgers","Quad",3,34,102]
["2013-07-09","Ruben  Nunez","Sunset",3,23.5,70.5]
["2014-11-06","Elbert  Klein","Carlota",1,22.95,22.95]
["2013-04-20","Della  Jensen","Sunbell",3,23,69]
["2013-04-14","Shari  Silva","Quad",1,33,33]
["2014-12-22","Cindy  Becker","Quad",2,33,66]
["2014-11-29","Don  Gonzales","Majestic Beaut",1,29,29]
["2013-12-02","Jenny  Garcia","Majestic Beaut",3,29,87]
["2013-12-11","Marian  Hill","Sunshine",1,19.95,19.95]
["2014-10-05","Tiffany  May","Quad",3,34,102]
["2013-11-02","Isabel  Cross","Bellen",2,21.95,43.9]
["2013-11-24","Eddie  Green","Crested Beaut",1,23,23]
["2013-11-27","Drew  Rogers","Sunshine",14,18.95,265.3]
["2014-11-12","Rachel  Gomez","Quad",16,31.35,501.6]
["2014-11-25","Andrew  Meyer","Majestic Beaut",3,30,90]
["2013-12-22","Tracy  Reed","Sunset",3,23.5,70.5]
["2014-11-12","Trevor  Jones","Quad",2,34,68]
["2013-11-01","Christina  Fuller","Bellen",1,22.95,22.95]
["2014-11-25","Della  Jensen","FlatTop",3,26.5,79.5]
["2013-11-02","Patty  Thompson","Bellen",2,22.95,45.9]
["2013-12-11","Drew  Rogers","Crested Beaut",1,24,24]
["2014-11-15","Rachel  Gomez","Sunset",6,23.5,141]
["2013-11-03","Andrew  Meyer","Sunshine",3,19.95,59.85]
["2014-12-08","Robert  Munoz","Carlota",3,22.95,68.849999999999994]
["2014-09-16","Rachel  Gomez","Sunshine",3,19.95,59.85]
["2014-09-27","Isabel  Cross","Sunbell",2,23,46]
["2013-12-08","Peter  Hodges","Quad",2,33,66]
["2013-12-17","Rachel  Gomez","Sunshine",2,19.95,39.9]
["2014-11-16","Sandra  Floyd","Sunset",3,23.5,70.5]
["2013-12-28","Rachel  Gomez","Doublers",1,79.95,79.95]
["2013-10-25","Dan  Peterson","Sunshine",2,19.95,39.9]
["2014-12-03","Max  Rodgers","Bellen",3,22.95,68.849999999999994]
["2013-09-01","Christina  Fuller","Quad",1,34,34]
["2013-04-20","Eric  Rose","Majestic Beaut",2,30,60]
["2013-09-13","Della  Jensen","Sunbell",3,23,69]
["2014-04-04","Iris  Underwood","Sunset",7,23.5,164.5]
["2013-01-22","Lynette  Brewer","Majestic Beaut",19,27.55,523.45000000000005]
["2014-11-03","Ivan  Adkins","Quad",3,34,102]
["2013-12-10","Cassandra  Franklin","Carlota",3,22.95,68.849999999999994]
["2013-10-13","Jenny  Garcia","Carlota",1,22.95,22.95]
["2013-01-17","Johanna  Boone","Bellen",1,22.95,22.95]
["2013-11-21","Billie  Chandler","Majestic Beaut",3,29,87]
["2014-10-17","Kyle  Carr","Bellen",2,22.95,45.9]
["2013-12-06","Marian  Hill","Crested Beaut",1,24,24]
["2014-07-12","Shari  Silva","Sunshine",2,19.95,39.9]
["2014-01-12","Brooke  Horton","Quad",3,33,99]
["2013-04-30","Max  Rodgers","Bellen",1,22.95,22.95]
["2014-07-15","Shari  Silva","Carlota",1,22.95,22.95]
["2014-11-03","Rachel  Gomez","Doublers",1,79.95,79.95]
["2013-11-15","Woodrow  Colon","Aspen",3,20,60]
["2014-12-03","Cecilia  Manning","Quad",18,31.35,564.29999999999995]
["2013-11-07","Marion  Glover","Doublers",2,75.95,151.9]
["2014-11-27","Tiffany  May","Sunset",3,23.5,70.5]
["2013-12-22","Carla  Mccormick","Crested Beaut",1,24,24]
["2013-12-22","Salvador  Bass","Crested Beaut",1,25,25]
["2013-11-28","Salvador  Bass","Bellen",1,22.95,22.95]
["2014-11-07","Rachel  Gomez","Carlota",2,22.95,45.9]
["2013-12-08","Della  Jensen","Crested Beaut",2,23,46]
["2014-12-28","Cassandra  Franklin","Sunset",10,23.5,235]
["2013-11-06","Brooke  Horton","Sunbell",1,24,24]
["2014-05-18","Donna  Reid","Quad",1,34,34]
["2013-12-12","Christina  Fuller","Aspen",1,21,21]
["2014-12-28","Robert  Munoz","Majestic Beaut",2,29,58]
["2014-11-12","Robert  Munoz","Crested Beaut",14,22.8,319.2]
["2013-11-02","Patty  Thompson","Quad",2,34,68]
["2014-11-30","Peter  Hodges","Carlota",2,22.95,45.9]
["2014-12-24","Dan  Peterson","Crested Beaut",1,24,24]
["2014-12-29","Carla  Mccormick","Carlota",2,22.95,45.9]
["2014-11-16","Lula  Daniels","Bellen",2,22.95,45.9]
["2014-12-14","Shari  Silva","Sunbell",3,24,72]
["2013-04-09","Carla  Mccormick","Quad",14,31.35,438.9]
["2013-12-23","Max  Rodgers","Aspen",10,21,210]
["2013-11-17","Lance  Yates","Sunbell",4,24,96]
["2014-01-03","Don  Gonzales","Majestic Beaut",3,29,87]
["2013-07-05","Robert  Munoz","Crested Beaut",2,24,48]
["2013-11-06","Pauline  Beck","V-Rang",3,19,57]
["2014-11-02","Billie  Chandler","Bellen",3,22.95,68.849999999999994]
["2014-11-09","Cecilia  Manning","Quad",2,33,66]
["2014-12-18","Shari  Silva","Bellen",1,22.95,22.95]
["2013-12-30","Drew  Rogers","Bellen",2,22.95,45.9]
["2013-04-03","Mable  Lindsey","Bellen",2,22.95,45.9]
["2013-06-07","Isabel  Cross","Sunset",4,22.5,90]
["2014-12-26","Trevor  Jones","Sunbell",1,25,25]
["2014-12-30","Bobbie  Ryan","Aspen",2,19,38]
["2014-12-26","Salvador  Bass","Quad",1,34,34]
["2013-12-21","Cassandra  Franklin","Bellen",2,22.95,45.9]
["2014-03-23","Bobbie  Ryan","Sunset",2,22.5,45]
["2014-11-26","Charlie  Wood","Carlota",1,22.95,22.95]
["2013-12-19","Beth  Tucker","Majestic Beaut",1,30,30]
["2014-11-25","Trevor  Jones","Majestic Beaut",2,30,60]
["2013-11-22","Ernest  Davis","Carlota",3,22.95,68.849999999999994]
["2014-09-02","Dan  Peterson","Carlota",2,22.95,45.9]
["2013-09-28","Andrew  Meyer","Quad",4,34,136]
["2013-12-08","Patty  Thompson","Bellen",1,22.95,22.95]
["2014-12-02","Colleen  Warren","Quad",2,34,68]
["2013-12-21","Sonya  Mullins","Bellen",2,21.95,43.9]
["2013-11-27","Christina  Fuller","Aspen",2,21,42]
["2014-11-08","Austin  Reynolds","Aspen",2,19,38]
["2014-06-05","Della  Jensen","Sunbell",3,23,69]
["2013-11-11","Edwin  Malone","Bellen",2,21.95,43.9]
["2014-11-17","Max  Rodgers","Bellen",1,22.95,22.95]
["2013-12-18","Brooke  Horton","Quad",1,33,33]
["2014-11-15","Don  Gonzales","Sunshine",2,19.95,39.9]
["2013-10-07","Edwin  Malone","Quad",3,32,96]
["2013-12-29","Blake  Bridges","Quad",24,31.35,752.4]
["2014-11-21","Isabel  Cross","FlatTop",1,26.5,26.5]
["2013-06-05","Pauline  Beck","FlatTop",3,27.5,82.5]
["2013-06-07","Peter  Hodges","Aspen",3,20,60]
["2014-12-31","Drew  Rogers","Sunshine",3,19.95,59.85]
["2013-12-18","Elvira  Bowman","V-Rang",3,18,54]
["2014-12-31","Salvador  Bass","Quad",3,34,102]
["2013-10-24","Cassandra  Franklin","Sunbell",3,24,72]
["2014-12-19","Shari  Silva","Aspen",12,19,228]
["2014-12-26","Johanna  Boone","Sunbell",3,24,72]
["2013-12-16","Max  Rodgers","Carlota",3,22.95,68.849999999999994]
["2014-03-11","Trevor  Jones","Quad",2,34,68]
["2014-12-17","Beth  Tucker","Doublers",3,79.95,239.85]
["2014-11-08","Woodrow  Colon","Bellen",2,22.95,45.9]
["2013-12-18","Brooke  Horton","FlatTop",3,27.5,82.5]
["2014-12-06","Marion  Glover","V-Rang",1,18,18]
["2013-11-19","Brooke  Horton","Aspen",3,20,60]
["2013-12-04","Mable  Lindsey","Crested Beaut",1,25,25]
["2014-07-17","Andrew  Meyer","Sunshine",11,18.95,208.45]
["2014-11-07","Shari  Silva","Majestic Beaut",17,27.55,468.35]
["2014-01-21","Shari  Silva","Aspen",3,20,60]
["2013-04-22","Mable  Lindsey","FlatTop",2,27.5,55]
["2013-11-26","Isabel  Cross","Crested Beaut",2,23,46]
["2014-12-25","Andrew  Meyer","Sunshine",3,19.95,59.85]
["2013-11-16","Tracy  Reed","Sunbell",2,24,48]
["2014-12-29","Trevor  Jones","Quad",3,34,102]
["2014-11-09","Robert  Munoz","V-Rang",3,18,54]
["2013-11-17","Mable  Lindsey","Sunset",1,23.5,23.5]
["2013-11-18","Jenny  Garcia","FlatTop",2,27.5,55]
["2013-12-12","Sylvester  Morales","Aspen",1,21,21]
["2014-11-30","Peter  Hodges","Carlota",3,22.95,68.849999999999994]
["2014-06-21","Herman  Williams","Carlota",2,21.95,43.9]
["2014-12-14","Johanna  Boone","Doublers",2,77.95,155.9]
["2013-10-31","Paulette  Spencer","Majestic Beaut",3,29,87]
["2014-11-18","Sandra  Floyd","Quad",3,33,99]
["2014-06-05","Lynette  Brewer","Sunbell",2,24,48]
["2013-04-13","Christina  Fuller","Crested Beaut",16,23.75,380]
["2013-11-18","Elbert  Klein","Carlota",19,21.8,414.2]
["2014-05-28","Shari  Silva","Aspen",2,20,40]
["2014-12-21","Cindy  Becker","Sunshine",3,19.95,59.85]
["2013-03-23","Austin  Reynolds","Sunshine",4,18.95,75.8]
["2014-12-11","Beth  Tucker","FlatTop",3,27.5,82.5]
["2013-12-29","Salvador  Bass","Sunbell",6,25,150]
["2013-12-10","Tiffany  May","Aspen",2,21,42]
["2014-11-15","Drew  Rogers","Carlota",16,21.8,348.8]
["2013-12-19","Jaime  Pearson","Quad",2,33,66]
["2014-01-16","Lorraine  Gibson","Carlota",3,21.95,65.849999999999994]
["2013-03-04","Christy  Olson","Sunshine",1,19.95,19.95]
["2014-12-09","Shari  Silva","Quad",3,33,99]
["2014-11-28","Herman  Williams","Crested Beaut",3,23,69]
["2013-02-27","Tiffany  May","V-Rang",3,19,57]
["2013-12-02","Allan  Ramos","Carlota",2,22.95,45.9]
["2014-03-10","Brooke  Horton","Aspen",4,20,80]
["2014-10-29","Lynette  Brewer","Carlota",3,22.95,68.849999999999994]
["2013-12-21","Trevor  Jones","Carlota",2,22.95,45.9]
["2013-11-16","Donna  Reid","V-Rang",2,19,38]
["2014-11-08","Brooke  Horton","FlatTop",3,27.5,82.5]
["2013-12-04","Fernando  Rowe","FlatTop",1,27.5,27.5]
["2014-07-25","Della  Jensen","Quad",10,32,320]
["2014-04-24","Max  Rodgers","Bellen",3,22.95,68.849999999999994]
["2013-01-07","Tracy  Reed","Crested Beaut",3,24,72]
["2013-12-15","Eddie  Green","Carlota",2,21.95,43.9]
["2014-02-24","Shari  Silva","Carlota",2,22.95,45.9]
["2014-12-15","Trevor  Jones","Quad",2,34,68]
["2013-11-12","Brooke  Horton","Quad",3,33,99]
["2014-11-26","Peter  Hodges","Sunshine",3,19.95,59.85]
["2013-12-03","Robert  Munoz","Quad",2,33,66]
["2014-01-06","Pauline  Beck","Quad",3,34,102]
["2014-11-18","Dan  Peterson","Carlota",2,22.95,45.9]
["2013-11-17","Eddie  Green","Bellen",2,21.95,43.9]
["2014-12-31","Ruben  Nunez","Quad",3,34,102]
["2014-11-18","Christina  Fuller","Carlota",3,22.95,68.849999999999994]
["2014-12-29","Robert  Munoz","Quad",1,33,33]
["2014-05-14","Cassandra  Franklin","Sunshine",2,19.95,39.9]
["2014-12-03","Isabel  Cross","Crested Beaut",2,23,46]
["2014-12-03","Christy  Olson","Sunbell",1,25,25]
["2014-08-12","Arturo  Francis","Aspen",3,19,57]
["2014-04-11","Robert  Munoz","FlatTop",2,27.5,55]
["2013-03-03","Jaime  Pearson","Bellen",3,22.95,68.849999999999994]
["2013-11-28","Jenny  Garcia","V-Rang",3,18,54]
["2013-11-30","Lynette  Brewer","Bellen",2,22.95,45.9]
["2014-01-06","Jaime  Pearson","Bellen",2,22.95,45.9]
["2014-12-14","Della  Jensen","Quad",3,32,96]
["2014-10-10","Colleen  Warren","Quad",3,34,102]
["2014-03-26","Iris  Underwood","Bellen",2,22.95,45.9]
["2014-12-17","Patty  Thompson","Quad",2,34,68]
["2013-12-05","Paulette  Spencer","Sunshine",3,19.95,59.85]
["2013-11-19","Allan  Ramos","Doublers",2,79.95,159.9]
["2014-12-24","Lorraine  Gibson","Sunshine",2,18.95,37.9]
["2013-11-21","Robert  Munoz","Doublers",4,79.95,319.8]
["2014-09-06","Jenny  Garcia","Majestic Beaut",2,29,58]
["2014-11-06","Ivan  Adkins","Bellen",3,22.95,68.849999999999994]
["2014-12-11","Cecilia  Manning","Majestic Beaut",1,29,29]
["2014-11-19","Tracy  Reed","Doublers",3,79.95,239.85]
["2014-11-03","Andrew  Meyer","V-Rang",1,19,19]
["2013-11-22","Drew  Rogers","Doublers",3,79.95,239.85]
["2013-12-19","Max  Rodgers","Carlota",1,22.95,22.95]
["2014-11-16","Rachel  Gomez","Carlota",2,22.95,45.9]
["2014-09-09","Lee  Mack","Bellen",4,22.95,91.8]
["2014-11-30","Christy  Olson","Bellen",3,22.95,68.849999999999994]
["2014-12-01","Colleen  Warren","Quad",2,34,68]
["2013-12-09","Christy  Olson","Sunset",3,23.5,70.5]
["2014-12-03","Sonya  Mullins","Majestic Beaut",2,28,56]
["2013-12-30","Elvira  Bowman","Sunset",3,23.5,70.5]
["2013-11-18","Shari  Silva","Sunshine",1,19.95,19.95]
["2013-12-26","Cassandra  Franklin","Sunset",23,22.33,513.59]
["2013-10-11","Lorraine  Gibson","Sunbell",2,23,46]
["2014-11-09","Bethany  Pena","Quad",1,33,33]
["2014-12-26","Andrew  Meyer","Sunset",4,23.5,94]
["2014-11-21","Isabel  Cross","Quad",2,32,64]
["2014-12-25","Brooke  Horton","Bellen",1,22.95,22.95]
["2013-01-08","Isabel  Cross","Sunshine",3,18.95,56.85]
["2013-12-23","Cassandra  Franklin","Sunshine",2,19.95,39.9]
["2013-11-25","Jenny  Garcia","Quad",2,33,66]
["2014-11-02","Tiffany  May","Sunshine",3,19.95,59.85]
["2014-12-18","Brooke  Horton","Carlota",2,22.95,45.9]
["2014-11-11","Tracy  Reed","Quad",2,33,66]
["2013-12-16","Robert  Munoz","Quad",3,33,99]
["2013-11-13","Dan  Peterson","Quad",2,33,66]
["2014-11-11","Shari  Silva","Carlota",1,22.95,22.95]
["2013-11-28","Andrew  Meyer","Sunshine",3,19.95,59.85]
["2013-11-25","Elaine  Ellis","Sunshine",3,19.95,59.85]
["2013-12-30","Trevor  Jones","Bellen",1,22.95,22.95]
["2013-11-18","Herman  Williams","Aspen",2,19,38]
["2014-04-02","Herman  Williams","Bellen",1,21.95,21.95]
["2013-12-26","Drew  Rogers","Sunbell",2,24,48]
["2014-12-03","Rachel  Gomez","Sunbell",2,24,48]
["2013-12-23","Cindy  Becker","Carlota",2,22.95,45.9]
["2014-11-04","Marian  Hill","Sunbell",2,24,48]
["2014-11-27","Della  Jensen","Sunshine",4,18.95,75.8]
["2013-12-12","Mable  Lindsey","Sunbell",1,25,25]
["2014-03-14","Salvador  Bass","Majestic Beaut",2,30,60]
["2013-11-30","Rachel  Gomez","V-Rang",2,18,36]
["2014-11-18","Elbert  Klein","Bellen",2,22.95,45.9]
["2013-11-03","Iris  Underwood","Sunshine",2,19.95,39.9]
["2014-11-12","Elvira  Bowman","Carlota",2,22.95,45.9]
["2013-12-18","Max  Rodgers","Crested Beaut",3,25,75]
["2014-12-30","Max  Rodgers","Sunbell",2,25,50]
["2014-12-01","Drew  Rogers","Quad",3,33,99]
["2013-11-06","Arturo  Francis","Quad",2,32,64]
["2013-11-04","Brooke  Horton","Bellen",3,22.95,68.849999999999994]
["2014-11-06","Sylvester  Morales","Bellen",2,22.95,45.9]
["2013-08-11","Andrew  Meyer","V-Rang",2,19,38]
["2014-12-29","Cindy  Becker","Sunshine",2,19.95,39.9]
["2014-11-09","Ben  Perez","Bellen",1,22.95,22.95]
["2014-12-10","Rachel  Gomez","Carlota",2,22.95,45.9]
["2013-11-15","Drew  Rogers","Crested Beaut",14,22.8,319.2]
["2014-11-08","Rachel  Gomez","Majestic Beaut",2,29,58]
["2014-11-29","Jenny  Garcia","Bellen",2,22.95,45.9]
["2013-11-28","Bethany  Pena","Quad",3,33,99]
["2014-12-05","Felicia  Jennings","Bellen",8,22.95,183.6]
["2013-12-10","Isabel  Cross","Bellen",2,21.95,43.9]
["2013-05-21","Cecilia  Manning","Sunshine",1,19.95,19.95]
["2013-11-04","Ben  Perez","Majestic Beaut",1,30,30]
["2013-11-10","Rachel  Gomez","Doublers",1,79.95,79.95]
["2014-11-28","Ben  Perez","Quad",3,34,102]
["2014-03-10","Joey  Wong","Quad",3,34,102]
["2014-11-02","Bobbie  Ryan","Sunshine",2,18.95,37.9]
["2014-12-24","Jenny  Garcia","Aspen",2,20,40]
["2014-12-03","Kyle  Carr","Quad",1,33,33]
["2014-11-24","Donna  Reid","Sunshine",2,19.95,39.9]
["2013-08-31","Salvador  Bass","Aspen",4,21,84]
["2013-12-29","Rachel  Gomez","V-Rang",2,18,36]
["2013-12-19","Drew  Rogers","Quad",3,33,99]
["2014-12-03","Christina  Fuller","Crested Beaut",2,25,50]
["2013-03-28","Sandra  Floyd","Majestic Beaut",17,27.55,468.35]
["2013-03-14","Iris  Underwood","Sunshine",3,19.95,59.85]
["2013-12-16","Pauline  Beck","Quad",2,34,68]
["2014-11-25","Della  Jensen","Doublers",2,75.95,151.9]
["2014-12-26","Ben  Perez","Quad",1,34,34]
["2013-06-02","Elaine  Ellis","V-Rang",3,18,54]
["2013-12-22","Robert  Munoz","Carlota",4,22.95,91.8]
["2013-10-15","Kyle  Carr","Bellen",3,22.95,68.849999999999994]
["2013-06-02","Lula  Daniels","FlatTop",3,27.5,82.5]
["2014-01-21","Drew  Rogers","Sunbell",3,24,72]
["2014-10-23","Rachel  Gomez","Sunbell",3,24,72]
["2014-11-30","Christy  Olson","Carlota",3,22.95,68.849999999999994]
["2013-11-05","Jenny  Garcia","Quad",3,33,99]
["2014-11-22","Brooke  Horton","Sunbell",3,24,72]
["2014-11-25","Nellie  Joseph","Sunbell",2,23,46]
["2014-11-18","Ernest  Davis","Sunshine",2,19.95,39.9]
["2013-12-10","Mable  Lindsey","Crested Beaut",2,25,50]
["2013-12-22","Marian  Hill","FlatTop",2,26.5,53]
["2013-12-08","Kyle  Carr","Doublers",3,79.95,239.85]
["2014-12-15","Della  Jensen","Sunshine",1,18.95,18.95]
["2014-01-25","Cassandra  Franklin","Majestic Beaut",2,29,58]
["2013-05-03","Trevor  Jones","Sunshine",2,19.95,39.9]
["2014-10-23","Mable  Lindsey","Sunbell",1,25,25]
["2013-12-29","Cassandra  Franklin","Aspen",5,20,100]
["2013-08-29","Edwin  Malone","Bellen",15,20.85,312.75]
["2014-11-08","Paulette  Spencer","Carlota",3,22.95,68.849999999999994]
["2013-11-27","Robert  Munoz","Carlota",1,22.95,22.95]
["2014-07-19","Carla  Mccormick","Sunbell",1,24,24]
["2014-12-17","Eric  Rose","Crested Beaut",2,25,50]
["2014-09-19","Trevor  Jones","Quad",2,34,68]
["2014-12-28","Ivan  Adkins","Sunset",1,23.5,23.5]
["2014-05-28","Ellen  Weaver","V-Rang",3,18,54]
["2013-11-24","Lynette  Brewer","Sunbell",2,24,48]
["2014-11-17","Allan  Ramos","Sunshine",3,19.95,59.85]
["2014-11-03","Della  Jensen","Crested Beaut",3,23,69]
["2013-07-22","Shari  Silva","FlatTop",2,26.5,53]
["2013-09-19","Marian  Hill","Quad",24,31.35,752.4]
["2014-05-09","Sonya  Mullins","Quad",1,32,32]
["2013-12-02","Shari  Silva","Bellen",3,22.95,68.849999999999994]
["2014-05-07","Ruben  Nunez","Bellen",6,22.95,137.69999999999999]
["2014-12-01","Allan  Ramos","Bellen",1,22.95,22.95]
["2014-11-03","Robert  Munoz","Carlota",3,22.95,68.849999999999994]
["2014-11-22","Della  Jensen","Quad",1,32,32]
["2014-12-20","Andrew  Meyer","Crested Beaut",3,25,75]
["2014-12-22","Lee  Mack","Majestic Beaut",18,27.55,495.9]
["2014-10-29","Johanna  Boone","Majestic Beaut",3,29,87]
["2014-12-30","Salvador  Bass","Crested Beaut",2,25,50]
["2013-11-14","Paulette  Spencer","Sunbell",1,24,24]
["2014-07-13","Kyle  Carr","Carlota",4,22.95,91.8]
["2014-11-11","Ben  Perez","Aspen",3,21,63]
["2014-12-28","Carla  Mccormick","Crested Beaut",2,24,48]
["2014-11-14","Sandra  Floyd","Quad",3,33,99]
["2013-11-01","Beth  Tucker","Sunbell",3,25,75]
["2014-12-08","Sandra  Floyd","Majestic Beaut",2,29,58]
["2014-04-02","Drew  Rogers","Bellen",2,22.95,45.9]
["2014-12-06","Cassandra  Franklin","Majestic Beaut",4,29,116]
["2013-11-29","Billie  Chandler","Doublers",2,79.95,159.9]
["2014-11-09","Ivan  Adkins","Doublers",2,79.95,159.9]
["2014-12-22","Max  Rodgers","Carlota",1,22.95,22.95]
["2013-11-29","Elbert  Klein","Sunset",3,22.5,67.5]
["2013-12-28","Eddie  Green","Quad",23,30.4,699.2]
["2014-10-09","Charlie  Wood","Carlota",4,22.95,91.8]
["2014-11-14","Sylvester  Morales","Sunbell",1,25,25]
["2014-03-14","Isabel  Cross","Majestic Beaut",2,28,56]
["2014-07-17","Felicia  Jennings","Carlota",1,22.95,22.95]
["2014-05-22","Edwin  Malone","V-Rang",1,18,18]
["2014-10-17","Ernest  Davis","Majestic Beaut",3,30,90]
["2014-10-05","Christy  Olson","Sunbell",3,25,75]
["2014-12-19","Herman  Williams","Sunbell",1,23,23]
["2014-06-22","Edwin  Malone","Sunshine",2,18.95,37.9]
["2014-11-16","Austin  Reynolds","Sunbell",2,23,46]
["2014-11-25","Marian  Hill","Doublers",3,77.95,233.85]
["2013-05-07","Tracy  Reed","Bellen",1,22.95,22.95]
["2014-07-20","Cassandra  Franklin","Crested Beaut",3,24,72]
["2013-04-20","Ruben  Nunez","Aspen",3,21,63]
["2014-12-02","Robert  Munoz","Carlota",3,22.95,68.849999999999994]
["2013-12-18","Shari  Silva","Bellen",3,22.95,68.849999999999994]
["2014-03-29","Donna  Reid","Sunbell",3,25,75]
["2013-12-21","Ernest  Davis","Sunshine",3,19.95,59.85]
["2014-01-10","Max  Rodgers","Bellen",13,21.8,283.39999999999998]
["2013-12-11","Cecilia  Manning","Doublers",2,77.95,155.9]
["2013-08-07","Della  Jensen","Sunbell",3,23,69]
["2013-07-20","Jaime  Pearson","Carlota",2,22.95,45.9]
["2014-01-05","Lorraine  Gibson","V-Rang",3,18,54]
["2013-09-09","Billie  Chandler","Sunbell",1,24,24]
["2014-12-12","Isabel  Cross","Sunset",2,22.5,45]
["2014-11-26","Sylvester  Morales","Sunbell",1,25,25]
["2014-12-09","Fernando  Rowe","Quad",2,34,68]
["2014-11-04","Kyle  Carr","Sunbell",3,24,72]
["2013-12-14","Della  Jensen","Carlota",2,21.95,43.9]
["2013-11-21","Ellen  Weaver","Sunbell",1,24,24]
["2014-12-13","Cassandra  Franklin","Aspen",4,20,80]
["2014-11-26","Elvira  Bowman","Crested Beaut",3,24,72]
["2013-11-23","Paulette  Spencer","Quad",3,33,99]
["2013-01-11","Marion  Glover","Majestic Beaut",2,28,56]
["2013-12-25","Lance  Yates","Sunshine",3,19.95,59.85]
["2014-08-10","Ben  Perez","Bellen",3,22.95,68.849999999999994]
["2013-11-29","Christina  Fuller","Quad",1,34,34]
["2013-11-28","Bernadette  Page","Bellen",2,22.95,45.9]
["2013-07-31","Eric  Rose","V-Rang",1,19,19]
["2014-12-22","Robert  Munoz","Sunshine",1,19.95,19.95]
["2014-02-04","Cecilia  Manning","Aspen",11,19,209]
["2013-11-15","Andrew  Meyer","Quad",3,34,102]
["2013-11-16","Edwin  Malone","Bellen",2,21.95,43.9]
["2014-12-31","Salvador  Bass","Sunset",8,23.5,188]
["2013-11-02","Bernadette  Page","Carlota",3,22.95,68.849999999999994]
["2014-11-07","Isabel  Cross","Quad",3,32,96]
["2014-09-13","Austin  Reynolds","Bellen",3,21.95,65.849999999999994]
["2013-12-17","Shari  Silva","Sunset",3,22.5,67.5]
["2013-02-14","Rachel  Gomez","V-Rang",1,18,18]
["2013-11-13","Iris  Underwood","Doublers",3,79.95,239.85]
["2013-10-16","Robert  Munoz","Aspen",3,20,60]
["2013-12-03","Rachel  Gomez","Bellen",4,22.95,91.8]
["2013-11-01","Paulette  Spencer","V-Rang",1,18,18]
["2013-11-02","Charlie  Wood","Carlota",2,22.95,45.9]
["2013-11-01","Ruben  Nunez","Aspen",2,21,42]
["2014-12-21","Pauline  Beck","Sunshine",3,19.95,59.85]
["2014-08-14","Tiffany  May","Sunbell",19,23.75,451.25]
["2014-11-22","Andrew  Meyer","Bellen",3,22.95,68.849999999999994]
["2014-12-24","Jenny  Garcia","Aspen",3,20,60]
["2013-10-12","Paulette  Spencer","FlatTop",1,26.5,26.5]
["2014-11-29","Ellen  Weaver","Aspen",1,20,20]
["2014-11-25","Eddie  Green","Majestic Beaut",3,28,84]
["2013-12-22","Patty  Thompson","Crested Beaut",1,25,25]
["2014-11-24","Guillermo  Potter","Sunset",3,23.5,70.5]
["2013-06-13","Mable  Lindsey","Carlota",4,22.95,91.8]
["2013-12-05","Guillermo  Potter","V-Rang",2,18,36]
["2013-02-01","Drew  Rogers","Quad",1,33,33]
["2014-12-25","Max  Rodgers","Quad",1,34,34]
["2013-03-04","Christina  Fuller","Bellen",10,22.95,229.5]
["2014-03-20","Jenny  Garcia","Bellen",2,22.95,45.9]
["2014-04-12","Rachel  Gomez","Carlota",3,22.95,68.849999999999994]
["2013-11-24","Rachel  Gomez","FlatTop",2,27.5,55]
["2014-11-06","Kyle  Carr","FlatTop",1,27.5,27.5]
["2014-12-06","Billie  Chandler","Carlota",1,22.95,22.95]
["2014-11-03","Kyle  Carr","Sunshine",3,19.95,59.85]
["2014-11-23","Max  Rodgers","Sunset",2,23.5,47]
["2013-11-01","Rachel  Gomez","Crested Beaut",2,24,48]
["2014-11-24","Shari  Silva","V-Rang",2,18,36]
["2014-01-28","Tiffany  May","Bellen",2,22.95,45.9]
["2014-12-21","Cassandra  Franklin","Bellen",2,22.95,45.9]
["2014-07-26","Tracy  Reed","Sunset",1,23.5,23.5]
["2013-12-18","Isabel  Cross","Bellen",2,21.95,43.9]
["2014-12-31","Isabel  Cross","Aspen",2,19,38]
["2014-12-28","Lorraine  Gibson","Carlota",2,21.95,43.9]
["2014-06-08","Fernando  Rowe","Sunset",2,23.5,47]
["2014-11-06","Peter  Hodges","Sunshine",1,19.95,19.95]
["2014-11-12","Della  Jensen","Carlota",3,21.95,65.849999999999994]
["2013-03-24","Patty  Thompson","Sunbell",2,25,50]
["2013-11-06","Willie  Vega","Carlota",3,22.95,68.849999999999994]
["2013-01-11","Cassandra  Franklin","FlatTop",2,27.5,55]
["2014-03-15","Della  Jensen","Sunset",1,22.5,22.5]
["2013-02-17","Rachel  Gomez","Bellen",13,21.8,283.39999999999998]
["2014-11-12","Brooke  Horton","Aspen",3,20,60]
["2013-09-02","Trevor  Jones","Sunshine",2,19.95,39.9]
["2013-05-22","Elaine  Ellis","Crested Beaut",13,22.8,296.39999999999998]
["2013-01-04","Christina  Fuller","Carlota",2,22.95,45.9]
["2014-09-04","Brooke  Horton","Crested Beaut",3,24,72]
["2013-12-24","Willie  Vega","Sunset",3,23.5,70.5]
["2013-12-19","Tiffany  May","Bellen",3,22.95,68.849999999999994]
["2014-12-14","Elbert  Klein","Carlota",2,22.95,45.9]
["2014-12-30","Shari  Silva","Bellen",2,22.95,45.9]
["2014-07-27","Elvira  Bowman","Bellen",3,22.95,68.849999999999994]
["2014-11-22","Eddie  Green","Carlota",1,21.95,21.95]
["2013-11-02","Cindy  Becker","Sunshine",3,19.95,59.85]
["2014-11-06","Lorraine  Gibson","FlatTop",1,26.5,26.5]
["2013-12-11","Fernando  Rowe","Quad",2,34,68]
["2014-11-02","Della  Jensen","Carlota",2,21.95,43.9]
["2014-11-16","Bethany  Pena","Sunbell",3,24,72]
["2014-12-01","Paulette  Spencer","Sunshine",1,19.95,19.95]
["2013-12-15","Jaime  Pearson","Majestic Beaut",2,29,58]
["2014-11-06","Carla  Mccormick","Quad",3,33,99]
["2014-11-29","Elaine  Ellis","Quad",20,31.35,627]
["2014-12-16","Dan  Peterson","Sunset",2,23.5,47]
["2014-11-06","Cassandra  Franklin","Majestic Beaut",3,29,87]
["2013-11-05","Johanna  Boone","Sunshine",3,19.95,59.85]
["2013-03-09","Cassandra  Franklin","Sunbell",2,24,48]
["2014-11-15","Isabel  Cross","Sunset",24,21.38,513.12]
["2013-11-24","Shari  Silva","FlatTop",3,26.5,79.5]
["2014-11-28","Donna  Reid","Carlota",2,22.95,45.9]
["2014-05-13","Cindy  Becker","FlatTop",2,26.5,53]
["2013-12-14","Robert  Munoz","Quad",2,33,66]
["2013-12-07","Joey  Wong","Carlota",1,22.95,22.95]
["2014-06-12","Andrew  Meyer","Bellen",2,22.95,45.9]
["2014-01-21","Isabel  Cross","Quad",2,32,64]
["2013-12-22","Rachel  Gomez","Carlota",2,22.95,45.9]
["2014-12-27","Drew  Rogers","Quad",3,33,99]
["2013-12-11","Mable  Lindsey","Sunbell",2,25,50]
["2014-12-10","Ruben  Nunez","Doublers",3,79.95,239.85]
["2013-12-25","Mable  Lindsey","Sunshine",3,19.95,59.85]
["2013-02-14","Bobbie  Ryan","Sunshine",1,18.95,18.95]
["2013-12-25","Lynette  Brewer","Crested Beaut",1,24,24]
["2014-09-13","Jenny  Garcia","FlatTop",1,27.5,27.5]
["2014-11-20","Cassandra  Franklin","Majestic Beaut",21,27.55,578.54999999999995]
["2014-05-13","Iris  Underwood","V-Rang",3,19,57]
["2014-12-24","Peter  Hodges","Sunset",1,23.5,23.5]
["2013-12-17","Bernadette  Page","Carlota",3,22.95,68.849999999999994]
["2013-11-04","Andrew  Meyer","Sunshine",3,19.95,59.85]
["2013-01-16","Lula  Daniels","Bellen",3,22.95,68.849999999999994]
["2014-05-31","Mable  Lindsey","Sunset",3,23.5,70.5]
["2013-11-02","Patty  Thompson","Carlota",3,22.95,68.849999999999994]
["2014-12-19","Isabel  Cross","Sunbell",3,23,69]
["2013-12-17","Lance  Yates","Carlota",2,22.95,45.9]
["2013-12-18","Jaime  Pearson","Sunset",1,23.5,23.5]
["2014-10-06","Andrew  Meyer","Carlota",2,22.95,45.9]
["2014-06-01","Austin  Reynolds","Crested Beaut",2,23,46]
["2013-09-25","Charlie  Wood","Crested Beaut",2,24,48]
["2014-11-28","Cassandra  Franklin","Sunset",3,23.5,70.5]
["2014-11-30","Felicia  Jennings","Majestic Beaut",21,28.5,598.5]
["2014-11-17","Ivan  Adkins","Sunset",24,22.33,535.91999999999996]
["2014-10-15","Cassandra  Franklin","Sunbell",3,24,72]
["2014-12-19","Willie  Vega","Bellen",2,22.95,45.9]
["2013-12-05","Billie  Chandler","Quad",1,33,33]
["2014-09-25","Christy  Olson","Sunshine",3,19.95,59.85]
["2013-11-18","Felicia  Jennings","Sunshine",1,19.95,19.95]
["2014-12-18","Brooke  Horton","Quad",2,33,66]
["2013-12-28","Joey  Wong","Sunshine",3,19.95,59.85]
["2014-12-14","Mable  Lindsey","Bellen",1,22.95,22.95]
["2013-11-01","Christina  Fuller","Bellen",2,22.95,45.9]
["2014-03-05","Lee  Mack","Carlota",2,22.95,45.9]
["2013-12-17","Salvador  Bass","Quad",1,34,34]
["2014-11-28","Cassandra  Franklin","Sunbell",4,24,96]
["2014-11-23","Christy  Olson","Bellen",3,22.95,68.849999999999994]
["2014-12-17","Patty  Thompson","Crested Beaut",1,25,25]
["2013-11-09","Charlie  Wood","Carlota",3,22.95,68.849999999999994]
["2013-12-14","Marion  Glover","Sunset",3,22.5,67.5]
["2013-05-15","Edwin  Malone","Quad",2,32,64]
["2013-11-13","Mable  Lindsey","V-Rang",1,19,19]
["2013-11-05","Elbert  Klein","Bellen",1,22.95,22.95]
["2013-11-26","Jenny  Garcia","Quad",3,33,99]
["2013-11-18","Kyle  Carr","Crested Beaut",2,24,48]
["2013-11-09","Cassandra  Franklin","Sunbell",3,24,72]
["2014-12-16","Max  Rodgers","Majestic Beaut",1,30,30]
["2013-04-28","Drew  Rogers","V-Rang",3,18,54]
["2013-04-29","Jenny  Garcia","Quad",1,33,33]
["2013-09-19","Della  Jensen","Sunset",1,22.5,22.5]
["2013-11-16","Robert  Munoz","Sunbell",2,24,48]
["2014-12-21","Patty  Thompson","Quad",2,34,68]
["2013-11-22","Jenny  Garcia","Bellen",2,22.95,45.9]
["2014-12-10","Kyle  Carr","FlatTop",3,27.5,82.5]
["2013-12-12","Christina  Fuller","Carlota",2,22.95,45.9]
["2014-11-06","Della  Jensen","Quad",13,30.4,395.2]
["2014-11-30","Woodrow  Colon","Bellen",3,22.95,68.849999999999994]
["2013-11-29","Mable  Lindsey","Carlota",3,22.95,68.849999999999994]
["2014-11-14","Edwin  Malone","Quad",3,32,96]
["2014-09-13","Cecilia  Manning","Bellen",1,22.95,22.95]
["2014-11-28","Isabel  Cross","Quad",2,32,64]
["2013-11-14","Jenny  Garcia","Quad",2,33,66]
["2013-11-21","Elbert  Klein","Carlota",3,22.95,68.849999999999994]
["2013-11-01","Colleen  Warren","Bellen",3,22.95,68.849999999999994]
["2014-11-11","Blake  Bridges","Sunshine",1,19.95,19.95]
["2013-11-13","Max  Rodgers","Bellen",1,22.95,22.95]
["2013-05-18","Cecilia  Manning","Quad",1,33,33]
["2014-11-20","Austin  Reynolds","Carlota",1,21.95,21.95]
["2013-11-03","Andrew  Meyer","Crested Beaut",2,25,50]
["2014-11-17","Kyle  Carr","Quad",1,33,33]
["2014-02-17","Cecilia  Manning","Carlota",1,22.95,22.95]
["2014-09-21","Cindy  Becker","Majestic Beaut",2,29,58]
["2013-03-21","Sylvester  Morales","Sunshine",2,19.95,39.9]
["2014-11-13","Eric  Rose","Sunshine",4,19.95,79.8]
["2014-11-06","Colleen  Warren","Crested Beaut",3,25,75]
["2013-04-27","Arturo  Francis","Sunbell",2,23,46]
["2013-11-16","Nellie  Joseph","V-Rang",2,18,36]
["2013-12-19","Edwin  Malone","Sunbell",1,23,23]
["2013-11-22","Bobbie  Ryan","Sunshine",3,18.95,56.85]
["2013-12-08","Peter  Hodges","Carlota",2,22.95,45.9]
["2014-12-04","Guillermo  Potter","Quad",3,33,99]
["2013-12-19","Lynette  Brewer","Quad",2,33,66]
["2013-11-18","Rachel  Gomez","Quad",2,33,66]
["2014-11-27","Joey  Wong","V-Rang",21,18.05,379.05]
["2014-12-11","Bethany  Pena","Sunshine",2,19.95,39.9]
["2013-11-10","Edwin  Malone","Sunbell",19,21.85,415.15]
["2013-11-18","Rachel  Gomez","FlatTop",1,27.5,27.5]
["2013-11-18","Ernest  Davis","Aspen",3,21,63]
["2014-11-06","Sandra  Floyd","Bellen",3,22.95,68.849999999999994]
["2013-08-06","Max  Rodgers","Carlota",2,22.95,45.9]
["2014-05-06","Cassandra  Franklin","Quad",3,33,99]
["2013-09-28","Andrew  Meyer","Quad",1,34,34]
["2013-09-18","Felicia  Jennings","Sunshine",2,19.95,39.9]
["2014-11-13","Rachel  Gomez","Aspen",3,20,60]
["2013-11-19","Lee  Mack","Bellen",3,22.95,68.849999999999994]
["2014-12-12","Brooke  Horton","FlatTop",2,27.5,55]
["2014-11-15","Jaime  Pearson","Sunbell",4,24,96]
["2014-11-16","Brooke  Horton","Quad",2,33,66]
["2013-11-17","Tiffany  May","Majestic Beaut",21,28.5,598.5]
["2013-04-18","Ruben  Nunez","Quad",2,34,68]
["2013-12-30","Lance  Yates","Sunset",2,23.5,47]
["2013-06-11","Pauline  Beck","Carlota",2,22.95,45.9]
["2013-10-02","Kyle  Carr","Majestic Beaut",2,29,58]
["2013-12-24","Nellie  Joseph","Crested Beaut",2,23,46]
["2014-11-12","Lee  Mack","Bellen",2,22.95,45.9]
["2013-12-09","Sonya  Mullins","Quad",3,32,96]
["2014-11-09","Billie  Chandler","Aspen",1,20,20]
["2014-12-31","Edwin  Malone","Sunshine",2,18.95,37.9]
["2013-12-27","Blake  Bridges","Sunshine",3,19.95,59.85]
["2014-03-06","Robert  Munoz","Majestic Beaut",1,29,29]
["2013-01-06","Sylvester  Morales","Quad",1,34,34]
["2014-11-07","Ruben  Nunez","Aspen",2,21,42]
["2013-11-18","Eric  Rose","Majestic Beaut",2,30,60]
["2013-12-03","Max  Rodgers","Sunbell",2,25,50]
["2013-12-07","Iris  Underwood","FlatTop",2,27.5,55]
["2014-12-03","Billie  Chandler","Bellen",3,22.95,68.849999999999994]
["2013-11-17","Robert  Munoz","Bellen",2,22.95,45.9]
["2014-11-09","Salvador  Bass","Bellen",3,22.95,68.849999999999994]
["2013-12-02","Della  Jensen","Quad",14,30.4,425.6]
["2014-12-15","Eddie  Green","Crested Beaut",3,23,69]
["2013-01-11","Eric  Rose","FlatTop",3,27.5,82.5]
["2013-04-11","Donna  Reid","Bellen",4,22.95,91.8]
["2013-11-19","Dan  Peterson","Bellen",1,22.95,22.95]
["2014-03-06","Patty  Thompson","Sunset",3,23.5,70.5]
["2014-12-31","Guillermo  Potter","Sunset",3,23.5,70.5]
["2014-12-15","Ruben  Nunez","Quad",23,32.299999999999997,742.9]
["2013-12-09","Lynette  Brewer","Quad",3,33,99]
["2014-11-12","Sandra  Floyd","V-Rang",12,17.100000000000001,205.2]
["2014-06-25","Max  Rodgers","Bellen",2,22.95,45.9]
["2013-12-13","Rachel  Gomez","Aspen",1,20,20]
["2014-02-10","Iris  Underwood","Majestic Beaut",2,30,60]
["2013-11-19","Billie  Chandler","Bellen",2,22.95,45.9]
["2014-07-29","Della  Jensen","V-Rang",2,18,36]
["2013-11-24","Cassandra  Franklin","Crested Beaut",3,24,72]
["2013-11-25","Max  Rodgers","Sunshine",1,19.95,19.95]
["2013-12-14","Lula  Daniels","Sunset",3,23.5,70.5]
["2013-11-18","Bobbie  Ryan","Sunbell",2,23,46]
["2014-11-26","Dan  Peterson","Carlota",2,22.95,45.9]
["2013-11-13","Donna  Reid","Aspen",2,21,42]
["2014-11-13","Ruben  Nunez","Sunbell",4,25,100]
["2014-12-05","Woodrow  Colon","Sunbell",2,24,48]
["2014-07-13","Jenny  Garcia","Carlota",2,22.95,45.9]
["2014-12-09","Pauline  Beck","Majestic Beaut",1,30,30]
["2014-11-21","Cindy  Becker","Bellen",1,22.95,22.95]
["2013-11-30","Austin  Reynolds","Aspen",1,19,19]
["2013-11-07","Max  Rodgers","Quad",1,34,34]
["2014-09-07","Allan  Ramos","FlatTop",1,27.5,27.5]
["2013-12-16","Elbert  Klein","Sunshine",2,19.95,39.9]
["2013-12-15","Fernando  Rowe","Quad",2,34,68]
["2014-11-11","Pauline  Beck","Sunbell",2,25,50]
["2013-11-29","Charlie  Wood","Majestic Beaut",3,29,87]
["2013-12-02","Ernest  Davis","Sunshine",3,19.95,59.85]
["2014-12-02","Eddie  Green","Sunset",2,22.5,45]
["2013-11-23","Peter  Hodges","Sunshine",3,19.95,59.85]
["2014-05-08","Tracy  Reed","Carlota",3,22.95,68.849999999999994]
["2013-11-29","Charlie  Wood","Carlota",3,22.95,68.849999999999994]
["2013-04-15","Salvador  Bass","Quad",3,34,102]
["2013-12-02","Pauline  Beck","Aspen",2,21,42]
["2013-05-14","Paulette  Spencer","Sunbell",3,24,72]
["2013-03-24","Mable  Lindsey","Sunbell",17,23.75,403.75]
["2013-11-04","Brooke  Horton","V-Rang",3,18,54]
["2014-11-03","Billie  Chandler","Bellen",1,22.95,22.95]
["2014-08-11","Allan  Ramos","Sunset",3,23.5,70.5]
["2013-03-13","Cecilia  Manning","Bellen",2,22.95,45.9]
["2013-12-16","Christina  Fuller","V-Rang",1,19,19]
["2013-12-03","Shari  Silva","Quad",1,33,33]
["2013-12-20","Max  Rodgers","Carlota",12,21.8,261.60000000000002]
["2014-12-13","Shari  Silva","Majestic Beaut",18,27.55,495.9]
["2013-04-27","Kyle  Carr","Sunbell",3,24,72]
["2014-11-08","Ben  Perez","Doublers",3,79.95,239.85]
["2014-11-30","Lula  Daniels","Sunbell",2,24,48]
["2014-07-14","Tiffany  May","Majestic Beaut",1,30,30]
["2014-12-06","Isabel  Cross","Aspen",1,19,19]
["2013-05-16","Felicia  Jennings","Aspen",3,21,63]
["2014-12-23","Bobbie  Ryan","Sunbell",3,23,69]
["2014-12-06","Ivan  Adkins","V-Rang",3,19,57]
["2014-12-09","Eddie  Green","V-Rang",3,18,54]
["2014-07-28","Rachel  Gomez","Bellen",2,22.95,45.9]
["2013-04-14","Shari  Silva","Doublers",2,77.95,155.9]
["2014-12-28","Bethany  Pena","Doublers",2,79.95,159.9]
["2014-12-08","Blake  Bridges","Sunshine",3,19.95,59.85]
["2014-01-27","Joey  Wong","FlatTop",1,27.5,27.5]
["2013-11-30","Elaine  Ellis","Carlota",3,22.95,68.849999999999994]
["2014-12-13","Carla  Mccormick","Carlota",1,22.95,22.95]
["2013-06-07","Cassandra  Franklin","Sunshine",2,19.95,39.9]
["2014-12-11","Andrew  Meyer","Bellen",4,22.95,91.8]
["2014-12-30","Sandra  Floyd","Quad",3,33,99]
["2013-12-29","Della  Jensen","Aspen",1,19,19]
["2013-02-08","Donna  Reid","Carlota",2,22.95,45.9]
["2014-12-26","Nellie  Joseph","Doublers",3,75.95,227.85]
["2014-12-22","Bethany  Pena","Sunshine",2,19.95,39.9]
["2014-12-13","Eric  Rose","Sunbell",1,25,25]
["2013-12-15","Jaime  Pearson","FlatTop",2,27.5,55]
["2013-12-02","Billie  Chandler","Sunshine",2,19.95,39.9]
["2013-11-16","Austin  Reynolds","Crested Beaut",3,23,69]
["2013-12-28","Beth  Tucker","Sunbell",3,25,75]
["2014-06-22","Colleen  Warren","Bellen",2,22.95,45.9]
["2013-12-20","Charlie  Wood","Quad",1,33,33]
["2014-03-14","Ruben  Nunez","Sunbell",3,25,75]
["2013-11-22","Willie  Vega","Majestic Beaut",2,29,58]
["2014-09-10","Sylvester  Morales","Doublers",11,75.95,835.45]
["2013-11-27","Beth  Tucker","Bellen",2,22.95,45.9]
["2014-11-20","Tiffany  May","Carlota",1,22.95,22.95]
["2013-12-27","Christy  Olson","Quad",3,34,102]
["2014-07-29","Ellen  Weaver","Majestic Beaut",3,29,87]
["2014-07-13","Don  Gonzales","Sunbell",3,24,72]
["2013-12-15","Christy  Olson","Quad",1,34,34]
["2013-12-13","Brooke  Horton","Quad",1,33,33]
["2013-01-07","Trevor  Jones","Majestic Beaut",1,30,30]
["2013-02-01","Max  Rodgers","Sunbell",1,25,25]
["2014-02-15","Colleen  Warren","Bellen",1,22.95,22.95]
["2014-11-28","Isabel  Cross","Aspen",3,19,57]
["2013-10-25","Christina  Fuller","Sunshine",3,19.95,59.85]
["2014-08-20","Beth  Tucker","Bellen",2,22.95,45.9]
["2013-12-06","Cecilia  Manning","Sunshine",2,19.95,39.9]
["2014-11-20","Salvador  Bass","Quad",3,34,102]
["2013-11-05","Cindy  Becker","Carlota",21,21.8,457.8]
["2013-09-26","Lula  Daniels","Quad",3,33,99]
["2014-11-04","Mable  Lindsey","Bellen",2,22.95,45.9]
["2014-12-20","Drew  Rogers","Sunbell",3,24,72]
["2013-12-12","Cecilia  Manning","Sunshine",2,19.95,39.9]
["2013-03-07","Rachel  Gomez","Sunshine",16,18.95,303.2]
["2013-09-12","Max  Rodgers","Bellen",3,22.95,68.849999999999994]
["2014-09-03","Max  Rodgers","Aspen",2,21,42]
["2013-11-11","Eric  Rose","Bellen",3,22.95,68.849999999999994]
["2013-11-30","Nellie  Joseph","Carlota",1,21.95,21.95]
["2013-02-03","Cindy  Becker","Carlota",1,22.95,22.95]
["2014-12-10","Iris  Underwood","Crested Beaut",3,25,75]
["2013-04-26","Max  Rodgers","Crested Beaut",1,25,25]
["2014-12-16","Billie  Chandler","Sunshine",1,19.95,19.95]
["2014-12-15","Mable  Lindsey","Carlota",3,22.95,68.849999999999994]
["2013-11-28","Isabel  Cross","Sunset",2,22.5,45]
["2014-05-04","Andrew  Meyer","Quad",2,34,68]
["2014-11-17","Jaime  Pearson","Carlota",3,22.95,68.849999999999994]
["2014-07-24","Iris  Underwood","Quad",3,34,102]
["2014-11-22","Bernadette  Page","Sunbell",3,24,72]
["2013-11-30","Joey  Wong","Aspen",2,21,42]
["2013-11-06","Jaime  Pearson","Aspen",3,20,60]
["2014-11-29","Lynette  Brewer","V-Rang",1,18,18]
["2014-11-16","Rachel  Gomez","Sunset",2,23.5,47]
["2014-10-09","Guillermo  Potter","Crested Beaut",2,24,48]
["2013-12-09","Fernando  Rowe","Aspen",3,21,63]
["2013-12-10","Felicia  Jennings","Sunshine",3,19.95,59.85]
["2014-12-26","Brooke  Horton","Majestic Beaut",23,27.55,633.65]
["2014-12-28","Elvira  Bowman","Aspen",2,20,40]
["2013-12-17","Cassandra  Franklin","Sunshine",3,19.95,59.85]
["2013-12-03","Bobbie  Ryan","FlatTop",2,26.5,53]
["2013-04-27","Paulette  Spencer","Sunshine",1,19.95,19.95]
["2014-03-18","Christy  Olson","Bellen",1,22.95,22.95]
["2013-11-17","Lance  Yates","Quad",2,33,66]
["2013-12-27","Beth  Tucker","Majestic Beaut",2,30,60]
["2013-11-18","Robert  Munoz","Sunshine",2,19.95,39.9]
["2014-12-25","Lance  Yates","Sunshine",2,19.95,39.9]
["2013-12-26","Della  Jensen","Carlota",3,21.95,65.849999999999994]
["2013-06-09","Lance  Yates","Aspen",3,20,60]
["2013-12-29","Della  Jensen","Bellen",2,21.95,43.9]
["2014-12-14","Cecilia  Manning","FlatTop",3,26.5,79.5]
["2014-10-06","Kyle  Carr","Quad",1,33,33]
["2013-10-19","Mable  Lindsey","Sunset",3,23.5,70.5]
["2013-11-03","Elvira  Bowman","Sunset",2,23.5,47]
["2014-12-31","Isabel  Cross","Quad",1,32,32]
["2013-11-28","Isabel  Cross","FlatTop",19,25.18,478.42]
["2013-08-19","Rachel  Gomez","Sunbell",2,24,48]
["2014-09-09","Elaine  Ellis","Carlota",1,22.95,22.95]
["2014-09-10","Patty  Thompson","Bellen",2,22.95,45.9]
["2014-12-25","Billie  Chandler","Sunbell",3,24,72]
["2014-11-26","Trevor  Jones","Quad",4,34,136]
["2014-03-18","Pauline  Beck","Carlota",1,22.95,22.95]
["2013-05-10","Edwin  Malone","Sunbell",3,23,69]
["2013-12-10","Kyle  Carr","Sunset",3,23.5,70.5]
["2013-02-11","Herman  Williams","Doublers",1,75.95,75.95]
["2014-10-17","Christina  Fuller","Quad",2,34,68]
["2014-11-10","Joey  Wong","Sunset",3,23.5,70.5]
["2013-03-17","Christy  Olson","Quad",2,34,68]
["2013-12-16","Salvador  Bass","Sunset",1,23.5,23.5]
["2013-01-23","Mable  Lindsey","Aspen",23,19.95,458.85]
["2014-07-04","Della  Jensen","Bellen",2,21.95,43.9]
["2014-11-02","Brooke  Horton","Crested Beaut",1,24,24]
["2014-11-27","Charlie  Wood","Carlota",3,22.95,68.849999999999994]
["2013-11-14","Drew  Rogers","Bellen",2,22.95,45.9]
["2014-04-22","Arturo  Francis","Sunset",4,22.5,90]
["2013-12-25","Patty  Thompson","Bellen",3,22.95,68.849999999999994]
["2013-12-24","Sylvester  Morales","Quad",2,34,68]
["2013-01-02","Trevor  Jones","Majestic Beaut",4,30,120]
["2013-12-04","Willie  Vega","Sunshine",3,19.95,59.85]
["2014-11-29","Max  Rodgers","V-Rang",3,19,57]
["2013-12-17","Brooke  Horton","Bellen",2,22.95,45.9]
["2013-12-03","Beth  Tucker","V-Rang",2,19,38]
["2014-07-23","Drew  Rogers","Crested Beaut",3,24,72]
["2013-03-27","Jenny  Garcia","Carlota",2,22.95,45.9]
["2013-11-10","Drew  Rogers","Sunbell",3,24,72]
["2013-05-15","Paulette  Spencer","Sunshine",24,18.95,454.8]
["2013-11-01","Colleen  Warren","Quad",3,34,102]
["2014-12-08","Jenny  Garcia","Quad",3,33,99]
["2013-11-10","Patty  Thompson","Sunset",3,23.5,70.5]
["2013-11-21","Bobbie  Ryan","Sunbell",3,23,69]
["2014-10-09","Christina  Fuller","Sunbell",3,25,75]
["2013-12-06","Robert  Munoz","Quad",3,33,99]
["2014-11-28","Rachel  Gomez","Sunshine",2,19.95,39.9]
["2014-11-13","Ruben  Nunez","Carlota",20,21.8,436]
["2013-05-14","Elvira  Bowman","Quad",2,33,66]
["2014-08-21","Peter  Hodges","Bellen",2,22.95,45.9]
["2013-01-19","Mable  Lindsey","Bellen",3,22.95,68.849999999999994]
["2014-12-03","Cecilia  Manning","Crested Beaut",5,24,120]
["2014-03-15","Kyle  Carr","Bellen",2,22.95,45.9]
["2014-12-22","Ruben  Nunez","Bellen",2,22.95,45.9]
["2014-12-17","Kyle  Carr","Sunshine",2,19.95,39.9]
["2014-11-06","Elvira  Bowman","Carlota",3,22.95,68.849999999999994]
["2014-12-29","Jenny  Garcia","Sunset",1,23.5,23.5]
["2013-12-28","Elaine  Ellis","Sunshine",2,19.95,39.9]
["2014-06-18","Shari  Silva","V-Rang",2,18,36]
["2013-12-22","Shari  Silva","Sunshine",1,19.95,19.95]
["2013-12-28","Mable  Lindsey","Carlota",3,22.95,68.849999999999994]
["2014-11-10","Lorraine  Gibson","Crested Beaut",3,23,69]
["2013-11-17","Drew  Rogers","FlatTop",3,27.5,82.5]
["2013-12-07","Guillermo  Potter","Carlota",16,21.8,348.8]
["2013-11-27","Cindy  Becker","Sunbell",2,24,48]
["2013-12-26","Cassandra  Franklin","Carlota",4,22.95,91.8]
["2014-06-28","Isabel  Cross","Sunshine",2,18.95,37.9]
["2014-11-17","Joey  Wong","Aspen",2,21,42]
["2013-11-21","Kyle  Carr","Carlota",2,22.95,45.9]
["2014-04-14","Rachel  Gomez","Sunshine",1,19.95,19.95]
["2014-12-18","Christina  Fuller","Aspen",3,21,63]
["2013-11-12","Lynette  Brewer","Crested Beaut",2,24,48]
["2014-03-05","Drew  Rogers","Crested Beaut",1,24,24]
["2014-09-27","Patty  Thompson","V-Rang",1,19,19]
["2013-11-12","Mable  Lindsey","Carlota",1,22.95,22.95]
["2013-12-10","Shari  Silva","Aspen",2,20,40]
["2014-11-04","Drew  Rogers","Sunbell",1,24,24]
["2014-12-28","Cassandra  Franklin","FlatTop",12,26.13,313.56]
["2014-01-16","Patty  Thompson","Quad",2,34,68]
["2013-11-25","Salvador  Bass","Crested Beaut",1,25,25]
["2013-12-15","Cecilia  Manning","Sunshine",1,19.95,19.95]
["2013-11-01","Cindy  Becker","Sunshine",2,19.95,39.9]
["2014-07-13","Christy  Olson","Sunset",3,23.5,70.5]
["2014-11-16","Eddie  Green","Sunset",1,22.5,22.5]
["2014-11-01","Cecilia  Manning","Aspen",1,20,20]
["2014-12-30","Mable  Lindsey","Sunbell",2,25,50]
["2014-11-13","Iris  Underwood","V-Rang",1,19,19]
["2014-01-15","Joey  Wong","V-Rang",1,19,19]
["2014-12-29","Shari  Silva","Bellen",2,22.95,45.9]
["2014-11-29","Paulette  Spencer","Quad",2,33,66]
["2013-11-15","Dan  Peterson","Bellen",1,22.95,22.95]
["2013-12-12","Isabel  Cross","Sunshine",1,18.95,18.95]
["2014-05-20","Max  Rodgers","Majestic Beaut",2,30,60]
["2014-11-25","Trevor  Jones","Quad",2,34,68]
["2013-12-05","Marion  Glover","Carlota",3,21.95,65.849999999999994]
["2014-09-02","Lee  Mack","Crested Beaut",1,24,24]
["2013-01-18","Robert  Munoz","Crested Beaut",2,24,48]
["2014-12-23","Joey  Wong","V-Rang",1,19,19]
["2014-05-25","Elvira  Bowman","Sunset",2,23.5,47]
["2014-11-15","Brooke  Horton","Quad",2,33,66]
["2014-12-10","Jenny  Garcia","Quad",2,33,66]
["2014-11-22","Della  Jensen","Aspen",2,19,38]
["2014-03-23","Donna  Reid","Quad",17,32.299999999999997,549.1]
["2014-11-22","Kyle  Carr","Quad",1,33,33]
["2013-11-01","Tracy  Reed","Sunset",4,23.5,94]
["2013-12-17","Cecilia  Manning","Bellen",3,22.95,68.849999999999994]
["2013-11-16","Rachel  Gomez","V-Rang",3,18,54]
["2013-04-19","Della  Jensen","Quad",15,30.4,456]
["2013-11-15","Cassandra  Franklin","Crested Beaut",3,24,72]
["2013-12-10","Ernest  Davis","Majestic Beaut",3,30,90]
["2014-12-09","Salvador  Bass","Bellen",2,22.95,45.9]
["2013-11-28","Isabel  Cross","Majestic Beaut",1,28,28]
["2014-12-06","Ruben  Nunez","Sunshine",2,19.95,39.9]
["2013-11-04","Brooke  Horton","Quad",2,33,66]
["2013-12-09","Brooke  Horton","Sunbell",2,24,48]
["2013-12-13","Iris  Underwood","Sunbell",3,25,75]
["2013-04-05","Lynette  Brewer","Sunset",2,23.5,47]
["2014-12-14","Jaime  Pearson","Sunshine",4,19.95,79.8]
["2013-04-10","Cindy  Becker","Bellen",1,22.95,22.95]
["2013-11-08","Cecilia  Manning","Sunset",4,22.5,90]
["2014-03-12","Rachel  Gomez","Sunshine",1,19.95,19.95]
["2014-03-25","Elvira  Bowman","Majestic Beaut",2,29,58]
["2013-12-10","Cindy  Becker","Carlota",2,22.95,45.9]
["2013-12-23","Rachel  Gomez","Majestic Beaut",4,29,116]
["2014-10-03","Blake  Bridges","Crested Beaut",2,24,48]
["2013-12-22","Marion  Glover","Bellen",3,21.95,65.849999999999994]
["2013-12-05","Nellie  Joseph","Carlota",2,21.95,43.9]
["2014-11-24","Elvira  Bowman","Quad",1,33,33]
["2014-11-18","Rachel  Gomez","Crested Beaut",2,24,48]
["2013-11-13","Ivan  Adkins","Crested Beaut",2,25,50]
["2013-12-17","Eric  Rose","Aspen",1,21,21]
["2013-12-13","Bobbie  Ryan","Sunshine",3,18.95,56.85]
["2013-04-29","Rachel  Gomez","Crested Beaut",4,24,96]
["2014-12-24","Shari  Silva","Carlota",1,22.95,22.95]
["2014-03-12","Edwin  Malone","Carlota",2,21.95,43.9]
["2014-11-18","Tracy  Reed","Quad",2,33,66]
["2013-11-03","Peter  Hodges","Crested Beaut",2,24,48]
["2013-11-15","Mable  Lindsey","Sunset",1,23.5,23.5]
["2013-03-11","Mable  Lindsey","Carlota",3,22.95,68.849999999999994]
["2014-11-21","Joey  Wong","Sunbell",2,25,50]
["2014-11-29","Shari  Silva","Doublers",3,77.95,233.85]
["2014-12-29","Trevor  Jones","Sunshine",1,19.95,19.95]
["2013-12-08","Shari  Silva","Carlota",2,22.95,45.9]
["2014-08-17","Nellie  Joseph","Crested Beaut",1,23,23]
["2013-11-23","Jenny  Garcia","Sunshine",2,19.95,39.9]
["2014-11-21","Charlie  Wood","Doublers",2,79.95,159.9]
["2013-11-18","Marian  Hill","Sunbell",2,24,48]
["2013-08-11","Allan  Ramos","Crested Beaut",2,24,48]
["2013-11-06","Johanna  Boone","Sunbell",2,24,48]
["2013-10-06","Patty  Thompson","Crested Beaut",3,25,75]
["2013-12-03","Eric  Rose","Crested Beaut",2,25,50]
["2013-12-19","Bethany  Pena","Aspen",3,20,60]
["2014-10-17","Andrew  Meyer","Bellen",13,21.8,283.39999999999998]
["2014-11-24","Colleen  Warren","Bellen",3,22.95,68.849999999999994]
["2014-12-14","Herman  Williams","Majestic Beaut",3,28,84]
["2014-12-05","Max  Rodgers","Carlota",2,22.95,45.9]
["2013-11-06","Austin  Reynolds","Quad",2,32,64]
["2013-12-25","Nellie  Joseph","Bellen",2,21.95,43.9]
["2014-12-21","Arturo  Francis","Quad",1,32,32]
["2013-11-10","Herman  Williams","Majestic Beaut",2,28,56]
["2013-11-11","Austin  Reynolds","Carlota",2,21.95,43.9]
["2013-11-07","Christy  Olson","Sunset",2,23.5,47]
["2013-12-18","Ernest  Davis","Bellen",2,22.95,45.9]
["2014-11-29","Max  Rodgers","Doublers",18,75.95,1367.1]
["2014-11-02","Herman  Williams","Sunbell",3,23,69]
["2014-11-02","Cindy  Becker","Doublers",1,77.95,77.95]
["2014-12-15","Pauline  Beck","Carlota",3,22.95,68.849999999999994]
["2014-12-02","Iris  Underwood","FlatTop",2,27.5,55]
["2013-11-06","Rachel  Gomez","Sunset",8,23.5,188]
["2013-12-13","Eric  Rose","Carlota",3,22.95,68.849999999999994]
["2013-11-15","Andrew  Meyer","Sunbell",2,25,50]
["2013-11-26","Eric  Rose","Bellen",3,22.95,68.849999999999994]
["2013-12-02","Patty  Thompson","Aspen",2,21,42]
["2014-11-26","Ernest  Davis","Sunset",2,23.5,47]
["2014-12-10","Cindy  Becker","Carlota",3,22.95,68.849999999999994]
["2013-12-10","Felicia  Jennings","V-Rang",2,19,38]
["2014-11-17","Ruben  Nunez","Quad",2,34,68]
["2014-03-13","Bernadette  Page","Sunshine",3,19.95,59.85]
["2013-07-11","Mable  Lindsey","Bellen",2,22.95,45.9]
["2013-11-06","Eric  Rose","Bellen",2,22.95,45.9]
["2013-11-25","Ellen  Weaver","Quad",2,33,66]
["2013-12-19","Mable  Lindsey","Majestic Beaut",2,30,60]
["2014-04-30","Don  Gonzales","Bellen",1,22.95,22.95]
["2013-02-21","Woodrow  Colon","FlatTop",3,26.5,79.5]
["2014-08-25","Jenny  Garcia","Bellen",22,21.8,479.6]
["2014-11-10","Tiffany  May","Sunshine",12,18.95,227.4]
["2013-06-03","Austin  Reynolds","Carlota",1,21.95,21.95]
["2014-11-24","Paulette  Spencer","Sunbell",1,24,24]
["2013-12-07","Della  Jensen","Bellen",1,21.95,21.95]
["2013-12-14","Salvador  Bass","Bellen",3,22.95,68.849999999999994]
["2014-11-21","Salvador  Bass","Sunbell",2,25,50]
["2014-12-03","Tiffany  May","Quad",2,34,68]
["2014-03-22","Donna  Reid","Sunbell",11,23.75,261.25]
["2014-12-06","Blake  Bridges","Quad",4,33,132]
["2013-11-29","Donna  Reid","Carlota",1,22.95,22.95]
["2013-11-19","Brooke  Horton","Doublers",2,79.95,159.9]
["2014-04-10","Brooke  Horton","Quad",1,33,33]
["2014-12-15","Tracy  Reed","Sunset",13,22.33,290.29000000000002]
["2013-07-27","Eddie  Green","Quad",2,32,64]
["2014-11-23","Isabel  Cross","Sunbell",1,23,23]
["2013-11-19","Rachel  Gomez","FlatTop",2,27.5,55]
["2013-01-17","Salvador  Bass","Quad",2,34,68]
["2013-11-12","Salvador  Bass","Crested Beaut",1,25,25]
["2014-02-24","Salvador  Bass","Sunbell",4,25,100]
["2013-12-03","Charlie  Wood","Bellen",2,22.95,45.9]
["2014-11-14","Jaime  Pearson","Sunshine",3,19.95,59.85]
["2013-11-19","Shari  Silva","Sunset",3,22.5,67.5]
["2014-12-05","Fernando  Rowe","Sunshine",1,19.95,19.95]
["2013-12-15","Isabel  Cross","Bellen",3,21.95,65.849999999999994]
["2013-12-27","Cassandra  Franklin","Crested Beaut",3,24,72]
["2013-07-11","Fernando  Rowe","Doublers",3,79.95,239.85]
["2013-11-22","Rachel  Gomez","Sunbell",1,24,24]
["2014-11-25","Edwin  Malone","Aspen",1,19,19]
["2014-11-23","Elaine  Ellis","Carlota",1,22.95,22.95]
["2014-11-04","Shari  Silva","Sunbell",1,24,24]
["2014-09-20","Salvador  Bass","Sunbell",3,25,75]
["2014-11-19","Elaine  Ellis","Bellen",2,22.95,45.9]
["2014-12-13","Jaime  Pearson","Carlota",2,22.95,45.9]
["2013-12-01","Kyle  Carr","Crested Beaut",1,24,24]
["2014-01-31","Billie  Chandler","Aspen",1,20,20]
["2014-12-24","Iris  Underwood","Aspen",3,21,63]
["2014-11-08","Fernando  Rowe","V-Rang",1,19,19]
["2013-12-10","Trevor  Jones","Sunset",1,23.5,23.5]
["2014-11-01","Robert  Munoz","Bellen",2,22.95,45.9]
["2014-12-19","Andrew  Meyer","Bellen",3,22.95,68.849999999999994]
["2014-11-29","Andrew  Meyer","Crested Beaut",2,25,50]
["2014-12-08","Carla  Mccormick","V-Rang",1,18,18]
["2014-11-29","Don  Gonzales","Carlota",2,22.95,45.9]
["2013-11-12","Eric  Rose","Aspen",3,21,63]
["2013-11-15","Elbert  Klein","Carlota",2,22.95,45.9]
["2013-12-24","Paulette  Spencer","Bellen",2,22.95,45.9]
["2014-05-12","Edwin  Malone","Quad",1,32,32]
["2013-11-25","Willie  Vega","Sunset",1,23.5,23.5]
["2013-12-30","Robert  Munoz","FlatTop",1,27.5,27.5]
["2014-12-11","Trevor  Jones","Majestic Beaut",3,30,90]
["2013-12-08","Sandra  Floyd","Quad",4,33,132]
["2014-11-23","Elvira  Bowman","Aspen",3,20,60]
["2014-02-21","Cindy  Becker","Crested Beaut",5,24,120]
["2013-12-13","Allan  Ramos","Carlota",2,22.95,45.9]
["2013-12-19","Isabel  Cross","Bellen",3,21.95,65.849999999999994]
["2014-11-11","Cassandra  Franklin","Quad",3,33,99]
["2014-11-17","Max  Rodgers","Carlota",2,22.95,45.9]
["2014-12-11","Della  Jensen","Bellen",1,21.95,21.95]
["2013-06-13","Eddie  Green","Sunset",2,22.5,45]
["2013-11-03","Drew  Rogers","Quad",2,33,66]
["2014-12-18","Tiffany  May","Crested Beaut",3,25,75]
["2013-12-20","Charlie  Wood","Sunbell",2,24,48]
["2013-11-02","Nellie  Joseph","Bellen",2,21.95,43.9]
["2014-11-16","Salvador  Bass","Majestic Beaut",3,30,90]
["2014-12-08","Cecilia  Manning","Bellen",10,22.95,229.5]
["2013-11-28","Lorraine  Gibson","Sunshine",3,18.95,56.85]
["2014-12-11","Cindy  Becker","Aspen",1,20,20]
["2013-12-11","Nellie  Joseph","Majestic Beaut",2,28,56]
["2013-06-03","Isabel  Cross","Sunset",14,21.38,299.32]
["2014-01-22","Carla  Mccormick","Majestic Beaut",2,29,58]
["2013-10-10","Brooke  Horton","Sunset",3,23.5,70.5]
["2013-02-22","Charlie  Wood","Aspen",13,19,247]
["2014-07-11","Carla  Mccormick","Majestic Beaut",1,29,29]
["2013-11-16","Mable  Lindsey","Bellen",1,22.95,22.95]
["2013-06-22","Edwin  Malone","Carlota",1,21.95,21.95]
["2014-05-14","Drew  Rogers","Crested Beaut",24,22.8,547.20000000000005]
["2013-12-19","Bethany  Pena","FlatTop",3,27.5,82.5]
["2013-11-28","Isabel  Cross","Majestic Beaut",2,28,56]
["2013-12-20","Rachel  Gomez","Aspen",1,20,20]
["2014-12-04","Brooke  Horton","Quad",9,33,297]
["2014-08-15","Eric  Rose","Majestic Beaut",3,30,90]
["2014-09-18","Sandra  Floyd","Bellen",3,22.95,68.849999999999994]
["2014-11-07","Bobbie  Ryan","Bellen",1,21.95,21.95]
["2013-11-01","Joey  Wong","Quad",2,34,68]
["2014-11-13","Isabel  Cross","Sunset",2,22.5,45]
["2014-03-14","Paulette  Spencer","Sunbell",2,24,48]
["2014-12-16","Ben  Perez","Quad",2,34,68]
["2014-10-11","Elaine  Ellis","V-Rang",9,18,162]
["2013-12-19","Elvira  Bowman","Sunset",12,22.33,267.95999999999998]
["2014-12-15","Christina  Fuller","Majestic Beaut",1,30,30]
["2014-12-06","Max  Rodgers","Doublers",3,79.95,239.85]
["2014-11-26","Elvira  Bowman","Quad",13,31.35,407.55]
["2014-11-12","Elbert  Klein","Quad",2,33,66]
["2013-12-13","Isabel  Cross","Bellen",2,21.95,43.9]
["2013-12-06","Shari  Silva","Quad",2,33,66]
["2014-11-01","Felicia  Jennings","Majestic Beaut",1,30,30]
["2013-12-27","Mable  Lindsey","Quad",3,34,102]
["2013-02-27","Robert  Munoz","Doublers",2,79.95,159.9]
["2013-12-14","Brooke  Horton","FlatTop",4,27.5,110]
["2014-12-25","Cindy  Becker","Sunshine",1,19.95,19.95]
["2014-11-23","Lee  Mack","Bellen",3,22.95,68.849999999999994]
["2013-11-08","Cassandra  Franklin","Quad",3,33,99]
["2014-12-18","Della  Jensen","Carlota",3,21.95,65.849999999999994]
["2013-12-28","Andrew  Meyer","Crested Beaut",2,25,50]
["2013-12-29","Brooke  Horton","Doublers",2,79.95,159.9]
["2014-09-06","Bernadette  Page","Bellen",1,22.95,22.95]
["2014-02-26","Charlie  Wood","Crested Beaut",2,24,48]
["2013-12-15","Bernadette  Page","Sunshine",3,19.95,59.85]
["2013-12-17","Cassandra  Franklin","Quad",2,33,66]
["2013-11-29","Elvira  Bowman","Sunshine",1,19.95,19.95]
["2014-12-05","Cecilia  Manning","Doublers",3,77.95,233.85]
["2014-08-25","Della  Jensen","Crested Beaut",3,23,69]
["2013-11-28","Elbert  Klein","Sunshine",3,19.95,59.85]
["2013-12-08","Cassandra  Franklin","V-Rang",2,18,36]
["2013-11-21","Christy  Olson","Quad",2,34,68]
["2014-08-01","Guillermo  Potter","FlatTop",3,27.5,82.5]
["2014-11-29","Cassandra  Franklin","V-Rang",2,18,36]
["2013-01-21","Salvador  Bass","Crested Beaut",1,25,25]
["2013-12-25","Bernadette  Page","Quad",3,33,99]
["2013-11-23","Max  Rodgers","Carlota",4,22.95,91.8]
["2014-12-17","Della  Jensen","Sunshine",2,18.95,37.9]
["2014-04-02","Don  Gonzales","Quad",11,31.35,344.85]
["2013-12-14","Ruben  Nunez","Quad",2,34,68]
["2013-10-27","Drew  Rogers","Sunshine",2,19.95,39.9]
["2014-12-15","Cassandra  Franklin","Sunset",3,23.5,70.5]
["2013-12-04","Bernadette  Page","Bellen",3,22.95,68.849999999999994]
["2014-12-29","Ernest  Davis","Sunshine",14,18.95,265.3]
["2014-12-13","Woodrow  Colon","Sunshine",2,19.95,39.9]
["2014-05-03","Shari  Silva","Sunshine",2,19.95,39.9]
["2013-11-16","Cecilia  Manning","Doublers",3,77.95,233.85]
["2014-12-04","Nellie  Joseph","Quad",2,32,64]
["2013-06-21","Jenny  Garcia","Majestic Beaut",3,29,87]
["2014-11-07","Cindy  Becker","V-Rang",1,18,18]
["2013-06-23","Donna  Reid","FlatTop",1,27.5,27.5]
["2013-12-10","Cindy  Becker","V-Rang",3,18,54]
["2013-12-03","Ellen  Weaver","Carlota",2,22.95,45.9]
["2014-10-27","Cassandra  Franklin","Sunset",2,23.5,47]
["2013-12-05","Rachel  Gomez","Sunshine",2,19.95,39.9]
["2014-11-02","Donna  Reid","FlatTop",19,26.13,496.47]
["2013-10-27","Ellen  Weaver","FlatTop",3,26.5,79.5]
["2014-11-17","Brooke  Horton","Sunbell",1,24,24]
["2013-11-15","Pauline  Beck","Quad",4,34,136]
["2014-11-28","Ivan  Adkins","Carlota",3,22.95,68.849999999999994]
["2013-12-14","Lee  Mack","Sunshine",1,19.95,19.95]
["2013-07-04","Eddie  Green","Carlota",1,21.95,21.95]
["2014-11-16","Ivan  Adkins","Carlota",2,22.95,45.9]
["2014-12-14","Arturo  Francis","Sunbell",3,23,69]
["2013-06-07","Salvador  Bass","Quad",1,34,34]
["2013-12-02","Lance  Yates","Carlota",20,21.8,436]
["2013-10-16","Tracy  Reed","Doublers",1,79.95,79.95]
["2014-12-21","Sylvester  Morales","Sunbell",1,25,25]
["2013-11-17","Edwin  Malone","Quad",2,32,64]
["2014-11-20","Christina  Fuller","Aspen",4,21,84]
["2013-11-20","Cecilia  Manning","Quad",3,33,99]
["2014-04-13","Peter  Hodges","Sunbell",1,24,24]
["2014-12-12","Blake  Bridges","Carlota",3,22.95,68.849999999999994]
["2013-12-06","Marian  Hill","Sunset",3,22.5,67.5]
["2013-12-14","Colleen  Warren","Aspen",1,21,21]
["2014-07-20","Isabel  Cross","V-Rang",1,18,18]
["2014-11-06","Arturo  Francis","Bellen",4,21.95,87.8]
["2014-12-23","Cecilia  Manning","Carlota",3,22.95,68.849999999999994]
["2014-11-21","Jenny  Garcia","Sunbell",2,24,48]
["2014-11-03","Felicia  Jennings","Bellen",9,22.95,206.55]
["2014-12-22","Fernando  Rowe","Crested Beaut",3,25,75]
["2014-11-10","Joey  Wong","Sunshine",2,19.95,39.9]
["2014-12-03","Donna  Reid","Bellen",3,22.95,68.849999999999994]
["2014-11-18","Peter  Hodges","Aspen",3,20,60]
["2014-09-18","Cecilia  Manning","Sunbell",2,24,48]
["2013-11-15","Dan  Peterson","V-Rang",1,18,18]
["2013-11-13","Elvira  Bowman","Bellen",3,22.95,68.849999999999994]
["2013-12-21","Sylvester  Morales","Quad",2,34,68]
["2014-11-15","Rachel  Gomez","Bellen",22,21.8,479.6]
["2014-12-02","Isabel  Cross","Sunbell",3,23,69]
["2014-11-08","Max  Rodgers","Quad",2,34,68]
["2013-11-23","Rachel  Gomez","Sunshine",1,19.95,19.95]
["2014-12-12","Max  Rodgers","Sunset",10,23.5,235]
["2014-12-03","Cecilia  Manning","Sunbell",11,22.8,250.8]
["2013-10-22","Jenny  Garcia","Sunset",2,23.5,47]
["2014-11-24","Salvador  Bass","Bellen",3,22.95,68.849999999999994]
["2014-09-19","Austin  Reynolds","Carlota",2,21.95,43.9]
["2014-11-28","Ivan  Adkins","Bellen",2,22.95,45.9]
["2014-11-26","Sylvester  Morales","Crested Beaut",3,25,75]
["2013-11-14","Willie  Vega","Quad",3,33,99]
["2013-12-17","Patty  Thompson","FlatTop",3,27.5,82.5]
["2014-12-31","Della  Jensen","Sunset",4,22.5,90]
["2014-12-22","Beth  Tucker","Aspen",3,21,63]
["2014-11-15","Drew  Rogers","Carlota",4,22.95,91.8]
["2014-12-02","Shari  Silva","Sunset",13,21.38,277.94]
["2013-11-02","Willie  Vega","Sunshine",3,19.95,59.85]
["2014-11-10","Pauline  Beck","Bellen",3,22.95,68.849999999999994]
["2014-11-08","Willie  Vega","Carlota",2,22.95,45.9]
["2014-11-12","Shari  Silva","Sunset",2,22.5,45]
["2014-12-13","Isabel  Cross","Sunbell",3,23,69]
["2014-12-09","Jenny  Garcia","Carlota",3,22.95,68.849999999999994]
["2013-11-26","Mable  Lindsey","V-Rang",1,19,19]
["2013-12-18","Shari  Silva","Sunshine",6,19.95,119.7]
["2014-12-01","Kyle  Carr","Sunshine",3,19.95,59.85]
["2014-12-08","Johanna  Boone","FlatTop",1,26.5,26.5]
["2014-11-18","Max  Rodgers","Quad",3,34,102]
["2014-12-29","Charlie  Wood","Carlota",2,22.95,45.9]
["2014-11-01","Willie  Vega","Carlota",3,22.95,68.849999999999994]
["2014-11-17","Drew  Rogers","Bellen",3,22.95,68.849999999999994]
["2014-11-30","Max  Rodgers","Sunbell",3,25,75]
["2014-12-05","Cindy  Becker","Sunshine",2,19.95,39.9]
["2013-12-05","Cindy  Becker","FlatTop",2,26.5,53]
["2014-03-19","Carla  Mccormick","Sunshine",4,19.95,79.8]
["2014-04-13","Kyle  Carr","Quad",3,33,99]
["2013-12-16","Cassandra  Franklin","Majestic Beaut",2,29,58]
["2013-04-02","Cassandra  Franklin","Quad",1,33,33]
["2014-08-05","Drew  Rogers","Aspen",2,20,40]
["2014-12-31","Willie  Vega","Crested Beaut",1,24,24]
["2013-12-08","Lance  Yates","Majestic Beaut",1,29,29]
["2013-11-12","Jenny  Garcia","Quad",1,33,33]
["2013-08-30","Cindy  Becker","Sunbell",3,24,72]
["2013-12-22","Paulette  Spencer","Quad",3,33,99]
["2013-12-27","Trevor  Jones","Bellen",1,22.95,22.95]
["2014-12-05","Ben  Perez","Carlota",3,22.95,68.849999999999994]
["2014-04-25","Ivan  Adkins","Sunshine",1,19.95,19.95]
["2013-11-25","Lorraine  Gibson","Bellen",2,21.95,43.9]
["2014-12-03","Lula  Daniels","Sunset",3,23.5,70.5]
["2014-05-05","Cindy  Becker","Carlota",7,22.95,160.65]
["2014-12-22","Sylvester  Morales","Quad",1,34,34]
["2014-11-08","Andrew  Meyer","Carlota",3,22.95,68.849999999999994]
["2013-11-01","Ben  Perez","Doublers",4,79.95,319.8]
["2014-09-24","Mable  Lindsey","Carlota",7,22.95,160.65]
["2013-07-12","Max  Rodgers","Crested Beaut",3,25,75]
["2014-12-30","Paulette  Spencer","Aspen",2,20,40]
["2014-11-28","Robert  Munoz","Majestic Beaut",1,29,29]
["2014-11-13","Lance  Yates","Carlota",3,22.95,68.849999999999994]
["2014-03-06","Della  Jensen","Crested Beaut",2,23,46]
["2014-10-28","Felicia  Jennings","Sunset",3,23.5,70.5]
["2013-11-16","Kyle  Carr","Sunbell",2,24,48]
["2014-03-29","Tiffany  May","Sunbell",2,25,50]
["2013-12-02","Drew  Rogers","Crested Beaut",3,24,72]
["2014-12-27","Brooke  Horton","Sunshine",3,19.95,59.85]
["2013-12-08","Drew  Rogers","Bellen",1,22.95,22.95]
["2013-12-17","Robert  Munoz","Bellen",2,22.95,45.9]
["2013-11-05","Andrew  Meyer","Sunset",1,23.5,23.5]
["2014-11-25","Andrew  Meyer","Bellen",3,22.95,68.849999999999994]
["2013-03-22","Lorraine  Gibson","Carlota",3,21.95,65.849999999999994]
["2013-11-03","Salvador  Bass","Sunshine",1,19.95,19.95]
["2013-07-06","Cecilia  Manning","Aspen",1,20,20]
["2014-12-26","Ruben  Nunez","Aspen",19,19.95,379.05]
["2013-07-16","Ruben  Nunez","Carlota",1,22.95,22.95]
["2013-11-08","Woodrow  Colon","Majestic Beaut",2,29,58]
["2014-09-26","Marion  Glover","Bellen",1,21.95,21.95]
["2014-11-19","Marion  Glover","Bellen",3,21.95,65.849999999999994]
["2013-12-18","Della  Jensen","FlatTop",3,26.5,79.5]
["2013-05-26","Guillermo  Potter","Bellen",5,22.95,114.75]
["2013-11-04","Cassandra  Franklin","Sunbell",2,24,48]
["2013-07-21","Herman  Williams","Aspen",1,19,19]
["2014-11-21","Cassandra  Franklin","Sunshine",8,19.95,159.6]
["2013-11-04","Cecilia  Manning","Aspen",4,20,80]
["2013-11-19","Christy  Olson","Bellen",1,22.95,22.95]
["2013-12-30","Christina  Fuller","Bellen",1,22.95,22.95]
["2013-11-08","Jenny  Garcia","Sunshine",1,19.95,19.95]
["2014-10-14","Elvira  Bowman","Quad",1,33,33]
["2013-11-24","Brooke  Horton","Bellen",4,22.95,91.8]
["2013-10-31","Max  Rodgers","Sunset",3,23.5,70.5]
["2014-11-01","Brooke  Horton","Bellen",3,22.95,68.849999999999994]
["2013-04-07","Paulette  Spencer","Quad",3,33,99]
["2014-12-15","Lance  Yates","Sunshine",18,18.95,341.1]
["2013-11-18","Colleen  Warren","Carlota",2,22.95,45.9]
["2014-12-13","Bobbie  Ryan","Sunbell",2,23,46]
["2013-10-23","Isabel  Cross","Aspen",4,19,76]
["2013-12-04","Rachel  Gomez","Aspen",2,20,40]
["2013-05-11","Eric  Rose","Majestic Beaut",1,30,30]
["2014-11-04","Allan  Ramos","Quad",3,33,99]
["2014-11-08","Edwin  Malone","Crested Beaut",3,23,69]
["2014-07-15","Sylvester  Morales","Sunbell",12,23.75,285]
["2013-12-23","Beth  Tucker","Carlota",1,22.95,22.95]
["2014-05-05","Marion  Glover","Sunset",1,22.5,22.5]
["2013-11-12","Sandra  Floyd","Sunbell",1,24,24]
["2014-11-23","Della  Jensen","Sunshine",1,18.95,18.95]
["2013-10-25","Colleen  Warren","Carlota",1,22.95,22.95]
["2014-11-25","Brooke  Horton","Bellen",4,22.95,91.8]
["2014-12-11","Salvador  Bass","FlatTop",2,27.5,55]
["2013-12-25","Robert  Munoz","Sunbell",3,24,72]
["2014-11-17","Isabel  Cross","Carlota",1,21.95,21.95]
["2013-01-15","Drew  Rogers","Aspen",1,20,20]
["2013-08-28","Max  Rodgers","Quad",3,34,102]
["2013-11-10","Joey  Wong","Quad",3,34,102]
["2014-09-22","Drew  Rogers","Aspen",2,20,40]
["2014-12-19","Drew  Rogers","Majestic Beaut",2,29,58]
["2013-11-15","Elbert  Klein","Crested Beaut",1,24,24]
["2014-04-16","Lance  Yates","Bellen",3,22.95,68.849999999999994]
["2013-11-04","Salvador  Bass","Quad",2,34,68]
["2013-03-04","Salvador  Bass","FlatTop",1,27.5,27.5]
["2014-11-14","Bernadette  Page","Sunshine",2,19.95,39.9]
["2013-12-07","Patty  Thompson","Sunset",2,23.5,47]
["2013-11-27","Cassandra  Franklin","Sunshine",1,19.95,19.95]
["2014-11-14","Brooke  Horton","Sunset",3,23.5,70.5]
["2013-10-07","Ivan  Adkins","Sunbell",2,25,50]
["2014-12-25","Lee  Mack","Majestic Beaut",24,27.55,661.2]
["2014-12-14","Ben  Perez","Crested Beaut",2,25,50]
["2013-05-09","Ellen  Weaver","Quad",1,33,33]
["2014-12-29","Max  Rodgers","Sunshine",1,19.95,19.95]
["2014-12-29","Ernest  Davis","Quad",1,34,34]
["2014-01-25","Drew  Rogers","Sunshine",2,19.95,39.9]
["2013-10-06","Bethany  Pena","Bellen",2,22.95,45.9]
["2014-12-05","Ernest  Davis","Sunbell",3,25,75]
["2014-07-15","Bernadette  Page","Bellen",3,22.95,68.849999999999994]
["2014-11-14","Rachel  Gomez","Aspen",1,20,20]
["2013-11-24","Bethany  Pena","Carlota",2,22.95,45.9]
["2014-12-08","Max  Rodgers","Sunbell",1,25,25]
["2014-12-03","Carla  Mccormick","Sunbell",3,24,72]
["2013-12-16","Andrew  Meyer","Crested Beaut",2,25,50]
["2014-09-23","Cassandra  Franklin","FlatTop",2,27.5,55]
["2014-12-06","Salvador  Bass","Sunset",2,23.5,47]
["2014-12-13","Sonya  Mullins","Bellen",3,21.95,65.849999999999994]
["2013-12-12","Shari  Silva","Bellen",3,22.95,68.849999999999994]
["2013-02-15","Shari  Silva","Sunset",2,22.5,45]
["2014-04-07","Brooke  Horton","Bellen",20,21.8,436]
["2014-11-16","Don  Gonzales","FlatTop",2,26.5,53]
["2013-12-29","Peter  Hodges","Quad",2,33,66]
["2014-12-30","Shari  Silva","Bellen",4,22.95,91.8]
["2013-11-15","Andrew  Meyer","Sunbell",2,25,50]
["2013-12-16","Robert  Munoz","Aspen",2,20,40]
["2013-12-13","Tracy  Reed","Sunset",2,23.5,47]
["2013-12-20","Rachel  Gomez","Quad",2,33,66]
["2014-11-17","Lynette  Brewer","Majestic Beaut",2,29,58]
["2013-12-01","Felicia  Jennings","Sunset",1,23.5,23.5]
["2014-12-17","Max  Rodgers","Carlota",2,22.95,45.9]
["2014-10-28","Jenny  Garcia","Bellen",2,22.95,45.9]
["2014-11-29","Andrew  Meyer","Quad",2,34,68]
["2014-11-29","Kyle  Carr","Carlota",2,22.95,45.9]
["2014-11-25","Andrew  Meyer","Sunset",3,23.5,70.5]
["2014-10-06","Bernadette  Page","Sunshine",3,19.95,59.85]
["2014-06-16","Sylvester  Morales","Crested Beaut",1,25,25]
["2014-12-27","Edwin  Malone","Bellen",15,20.85,312.75]
["2013-12-10","Della  Jensen","Sunshine",7,18.95,132.65]
["2013-12-08","Peter  Hodges","V-Rang",1,18,18]
["2013-11-07","Eric  Rose","Quad",3,34,102]
["2014-12-05","Elaine  Ellis","Aspen",3,20,60]
["2013-11-05","Max  Rodgers","Quad",3,34,102]
["2013-11-30","Carla  Mccormick","Sunshine",20,18.95,379]
["2014-12-28","Felicia  Jennings","Quad",3,34,102]
["2013-05-15","Eddie  Green","Bellen",2,21.95,43.9]
["2014-12-17","Kyle  Carr","V-Rang",3,18,54]
["2014-11-17","Ben  Perez","Bellen",2,22.95,45.9]
["2014-11-27","Don  Gonzales","Quad",3,33,99]
["2014-11-16","Herman  Williams","Sunset",2,22.5,45]
["2013-12-03","Eric  Rose","Doublers",2,79.95,159.9]
["2013-01-26","Lee  Mack","Quad",7,33,231]
["2013-12-30","Rachel  Gomez","Sunbell",1,24,24]
["2013-07-07","Della  Jensen","Quad",3,32,96]
["2014-11-21","Cecilia  Manning","Quad",12,31.35,376.2]
["2014-06-13","Shari  Silva","Crested Beaut",14,22.8,319.2]
["2013-12-22","Eddie  Green","Bellen",23,20.85,479.55]
["2014-11-29","Kyle  Carr","Quad",3,33,99]
["2014-12-20","Beth  Tucker","Bellen",1,22.95,22.95]
["2014-12-06","Carla  Mccormick","Sunbell",2,24,48]
["2013-11-29","Robert  Munoz","Carlota",2,22.95,45.9]
["2014-12-05","Max  Rodgers","FlatTop",2,27.5,55]
["2013-12-12","Rachel  Gomez","Carlota",2,22.95,45.9]
["2013-11-21","Trevor  Jones","Sunset",2,23.5,47]
["2013-11-06","Bernadette  Page","Majestic Beaut",2,29,58]
["2013-11-24","Isabel  Cross","FlatTop",3,26.5,79.5]
["2014-11-23","Ruben  Nunez","Carlota",3,22.95,68.849999999999994]
["2013-12-14","Kyle  Carr","Sunbell",2,24,48]
["2013-01-09","Shari  Silva","Sunshine",2,19.95,39.9]
["2014-11-02","Sonya  Mullins","Doublers",2,75.95,151.9]
["2014-12-25","Pauline  Beck","Aspen",3,21,63]
["2014-12-06","Trevor  Jones","Sunset",1,23.5,23.5]
["2013-03-20","Austin  Reynolds","Carlota",2,21.95,43.9]
["2014-12-24","Marian  Hill","Sunshine",1,19.95,19.95]
["2014-11-17","Ellen  Weaver","Sunshine",2,19.95,39.9]
["2014-08-05","Willie  Vega","FlatTop",3,27.5,82.5]
["2014-11-16","Brooke  Horton","Doublers",1,79.95,79.95]
["2013-12-30","Drew  Rogers","Sunshine",3,19.95,59.85]
["2014-11-10","Elvira  Bowman","Aspen",3,20,60]
["2013-08-04","Sandra  Floyd","FlatTop",3,27.5,82.5]
["2014-11-19","Drew  Rogers","Sunset",3,23.5,70.5]
["2013-10-06","Carla  Mccormick","Bellen",2,22.95,45.9]
["2014-12-09","Max  Rodgers","Bellen",2,22.95,45.9]
["2014-11-26","Edwin  Malone","Quad",1,32,32]
["2014-12-03","Jenny  Garcia","Quad",1,33,33]
["2014-11-03","Carla  Mccormick","Sunbell",2,24,48]
["2014-12-15","Eric  Rose","Carlota",2,22.95,45.9]
["2013-12-08","Charlie  Wood","Majestic Beaut",3,29,87]
["2013-12-19","Iris  Underwood","Majestic Beaut",16,28.5,456]
["2013-12-06","Cassandra  Franklin","Aspen",1,20,20]
["2013-12-29","Patty  Thompson","Sunshine",1,19.95,19.95]
["2013-04-23","Sonya  Mullins","Quad",3,32,96]
["2013-12-29","Brooke  Horton","Majestic Beaut",1,29,29]
["2014-11-24","Edwin  Malone","Sunshine",2,18.95,37.9]
["2013-11-30","Herman  Williams","Sunset",1,22.5,22.5]
["2013-12-01","Joey  Wong","Quad",1,34,34]
["2013-11-02","Salvador  Bass","Doublers",3,79.95,239.85]
["2014-12-09","Mable  Lindsey","Sunset",20,22.33,446.6]
["2013-09-17","Robert  Munoz","Bellen",21,21.8,457.8]
["2013-12-31","Trevor  Jones","Sunset",1,23.5,23.5]
["2013-12-12","Rachel  Gomez","Bellen",2,22.95,45.9]
["2014-11-30","Drew  Rogers","Quad",3,33,99]
["2014-09-22","Elvira  Bowman","FlatTop",3,27.5,82.5]
["2014-11-11","Allan  Ramos","Doublers",1,79.95,79.95]
["2013-11-10","Fernando  Rowe","Crested Beaut",3,25,75]
["2013-12-13","Trevor  Jones","Bellen",3,22.95,68.849999999999994]
["2013-12-02","Tiffany  May","Bellen",2,22.95,45.9]
["2014-12-04","Billie  Chandler","Carlota",3,22.95,68.849999999999994]
["2014-02-14","Della  Jensen","Sunbell",2,23,46]
["2013-05-02","Kyle  Carr","Quad",3,33,99]
["2014-11-06","Allan  Ramos","Sunbell",3,24,72]
["2013-11-01","Carla  Mccormick","Majestic Beaut",3,29,87]
["2014-11-24","Rachel  Gomez","Quad",2,33,66]
["2013-11-18","Lorraine  Gibson","Sunbell",3,23,69]
["2013-11-27","Patty  Thompson","Sunshine",2,19.95,39.9]
["2014-11-22","Willie  Vega","FlatTop",2,27.5,55]
["2013-12-17","Isabel  Cross","Bellen",2,21.95,43.9]
["2013-11-17","Edwin  Malone","Crested Beaut",3,23,69]
["2014-12-12","Don  Gonzales","Sunbell",2,24,48]
["2013-11-17","Robert  Munoz","Carlota",1,22.95,22.95]
["2014-12-18","Cindy  Becker","Sunbell",18,22.8,410.4]
["2014-11-15","Isabel  Cross","Carlota",2,21.95,43.9]
["2014-12-03","Herman  Williams","Bellen",1,21.95,21.95]
["2013-12-09","Max  Rodgers","Bellen",1,22.95,22.95]
["2014-11-08","Lee  Mack","Bellen",2,22.95,45.9]
["2014-11-16","Salvador  Bass","Sunshine",2,19.95,39.9]
["2014-12-06","Iris  Underwood","Bellen",3,22.95,68.849999999999994]
["2014-11-11","Elbert  Klein","FlatTop",3,26.5,79.5]
["2014-09-13","Peter  Hodges","Majestic Beaut",3,29,87]
["2013-06-09","Della  Jensen","Crested Beaut",11,21.85,240.35]
["2013-12-18","Austin  Reynolds","Carlota",2,21.95,43.9]
["2013-11-25","Elbert  Klein","Bellen",2,22.95,45.9]
["2014-02-07","Drew  Rogers","Carlota",3,22.95,68.849999999999994]
["2013-04-10","Bernadette  Page","Sunset",2,23.5,47]
["2013-11-20","Della  Jensen","Sunshine",2,18.95,37.9]
["2014-11-20","Bernadette  Page","Sunshine",2,19.95,39.9]
["2013-08-10","Della  Jensen","Quad",3,32,96]
["2014-11-05","Brooke  Horton","Sunbell",21,22.8,478.8]
["2014-12-02","Kyle  Carr","Majestic Beaut",1,29,29]
["2013-11-16","Dan  Peterson","Sunset",2,23.5,47]
["2013-11-29","Billie  Chandler","Quad",2,33,66]
["2013-11-02","Bernadette  Page","Bellen",1,22.95,22.95]
["2013-11-28","Ellen  Weaver","Sunset",3,22.5,67.5]
["2013-11-14","Bobbie  Ryan","Quad",1,32,32]
["2013-12-28","Sylvester  Morales","Majestic Beaut",17,28.5,484.5]
["2013-12-05","Max  Rodgers","Bellen",2,22.95,45.9]
["2014-07-30","Trevor  Jones","Quad",2,34,68]
["2013-11-22","Trevor  Jones","Carlota",1,22.95,22.95]
["2014-11-13","Cecilia  Manning","Carlota",2,22.95,45.9]
["2014-02-08","Drew  Rogers","Quad",2,33,66]
["2013-11-16","Elaine  Ellis","Sunshine",1,19.95,19.95]
["2014-12-01","Trevor  Jones","Bellen",3,22.95,68.849999999999994]
["2013-05-20","Beth  Tucker","Carlota",2,22.95,45.9]
["2014-03-16","Cecilia  Manning","Quad",1,33,33]
["2013-11-07","Eric  Rose","Crested Beaut",3,25,75]
["2014-11-22","Jaime  Pearson","Majestic Beaut",3,29,87]
["2013-12-17","Brooke  Horton","Aspen",3,20,60]
["2014-11-22","Peter  Hodges","Carlota",2,22.95,45.9]
["2014-02-25","Kyle  Carr","Sunshine",1,19.95,19.95]
["2013-11-08","Isabel  Cross","Quad",2,32,64]
["2014-11-30","Trevor  Jones","Quad",2,34,68]
["2014-12-01","Max  Rodgers","Carlota",3,22.95,68.849999999999994]
["2014-12-25","Salvador  Bass","Bellen",2,22.95,45.9]
["2013-10-27","Cindy  Becker","Aspen",3,20,60]
["2013-12-09","Andrew  Meyer","Majestic Beaut",1,30,30]
["2014-12-22","Della  Jensen","FlatTop",1,26.5,26.5]
["2013-12-17","Lance  Yates","Quad",2,33,66]
["2014-11-17","Paulette  Spencer","Bellen",2,22.95,45.9]
["2014-01-30","Christina  Fuller","Sunshine",3,19.95,59.85]
["2014-11-19","Ellen  Weaver","Sunbell",2,24,48]
["2014-11-28","Patty  Thompson","Majestic Beaut",13,28.5,370.5]
["2013-11-19","Bethany  Pena","Sunset",3,23.5,70.5]
["2014-11-29","Shari  Silva","Carlota",3,22.95,68.849999999999994]
["2013-12-28","Lula  Daniels","Quad",2,33,66]
["2014-12-01","Dan  Peterson","Sunset",1,23.5,23.5]
["2014-09-01","Elaine  Ellis","Doublers",9,77.95,701.55]
["2014-07-17","Isabel  Cross","Quad",4,32,128]
["2014-09-04","Trevor  Jones","Carlota",4,22.95,91.8]
["2014-12-29","Trevor  Jones","Crested Beaut",3,25,75]
["2013-12-04","Andrew  Meyer","Sunshine",3,19.95,59.85]
["2014-07-24","Carla  Mccormick","Sunshine",2,19.95,39.9]
["2013-03-28","Elvira  Bowman","Carlota",1,22.95,22.95]
["2013-12-13","Lee  Mack","Bellen",1,22.95,22.95]
["2014-12-15","Dan  Peterson","Quad",17,31.35,532.95000000000005]
["2014-12-30","Cindy  Becker","Sunset",2,22.5,45]
["2014-11-03","Jenny  Garcia","Majestic Beaut",3,29,87]
["2014-12-06","Isabel  Cross","Sunshine",2,18.95,37.9]
["2014-09-16","Guillermo  Potter","Bellen",5,22.95,114.75]
["2014-09-10","Christy  Olson","Sunshine",1,19.95,19.95]
["2014-08-05","Johanna  Boone","Bellen",2,22.95,45.9]
["2014-12-21","Felicia  Jennings","Sunset",3,23.5,70.5]
["2014-11-27","Colleen  Warren","Sunshine",3,19.95,59.85]
["2013-07-31","Elvira  Bowman","Sunbell",3,24,72]
["2013-03-25","Pauline  Beck","Quad",2,34,68]
["2014-11-20","Don  Gonzales","V-Rang",1,18,18]
["2013-12-06","Della  Jensen","Aspen",3,19,57]
["2014-07-02","Willie  Vega","Sunbell",13,22.8,296.39999999999998]
["2014-12-28","Christina  Fuller","Aspen",2,21,42]
["2013-03-05","Max  Rodgers","Quad",3,34,102]
["2014-12-11","Ellen  Weaver","Quad",2,33,66]
["2014-02-03","Tracy  Reed","Sunset",1,23.5,23.5]
["2013-10-20","Isabel  Cross","Aspen",3,19,57]
["2013-12-05","Brooke  Horton","Quad",19,31.35,595.65]
["2014-10-11","Cassandra  Franklin","FlatTop",6,27.5,165]
["2013-11-05","Trevor  Jones","Majestic Beaut",8,30,240]
["2013-11-28","Shari  Silva","Carlota",3,22.95,68.849999999999994]
["2014-12-10","Kyle  Carr","Quad",3,33,99]
["2014-12-28","Rachel  Gomez","Majestic Beaut",2,29,58]
["2013-08-02","Herman  Williams","Doublers",3,75.95,227.85]
["2014-09-29","Ivan  Adkins","Quad",2,34,68]
["2013-05-16","Felicia  Jennings","FlatTop",1,27.5,27.5]
["2014-12-14","Isabel  Cross","Crested Beaut",2,23,46]
["2014-09-19","Don  Gonzales","Carlota",2,22.95,45.9]
["2014-04-08","Della  Jensen","Bellen",1,21.95,21.95]
["2013-11-11","Trevor  Jones","Majestic Beaut",2,30,60]
["2014-08-12","Patty  Thompson","Aspen",2,21,42]
["2014-11-24","Woodrow  Colon","Quad",3,33,99]
["2014-12-21","Isabel  Cross","Aspen",1,19,19]
["2014-01-10","Ellen  Weaver","Carlota",3,22.95,68.849999999999994]
["2014-11-08","Isabel  Cross","Quad",3,32,96]
["2014-11-11","Charlie  Wood","Bellen",3,22.95,68.849999999999994]
["2013-02-11","Guillermo  Potter","Sunset",3,23.5,70.5]
["2014-12-04","Elvira  Bowman","Quad",2,33,66]
["2014-11-10","Woodrow  Colon","Bellen",3,22.95,68.849999999999994]
["2014-12-23","Jenny  Garcia","Sunset",3,23.5,70.5]
["2014-12-27","Peter  Hodges","Sunshine",4,19.95,79.8]
["2013-12-24","Jenny  Garcia","Majestic Beaut",2,29,58]
["2014-10-10","Jaime  Pearson","Sunset",2,23.5,47]
["2014-10-25","Elvira  Bowman","Quad",2,33,66]
["2013-11-17","Herman  Williams","Quad",2,32,64]
["2013-10-29","Rachel  Gomez","Sunshine",2,19.95,39.9]
["2014-11-21","Herman  Williams","Crested Beaut",4,23,92]
["2014-09-29","Johanna  Boone","Sunshine",3,19.95,59.85]
["2014-09-17","Isabel  Cross","Quad",2,32,64]
["2014-12-24","Lynette  Brewer","Quad",2,33,66]
["2014-02-12","Della  Jensen","Sunshine",3,18.95,56.85]
["2014-11-18","Lorraine  Gibson","Bellen",2,21.95,43.9]
["2014-12-15","Marion  Glover","Carlota",1,21.95,21.95]
["2013-11-14","Lula  Daniels","Majestic Beaut",1,29,29]
["2013-12-04","Cassandra  Franklin","Aspen",3,20,60]
["2013-11-12","Colleen  Warren","Doublers",3,79.95,239.85]
["2013-12-19","Don  Gonzales","Sunbell",3,24,72]
["2013-11-28","Carla  Mccormick","Doublers",2,79.95,159.9]
["2013-11-24","Ernest  Davis","Crested Beaut",2,25,50]
["2013-11-24","Peter  Hodges","Bellen",3,22.95,68.849999999999994]
["2014-11-26","Rachel  Gomez","Sunbell",2,24,48]
["2013-11-23","Sandra  Floyd","Bellen",4,22.95,91.8]
["2013-11-20","Willie  Vega","Bellen",3,22.95,68.849999999999994]
["2013-11-27","Bethany  Pena","Bellen",3,22.95,68.849999999999994]
["2014-05-01","Arturo  Francis","Bellen",2,21.95,43.9]
["2013-12-04","Bobbie  Ryan","Quad",3,32,96]
["2013-03-29","Brooke  Horton","Aspen",1,20,20]
["2013-11-28","Guillermo  Potter","Sunbell",3,24,72]
["2013-09-13","Edwin  Malone","Carlota",2,21.95,43.9]
["2014-12-22","Bethany  Pena","Carlota",2,22.95,45.9]
["2013-11-23","Cindy  Becker","Crested Beaut",3,24,72]
["2014-05-17","Elvira  Bowman","Sunshine",2,19.95,39.9]
["2013-12-09","Salvador  Bass","Crested Beaut",1,25,25]
["2014-09-01","Cecilia  Manning","FlatTop",5,26.5,132.5]
["2014-11-23","Cassandra  Franklin","Aspen",2,20,40]
["2014-11-30","Charlie  Wood","Sunbell",3,24,72]
["2014-12-29","Jenny  Garcia","Sunset",4,23.5,94]
["2014-05-07","Elbert  Klein","Aspen",2,20,40]
["2014-05-14","Fernando  Rowe","Majestic Beaut",2,30,60]
["2014-12-11","Iris  Underwood","Quad",10,34,340]
["2013-11-10","Della  Jensen","Sunbell",1,23,23]
["2014-07-28","Edwin  Malone","Majestic Beaut",1,28,28]
["2014-11-17","Pauline  Beck","Crested Beaut",25,23.75,593.75]
["2013-11-18","Rachel  Gomez","Quad",4,33,132]
["2014-12-16","Sandra  Floyd","V-Rang",16,17.100000000000001,273.60000000000002]
["2013-11-20","Johanna  Boone","Crested Beaut",3,24,72]
["2014-12-04","Bernadette  Page","V-Rang",2,18,36]
["2014-12-27","Don  Gonzales","Crested Beaut",2,24,48]
["2013-11-27","Dan  Peterson","Bellen",3,22.95,68.849999999999994]
["2014-01-05","Elbert  Klein","Bellen",3,22.95,68.849999999999994]
["2013-11-19","Isabel  Cross","Sunshine",2,18.95,37.9]
["2013-11-21","Charlie  Wood","Quad",2,33,66]
["2013-12-02","Della  Jensen","Aspen",2,19,38]
["2014-05-07","Marian  Hill","V-Rang",24,17.100000000000001,410.4]
["2013-11-29","Fernando  Rowe","Majestic Beaut",4,30,120]
["2014-06-07","Marion  Glover","Sunshine",2,18.95,37.9]
["2014-12-17","Sonya  Mullins","Sunshine",19,18,342]
["2013-06-20","Max  Rodgers","Bellen",2,22.95,45.9]
["2013-11-11","Fernando  Rowe","Aspen",2,21,42]
["2014-12-17","Trevor  Jones","Sunset",1,23.5,23.5]
["2014-11-01","Christy  Olson","Crested Beaut",3,25,75]
["2013-11-18","Salvador  Bass","Quad",1,34,34]
["2013-02-06","Felicia  Jennings","Sunset",1,23.5,23.5]
["2013-11-06","Salvador  Bass","V-Rang",2,19,38]
["2013-11-21","Andrew  Meyer","Majestic Beaut",3,30,90]
["2013-05-06","Edwin  Malone","Quad",1,32,32]
["2014-09-29","Ruben  Nunez","Quad",3,34,102]
["2014-10-27","Tracy  Reed","Majestic Beaut",2,29,58]
["2013-02-04","Max  Rodgers","V-Rang",1,19,19]
["2013-11-18","Lee  Mack","Majestic Beaut",2,29,58]
["2014-12-12","Carla  Mccormick","Sunbell",3,24,72]
["2013-11-06","Bobbie  Ryan","Aspen",2,19,38]
["2013-12-15","Christy  Olson","Aspen",1,21,21]
["2013-05-27","Shari  Silva","Carlota",1,22.95,22.95]
["2014-12-06","Ivan  Adkins","Sunset",1,23.5,23.5]
["2014-12-29","Cassandra  Franklin","Sunshine",3,19.95,59.85]
["2014-12-04","Eric  Rose","Quad",3,34,102]
["2013-07-30","Salvador  Bass","Bellen",3,22.95,68.849999999999994]
["2013-11-30","Sylvester  Morales","Bellen",3,22.95,68.849999999999994]
["2014-12-15","Allan  Ramos","Carlota",2,22.95,45.9]
["2014-01-29","Fernando  Rowe","Carlota",2,22.95,45.9]
["2014-12-06","Fernando  Rowe","Majestic Beaut",3,30,90]
["2014-12-15","Ellen  Weaver","Sunshine",3,19.95,59.85]
["2013-11-05","Nellie  Joseph","Aspen",2,19,38]
["2014-12-22","Elvira  Bowman","Sunbell",2,24,48]
["2013-11-26","Bobbie  Ryan","Majestic Beaut",2,28,56]
["2014-01-18","Guillermo  Potter","Quad",3,33,99]
["2013-11-29","Rachel  Gomez","Majestic Beaut",1,29,29]
["2013-03-05","Charlie  Wood","Carlota",3,22.95,68.849999999999994]
["2014-12-08","Tiffany  May","Quad",6,34,204]
["2013-01-22","Johanna  Boone","Sunbell",1,24,24]
["2014-04-27","Mable  Lindsey","Sunset",3,23.5,70.5]
["2014-12-15","Drew  Rogers","Bellen",1,22.95,22.95]
["2014-03-09","Cecilia  Manning","Bellen",1,22.95,22.95]
["2014-05-02","Tiffany  May","Majestic Beaut",10,30,300]
["2014-11-24","Isabel  Cross","Quad",3,32,96]
["2013-05-04","Elaine  Ellis","Quad",3,33,99]
["2014-11-15","Christina  Fuller","Bellen",2,22.95,45.9]
["2013-12-27","Lance  Yates","Sunbell",3,24,72]
["2014-11-23","Don  Gonzales","Carlota",2,22.95,45.9]
["2013-12-09","Sandra  Floyd","Crested Beaut",16,22.8,364.8]
["2014-08-25","Beth  Tucker","Quad",3,34,102]
["2013-12-18","Shari  Silva","Sunbell",1,24,24]
["2013-11-01","Kyle  Carr","Sunbell",2,24,48]
["2014-11-05","Cecilia  Manning","Sunshine",3,19.95,59.85]
["2013-05-23","Drew  Rogers","Sunbell",2,24,48]
["2014-12-17","Nellie  Joseph","Majestic Beaut",3,28,84]
["2013-12-26","Austin  Reynolds","Sunbell",2,23,46]
["2014-11-13","Lula  Daniels","Bellen",1,22.95,22.95]
["2013-12-02","Jenny  Garcia","Sunshine",1,19.95,19.95]
["2013-12-23","Sylvester  Morales","Carlota",2,22.95,45.9]
["2014-08-22","Lynette  Brewer","Quad",2,33,66]
["2013-11-09","Joey  Wong","Aspen",1,21,21]
["2013-03-20","Bernadette  Page","Bellen",2,22.95,45.9]
["2013-08-18","Elaine  Ellis","Aspen",7,20,140]
["2013-12-04","Johanna  Boone","Aspen",3,20,60]
["2013-12-23","Lee  Mack","Sunset",3,23.5,70.5]
["2013-03-21","Della  Jensen","Carlota",1,21.95,21.95]
["2013-11-05","Robert  Munoz","Crested Beaut",1,24,24]
["2013-04-02","Mable  Lindsey","Carlota",2,22.95,45.9]
["2014-11-28","Willie  Vega","Aspen",3,20,60]
["2013-03-30","Drew  Rogers","Majestic Beaut",25,27.55,688.75]
["2013-11-24","Charlie  Wood","Sunshine",1,19.95,19.95]
["2013-11-01","Joey  Wong","Sunshine",2,19.95,39.9]
["2013-09-06","Cecilia  Manning","Sunset",3,22.5,67.5]
["2014-12-05","Cindy  Becker","Sunset",1,22.5,22.5]
["2013-12-25","Della  Jensen","Aspen",3,19,57]
["2013-12-25","Brooke  Horton","Doublers",2,79.95,159.9]
["2013-12-13","Blake  Bridges","Majestic Beaut",3,29,87]
["2014-12-28","Bobbie  Ryan","Sunshine",2,18.95,37.9]
["2013-12-22","Ellen  Weaver","Carlota",3,22.95,68.849999999999994]
["2014-11-03","Don  Gonzales","V-Rang",3,18,54]
["2013-04-19","Brooke  Horton","Sunshine",3,19.95,59.85]
["2013-12-23","Eric  Rose","Doublers",3,79.95,239.85]
["2013-11-27","Kyle  Carr","Majestic Beaut",3,29,87]
["2013-12-06","Jenny  Garcia","Bellen",2,22.95,45.9]
["2013-03-13","Donna  Reid","Majestic Beaut",2,30,60]
["2014-11-20","Jaime  Pearson","Sunset",2,23.5,47]
["2014-11-29","Shari  Silva","Quad",2,33,66]
["2014-11-17","Drew  Rogers","Aspen",7,20,140]
["2014-12-07","Della  Jensen","Bellen",3,21.95,65.849999999999994]
["2013-11-25","Max  Rodgers","Quad",2,34,68]
["2014-01-23","Arturo  Francis","FlatTop",3,26.5,79.5]
["2013-10-10","Johanna  Boone","Sunbell",3,24,72]
["2014-11-25","Don  Gonzales","Sunshine",1,19.95,19.95]
["2014-04-20","Paulette  Spencer","Bellen",3,22.95,68.849999999999994]
["2014-11-16","Tracy  Reed","Bellen",2,22.95,45.9]
["2014-02-21","Shari  Silva","Bellen",2,22.95,45.9]
["2013-11-26","Eddie  Green","Doublers",1,75.95,75.95]
["2013-06-21","Jenny  Garcia","FlatTop",2,27.5,55]
["2014-11-27","Billie  Chandler","Quad",1,33,33]
["2014-11-13","Shari  Silva","Doublers",3,77.95,233.85]
["2014-01-28","Isabel  Cross","Quad",3,32,96]
["2013-05-04","Ellen  Weaver","Quad",2,33,66]
["2013-11-17","Tiffany  May","Quad",4,34,136]
["2014-11-11","Shari  Silva","Carlota",2,22.95,45.9]
["2013-10-29","Edwin  Malone","V-Rang",3,18,54]
["2014-12-30","Johanna  Boone","Carlota",1,22.95,22.95]
["2014-09-30","Isabel  Cross","Quad",3,32,96]
["2013-11-14","Jenny  Garcia","V-Rang",3,18,54]
["2013-09-28","Herman  Williams","Bellen",3,21.95,65.849999999999994]
["2013-12-28","Isabel  Cross","Sunset",24,21.38,513.12]
["2014-11-01","Della  Jensen","Majestic Beaut",2,28,56]
["2014-09-05","Bernadette  Page","Quad",3,33,99]
["2013-12-03","Bernadette  Page","Bellen",1,22.95,22.95]
["2013-12-11","Elaine  Ellis","Quad",2,33,66]
["2014-06-12","Edwin  Malone","Carlota",1,21.95,21.95]
["2013-12-10","Drew  Rogers","Aspen",3,20,60]
["2013-01-27","Felicia  Jennings","Bellen",1,22.95,22.95]
["2014-11-20","Salvador  Bass","Sunshine",1,19.95,19.95]
["2013-11-09","Salvador  Bass","Sunshine",2,19.95,39.9]
["2013-12-19","Billie  Chandler","Sunshine",2,19.95,39.9]
["2013-11-03","Shari  Silva","Aspen",1,20,20]
["2014-12-06","Della  Jensen","Sunset",1,22.5,22.5]
["2013-11-12","Nellie  Joseph","Carlota",2,21.95,43.9]
["2014-12-25","Patty  Thompson","Sunshine",1,19.95,19.95]
["2013-12-26","Cassandra  Franklin","Bellen",2,22.95,45.9]
["2013-12-21","Cindy  Becker","Quad",3,33,99]
["2014-12-18","Edwin  Malone","Sunshine",3,18.95,56.85]
["2013-11-22","Lorraine  Gibson","Aspen",3,19,57]
["2014-12-22","Rachel  Gomez","Sunshine",1,19.95,19.95]
["2013-11-08","Colleen  Warren","Sunset",17,22.33,379.61]
["2013-01-25","Shari  Silva","Crested Beaut",2,24,48]
["2014-12-29","Cecilia  Manning","Carlota",3,22.95,68.849999999999994]
["2014-12-20","Brooke  Horton","Sunbell",24,22.8,547.20000000000005]
["2014-11-30","Tiffany  May","Bellen",2,22.95,45.9]
["2013-07-04","Joey  Wong","Sunbell",1,25,25]
["2013-12-28","Salvador  Bass","V-Rang",1,19,19]
["2013-08-18","Della  Jensen","Majestic Beaut",6,28,168]
["2013-07-14","Elaine  Ellis","Majestic Beaut",3,29,87]
["2014-01-19","Dan  Peterson","Bellen",1,22.95,22.95]
["2014-07-03","Cassandra  Franklin","Aspen",2,20,40]
["2013-01-24","Cecilia  Manning","Sunset",11,21.38,235.18]
["2014-11-13","Max  Rodgers","Sunset",3,23.5,70.5]
["2014-11-29","Pauline  Beck","Majestic Beaut",3,30,90]
["2013-02-01","Mable  Lindsey","Bellen",2,22.95,45.9]
["2013-01-09","Max  Rodgers","Sunshine",3,19.95,59.85]
["2013-07-30","Ivan  Adkins","Sunshine",2,19.95,39.9]
["2013-12-30","Austin  Reynolds","Majestic Beaut",4,28,112]
["2014-12-07","Ernest  Davis","Sunset",23,22.33,513.59]
["2014-12-02","Allan  Ramos","Carlota",3,22.95,68.849999999999994]
["2013-12-29","Trevor  Jones","V-Rang",3,19,57]
["2014-12-25","Mable  Lindsey","Carlota",1,22.95,22.95]
["2013-06-13","Christina  Fuller","Majestic Beaut",2,30,60]
["2014-12-30","Shari  Silva","Crested Beaut",1,24,24]
["2014-04-06","Ivan  Adkins","Doublers",1,79.95,79.95]
["2013-01-04","Andrew  Meyer","Sunshine",6,19.95,119.7]
["2013-11-01","Della  Jensen","Sunset",3,22.5,67.5]
["2014-11-02","Elaine  Ellis","Quad",3,33,99]
["2014-12-09","Andrew  Meyer","Sunshine",3,19.95,59.85]
["2014-12-20","Salvador  Bass","Sunshine",3,19.95,59.85]
["2014-12-23","Donna  Reid","Sunbell",3,25,75]
["2013-12-28","Johanna  Boone","Bellen",1,22.95,22.95]
["2014-12-09","Trevor  Jones","Sunshine",2,19.95,39.9]
["2014-09-22","Isabel  Cross","Bellen",6,21.95,131.69999999999999]
["2014-11-11","Woodrow  Colon","Doublers",3,77.95,233.85]
["2014-10-27","Shari  Silva","Bellen",2,22.95,45.9]
["2014-12-02","Salvador  Bass","Crested Beaut",3,25,75]
["2014-05-08","Jenny  Garcia","Carlota",3,22.95,68.849999999999994]
["2013-11-05","Robert  Munoz","Bellen",1,22.95,22.95]
["2014-12-09","Elbert  Klein","Quad",2,33,66]
["2014-07-17","Nellie  Joseph","Bellen",3,21.95,65.849999999999994]
["2014-06-24","Robert  Munoz","Quad",1,33,33]
["2013-12-12","Donna  Reid","Crested Beaut",1,25,25]
["2013-12-06","Patty  Thompson","Carlota",17,21.8,370.6]
["2013-07-16","Rachel  Gomez","Aspen",4,20,80]
["2013-12-16","Ivan  Adkins","Sunbell",2,25,50]
["2014-12-29","Mable  Lindsey","Carlota",2,22.95,45.9]
["2014-07-29","Drew  Rogers","V-Rang",3,18,54]
["2013-11-07","Salvador  Bass","Sunbell",3,25,75]
["2013-11-28","Shari  Silva","Carlota",4,22.95,91.8]
["2013-12-04","Lorraine  Gibson","Bellen",3,21.95,65.849999999999994]
["2013-11-07","Cindy  Becker","Carlota",2,22.95,45.9]
["2014-06-17","Sandra  Floyd","Doublers",11,75.95,835.45]
["2014-11-04","Della  Jensen","Bellen",3,21.95,65.849999999999994]
["2013-11-17","Lance  Yates","Sunshine",2,19.95,39.9]
["2014-12-27","Isabel  Cross","Crested Beaut",2,23,46]
["2013-11-21","Christina  Fuller","Sunset",3,23.5,70.5]
["2014-11-19","Robert  Munoz","Carlota",2,22.95,45.9]
["2013-09-16","Shari  Silva","Bellen",2,22.95,45.9]
["2014-02-11","Lorraine  Gibson","Majestic Beaut",2,28,56]
["2013-11-02","Edwin  Malone","Bellen",2,21.95,43.9]
["2014-12-08","Marian  Hill","Sunshine",3,19.95,59.85]
["2014-12-12","Bobbie  Ryan","Sunshine",1,18.95,18.95]
["2013-01-11","Christy  Olson","Doublers",1,79.95,79.95]
["2014-11-29","Bobbie  Ryan","Crested Beaut",1,23,23]
["2014-08-03","Marion  Glover","Bellen",2,21.95,43.9]
["2014-12-01","Marian  Hill","Aspen",3,20,60]
["2013-10-21","Max  Rodgers","Sunset",1,23.5,23.5]
["2013-12-19","Bernadette  Page","Crested Beaut",1,24,24]
["2014-11-23","Shari  Silva","Sunbell",3,24,72]
["2013-05-10","Trevor  Jones","Majestic Beaut",1,30,30]
["2013-12-30","Paulette  Spencer","Sunshine",3,19.95,59.85]
["2013-11-20","Andrew  Meyer","Sunset",3,23.5,70.5]
["2014-11-30","Eric  Rose","Carlota",3,22.95,68.849999999999994]
["2014-12-29","Lorraine  Gibson","Sunshine",3,18.95,56.85]
["2013-11-21","Jenny  Garcia","Sunshine",2,19.95,39.9]
["2013-07-25","Colleen  Warren","Sunbell",6,25,150]
["2013-12-11","Bernadette  Page","Sunbell",2,24,48]
["2014-12-04","Beth  Tucker","Quad",14,32.299999999999997,452.2]
["2013-12-08","Isabel  Cross","Sunset",16,21.38,342.08]
["2014-09-19","Colleen  Warren","Sunbell",2,25,50]
["2013-11-26","Isabel  Cross","Doublers",3,75.95,227.85]
["2014-11-23","Blake  Bridges","Sunshine",3,19.95,59.85]
["2014-12-26","Andrew  Meyer","Bellen",4,22.95,91.8]
["2013-12-21","Donna  Reid","Carlota",4,22.95,91.8]
["2014-12-20","Cindy  Becker","Crested Beaut",2,24,48]
["2013-12-07","Edwin  Malone","Crested Beaut",3,23,69]
["2014-12-07","Beth  Tucker","Bellen",1,22.95,22.95]
["2013-12-13","Cecilia  Manning","Sunshine",4,19.95,79.8]
["2013-11-24","Marian  Hill","Carlota",2,22.95,45.9]
["2013-12-14","Jenny  Garcia","Carlota",2,22.95,45.9]
["2014-04-13","Isabel  Cross","Crested Beaut",2,23,46]
["2014-12-24","Shari  Silva","Bellen",3,22.95,68.849999999999994]
["2014-12-27","Isabel  Cross","FlatTop",2,26.5,53]
["2014-12-20","Cassandra  Franklin","Quad",4,33,132]
["2014-09-10","Nellie  Joseph","Sunbell",2,23,46]
["2013-12-05","Trevor  Jones","Sunbell",25,23.75,593.75]
["2014-03-04","Brooke  Horton","Bellen",2,22.95,45.9]
["2014-11-28","Sonya  Mullins","Aspen",2,19,38]
["2013-06-30","Bernadette  Page","Bellen",1,22.95,22.95]
["2013-11-11","Bernadette  Page","Quad",3,33,99]
["2014-12-07","Felicia  Jennings","Sunset",2,23.5,47]
["2014-12-22","Trevor  Jones","Bellen",18,21.8,392.4]
["2013-05-12","Robert  Munoz","Carlota",1,22.95,22.95]
["2014-11-06","Kyle  Carr","V-Rang",3,18,54]
["2014-12-03","Cindy  Becker","Sunbell",2,24,48]
["2013-10-17","Cindy  Becker","Doublers",2,77.95,155.9]
["2013-11-23","Eric  Rose","Sunshine",2,19.95,39.9]
["2013-12-30","Ellen  Weaver","Sunshine",1,19.95,19.95]
["2014-11-07","Sandra  Floyd","Aspen",2,20,40]
["2013-12-05","Max  Rodgers","Crested Beaut",2,25,50]
["2014-12-03","Christy  Olson","Sunshine",1,19.95,19.95]
["2013-05-24","Drew  Rogers","Sunshine",1,19.95,19.95]
["2014-11-03","Lula  Daniels","Aspen",3,20,60]
["2014-05-24","Donna  Reid","Sunset",24,22.33,535.91999999999996]
["2014-12-28","Kyle  Carr","Sunshine",3,19.95,59.85]
["2014-11-28","Christy  Olson","Quad",3,34,102]
["2014-12-05","Cassandra  Franklin","Aspen",3,20,60]
["2014-08-19","Iris  Underwood","Quad",5,34,170]
["2013-03-28","Cassandra  Franklin","Quad",3,33,99]
["2014-11-02","Trevor  Jones","Carlota",3,22.95,68.849999999999994]
["2014-07-19","Max  Rodgers","Quad",1,34,34]
["2013-11-06","Elaine  Ellis","Carlota",3,22.95,68.849999999999994]
["2013-12-30","Edwin  Malone","Sunshine",6,18.95,113.7]
["2014-03-07","Lorraine  Gibson","Sunbell",1,23,23]
["2014-06-23","Charlie  Wood","Sunshine",2,19.95,39.9]
["2014-12-04","Cassandra  Franklin","Sunshine",3,19.95,59.85]
["2014-01-10","Woodrow  Colon","Quad",2,33,66]
["2014-06-01","Don  Gonzales","Majestic Beaut",2,29,58]
["2013-06-13","Lula  Daniels","Carlota",3,22.95,68.849999999999994]
["2013-11-19","Tracy  Reed","Carlota",2,22.95,45.9]
["2013-11-11","Jaime  Pearson","Bellen",2,22.95,45.9]
["2014-11-28","Cassandra  Franklin","Sunbell",2,24,48]
["2013-12-30","Max  Rodgers","Crested Beaut",2,25,50]
["2014-08-26","Beth  Tucker","Sunshine",1,19.95,19.95]
["2013-12-28","Andrew  Meyer","Bellen",3,22.95,68.849999999999994]
["2013-12-14","Edwin  Malone","V-Rang",1,18,18]
["2013-11-15","Max  Rodgers","Sunshine",1,19.95,19.95]
["2014-09-27","Willie  Vega","Quad",1,33,33]
["2013-05-21","Rachel  Gomez","Sunshine",2,19.95,39.9]
["2014-11-11","Cindy  Becker","Bellen",3,22.95,68.849999999999994]
["2014-11-01","Cindy  Becker","Quad",20,31.35,627]
["2014-11-13","Drew  Rogers","Sunset",2,23.5,47]
["2013-11-16","Dan  Peterson","Sunshine",2,19.95,39.9]
["2013-12-05","Elvira  Bowman","Carlota",10,22.95,229.5]
["2014-11-30","Cassandra  Franklin","Carlota",2,22.95,45.9]
["2013-12-26","Robert  Munoz","V-Rang",2,18,36]
["2013-11-18","Rachel  Gomez","Bellen",1,22.95,22.95]
["2014-11-13","Ruben  Nunez","Sunset",1,23.5,23.5]
["2013-12-07","Kyle  Carr","Carlota",3,22.95,68.849999999999994]
["2014-01-17","Shari  Silva","Sunset",1,22.5,22.5]
["2013-04-28","Jenny  Garcia","Sunbell",1,24,24]
["2014-11-29","Cassandra  Franklin","Sunset",3,23.5,70.5]
["2013-12-14","Drew  Rogers","Sunset",1,23.5,23.5]
["2014-11-15","Patty  Thompson","Doublers",19,75.95,1443.05]
["2014-02-27","Della  Jensen","Crested Beaut",1,23,23]
["2013-04-13","Billie  Chandler","Majestic Beaut",1,29,29]
["2014-11-24","Charlie  Wood","Doublers",1,79.95,79.95]
["2014-12-28","Peter  Hodges","Sunbell",2,24,48]
["2014-02-19","Shari  Silva","Sunshine",2,19.95,39.9]
["2014-12-29","Sonya  Mullins","V-Rang",2,18,36]
["2013-12-27","Edwin  Malone","Majestic Beaut",2,28,56]
["2013-11-05","Don  Gonzales","Sunbell",2,24,48]
["2014-06-28","Ellen  Weaver","Sunshine",1,19.95,19.95]
["2013-12-24","Eric  Rose","Sunshine",2,19.95,39.9]
["2013-12-29","Cindy  Becker","Bellen",4,22.95,91.8]
["2013-11-01","Arturo  Francis","Aspen",2,19,38]
["2014-11-27","Isabel  Cross","FlatTop",1,26.5,26.5]
["2014-12-09","Robert  Munoz","Sunbell",3,24,72]
["2013-11-27","Herman  Williams","Majestic Beaut",3,28,84]
["2014-04-12","Rachel  Gomez","Carlota",23,21.8,501.4]
["2014-04-07","Della  Jensen","Crested Beaut",2,23,46]
["2013-11-16","Elaine  Ellis","Sunset",9,22.5,202.5]
["2013-12-13","Sonya  Mullins","Quad",1,32,32]
["2013-11-18","Kyle  Carr","Crested Beaut",3,24,72]
["2013-11-17","Austin  Reynolds","Carlota",19,20.85,396.15]
["2014-07-02","Woodrow  Colon","Quad",1,33,33]
["2013-12-18","Felicia  Jennings","Aspen",2,21,42]
["2014-11-01","Lula  Daniels","Sunbell",1,24,24]
["2014-12-21","Allan  Ramos","Carlota",2,22.95,45.9]
["2014-11-23","Brooke  Horton","Bellen",3,22.95,68.849999999999994]
["2014-11-10","Drew  Rogers","Bellen",1,22.95,22.95]
["2013-12-07","Jenny  Garcia","Carlota",2,22.95,45.9]
["2014-12-26","Isabel  Cross","Sunset",3,22.5,67.5]
["2013-11-21","Edwin  Malone","Bellen",2,21.95,43.9]
["2014-12-22","Donna  Reid","Sunbell",3,25,75]
["2013-02-26","Drew  Rogers","V-Rang",2,18,36]
["2013-11-12","Ruben  Nunez","Carlota",2,22.95,45.9]
["2014-05-02","Rachel  Gomez","Sunset",3,23.5,70.5]
["2013-02-07","Shari  Silva","Carlota",3,22.95,68.849999999999994]
["2014-12-29","Peter  Hodges","Crested Beaut",2,24,48]
["2014-11-25","Donna  Reid","Sunset",6,23.5,141]
["2013-11-13","Isabel  Cross","V-Rang",4,18,72]
["2013-11-07","Cassandra  Franklin","Carlota",2,22.95,45.9]
["2013-01-16","Marion  Glover","Quad",2,32,64]
["2014-11-07","Mable  Lindsey","Sunshine",2,19.95,39.9]
["2014-09-12","Cassandra  Franklin","Crested Beaut",4,24,96]
["2013-02-06","Edwin  Malone","Aspen",1,19,19]
["2013-03-14","Isabel  Cross","Doublers",2,75.95,151.9]
["2014-11-07","Lula  Daniels","Carlota",2,22.95,45.9]
["2014-10-12","Jenny  Garcia","Aspen",25,19,475]
["2014-12-11","Christy  Olson","Majestic Beaut",3,30,90]
["2014-09-06","Drew  Rogers","Sunbell",4,24,96]
["2013-12-29","Trevor  Jones","V-Rang",4,19,76]
["2013-11-11","Shari  Silva","Crested Beaut",1,24,24]
["2013-11-15","Fernando  Rowe","Carlota",1,22.95,22.95]
["2013-12-29","Tiffany  May","Sunbell",2,25,50]
["2014-12-02","Shari  Silva","Carlota",1,22.95,22.95]
["2014-12-01","Eric  Rose","Quad",2,34,68]
["2014-11-07","Elvira  Bowman","Quad",2,33,66]
["2014-12-03","Christina  Fuller","Carlota",2,22.95,45.9]
["2014-11-11","Marian  Hill","Carlota",3,22.95,68.849999999999994]
["2014-10-29","Carla  Mccormick","Doublers",3,79.95,239.85]
["2014-11-16","Arturo  Francis","Sunbell",3,23,69]
["2014-11-23","Bobbie  Ryan","Sunbell",2,23,46]
["2013-12-10","Felicia  Jennings","Quad",3,34,102]
["2014-12-05","Andrew  Meyer","Sunbell",2,25,50]
["2014-12-06","Bernadette  Page","Bellen",3,22.95,68.849999999999994]
["2014-12-24","Lula  Daniels","V-Rang",1,18,18]
["2014-12-28","Eddie  Green","FlatTop",6,26.5,159]
["2013-12-30","Austin  Reynolds","Sunshine",2,18.95,37.9]
["2013-11-09","Cecilia  Manning","Aspen",2,20,40]
["2013-06-28","Tiffany  May","Bellen",3,22.95,68.849999999999994]
["2014-11-07","Ben  Perez","Sunbell",18,23.75,427.5]
["2013-12-11","Eddie  Green","Sunshine",2,18.95,37.9]
["2013-11-06","Blake  Bridges","Carlota",3,22.95,68.849999999999994]
["2014-02-03","Herman  Williams","Quad",1,32,32]
["2014-11-27","Cecilia  Manning","Sunbell",2,24,48]
["2014-11-04","Jenny  Garcia","Doublers",4,79.95,319.8]
["2013-06-23","Eddie  Green","Quad",3,32,96]
["2013-11-03","Guillermo  Potter","FlatTop",1,27.5,27.5]
["2014-11-20","Dan  Peterson","Bellen",3,22.95,68.849999999999994]
["2014-12-06","Rachel  Gomez","Sunshine",3,19.95,59.85]
["2014-12-15","Rachel  Gomez","Bellen",4,22.95,91.8]
["2014-12-27","Edwin  Malone","Sunset",1,22.5,22.5]
["2014-07-12","Jaime  Pearson","Sunshine",1,19.95,19.95]
["2014-10-17","Cindy  Becker","Quad",2,33,66]
["2013-10-22","Lula  Daniels","Quad",8,33,264]
["2013-11-24","Allan  Ramos","V-Rang",2,18,36]
["2013-11-07","Austin  Reynolds","Carlota",3,21.95,65.849999999999994]
["2014-03-08","Fernando  Rowe","Quad",2,34,68]
["2014-11-10","Max  Rodgers","V-Rang",2,19,38]
["2013-12-23","Cindy  Becker","Sunshine",13,18.95,246.35]
["2014-11-13","Drew  Rogers","Quad",3,33,99]
["2014-11-28","Edwin  Malone","Quad",4,32,128]
["2014-04-30","Max  Rodgers","FlatTop",1,27.5,27.5]
["2014-11-05","Fernando  Rowe","Doublers",10,79.95,799.5]
["2013-12-08","Donna  Reid","Quad",3,34,102]
["2013-11-25","Robert  Munoz","Bellen",2,22.95,45.9]
["2014-11-19","Willie  Vega","Carlota",1,22.95,22.95]
["2014-12-13","Shari  Silva","Quad",2,33,66]
["2014-11-08","Ruben  Nunez","V-Rang",2,19,38]
["2013-11-12","Ruben  Nunez","Carlota",1,22.95,22.95]
["2013-12-20","Rachel  Gomez","Quad",1,33,33]
["2014-11-20","Blake  Bridges","Carlota",2,22.95,45.9]
["2013-11-01","Paulette  Spencer","Sunshine",2,19.95,39.9]
["2014-12-10","Rachel  Gomez","FlatTop",1,27.5,27.5]
["2013-04-29","Guillermo  Potter","Sunset",2,23.5,47]
["2014-12-14","Mable  Lindsey","Sunshine",3,19.95,59.85]
["2014-07-03","Nellie  Joseph","Carlota",14,20.85,291.89999999999998]
["2013-12-18","Paulette  Spencer","Bellen",3,22.95,68.849999999999994]
["2013-11-26","Don  Gonzales","Sunset",2,22.5,45]
["2014-11-17","Shari  Silva","Carlota",4,22.95,91.8]
["2014-11-29","Edwin  Malone","Doublers",3,75.95,227.85]
["2014-12-13","Christina  Fuller","Carlota",1,22.95,22.95]
["2013-11-28","Brooke  Horton","Crested Beaut",2,24,48]
["2014-11-28","Woodrow  Colon","Carlota",3,22.95,68.849999999999994]
["2014-12-28","Andrew  Meyer","Sunbell",14,23.75,332.5]
["2014-11-20","Dan  Peterson","Aspen",1,20,20]
["2014-11-07","Ruben  Nunez","Crested Beaut",2,25,50]
["2014-12-23","Iris  Underwood","Doublers",3,79.95,239.85]
["2014-12-07","Kyle  Carr","Sunshine",2,19.95,39.9]
["2013-12-06","Lula  Daniels","Crested Beaut",3,24,72]
["2013-02-07","Herman  Williams","Majestic Beaut",1,28,28]
["2013-12-04","Donna  Reid","Carlota",3,22.95,68.849999999999994]
["2013-05-21","Bobbie  Ryan","Sunbell",3,23,69]
["2014-06-15","Max  Rodgers","Quad",2,34,68]
["2014-11-14","Andrew  Meyer","Sunshine",3,19.95,59.85]
["2013-12-29","Kyle  Carr","Majestic Beaut",4,29,116]
["2013-12-03","Guillermo  Potter","Sunbell",2,24,48]
["2014-03-08","Fernando  Rowe","Bellen",2,22.95,45.9]
["2014-11-22","Ben  Perez","Bellen",2,22.95,45.9]
["2013-08-10","Beth  Tucker","Carlota",2,22.95,45.9]
["2013-08-07","Eric  Rose","Majestic Beaut",2,30,60]
["2014-12-17","Cassandra  Franklin","Bellen",3,22.95,68.849999999999994]
["2014-11-15","Trevor  Jones","Quad",2,34,68]
["2014-11-21","Shari  Silva","Bellen",3,22.95,68.849999999999994]
["2013-12-18","Drew  Rogers","Carlota",1,22.95,22.95]
["2014-12-30","Della  Jensen","Quad",9,32,288]
["2013-12-28","Donna  Reid","Doublers",3,79.95,239.85]
["2014-12-06","Rachel  Gomez","Aspen",2,20,40]
["2014-11-20","Peter  Hodges","Sunbell",3,24,72]
["2014-12-21","Dan  Peterson","Sunbell",1,24,24]
["2014-04-28","Don  Gonzales","FlatTop",3,26.5,79.5]
["2013-02-27","Andrew  Meyer","Carlota",2,22.95,45.9]
["2014-12-14","Iris  Underwood","Crested Beaut",2,25,50]
["2014-12-11","Bobbie  Ryan","Sunbell",2,23,46]
["2014-12-11","Cindy  Becker","Quad",2,33,66]
["2014-03-11","Jenny  Garcia","Majestic Beaut",8,29,232]
["2013-12-19","Elvira  Bowman","Sunset",2,23.5,47]
["2013-09-08","Brooke  Horton","Sunbell",2,24,48]
["2014-12-16","Drew  Rogers","Sunbell",24,22.8,547.20000000000005]
["2013-11-18","Colleen  Warren","Sunbell",3,25,75]
["2014-11-27","Della  Jensen","Quad",3,32,96]
["2013-12-15","Salvador  Bass","Quad",2,34,68]
["2013-12-19","Lance  Yates","Majestic Beaut",3,29,87]
["2013-04-15","Fernando  Rowe","Aspen",1,21,21]
["2014-07-30","Patty  Thompson","Bellen",2,22.95,45.9]
["2013-11-29","Rachel  Gomez","Crested Beaut",1,24,24]
["2013-11-11","Shari  Silva","Sunshine",3,19.95,59.85]
["2014-12-13","Jenny  Garcia","Carlota",1,22.95,22.95]
["2013-03-23","Allan  Ramos","Carlota",2,22.95,45.9]
["2013-11-14","Patty  Thompson","Crested Beaut",3,25,75]
["2013-12-27","Dan  Peterson","Sunshine",3,19.95,59.85]
["2013-12-27","Sylvester  Morales","Carlota",2,22.95,45.9]
["2014-07-05","Edwin  Malone","Quad",3,32,96]
["2014-01-02","Joey  Wong","Aspen",3,21,63]
["2013-11-16","Salvador  Bass","Sunbell",2,25,50]
["2013-12-21","Patty  Thompson","Sunshine",2,19.95,39.9]
["2013-12-28","Mable  Lindsey","Bellen",4,22.95,91.8]
["2014-12-29","Shari  Silva","Quad",1,33,33]
["2013-12-01","Charlie  Wood","Sunshine",2,19.95,39.9]
["2013-09-30","Guillermo  Potter","Crested Beaut",3,24,72]
["2013-12-30","Lee  Mack","Sunset",3,23.5,70.5]
["2013-12-10","Edwin  Malone","Sunshine",1,18.95,18.95]
["2014-12-10","Bethany  Pena","Quad",1,33,33]
["2013-12-30","Billie  Chandler","Quad",2,33,66]
["2014-07-28","Mable  Lindsey","Bellen",1,22.95,22.95]
["2014-12-17","Don  Gonzales","Carlota",1,22.95,22.95]
["2013-11-22","Lynette  Brewer","Carlota",1,22.95,22.95]
["2014-11-10","Charlie  Wood","Sunshine",2,19.95,39.9]
["2013-12-25","Iris  Underwood","Aspen",1,21,21]
["2014-12-09","Salvador  Bass","Crested Beaut",2,25,50]
["2014-12-20","Max  Rodgers","Doublers",9,79.95,719.55]
["2013-12-20","Kyle  Carr","Quad",3,33,99]
["2014-09-24","Della  Jensen","Sunbell",2,23,46]
["2013-12-03","Elbert  Klein","Bellen",2,22.95,45.9]
["2014-12-03","Sylvester  Morales","Sunshine",2,19.95,39.9]
["2013-12-07","Edwin  Malone","Bellen",15,20.85,312.75]
["2014-11-20","Max  Rodgers","Carlota",2,22.95,45.9]
["2014-12-10","Lance  Yates","Quad",2,33,66]
["2014-11-29","Marian  Hill","Quad",1,33,33]
["2013-12-30","Willie  Vega","Quad",1,33,33]
["2014-12-26","Fernando  Rowe","Bellen",1,22.95,22.95]
["2013-12-29","Pauline  Beck","Bellen",2,22.95,45.9]
["2013-11-07","Jaime  Pearson","Bellen",2,22.95,45.9]
["2013-10-23","Ernest  Davis","Sunshine",2,19.95,39.9]
["2013-12-11","Ernest  Davis","Majestic Beaut",1,30,30]
["2013-11-20","Max  Rodgers","Sunset",3,23.5,70.5]
["2014-12-15","Trevor  Jones","Sunbell",3,25,75]
["2013-12-14","Edwin  Malone","Sunshine",2,18.95,37.9]
["2013-11-10","Sonya  Mullins","Sunbell",3,23,69]
["2013-12-27","Rachel  Gomez","Sunshine",3,19.95,59.85]
["2014-01-14","Lance  Yates","Sunshine",1,19.95,19.95]
["2013-07-13","Billie  Chandler","Aspen",3,20,60]
["2014-06-04","Ernest  Davis","Quad",2,34,68]
["2013-08-22","Pauline  Beck","Aspen",4,21,84]
["2013-12-03","Shari  Silva","Quad",2,33,66]
["2014-11-02","Mable  Lindsey","Bellen",2,22.95,45.9]
["2014-11-04","Lorraine  Gibson","Sunset",3,22.5,67.5]
["2014-12-11","Paulette  Spencer","Sunshine",2,19.95,39.9]
["2014-04-19","Rachel  Gomez","Majestic Beaut",3,29,87]
["2014-11-14","Brooke  Horton","Carlota",3,22.95,68.849999999999994]
["2013-05-26","Arturo  Francis","Sunset",2,22.5,45]
["2014-11-14","Sandra  Floyd","Majestic Beaut",2,29,58]
["2014-11-04","Cecilia  Manning","V-Rang",2,18,36]
["2013-11-04","Allan  Ramos","FlatTop",3,27.5,82.5]
["2013-11-23","Cindy  Becker","Crested Beaut",2,24,48]
["2013-12-21","Mable  Lindsey","Sunbell",3,25,75]
["2014-08-09","Guillermo  Potter","Doublers",3,79.95,239.85]
["2014-01-20","Trevor  Jones","Carlota",3,22.95,68.849999999999994]
["2014-11-27","Cecilia  Manning","Quad",2,33,66]
["2013-12-06","Ellen  Weaver","Bellen",1,22.95,22.95]
["2013-12-03","Cecilia  Manning","Sunshine",1,19.95,19.95]
["2013-04-09","Brooke  Horton","Bellen",3,22.95,68.849999999999994]
["2013-12-28","Andrew  Meyer","Sunshine",1,19.95,19.95]
["2013-11-15","Sonya  Mullins","Bellen",2,21.95,43.9]
["2014-07-29","Marion  Glover","Sunset",1,22.5,22.5]
["2013-07-16","Christina  Fuller","Quad",23,32.299999999999997,742.9]
["2014-06-15","Max  Rodgers","Quad",3,34,102]
["2014-11-10","Colleen  Warren","Carlota",2,22.95,45.9]
["2013-04-08","Ivan  Adkins","Bellen",3,22.95,68.849999999999994]
["2013-11-12","Sylvester  Morales","FlatTop",1,27.5,27.5]
["2014-05-29","Herman  Williams","Sunbell",2,23,46]
["2014-11-03","Salvador  Bass","Bellen",1,22.95,22.95]
["2013-11-01","Allan  Ramos","Bellen",1,22.95,22.95]
["2014-12-09","Donna  Reid","Sunshine",10,19.95,199.5]
["2014-11-09","Max  Rodgers","Bellen",3,22.95,68.849999999999994]
["2013-11-21","Patty  Thompson","Aspen",3,21,63]
["2014-08-31","Don  Gonzales","FlatTop",10,26.5,265]
["2013-01-15","Rachel  Gomez","Carlota",2,22.95,45.9]
["2013-12-26","Della  Jensen","Carlota",16,20.85,333.6]
["2013-05-08","Cecilia  Manning","Sunbell",2,24,48]
["2014-12-31","Eddie  Green","Majestic Beaut",1,28,28]
["2013-12-12","Bernadette  Page","Quad",3,33,99]
["2013-05-12","Austin  Reynolds","Sunshine",3,18.95,56.85]
["2013-04-16","Rachel  Gomez","Bellen",1,22.95,22.95]
["2013-11-07","Peter  Hodges","Bellen",23,21.8,501.4]
["2014-11-26","Fernando  Rowe","Majestic Beaut",3,30,90]
["2014-12-16","Isabel  Cross","Bellen",3,21.95,65.849999999999994]
["2014-12-08","Bernadette  Page","Carlota",3,22.95,68.849999999999994]
["2013-12-02","Ruben  Nunez","Bellen",2,22.95,45.9]
["2013-12-04","Max  Rodgers","Carlota",2,22.95,45.9]
["2014-12-03","Max  Rodgers","Carlota",3,22.95,68.849999999999994]
["2013-05-18","Austin  Reynolds","Bellen",4,21.95,87.8]
["2013-10-24","Christina  Fuller","Sunset",3,23.5,70.5]
["2013-11-03","Guillermo  Potter","Carlota",2,22.95,45.9]
["2014-12-07","Patty  Thompson","Bellen",3,22.95,68.849999999999994]
["2014-01-09","Shari  Silva","Carlota",16,21.8,348.8]
["2013-06-13","Max  Rodgers","Aspen",2,21,42]
["2014-11-17","Cindy  Becker","Carlota",1,22.95,22.95]
["2013-11-04","Jaime  Pearson","Sunbell",1,24,24]
["2013-11-09","Andrew  Meyer","Aspen",2,21,42]
["2014-12-05","Arturo  Francis","FlatTop",1,26.5,26.5]
["2013-08-23","Dan  Peterson","Majestic Beaut",4,29,116]
["2014-12-22","Bethany  Pena","Sunshine",3,19.95,59.85]
["2013-10-25","Mable  Lindsey","Carlota",3,22.95,68.849999999999994]
["2014-12-15","Max  Rodgers","Carlota",7,22.95,160.65]
["2014-11-20","Rachel  Gomez","Crested Beaut",1,24,24]
["2014-11-13","Elaine  Ellis","Sunshine",16,18.95,303.2]
["2014-12-21","Cindy  Becker","Quad",3,33,99]
["2014-02-22","Austin  Reynolds","Quad",1,32,32]
["2013-11-09","Cindy  Becker","Sunshine",3,19.95,59.85]
["2013-11-05","Kyle  Carr","Sunshine",3,19.95,59.85]
["2014-09-28","Brooke  Horton","Sunbell",3,24,72]
["2013-11-18","Carla  Mccormick","Quad",1,33,33]
["2014-12-27","Lynette  Brewer","Bellen",2,22.95,45.9]
["2013-11-19","Peter  Hodges","Bellen",3,22.95,68.849999999999994]
["2014-01-29","Cassandra  Franklin","FlatTop",2,27.5,55]
["2013-11-08","Marian  Hill","Sunshine",3,19.95,59.85]
["2013-11-18","Ben  Perez","Bellen",1,22.95,22.95]
["2014-02-17","Dan  Peterson","Quad",3,33,99]
["2013-03-03","Iris  Underwood","V-Rang",1,19,19]
["2013-05-02","Ruben  Nunez","Quad",12,32.299999999999997,387.6]
["2013-04-23","Marian  Hill","Sunshine",14,18.95,265.3]
["2013-12-01","Billie  Chandler","Quad",2,33,66]
["2013-11-12","Marion  Glover","Majestic Beaut",2,28,56]
["2014-11-17","Andrew  Meyer","Quad",3,34,102]
["2013-09-19","Bernadette  Page","Carlota",2,22.95,45.9]
["2013-11-16","Cecilia  Manning","Sunset",2,22.5,45]
["2014-03-10","Ruben  Nunez","Sunset",3,23.5,70.5]
["2013-08-17","Drew  Rogers","Sunbell",3,24,72]
["2013-11-28","Ivan  Adkins","Crested Beaut",3,25,75]
["2014-12-25","Christy  Olson","Quad",2,34,68]
["2014-11-23","Austin  Reynolds","Bellen",3,21.95,65.849999999999994]
["2014-12-05","Isabel  Cross","Sunset",22,21.38,470.36]
["2014-12-04","Tracy  Reed","Crested Beaut",3,24,72]
["2014-05-17","Paulette  Spencer","Quad",1,33,33]
["2013-11-19","Fernando  Rowe","Aspen",3,21,63]
["2013-12-17","Christy  Olson","Quad",3,34,102]
["2014-11-01","Ruben  Nunez","Doublers",1,79.95,79.95]
["2014-09-29","Don  Gonzales","Crested Beaut",15,22.8,342]
["2014-12-01","Salvador  Bass","Sunshine",2,19.95,39.9]
["2013-11-06","Cassandra  Franklin","Bellen",3,22.95,68.849999999999994]
["2013-12-27","Cindy  Becker","Majestic Beaut",19,27.55,523.45000000000005]
["2013-12-21","Della  Jensen","Sunbell",2,23,46]
["2014-09-27","Cecilia  Manning","Sunset",3,22.5,67.5]
["2014-05-20","Patty  Thompson","Quad",3,34,102]
["2014-12-31","Jenny  Garcia","Carlota",3,22.95,68.849999999999994]
["2013-11-28","Ellen  Weaver","Quad",3,33,99]
["2014-12-11","Della  Jensen","Sunshine",2,18.95,37.9]
["2014-10-22","Bernadette  Page","Sunbell",10,24,240]
["2013-11-04","Billie  Chandler","Doublers",2,79.95,159.9]
["2013-11-07","Ivan  Adkins","Carlota",3,22.95,68.849999999999994]
["2013-10-28","Sylvester  Morales","Quad",2,34,68]
["2013-12-19","Blake  Bridges","Sunset",3,22.5,67.5]
["2013-12-22","Salvador  Bass","Sunbell",1,25,25]
["2013-12-11","Bethany  Pena","Crested Beaut",5,24,120]
["2013-12-22","Ernest  Davis","Doublers",2,79.95,159.9]
["2014-11-14","Brooke  Horton","Sunset",1,23.5,23.5]
["2014-01-29","Marian  Hill","Majestic Beaut",1,29,29]
["2014-12-13","Drew  Rogers","Sunset",2,23.5,47]
["2014-11-02","Trevor  Jones","Sunshine",3,19.95,59.85]
["2013-11-08","Robert  Munoz","Sunset",2,23.5,47]
["2014-05-02","Della  Jensen","Sunshine",1,18.95,18.95]
["2014-02-04","Lance  Yates","Majestic Beaut",2,29,58]
["2014-12-25","Andrew  Meyer","Aspen",1,21,21]
["2014-08-21","Joey  Wong","Quad",1,34,34]
["2013-12-06","Isabel  Cross","Majestic Beaut",3,28,84]
["2014-12-17","Donna  Reid","Bellen",3,22.95,68.849999999999994]
["2014-12-25","Isabel  Cross","Carlota",2,21.95,43.9]
["2013-12-20","Paulette  Spencer","Carlota",1,22.95,22.95]
["2013-12-12","Cecilia  Manning","Majestic Beaut",2,29,58]
["2013-08-07","Mable  Lindsey","Bellen",2,22.95,45.9]
["2014-03-11","Isabel  Cross","Majestic Beaut",1,28,28]
["2013-03-17","Brooke  Horton","Doublers",3,79.95,239.85]
["2014-10-04","Eric  Rose","Quad",12,32.299999999999997,387.6]
["2013-12-01","Tiffany  May","Sunset",1,23.5,23.5]
["2014-02-24","Della  Jensen","Quad",2,32,64]
["2014-02-28","Johanna  Boone","Sunbell",3,24,72]
["2014-04-18","Lee  Mack","Sunbell",2,24,48]
["2013-12-21","Jenny  Garcia","Sunbell",3,24,72]
["2014-11-09","Dan  Peterson","Crested Beaut",1,24,24]
["2014-12-17","Rachel  Gomez","Crested Beaut",3,24,72]
["2013-11-22","Rachel  Gomez","Quad",2,33,66]
["2013-11-26","Edwin  Malone","Quad",1,32,32]
["2014-11-23","Ivan  Adkins","Bellen",3,22.95,68.849999999999994]
["2014-11-19","Salvador  Bass","Aspen",3,21,63]
["2013-12-16","Elaine  Ellis","Bellen",3,22.95,68.849999999999994]
["2014-11-19","Nellie  Joseph","Majestic Beaut",2,28,56]
["2013-11-18","Patty  Thompson","Sunshine",1,19.95,19.95]
["2013-11-06","Elaine  Ellis","Quad",3,33,99]
["2013-11-28","Sandra  Floyd","Bellen",1,22.95,22.95]
["2014-09-22","Cassandra  Franklin","Quad",2,33,66]
["2013-07-28","Ernest  Davis","Sunset",2,23.5,47]
["2013-12-09","Cindy  Becker","Quad",18,31.35,564.29999999999995]
["2013-12-03","Pauline  Beck","Carlota",1,22.95,22.95]
["2014-05-02","Mable  Lindsey","Aspen",3,21,63]
["2013-12-04","Beth  Tucker","Sunshine",2,19.95,39.9]
["2013-11-03","Billie  Chandler","Sunset",2,23.5,47]
["2013-01-26","Rachel  Gomez","Aspen",1,20,20]
["2014-12-20","Lee  Mack","Sunbell",2,24,48]
["2013-12-09","Bobbie  Ryan","Quad",2,32,64]
["2014-12-18","Shari  Silva","Majestic Beaut",1,29,29]
["2014-09-05","Carla  Mccormick","Sunset",3,23.5,70.5]
["2014-12-03","Colleen  Warren","Quad",1,34,34]
["2013-11-18","Beth  Tucker","Doublers",2,79.95,159.9]
["2013-12-13","Ernest  Davis","Bellen",2,22.95,45.9]
["2013-12-10","Ellen  Weaver","FlatTop",3,26.5,79.5]
["2014-05-09","Tiffany  May","Aspen",1,21,21]
["2013-12-02","Fernando  Rowe","Doublers",1,79.95,79.95]
["2014-07-02","Max  Rodgers","Crested Beaut",3,25,75]
["2013-01-23","Ernest  Davis","Sunshine",3,19.95,59.85]
["2013-12-19","Isabel  Cross","Quad",1,32,32]
["2014-10-17","Andrew  Meyer","Carlota",3,22.95,68.849999999999994]
["2013-11-18","Patty  Thompson","Majestic Beaut",1,30,30]
["2013-12-09","Trevor  Jones","Sunbell",3,25,75]
["2013-05-03","Marion  Glover","Sunshine",1,18.95,18.95]
["2014-12-25","Rachel  Gomez","Sunset",2,23.5,47]
["2014-11-02","Peter  Hodges","Quad",4,33,132]
["2014-11-01","Kyle  Carr","V-Rang",1,18,18]
["2014-11-01","Blake  Bridges","Sunshine",2,19.95,39.9]
["2014-12-11","Beth  Tucker","Sunset",2,23.5,47]
["2014-09-01","Max  Rodgers","Quad",1,34,34]
["2014-05-25","Sylvester  Morales","Quad",7,34,238]
["2014-11-20","Lula  Daniels","Doublers",3,79.95,239.85]
["2013-04-20","Donna  Reid","Carlota",2,22.95,45.9]
["2014-12-31","Donna  Reid","Bellen",3,22.95,68.849999999999994]
["2013-03-30","Drew  Rogers","Sunset",2,23.5,47]
["2014-10-15","Eddie  Green","Quad",3,32,96]
["2014-08-20","Edwin  Malone","Bellen",3,21.95,65.849999999999994]
["2014-02-07","Robert  Munoz","Crested Beaut",4,24,96]
["2014-12-03","Tracy  Reed","Sunbell",3,24,72]
["2014-11-26","Colleen  Warren","Doublers",1,79.95,79.95]
["2013-05-20","Della  Jensen","Majestic Beaut",2,28,56]
["2013-11-15","Marion  Glover","Majestic Beaut",3,28,84]
["2013-11-11","Eric  Rose","V-Rang",1,19,19]
["2013-09-19","Donna  Reid","Sunbell",2,25,50]
["2013-11-25","Elbert  Klein","Quad",2,33,66]
["2013-12-11","Max  Rodgers","Sunset",3,23.5,70.5]
["2014-05-15","Iris  Underwood","Carlota",3,22.95,68.849999999999994]
["2014-12-28","Charlie  Wood","Bellen",1,22.95,22.95]
["2013-11-10","Ellen  Weaver","Quad",1,33,33]
["2013-04-23","Lula  Daniels","Sunshine",2,19.95,39.9]
["2013-11-15","Austin  Reynolds","Bellen",2,21.95,43.9]
["2014-11-26","Mable  Lindsey","Crested Beaut",3,25,75]
["2014-05-30","Jaime  Pearson","Sunbell",3,24,72]
["2014-05-21","Della  Jensen","Majestic Beaut",1,28,28]
["2014-11-15","Iris  Underwood","Sunshine",1,19.95,19.95]
["2014-12-25","Carla  Mccormick","Sunshine",3,19.95,59.85]
["2013-11-04","Charlie  Wood","Aspen",1,20,20]
["2014-12-17","Marian  Hill","Sunshine",2,19.95,39.9]
["2013-09-13","Fernando  Rowe","Aspen",1,21,21]
["2014-12-13","Ernest  Davis","Crested Beaut",3,25,75]
["2013-08-14","Ellen  Weaver","Quad",3,33,99]
["2013-12-21","Don  Gonzales","Quad",3,33,99]
["2014-12-25","Robert  Munoz","Sunbell",17,22.8,387.6]
["2014-12-21","Guillermo  Potter","Bellen",2,22.95,45.9]
["2014-12-29","Fernando  Rowe","Bellen",4,22.95,91.8]
["2014-12-12","Tracy  Reed","Crested Beaut",1,24,24]
["2014-06-19","Max  Rodgers","Quad",2,34,68]
["2013-12-09","Shari  Silva","Sunshine",4,19.95,79.8]
["2013-11-27","Beth  Tucker","Quad",2,34,68]
["2013-12-30","Brooke  Horton","Doublers",2,79.95,159.9]
["2014-12-07","Donna  Reid","Sunset",2,23.5,47]
["2013-12-02","Tracy  Reed","Doublers",2,79.95,159.9]
["2013-12-22","Eric  Rose","Sunbell",1,25,25]
["2014-12-19","Bobbie  Ryan","Carlota",1,21.95,21.95]
["2013-01-09","Lance  Yates","Crested Beaut",2,24,48]
["2013-11-10","Robert  Munoz","Carlota",1,22.95,22.95]
["2014-11-13","Lynette  Brewer","Sunshine",3,19.95,59.85]
["2013-08-09","Drew  Rogers","Sunshine",2,19.95,39.9]
["2013-11-19","Peter  Hodges","Sunset",3,23.5,70.5]
["2013-11-10","Brooke  Horton","Sunset",1,23.5,23.5]
["2013-06-03","Christina  Fuller","Sunbell",3,25,75]
["2013-11-12","Paulette  Spencer","Majestic Beaut",3,29,87]
["2013-08-04","Shari  Silva","Carlota",2,22.95,45.9]
["2014-12-11","Pauline  Beck","Carlota",3,22.95,68.849999999999994]
["2013-07-23","Edwin  Malone","Quad",2,32,64]
["2013-01-18","Ellen  Weaver","Carlota",3,22.95,68.849999999999994]
["2013-12-28","Cecilia  Manning","Quad",2,33,66]
["2014-12-30","Ellen  Weaver","Quad",2,33,66]
["2014-10-27","Billie  Chandler","Bellen",3,22.95,68.849999999999994]
["2014-11-03","Sonya  Mullins","Quad",2,32,64]
["2014-12-06","Nellie  Joseph","Carlota",3,21.95,65.849999999999994]
["2014-11-05","Robert  Munoz","Quad",12,31.35,376.2]
["2013-03-23","Edwin  Malone","Bellen",1,21.95,21.95]
["2014-03-27","Dan  Peterson","Quad",2,33,66]
["2014-12-15","Eddie  Green","Crested Beaut",1,23,23]
["2013-12-23","Shari  Silva","Sunbell",2,24,48]
["2014-01-01","Brooke  Horton","Carlota",3,22.95,68.849999999999994]
["2014-05-15","Edwin  Malone","Bellen",3,21.95,65.849999999999994]
["2014-12-22","Pauline  Beck","Carlota",2,22.95,45.9]
["2014-02-23","Shari  Silva","Bellen",3,22.95,68.849999999999994]
["2014-12-12","Eric  Rose","Quad",7,34,238]
["2014-02-26","Trevor  Jones","Bellen",2,22.95,45.9]
["2013-11-12","Johanna  Boone","Aspen",2,20,40]
["2013-11-05","Peter  Hodges","Sunshine",4,19.95,79.8]
["2013-12-01","Trevor  Jones","Majestic Beaut",2,30,60]
["2013-11-01","Salvador  Bass","Quad",16,32.299999999999997,516.79999999999995]
["2013-04-06","Mable  Lindsey","Sunshine",2,19.95,39.9]
["2013-11-04","Lorraine  Gibson","Quad",19,30.4,577.6]
["2013-01-03","Trevor  Jones","Carlota",3,22.95,68.849999999999994]
["2014-02-13","Cecilia  Manning","Bellen",2,22.95,45.9]
["2013-04-30","Marion  Glover","Bellen",2,21.95,43.9]
["2014-11-15","Jenny  Garcia","Quad",1,33,33]
["2013-11-07","Felicia  Jennings","Aspen",1,21,21]
["2014-11-10","Rachel  Gomez","Carlota",3,22.95,68.849999999999994]
["2014-12-02","Johanna  Boone","Sunbell",3,24,72]
["2013-12-26","Brooke  Horton","Sunbell",2,24,48]
["2013-11-15","Lynette  Brewer","Carlota",2,22.95,45.9]
["2013-11-30","Shari  Silva","Sunshine",2,19.95,39.9]
["2013-11-02","Sonya  Mullins","Sunset",19,21.38,406.22]
["2013-12-10","Edwin  Malone","Sunbell",1,23,23]
["2014-11-11","Isabel  Cross","Aspen",3,19,57]
["2014-11-01","Felicia  Jennings","V-Rang",1,19,19]
["2013-11-13","Cindy  Becker","Quad",2,33,66]
["2014-06-20","Johanna  Boone","Bellen",2,22.95,45.9]
["2014-09-13","Dan  Peterson","Majestic Beaut",2,29,58]
["2014-11-22","Jaime  Pearson","Quad",1,33,33]
["2014-11-15","Carla  Mccormick","Quad",3,33,99]
["2013-06-01","Robert  Munoz","Sunshine",2,19.95,39.9]
["2014-11-30","Herman  Williams","Sunset",3,22.5,67.5]
["2013-12-26","Joey  Wong","Aspen",3,21,63]
["2014-12-10","Isabel  Cross","Bellen",2,21.95,43.9]
["2014-12-14","Brooke  Horton","Sunbell",1,24,24]
["2014-12-10","Sylvester  Morales","Carlota",20,21.8,436]
["2014-08-29","Don  Gonzales","Crested Beaut",3,24,72]
["2013-12-21","Rachel  Gomez","Quad",1,33,33]
["2014-11-09","Christina  Fuller","Sunshine",12,18.95,227.4]
["2013-04-28","Allan  Ramos","Crested Beaut",1,24,24]
["2013-11-01","Trevor  Jones","Sunbell",3,25,75]
["2013-12-20","Shari  Silva","Majestic Beaut",2,29,58]
["2013-12-04","Lula  Daniels","Bellen",2,22.95,45.9]
["2013-12-23","Andrew  Meyer","Quad",1,34,34]
["2014-07-03","Eric  Rose","Crested Beaut",2,25,50]
["2013-12-17","Christy  Olson","Bellen",2,22.95,45.9]
["2013-04-22","Brooke  Horton","Sunshine",3,19.95,59.85]
["2013-12-02","Eric  Rose","Carlota",3,22.95,68.849999999999994]
["2013-11-17","Isabel  Cross","Aspen",1,19,19]
["2013-07-24","Rachel  Gomez","Sunshine",4,19.95,79.8]
["2013-05-21","Ernest  Davis","Majestic Beaut",2,30,60]
["2014-12-02","Christina  Fuller","Doublers",3,79.95,239.85]
["2013-12-13","Edwin  Malone","Bellen",2,21.95,43.9]
["2014-12-27","Max  Rodgers","Sunbell",2,25,50]
["2013-12-29","Salvador  Bass","Crested Beaut",1,25,25]
["2014-11-22","Ben  Perez","Quad",1,34,34]
["2014-11-28","Christina  Fuller","Crested Beaut",3,25,75]
["2014-11-02","Pauline  Beck","Majestic Beaut",3,30,90]
["2014-12-03","Tiffany  May","Sunshine",2,19.95,39.9]
["2013-04-23","Fernando  Rowe","Quad",3,34,102]
["2014-12-21","Austin  Reynolds","Bellen",2,21.95,43.9]
["2013-11-01","Cindy  Becker","Carlota",2,22.95,45.9]
["2013-08-01","Rachel  Gomez","Sunshine",2,19.95,39.9]
["2014-12-06","Marian  Hill","Majestic Beaut",1,29,29]
["2014-08-03","Austin  Reynolds","Sunbell",1,23,23]
["2013-06-23","Charlie  Wood","Crested Beaut",2,24,48]
["2014-08-03","Ruben  Nunez","Sunbell",3,25,75]
["2013-11-30","Cindy  Becker","V-Rang",2,18,36]
["2013-12-12","Rachel  Gomez","Majestic Beaut",2,29,58]
["2013-11-20","Max  Rodgers","Carlota",1,22.95,22.95]
["2014-01-02","Johanna  Boone","Majestic Beaut",25,27.55,688.75]
["2014-12-07","Max  Rodgers","Sunset",1,23.5,23.5]
["2014-11-27","Allan  Ramos","FlatTop",2,27.5,55]
["2013-12-26","Ellen  Weaver","Quad",11,31.35,344.85]
["2013-11-07","Nellie  Joseph","Sunshine",1,18.95,18.95]
["2014-01-13","Sonya  Mullins","Carlota",2,21.95,43.9]
["2014-07-30","Woodrow  Colon","Sunshine",3,19.95,59.85]
["2013-12-04","Tracy  Reed","V-Rang",2,18,36]
["2014-12-03","Sandra  Floyd","Sunset",25,22.33,558.25]
["2013-11-13","Cecilia  Manning","Sunset",24,21.38,513.12]
["2014-04-05","Willie  Vega","Sunshine",3,19.95,59.85]
["2014-11-03","Trevor  Jones","Carlota",1,22.95,22.95]
["2014-12-26","Eric  Rose","Sunshine",2,19.95,39.9]
["2013-11-26","Ruben  Nunez","Quad",1,34,34]
["2014-12-22","Jenny  Garcia","Bellen",2,22.95,45.9]
["2013-12-10","Bobbie  Ryan","Bellen",2,21.95,43.9]
["2014-11-27","Patty  Thompson","Sunset",2,23.5,47]
["2013-12-16","Sandra  Floyd","Quad",18,31.35,564.29999999999995]
["2014-12-17","Sylvester  Morales","Quad",4,34,136]
["2013-11-08","Brooke  Horton","Quad",2,33,66]
["2013-11-12","Sandra  Floyd","V-Rang",2,18,36]
["2014-01-25","Ellen  Weaver","Bellen",7,22.95,160.65]
["2013-11-22","Cassandra  Franklin","V-Rang",3,18,54]
["2014-03-24","Shari  Silva","Doublers",4,77.95,311.8]
["2014-11-14","Ivan  Adkins","V-Rang",2,19,38]
["2014-02-18","Eric  Rose","Sunbell",1,25,25]
["2014-08-15","Marian  Hill","Majestic Beaut",3,29,87]
["2014-11-14","Bobbie  Ryan","Aspen",3,19,57]
["2013-06-03","Della  Jensen","Carlota",1,21.95,21.95]
["2013-12-07","Charlie  Wood","Majestic Beaut",3,29,87]
["2013-11-17","Drew  Rogers","Bellen",2,22.95,45.9]
["2013-06-08","Drew  Rogers","Sunbell",2,24,48]
["2014-11-16","Pauline  Beck","Crested Beaut",3,25,75]
["2014-05-16","Ivan  Adkins","V-Rang",3,19,57]
["2013-11-08","Johanna  Boone","Quad",13,31.35,407.55]
["2014-11-22","Felicia  Jennings","Quad",3,34,102]
["2013-01-28","Cecilia  Manning","Sunshine",3,19.95,59.85]
["2013-11-29","Andrew  Meyer","Sunset",2,23.5,47]
["2014-12-20","Shari  Silva","Quad",1,33,33]
["2014-03-25","Sonya  Mullins","Bellen",2,21.95,43.9]
["2013-11-14","Rachel  Gomez","V-Rang",3,18,54]
["2014-11-27","Bobbie  Ryan","V-Rang",3,18,54]
["2014-06-23","Elvira  Bowman","Aspen",2,20,40]
["2014-02-25","Willie  Vega","Sunset",1,23.5,23.5]
["2013-03-26","Cassandra  Franklin","Sunset",13,22.33,290.29000000000002]
["2014-12-10","Cassandra  Franklin","Sunshine",2,19.95,39.9]
["2014-09-02","Elaine  Ellis","FlatTop",3,26.5,79.5]
["2013-09-13","Max  Rodgers","FlatTop",2,27.5,55]
["2013-12-28","Trevor  Jones","Crested Beaut",3,25,75]
["2013-12-06","Tracy  Reed","Quad",3,33,99]
["2014-12-24","Jaime  Pearson","V-Rang",1,18,18]
["2013-11-10","Iris  Underwood","Carlota",3,22.95,68.849999999999994]
["2014-09-28","Ivan  Adkins","Sunset",3,23.5,70.5]
["2014-06-18","Blake  Bridges","Sunbell",3,24,72]
["2013-02-14","Eddie  Green","Bellen",4,21.95,87.8]
["2013-11-15","Felicia  Jennings","Quad",2,34,68]
["2014-12-07","Dan  Peterson","V-Rang",1,18,18]
["2013-12-22","Felicia  Jennings","Sunbell",3,25,75]
["2014-12-17","Cindy  Becker","Aspen",2,20,40]
["2014-12-22","Cecilia  Manning","Sunbell",1,24,24]
["2013-11-08","Brooke  Horton","Majestic Beaut",3,29,87]
["2013-12-02","Elaine  Ellis","Doublers",2,77.95,155.9]
["2013-12-03","Willie  Vega","Quad",1,33,33]
["2013-12-28","Robert  Munoz","Quad",1,33,33]
["2013-08-28","Christy  Olson","Majestic Beaut",1,30,30]
["2013-11-28","Austin  Reynolds","Quad",23,30.4,699.2]
["2014-11-25","Patty  Thompson","Sunbell",1,25,25]
["2013-09-17","Tracy  Reed","FlatTop",1,27.5,27.5]
["2014-12-09","Lorraine  Gibson","Crested Beaut",2,23,46]
["2013-11-22","Mable  Lindsey","Doublers",25,75.95,1898.75]
["2014-05-27","Kyle  Carr","Quad",3,33,99]
["2014-11-18","Don  Gonzales","Quad",23,31.35,721.05]
["2014-11-10","Blake  Bridges","Majestic Beaut",3,29,87]
["2014-12-16","Bobbie  Ryan","Crested Beaut",2,23,46]
["2014-11-07","Mable  Lindsey","Quad",3,34,102]
["2013-04-19","Edwin  Malone","Aspen",3,19,57]
["2014-11-08","Eric  Rose","Aspen",3,21,63]
["2014-11-10","Marian  Hill","Quad",3,33,99]
["2013-12-06","Arturo  Francis","Quad",1,32,32]
["2013-05-19","Sylvester  Morales","Sunshine",2,19.95,39.9]
["2013-11-24","Cassandra  Franklin","Aspen",3,20,60]
["2013-03-05","Blake  Bridges","Aspen",3,20,60]
["2014-12-02","Ernest  Davis","Quad",2,34,68]
["2014-01-26","Cassandra  Franklin","Carlota",3,22.95,68.849999999999994]
["2013-11-07","Christy  Olson","Sunshine",25,18.95,473.75]
["2014-11-08","Woodrow  Colon","Bellen",24,21.8,523.20000000000005]
["2014-12-11","Willie  Vega","V-Rang",2,18,36]
["2013-11-01","Edwin  Malone","Sunset",2,22.5,45]
["2014-11-05","Herman  Williams","Sunset",1,22.5,22.5]
["2014-01-02","Shari  Silva","Sunshine",22,18.95,416.9]
["2013-12-03","Ivan  Adkins","Carlota",3,22.95,68.849999999999994]
["2013-01-14","Willie  Vega","Bellen",1,22.95,22.95]
["2013-03-23","Drew  Rogers","Sunbell",1,24,24]
["2014-11-05","Drew  Rogers","Sunshine",2,19.95,39.9]
["2014-12-15","Della  Jensen","Doublers",1,75.95,75.95]
["2013-05-26","Drew  Rogers","Bellen",1,22.95,22.95]
["2014-12-20","Robert  Munoz","Sunshine",17,18.95,322.14999999999998]
["2014-11-09","Shari  Silva","Bellen",2,22.95,45.9]
["2014-12-29","Lee  Mack","Sunshine",1,19.95,19.95]
["2013-09-24","Lynette  Brewer","Carlota",1,22.95,22.95]
["2013-08-26","Andrew  Meyer","Quad",4,34,136]
["2013-11-21","Cassandra  Franklin","Quad",3,33,99]
["2013-11-09","Ernest  Davis","Sunbell",3,25,75]
["2014-11-10","Willie  Vega","Quad",25,31.35,783.75]
["2014-11-12","Paulette  Spencer","Sunshine",1,19.95,19.95]
["2014-10-06","Robert  Munoz","Sunbell",3,24,72]
["2014-12-02","Joey  Wong","Majestic Beaut",8,30,240]
["2013-12-04","Max  Rodgers","Sunbell",1,25,25]
["2013-11-14","Lance  Yates","Carlota",1,22.95,22.95]
["2013-11-19","Drew  Rogers","Sunshine",1,19.95,19.95]
["2013-11-15","Lance  Yates","Carlota",2,22.95,45.9]
["2013-11-26","Della  Jensen","Carlota",3,21.95,65.849999999999994]
["2014-11-26","Christina  Fuller","Quad",1,34,34]
["2014-11-01","Woodrow  Colon","Crested Beaut",19,22.8,433.2]
["2014-10-21","Drew  Rogers","Crested Beaut",1,24,24]
["2013-12-11","Isabel  Cross","Sunbell",2,23,46]
["2013-08-07","Tracy  Reed","Sunshine",1,19.95,19.95]
["2013-12-16","Guillermo  Potter","Quad",3,33,99]
["2013-11-03","Donna  Reid","Sunset",3,23.5,70.5]
["2014-11-25","Elaine  Ellis","Crested Beaut",2,24,48]
["2014-12-11","Robert  Munoz","Majestic Beaut",3,29,87]
["2013-11-11","Brooke  Horton","Quad",3,33,99]
["2014-11-16","Lorraine  Gibson","Bellen",2,21.95,43.9]
["2014-08-26","Lance  Yates","Carlota",2,22.95,45.9]
["2014-06-08","Max  Rodgers","Sunshine",1,19.95,19.95]
["2014-11-15","Lynette  Brewer","Sunset",1,23.5,23.5]
["2014-11-04","Lee  Mack","Majestic Beaut",2,29,58]
["2014-11-26","Mable  Lindsey","FlatTop",2,27.5,55]
["2013-11-21","Dan  Peterson","Carlota",4,22.95,91.8]
["2013-12-14","Shari  Silva","Bellen",3,22.95,68.849999999999994]
["2013-12-28","Marian  Hill","Sunset",2,22.5,45]
["2013-11-20","Ellen  Weaver","Sunshine",2,19.95,39.9]
["2013-04-30","Cassandra  Franklin","Crested Beaut",3,24,72]
["2014-12-17","Shari  Silva","Doublers",3,77.95,233.85]
["2013-01-24","Salvador  Bass","Sunshine",3,19.95,59.85]
["2014-11-20","Mable  Lindsey","Bellen",8,22.95,183.6]
["2014-07-14","Peter  Hodges","Carlota",2,22.95,45.9]
["2013-12-27","Ben  Perez","Crested Beaut",1,25,25]
["2014-03-18","Cecilia  Manning","Sunshine",3,19.95,59.85]
["2013-11-09","Trevor  Jones","Carlota",3,22.95,68.849999999999994]
["2013-12-25","Isabel  Cross","Majestic Beaut",3,28,84]
["2013-11-16","Ruben  Nunez","Majestic Beaut",12,28.5,342]
["2014-11-23","Elbert  Klein","Carlota",3,22.95,68.849999999999994]
["2014-12-03","Ellen  Weaver","Carlota",3,22.95,68.849999999999994]
["2013-05-09","Jenny  Garcia","Quad",3,33,99]
["2013-11-26","Ruben  Nunez","Quad",2,34,68]
["2014-06-17","Isabel  Cross","Aspen",1,19,19]
["2013-04-18","Allan  Ramos","Sunshine",2,19.95,39.9]
["2013-11-14","Felicia  Jennings","Carlota",2,22.95,45.9]
["2014-11-07","Lorraine  Gibson","Quad",2,32,64]
["2013-08-24","Woodrow  Colon","Bellen",1,22.95,22.95]
["2013-11-02","Marion  Glover","Majestic Beaut",2,28,56]
["2013-12-28","Paulette  Spencer","Sunshine",1,19.95,19.95]
["2014-11-05","Rachel  Gomez","Bellen",3,22.95,68.849999999999994]
["2013-12-23","Woodrow  Colon","Bellen",10,22.95,229.5]
["2013-10-26","Kyle  Carr","Crested Beaut",2,24,48]
["2013-11-18","Ellen  Weaver","Doublers",2,77.95,155.9]
["2013-11-03","Robert  Munoz","Aspen",2,20,40]
["2014-11-03","Lynette  Brewer","Sunshine",4,19.95,79.8]
["2014-07-24","Willie  Vega","Aspen",1,20,20]
["2014-07-19","Shari  Silva","Carlota",1,22.95,22.95]
["2013-12-24","Billie  Chandler","Sunbell",1,24,24]
["2014-11-16","Della  Jensen","Crested Beaut",2,23,46]
["2014-03-06","Iris  Underwood","Quad",6,34,204]
["2013-08-28","Della  Jensen","Quad",2,32,64]
["2013-12-04","Arturo  Francis","Sunshine",25,18,450]
["2014-12-10","Salvador  Bass","Sunbell",1,25,25]
["2013-12-09","Shari  Silva","Crested Beaut",1,24,24]
["2014-12-07","Drew  Rogers","Bellen",1,22.95,22.95]
["2014-11-02","Ellen  Weaver","Bellen",2,22.95,45.9]
["2013-04-15","Cassandra  Franklin","Sunbell",3,24,72]
["2014-12-09","Herman  Williams","Sunshine",2,18.95,37.9]
["2013-11-24","Lance  Yates","Sunbell",3,24,72]
["2014-07-24","Trevor  Jones","Quad",4,34,136]
["2013-11-18","Shari  Silva","Sunbell",3,24,72]
["2013-12-29","Don  Gonzales","Crested Beaut",3,24,72]
["2014-12-27","Elaine  Ellis","Quad",2,33,66]
["2013-12-30","Max  Rodgers","Bellen",1,22.95,22.95]
["2013-11-11","Cecilia  Manning","Quad",3,33,99]
["2014-12-14","Brooke  Horton","Bellen",1,22.95,22.95]
["2013-01-05","Carla  Mccormick","Quad",1,33,33]
["2014-11-10","Christina  Fuller","Sunbell",4,25,100]
["2014-12-26","Rachel  Gomez","Carlota",2,22.95,45.9]
["2014-08-18","Nellie  Joseph","Quad",2,32,64]
["2013-12-30","Willie  Vega","Bellen",1,22.95,22.95]
["2014-12-13","Dan  Peterson","Crested Beaut",1,24,24]
["2013-11-24","Jenny  Garcia","Aspen",1,20,20]
["2014-09-15","Trevor  Jones","Quad",2,34,68]
["2013-11-25","Cecilia  Manning","Bellen",2,22.95,45.9]
["2013-11-19","Johanna  Boone","Majestic Beaut",1,29,29]
["2013-11-03","Guillermo  Potter","Carlota",2,22.95,45.9]
["2013-10-28","Kyle  Carr","Quad",14,31.35,438.9]
["2013-12-13","Cecilia  Manning","Quad",15,31.35,470.25]
["2013-12-14","Drew  Rogers","Quad",3,33,99]
["2013-11-24","Ellen  Weaver","Bellen",2,22.95,45.9]
["2013-11-21","Sonya  Mullins","Carlota",3,21.95,65.849999999999994]
["2014-12-23","Arturo  Francis","Quad",3,32,96]
["2014-07-02","Lee  Mack","FlatTop",3,27.5,82.5]
["2014-11-29","Max  Rodgers","Sunshine",2,19.95,39.9]
["2013-12-24","Drew  Rogers","Carlota",2,22.95,45.9]
["2013-12-16","Beth  Tucker","Quad",2,34,68]
["2014-04-14","Salvador  Bass","Quad",2,34,68]
["2014-12-10","Mable  Lindsey","Quad",3,34,102]
["2013-09-09","Willie  Vega","Aspen",19,19,361]
["2013-12-25","Robert  Munoz","Carlota",3,22.95,68.849999999999994]
["2013-12-29","Sonya  Mullins","Crested Beaut",1,23,23]
["2013-11-17","Willie  Vega","Bellen",1,22.95,22.95]
["2014-12-01","Della  Jensen","Quad",3,32,96]
["2013-11-24","Shari  Silva","Majestic Beaut",2,29,58]
["2013-12-15","Cassandra  Franklin","Carlota",1,22.95,22.95]
["2013-11-30","Carla  Mccormick","Aspen",2,20,40]
["2013-12-25","Isabel  Cross","Sunset",1,22.5,22.5]
["2014-11-06","Guillermo  Potter","Carlota",1,22.95,22.95]
["2014-12-23","Kyle  Carr","Aspen",3,20,60]
["2014-12-08","Billie  Chandler","Sunshine",1,19.95,19.95]
["2013-11-30","Max  Rodgers","Sunshine",1,19.95,19.95]
["2013-12-25","Paulette  Spencer","Carlota",3,22.95,68.849999999999994]
["2013-08-21","Brooke  Horton","Sunshine",24,18.95,454.8]
["2014-12-22","Peter  Hodges","Bellen",1,22.95,22.95]
["2013-11-01","Jenny  Garcia","Majestic Beaut",3,29,87]
["2014-12-07","Austin  Reynolds","Crested Beaut",1,23,23]
["2014-11-09","Elaine  Ellis","Aspen",4,20,80]
["2013-11-28","Austin  Reynolds","Bellen",5,21.95,109.75]
["2014-12-08","Max  Rodgers","FlatTop",2,27.5,55]
["2014-12-27","Dan  Peterson","Sunbell",1,24,24]
["2013-11-13","Peter  Hodges","Quad",3,33,99]
["2013-01-23","Della  Jensen","Doublers",2,75.95,151.9]
["2013-12-03","Drew  Rogers","Quad",2,33,66]
["2013-02-26","Tiffany  May","Quad",1,34,34]
["2013-12-15","Max  Rodgers","Aspen",2,21,42]
["2013-11-22","Robert  Munoz","Doublers",1,79.95,79.95]
["2014-02-14","Nellie  Joseph","Bellen",2,21.95,43.9]
["2013-11-07","Mable  Lindsey","Majestic Beaut",3,30,90]
["2014-12-29","Cecilia  Manning","Sunset",3,22.5,67.5]
["2013-11-08","Cecilia  Manning","Aspen",2,20,40]
["2014-11-22","Felicia  Jennings","Crested Beaut",3,25,75]
["2014-12-29","Lance  Yates","Bellen",3,22.95,68.849999999999994]
["2013-12-03","Della  Jensen","Aspen",1,19,19]
["2013-12-03","Robert  Munoz","Sunshine",2,19.95,39.9]
["2014-12-03","Cindy  Becker","Sunbell",3,24,72]
["2014-12-31","Elvira  Bowman","Majestic Beaut",2,29,58]
["2013-07-31","Ellen  Weaver","Quad",6,33,198]
["2013-12-08","Elbert  Klein","Carlota",1,22.95,22.95]
["2013-11-30","Shari  Silva","Bellen",22,21.8,479.6]
["2014-12-09","Johanna  Boone","V-Rang",2,18,36]
["2013-11-25","Rachel  Gomez","FlatTop",3,27.5,82.5]
["2013-12-24","Della  Jensen","Bellen",2,21.95,43.9]
["2013-11-01","Lorraine  Gibson","Sunbell",1,23,23]
["2014-12-22","Ernest  Davis","Sunbell",2,25,50]
["2014-05-07","Lynette  Brewer","Sunshine",2,19.95,39.9]
["2014-11-01","Brooke  Horton","Quad",2,33,66]
["2014-12-29","Elvira  Bowman","Crested Beaut",3,24,72]
["2013-11-28","Bobbie  Ryan","Sunshine",2,18.95,37.9]
["2013-12-24","Arturo  Francis","Aspen",2,19,38]
["2014-09-30","Dan  Peterson","Sunbell",3,24,72]
["2014-09-10","Drew  Rogers","Sunshine",4,19.95,79.8]
["2013-11-07","Fernando  Rowe","Sunshine",1,19.95,19.95]
["2014-12-09","Bobbie  Ryan","Bellen",3,21.95,65.849999999999994]
["2014-03-07","Max  Rodgers","Quad",2,34,68]
["2014-11-29","Lance  Yates","Aspen",1,20,20]
["2014-12-06","Felicia  Jennings","Bellen",2,22.95,45.9]
["2013-12-20","Salvador  Bass","Carlota",2,22.95,45.9]
["2013-01-05","Brooke  Horton","Quad",2,33,66]
["2013-05-22","Tiffany  May","Crested Beaut",2,25,50]
["2013-11-29","Elbert  Klein","Sunbell",1,24,24]
["2014-12-23","Drew  Rogers","Sunshine",3,19.95,59.85]
["2013-12-12","Elvira  Bowman","Bellen",1,22.95,22.95]
["2013-12-12","Della  Jensen","Bellen",3,21.95,65.849999999999994]
["2013-07-13","Peter  Hodges","Aspen",1,20,20]
["2014-12-12","Andrew  Meyer","Quad",1,34,34]
["2014-12-25","Brooke  Horton","Bellen",2,22.95,45.9]
["2014-11-18","Allan  Ramos","Sunshine",2,19.95,39.9]
["2013-05-24","Felicia  Jennings","Crested Beaut",1,25,25]
["2014-12-10","Elbert  Klein","Sunshine",19,18.95,360.05]
["2013-12-28","Cecilia  Manning","Crested Beaut",3,24,72]
["2014-11-29","Robert  Munoz","Bellen",2,22.95,45.9]
["2013-12-25","Arturo  Francis","Quad",14,30.4,425.6]
["2013-11-24","Pauline  Beck","Carlota",3,22.95,68.849999999999994]
["2013-12-03","Edwin  Malone","Majestic Beaut",2,28,56]
["2014-06-03","Paulette  Spencer","Quad",1,33,33]
["2013-12-26","Edwin  Malone","Doublers",4,75.95,303.8]
["2013-12-08","Drew  Rogers","Sunshine",1,19.95,19.95]
["2014-12-30","Jenny  Garcia","Quad",3,33,99]
["2014-09-16","Salvador  Bass","Carlota",1,22.95,22.95]
["2014-12-24","Sandra  Floyd","Crested Beaut",2,24,48]
["2013-01-18","Bobbie  Ryan","Quad",3,32,96]
["2013-12-13","Arturo  Francis","Sunbell",1,23,23]
["2014-11-01","Isabel  Cross","V-Rang",2,18,36]
["2013-03-01","Della  Jensen","Aspen",1,19,19]
["2014-12-17","Cecilia  Manning","Doublers",10,77.95,779.5]
["2013-11-06","Max  Rodgers","Sunshine",3,19.95,59.85]
["2013-12-26","Jenny  Garcia","Sunshine",2,19.95,39.9]
["2013-12-07","Rachel  Gomez","Crested Beaut",2,24,48]
["2014-10-08","Drew  Rogers","Bellen",1,22.95,22.95]
["2014-11-26","Elvira  Bowman","Sunset",2,23.5,47]
["2014-11-07","Jenny  Garcia","Bellen",3,22.95,68.849999999999994]
["2013-11-06","Bernadette  Page","Sunset",1,23.5,23.5]
["2014-11-24","Colleen  Warren","Crested Beaut",1,25,25]
["2014-07-13","Edwin  Malone","Carlota",2,21.95,43.9]
["2013-09-09","Guillermo  Potter","Quad",3,33,99]
["2013-11-24","Austin  Reynolds","Carlota",12,20.85,250.2]
["2013-11-25","Isabel  Cross","Quad",1,32,32]
["2013-11-13","Donna  Reid","Sunshine",2,19.95,39.9]
["2013-03-26","Fernando  Rowe","Sunbell",2,25,50]
["2014-12-29","Ellen  Weaver","Bellen",2,22.95,45.9]
["2013-11-19","Bernadette  Page","Bellen",3,22.95,68.849999999999994]
["2014-12-01","Edwin  Malone","Bellen",3,21.95,65.849999999999994]
["2014-11-16","Cecilia  Manning","Crested Beaut",22,22.8,501.6]
["2013-12-11","Johanna  Boone","Aspen",3,20,60]
["2013-12-20","Sandra  Floyd","Quad",2,33,66]
["2013-12-04","Lula  Daniels","Carlota",3,22.95,68.849999999999994]
["2013-12-07","Nellie  Joseph","Bellen",3,21.95,65.849999999999994]
["2013-11-13","Ivan  Adkins","Carlota",1,22.95,22.95]
["2014-12-18","Sylvester  Morales","Majestic Beaut",1,30,30]
["2014-12-18","Trevor  Jones","Sunset",2,23.5,47]
["2014-11-16","Carla  Mccormick","FlatTop",25,26.13,653.25]
["2013-08-13","Robert  Munoz","Quad",2,33,66]
["2014-12-07","Isabel  Cross","Bellen",2,21.95,43.9]
["2013-11-14","Shari  Silva","Quad",5,33,165]
["2014-09-14","Joey  Wong","Carlota",3,22.95,68.849999999999994]
["2013-12-28","Woodrow  Colon","Sunshine",1,19.95,19.95]
["2013-03-26","Elvira  Bowman","Crested Beaut",3,24,72]
["2014-12-15","Isabel  Cross","Doublers",2,75.95,151.9]
["2014-10-14","Christina  Fuller","Sunbell",1,25,25]
["2013-11-05","Nellie  Joseph","Aspen",3,19,57]
["2014-11-19","Brooke  Horton","Sunshine",2,19.95,39.9]
["2013-10-17","Edwin  Malone","Bellen",2,21.95,43.9]
["2013-10-31","Ivan  Adkins","Sunset",2,23.5,47]
["2014-11-28","Della  Jensen","Sunbell",1,23,23]
["2013-11-21","Jenny  Garcia","Quad",3,33,99]
["2014-11-10","Kyle  Carr","Majestic Beaut",2,29,58]
["2014-05-10","Shari  Silva","Sunshine",1,19.95,19.95]
["2014-11-20","Salvador  Bass","Crested Beaut",10,25,250]
["2013-12-09","Paulette  Spencer","Quad",3,33,99]
["2013-08-06","Pauline  Beck","Aspen",1,21,21]
["2013-08-18","Bernadette  Page","Quad",1,33,33]
["2014-11-23","Tracy  Reed","Sunshine",2,19.95,39.9]
["2013-12-10","Shari  Silva","Carlota",2,22.95,45.9]
["2014-12-23","Brooke  Horton","Bellen",3,22.95,68.849999999999994]
["2014-11-05","Sonya  Mullins","Quad",2,32,64]
["2014-12-30","Fernando  Rowe","Carlota",2,22.95,45.9]
["2014-11-20","Shari  Silva","Bellen",2,22.95,45.9]
["2013-12-01","Kyle  Carr","Quad",2,33,66]
["2014-12-12","Fernando  Rowe","Carlota",1,22.95,22.95]
["2014-12-21","Sandra  Floyd","Sunbell",16,22.8,364.8]
["2014-01-10","Della  Jensen","Bellen",2,21.95,43.9]
["2013-12-18","Brooke  Horton","Sunbell",2,24,48]
["2013-12-11","Lula  Daniels","Sunset",1,23.5,23.5]
["2013-08-24","Joey  Wong","Quad",2,34,68]
["2013-11-08","Nellie  Joseph","Carlota",2,21.95,43.9]
["2014-11-22","Herman  Williams","Aspen",2,19,38]
["2014-08-14","Dan  Peterson","Quad",2,33,66]
["2013-05-30","Robert  Munoz","Quad",3,33,99]
["2013-11-01","Dan  Peterson","Aspen",2,20,40]
["2014-05-01","Patty  Thompson","V-Rang",3,19,57]
["2014-12-25","Herman  Williams","Aspen",2,19,38]
["2014-11-18","Bethany  Pena","Quad",2,33,66]
["2014-11-13","Rachel  Gomez","Quad",3,33,99]
["2014-12-05","Peter  Hodges","FlatTop",2,27.5,55]
["2013-06-07","Paulette  Spencer","Bellen",3,22.95,68.849999999999994]
["2013-11-15","Lynette  Brewer","Sunshine",3,19.95,59.85]
["2014-04-26","Lula  Daniels","Carlota",2,22.95,45.9]
["2013-11-17","Ernest  Davis","Majestic Beaut",1,30,30]
["2014-11-14","Brooke  Horton","Majestic Beaut",1,29,29]
["2014-12-17","Cindy  Becker","Bellen",2,22.95,45.9]
["2014-12-13","Paulette  Spencer","Sunset",1,22.5,22.5]
["2013-12-08","Brooke  Horton","Crested Beaut",19,22.8,433.2]
["2014-06-15","Eddie  Green","Quad",2,32,64]
["2013-11-03","Della  Jensen","V-Rang",2,18,36]
["2013-11-12","Elvira  Bowman","Doublers",4,79.95,319.8]
["2014-12-11","Blake  Bridges","Sunbell",3,24,72]
["2013-12-16","Guillermo  Potter","Doublers",3,79.95,239.85]
["2014-06-08","Elaine  Ellis","Quad",2,33,66]
["2013-02-14","Shari  Silva","Bellen",3,22.95,68.849999999999994]
["2014-08-15","Rachel  Gomez","Majestic Beaut",5,29,145]
["2013-01-27","Della  Jensen","Sunshine",1,18.95,18.95]
["2014-11-16","Lorraine  Gibson","Sunbell",2,23,46]
["2014-05-23","Bernadette  Page","Aspen",2,20,40]
["2014-12-13","Eddie  Green","Doublers",3,75.95,227.85]
["2013-12-08","Donna  Reid","Carlota",1,22.95,22.95]
["2013-11-30","Lula  Daniels","Aspen",1,20,20]
["2014-03-19","Shari  Silva","Sunshine",24,18.95,454.8]
["2013-12-11","Shari  Silva","Quad",2,33,66]
["2013-02-24","Elbert  Klein","Bellen",2,22.95,45.9]
["2013-11-22","Marion  Glover","Crested Beaut",3,23,69]
["2014-09-25","Jenny  Garcia","Sunshine",1,19.95,19.95]
["2013-12-30","Rachel  Gomez","Quad",2,33,66]
["2014-11-22","Ivan  Adkins","Quad",1,34,34]
["2013-03-12","Fernando  Rowe","Bellen",3,22.95,68.849999999999994]
["2014-11-17","Rachel  Gomez","Sunshine",1,19.95,19.95]
["2014-12-03","Drew  Rogers","Aspen",2,20,40]
["2013-10-31","Colleen  Warren","Majestic Beaut",3,30,90]
["2013-02-23","Isabel  Cross","Sunshine",3,18.95,56.85]
["2014-11-07","Della  Jensen","Aspen",2,19,38]
["2013-11-25","Shari  Silva","Carlota",1,22.95,22.95]
["2013-04-21","Donna  Reid","Bellen",14,21.8,305.2]
["2013-02-11","Ernest  Davis","Carlota",4,22.95,91.8]
["2013-11-07","Robert  Munoz","Sunbell",13,22.8,296.39999999999998]
["2014-11-21","Trevor  Jones","Aspen",2,21,42]
["2013-12-20","Don  Gonzales","Bellen",2,22.95,45.9]
["2013-12-07","Andrew  Meyer","Sunshine",3,19.95,59.85]
["2014-11-16","Andrew  Meyer","Carlota",3,22.95,68.849999999999994]
["2014-04-17","Della  Jensen","Crested Beaut",2,23,46]
["2014-12-26","Elbert  Klein","Quad",3,33,99]
["2013-11-27","Della  Jensen","Quad",2,32,64]
["2013-11-02","Robert  Munoz","Bellen",1,22.95,22.95]
["2014-12-29","Rachel  Gomez","Bellen",2,22.95,45.9]
["2013-01-31","Joey  Wong","Quad",3,34,102]
["2014-11-29","Rachel  Gomez","Quad",2,33,66]
["2013-12-02","Drew  Rogers","Aspen",3,20,60]
["2013-11-26","Kyle  Carr","Bellen",3,22.95,68.849999999999994]
["2014-12-13","Charlie  Wood","FlatTop",2,27.5,55]
["2014-12-04","Trevor  Jones","Quad",24,32.299999999999997,775.2]
["2013-12-16","Christina  Fuller","Bellen",3,22.95,68.849999999999994]
["2014-12-23","Max  Rodgers","Crested Beaut",4,25,100]
["2014-11-13","Peter  Hodges","Majestic Beaut",1,29,29]
["2014-03-16","Herman  Williams","Crested Beaut",2,23,46]
["2013-11-19","Elvira  Bowman","FlatTop",11,26.13,287.43]
["2013-12-09","Sylvester  Morales","Majestic Beaut",9,30,270]
["2014-10-18","Eddie  Green","Sunset",2,22.5,45]
["2013-02-08","Rachel  Gomez","Sunbell",4,24,96]
["2014-12-25","Lula  Daniels","Sunshine",3,19.95,59.85]
["2013-12-03","Salvador  Bass","Quad",2,34,68]
["2013-04-20","Johanna  Boone","Sunshine",3,19.95,59.85]
["2013-11-14","Eddie  Green","Crested Beaut",3,23,69]
["2014-12-16","Andrew  Meyer","Quad",12,32.299999999999997,387.6]
["2014-11-15","Jenny  Garcia","Bellen",3,22.95,68.849999999999994]
["2013-11-06","Max  Rodgers","V-Rang",3,19,57]
["2014-11-14","Dan  Peterson","Crested Beaut",2,24,48]
["2013-12-04","Shari  Silva","Sunshine",3,19.95,59.85]
["2013-12-06","Elbert  Klein","Sunbell",1,24,24]
["2014-10-02","Cassandra  Franklin","Quad",1,33,33]
["2014-12-21","Max  Rodgers","Crested Beaut",2,25,50]
["2013-12-13","Billie  Chandler","Sunshine",3,19.95,59.85]
["2013-08-01","Della  Jensen","Sunset",3,22.5,67.5]
["2013-01-20","Cassandra  Franklin","Quad",3,33,99]
["2013-12-02","Shari  Silva","Majestic Beaut",25,27.55,688.75]
["2014-08-26","Andrew  Meyer","Quad",21,32.299999999999997,678.3]
["2013-12-17","Woodrow  Colon","Sunshine",3,19.95,59.85]
["2013-11-25","Ellen  Weaver","Sunshine",3,19.95,59.85]
["2013-12-11","Della  Jensen","Aspen",1,19,19]
["2014-11-07","Tracy  Reed","Carlota",2,22.95,45.9]
["2014-12-13","Elaine  Ellis","Bellen",3,22.95,68.849999999999994]
["2013-12-30","Donna  Reid","Bellen",3,22.95,68.849999999999994]
["2014-11-18","Pauline  Beck","Bellen",2,22.95,45.9]
["2014-11-21","Robert  Munoz","Sunshine",2,19.95,39.9]
["2014-11-21","Trevor  Jones","Sunset",3,23.5,70.5]
["2014-12-22","Charlie  Wood","FlatTop",1,27.5,27.5]
["2014-08-21","Shari  Silva","Bellen",3,22.95,68.849999999999994]
["2014-11-12","Robert  Munoz","Sunshine",2,19.95,39.9]
["2014-09-27","Paulette  Spencer","Bellen",2,22.95,45.9]
["2013-09-15","Max  Rodgers","Bellen",1,22.95,22.95]
["2014-05-02","Sandra  Floyd","Carlota",1,22.95,22.95]
["2014-12-31","Lynette  Brewer","Sunbell",2,24,48]
["2014-06-22","Trevor  Jones","Bellen",17,21.8,370.6]
["2014-12-02","Jenny  Garcia","Sunbell",2,24,48]
["2014-11-11","Johanna  Boone","Sunbell",3,24,72]
["2013-12-13","Willie  Vega","Carlota",2,22.95,45.9]
["2014-12-30","Della  Jensen","Majestic Beaut",3,28,84]
["2014-09-06","Shari  Silva","Sunshine",2,19.95,39.9]
["2013-02-23","Salvador  Bass","FlatTop",3,27.5,82.5]
["2013-06-27","Mable  Lindsey","Bellen",17,21.8,370.6]
["2013-12-17","Edwin  Malone","Aspen",1,19,19]
["2013-12-13","Jenny  Garcia","Sunbell",2,24,48]
["2014-11-22","Isabel  Cross","Sunshine",3,18.95,56.85]
["2014-11-16","Max  Rodgers","Aspen",13,19.95,259.35000000000002]
["2014-02-18","Tracy  Reed","Carlota",2,22.95,45.9]
["2013-11-19","Fernando  Rowe","Sunset",3,23.5,70.5]
["2013-11-12","Blake  Bridges","Bellen",2,22.95,45.9]
["2014-03-07","Rachel  Gomez","Quad",2,33,66]
["2013-11-05","Lynette  Brewer","Doublers",2,79.95,159.9]
["2013-08-11","Isabel  Cross","Sunshine",2,18.95,37.9]
["2013-05-14","Allan  Ramos","Sunbell",3,24,72]
["2014-12-23","Colleen  Warren","Majestic Beaut",2,30,60]
["2014-12-31","Kyle  Carr","Carlota",2,22.95,45.9]
["2013-04-24","Robert  Munoz","Bellen",1,22.95,22.95]
["2014-12-02","Jenny  Garcia","Quad",1,33,33]
["2014-12-28","Ellen  Weaver","Aspen",3,20,60]
["2013-12-20","Shari  Silva","Sunset",1,22.5,22.5]
["2014-12-03","Salvador  Bass","Sunshine",3,19.95,59.85]
["2014-12-05","Mable  Lindsey","Crested Beaut",2,25,50]
["2014-11-19","Lorraine  Gibson","Quad",2,32,64]
["2014-04-04","Ivan  Adkins","Aspen",3,21,63]
["2013-11-07","Drew  Rogers","Quad",3,33,99]
["2014-05-08","Salvador  Bass","Carlota",2,22.95,45.9]
["2014-12-12","Cassandra  Franklin","Quad",2,33,66]
["2014-11-25","Colleen  Warren","Bellen",2,22.95,45.9]
["2014-04-13","Jenny  Garcia","Majestic Beaut",2,29,58]
["2014-12-27","Donna  Reid","Carlota",14,21.8,305.2]
["2014-12-08","Kyle  Carr","Majestic Beaut",1,29,29]
["2013-11-11","Bernadette  Page","Sunshine",2,19.95,39.9]
["2014-11-25","Della  Jensen","Bellen",1,21.95,21.95]
["2014-11-09","Allan  Ramos","Quad",2,33,66]
["2013-05-01","Don  Gonzales","Doublers",3,77.95,233.85]
["2014-11-03","Ivan  Adkins","Quad",1,34,34]
["2013-11-11","Shari  Silva","Sunset",3,22.5,67.5]
["2014-11-12","Charlie  Wood","Bellen",2,22.95,45.9]
["2014-06-20","Pauline  Beck","Crested Beaut",2,25,50]
["2014-11-11","Brooke  Horton","Carlota",9,22.95,206.55]
["2014-12-26","Rachel  Gomez","Sunshine",2,19.95,39.9]
["2014-11-19","Marian  Hill","Crested Beaut",2,24,48]
["2014-01-15","Mable  Lindsey","Sunset",1,23.5,23.5]
["2013-03-02","Marion  Glover","Sunbell",3,23,69]
["2013-12-13","Billie  Chandler","Quad",3,33,99]
["2014-12-24","Marian  Hill","Sunbell",2,24,48]
["2014-11-21","Salvador  Bass","V-Rang",3,19,57]
["2014-11-18","Bobbie  Ryan","Aspen",1,19,19]
["2014-12-27","Jaime  Pearson","Quad",2,33,66]
["2013-12-01","Don  Gonzales","Crested Beaut",2,24,48]
["2013-03-03","Robert  Munoz","Quad",2,33,66]
["2013-05-16","Elbert  Klein","Carlota",1,22.95,22.95]
["2013-02-06","Iris  Underwood","Aspen",3,21,63]
["2013-11-20","Ben  Perez","Aspen",4,21,84]
["2014-12-23","Robert  Munoz","Carlota",3,22.95,68.849999999999994]
["2013-11-12","Felicia  Jennings","Sunset",2,23.5,47]
["2014-09-30","Ivan  Adkins","Aspen",1,21,21]
["2013-11-19","Cecilia  Manning","Majestic Beaut",3,29,87]
["2013-11-25","Lorraine  Gibson","Majestic Beaut",8,28,224]
["2013-12-10","Patty  Thompson","Quad",1,34,34]
["2014-12-08","Ernest  Davis","Crested Beaut",2,25,50]
["2013-03-04","Lorraine  Gibson","Bellen",3,21.95,65.849999999999994]
["2014-11-22","Cecilia  Manning","Sunshine",1,19.95,19.95]
["2013-12-23","Shari  Silva","Sunbell",1,24,24]
["2014-11-26","Mable  Lindsey","Sunset",3,23.5,70.5]
["2013-12-13","Shari  Silva","Bellen",1,22.95,22.95]
["2014-12-07","Elaine  Ellis","Majestic Beaut",2,29,58]
["2014-11-25","Rachel  Gomez","Sunshine",2,19.95,39.9]
["2013-12-06","Rachel  Gomez","Majestic Beaut",4,29,116]
["2013-12-13","Della  Jensen","Majestic Beaut",1,28,28]
["2013-08-17","Della  Jensen","Majestic Beaut",5,28,140]
["2014-12-14","Dan  Peterson","Aspen",2,20,40]
["2013-12-08","Isabel  Cross","Sunshine",1,18.95,18.95]
["2014-12-09","Robert  Munoz","Majestic Beaut",2,29,58]
["2013-11-29","Robert  Munoz","Sunbell",2,24,48]
["2013-12-14","Tiffany  May","Majestic Beaut",2,30,60]
["2014-12-02","Rachel  Gomez","Quad",2,33,66]
["2013-09-12","Charlie  Wood","Sunshine",8,19.95,159.6]
["2014-11-24","Marian  Hill","V-Rang",2,18,36]
["2014-12-10","Marian  Hill","Quad",1,33,33]
["2014-11-04","Jenny  Garcia","Crested Beaut",1,24,24]
["2014-11-14","Isabel  Cross","Aspen",3,19,57]
["2013-12-04","Andrew  Meyer","Crested Beaut",2,25,50]
["2013-12-19","Beth  Tucker","Majestic Beaut",2,30,60]
["2013-01-05","Bethany  Pena","Sunset",3,23.5,70.5]
["2014-10-11","Max  Rodgers","Carlota",3,22.95,68.849999999999994]
["2013-11-04","Marian  Hill","Quad",2,33,66]
["2014-07-31","Salvador  Bass","Quad",2,34,68]
["2014-11-19","Sandra  Floyd","Sunset",3,23.5,70.5]
["2014-12-08","Max  Rodgers","Majestic Beaut",3,30,90]
["2013-11-30","Jenny  Garcia","Carlota",1,22.95,22.95]
["2013-12-19","Cindy  Becker","Sunbell",1,24,24]
["2014-12-29","Jenny  Garcia","Carlota",6,22.95,137.69999999999999]
["2014-07-16","Peter  Hodges","Quad",2,33,66]
["2013-04-15","Cecilia  Manning","Sunset",1,22.5,22.5]
["2014-12-26","Beth  Tucker","Aspen",3,21,63]
["2013-11-26","Patty  Thompson","Bellen",1,22.95,22.95]
["2014-07-21","Trevor  Jones","Crested Beaut",4,25,100]
["2013-12-19","Trevor  Jones","Sunshine",2,19.95,39.9]
["2013-11-22","Mable  Lindsey","Crested Beaut",2,25,50]
["2014-07-14","Cindy  Becker","Sunbell",2,24,48]
["2013-06-06","Iris  Underwood","V-Rang",2,19,38]
["2014-09-14","Max  Rodgers","Sunset",2,23.5,47]
["2013-12-18","Drew  Rogers","Quad",3,33,99]
["2013-03-17","Rachel  Gomez","Sunshine",2,19.95,39.9]
["2013-08-02","Lula  Daniels","Quad",1,33,33]
["2013-12-08","Billie  Chandler","Doublers",3,79.95,239.85]
["2014-08-10","Max  Rodgers","Sunshine",1,19.95,19.95]
["2014-11-29","Bobbie  Ryan","Doublers",2,75.95,151.9]
["2014-12-31","Don  Gonzales","Sunbell",1,24,24]
["2013-05-10","Max  Rodgers","Bellen",3,22.95,68.849999999999994]
["2013-10-28","Isabel  Cross","Quad",2,32,64]
["2014-12-20","Ernest  Davis","Quad",4,34,136]
["2014-11-04","Fernando  Rowe","Majestic Beaut",2,30,60]
["2013-11-24","Robert  Munoz","Bellen",3,22.95,68.849999999999994]
["2013-11-03","Tracy  Reed","Quad",2,33,66]
["2014-12-20","Cassandra  Franklin","Bellen",2,22.95,45.9]
["2013-12-22","Arturo  Francis","Sunset",21,21.38,448.98]
["2014-11-11","Lorraine  Gibson","Sunshine",25,18,450]
["2014-11-01","Willie  Vega","Sunshine",3,19.95,59.85]
["2014-05-09","Mable  Lindsey","Aspen",2,21,42]
["2013-12-27","Shari  Silva","Sunshine",2,19.95,39.9]
["2013-12-29","Rachel  Gomez","Aspen",8,20,160]
["2013-11-12","Drew  Rogers","Sunshine",2,19.95,39.9]
["2013-12-05","Tiffany  May","Majestic Beaut",1,30,30]
["2013-11-30","Dan  Peterson","Bellen",1,22.95,22.95]
["2014-02-09","Cassandra  Franklin","Sunshine",3,19.95,59.85]
["2014-12-12","Shari  Silva","Bellen",1,22.95,22.95]
["2014-12-18","Sonya  Mullins","Sunshine",1,18.95,18.95]
["2013-09-19","Carla  Mccormick","Sunshine",12,18.95,227.4]
["2014-11-03","Jenny  Garcia","Carlota",2,22.95,45.9]
["2014-12-19","Peter  Hodges","Carlota",1,22.95,22.95]
["2013-07-11","Cecilia  Manning","Aspen",3,20,60]
["2014-12-25","Cindy  Becker","Quad",3,33,99]
["2013-11-07","Isabel  Cross","Quad",2,32,64]
["2014-12-31","Marian  Hill","Bellen",3,22.95,68.849999999999994]
["2014-11-16","Trevor  Jones","Sunshine",4,19.95,79.8]
["2013-12-08","Drew  Rogers","Sunshine",10,19.95,199.5]
["2014-11-04","Guillermo  Potter","Quad",3,33,99]
["2013-12-03","Shari  Silva","Aspen",10,20,200]
["2013-01-22","Edwin  Malone","Quad",2,32,64]
["2013-12-02","Herman  Williams","Bellen",2,21.95,43.9]
["2014-12-21","Blake  Bridges","Sunshine",23,18.95,435.85]
["2013-05-07","Tiffany  May","Sunshine",2,19.95,39.9]
["2014-05-13","Cecilia  Manning","V-Rang",3,18,54]
["2013-11-18","Christina  Fuller","Crested Beaut",1,25,25]
["2014-02-05","Robert  Munoz","V-Rang",1,18,18]
["2013-12-18","Austin  Reynolds","Sunshine",3,18.95,56.85]
["2014-11-09","Shari  Silva","Doublers",4,77.95,311.8]
["2014-11-21","Isabel  Cross","Sunbell",3,23,69]
["2014-11-22","Ernest  Davis","Bellen",1,22.95,22.95]
["2014-08-03","Shari  Silva","Bellen",2,22.95,45.9]
["2014-10-31","Lula  Daniels","Majestic Beaut",3,29,87]
["2014-11-13","Isabel  Cross","Quad",3,32,96]
["2013-02-06","Salvador  Bass","Carlota",1,22.95,22.95]
["2013-11-12","Brooke  Horton","Majestic Beaut",2,29,58]
["2013-07-30","Kyle  Carr","Quad",3,33,99]
["2013-12-25","Cassandra  Franklin","Sunset",3,23.5,70.5]
["2013-11-17","Rachel  Gomez","Majestic Beaut",2,29,58]
["2013-11-25","Cecilia  Manning","Sunshine",1,19.95,19.95]
["2014-12-25","Max  Rodgers","Majestic Beaut",2,30,60]
["2014-12-10","Cassandra  Franklin","Sunbell",1,24,24]
["2013-12-03","Lula  Daniels","Sunshine",2,19.95,39.9]
["2014-06-08","Robert  Munoz","Sunset",3,23.5,70.5]
["2014-12-01","Lula  Daniels","Sunbell",2,24,48]
["2013-03-14","Trevor  Jones","Quad",2,34,68]
["2014-11-13","Herman  Williams","Carlota",3,21.95,65.849999999999994]
["2013-11-27","Lynette  Brewer","Sunset",1,23.5,23.5]
["2014-11-19","Christy  Olson","Crested Beaut",1,25,25]
["2014-11-18","Isabel  Cross","Bellen",25,20.85,521.25]
["2013-05-30","Eric  Rose","Carlota",1,22.95,22.95]
["2014-12-07","Brooke  Horton","Crested Beaut",1,24,24]
["2014-12-09","Jaime  Pearson","Majestic Beaut",2,29,58]
["2014-11-24","Paulette  Spencer","Quad",3,33,99]
["2013-11-30","Andrew  Meyer","Bellen",3,22.95,68.849999999999994]
["2013-11-21","Iris  Underwood","Carlota",4,22.95,91.8]
["2014-01-19","Cassandra  Franklin","Bellen",3,22.95,68.849999999999994]
["2014-12-01","Herman  Williams","Quad",2,32,64]
["2013-11-13","Ivan  Adkins","Sunshine",5,19.95,99.75]
["2013-11-11","Mable  Lindsey","Sunset",3,23.5,70.5]
["2013-11-04","Paulette  Spencer","Doublers",1,77.95,77.95]
["2014-11-14","Ernest  Davis","Quad",2,34,68]
["2013-12-27","Rachel  Gomez","Sunshine",3,19.95,59.85]
["2014-07-25","Jenny  Garcia","Sunbell",1,24,24]
["2013-03-20","Johanna  Boone","Doublers",3,77.95,233.85]
["2013-11-30","Marian  Hill","Quad",2,33,66]
["2013-11-16","Fernando  Rowe","Crested Beaut",21,23.75,498.75]
["2013-04-19","Dan  Peterson","Quad",2,33,66]
["2014-11-20","Fernando  Rowe","Carlota",3,22.95,68.849999999999994]
["2013-11-09","Woodrow  Colon","Bellen",2,22.95,45.9]
["2014-03-11","Don  Gonzales","Aspen",3,20,60]
["2014-12-22","Lance  Yates","Carlota",1,22.95,22.95]
["2014-11-03","Brooke  Horton","Quad",2,33,66]
["2013-11-18","Trevor  Jones","V-Rang",2,19,38]
["2013-06-07","Shari  Silva","Carlota",3,22.95,68.849999999999994]
["2014-12-20","Salvador  Bass","Crested Beaut",1,25,25]
["2013-02-13","Iris  Underwood","Carlota",3,22.95,68.849999999999994]
["2014-11-18","Marion  Glover","Quad",2,32,64]
["2014-11-27","Cassandra  Franklin","Sunbell",3,24,72]
["2013-11-20","Shari  Silva","Bellen",1,22.95,22.95]
["2014-11-18","Christina  Fuller","Sunbell",1,25,25]
["2013-11-25","Willie  Vega","Sunshine",3,19.95,59.85]
["2014-12-29","Max  Rodgers","Sunshine",3,19.95,59.85]
["2014-11-21","Marian  Hill","Sunbell",1,24,24]
["2013-12-14","Jenny  Garcia","Crested Beaut",2,24,48]
["2014-11-13","Rachel  Gomez","Crested Beaut",2,24,48]
["2013-12-15","Charlie  Wood","Quad",14,31.35,438.9]
["2014-12-07","Kyle  Carr","Sunshine",2,19.95,39.9]
["2014-05-18","Ellen  Weaver","Quad",3,33,99]
["2013-11-26","Guillermo  Potter","FlatTop",4,27.5,110]
["2014-12-06","Max  Rodgers","Sunshine",3,19.95,59.85]
["2013-11-29","Della  Jensen","Sunbell",1,23,23]
["2014-11-02","Lance  Yates","Bellen",3,22.95,68.849999999999994]
["2014-12-13","Joey  Wong","Sunshine",2,19.95,39.9]
["2014-11-14","Joey  Wong","Quad",2,34,68]
["2013-11-18","Drew  Rogers","FlatTop",3,27.5,82.5]
["2014-11-27","Ben  Perez","Doublers",3,79.95,239.85]
["2014-12-04","Rachel  Gomez","FlatTop",14,26.13,365.82]
["2013-12-16","Cecilia  Manning","Majestic Beaut",2,29,58]
["2014-11-14","Ben  Perez","Sunshine",3,19.95,59.85]
["2013-12-01","Iris  Underwood","Bellen",2,22.95,45.9]
["2013-11-27","Salvador  Bass","Carlota",1,22.95,22.95]
["2013-11-21","Mable  Lindsey","Bellen",2,22.95,45.9]
["2014-12-09","Joey  Wong","Bellen",2,22.95,45.9]
["2013-11-08","Blake  Bridges","Sunshine",2,19.95,39.9]
["2014-07-02","Lorraine  Gibson","Sunbell",1,23,23]
["2013-03-09","Andrew  Meyer","Sunset",2,23.5,47]
["2014-12-31","Austin  Reynolds","Bellen",3,21.95,65.849999999999994]
["2014-11-23","Cindy  Becker","Bellen",4,22.95,91.8]
["2013-07-14","Tracy  Reed","Carlota",1,22.95,22.95]
["2013-12-07","Shari  Silva","Doublers",14,74.05,1036.7]
["2014-01-08","Herman  Williams","Sunshine",2,18.95,37.9]
["2013-12-13","Elbert  Klein","Aspen",3,20,60]
["2014-11-24","Rachel  Gomez","FlatTop",2,27.5,55]
["2014-12-04","Lee  Mack","FlatTop",1,27.5,27.5]
["2014-11-11","Sandra  Floyd","Sunshine",2,19.95,39.9]
["2013-07-16","Donna  Reid","Sunbell",2,25,50]
["2014-11-15","Dan  Peterson","Sunshine",2,19.95,39.9]
["2014-11-02","Shari  Silva","Carlota",2,22.95,45.9]
["2014-11-22","Trevor  Jones","Majestic Beaut",4,30,120]
["2014-11-24","Dan  Peterson","Carlota",1,22.95,22.95]
["2014-11-07","Cindy  Becker","Sunshine",3,19.95,59.85]
["2014-07-18","Drew  Rogers","Sunbell",1,24,24]
["2014-11-15","Charlie  Wood","Sunbell",1,24,24]
["2014-11-26","Eddie  Green","Carlota",2,21.95,43.9]
["2013-12-30","Beth  Tucker","Crested Beaut",2,25,50]
["2014-12-21","Drew  Rogers","Bellen",3,22.95,68.849999999999994]
["2013-12-04","Cindy  Becker","Carlota",2,22.95,45.9]
["2013-12-21","Robert  Munoz","FlatTop",3,27.5,82.5]
["2013-12-20","Jenny  Garcia","Carlota",4,22.95,91.8]
["2014-11-07","Salvador  Bass","Bellen",21,21.8,457.8]
["2013-12-17","Lynette  Brewer","Bellen",2,22.95,45.9]
["2014-12-27","Donna  Reid","Sunbell",1,25,25]
["2013-12-17","Carla  Mccormick","Majestic Beaut",3,29,87]
["2013-11-06","Rachel  Gomez","Majestic Beaut",1,29,29]
["2014-09-08","Shari  Silva","Sunshine",2,19.95,39.9]
["2013-12-03","Elaine  Ellis","V-Rang",2,18,36]
["2013-12-17","Mable  Lindsey","Quad",2,34,68]
["2014-08-12","Cassandra  Franklin","V-Rang",2,18,36]
["2014-12-20","Shari  Silva","Majestic Beaut",3,29,87]
["2013-11-03","Della  Jensen","Sunbell",4,23,92]
["2013-12-20","Rachel  Gomez","Quad",25,31.35,783.75]
["2013-12-27","Austin  Reynolds","Bellen",3,21.95,65.849999999999994]
["2014-09-30","Johanna  Boone","Sunbell",2,24,48]
["2014-12-31","Cecilia  Manning","Crested Beaut",2,24,48]
["2013-11-24","Jenny  Garcia","Sunbell",7,24,168]
["2013-12-06","Drew  Rogers","Carlota",13,21.8,283.39999999999998]
["2014-11-17","Edwin  Malone","Quad",1,32,32]
["2013-11-01","Salvador  Bass","Doublers",3,79.95,239.85]
["2014-01-03","Donna  Reid","Majestic Beaut",1,30,30]
["2014-06-25","Lynette  Brewer","Aspen",3,20,60]
["2013-11-18","Elvira  Bowman","Carlota",3,22.95,68.849999999999994]
["2014-10-07","Jaime  Pearson","Sunshine",4,19.95,79.8]
["2013-11-05","Kyle  Carr","Carlota",9,22.95,206.55]
["2013-11-14","Drew  Rogers","Carlota",1,22.95,22.95]
["2014-12-08","Elvira  Bowman","Sunshine",2,19.95,39.9]
["2014-12-15","Herman  Williams","Carlota",2,21.95,43.9]
["2014-11-19","Brooke  Horton","Carlota",1,22.95,22.95]
["2013-12-12","Iris  Underwood","Crested Beaut",3,25,75]
["2013-04-06","Isabel  Cross","Sunshine",1,18.95,18.95]
["2014-12-24","Mable  Lindsey","Quad",2,34,68]
["2014-10-29","Drew  Rogers","Aspen",3,20,60]
["2013-11-24","Jenny  Garcia","Quad",3,33,99]
["2013-11-16","Trevor  Jones","Sunset",2,23.5,47]
["2014-11-23","Christina  Fuller","Aspen",3,21,63]
["2013-09-12","Joey  Wong","Bellen",2,22.95,45.9]
["2013-12-04","Isabel  Cross","Sunset",1,22.5,22.5]
["2014-03-27","Shari  Silva","Sunshine",1,19.95,19.95]
["2014-11-04","Peter  Hodges","Crested Beaut",1,24,24]
["2013-06-03","Mable  Lindsey","Aspen",3,21,63]
["2013-11-13","Ernest  Davis","Crested Beaut",1,25,25]
["2013-12-17","Shari  Silva","Bellen",3,22.95,68.849999999999994]
["2014-01-07","Max  Rodgers","Quad",3,34,102]
["2014-12-12","Lance  Yates","Quad",3,33,99]
["2014-12-22","Bethany  Pena","Majestic Beaut",3,29,87]
["2014-12-04","Don  Gonzales","FlatTop",2,26.5,53]
["2013-06-30","Christy  Olson","Sunset",1,23.5,23.5]
["2013-12-10","Herman  Williams","Majestic Beaut",1,28,28]
["2014-11-19","Cindy  Becker","Bellen",2,22.95,45.9]
["2014-11-22","Shari  Silva","Sunset",1,22.5,22.5]
["2014-11-19","Ivan  Adkins","V-Rang",2,19,38]
["2013-11-06","Billie  Chandler","Quad",3,33,99]
["2013-11-08","Mable  Lindsey","Quad",9,34,306]
["2013-05-25","Lance  Yates","Sunset",3,23.5,70.5]
["2013-12-17","Kyle  Carr","FlatTop",4,27.5,110]
["2014-11-20","Fernando  Rowe","Sunbell",2,25,50]
["2013-08-16","Andrew  Meyer","Carlota",2,22.95,45.9]
["2013-11-05","Robert  Munoz","Sunshine",5,19.95,99.75]
["2013-12-09","Lynette  Brewer","Sunset",16,22.33,357.28]
["2013-12-21","Ben  Perez","Carlota",15,21.8,327]
["2014-10-26","Billie  Chandler","Sunshine",1,19.95,19.95]
["2014-04-12","Lorraine  Gibson","Sunset",3,22.5,67.5]
["2014-05-07","Felicia  Jennings","Sunset",1,23.5,23.5]
["2013-04-26","Shari  Silva","Quad",4,33,132]
["2014-09-10","Cindy  Becker","Sunset",1,22.5,22.5]
["2013-11-02","Della  Jensen","Quad",3,32,96]
["2014-04-09","Rachel  Gomez","Majestic Beaut",3,29,87]
["2013-11-28","Max  Rodgers","Sunbell",4,25,100]
["2014-12-25","Elaine  Ellis","Crested Beaut",1,24,24]
["2014-12-21","Drew  Rogers","Bellen",16,21.8,348.8]
["2013-12-19","Marian  Hill","Sunbell",3,24,72]
["2014-11-24","Tiffany  May","Aspen",3,21,63]
["2014-11-02","Joey  Wong","Quad",2,34,68]
["2013-12-25","Christina  Fuller","Bellen",3,22.95,68.849999999999994]
["2014-11-16","Max  Rodgers","Bellen",1,22.95,22.95]
["2013-11-04","Don  Gonzales","Quad",3,33,99]
["2013-11-21","Shari  Silva","Carlota",2,22.95,45.9]
["2014-12-20","Lynette  Brewer","Carlota",1,22.95,22.95]
["2014-12-17","Brooke  Horton","Sunshine",2,19.95,39.9]
["2013-12-01","Sandra  Floyd","Quad",2,33,66]
["2013-11-17","Cecilia  Manning","Quad",2,33,66]
["2013-12-16","Eric  Rose","Quad",2,34,68]
["2014-06-16","Della  Jensen","Bellen",4,21.95,87.8]
["2014-12-18","Rachel  Gomez","Aspen",2,20,40]
["2014-04-03","Tracy  Reed","Sunset",2,23.5,47]
["2014-09-22","Rachel  Gomez","Bellen",15,21.8,327]
["2013-12-31","Lynette  Brewer","Sunshine",4,19.95,79.8]
["2013-12-18","Shari  Silva","Sunbell",3,24,72]
["2014-11-06","Marion  Glover","Bellen",2,21.95,43.9]
["2013-12-27","Herman  Williams","Carlota",1,21.95,21.95]
["2014-12-30","Charlie  Wood","Doublers",2,79.95,159.9]
["2013-11-30","Salvador  Bass","Aspen",3,21,63]
["2013-12-10","Brooke  Horton","Sunshine",3,19.95,59.85]
["2013-11-23","Christy  Olson","FlatTop",3,27.5,82.5]
["2013-12-19","Salvador  Bass","Sunshine",2,19.95,39.9]
["2014-12-24","Christy  Olson","Carlota",3,22.95,68.849999999999994]
["2013-12-14","Ben  Perez","Sunshine",3,19.95,59.85]
["2014-11-22","Lance  Yates","Aspen",20,19,380]
["2014-11-28","Isabel  Cross","Sunshine",1,18.95,18.95]
["2013-12-05","Joey  Wong","Bellen",1,22.95,22.95]
["2013-02-18","Guillermo  Potter","Sunshine",4,19.95,79.8]
["2014-11-04","Eddie  Green","Sunbell",2,23,46]
["2014-08-10","Cecilia  Manning","Sunbell",2,24,48]
["2014-12-21","Iris  Underwood","Bellen",1,22.95,22.95]
["2013-11-09","Robert  Munoz","FlatTop",14,26.13,365.82]
["2013-11-09","Brooke  Horton","Carlota",11,21.8,239.8]
["2014-11-12","Mable  Lindsey","V-Rang",4,19,76]
["2014-11-16","Dan  Peterson","Doublers",2,79.95,159.9]
["2013-09-28","Lula  Daniels","Quad",3,33,99]
["2013-11-06","Max  Rodgers","Bellen",3,22.95,68.849999999999994]
["2013-11-28","Beth  Tucker","Quad",2,34,68]
["2013-12-18","Arturo  Francis","Majestic Beaut",2,28,56]
["2014-11-07","Beth  Tucker","Sunset",2,23.5,47]
["2014-12-13","Bobbie  Ryan","Majestic Beaut",2,28,56]
["2013-11-28","Shari  Silva","Sunbell",4,24,96]
["2014-12-28","Edwin  Malone","Sunset",3,22.5,67.5]
["2013-12-14","Eddie  Green","Crested Beaut",3,23,69]
["2014-12-12","Herman  Williams","Bellen",3,21.95,65.849999999999994]
["2014-11-11","Blake  Bridges","Sunset",1,22.5,22.5]
["2014-11-01","Brooke  Horton","Crested Beaut",2,24,48]
["2013-12-06","Allan  Ramos","Sunshine",2,19.95,39.9]
["2013-11-05","Allan  Ramos","Sunshine",2,19.95,39.9]
["2014-11-26","Jaime  Pearson","Bellen",3,22.95,68.849999999999994]
["2014-12-17","Lorraine  Gibson","Doublers",2,75.95,151.9]
["2013-11-08","Willie  Vega","Sunbell",2,24,48]
["2013-12-12","Cassandra  Franklin","Carlota",3,22.95,68.849999999999994]
["2014-04-04","Elaine  Ellis","Carlota",3,22.95,68.849999999999994]
["2014-10-21","Marian  Hill","Doublers",2,77.95,155.9]
["2013-02-23","Lula  Daniels","Carlota",4,22.95,91.8]
["2013-11-24","Don  Gonzales","Carlota",3,22.95,68.849999999999994]
["2014-02-05","Marion  Glover","Majestic Beaut",1,28,28]
["2013-11-14","Cecilia  Manning","Quad",1,33,33]
["2013-12-11","Bernadette  Page","Sunshine",1,19.95,19.95]
["2013-12-02","Rachel  Gomez","Carlota",2,22.95,45.9]
["2014-05-20","Max  Rodgers","Aspen",2,21,42]
["2014-12-30","Robert  Munoz","Sunbell",18,22.8,410.4]
["2014-11-06","Woodrow  Colon","V-Rang",2,18,36]
["2014-12-06","Elaine  Ellis","Crested Beaut",3,24,72]
["2013-05-28","Jaime  Pearson","Crested Beaut",1,24,24]
["2013-11-25","Isabel  Cross","Carlota",2,21.95,43.9]
["2013-11-24","Edwin  Malone","Quad",1,32,32]
["2014-11-21","Drew  Rogers","Sunshine",1,19.95,19.95]
["2014-11-03","Brooke  Horton","FlatTop",1,27.5,27.5]
["2014-12-30","Lorraine  Gibson","Bellen",2,21.95,43.9]
["2014-07-28","Rachel  Gomez","Sunshine",2,19.95,39.9]
["2013-12-10","Christy  Olson","Crested Beaut",3,25,75]
["2014-08-17","Eric  Rose","Bellen",3,22.95,68.849999999999994]
["2013-12-22","Edwin  Malone","Quad",4,32,128]
["2014-12-15","Austin  Reynolds","Carlota",2,21.95,43.9]
["2013-12-04","Cassandra  Franklin","Sunbell",1,24,24]
["2014-11-08","Lula  Daniels","Bellen",3,22.95,68.849999999999994]
["2014-09-20","Tiffany  May","Bellen",1,22.95,22.95]
["2014-11-19","Kyle  Carr","Sunset",3,23.5,70.5]
["2014-12-15","Bobbie  Ryan","Aspen",1,19,19]
["2014-11-16","Kyle  Carr","Bellen",3,22.95,68.849999999999994]
["2014-12-12","Lynette  Brewer","Crested Beaut",2,24,48]
["2014-12-13","Eric  Rose","Carlota",3,22.95,68.849999999999994]
["2014-11-15","Isabel  Cross","Sunshine",3,18.95,56.85]
["2013-11-04","Herman  Williams","Crested Beaut",3,23,69]
["2014-12-16","Eric  Rose","Carlota",1,22.95,22.95]
["2013-09-28","Willie  Vega","Carlota",2,22.95,45.9]
["2014-12-26","Peter  Hodges","Sunbell",2,24,48]
["2014-12-08","Isabel  Cross","FlatTop",3,26.5,79.5]
["2013-11-05","Cassandra  Franklin","Carlota",3,22.95,68.849999999999994]
["2014-12-26","Isabel  Cross","Quad",1,32,32]
["2013-11-26","Austin  Reynolds","Sunshine",1,18.95,18.95]
["2014-12-25","Carla  Mccormick","Quad",2,33,66]
["2014-11-12","Tracy  Reed","Carlota",1,22.95,22.95]
["2013-03-08","Christina  Fuller","Bellen",9,22.95,206.55]
["2013-07-08","Cecilia  Manning","Sunset",6,22.5,135]
["2013-12-05","Marion  Glover","Sunset",2,22.5,45]
["2013-11-14","Max  Rodgers","Sunbell",1,25,25]
["2014-11-16","Cassandra  Franklin","Carlota",1,22.95,22.95]
["2013-01-08","Rachel  Gomez","Carlota",21,21.8,457.8]
["2013-06-03","Pauline  Beck","Carlota",3,22.95,68.849999999999994]
["2014-12-15","Iris  Underwood","Quad",1,34,34]
["2013-12-20","Blake  Bridges","Aspen",3,20,60]
["2013-11-15","Brooke  Horton","Quad",1,33,33]
["2013-11-28","Max  Rodgers","Quad",3,34,102]
["2013-11-19","Beth  Tucker","Sunbell",11,23.75,261.25]
["2013-12-26","Herman  Williams","Majestic Beaut",3,28,84]
["2014-12-12","Della  Jensen","Quad",1,32,32]
["2013-11-29","Ben  Perez","Quad",3,34,102]
["2014-11-23","Dan  Peterson","Doublers",1,79.95,79.95]
["2014-11-09","Ben  Perez","V-Rang",22,18.05,397.1]
["2014-11-08","Dan  Peterson","Quad",3,33,99]
["2014-09-17","Robert  Munoz","Doublers",4,79.95,319.8]
["2014-10-11","Felicia  Jennings","Sunset",13,22.33,290.29000000000002]
["2014-08-24","Carla  Mccormick","Crested Beaut",1,24,24]
["2014-12-13","Robert  Munoz","Sunshine",1,19.95,19.95]
["2013-06-17","Lula  Daniels","Quad",1,33,33]
["2013-12-06","Drew  Rogers","Sunbell",2,24,48]
["2014-05-29","Christina  Fuller","Carlota",25,21.8,545]
["2013-11-04","Sandra  Floyd","Sunset",2,23.5,47]
["2013-11-12","Cindy  Becker","Crested Beaut",3,24,72]
["2014-11-04","Jenny  Garcia","Quad",3,33,99]
["2014-11-10","Bethany  Pena","Majestic Beaut",3,29,87]
["2013-12-16","Drew  Rogers","Sunshine",5,19.95,99.75]
["2013-11-08","Paulette  Spencer","Carlota",2,22.95,45.9]
["2013-01-17","Herman  Williams","V-Rang",3,18,54]
["2013-11-19","Salvador  Bass","Bellen",1,22.95,22.95]
["2014-11-05","Bernadette  Page","Quad",2,33,66]
["2014-11-15","Salvador  Bass","Aspen",3,21,63]
["2014-12-26","Ben  Perez","Crested Beaut",2,25,50]
["2014-09-18","Drew  Rogers","Carlota",5,22.95,114.75]
["2014-01-25","Della  Jensen","Sunbell",3,23,69]
["2013-03-28","Robert  Munoz","Carlota",3,22.95,68.849999999999994]
["2014-11-01","Austin  Reynolds","Bellen",22,20.85,458.7]
["2014-12-26","Drew  Rogers","Crested Beaut",3,24,72]
["2014-11-30","Blake  Bridges","Crested Beaut",1,24,24]
["2013-12-20","Brooke  Horton","Quad",3,33,99]
["2013-02-19","Cindy  Becker","Bellen",17,21.8,370.6]
["2014-09-30","Salvador  Bass","Carlota",2,22.95,45.9]
["2013-12-21","Rachel  Gomez","Quad",2,33,66]
["2013-12-30","Drew  Rogers","V-Rang",16,17.100000000000001,273.60000000000002]
["2013-12-24","Jenny  Garcia","Sunset",1,23.5,23.5]
["2014-01-07","Robert  Munoz","Sunbell",3,24,72]
["2014-04-23","Lula  Daniels","Sunbell",2,24,48]
["2014-12-21","Jaime  Pearson","Sunset",3,23.5,70.5]
["2013-11-03","Allan  Ramos","Carlota",1,22.95,22.95]
["2013-12-28","Cassandra  Franklin","Quad",3,33,99]
["2013-12-28","Willie  Vega","Carlota",2,22.95,45.9]
["2014-12-25","Donna  Reid","Bellen",2,22.95,45.9]
["2013-12-29","Charlie  Wood","Doublers",2,79.95,159.9]
["2013-11-19","Rachel  Gomez","Carlota",1,22.95,22.95]
["2014-05-04","Isabel  Cross","V-Rang",3,18,54]
["2013-11-18","Austin  Reynolds","Carlota",21,20.85,437.85]
["2014-11-23","Blake  Bridges","Bellen",2,22.95,45.9]
["2014-11-12","Fernando  Rowe","Sunbell",3,25,75]
["2013-12-30","Trevor  Jones","Crested Beaut",2,25,50]
["2014-12-29","Nellie  Joseph","Bellen",3,21.95,65.849999999999994]
["2014-11-17","Isabel  Cross","Quad",2,32,64]
["2014-12-15","Joey  Wong","Quad",2,34,68]
["2013-12-04","Ivan  Adkins","FlatTop",2,27.5,55]
["2013-11-21","Mable  Lindsey","Carlota",2,22.95,45.9]
["2013-12-26","Ruben  Nunez","Bellen",2,22.95,45.9]
["2014-11-18","Bernadette  Page","Carlota",2,22.95,45.9]
["2014-11-21","Don  Gonzales","Quad",2,33,66]
["2013-12-09","Donna  Reid","Quad",1,34,34]
["2014-12-11","Kyle  Carr","Bellen",1,22.95,22.95]
["2013-12-25","Patty  Thompson","Doublers",19,75.95,1443.05]
["2014-11-10","Drew  Rogers","Sunshine",3,19.95,59.85]
["2013-12-27","Andrew  Meyer","Quad",9,34,306]
["2013-11-13","Carla  Mccormick","Sunshine",2,19.95,39.9]
["2013-12-30","Elbert  Klein","Quad",2,33,66]
["2013-12-28","Isabel  Cross","Aspen",2,19,38]
["2014-12-05","Elaine  Ellis","Aspen",2,20,40]
["2014-12-17","Mable  Lindsey","Majestic Beaut",2,30,60]
["2013-11-15","Mable  Lindsey","Sunshine",3,19.95,59.85]
["2013-11-05","Trevor  Jones","Sunbell",2,25,50]
["2014-11-03","Pauline  Beck","Bellen",2,22.95,45.9]
["2013-12-13","Lance  Yates","Sunbell",4,24,96]
["2013-11-29","Don  Gonzales","Doublers",1,77.95,77.95]
["2013-08-28","Cindy  Becker","Sunshine",1,19.95,19.95]
["2013-11-13","Tiffany  May","Doublers",2,79.95,159.9]
["2013-12-04","Lula  Daniels","Quad",2,33,66]
["2014-12-19","Patty  Thompson","Bellen",2,22.95,45.9]
["2014-05-22","Drew  Rogers","Sunshine",2,19.95,39.9]
["2014-08-22","Shari  Silva","Bellen",3,22.95,68.849999999999994]
["2014-01-30","Felicia  Jennings","Sunbell",1,25,25]
["2014-12-25","Arturo  Francis","Quad",3,32,96]
["2013-12-24","Willie  Vega","Sunshine",2,19.95,39.9]
["2013-11-04","Max  Rodgers","Sunshine",2,19.95,39.9]
["2013-08-12","Shari  Silva","FlatTop",8,26.5,212]
["2013-12-16","Colleen  Warren","Doublers",3,79.95,239.85]
["2014-06-18","Isabel  Cross","Sunbell",2,23,46]
["2013-12-24","Mable  Lindsey","Bellen",1,22.95,22.95]
["2013-04-15","Sonya  Mullins","Bellen",3,21.95,65.849999999999994]
["2014-11-15","Max  Rodgers","Carlota",3,22.95,68.849999999999994]
["2013-08-24","Christina  Fuller","Sunbell",21,23.75,498.75]
["2014-11-07","Tiffany  May","Aspen",1,21,21]
["2013-11-12","Christy  Olson","Quad",2,34,68]
["2014-11-22","Isabel  Cross","Quad",3,32,96]
["2014-11-13","Elvira  Bowman","Sunshine",1,19.95,19.95]
["2013-12-15","Salvador  Bass","Sunbell",3,25,75]
["2013-11-04","Cindy  Becker","Quad",1,33,33]
["2013-11-25","Marian  Hill","Sunshine",3,19.95,59.85]
["2013-04-05","Guillermo  Potter","Sunset",3,23.5,70.5]
["2014-12-16","Austin  Reynolds","Sunshine",3,18.95,56.85]
["2014-12-02","Brooke  Horton","Aspen",3,20,60]
["2014-12-31","Ben  Perez","Sunshine",3,19.95,59.85]
["2013-09-12","Cecilia  Manning","Majestic Beaut",3,29,87]
["2014-06-22","Elvira  Bowman","Bellen",3,22.95,68.849999999999994]
["2014-11-06","Della  Jensen","Carlota",2,21.95,43.9]
["2013-12-09","Kyle  Carr","Bellen",1,22.95,22.95]
["2014-01-22","Tracy  Reed","Bellen",2,22.95,45.9]
["2014-11-24","Cecilia  Manning","Carlota",1,22.95,22.95]
["2014-03-22","Donna  Reid","Sunbell",3,25,75]
["2013-12-05","Eddie  Green","Quad",1,32,32]
["2013-11-06","Guillermo  Potter","Doublers",3,79.95,239.85]
["2014-09-16","Isabel  Cross","V-Rang",3,18,54]
["2014-06-29","Trevor  Jones","Bellen",3,22.95,68.849999999999994]
["2014-06-08","Paulette  Spencer","Crested Beaut",17,22.8,387.6]
["2013-12-21","Herman  Williams","Quad",6,32,192]
["2014-11-03","Shari  Silva","Doublers",1,77.95,77.95]
["2014-11-08","Rachel  Gomez","Sunbell",1,24,24]
["2014-11-29","Elaine  Ellis","Quad",1,33,33]
["2014-11-19","Cindy  Becker","Majestic Beaut",2,29,58]
["2014-12-24","Marian  Hill","Sunbell",3,24,72]
["2014-08-11","Nellie  Joseph","Crested Beaut",4,23,92]
["2013-12-06","Charlie  Wood","Majestic Beaut",1,29,29]
["2014-12-09","Elaine  Ellis","Bellen",2,22.95,45.9]
["2014-12-14","Tiffany  May","Quad",1,34,34]
["2013-12-22","Jenny  Garcia","Sunbell",2,24,48]
["2014-11-14","Cassandra  Franklin","Bellen",3,22.95,68.849999999999994]
["2013-12-16","Ben  Perez","Bellen",8,22.95,183.6]
["2014-12-10","Jenny  Garcia","Majestic Beaut",2,29,58]
["2014-12-22","Lula  Daniels","V-Rang",11,17.100000000000001,188.1]
["2013-11-05","Carla  Mccormick","Quad",2,33,66]
["2013-11-30","Ernest  Davis","Quad",1,34,34]
["2013-12-20","Andrew  Meyer","Crested Beaut",2,25,50]
["2014-12-02","Cecilia  Manning","Crested Beaut",2,24,48]
["2013-12-08","Marian  Hill","Crested Beaut",1,24,24]
["2014-01-10","Jaime  Pearson","Crested Beaut",3,24,72]
["2013-12-20","Max  Rodgers","Sunbell",2,25,50]
["2013-11-25","Beth  Tucker","Sunbell",3,25,75]
["2014-12-28","Salvador  Bass","Carlota",3,22.95,68.849999999999994]
["2013-11-11","Carla  Mccormick","Sunshine",2,19.95,39.9]
["2014-11-30","Dan  Peterson","Sunshine",2,19.95,39.9]
["2014-12-24","Blake  Bridges","FlatTop",1,26.5,26.5]
["2014-11-16","Tiffany  May","Sunset",2,23.5,47]
["2013-12-24","Billie  Chandler","V-Rang",1,18,18]
["2014-11-12","Cassandra  Franklin","Sunbell",2,24,48]
["2013-11-30","Patty  Thompson","Carlota",4,22.95,91.8]
["2014-11-13","Carla  Mccormick","FlatTop",2,27.5,55]
["2013-11-07","Lee  Mack","Sunshine",24,18.95,454.8]
["2013-12-13","Brooke  Horton","Majestic Beaut",3,29,87]
["2013-11-15","Donna  Reid","Sunshine",1,19.95,19.95]
["2013-11-12","Drew  Rogers","Sunbell",3,24,72]
["2014-11-12","Carla  Mccormick","Carlota",5,22.95,114.75]
["2014-08-28","Paulette  Spencer","Carlota",1,22.95,22.95]
["2013-11-12","Billie  Chandler","Sunshine",3,19.95,59.85]
["2014-11-25","Rachel  Gomez","Quad",1,33,33]
["2014-07-29","Eric  Rose","Bellen",2,22.95,45.9]
["2013-05-12","Marian  Hill","Quad",2,33,66]
["2013-11-16","Cecilia  Manning","Sunshine",3,19.95,59.85]
["2014-12-05","Allan  Ramos","FlatTop",1,27.5,27.5]
["2014-12-07","Elbert  Klein","Sunshine",3,19.95,59.85]
["2014-03-08","Cassandra  Franklin","Aspen",19,19,361]
["2014-09-16","Trevor  Jones","Bellen",2,22.95,45.9]
["2014-06-30","Rachel  Gomez","FlatTop",2,27.5,55]
["2013-10-15","Rachel  Gomez","Sunshine",3,19.95,59.85]
["2014-12-12","Felicia  Jennings","Quad",3,34,102]
["2013-11-03","Lance  Yates","Quad",3,33,99]
["2013-07-05","Tiffany  May","Crested Beaut",1,25,25]
["2014-12-11","Max  Rodgers","Carlota",2,22.95,45.9]
["2014-11-18","Salvador  Bass","Bellen",2,22.95,45.9]
["2014-10-12","Eric  Rose","Crested Beaut",2,25,50]
["2013-12-17","Jenny  Garcia","Aspen",3,20,60]
["2013-11-27","Paulette  Spencer","Doublers",2,77.95,155.9]
["2014-06-19","Herman  Williams","Sunbell",3,23,69]
["2014-11-30","Lula  Daniels","Sunbell",2,24,48]
["2014-12-01","Patty  Thompson","Quad",3,34,102]
["2014-07-22","Christina  Fuller","Majestic Beaut",4,30,120]
["2013-12-06","Nellie  Joseph","Doublers",1,75.95,75.95]
["2013-11-10","Carla  Mccormick","Sunbell",2,24,48]
["2014-08-03","Austin  Reynolds","Sunshine",3,18.95,56.85]
["2013-11-03","Mable  Lindsey","Majestic Beaut",1,30,30]
["2014-11-17","Isabel  Cross","Majestic Beaut",3,28,84]
["2013-12-12","Ivan  Adkins","Majestic Beaut",11,28.5,313.5]
["2014-09-22","Johanna  Boone","Quad",3,33,99]
["2013-11-02","Billie  Chandler","Sunshine",2,19.95,39.9]
["2014-11-22","Lee  Mack","Sunset",1,23.5,23.5]
["2013-10-02","Donna  Reid","Aspen",1,21,21]
["2014-11-08","Herman  Williams","Aspen",1,19,19]
["2014-11-15","Arturo  Francis","Sunset",1,22.5,22.5]
["2013-11-06","Sandra  Floyd","Bellen",3,22.95,68.849999999999994]
["2013-01-20","Cecilia  Manning","Aspen",12,19,228]
["2014-11-01","Ruben  Nunez","Crested Beaut",2,25,50]
["2013-06-25","Robert  Munoz","Carlota",3,22.95,68.849999999999994]
["2014-11-11","Rachel  Gomez","Majestic Beaut",3,29,87]
["2013-11-25","Trevor  Jones","Carlota",3,22.95,68.849999999999994]
["2013-12-14","Sonya  Mullins","Carlota",3,21.95,65.849999999999994]
["2014-11-28","Charlie  Wood","Quad",2,33,66]
["2014-12-22","Billie  Chandler","Sunbell",2,24,48]
["2014-03-10","Robert  Munoz","Crested Beaut",1,24,24]
["2014-12-16","Lorraine  Gibson","Sunshine",3,18.95,56.85]
["2013-04-28","Drew  Rogers","Quad",1,33,33]
["2013-12-09","Willie  Vega","Carlota",2,22.95,45.9]
["2013-05-26","Trevor  Jones","Sunset",3,23.5,70.5]
["2013-12-22","Robert  Munoz","Sunbell",2,24,48]
["2014-04-12","Paulette  Spencer","FlatTop",2,26.5,53]
["2013-01-10","Drew  Rogers","FlatTop",3,27.5,82.5]
["2014-12-12","Blake  Bridges","Aspen",2,20,40]
["2014-07-28","Lance  Yates","Sunshine",1,19.95,19.95]
["2014-11-05","Elbert  Klein","Carlota",25,21.8,545]
["2014-12-05","Marion  Glover","Bellen",2,21.95,43.9]
["2013-11-28","Shari  Silva","V-Rang",2,18,36]
["2013-12-09","Carla  Mccormick","Aspen",1,20,20]
["2013-12-30","Herman  Williams","FlatTop",2,26.5,53]
["2014-06-12","Iris  Underwood","Crested Beaut",2,25,50]
["2013-12-18","Max  Rodgers","Carlota",3,22.95,68.849999999999994]
["2013-11-04","Carla  Mccormick","Bellen",3,22.95,68.849999999999994]
["2014-11-21","Cassandra  Franklin","Aspen",3,20,60]
["2013-06-10","Cecilia  Manning","Carlota",3,22.95,68.849999999999994]
["2013-12-02","Christy  Olson","Bellen",2,22.95,45.9]
["2014-11-15","Charlie  Wood","Doublers",1,79.95,79.95]
["2013-12-12","Herman  Williams","Quad",1,32,32]
["2013-11-15","Max  Rodgers","Sunset",1,23.5,23.5]
["2014-12-01","Christina  Fuller","Carlota",8,22.95,183.6]
["2014-12-05","Drew  Rogers","Aspen",2,20,40]
["2014-11-10","Edwin  Malone","Quad",2,32,64]
["2013-09-02","Brooke  Horton","Sunset",1,23.5,23.5]
["2014-11-23","Mable  Lindsey","Carlota",3,22.95,68.849999999999994]
["2014-11-14","Billie  Chandler","Sunshine",3,19.95,59.85]
["2013-12-14","Cassandra  Franklin","V-Rang",3,18,54]
["2014-06-03","Sylvester  Morales","Bellen",2,22.95,45.9]
["2013-12-17","Rachel  Gomez","Sunset",2,23.5,47]
["2013-12-12","Elaine  Ellis","Sunbell",2,24,48]
["2014-11-10","Robert  Munoz","Aspen",2,20,40]
["2014-11-07","Andrew  Meyer","Sunbell",3,25,75]
["2014-12-30","Salvador  Bass","Majestic Beaut",2,30,60]
["2014-12-05","Mable  Lindsey","Quad",3,34,102]
["2014-11-20","Jaime  Pearson","Carlota",2,22.95,45.9]
["2013-12-09","Peter  Hodges","Majestic Beaut",1,29,29]
["2014-11-03","Edwin  Malone","V-Rang",3,18,54]
["2014-11-06","Drew  Rogers","Crested Beaut",2,24,48]
["2013-12-23","Carla  Mccormick","Aspen",2,20,40]
["2014-06-27","Cindy  Becker","Majestic Beaut",1,29,29]
["2013-06-18","Carla  Mccormick","V-Rang",1,18,18]
["2014-10-29","Billie  Chandler","Sunbell",4,24,96]
["2014-12-03","Austin  Reynolds","Bellen",1,21.95,21.95]
["2013-12-28","Donna  Reid","Bellen",2,22.95,45.9]
["2014-11-15","Cecilia  Manning","Sunshine",2,19.95,39.9]
["2013-12-13","Bernadette  Page","Bellen",2,22.95,45.9]
["2013-04-03","Billie  Chandler","Sunbell",1,24,24]
["2013-11-24","Brooke  Horton","FlatTop",3,27.5,82.5]
["2014-12-22","Allan  Ramos","Carlota",3,22.95,68.849999999999994]
["2014-01-08","Andrew  Meyer","Majestic Beaut",2,30,60]
["2013-05-28","Sonya  Mullins","Carlota",11,20.85,229.35]
["2014-11-06","Robert  Munoz","Bellen",3,22.95,68.849999999999994]
["2013-12-30","Colleen  Warren","Sunshine",2,19.95,39.9]
["2014-11-14","Salvador  Bass","Carlota",1,22.95,22.95]
["2014-12-19","Willie  Vega","Sunbell",3,24,72]
["2013-12-17","Elaine  Ellis","Quad",2,33,66]
["2014-10-07","Isabel  Cross","Majestic Beaut",20,26.6,532]
["2013-02-10","Robert  Munoz","V-Rang",2,18,36]
["2013-11-17","Felicia  Jennings","Quad",19,32.299999999999997,613.70000000000005]
["2014-07-15","Allan  Ramos","Bellen",3,22.95,68.849999999999994]
["2014-12-14","Isabel  Cross","Sunbell",3,23,69]
["2013-06-12","Ellen  Weaver","Sunshine",2,19.95,39.9]
["2014-12-19","Dan  Peterson","Bellen",5,22.95,114.75]
["2014-10-03","Robert  Munoz","Carlota",1,22.95,22.95]
["2014-08-13","Ruben  Nunez","Sunbell",2,25,50]
["2014-12-24","Drew  Rogers","Majestic Beaut",2,29,58]
["2014-02-03","Lynette  Brewer","Sunset",1,23.5,23.5]
["2014-12-24","Max  Rodgers","Carlota",3,22.95,68.849999999999994]
["2014-01-30","Kyle  Carr","Quad",1,33,33]
["2014-11-11","Patty  Thompson","Quad",2,34,68]
["2014-11-16","Mable  Lindsey","Aspen",2,21,42]
["2013-11-12","Andrew  Meyer","Quad",2,34,68]
["2013-11-19","Lula  Daniels","Bellen",1,22.95,22.95]
["2014-11-12","Bernadette  Page","Quad",2,33,66]
["2013-11-06","Billie  Chandler","Bellen",3,22.95,68.849999999999994]
["2013-02-28","Johanna  Boone","Doublers",2,77.95,155.9]
["2013-03-11","Salvador  Bass","Crested Beaut",1,25,25]
["2014-11-25","Cassandra  Franklin","Crested Beaut",1,24,24]
["2013-12-24","Cassandra  Franklin","Bellen",1,22.95,22.95]
["2014-10-04","Austin  Reynolds","Bellen",2,21.95,43.9]
["2013-12-26","Robert  Munoz","Quad",1,33,33]
["2014-11-15","Isabel  Cross","V-Rang",3,18,54]
["2013-10-27","Shari  Silva","Sunshine",23,18.95,435.85]
["2014-12-31","Jaime  Pearson","Bellen",1,22.95,22.95]
["2013-11-08","Allan  Ramos","Carlota",2,22.95,45.9]
["2013-11-16","Drew  Rogers","Sunbell",2,24,48]
["2013-11-01","Paulette  Spencer","Sunbell",2,24,48]
["2013-10-16","Ben  Perez","Sunset",1,23.5,23.5]
["2014-03-26","Cassandra  Franklin","Quad",2,33,66]
["2013-11-17","Shari  Silva","Quad",4,33,132]
["2013-12-09","Cassandra  Franklin","Quad",3,33,99]
["2014-11-08","Marion  Glover","Doublers",1,75.95,75.95]
["2013-12-02","Bernadette  Page","Carlota",2,22.95,45.9]
["2014-06-09","Austin  Reynolds","Majestic Beaut",3,28,84]
["2013-11-25","Robert  Munoz","Quad",3,33,99]
["2014-12-07","Bobbie  Ryan","V-Rang",2,18,36]
["2013-11-20","Edwin  Malone","Majestic Beaut",2,28,56]
["2013-12-25","Brooke  Horton","Quad",1,33,33]
["2014-11-28","Salvador  Bass","Majestic Beaut",3,30,90]
["2013-11-28","Lorraine  Gibson","Sunset",3,22.5,67.5]
["2014-11-10","Felicia  Jennings","Carlota",1,22.95,22.95]
["2014-12-22","Herman  Williams","Crested Beaut",2,23,46]
["2014-11-30","Elaine  Ellis","Sunbell",2,24,48]
["2013-12-07","Sylvester  Morales","Crested Beaut",3,25,75]
["2013-12-28","Patty  Thompson","Sunset",3,23.5,70.5]
["2014-10-22","Mable  Lindsey","Carlota",2,22.95,45.9]
["2013-12-26","Mable  Lindsey","Quad",3,34,102]
["2014-06-10","Max  Rodgers","Sunbell",2,25,50]
["2014-12-17","Della  Jensen","Quad",2,32,64]
["2013-07-25","Charlie  Wood","Doublers",2,79.95,159.9]
["2014-11-07","Salvador  Bass","Sunbell",3,25,75]
["2013-12-27","Trevor  Jones","Majestic Beaut",2,30,60]
["2014-12-23","Lee  Mack","Carlota",3,22.95,68.849999999999994]
["2013-03-06","Marian  Hill","Sunset",2,22.5,45]
["2013-11-17","Ivan  Adkins","Majestic Beaut",2,30,60]
["2013-11-23","Della  Jensen","Quad",2,32,64]
["2014-12-03","Max  Rodgers","Carlota",3,22.95,68.849999999999994]
["2014-11-06","Ivan  Adkins","Quad",2,34,68]
["2013-12-11","Eddie  Green","Aspen",2,19,38]
["2013-12-13","Allan  Ramos","Quad",2,33,66]
["2013-11-17","Edwin  Malone","Quad",3,32,96]
["2013-12-13","Isabel  Cross","Majestic Beaut",1,28,28]
["2014-10-09","Ellen  Weaver","Sunshine",1,19.95,19.95]
["2014-12-31","Fernando  Rowe","Quad",2,34,68]
["2014-11-02","Kyle  Carr","Sunshine",2,19.95,39.9]
["2014-11-01","Donna  Reid","V-Rang",3,19,57]
["2013-12-11","Ivan  Adkins","Bellen",12,21.8,261.60000000000002]
["2014-10-20","Christy  Olson","Sunbell",2,25,50]
["2014-06-14","Cassandra  Franklin","Sunshine",1,19.95,19.95]
["2014-11-11","Christina  Fuller","Sunset",1,23.5,23.5]
["2013-11-02","Guillermo  Potter","Sunbell",1,24,24]
["2013-11-21","Dan  Peterson","Aspen",2,20,40]
["2013-11-10","Della  Jensen","Carlota",1,21.95,21.95]
["2013-12-03","Isabel  Cross","Bellen",2,21.95,43.9]
["2013-11-19","Isabel  Cross","Quad",3,32,96]
["2013-11-06","Shari  Silva","FlatTop",3,26.5,79.5]
["2013-11-21","Salvador  Bass","Carlota",3,22.95,68.849999999999994]
["2013-12-09","Salvador  Bass","Sunset",2,23.5,47]
["2014-11-08","Drew  Rogers","Majestic Beaut",1,29,29]
["2013-05-31","Ivan  Adkins","Sunbell",3,25,75]
["2014-11-19","Della  Jensen","Sunbell",2,23,46]
["2014-11-17","Salvador  Bass","Sunshine",3,19.95,59.85]
["2013-11-28","Charlie  Wood","Sunbell",1,24,24]
["2013-06-24","Lorraine  Gibson","Sunset",12,21.38,256.56]
["2014-12-25","Shari  Silva","V-Rang",2,18,36]
["2013-05-04","Woodrow  Colon","Quad",2,33,66]
["2013-11-13","Dan  Peterson","Doublers",23,75.95,1746.85]
["2013-11-18","Cindy  Becker","Sunshine",3,19.95,59.85]
["2013-11-30","Lorraine  Gibson","Quad",1,32,32]
["2013-10-27","Lula  Daniels","Sunbell",1,24,24]
["2013-12-30","Christy  Olson","Carlota",4,22.95,91.8]
["2013-12-12","Lorraine  Gibson","V-Rang",3,18,54]
["2013-05-07","Salvador  Bass","Sunset",1,23.5,23.5]
["2013-11-22","Isabel  Cross","Crested Beaut",2,23,46]
["2013-10-23","Allan  Ramos","Quad",2,33,66]
["2013-11-30","Tracy  Reed","Sunshine",1,19.95,19.95]
["2014-01-15","Mable  Lindsey","Sunshine",3,19.95,59.85]
["2014-06-23","Isabel  Cross","Sunshine",1,18.95,18.95]
["2014-12-29","Dan  Peterson","Carlota",1,22.95,22.95]
["2014-12-23","Bobbie  Ryan","V-Rang",3,18,54]
["2013-12-20","Rachel  Gomez","Quad",4,33,132]
["2013-12-14","Peter  Hodges","Sunbell",1,24,24]
["2014-04-21","Carla  Mccormick","Doublers",2,79.95,159.9]
["2013-11-18","Rachel  Gomez","Sunbell",4,24,96]
["2013-12-15","Elaine  Ellis","Carlota",6,22.95,137.69999999999999]
["2014-12-24","Max  Rodgers","Crested Beaut",3,25,75]
["2013-12-20","Robert  Munoz","Quad",1,33,33]
["2014-12-14","Max  Rodgers","Bellen",2,22.95,45.9]
["2013-11-09","Robert  Munoz","Bellen",21,21.8,457.8]
["2013-07-23","Christy  Olson","Majestic Beaut",1,30,30]
["2013-12-07","Ben  Perez","Crested Beaut",2,25,50]
["2013-07-30","Della  Jensen","Quad",4,32,128]
["2013-05-16","Isabel  Cross","Sunset",1,22.5,22.5]
["2014-07-31","Max  Rodgers","Sunshine",3,19.95,59.85]
["2014-10-12","Sylvester  Morales","Carlota",2,22.95,45.9]
["2013-11-11","Della  Jensen","Majestic Beaut",2,28,56]
["2013-11-07","Cassandra  Franklin","Sunbell",2,24,48]
["2013-11-01","Max  Rodgers","Carlota",1,22.95,22.95]
["2014-11-23","Brooke  Horton","Quad",2,33,66]
["2013-11-08","Don  Gonzales","Carlota",3,22.95,68.849999999999994]
["2014-11-26","Sonya  Mullins","Bellen",2,21.95,43.9]
["2013-08-04","Rachel  Gomez","Sunshine",2,19.95,39.9]
["2014-11-19","Arturo  Francis","Sunbell",2,23,46]
["2013-10-27","Peter  Hodges","Aspen",21,19,399]
["2014-12-06","Christy  Olson","Sunset",21,22.33,468.93]
["2014-12-12","Joey  Wong","Sunbell",2,25,50]
["2013-12-23","Trevor  Jones","FlatTop",2,27.5,55]
["2014-11-13","Lynette  Brewer","Carlota",3,22.95,68.849999999999994]
["2014-11-08","Kyle  Carr","Aspen",3,20,60]
["2014-12-30","Iris  Underwood","Bellen",20,21.8,436]
["2014-11-11","Peter  Hodges","Bellen",2,22.95,45.9]
["2013-11-24","Robert  Munoz","Doublers",9,79.95,719.55]
["2013-06-26","Iris  Underwood","Carlota",2,22.95,45.9]
["2014-11-30","Bobbie  Ryan","FlatTop",3,26.5,79.5]
["2013-12-03","Allan  Ramos","Carlota",1,22.95,22.95]
["2013-12-29","Christina  Fuller","Crested Beaut",19,23.75,451.25]
["2013-11-20","Mable  Lindsey","Carlota",2,22.95,45.9]
["2014-02-11","Elvira  Bowman","Aspen",2,20,40]
["2014-11-15","Herman  Williams","Aspen",18,18.05,324.89999999999998]
["2014-12-08","Shari  Silva","Quad",3,33,99]
["2014-12-19","Trevor  Jones","Bellen",8,22.95,183.6]
["2014-12-04","Andrew  Meyer","Sunset",2,23.5,47]
["2014-11-05","Isabel  Cross","Sunshine",2,18.95,37.9]
["2013-11-08","Woodrow  Colon","Carlota",3,22.95,68.849999999999994]
["2014-11-16","Lee  Mack","Quad",1,33,33]
["2013-12-09","Billie  Chandler","Carlota",22,21.8,479.6]
["2014-12-17","Shari  Silva","Bellen",3,22.95,68.849999999999994]
["2013-10-20","Ruben  Nunez","Quad",23,32.299999999999997,742.9]
["2014-12-12","Isabel  Cross","Quad",3,32,96]
["2014-11-11","Cecilia  Manning","FlatTop",25,25.18,629.5]
["2013-12-06","Cecilia  Manning","Sunbell",3,24,72]
["2014-11-10","Bernadette  Page","Sunshine",11,18.95,208.45]
["2014-12-19","Beth  Tucker","Crested Beaut",3,25,75]
["2013-03-12","Felicia  Jennings","Quad",2,34,68]
["2013-11-16","Shari  Silva","Sunbell",2,24,48]
["2014-11-06","Andrew  Meyer","Sunset",3,23.5,70.5]
["2013-12-04","Max  Rodgers","Aspen",2,21,42]
["2014-11-21","Sonya  Mullins","Sunset",2,22.5,45]
["2013-12-24","Trevor  Jones","Sunset",15,22.33,334.95]
["2013-11-03","Sandra  Floyd","Sunset",2,23.5,47]
["2014-11-27","Brooke  Horton","Quad",2,33,66]
["2013-11-18","Jenny  Garcia","Sunset",3,23.5,70.5]
["2014-11-03","Max  Rodgers","Doublers",3,79.95,239.85]
["2014-11-05","Eddie  Green","Majestic Beaut",2,28,56]
["2013-12-23","Carla  Mccormick","Aspen",1,20,20]
["2013-12-28","Drew  Rogers","Sunshine",3,19.95,59.85]
["2014-05-22","Jenny  Garcia","Crested Beaut",4,24,96]
["2014-12-24","Della  Jensen","FlatTop",3,26.5,79.5]
["2013-11-18","Andrew  Meyer","Bellen",10,22.95,229.5]
["2013-12-08","Willie  Vega","Carlota",3,22.95,68.849999999999994]
["2013-11-30","Salvador  Bass","Carlota",1,22.95,22.95]
["2013-12-08","Salvador  Bass","Sunbell",2,25,50]
["2014-12-27","Lula  Daniels","Sunset",1,23.5,23.5]
["2013-12-24","Lula  Daniels","Carlota",3,22.95,68.849999999999994]
["2013-11-26","Jenny  Garcia","Quad",2,33,66]
["2013-11-22","Ernest  Davis","FlatTop",1,27.5,27.5]
["2014-12-28","Marion  Glover","FlatTop",4,26.5,106]
["2013-12-13","Trevor  Jones","Aspen",2,21,42]
["2014-11-04","Christina  Fuller","Sunshine",3,19.95,59.85]
["2014-12-20","Ernest  Davis","Quad",2,34,68]
["2013-12-28","Tiffany  May","Sunbell",1,25,25]
["2013-06-22","Christy  Olson","Doublers",3,79.95,239.85]
["2013-12-02","Marion  Glover","Sunset",2,22.5,45]
["2014-01-29","Max  Rodgers","Quad",2,34,68]
["2013-05-10","Ben  Perez","Crested Beaut",2,25,50]
["2013-11-06","Bobbie  Ryan","Sunset",1,22.5,22.5]
["2013-06-26","Drew  Rogers","Quad",22,31.35,689.7]
["2014-12-28","Isabel  Cross","Carlota",23,20.85,479.55]
["2014-11-01","Drew  Rogers","Quad",2,33,66]
["2014-12-29","Nellie  Joseph","V-Rang",1,18,18]
["2014-11-24","Trevor  Jones","Crested Beaut",2,25,50]
["2013-12-16","Fernando  Rowe","Sunbell",20,23.75,475]
["2014-02-26","Della  Jensen","Majestic Beaut",3,28,84]
["2014-09-07","Charlie  Wood","Crested Beaut",2,24,48]
["2014-11-13","Brooke  Horton","Aspen",1,20,20]
["2014-12-05","Tiffany  May","Sunbell",2,25,50]
["2013-12-10","Dan  Peterson","Crested Beaut",1,24,24]
["2013-12-27","Guillermo  Potter","Crested Beaut",1,24,24]
["2014-12-12","Sonya  Mullins","Carlota",1,21.95,21.95]
["2013-08-25","Willie  Vega","Carlota",1,22.95,22.95]
["2014-11-25","Robert  Munoz","Quad",1,33,33]
["2014-09-27","Fernando  Rowe","Aspen",3,21,63]
["2013-12-11","Trevor  Jones","Majestic Beaut",2,30,60]
["2013-09-25","Marian  Hill","V-Rang",2,18,36]
["2013-03-16","Edwin  Malone","Aspen",2,19,38]
["2013-02-24","Cecilia  Manning","Majestic Beaut",3,29,87]
["2014-08-12","Mable  Lindsey","Carlota",2,22.95,45.9]
["2013-11-28","Joey  Wong","Quad",24,32.299999999999997,775.2]
["2014-08-06","Jenny  Garcia","Sunshine",3,19.95,59.85]
["2014-11-07","Herman  Williams","Sunshine",1,18.95,18.95]
["2013-05-04","Bobbie  Ryan","Aspen",1,19,19]
["2014-02-15","Charlie  Wood","Quad",2,33,66]
["2014-12-09","Donna  Reid","Bellen",2,22.95,45.9]
["2013-11-14","Marian  Hill","Sunset",1,22.5,22.5]
["2014-11-20","Kyle  Carr","Sunbell",1,24,24]
["2013-12-19","Tracy  Reed","Sunshine",2,19.95,39.9]
["2013-11-14","Rachel  Gomez","Bellen",2,22.95,45.9]
["2014-10-26","Iris  Underwood","FlatTop",1,27.5,27.5]
["2014-12-15","Drew  Rogers","Quad",3,33,99]
["2014-12-18","Edwin  Malone","Sunshine",13,18,234]
["2013-11-16","Billie  Chandler","Doublers",2,79.95,159.9]
["2014-11-13","Jenny  Garcia","Bellen",1,22.95,22.95]
["2014-12-06","Lee  Mack","Majestic Beaut",2,29,58]
["2013-04-04","Don  Gonzales","Sunset",1,22.5,22.5]
["2013-11-17","Bethany  Pena","FlatTop",1,27.5,27.5]
["2014-12-04","Max  Rodgers","Carlota",2,22.95,45.9]
["2014-11-17","Woodrow  Colon","V-Rang",15,17.100000000000001,256.5]
["2014-11-13","Della  Jensen","Sunbell",1,23,23]
["2014-11-25","Cassandra  Franklin","Sunset",1,23.5,23.5]
["2013-11-12","Elvira  Bowman","Crested Beaut",1,24,24]
["2013-11-16","Ruben  Nunez","Quad",2,34,68]
["2013-12-25","Elvira  Bowman","Sunbell",2,24,48]
["2013-12-14","Tracy  Reed","Sunshine",3,19.95,59.85]
["2013-07-01","Paulette  Spencer","Sunbell",2,24,48]
["2013-09-29","Robert  Munoz","Crested Beaut",13,22.8,296.39999999999998]
["2013-10-13","Austin  Reynolds","Majestic Beaut",1,28,28]
["2013-11-17","Ben  Perez","Aspen",2,21,42]
["2013-11-22","Cassandra  Franklin","Quad",1,33,33]
["2013-01-01","Isabel  Cross","Sunshine",4,18.95,75.8]
["2014-09-15","Rachel  Gomez","Carlota",1,22.95,22.95]
["2013-12-13","Johanna  Boone","Bellen",1,22.95,22.95]
["2013-11-18","Salvador  Bass","Quad",1,34,34]
["2014-12-11","Billie  Chandler","Carlota",2,22.95,45.9]
["2014-12-13","Nellie  Joseph","Sunshine",3,18.95,56.85]
["2013-12-20","Tiffany  May","Carlota",2,22.95,45.9]
["2014-09-10","Robert  Munoz","Carlota",2,22.95,45.9]
["2013-06-30","Robert  Munoz","Bellen",1,22.95,22.95]
["2013-12-21","Cindy  Becker","Crested Beaut",7,24,168]
["2014-12-02","Lee  Mack","Sunshine",7,19.95,139.65]
["2014-12-09","Eddie  Green","Carlota",2,21.95,43.9]
["2014-05-28","Felicia  Jennings","Sunbell",2,25,50]
["2013-12-24","Lee  Mack","Majestic Beaut",3,29,87]
["2014-08-26","Mable  Lindsey","Sunbell",2,25,50]
["2013-12-16","Salvador  Bass","Majestic Beaut",1,30,30]
["2013-05-19","Isabel  Cross","Crested Beaut",1,23,23]
["2014-11-18","Bernadette  Page","V-Rang",3,18,54]
["2014-06-19","Cecilia  Manning","Bellen",2,22.95,45.9]
["2014-11-10","Della  Jensen","Bellen",16,20.85,333.6]
["2013-07-02","Edwin  Malone","Quad",13,30.4,395.2]
["2013-11-25","Shari  Silva","FlatTop",14,25.18,352.52]
["2013-12-10","Edwin  Malone","Quad",1,32,32]
["2014-12-28","Kyle  Carr","Majestic Beaut",2,29,58]
["2013-02-24","Bobbie  Ryan","Sunset",2,22.5,45]
["2013-06-04","Fernando  Rowe","Sunset",2,23.5,47]
["2013-12-27","Mable  Lindsey","Carlota",6,22.95,137.69999999999999]
["2013-12-04","Lance  Yates","Majestic Beaut",1,29,29]
["2014-12-19","Cassandra  Franklin","Sunbell",2,24,48]
["2014-12-26","Salvador  Bass","Majestic Beaut",1,30,30]
["2014-12-02","Christina  Fuller","Sunshine",3,19.95,59.85]
["2014-12-27","Paulette  Spencer","Carlota",1,22.95,22.95]
["2014-08-10","Sylvester  Morales","Sunshine",2,19.95,39.9]
["2013-06-07","Trevor  Jones","Sunbell",16,23.75,380]
["2013-12-04","Robert  Munoz","Carlota",3,22.95,68.849999999999994]
["2013-11-20","Andrew  Meyer","Bellen",1,22.95,22.95]
["2014-11-22","Charlie  Wood","Doublers",3,79.95,239.85]
["2013-05-31","Drew  Rogers","Bellen",19,21.8,414.2]
["2014-12-11","Guillermo  Potter","Bellen",2,22.95,45.9]
["2014-12-05","Don  Gonzales","Crested Beaut",3,24,72]
["2014-11-05","Carla  Mccormick","FlatTop",2,27.5,55]
["2014-11-18","Kyle  Carr","Quad",1,33,33]
["2013-12-22","Lynette  Brewer","Bellen",3,22.95,68.849999999999994]
["2014-11-28","Trevor  Jones","Sunbell",1,25,25]
["2014-12-22","Lance  Yates","Sunshine",3,19.95,59.85]
["2014-11-24","Joey  Wong","Sunshine",1,19.95,19.95]
["2013-12-11","Rachel  Gomez","Sunbell",1,24,24]
["2014-04-21","Billie  Chandler","Quad",1,33,33]
["2013-11-15","Marion  Glover","Crested Beaut",3,23,69]
["2013-12-03","Marian  Hill","Quad",3,33,99]
["2014-12-15","Lee  Mack","Sunbell",2,24,48]
["2013-11-19","Carla  Mccormick","Majestic Beaut",1,29,29]
["2014-11-20","Marian  Hill","Bellen",2,22.95,45.9]
["2014-12-27","Cassandra  Franklin","Doublers",1,79.95,79.95]
["2013-06-01","Cecilia  Manning","Quad",2,33,66]
["2014-11-12","Blake  Bridges","Sunshine",1,19.95,19.95]
["2014-06-01","Don  Gonzales","Sunset",2,22.5,45]
["2013-12-19","Blake  Bridges","Carlota",3,22.95,68.849999999999994]
["2014-11-22","Andrew  Meyer","Sunbell",3,25,75]
["2013-12-02","Della  Jensen","Crested Beaut",1,23,23]
["2014-12-31","Johanna  Boone","Quad",2,33,66]
["2013-06-03","Jenny  Garcia","Sunshine",3,19.95,59.85]
["2014-12-15","Della  Jensen","Sunshine",1,18.95,18.95]
["2013-09-14","Sandra  Floyd","Doublers",1,79.95,79.95]
["2013-03-10","Cindy  Becker","Sunset",2,22.5,45]
["2014-12-06","Max  Rodgers","Crested Beaut",3,25,75]
["2013-11-19","Nellie  Joseph","Sunshine",2,18.95,37.9]
["2014-11-12","Cassandra  Franklin","Bellen",25,21.8,545]
["2014-12-18","Isabel  Cross","Quad",3,32,96]
["2013-11-01","Patty  Thompson","FlatTop",1,27.5,27.5]
["2013-11-11","Mable  Lindsey","Majestic Beaut",2,30,60]
["2014-11-05","Beth  Tucker","Crested Beaut",3,25,75]
["2014-11-13","Billie  Chandler","Sunbell",3,24,72]
["2013-11-17","Christy  Olson","Crested Beaut",23,23.75,546.25]
["2013-01-26","Andrew  Meyer","Carlota",20,21.8,436]
["2014-12-04","Cassandra  Franklin","Bellen",3,22.95,68.849999999999994]
["2013-12-01","Drew  Rogers","Quad",2,33,66]
["2014-12-20","Sylvester  Morales","Aspen",3,21,63]
["2013-03-24","Sonya  Mullins","Quad",3,32,96]
["2014-11-24","Jaime  Pearson","Quad",3,33,99]
["2013-12-15","Marian  Hill","V-Rang",3,18,54]
["2014-12-30","Sonya  Mullins","Majestic Beaut",2,28,56]
["2013-12-19","Ernest  Davis","Crested Beaut",3,25,75]
["2014-11-11","Austin  Reynolds","Sunshine",2,18.95,37.9]
["2014-11-03","Peter  Hodges","Majestic Beaut",17,27.55,468.35]
["2013-11-08","Kyle  Carr","Carlota",1,22.95,22.95]
["2013-06-22","Guillermo  Potter","Aspen",3,20,60]
["2014-04-06","Brooke  Horton","Sunshine",3,19.95,59.85]
["2014-11-18","Mable  Lindsey","Quad",6,34,204]
["2013-11-24","Lynette  Brewer","Carlota",1,22.95,22.95]
["2013-11-18","Brooke  Horton","Quad",1,33,33]
["2014-11-14","Elbert  Klein","Sunset",2,22.5,45]
["2014-11-20","Pauline  Beck","Quad",1,34,34]
["2013-11-08","Tiffany  May","Quad",1,34,34]
["2013-01-10","Marian  Hill","Quad",1,33,33]
["2014-07-27","Patty  Thompson","Aspen",3,21,63]
["2013-12-11","Max  Rodgers","Sunshine",2,19.95,39.9]
["2013-11-27","Salvador  Bass","Aspen",2,21,42]
["2013-11-30","Iris  Underwood","Quad",3,34,102]
["2013-11-24","Jenny  Garcia","Sunbell",1,24,24]
["2013-11-11","Eddie  Green","Sunbell",1,23,23]
["2013-12-02","Isabel  Cross","Carlota",14,20.85,291.89999999999998]
["2013-11-24","Trevor  Jones","Quad",2,34,68]
["2014-05-19","Tracy  Reed","Sunbell",1,24,24]
["2013-12-14","Austin  Reynolds","Bellen",1,21.95,21.95]
["2013-12-21","Cindy  Becker","Quad",1,33,33]
["2014-11-29","Elbert  Klein","Bellen",3,22.95,68.849999999999994]
["2014-11-04","Robert  Munoz","Carlota",3,22.95,68.849999999999994]
["2013-01-13","Dan  Peterson","Crested Beaut",2,24,48]
["2013-12-05","Ben  Perez","Carlota",24,21.8,523.20000000000005]
["2014-12-14","Jenny  Garcia","Sunset",3,23.5,70.5]
["2014-11-03","Herman  Williams","Sunshine",11,18,198]
["2013-12-30","Lorraine  Gibson","FlatTop",3,26.5,79.5]
["2013-05-07","Isabel  Cross","Sunshine",3,18.95,56.85]
["2013-12-22","Ruben  Nunez","Sunshine",3,19.95,59.85]
["2014-10-01","Robert  Munoz","Sunset",1,23.5,23.5]
["2014-11-30","Colleen  Warren","Sunbell",3,25,75]
["2014-12-20","Elbert  Klein","FlatTop",1,26.5,26.5]
["2013-12-22","Edwin  Malone","Bellen",3,21.95,65.849999999999994]
["2013-04-14","Elvira  Bowman","Sunbell",2,24,48]
["2014-11-22","Bernadette  Page","Aspen",24,19,456]
["2013-11-09","Arturo  Francis","Sunshine",2,18.95,37.9]
["2014-12-18","Lynette  Brewer","Carlota",3,22.95,68.849999999999994]
["2013-11-10","Marion  Glover","Doublers",2,75.95,151.9]
["2013-11-28","Cassandra  Franklin","Bellen",3,22.95,68.849999999999994]
["2014-09-20","Tracy  Reed","FlatTop",2,27.5,55]
["2013-11-30","Donna  Reid","Aspen",3,21,63]
["2014-11-26","Brooke  Horton","Sunbell",2,24,48]
["2014-11-08","Pauline  Beck","Sunshine",3,19.95,59.85]
["2014-11-13","Robert  Munoz","Carlota",22,21.8,479.6]
["2013-11-06","Max  Rodgers","Sunshine",3,19.95,59.85]
["2014-12-04","Eddie  Green","Sunset",1,22.5,22.5]
["2013-12-27","Cindy  Becker","Aspen",2,20,40]
["2013-12-26","Felicia  Jennings","Sunbell",3,25,75]
["2013-12-25","Billie  Chandler","Bellen",2,22.95,45.9]
["2013-12-22","Eric  Rose","Sunbell",2,25,50]
["2014-01-05","Edwin  Malone","Quad",3,32,96]
["2014-10-29","Christy  Olson","Sunshine",3,19.95,59.85]
["2013-12-07","Colleen  Warren","Majestic Beaut",2,30,60]
["2014-02-18","Della  Jensen","Bellen",2,21.95,43.9]
["2013-11-25","Robert  Munoz","Quad",18,31.35,564.29999999999995]
["2014-12-14","Kyle  Carr","Majestic Beaut",1,29,29]
["2014-11-24","Ernest  Davis","V-Rang",1,19,19]
["2014-11-16","Cecilia  Manning","Aspen",2,20,40]
["2013-03-06","Brooke  Horton","Carlota",3,22.95,68.849999999999994]
["2013-11-10","Beth  Tucker","Sunshine",1,19.95,19.95]
["2013-12-09","Dan  Peterson","V-Rang",2,18,36]
["2013-12-25","Ellen  Weaver","Bellen",2,22.95,45.9]
["2013-12-11","Rachel  Gomez","Bellen",1,22.95,22.95]
["2014-11-26","Donna  Reid","FlatTop",1,27.5,27.5]
["2014-12-26","Max  Rodgers","Bellen",1,22.95,22.95]
["2014-12-22","Della  Jensen","Aspen",3,19,57]
["2013-03-21","Peter  Hodges","Majestic Beaut",4,29,116]
["2013-05-29","Sonya  Mullins","Sunset",2,22.5,45]
["2014-11-27","Don  Gonzales","Quad",2,33,66]
["2014-01-20","Mable  Lindsey","Crested Beaut",3,25,75]
["2013-05-09","Della  Jensen","Bellen",1,21.95,21.95]
["2013-11-03","Robert  Munoz","Sunbell",2,24,48]
["2013-04-19","Ben  Perez","FlatTop",2,27.5,55]
["2014-12-29","Nellie  Joseph","Aspen",3,19,57]
["2014-11-06","Andrew  Meyer","Doublers",1,79.95,79.95]
["2013-11-09","Salvador  Bass","Quad",2,34,68]
["2013-12-27","Ellen  Weaver","Sunset",3,22.5,67.5]
["2013-12-16","Salvador  Bass","Carlota",1,22.95,22.95]
["2014-03-25","Edwin  Malone","Carlota",2,21.95,43.9]
["2013-11-13","Sonya  Mullins","Quad",9,32,288]
["2013-10-12","Della  Jensen","Quad",12,30.4,364.8]
["2013-07-28","Bobbie  Ryan","Bellen",1,21.95,21.95]
["2014-12-16","Ellen  Weaver","Carlota",2,22.95,45.9]
["2014-11-04","Brooke  Horton","Bellen",2,22.95,45.9]
["2014-01-25","Lula  Daniels","Crested Beaut",1,24,24]
["2013-12-05","Arturo  Francis","Aspen",1,19,19]
["2013-12-16","Jaime  Pearson","Doublers",3,79.95,239.85]
["2013-12-28","Marian  Hill","Quad",2,33,66]
["2014-11-15","Cindy  Becker","Crested Beaut",3,24,72]
["2014-12-20","Salvador  Bass","V-Rang",2,19,38]
["2013-04-10","Lynette  Brewer","Carlota",2,22.95,45.9]
["2013-07-02","Lula  Daniels","Carlota",2,22.95,45.9]
["2013-12-07","Paulette  Spencer","Quad",2,33,66]
["2014-06-03","Rachel  Gomez","Sunbell",3,24,72]
["2013-11-01","Patty  Thompson","FlatTop",2,27.5,55]
["2013-11-17","Cindy  Becker","Carlota",3,22.95,68.849999999999994]
["2014-03-04","Mable  Lindsey","FlatTop",3,27.5,82.5]
["2014-12-26","Isabel  Cross","Sunbell",2,23,46]
["2013-11-06","Paulette  Spencer","FlatTop",2,26.5,53]
["2014-02-01","Mable  Lindsey","Crested Beaut",12,23.75,285]
["2013-12-26","Donna  Reid","Quad",3,34,102]
["2013-05-04","Eddie  Green","Sunbell",14,21.85,305.89999999999998]
["2013-11-14","Marion  Glover","Bellen",3,21.95,65.849999999999994]
["2013-12-14","Trevor  Jones","Sunset",3,23.5,70.5]
["2014-12-08","Nellie  Joseph","Aspen",2,19,38]
["2013-12-24","Andrew  Meyer","Bellen",2,22.95,45.9]
["2013-09-21","Salvador  Bass","Quad",1,34,34]
["2014-11-17","Lula  Daniels","Bellen",2,22.95,45.9]
["2013-12-29","Lee  Mack","Quad",1,33,33]
["2013-11-16","Joey  Wong","Quad",2,34,68]
["2013-11-12","Della  Jensen","FlatTop",2,26.5,53]
["2013-12-03","Salvador  Bass","Aspen",2,21,42]
["2014-11-17","Christina  Fuller","Crested Beaut",3,25,75]
["2014-11-30","Eddie  Green","Sunshine",23,18,414]
["2013-12-15","Edwin  Malone","Bellen",4,21.95,87.8]
["2014-03-14","Elvira  Bowman","Crested Beaut",3,24,72]
["2013-06-25","Donna  Reid","Sunshine",2,19.95,39.9]
["2014-12-27","Ivan  Adkins","Bellen",2,22.95,45.9]
["2014-11-08","Sonya  Mullins","Carlota",2,21.95,43.9]
["2013-12-01","Andrew  Meyer","Carlota",2,22.95,45.9]
["2013-11-21","Cassandra  Franklin","Majestic Beaut",2,29,58]
["2014-11-15","Jenny  Garcia","Carlota",2,22.95,45.9]
["2014-12-29","Willie  Vega","Aspen",1,20,20]
["2014-11-25","Ruben  Nunez","Bellen",3,22.95,68.849999999999994]
["2013-10-07","Elaine  Ellis","Crested Beaut",1,24,24]
["2014-11-29","Beth  Tucker","Quad",2,34,68]
["2014-09-23","Sonya  Mullins","Quad",2,32,64]
["2013-12-25","Jenny  Garcia","Sunshine",2,19.95,39.9]
["2014-11-06","Lula  Daniels","Sunshine",3,19.95,59.85]
["2014-12-10","Robert  Munoz","Carlota",1,22.95,22.95]
["2014-11-06","Arturo  Francis","Sunset",2,22.5,45]
["2014-06-19","Don  Gonzales","Majestic Beaut",3,29,87]
["2014-01-23","Sandra  Floyd","Carlota",1,22.95,22.95]
["2013-11-24","Allan  Ramos","Sunbell",3,24,72]
["2013-06-22","Brooke  Horton","Majestic Beaut",1,29,29]
["2013-11-16","Peter  Hodges","Sunset",3,23.5,70.5]
["2014-07-17","Isabel  Cross","Carlota",4,21.95,87.8]
["2013-12-07","Trevor  Jones","Majestic Beaut",3,30,90]
["2014-12-14","Willie  Vega","Quad",4,33,132]
["2014-12-27","Jaime  Pearson","Aspen",2,20,40]
["2014-11-08","Andrew  Meyer","Aspen",2,21,42]
["2013-12-05","Cassandra  Franklin","Quad",2,33,66]
["2014-11-04","Christy  Olson","Sunbell",2,25,50]
["2014-09-30","Isabel  Cross","FlatTop",3,26.5,79.5]
["2013-12-06","Shari  Silva","Bellen",2,22.95,45.9]
["2013-12-28","Jenny  Garcia","Sunshine",1,19.95,19.95]
["2014-04-24","Isabel  Cross","Bellen",3,21.95,65.849999999999994]
["2014-11-21","Patty  Thompson","Sunbell",2,25,50]
["2013-04-19","Edwin  Malone","Crested Beaut",1,23,23]
["2014-12-24","Salvador  Bass","Carlota",1,22.95,22.95]
["2013-10-08","Charlie  Wood","Quad",2,33,66]
["2013-10-27","Isabel  Cross","Sunbell",1,23,23]
["2014-12-16","Austin  Reynolds","Aspen",3,19,57]
["2013-12-28","Brooke  Horton","Sunshine",3,19.95,59.85]
["2013-11-20","Cassandra  Franklin","Aspen",2,20,40]
["2014-11-20","Bethany  Pena","Sunshine",17,18.95,322.14999999999998]
["2013-11-01","Allan  Ramos","Aspen",1,20,20]
["2013-11-11","Salvador  Bass","Carlota",3,22.95,68.849999999999994]
["2014-05-22","Austin  Reynolds","Crested Beaut",3,23,69]
["2014-12-27","Carla  Mccormick","Aspen",1,20,20]
["2014-12-07","Bethany  Pena","Quad",3,33,99]
["2013-12-22","Andrew  Meyer","Quad",1,34,34]
["2013-12-27","Jaime  Pearson","Bellen",2,22.95,45.9]
["2014-11-12","Fernando  Rowe","Sunset",2,23.5,47]
["2013-12-12","Shari  Silva","Quad",3,33,99]
["2013-07-02","Lorraine  Gibson","Sunbell",2,23,46]
["2013-11-21","Cassandra  Franklin","Quad",4,33,132]
["2013-11-25","Donna  Reid","Sunshine",12,18.95,227.4]
["2014-12-24","Mable  Lindsey","Sunbell",2,25,50]
["2013-11-03","Max  Rodgers","Sunbell",1,25,25]
["2013-09-05","Jenny  Garcia","Majestic Beaut",2,29,58]
["2014-03-20","Donna  Reid","Bellen",1,22.95,22.95]

{"sheet":"N","index":8,"n_rows":0,"n_cols":0,"rows_kept":0,"cut":false,"hidden":false,"merged":[]}

{"sheet":"Homework ==>>","index":9,"n_rows":0,"n_cols":0,"rows_kept":0,"cut":false,"hidden":false,"merged":[]}

{"sheet":"HW(1)","index":10,"n_rows":1003,"n_cols":18,"rows_kept":1003,"cut":false,"hidden":false,"merged":[]}
["Create a Cross Tabulated PivotTable that shows the sum of \"Total Line Revenue\"  by \"Suggested Age\" and \"Toy Company\" on a new sheet. "]
[]
["Invoice Number","Date","Time","Internal Toy ID Number","Toy Item Number","Toy Company","Toy Name","Suggested Age","Price Per Toy","Units Sold","Total Line Revenue","Total COGS","Payment","Cashier ID","Member?","Coupon?","Purchaser Age","Parking Validation?"]
[654522,"2010-01-07","10:25:37.200","D255/FE",192,"Duplo","Policemen","6 and up",9.9499999999999993,1,9.9499999999999993,5.17,"Cash","V.W.|880-4523","No","No",39,"No"]
[654526,"2010-01-07","12:00:00","L217/SN",255,"Duplo","Farming Scene","7 and up",24.95,5,124.75,81.099999999999994,"Visa","B.X.|880-9149","No","No",29,"No"]
[654568,"2010-01-07","14:19:12","L195/AE",195,"Lego","Airplane","8 and up",5.95,1,5.95,3.09,"Cash","Z.Q.|880-4240","No","Yes",46,"Yes"]
[654576,"2010-01-25","12:57:00","L256/PE",256,"Lego","Police Officers and Motorcycle","9 and up",9.9499999999999993,1,9.9499999999999993,4.4800000000000004,"Discover","D.U.|880-2953","No","No",36,"No"]
[654613,"2010-02-05","14:51:36","D250/AT",192,"Duplo","Policemen","6 and up",9.9499999999999993,1,9.9499999999999993,5.17,"Cash","D.Z.|880-1179","No","No",33,"No"]
[654624,"2010-02-05","14:36:00","D250/AT",192,"Duplo","Policemen","6 and up",9.9499999999999993,5,49.75,25.85,"Cash","L.W.|880-4986","No","No",47,"No"]
[654650,"2010-02-06","14:33:36","D250/AT",192,"Duplo","Policemen","6 and up",9.9499999999999993,1,9.9499999999999993,5.17,"Mastercard","D.S.|880-7532","No","No",34,"No"]
[654650,"2010-02-06","14:33:36","L195/AE",195,"Lego","Airplane","8 and up",5.95,2,11.9,6.18,"Mastercard","D.S.|880-7532","No","No",34,"No"]
[654668,"2010-02-11","13:42:46.800","L195/AE",195,"Lego","Airplane","8 and up",5.95,1,5.95,3.09,"Check","D.W.|880-7199","No","No",47,"Yes"]
[654673,"2010-02-20","15:27:18","L256/PE",256,"Lego","Police Officers and Motorcycle","9 and up",9.9499999999999993,4,39.799999999999997,17.920000000000002,"Cash","W.B.|880-9647","No","No",32,"No"]
[654693,"2010-03-11","15:45:36","D254/FE",192,"Duplo","Policemen","6 and up",9.9499999999999993,1,9.9499999999999993,5.17,"Cash","B.Y.|880-6845","No","No",36,"No"]
[654693,"2010-03-11","15:45:36","L195/AE",195,"Lego","Airplane","8 and up",5.95,1,5.95,3.09,"Cash","B.Y.|880-6845","No","No",36,"No"]
[654733,"2010-03-11","13:59:24","L256/PE",256,"Lego","Police Officers and Motorcycle","9 and up",9.9499999999999993,2,19.899999999999999,8.9600000000000009,"Visa","P.N.|880-3021","No","No",36,"No"]
[654754,"2010-03-27","12:08:24","D255/FE",192,"Duplo","Policemen","6 and up",9.9499999999999993,1,9.9499999999999993,5.17,"Mastercard","P.N.|880-3021","No","No",33,"No"]
[654799,"2010-04-03","15:27:36","D255/FE",192,"Duplo","Policemen","6 and up",9.9499999999999993,3,29.849999999999998,15.51,"Cash","A.U.|880-2167","Yes","No",47,"No"]
[654827,"2010-04-09","15:58:33.600","D254/FE",192,"Duplo","Policemen","6 and up",9.9499999999999993,2,19.899999999999999,10.34,"Mastercard","A.U.|880-2167","No","No",35,"Yes"]
[654834,"2010-04-09","12:06:00","D254/FE",192,"Duplo","Policemen","6 and up",9.9499999999999993,2,19.899999999999999,10.34,"Visa","Z.Q.|880-4240","Yes","Yes",49,"No"]
[654860,"2010-04-09","17:12:36","L195/AE",195,"Lego","Airplane","8 and up",5.95,2,11.9,6.18,"Gift Card","B.B.|880-9330","No","Yes",30,"No"]
[654883,"2010-04-09","12:59:16.800","L217/SN",255,"Duplo","Farming Scene","7 and up",24.95,3,74.849999999999994,48.66,"Visa","Z.Q.|880-4240","No","No",42,"Yes"]
[654908,"2010-04-14","19:54:00","D218/FN",192,"Duplo","Policemen","6 and up",9.9499999999999993,1,9.9499999999999993,5.17,"Mastercard","L.C.|880-6872","No","No",39,"No"]
[654932,"2010-04-14","12:42:00","D250/AT",192,"Duplo","Policemen","6 and up",9.9499999999999993,1,9.9499999999999993,5.17,"Mastercard","U.O.|880-3720","No","No",36,"Yes"]
[654979,"2010-04-17","14:16:30","D254/FE",192,"Duplo","Policemen","6 and up",9.9499999999999993,2,19.899999999999999,10.34,"Cash","D.W.|880-7199","No","Yes",39,"No"]
[655029,"2010-04-22","13:39:36","L256/PE",256,"Lego","Police Officers and Motorcycle","9 and up",9.9499999999999993,1,9.9499999999999993,4.4800000000000004,"Discover","S.V.|880-5987","No","Yes",63,"No"]
[655035,"2010-04-24","17:16:48","L340/FS",340,"Lego","Fire Trucks","6 and up",34.950000000000003,2,69.900000000000006,39.840000000000003,"Mastercard","V.W.|880-4523","Yes","Yes",38,"No"]
[655083,"2010-04-25","16:52:12","L256/PE",256,"Lego","Police Officers and Motorcycle","9 and up",9.9499999999999993,2,19.899999999999999,8.9600000000000009,"Visa","N.W.|880-6237","No","Yes",33,"No"]
[655105,"2010-05-01","15:27:36","L256/PE",256,"Lego","Police Officers and Motorcycle","9 and up",9.9499999999999993,1,9.9499999999999993,4.4800000000000004,"Visa","U.W.|880-9683","No","No",33,"No"]
[655105,"2010-05-01","15:27:36","L256/PE",256,"Lego","Police Officers and Motorcycle","9 and up",9.9499999999999993,2,19.899999999999999,8.9600000000000009,"Visa","U.W.|880-9683","No","No",33,"No"]
[655112,"2010-05-04","14:47:13.200","D255/FE",192,"Duplo","Policemen","6 and up",9.9499999999999993,1,9.9499999999999993,5.17,"Visa","H.B.|880-3254","Yes","Yes",31,"No"]
[655124,"2010-05-06","12:39:57.600","D255/FE",192,"Duplo","Policemen","6 and up",9.9499999999999993,1,9.9499999999999993,5.17,"Visa","Z.Q.|880-4240","No","No",45,"No"]
[655165,"2010-05-30","17:40:12","D250/AT",192,"Duplo","Policemen","6 and up",9.9499999999999993,2,19.899999999999999,10.34,"Cash","D.U.|880-2953","Yes","Yes",29,"No"]
[655189,"2010-05-30","16:21:00","L195/AE",195,"Lego","Airplane","8 and up",5.95,2,11.9,6.18,"Visa","B.B.|880-9330","No","No",49,"No"]
[655232,"2010-05-30","11:17:24","D250/AT",192,"Duplo","Policemen","6 and up",9.9499999999999993,1,9.9499999999999993,5.17,"Cash","H.B.|880-3254","No","Yes",42,"No"]
[655232,"2010-05-30","11:17:24","L256/PE",256,"Lego","Police Officers and Motorcycle","9 and up",9.9499999999999993,2,19.899999999999999,8.9600000000000009,"Cash","H.B.|880-3254","No","Yes",42,"No"]
[655281,"2010-06-01","15:27:36","D255/FE",192,"Duplo","Policemen","6 and up",9.9499999999999993,4,39.799999999999997,20.68,"Mastercard","W.C.|880-4861","No","No",34,"Yes"]
[655298,"2010-06-09","16:28:48","D255/FE",192,"Duplo","Policemen","6 and up",9.9499999999999993,1,9.9499999999999993,5.17,"Discover","V.W.|880-8599","No","No",36,"No"]
[655323,"2010-06-13","12:18:36","D255/FE",192,"Duplo","Policemen","6 and up",9.9499999999999993,1,9.9499999999999993,5.17,"Mastercard","N.C.|880-3850","No","No",41,"No"]
[655358,"2010-06-13","19:16:12","L195/AE",195,"Lego","Airplane","8 and up",5.95,2,11.9,6.18,"Cash","W.C.|880-4861","No","No",32,"Yes"]
[655358,"2010-06-13","19:16:12","D254/FE",192,"Duplo","Policemen","6 and up",9.9499999999999993,1,9.9499999999999993,5.17,"Cash","W.C.|880-4861","No","No",32,"Yes"]
[655373,"2010-06-21","12:27:39.600","L195/AE",195,"Lego","Airplane","8 and up",5.95,1,5.95,3.09,"Visa","N.W.|880-6237","No","No",43,"No"]
[655385,"2010-06-21","16:05:24","L256/PE",256,"Lego","Police Officers and Motorcycle","9 and up",9.9499999999999993,2,19.899999999999999,8.9600000000000009,"Mastercard","W.B.|880-9647","No","No",46,"No"]
[655412,"2010-06-24","11:39:10.800","D254/FE",192,"Duplo","Policemen","6 and up",9.9499999999999993,5,49.75,25.85,"Mastercard","H.B.|880-3254","No","No",65,"No"]
[655412,"2010-06-24","11:39:10.800","D250/AT",192,"Duplo","Policemen","6 and up",9.9499999999999993,2,19.899999999999999,10.34,"Mastercard","H.B.|880-3254","No","No",65,"No"]
[655420,"2010-06-26","16:09:36","L256/PE",256,"Lego","Police Officers and Motorcycle","9 and up",9.9499999999999993,2,19.899999999999999,8.9600000000000009,"Mastercard","A.U.|880-2167","No","No",56,"Yes"]
[655467,"2010-07-04","13:46:48","L195/AE",195,"Lego","Airplane","8 and up",5.95,1,5.95,3.09,"Cash","Y.P.|880-6894","No","No",34,"Yes"]
[655505,"2010-07-09","09:10:12","D254/FE",192,"Duplo","Policemen","6 and up",9.9499999999999993,2,19.899999999999999,10.34,"Gift Card","N.C.|880-3850","No","No",30,"Yes"]
[655526,"2010-07-09","12:57:36","D250/AT",192,"Duplo","Policemen","6 and up",9.9499999999999993,3,29.849999999999998,15.51,"Mastercard","Z.Q.|880-4240","No","No",24,"Yes"]
[655557,"2010-07-10","16:00:00","L195/AE",195,"Lego","Airplane","8 and up",5.95,4,23.8,12.36,"Visa","V.W.|880-8599","No","No",37,"No"]
[655557,"2010-07-10","16:00:00","D255/FE",192,"Duplo","Policemen","6 and up",9.9499999999999993,2,19.899999999999999,10.34,"Visa","V.W.|880-8599","No","No",37,"No"]
[655570,"2010-07-18","14:46:12","D255/FE",192,"Duplo","Policemen","6 and up",9.9499999999999993,1,9.9499999999999993,5.17,"Cash","L.W.|880-4986","No","Yes",37,"No"]
[655577,"2010-07-19","11:24:00","L256/PE",256,"Lego","Police Officers and Motorcycle","9 and up",9.9499999999999993,4,39.799999999999997,17.920000000000002,"Mastercard","V.W.|880-8599","No","No",12,"No"]
[655613,"2010-07-25","12:04:22.800","D250/AT",192,"Duplo","Policemen","6 and up",9.9499999999999993,2,19.899999999999999,10.34,"Visa","L.W.|880-4986","No","No",64,"No"]
[655623,"2010-07-29","10:13:48","D250/AT",192,"Duplo","Policemen","6 and up",9.9499999999999993,1,9.9499999999999993,5.17,"Visa","D.U.|880-2953","No","No",43,"No"]
[655643,"2010-07-30","11:49:48","L195/AE",195,"Lego","Airplane","8 and up",5.95,3,17.850000000000001,9.27,"Gift Card","N.C.|880-3850","No","No",48,"No"]
[655661,"2010-08-09","16:56:24","D250/AT",192,"Duplo","Policemen","6 and up",9.9499999999999993,1,9.9499999999999993,5.17,"Mastercard","C.X.|880-3590","Yes","Yes",34,"No"]
[655661,"2010-08-09","16:56:24","D254/FE",192,"Duplo","Policemen","6 and up",9.9499999999999993,1,9.9499999999999993,5.17,"Mastercard","C.X.|880-3590","Yes","Yes",34,"No"]
[655673,"2010-08-16","15:42:36","D255/FE",192,"Duplo","Policemen","6 and up",9.9499999999999993,1,9.9499999999999993,5.17,"Cash","D.U.|880-2953","No","No",50,"Yes"]
[655676,"2010-08-18","18:27:36","D254/FE",192,"Duplo","Policemen","6 and up",9.9499999999999993,1,9.9499999999999993,5.17,"Cash","D.Z.|880-1179","No","No",38,"No"]
[655676,"2010-08-18","18:27:36","D254/FE",192,"Duplo","Policemen","6 and up",9.9499999999999993,4,39.799999999999997,20.68,"Cash","D.Z.|880-1179","No","No",38,"No"]
[655679,"2010-08-24","16:49:12","D250/AT",192,"Duplo","Policemen","6 and up",9.9499999999999993,3,29.849999999999998,15.51,"Gift Card","S.V.|880-5987","No","No",41,"No"]
[655716,"2010-09-02","16:19:04.800","D250/AT",192,"Duplo","Policemen","6 and up",9.9499999999999993,1,9.9499999999999993,5.17,"Cash","U.W.|880-9683","Yes","No",21,"No"]
[655731,"2010-09-05","18:17:24","D254/FE",192,"Duplo","Policemen","6 and up",9.9499999999999993,1,9.9499999999999993,5.17,"Visa","Z.T.|880-7477","No","Yes",31,"No"]
[655768,"2010-09-12","14:41:34.800","L256/PE",256,"Lego","Police Officers and Motorcycle","9 and up",9.9499999999999993,1,9.9499999999999993,4.4800000000000004,"Mastercard","H.B.|880-3254","No","No",40,"No"]
[655793,"2010-09-12","17:33:00","D255/FE",192,"Duplo","Policemen","6 and up",9.9499999999999993,3,29.849999999999998,15.51,"Cash","A.U.|880-2167","Yes","Yes",48,"No"]
[655793,"2010-09-12","17:33:00","D254/FE",192,"Duplo","Policemen","6 and up",9.9499999999999993,1,9.9499999999999993,5.17,"Cash","A.U.|880-2167","Yes","Yes",48,"No"]
[655833,"2010-09-21","18:36:36","L195/AE",195,"Lego","Airplane","8 and up",5.95,2,11.9,6.18,"Discover","H.B.|880-3254","No","No",32,"Yes"]
[655833,"2010-09-21","18:36:36","D250/AT",192,"Duplo","Policemen","6 and up",9.9499999999999993,2,19.899999999999999,10.34,"Discover","H.B.|880-3254","No","No",32,"Yes"]
[655842,"2010-10-04","13:49:12","D250/AT",192,"Duplo","Policemen","6 and up",9.9499999999999993,2,19.899999999999999,10.34,"Cash","D.W.|880-7199","No","No",44,"No"]
[655845,"2010-10-14","20:37:48","L195/AE",195,"Lego","Airplane","8 and up",5.95,1,5.95,3.09,"Mastercard","N.C.|880-3850","No","No",34,"No"]
[655894,"2010-10-16","16:01:48","D255/FE",192,"Duplo","Policemen","6 and up",9.9499999999999993,1,9.9499999999999993,5.17,"Discover","D.S.|880-7532","No","No",40,"No"]
[655933,"2010-10-16","10:30:00","L195/AE",195,"Lego","Airplane","8 and up",5.95,2,11.9,6.18,"Cash","U.W.|880-9683","No","No",31,"No"]
[655965,"2010-10-21","11:27:28.800","L196/AR",196,"Lego","Antique Car","8 and up",7.95,2,15.9,8.9,"Visa","W.C.|880-4861","No","No",45,"No"]
[655965,"2010-10-21","11:27:28.800","D254/FE",192,"Duplo","Policemen","6 and up",9.9499999999999993,1,9.9499999999999993,5.17,"Visa","W.C.|880-4861","No","No",45,"No"]
[655976,"2010-11-01","08:55:48","D250/AT",192,"Duplo","Policemen","6 and up",9.9499999999999993,1,9.9499999999999993,5.17,"Check","D.W.|880-7199","No","No",34,"No"]
[656007,"2010-11-01","20:07:48","D254/FE",192,"Duplo","Policemen","6 and up",9.9499999999999993,1,9.9499999999999993,5.17,"Mastercard","Z.T.|880-7477","No","No",43,"No"]
[656032,"2010-11-01","19:55:48","L194/FY",194,"Lego","Family","4 and up",14.95,1,14.95,8.3699999999999992,"Visa","W.B.|880-9647","No","No",43,"No"]
[656032,"2010-11-01","19:55:48","D254/FE",192,"Duplo","Policemen","6 and up",9.9499999999999993,1,9.9499999999999993,5.17,"Visa","W.B.|880-9647","No","No",43,"No"]
[656077,"2010-11-02","19:21:00","L256/PE",256,"Lego","Police Officers and Motorcycle","9 and up",9.9499999999999993,1,9.9499999999999993,4.4800000000000004,"Cash","U.W.|880-9683","Yes","No",37,"No"]
[656123,"2010-11-02","15:27:36","L256/PE",256,"Lego","Police Officers and Motorcycle","9 and up",9.9499999999999993,1,9.9499999999999993,4.4800000000000004,"Gift Card","V.W.|880-8599","No","Yes",38,"Yes"]
[656125,"2010-11-02","11:49:12","D250/AT",192,"Duplo","Policemen","6 and up",9.9499999999999993,1,9.9499999999999993,5.17,"Cash","U.O.|880-3720","No","No",37,"No"]
[656125,"2010-11-02","11:49:12","L195/AE",195,"Lego","Airplane","8 and up",5.95,1,5.95,3.09,"Cash","U.O.|880-3720","No","No",37,"No"]
[656171,"2010-11-02","15:14:24","L256/PE",256,"Lego","Police Officers and Motorcycle","9 and up",9.9499999999999993,3,29.849999999999998,13.44,"Visa","S.V.|880-5987","No","No",50,"No"]
[656171,"2010-11-02","15:14:24","L256/PE",256,"Lego","Police Officers and Motorcycle","9 and up",9.9499999999999993,1,9.9499999999999993,4.4800000000000004,"Visa","S.V.|880-5987","No","No",50,"No"]
[656207,"2010-11-02","13:25:48","D255/FE",192,"Duplo","Policemen","6 and up",9.9499999999999993,1,9.9499999999999993,5.17,"Cash","N.C.|880-3850","No","No",50,"No"]
[656246,"2010-11-02","10:59:16.800","L195/AE",195,"Lego","Airplane","8 and up",5.95,1,5.95,3.09,"Visa","A.U.|880-2167","No","Yes",43,"No"]
[656246,"2010-11-02","10:59:16.800","L256/PE",256,"Lego","Police Officers and Motorcycle","9 and up",9.9499999999999993,1,9.9499999999999993,4.4800000000000004,"Visa","A.U.|880-2167","No","Yes",43,"No"]
[656287,"2010-11-03","15:33:28.800","D255/FE",192,"Duplo","Policemen","6 and up",9.9499999999999993,1,9.9499999999999993,5.17,"Check","C.X.|880-3590","No","No",43,"No"]
[656300,"2010-11-03","17:16:12","D255/FE",192,"Duplo","Policemen","6 and up",9.9499999999999993,1,9.9499999999999993,5.17,"Cash","N.C.|880-3850","No","No",27,"No"]
[656314,"2010-11-03","12:48:36","D255/FE",192,"Duplo","Policemen","6 and up",9.9499999999999993,4,39.799999999999997,20.68,"Visa","D.S.|880-7532","No","Yes",26,"No"]
[656314,"2010-11-03","12:48:36","L195/AE",195,"Lego","Airplane","8 and up",5.95,5,29.75,15.45,"Visa","D.S.|880-7532","No","Yes",26,"No"]
[656314,"2010-11-03","12:48:36","L195/AE",195,"Lego","Airplane","8 and up",5.95,1,5.95,3.09,"Visa","D.S.|880-7532","No","Yes",26,"No"]
[656364,"2010-11-04","16:56:24","L195/AE",195,"Lego","Airplane","8 and up",5.95,1,5.95,3.09,"Visa","C.X.|880-3590","No","No",38,"Yes"]
[656380,"2010-11-05","15:40:12","D250/AT",192,"Duplo","Policemen","6 and up",9.9499999999999993,1,9.9499999999999993,5.17,"Cash","Z.T.|880-7477","No","No",29,"No"]
[656416,"2010-11-05","16:06:36","L256/PE",256,"Lego","Police Officers and Motorcycle","9 and up",9.9499999999999993,4,39.799999999999997,17.920000000000002,"Cash","C.X.|880-3590","Yes","No",14,"No"]
[656416,"2010-11-05","16:06:36","D254/FE",192,"Duplo","Policemen","6 and up",9.9499999999999993,1,9.9499999999999993,5.17,"Cash","C.X.|880-3590","Yes","No",14,"No"]
[656444,"2010-11-05","15:19:48","D250/AT",192,"Duplo","Policemen","6 and up",9.9499999999999993,1,9.9499999999999993,5.17,"Cash","B.Y.|880-6845","No","Yes",44,"Yes"]
[656478,"2010-11-05","20:51:36","L195/AE",195,"Lego","Airplane","8 and up",5.95,1,5.95,3.09,"Visa","W.B.|880-9647","No","Yes",32,"No"]
[656495,"2010-11-05","13:37:12","L195/AE",195,"Lego","Airplane","8 and up",5.95,2,11.9,6.18,"Check","D.U.|880-2953","No","No",30,"No"]
[656518,"2010-11-05","13:12:00","L256/PE",256,"Lego","Police Officers and Motorcycle","9 and up",9.9499999999999993,1,9.9499999999999993,4.4800000000000004,"Visa","B.B.|880-9330","No","No",19,"No"]
[656533,"2010-11-05","11:01:58.800","L256/PE",256,"Lego","Police Officers and Motorcycle","9 and up",9.9499999999999993,1,9.9499999999999993,4.4800000000000004,"Cash","V.W.|880-4523","No","No",50,"No"]
[656547,"2010-11-06","20:00:00","L195/AE",195,"Lego","Airplane","8 and up",5.95,2,11.9,6.18,"Visa","D.U.|880-2953","Yes","No",11,"No"]
[656588,"2010-11-06","13:24:36","L256/PE",256,"Lego","Police Officers and Motorcycle","9 and up",9.9499999999999993,1,9.9499999999999993,4.4800000000000004,"Visa","H.B.|880-3254","Yes","Yes",41,"Yes"]
[656617,"2010-11-06","10:52:12","D250/AT",192,"Duplo","Policemen","6 and up",9.9499999999999993,2,19.899999999999999,10.34,"Visa","A.U.|880-2167","No","No",38,"No"]
[656617,"2010-11-06","10:52:12","D255/FE",192,"Duplo","Policemen","6 and up",9.9499999999999993,1,9.9499999999999993,5.17,"Visa","A.U.|880-2167","No","No",38,"No"]
[656628,"2010-11-06","10:15:00","L330/GN",330,"Lego","Gas Station","8 and up",32.950000000000003,1,32.950000000000003,19.11,"Discover","U.O.|880-3720","No","No",37,"No"]
[656637,"2010-11-06","11:00:39.600","D254/FE",192,"Duplo","Policemen","6 and up",9.9499999999999993,1,9.9499999999999993,5.17,"Visa","B.Y.|880-6845","No","No",30,"No"]
[656648,"2010-11-06","13:24:36","L195/AE",195,"Lego","Airplane","8 and up",5.95,1,5.95,3.09,"Visa","W.B.|880-9647","No","No",11,"No"]
[656657,"2010-11-06","15:04:12","D254/FE",192,"Duplo","Policemen","6 and up",9.9499999999999993,1,9.9499999999999993,5.17,"Cash","U.W.|880-9683","No","No",22,"No"]
[656657,"2010-11-06","15:04:12","L212/SD",212,"Lego","Scooter and Stand","6 and up",4.95,1,4.95,2.23,"Cash","U.W.|880-9683","No","No",22,"No"]
[656657,"2010-11-06","15:04:12","D218/FN",192,"Duplo","Policemen","6 and up",9.9499999999999993,1,9.9499999999999993,5.17,"Cash","U.W.|880-9683","No","No",22,"No"]
[656671,"2010-11-07","13:21:36","D255/FE",192,"Duplo","Policemen","6 and up",9.9499999999999993,1,9.9499999999999993,5.17,"Gift Card","S.V.|880-5987","No","No",37,"No"]
[656692,"2010-11-08","15:22:12","L256/PE",256,"Lego","Police Officers and Motorcycle","9 and up",9.9499999999999993,1,9.9499999999999993,4.4800000000000004,"Visa","L.W.|880-4986","No","No",11,"No"]
[656737,"2010-11-08","19:04:48","D250/AT",192,"Duplo","Policemen","6 and up",9.9499999999999993,2,19.899999999999999,10.34,"Visa","D.S.|880-7532","No","No",40,"No"]
[656757,"2010-11-08","09:24:36","D255/FE",192,"Duplo","Policemen","6 and up",9.9499999999999993,1,9.9499999999999993,5.17,"Cash","S.Y.|880-3139","No","No",36,"Yes"]
[656757,"2010-11-08","09:24:36","D254/FE",192,"Duplo","Policemen","6 and up",9.9499999999999993,2,19.899999999999999,10.34,"Cash","S.Y.|880-3139","No","No",36,"Yes"]
[656770,"2010-11-09","14:56:24","D255/FE",192,"Duplo","Policemen","6 and up",9.9499999999999993,1,9.9499999999999993,5.17,"Mastercard","H.B.|880-3254","No","No",66,"No"]
[656807,"2010-11-10","11:28:48","L210/CS",210,"Lego","Cowboys with Horses","6 and up",9.4499999999999993,1,9.4499999999999993,4.63,"Visa","P.N.|880-3021","No","No",48,"No"]
[656822,"2010-11-10","08:07:48","D254/FE",192,"Duplo","Policemen","6 and up",9.9499999999999993,2,19.899999999999999,10.34,"Mastercard","B.B.|880-9330","No","No",57,"No"]
[656847,"2010-11-10","12:25:12","D198/LX",192,"Duplo","Policemen","6 and up",9.9499999999999993,2,19.899999999999999,10.34,"Visa","S.Y.|880-3139","Yes","No",38,"No"]
[656854,"2010-11-10","11:12:00","L195/AE",195,"Lego","Airplane","8 and up",5.95,1,5.95,3.09,"Mastercard","V.W.|880-4523","No","Yes",31,"No"]
[656893,"2010-11-10","15:20:24","L212/SD",212,"Lego","Scooter and Stand","6 and up",4.95,1,4.95,2.23,"Visa","U.O.|880-3720","No","No",45,"No"]
[656931,"2010-11-11","09:09:00","D254/FE",192,"Duplo","Policemen","6 and up",9.9499999999999993,1,9.9499999999999993,5.17,"Visa","A.U.|880-2167","No","No",30,"No"]
[656952,"2010-11-11","11:40:55.200","L195/AE",195,"Lego","Airplane","8 and up",5.95,3,17.850000000000001,9.27,"Cash","N.C.|880-3850","No","No",38,"No"]
[656956,"2010-11-11","12:48:36","L256/PE",256,"Lego","Police Officers and Motorcycle","9 and up",9.9499999999999993,1,9.9499999999999993,4.4800000000000004,"Mastercard","V.W.|880-8599","No","No",24,"No"]
[656991,"2010-11-11","15:47:24","D255/FE",192,"Duplo","Policemen","6 and up",9.9499999999999993,4,39.799999999999997,20.68,"Visa","V.W.|880-4523","No","Yes",43,"No"]
[656991,"2010-11-11","15:47:24","D198/LX",192,"Duplo","Policemen","6 and up",9.9499999999999993,2,19.899999999999999,10.34,"Visa","V.W.|880-4523","No","Yes",43,"No"]
[657009,"2010-11-11","12:02:24","D255/FE",192,"Duplo","Policemen","6 and up",9.9499999999999993,2,19.899999999999999,10.34,"Cash","V.W.|880-8599","No","No",36,"No"]
[657052,"2010-11-11","19:45:36","D254/FE",192,"Duplo","Policemen","6 and up",9.9499999999999993,1,9.9499999999999993,5.17,"Check","B.B.|880-9330","No","Yes",34,"Yes"]
[657052,"2010-11-11","19:45:36","L256/PE",256,"Lego","Police Officers and Motorcycle","9 and up",9.9499999999999993,1,9.9499999999999993,4.4800000000000004,"Check","B.B.|880-9330","No","Yes",34,"Yes"]
[657055,"2010-11-12","11:37:12","D250/AT",192,"Duplo","Policemen","6 and up",9.9499999999999993,2,19.899999999999999,10.34,"Check","D.S.|880-7532","No","No",36,"No"]
[657055,"2010-11-12","11:37:12","D250/AT",192,"Duplo","Policemen","6 and up",9.9499999999999993,2,19.899999999999999,10.34,"Check","D.S.|880-7532","No","No",36,"No"]
[657055,"2010-11-12","11:37:12","L256/PE",256,"Lego","Police Officers and Motorcycle","9 and up",9.9499999999999993,1,9.9499999999999993,4.4800000000000004,"Check","D.S.|880-7532","No","No",36,"No"]
[657093,"2010-11-12","13:33:50.400","D250/AT",192,"Duplo","Policemen","6 and up",9.9499999999999993,5,49.75,25.85,"Visa","Y.P.|880-6894","Yes","No",31,"Yes"]
[657101,"2010-11-13","09:53:24","L195/AE",195,"Lego","Airplane","8 and up",5.95,1,5.95,3.09,"Gift Card","Z.T.|880-7477","Yes","No",41,"Yes"]
[657140,"2010-11-13","16:50:56.400","L340/FS",340,"Lego","Fire Trucks","6 and up",34.950000000000003,2,69.900000000000006,39.840000000000003,"Visa","B.Y.|880-6845","No","No",34,"No"]
[657140,"2010-11-13","16:50:56.400","D255/FE",192,"Duplo","Policemen","6 and up",9.9499999999999993,1,9.9499999999999993,5.17,"Visa","B.Y.|880-6845","No","No",34,"No"]
[657187,"2010-11-13","10:39:36","D250/AT",192,"Duplo","Policemen","6 and up",9.9499999999999993,2,19.899999999999999,10.34,"Gift Card","Z.Q.|880-4240","No","No",31,"Yes"]
[657232,"2010-11-13","20:11:24","L195/AE",195,"Lego","Airplane","8 and up",5.95,3,17.850000000000001,9.27,"Visa","C.X.|880-3590","No","No",31,"Yes"]
[657255,"2010-11-14","17:18:36","D254/FE",192,"Duplo","Policemen","6 and up",9.9499999999999993,1,9.9499999999999993,5.17,"Check","U.O.|880-3720","No","No",27,"Yes"]
[657291,"2010-11-14","12:37:48","L256/PE",256,"Lego","Police Officers and Motorcycle","9 and up",9.9499999999999993,1,9.9499999999999993,4.4800000000000004,"Cash","Z.T.|880-7477","No","No",49,"No"]
[657306,"2010-11-14","09:50:56.400","D254/FE",192,"Duplo","Policemen","6 and up",9.9499999999999993,4,39.799999999999997,20.68,"Visa","N.C.|880-3850","No","No",69,"Yes"]
[657316,"2010-11-15","16:45:36","L252/LR",255,"Duplo","Farming Scene","7 and up",24.95,1,24.95,16.22,"Mastercard","P.N.|880-3021","No","No",20,"No"]
[657320,"2010-11-15","08:24:10.800","D250/AT",192,"Duplo","Policemen","6 and up",9.9499999999999993,1,9.9499999999999993,5.17,"Mastercard","B.X.|880-9149","No","No",30,"Yes"]
[657336,"2010-11-15","08:29:42","D255/FE",192,"Duplo","Policemen","6 and up",9.9499999999999993,1,9.9499999999999993,5.17,"Mastercard","H.B.|880-3254","No","No",37,"Yes"]
[657336,"2010-11-15","08:29:42","D250/AT",192,"Duplo","Policemen","6 and up",9.9499999999999993,1,9.9499999999999993,5.17,"Mastercard","H.B.|880-3254","No","No",37,"Yes"]
[657366,"2010-11-16","08:44:42","L256/PE",256,"Lego","Police Officers and Motorcycle","9 and up",9.9499999999999993,2,19.899999999999999,8.9600000000000009,"Mastercard","B.X.|880-9149","No","No",42,"No"]
[657415,"2010-11-16","11:59:56.400","D250/AT",192,"Duplo","Policemen","6 and up",9.9499999999999993,2,19.899999999999999,10.34,"Visa","S.V.|880-5987","No","No",41,"Yes"]
[657415,"2010-11-16","11:59:56.400","D255/FE",192,"Duplo","Policemen","6 and up",9.9499999999999993,2,19.899999999999999,10.34,"Visa","S.V.|880-5987","No","No",41,"Yes"]
[657447,"2010-11-17","13:42:00","L195/AE",195,"Lego","Airplane","8 and up",5.95,4,23.8,12.36,"Mastercard","L.W.|880-4986","No","Yes",40,"Yes"]
[657482,"2010-11-17","10:13:48","L256/PE",256,"Lego","Police Officers and Motorcycle","9 and up",9.9499999999999993,2,19.899999999999999,8.9600000000000009,"Discover","D.W.|880-7199","No","No",39,"Yes"]
[657512,"2010-11-17","11:34:12","D192/PN",192,"Duplo","Policemen","6 and up",9.9499999999999993,1,9.9499999999999993,5.17,"Cash","N.C.|880-3850","No","No",31,"No"]
[657529,"2010-11-17","15:44:24","D255/FE",192,"Duplo","Policemen","6 and up",9.9499999999999993,5,49.75,25.85,"Mastercard","B.Y.|880-6845","No","No",40,"No"]
[657533,"2010-11-17","16:32:24","D254/FE",192,"Duplo","Policemen","6 and up",9.9499999999999993,2,19.899999999999999,10.34,"Mastercard","B.B.|880-9330","Yes","No",38,"No"]
[657533,"2010-11-17","16:32:24","L195/AE",195,"Lego","Airplane","8 and up",5.95,3,17.850000000000001,9.27,"Mastercard","B.B.|880-9330","Yes","No",38,"No"]
[657533,"2010-11-17","16:32:24","D254/FE",192,"Duplo","Policemen","6 and up",9.9499999999999993,1,9.9499999999999993,5.17,"Mastercard","B.B.|880-9330","Yes","No",38,"No"]
[657563,"2010-11-17","13:18:36","L256/PE",256,"Lego","Police Officers and Motorcycle","9 and up",9.9499999999999993,1,9.9499999999999993,4.4800000000000004,"Visa","D.W.|880-7199","No","No",25,"No"]
[657591,"2010-11-18","19:45:00","L194/FY",194,"Lego","Family","4 and up",14.95,1,14.95,8.3699999999999992,"Visa","W.C.|880-4861","No","No",26,"No"]
[657607,"2010-11-18","13:44:24","D250/AT",192,"Duplo","Policemen","6 and up",9.9499999999999993,2,19.899999999999999,10.34,"Visa","D.S.|880-7532","Yes","No",44,"No"]
[657635,"2010-11-18","13:05:52.800","D255/FE",192,"Duplo","Policemen","6 and up",9.9499999999999993,1,9.9499999999999993,5.17,"Cash","D.U.|880-2953","No","No",50,"No"]
[657663,"2010-11-19","14:05:24","L330/GN",330,"Lego","Gas Station","8 and up",32.950000000000003,4,131.80000000000001,76.44,"Visa","D.W.|880-7199","No","No",28,"No"]
[657663,"2010-11-19","14:05:24","D255/FE",192,"Duplo","Policemen","6 and up",9.9499999999999993,5,49.75,25.85,"Visa","D.W.|880-7199","No","No",28,"No"]
[657686,"2010-11-19","12:06:00","L195/AE",195,"Lego","Airplane","8 and up",5.95,2,11.9,6.18,"Mastercard","S.Y.|880-3139","No","No",60,"No"]
[657703,"2010-11-20","11:39:00","L256/PE",256,"Lego","Police Officers and Motorcycle","9 and up",9.9499999999999993,1,9.9499999999999993,4.4800000000000004,"Discover","U.W.|880-9683","No","No",31,"No"]
[657712,"2010-11-20","18:11:24","L195/AE",195,"Lego","Airplane","8 and up",5.95,2,11.9,6.18,"Visa","U.W.|880-9683","No","No",42,"No"]
[657751,"2010-11-20","10:41:24","D250/AT",192,"Duplo","Policemen","6 and up",9.9499999999999993,5,49.75,25.85,"Mastercard","H.B.|880-3254","No","No",48,"No"]
[657751,"2010-11-20","10:41:24","D250/AT",192,"Duplo","Policemen","6 and up",9.9499999999999993,2,19.899999999999999,10.34,"Mastercard","H.B.|880-3254","No","No",48,"No"]
[657769,"2010-11-20","18:34:12","L256/PE",256,"Lego","Police Officers and Motorcycle","9 and up",9.9499999999999993,3,29.849999999999998,13.44,"Cash","S.V.|880-5987","No","No",30,"No"]
[657815,"2010-11-20","12:12:00","D250/AT",192,"Duplo","Policemen","6 and up",9.9499999999999993,2,19.899999999999999,10.34,"Cash","P.N.|880-3021","No","No",44,"No"]
[657839,"2010-11-21","15:01:48","L195/AE",195,"Lego","Airplane","8 and up",5.95,3,17.850000000000001,9.27,"Mastercard","N.W.|880-6237","No","No",35,"No"]
[657858,"2010-11-21","12:19:12","D250/AT",192,"Duplo","Policemen","6 and up",9.9499999999999993,2,19.899999999999999,10.34,"Gift Card","N.C.|880-3850","No","No",50,"No"]
[657884,"2010-11-21","15:37:12","D250/AT",192,"Duplo","Policemen","6 and up",9.9499999999999993,1,9.9499999999999993,5.17,"Discover","V.W.|880-4523","No","No",30,"No"]
[657887,"2010-11-21","13:09:36","L256/PE",256,"Lego","Police Officers and Motorcycle","9 and up",9.9499999999999993,1,9.9499999999999993,4.4800000000000004,"Cash","D.S.|880-7532","No","No",38,"No"]
[657921,"2010-11-22","08:58:48","D254/FE",192,"Duplo","Policemen","6 and up",9.9499999999999993,2,19.899999999999999,10.34,"Cash","Y.P.|880-6894","No","No",30,"Yes"]
[657945,"2010-11-22","13:39:54","L256/PE",256,"Lego","Police Officers and Motorcycle","9 and up",9.9499999999999993,1,9.9499999999999993,4.4800000000000004,"Cash","S.Y.|880-3139","No","No",30,"No"]
[657946,"2010-11-22","19:31:48","L256/PE",256,"Lego","Police Officers and Motorcycle","9 and up",9.9499999999999993,3,29.849999999999998,13.44,"Cash","V.W.|880-8599","No","No",31,"No"]
[657946,"2010-11-22","19:31:48","L330/GN",330,"Lego","Gas Station","8 and up",32.950000000000003,4,131.80000000000001,76.44,"Cash","V.W.|880-8599","No","No",31,"No"]
[657946,"2010-11-22","19:31:48","L195/AE",195,"Lego","Airplane","8 and up",5.95,2,11.9,6.18,"Cash","V.W.|880-8599","No","No",31,"No"]
[657967,"2010-11-23","13:55:51.600","D254/FE",192,"Duplo","Policemen","6 and up",9.9499999999999993,5,49.75,25.85,"Mastercard","C.X.|880-3590","No","No",36,"No"]
[657971,"2010-11-23","10:58:12","L195/AE",195,"Lego","Airplane","8 and up",5.95,2,11.9,6.18,"Discover","H.B.|880-3254","No","No",50,"Yes"]
[657973,"2010-11-23","10:14:16.800","D254/FE",192,"Duplo","Policemen","6 and up",9.9499999999999993,1,9.9499999999999993,5.17,"Check","B.Y.|880-6845","Yes","No",25,"No"]
[657985,"2010-11-23","15:29:52.800","D254/FE",192,"Duplo","Policemen","6 and up",9.9499999999999993,1,9.9499999999999993,5.17,"Cash","U.W.|880-9683","No","No",30,"No"]
[658025,"2010-11-23","09:24:36","L256/PE",256,"Lego","Police Officers and Motorcycle","9 and up",9.9499999999999993,3,29.849999999999998,13.44,"Discover","Z.T.|880-7477","No","No",44,"No"]
[658054,"2010-11-24","14:09:00","L195/AE",195,"Lego","Airplane","8 and up",5.95,2,11.9,6.18,"Visa","H.B.|880-3254","No","No",29,"No"]
[658088,"2010-11-24","16:13:55.200","D250/AT",192,"Duplo","Policemen","6 and up",9.9499999999999993,1,9.9499999999999993,5.17,"Mastercard","D.U.|880-2953","No","No",38,"No"]
[658095,"2010-11-24","18:35:24","D254/FE",192,"Duplo","Policemen","6 and up",9.9499999999999993,4,39.799999999999997,20.68,"Mastercard","L.C.|880-6872","Yes","Yes",30,"Yes"]
[658095,"2010-11-24","18:35:24","D255/FE",192,"Duplo","Policemen","6 and up",9.9499999999999993,1,9.9499999999999993,5.17,"Mastercard","L.C.|880-6872","Yes","Yes",30,"Yes"]
[658135,"2010-11-25","16:22:12","L194/FY",194,"Lego","Family","4 and up",14.95,1,14.95,8.3699999999999992,"Visa","U.O.|880-3720","No","No",49,"No"]
[658157,"2010-11-26","16:59:24","D255/FE",192,"Duplo","Policemen","6 and up",9.9499999999999993,5,49.75,25.85,"Visa","Z.Q.|880-4240","No","No",34,"No"]
[658183,"2010-11-26","15:34:12","D254/FE",192,"Duplo","Policemen","6 and up",9.9499999999999993,1,9.9499999999999993,5.17,"Discover","B.X.|880-9149","No","No",39,"No"]
[658183,"2010-11-26","15:34:12","D250/AT",192,"Duplo","Policemen","6 and up",9.9499999999999993,4,39.799999999999997,20.68,"Discover","B.X.|880-9149","No","No",39,"No"]
[658221,"2010-11-26","15:21:25.200","D254/FE",192,"Duplo","Policemen","6 and up",9.9499999999999993,1,9.9499999999999993,5.17,"Visa","L.C.|880-6872","No","No",11,"No"]
[658267,"2010-11-26","18:50:24","L195/AE",195,"Lego","Airplane","8 and up",5.95,2,11.9,6.18,"Visa","N.C.|880-3850","No","No",34,"No"]
[658278,"2010-11-26","19:56:24","L256/PE",256,"Lego","Police Officers and Motorcycle","9 and up",9.9499999999999993,1,9.9499999999999993,4.4800000000000004,"Visa","L.W.|880-4986","No","No",36,"No"]
[658280,"2010-11-26","11:15:00","D254/FE",192,"Duplo","Policemen","6 and up",9.9499999999999993,5,49.75,25.85,"Discover","S.Y.|880-3139","No","No",32,"No"]
[658330,"2010-11-26","19:00:36","L195/AE",195,"Lego","Airplane","8 and up",5.95,2,11.9,6.18,"Cash","U.O.|880-3720","No","No",36,"No"]
[658361,"2010-11-27","15:36:36","L330/GN",330,"Lego","Gas Station","8 and up",32.950000000000003,1,32.950000000000003,19.11,"Visa","B.Y.|880-6845","No","Yes",47,"No"]
[658387,"2010-11-27","12:25:12","L256/PE",256,"Lego","Police Officers and Motorcycle","9 and up",9.9499999999999993,2,19.899999999999999,8.9600000000000009,"Discover","N.W.|880-6237","No","No",32,"No"]
[658404,"2010-11-27","12:16:12","D250/AT",192,"Duplo","Policemen","6 and up",9.9499999999999993,1,9.9499999999999993,5.17,"Discover","S.V.|880-5987","No","Yes",21,"No"]
[658406,"2010-11-27","10:55:48","D255/FE",192,"Duplo","Policemen","6 and up",9.9499999999999993,2,19.899999999999999,10.34,"Gift Card","B.Y.|880-6845","No","No",34,"No"]
[658406,"2010-11-27","10:55:48","D255/FE",192,"Duplo","Policemen","6 and up",9.9499999999999993,1,9.9499999999999993,5.17,"Gift Card","B.Y.|880-6845","No","No",34,"No"]
[658456,"2010-11-27","14:18:36","D254/FE",192,"Duplo","Policemen","6 and up",9.9499999999999993,1,9.9499999999999993,5.17,"Visa","D.S.|880-7532","No","No",66,"No"]
[658456,"2010-11-27","14:18:36","L195/AE",195,"Lego","Airplane","8 and up",5.95,1,5.95,3.09,"Visa","D.S.|880-7532","No","No",66,"No"]
[658476,"2010-11-28","15:13:22.800","L195/AE",195,"Lego","Airplane","8 and up",5.95,1,5.95,3.09,"Visa","V.W.|880-4523","No","No",34,"No"]
[658499,"2010-11-28","16:56:24","D250/AT",192,"Duplo","Policemen","6 and up",9.9499999999999993,2,19.899999999999999,10.34,"Mastercard","Z.T.|880-7477","No","No",39,"No"]
[658521,"2010-11-28","14:47:24","L256/PE",256,"Lego","Police Officers and Motorcycle","9 and up",9.9499999999999993,1,9.9499999999999993,4.4800000000000004,"Cash","B.B.|880-9330","No","No",66,"No"]
[658562,"2010-11-28","13:23:13.200","D255/FE",192,"Duplo","Policemen","6 and up",9.9499999999999993,2,19.899999999999999,10.34,"Mastercard","D.U.|880-2953","No","No",34,"No"]
[658599,"2010-11-28","14:37:08.400","D250/AT",192,"Duplo","Policemen","6 and up",9.9499999999999993,2,19.899999999999999,10.34,"Cash","D.Z.|880-1179","No","Yes",41,"No"]
[658628,"2010-11-28","13:13:04.800","L256/PE",256,"Lego","Police Officers and Motorcycle","9 and up",9.9499999999999993,1,9.9499999999999993,4.4800000000000004,"Cash","W.C.|880-4861","Yes","No",48,"No"]
[658641,"2010-11-28","16:19:12","D255/FE",192,"Duplo","Policemen","6 and up",9.9499999999999993,1,9.9499999999999993,5.17,"Visa","B.Y.|880-6845","No","No",34,"No"]
[658688,"2010-11-29","13:30:39.600","L256/PE",256,"Lego","Police Officers and Motorcycle","9 and up",9.9499999999999993,2,19.899999999999999,8.9600000000000009,"Cash","L.W.|880-4986","No","No",53,"No"]
[658701,"2010-11-29","11:31:48","L195/AE",195,"Lego","Airplane","8 and up",5.95,4,23.8,12.36,"Mastercard","L.W.|880-4986","No","No",43,"No"]
[658715,"2010-11-29","12:50:24","L256/PE",256,"Lego","Police Officers and Motorcycle","9 and up",9.9499999999999993,5,49.75,22.4,"Mastercard","V.W.|880-8599","No","No",39,"No"]
[658755,"2010-11-29","12:24:00","L210/CS",210,"Lego","Cowboys with Horses","6 and up",9.4499999999999993,4,37.799999999999997,18.52,"Visa","V.W.|880-8599","No","No",31,"No"]
[658773,"2010-11-29","11:57:39.600","D255/FE",192,"Duplo","Policemen","6 and up",9.9499999999999993,2,19.899999999999999,10.34,"Cash","A.U.|880-2167","No","No",34,"No"]
[658817,"2010-11-30","11:05:24","L195/AE",195,"Lego","Airplane","8 and up",5.95,2,11.9,6.18,"Visa","N.C.|880-3850","No","No",31,"Yes"]
[658851,"2010-11-30","14:02:24","D250/AT",192,"Duplo","Policemen","6 and up",9.9499999999999993,4,39.799999999999997,20.68,"Visa","W.C.|880-4861","No","No",36,"No"]
[658858,"2010-11-30","11:50:24","L195/AE",195,"Lego","Airplane","8 and up",5.95,1,5.95,3.09,"Visa","W.B.|880-9647","No","No",38,"No"]
[658894,"2010-11-30","12:46:40.800","D254/FE",192,"Duplo","Policemen","6 and up",9.9499999999999993,3,29.849999999999998,15.51,"Cash","D.W.|880-7199","No","Yes",43,"No"]
[658894,"2010-11-30","12:46:40.800","D255/FE",192,"Duplo","Policemen","6 and up",9.9499999999999993,4,39.799999999999997,20.68,"Cash","D.W.|880-7199","No","Yes",43,"No"]
[658915,"2010-12-01","18:03:00","D254/FE",192,"Duplo","Policemen","6 and up",9.9499999999999993,1,9.9499999999999993,5.17,"Cash","S.V.|880-5987","No","No",39,"No"]
[658942,"2010-12-01","11:16:12","L330/GN",330,"Lego","Gas Station","8 and up",32.950000000000003,2,65.900000000000006,38.22,"Visa","V.W.|880-8599","No","No",31,"No"]
[658968,"2010-12-01","11:03:18","L197/FS",199,"Duplo","Scooter","4 and up",4.95,4,19.8,10.08,"Cash","S.V.|880-5987","No","No",27,"Yes"]
[659005,"2010-12-01","13:00:50.400","D254/FE",192,"Duplo","Policemen","6 and up",9.9499999999999993,4,39.799999999999997,20.68,"Visa","Y.P.|880-6894","No","No",36,"No"]
[659005,"2010-12-01","13:00:50.400","D250/AT",192,"Duplo","Policemen","6 and up",9.9499999999999993,1,9.9499999999999993,5.17,"Visa","Y.P.|880-6894","No","No",36,"No"]
[659007,"2010-12-02","13:16:08.400","D254/FE",192,"Duplo","Policemen","6 and up",9.9499999999999993,2,19.899999999999999,10.34,"Cash","N.W.|880-6237","Yes","Yes",30,"No"]
[659039,"2010-12-02","11:30:18","L195/AE",195,"Lego","Airplane","8 and up",5.95,3,17.850000000000001,9.27,"Mastercard","N.W.|880-6237","Yes","No",55,"Yes"]
[659065,"2010-12-02","16:13:01.200","L195/AE",195,"Lego","Airplane","8 and up",5.95,2,11.9,6.18,"Visa","N.W.|880-6237","No","No",33,"Yes"]
[659082,"2010-12-02","12:18:39.600","L195/AE",195,"Lego","Airplane","8 and up",5.95,1,5.95,3.09,"Check","D.W.|880-7199","No","No",39,"Yes"]
[659106,"2010-12-02","18:23:24","L256/PE",256,"Lego","Police Officers and Motorcycle","9 and up",9.9499999999999993,4,39.799999999999997,17.920000000000002,"Discover","H.B.|880-3254","No","No",34,"No"]
[659126,"2010-12-02","15:17:24","D254/FE",192,"Duplo","Policemen","6 and up",9.9499999999999993,1,9.9499999999999993,5.17,"Cash","D.S.|880-7532","No","No",39,"Yes"]
[659155,"2010-12-02","16:20:24","D255/FE",192,"Duplo","Policemen","6 and up",9.9499999999999993,2,19.899999999999999,10.34,"Visa","Y.P.|880-6894","No","No",32,"No"]
[659189,"2010-12-02","14:21:00","D198/LX",192,"Duplo","Policemen","6 and up",9.9499999999999993,1,9.9499999999999993,5.17,"Cash","Z.Q.|880-4240","No","No",47,"No"]
[659211,"2010-12-03","11:55:48","D254/FE",192,"Duplo","Policemen","6 and up",9.9499999999999993,2,19.899999999999999,10.34,"Visa","H.B.|880-3254","No","No",32,"No"]
[659219,"2010-12-03","13:50:24","D254/FE",192,"Duplo","Policemen","6 and up",9.9499999999999993,1,9.9499999999999993,5.17,"Mastercard","B.X.|880-9149","No","No",25,"Yes"]
[659261,"2010-12-03","11:11:24","D255/FE",192,"Duplo","Policemen","6 and up",9.9499999999999993,2,19.899999999999999,10.34,"Visa","V.W.|880-4523","No","No",40,"No"]
[659269,"2010-12-03","13:43:40.800","D254/FE",192,"Duplo","Policemen","6 and up",9.9499999999999993,1,9.9499999999999993,5.17,"Visa","P.N.|880-3021","No","No",44,"Yes"]
[659277,"2010-12-04","09:50:24","L195/AE",195,"Lego","Airplane","8 and up",5.95,5,29.75,15.45,"Cash","D.Z.|880-1179","Yes","No",73,"Yes"]
[659294,"2010-12-04","11:57:36","D254/FE",192,"Duplo","Policemen","6 and up",9.9499999999999993,2,19.899999999999999,10.34,"Check","Y.P.|880-6894","No","No",25,"No"]
[659294,"2010-12-04","11:57:36","D255/FE",192,"Duplo","Policemen","6 and up",9.9499999999999993,1,9.9499999999999993,5.17,"Check","Y.P.|880-6894","No","No",25,"No"]
[659343,"2010-12-05","16:59:24","L256/PE",256,"Lego","Police Officers and Motorcycle","9 and up",9.9499999999999993,1,9.9499999999999993,4.4800000000000004,"Cash","B.Y.|880-6845","No","No",47,"No"]
[659353,"2010-12-05","11:27:36","D255/FE",192,"Duplo","Policemen","6 and up",9.9499999999999993,1,9.9499999999999993,5.17,"Cash","V.W.|880-8599","No","No",27,"Yes"]
[659395,"2010-12-05","14:23:13.200","D255/FE",192,"Duplo","Policemen","6 and up",9.9499999999999993,1,9.9499999999999993,5.17,"Visa","C.X.|880-3590","No","No",48,"No"]
[659439,"2010-12-05","08:54:36","D254/FE",192,"Duplo","Policemen","6 and up",9.9499999999999993,2,19.899999999999999,10.34,"Mastercard","D.W.|880-7199","No","No",41,"No"]
[659439,"2010-12-05","08:54:36","L195/AE",195,"Lego","Airplane","8 and up",5.95,2,11.9,6.18,"Mastercard","D.W.|880-7199","No","No",41,"No"]
[659457,"2010-12-05","16:34:48","D250/AT",192,"Duplo","Policemen","6 and up",9.9499999999999993,1,9.9499999999999993,5.17,"Visa","D.S.|880-7532","No","No",25,"Yes"]
[659478,"2010-12-06","16:59:24","L195/AE",195,"Lego","Airplane","8 and up",5.95,1,5.95,3.09,"Cash","L.C.|880-6872","No","No",42,"No"]
[659504,"2010-12-06","14:31:30","D255/FE",192,"Duplo","Policemen","6 and up",9.9499999999999993,5,49.75,25.85,"Cash","S.Y.|880-3139","No","No",29,"No"]
[659552,"2010-12-06","13:47:24","L195/AE",195,"Lego","Airplane","8 and up",5.95,1,5.95,3.09,"Discover","L.C.|880-6872","No","No",30,"No"]
[659552,"2010-12-06","13:47:24","D255/FE",192,"Duplo","Policemen","6 and up",9.9499999999999993,1,9.9499999999999993,5.17,"Discover","L.C.|880-6872","No","No",30,"No"]
[659591,"2010-12-06","16:34:40.800","D250/AT",192,"Duplo","Policemen","6 and up",9.9499999999999993,1,9.9499999999999993,5.17,"Visa","P.N.|880-3021","No","No",58,"No"]
[659591,"2010-12-06","16:34:40.800","D250/AT",192,"Duplo","Policemen","6 and up",9.9499999999999993,4,39.799999999999997,20.68,"Visa","P.N.|880-3021","No","No",58,"No"]
[659616,"2010-12-06","17:54:36","D254/FE",192,"Duplo","Policemen","6 and up",9.9499999999999993,1,9.9499999999999993,5.17,"Gift Card","Z.T.|880-7477","No","No",35,"No"]
[659629,"2010-12-06","11:29:56.400","D250/AT",192,"Duplo","Policemen","6 and up",9.9499999999999993,1,9.9499999999999993,5.17,"Mastercard","L.W.|880-4986","No","No",37,"No"]
[659646,"2010-12-06","12:03:00","L256/PE",256,"Lego","Police Officers and Motorcycle","9 and up",9.9499999999999993,5,49.75,22.4,"Mastercard","H.B.|880-3254","No","No",27,"No"]
[659651,"2010-12-06","16:55:55.200","D250/AT",192,"Duplo","Policemen","6 and up",9.9499999999999993,1,9.9499999999999993,5.17,"Mastercard","D.W.|880-7199","No","No",38,"Yes"]
[659692,"2010-12-06","14:40:12","D255/FE",192,"Duplo","Policemen","6 and up",9.9499999999999993,1,9.9499999999999993,5.17,"Visa","W.B.|880-9647","Yes","No",38,"Yes"]
[659699,"2010-12-06","14:00:36","L195/AE",195,"Lego","Airplane","8 and up",5.95,1,5.95,3.09,"Mastercard","V.W.|880-8599","No","No",53,"Yes"]
[659700,"2010-12-06","11:45:36","D218/FN",192,"Duplo","Policemen","6 and up",9.9499999999999993,4,39.799999999999997,20.68,"Mastercard","P.N.|880-3021","No","No",34,"No"]
[659720,"2010-12-08","16:45:36","D254/FE",192,"Duplo","Policemen","6 and up",9.9499999999999993,2,19.899999999999999,10.34,"Visa","P.N.|880-3021","No","No",18,"No"]
[659720,"2010-12-08","16:45:36","L256/PE",256,"Lego","Police Officers and Motorcycle","9 and up",9.9499999999999993,1,9.9499999999999993,4.4800000000000004,"Visa","P.N.|880-3021","No","No",18,"No"]
[659731,"2010-12-08","11:16:48","D250/AT",192,"Duplo","Policemen","6 and up",9.9499999999999993,1,9.9499999999999993,5.17,"Gift Card","Y.P.|880-6894","Yes","No",43,"No"]
[659750,"2010-12-09","15:01:48","D254/FE",192,"Duplo","Policemen","6 and up",9.9499999999999993,1,9.9499999999999993,5.17,"Mastercard","L.W.|880-4986","No","No",27,"No"]
[659750,"2010-12-09","15:01:48","L195/AE",195,"Lego","Airplane","8 and up",5.95,1,5.95,3.09,"Mastercard","L.W.|880-4986","No","No",27,"No"]
[659750,"2010-12-09","15:01:48","D254/FE",192,"Duplo","Policemen","6 and up",9.9499999999999993,2,19.899999999999999,10.34,"Mastercard","L.W.|880-4986","No","No",27,"No"]
[659759,"2010-12-09","13:17:24","D255/FE",192,"Duplo","Policemen","6 and up",9.9499999999999993,1,9.9499999999999993,5.17,"Visa","S.Y.|880-3139","No","No",30,"No"]
[659765,"2010-12-09","14:23:24","L195/AE",195,"Lego","Airplane","8 and up",5.95,1,5.95,3.09,"Visa","Z.Q.|880-4240","Yes","No",27,"No"]
[659788,"2010-12-10","10:32:13.200","L195/AE",195,"Lego","Airplane","8 and up",5.95,3,17.850000000000001,9.27,"Check","H.B.|880-3254","No","No",7,"Yes"]
[659807,"2010-12-10","13:36:36","D192/PN",192,"Duplo","Policemen","6 and up",9.9499999999999993,1,9.9499999999999993,5.17,"Visa","B.Y.|880-6845","No","No",50,"No"]
[659830,"2010-12-10","10:07:12","D255/FE",192,"Duplo","Policemen","6 and up",9.9499999999999993,1,9.9499999999999993,5.17,"Gift Card","W.C.|880-4861","No","No",31,"Yes"]
[659835,"2010-12-10","16:01:12","L195/AE",195,"Lego","Airplane","8 and up",5.95,4,23.8,12.36,"Visa","W.B.|880-9647","No","No",44,"No"]
[659855,"2010-12-10","18:27:36","D255/FE",192,"Duplo","Policemen","6 and up",9.9499999999999993,2,19.899999999999999,10.34,"Mastercard","U.O.|880-3720","No","No",67,"No"]
[659882,"2010-12-10","13:40:55.200","L256/PE",256,"Lego","Police Officers and Motorcycle","9 and up",9.9499999999999993,2,19.899999999999999,8.9600000000000009,"Visa","Z.T.|880-7477","Yes","Yes",46,"No"]
[659895,"2010-12-11","11:38:24","D250/AT",192,"Duplo","Policemen","6 and up",9.9499999999999993,2,19.899999999999999,10.34,"Cash","L.C.|880-6872","No","No",25,"No"]
[659916,"2010-12-12","14:19:12","L210/CS",210,"Lego","Cowboys with Horses","6 and up",9.4499999999999993,1,9.4499999999999993,4.63,"Visa","C.X.|880-3590","No","No",42,"Yes"]
[659916,"2010-12-12","14:19:12","D254/FE",192,"Duplo","Policemen","6 and up",9.9499999999999993,2,19.899999999999999,10.34,"Visa","C.X.|880-3590","No","No",42,"Yes"]
[659936,"2010-12-13","11:38:24","D255/FE",192,"Duplo","Policemen","6 and up",9.9499999999999993,1,9.9499999999999993,5.17,"Cash","L.C.|880-6872","No","No",38,"No"]
[659976,"2010-12-13","12:45:50.400","L256/PE",256,"Lego","Police Officers and Motorcycle","9 and up",9.9499999999999993,1,9.9499999999999993,4.4800000000000004,"Cash","W.C.|880-4861","No","No",25,"No"]
[659976,"2010-12-13","12:45:50.400","D255/FE",192,"Duplo","Policemen","6 and up",9.9499999999999993,1,9.9499999999999993,5.17,"Cash","W.C.|880-4861","No","No",25,"No"]
[659976,"2010-12-13","12:45:50.400","L195/AE",195,"Lego","Airplane","8 and up",5.95,1,5.95,3.09,"Cash","W.C.|880-4861","No","No",25,"No"]
[660004,"2010-12-13","16:22:12","D255/FE",192,"Duplo","Policemen","6 and up",9.9499999999999993,1,9.9499999999999993,5.17,"Cash","W.B.|880-9647","Yes","No",43,"No"]
[660020,"2010-12-14","20:35:24","L256/PE",256,"Lego","Police Officers and Motorcycle","9 and up",9.9499999999999993,5,49.75,22.4,"Gift Card","B.X.|880-9149","No","No",67,"No"]
[660045,"2010-12-14","13:21:36","D250/AT",192,"Duplo","Policemen","6 and up",9.9499999999999993,4,39.799999999999997,20.68,"Cash","B.X.|880-9149","No","No",34,"Yes"]
[660045,"2010-12-14","13:21:36","L195/AE",195,"Lego","Airplane","8 and up",5.95,1,5.95,3.09,"Cash","B.X.|880-9149","No","No",34,"Yes"]
[660066,"2010-12-14","11:16:48","D254/FE",192,"Duplo","Policemen","6 and up",9.9499999999999993,5,49.75,25.85,"Mastercard","D.U.|880-2953","No","No",34,"No"]
[660066,"2010-12-14","11:16:48","L195/AE",195,"Lego","Airplane","8 and up",5.95,1,5.95,3.09,"Mastercard","D.U.|880-2953","No","No",34,"No"]
[660066,"2010-12-14","11:16:48","D255/FE",192,"Duplo","Policemen","6 and up",9.9499999999999993,2,19.899999999999999,10.34,"Mastercard","D.U.|880-2953","No","No",34,"No"]
[660097,"2010-12-14","14:00:00","D255/FE",192,"Duplo","Policemen","6 and up",9.9499999999999993,2,19.899999999999999,10.34,"Mastercard","B.X.|880-9149","Yes","Yes",39,"No"]
[660117,"2010-12-15","13:02:45.600","D192/PN",192,"Duplo","Policemen","6 and up",9.9499999999999993,1,9.9499999999999993,5.17,"Visa","S.V.|880-5987","Yes","No",35,"No"]
[660150,"2010-12-15","10:01:30","D255/FE",192,"Duplo","Policemen","6 and up",9.9499999999999993,1,9.9499999999999993,5.17,"Gift Card","B.B.|880-9330","No","No",38,"No"]
[660150,"2010-12-15","10:01:30","L195/AE",195,"Lego","Airplane","8 and up",5.95,1,5.95,3.09,"Gift Card","B.B.|880-9330","No","No",38,"No"]
[660165,"2010-12-15","13:51:21.600","D250/AT",192,"Duplo","Policemen","6 and up",9.9499999999999993,1,9.9499999999999993,5.17,"Visa","B.B.|880-9330","No","No",41,"No"]
[660208,"2010-12-15","15:15:03.600","D250/AT",192,"Duplo","Policemen","6 and up",9.9499999999999993,1,9.9499999999999993,5.17,"Cash","Z.Q.|880-4240","No","No",39,"No"]
[660241,"2010-12-15","12:40:48","L256/PE",256,"Lego","Police Officers and Motorcycle","9 and up",9.9499999999999993,1,9.9499999999999993,4.4800000000000004,"Visa","L.C.|880-6872","No","Yes",41,"Yes"]
[660241,"2010-12-15","12:40:48","L256/PE",256,"Lego","Police Officers and Motorcycle","9 and up",9.9499999999999993,1,9.9499999999999993,4.4800000000000004,"Visa","L.C.|880-6872","No","Yes",41,"Yes"]
[660275,"2010-12-16","11:27:00","D255/FE",192,"Duplo","Policemen","6 and up",9.9499999999999993,1,9.9499999999999993,5.17,"Mastercard","W.B.|880-9647","No","No",44,"Yes"]
[660317,"2010-12-16","13:17:02.400","D254/FE",192,"Duplo","Policemen","6 and up",9.9499999999999993,1,9.9499999999999993,5.17,"Gift Card","U.W.|880-9683","No","No",38,"No"]
[660317,"2010-12-16","13:17:02.400","D254/FE",192,"Duplo","Policemen","6 and up",9.9499999999999993,1,9.9499999999999993,5.17,"Gift Card","U.W.|880-9683","No","No",38,"No"]
[660341,"2010-12-16","10:45:00","D250/AT",192,"Duplo","Policemen","6 and up",9.9499999999999993,2,19.899999999999999,10.34,"Cash","L.W.|880-4986","No","No",40,"No"]
[660374,"2010-12-16","15:52:48","D254/FE",192,"Duplo","Policemen","6 and up",9.9499999999999993,2,19.899999999999999,10.34,"Mastercard","U.O.|880-3720","No","Yes",40,"No"]
[660374,"2010-12-16","15:52:48","L256/PE",256,"Lego","Police Officers and Motorcycle","9 and up",9.9499999999999993,2,19.899999999999999,8.9600000000000009,"Mastercard","U.O.|880-3720","No","Yes",40,"No"]
[660413,"2010-12-16","13:23:52.800","D254/FE",192,"Duplo","Policemen","6 and up",9.9499999999999993,1,9.9499999999999993,5.17,"Visa","Z.T.|880-7477","No","No",38,"No"]
[660413,"2010-12-16","13:23:52.800","D250/AT",192,"Duplo","Policemen","6 and up",9.9499999999999993,1,9.9499999999999993,5.17,"Visa","Z.T.|880-7477","No","No",38,"No"]
[660459,"2010-12-16","15:48:36","D199/SR",192,"Duplo","Policemen","6 and up",9.9499999999999993,1,9.9499999999999993,5.17,"Gift Card","S.V.|880-5987","No","No",35,"No"]
[660490,"2010-12-16","10:12:32.400","L256/PE",256,"Lego","Police Officers and Motorcycle","9 and up",9.9499999999999993,2,19.899999999999999,8.9600000000000009,"Cash","L.W.|880-4986","No","No",34,"Yes"]
[660503,"2010-12-16","20:53:24","D198/LX",192,"Duplo","Policemen","6 and up",9.9499999999999993,1,9.9499999999999993,5.17,"Visa","C.X.|880-3590","No","No",29,"No"]
[660544,"2010-12-16","15:32:24","D254/FE",192,"Duplo","Policemen","6 and up",9.9499999999999993,4,39.799999999999997,20.68,"Cash","Z.Q.|880-4240","No","No",40,"No"]
[660556,"2010-12-16","12:57:10.800","D254/FE",192,"Duplo","Policemen","6 and up",9.9499999999999993,1,9.9499999999999993,5.17,"Visa","N.W.|880-6237","No","No",41,"No"]
[660562,"2010-12-17","15:18:36","D250/AT",192,"Duplo","Policemen","6 and up",9.9499999999999993,1,9.9499999999999993,5.17,"Visa","H.B.|880-3254","Yes","No",32,"No"]
[660563,"2010-12-17","11:56:24","L195/AE",195,"Lego","Airplane","8 and up",5.95,1,5.95,3.09,"Mastercard","B.B.|880-9330","No","No",36,"No"]
[660571,"2010-12-17","10:11:24","L195/AE",195,"Lego","Airplane","8 and up",5.95,2,11.9,6.18,"Visa","U.O.|880-3720","No","No",40,"No"]
[660571,"2010-12-17","10:11:24","D250/AT",192,"Duplo","Policemen","6 and up",9.9499999999999993,2,19.899999999999999,10.34,"Visa","U.O.|880-3720","No","No",40,"No"]
[660576,"2010-12-18","15:12:00","L195/AE",195,"Lego","Airplane","8 and up",5.95,2,11.9,6.18,"Visa","N.W.|880-6237","No","No",30,"Yes"]
[660585,"2010-12-18","12:06:36","L256/PE",256,"Lego","Police Officers and Motorcycle","9 and up",9.9499999999999993,3,29.849999999999998,13.44,"Mastercard","B.Y.|880-6845","No","Yes",40,"No"]
[660585,"2010-12-18","12:06:36","D250/AT",192,"Duplo","Policemen","6 and up",9.9499999999999993,4,39.799999999999997,20.68,"Mastercard","B.Y.|880-6845","No","Yes",40,"No"]
[660633,"2010-12-18","11:17:24","L256/PE",256,"Lego","Police Officers and Motorcycle","9 and up",9.9499999999999993,2,19.899999999999999,8.9600000000000009,"Visa","S.V.|880-5987","No","No",36,"No"]
[660633,"2010-12-18","11:17:24","D255/FE",192,"Duplo","Policemen","6 and up",9.9499999999999993,2,19.899999999999999,10.34,"Visa","S.V.|880-5987","No","No",36,"No"]
[660668,"2010-12-18","12:24:25.200","L256/PE",256,"Lego","Police Officers and Motorcycle","9 and up",9.9499999999999993,4,39.799999999999997,17.920000000000002,"Visa","B.Y.|880-6845","No","No",42,"No"]
[660668,"2010-12-18","12:24:25.200","D254/FE",192,"Duplo","Policemen","6 and up",9.9499999999999993,1,9.9499999999999993,5.17,"Visa","B.Y.|880-6845","No","No",42,"No"]
[660685,"2010-12-19","12:01:48","D255/FE",192,"Duplo","Policemen","6 and up",9.9499999999999993,5,49.75,25.85,"Gift Card","N.W.|880-6237","No","No",31,"No"]
[660685,"2010-12-19","12:01:48","L340/FS",340,"Lego","Fire Trucks","6 and up",34.950000000000003,2,69.900000000000006,39.840000000000003,"Gift Card","N.W.|880-6237","No","No",31,"No"]
[660685,"2010-12-19","12:01:48","D255/FE",192,"Duplo","Policemen","6 and up",9.9499999999999993,2,19.899999999999999,10.34,"Gift Card","N.W.|880-6237","No","No",31,"No"]
[660707,"2010-12-20","12:01:12","D192/PN",192,"Duplo","Policemen","6 and up",9.9499999999999993,2,19.899999999999999,10.34,"Visa","A.U.|880-2167","No","No",30,"No"]
[660757,"2010-12-20","12:59:24","D254/FE",192,"Duplo","Policemen","6 and up",9.9499999999999993,1,9.9499999999999993,5.17,"Gift Card","B.Y.|880-6845","No","No",51,"Yes"]
[660805,"2010-12-21","13:11:52.800","L195/AE",195,"Lego","Airplane","8 and up",5.95,1,5.95,3.09,"Visa","D.S.|880-7532","No","No",45,"No"]
[660845,"2010-12-21","15:29:24","D250/AT",192,"Duplo","Policemen","6 and up",9.9499999999999993,1,9.9499999999999993,5.17,"Cash","Z.T.|880-7477","No","No",38,"No"]
[660893,"2010-12-21","10:17:52.800","L195/AE",195,"Lego","Airplane","8 and up",5.95,4,23.8,12.36,"Visa","Z.Q.|880-4240","No","No",27,"Yes"]
[660926,"2010-12-21","16:24:36","L256/PE",256,"Lego","Police Officers and Motorcycle","9 and up",9.9499999999999993,2,19.899999999999999,8.9600000000000009,"Visa","D.W.|880-7199","No","No",39,"Yes"]
[660964,"2010-12-21","08:19:33.600","D254/FE",192,"Duplo","Policemen","6 and up",9.9499999999999993,1,9.9499999999999993,5.17,"Mastercard","H.B.|880-3254","No","No",48,"No"]
[660989,"2010-12-21","15:51:00","L196/AR",196,"Lego","Antique Car","8 and up",7.95,3,23.85,13.35,"Cash","V.W.|880-8599","No","No",73,"No"]
[660994,"2010-12-21","12:54:36","L195/AE",195,"Lego","Airplane","8 and up",5.95,1,5.95,3.09,"Visa","C.X.|880-3590","No","No",31,"No"]
[661002,"2010-12-22","15:02:24","D250/AT",192,"Duplo","Policemen","6 and up",9.9499999999999993,1,9.9499999999999993,5.17,"Visa","L.W.|880-4986","No","No",35,"No"]
[661044,"2010-12-22","08:52:12","D254/FE",192,"Duplo","Policemen","6 and up",9.9499999999999993,1,9.9499999999999993,5.17,"Cash","W.C.|880-4861","No","No",40,"Yes"]
[661083,"2010-12-22","18:15:00","L195/AE",195,"Lego","Airplane","8 and up",5.95,1,5.95,3.09,"Cash","A.U.|880-2167","No","No",48,"Yes"]
[661083,"2010-12-22","18:15:00","D255/FE",192,"Duplo","Policemen","6 and up",9.9499999999999993,2,19.899999999999999,10.34,"Cash","A.U.|880-2167","No","No",48,"Yes"]
[661083,"2010-12-22","18:15:00","D255/FE",192,"Duplo","Policemen","6 and up",9.9499999999999993,5,49.75,25.85,"Cash","A.U.|880-2167","No","No",48,"Yes"]
[661121,"2010-12-23","12:52:12","D255/FE",192,"Duplo","Policemen","6 and up",9.9499999999999993,1,9.9499999999999993,5.17,"Check","S.V.|880-5987","No","No",37,"No"]
[661154,"2010-12-24","16:18:50.400","L210/CS",210,"Lego","Cowboys with Horses","6 and up",9.4499999999999993,1,9.4499999999999993,4.63,"Gift Card","V.W.|880-4523","No","No",35,"No"]
[661195,"2010-12-24","10:36:00","D250/AT",192,"Duplo","Policemen","6 and up",9.9499999999999993,2,19.899999999999999,10.34,"Check","B.X.|880-9149","No","No",49,"No"]
[661234,"2010-12-24","13:44:06","D198/LX",192,"Duplo","Policemen","6 and up",9.9499999999999993,1,9.9499999999999993,5.17,"Visa","D.U.|880-2953","No","No",54,"No"]
[661236,"2010-12-24","13:19:48","D254/FE",192,"Duplo","Policemen","6 and up",9.9499999999999993,2,19.899999999999999,10.34,"Mastercard","P.N.|880-3021","Yes","No",42,"No"]
[661251,"2010-12-25","16:49:48","L195/AE",195,"Lego","Airplane","8 and up",5.95,1,5.95,3.09,"Visa","B.Y.|880-6845","No","No",50,"No"]
[661251,"2010-12-25","16:49:48","D254/FE",192,"Duplo","Policemen","6 and up",9.9499999999999993,5,49.75,25.85,"Visa","B.Y.|880-6845","No","No",50,"No"]
[661286,"2010-12-25","12:55:12","L256/PE",256,"Lego","Police Officers and Motorcycle","9 and up",9.9499999999999993,1,9.9499999999999993,4.4800000000000004,"Visa","U.O.|880-3720","No","No",39,"No"]
[661326,"2010-12-25","14:31:48","D250/AT",192,"Duplo","Policemen","6 and up",9.9499999999999993,1,9.9499999999999993,5.17,"Visa","V.W.|880-4523","No","No",11,"Yes"]
[661368,"2010-12-25","19:24:36","D254/FE",192,"Duplo","Policemen","6 and up",9.9499999999999993,1,9.9499999999999993,5.17,"Gift Card","H.B.|880-3254","No","No",36,"Yes"]
[661387,"2010-12-25","14:20:24","L195/AE",195,"Lego","Airplane","8 and up",5.95,5,29.75,15.45,"Cash","S.V.|880-5987","No","No",43,"No"]
[661403,"2010-12-25","14:46:12","L195/AE",195,"Lego","Airplane","8 and up",5.95,1,5.95,3.09,"Mastercard","D.U.|880-2953","No","Yes",39,"No"]
[661431,"2010-12-25","15:06:00","L195/AE",195,"Lego","Airplane","8 and up",5.95,2,11.9,6.18,"Mastercard","S.Y.|880-3139","No","No",39,"Yes"]
[661475,"2010-12-25","10:13:12","L252/LR",255,"Duplo","Farming Scene","7 and up",24.95,4,99.8,64.88,"Mastercard","W.B.|880-9647","Yes","No",42,"No"]
[661481,"2010-12-31","12:12:36","D250/AT",192,"Duplo","Policemen","6 and up",9.9499999999999993,2,19.899999999999999,10.34,"Check","P.N.|880-3021","No","No",33,"Yes"]
[661528,"2011-01-05","11:54:00","L256/PE",256,"Lego","Police Officers and Motorcycle","9 and up",9.9499999999999993,1,9.9499999999999993,4.4800000000000004,"Cash","N.W.|880-6237","No","No",50,"No"]
[661558,"2011-01-06","10:06:00","D255/FE",192,"Duplo","Policemen","6 and up",9.9499999999999993,1,9.9499999999999993,5.17,"Mastercard","P.N.|880-3021","Yes","Yes",33,"No"]
[661568,"2011-01-21","16:55:12","D198/LX",192,"Duplo","Policemen","6 and up",9.9499999999999993,2,19.899999999999999,10.34,"Visa","W.B.|880-9647","No","No",39,"No"]
[661602,"2011-01-23","13:59:24","D250/AT",192,"Duplo","Policemen","6 and up",9.9499999999999993,1,9.9499999999999993,5.17,"Mastercard","U.W.|880-9683","No","No",16,"No"]
[661635,"2011-01-31","08:40:15.600","D254/FE",192,"Duplo","Policemen","6 and up",9.9499999999999993,1,9.9499999999999993,5.17,"Check","Z.T.|880-7477","No","No",32,"No"]
[661651,"2011-02-08","15:25:12","D254/FE",192,"Duplo","Policemen","6 and up",9.9499999999999993,1,9.9499999999999993,5.17,"Mastercard","B.X.|880-9149","No","No",31,"No"]
[661651,"2011-02-08","15:25:12","D250/AT",192,"Duplo","Policemen","6 and up",9.9499999999999993,2,19.899999999999999,10.34,"Mastercard","B.X.|880-9149","No","No",31,"No"]
[661664,"2011-02-22","15:43:12","L195/AE",195,"Lego","Airplane","8 and up",5.95,1,5.95,3.09,"Visa","S.V.|880-5987","No","No",25,"No"]
[661664,"2011-02-22","15:43:12","L195/AE",195,"Lego","Airplane","8 and up",5.95,2,11.9,6.18,"Visa","S.V.|880-5987","No","No",25,"No"]
[661705,"2011-02-28","15:21:07.200","D218/FN",192,"Duplo","Policemen","6 and up",9.9499999999999993,5,49.75,25.85,"Gift Card","D.Z.|880-1179","No","No",40,"No"]
[661721,"2011-02-28","14:45:00","L256/PE",256,"Lego","Police Officers and Motorcycle","9 and up",9.9499999999999993,5,49.75,22.4,"Visa","A.U.|880-2167","No","Yes",55,"No"]
[661734,"2011-03-12","13:06:00","D250/AT",192,"Duplo","Policemen","6 and up",9.9499999999999993,2,19.899999999999999,10.34,"Check","Z.T.|880-7477","No","No",47,"No"]
[661758,"2011-03-18","12:53:24","L195/AE",195,"Lego","Airplane","8 and up",5.95,3,17.850000000000001,9.27,"Mastercard","B.Y.|880-6845","No","No",61,"No"]
[661758,"2011-03-18","12:53:24","L195/AE",195,"Lego","Airplane","8 and up",5.95,1,5.95,3.09,"Mastercard","B.Y.|880-6845","No","No",61,"No"]
[661772,"2011-03-25","09:26:34.800","L197/FS",199,"Duplo","Scooter","4 and up",4.95,2,9.9,5.04,"Cash","N.C.|880-3850","No","No",43,"No"]
[661774,"2011-04-19","09:30:14.400","L252/LR",255,"Duplo","Farming Scene","7 and up",24.95,1,24.95,16.22,"Visa","Y.P.|880-6894","No","No",32,"Yes"]
[661786,"2011-04-19","15:30:18","L256/PE",256,"Lego","Police Officers and Motorcycle","9 and up",9.9499999999999993,1,9.9499999999999993,4.4800000000000004,"Check","S.Y.|880-3139","No","No",25,"No"]
[661786,"2011-04-19","15:30:18","L210/CS",210,"Lego","Cowboys with Horses","6 and up",9.4499999999999993,2,18.899999999999999,9.26,"Check","S.Y.|880-3139","No","No",25,"No"]
[661817,"2011-04-28","18:00:36","D255/FE",192,"Duplo","Policemen","6 and up",9.9499999999999993,2,19.899999999999999,10.34,"Mastercard","W.C.|880-4861","No","No",32,"No"]
[661861,"2011-05-07","12:36:21.600","L256/PE",256,"Lego","Police Officers and Motorcycle","9 and up",9.9499999999999993,1,9.9499999999999993,4.4800000000000004,"Visa","V.W.|880-8599","No","No",37,"No"]
[661908,"2011-05-08","14:52:48","D255/FE",192,"Duplo","Policemen","6 and up",9.9499999999999993,2,19.899999999999999,10.34,"Discover","P.N.|880-3021","No","No",27,"No"]
[661933,"2011-05-08","13:28:15.600","L195/AE",195,"Lego","Airplane","8 and up",5.95,3,17.850000000000001,9.27,"Cash","B.B.|880-9330","No","No",57,"No"]
[661972,"2011-05-14","14:13:48","D254/FE",192,"Duplo","Policemen","6 and up",9.9499999999999993,1,9.9499999999999993,5.17,"Visa","L.W.|880-4986","No","No",38,"No"]
[662019,"2011-05-17","12:21:46.800","D254/FE",192,"Duplo","Policemen","6 and up",9.9499999999999993,2,19.899999999999999,10.34,"Mastercard","U.O.|880-3720","No","No",38,"No"]
[662019,"2011-05-17","12:21:46.800","L195/AE",195,"Lego","Airplane","8 and up",5.95,4,23.8,12.36,"Mastercard","U.O.|880-3720","No","No",38,"No"]
[662065,"2011-05-24","12:55:12","D250/AT",192,"Duplo","Policemen","6 and up",9.9499999999999993,1,9.9499999999999993,5.17,"Cash","P.N.|880-3021","No","No",38,"No"]
[662065,"2011-05-24","12:55:12","D254/FE",192,"Duplo","Policemen","6 and up",9.9499999999999993,2,19.899999999999999,10.34,"Cash","P.N.|880-3021","No","No",38,"No"]
[662065,"2011-05-24","12:55:12","L256/PE",256,"Lego","Police Officers and Motorcycle","9 and up",9.9499999999999993,1,9.9499999999999993,4.4800000000000004,"Cash","P.N.|880-3021","No","No",38,"No"]
[662077,"2011-05-29","16:27:00","D254/FE",192,"Duplo","Policemen","6 and up",9.9499999999999993,1,9.9499999999999993,5.17,"Visa","B.B.|880-9330","No","No",43,"Yes"]
[662078,"2011-05-30","14:21:36","D250/AT",192,"Duplo","Policemen","6 and up",9.9499999999999993,2,19.899999999999999,10.34,"Visa","D.S.|880-7532","No","No",12,"No"]
[662095,"2011-06-02","18:13:48","D254/FE",192,"Duplo","Policemen","6 and up",9.9499999999999993,1,9.9499999999999993,5.17,"Visa","N.C.|880-3850","No","No",47,"No"]
[662095,"2011-06-02","18:13:48","D254/FE",192,"Duplo","Policemen","6 and up",9.9499999999999993,2,19.899999999999999,10.34,"Visa","N.C.|880-3850","No","No",47,"No"]
[662140,"2011-06-16","09:16:33.600","D255/FE",192,"Duplo","Policemen","6 and up",9.9499999999999993,2,19.899999999999999,10.34,"Check","Y.P.|880-6894","No","No",37,"No"]
[662189,"2011-06-20","08:01:12","L195/AE",195,"Lego","Airplane","8 and up",5.95,3,17.850000000000001,9.27,"Check","D.W.|880-7199","Yes","No",34,"No"]
[662221,"2011-06-23","15:45:07.200","L256/PE",256,"Lego","Police Officers and Motorcycle","9 and up",9.9499999999999993,1,9.9499999999999993,4.4800000000000004,"Visa","A.U.|880-2167","No","No",43,"No"]
[662242,"2011-06-25","08:20:56.400","L212/SD",212,"Lego","Scooter and Stand","6 and up",4.95,2,9.9,4.46,"Visa","Z.Q.|880-4240","No","No",39,"No"]
[662272,"2011-06-26","11:42:00","L210/CS",210,"Lego","Cowboys with Horses","6 and up",9.4499999999999993,1,9.4499999999999993,4.63,"Visa","L.W.|880-4986","No","Yes",44,"No"]
[662272,"2011-06-26","11:42:00","L195/AE",195,"Lego","Airplane","8 and up",5.95,2,11.9,6.18,"Visa","L.W.|880-4986","No","Yes",44,"No"]
[662313,"2011-06-27","15:50:24","L256/PE",256,"Lego","Police Officers and Motorcycle","9 and up",9.9499999999999993,3,29.849999999999998,13.44,"Visa","B.X.|880-9149","No","No",31,"No"]
[662321,"2011-06-27","09:15:36","L195/AE",195,"Lego","Airplane","8 and up",5.95,5,29.75,15.45,"Visa","W.C.|880-4861","No","No",40,"No"]
[662333,"2011-07-03","13:39:00","D255/FE",192,"Duplo","Policemen","6 and up",9.9499999999999993,2,19.899999999999999,10.34,"Discover","N.C.|880-3850","No","Yes",22,"No"]
[662367,"2011-07-03","19:03:00","D255/FE",192,"Duplo","Policemen","6 and up",9.9499999999999993,1,9.9499999999999993,5.17,"Visa","V.W.|880-4523","No","No",47,"No"]
[662408,"2011-07-18","16:54:00","D255/FE",192,"Duplo","Policemen","6 and up",9.9499999999999993,1,9.9499999999999993,5.17,"Check","V.W.|880-4523","No","No",35,"No"]
[662436,"2011-07-20","11:17:20.400","D250/AT",192,"Duplo","Policemen","6 and up",9.9499999999999993,2,19.899999999999999,10.34,"Check","N.W.|880-6237","No","No",36,"No"]
[662462,"2011-07-22","13:50:27.600","D255/FE",192,"Duplo","Policemen","6 and up",9.9499999999999993,1,9.9499999999999993,5.17,"Cash","S.V.|880-5987","No","No",32,"Yes"]
[662467,"2011-07-25","15:39:36","D254/FE",192,"Duplo","Policemen","6 and up",9.9499999999999993,2,19.899999999999999,10.34,"Visa","P.N.|880-3021","Yes","No",25,"No"]
[662496,"2011-07-26","14:05:52.800","L195/AE",195,"Lego","Airplane","8 and up",5.95,1,5.95,3.09,"Mastercard","D.Z.|880-1179","No","No",30,"No"]
[662514,"2011-08-13","12:37:48","L256/PE",256,"Lego","Police Officers and Motorcycle","9 and up",9.9499999999999993,1,9.9499999999999993,4.4800000000000004,"Cash","U.O.|880-3720","Yes","Yes",38,"No"]
[662560,"2011-08-17","11:47:24","D255/FE",192,"Duplo","Policemen","6 and up",9.9499999999999993,4,39.799999999999997,20.68,"Visa","Z.T.|880-7477","No","Yes",49,"No"]
[662571,"2011-08-19","14:42:36","D250/AT",192,"Duplo","Policemen","6 and up",9.9499999999999993,1,9.9499999999999993,5.17,"Mastercard","A.U.|880-2167","No","No",32,"No"]
[662586,"2011-08-19","16:00:00","D250/AT",192,"Duplo","Policemen","6 and up",9.9499999999999993,5,49.75,25.85,"Gift Card","W.B.|880-9647","No","No",51,"Yes"]
[662599,"2011-08-23","14:36:00","D255/FE",192,"Duplo","Policemen","6 and up",9.9499999999999993,1,9.9499999999999993,5.17,"Visa","U.W.|880-9683","No","No",44,"No"]
[662613,"2011-08-23","14:25:01.200","L195/AE",195,"Lego","Airplane","8 and up",5.95,2,11.9,6.18,"Gift Card","N.W.|880-6237","Yes","Yes",18,"No"]
[662613,"2011-08-23","14:25:01.200","D254/FE",192,"Duplo","Policemen","6 and up",9.9499999999999993,1,9.9499999999999993,5.17,"Gift Card","N.W.|880-6237","Yes","Yes",18,"No"]
[662663,"2011-08-25","08:21:36","L195/AE",195,"Lego","Airplane","8 and up",5.95,1,5.95,3.09,"Mastercard","D.U.|880-2953","No","No",43,"No"]
[662663,"2011-08-25","08:21:36","D255/FE",192,"Duplo","Policemen","6 and up",9.9499999999999993,2,19.899999999999999,10.34,"Mastercard","D.U.|880-2953","No","No",43,"No"]
[662693,"2011-08-30","15:29:49.200","L195/AE",195,"Lego","Airplane","8 and up",5.95,5,29.75,15.45,"Visa","D.Z.|880-1179","No","No",27,"No"]
[662695,"2011-09-01","11:31:58.800","L340/FS",340,"Lego","Fire Trucks","6 and up",34.950000000000003,2,69.900000000000006,39.840000000000003,"Visa","N.W.|880-6237","Yes","No",49,"No"]
[662729,"2011-09-03","15:09:36","D255/FE",192,"Duplo","Policemen","6 and up",9.9499999999999993,2,19.899999999999999,10.34,"Gift Card","Z.T.|880-7477","No","No",31,"No"]
[662751,"2011-09-03","10:57:36","L256/PE",256,"Lego","Police Officers and Motorcycle","9 and up",9.9499999999999993,5,49.75,22.4,"Cash","U.W.|880-9683","No","Yes",43,"Yes"]
[662775,"2011-09-12","13:20:38.400","L256/PE",256,"Lego","Police Officers and Motorcycle","9 and up",9.9499999999999993,5,49.75,22.4,"Check","S.Y.|880-3139","No","No",35,"Yes"]
[662824,"2011-09-16","14:01:12","D250/AT",192,"Duplo","Policemen","6 and up",9.9499999999999993,1,9.9499999999999993,5.17,"Cash","W.C.|880-4861","No","No",49,"No"]
[662870,"2011-09-17","11:14:38.400","L195/AE",195,"Lego","Airplane","8 and up",5.95,2,11.9,6.18,"Visa","W.C.|880-4861","No","No",47,"Yes"]
[662870,"2011-09-17","11:14:38.400","L256/PE",256,"Lego","Police Officers and Motorcycle","9 and up",9.9499999999999993,1,9.9499999999999993,4.4800000000000004,"Visa","W.C.|880-4861","No","No",47,"Yes"]
[662883,"2011-09-18","12:06:00","L256/PE",256,"Lego","Police Officers and Motorcycle","9 and up",9.9499999999999993,5,49.75,22.4,"Cash","W.C.|880-4861","No","No",36,"No"]
[662923,"2011-09-18","19:06:36","D250/AT",192,"Duplo","Policemen","6 and up",9.9499999999999993,1,9.9499999999999993,5.17,"Visa","W.C.|880-4861","No","No",34,"No"]
[662964,"2011-09-29","15:36:00","L195/AE",195,"Lego","Airplane","8 and up",5.95,1,5.95,3.09,"Cash","D.U.|880-2953","No","No",40,"Yes"]
[662977,"2011-09-29","15:48:36","L195/AE",195,"Lego","Airplane","8 and up",5.95,1,5.95,3.09,"Mastercard","D.U.|880-2953","Yes","No",44,"No"]
[662993,"2011-10-06","09:22:12","L256/PE",256,"Lego","Police Officers and Motorcycle","9 and up",9.9499999999999993,2,19.899999999999999,8.9600000000000009,"Mastercard","D.U.|880-2953","No","No",33,"Yes"]
[663020,"2011-10-13","15:22:12","L256/PE",256,"Lego","Police Officers and Motorcycle","9 and up",9.9499999999999993,1,9.9499999999999993,4.4800000000000004,"Visa","V.W.|880-8599","Yes","No",44,"Yes"]
[663036,"2011-10-25","16:52:12","D250/AT",192,"Duplo","Policemen","6 and up",9.9499999999999993,2,19.899999999999999,10.34,"Visa","L.C.|880-6872","No","No",22,"No"]
[663053,"2011-10-29","13:27:36","L195/AE",195,"Lego","Airplane","8 and up",5.95,2,11.9,6.18,"Visa","Z.T.|880-7477","No","No",38,"No"]
[663053,"2011-10-29","13:27:36","L195/AE",195,"Lego","Airplane","8 and up",5.95,1,5.95,3.09,"Visa","Z.T.|880-7477","No","No",38,"No"]
[663082,"2011-11-01","16:25:12","D254/FE",192,"Duplo","Policemen","6 and up",9.9499999999999993,2,19.899999999999999,10.34,"Mastercard","B.B.|880-9330","No","No",36,"No"]
[663082,"2011-11-01","16:25:12","D254/FE",192,"Duplo","Policemen","6 and up",9.9499999999999993,1,9.9499999999999993,5.17,"Mastercard","B.B.|880-9330","No","No",36,"No"]
[663115,"2011-11-01","12:15:36","L195/AE",195,"Lego","Airplane","8 and up",5.95,3,17.850000000000001,9.27,"Visa","P.N.|880-3021","Yes","Yes",40,"Yes"]
[663129,"2011-11-01","10:21:00","D198/LX",192,"Duplo","Policemen","6 and up",9.9499999999999993,2,19.899999999999999,10.34,"Discover","P.N.|880-3021","No","Yes",35,"No"]
[663148,"2011-11-01","11:49:48","L195/AE",195,"Lego","Airplane","8 and up",5.95,1,5.95,3.09,"Visa","C.X.|880-3590","No","No",27,"No"]
[663187,"2011-11-01","13:06:10.800","D254/FE",192,"Duplo","Policemen","6 and up",9.9499999999999993,2,19.899999999999999,10.34,"Visa","S.Y.|880-3139","No","No",34,"No"]
[663196,"2011-11-02","15:22:48","L195/AE",195,"Lego","Airplane","8 and up",5.95,4,23.8,12.36,"Gift Card","U.W.|880-9683","No","No",31,"No"]
[663196,"2011-11-02","15:22:48","L195/AE",195,"Lego","Airplane","8 and up",5.95,4,23.8,12.36,"Gift Card","U.W.|880-9683","No","No",31,"No"]
[663229,"2011-11-02","15:28:12","D250/AT",192,"Duplo","Policemen","6 and up",9.9499999999999993,2,19.899999999999999,10.34,"Visa","S.Y.|880-3139","No","No",42,"No"]
[663268,"2011-11-02","16:46:12","D254/FE",192,"Duplo","Policemen","6 and up",9.9499999999999993,3,29.849999999999998,15.51,"Visa","V.W.|880-8599","Yes","No",43,"Yes"]
[663268,"2011-11-02","16:46:12","D255/FE",192,"Duplo","Policemen","6 and up",9.9499999999999993,1,9.9499999999999993,5.17,"Visa","V.W.|880-8599","Yes","No",43,"Yes"]
[663301,"2011-11-02","17:51:00","D250/AT",192,"Duplo","Policemen","6 and up",9.9499999999999993,1,9.9499999999999993,5.17,"Cash","L.W.|880-4986","Yes","No",34,"No"]
[663314,"2011-11-02","08:52:44.400","D255/FE",192,"Duplo","Policemen","6 and up",9.9499999999999993,4,39.799999999999997,20.68,"Discover","Z.T.|880-7477","No","No",33,"No"]
[663314,"2011-11-02","08:52:44.400","D254/FE",192,"Duplo","Policemen","6 and up",9.9499999999999993,1,9.9499999999999993,5.17,"Discover","Z.T.|880-7477","No","No",33,"No"]
[663314,"2011-11-02","08:52:44.400","D254/FE",192,"Duplo","Policemen","6 and up",9.9499999999999993,4,39.799999999999997,20.68,"Discover","Z.T.|880-7477","No","No",33,"No"]
[663351,"2011-11-03","14:49:55.200","D255/FE",192,"Duplo","Policemen","6 and up",9.9499999999999993,1,9.9499999999999993,5.17,"Visa","N.C.|880-3850","No","No",33,"No"]
[663366,"2011-11-03","15:47:13.200","D250/AT",192,"Duplo","Policemen","6 and up",9.9499999999999993,1,9.9499999999999993,5.17,"Cash","Y.P.|880-6894","No","No",39,"Yes"]
[663384,"2011-11-04","09:04:12","D255/FE",192,"Duplo","Policemen","6 and up",9.9499999999999993,1,9.9499999999999993,5.17,"Mastercard","A.U.|880-2167","Yes","No",42,"No"]
[663384,"2011-11-04","09:04:12","L195/AE",195,"Lego","Airplane","8 and up",5.95,1,5.95,3.09,"Mastercard","A.U.|880-2167","Yes","No",42,"No"]
[663425,"2011-11-05","19:01:48","L195/AE",195,"Lego","Airplane","8 and up",5.95,1,5.95,3.09,"Cash","H.B.|880-3254","No","No",32,"No"]
[663455,"2011-11-05","16:04:04.800","D250/AT",192,"Duplo","Policemen","6 and up",9.9499999999999993,1,9.9499999999999993,5.17,"Visa","D.S.|880-7532","No","No",40,"No"]
[663495,"2011-11-05","15:06:36","D218/FN",192,"Duplo","Policemen","6 and up",9.9499999999999993,1,9.9499999999999993,5.17,"Cash","U.W.|880-9683","No","No",30,"No"]
[663506,"2011-11-06","12:39:36","L252/LR",255,"Duplo","Farming Scene","7 and up",24.95,2,49.9,32.44,"Gift Card","B.B.|880-9330","No","No",33,"No"]
[663521,"2011-11-06","15:57:00","L330/GN",330,"Lego","Gas Station","8 and up",32.950000000000003,1,32.950000000000003,19.11,"Cash","V.W.|880-4523","No","No",27,"No"]
[663523,"2011-11-06","16:17:24","D255/FE",192,"Duplo","Policemen","6 and up",9.9499999999999993,1,9.9499999999999993,5.17,"Check","Z.T.|880-7477","No","Yes",45,"No"]
[663523,"2011-11-06","16:17:24","L217/SN",255,"Duplo","Farming Scene","7 and up",24.95,1,24.95,16.22,"Check","Z.T.|880-7477","No","Yes",45,"No"]
[663561,"2011-11-06","12:00:03.600","D255/FE",192,"Duplo","Policemen","6 and up",9.9499999999999993,4,39.799999999999997,20.68,"Cash","L.W.|880-4986","No","No",45,"No"]
[663570,"2011-11-06","10:55:48","L195/AE",195,"Lego","Airplane","8 and up",5.95,1,5.95,3.09,"Mastercard","S.V.|880-5987","No","No",39,"No"]
[663600,"2011-11-06","11:11:06","L196/AR",196,"Lego","Antique Car","8 and up",7.95,2,15.9,8.9,"Mastercard","S.Y.|880-3139","No","No",39,"No"]
[663612,"2011-11-06","14:01:12","L256/PE",256,"Lego","Police Officers and Motorcycle","9 and up",9.9499999999999993,1,9.9499999999999993,4.4800000000000004,"Mastercard","L.W.|880-4986","Yes","No",30,"No"]
[663653,"2011-11-06","16:05:24","L256/PE",256,"Lego","Police Officers and Motorcycle","9 and up",9.9499999999999993,1,9.9499999999999993,4.4800000000000004,"Discover","N.C.|880-3850","No","No",44,"No"]
[663694,"2011-11-06","10:19:48","L195/AE",195,"Lego","Airplane","8 and up",5.95,1,5.95,3.09,"Mastercard","C.X.|880-3590","No","Yes",49,"No"]
[663723,"2011-11-07","12:18:36","D250/AT",192,"Duplo","Policemen","6 and up",9.9499999999999993,2,19.899999999999999,10.34,"Visa","H.B.|880-3254","Yes","No",37,"No"]
[663756,"2011-11-07","17:04:12","L195/AE",195,"Lego","Airplane","8 and up",5.95,1,5.95,3.09,"Cash","P.N.|880-3021","No","No",38,"No"]
[663799,"2011-11-08","12:05:24","D254/FE",192,"Duplo","Policemen","6 and up",9.9499999999999993,2,19.899999999999999,10.34,"Mastercard","N.C.|880-3850","No","No",49,"No"]
[663800,"2011-11-09","09:56:24","D250/AT",192,"Duplo","Policemen","6 and up",9.9499999999999993,1,9.9499999999999993,5.17,"Cash","Y.P.|880-6894","No","No",32,"No"]
[663822,"2011-11-10","12:24:36","L256/PE",256,"Lego","Police Officers and Motorcycle","9 and up",9.9499999999999993,1,9.9499999999999993,4.4800000000000004,"Visa","D.U.|880-2953","No","Yes",34,"No"]
[663854,"2011-11-10","12:25:19.200","D254/FE",192,"Duplo","Policemen","6 and up",9.9499999999999993,2,19.899999999999999,10.34,"Cash","B.B.|880-9330","No","No",48,"No"]
[663889,"2011-11-10","15:59:24","L195/AE",195,"Lego","Airplane","8 and up",5.95,2,11.9,6.18,"Cash","V.W.|880-8599","No","No",43,"No"]
[663919,"2011-11-10","09:55:04.800","D255/FE",192,"Duplo","Policemen","6 and up",9.9499999999999993,1,9.9499999999999993,5.17,"Visa","N.C.|880-3850","No","No",43,"No"]
[663919,"2011-11-10","09:55:04.800","L252/LR",255,"Duplo","Farming Scene","7 and up",24.95,1,24.95,16.22,"Visa","N.C.|880-3850","No","No",43,"No"]
[663951,"2011-11-10","14:20:20.400","L217/SN",255,"Duplo","Farming Scene","7 and up",24.95,1,24.95,16.22,"Visa","Z.T.|880-7477","No","No",41,"No"]
[663971,"2011-11-10","15:26:49.200","D255/FE",192,"Duplo","Policemen","6 and up",9.9499999999999993,1,9.9499999999999993,5.17,"Mastercard","N.W.|880-6237","Yes","No",32,"No"]
[663977,"2011-11-10","08:46:48","D254/FE",192,"Duplo","Policemen","6 and up",9.9499999999999993,1,9.9499999999999993,5.17,"Visa","Z.T.|880-7477","No","Yes",46,"No"]
[664005,"2011-11-11","14:55:19.200","L195/AE",195,"Lego","Airplane","8 and up",5.95,2,11.9,6.18,"Discover","H.B.|880-3254","No","No",30,"No"]
[664006,"2011-11-11","16:44:24","D250/AT",192,"Duplo","Policemen","6 and up",9.9499999999999993,1,9.9499999999999993,5.17,"Mastercard","W.C.|880-4861","No","No",37,"No"]
[664016,"2011-11-12","11:18:57.600","D250/AT",192,"Duplo","Policemen","6 and up",9.9499999999999993,2,19.899999999999999,10.34,"Discover","N.W.|880-6237","No","No",38,"No"]
[664016,"2011-11-12","11:18:57.600","L195/AE",195,"Lego","Airplane","8 and up",5.95,1,5.95,3.09,"Discover","N.W.|880-6237","No","No",38,"No"]
[664047,"2011-11-12","15:06:57.600","D255/FE",192,"Duplo","Policemen","6 and up",9.9499999999999993,1,9.9499999999999993,5.17,"Discover","W.C.|880-4861","No","No",43,"No"]
[664082,"2011-11-12","16:13:48","D199/SR",192,"Duplo","Policemen","6 and up",9.9499999999999993,1,9.9499999999999993,5.17,"Cash","N.C.|880-3850","Yes","No",43,"Yes"]
[664111,"2011-11-12","11:13:22.800","D254/FE",192,"Duplo","Policemen","6 and up",9.9499999999999993,1,9.9499999999999993,5.17,"Cash","N.C.|880-3850","No","No",35,"No"]
[664126,"2011-11-13","13:39:43.200","D254/FE",192,"Duplo","Policemen","6 and up",9.9499999999999993,5,49.75,25.85,"Cash","L.C.|880-6872","No","No",33,"No"]
[664135,"2011-11-13","20:33:00","D254/FE",192,"Duplo","Policemen","6 and up",9.9499999999999993,2,19.899999999999999,10.34,"Check","B.Y.|880-6845","Yes","Yes",48,"No"]
[664158,"2011-11-13","09:10:48","D254/FE",192,"Duplo","Policemen","6 and up",9.9499999999999993,4,39.799999999999997,20.68,"Mastercard","Z.T.|880-7477","No","No",30,"No"]
[664200,"2011-11-14","12:49:12","D254/FE",192,"Duplo","Policemen","6 and up",9.9499999999999993,1,9.9499999999999993,5.17,"Cash","S.V.|880-5987","No","No",60,"No"]
[664203,"2011-11-14","15:40:48","L256/PE",256,"Lego","Police Officers and Motorcycle","9 and up",9.9499999999999993,1,9.9499999999999993,4.4800000000000004,"Mastercard","U.O.|880-3720","No","No",35,"No"]
[664218,"2011-11-14","10:00:36","L256/PE",256,"Lego","Police Officers and Motorcycle","9 and up",9.9499999999999993,1,9.9499999999999993,4.4800000000000004,"Visa","D.S.|880-7532","No","No",30,"Yes"]
[664268,"2011-11-15","09:58:44.400","D250/AT",192,"Duplo","Policemen","6 and up",9.9499999999999993,3,29.849999999999998,15.51,"Visa","S.V.|880-5987","No","Yes",31,"No"]
[664303,"2011-11-15","19:51:36","D254/FE",192,"Duplo","Policemen","6 and up",9.9499999999999993,1,9.9499999999999993,5.17,"Mastercard","S.Y.|880-3139","No","No",31,"Yes"]
[664322,"2011-11-16","08:48:28.800","L256/PE",256,"Lego","Police Officers and Motorcycle","9 and up",9.9499999999999993,1,9.9499999999999993,4.4800000000000004,"Mastercard","L.C.|880-6872","No","No",37,"No"]
[664322,"2011-11-16","08:48:28.800","L194/FY",194,"Lego","Family","4 and up",14.95,4,59.8,33.479999999999997,"Mastercard","L.C.|880-6872","No","No",37,"No"]
[664369,"2011-11-16","15:55:12","D250/AT",192,"Duplo","Policemen","6 and up",9.9499999999999993,2,19.899999999999999,10.34,"Mastercard","D.Z.|880-1179","No","No",32,"No"]
[664388,"2011-11-17","14:50:31.200","D254/FE",192,"Duplo","Policemen","6 and up",9.9499999999999993,1,9.9499999999999993,5.17,"Cash","S.Y.|880-3139","No","No",46,"Yes"]
[664415,"2011-11-17","16:27:57.600","D254/FE",192,"Duplo","Policemen","6 and up",9.9499999999999993,3,29.849999999999998,15.51,"Mastercard","V.W.|880-4523","No","No",66,"No"]
[664436,"2011-11-17","12:12:00","D255/FE",192,"Duplo","Policemen","6 and up",9.9499999999999993,1,9.9499999999999993,5.17,"Visa","W.C.|880-4861","No","No",37,"No"]
[664436,"2011-11-17","12:12:00","L195/AE",195,"Lego","Airplane","8 and up",5.95,1,5.95,3.09,"Visa","W.C.|880-4861","No","No",37,"No"]
[664478,"2011-11-17","13:00:36","L195/AE",195,"Lego","Airplane","8 and up",5.95,1,5.95,3.09,"Cash","S.Y.|880-3139","No","No",29,"No"]
[664520,"2011-11-18","15:58:12","D254/FE",192,"Duplo","Policemen","6 and up",9.9499999999999993,1,9.9499999999999993,5.17,"Visa","N.W.|880-6237","Yes","Yes",29,"Yes"]
[664522,"2011-11-18","12:01:48","L256/PE",256,"Lego","Police Officers and Motorcycle","9 and up",9.9499999999999993,2,19.899999999999999,8.9600000000000009,"Visa","D.W.|880-7199","No","No",46,"No"]
[664571,"2011-11-18","13:46:44.400","D254/FE",192,"Duplo","Policemen","6 and up",9.9499999999999993,1,9.9499999999999993,5.17,"Visa","S.Y.|880-3139","No","No",38,"No"]
[664571,"2011-11-18","13:46:44.400","L256/PE",256,"Lego","Police Officers and Motorcycle","9 and up",9.9499999999999993,1,9.9499999999999993,4.4800000000000004,"Visa","S.Y.|880-3139","No","No",38,"No"]
[664616,"2011-11-19","14:12:36","L195/AE",195,"Lego","Airplane","8 and up",5.95,4,23.8,12.36,"Cash","V.W.|880-8599","Yes","Yes",21,"No"]
[664616,"2011-11-19","14:12:36","D255/FE",192,"Duplo","Policemen","6 and up",9.9499999999999993,3,29.849999999999998,15.51,"Cash","V.W.|880-8599","Yes","Yes",21,"No"]
[664616,"2011-11-19","14:12:36","D250/AT",192,"Duplo","Policemen","6 and up",9.9499999999999993,1,9.9499999999999993,5.17,"Cash","V.W.|880-8599","Yes","Yes",21,"No"]
[664659,"2011-11-20","20:44:24","D254/FE",192,"Duplo","Policemen","6 and up",9.9499999999999993,1,9.9499999999999993,5.17,"Mastercard","C.X.|880-3590","No","Yes",28,"No"]
[664659,"2011-11-20","20:44:24","D250/AT",192,"Duplo","Policemen","6 and up",9.9499999999999993,1,9.9499999999999993,5.17,"Mastercard","C.X.|880-3590","No","Yes",28,"No"]
[664707,"2011-11-21","15:26:24","L256/PE",256,"Lego","Police Officers and Motorcycle","9 and up",9.9499999999999993,2,19.899999999999999,8.9600000000000009,"Discover","U.W.|880-9683","No","No",21,"No"]
[664731,"2011-11-21","12:49:12","L194/FY",194,"Lego","Family","4 and up",14.95,1,14.95,8.3699999999999992,"Visa","L.C.|880-6872","No","Yes",25,"No"]
[664741,"2011-11-21","16:49:12","L256/PE",256,"Lego","Police Officers and Motorcycle","9 and up",9.9499999999999993,2,19.899999999999999,8.9600000000000009,"Discover","S.Y.|880-3139","No","No",50,"No"]
[664756,"2011-11-21","18:16:12","D198/LX",192,"Duplo","Policemen","6 and up",9.9499999999999993,1,9.9499999999999993,5.17,"Mastercard","L.C.|880-6872","No","No",49,"No"]
[664782,"2011-11-21","11:51:46.800","D254/FE",192,"Duplo","Policemen","6 and up",9.9499999999999993,3,29.849999999999998,15.51,"Discover","C.X.|880-3590","No","No",66,"No"]
[664782,"2011-11-21","11:51:46.800","L256/PE",256,"Lego","Police Officers and Motorcycle","9 and up",9.9499999999999993,1,9.9499999999999993,4.4800000000000004,"Discover","C.X.|880-3590","No","No",66,"No"]
[664787,"2011-11-22","11:55:37.200","D254/FE",192,"Duplo","Policemen","6 and up",9.9499999999999993,4,39.799999999999997,20.68,"Visa","P.N.|880-3021","No","Yes",50,"No"]
[664789,"2011-11-22","14:01:12","D250/AT",192,"Duplo","Policemen","6 and up",9.9499999999999993,1,9.9499999999999993,5.17,"Mastercard","B.B.|880-9330","Yes","No",45,"No"]
[664789,"2011-11-22","14:01:12","D254/FE",192,"Duplo","Policemen","6 and up",9.9499999999999993,1,9.9499999999999993,5.17,"Mastercard","B.B.|880-9330","Yes","No",45,"No"]
[664807,"2011-11-22","17:46:12","L195/AE",195,"Lego","Airplane","8 and up",5.95,2,11.9,6.18,"Cash","D.Z.|880-1179","No","No",50,"Yes"]
[664856,"2011-11-22","09:18:00","L197/FS",199,"Duplo","Scooter","4 and up",4.95,2,9.9,5.04,"Cash","D.W.|880-7199","No","No",39,"Yes"]
[664884,"2011-11-22","11:17:56.400","D198/LX",192,"Duplo","Policemen","6 and up",9.9499999999999993,2,19.899999999999999,10.34,"Mastercard","U.W.|880-9683","No","No",28,"No"]
[664898,"2011-11-22","10:15:36","L195/AE",195,"Lego","Airplane","8 and up",5.95,1,5.95,3.09,"Visa","A.U.|880-2167","No","No",26,"Yes"]
[664948,"2011-11-22","16:14:24","L256/PE",256,"Lego","Police Officers and Motorcycle","9 and up",9.9499999999999993,2,19.899999999999999,8.9600000000000009,"Cash","D.W.|880-7199","No","No",37,"Yes"]
[664948,"2011-11-22","16:14:24","L256/PE",256,"Lego","Police Officers and Motorcycle","9 and up",9.9499999999999993,1,9.9499999999999993,4.4800000000000004,"Cash","D.W.|880-7199","No","No",37,"Yes"]
[664958,"2011-11-22","12:47:42","L256/PE",256,"Lego","Police Officers and Motorcycle","9 and up",9.9499999999999993,4,39.799999999999997,17.920000000000002,"Cash","B.X.|880-9149","No","No",37,"No"]
[664989,"2011-11-22","13:02:24","D192/PN",192,"Duplo","Policemen","6 and up",9.9499999999999993,2,19.899999999999999,10.34,"Check","W.C.|880-4861","No","No",27,"No"]
[664989,"2011-11-22","13:02:24","D250/AT",192,"Duplo","Policemen","6 and up",9.9499999999999993,1,9.9499999999999993,5.17,"Check","W.C.|880-4861","No","No",27,"No"]
[665036,"2011-11-23","15:52:48","D254/FE",192,"Duplo","Policemen","6 and up",9.9499999999999993,1,9.9499999999999993,5.17,"Visa","B.Y.|880-6845","No","Yes",34,"No"]
[665052,"2011-11-23","10:32:24","D255/FE",192,"Duplo","Policemen","6 and up",9.9499999999999993,2,19.899999999999999,10.34,"Mastercard","V.W.|880-4523","Yes","No",33,"No"]
[665100,"2011-11-23","15:52:48","L256/PE",256,"Lego","Police Officers and Motorcycle","9 and up",9.9499999999999993,2,19.899999999999999,8.9600000000000009,"Visa","U.O.|880-3720","No","No",11,"No"]
[665111,"2011-11-23","12:53:24","D250/AT",192,"Duplo","Policemen","6 and up",9.9499999999999993,1,9.9499999999999993,5.17,"Discover","D.Z.|880-1179","Yes","Yes",36,"Yes"]
[665119,"2011-11-24","19:00:00","L195/AE",195,"Lego","Airplane","8 and up",5.95,1,5.95,3.09,"Cash","N.C.|880-3850","Yes","Yes",35,"No"]
[665119,"2011-11-24","19:00:00","D255/FE",192,"Duplo","Policemen","6 and up",9.9499999999999993,2,19.899999999999999,10.34,"Cash","N.C.|880-3850","Yes","Yes",35,"No"]
[665161,"2011-11-24","14:38:24","D255/FE",192,"Duplo","Policemen","6 and up",9.9499999999999993,2,19.899999999999999,10.34,"Check","P.N.|880-3021","Yes","Yes",72,"No"]
[665186,"2011-11-25","13:14:24","L197/FS",199,"Duplo","Scooter","4 and up",4.95,2,9.9,5.04,"Visa","Z.T.|880-7477","No","No",46,"Yes"]
[665213,"2011-11-25","11:33:54","L195/AE",195,"Lego","Airplane","8 and up",5.95,1,5.95,3.09,"Discover","W.B.|880-9647","No","No",43,"No"]
[665255,"2011-11-26","16:23:24","L256/PE",256,"Lego","Police Officers and Motorcycle","9 and up",9.9499999999999993,2,19.899999999999999,8.9600000000000009,"Visa","V.W.|880-4523","Yes","No",31,"No"]
[665264,"2011-11-26","14:11:24","D250/AT",192,"Duplo","Policemen","6 and up",9.9499999999999993,2,19.899999999999999,10.34,"Mastercard","P.N.|880-3021","No","No",35,"No"]
[665295,"2011-11-26","14:12:07.200","D250/AT",192,"Duplo","Policemen","6 and up",9.9499999999999993,1,9.9499999999999993,5.17,"Check","D.U.|880-2953","No","No",38,"No"]
[665337,"2011-11-26","12:58:04.800","L195/AE",195,"Lego","Airplane","8 and up",5.95,2,11.9,6.18,"Discover","U.W.|880-9683","No","Yes",30,"Yes"]
[665337,"2011-11-26","12:58:04.800","L195/AE",195,"Lego","Airplane","8 and up",5.95,5,29.75,15.45,"Discover","U.W.|880-9683","No","Yes",30,"Yes"]
[665367,"2011-11-27","15:14:38.400","L256/PE",256,"Lego","Police Officers and Motorcycle","9 and up",9.9499999999999993,1,9.9499999999999993,4.4800000000000004,"Check","N.C.|880-3850","No","No",31,"No"]
[665367,"2011-11-27","15:14:38.400","L197/FS",199,"Duplo","Scooter","4 and up",4.95,4,19.8,10.08,"Check","N.C.|880-3850","No","No",31,"No"]
[665379,"2011-11-27","09:33:54","D254/FE",192,"Duplo","Policemen","6 and up",9.9499999999999993,1,9.9499999999999993,5.17,"Cash","P.N.|880-3021","No","No",44,"No"]
[665405,"2011-11-28","16:58:26.400","L256/PE",256,"Lego","Police Officers and Motorcycle","9 and up",9.9499999999999993,1,9.9499999999999993,4.4800000000000004,"Visa","Z.T.|880-7477","No","No",37,"No"]
[665409,"2011-11-28","15:24:00","D254/FE",192,"Duplo","Policemen","6 and up",9.9499999999999993,1,9.9499999999999993,5.17,"Visa","A.U.|880-2167","No","No",33,"No"]
[665449,"2011-11-28","11:48:03.600","D250/AT",192,"Duplo","Policemen","6 and up",9.9499999999999993,1,9.9499999999999993,5.17,"Mastercard","U.W.|880-9683","No","No",43,"No"]
[665449,"2011-11-28","11:48:03.600","L217/SN",255,"Duplo","Farming Scene","7 and up",24.95,2,49.9,32.44,"Mastercard","U.W.|880-9683","No","No",43,"No"]
[665488,"2011-11-28","14:26:45.600","L195/AE",195,"Lego","Airplane","8 and up",5.95,1,5.95,3.09,"Mastercard","A.U.|880-2167","Yes","No",43,"Yes"]
[665519,"2011-11-28","16:07:12","L256/PE",256,"Lego","Police Officers and Motorcycle","9 and up",9.9499999999999993,1,9.9499999999999993,4.4800000000000004,"Cash","S.V.|880-5987","No","No",38,"No"]
[665520,"2011-11-29","20:40:48","L256/PE",256,"Lego","Police Officers and Motorcycle","9 and up",9.9499999999999993,4,39.799999999999997,17.920000000000002,"Visa","U.W.|880-9683","No","No",69,"Yes"]
[665569,"2011-11-29","15:54:36","D250/AT",192,"Duplo","Policemen","6 and up",9.9499999999999993,4,39.799999999999997,20.68,"Gift Card","S.V.|880-5987","No","No",40,"Yes"]
[665605,"2011-11-29","10:00:50.400","L195/AE",195,"Lego","Airplane","8 and up",5.95,4,23.8,12.36,"Check","Z.T.|880-7477","No","No",40,"Yes"]
[665621,"2011-11-29","13:23:34.800","D254/FE",192,"Duplo","Policemen","6 and up",9.9499999999999993,2,19.899999999999999,10.34,"Cash","U.O.|880-3720","No","No",34,"Yes"]
[665647,"2011-11-29","16:55:33.600","L195/AE",195,"Lego","Airplane","8 and up",5.95,1,5.95,3.09,"Visa","V.W.|880-8599","No","No",27,"No"]
[665658,"2011-11-29","11:40:04.800","L256/PE",256,"Lego","Police Officers and Motorcycle","9 and up",9.9499999999999993,4,39.799999999999997,17.920000000000002,"Mastercard","Y.P.|880-6894","No","No",36,"Yes"]
[665658,"2011-11-29","11:40:04.800","D254/FE",192,"Duplo","Policemen","6 and up",9.9499999999999993,1,9.9499999999999993,5.17,"Mastercard","Y.P.|880-6894","No","No",36,"Yes"]
[665663,"2011-11-29","20:09:00","L217/SN",255,"Duplo","Farming Scene","7 and up",24.95,1,24.95,16.22,"Visa","D.U.|880-2953","No","No",40,"No"]
[665711,"2011-11-29","13:22:58.800","D255/FE",192,"Duplo","Policemen","6 and up",9.9499999999999993,1,9.9499999999999993,5.17,"Cash","D.U.|880-2953","No","No",32,"No"]
[665724,"2011-11-30","11:36:00","D255/FE",192,"Duplo","Policemen","6 and up",9.9499999999999993,1,9.9499999999999993,5.17,"Visa","Z.Q.|880-4240","Yes","Yes",20,"No"]
[665727,"2011-11-30","11:07:12","D254/FE",192,"Duplo","Policemen","6 and up",9.9499999999999993,1,9.9499999999999993,5.17,"Mastercard","D.U.|880-2953","No","No",27,"No"]
[665727,"2011-11-30","11:07:12","D255/FE",192,"Duplo","Policemen","6 and up",9.9499999999999993,1,9.9499999999999993,5.17,"Mastercard","D.U.|880-2953","No","No",27,"No"]
[665727,"2011-11-30","11:07:12","D255/FE",192,"Duplo","Policemen","6 and up",9.9499999999999993,1,9.9499999999999993,5.17,"Mastercard","D.U.|880-2953","No","No",27,"No"]
[665765,"2011-12-01","09:33:21.600","L195/AE",195,"Lego","Airplane","8 and up",5.95,2,11.9,6.18,"Visa","U.O.|880-3720","No","No",36,"Yes"]
[665815,"2011-12-01","11:19:37.200","D199/SR",192,"Duplo","Policemen","6 and up",9.9499999999999993,1,9.9499999999999993,5.17,"Mastercard","V.W.|880-8599","No","No",61,"No"]
[665815,"2011-12-01","11:19:37.200","L195/AE",195,"Lego","Airplane","8 and up",5.95,4,23.8,12.36,"Mastercard","V.W.|880-8599","No","No",61,"No"]
[665840,"2011-12-01","15:49:12","L195/AE",195,"Lego","Airplane","8 and up",5.95,1,5.95,3.09,"Discover","A.U.|880-2167","No","No",30,"No"]
[665840,"2011-12-01","15:49:12","D218/FN",192,"Duplo","Policemen","6 and up",9.9499999999999993,2,19.899999999999999,10.34,"Discover","A.U.|880-2167","No","No",30,"No"]
[665857,"2011-12-01","11:08:49.200","D255/FE",192,"Duplo","Policemen","6 and up",9.9499999999999993,1,9.9499999999999993,5.17,"Cash","B.X.|880-9149","Yes","No",20,"No"]
[665902,"2011-12-01","13:06:28.800","D255/FE",192,"Duplo","Policemen","6 and up",9.9499999999999993,2,19.899999999999999,10.34,"Cash","S.Y.|880-3139","No","No",32,"No"]
[665932,"2011-12-02","13:07:12","L252/LR",255,"Duplo","Farming Scene","7 and up",24.95,1,24.95,16.22,"Visa","B.B.|880-9330","No","No",37,"No"]
[665961,"2011-12-02","12:33:00","D254/FE",192,"Duplo","Policemen","6 and up",9.9499999999999993,2,19.899999999999999,10.34,"Visa","B.B.|880-9330","No","Yes",43,"No"]
[665977,"2011-12-02","13:17:24","D198/LX",192,"Duplo","Policemen","6 and up",9.9499999999999993,1,9.9499999999999993,5.17,"Visa","D.U.|880-2953","No","No",37,"No"]
[666002,"2011-12-03","13:59:24","D254/FE",192,"Duplo","Policemen","6 and up",9.9499999999999993,1,9.9499999999999993,5.17,"Visa","D.W.|880-7199","Yes","Yes",36,"No"]
[666047,"2011-12-03","10:55:33.600","L256/PE",256,"Lego","Police Officers and Motorcycle","9 and up",9.9499999999999993,1,9.9499999999999993,4.4800000000000004,"Cash","D.W.|880-7199","No","No",16,"No"]
[666086,"2011-12-03","16:54:00","L195/AE",195,"Lego","Airplane","8 and up",5.95,1,5.95,3.09,"Cash","W.B.|880-9647","No","No",53,"No"]
[666094,"2011-12-03","13:42:00","L195/AE",195,"Lego","Airplane","8 and up",5.95,4,23.8,12.36,"Mastercard","B.B.|880-9330","No","No",32,"Yes"]
[666100,"2011-12-03","15:39:36","L194/FY",194,"Lego","Family","4 and up",14.95,2,29.9,16.739999999999998,"Cash","H.B.|880-3254","No","No",38,"No"]
[666110,"2011-12-03","10:28:48","D250/AT",192,"Duplo","Policemen","6 and up",9.9499999999999993,2,19.899999999999999,10.34,"Gift Card","N.C.|880-3850","No","Yes",34,"No"]
[666116,"2011-12-03","13:44:02.400","L195/AE",195,"Lego","Airplane","8 and up",5.95,3,17.850000000000001,9.27,"Discover","P.N.|880-3021","No","No",47,"Yes"]
[666137,"2011-12-04","13:08:24","D255/FE",192,"Duplo","Policemen","6 and up",9.9499999999999993,1,9.9499999999999993,5.17,"Mastercard","U.O.|880-3720","No","No",36,"No"]
[666187,"2011-12-04","13:56:45.600","D254/FE",192,"Duplo","Policemen","6 and up",9.9499999999999993,3,29.849999999999998,15.51,"Visa","H.B.|880-3254","No","No",36,"No"]
[666187,"2011-12-04","13:56:45.600","D254/FE",192,"Duplo","Policemen","6 and up",9.9499999999999993,1,9.9499999999999993,5.17,"Visa","H.B.|880-3254","No","No",36,"No"]
[666232,"2011-12-04","17:35:24","D250/AT",192,"Duplo","Policemen","6 and up",9.9499999999999993,4,39.799999999999997,20.68,"Mastercard","D.Z.|880-1179","No","No",27,"No"]
[666232,"2011-12-04","17:35:24","L195/AE",195,"Lego","Airplane","8 and up",5.95,3,17.850000000000001,9.27,"Mastercard","D.Z.|880-1179","No","No",27,"No"]
[666232,"2011-12-04","17:35:24","D250/AT",192,"Duplo","Policemen","6 and up",9.9499999999999993,1,9.9499999999999993,5.17,"Mastercard","D.Z.|880-1179","No","No",27,"No"]
[666245,"2011-12-04","15:30:00","D250/AT",192,"Duplo","Policemen","6 and up",9.9499999999999993,2,19.899999999999999,10.34,"Discover","A.U.|880-2167","No","No",26,"No"]
[666294,"2011-12-05","20:54:00","L252/LR",255,"Duplo","Farming Scene","7 and up",24.95,4,99.8,64.88,"Mastercard","Y.P.|880-6894","No","No",39,"No"]
[666344,"2011-12-05","14:33:00","L195/AE",195,"Lego","Airplane","8 and up",5.95,1,5.95,3.09,"Cash","U.W.|880-9683","No","No",35,"Yes"]
[666381,"2011-12-06","12:06:00","D255/FE",192,"Duplo","Policemen","6 and up",9.9499999999999993,3,29.849999999999998,15.51,"Check","P.N.|880-3021","No","No",43,"No"]
[666418,"2011-12-06","14:03:36","L330/GN",330,"Lego","Gas Station","8 and up",32.950000000000003,1,32.950000000000003,19.11,"Cash","Z.T.|880-7477","No","No",36,"Yes"]
[666436,"2011-12-06","20:37:48","D254/FE",192,"Duplo","Policemen","6 and up",9.9499999999999993,1,9.9499999999999993,5.17,"Visa","N.W.|880-6237","Yes","No",31,"No"]
[666474,"2011-12-06","13:45:00","D250/AT",192,"Duplo","Policemen","6 and up",9.9499999999999993,1,9.9499999999999993,5.17,"Gift Card","D.W.|880-7199","No","No",37,"No"]
[666486,"2011-12-06","11:10:12","D255/FE",192,"Duplo","Policemen","6 and up",9.9499999999999993,2,19.899999999999999,10.34,"Mastercard","B.X.|880-9149","No","No",44,"No"]
[666486,"2011-12-06","11:10:12","D254/FE",192,"Duplo","Policemen","6 and up",9.9499999999999993,1,9.9499999999999993,5.17,"Mastercard","B.X.|880-9149","No","No",44,"No"]
[666514,"2011-12-07","20:36:00","D250/AT",192,"Duplo","Policemen","6 and up",9.9499999999999993,1,9.9499999999999993,5.17,"Mastercard","D.Z.|880-1179","No","No",31,"No"]
[666514,"2011-12-07","20:36:00","L256/PE",256,"Lego","Police Officers and Motorcycle","9 and up",9.9499999999999993,1,9.9499999999999993,4.4800000000000004,"Mastercard","D.Z.|880-1179","No","No",31,"No"]
[666514,"2011-12-07","20:36:00","D254/FE",192,"Duplo","Policemen","6 and up",9.9499999999999993,1,9.9499999999999993,5.17,"Mastercard","D.Z.|880-1179","No","No",31,"No"]
[666559,"2011-12-07","16:42:00","D255/FE",192,"Duplo","Policemen","6 and up",9.9499999999999993,2,19.899999999999999,10.34,"Visa","N.C.|880-3850","No","Yes",31,"No"]
[666599,"2011-12-07","11:42:36","D255/FE",192,"Duplo","Policemen","6 and up",9.9499999999999993,2,19.899999999999999,10.34,"Discover","H.B.|880-3254","No","No",25,"Yes"]
[666599,"2011-12-07","11:42:36","D250/AT",192,"Duplo","Policemen","6 and up",9.9499999999999993,4,39.799999999999997,20.68,"Discover","H.B.|880-3254","No","No",25,"Yes"]
[666623,"2011-12-07","16:54:03.600","L195/AE",195,"Lego","Airplane","8 and up",5.95,4,23.8,12.36,"Visa","B.B.|880-9330","No","No",45,"No"]
[666623,"2011-12-07","16:54:03.600","L256/PE",256,"Lego","Police Officers and Motorcycle","9 and up",9.9499999999999993,1,9.9499999999999993,4.4800000000000004,"Visa","B.B.|880-9330","No","No",45,"No"]
[666628,"2011-12-08","16:04:48","L256/PE",256,"Lego","Police Officers and Motorcycle","9 and up",9.9499999999999993,4,39.799999999999997,17.920000000000002,"Visa","S.Y.|880-3139","No","No",35,"No"]
[666647,"2011-12-08","15:10:55.200","D255/FE",192,"Duplo","Policemen","6 and up",9.9499999999999993,1,9.9499999999999993,5.17,"Mastercard","S.Y.|880-3139","No","No",32,"No"]
[666657,"2011-12-09","12:22:48","D254/FE",192,"Duplo","Policemen","6 and up",9.9499999999999993,1,9.9499999999999993,5.17,"Discover","N.W.|880-6237","No","No",50,"No"]
[666662,"2011-12-09","13:11:52.800","D255/FE",192,"Duplo","Policemen","6 and up",9.9499999999999993,3,29.849999999999998,15.51,"Cash","D.U.|880-2953","No","No",25,"No"]
[666678,"2011-12-09","13:08:24","L256/PE",256,"Lego","Police Officers and Motorcycle","9 and up",9.9499999999999993,1,9.9499999999999993,4.4800000000000004,"Visa","S.V.|880-5987","No","No",38,"No"]
[666721,"2011-12-09","16:41:45.600","D250/AT",192,"Duplo","Policemen","6 and up",9.9499999999999993,2,19.899999999999999,10.34,"Mastercard","W.C.|880-4861","No","No",28,"Yes"]
[666727,"2011-12-09","10:51:00","L256/PE",256,"Lego","Police Officers and Motorcycle","9 and up",9.9499999999999993,1,9.9499999999999993,4.4800000000000004,"Mastercard","H.B.|880-3254","No","Yes",43,"No"]
[666749,"2011-12-10","14:46:48","D255/FE",192,"Duplo","Policemen","6 and up",9.9499999999999993,1,9.9499999999999993,5.17,"Discover","A.U.|880-2167","No","No",50,"No"]
[666798,"2011-12-10","19:34:12","L197/FS",199,"Duplo","Scooter","4 and up",4.95,4,19.8,10.08,"Visa","W.C.|880-4861","No","No",24,"No"]
[666814,"2011-12-10","18:25:48","D199/SR",192,"Duplo","Policemen","6 and up",9.9499999999999993,4,39.799999999999997,20.68,"Gift Card","W.B.|880-9647","No","Yes",46,"Yes"]
[666844,"2011-12-10","12:04:08.400","D254/FE",192,"Duplo","Policemen","6 and up",9.9499999999999993,1,9.9499999999999993,5.17,"Visa","V.W.|880-8599","No","No",30,"No"]
[666888,"2011-12-10","18:46:48","D254/FE",192,"Duplo","Policemen","6 and up",9.9499999999999993,1,9.9499999999999993,5.17,"Cash","B.Y.|880-6845","No","No",43,"No"]
[666918,"2011-12-11","15:00:00","L195/AE",195,"Lego","Airplane","8 and up",5.95,5,29.75,15.45,"Visa","B.X.|880-9149","No","No",50,"No"]
[666948,"2011-12-11","10:49:12","L195/AE",195,"Lego","Airplane","8 and up",5.95,2,11.9,6.18,"Visa","Z.T.|880-7477","No","Yes",32,"No"]
[666976,"2011-12-11","13:13:12","D255/FE",192,"Duplo","Policemen","6 and up",9.9499999999999993,1,9.9499999999999993,5.17,"Visa","N.C.|880-3850","No","Yes",47,"No"]
[667021,"2011-12-12","11:02:24","L217/SN",255,"Duplo","Farming Scene","7 and up",24.95,4,99.8,64.88,"Cash","B.X.|880-9149","No","No",32,"Yes"]
[667056,"2011-12-13","16:13:12","D254/FE",192,"Duplo","Policemen","6 and up",9.9499999999999993,1,9.9499999999999993,5.17,"Visa","Z.T.|880-7477","No","No",36,"No"]
[667092,"2011-12-13","10:48:00","L194/FY",194,"Lego","Family","4 and up",14.95,1,14.95,8.3699999999999992,"Gift Card","V.W.|880-8599","Yes","Yes",43,"No"]
[667113,"2011-12-13","14:23:24","D254/FE",192,"Duplo","Policemen","6 and up",9.9499999999999993,2,19.899999999999999,10.34,"Visa","L.C.|880-6872","No","No",67,"No"]
[667122,"2011-12-13","16:53:38.400","L256/PE",256,"Lego","Police Officers and Motorcycle","9 and up",9.9499999999999993,1,9.9499999999999993,4.4800000000000004,"Mastercard","Y.P.|880-6894","No","No",41,"No"]
[667149,"2011-12-14","14:16:40.800","D254/FE",192,"Duplo","Policemen","6 and up",9.9499999999999993,1,9.9499999999999993,5.17,"Discover","B.X.|880-9149","No","No",41,"No"]
[667195,"2011-12-14","15:52:12","D254/FE",192,"Duplo","Policemen","6 and up",9.9499999999999993,2,19.899999999999999,10.34,"Visa","S.V.|880-5987","Yes","No",29,"No"]
[667195,"2011-12-14","15:52:12","L256/PE",256,"Lego","Police Officers and Motorcycle","9 and up",9.9499999999999993,2,19.899999999999999,8.9600000000000009,"Visa","S.V.|880-5987","Yes","No",29,"No"]
[667235,"2011-12-14","15:00:00","D250/AT",192,"Duplo","Policemen","6 and up",9.9499999999999993,2,19.899999999999999,10.34,"Visa","B.Y.|880-6845","Yes","No",35,"No"]
[667284,"2011-12-14","12:23:24","D255/FE",192,"Duplo","Policemen","6 and up",9.9499999999999993,1,9.9499999999999993,5.17,"Cash","L.W.|880-4986","No","No",33,"No"]
[667284,"2011-12-14","12:23:24","D255/FE",192,"Duplo","Policemen","6 and up",9.9499999999999993,5,49.75,25.85,"Cash","L.W.|880-4986","No","No",33,"No"]
[667323,"2011-12-14","13:06:00","D255/FE",192,"Duplo","Policemen","6 and up",9.9499999999999993,1,9.9499999999999993,5.17,"Cash","V.W.|880-8599","No","No",30,"Yes"]
[667323,"2011-12-14","13:06:00","D255/FE",192,"Duplo","Policemen","6 and up",9.9499999999999993,2,19.899999999999999,10.34,"Cash","V.W.|880-8599","No","No",30,"Yes"]
[667372,"2011-12-15","14:01:26.400","D250/AT",192,"Duplo","Policemen","6 and up",9.9499999999999993,2,19.899999999999999,10.34,"Visa","W.B.|880-9647","No","No",42,"No"]
[667387,"2011-12-15","18:57:36","D250/AT",192,"Duplo","Policemen","6 and up",9.9499999999999993,1,9.9499999999999993,5.17,"Discover","Z.T.|880-7477","Yes","No",29,"No"]
[667425,"2011-12-16","10:55:12","D250/AT",192,"Duplo","Policemen","6 and up",9.9499999999999993,1,9.9499999999999993,5.17,"Cash","W.C.|880-4861","No","No",40,"No"]
[667462,"2011-12-16","16:09:00","D254/FE",192,"Duplo","Policemen","6 and up",9.9499999999999993,1,9.9499999999999993,5.17,"Gift Card","V.W.|880-4523","No","No",31,"No"]
[667462,"2011-12-16","16:09:00","D250/AT",192,"Duplo","Policemen","6 and up",9.9499999999999993,1,9.9499999999999993,5.17,"Gift Card","V.W.|880-4523","No","No",31,"No"]
[667483,"2011-12-16","18:38:24","D254/FE",192,"Duplo","Policemen","6 and up",9.9499999999999993,2,19.899999999999999,10.34,"Mastercard","S.Y.|880-3139","No","No",36,"Yes"]
[667502,"2011-12-16","10:45:00","D255/FE",192,"Duplo","Policemen","6 and up",9.9499999999999993,1,9.9499999999999993,5.17,"Mastercard","H.B.|880-3254","No","No",30,"No"]
[667541,"2011-12-17","12:57:46.800","D254/FE",192,"Duplo","Policemen","6 and up",9.9499999999999993,3,29.849999999999998,15.51,"Visa","B.Y.|880-6845","No","No",57,"No"]
[667545,"2011-12-17","16:41:09.600","D255/FE",192,"Duplo","Policemen","6 and up",9.9499999999999993,1,9.9499999999999993,5.17,"Cash","N.W.|880-6237","No","No",19,"No"]
[667580,"2011-12-17","15:53:24","L195/AE",195,"Lego","Airplane","8 and up",5.95,1,5.95,3.09,"Discover","W.C.|880-4861","No","No",31,"No"]
[667628,"2011-12-17","16:18:39.600","L195/AE",195,"Lego","Airplane","8 and up",5.95,1,5.95,3.09,"Cash","N.C.|880-3850","No","No",31,"No"]
[667629,"2011-12-17","16:30:00","D255/FE",192,"Duplo","Policemen","6 and up",9.9499999999999993,1,9.9499999999999993,5.17,"Visa","Y.P.|880-6894","No","No",17,"No"]
[667629,"2011-12-17","16:30:00","L195/AE",195,"Lego","Airplane","8 and up",5.95,2,11.9,6.18,"Visa","Y.P.|880-6894","No","No",17,"No"]
[667654,"2011-12-18","11:51:36","L256/PE",256,"Lego","Police Officers and Motorcycle","9 and up",9.9499999999999993,2,19.899999999999999,8.9600000000000009,"Mastercard","L.C.|880-6872","No","No",51,"No"]
[667661,"2011-12-18","13:43:48","D255/FE",192,"Duplo","Policemen","6 and up",9.9499999999999993,1,9.9499999999999993,5.17,"Mastercard","B.X.|880-9149","Yes","No",38,"No"]
[667700,"2011-12-18","14:15:36","L197/FS",199,"Duplo","Scooter","4 and up",4.95,1,4.95,2.52,"Visa","U.W.|880-9683","No","No",27,"No"]
[667706,"2011-12-18","10:39:28.800","L256/PE",256,"Lego","Police Officers and Motorcycle","9 and up",9.9499999999999993,1,9.9499999999999993,4.4800000000000004,"Cash","P.N.|880-3021","No","No",32,"Yes"]
[667706,"2011-12-18","10:39:28.800","L210/CS",210,"Lego","Cowboys with Horses","6 and up",9.4499999999999993,2,18.899999999999999,9.26,"Cash","P.N.|880-3021","No","No",32,"Yes"]
[667727,"2011-12-19","13:39:50.400","D250/AT",192,"Duplo","Policemen","6 and up",9.9499999999999993,4,39.799999999999997,20.68,"Mastercard","B.Y.|880-6845","Yes","No",27,"No"]
[667750,"2011-12-19","15:38:24","L256/PE",256,"Lego","Police Officers and Motorcycle","9 and up",9.9499999999999993,5,49.75,22.4,"Gift Card","D.Z.|880-1179","No","No",43,"No"]
[667750,"2011-12-19","15:38:24","L256/PE",256,"Lego","Police Officers and Motorcycle","9 and up",9.9499999999999993,1,9.9499999999999993,4.4800000000000004,"Gift Card","D.Z.|880-1179","No","No",43,"No"]
[667750,"2011-12-19","15:38:24","L195/AE",195,"Lego","Airplane","8 and up",5.95,2,11.9,6.18,"Gift Card","D.Z.|880-1179","No","No",43,"No"]
[667798,"2011-12-19","10:10:48","D250/AT",192,"Duplo","Policemen","6 and up",9.9499999999999993,4,39.799999999999997,20.68,"Mastercard","N.C.|880-3850","No","No",31,"No"]
[667798,"2011-12-19","10:10:48","L256/PE",256,"Lego","Police Officers and Motorcycle","9 and up",9.9499999999999993,1,9.9499999999999993,4.4800000000000004,"Mastercard","N.C.|880-3850","No","No",31,"No"]
[667828,"2011-12-19","14:16:04.800","L212/SD",212,"Lego","Scooter and Stand","6 and up",4.95,2,9.9,4.46,"Check","H.B.|880-3254","No","No",38,"No"]
[667828,"2011-12-19","14:16:04.800","D255/FE",192,"Duplo","Policemen","6 and up",9.9499999999999993,2,19.899999999999999,10.34,"Check","H.B.|880-3254","No","No",38,"No"]
[667840,"2011-12-21","13:28:40.800","D254/FE",192,"Duplo","Policemen","6 and up",9.9499999999999993,3,29.849999999999998,15.51,"Visa","S.V.|880-5987","No","No",73,"No"]
[667840,"2011-12-21","13:28:40.800","D250/AT",192,"Duplo","Policemen","6 and up",9.9499999999999993,1,9.9499999999999993,5.17,"Visa","S.V.|880-5987","No","No",73,"No"]
[667857,"2011-12-21","15:18:28.800","D254/FE",192,"Duplo","Policemen","6 and up",9.9499999999999993,1,9.9499999999999993,5.17,"Visa","Z.T.|880-7477","No","No",44,"No"]
[667861,"2011-12-21","13:17:02.400","D250/AT",192,"Duplo","Policemen","6 and up",9.9499999999999993,1,9.9499999999999993,5.17,"Mastercard","D.U.|880-2953","No","No",6,"No"]
[667871,"2011-12-21","15:08:24","L252/LR",255,"Duplo","Farming Scene","7 and up",24.95,2,49.9,32.44,"Check","L.C.|880-6872","Yes","No",33,"No"]
[667895,"2011-12-21","15:59:27.600","L256/PE",256,"Lego","Police Officers and Motorcycle","9 and up",9.9499999999999993,2,19.899999999999999,8.9600000000000009,"Cash","D.U.|880-2953","No","No",29,"No"]
[667932,"2011-12-21","14:26:24","D254/FE",192,"Duplo","Policemen","6 and up",9.9499999999999993,1,9.9499999999999993,5.17,"Discover","W.C.|880-4861","No","No",35,"No"]
[667932,"2011-12-21","14:26:24","D254/FE",192,"Duplo","Policemen","6 and up",9.9499999999999993,4,39.799999999999997,20.68,"Discover","W.C.|880-4861","No","No",35,"No"]
[667953,"2011-12-21","12:27:36","D250/AT",192,"Duplo","Policemen","6 and up",9.9499999999999993,1,9.9499999999999993,5.17,"Discover","A.U.|880-2167","No","No",50,"No"]
[667993,"2011-12-22","10:07:12","L195/AE",195,"Lego","Airplane","8 and up",5.95,2,11.9,6.18,"Cash","Y.P.|880-6894","No","No",39,"No"]
[667995,"2011-12-22","12:19:48","D250/AT",192,"Duplo","Policemen","6 and up",9.9499999999999993,2,19.899999999999999,10.34,"Gift Card","U.O.|880-3720","No","No",43,"No"]
[668018,"2011-12-22","15:47:24","D250/AT",192,"Duplo","Policemen","6 and up",9.9499999999999993,1,9.9499999999999993,5.17,"Visa","V.W.|880-4523","No","No",68,"No"]
[668018,"2011-12-22","15:47:24","L195/AE",195,"Lego","Airplane","8 and up",5.95,2,11.9,6.18,"Visa","V.W.|880-4523","No","No",68,"No"]
[668052,"2011-12-22","15:36:36","D255/FE",192,"Duplo","Policemen","6 and up",9.9499999999999993,1,9.9499999999999993,5.17,"Discover","Z.Q.|880-4240","Yes","No",21,"No"]
[668052,"2011-12-22","15:36:36","L195/AE",195,"Lego","Airplane","8 and up",5.95,1,5.95,3.09,"Discover","Z.Q.|880-4240","Yes","No",21,"No"]
[668095,"2011-12-23","12:54:00","L256/PE",256,"Lego","Police Officers and Motorcycle","9 and up",9.9499999999999993,2,19.899999999999999,8.9600000000000009,"Cash","D.Z.|880-1179","No","No",32,"No"]
[668095,"2011-12-23","12:54:00","D254/FE",192,"Duplo","Policemen","6 and up",9.9499999999999993,2,19.899999999999999,10.34,"Cash","D.Z.|880-1179","No","No",32,"No"]
[668130,"2011-12-23","13:53:24","D255/FE",192,"Duplo","Policemen","6 and up",9.9499999999999993,2,19.899999999999999,10.34,"Mastercard","U.O.|880-3720","No","No",39,"No"]
[668145,"2011-12-23","13:56:24","L210/CS",210,"Lego","Cowboys with Horses","6 and up",9.4499999999999993,4,37.799999999999997,18.52,"Check","B.B.|880-9330","No","No",41,"No"]
[668156,"2011-12-23","19:21:36","D254/FE",192,"Duplo","Policemen","6 and up",9.9499999999999993,3,29.849999999999998,15.51,"Mastercard","U.O.|880-3720","No","No",45,"No"]
[668184,"2011-12-23","08:19:12","L217/SN",255,"Duplo","Farming Scene","7 and up",24.95,1,24.95,16.22,"Visa","A.U.|880-2167","No","No",36,"No"]
[668207,"2011-12-24","11:00:36","L256/PE",256,"Lego","Police Officers and Motorcycle","9 and up",9.9499999999999993,2,19.899999999999999,8.9600000000000009,"Discover","P.N.|880-3021","No","No",30,"No"]
[668216,"2011-12-24","15:58:12","L196/AR",196,"Lego","Antique Car","8 and up",7.95,1,7.95,4.45,"Visa","P.N.|880-3021","No","No",34,"No"]
[668232,"2011-12-24","14:10:48","D250/AT",192,"Duplo","Policemen","6 and up",9.9499999999999993,1,9.9499999999999993,5.17,"Mastercard","L.W.|880-4986","No","No",31,"No"]
[668232,"2011-12-24","14:10:48","D254/FE",192,"Duplo","Policemen","6 and up",9.9499999999999993,1,9.9499999999999993,5.17,"Mastercard","L.W.|880-4986","No","No",31,"No"]
[668232,"2011-12-24","14:10:48","D254/FE",192,"Duplo","Policemen","6 and up",9.9499999999999993,1,9.9499999999999993,5.17,"Mastercard","L.W.|880-4986","No","No",31,"No"]
[668261,"2011-12-25","14:12:32.400","D255/FE",192,"Duplo","Policemen","6 and up",9.9499999999999993,2,19.899999999999999,10.34,"Cash","B.X.|880-9149","No","No",34,"No"]
[668261,"2011-12-25","14:12:32.400","D254/FE",192,"Duplo","Policemen","6 and up",9.9499999999999993,1,9.9499999999999993,5.17,"Cash","B.X.|880-9149","No","No",34,"No"]
[668293,"2011-12-25","14:41:24","D199/SR",192,"Duplo","Policemen","6 and up",9.9499999999999993,2,19.899999999999999,10.34,"Visa","Z.T.|880-7477","No","No",44,"No"]
[668305,"2011-12-25","11:47:13.200","L212/SD",212,"Lego","Scooter and Stand","6 and up",4.95,1,4.95,2.23,"Visa","A.U.|880-2167","No","No",28,"No"]
[668326,"2011-12-25","19:46:12","D250/AT",192,"Duplo","Policemen","6 and up",9.9499999999999993,1,9.9499999999999993,5.17,"Visa","S.Y.|880-3139","Yes","Yes",34,"No"]
[668376,"2012-01-02","20:10:48","L195/AE",195,"Lego","Airplane","8 and up",5.95,1,5.95,3.09,"Visa","S.V.|880-5987","No","No",37,"No"]
[668384,"2012-01-02","09:32:34.800","L195/AE",195,"Lego","Airplane","8 and up",5.95,1,5.95,3.09,"Visa","C.X.|880-3590","No","No",27,"No"]
[668384,"2012-01-02","09:32:34.800","L195/AE",195,"Lego","Airplane","8 and up",5.95,4,23.8,12.36,"Visa","C.X.|880-3590","No","No",27,"No"]
[668391,"2012-01-08","13:18:00","L195/AE",195,"Lego","Airplane","8 and up",5.95,1,5.95,3.09,"Mastercard","W.B.|880-9647","No","No",29,"No"]
[668431,"2012-01-13","12:46:08.400","L195/AE",195,"Lego","Airplane","8 and up",5.95,5,29.75,15.45,"Cash","D.S.|880-7532","No","No",32,"Yes"]
[668451,"2012-01-19","18:06:00","D255/FE",192,"Duplo","Policemen","6 and up",9.9499999999999993,1,9.9499999999999993,5.17,"Visa","L.C.|880-6872","No","No",41,"No"]
[668451,"2012-01-19","18:06:00","D255/FE",192,"Duplo","Policemen","6 and up",9.9499999999999993,1,9.9499999999999993,5.17,"Visa","L.C.|880-6872","No","No",41,"No"]
[668489,"2012-01-21","15:27:00","D254/FE",192,"Duplo","Policemen","6 and up",9.9499999999999993,1,9.9499999999999993,5.17,"Cash","D.U.|880-2953","No","No",36,"No"]
[668499,"2012-01-29","14:21:36","D254/FE",192,"Duplo","Policemen","6 and up",9.9499999999999993,2,19.899999999999999,10.34,"Visa","Z.T.|880-7477","Yes","No",33,"No"]
[668499,"2012-01-29","14:21:36","D250/AT",192,"Duplo","Policemen","6 and up",9.9499999999999993,1,9.9499999999999993,5.17,"Visa","Z.T.|880-7477","Yes","No",33,"No"]
[668546,"2012-02-12","09:36:54","L217/SN",255,"Duplo","Farming Scene","7 and up",24.95,2,49.9,32.44,"Discover","V.W.|880-4523","No","No",33,"No"]
[668564,"2012-02-13","17:55:12","D255/FE",192,"Duplo","Policemen","6 and up",9.9499999999999993,1,9.9499999999999993,5.17,"Discover","Y.P.|880-6894","No","No",35,"No"]
[668585,"2012-02-14","18:39:36","L256/PE",256,"Lego","Police Officers and Motorcycle","9 and up",9.9499999999999993,3,29.849999999999998,13.44,"Gift Card","Y.P.|880-6894","No","No",39,"Yes"]
[668585,"2012-02-14","18:39:36","L256/PE",256,"Lego","Police Officers and Motorcycle","9 and up",9.9499999999999993,2,19.899999999999999,8.9600000000000009,"Gift Card","Y.P.|880-6894","No","No",39,"Yes"]
[668615,"2012-03-03","12:16:12","D254/FE",192,"Duplo","Policemen","6 and up",9.9499999999999993,1,9.9499999999999993,5.17,"Mastercard","S.Y.|880-3139","No","No",35,"No"]
[668615,"2012-03-03","12:16:12","D255/FE",192,"Duplo","Policemen","6 and up",9.9499999999999993,1,9.9499999999999993,5.17,"Mastercard","S.Y.|880-3139","No","No",35,"No"]
[668653,"2012-03-16","16:55:26.400","L256/PE",256,"Lego","Police Officers and Motorcycle","9 and up",9.9499999999999993,1,9.9499999999999993,4.4800000000000004,"Mastercard","H.B.|880-3254","No","No",40,"No"]
[668653,"2012-03-16","16:55:26.400","D250/AT",192,"Duplo","Policemen","6 and up",9.9499999999999993,2,19.899999999999999,10.34,"Mastercard","H.B.|880-3254","No","No",40,"No"]
[668653,"2012-03-16","16:55:26.400","L256/PE",256,"Lego","Police Officers and Motorcycle","9 and up",9.9499999999999993,1,9.9499999999999993,4.4800000000000004,"Mastercard","H.B.|880-3254","No","No",40,"No"]
[668660,"2012-03-24","20:19:12","D254/FE",192,"Duplo","Policemen","6 and up",9.9499999999999993,2,19.899999999999999,10.34,"Cash","C.X.|880-3590","No","No",61,"No"]
[668681,"2012-04-03","14:31:33.600","L252/LR",255,"Duplo","Farming Scene","7 and up",24.95,1,24.95,16.22,"Visa","W.B.|880-9647","No","No",32,"No"]
[668691,"2012-04-10","20:49:48","D250/AT",192,"Duplo","Policemen","6 and up",9.9499999999999993,1,9.9499999999999993,5.17,"Visa","S.Y.|880-3139","Yes","No",59,"Yes"]
[668692,"2012-04-12","20:51:00","L256/PE",256,"Lego","Police Officers and Motorcycle","9 and up",9.9499999999999993,1,9.9499999999999993,4.4800000000000004,"Check","A.U.|880-2167","No","No",37,"Yes"]
[668692,"2012-04-12","20:51:00","D250/AT",192,"Duplo","Policemen","6 and up",9.9499999999999993,1,9.9499999999999993,5.17,"Check","A.U.|880-2167","No","No",37,"Yes"]
[668708,"2012-04-21","20:20:24","D255/FE",192,"Duplo","Policemen","6 and up",9.9499999999999993,1,9.9499999999999993,5.17,"Visa","D.U.|880-2953","No","No",70,"No"]
[668714,"2012-04-22","11:37:48","D255/FE",192,"Duplo","Policemen","6 and up",9.9499999999999993,4,39.799999999999997,20.68,"Cash","N.W.|880-6237","No","No",23,"No"]
[668743,"2012-04-23","10:40:30","D254/FE",192,"Duplo","Policemen","6 and up",9.9499999999999993,1,9.9499999999999993,5.17,"Cash","Y.P.|880-6894","No","No",35,"No"]
[668752,"2012-04-23","17:21:36","D250/AT",192,"Duplo","Policemen","6 and up",9.9499999999999993,4,39.799999999999997,20.68,"Discover","D.Z.|880-1179","No","No",41,"No"]
[668752,"2012-04-23","17:21:36","D250/AT",192,"Duplo","Policemen","6 and up",9.9499999999999993,1,9.9499999999999993,5.17,"Discover","D.Z.|880-1179","No","No",41,"No"]
[668801,"2012-05-13","15:10:48","L256/PE",256,"Lego","Police Officers and Motorcycle","9 and up",9.9499999999999993,1,9.9499999999999993,4.4800000000000004,"Visa","D.U.|880-2953","No","No",27,"No"]
[668804,"2012-05-19","12:32:31.200","D250/AT",192,"Duplo","Policemen","6 and up",9.9499999999999993,4,39.799999999999997,20.68,"Visa","S.Y.|880-3139","No","No",29,"No"]
[668804,"2012-05-19","12:32:31.200","L195/AE",195,"Lego","Airplane","8 and up",5.95,3,17.850000000000001,9.27,"Visa","S.Y.|880-3139","No","No",29,"No"]
[668829,"2012-05-24","13:25:12","D254/FE",192,"Duplo","Policemen","6 and up",9.9499999999999993,1,9.9499999999999993,5.17,"Visa","B.X.|880-9149","No","No",34,"No"]
[668848,"2012-06-08","09:46:30","D255/FE",192,"Duplo","Policemen","6 and up",9.9499999999999993,2,19.899999999999999,10.34,"Visa","A.U.|880-2167","No","No",42,"No"]
[668883,"2012-06-09","11:39:43.200","L194/FY",194,"Lego","Family","4 and up",14.95,2,29.9,16.739999999999998,"Gift Card","V.W.|880-8599","No","No",38,"No"]
[668903,"2012-06-09","08:28:48","D250/AT",192,"Duplo","Policemen","6 and up",9.9499999999999993,1,9.9499999999999993,5.17,"Visa","L.W.|880-4986","No","Yes",21,"No"]
[668943,"2012-06-11","10:28:12","D250/AT",192,"Duplo","Policemen","6 and up",9.9499999999999993,1,9.9499999999999993,5.17,"Visa","N.C.|880-3850","No","No",35,"No"]
[668982,"2012-06-12","15:45:00","L252/LR",255,"Duplo","Farming Scene","7 and up",24.95,1,24.95,16.22,"Visa","A.U.|880-2167","No","No",47,"Yes"]
[668997,"2012-06-23","15:00:36","D254/FE",192,"Duplo","Policemen","6 and up",9.9499999999999993,4,39.799999999999997,20.68,"Visa","S.V.|880-5987","No","No",33,"No"]
[669021,"2012-06-23","17:43:12","D255/FE",192,"Duplo","Policemen","6 and up",9.9499999999999993,3,29.849999999999998,15.51,"Mastercard","B.X.|880-9149","Yes","No",35,"No"]
[669042,"2012-06-25","13:12:07.200","L256/PE",256,"Lego","Police Officers and Motorcycle","9 and up",9.9499999999999993,1,9.9499999999999993,4.4800000000000004,"Mastercard","D.U.|880-2953","No","No",59,"No"]
[669080,"2012-07-02","16:00:00","D199/SR",192,"Duplo","Policemen","6 and up",9.9499999999999993,1,9.9499999999999993,5.17,"Visa","N.C.|880-3850","No","No",37,"Yes"]
[669090,"2012-07-02","16:20:24","D254/FE",192,"Duplo","Policemen","6 and up",9.9499999999999993,1,9.9499999999999993,5.17,"Cash","P.N.|880-3021","No","Yes",31,"No"]
[669121,"2012-08-05","15:28:26.400","L256/PE",256,"Lego","Police Officers and Motorcycle","9 and up",9.9499999999999993,4,39.799999999999997,17.920000000000002,"Check","W.C.|880-4861","No","No",50,"No"]
[669126,"2012-08-14","15:18:00","D255/FE",192,"Duplo","Policemen","6 and up",9.9499999999999993,2,19.899999999999999,10.34,"Mastercard","S.Y.|880-3139","No","No",42,"No"]
[669126,"2012-08-14","15:18:00","D254/FE",192,"Duplo","Policemen","6 and up",9.9499999999999993,1,9.9499999999999993,5.17,"Mastercard","S.Y.|880-3139","No","No",42,"No"]
[669138,"2012-09-04","15:18:36","L195/AE",195,"Lego","Airplane","8 and up",5.95,1,5.95,3.09,"Cash","S.Y.|880-3139","No","No",36,"Yes"]
[669163,"2012-09-06","13:15:03.600","D254/FE",192,"Duplo","Policemen","6 and up",9.9499999999999993,1,9.9499999999999993,5.17,"Check","D.W.|880-7199","Yes","No",39,"Yes"]
[669163,"2012-09-06","13:15:03.600","D250/AT",192,"Duplo","Policemen","6 and up",9.9499999999999993,5,49.75,25.85,"Check","D.W.|880-7199","Yes","No",39,"Yes"]
[669181,"2012-09-09","17:49:12","D254/FE",192,"Duplo","Policemen","6 and up",9.9499999999999993,1,9.9499999999999993,5.17,"Mastercard","W.C.|880-4861","No","No",46,"No"]
[669197,"2012-09-10","16:52:48","D255/FE",192,"Duplo","Policemen","6 and up",9.9499999999999993,1,9.9499999999999993,5.17,"Visa","A.U.|880-2167","No","No",39,"No"]
[669197,"2012-09-10","16:52:48","D254/FE",192,"Duplo","Policemen","6 and up",9.9499999999999993,2,19.899999999999999,10.34,"Visa","A.U.|880-2167","No","No",39,"No"]
[669198,"2012-09-18","12:08:24","L256/PE",256,"Lego","Police Officers and Motorcycle","9 and up",9.9499999999999993,4,39.799999999999997,17.920000000000002,"Gift Card","Z.T.|880-7477","No","No",34,"No"]
[669198,"2012-09-18","12:08:24","L256/PE",256,"Lego","Police Officers and Motorcycle","9 and up",9.9499999999999993,2,19.899999999999999,8.9600000000000009,"Gift Card","Z.T.|880-7477","No","No",34,"No"]
[669208,"2012-09-28","14:22:48","D254/FE",192,"Duplo","Policemen","6 and up",9.9499999999999993,1,9.9499999999999993,5.17,"Mastercard","D.W.|880-7199","No","No",30,"No"]
[669238,"2012-10-07","12:24:00","D250/AT",192,"Duplo","Policemen","6 and up",9.9499999999999993,1,9.9499999999999993,5.17,"Gift Card","V.W.|880-8599","No","No",36,"No"]
[669260,"2012-10-09","12:06:36","D250/AT",192,"Duplo","Policemen","6 and up",9.9499999999999993,2,19.899999999999999,10.34,"Gift Card","W.B.|880-9647","Yes","No",20,"No"]
[669260,"2012-10-09","12:06:36","D250/AT",192,"Duplo","Policemen","6 and up",9.9499999999999993,2,19.899999999999999,10.34,"Gift Card","W.B.|880-9647","Yes","No",20,"No"]
[669277,"2012-10-16","13:38:24","L194/FY",194,"Lego","Family","4 and up",14.95,1,14.95,8.3699999999999992,"Cash","D.U.|880-2953","No","No",23,"No"]
[669306,"2012-10-16","16:23:27.600","D255/FE",192,"Duplo","Policemen","6 and up",9.9499999999999993,2,19.899999999999999,10.34,"Cash","B.Y.|880-6845","No","No",45,"No"]
[669318,"2012-10-16","16:13:15.600","L194/FY",194,"Lego","Family","4 and up",14.95,1,14.95,8.3699999999999992,"Visa","D.S.|880-7532","No","Yes",29,"Yes"]
[669320,"2012-10-22","16:08:42","D254/FE",192,"Duplo","Policemen","6 and up",9.9499999999999993,1,9.9499999999999993,5.17,"Visa","H.B.|880-3254","No","No",24,"No"]
[669353,"2012-10-22","14:39:00","D250/AT",192,"Duplo","Policemen","6 and up",9.9499999999999993,4,39.799999999999997,20.68,"Mastercard","D.U.|880-2953","No","No",60,"No"]
[669400,"2012-10-22","13:42:25.200","D255/FE",192,"Duplo","Policemen","6 and up",9.9499999999999993,2,19.899999999999999,10.34,"Gift Card","H.B.|880-3254","No","No",36,"No"]
[669400,"2012-10-22","13:42:25.200","D250/AT",192,"Duplo","Policemen","6 and up",9.9499999999999993,1,9.9499999999999993,5.17,"Gift Card","H.B.|880-3254","No","No",36,"No"]
[669401,"2012-10-30","16:02:52.800","D254/FE",192,"Duplo","Policemen","6 and up",9.9499999999999993,2,19.899999999999999,10.34,"Visa","N.W.|880-6237","No","Yes",44,"No"]
[669401,"2012-10-30","16:02:52.800","D250/AT",192,"Duplo","Policemen","6 and up",9.9499999999999993,1,9.9499999999999993,5.17,"Visa","N.W.|880-6237","No","Yes",44,"No"]
[669451,"2012-11-01","20:07:12","L195/AE",195,"Lego","Airplane","8 and up",5.95,1,5.95,3.09,"Cash","U.W.|880-9683","No","No",29,"No"]
[669469,"2012-11-01","12:52:48","L256/PE",256,"Lego","Police Officers and Motorcycle","9 and up",9.9499999999999993,1,9.9499999999999993,4.4800000000000004,"Cash","B.B.|880-9330","No","No",36,"No"]
[669482,"2012-11-01","11:05:13.200","D254/FE",192,"Duplo","Policemen","6 and up",9.9499999999999993,1,9.9499999999999993,5.17,"Mastercard","L.W.|880-4986","No","No",37,"No"]
[669482,"2012-11-01","11:05:13.200","D250/AT",192,"Duplo","Policemen","6 and up",9.9499999999999993,1,9.9499999999999993,5.17,"Mastercard","L.W.|880-4986","No","No",37,"No"]
[669529,"2012-11-02","11:18:36","D255/FE",192,"Duplo","Policemen","6 and up",9.9499999999999993,1,9.9499999999999993,5.17,"Visa","Y.P.|880-6894","No","No",30,"No"]
[669560,"2012-11-03","12:12:14.400","L197/FS",199,"Duplo","Scooter","4 and up",4.95,1,4.95,2.52,"Visa","L.C.|880-6872","No","No",21,"No"]
[669602,"2012-11-04","19:37:48","D254/FE",192,"Duplo","Policemen","6 and up",9.9499999999999993,2,19.899999999999999,10.34,"Check","U.W.|880-9683","No","No",74,"No"]
[669617,"2012-11-04","10:26:24","L195/AE",195,"Lego","Airplane","8 and up",5.95,1,5.95,3.09,"Mastercard","C.X.|880-3590","No","No",32,"No"]
[669649,"2012-11-04","12:35:20.400","D255/FE",192,"Duplo","Policemen","6 and up",9.9499999999999993,1,9.9499999999999993,5.17,"Cash","D.W.|880-7199","No","No",24,"No"]
[669652,"2012-11-04","11:37:04.800","L195/AE",195,"Lego","Airplane","8 and up",5.95,2,11.9,6.18,"Cash","V.W.|880-8599","No","No",34,"No"]
[669659,"2012-11-04","14:15:36","D250/AT",192,"Duplo","Policemen","6 and up",9.9499999999999993,1,9.9499999999999993,5.17,"Mastercard","Y.P.|880-6894","No","No",35,"Yes"]
[669698,"2012-11-05","13:49:48","D254/FE",192,"Duplo","Policemen","6 and up",9.9499999999999993,4,39.799999999999997,20.68,"Visa","D.Z.|880-1179","No","No",56,"No"]
[669703,"2012-11-05","14:51:36","L195/AE",195,"Lego","Airplane","8 and up",5.95,1,5.95,3.09,"Visa","W.C.|880-4861","No","No",27,"No"]
[669722,"2012-11-05","16:54:36","D250/AT",192,"Duplo","Policemen","6 and up",9.9499999999999993,1,9.9499999999999993,5.17,"Visa","Z.Q.|880-4240","No","No",35,"No"]
[669722,"2012-11-05","16:54:36","D250/AT",192,"Duplo","Policemen","6 and up",9.9499999999999993,1,9.9499999999999993,5.17,"Visa","Z.Q.|880-4240","No","No",35,"No"]
[669764,"2012-11-06","16:21:00","D255/FE",192,"Duplo","Policemen","6 and up",9.9499999999999993,1,9.9499999999999993,5.17,"Visa","N.W.|880-6237","No","No",39,"No"]
[669764,"2012-11-06","16:21:00","D255/FE",192,"Duplo","Policemen","6 and up",9.9499999999999993,2,19.899999999999999,10.34,"Visa","N.W.|880-6237","No","No",39,"No"]
[669783,"2012-11-06","18:03:00","D254/FE",192,"Duplo","Policemen","6 and up",9.9499999999999993,1,9.9499999999999993,5.17,"Cash","H.B.|880-3254","No","No",40,"No"]
[669804,"2012-11-06","12:00:36","D255/FE",192,"Duplo","Policemen","6 and up",9.9499999999999993,1,9.9499999999999993,5.17,"Visa","N.C.|880-3850","No","No",48,"No"]
[669805,"2012-11-06","09:12:14.400","L195/AE",195,"Lego","Airplane","8 and up",5.95,3,17.850000000000001,9.27,"Mastercard","N.C.|880-3850","No","No",30,"Yes"]
[669813,"2012-11-06","12:17:24","D255/FE",192,"Duplo","Policemen","6 and up",9.9499999999999993,2,19.899999999999999,10.34,"Cash","D.Z.|880-1179","No","Yes",38,"No"]
[669813,"2012-11-06","12:17:24","L256/PE",256,"Lego","Police Officers and Motorcycle","9 and up",9.9499999999999993,1,9.9499999999999993,4.4800000000000004,"Cash","D.Z.|880-1179","No","Yes",38,"No"]
[669819,"2012-11-06","14:50:34.800","L256/PE",256,"Lego","Police Officers and Motorcycle","9 and up",9.9499999999999993,1,9.9499999999999993,4.4800000000000004,"Visa","S.Y.|880-3139","Yes","Yes",27,"No"]
[669860,"2012-11-06","17:30:36","L195/AE",195,"Lego","Airplane","8 and up",5.95,1,5.95,3.09,"Discover","D.W.|880-7199","No","No",31,"No"]
[669905,"2012-11-06","14:43:12","D255/FE",192,"Duplo","Policemen","6 and up",9.9499999999999993,1,9.9499999999999993,5.17,"Cash","V.W.|880-8599","No","No",39,"No"]
[669905,"2012-11-06","14:43:12","L256/PE",256,"Lego","Police Officers and Motorcycle","9 and up",9.9499999999999993,2,19.899999999999999,8.9600000000000009,"Cash","V.W.|880-8599","No","No",39,"No"]
[669931,"2012-11-07","09:34:48","L256/PE",256,"Lego","Police Officers and Motorcycle","9 and up",9.9499999999999993,4,39.799999999999997,17.920000000000002,"Visa","S.Y.|880-3139","No","No",44,"Yes"]
[669981,"2012-11-07","13:27:54","D250/AT",192,"Duplo","Policemen","6 and up",9.9499999999999993,4,39.799999999999997,20.68,"Visa","Y.P.|880-6894","No","No",27,"No"]
[670014,"2012-11-07","14:53:45.600","D255/FE",192,"Duplo","Policemen","6 and up",9.9499999999999993,4,39.799999999999997,20.68,"Cash","B.X.|880-9149","No","No",42,"No"]
[670015,"2012-11-07","12:56:24","L256/PE",256,"Lego","Police Officers and Motorcycle","9 and up",9.9499999999999993,1,9.9499999999999993,4.4800000000000004,"Mastercard","D.Z.|880-1179","Yes","No",41,"No"]
[670038,"2012-11-07","16:05:31.200","L256/PE",256,"Lego","Police Officers and Motorcycle","9 and up",9.9499999999999993,1,9.9499999999999993,4.4800000000000004,"Mastercard","W.C.|880-4861","No","Yes",31,"Yes"]
[670081,"2012-11-08","12:10:48","L330/GN",330,"Lego","Gas Station","8 and up",32.950000000000003,1,32.950000000000003,19.11,"Cash","S.Y.|880-3139","No","No",59,"Yes"]
[670120,"2012-11-08","16:49:04.800","L256/PE",256,"Lego","Police Officers and Motorcycle","9 and up",9.9499999999999993,2,19.899999999999999,8.9600000000000009,"Mastercard","S.V.|880-5987","No","No",37,"No"]
[670143,"2012-11-08","13:21:00","D254/FE",192,"Duplo","Policemen","6 and up",9.9499999999999993,2,19.899999999999999,10.34,"Cash","S.Y.|880-3139","No","No",30,"No"]
[670166,"2012-11-08","19:22:48","D254/FE",192,"Duplo","Policemen","6 and up",9.9499999999999993,2,19.899999999999999,10.34,"Cash","S.V.|880-5987","No","No",31,"No"]
[670166,"2012-11-08","19:22:48","D255/FE",192,"Duplo","Policemen","6 and up",9.9499999999999993,1,9.9499999999999993,5.17,"Cash","S.V.|880-5987","No","No",31,"No"]
[670172,"2012-11-08","11:02:27.600","D198/LX",192,"Duplo","Policemen","6 and up",9.9499999999999993,2,19.899999999999999,10.34,"Cash","L.W.|880-4986","No","No",21,"No"]
[670172,"2012-11-08","11:02:27.600","D255/FE",192,"Duplo","Policemen","6 and up",9.9499999999999993,1,9.9499999999999993,5.17,"Cash","L.W.|880-4986","No","No",21,"No"]
[670207,"2012-11-09","16:27:36","L256/PE",256,"Lego","Police Officers and Motorcycle","9 and up",9.9499999999999993,5,49.75,22.4,"Mastercard","D.S.|880-7532","Yes","No",38,"Yes"]
[670207,"2012-11-09","16:27:36","L256/PE",256,"Lego","Police Officers and Motorcycle","9 and up",9.9499999999999993,2,19.899999999999999,8.9600000000000009,"Mastercard","D.S.|880-7532","Yes","No",38,"Yes"]
[670245,"2012-11-09","12:06:50.400","L195/AE",195,"Lego","Airplane","8 and up",5.95,4,23.8,12.36,"Mastercard","P.N.|880-3021","No","No",33,"Yes"]
[670275,"2012-11-10","12:30:00","D250/AT",192,"Duplo","Policemen","6 and up",9.9499999999999993,1,9.9499999999999993,5.17,"Mastercard","B.B.|880-9330","No","No",33,"No"]
[670311,"2012-11-10","14:13:48","L256/PE",256,"Lego","Police Officers and Motorcycle","9 and up",9.9499999999999993,2,19.899999999999999,8.9600000000000009,"Cash","N.W.|880-6237","Yes","No",68,"No"]
[670311,"2012-11-10","14:13:48","D254/FE",192,"Duplo","Policemen","6 and up",9.9499999999999993,1,9.9499999999999993,5.17,"Cash","N.W.|880-6237","Yes","No",68,"No"]
[670358,"2012-11-10","14:07:33.600","D254/FE",192,"Duplo","Policemen","6 and up",9.9499999999999993,1,9.9499999999999993,5.17,"Mastercard","S.V.|880-5987","No","No",47,"No"]
[670364,"2012-11-10","17:38:24","L256/PE",256,"Lego","Police Officers and Motorcycle","9 and up",9.9499999999999993,1,9.9499999999999993,4.4800000000000004,"Cash","Z.T.|880-7477","No","No",29,"Yes"]
[670394,"2012-11-10","16:19:19.200","D250/AT",192,"Duplo","Policemen","6 and up",9.9499999999999993,1,9.9499999999999993,5.17,"Cash","D.S.|880-7532","No","No",36,"No"]
[670398,"2012-11-10","13:16:48","L195/AE",195,"Lego","Airplane","8 and up",5.95,1,5.95,3.09,"Cash","B.X.|880-9149","No","No",30,"No"]
[670436,"2012-11-11","15:13:12","D250/AT",192,"Duplo","Policemen","6 and up",9.9499999999999993,2,19.899999999999999,10.34,"Visa","V.W.|880-8599","No","Yes",49,"No"]
[670473,"2012-11-11","08:42:43.200","D254/FE",192,"Duplo","Policemen","6 and up",9.9499999999999993,2,19.899999999999999,10.34,"Mastercard","D.S.|880-7532","No","No",12,"Yes"]
[670487,"2012-11-11","17:22:12","D255/FE",192,"Duplo","Policemen","6 and up",9.9499999999999993,1,9.9499999999999993,5.17,"Mastercard","N.W.|880-6237","No","No",65,"No"]
[670529,"2012-11-12","11:15:36","L195/AE",195,"Lego","Airplane","8 and up",5.95,1,5.95,3.09,"Mastercard","N.C.|880-3850","No","No",34,"No"]
[670575,"2012-11-12","08:40:55.200","L196/AR",196,"Lego","Antique Car","8 and up",7.95,1,7.95,4.45,"Gift Card","B.X.|880-9149","No","No",29,"No"]
[670601,"2012-11-12","13:06:18","D250/AT",192,"Duplo","Policemen","6 and up",9.9499999999999993,4,39.799999999999997,20.68,"Visa","W.B.|880-9647","No","No",40,"No"]
[670634,"2012-11-12","13:21:00","D254/FE",192,"Duplo","Policemen","6 and up",9.9499999999999993,1,9.9499999999999993,5.17,"Visa","L.W.|880-4986","No","No",36,"No"]
[670682,"2012-11-12","14:21:00","L195/AE",195,"Lego","Airplane","8 and up",5.95,1,5.95,3.09,"Visa","Y.P.|880-6894","No","No",47,"No"]
[670688,"2012-11-13","15:36:00","D254/FE",192,"Duplo","Policemen","6 and up",9.9499999999999993,1,9.9499999999999993,5.17,"Visa","S.Y.|880-3139","Yes","No",33,"Yes"]
[670716,"2012-11-13","08:01:48","L195/AE",195,"Lego","Airplane","8 and up",5.95,2,11.9,6.18,"Visa","N.W.|880-6237","No","Yes",37,"No"]
[670723,"2012-11-13","21:00:00","L256/PE",256,"Lego","Police Officers and Motorcycle","9 and up",9.9499999999999993,2,19.899999999999999,8.9600000000000009,"Visa","U.W.|880-9683","No","No",11,"No"]
[670735,"2012-11-13","19:02:24","L195/AE",195,"Lego","Airplane","8 and up",5.95,1,5.95,3.09,"Visa","D.U.|880-2953","No","Yes",35,"No"]
[670743,"2012-11-14","14:39:36","L256/PE",256,"Lego","Police Officers and Motorcycle","9 and up",9.9499999999999993,1,9.9499999999999993,4.4800000000000004,"Visa","Y.P.|880-6894","Yes","No",34,"No"]
[670790,"2012-11-15","12:21:00","D254/FE",192,"Duplo","Policemen","6 and up",9.9499999999999993,3,29.849999999999998,15.51,"Cash","D.S.|880-7532","No","No",37,"Yes"]
[670827,"2012-11-15","18:52:48","L195/AE",195,"Lego","Airplane","8 and up",5.95,1,5.95,3.09,"Mastercard","L.C.|880-6872","No","Yes",40,"No"]
[670870,"2012-11-15","20:03:00","L195/AE",195,"Lego","Airplane","8 and up",5.95,1,5.95,3.09,"Visa","V.W.|880-4523","No","No",27,"No"]
[670918,"2012-11-15","15:52:19.200","D255/FE",192,"Duplo","Policemen","6 and up",9.9499999999999993,1,9.9499999999999993,5.17,"Discover","N.C.|880-3850","No","No",33,"Yes"]
[670953,"2012-11-16","11:22:12","L195/AE",195,"Lego","Airplane","8 and up",5.95,1,5.95,3.09,"Cash","W.B.|880-9647","No","No",17,"No"]
[670977,"2012-11-16","13:22:48","D250/AT",192,"Duplo","Policemen","6 and up",9.9499999999999993,1,9.9499999999999993,5.17,"Visa","W.B.|880-9647","No","No",53,"No"]
[670980,"2012-11-16","12:52:44.400","L256/PE",256,"Lego","Police Officers and Motorcycle","9 and up",9.9499999999999993,1,9.9499999999999993,4.4800000000000004,"Check","D.S.|880-7532","Yes","Yes",30,"No"]
[670980,"2012-11-16","12:52:44.400","L196/AR",196,"Lego","Antique Car","8 and up",7.95,1,7.95,4.45,"Check","D.S.|880-7532","Yes","Yes",30,"No"]
[670991,"2012-11-16","20:13:12","L256/PE",256,"Lego","Police Officers and Motorcycle","9 and up",9.9499999999999993,1,9.9499999999999993,4.4800000000000004,"Cash","B.B.|880-9330","No","No",37,"Yes"]
[671036,"2012-11-16","11:39:00","D255/FE",192,"Duplo","Policemen","6 and up",9.9499999999999993,1,9.9499999999999993,5.17,"Visa","D.U.|880-2953","No","No",31,"Yes"]
[671069,"2012-11-17","16:34:12","L195/AE",195,"Lego","Airplane","8 and up",5.95,2,11.9,6.18,"Mastercard","Z.T.|880-7477","No","No",26,"No"]
[671089,"2012-11-17","13:33:00","D255/FE",192,"Duplo","Policemen","6 and up",9.9499999999999993,2,19.899999999999999,10.34,"Cash","P.N.|880-3021","No","No",36,"No"]
[671089,"2012-11-17","13:33:00","L256/PE",256,"Lego","Police Officers and Motorcycle","9 and up",9.9499999999999993,2,19.899999999999999,8.9600000000000009,"Cash","P.N.|880-3021","No","No",36,"No"]
[671089,"2012-11-17","13:33:00","L195/AE",195,"Lego","Airplane","8 and up",5.95,2,11.9,6.18,"Cash","P.N.|880-3021","No","No",36,"No"]
[671138,"2012-11-17","16:19:48","D255/FE",192,"Duplo","Policemen","6 and up",9.9499999999999993,5,49.75,25.85,"Gift Card","H.B.|880-3254","No","No",49,"No"]
[671140,"2012-11-17","12:59:06","L256/PE",256,"Lego","Police Officers and Motorcycle","9 and up",9.9499999999999993,1,9.9499999999999993,4.4800000000000004,"Visa","D.Z.|880-1179","No","No",31,"Yes"]
[671182,"2012-11-18","11:40:12","D254/FE",192,"Duplo","Policemen","6 and up",9.9499999999999993,2,19.899999999999999,10.34,"Visa","U.W.|880-9683","No","No",40,"No"]
[671199,"2012-11-18","20:03:00","D254/FE",192,"Duplo","Policemen","6 and up",9.9499999999999993,2,19.899999999999999,10.34,"Visa","S.Y.|880-3139","No","No",38,"No"]
[671199,"2012-11-18","20:03:00","L195/AE",195,"Lego","Airplane","8 and up",5.95,2,11.9,6.18,"Visa","S.Y.|880-3139","No","No",38,"No"]
[671199,"2012-11-18","20:03:00","L256/PE",256,"Lego","Police Officers and Motorcycle","9 and up",9.9499999999999993,2,19.899999999999999,8.9600000000000009,"Visa","S.Y.|880-3139","No","No",38,"No"]
[671199,"2012-11-18","20:03:00","D250/AT",192,"Duplo","Policemen","6 and up",9.9499999999999993,4,39.799999999999997,20.68,"Visa","S.Y.|880-3139","No","No",38,"No"]
[671210,"2012-11-19","16:20:24","D250/AT",192,"Duplo","Policemen","6 and up",9.9499999999999993,1,9.9499999999999993,5.17,"Gift Card","S.V.|880-5987","No","No",51,"No"]
[671256,"2012-11-19","16:43:12","D254/FE",192,"Duplo","Policemen","6 and up",9.9499999999999993,1,9.9499999999999993,5.17,"Check","Y.P.|880-6894","No","No",11,"Yes"]
[671256,"2012-11-19","16:43:12","L195/AE",195,"Lego","Airplane","8 and up",5.95,4,23.8,12.36,"Check","Y.P.|880-6894","No","No",11,"Yes"]
[671264,"2012-11-19","13:21:36","D254/FE",192,"Duplo","Policemen","6 and up",9.9499999999999993,1,9.9499999999999993,5.17,"Cash","N.C.|880-3850","No","No",48,"Yes"]
[671283,"2012-11-20","13:19:12","D250/AT",192,"Duplo","Policemen","6 and up",9.9499999999999993,1,9.9499999999999993,5.17,"Visa","V.W.|880-8599","No","No",53,"No"]
[671323,"2012-11-21","13:10:48","L197/FS",199,"Duplo","Scooter","4 and up",4.95,1,4.95,2.52,"Visa","W.B.|880-9647","Yes","No",31,"No"]
[671359,"2012-11-21","14:55:48","D254/FE",192,"Duplo","Policemen","6 and up",9.9499999999999993,2,19.899999999999999,10.34,"Mastercard","N.W.|880-6237","No","No",59,"No"]
[671382,"2012-11-21","13:10:12","D255/FE",192,"Duplo","Policemen","6 and up",9.9499999999999993,1,9.9499999999999993,5.17,"Mastercard","C.X.|880-3590","No","No",30,"No"]
[671409,"2012-11-22","11:23:24","D254/FE",192,"Duplo","Policemen","6 and up",9.9499999999999993,1,9.9499999999999993,5.17,"Gift Card","S.Y.|880-3139","No","No",60,"No"]
[671457,"2012-11-22","17:24:00","D250/AT",192,"Duplo","Policemen","6 and up",9.9499999999999993,2,19.899999999999999,10.34,"Visa","L.C.|880-6872","No","No",39,"Yes"]
[671492,"2012-11-22","14:31:12","D250/AT",192,"Duplo","Policemen","6 and up",9.9499999999999993,3,29.849999999999998,15.51,"Visa","W.B.|880-9647","No","Yes",35,"No"]
[671494,"2012-11-22","14:25:48","D250/AT",192,"Duplo","Policemen","6 and up",9.9499999999999993,4,39.799999999999997,20.68,"Visa","W.B.|880-9647","No","No",38,"No"]
[671517,"2012-11-22","16:29:49.200","L256/PE",256,"Lego","Police Officers and Motorcycle","9 and up",9.9499999999999993,3,29.849999999999998,13.44,"Cash","L.C.|880-6872","No","Yes",43,"No"]
[671549,"2012-11-22","16:19:48","L195/AE",195,"Lego","Airplane","8 and up",5.95,1,5.95,3.09,"Visa","Z.Q.|880-4240","No","No",34,"Yes"]
[671563,"2012-11-23","08:02:24","D255/FE",192,"Duplo","Policemen","6 and up",9.9499999999999993,2,19.899999999999999,10.34,"Mastercard","Z.T.|880-7477","No","No",38,"No"]
[671563,"2012-11-23","08:02:24","D250/AT",192,"Duplo","Policemen","6 and up",9.9499999999999993,2,19.899999999999999,10.34,"Mastercard","Z.T.|880-7477","No","No",38,"No"]
[671588,"2012-11-23","15:27:25.200","D255/FE",192,"Duplo","Policemen","6 and up",9.9499999999999993,2,19.899999999999999,10.34,"Cash","U.O.|880-3720","No","No",40,"Yes"]
[671605,"2012-11-23","13:07:01.200","L196/AR",196,"Lego","Antique Car","8 and up",7.95,1,7.95,4.45,"Visa","S.V.|880-5987","No","No",31,"No"]
[671637,"2012-11-23","16:42:14.400","D250/AT",192,"Duplo","Policemen","6 and up",9.9499999999999993,1,9.9499999999999993,5.17,"Visa","C.X.|880-3590","Yes","No",40,"No"]
[671647,"2012-11-24","15:16:26.400","D254/FE",192,"Duplo","Policemen","6 and up",9.9499999999999993,1,9.9499999999999993,5.17,"Mastercard","C.X.|880-3590","No","No",38,"Yes"]
[671685,"2012-11-24","20:36:00","L256/PE",256,"Lego","Police Officers and Motorcycle","9 and up",9.9499999999999993,2,19.899999999999999,8.9600000000000009,"Gift Card","A.U.|880-2167","No","No",34,"No"]
[671700,"2012-11-25","16:58:48","D254/FE",192,"Duplo","Policemen","6 and up",9.9499999999999993,1,9.9499999999999993,5.17,"Visa","D.U.|880-2953","No","No",27,"No"]
[671700,"2012-11-25","16:58:48","L195/AE",195,"Lego","Airplane","8 and up",5.95,1,5.95,3.09,"Visa","D.U.|880-2953","No","No",27,"No"]
[671735,"2012-11-25","16:58:04.800","D199/SR",192,"Duplo","Policemen","6 and up",9.9499999999999993,5,49.75,25.85,"Visa","B.B.|880-9330","No","No",21,"Yes"]
[671753,"2012-11-25","15:46:12","D255/FE",192,"Duplo","Policemen","6 and up",9.9499999999999993,4,39.799999999999997,20.68,"Visa","U.W.|880-9683","No","No",19,"No"]
[671753,"2012-11-25","15:46:12","L195/AE",195,"Lego","Airplane","8 and up",5.95,1,5.95,3.09,"Visa","U.W.|880-9683","No","No",19,"No"]
[671799,"2012-11-26","19:18:00","D192/PN",192,"Duplo","Policemen","6 and up",9.9499999999999993,4,39.799999999999997,20.68,"Discover","H.B.|880-3254","No","No",40,"No"]
[671801,"2012-11-27","10:40:37.200","L195/AE",195,"Lego","Airplane","8 and up",5.95,4,23.8,12.36,"Mastercard","D.Z.|880-1179","No","No",38,"No"]
[671801,"2012-11-27","10:40:37.200","D250/AT",192,"Duplo","Policemen","6 and up",9.9499999999999993,1,9.9499999999999993,5.17,"Mastercard","D.Z.|880-1179","No","No",38,"No"]
[671816,"2012-11-27","12:58:12","D250/AT",192,"Duplo","Policemen","6 and up",9.9499999999999993,1,9.9499999999999993,5.17,"Visa","V.W.|880-8599","No","No",28,"Yes"]
[671858,"2012-11-27","12:21:36","L195/AE",195,"Lego","Airplane","8 and up",5.95,2,11.9,6.18,"Cash","B.B.|880-9330","No","No",6,"No"]
[671901,"2012-11-28","19:34:12","L196/AR",196,"Lego","Antique Car","8 and up",7.95,1,7.95,4.45,"Cash","V.W.|880-4523","No","No",37,"No"]
[671923,"2012-11-28","13:38:24","L256/PE",256,"Lego","Police Officers and Motorcycle","9 and up",9.9499999999999993,4,39.799999999999997,17.920000000000002,"Cash","U.O.|880-3720","No","No",28,"Yes"]
[671935,"2012-11-28","14:10:12","D254/FE",192,"Duplo","Policemen","6 and up",9.9499999999999993,2,19.899999999999999,10.34,"Visa","H.B.|880-3254","No","No",46,"No"]
[671984,"2012-11-28","16:39:36","D255/FE",192,"Duplo","Policemen","6 and up",9.9499999999999993,5,49.75,25.85,"Cash","Y.P.|880-6894","No","No",40,"No"]
[671992,"2012-11-28","18:58:12","L256/PE",256,"Lego","Police Officers and Motorcycle","9 and up",9.9499999999999993,2,19.899999999999999,8.9600000000000009,"Discover","S.Y.|880-3139","No","No",37,"Yes"]
[672040,"2012-11-28","10:25:55.200","L195/AE",195,"Lego","Airplane","8 and up",5.95,1,5.95,3.09,"Visa","Z.Q.|880-4240","Yes","No",23,"Yes"]
[672078,"2012-11-28","15:08:24","D254/FE",192,"Duplo","Policemen","6 and up",9.9499999999999993,5,49.75,25.85,"Mastercard","H.B.|880-3254","No","No",31,"Yes"]
[672091,"2012-11-28","12:32:24","L256/PE",256,"Lego","Police Officers and Motorcycle","9 and up",9.9499999999999993,2,19.899999999999999,8.9600000000000009,"Cash","W.C.|880-4861","No","No",42,"No"]
[672118,"2012-11-28","18:26:24","D255/FE",192,"Duplo","Policemen","6 and up",9.9499999999999993,1,9.9499999999999993,5.17,"Gift Card","L.W.|880-4986","No","No",39,"No"]
[672118,"2012-11-28","18:26:24","L195/AE",195,"Lego","Airplane","8 and up",5.95,1,5.95,3.09,"Gift Card","L.W.|880-4986","No","No",39,"No"]
[672134,"2012-11-28","20:01:48","L256/PE",256,"Lego","Police Officers and Motorcycle","9 and up",9.9499999999999993,1,9.9499999999999993,4.4800000000000004,"Visa","D.Z.|880-1179","No","No",44,"No"]
[672134,"2012-11-28","20:01:48","L212/SD",212,"Lego","Scooter and Stand","6 and up",4.95,4,19.8,8.92,"Visa","D.Z.|880-1179","No","No",44,"No"]
[672134,"2012-11-28","20:01:48","D254/FE",192,"Duplo","Policemen","6 and up",9.9499999999999993,1,9.9499999999999993,5.17,"Visa","D.Z.|880-1179","No","No",44,"No"]
[672184,"2012-11-29","20:58:48","D250/AT",192,"Duplo","Policemen","6 and up",9.9499999999999993,2,19.899999999999999,10.34,"Visa","U.O.|880-3720","No","No",32,"No"]
[672184,"2012-11-29","20:58:48","L210/CS",210,"Lego","Cowboys with Horses","6 and up",9.4499999999999993,2,18.899999999999999,9.26,"Visa","U.O.|880-3720","No","No",32,"No"]
[672193,"2012-11-29","11:24:00","D250/AT",192,"Duplo","Policemen","6 and up",9.9499999999999993,2,19.899999999999999,10.34,"Visa","C.X.|880-3590","No","No",48,"No"]
[672236,"2012-11-29","16:10:12","L340/FS",340,"Lego","Fire Trucks","6 and up",34.950000000000003,1,34.950000000000003,19.920000000000002,"Visa","N.W.|880-6237","No","No",46,"Yes"]
[672276,"2012-11-29","13:03:36","L195/AE",195,"Lego","Airplane","8 and up",5.95,1,5.95,3.09,"Cash","N.C.|880-3850","No","No",30,"No"]
[672300,"2012-11-30","08:30:54","D254/FE",192,"Duplo","Policemen","6 and up",9.9499999999999993,1,9.9499999999999993,5.17,"Mastercard","S.V.|880-5987","No","No",14,"No"]
[672305,"2012-11-30","14:19:12","L195/AE",195,"Lego","Airplane","8 and up",5.95,4,23.8,12.36,"Mastercard","Z.T.|880-7477","No","No",30,"No"]
[672354,"2012-11-30","16:04:12","D255/FE",192,"Duplo","Policemen","6 and up",9.9499999999999993,4,39.799999999999997,20.68,"Visa","Y.P.|880-6894","No","No",30,"Yes"]
[672359,"2012-11-30","10:43:12","L210/CS",210,"Lego","Cowboys with Horses","6 and up",9.4499999999999993,2,18.899999999999999,9.26,"Visa","V.W.|880-8599","No","No",30,"No"]
[672390,"2012-12-01","11:32:49.200","L256/PE",256,"Lego","Police Officers and Motorcycle","9 and up",9.9499999999999993,3,29.849999999999998,13.44,"Gift Card","U.O.|880-3720","No","No",38,"Yes"]
[672390,"2012-12-01","11:32:49.200","L256/PE",256,"Lego","Police Officers and Motorcycle","9 and up",9.9499999999999993,1,9.9499999999999993,4.4800000000000004,"Gift Card","U.O.|880-3720","No","No",38,"Yes"]
[672403,"2012-12-01","11:57:36","L196/AR",196,"Lego","Antique Car","8 and up",7.95,1,7.95,4.45,"Visa","Z.Q.|880-4240","No","No",26,"No"]
[672419,"2012-12-01","20:01:48","L256/PE",256,"Lego","Police Officers and Motorcycle","9 and up",9.9499999999999993,5,49.75,22.4,"Visa","H.B.|880-3254","No","No",36,"No"]
[672464,"2012-12-01","13:03:21.600","D250/AT",192,"Duplo","Policemen","6 and up",9.9499999999999993,1,9.9499999999999993,5.17,"Cash","Z.T.|880-7477","No","No",35,"No"]
[672464,"2012-12-01","13:03:21.600","D255/FE",192,"Duplo","Policemen","6 and up",9.9499999999999993,1,9.9499999999999993,5.17,"Cash","Z.T.|880-7477","No","No",35,"No"]
[672500,"2012-12-03","09:21:46.800","L195/AE",195,"Lego","Airplane","8 and up",5.95,5,29.75,15.45,"Visa","D.Z.|880-1179","No","Yes",33,"Yes"]
[672540,"2012-12-03","12:37:12","D254/FE",192,"Duplo","Policemen","6 and up",9.9499999999999993,1,9.9499999999999993,5.17,"Gift Card","D.W.|880-7199","No","No",26,"No"]
[672545,"2012-12-03","16:15:36","D255/FE",192,"Duplo","Policemen","6 and up",9.9499999999999993,1,9.9499999999999993,5.17,"Visa","B.B.|880-9330","No","Yes",47,"No"]
[672545,"2012-12-03","16:15:36","L195/AE",195,"Lego","Airplane","8 and up",5.95,2,11.9,6.18,"Visa","B.B.|880-9330","No","Yes",47,"No"]
[672587,"2012-12-04","09:40:12","L212/SD",212,"Lego","Scooter and Stand","6 and up",4.95,4,19.8,8.92,"Check","L.C.|880-6872","No","No",38,"No"]
[672616,"2012-12-04","18:58:48","D250/AT",192,"Duplo","Policemen","6 and up",9.9499999999999993,5,49.75,25.85,"Cash","D.Z.|880-1179","No","No",30,"No"]
[672616,"2012-12-04","18:58:48","D198/LX",192,"Duplo","Policemen","6 and up",9.9499999999999993,1,9.9499999999999993,5.17,"Cash","D.Z.|880-1179","No","No",30,"No"]
[672618,"2012-12-04","15:12:36","L256/PE",256,"Lego","Police Officers and Motorcycle","9 and up",9.9499999999999993,1,9.9499999999999993,4.4800000000000004,"Discover","U.W.|880-9683","No","No",35,"Yes"]
[672630,"2012-12-04","12:08:24","D255/FE",192,"Duplo","Policemen","6 and up",9.9499999999999993,2,19.899999999999999,10.34,"Mastercard","S.Y.|880-3139","Yes","No",31,"No"]
[672630,"2012-12-04","12:08:24","D255/FE",192,"Duplo","Policemen","6 and up",9.9499999999999993,1,9.9499999999999993,5.17,"Mastercard","S.Y.|880-3139","Yes","No",31,"No"]
[672630,"2012-12-04","12:08:24","L195/AE",195,"Lego","Airplane","8 and up",5.95,1,5.95,3.09,"Mastercard","S.Y.|880-3139","Yes","No",31,"No"]
[672646,"2012-12-04","09:16:30","L256/PE",256,"Lego","Police Officers and Motorcycle","9 and up",9.9499999999999993,1,9.9499999999999993,4.4800000000000004,"Visa","C.X.|880-3590","No","No",48,"Yes"]
[672657,"2012-12-05","08:37:12","L330/GN",330,"Lego","Gas Station","8 and up",32.950000000000003,1,32.950000000000003,19.11,"Cash","S.Y.|880-3139","No","No",38,"No"]
[672698,"2012-12-05","19:25:12","L197/FS",199,"Duplo","Scooter","4 and up",4.95,2,9.9,5.04,"Mastercard","C.X.|880-3590","No","No",38,"No"]
[672701,"2012-12-05","14:37:22.800","D250/AT",192,"Duplo","Policemen","6 and up",9.9499999999999993,1,9.9499999999999993,5.17,"Mastercard","W.B.|880-9647","No","No",63,"Yes"]
[672701,"2012-12-05","14:37:22.800","D198/LX",192,"Duplo","Policemen","6 and up",9.9499999999999993,2,19.899999999999999,10.34,"Mastercard","W.B.|880-9647","No","No",63,"Yes"]
[672726,"2012-12-05","15:44:24","L256/PE",256,"Lego","Police Officers and Motorcycle","9 and up",9.9499999999999993,1,9.9499999999999993,4.4800000000000004,"Mastercard","D.S.|880-7532","Yes","Yes",39,"No"]
[672756,"2012-12-05","12:55:12","D250/AT",192,"Duplo","Policemen","6 and up",9.9499999999999993,1,9.9499999999999993,5.17,"Visa","A.U.|880-2167","No","No",22,"No"]
[672798,"2012-12-05","13:47:34.800","D254/FE",192,"Duplo","Policemen","6 and up",9.9499999999999993,1,9.9499999999999993,5.17,"Visa","W.B.|880-9647","No","No",55,"No"]
[672798,"2012-12-05","13:47:34.800","D255/FE",192,"Duplo","Policemen","6 and up",9.9499999999999993,1,9.9499999999999993,5.17,"Visa","W.B.|880-9647","No","No",55,"No"]
[672809,"2012-12-06","15:58:44.400","L195/AE",195,"Lego","Airplane","8 and up",5.95,4,23.8,12.36,"Mastercard","B.Y.|880-6845","No","No",32,"Yes"]
[672831,"2012-12-06","15:28:12","D250/AT",192,"Duplo","Policemen","6 and up",9.9499999999999993,1,9.9499999999999993,5.17,"Mastercard","B.Y.|880-6845","No","No",43,"No"]
[672839,"2012-12-06","14:13:26.400","D255/FE",192,"Duplo","Policemen","6 and up",9.9499999999999993,2,19.899999999999999,10.34,"Cash","H.B.|880-3254","No","No",27,"No"]
[672856,"2012-12-06","16:36:00","L256/PE",256,"Lego","Police Officers and Motorcycle","9 and up",9.9499999999999993,1,9.9499999999999993,4.4800000000000004,"Mastercard","V.W.|880-4523","No","No",28,"Yes"]
[672869,"2012-12-06","10:40:55.200","D254/FE",192,"Duplo","Policemen","6 and up",9.9499999999999993,1,9.9499999999999993,5.17,"Mastercard","A.U.|880-2167","No","No",41,"No"]
[672904,"2012-12-07","15:30:36","D255/FE",192,"Duplo","Policemen","6 and up",9.9499999999999993,5,49.75,25.85,"Cash","V.W.|880-4523","No","No",25,"No"]
[672950,"2012-12-07","14:18:36","D255/FE",192,"Duplo","Policemen","6 and up",9.9499999999999993,4,39.799999999999997,20.68,"Visa","B.B.|880-9330","No","No",39,"No"]
[673000,"2012-12-07","11:10:48","D254/FE",192,"Duplo","Policemen","6 and up",9.9499999999999993,1,9.9499999999999993,5.17,"Mastercard","V.W.|880-4523","No","No",40,"No"]
[673009,"2012-12-07","14:21:00","D255/FE",192,"Duplo","Policemen","6 and up",9.9499999999999993,1,9.9499999999999993,5.17,"Mastercard","H.B.|880-3254","No","No",44,"No"]
[673025,"2012-12-08","15:43:12","L256/PE",256,"Lego","Police Officers and Motorcycle","9 and up",9.9499999999999993,1,9.9499999999999993,4.4800000000000004,"Mastercard","L.W.|880-4986","No","No",44,"No"]
[673059,"2012-12-08","11:01:30","D254/FE",192,"Duplo","Policemen","6 and up",9.9499999999999993,1,9.9499999999999993,5.17,"Cash","D.S.|880-7532","No","Yes",32,"No"]
[673099,"2012-12-09","16:57:36","D250/AT",192,"Duplo","Policemen","6 and up",9.9499999999999993,2,19.899999999999999,10.34,"Visa","S.V.|880-5987","No","No",38,"Yes"]
[673143,"2012-12-09","12:28:58.800","L195/AE",195,"Lego","Airplane","8 and up",5.95,1,5.95,3.09,"Gift Card","Z.T.|880-7477","No","No",36,"No"]
[673145,"2012-12-09","15:39:25.200","L195/AE",195,"Lego","Airplane","8 and up",5.95,1,5.95,3.09,"Visa","L.C.|880-6872","No","No",58,"Yes"]
[673159,"2012-12-09","16:22:12","D192/PN",192,"Duplo","Policemen","6 and up",9.9499999999999993,4,39.799999999999997,20.68,"Visa","B.Y.|880-6845","No","No",40,"No"]
[673176,"2012-12-09","13:08:27.600","L256/PE",256,"Lego","Police Officers and Motorcycle","9 and up",9.9499999999999993,2,19.899999999999999,8.9600000000000009,"Cash","Z.T.|880-7477","No","No",38,"No"]
[673176,"2012-12-09","13:08:27.600","D255/FE",192,"Duplo","Policemen","6 and up",9.9499999999999993,2,19.899999999999999,10.34,"Cash","Z.T.|880-7477","No","No",38,"No"]
[673199,"2012-12-09","16:40:44.400","L195/AE",195,"Lego","Airplane","8 and up",5.95,1,5.95,3.09,"Visa","D.S.|880-7532","No","No",28,"No"]
[673243,"2012-12-10","18:46:48","D254/FE",192,"Duplo","Policemen","6 and up",9.9499999999999993,1,9.9499999999999993,5.17,"Visa","D.S.|880-7532","No","No",35,"No"]
[673243,"2012-12-10","18:46:48","L256/PE",256,"Lego","Police Officers and Motorcycle","9 and up",9.9499999999999993,1,9.9499999999999993,4.4800000000000004,"Visa","D.S.|880-7532","No","No",35,"No"]
[673269,"2012-12-10","13:41:24","D250/AT",192,"Duplo","Policemen","6 and up",9.9499999999999993,1,9.9499999999999993,5.17,"Cash","D.U.|880-2953","No","No",32,"No"]
[673286,"2012-12-11","10:21:36","L197/FS",199,"Duplo","Scooter","4 and up",4.95,4,19.8,10.08,"Mastercard","B.X.|880-9149","No","No",40,"No"]
[673312,"2012-12-11","08:07:48","L195/AE",195,"Lego","Airplane","8 and up",5.95,1,5.95,3.09,"Mastercard","W.B.|880-9647","No","No",39,"No"]
[673325,"2012-12-11","16:03:36","L196/AR",196,"Lego","Antique Car","8 and up",7.95,1,7.95,4.45,"Mastercard","Z.T.|880-7477","No","No",47,"No"]
[673358,"2012-12-11","09:43:12","D254/FE",192,"Duplo","Policemen","6 and up",9.9499999999999993,1,9.9499999999999993,5.17,"Cash","A.U.|880-2167","No","No",34,"No"]
[673395,"2012-12-11","14:13:48","L256/PE",256,"Lego","Police Officers and Motorcycle","9 and up",9.9499999999999993,1,9.9499999999999993,4.4800000000000004,"Discover","A.U.|880-2167","Yes","No",48,"No"]
[673423,"2012-12-11","14:04:12","D192/PN",192,"Duplo","Policemen","6 and up",9.9499999999999993,1,9.9499999999999993,5.17,"Cash","U.O.|880-3720","No","No",44,"No"]
[673423,"2012-12-11","14:04:12","L340/FS",340,"Lego","Fire Trucks","6 and up",34.950000000000003,1,34.950000000000003,19.920000000000002,"Cash","U.O.|880-3720","No","No",44,"No"]
[673424,"2012-12-12","16:07:37.200","D255/FE",192,"Duplo","Policemen","6 and up",9.9499999999999993,2,19.899999999999999,10.34,"Cash","Y.P.|880-6894","No","No",31,"No"]
[673441,"2012-12-12","10:29:45.600","D255/FE",192,"Duplo","Policemen","6 and up",9.9499999999999993,5,49.75,25.85,"Visa","S.V.|880-5987","No","No",41,"Yes"]
[673441,"2012-12-12","10:29:45.600","L195/AE",195,"Lego","Airplane","8 and up",5.95,1,5.95,3.09,"Visa","S.V.|880-5987","No","No",41,"Yes"]
[673469,"2012-12-12","19:17:24","D255/FE",192,"Duplo","Policemen","6 and up",9.9499999999999993,2,19.899999999999999,10.34,"Gift Card","W.B.|880-9647","No","No",8,"Yes"]
[673506,"2012-12-12","12:55:12","L197/FS",199,"Duplo","Scooter","4 and up",4.95,1,4.95,2.52,"Cash","D.S.|880-7532","No","No",39,"No"]
[673506,"2012-12-12","12:55:12","D255/FE",192,"Duplo","Policemen","6 and up",9.9499999999999993,1,9.9499999999999993,5.17,"Cash","D.S.|880-7532","No","No",39,"No"]
[673539,"2012-12-12","16:02:24","L256/PE",256,"Lego","Police Officers and Motorcycle","9 and up",9.9499999999999993,1,9.9499999999999993,4.4800000000000004,"Visa","B.Y.|880-6845","No","Yes",33,"Yes"]
[673539,"2012-12-12","16:02:24","L195/AE",195,"Lego","Airplane","8 and up",5.95,1,5.95,3.09,"Visa","B.Y.|880-6845","No","Yes",33,"Yes"]
[673561,"2012-12-12","15:43:01.200","D250/AT",192,"Duplo","Policemen","6 and up",9.9499999999999993,2,19.899999999999999,10.34,"Visa","B.X.|880-9149","No","No",37,"Yes"]
[673561,"2012-12-12","15:43:01.200","L195/AE",195,"Lego","Airplane","8 and up",5.95,2,11.9,6.18,"Visa","B.X.|880-9149","No","No",37,"Yes"]
[673581,"2012-12-12","10:42:21.600","D250/AT",192,"Duplo","Policemen","6 and up",9.9499999999999993,4,39.799999999999997,20.68,"Check","V.W.|880-8599","No","No",28,"No"]
[673589,"2012-12-12","16:39:36","L256/PE",256,"Lego","Police Officers and Motorcycle","9 and up",9.9499999999999993,2,19.899999999999999,8.9600000000000009,"Gift Card","S.Y.|880-3139","No","No",58,"No"]
[673633,"2012-12-13","10:25:12","D250/AT",192,"Duplo","Policemen","6 and up",9.9499999999999993,1,9.9499999999999993,5.17,"Cash","D.Z.|880-1179","No","Yes",35,"No"]
[673634,"2012-12-13","15:44:24","L212/SD",212,"Lego","Scooter and Stand","6 and up",4.95,2,9.9,4.46,"Mastercard","D.U.|880-2953","No","No",64,"Yes"]
[673678,"2012-12-13","12:40:48","D250/AT",192,"Duplo","Policemen","6 and up",9.9499999999999993,1,9.9499999999999993,5.17,"Mastercard","N.W.|880-6237","No","No",44,"Yes"]
[673688,"2012-12-13","13:15:18","D255/FE",192,"Duplo","Policemen","6 and up",9.9499999999999993,1,9.9499999999999993,5.17,"Cash","V.W.|880-8599","No","No",75,"No"]
[673688,"2012-12-13","13:15:18","L256/PE",256,"Lego","Police Officers and Motorcycle","9 and up",9.9499999999999993,1,9.9499999999999993,4.4800000000000004,"Cash","V.W.|880-8599","No","No",75,"No"]
[673728,"2012-12-13","16:01:19.200","D254/FE",192,"Duplo","Policemen","6 and up",9.9499999999999993,2,19.899999999999999,10.34,"Visa","D.Z.|880-1179","No","No",38,"No"]
[673771,"2012-12-13","10:07:37.200","L256/PE",256,"Lego","Police Officers and Motorcycle","9 and up",9.9499999999999993,5,49.75,22.4,"Visa","U.W.|880-9683","No","No",30,"No"]
[673799,"2012-12-14","12:00:43.200","L195/AE",195,"Lego","Airplane","8 and up",5.95,1,5.95,3.09,"Visa","V.W.|880-8599","No","No",34,"No"]
[673803,"2012-12-14","16:17:34.800","D254/FE",192,"Duplo","Policemen","6 and up",9.9499999999999993,2,19.899999999999999,10.34,"Cash","B.Y.|880-6845","No","No",22,"No"]
[673822,"2012-12-14","11:31:58.800","L195/AE",195,"Lego","Airplane","8 and up",5.95,5,29.75,15.45,"Cash","W.C.|880-4861","No","No",41,"No"]
[673823,"2012-12-14","14:58:48","L195/AE",195,"Lego","Airplane","8 and up",5.95,1,5.95,3.09,"Discover","B.Y.|880-6845","No","No",28,"Yes"]
[673867,"2012-12-14","12:22:55.200","D254/FE",192,"Duplo","Policemen","6 and up",9.9499999999999993,1,9.9499999999999993,5.17,"Mastercard","B.X.|880-9149","No","No",29,"No"]
[673882,"2012-12-15","16:01:30","L256/PE",256,"Lego","Police Officers and Motorcycle","9 and up",9.9499999999999993,2,19.899999999999999,8.9600000000000009,"Visa","D.W.|880-7199","No","Yes",34,"No"]
[673882,"2012-12-15","16:01:30","D255/FE",192,"Duplo","Policemen","6 and up",9.9499999999999993,1,9.9499999999999993,5.17,"Visa","D.W.|880-7199","No","Yes",34,"No"]
[673920,"2012-12-15","13:47:02.400","D254/FE",192,"Duplo","Policemen","6 and up",9.9499999999999993,1,9.9499999999999993,5.17,"Discover","B.Y.|880-6845","No","Yes",29,"No"]
[673920,"2012-12-15","13:47:02.400","D254/FE",192,"Duplo","Policemen","6 and up",9.9499999999999993,2,19.899999999999999,10.34,"Discover","B.Y.|880-6845","No","Yes",29,"No"]
[673961,"2012-12-16","20:00:00","D255/FE",192,"Duplo","Policemen","6 and up",9.9499999999999993,4,39.799999999999997,20.68,"Visa","S.V.|880-5987","No","Yes",42,"No"]
[673990,"2012-12-16","12:20:24","L212/SD",212,"Lego","Scooter and Stand","6 and up",4.95,1,4.95,2.23,"Cash","D.S.|880-7532","No","No",39,"No"]
[673990,"2012-12-16","12:20:24","D254/FE",192,"Duplo","Policemen","6 and up",9.9499999999999993,1,9.9499999999999993,5.17,"Cash","D.S.|880-7532","No","No",39,"No"]
[674019,"2012-12-16","12:21:36","D254/FE",192,"Duplo","Policemen","6 and up",9.9499999999999993,1,9.9499999999999993,5.17,"Cash","N.W.|880-6237","No","No",49,"No"]
[674050,"2012-12-16","20:19:48","D250/AT",192,"Duplo","Policemen","6 and up",9.9499999999999993,2,19.899999999999999,10.34,"Cash","W.B.|880-9647","No","Yes",35,"No"]
[674055,"2012-12-16","09:09:50.400","L256/PE",256,"Lego","Police Officers and Motorcycle","9 and up",9.9499999999999993,3,29.849999999999998,13.44,"Check","N.W.|880-6237","Yes","No",39,"No"]
[674097,"2012-12-17","14:18:00","D254/FE",192,"Duplo","Policemen","6 and up",9.9499999999999993,1,9.9499999999999993,5.17,"Visa","D.S.|880-7532","No","No",35,"No"]
[674097,"2012-12-17","14:18:00","D250/AT",192,"Duplo","Policemen","6 and up",9.9499999999999993,1,9.9499999999999993,5.17,"Visa","D.S.|880-7532","No","No",35,"No"]
[674126,"2012-12-17","17:33:00","L195/AE",195,"Lego","Airplane","8 and up",5.95,4,23.8,12.36,"Cash","U.W.|880-9683","No","No",31,"No"]
[674158,"2012-12-17","13:21:00","D254/FE",192,"Duplo","Policemen","6 and up",9.9499999999999993,1,9.9499999999999993,5.17,"Mastercard","D.U.|880-2953","No","No",31,"No"]
[674171,"2012-12-17","15:54:36","L195/AE",195,"Lego","Airplane","8 and up",5.95,4,23.8,12.36,"Visa","D.Z.|880-1179","No","Yes",28,"Yes"]
[674195,"2012-12-18","18:39:36","L195/AE",195,"Lego","Airplane","8 and up",5.95,1,5.95,3.09,"Discover","W.C.|880-4861","Yes","Yes",38,"No"]
[674195,"2012-12-18","18:39:36","D255/FE",192,"Duplo","Policemen","6 and up",9.9499999999999993,1,9.9499999999999993,5.17,"Discover","W.C.|880-4861","Yes","Yes",38,"No"]
[674195,"2012-12-18","18:39:36","L195/AE",195,"Lego","Airplane","8 and up",5.95,1,5.95,3.09,"Discover","W.C.|880-4861","Yes","Yes",38,"No"]
[674225,"2012-12-19","15:59:13.200","D255/FE",192,"Duplo","Policemen","6 and up",9.9499999999999993,1,9.9499999999999993,5.17,"Visa","D.S.|880-7532","No","No",42,"No"]
[674225,"2012-12-19","15:59:13.200","L256/PE",256,"Lego","Police Officers and Motorcycle","9 and up",9.9499999999999993,1,9.9499999999999993,4.4800000000000004,"Visa","D.S.|880-7532","No","No",42,"No"]
[674266,"2012-12-19","15:00:00","D254/FE",192,"Duplo","Policemen","6 and up",9.9499999999999993,2,19.899999999999999,10.34,"Visa","W.B.|880-9647","No","No",67,"No"]
[674286,"2012-12-20","15:42:00","L195/AE",195,"Lego","Airplane","8 and up",5.95,1,5.95,3.09,"Mastercard","U.O.|880-3720","No","No",31,"No"]
[674286,"2012-12-20","15:42:00","D250/AT",192,"Duplo","Policemen","6 and up",9.9499999999999993,1,9.9499999999999993,5.17,"Mastercard","U.O.|880-3720","No","No",31,"No"]
[674306,"2012-12-20","12:37:22.800","D255/FE",192,"Duplo","Policemen","6 and up",9.9499999999999993,4,39.799999999999997,20.68,"Cash","A.U.|880-2167","Yes","No",24,"No"]
[674332,"2012-12-20","15:12:28.800","L340/FS",340,"Lego","Fire Trucks","6 and up",34.950000000000003,4,139.80000000000001,79.680000000000007,"Cash","D.W.|880-7199","No","No",37,"No"]
[674363,"2012-12-21","09:21:54","L197/FS",199,"Duplo","Scooter","4 and up",4.95,2,9.9,5.04,"Cash","V.W.|880-4523","No","No",18,"No"]
[674363,"2012-12-21","09:21:54","L195/AE",195,"Lego","Airplane","8 and up",5.95,1,5.95,3.09,"Cash","V.W.|880-4523","No","No",18,"No"]
[674377,"2012-12-22","08:25:12","L256/PE",256,"Lego","Police Officers and Motorcycle","9 and up",9.9499999999999993,1,9.9499999999999993,4.4800000000000004,"Cash","D.S.|880-7532","No","No",30,"Yes"]
[674377,"2012-12-22","08:25:12","L195/AE",195,"Lego","Airplane","8 and up",5.95,1,5.95,3.09,"Cash","D.S.|880-7532","No","No",30,"Yes"]
[674404,"2012-12-22","12:22:48","L195/AE",195,"Lego","Airplane","8 and up",5.95,2,11.9,6.18,"Visa","L.W.|880-4986","No","No",34,"Yes"]
[674404,"2012-12-22","12:22:48","D250/AT",192,"Duplo","Policemen","6 and up",9.9499999999999993,2,19.899999999999999,10.34,"Visa","L.W.|880-4986","No","No",34,"Yes"]
[674410,"2012-12-22","11:48:39.600","D255/FE",192,"Duplo","Policemen","6 and up",9.9499999999999993,3,29.849999999999998,15.51,"Cash","D.W.|880-7199","No","No",27,"No"]
[674410,"2012-12-22","11:48:39.600","D255/FE",192,"Duplo","Policemen","6 and up",9.9499999999999993,1,9.9499999999999993,5.17,"Cash","D.W.|880-7199","No","No",27,"No"]
[674444,"2012-12-23","16:10:48","D250/AT",192,"Duplo","Policemen","6 and up",9.9499999999999993,1,9.9499999999999993,5.17,"Mastercard","Y.P.|880-6894","Yes","No",30,"No"]
[674445,"2012-12-23","15:45:00","L256/PE",256,"Lego","Police Officers and Motorcycle","9 and up",9.9499999999999993,1,9.9499999999999993,4.4800000000000004,"Discover","W.B.|880-9647","No","No",56,"No"]
[674445,"2012-12-23","15:45:00","D250/AT",192,"Duplo","Policemen","6 and up",9.9499999999999993,1,9.9499999999999993,5.17,"Discover","W.B.|880-9647","No","No",56,"No"]
[674481,"2012-12-24","12:59:24","D250/AT",192,"Duplo","Policemen","6 and up",9.9499999999999993,1,9.9499999999999993,5.17,"Cash","Z.T.|880-7477","No","No",41,"No"]
[674524,"2012-12-24","16:58:48","L196/AR",196,"Lego","Antique Car","8 and up",7.95,1,7.95,4.45,"Mastercard","W.B.|880-9647","No","No",38,"Yes"]
[674560,"2012-12-25","12:49:12","D254/FE",192,"Duplo","Policemen","6 and up",9.9499999999999993,2,19.899999999999999,10.34,"Check","V.W.|880-8599","No","No",23,"No"]
[674575,"2012-12-25","18:46:12","L197/FS",199,"Duplo","Scooter","4 and up",4.95,5,24.75,12.6,"Cash","L.C.|880-6872","No","No",35,"No"]
[674624,"2012-12-25","11:33:36","L195/AE",195,"Lego","Airplane","8 and up",5.95,1,5.95,3.09,"Cash","L.W.|880-4986","No","No",32,"No"]
[674655,"2012-12-25","15:33:00","L256/PE",256,"Lego","Police Officers and Motorcycle","9 and up",9.9499999999999993,2,19.899999999999999,8.9600000000000009,"Mastercard","S.V.|880-5987","No","No",48,"No"]
[674655,"2012-12-25","15:33:00","D254/FE",192,"Duplo","Policemen","6 and up",9.9499999999999993,1,9.9499999999999993,5.17,"Mastercard","S.V.|880-5987","No","No",48,"No"]

{"sheet":"HW(1an)","index":11,"n_rows":10,"n_cols":4,"rows_kept":10,"cut":false,"hidden":false,"merged":[]}
[]
[]
["Sum of Total Line Revenue","Toy Company"]
["Suggested Age","Duplo","Lego","Grand Total"]
["4 and up",173.25,224.24999999999997,397.5]
["6 and up",9949.9999999999818,767.39999999999986,10717.399999999981]
["7 and up",948.1,null,948.1]
["8 and up",null,2818.1999999999966,2818.1999999999966]
["9 and up",null,3084.4999999999991,3084.4999999999991]
["Grand Total",11071.349999999982,6894.3499999999958,17965.699999999979]

{"sheet":"HW(2)","index":12,"n_rows":1003,"n_cols":18,"rows_kept":1003,"cut":false,"hidden":false,"merged":[]}
["Create a PivotTable that shows number of transactions by the Hour on a new sheet (drop any text field into Values to count)."]
[]
["Invoice Number","Date","Time","Internal Toy ID Number","Toy Item Number","Toy Company","Toy Name","Suggested Age","Price Per Toy","Units Sold","Total Line Revenue","Total COGS","Payment","Cashier ID","Member?","Coupon?","Purchaser Age","Parking Validation?"]
[654522,"2010-01-07","10:25:37.200","D255/FE",192,"Duplo","Policemen","6 and up",9.9499999999999993,1,9.9499999999999993,5.17,"Cash","V.W.|880-4523","No","No",39,"No"]
[654526,"2010-01-07","12:00:00","L217/SN",255,"Duplo","Farming Scene","7 and up",24.95,5,124.75,81.099999999999994,"Visa","B.X.|880-9149","No","No",29,"No"]
[654568,"2010-01-07","14:19:12","L195/AE",195,"Lego","Airplane","8 and up",5.95,1,5.95,3.09,"Cash","Z.Q.|880-4240","No","Yes",46,"Yes"]
[654576,"2010-01-25","12:57:00","L256/PE",256,"Lego","Police Officers and Motorcycle","9 and up",9.9499999999999993,1,9.9499999999999993,4.4800000000000004,"Discover","D.U.|880-2953","No","No",36,"No"]
[654613,"2010-02-05","14:51:36","D250/AT",192,"Duplo","Policemen","6 and up",9.9499999999999993,1,9.9499999999999993,5.17,"Cash","D.Z.|880-1179","No","No",33,"No"]
[654624,"2010-02-05","14:36:00","D250/AT",192,"Duplo","Policemen","6 and up",9.9499999999999993,5,49.75,25.85,"Cash","L.W.|880-4986","No","No",47,"No"]
[654650,"2010-02-06","14:33:36","D250/AT",192,"Duplo","Policemen","6 and up",9.9499999999999993,1,9.9499999999999993,5.17,"Mastercard","D.S.|880-7532","No","No",34,"No"]
[654650,"2010-02-06","14:33:36","L195/AE",195,"Lego","Airplane","8 and up",5.95,2,11.9,6.18,"Mastercard","D.S.|880-7532","No","No",34,"No"]
[654668,"2010-02-11","13:42:46.800","L195/AE",195,"Lego","Airplane","8 and up",5.95,1,5.95,3.09,"Check","D.W.|880-7199","No","No",47,"Yes"]
[654673,"2010-02-20","15:27:18","L256/PE",256,"Lego","Police Officers and Motorcycle","9 and up",9.9499999999999993,4,39.799999999999997,17.920000000000002,"Cash","W.B.|880-9647","No","No",32,"No"]
[654693,"2010-03-11","15:45:36","D254/FE",192,"Duplo","Policemen","6 and up",9.9499999999999993,1,9.9499999999999993,5.17,"Cash","B.Y.|880-6845","No","No",36,"No"]
[654693,"2010-03-11","15:45:36","L195/AE",195,"Lego","Airplane","8 and up",5.95,1,5.95,3.09,"Cash","B.Y.|880-6845","No","No",36,"No"]
[654733,"2010-03-11","13:59:24","L256/PE",256,"Lego","Police Officers and Motorcycle","9 and up",9.9499999999999993,2,19.899999999999999,8.9600000000000009,"Visa","P.N.|880-3021","No","No",36,"No"]
[654754,"2010-03-27","12:08:24","D255/FE",192,"Duplo","Policemen","6 and up",9.9499999999999993,1,9.9499999999999993,5.17,"Mastercard","P.N.|880-3021","No","No",33,"No"]
[654799,"2010-04-03","15:27:36","D255/FE",192,"Duplo","Policemen","6 and up",9.9499999999999993,3,29.849999999999998,15.51,"Cash","A.U.|880-2167","Yes","No",47,"No"]
[654827,"2010-04-09","15:58:33.600","D254/FE",192,"Duplo","Policemen","6 and up",9.9499999999999993,2,19.899999999999999,10.34,"Mastercard","A.U.|880-2167","No","No",35,"Yes"]
[654834,"2010-04-09","12:06:00","D254/FE",192,"Duplo","Policemen","6 and up",9.9499999999999993,2,19.899999999999999,10.34,"Visa","Z.Q.|880-4240","Yes","Yes",49,"No"]
[654860,"2010-04-09","17:12:36","L195/AE",195,"Lego","Airplane","8 and up",5.95,2,11.9,6.18,"Gift Card","B.B.|880-9330","No","Yes",30,"No"]
[654883,"2010-04-09","12:59:16.800","L217/SN",255,"Duplo","Farming Scene","7 and up",24.95,3,74.849999999999994,48.66,"Visa","Z.Q.|880-4240","No","No",42,"Yes"]
[654908,"2010-04-14","19:54:00","D218/FN",192,"Duplo","Policemen","6 and up",9.9499999999999993,1,9.9499999999999993,5.17,"Mastercard","L.C.|880-6872","No","No",39,"No"]
[654932,"2010-04-14","12:42:00","D250/AT",192,"Duplo","Policemen","6 and up",9.9499999999999993,1,9.9499999999999993,5.17,"Mastercard","U.O.|880-3720","No","No",36,"Yes"]
[654979,"2010-04-17","14:16:30","D254/FE",192,"Duplo","Policemen","6 and up",9.9499999999999993,2,19.899999999999999,10.34,"Cash","D.W.|880-7199","No","Yes",39,"No"]
[655029,"2010-04-22","13:39:36","L256/PE",256,"Lego","Police Officers and Motorcycle","9 and up",9.9499999999999993,1,9.9499999999999993,4.4800000000000004,"Discover","S.V.|880-5987","No","Yes",63,"No"]
[655035,"2010-04-24","17:16:48","L340/FS",340,"Lego","Fire Trucks","6 and up",34.950000000000003,2,69.900000000000006,39.840000000000003,"Mastercard","V.W.|880-4523","Yes","Yes",38,"No"]
[655083,"2010-04-25","16:52:12","L256/PE",256,"Lego","Police Officers and Motorcycle","9 and up",9.9499999999999993,2,19.899999999999999,8.9600000000000009,"Visa","N.W.|880-6237","No","Yes",33,"No"]
[655105,"2010-05-01","15:27:36","L256/PE",256,"Lego","Police Officers and Motorcycle","9 and up",9.9499999999999993,1,9.9499999999999993,4.4800000000000004,"Visa","U.W.|880-9683","No","No",33,"No"]
[655105,"2010-05-01","15:27:36","L256/PE",256,"Lego","Police Officers and Motorcycle","9 and up",9.9499999999999993,2,19.899999999999999,8.9600000000000009,"Visa","U.W.|880-9683","No","No",33,"No"]
[655112,"2010-05-04","14:47:13.200","D255/FE",192,"Duplo","Policemen","6 and up",9.9499999999999993,1,9.9499999999999993,5.17,"Visa","H.B.|880-3254","Yes","Yes",31,"No"]
[655124,"2010-05-06","12:39:57.600","D255/FE",192,"Duplo","Policemen","6 and up",9.9499999999999993,1,9.9499999999999993,5.17,"Visa","Z.Q.|880-4240","No","No",45,"No"]
[655165,"2010-05-30","17:40:12","D250/AT",192,"Duplo","Policemen","6 and up",9.9499999999999993,2,19.899999999999999,10.34,"Cash","D.U.|880-2953","Yes","Yes",29,"No"]
[655189,"2010-05-30","16:21:00","L195/AE",195,"Lego","Airplane","8 and up",5.95,2,11.9,6.18,"Visa","B.B.|880-9330","No","No",49,"No"]
[655232,"2010-05-30","11:17:24","D250/AT",192,"Duplo","Policemen","6 and up",9.9499999999999993,1,9.9499999999999993,5.17,"Cash","H.B.|880-3254","No","Yes",42,"No"]
[655232,"2010-05-30","11:17:24","L256/PE",256,"Lego","Police Officers and Motorcycle","9 and up",9.9499999999999993,2,19.899999999999999,8.9600000000000009,"Cash","H.B.|880-3254","No","Yes",42,"No"]
[655281,"2010-06-01","15:27:36","D255/FE",192,"Duplo","Policemen","6 and up",9.9499999999999993,4,39.799999999999997,20.68,"Mastercard","W.C.|880-4861","No","No",34,"Yes"]
[655298,"2010-06-09","16:28:48","D255/FE",192,"Duplo","Policemen","6 and up",9.9499999999999993,1,9.9499999999999993,5.17,"Discover","V.W.|880-8599","No","No",36,"No"]
[655323,"2010-06-13","12:18:36","D255/FE",192,"Duplo","Policemen","6 and up",9.9499999999999993,1,9.9499999999999993,5.17,"Mastercard","N.C.|880-3850","No","No",41,"No"]
[655358,"2010-06-13","19:16:12","L195/AE",195,"Lego","Airplane","8 and up",5.95,2,11.9,6.18,"Cash","W.C.|880-4861","No","No",32,"Yes"]
[655358,"2010-06-13","19:16:12","D254/FE",192,"Duplo","Policemen","6 and up",9.9499999999999993,1,9.9499999999999993,5.17,"Cash","W.C.|880-4861","No","No",32,"Yes"]
[655373,"2010-06-21","12:27:39.600","L195/AE",195,"Lego","Airplane","8 and up",5.95,1,5.95,3.09,"Visa","N.W.|880-6237","No","No",43,"No"]
[655385,"2010-06-21","16:05:24","L256/PE",256,"Lego","Police Officers and Motorcycle","9 and up",9.9499999999999993,2,19.899999999999999,8.9600000000000009,"Mastercard","W.B.|880-9647","No","No",46,"No"]
[655412,"2010-06-24","11:39:10.800","D254/FE",192,"Duplo","Policemen","6 and up",9.9499999999999993,5,49.75,25.85,"Mastercard","H.B.|880-3254","No","No",65,"No"]
[655412,"2010-06-24","11:39:10.800","D250/AT",192,"Duplo","Policemen","6 and up",9.9499999999999993,2,19.899999999999999,10.34,"Mastercard","H.B.|880-3254","No","No",65,"No"]
[655420,"2010-06-26","16:09:36","L256/PE",256,"Lego","Police Officers and Motorcycle","9 and up",9.9499999999999993,2,19.899999999999999,8.9600000000000009,"Mastercard","A.U.|880-2167","No","No",56,"Yes"]
[655467,"2010-07-04","13:46:48","L195/AE",195,"Lego","Airplane","8 and up",5.95,1,5.95,3.09,"Cash","Y.P.|880-6894","No","No",34,"Yes"]
[655505,"2010-07-09","09:10:12","D254/FE",192,"Duplo","Policemen","6 and up",9.9499999999999993,2,19.899999999999999,10.34,"Gift Card","N.C.|880-3850","No","No",30,"Yes"]
[655526,"2010-07-09","12:57:36","D250/AT",192,"Duplo","Policemen","6 and up",9.9499999999999993,3,29.849999999999998,15.51,"Mastercard","Z.Q.|880-4240","No","No",24,"Yes"]
[655557,"2010-07-10","16:00:00","L195/AE",195,"Lego","Airplane","8 and up",5.95,4,23.8,12.36,"Visa","V.W.|880-8599","No","No",37,"No"]
[655557,"2010-07-10","16:00:00","D255/FE",192,"Duplo","Policemen","6 and up",9.9499999999999993,2,19.899999999999999,10.34,"Visa","V.W.|880-8599","No","No",37,"No"]
[655570,"2010-07-18","14:46:12","D255/FE",192,"Duplo","Policemen","6 and up",9.9499999999999993,1,9.9499999999999993,5.17,"Cash","L.W.|880-4986","No","Yes",37,"No"]
[655577,"2010-07-19","11:24:00","L256/PE",256,"Lego","Police Officers and Motorcycle","9 and up",9.9499999999999993,4,39.799999999999997,17.920000000000002,"Mastercard","V.W.|880-8599","No","No",12,"No"]
[655613,"2010-07-25","12:04:22.800","D250/AT",192,"Duplo","Policemen","6 and up",9.9499999999999993,2,19.899999999999999,10.34,"Visa","L.W.|880-4986","No","No",64,"No"]
[655623,"2010-07-29","10:13:48","D250/AT",192,"Duplo","Policemen","6 and up",9.9499999999999993,1,9.9499999999999993,5.17,"Visa","D.U.|880-2953","No","No",43,"No"]
[655643,"2010-07-30","11:49:48","L195/AE",195,"Lego","Airplane","8 and up",5.95,3,17.850000000000001,9.27,"Gift Card","N.C.|880-3850","No","No",48,"No"]
[655661,"2010-08-09","16:56:24","D250/AT",192,"Duplo","Policemen","6 and up",9.9499999999999993,1,9.9499999999999993,5.17,"Mastercard","C.X.|880-3590","Yes","Yes",34,"No"]
[655661,"2010-08-09","16:56:24","D254/FE",192,"Duplo","Policemen","6 and up",9.9499999999999993,1,9.9499999999999993,5.17,"Mastercard","C.X.|880-3590","Yes","Yes",34,"No"]
[655673,"2010-08-16","15:42:36","D255/FE",192,"Duplo","Policemen","6 and up",9.9499999999999993,1,9.9499999999999993,5.17,"Cash","D.U.|880-2953","No","No",50,"Yes"]
[655676,"2010-08-18","18:27:36","D254/FE",192,"Duplo","Policemen","6 and up",9.9499999999999993,1,9.9499999999999993,5.17,"Cash","D.Z.|880-1179","No","No",38,"No"]
[655676,"2010-08-18","18:27:36","D254/FE",192,"Duplo","Policemen","6 and up",9.9499999999999993,4,39.799999999999997,20.68,"Cash","D.Z.|880-1179","No","No",38,"No"]
[655679,"2010-08-24","16:49:12","D250/AT",192,"Duplo","Policemen","6 and up",9.9499999999999993,3,29.849999999999998,15.51,"Gift Card","S.V.|880-5987","No","No",41,"No"]
[655716,"2010-09-02","16:19:04.800","D250/AT",192,"Duplo","Policemen","6 and up",9.9499999999999993,1,9.9499999999999993,5.17,"Cash","U.W.|880-9683","Yes","No",21,"No"]
[655731,"2010-09-05","18:17:24","D254/FE",192,"Duplo","Policemen","6 and up",9.9499999999999993,1,9.9499999999999993,5.17,"Visa","Z.T.|880-7477","No","Yes",31,"No"]
[655768,"2010-09-12","14:41:34.800","L256/PE",256,"Lego","Police Officers and Motorcycle","9 and up",9.9499999999999993,1,9.9499999999999993,4.4800000000000004,"Mastercard","H.B.|880-3254","No","No",40,"No"]
[655793,"2010-09-12","17:33:00","D255/FE",192,"Duplo","Policemen","6 and up",9.9499999999999993,3,29.849999999999998,15.51,"Cash","A.U.|880-2167","Yes","Yes",48,"No"]
[655793,"2010-09-12","17:33:00","D254/FE",192,"Duplo","Policemen","6 and up",9.9499999999999993,1,9.9499999999999993,5.17,"Cash","A.U.|880-2167","Yes","Yes",48,"No"]
[655833,"2010-09-21","18:36:36","L195/AE",195,"Lego","Airplane","8 and up",5.95,2,11.9,6.18,"Discover","H.B.|880-3254","No","No",32,"Yes"]
[655833,"2010-09-21","18:36:36","D250/AT",192,"Duplo","Policemen","6 and up",9.9499999999999993,2,19.899999999999999,10.34,"Discover","H.B.|880-3254","No","No",32,"Yes"]
[655842,"2010-10-04","13:49:12","D250/AT",192,"Duplo","Policemen","6 and up",9.9499999999999993,2,19.899999999999999,10.34,"Cash","D.W.|880-7199","No","No",44,"No"]
[655845,"2010-10-14","20:37:48","L195/AE",195,"Lego","Airplane","8 and up",5.95,1,5.95,3.09,"Mastercard","N.C.|880-3850","No","No",34,"No"]
[655894,"2010-10-16","16:01:48","D255/FE",192,"Duplo","Policemen","6 and up",9.9499999999999993,1,9.9499999999999993,5.17,"Discover","D.S.|880-7532","No","No",40,"No"]
[655933,"2010-10-16","10:30:00","L195/AE",195,"Lego","Airplane","8 and up",5.95,2,11.9,6.18,"Cash","U.W.|880-9683","No","No",31,"No"]
[655965,"2010-10-21","11:27:28.800","L196/AR",196,"Lego","Antique Car","8 and up",7.95,2,15.9,8.9,"Visa","W.C.|880-4861","No","No",45,"No"]
[655965,"2010-10-21","11:27:28.800","D254/FE",192,"Duplo","Policemen","6 and up",9.9499999999999993,1,9.9499999999999993,5.17,"Visa","W.C.|880-4861","No","No",45,"No"]
[655976,"2010-11-01","08:55:48","D250/AT",192,"Duplo","Policemen","6 and up",9.9499999999999993,1,9.9499999999999993,5.17,"Check","D.W.|880-7199","No","No",34,"No"]
[656007,"2010-11-01","20:07:48","D254/FE",192,"Duplo","Policemen","6 and up",9.9499999999999993,1,9.9499999999999993,5.17,"Mastercard","Z.T.|880-7477","No","No",43,"No"]
[656032,"2010-11-01","19:55:48","L194/FY",194,"Lego","Family","4 and up",14.95,1,14.95,8.3699999999999992,"Visa","W.B.|880-9647","No","No",43,"No"]
[656032,"2010-11-01","19:55:48","D254/FE",192,"Duplo","Policemen","6 and up",9.9499999999999993,1,9.9499999999999993,5.17,"Visa","W.B.|880-9647","No","No",43,"No"]
[656077,"2010-11-02","19:21:00","L256/PE",256,"Lego","Police Officers and Motorcycle","9 and up",9.9499999999999993,1,9.9499999999999993,4.4800000000000004,"Cash","U.W.|880-9683","Yes","No",37,"No"]
[656123,"2010-11-02","15:27:36","L256/PE",256,"Lego","Police Officers and Motorcycle","9 and up",9.9499999999999993,1,9.9499999999999993,4.4800000000000004,"Gift Card","V.W.|880-8599","No","Yes",38,"Yes"]
[656125,"2010-11-02","11:49:12","D250/AT",192,"Duplo","Policemen","6 and up",9.9499999999999993,1,9.9499999999999993,5.17,"Cash","U.O.|880-3720","No","No",37,"No"]
[656125,"2010-11-02","11:49:12","L195/AE",195,"Lego","Airplane","8 and up",5.95,1,5.95,3.09,"Cash","U.O.|880-3720","No","No",37,"No"]
[656171,"2010-11-02","15:14:24","L256/PE",256,"Lego","Police Officers and Motorcycle","9 and up",9.9499999999999993,3,29.849999999999998,13.44,"Visa","S.V.|880-5987","No","No",50,"No"]
[656171,"2010-11-02","15:14:24","L256/PE",256,"Lego","Police Officers and Motorcycle","9 and up",9.9499999999999993,1,9.9499999999999993,4.4800000000000004,"Visa","S.V.|880-5987","No","No",50,"No"]
[656207,"2010-11-02","13:25:48","D255/FE",192,"Duplo","Policemen","6 and up",9.9499999999999993,1,9.9499999999999993,5.17,"Cash","N.C.|880-3850","No","No",50,"No"]
[656246,"2010-11-02","10:59:16.800","L195/AE",195,"Lego","Airplane","8 and up",5.95,1,5.95,3.09,"Visa","A.U.|880-2167","No","Yes",43,"No"]
[656246,"2010-11-02","10:59:16.800","L256/PE",256,"Lego","Police Officers and Motorcycle","9 and up",9.9499999999999993,1,9.9499999999999993,4.4800000000000004,"Visa","A.U.|880-2167","No","Yes",43,"No"]
[656287,"2010-11-03","15:33:28.800","D255/FE",192,"Duplo","Policemen","6 and up",9.9499999999999993,1,9.9499999999999993,5.17,"Check","C.X.|880-3590","No","No",43,"No"]
[656300,"2010-11-03","17:16:12","D255/FE",192,"Duplo","Policemen","6 and up",9.9499999999999993,1,9.9499999999999993,5.17,"Cash","N.C.|880-3850","No","No",27,"No"]
[656314,"2010-11-03","12:48:36","D255/FE",192,"Duplo","Policemen","6 and up",9.9499999999999993,4,39.799999999999997,20.68,"Visa","D.S.|880-7532","No","Yes",26,"No"]
[656314,"2010-11-03","12:48:36","L195/AE",195,"Lego","Airplane","8 and up",5.95,5,29.75,15.45,"Visa","D.S.|880-7532","No","Yes",26,"No"]
[656314,"2010-11-03","12:48:36","L195/AE",195,"Lego","Airplane","8 and up",5.95,1,5.95,3.09,"Visa","D.S.|880-7532","No","Yes",26,"No"]
[656364,"2010-11-04","16:56:24","L195/AE",195,"Lego","Airplane","8 and up",5.95,1,5.95,3.09,"Visa","C.X.|880-3590","No","No",38,"Yes"]
[656380,"2010-11-05","15:40:12","D250/AT",192,"Duplo","Policemen","6 and up",9.9499999999999993,1,9.9499999999999993,5.17,"Cash","Z.T.|880-7477","No","No",29,"No"]
[656416,"2010-11-05","16:06:36","L256/PE",256,"Lego","Police Officers and Motorcycle","9 and up",9.9499999999999993,4,39.799999999999997,17.920000000000002,"Cash","C.X.|880-3590","Yes","No",14,"No"]
[656416,"2010-11-05","16:06:36","D254/FE",192,"Duplo","Policemen","6 and up",9.9499999999999993,1,9.9499999999999993,5.17,"Cash","C.X.|880-3590","Yes","No",14,"No"]
[656444,"2010-11-05","15:19:48","D250/AT",192,"Duplo","Policemen","6 and up",9.9499999999999993,1,9.9499999999999993,5.17,"Cash","B.Y.|880-6845","No","Yes",44,"Yes"]
[656478,"2010-11-05","20:51:36","L195/AE",195,"Lego","Airplane","8 and up",5.95,1,5.95,3.09,"Visa","W.B.|880-9647","No","Yes",32,"No"]
[656495,"2010-11-05","13:37:12","L195/AE",195,"Lego","Airplane","8 and up",5.95,2,11.9,6.18,"Check","D.U.|880-2953","No","No",30,"No"]
[656518,"2010-11-05","13:12:00","L256/PE",256,"Lego","Police Officers and Motorcycle","9 and up",9.9499999999999993,1,9.9499999999999993,4.4800000000000004,"Visa","B.B.|880-9330","No","No",19,"No"]
[656533,"2010-11-05","11:01:58.800","L256/PE",256,"Lego","Police Officers and Motorcycle","9 and up",9.9499999999999993,1,9.9499999999999993,4.4800000000000004,"Cash","V.W.|880-4523","No","No",50,"No"]
[656547,"2010-11-06","20:00:00","L195/AE",195,"Lego","Airplane","8 and up",5.95,2,11.9,6.18,"Visa","D.U.|880-2953","Yes","No",11,"No"]
[656588,"2010-11-06","13:24:36","L256/PE",256,"Lego","Police Officers and Motorcycle","9 and up",9.9499999999999993,1,9.9499999999999993,4.4800000000000004,"Visa","H.B.|880-3254","Yes","Yes",41,"Yes"]
[656617,"2010-11-06","10:52:12","D250/AT",192,"Duplo","Policemen","6 and up",9.9499999999999993,2,19.899999999999999,10.34,"Visa","A.U.|880-2167","No","No",38,"No"]
[656617,"2010-11-06","10:52:12","D255/FE",192,"Duplo","Policemen","6 and up",9.9499999999999993,1,9.9499999999999993,5.17,"Visa","A.U.|880-2167","No","No",38,"No"]
[656628,"2010-11-06","10:15:00","L330/GN",330,"Lego","Gas Station","8 and up",32.950000000000003,1,32.950000000000003,19.11,"Discover","U.O.|880-3720","No","No",37,"No"]
[656637,"2010-11-06","11:00:39.600","D254/FE",192,"Duplo","Policemen","6 and up",9.9499999999999993,1,9.9499999999999993,5.17,"Visa","B.Y.|880-6845","No","No",30,"No"]
[656648,"2010-11-06","13:24:36","L195/AE",195,"Lego","Airplane","8 and up",5.95,1,5.95,3.09,"Visa","W.B.|880-9647","No","No",11,"No"]
[656657,"2010-11-06","15:04:12","D254/FE",192,"Duplo","Policemen","6 and up",9.9499999999999993,1,9.9499999999999993,5.17,"Cash","U.W.|880-9683","No","No",22,"No"]
[656657,"2010-11-06","15:04:12","L212/SD",212,"Lego","Scooter and Stand","6 and up",4.95,1,4.95,2.23,"Cash","U.W.|880-9683","No","No",22,"No"]
[656657,"2010-11-06","15:04:12","D218/FN",192,"Duplo","Policemen","6 and up",9.9499999999999993,1,9.9499999999999993,5.17,"Cash","U.W.|880-9683","No","No",22,"No"]
[656671,"2010-11-07","13:21:36","D255/FE",192,"Duplo","Policemen","6 and up",9.9499999999999993,1,9.9499999999999993,5.17,"Gift Card","S.V.|880-5987","No","No",37,"No"]
[656692,"2010-11-08","15:22:12","L256/PE",256,"Lego","Police Officers and Motorcycle","9 and up",9.9499999999999993,1,9.9499999999999993,4.4800000000000004,"Visa","L.W.|880-4986","No","No",11,"No"]
[656737,"2010-11-08","19:04:48","D250/AT",192,"Duplo","Policemen","6 and up",9.9499999999999993,2,19.899999999999999,10.34,"Visa","D.S.|880-7532","No","No",40,"No"]
[656757,"2010-11-08","09:24:36","D255/FE",192,"Duplo","Policemen","6 and up",9.9499999999999993,1,9.9499999999999993,5.17,"Cash","S.Y.|880-3139","No","No",36,"Yes"]
[656757,"2010-11-08","09:24:36","D254/FE",192,"Duplo","Policemen","6 and up",9.9499999999999993,2,19.899999999999999,10.34,"Cash","S.Y.|880-3139","No","No",36,"Yes"]
[656770,"2010-11-09","14:56:24","D255/FE",192,"Duplo","Policemen","6 and up",9.9499999999999993,1,9.9499999999999993,5.17,"Mastercard","H.B.|880-3254","No","No",66,"No"]
[656807,"2010-11-10","11:28:48","L210/CS",210,"Lego","Cowboys with Horses","6 and up",9.4499999999999993,1,9.4499999999999993,4.63,"Visa","P.N.|880-3021","No","No",48,"No"]
[656822,"2010-11-10","08:07:48","D254/FE",192,"Duplo","Policemen","6 and up",9.9499999999999993,2,19.899999999999999,10.34,"Mastercard","B.B.|880-9330","No","No",57,"No"]
[656847,"2010-11-10","12:25:12","D198/LX",192,"Duplo","Policemen","6 and up",9.9499999999999993,2,19.899999999999999,10.34,"Visa","S.Y.|880-3139","Yes","No",38,"No"]
[656854,"2010-11-10","11:12:00","L195/AE",195,"Lego","Airplane","8 and up",5.95,1,5.95,3.09,"Mastercard","V.W.|880-4523","No","Yes",31,"No"]
[656893,"2010-11-10","15:20:24","L212/SD",212,"Lego","Scooter and Stand","6 and up",4.95,1,4.95,2.23,"Visa","U.O.|880-3720","No","No",45,"No"]
[656931,"2010-11-11","09:09:00","D254/FE",192,"Duplo","Policemen","6 and up",9.9499999999999993,1,9.9499999999999993,5.17,"Visa","A.U.|880-2167","No","No",30,"No"]
[656952,"2010-11-11","11:40:55.200","L195/AE",195,"Lego","Airplane","8 and up",5.95,3,17.850000000000001,9.27,"Cash","N.C.|880-3850","No","No",38,"No"]
[656956,"2010-11-11","12:48:36","L256/PE",256,"Lego","Police Officers and Motorcycle","9 and up",9.9499999999999993,1,9.9499999999999993,4.4800000000000004,"Mastercard","V.W.|880-8599","No","No",24,"No"]
[656991,"2010-11-11","15:47:24","D255/FE",192,"Duplo","Policemen","6 and up",9.9499999999999993,4,39.799999999999997,20.68,"Visa","V.W.|880-4523","No","Yes",43,"No"]
[656991,"2010-11-11","15:47:24","D198/LX",192,"Duplo","Policemen","6 and up",9.9499999999999993,2,19.899999999999999,10.34,"Visa","V.W.|880-4523","No","Yes",43,"No"]
[657009,"2010-11-11","12:02:24","D255/FE",192,"Duplo","Policemen","6 and up",9.9499999999999993,2,19.899999999999999,10.34,"Cash","V.W.|880-8599","No","No",36,"No"]
[657052,"2010-11-11","19:45:36","D254/FE",192,"Duplo","Policemen","6 and up",9.9499999999999993,1,9.9499999999999993,5.17,"Check","B.B.|880-9330","No","Yes",34,"Yes"]
[657052,"2010-11-11","19:45:36","L256/PE",256,"Lego","Police Officers and Motorcycle","9 and up",9.9499999999999993,1,9.9499999999999993,4.4800000000000004,"Check","B.B.|880-9330","No","Yes",34,"Yes"]
[657055,"2010-11-12","11:37:12","D250/AT",192,"Duplo","Policemen","6 and up",9.9499999999999993,2,19.899999999999999,10.34,"Check","D.S.|880-7532","No","No",36,"No"]
[657055,"2010-11-12","11:37:12","D250/AT",192,"Duplo","Policemen","6 and up",9.9499999999999993,2,19.899999999999999,10.34,"Check","D.S.|880-7532","No","No",36,"No"]
[657055,"2010-11-12","11:37:12","L256/PE",256,"Lego","Police Officers and Motorcycle","9 and up",9.9499999999999993,1,9.9499999999999993,4.4800000000000004,"Check","D.S.|880-7532","No","No",36,"No"]
[657093,"2010-11-12","13:33:50.400","D250/AT",192,"Duplo","Policemen","6 and up",9.9499999999999993,5,49.75,25.85,"Visa","Y.P.|880-6894","Yes","No",31,"Yes"]
[657101,"2010-11-13","09:53:24","L195/AE",195,"Lego","Airplane","8 and up",5.95,1,5.95,3.09,"Gift Card","Z.T.|880-7477","Yes","No",41,"Yes"]
[657140,"2010-11-13","16:50:56.400","L340/FS",340,"Lego","Fire Trucks","6 and up",34.950000000000003,2,69.900000000000006,39.840000000000003,"Visa","B.Y.|880-6845","No","No",34,"No"]
[657140,"2010-11-13","16:50:56.400","D255/FE",192,"Duplo","Policemen","6 and up",9.9499999999999993,1,9.9499999999999993,5.17,"Visa","B.Y.|880-6845","No","No",34,"No"]
[657187,"2010-11-13","10:39:36","D250/AT",192,"Duplo","Policemen","6 and up",9.9499999999999993,2,19.899999999999999,10.34,"Gift Card","Z.Q.|880-4240","No","No",31,"Yes"]
[657232,"2010-11-13","20:11:24","L195/AE",195,"Lego","Airplane","8 and up",5.95,3,17.850000000000001,9.27,"Visa","C.X.|880-3590","No","No",31,"Yes"]
[657255,"2010-11-14","17:18:36","D254/FE",192,"Duplo","Policemen","6 and up",9.9499999999999993,1,9.9499999999999993,5.17,"Check","U.O.|880-3720","No","No",27,"Yes"]
[657291,"2010-11-14","12:37:48","L256/PE",256,"Lego","Police Officers and Motorcycle","9 and up",9.9499999999999993,1,9.9499999999999993,4.4800000000000004,"Cash","Z.T.|880-7477","No","No",49,"No"]
[657306,"2010-11-14","09:50:56.400","D254/FE",192,"Duplo","Policemen","6 and up",9.9499999999999993,4,39.799999999999997,20.68,"Visa","N.C.|880-3850","No","No",69,"Yes"]
[657316,"2010-11-15","16:45:36","L252/LR",255,"Duplo","Farming Scene","7 and up",24.95,1,24.95,16.22,"Mastercard","P.N.|880-3021","No","No",20,"No"]
[657320,"2010-11-15","08:24:10.800","D250/AT",192,"Duplo","Policemen","6 and up",9.9499999999999993,1,9.9499999999999993,5.17,"Mastercard","B.X.|880-9149","No","No",30,"Yes"]
[657336,"2010-11-15","08:29:42","D255/FE",192,"Duplo","Policemen","6 and up",9.9499999999999993,1,9.9499999999999993,5.17,"Mastercard","H.B.|880-3254","No","No",37,"Yes"]
[657336,"2010-11-15","08:29:42","D250/AT",192,"Duplo","Policemen","6 and up",9.9499999999999993,1,9.9499999999999993,5.17,"Mastercard","H.B.|880-3254","No","No",37,"Yes"]
[657366,"2010-11-16","08:44:42","L256/PE",256,"Lego","Police Officers and Motorcycle","9 and up",9.9499999999999993,2,19.899999999999999,8.9600000000000009,"Mastercard","B.X.|880-9149","No","No",42,"No"]
[657415,"2010-11-16","11:59:56.400","D250/AT",192,"Duplo","Policemen","6 and up",9.9499999999999993,2,19.899999999999999,10.34,"Visa","S.V.|880-5987","No","No",41,"Yes"]
[657415,"2010-11-16","11:59:56.400","D255/FE",192,"Duplo","Policemen","6 and up",9.9499999999999993,2,19.899999999999999,10.34,"Visa","S.V.|880-5987","No","No",41,"Yes"]
[657447,"2010-11-17","13:42:00","L195/AE",195,"Lego","Airplane","8 and up",5.95,4,23.8,12.36,"Mastercard","L.W.|880-4986","No","Yes",40,"Yes"]
[657482,"2010-11-17","10:13:48","L256/PE",256,"Lego","Police Officers and Motorcycle","9 and up",9.9499999999999993,2,19.899999999999999,8.9600000000000009,"Discover","D.W.|880-7199","No","No",39,"Yes"]
[657512,"2010-11-17","11:34:12","D192/PN",192,"Duplo","Policemen","6 and up",9.9499999999999993,1,9.9499999999999993,5.17,"Cash","N.C.|880-3850","No","No",31,"No"]
[657529,"2010-11-17","15:44:24","D255/FE",192,"Duplo","Policemen","6 and up",9.9499999999999993,5,49.75,25.85,"Mastercard","B.Y.|880-6845","No","No",40,"No"]
[657533,"2010-11-17","16:32:24","D254/FE",192,"Duplo","Policemen","6 and up",9.9499999999999993,2,19.899999999999999,10.34,"Mastercard","B.B.|880-9330","Yes","No",38,"No"]
[657533,"2010-11-17","16:32:24","L195/AE",195,"Lego","Airplane","8 and up",5.95,3,17.850000000000001,9.27,"Mastercard","B.B.|880-9330","Yes","No",38,"No"]
[657533,"2010-11-17","16:32:24","D254/FE",192,"Duplo","Policemen","6 and up",9.9499999999999993,1,9.9499999999999993,5.17,"Mastercard","B.B.|880-9330","Yes","No",38,"No"]
[657563,"2010-11-17","13:18:36","L256/PE",256,"Lego","Police Officers and Motorcycle","9 and up",9.9499999999999993,1,9.9499999999999993,4.4800000000000004,"Visa","D.W.|880-7199","No","No",25,"No"]
[657591,"2010-11-18","19:45:00","L194/FY",194,"Lego","Family","4 and up",14.95,1,14.95,8.3699999999999992,"Visa","W.C.|880-4861","No","No",26,"No"]
[657607,"2010-11-18","13:44:24","D250/AT",192,"Duplo","Policemen","6 and up",9.9499999999999993,2,19.899999999999999,10.34,"Visa","D.S.|880-7532","Yes","No",44,"No"]
[657635,"2010-11-18","13:05:52.800","D255/FE",192,"Duplo","Policemen","6 and up",9.9499999999999993,1,9.9499999999999993,5.17,"Cash","D.U.|880-2953","No","No",50,"No"]
[657663,"2010-11-19","14:05:24","L330/GN",330,"Lego","Gas Station","8 and up",32.950000000000003,4,131.80000000000001,76.44,"Visa","D.W.|880-7199","No","No",28,"No"]
[657663,"2010-11-19","14:05:24","D255/FE",192,"Duplo","Policemen","6 and up",9.9499999999999993,5,49.75,25.85,"Visa","D.W.|880-7199","No","No",28,"No"]
[657686,"2010-11-19","12:06:00","L195/AE",195,"Lego","Airplane","8 and up",5.95,2,11.9,6.18,"Mastercard","S.Y.|880-3139","No","No",60,"No"]
[657703,"2010-11-20","11:39:00","L256/PE",256,"Lego","Police Officers and Motorcycle","9 and up",9.9499999999999993,1,9.9499999999999993,4.4800000000000004,"Discover","U.W.|880-9683","No","No",31,"No"]
[657712,"2010-11-20","18:11:24","L195/AE",195,"Lego","Airplane","8 and up",5.95,2,11.9,6.18,"Visa","U.W.|880-9683","No","No",42,"No"]
[657751,"2010-11-20","10:41:24","D250/AT",192,"Duplo","Policemen","6 and up",9.9499999999999993,5,49.75,25.85,"Mastercard","H.B.|880-3254","No","No",48,"No"]
[657751,"2010-11-20","10:41:24","D250/AT",192,"Duplo","Policemen","6 and up",9.9499999999999993,2,19.899999999999999,10.34,"Mastercard","H.B.|880-3254","No","No",48,"No"]
[657769,"2010-11-20","18:34:12","L256/PE",256,"Lego","Police Officers and Motorcycle","9 and up",9.9499999999999993,3,29.849999999999998,13.44,"Cash","S.V.|880-5987","No","No",30,"No"]
[657815,"2010-11-20","12:12:00","D250/AT",192,"Duplo","Policemen","6 and up",9.9499999999999993,2,19.899999999999999,10.34,"Cash","P.N.|880-3021","No","No",44,"No"]
[657839,"2010-11-21","15:01:48","L195/AE",195,"Lego","Airplane","8 and up",5.95,3,17.850000000000001,9.27,"Mastercard","N.W.|880-6237","No","No",35,"No"]
[657858,"2010-11-21","12:19:12","D250/AT",192,"Duplo","Policemen","6 and up",9.9499999999999993,2,19.899999999999999,10.34,"Gift Card","N.C.|880-3850","No","No",50,"No"]
[657884,"2010-11-21","15:37:12","D250/AT",192,"Duplo","Policemen","6 and up",9.9499999999999993,1,9.9499999999999993,5.17,"Discover","V.W.|880-4523","No","No",30,"No"]
[657887,"2010-11-21","13:09:36","L256/PE",256,"Lego","Police Officers and Motorcycle","9 and up",9.9499999999999993,1,9.9499999999999993,4.4800000000000004,"Cash","D.S.|880-7532","No","No",38,"No"]
[657921,"2010-11-22","08:58:48","D254/FE",192,"Duplo","Policemen","6 and up",9.9499999999999993,2,19.899999999999999,10.34,"Cash","Y.P.|880-6894","No","No",30,"Yes"]
[657945,"2010-11-22","13:39:54","L256/PE",256,"Lego","Police Officers and Motorcycle","9 and up",9.9499999999999993,1,9.9499999999999993,4.4800000000000004,"Cash","S.Y.|880-3139","No","No",30,"No"]
[657946,"2010-11-22","19:31:48","L256/PE",256,"Lego","Police Officers and Motorcycle","9 and up",9.9499999999999993,3,29.849999999999998,13.44,"Cash","V.W.|880-8599","No","No",31,"No"]
[657946,"2010-11-22","19:31:48","L330/GN",330,"Lego","Gas Station","8 and up",32.950000000000003,4,131.80000000000001,76.44,"Cash","V.W.|880-8599","No","No",31,"No"]
[657946,"2010-11-22","19:31:48","L195/AE",195,"Lego","Airplane","8 and up",5.95,2,11.9,6.18,"Cash","V.W.|880-8599","No","No",31,"No"]
[657967,"2010-11-23","13:55:51.600","D254/FE",192,"Duplo","Policemen","6 and up",9.9499999999999993,5,49.75,25.85,"Mastercard","C.X.|880-3590","No","No",36,"No"]
[657971,"2010-11-23","10:58:12","L195/AE",195,"Lego","Airplane","8 and up",5.95,2,11.9,6.18,"Discover","H.B.|880-3254","No","No",50,"Yes"]
[657973,"2010-11-23","10:14:16.800","D254/FE",192,"Duplo","Policemen","6 and up",9.9499999999999993,1,9.9499999999999993,5.17,"Check","B.Y.|880-6845","Yes","No",25,"No"]
[657985,"2010-11-23","15:29:52.800","D254/FE",192,"Duplo","Policemen","6 and up",9.9499999999999993,1,9.9499999999999993,5.17,"Cash","U.W.|880-9683","No","No",30,"No"]
[658025,"2010-11-23","09:24:36","L256/PE",256,"Lego","Police Officers and Motorcycle","9 and up",9.9499999999999993,3,29.849999999999998,13.44,"Discover","Z.T.|880-7477","No","No",44,"No"]
[658054,"2010-11-24","14:09:00","L195/AE",195,"Lego","Airplane","8 and up",5.95,2,11.9,6.18,"Visa","H.B.|880-3254","No","No",29,"No"]
[658088,"2010-11-24","16:13:55.200","D250/AT",192,"Duplo","Policemen","6 and up",9.9499999999999993,1,9.9499999999999993,5.17,"Mastercard","D.U.|880-2953","No","No",38,"No"]
[658095,"2010-11-24","18:35:24","D254/FE",192,"Duplo","Policemen","6 and up",9.9499999999999993,4,39.799999999999997,20.68,"Mastercard","L.C.|880-6872","Yes","Yes",30,"Yes"]
[658095,"2010-11-24","18:35:24","D255/FE",192,"Duplo","Policemen","6 and up",9.9499999999999993,1,9.9499999999999993,5.17,"Mastercard","L.C.|880-6872","Yes","Yes",30,"Yes"]
[658135,"2010-11-25","16:22:12","L194/FY",194,"Lego","Family","4 and up",14.95,1,14.95,8.3699999999999992,"Visa","U.O.|880-3720","No","No",49,"No"]
[658157,"2010-11-26","16:59:24","D255/FE",192,"Duplo","Policemen","6 and up",9.9499999999999993,5,49.75,25.85,"Visa","Z.Q.|880-4240","No","No",34,"No"]
[658183,"2010-11-26","15:34:12","D254/FE",192,"Duplo","Policemen","6 and up",9.9499999999999993,1,9.9499999999999993,5.17,"Discover","B.X.|880-9149","No","No",39,"No"]
[658183,"2010-11-26","15:34:12","D250/AT",192,"Duplo","Policemen","6 and up",9.9499999999999993,4,39.799999999999997,20.68,"Discover","B.X.|880-9149","No","No",39,"No"]
[658221,"2010-11-26","15:21:25.200","D254/FE",192,"Duplo","Policemen","6 and up",9.9499999999999993,1,9.9499999999999993,5.17,"Visa","L.C.|880-6872","No","No",11,"No"]
[658267,"2010-11-26","18:50:24","L195/AE",195,"Lego","Airplane","8 and up",5.95,2,11.9,6.18,"Visa","N.C.|880-3850","No","No",34,"No"]
[658278,"2010-11-26","19:56:24","L256/PE",256,"Lego","Police Officers and Motorcycle","9 and up",9.9499999999999993,1,9.9499999999999993,4.4800000000000004,"Visa","L.W.|880-4986","No","No",36,"No"]
[658280,"2010-11-26","11:15:00","D254/FE",192,"Duplo","Policemen","6 and up",9.9499999999999993,5,49.75,25.85,"Discover","S.Y.|880-3139","No","No",32,"No"]
[658330,"2010-11-26","19:00:36","L195/AE",195,"Lego","Airplane","8 and up",5.95,2,11.9,6.18,"Cash","U.O.|880-3720","No","No",36,"No"]
[658361,"2010-11-27","15:36:36","L330/GN",330,"Lego","Gas Station","8 and up",32.950000000000003,1,32.950000000000003,19.11,"Visa","B.Y.|880-6845","No","Yes",47,"No"]
[658387,"2010-11-27","12:25:12","L256/PE",256,"Lego","Police Officers and Motorcycle","9 and up",9.9499999999999993,2,19.899999999999999,8.9600000000000009,"Discover","N.W.|880-6237","No","No",32,"No"]
[658404,"2010-11-27","12:16:12","D250/AT",192,"Duplo","Policemen","6 and up",9.9499999999999993,1,9.9499999999999993,5.17,"Discover","S.V.|880-5987","No","Yes",21,"No"]
[658406,"2010-11-27","10:55:48","D255/FE",192,"Duplo","Policemen","6 and up",9.9499999999999993,2,19.899999999999999,10.34,"Gift Card","B.Y.|880-6845","No","No",34,"No"]
[658406,"2010-11-27","10:55:48","D255/FE",192,"Duplo","Policemen","6 and up",9.9499999999999993,1,9.9499999999999993,5.17,"Gift Card","B.Y.|880-6845","No","No",34,"No"]
[658456,"2010-11-27","14:18:36","D254/FE",192,"Duplo","Policemen","6 and up",9.9499999999999993,1,9.9499999999999993,5.17,"Visa","D.S.|880-7532","No","No",66,"No"]
[658456,"2010-11-27","14:18:36","L195/AE",195,"Lego","Airplane","8 and up",5.95,1,5.95,3.09,"Visa","D.S.|880-7532","No","No",66,"No"]
[658476,"2010-11-28","15:13:22.800","L195/AE",195,"Lego","Airplane","8 and up",5.95,1,5.95,3.09,"Visa","V.W.|880-4523","No","No",34,"No"]
[658499,"2010-11-28","16:56:24","D250/AT",192,"Duplo","Policemen","6 and up",9.9499999999999993,2,19.899999999999999,10.34,"Mastercard","Z.T.|880-7477","No","No",39,"No"]
[658521,"2010-11-28","14:47:24","L256/PE",256,"Lego","Police Officers and Motorcycle","9 and up",9.9499999999999993,1,9.9499999999999993,4.4800000000000004,"Cash","B.B.|880-9330","No","No",66,"No"]
[658562,"2010-11-28","13:23:13.200","D255/FE",192,"Duplo","Policemen","6 and up",9.9499999999999993,2,19.899999999999999,10.34,"Mastercard","D.U.|880-2953","No","No",34,"No"]
[658599,"2010-11-28","14:37:08.400","D250/AT",192,"Duplo","Policemen","6 and up",9.9499999999999993,2,19.899999999999999,10.34,"Cash","D.Z.|880-1179","No","Yes",41,"No"]
[658628,"2010-11-28","13:13:04.800","L256/PE",256,"Lego","Police Officers and Motorcycle","9 and up",9.9499999999999993,1,9.9499999999999993,4.4800000000000004,"Cash","W.C.|880-4861","Yes","No",48,"No"]
[658641,"2010-11-28","16:19:12","D255/FE",192,"Duplo","Policemen","6 and up",9.9499999999999993,1,9.9499999999999993,5.17,"Visa","B.Y.|880-6845","No","No",34,"No"]
[658688,"2010-11-29","13:30:39.600","L256/PE",256,"Lego","Police Officers and Motorcycle","9 and up",9.9499999999999993,2,19.899999999999999,8.9600000000000009,"Cash","L.W.|880-4986","No","No",53,"No"]
[658701,"2010-11-29","11:31:48","L195/AE",195,"Lego","Airplane","8 and up",5.95,4,23.8,12.36,"Mastercard","L.W.|880-4986","No","No",43,"No"]
[658715,"2010-11-29","12:50:24","L256/PE",256,"Lego","Police Officers and Motorcycle","9 and up",9.9499999999999993,5,49.75,22.4,"Mastercard","V.W.|880-8599","No","No",39,"No"]
[658755,"2010-11-29","12:24:00","L210/CS",210,"Lego","Cowboys with Horses","6 and up",9.4499999999999993,4,37.799999999999997,18.52,"Visa","V.W.|880-8599","No","No",31,"No"]
[658773,"2010-11-29","11:57:39.600","D255/FE",192,"Duplo","Policemen","6 and up",9.9499999999999993,2,19.899999999999999,10.34,"Cash","A.U.|880-2167","No","No",34,"No"]
[658817,"2010-11-30","11:05:24","L195/AE",195,"Lego","Airplane","8 and up",5.95,2,11.9,6.18,"Visa","N.C.|880-3850","No","No",31,"Yes"]
[658851,"2010-11-30","14:02:24","D250/AT",192,"Duplo","Policemen","6 and up",9.9499999999999993,4,39.799999999999997,20.68,"Visa","W.C.|880-4861","No","No",36,"No"]
[658858,"2010-11-30","11:50:24","L195/AE",195,"Lego","Airplane","8 and up",5.95,1,5.95,3.09,"Visa","W.B.|880-9647","No","No",38,"No"]
[658894,"2010-11-30","12:46:40.800","D254/FE",192,"Duplo","Policemen","6 and up",9.9499999999999993,3,29.849999999999998,15.51,"Cash","D.W.|880-7199","No","Yes",43,"No"]
[658894,"2010-11-30","12:46:40.800","D255/FE",192,"Duplo","Policemen","6 and up",9.9499999999999993,4,39.799999999999997,20.68,"Cash","D.W.|880-7199","No","Yes",43,"No"]
[658915,"2010-12-01","18:03:00","D254/FE",192,"Duplo","Policemen","6 and up",9.9499999999999993,1,9.9499999999999993,5.17,"Cash","S.V.|880-5987","No","No",39,"No"]
[658942,"2010-12-01","11:16:12","L330/GN",330,"Lego","Gas Station","8 and up",32.950000000000003,2,65.900000000000006,38.22,"Visa","V.W.|880-8599","No","No",31,"No"]
[658968,"2010-12-01","11:03:18","L197/FS",199,"Duplo","Scooter","4 and up",4.95,4,19.8,10.08,"Cash","S.V.|880-5987","No","No",27,"Yes"]
[659005,"2010-12-01","13:00:50.400","D254/FE",192,"Duplo","Policemen","6 and up",9.9499999999999993,4,39.799999999999997,20.68,"Visa","Y.P.|880-6894","No","No",36,"No"]
[659005,"2010-12-01","13:00:50.400","D250/AT",192,"Duplo","Policemen","6 and up",9.9499999999999993,1,9.9499999999999993,5.17,"Visa","Y.P.|880-6894","No","No",36,"No"]
[659007,"2010-12-02","13:16:08.400","D254/FE",192,"Duplo","Policemen","6 and up",9.9499999999999993,2,19.899999999999999,10.34,"Cash","N.W.|880-6237","Yes","Yes",30,"No"]
[659039,"2010-12-02","11:30:18","L195/AE",195,"Lego","Airplane","8 and up",5.95,3,17.850000000000001,9.27,"Mastercard","N.W.|880-6237","Yes","No",55,"Yes"]
[659065,"2010-12-02","16:13:01.200","L195/AE",195,"Lego","Airplane","8 and up",5.95,2,11.9,6.18,"Visa","N.W.|880-6237","No","No",33,"Yes"]
[659082,"2010-12-02","12:18:39.600","L195/AE",195,"Lego","Airplane","8 and up",5.95,1,5.95,3.09,"Check","D.W.|880-7199","No","No",39,"Yes"]
[659106,"2010-12-02","18:23:24","L256/PE",256,"Lego","Police Officers and Motorcycle","9 and up",9.9499999999999993,4,39.799999999999997,17.920000000000002,"Discover","H.B.|880-3254","No","No",34,"No"]
[659126,"2010-12-02","15:17:24","D254/FE",192,"Duplo","Policemen","6 and up",9.9499999999999993,1,9.9499999999999993,5.17,"Cash","D.S.|880-7532","No","No",39,"Yes"]
[659155,"2010-12-02","16:20:24","D255/FE",192,"Duplo","Policemen","6 and up",9.9499999999999993,2,19.899999999999999,10.34,"Visa","Y.P.|880-6894","No","No",32,"No"]
[659189,"2010-12-02","14:21:00","D198/LX",192,"Duplo","Policemen","6 and up",9.9499999999999993,1,9.9499999999999993,5.17,"Cash","Z.Q.|880-4240","No","No",47,"No"]
[659211,"2010-12-03","11:55:48","D254/FE",192,"Duplo","Policemen","6 and up",9.9499999999999993,2,19.899999999999999,10.34,"Visa","H.B.|880-3254","No","No",32,"No"]
[659219,"2010-12-03","13:50:24","D254/FE",192,"Duplo","Policemen","6 and up",9.9499999999999993,1,9.9499999999999993,5.17,"Mastercard","B.X.|880-9149","No","No",25,"Yes"]
[659261,"2010-12-03","11:11:24","D255/FE",192,"Duplo","Policemen","6 and up",9.9499999999999993,2,19.899999999999999,10.34,"Visa","V.W.|880-4523","No","No",40,"No"]
[659269,"2010-12-03","13:43:40.800","D254/FE",192,"Duplo","Policemen","6 and up",9.9499999999999993,1,9.9499999999999993,5.17,"Visa","P.N.|880-3021","No","No",44,"Yes"]
[659277,"2010-12-04","09:50:24","L195/AE",195,"Lego","Airplane","8 and up",5.95,5,29.75,15.45,"Cash","D.Z.|880-1179","Yes","No",73,"Yes"]
[659294,"2010-12-04","11:57:36","D254/FE",192,"Duplo","Policemen","6 and up",9.9499999999999993,2,19.899999999999999,10.34,"Check","Y.P.|880-6894","No","No",25,"No"]
[659294,"2010-12-04","11:57:36","D255/FE",192,"Duplo","Policemen","6 and up",9.9499999999999993,1,9.9499999999999993,5.17,"Check","Y.P.|880-6894","No","No",25,"No"]
[659343,"2010-12-05","16:59:24","L256/PE",256,"Lego","Police Officers and Motorcycle","9 and up",9.9499999999999993,1,9.9499999999999993,4.4800000000000004,"Cash","B.Y.|880-6845","No","No",47,"No"]
[659353,"2010-12-05","11:27:36","D255/FE",192,"Duplo","Policemen","6 and up",9.9499999999999993,1,9.9499999999999993,5.17,"Cash","V.W.|880-8599","No","No",27,"Yes"]
[659395,"2010-12-05","14:23:13.200","D255/FE",192,"Duplo","Policemen","6 and up",9.9499999999999993,1,9.9499999999999993,5.17,"Visa","C.X.|880-3590","No","No",48,"No"]
[659439,"2010-12-05","08:54:36","D254/FE",192,"Duplo","Policemen","6 and up",9.9499999999999993,2,19.899999999999999,10.34,"Mastercard","D.W.|880-7199","No","No",41,"No"]
[659439,"2010-12-05","08:54:36","L195/AE",195,"Lego","Airplane","8 and up",5.95,2,11.9,6.18,"Mastercard","D.W.|880-7199","No","No",41,"No"]
[659457,"2010-12-05","16:34:48","D250/AT",192,"Duplo","Policemen","6 and up",9.9499999999999993,1,9.9499999999999993,5.17,"Visa","D.S.|880-7532","No","No",25,"Yes"]
[659478,"2010-12-06","16:59:24","L195/AE",195,"Lego","Airplane","8 and up",5.95,1,5.95,3.09,"Cash","L.C.|880-6872","No","No",42,"No"]
[659504,"2010-12-06","14:31:30","D255/FE",192,"Duplo","Policemen","6 and up",9.9499999999999993,5,49.75,25.85,"Cash","S.Y.|880-3139","No","No",29,"No"]
[659552,"2010-12-06","13:47:24","L195/AE",195,"Lego","Airplane","8 and up",5.95,1,5.95,3.09,"Discover","L.C.|880-6872","No","No",30,"No"]
[659552,"2010-12-06","13:47:24","D255/FE",192,"Duplo","Policemen","6 and up",9.9499999999999993,1,9.9499999999999993,5.17,"Discover","L.C.|880-6872","No","No",30,"No"]
[659591,"2010-12-06","16:34:40.800","D250/AT",192,"Duplo","Policemen","6 and up",9.9499999999999993,1,9.9499999999999993,5.17,"Visa","P.N.|880-3021","No","No",58,"No"]
[659591,"2010-12-06","16:34:40.800","D250/AT",192,"Duplo","Policemen","6 and up",9.9499999999999993,4,39.799999999999997,20.68,"Visa","P.N.|880-3021","No","No",58,"No"]
[659616,"2010-12-06","17:54:36","D254/FE",192,"Duplo","Policemen","6 and up",9.9499999999999993,1,9.9499999999999993,5.17,"Gift Card","Z.T.|880-7477","No","No",35,"No"]
[659629,"2010-12-06","11:29:56.400","D250/AT",192,"Duplo","Policemen","6 and up",9.9499999999999993,1,9.9499999999999993,5.17,"Mastercard","L.W.|880-4986","No","No",37,"No"]
[659646,"2010-12-06","12:03:00","L256/PE",256,"Lego","Police Officers and Motorcycle","9 and up",9.9499999999999993,5,49.75,22.4,"Mastercard","H.B.|880-3254","No","No",27,"No"]
[659651,"2010-12-06","16:55:55.200","D250/AT",192,"Duplo","Policemen","6 and up",9.9499999999999993,1,9.9499999999999993,5.17,"Mastercard","D.W.|880-7199","No","No",38,"Yes"]
[659692,"2010-12-06","14:40:12","D255/FE",192,"Duplo","Policemen","6 and up",9.9499999999999993,1,9.9499999999999993,5.17,"Visa","W.B.|880-9647","Yes","No",38,"Yes"]
[659699,"2010-12-06","14:00:36","L195/AE",195,"Lego","Airplane","8 and up",5.95,1,5.95,3.09,"Mastercard","V.W.|880-8599","No","No",53,"Yes"]
[659700,"2010-12-06","11:45:36","D218/FN",192,"Duplo","Policemen","6 and up",9.9499999999999993,4,39.799999999999997,20.68,"Mastercard","P.N.|880-3021","No","No",34,"No"]
[659720,"2010-12-08","16:45:36","D254/FE",192,"Duplo","Policemen","6 and up",9.9499999999999993,2,19.899999999999999,10.34,"Visa","P.N.|880-3021","No","No",18,"No"]
[659720,"2010-12-08","16:45:36","L256/PE",256,"Lego","Police Officers and Motorcycle","9 and up",9.9499999999999993,1,9.9499999999999993,4.4800000000000004,"Visa","P.N.|880-3021","No","No",18,"No"]
[659731,"2010-12-08","11:16:48","D250/AT",192,"Duplo","Policemen","6 and up",9.9499999999999993,1,9.9499999999999993,5.17,"Gift Card","Y.P.|880-6894","Yes","No",43,"No"]
[659750,"2010-12-09","15:01:48","D254/FE",192,"Duplo","Policemen","6 and up",9.9499999999999993,1,9.9499999999999993,5.17,"Mastercard","L.W.|880-4986","No","No",27,"No"]
[659750,"2010-12-09","15:01:48","L195/AE",195,"Lego","Airplane","8 and up",5.95,1,5.95,3.09,"Mastercard","L.W.|880-4986","No","No",27,"No"]
[659750,"2010-12-09","15:01:48","D254/FE",192,"Duplo","Policemen","6 and up",9.9499999999999993,2,19.899999999999999,10.34,"Mastercard","L.W.|880-4986","No","No",27,"No"]
[659759,"2010-12-09","13:17:24","D255/FE",192,"Duplo","Policemen","6 and up",9.9499999999999993,1,9.9499999999999993,5.17,"Visa","S.Y.|880-3139","No","No",30,"No"]
[659765,"2010-12-09","14:23:24","L195/AE",195,"Lego","Airplane","8 and up",5.95,1,5.95,3.09,"Visa","Z.Q.|880-4240","Yes","No",27,"No"]
[659788,"2010-12-10","10:32:13.200","L195/AE",195,"Lego","Airplane","8 and up",5.95,3,17.850000000000001,9.27,"Check","H.B.|880-3254","No","No",7,"Yes"]
[659807,"2010-12-10","13:36:36","D192/PN",192,"Duplo","Policemen","6 and up",9.9499999999999993,1,9.9499999999999993,5.17,"Visa","B.Y.|880-6845","No","No",50,"No"]
[659830,"2010-12-10","10:07:12","D255/FE",192,"Duplo","Policemen","6 and up",9.9499999999999993,1,9.9499999999999993,5.17,"Gift Card","W.C.|880-4861","No","No",31,"Yes"]
[659835,"2010-12-10","16:01:12","L195/AE",195,"Lego","Airplane","8 and up",5.95,4,23.8,12.36,"Visa","W.B.|880-9647","No","No",44,"No"]
[659855,"2010-12-10","18:27:36","D255/FE",192,"Duplo","Policemen","6 and up",9.9499999999999993,2,19.899999999999999,10.34,"Mastercard","U.O.|880-3720","No","No",67,"No"]
[659882,"2010-12-10","13:40:55.200","L256/PE",256,"Lego","Police Officers and Motorcycle","9 and up",9.9499999999999993,2,19.899999999999999,8.9600000000000009,"Visa","Z.T.|880-7477","Yes","Yes",46,"No"]
[659895,"2010-12-11","11:38:24","D250/AT",192,"Duplo","Policemen","6 and up",9.9499999999999993,2,19.899999999999999,10.34,"Cash","L.C.|880-6872","No","No",25,"No"]
[659916,"2010-12-12","14:19:12","L210/CS",210,"Lego","Cowboys with Horses","6 and up",9.4499999999999993,1,9.4499999999999993,4.63,"Visa","C.X.|880-3590","No","No",42,"Yes"]
[659916,"2010-12-12","14:19:12","D254/FE",192,"Duplo","Policemen","6 and up",9.9499999999999993,2,19.899999999999999,10.34,"Visa","C.X.|880-3590","No","No",42,"Yes"]
[659936,"2010-12-13","11:38:24","D255/FE",192,"Duplo","Policemen","6 and up",9.9499999999999993,1,9.9499999999999993,5.17,"Cash","L.C.|880-6872","No","No",38,"No"]
[659976,"2010-12-13","12:45:50.400","L256/PE",256,"Lego","Police Officers and Motorcycle","9 and up",9.9499999999999993,1,9.9499999999999993,4.4800000000000004,"Cash","W.C.|880-4861","No","No",25,"No"]
[659976,"2010-12-13","12:45:50.400","D255/FE",192,"Duplo","Policemen","6 and up",9.9499999999999993,1,9.9499999999999993,5.17,"Cash","W.C.|880-4861","No","No",25,"No"]
[659976,"2010-12-13","12:45:50.400","L195/AE",195,"Lego","Airplane","8 and up",5.95,1,5.95,3.09,"Cash","W.C.|880-4861","No","No",25,"No"]
[660004,"2010-12-13","16:22:12","D255/FE",192,"Duplo","Policemen","6 and up",9.9499999999999993,1,9.9499999999999993,5.17,"Cash","W.B.|880-9647","Yes","No",43,"No"]
[660020,"2010-12-14","20:35:24","L256/PE",256,"Lego","Police Officers and Motorcycle","9 and up",9.9499999999999993,5,49.75,22.4,"Gift Card","B.X.|880-9149","No","No",67,"No"]
[660045,"2010-12-14","13:21:36","D250/AT",192,"Duplo","Policemen","6 and up",9.9499999999999993,4,39.799999999999997,20.68,"Cash","B.X.|880-9149","No","No",34,"Yes"]
[660045,"2010-12-14","13:21:36","L195/AE",195,"Lego","Airplane","8 and up",5.95,1,5.95,3.09,"Cash","B.X.|880-9149","No","No",34,"Yes"]
[660066,"2010-12-14","11:16:48","D254/FE",192,"Duplo","Policemen","6 and up",9.9499999999999993,5,49.75,25.85,"Mastercard","D.U.|880-2953","No","No",34,"No"]
[660066,"2010-12-14","11:16:48","L195/AE",195,"Lego","Airplane","8 and up",5.95,1,5.95,3.09,"Mastercard","D.U.|880-2953","No","No",34,"No"]
[660066,"2010-12-14","11:16:48","D255/FE",192,"Duplo","Policemen","6 and up",9.9499999999999993,2,19.899999999999999,10.34,"Mastercard","D.U.|880-2953","No","No",34,"No"]
[660097,"2010-12-14","14:00:00","D255/FE",192,"Duplo","Policemen","6 and up",9.9499999999999993,2,19.899999999999999,10.34,"Mastercard","B.X.|880-9149","Yes","Yes",39,"No"]
[660117,"2010-12-15","13:02:45.600","D192/PN",192,"Duplo","Policemen","6 and up",9.9499999999999993,1,9.9499999999999993,5.17,"Visa","S.V.|880-5987","Yes","No",35,"No"]
[660150,"2010-12-15","10:01:30","D255/FE",192,"Duplo","Policemen","6 and up",9.9499999999999993,1,9.9499999999999993,5.17,"Gift Card","B.B.|880-9330","No","No",38,"No"]
[660150,"2010-12-15","10:01:30","L195/AE",195,"Lego","Airplane","8 and up",5.95,1,5.95,3.09,"Gift Card","B.B.|880-9330","No","No",38,"No"]
[660165,"2010-12-15","13:51:21.600","D250/AT",192,"Duplo","Policemen","6 and up",9.9499999999999993,1,9.9499999999999993,5.17,"Visa","B.B.|880-9330","No","No",41,"No"]
[660208,"2010-12-15","15:15:03.600","D250/AT",192,"Duplo","Policemen","6 and up",9.9499999999999993,1,9.9499999999999993,5.17,"Cash","Z.Q.|880-4240","No","No",39,"No"]
[660241,"2010-12-15","12:40:48","L256/PE",256,"Lego","Police Officers and Motorcycle","9 and up",9.9499999999999993,1,9.9499999999999993,4.4800000000000004,"Visa","L.C.|880-6872","No","Yes",41,"Yes"]
[660241,"2010-12-15","12:40:48","L256/PE",256,"Lego","Police Officers and Motorcycle","9 and up",9.9499999999999993,1,9.9499999999999993,4.4800000000000004,"Visa","L.C.|880-6872","No","Yes",41,"Yes"]
[660275,"2010-12-16","11:27:00","D255/FE",192,"Duplo","Policemen","6 and up",9.9499999999999993,1,9.9499999999999993,5.17,"Mastercard","W.B.|880-9647","No","No",44,"Yes"]
[660317,"2010-12-16","13:17:02.400","D254/FE",192,"Duplo","Policemen","6 and up",9.9499999999999993,1,9.9499999999999993,5.17,"Gift Card","U.W.|880-9683","No","No",38,"No"]
[660317,"2010-12-16","13:17:02.400","D254/FE",192,"Duplo","Policemen","6 and up",9.9499999999999993,1,9.9499999999999993,5.17,"Gift Card","U.W.|880-9683","No","No",38,"No"]
[660341,"2010-12-16","10:45:00","D250/AT",192,"Duplo","Policemen","6 and up",9.9499999999999993,2,19.899999999999999,10.34,"Cash","L.W.|880-4986","No","No",40,"No"]
[660374,"2010-12-16","15:52:48","D254/FE",192,"Duplo","Policemen","6 and up",9.9499999999999993,2,19.899999999999999,10.34,"Mastercard","U.O.|880-3720","No","Yes",40,"No"]
[660374,"2010-12-16","15:52:48","L256/PE",256,"Lego","Police Officers and Motorcycle","9 and up",9.9499999999999993,2,19.899999999999999,8.9600000000000009,"Mastercard","U.O.|880-3720","No","Yes",40,"No"]
[660413,"2010-12-16","13:23:52.800","D254/FE",192,"Duplo","Policemen","6 and up",9.9499999999999993,1,9.9499999999999993,5.17,"Visa","Z.T.|880-7477","No","No",38,"No"]
[660413,"2010-12-16","13:23:52.800","D250/AT",192,"Duplo","Policemen","6 and up",9.9499999999999993,1,9.9499999999999993,5.17,"Visa","Z.T.|880-7477","No","No",38,"No"]
[660459,"2010-12-16","15:48:36","D199/SR",192,"Duplo","Policemen","6 and up",9.9499999999999993,1,9.9499999999999993,5.17,"Gift Card","S.V.|880-5987","No","No",35,"No"]
[660490,"2010-12-16","10:12:32.400","L256/PE",256,"Lego","Police Officers and Motorcycle","9 and up",9.9499999999999993,2,19.899999999999999,8.9600000000000009,"Cash","L.W.|880-4986","No","No",34,"Yes"]
[660503,"2010-12-16","20:53:24","D198/LX",192,"Duplo","Policemen","6 and up",9.9499999999999993,1,9.9499999999999993,5.17,"Visa","C.X.|880-3590","No","No",29,"No"]
[660544,"2010-12-16","15:32:24","D254/FE",192,"Duplo","Policemen","6 and up",9.9499999999999993,4,39.799999999999997,20.68,"Cash","Z.Q.|880-4240","No","No",40,"No"]
[660556,"2010-12-16","12:57:10.800","D254/FE",192,"Duplo","Policemen","6 and up",9.9499999999999993,1,9.9499999999999993,5.17,"Visa","N.W.|880-6237","No","No",41,"No"]
[660562,"2010-12-17","15:18:36","D250/AT",192,"Duplo","Policemen","6 and up",9.9499999999999993,1,9.9499999999999993,5.17,"Visa","H.B.|880-3254","Yes","No",32,"No"]
[660563,"2010-12-17","11:56:24","L195/AE",195,"Lego","Airplane","8 and up",5.95,1,5.95,3.09,"Mastercard","B.B.|880-9330","No","No",36,"No"]
[660571,"2010-12-17","10:11:24","L195/AE",195,"Lego","Airplane","8 and up",5.95,2,11.9,6.18,"Visa","U.O.|880-3720","No","No",40,"No"]
[660571,"2010-12-17","10:11:24","D250/AT",192,"Duplo","Policemen","6 and up",9.9499999999999993,2,19.899999999999999,10.34,"Visa","U.O.|880-3720","No","No",40,"No"]
[660576,"2010-12-18","15:12:00","L195/AE",195,"Lego","Airplane","8 and up",5.95,2,11.9,6.18,"Visa","N.W.|880-6237","No","No",30,"Yes"]
[660585,"2010-12-18","12:06:36","L256/PE",256,"Lego","Police Officers and Motorcycle","9 and up",9.9499999999999993,3,29.849999999999998,13.44,"Mastercard","B.Y.|880-6845","No","Yes",40,"No"]
[660585,"2010-12-18","12:06:36","D250/AT",192,"Duplo","Policemen","6 and up",9.9499999999999993,4,39.799999999999997,20.68,"Mastercard","B.Y.|880-6845","No","Yes",40,"No"]
[660633,"2010-12-18","11:17:24","L256/PE",256,"Lego","Police Officers and Motorcycle","9 and up",9.9499999999999993,2,19.899999999999999,8.9600000000000009,"Visa","S.V.|880-5987","No","No",36,"No"]
[660633,"2010-12-18","11:17:24","D255/FE",192,"Duplo","Policemen","6 and up",9.9499999999999993,2,19.899999999999999,10.34,"Visa","S.V.|880-5987","No","No",36,"No"]
[660668,"2010-12-18","12:24:25.200","L256/PE",256,"Lego","Police Officers and Motorcycle","9 and up",9.9499999999999993,4,39.799999999999997,17.920000000000002,"Visa","B.Y.|880-6845","No","No",42,"No"]
[660668,"2010-12-18","12:24:25.200","D254/FE",192,"Duplo","Policemen","6 and up",9.9499999999999993,1,9.9499999999999993,5.17,"Visa","B.Y.|880-6845","No","No",42,"No"]
[660685,"2010-12-19","12:01:48","D255/FE",192,"Duplo","Policemen","6 and up",9.9499999999999993,5,49.75,25.85,"Gift Card","N.W.|880-6237","No","No",31,"No"]
[660685,"2010-12-19","12:01:48","L340/FS",340,"Lego","Fire Trucks","6 and up",34.950000000000003,2,69.900000000000006,39.840000000000003,"Gift Card","N.W.|880-6237","No","No",31,"No"]
[660685,"2010-12-19","12:01:48","D255/FE",192,"Duplo","Policemen","6 and up",9.9499999999999993,2,19.899999999999999,10.34,"Gift Card","N.W.|880-6237","No","No",31,"No"]
[660707,"2010-12-20","12:01:12","D192/PN",192,"Duplo","Policemen","6 and up",9.9499999999999993,2,19.899999999999999,10.34,"Visa","A.U.|880-2167","No","No",30,"No"]
[660757,"2010-12-20","12:59:24","D254/FE",192,"Duplo","Policemen","6 and up",9.9499999999999993,1,9.9499999999999993,5.17,"Gift Card","B.Y.|880-6845","No","No",51,"Yes"]
[660805,"2010-12-21","13:11:52.800","L195/AE",195,"Lego","Airplane","8 and up",5.95,1,5.95,3.09,"Visa","D.S.|880-7532","No","No",45,"No"]
[660845,"2010-12-21","15:29:24","D250/AT",192,"Duplo","Policemen","6 and up",9.9499999999999993,1,9.9499999999999993,5.17,"Cash","Z.T.|880-7477","No","No",38,"No"]
[660893,"2010-12-21","10:17:52.800","L195/AE",195,"Lego","Airplane","8 and up",5.95,4,23.8,12.36,"Visa","Z.Q.|880-4240","No","No",27,"Yes"]
[660926,"2010-12-21","16:24:36","L256/PE",256,"Lego","Police Officers and Motorcycle","9 and up",9.9499999999999993,2,19.899999999999999,8.9600000000000009,"Visa","D.W.|880-7199","No","No",39,"Yes"]
[660964,"2010-12-21","08:19:33.600","D254/FE",192,"Duplo","Policemen","6 and up",9.9499999999999993,1,9.9499999999999993,5.17,"Mastercard","H.B.|880-3254","No","No",48,"No"]
[660989,"2010-12-21","15:51:00","L196/AR",196,"Lego","Antique Car","8 and up",7.95,3,23.85,13.35,"Cash","V.W.|880-8599","No","No",73,"No"]
[660994,"2010-12-21","12:54:36","L195/AE",195,"Lego","Airplane","8 and up",5.95,1,5.95,3.09,"Visa","C.X.|880-3590","No","No",31,"No"]
[661002,"2010-12-22","15:02:24","D250/AT",192,"Duplo","Policemen","6 and up",9.9499999999999993,1,9.9499999999999993,5.17,"Visa","L.W.|880-4986","No","No",35,"No"]
[661044,"2010-12-22","08:52:12","D254/FE",192,"Duplo","Policemen","6 and up",9.9499999999999993,1,9.9499999999999993,5.17,"Cash","W.C.|880-4861","No","No",40,"Yes"]
[661083,"2010-12-22","18:15:00","L195/AE",195,"Lego","Airplane","8 and up",5.95,1,5.95,3.09,"Cash","A.U.|880-2167","No","No",48,"Yes"]
[661083,"2010-12-22","18:15:00","D255/FE",192,"Duplo","Policemen","6 and up",9.9499999999999993,2,19.899999999999999,10.34,"Cash","A.U.|880-2167","No","No",48,"Yes"]
[661083,"2010-12-22","18:15:00","D255/FE",192,"Duplo","Policemen","6 and up",9.9499999999999993,5,49.75,25.85,"Cash","A.U.|880-2167","No","No",48,"Yes"]
[661121,"2010-12-23","12:52:12","D255/FE",192,"Duplo","Policemen","6 and up",9.9499999999999993,1,9.9499999999999993,5.17,"Check","S.V.|880-5987","No","No",37,"No"]
[661154,"2010-12-24","16:18:50.400","L210/CS",210,"Lego","Cowboys with Horses","6 and up",9.4499999999999993,1,9.4499999999999993,4.63,"Gift Card","V.W.|880-4523","No","No",35,"No"]
[661195,"2010-12-24","10:36:00","D250/AT",192,"Duplo","Policemen","6 and up",9.9499999999999993,2,19.899999999999999,10.34,"Check","B.X.|880-9149","No","No",49,"No"]
[661234,"2010-12-24","13:44:06","D198/LX",192,"Duplo","Policemen","6 and up",9.9499999999999993,1,9.9499999999999993,5.17,"Visa","D.U.|880-2953","No","No",54,"No"]
[661236,"2010-12-24","13:19:48","D254/FE",192,"Duplo","Policemen","6 and up",9.9499999999999993,2,19.899999999999999,10.34,"Mastercard","P.N.|880-3021","Yes","No",42,"No"]
[661251,"2010-12-25","16:49:48","L195/AE",195,"Lego","Airplane","8 and up",5.95,1,5.95,3.09,"Visa","B.Y.|880-6845","No","No",50,"No"]
[661251,"2010-12-25","16:49:48","D254/FE",192,"Duplo","Policemen","6 and up",9.9499999999999993,5,49.75,25.85,"Visa","B.Y.|880-6845","No","No",50,"No"]
[661286,"2010-12-25","12:55:12","L256/PE",256,"Lego","Police Officers and Motorcycle","9 and up",9.9499999999999993,1,9.9499999999999993,4.4800000000000004,"Visa","U.O.|880-3720","No","No",39,"No"]
[661326,"2010-12-25","14:31:48","D250/AT",192,"Duplo","Policemen","6 and up",9.9499999999999993,1,9.9499999999999993,5.17,"Visa","V.W.|880-4523","No","No",11,"Yes"]
[661368,"2010-12-25","19:24:36","D254/FE",192,"Duplo","Policemen","6 and up",9.9499999999999993,1,9.9499999999999993,5.17,"Gift Card","H.B.|880-3254","No","No",36,"Yes"]
[661387,"2010-12-25","14:20:24","L195/AE",195,"Lego","Airplane","8 and up",5.95,5,29.75,15.45,"Cash","S.V.|880-5987","No","No",43,"No"]
[661403,"2010-12-25","14:46:12","L195/AE",195,"Lego","Airplane","8 and up",5.95,1,5.95,3.09,"Mastercard","D.U.|880-2953","No","Yes",39,"No"]
[661431,"2010-12-25","15:06:00","L195/AE",195,"Lego","Airplane","8 and up",5.95,2,11.9,6.18,"Mastercard","S.Y.|880-3139","No","No",39,"Yes"]
[661475,"2010-12-25","10:13:12","L252/LR",255,"Duplo","Farming Scene","7 and up",24.95,4,99.8,64.88,"Mastercard","W.B.|880-9647","Yes","No",42,"No"]
[661481,"2010-12-31","12:12:36","D250/AT",192,"Duplo","Policemen","6 and up",9.9499999999999993,2,19.899999999999999,10.34,"Check","P.N.|880-3021","No","No",33,"Yes"]
[661528,"2011-01-05","11:54:00","L256/PE",256,"Lego","Police Officers and Motorcycle","9 and up",9.9499999999999993,1,9.9499999999999993,4.4800000000000004,"Cash","N.W.|880-6237","No","No",50,"No"]
[661558,"2011-01-06","10:06:00","D255/FE",192,"Duplo","Policemen","6 and up",9.9499999999999993,1,9.9499999999999993,5.17,"Mastercard","P.N.|880-3021","Yes","Yes",33,"No"]
[661568,"2011-01-21","16:55:12","D198/LX",192,"Duplo","Policemen","6 and up",9.9499999999999993,2,19.899999999999999,10.34,"Visa","W.B.|880-9647","No","No",39,"No"]
[661602,"2011-01-23","13:59:24","D250/AT",192,"Duplo","Policemen","6 and up",9.9499999999999993,1,9.9499999999999993,5.17,"Mastercard","U.W.|880-9683","No","No",16,"No"]
[661635,"2011-01-31","08:40:15.600","D254/FE",192,"Duplo","Policemen","6 and up",9.9499999999999993,1,9.9499999999999993,5.17,"Check","Z.T.|880-7477","No","No",32,"No"]
[661651,"2011-02-08","15:25:12","D254/FE",192,"Duplo","Policemen","6 and up",9.9499999999999993,1,9.9499999999999993,5.17,"Mastercard","B.X.|880-9149","No","No",31,"No"]
[661651,"2011-02-08","15:25:12","D250/AT",192,"Duplo","Policemen","6 and up",9.9499999999999993,2,19.899999999999999,10.34,"Mastercard","B.X.|880-9149","No","No",31,"No"]
[661664,"2011-02-22","15:43:12","L195/AE",195,"Lego","Airplane","8 and up",5.95,1,5.95,3.09,"Visa","S.V.|880-5987","No","No",25,"No"]
[661664,"2011-02-22","15:43:12","L195/AE",195,"Lego","Airplane","8 and up",5.95,2,11.9,6.18,"Visa","S.V.|880-5987","No","No",25,"No"]
[661705,"2011-02-28","15:21:07.200","D218/FN",192,"Duplo","Policemen","6 and up",9.9499999999999993,5,49.75,25.85,"Gift Card","D.Z.|880-1179","No","No",40,"No"]
[661721,"2011-02-28","14:45:00","L256/PE",256,"Lego","Police Officers and Motorcycle","9 and up",9.9499999999999993,5,49.75,22.4,"Visa","A.U.|880-2167","No","Yes",55,"No"]
[661734,"2011-03-12","13:06:00","D250/AT",192,"Duplo","Policemen","6 and up",9.9499999999999993,2,19.899999999999999,10.34,"Check","Z.T.|880-7477","No","No",47,"No"]
[661758,"2011-03-18","12:53:24","L195/AE",195,"Lego","Airplane","8 and up",5.95,3,17.850000000000001,9.27,"Mastercard","B.Y.|880-6845","No","No",61,"No"]
[661758,"2011-03-18","12:53:24","L195/AE",195,"Lego","Airplane","8 and up",5.95,1,5.95,3.09,"Mastercard","B.Y.|880-6845","No","No",61,"No"]
[661772,"2011-03-25","09:26:34.800","L197/FS",199,"Duplo","Scooter","4 and up",4.95,2,9.9,5.04,"Cash","N.C.|880-3850","No","No",43,"No"]
[661774,"2011-04-19","09:30:14.400","L252/LR",255,"Duplo","Farming Scene","7 and up",24.95,1,24.95,16.22,"Visa","Y.P.|880-6894","No","No",32,"Yes"]
[661786,"2011-04-19","15:30:18","L256/PE",256,"Lego","Police Officers and Motorcycle","9 and up",9.9499999999999993,1,9.9499999999999993,4.4800000000000004,"Check","S.Y.|880-3139","No","No",25,"No"]
[661786,"2011-04-19","15:30:18","L210/CS",210,"Lego","Cowboys with Horses","6 and up",9.4499999999999993,2,18.899999999999999,9.26,"Check","S.Y.|880-3139","No","No",25,"No"]
[661817,"2011-04-28","18:00:36","D255/FE",192,"Duplo","Policemen","6 and up",9.9499999999999993,2,19.899999999999999,10.34,"Mastercard","W.C.|880-4861","No","No",32,"No"]
[661861,"2011-05-07","12:36:21.600","L256/PE",256,"Lego","Police Officers and Motorcycle","9 and up",9.9499999999999993,1,9.9499999999999993,4.4800000000000004,"Visa","V.W.|880-8599","No","No",37,"No"]
[661908,"2011-05-08","14:52:48","D255/FE",192,"Duplo","Policemen","6 and up",9.9499999999999993,2,19.899999999999999,10.34,"Discover","P.N.|880-3021","No","No",27,"No"]
[661933,"2011-05-08","13:28:15.600","L195/AE",195,"Lego","Airplane","8 and up",5.95,3,17.850000000000001,9.27,"Cash","B.B.|880-9330","No","No",57,"No"]
[661972,"2011-05-14","14:13:48","D254/FE",192,"Duplo","Policemen","6 and up",9.9499999999999993,1,9.9499999999999993,5.17,"Visa","L.W.|880-4986","No","No",38,"No"]
[662019,"2011-05-17","12:21:46.800","D254/FE",192,"Duplo","Policemen","6 and up",9.9499999999999993,2,19.899999999999999,10.34,"Mastercard","U.O.|880-3720","No","No",38,"No"]
[662019,"2011-05-17","12:21:46.800","L195/AE",195,"Lego","Airplane","8 and up",5.95,4,23.8,12.36,"Mastercard","U.O.|880-3720","No","No",38,"No"]
[662065,"2011-05-24","12:55:12","D250/AT",192,"Duplo","Policemen","6 and up",9.9499999999999993,1,9.9499999999999993,5.17,"Cash","P.N.|880-3021","No","No",38,"No"]
[662065,"2011-05-24","12:55:12","D254/FE",192,"Duplo","Policemen","6 and up",9.9499999999999993,2,19.899999999999999,10.34,"Cash","P.N.|880-3021","No","No",38,"No"]
[662065,"2011-05-24","12:55:12","L256/PE",256,"Lego","Police Officers and Motorcycle","9 and up",9.9499999999999993,1,9.9499999999999993,4.4800000000000004,"Cash","P.N.|880-3021","No","No",38,"No"]
[662077,"2011-05-29","16:27:00","D254/FE",192,"Duplo","Policemen","6 and up",9.9499999999999993,1,9.9499999999999993,5.17,"Visa","B.B.|880-9330","No","No",43,"Yes"]
[662078,"2011-05-30","14:21:36","D250/AT",192,"Duplo","Policemen","6 and up",9.9499999999999993,2,19.899999999999999,10.34,"Visa","D.S.|880-7532","No","No",12,"No"]
[662095,"2011-06-02","18:13:48","D254/FE",192,"Duplo","Policemen","6 and up",9.9499999999999993,1,9.9499999999999993,5.17,"Visa","N.C.|880-3850","No","No",47,"No"]
[662095,"2011-06-02","18:13:48","D254/FE",192,"Duplo","Policemen","6 and up",9.9499999999999993,2,19.899999999999999,10.34,"Visa","N.C.|880-3850","No","No",47,"No"]
[662140,"2011-06-16","09:16:33.600","D255/FE",192,"Duplo","Policemen","6 and up",9.9499999999999993,2,19.899999999999999,10.34,"Check","Y.P.|880-6894","No","No",37,"No"]
[662189,"2011-06-20","08:01:12","L195/AE",195,"Lego","Airplane","8 and up",5.95,3,17.850000000000001,9.27,"Check","D.W.|880-7199","Yes","No",34,"No"]
[662221,"2011-06-23","15:45:07.200","L256/PE",256,"Lego","Police Officers and Motorcycle","9 and up",9.9499999999999993,1,9.9499999999999993,4.4800000000000004,"Visa","A.U.|880-2167","No","No",43,"No"]
[662242,"2011-06-25","08:20:56.400","L212/SD",212,"Lego","Scooter and Stand","6 and up",4.95,2,9.9,4.46,"Visa","Z.Q.|880-4240","No","No",39,"No"]
[662272,"2011-06-26","11:42:00","L210/CS",210,"Lego","Cowboys with Horses","6 and up",9.4499999999999993,1,9.4499999999999993,4.63,"Visa","L.W.|880-4986","No","Yes",44,"No"]
[662272,"2011-06-26","11:42:00","L195/AE",195,"Lego","Airplane","8 and up",5.95,2,11.9,6.18,"Visa","L.W.|880-4986","No","Yes",44,"No"]
[662313,"2011-06-27","15:50:24","L256/PE",256,"Lego","Police Officers and Motorcycle","9 and up",9.9499999999999993,3,29.849999999999998,13.44,"Visa","B.X.|880-9149","No","No",31,"No"]
[662321,"2011-06-27","09:15:36","L195/AE",195,"Lego","Airplane","8 and up",5.95,5,29.75,15.45,"Visa","W.C.|880-4861","No","No",40,"No"]
[662333,"2011-07-03","13:39:00","D255/FE",192,"Duplo","Policemen","6 and up",9.9499999999999993,2,19.899999999999999,10.34,"Discover","N.C.|880-3850","No","Yes",22,"No"]
[662367,"2011-07-03","19:03:00","D255/FE",192,"Duplo","Policemen","6 and up",9.9499999999999993,1,9.9499999999999993,5.17,"Visa","V.W.|880-4523","No","No",47,"No"]
[662408,"2011-07-18","16:54:00","D255/FE",192,"Duplo","Policemen","6 and up",9.9499999999999993,1,9.9499999999999993,5.17,"Check","V.W.|880-4523","No","No",35,"No"]
[662436,"2011-07-20","11:17:20.400","D250/AT",192,"Duplo","Policemen","6 and up",9.9499999999999993,2,19.899999999999999,10.34,"Check","N.W.|880-6237","No","No",36,"No"]
[662462,"2011-07-22","13:50:27.600","D255/FE",192,"Duplo","Policemen","6 and up",9.9499999999999993,1,9.9499999999999993,5.17,"Cash","S.V.|880-5987","No","No",32,"Yes"]
[662467,"2011-07-25","15:39:36","D254/FE",192,"Duplo","Policemen","6 and up",9.9499999999999993,2,19.899999999999999,10.34,"Visa","P.N.|880-3021","Yes","No",25,"No"]
[662496,"2011-07-26","14:05:52.800","L195/AE",195,"Lego","Airplane","8 and up",5.95,1,5.95,3.09,"Mastercard","D.Z.|880-1179","No","No",30,"No"]
[662514,"2011-08-13","12:37:48","L256/PE",256,"Lego","Police Officers and Motorcycle","9 and up",9.9499999999999993,1,9.9499999999999993,4.4800000000000004,"Cash","U.O.|880-3720","Yes","Yes",38,"No"]
[662560,"2011-08-17","11:47:24","D255/FE",192,"Duplo","Policemen","6 and up",9.9499999999999993,4,39.799999999999997,20.68,"Visa","Z.T.|880-7477","No","Yes",49,"No"]
[662571,"2011-08-19","14:42:36","D250/AT",192,"Duplo","Policemen","6 and up",9.9499999999999993,1,9.9499999999999993,5.17,"Mastercard","A.U.|880-2167","No","No",32,"No"]
[662586,"2011-08-19","16:00:00","D250/AT",192,"Duplo","Policemen","6 and up",9.9499999999999993,5,49.75,25.85,"Gift Card","W.B.|880-9647","No","No",51,"Yes"]
[662599,"2011-08-23","14:36:00","D255/FE",192,"Duplo","Policemen","6 and up",9.9499999999999993,1,9.9499999999999993,5.17,"Visa","U.W.|880-9683","No","No",44,"No"]
[662613,"2011-08-23","14:25:01.200","L195/AE",195,"Lego","Airplane","8 and up",5.95,2,11.9,6.18,"Gift Card","N.W.|880-6237","Yes","Yes",18,"No"]
[662613,"2011-08-23","14:25:01.200","D254/FE",192,"Duplo","Policemen","6 and up",9.9499999999999993,1,9.9499999999999993,5.17,"Gift Card","N.W.|880-6237","Yes","Yes",18,"No"]
[662663,"2011-08-25","08:21:36","L195/AE",195,"Lego","Airplane","8 and up",5.95,1,5.95,3.09,"Mastercard","D.U.|880-2953","No","No",43,"No"]
[662663,"2011-08-25","08:21:36","D255/FE",192,"Duplo","Policemen","6 and up",9.9499999999999993,2,19.899999999999999,10.34,"Mastercard","D.U.|880-2953","No","No",43,"No"]
[662693,"2011-08-30","15:29:49.200","L195/AE",195,"Lego","Airplane","8 and up",5.95,5,29.75,15.45,"Visa","D.Z.|880-1179","No","No",27,"No"]
[662695,"2011-09-01","11:31:58.800","L340/FS",340,"Lego","Fire Trucks","6 and up",34.950000000000003,2,69.900000000000006,39.840000000000003,"Visa","N.W.|880-6237","Yes","No",49,"No"]
[662729,"2011-09-03","15:09:36","D255/FE",192,"Duplo","Policemen","6 and up",9.9499999999999993,2,19.899999999999999,10.34,"Gift Card","Z.T.|880-7477","No","No",31,"No"]
[662751,"2011-09-03","10:57:36","L256/PE",256,"Lego","Police Officers and Motorcycle","9 and up",9.9499999999999993,5,49.75,22.4,"Cash","U.W.|880-9683","No","Yes",43,"Yes"]
[662775,"2011-09-12","13:20:38.400","L256/PE",256,"Lego","Police Officers and Motorcycle","9 and up",9.9499999999999993,5,49.75,22.4,"Check","S.Y.|880-3139","No","No",35,"Yes"]
[662824,"2011-09-16","14:01:12","D250/AT",192,"Duplo","Policemen","6 and up",9.9499999999999993,1,9.9499999999999993,5.17,"Cash","W.C.|880-4861","No","No",49,"No"]
[662870,"2011-09-17","11:14:38.400","L195/AE",195,"Lego","Airplane","8 and up",5.95,2,11.9,6.18,"Visa","W.C.|880-4861","No","No",47,"Yes"]
[662870,"2011-09-17","11:14:38.400","L256/PE",256,"Lego","Police Officers and Motorcycle","9 and up",9.9499999999999993,1,9.9499999999999993,4.4800000000000004,"Visa","W.C.|880-4861","No","No",47,"Yes"]
[662883,"2011-09-18","12:06:00","L256/PE",256,"Lego","Police Officers and Motorcycle","9 and up",9.9499999999999993,5,49.75,22.4,"Cash","W.C.|880-4861","No","No",36,"No"]
[662923,"2011-09-18","19:06:36","D250/AT",192,"Duplo","Policemen","6 and up",9.9499999999999993,1,9.9499999999999993,5.17,"Visa","W.C.|880-4861","No","No",34,"No"]
[662964,"2011-09-29","15:36:00","L195/AE",195,"Lego","Airplane","8 and up",5.95,1,5.95,3.09,"Cash","D.U.|880-2953","No","No",40,"Yes"]
[662977,"2011-09-29","15:48:36","L195/AE",195,"Lego","Airplane","8 and up",5.95,1,5.95,3.09,"Mastercard","D.U.|880-2953","Yes","No",44,"No"]
[662993,"2011-10-06","09:22:12","L256/PE",256,"Lego","Police Officers and Motorcycle","9 and up",9.9499999999999993,2,19.899999999999999,8.9600000000000009,"Mastercard","D.U.|880-2953","No","No",33,"Yes"]
[663020,"2011-10-13","15:22:12","L256/PE",256,"Lego","Police Officers and Motorcycle","9 and up",9.9499999999999993,1,9.9499999999999993,4.4800000000000004,"Visa","V.W.|880-8599","Yes","No",44,"Yes"]
[663036,"2011-10-25","16:52:12","D250/AT",192,"Duplo","Policemen","6 and up",9.9499999999999993,2,19.899999999999999,10.34,"Visa","L.C.|880-6872","No","No",22,"No"]
[663053,"2011-10-29","13:27:36","L195/AE",195,"Lego","Airplane","8 and up",5.95,2,11.9,6.18,"Visa","Z.T.|880-7477","No","No",38,"No"]
[663053,"2011-10-29","13:27:36","L195/AE",195,"Lego","Airplane","8 and up",5.95,1,5.95,3.09,"Visa","Z.T.|880-7477","No","No",38,"No"]
[663082,"2011-11-01","16:25:12","D254/FE",192,"Duplo","Policemen","6 and up",9.9499999999999993,2,19.899999999999999,10.34,"Mastercard","B.B.|880-9330","No","No",36,"No"]
[663082,"2011-11-01","16:25:12","D254/FE",192,"Duplo","Policemen","6 and up",9.9499999999999993,1,9.9499999999999993,5.17,"Mastercard","B.B.|880-9330","No","No",36,"No"]
[663115,"2011-11-01","12:15:36","L195/AE",195,"Lego","Airplane","8 and up",5.95,3,17.850000000000001,9.27,"Visa","P.N.|880-3021","Yes","Yes",40,"Yes"]
[663129,"2011-11-01","10:21:00","D198/LX",192,"Duplo","Policemen","6 and up",9.9499999999999993,2,19.899999999999999,10.34,"Discover","P.N.|880-3021","No","Yes",35,"No"]
[663148,"2011-11-01","11:49:48","L195/AE",195,"Lego","Airplane","8 and up",5.95,1,5.95,3.09,"Visa","C.X.|880-3590","No","No",27,"No"]
[663187,"2011-11-01","13:06:10.800","D254/FE",192,"Duplo","Policemen","6 and up",9.9499999999999993,2,19.899999999999999,10.34,"Visa","S.Y.|880-3139","No","No",34,"No"]
[663196,"2011-11-02","15:22:48","L195/AE",195,"Lego","Airplane","8 and up",5.95,4,23.8,12.36,"Gift Card","U.W.|880-9683","No","No",31,"No"]
[663196,"2011-11-02","15:22:48","L195/AE",195,"Lego","Airplane","8 and up",5.95,4,23.8,12.36,"Gift Card","U.W.|880-9683","No","No",31,"No"]
[663229,"2011-11-02","15:28:12","D250/AT",192,"Duplo","Policemen","6 and up",9.9499999999999993,2,19.899999999999999,10.34,"Visa","S.Y.|880-3139","No","No",42,"No"]
[663268,"2011-11-02","16:46:12","D254/FE",192,"Duplo","Policemen","6 and up",9.9499999999999993,3,29.849999999999998,15.51,"Visa","V.W.|880-8599","Yes","No",43,"Yes"]
[663268,"2011-11-02","16:46:12","D255/FE",192,"Duplo","Policemen","6 and up",9.9499999999999993,1,9.9499999999999993,5.17,"Visa","V.W.|880-8599","Yes","No",43,"Yes"]
[663301,"2011-11-02","17:51:00","D250/AT",192,"Duplo","Policemen","6 and up",9.9499999999999993,1,9.9499999999999993,5.17,"Cash","L.W.|880-4986","Yes","No",34,"No"]
[663314,"2011-11-02","08:52:44.400","D255/FE",192,"Duplo","Policemen","6 and up",9.9499999999999993,4,39.799999999999997,20.68,"Discover","Z.T.|880-7477","No","No",33,"No"]
[663314,"2011-11-02","08:52:44.400","D254/FE",192,"Duplo","Policemen","6 and up",9.9499999999999993,1,9.9499999999999993,5.17,"Discover","Z.T.|880-7477","No","No",33,"No"]
[663314,"2011-11-02","08:52:44.400","D254/FE",192,"Duplo","Policemen","6 and up",9.9499999999999993,4,39.799999999999997,20.68,"Discover","Z.T.|880-7477","No","No",33,"No"]
[663351,"2011-11-03","14:49:55.200","D255/FE",192,"Duplo","Policemen","6 and up",9.9499999999999993,1,9.9499999999999993,5.17,"Visa","N.C.|880-3850","No","No",33,"No"]
[663366,"2011-11-03","15:47:13.200","D250/AT",192,"Duplo","Policemen","6 and up",9.9499999999999993,1,9.9499999999999993,5.17,"Cash","Y.P.|880-6894","No","No",39,"Yes"]
[663384,"2011-11-04","09:04:12","D255/FE",192,"Duplo","Policemen","6 and up",9.9499999999999993,1,9.9499999999999993,5.17,"Mastercard","A.U.|880-2167","Yes","No",42,"No"]
[663384,"2011-11-04","09:04:12","L195/AE",195,"Lego","Airplane","8 and up",5.95,1,5.95,3.09,"Mastercard","A.U.|880-2167","Yes","No",42,"No"]
[663425,"2011-11-05","19:01:48","L195/AE",195,"Lego","Airplane","8 and up",5.95,1,5.95,3.09,"Cash","H.B.|880-3254","No","No",32,"No"]
[663455,"2011-11-05","16:04:04.800","D250/AT",192,"Duplo","Policemen","6 and up",9.9499999999999993,1,9.9499999999999993,5.17,"Visa","D.S.|880-7532","No","No",40,"No"]
[663495,"2011-11-05","15:06:36","D218/FN",192,"Duplo","Policemen","6 and up",9.9499999999999993,1,9.9499999999999993,5.17,"Cash","U.W.|880-9683","No","No",30,"No"]
[663506,"2011-11-06","12:39:36","L252/LR",255,"Duplo","Farming Scene","7 and up",24.95,2,49.9,32.44,"Gift Card","B.B.|880-9330","No","No",33,"No"]
[663521,"2011-11-06","15:57:00","L330/GN",330,"Lego","Gas Station","8 and up",32.950000000000003,1,32.950000000000003,19.11,"Cash","V.W.|880-4523","No","No",27,"No"]
[663523,"2011-11-06","16:17:24","D255/FE",192,"Duplo","Policemen","6 and up",9.9499999999999993,1,9.9499999999999993,5.17,"Check","Z.T.|880-7477","No","Yes",45,"No"]
[663523,"2011-11-06","16:17:24","L217/SN",255,"Duplo","Farming Scene","7 and up",24.95,1,24.95,16.22,"Check","Z.T.|880-7477","No","Yes",45,"No"]
[663561,"2011-11-06","12:00:03.600","D255/FE",192,"Duplo","Policemen","6 and up",9.9499999999999993,4,39.799999999999997,20.68,"Cash","L.W.|880-4986","No","No",45,"No"]
[663570,"2011-11-06","10:55:48","L195/AE",195,"Lego","Airplane","8 and up",5.95,1,5.95,3.09,"Mastercard","S.V.|880-5987","No","No",39,"No"]
[663600,"2011-11-06","11:11:06","L196/AR",196,"Lego","Antique Car","8 and up",7.95,2,15.9,8.9,"Mastercard","S.Y.|880-3139","No","No",39,"No"]
[663612,"2011-11-06","14:01:12","L256/PE",256,"Lego","Police Officers and Motorcycle","9 and up",9.9499999999999993,1,9.9499999999999993,4.4800000000000004,"Mastercard","L.W.|880-4986","Yes","No",30,"No"]
[663653,"2011-11-06","16:05:24","L256/PE",256,"Lego","Police Officers and Motorcycle","9 and up",9.9499999999999993,1,9.9499999999999993,4.4800000000000004,"Discover","N.C.|880-3850","No","No",44,"No"]
[663694,"2011-11-06","10:19:48","L195/AE",195,"Lego","Airplane","8 and up",5.95,1,5.95,3.09,"Mastercard","C.X.|880-3590","No","Yes",49,"No"]
[663723,"2011-11-07","12:18:36","D250/AT",192,"Duplo","Policemen","6 and up",9.9499999999999993,2,19.899999999999999,10.34,"Visa","H.B.|880-3254","Yes","No",37,"No"]
[663756,"2011-11-07","17:04:12","L195/AE",195,"Lego","Airplane","8 and up",5.95,1,5.95,3.09,"Cash","P.N.|880-3021","No","No",38,"No"]
[663799,"2011-11-08","12:05:24","D254/FE",192,"Duplo","Policemen","6 and up",9.9499999999999993,2,19.899999999999999,10.34,"Mastercard","N.C.|880-3850","No","No",49,"No"]
[663800,"2011-11-09","09:56:24","D250/AT",192,"Duplo","Policemen","6 and up",9.9499999999999993,1,9.9499999999999993,5.17,"Cash","Y.P.|880-6894","No","No",32,"No"]
[663822,"2011-11-10","12:24:36","L256/PE",256,"Lego","Police Officers and Motorcycle","9 and up",9.9499999999999993,1,9.9499999999999993,4.4800000000000004,"Visa","D.U.|880-2953","No","Yes",34,"No"]
[663854,"2011-11-10","12:25:19.200","D254/FE",192,"Duplo","Policemen","6 and up",9.9499999999999993,2,19.899999999999999,10.34,"Cash","B.B.|880-9330","No","No",48,"No"]
[663889,"2011-11-10","15:59:24","L195/AE",195,"Lego","Airplane","8 and up",5.95,2,11.9,6.18,"Cash","V.W.|880-8599","No","No",43,"No"]
[663919,"2011-11-10","09:55:04.800","D255/FE",192,"Duplo","Policemen","6 and up",9.9499999999999993,1,9.9499999999999993,5.17,"Visa","N.C.|880-3850","No","No",43,"No"]
[663919,"2011-11-10","09:55:04.800","L252/LR",255,"Duplo","Farming Scene","7 and up",24.95,1,24.95,16.22,"Visa","N.C.|880-3850","No","No",43,"No"]
[663951,"2011-11-10","14:20:20.400","L217/SN",255,"Duplo","Farming Scene","7 and up",24.95,1,24.95,16.22,"Visa","Z.T.|880-7477","No","No",41,"No"]
[663971,"2011-11-10","15:26:49.200","D255/FE",192,"Duplo","Policemen","6 and up",9.9499999999999993,1,9.9499999999999993,5.17,"Mastercard","N.W.|880-6237","Yes","No",32,"No"]
[663977,"2011-11-10","08:46:48","D254/FE",192,"Duplo","Policemen","6 and up",9.9499999999999993,1,9.9499999999999993,5.17,"Visa","Z.T.|880-7477","No","Yes",46,"No"]
[664005,"2011-11-11","14:55:19.200","L195/AE",195,"Lego","Airplane","8 and up",5.95,2,11.9,6.18,"Discover","H.B.|880-3254","No","No",30,"No"]
[664006,"2011-11-11","16:44:24","D250/AT",192,"Duplo","Policemen","6 and up",9.9499999999999993,1,9.9499999999999993,5.17,"Mastercard","W.C.|880-4861","No","No",37,"No"]
[664016,"2011-11-12","11:18:57.600","D250/AT",192,"Duplo","Policemen","6 and up",9.9499999999999993,2,19.899999999999999,10.34,"Discover","N.W.|880-6237","No","No",38,"No"]
[664016,"2011-11-12","11:18:57.600","L195/AE",195,"Lego","Airplane","8 and up",5.95,1,5.95,3.09,"Discover","N.W.|880-6237","No","No",38,"No"]
[664047,"2011-11-12","15:06:57.600","D255/FE",192,"Duplo","Policemen","6 and up",9.9499999999999993,1,9.9499999999999993,5.17,"Discover","W.C.|880-4861","No","No",43,"No"]
[664082,"2011-11-12","16:13:48","D199/SR",192,"Duplo","Policemen","6 and up",9.9499999999999993,1,9.9499999999999993,5.17,"Cash","N.C.|880-3850","Yes","No",43,"Yes"]
[664111,"2011-11-12","11:13:22.800","D254/FE",192,"Duplo","Policemen","6 and up",9.9499999999999993,1,9.9499999999999993,5.17,"Cash","N.C.|880-3850","No","No",35,"No"]
[664126,"2011-11-13","13:39:43.200","D254/FE",192,"Duplo","Policemen","6 and up",9.9499999999999993,5,49.75,25.85,"Cash","L.C.|880-6872","No","No",33,"No"]
[664135,"2011-11-13","20:33:00","D254/FE",192,"Duplo","Policemen","6 and up",9.9499999999999993,2,19.899999999999999,10.34,"Check","B.Y.|880-6845","Yes","Yes",48,"No"]
[664158,"2011-11-13","09:10:48","D254/FE",192,"Duplo","Policemen","6 and up",9.9499999999999993,4,39.799999999999997,20.68,"Mastercard","Z.T.|880-7477","No","No",30,"No"]
[664200,"2011-11-14","12:49:12","D254/FE",192,"Duplo","Policemen","6 and up",9.9499999999999993,1,9.9499999999999993,5.17,"Cash","S.V.|880-5987","No","No",60,"No"]
[664203,"2011-11-14","15:40:48","L256/PE",256,"Lego","Police Officers and Motorcycle","9 and up",9.9499999999999993,1,9.9499999999999993,4.4800000000000004,"Mastercard","U.O.|880-3720","No","No",35,"No"]
[664218,"2011-11-14","10:00:36","L256/PE",256,"Lego","Police Officers and Motorcycle","9 and up",9.9499999999999993,1,9.9499999999999993,4.4800000000000004,"Visa","D.S.|880-7532","No","No",30,"Yes"]
[664268,"2011-11-15","09:58:44.400","D250/AT",192,"Duplo","Policemen","6 and up",9.9499999999999993,3,29.849999999999998,15.51,"Visa","S.V.|880-5987","No","Yes",31,"No"]
[664303,"2011-11-15","19:51:36","D254/FE",192,"Duplo","Policemen","6 and up",9.9499999999999993,1,9.9499999999999993,5.17,"Mastercard","S.Y.|880-3139","No","No",31,"Yes"]
[664322,"2011-11-16","08:48:28.800","L256/PE",256,"Lego","Police Officers and Motorcycle","9 and up",9.9499999999999993,1,9.9499999999999993,4.4800000000000004,"Mastercard","L.C.|880-6872","No","No",37,"No"]
[664322,"2011-11-16","08:48:28.800","L194/FY",194,"Lego","Family","4 and up",14.95,4,59.8,33.479999999999997,"Mastercard","L.C.|880-6872","No","No",37,"No"]
[664369,"2011-11-16","15:55:12","D250/AT",192,"Duplo","Policemen","6 and up",9.9499999999999993,2,19.899999999999999,10.34,"Mastercard","D.Z.|880-1179","No","No",32,"No"]
[664388,"2011-11-17","14:50:31.200","D254/FE",192,"Duplo","Policemen","6 and up",9.9499999999999993,1,9.9499999999999993,5.17,"Cash","S.Y.|880-3139","No","No",46,"Yes"]
[664415,"2011-11-17","16:27:57.600","D254/FE",192,"Duplo","Policemen","6 and up",9.9499999999999993,3,29.849999999999998,15.51,"Mastercard","V.W.|880-4523","No","No",66,"No"]
[664436,"2011-11-17","12:12:00","D255/FE",192,"Duplo","Policemen","6 and up",9.9499999999999993,1,9.9499999999999993,5.17,"Visa","W.C.|880-4861","No","No",37,"No"]
[664436,"2011-11-17","12:12:00","L195/AE",195,"Lego","Airplane","8 and up",5.95,1,5.95,3.09,"Visa","W.C.|880-4861","No","No",37,"No"]
[664478,"2011-11-17","13:00:36","L195/AE",195,"Lego","Airplane","8 and up",5.95,1,5.95,3.09,"Cash","S.Y.|880-3139","No","No",29,"No"]
[664520,"2011-11-18","15:58:12","D254/FE",192,"Duplo","Policemen","6 and up",9.9499999999999993,1,9.9499999999999993,5.17,"Visa","N.W.|880-6237","Yes","Yes",29,"Yes"]
[664522,"2011-11-18","12:01:48","L256/PE",256,"Lego","Police Officers and Motorcycle","9 and up",9.9499999999999993,2,19.899999999999999,8.9600000000000009,"Visa","D.W.|880-7199","No","No",46,"No"]
[664571,"2011-11-18","13:46:44.400","D254/FE",192,"Duplo","Policemen","6 and up",9.9499999999999993,1,9.9499999999999993,5.17,"Visa","S.Y.|880-3139","No","No",38,"No"]
[664571,"2011-11-18","13:46:44.400","L256/PE",256,"Lego","Police Officers and Motorcycle","9 and up",9.9499999999999993,1,9.9499999999999993,4.4800000000000004,"Visa","S.Y.|880-3139","No","No",38,"No"]
[664616,"2011-11-19","14:12:36","L195/AE",195,"Lego","Airplane","8 and up",5.95,4,23.8,12.36,"Cash","V.W.|880-8599","Yes","Yes",21,"No"]
[664616,"2011-11-19","14:12:36","D255/FE",192,"Duplo","Policemen","6 and up",9.9499999999999993,3,29.849999999999998,15.51,"Cash","V.W.|880-8599","Yes","Yes",21,"No"]
[664616,"2011-11-19","14:12:36","D250/AT",192,"Duplo","Policemen","6 and up",9.9499999999999993,1,9.9499999999999993,5.17,"Cash","V.W.|880-8599","Yes","Yes",21,"No"]
[664659,"2011-11-20","20:44:24","D254/FE",192,"Duplo","Policemen","6 and up",9.9499999999999993,1,9.9499999999999993,5.17,"Mastercard","C.X.|880-3590","No","Yes",28,"No"]
[664659,"2011-11-20","20:44:24","D250/AT",192,"Duplo","Policemen","6 and up",9.9499999999999993,1,9.9499999999999993,5.17,"Mastercard","C.X.|880-3590","No","Yes",28,"No"]
[664707,"2011-11-21","15:26:24","L256/PE",256,"Lego","Police Officers and Motorcycle","9 and up",9.9499999999999993,2,19.899999999999999,8.9600000000000009,"Discover","U.W.|880-9683","No","No",21,"No"]
[664731,"2011-11-21","12:49:12","L194/FY",194,"Lego","Family","4 and up",14.95,1,14.95,8.3699999999999992,"Visa","L.C.|880-6872","No","Yes",25,"No"]
[664741,"2011-11-21","16:49:12","L256/PE",256,"Lego","Police Officers and Motorcycle","9 and up",9.9499999999999993,2,19.899999999999999,8.9600000000000009,"Discover","S.Y.|880-3139","No","No",50,"No"]
[664756,"2011-11-21","18:16:12","D198/LX",192,"Duplo","Policemen","6 and up",9.9499999999999993,1,9.9499999999999993,5.17,"Mastercard","L.C.|880-6872","No","No",49,"No"]
[664782,"2011-11-21","11:51:46.800","D254/FE",192,"Duplo","Policemen","6 and up",9.9499999999999993,3,29.849999999999998,15.51,"Discover","C.X.|880-3590","No","No",66,"No"]
[664782,"2011-11-21","11:51:46.800","L256/PE",256,"Lego","Police Officers and Motorcycle","9 and up",9.9499999999999993,1,9.9499999999999993,4.4800000000000004,"Discover","C.X.|880-3590","No","No",66,"No"]
[664787,"2011-11-22","11:55:37.200","D254/FE",192,"Duplo","Policemen","6 and up",9.9499999999999993,4,39.799999999999997,20.68,"Visa","P.N.|880-3021","No","Yes",50,"No"]
[664789,"2011-11-22","14:01:12","D250/AT",192,"Duplo","Policemen","6 and up",9.9499999999999993,1,9.9499999999999993,5.17,"Mastercard","B.B.|880-9330","Yes","No",45,"No"]
[664789,"2011-11-22","14:01:12","D254/FE",192,"Duplo","Policemen","6 and up",9.9499999999999993,1,9.9499999999999993,5.17,"Mastercard","B.B.|880-9330","Yes","No",45,"No"]
[664807,"2011-11-22","17:46:12","L195/AE",195,"Lego","Airplane","8 and up",5.95,2,11.9,6.18,"Cash","D.Z.|880-1179","No","No",50,"Yes"]
[664856,"2011-11-22","09:18:00","L197/FS",199,"Duplo","Scooter","4 and up",4.95,2,9.9,5.04,"Cash","D.W.|880-7199","No","No",39,"Yes"]
[664884,"2011-11-22","11:17:56.400","D198/LX",192,"Duplo","Policemen","6 and up",9.9499999999999993,2,19.899999999999999,10.34,"Mastercard","U.W.|880-9683","No","No",28,"No"]
[664898,"2011-11-22","10:15:36","L195/AE",195,"Lego","Airplane","8 and up",5.95,1,5.95,3.09,"Visa","A.U.|880-2167","No","No",26,"Yes"]
[664948,"2011-11-22","16:14:24","L256/PE",256,"Lego","Police Officers and Motorcycle","9 and up",9.9499999999999993,2,19.899999999999999,8.9600000000000009,"Cash","D.W.|880-7199","No","No",37,"Yes"]
[664948,"2011-11-22","16:14:24","L256/PE",256,"Lego","Police Officers and Motorcycle","9 and up",9.9499999999999993,1,9.9499999999999993,4.4800000000000004,"Cash","D.W.|880-7199","No","No",37,"Yes"]
[664958,"2011-11-22","12:47:42","L256/PE",256,"Lego","Police Officers and Motorcycle","9 and up",9.9499999999999993,4,39.799999999999997,17.920000000000002,"Cash","B.X.|880-9149","No","No",37,"No"]
[664989,"2011-11-22","13:02:24","D192/PN",192,"Duplo","Policemen","6 and up",9.9499999999999993,2,19.899999999999999,10.34,"Check","W.C.|880-4861","No","No",27,"No"]
[664989,"2011-11-22","13:02:24","D250/AT",192,"Duplo","Policemen","6 and up",9.9499999999999993,1,9.9499999999999993,5.17,"Check","W.C.|880-4861","No","No",27,"No"]
[665036,"2011-11-23","15:52:48","D254/FE",192,"Duplo","Policemen","6 and up",9.9499999999999993,1,9.9499999999999993,5.17,"Visa","B.Y.|880-6845","No","Yes",34,"No"]
[665052,"2011-11-23","10:32:24","D255/FE",192,"Duplo","Policemen","6 and up",9.9499999999999993,2,19.899999999999999,10.34,"Mastercard","V.W.|880-4523","Yes","No",33,"No"]
[665100,"2011-11-23","15:52:48","L256/PE",256,"Lego","Police Officers and Motorcycle","9 and up",9.9499999999999993,2,19.899999999999999,8.9600000000000009,"Visa","U.O.|880-3720","No","No",11,"No"]
[665111,"2011-11-23","12:53:24","D250/AT",192,"Duplo","Policemen","6 and up",9.9499999999999993,1,9.9499999999999993,5.17,"Discover","D.Z.|880-1179","Yes","Yes",36,"Yes"]
[665119,"2011-11-24","19:00:00","L195/AE",195,"Lego","Airplane","8 and up",5.95,1,5.95,3.09,"Cash","N.C.|880-3850","Yes","Yes",35,"No"]
[665119,"2011-11-24","19:00:00","D255/FE",192,"Duplo","Policemen","6 and up",9.9499999999999993,2,19.899999999999999,10.34,"Cash","N.C.|880-3850","Yes","Yes",35,"No"]
[665161,"2011-11-24","14:38:24","D255/FE",192,"Duplo","Policemen","6 and up",9.9499999999999993,2,19.899999999999999,10.34,"Check","P.N.|880-3021","Yes","Yes",72,"No"]
[665186,"2011-11-25","13:14:24","L197/FS",199,"Duplo","Scooter","4 and up",4.95,2,9.9,5.04,"Visa","Z.T.|880-7477","No","No",46,"Yes"]
[665213,"2011-11-25","11:33:54","L195/AE",195,"Lego","Airplane","8 and up",5.95,1,5.95,3.09,"Discover","W.B.|880-9647","No","No",43,"No"]
[665255,"2011-11-26","16:23:24","L256/PE",256,"Lego","Police Officers and Motorcycle","9 and up",9.9499999999999993,2,19.899999999999999,8.9600000000000009,"Visa","V.W.|880-4523","Yes","No",31,"No"]
[665264,"2011-11-26","14:11:24","D250/AT",192,"Duplo","Policemen","6 and up",9.9499999999999993,2,19.899999999999999,10.34,"Mastercard","P.N.|880-3021","No","No",35,"No"]
[665295,"2011-11-26","14:12:07.200","D250/AT",192,"Duplo","Policemen","6 and up",9.9499999999999993,1,9.9499999999999993,5.17,"Check","D.U.|880-2953","No","No",38,"No"]
[665337,"2011-11-26","12:58:04.800","L195/AE",195,"Lego","Airplane","8 and up",5.95,2,11.9,6.18,"Discover","U.W.|880-9683","No","Yes",30,"Yes"]
[665337,"2011-11-26","12:58:04.800","L195/AE",195,"Lego","Airplane","8 and up",5.95,5,29.75,15.45,"Discover","U.W.|880-9683","No","Yes",30,"Yes"]
[665367,"2011-11-27","15:14:38.400","L256/PE",256,"Lego","Police Officers and Motorcycle","9 and up",9.9499999999999993,1,9.9499999999999993,4.4800000000000004,"Check","N.C.|880-3850","No","No",31,"No"]
[665367,"2011-11-27","15:14:38.400","L197/FS",199,"Duplo","Scooter","4 and up",4.95,4,19.8,10.08,"Check","N.C.|880-3850","No","No",31,"No"]
[665379,"2011-11-27","09:33:54","D254/FE",192,"Duplo","Policemen","6 and up",9.9499999999999993,1,9.9499999999999993,5.17,"Cash","P.N.|880-3021","No","No",44,"No"]
[665405,"2011-11-28","16:58:26.400","L256/PE",256,"Lego","Police Officers and Motorcycle","9 and up",9.9499999999999993,1,9.9499999999999993,4.4800000000000004,"Visa","Z.T.|880-7477","No","No",37,"No"]
[665409,"2011-11-28","15:24:00","D254/FE",192,"Duplo","Policemen","6 and up",9.9499999999999993,1,9.9499999999999993,5.17,"Visa","A.U.|880-2167","No","No",33,"No"]
[665449,"2011-11-28","11:48:03.600","D250/AT",192,"Duplo","Policemen","6 and up",9.9499999999999993,1,9.9499999999999993,5.17,"Mastercard","U.W.|880-9683","No","No",43,"No"]
[665449,"2011-11-28","11:48:03.600","L217/SN",255,"Duplo","Farming Scene","7 and up",24.95,2,49.9,32.44,"Mastercard","U.W.|880-9683","No","No",43,"No"]
[665488,"2011-11-28","14:26:45.600","L195/AE",195,"Lego","Airplane","8 and up",5.95,1,5.95,3.09,"Mastercard","A.U.|880-2167","Yes","No",43,"Yes"]
[665519,"2011-11-28","16:07:12","L256/PE",256,"Lego","Police Officers and Motorcycle","9 and up",9.9499999999999993,1,9.9499999999999993,4.4800000000000004,"Cash","S.V.|880-5987","No","No",38,"No"]
[665520,"2011-11-29","20:40:48","L256/PE",256,"Lego","Police Officers and Motorcycle","9 and up",9.9499999999999993,4,39.799999999999997,17.920000000000002,"Visa","U.W.|880-9683","No","No",69,"Yes"]
[665569,"2011-11-29","15:54:36","D250/AT",192,"Duplo","Policemen","6 and up",9.9499999999999993,4,39.799999999999997,20.68,"Gift Card","S.V.|880-5987","No","No",40,"Yes"]
[665605,"2011-11-29","10:00:50.400","L195/AE",195,"Lego","Airplane","8 and up",5.95,4,23.8,12.36,"Check","Z.T.|880-7477","No","No",40,"Yes"]
[665621,"2011-11-29","13:23:34.800","D254/FE",192,"Duplo","Policemen","6 and up",9.9499999999999993,2,19.899999999999999,10.34,"Cash","U.O.|880-3720","No","No",34,"Yes"]
[665647,"2011-11-29","16:55:33.600","L195/AE",195,"Lego","Airplane","8 and up",5.95,1,5.95,3.09,"Visa","V.W.|880-8599","No","No",27,"No"]
[665658,"2011-11-29","11:40:04.800","L256/PE",256,"Lego","Police Officers and Motorcycle","9 and up",9.9499999999999993,4,39.799999999999997,17.920000000000002,"Mastercard","Y.P.|880-6894","No","No",36,"Yes"]
[665658,"2011-11-29","11:40:04.800","D254/FE",192,"Duplo","Policemen","6 and up",9.9499999999999993,1,9.9499999999999993,5.17,"Mastercard","Y.P.|880-6894","No","No",36,"Yes"]
[665663,"2011-11-29","20:09:00","L217/SN",255,"Duplo","Farming Scene","7 and up",24.95,1,24.95,16.22,"Visa","D.U.|880-2953","No","No",40,"No"]
[665711,"2011-11-29","13:22:58.800","D255/FE",192,"Duplo","Policemen","6 and up",9.9499999999999993,1,9.9499999999999993,5.17,"Cash","D.U.|880-2953","No","No",32,"No"]
[665724,"2011-11-30","11:36:00","D255/FE",192,"Duplo","Policemen","6 and up",9.9499999999999993,1,9.9499999999999993,5.17,"Visa","Z.Q.|880-4240","Yes","Yes",20,"No"]
[665727,"2011-11-30","11:07:12","D254/FE",192,"Duplo","Policemen","6 and up",9.9499999999999993,1,9.9499999999999993,5.17,"Mastercard","D.U.|880-2953","No","No",27,"No"]
[665727,"2011-11-30","11:07:12","D255/FE",192,"Duplo","Policemen","6 and up",9.9499999999999993,1,9.9499999999999993,5.17,"Mastercard","D.U.|880-2953","No","No",27,"No"]
[665727,"2011-11-30","11:07:12","D255/FE",192,"Duplo","Policemen","6 and up",9.9499999999999993,1,9.9499999999999993,5.17,"Mastercard","D.U.|880-2953","No","No",27,"No"]
[665765,"2011-12-01","09:33:21.600","L195/AE",195,"Lego","Airplane","8 and up",5.95,2,11.9,6.18,"Visa","U.O.|880-3720","No","No",36,"Yes"]
[665815,"2011-12-01","11:19:37.200","D199/SR",192,"Duplo","Policemen","6 and up",9.9499999999999993,1,9.9499999999999993,5.17,"Mastercard","V.W.|880-8599","No","No",61,"No"]
[665815,"2011-12-01","11:19:37.200","L195/AE",195,"Lego","Airplane","8 and up",5.95,4,23.8,12.36,"Mastercard","V.W.|880-8599","No","No",61,"No"]
[665840,"2011-12-01","15:49:12","L195/AE",195,"Lego","Airplane","8 and up",5.95,1,5.95,3.09,"Discover","A.U.|880-2167","No","No",30,"No"]
[665840,"2011-12-01","15:49:12","D218/FN",192,"Duplo","Policemen","6 and up",9.9499999999999993,2,19.899999999999999,10.34,"Discover","A.U.|880-2167","No","No",30,"No"]
[665857,"2011-12-01","11:08:49.200","D255/FE",192,"Duplo","Policemen","6 and up",9.9499999999999993,1,9.9499999999999993,5.17,"Cash","B.X.|880-9149","Yes","No",20,"No"]
[665902,"2011-12-01","13:06:28.800","D255/FE",192,"Duplo","Policemen","6 and up",9.9499999999999993,2,19.899999999999999,10.34,"Cash","S.Y.|880-3139","No","No",32,"No"]
[665932,"2011-12-02","13:07:12","L252/LR",255,"Duplo","Farming Scene","7 and up",24.95,1,24.95,16.22,"Visa","B.B.|880-9330","No","No",37,"No"]
[665961,"2011-12-02","12:33:00","D254/FE",192,"Duplo","Policemen","6 and up",9.9499999999999993,2,19.899999999999999,10.34,"Visa","B.B.|880-9330","No","Yes",43,"No"]
[665977,"2011-12-02","13:17:24","D198/LX",192,"Duplo","Policemen","6 and up",9.9499999999999993,1,9.9499999999999993,5.17,"Visa","D.U.|880-2953","No","No",37,"No"]
[666002,"2011-12-03","13:59:24","D254/FE",192,"Duplo","Policemen","6 and up",9.9499999999999993,1,9.9499999999999993,5.17,"Visa","D.W.|880-7199","Yes","Yes",36,"No"]
[666047,"2011-12-03","10:55:33.600","L256/PE",256,"Lego","Police Officers and Motorcycle","9 and up",9.9499999999999993,1,9.9499999999999993,4.4800000000000004,"Cash","D.W.|880-7199","No","No",16,"No"]
[666086,"2011-12-03","16:54:00","L195/AE",195,"Lego","Airplane","8 and up",5.95,1,5.95,3.09,"Cash","W.B.|880-9647","No","No",53,"No"]
[666094,"2011-12-03","13:42:00","L195/AE",195,"Lego","Airplane","8 and up",5.95,4,23.8,12.36,"Mastercard","B.B.|880-9330","No","No",32,"Yes"]
[666100,"2011-12-03","15:39:36","L194/FY",194,"Lego","Family","4 and up",14.95,2,29.9,16.739999999999998,"Cash","H.B.|880-3254","No","No",38,"No"]
[666110,"2011-12-03","10:28:48","D250/AT",192,"Duplo","Policemen","6 and up",9.9499999999999993,2,19.899999999999999,10.34,"Gift Card","N.C.|880-3850","No","Yes",34,"No"]
[666116,"2011-12-03","13:44:02.400","L195/AE",195,"Lego","Airplane","8 and up",5.95,3,17.850000000000001,9.27,"Discover","P.N.|880-3021","No","No",47,"Yes"]
[666137,"2011-12-04","13:08:24","D255/FE",192,"Duplo","Policemen","6 and up",9.9499999999999993,1,9.9499999999999993,5.17,"Mastercard","U.O.|880-3720","No","No",36,"No"]
[666187,"2011-12-04","13:56:45.600","D254/FE",192,"Duplo","Policemen","6 and up",9.9499999999999993,3,29.849999999999998,15.51,"Visa","H.B.|880-3254","No","No",36,"No"]
[666187,"2011-12-04","13:56:45.600","D254/FE",192,"Duplo","Policemen","6 and up",9.9499999999999993,1,9.9499999999999993,5.17,"Visa","H.B.|880-3254","No","No",36,"No"]
[666232,"2011-12-04","17:35:24","D250/AT",192,"Duplo","Policemen","6 and up",9.9499999999999993,4,39.799999999999997,20.68,"Mastercard","D.Z.|880-1179","No","No",27,"No"]
[666232,"2011-12-04","17:35:24","L195/AE",195,"Lego","Airplane","8 and up",5.95,3,17.850000000000001,9.27,"Mastercard","D.Z.|880-1179","No","No",27,"No"]
[666232,"2011-12-04","17:35:24","D250/AT",192,"Duplo","Policemen","6 and up",9.9499999999999993,1,9.9499999999999993,5.17,"Mastercard","D.Z.|880-1179","No","No",27,"No"]
[666245,"2011-12-04","15:30:00","D250/AT",192,"Duplo","Policemen","6 and up",9.9499999999999993,2,19.899999999999999,10.34,"Discover","A.U.|880-2167","No","No",26,"No"]
[666294,"2011-12-05","20:54:00","L252/LR",255,"Duplo","Farming Scene","7 and up",24.95,4,99.8,64.88,"Mastercard","Y.P.|880-6894","No","No",39,"No"]
[666344,"2011-12-05","14:33:00","L195/AE",195,"Lego","Airplane","8 and up",5.95,1,5.95,3.09,"Cash","U.W.|880-9683","No","No",35,"Yes"]
[666381,"2011-12-06","12:06:00","D255/FE",192,"Duplo","Policemen","6 and up",9.9499999999999993,3,29.849999999999998,15.51,"Check","P.N.|880-3021","No","No",43,"No"]
[666418,"2011-12-06","14:03:36","L330/GN",330,"Lego","Gas Station","8 and up",32.950000000000003,1,32.950000000000003,19.11,"Cash","Z.T.|880-7477","No","No",36,"Yes"]
[666436,"2011-12-06","20:37:48","D254/FE",192,"Duplo","Policemen","6 and up",9.9499999999999993,1,9.9499999999999993,5.17,"Visa","N.W.|880-6237","Yes","No",31,"No"]
[666474,"2011-12-06","13:45:00","D250/AT",192,"Duplo","Policemen","6 and up",9.9499999999999993,1,9.9499999999999993,5.17,"Gift Card","D.W.|880-7199","No","No",37,"No"]
[666486,"2011-12-06","11:10:12","D255/FE",192,"Duplo","Policemen","6 and up",9.9499999999999993,2,19.899999999999999,10.34,"Mastercard","B.X.|880-9149","No","No",44,"No"]
[666486,"2011-12-06","11:10:12","D254/FE",192,"Duplo","Policemen","6 and up",9.9499999999999993,1,9.9499999999999993,5.17,"Mastercard","B.X.|880-9149","No","No",44,"No"]
[666514,"2011-12-07","20:36:00","D250/AT",192,"Duplo","Policemen","6 and up",9.9499999999999993,1,9.9499999999999993,5.17,"Mastercard","D.Z.|880-1179","No","No",31,"No"]
[666514,"2011-12-07","20:36:00","L256/PE",256,"Lego","Police Officers and Motorcycle","9 and up",9.9499999999999993,1,9.9499999999999993,4.4800000000000004,"Mastercard","D.Z.|880-1179","No","No",31,"No"]
[666514,"2011-12-07","20:36:00","D254/FE",192,"Duplo","Policemen","6 and up",9.9499999999999993,1,9.9499999999999993,5.17,"Mastercard","D.Z.|880-1179","No","No",31,"No"]
[666559,"2011-12-07","16:42:00","D255/FE",192,"Duplo","Policemen","6 and up",9.9499999999999993,2,19.899999999999999,10.34,"Visa","N.C.|880-3850","No","Yes",31,"No"]
[666599,"2011-12-07","11:42:36","D255/FE",192,"Duplo","Policemen","6 and up",9.9499999999999993,2,19.899999999999999,10.34,"Discover","H.B.|880-3254","No","No",25,"Yes"]
[666599,"2011-12-07","11:42:36","D250/AT",192,"Duplo","Policemen","6 and up",9.9499999999999993,4,39.799999999999997,20.68,"Discover","H.B.|880-3254","No","No",25,"Yes"]
[666623,"2011-12-07","16:54:03.600","L195/AE",195,"Lego","Airplane","8 and up",5.95,4,23.8,12.36,"Visa","B.B.|880-9330","No","No",45,"No"]
[666623,"2011-12-07","16:54:03.600","L256/PE",256,"Lego","Police Officers and Motorcycle","9 and up",9.9499999999999993,1,9.9499999999999993,4.4800000000000004,"Visa","B.B.|880-9330","No","No",45,"No"]
[666628,"2011-12-08","16:04:48","L256/PE",256,"Lego","Police Officers and Motorcycle","9 and up",9.9499999999999993,4,39.799999999999997,17.920000000000002,"Visa","S.Y.|880-3139","No","No",35,"No"]
[666647,"2011-12-08","15:10:55.200","D255/FE",192,"Duplo","Policemen","6 and up",9.9499999999999993,1,9.9499999999999993,5.17,"Mastercard","S.Y.|880-3139","No","No",32,"No"]
[666657,"2011-12-09","12:22:48","D254/FE",192,"Duplo","Policemen","6 and up",9.9499999999999993,1,9.9499999999999993,5.17,"Discover","N.W.|880-6237","No","No",50,"No"]
[666662,"2011-12-09","13:11:52.800","D255/FE",192,"Duplo","Policemen","6 and up",9.9499999999999993,3,29.849999999999998,15.51,"Cash","D.U.|880-2953","No","No",25,"No"]
[666678,"2011-12-09","13:08:24","L256/PE",256,"Lego","Police Officers and Motorcycle","9 and up",9.9499999999999993,1,9.9499999999999993,4.4800000000000004,"Visa","S.V.|880-5987","No","No",38,"No"]
[666721,"2011-12-09","16:41:45.600","D250/AT",192,"Duplo","Policemen","6 and up",9.9499999999999993,2,19.899999999999999,10.34,"Mastercard","W.C.|880-4861","No","No",28,"Yes"]
[666727,"2011-12-09","10:51:00","L256/PE",256,"Lego","Police Officers and Motorcycle","9 and up",9.9499999999999993,1,9.9499999999999993,4.4800000000000004,"Mastercard","H.B.|880-3254","No","Yes",43,"No"]
[666749,"2011-12-10","14:46:48","D255/FE",192,"Duplo","Policemen","6 and up",9.9499999999999993,1,9.9499999999999993,5.17,"Discover","A.U.|880-2167","No","No",50,"No"]
[666798,"2011-12-10","19:34:12","L197/FS",199,"Duplo","Scooter","4 and up",4.95,4,19.8,10.08,"Visa","W.C.|880-4861","No","No",24,"No"]
[666814,"2011-12-10","18:25:48","D199/SR",192,"Duplo","Policemen","6 and up",9.9499999999999993,4,39.799999999999997,20.68,"Gift Card","W.B.|880-9647","No","Yes",46,"Yes"]
[666844,"2011-12-10","12:04:08.400","D254/FE",192,"Duplo","Policemen","6 and up",9.9499999999999993,1,9.9499999999999993,5.17,"Visa","V.W.|880-8599","No","No",30,"No"]
[666888,"2011-12-10","18:46:48","D254/FE",192,"Duplo","Policemen","6 and up",9.9499999999999993,1,9.9499999999999993,5.17,"Cash","B.Y.|880-6845","No","No",43,"No"]
[666918,"2011-12-11","15:00:00","L195/AE",195,"Lego","Airplane","8 and up",5.95,5,29.75,15.45,"Visa","B.X.|880-9149","No","No",50,"No"]
[666948,"2011-12-11","10:49:12","L195/AE",195,"Lego","Airplane","8 and up",5.95,2,11.9,6.18,"Visa","Z.T.|880-7477","No","Yes",32,"No"]
[666976,"2011-12-11","13:13:12","D255/FE",192,"Duplo","Policemen","6 and up",9.9499999999999993,1,9.9499999999999993,5.17,"Visa","N.C.|880-3850","No","Yes",47,"No"]
[667021,"2011-12-12","11:02:24","L217/SN",255,"Duplo","Farming Scene","7 and up",24.95,4,99.8,64.88,"Cash","B.X.|880-9149","No","No",32,"Yes"]
[667056,"2011-12-13","16:13:12","D254/FE",192,"Duplo","Policemen","6 and up",9.9499999999999993,1,9.9499999999999993,5.17,"Visa","Z.T.|880-7477","No","No",36,"No"]
[667092,"2011-12-13","10:48:00","L194/FY",194,"Lego","Family","4 and up",14.95,1,14.95,8.3699999999999992,"Gift Card","V.W.|880-8599","Yes","Yes",43,"No"]
[667113,"2011-12-13","14:23:24","D254/FE",192,"Duplo","Policemen","6 and up",9.9499999999999993,2,19.899999999999999,10.34,"Visa","L.C.|880-6872","No","No",67,"No"]
[667122,"2011-12-13","16:53:38.400","L256/PE",256,"Lego","Police Officers and Motorcycle","9 and up",9.9499999999999993,1,9.9499999999999993,4.4800000000000004,"Mastercard","Y.P.|880-6894","No","No",41,"No"]
[667149,"2011-12-14","14:16:40.800","D254/FE",192,"Duplo","Policemen","6 and up",9.9499999999999993,1,9.9499999999999993,5.17,"Discover","B.X.|880-9149","No","No",41,"No"]
[667195,"2011-12-14","15:52:12","D254/FE",192,"Duplo","Policemen","6 and up",9.9499999999999993,2,19.899999999999999,10.34,"Visa","S.V.|880-5987","Yes","No",29,"No"]
[667195,"2011-12-14","15:52:12","L256/PE",256,"Lego","Police Officers and Motorcycle","9 and up",9.9499999999999993,2,19.899999999999999,8.9600000000000009,"Visa","S.V.|880-5987","Yes","No",29,"No"]
[667235,"2011-12-14","15:00:00","D250/AT",192,"Duplo","Policemen","6 and up",9.9499999999999993,2,19.899999999999999,10.34,"Visa","B.Y.|880-6845","Yes","No",35,"No"]
[667284,"2011-12-14","12:23:24","D255/FE",192,"Duplo","Policemen","6 and up",9.9499999999999993,1,9.9499999999999993,5.17,"Cash","L.W.|880-4986","No","No",33,"No"]
[667284,"2011-12-14","12:23:24","D255/FE",192,"Duplo","Policemen","6 and up",9.9499999999999993,5,49.75,25.85,"Cash","L.W.|880-4986","No","No",33,"No"]
[667323,"2011-12-14","13:06:00","D255/FE",192,"Duplo","Policemen","6 and up",9.9499999999999993,1,9.9499999999999993,5.17,"Cash","V.W.|880-8599","No","No",30,"Yes"]
[667323,"2011-12-14","13:06:00","D255/FE",192,"Duplo","Policemen","6 and up",9.9499999999999993,2,19.899999999999999,10.34,"Cash","V.W.|880-8599","No","No",30,"Yes"]
[667372,"2011-12-15","14:01:26.400","D250/AT",192,"Duplo","Policemen","6 and up",9.9499999999999993,2,19.899999999999999,10.34,"Visa","W.B.|880-9647","No","No",42,"No"]
[667387,"2011-12-15","18:57:36","D250/AT",192,"Duplo","Policemen","6 and up",9.9499999999999993,1,9.9499999999999993,5.17,"Discover","Z.T.|880-7477","Yes","No",29,"No"]
[667425,"2011-12-16","10:55:12","D250/AT",192,"Duplo","Policemen","6 and up",9.9499999999999993,1,9.9499999999999993,5.17,"Cash","W.C.|880-4861","No","No",40,"No"]
[667462,"2011-12-16","16:09:00","D254/FE",192,"Duplo","Policemen","6 and up",9.9499999999999993,1,9.9499999999999993,5.17,"Gift Card","V.W.|880-4523","No","No",31,"No"]
[667462,"2011-12-16","16:09:00","D250/AT",192,"Duplo","Policemen","6 and up",9.9499999999999993,1,9.9499999999999993,5.17,"Gift Card","V.W.|880-4523","No","No",31,"No"]
[667483,"2011-12-16","18:38:24","D254/FE",192,"Duplo","Policemen","6 and up",9.9499999999999993,2,19.899999999999999,10.34,"Mastercard","S.Y.|880-3139","No","No",36,"Yes"]
[667502,"2011-12-16","10:45:00","D255/FE",192,"Duplo","Policemen","6 and up",9.9499999999999993,1,9.9499999999999993,5.17,"Mastercard","H.B.|880-3254","No","No",30,"No"]
[667541,"2011-12-17","12:57:46.800","D254/FE",192,"Duplo","Policemen","6 and up",9.9499999999999993,3,29.849999999999998,15.51,"Visa","B.Y.|880-6845","No","No",57,"No"]
[667545,"2011-12-17","16:41:09.600","D255/FE",192,"Duplo","Policemen","6 and up",9.9499999999999993,1,9.9499999999999993,5.17,"Cash","N.W.|880-6237","No","No",19,"No"]
[667580,"2011-12-17","15:53:24","L195/AE",195,"Lego","Airplane","8 and up",5.95,1,5.95,3.09,"Discover","W.C.|880-4861","No","No",31,"No"]
[667628,"2011-12-17","16:18:39.600","L195/AE",195,"Lego","Airplane","8 and up",5.95,1,5.95,3.09,"Cash","N.C.|880-3850","No","No",31,"No"]
[667629,"2011-12-17","16:30:00","D255/FE",192,"Duplo","Policemen","6 and up",9.9499999999999993,1,9.9499999999999993,5.17,"Visa","Y.P.|880-6894","No","No",17,"No"]
[667629,"2011-12-17","16:30:00","L195/AE",195,"Lego","Airplane","8 and up",5.95,2,11.9,6.18,"Visa","Y.P.|880-6894","No","No",17,"No"]
[667654,"2011-12-18","11:51:36","L256/PE",256,"Lego","Police Officers and Motorcycle","9 and up",9.9499999999999993,2,19.899999999999999,8.9600000000000009,"Mastercard","L.C.|880-6872","No","No",51,"No"]
[667661,"2011-12-18","13:43:48","D255/FE",192,"Duplo","Policemen","6 and up",9.9499999999999993,1,9.9499999999999993,5.17,"Mastercard","B.X.|880-9149","Yes","No",38,"No"]
[667700,"2011-12-18","14:15:36","L197/FS",199,"Duplo","Scooter","4 and up",4.95,1,4.95,2.52,"Visa","U.W.|880-9683","No","No",27,"No"]
[667706,"2011-12-18","10:39:28.800","L256/PE",256,"Lego","Police Officers and Motorcycle","9 and up",9.9499999999999993,1,9.9499999999999993,4.4800000000000004,"Cash","P.N.|880-3021","No","No",32,"Yes"]
[667706,"2011-12-18","10:39:28.800","L210/CS",210,"Lego","Cowboys with Horses","6 and up",9.4499999999999993,2,18.899999999999999,9.26,"Cash","P.N.|880-3021","No","No",32,"Yes"]
[667727,"2011-12-19","13:39:50.400","D250/AT",192,"Duplo","Policemen","6 and up",9.9499999999999993,4,39.799999999999997,20.68,"Mastercard","B.Y.|880-6845","Yes","No",27,"No"]
[667750,"2011-12-19","15:38:24","L256/PE",256,"Lego","Police Officers and Motorcycle","9 and up",9.9499999999999993,5,49.75,22.4,"Gift Card","D.Z.|880-1179","No","No",43,"No"]
[667750,"2011-12-19","15:38:24","L256/PE",256,"Lego","Police Officers and Motorcycle","9 and up",9.9499999999999993,1,9.9499999999999993,4.4800000000000004,"Gift Card","D.Z.|880-1179","No","No",43,"No"]
[667750,"2011-12-19","15:38:24","L195/AE",195,"Lego","Airplane","8 and up",5.95,2,11.9,6.18,"Gift Card","D.Z.|880-1179","No","No",43,"No"]
[667798,"2011-12-19","10:10:48","D250/AT",192,"Duplo","Policemen","6 and up",9.9499999999999993,4,39.799999999999997,20.68,"Mastercard","N.C.|880-3850","No","No",31,"No"]
[667798,"2011-12-19","10:10:48","L256/PE",256,"Lego","Police Officers and Motorcycle","9 and up",9.9499999999999993,1,9.9499999999999993,4.4800000000000004,"Mastercard","N.C.|880-3850","No","No",31,"No"]
[667828,"2011-12-19","14:16:04.800","L212/SD",212,"Lego","Scooter and Stand","6 and up",4.95,2,9.9,4.46,"Check","H.B.|880-3254","No","No",38,"No"]
[667828,"2011-12-19","14:16:04.800","D255/FE",192,"Duplo","Policemen","6 and up",9.9499999999999993,2,19.899999999999999,10.34,"Check","H.B.|880-3254","No","No",38,"No"]
[667840,"2011-12-21","13:28:40.800","D254/FE",192,"Duplo","Policemen","6 and up",9.9499999999999993,3,29.849999999999998,15.51,"Visa","S.V.|880-5987","No","No",73,"No"]
[667840,"2011-12-21","13:28:40.800","D250/AT",192,"Duplo","Policemen","6 and up",9.9499999999999993,1,9.9499999999999993,5.17,"Visa","S.V.|880-5987","No","No",73,"No"]
[667857,"2011-12-21","15:18:28.800","D254/FE",192,"Duplo","Policemen","6 and up",9.9499999999999993,1,9.9499999999999993,5.17,"Visa","Z.T.|880-7477","No","No",44,"No"]
[667861,"2011-12-21","13:17:02.400","D250/AT",192,"Duplo","Policemen","6 and up",9.9499999999999993,1,9.9499999999999993,5.17,"Mastercard","D.U.|880-2953","No","No",6,"No"]
[667871,"2011-12-21","15:08:24","L252/LR",255,"Duplo","Farming Scene","7 and up",24.95,2,49.9,32.44,"Check","L.C.|880-6872","Yes","No",33,"No"]
[667895,"2011-12-21","15:59:27.600","L256/PE",256,"Lego","Police Officers and Motorcycle","9 and up",9.9499999999999993,2,19.899999999999999,8.9600000000000009,"Cash","D.U.|880-2953","No","No",29,"No"]
[667932,"2011-12-21","14:26:24","D254/FE",192,"Duplo","Policemen","6 and up",9.9499999999999993,1,9.9499999999999993,5.17,"Discover","W.C.|880-4861","No","No",35,"No"]
[667932,"2011-12-21","14:26:24","D254/FE",192,"Duplo","Policemen","6 and up",9.9499999999999993,4,39.799999999999997,20.68,"Discover","W.C.|880-4861","No","No",35,"No"]
[667953,"2011-12-21","12:27:36","D250/AT",192,"Duplo","Policemen","6 and up",9.9499999999999993,1,9.9499999999999993,5.17,"Discover","A.U.|880-2167","No","No",50,"No"]
[667993,"2011-12-22","10:07:12","L195/AE",195,"Lego","Airplane","8 and up",5.95,2,11.9,6.18,"Cash","Y.P.|880-6894","No","No",39,"No"]
[667995,"2011-12-22","12:19:48","D250/AT",192,"Duplo","Policemen","6 and up",9.9499999999999993,2,19.899999999999999,10.34,"Gift Card","U.O.|880-3720","No","No",43,"No"]
[668018,"2011-12-22","15:47:24","D250/AT",192,"Duplo","Policemen","6 and up",9.9499999999999993,1,9.9499999999999993,5.17,"Visa","V.W.|880-4523","No","No",68,"No"]
[668018,"2011-12-22","15:47:24","L195/AE",195,"Lego","Airplane","8 and up",5.95,2,11.9,6.18,"Visa","V.W.|880-4523","No","No",68,"No"]
[668052,"2011-12-22","15:36:36","D255/FE",192,"Duplo","Policemen","6 and up",9.9499999999999993,1,9.9499999999999993,5.17,"Discover","Z.Q.|880-4240","Yes","No",21,"No"]
[668052,"2011-12-22","15:36:36","L195/AE",195,"Lego","Airplane","8 and up",5.95,1,5.95,3.09,"Discover","Z.Q.|880-4240","Yes","No",21,"No"]
[668095,"2011-12-23","12:54:00","L256/PE",256,"Lego","Police Officers and Motorcycle","9 and up",9.9499999999999993,2,19.899999999999999,8.9600000000000009,"Cash","D.Z.|880-1179","No","No",32,"No"]
[668095,"2011-12-23","12:54:00","D254/FE",192,"Duplo","Policemen","6 and up",9.9499999999999993,2,19.899999999999999,10.34,"Cash","D.Z.|880-1179","No","No",32,"No"]
[668130,"2011-12-23","13:53:24","D255/FE",192,"Duplo","Policemen","6 and up",9.9499999999999993,2,19.899999999999999,10.34,"Mastercard","U.O.|880-3720","No","No",39,"No"]
[668145,"2011-12-23","13:56:24","L210/CS",210,"Lego","Cowboys with Horses","6 and up",9.4499999999999993,4,37.799999999999997,18.52,"Check","B.B.|880-9330","No","No",41,"No"]
[668156,"2011-12-23","19:21:36","D254/FE",192,"Duplo","Policemen","6 and up",9.9499999999999993,3,29.849999999999998,15.51,"Mastercard","U.O.|880-3720","No","No",45,"No"]
[668184,"2011-12-23","08:19:12","L217/SN",255,"Duplo","Farming Scene","7 and up",24.95,1,24.95,16.22,"Visa","A.U.|880-2167","No","No",36,"No"]
[668207,"2011-12-24","11:00:36","L256/PE",256,"Lego","Police Officers and Motorcycle","9 and up",9.9499999999999993,2,19.899999999999999,8.9600000000000009,"Discover","P.N.|880-3021","No","No",30,"No"]
[668216,"2011-12-24","15:58:12","L196/AR",196,"Lego","Antique Car","8 and up",7.95,1,7.95,4.45,"Visa","P.N.|880-3021","No","No",34,"No"]
[668232,"2011-12-24","14:10:48","D250/AT",192,"Duplo","Policemen","6 and up",9.9499999999999993,1,9.9499999999999993,5.17,"Mastercard","L.W.|880-4986","No","No",31,"No"]
[668232,"2011-12-24","14:10:48","D254/FE",192,"Duplo","Policemen","6 and up",9.9499999999999993,1,9.9499999999999993,5.17,"Mastercard","L.W.|880-4986","No","No",31,"No"]
[668232,"2011-12-24","14:10:48","D254/FE",192,"Duplo","Policemen","6 and up",9.9499999999999993,1,9.9499999999999993,5.17,"Mastercard","L.W.|880-4986","No","No",31,"No"]
[668261,"2011-12-25","14:12:32.400","D255/FE",192,"Duplo","Policemen","6 and up",9.9499999999999993,2,19.899999999999999,10.34,"Cash","B.X.|880-9149","No","No",34,"No"]
[668261,"2011-12-25","14:12:32.400","D254/FE",192,"Duplo","Policemen","6 and up",9.9499999999999993,1,9.9499999999999993,5.17,"Cash","B.X.|880-9149","No","No",34,"No"]
[668293,"2011-12-25","14:41:24","D199/SR",192,"Duplo","Policemen","6 and up",9.9499999999999993,2,19.899999999999999,10.34,"Visa","Z.T.|880-7477","No","No",44,"No"]
[668305,"2011-12-25","11:47:13.200","L212/SD",212,"Lego","Scooter and Stand","6 and up",4.95,1,4.95,2.23,"Visa","A.U.|880-2167","No","No",28,"No"]
[668326,"2011-12-25","19:46:12","D250/AT",192,"Duplo","Policemen","6 and up",9.9499999999999993,1,9.9499999999999993,5.17,"Visa","S.Y.|880-3139","Yes","Yes",34,"No"]
[668376,"2012-01-02","20:10:48","L195/AE",195,"Lego","Airplane","8 and up",5.95,1,5.95,3.09,"Visa","S.V.|880-5987","No","No",37,"No"]
[668384,"2012-01-02","09:32:34.800","L195/AE",195,"Lego","Airplane","8 and up",5.95,1,5.95,3.09,"Visa","C.X.|880-3590","No","No",27,"No"]
[668384,"2012-01-02","09:32:34.800","L195/AE",195,"Lego","Airplane","8 and up",5.95,4,23.8,12.36,"Visa","C.X.|880-3590","No","No",27,"No"]
[668391,"2012-01-08","13:18:00","L195/AE",195,"Lego","Airplane","8 and up",5.95,1,5.95,3.09,"Mastercard","W.B.|880-9647","No","No",29,"No"]
[668431,"2012-01-13","12:46:08.400","L195/AE",195,"Lego","Airplane","8 and up",5.95,5,29.75,15.45,"Cash","D.S.|880-7532","No","No",32,"Yes"]
[668451,"2012-01-19","18:06:00","D255/FE",192,"Duplo","Policemen","6 and up",9.9499999999999993,1,9.9499999999999993,5.17,"Visa","L.C.|880-6872","No","No",41,"No"]
[668451,"2012-01-19","18:06:00","D255/FE",192,"Duplo","Policemen","6 and up",9.9499999999999993,1,9.9499999999999993,5.17,"Visa","L.C.|880-6872","No","No",41,"No"]
[668489,"2012-01-21","15:27:00","D254/FE",192,"Duplo","Policemen","6 and up",9.9499999999999993,1,9.9499999999999993,5.17,"Cash","D.U.|880-2953","No","No",36,"No"]
[668499,"2012-01-29","14:21:36","D254/FE",192,"Duplo","Policemen","6 and up",9.9499999999999993,2,19.899999999999999,10.34,"Visa","Z.T.|880-7477","Yes","No",33,"No"]
[668499,"2012-01-29","14:21:36","D250/AT",192,"Duplo","Policemen","6 and up",9.9499999999999993,1,9.9499999999999993,5.17,"Visa","Z.T.|880-7477","Yes","No",33,"No"]
[668546,"2012-02-12","09:36:54","L217/SN",255,"Duplo","Farming Scene","7 and up",24.95,2,49.9,32.44,"Discover","V.W.|880-4523","No","No",33,"No"]
[668564,"2012-02-13","17:55:12","D255/FE",192,"Duplo","Policemen","6 and up",9.9499999999999993,1,9.9499999999999993,5.17,"Discover","Y.P.|880-6894","No","No",35,"No"]
[668585,"2012-02-14","18:39:36","L256/PE",256,"Lego","Police Officers and Motorcycle","9 and up",9.9499999999999993,3,29.849999999999998,13.44,"Gift Card","Y.P.|880-6894","No","No",39,"Yes"]
[668585,"2012-02-14","18:39:36","L256/PE",256,"Lego","Police Officers and Motorcycle","9 and up",9.9499999999999993,2,19.899999999999999,8.9600000000000009,"Gift Card","Y.P.|880-6894","No","No",39,"Yes"]
[668615,"2012-03-03","12:16:12","D254/FE",192,"Duplo","Policemen","6 and up",9.9499999999999993,1,9.9499999999999993,5.17,"Mastercard","S.Y.|880-3139","No","No",35,"No"]
[668615,"2012-03-03","12:16:12","D255/FE",192,"Duplo","Policemen","6 and up",9.9499999999999993,1,9.9499999999999993,5.17,"Mastercard","S.Y.|880-3139","No","No",35,"No"]
[668653,"2012-03-16","16:55:26.400","L256/PE",256,"Lego","Police Officers and Motorcycle","9 and up",9.9499999999999993,1,9.9499999999999993,4.4800000000000004,"Mastercard","H.B.|880-3254","No","No",40,"No"]
[668653,"2012-03-16","16:55:26.400","D250/AT",192,"Duplo","Policemen","6 and up",9.9499999999999993,2,19.899999999999999,10.34,"Mastercard","H.B.|880-3254","No","No",40,"No"]
[668653,"2012-03-16","16:55:26.400","L256/PE",256,"Lego","Police Officers and Motorcycle","9 and up",9.9499999999999993,1,9.9499999999999993,4.4800000000000004,"Mastercard","H.B.|880-3254","No","No",40,"No"]
[668660,"2012-03-24","20:19:12","D254/FE",192,"Duplo","Policemen","6 and up",9.9499999999999993,2,19.899999999999999,10.34,"Cash","C.X.|880-3590","No","No",61,"No"]
[668681,"2012-04-03","14:31:33.600","L252/LR",255,"Duplo","Farming Scene","7 and up",24.95,1,24.95,16.22,"Visa","W.B.|880-9647","No","No",32,"No"]
[668691,"2012-04-10","20:49:48","D250/AT",192,"Duplo","Policemen","6 and up",9.9499999999999993,1,9.9499999999999993,5.17,"Visa","S.Y.|880-3139","Yes","No",59,"Yes"]
[668692,"2012-04-12","20:51:00","L256/PE",256,"Lego","Police Officers and Motorcycle","9 and up",9.9499999999999993,1,9.9499999999999993,4.4800000000000004,"Check","A.U.|880-2167","No","No",37,"Yes"]
[668692,"2012-04-12","20:51:00","D250/AT",192,"Duplo","Policemen","6 and up",9.9499999999999993,1,9.9499999999999993,5.17,"Check","A.U.|880-2167","No","No",37,"Yes"]
[668708,"2012-04-21","20:20:24","D255/FE",192,"Duplo","Policemen","6 and up",9.9499999999999993,1,9.9499999999999993,5.17,"Visa","D.U.|880-2953","No","No",70,"No"]
[668714,"2012-04-22","11:37:48","D255/FE",192,"Duplo","Policemen","6 and up",9.9499999999999993,4,39.799999999999997,20.68,"Cash","N.W.|880-6237","No","No",23,"No"]
[668743,"2012-04-23","10:40:30","D254/FE",192,"Duplo","Policemen","6 and up",9.9499999999999993,1,9.9499999999999993,5.17,"Cash","Y.P.|880-6894","No","No",35,"No"]
[668752,"2012-04-23","17:21:36","D250/AT",192,"Duplo","Policemen","6 and up",9.9499999999999993,4,39.799999999999997,20.68,"Discover","D.Z.|880-1179","No","No",41,"No"]
[668752,"2012-04-23","17:21:36","D250/AT",192,"Duplo","Policemen","6 and up",9.9499999999999993,1,9.9499999999999993,5.17,"Discover","D.Z.|880-1179","No","No",41,"No"]
[668801,"2012-05-13","15:10:48","L256/PE",256,"Lego","Police Officers and Motorcycle","9 and up",9.9499999999999993,1,9.9499999999999993,4.4800000000000004,"Visa","D.U.|880-2953","No","No",27,"No"]
[668804,"2012-05-19","12:32:31.200","D250/AT",192,"Duplo","Policemen","6 and up",9.9499999999999993,4,39.799999999999997,20.68,"Visa","S.Y.|880-3139","No","No",29,"No"]
[668804,"2012-05-19","12:32:31.200","L195/AE",195,"Lego","Airplane","8 and up",5.95,3,17.850000000000001,9.27,"Visa","S.Y.|880-3139","No","No",29,"No"]
[668829,"2012-05-24","13:25:12","D254/FE",192,"Duplo","Policemen","6 and up",9.9499999999999993,1,9.9499999999999993,5.17,"Visa","B.X.|880-9149","No","No",34,"No"]
[668848,"2012-06-08","09:46:30","D255/FE",192,"Duplo","Policemen","6 and up",9.9499999999999993,2,19.899999999999999,10.34,"Visa","A.U.|880-2167","No","No",42,"No"]
[668883,"2012-06-09","11:39:43.200","L194/FY",194,"Lego","Family","4 and up",14.95,2,29.9,16.739999999999998,"Gift Card","V.W.|880-8599","No","No",38,"No"]
[668903,"2012-06-09","08:28:48","D250/AT",192,"Duplo","Policemen","6 and up",9.9499999999999993,1,9.9499999999999993,5.17,"Visa","L.W.|880-4986","No","Yes",21,"No"]
[668943,"2012-06-11","10:28:12","D250/AT",192,"Duplo","Policemen","6 and up",9.9499999999999993,1,9.9499999999999993,5.17,"Visa","N.C.|880-3850","No","No",35,"No"]
[668982,"2012-06-12","15:45:00","L252/LR",255,"Duplo","Farming Scene","7 and up",24.95,1,24.95,16.22,"Visa","A.U.|880-2167","No","No",47,"Yes"]
[668997,"2012-06-23","15:00:36","D254/FE",192,"Duplo","Policemen","6 and up",9.9499999999999993,4,39.799999999999997,20.68,"Visa","S.V.|880-5987","No","No",33,"No"]
[669021,"2012-06-23","17:43:12","D255/FE",192,"Duplo","Policemen","6 and up",9.9499999999999993,3,29.849999999999998,15.51,"Mastercard","B.X.|880-9149","Yes","No",35,"No"]
[669042,"2012-06-25","13:12:07.200","L256/PE",256,"Lego","Police Officers and Motorcycle","9 and up",9.9499999999999993,1,9.9499999999999993,4.4800000000000004,"Mastercard","D.U.|880-2953","No","No",59,"No"]
[669080,"2012-07-02","16:00:00","D199/SR",192,"Duplo","Policemen","6 and up",9.9499999999999993,1,9.9499999999999993,5.17,"Visa","N.C.|880-3850","No","No",37,"Yes"]
[669090,"2012-07-02","16:20:24","D254/FE",192,"Duplo","Policemen","6 and up",9.9499999999999993,1,9.9499999999999993,5.17,"Cash","P.N.|880-3021","No","Yes",31,"No"]
[669121,"2012-08-05","15:28:26.400","L256/PE",256,"Lego","Police Officers and Motorcycle","9 and up",9.9499999999999993,4,39.799999999999997,17.920000000000002,"Check","W.C.|880-4861","No","No",50,"No"]
[669126,"2012-08-14","15:18:00","D255/FE",192,"Duplo","Policemen","6 and up",9.9499999999999993,2,19.899999999999999,10.34,"Mastercard","S.Y.|880-3139","No","No",42,"No"]
[669126,"2012-08-14","15:18:00","D254/FE",192,"Duplo","Policemen","6 and up",9.9499999999999993,1,9.9499999999999993,5.17,"Mastercard","S.Y.|880-3139","No","No",42,"No"]
[669138,"2012-09-04","15:18:36","L195/AE",195,"Lego","Airplane","8 and up",5.95,1,5.95,3.09,"Cash","S.Y.|880-3139","No","No",36,"Yes"]
[669163,"2012-09-06","13:15:03.600","D254/FE",192,"Duplo","Policemen","6 and up",9.9499999999999993,1,9.9499999999999993,5.17,"Check","D.W.|880-7199","Yes","No",39,"Yes"]
[669163,"2012-09-06","13:15:03.600","D250/AT",192,"Duplo","Policemen","6 and up",9.9499999999999993,5,49.75,25.85,"Check","D.W.|880-7199","Yes","No",39,"Yes"]
[669181,"2012-09-09","17:49:12","D254/FE",192,"Duplo","Policemen","6 and up",9.9499999999999993,1,9.9499999999999993,5.17,"Mastercard","W.C.|880-4861","No","No",46,"No"]
[669197,"2012-09-10","16:52:48","D255/FE",192,"Duplo","Policemen","6 and up",9.9499999999999993,1,9.9499999999999993,5.17,"Visa","A.U.|880-2167","No","No",39,"No"]
[669197,"2012-09-10","16:52:48","D254/FE",192,"Duplo","Policemen","6 and up",9.9499999999999993,2,19.899999999999999,10.34,"Visa","A.U.|880-2167","No","No",39,"No"]
[669198,"2012-09-18","12:08:24","L256/PE",256,"Lego","Police Officers and Motorcycle","9 and up",9.9499999999999993,4,39.799999999999997,17.920000000000002,"Gift Card","Z.T.|880-7477","No","No",34,"No"]
[669198,"2012-09-18","12:08:24","L256/PE",256,"Lego","Police Officers and Motorcycle","9 and up",9.9499999999999993,2,19.899999999999999,8.9600000000000009,"Gift Card","Z.T.|880-7477","No","No",34,"No"]
[669208,"2012-09-28","14:22:48","D254/FE",192,"Duplo","Policemen","6 and up",9.9499999999999993,1,9.9499999999999993,5.17,"Mastercard","D.W.|880-7199","No","No",30,"No"]
[669238,"2012-10-07","12:24:00","D250/AT",192,"Duplo","Policemen","6 and up",9.9499999999999993,1,9.9499999999999993,5.17,"Gift Card","V.W.|880-8599","No","No",36,"No"]
[669260,"2012-10-09","12:06:36","D250/AT",192,"Duplo","Policemen","6 and up",9.9499999999999993,2,19.899999999999999,10.34,"Gift Card","W.B.|880-9647","Yes","No",20,"No"]
[669260,"2012-10-09","12:06:36","D250/AT",192,"Duplo","Policemen","6 and up",9.9499999999999993,2,19.899999999999999,10.34,"Gift Card","W.B.|880-9647","Yes","No",20,"No"]
[669277,"2012-10-16","13:38:24","L194/FY",194,"Lego","Family","4 and up",14.95,1,14.95,8.3699999999999992,"Cash","D.U.|880-2953","No","No",23,"No"]
[669306,"2012-10-16","16:23:27.600","D255/FE",192,"Duplo","Policemen","6 and up",9.9499999999999993,2,19.899999999999999,10.34,"Cash","B.Y.|880-6845","No","No",45,"No"]
[669318,"2012-10-16","16:13:15.600","L194/FY",194,"Lego","Family","4 and up",14.95,1,14.95,8.3699999999999992,"Visa","D.S.|880-7532","No","Yes",29,"Yes"]
[669320,"2012-10-22","16:08:42","D254/FE",192,"Duplo","Policemen","6 and up",9.9499999999999993,1,9.9499999999999993,5.17,"Visa","H.B.|880-3254","No","No",24,"No"]
[669353,"2012-10-22","14:39:00","D250/AT",192,"Duplo","Policemen","6 and up",9.9499999999999993,4,39.799999999999997,20.68,"Mastercard","D.U.|880-2953","No","No",60,"No"]
[669400,"2012-10-22","13:42:25.200","D255/FE",192,"Duplo","Policemen","6 and up",9.9499999999999993,2,19.899999999999999,10.34,"Gift Card","H.B.|880-3254","No","No",36,"No"]
[669400,"2012-10-22","13:42:25.200","D250/AT",192,"Duplo","Policemen","6 and up",9.9499999999999993,1,9.9499999999999993,5.17,"Gift Card","H.B.|880-3254","No","No",36,"No"]
[669401,"2012-10-30","16:02:52.800","D254/FE",192,"Duplo","Policemen","6 and up",9.9499999999999993,2,19.899999999999999,10.34,"Visa","N.W.|880-6237","No","Yes",44,"No"]
[669401,"2012-10-30","16:02:52.800","D250/AT",192,"Duplo","Policemen","6 and up",9.9499999999999993,1,9.9499999999999993,5.17,"Visa","N.W.|880-6237","No","Yes",44,"No"]
[669451,"2012-11-01","20:07:12","L195/AE",195,"Lego","Airplane","8 and up",5.95,1,5.95,3.09,"Cash","U.W.|880-9683","No","No",29,"No"]
[669469,"2012-11-01","12:52:48","L256/PE",256,"Lego","Police Officers and Motorcycle","9 and up",9.9499999999999993,1,9.9499999999999993,4.4800000000000004,"Cash","B.B.|880-9330","No","No",36,"No"]
[669482,"2012-11-01","11:05:13.200","D254/FE",192,"Duplo","Policemen","6 and up",9.9499999999999993,1,9.9499999999999993,5.17,"Mastercard","L.W.|880-4986","No","No",37,"No"]
[669482,"2012-11-01","11:05:13.200","D250/AT",192,"Duplo","Policemen","6 and up",9.9499999999999993,1,9.9499999999999993,5.17,"Mastercard","L.W.|880-4986","No","No",37,"No"]
[669529,"2012-11-02","11:18:36","D255/FE",192,"Duplo","Policemen","6 and up",9.9499999999999993,1,9.9499999999999993,5.17,"Visa","Y.P.|880-6894","No","No",30,"No"]
[669560,"2012-11-03","12:12:14.400","L197/FS",199,"Duplo","Scooter","4 and up",4.95,1,4.95,2.52,"Visa","L.C.|880-6872","No","No",21,"No"]
[669602,"2012-11-04","19:37:48","D254/FE",192,"Duplo","Policemen","6 and up",9.9499999999999993,2,19.899999999999999,10.34,"Check","U.W.|880-9683","No","No",74,"No"]
[669617,"2012-11-04","10:26:24","L195/AE",195,"Lego","Airplane","8 and up",5.95,1,5.95,3.09,"Mastercard","C.X.|880-3590","No","No",32,"No"]
[669649,"2012-11-04","12:35:20.400","D255/FE",192,"Duplo","Policemen","6 and up",9.9499999999999993,1,9.9499999999999993,5.17,"Cash","D.W.|880-7199","No","No",24,"No"]
[669652,"2012-11-04","11:37:04.800","L195/AE",195,"Lego","Airplane","8 and up",5.95,2,11.9,6.18,"Cash","V.W.|880-8599","No","No",34,"No"]
[669659,"2012-11-04","14:15:36","D250/AT",192,"Duplo","Policemen","6 and up",9.9499999999999993,1,9.9499999999999993,5.17,"Mastercard","Y.P.|880-6894","No","No",35,"Yes"]
[669698,"2012-11-05","13:49:48","D254/FE",192,"Duplo","Policemen","6 and up",9.9499999999999993,4,39.799999999999997,20.68,"Visa","D.Z.|880-1179","No","No",56,"No"]
[669703,"2012-11-05","14:51:36","L195/AE",195,"Lego","Airplane","8 and up",5.95,1,5.95,3.09,"Visa","W.C.|880-4861","No","No",27,"No"]
[669722,"2012-11-05","16:54:36","D250/AT",192,"Duplo","Policemen","6 and up",9.9499999999999993,1,9.9499999999999993,5.17,"Visa","Z.Q.|880-4240","No","No",35,"No"]
[669722,"2012-11-05","16:54:36","D250/AT",192,"Duplo","Policemen","6 and up",9.9499999999999993,1,9.9499999999999993,5.17,"Visa","Z.Q.|880-4240","No","No",35,"No"]
[669764,"2012-11-06","16:21:00","D255/FE",192,"Duplo","Policemen","6 and up",9.9499999999999993,1,9.9499999999999993,5.17,"Visa","N.W.|880-6237","No","No",39,"No"]
[669764,"2012-11-06","16:21:00","D255/FE",192,"Duplo","Policemen","6 and up",9.9499999999999993,2,19.899999999999999,10.34,"Visa","N.W.|880-6237","No","No",39,"No"]
[669783,"2012-11-06","18:03:00","D254/FE",192,"Duplo","Policemen","6 and up",9.9499999999999993,1,9.9499999999999993,5.17,"Cash","H.B.|880-3254","No","No",40,"No"]
[669804,"2012-11-06","12:00:36","D255/FE",192,"Duplo","Policemen","6 and up",9.9499999999999993,1,9.9499999999999993,5.17,"Visa","N.C.|880-3850","No","No",48,"No"]
[669805,"2012-11-06","09:12:14.400","L195/AE",195,"Lego","Airplane","8 and up",5.95,3,17.850000000000001,9.27,"Mastercard","N.C.|880-3850","No","No",30,"Yes"]
[669813,"2012-11-06","12:17:24","D255/FE",192,"Duplo","Policemen","6 and up",9.9499999999999993,2,19.899999999999999,10.34,"Cash","D.Z.|880-1179","No","Yes",38,"No"]
[669813,"2012-11-06","12:17:24","L256/PE",256,"Lego","Police Officers and Motorcycle","9 and up",9.9499999999999993,1,9.9499999999999993,4.4800000000000004,"Cash","D.Z.|880-1179","No","Yes",38,"No"]
[669819,"2012-11-06","14:50:34.800","L256/PE",256,"Lego","Police Officers and Motorcycle","9 and up",9.9499999999999993,1,9.9499999999999993,4.4800000000000004,"Visa","S.Y.|880-3139","Yes","Yes",27,"No"]
[669860,"2012-11-06","17:30:36","L195/AE",195,"Lego","Airplane","8 and up",5.95,1,5.95,3.09,"Discover","D.W.|880-7199","No","No",31,"No"]
[669905,"2012-11-06","14:43:12","D255/FE",192,"Duplo","Policemen","6 and up",9.9499999999999993,1,9.9499999999999993,5.17,"Cash","V.W.|880-8599","No","No",39,"No"]
[669905,"2012-11-06","14:43:12","L256/PE",256,"Lego","Police Officers and Motorcycle","9 and up",9.9499999999999993,2,19.899999999999999,8.9600000000000009,"Cash","V.W.|880-8599","No","No",39,"No"]
[669931,"2012-11-07","09:34:48","L256/PE",256,"Lego","Police Officers and Motorcycle","9 and up",9.9499999999999993,4,39.799999999999997,17.920000000000002,"Visa","S.Y.|880-3139","No","No",44,"Yes"]
[669981,"2012-11-07","13:27:54","D250/AT",192,"Duplo","Policemen","6 and up",9.9499999999999993,4,39.799999999999997,20.68,"Visa","Y.P.|880-6894","No","No",27,"No"]
[670014,"2012-11-07","14:53:45.600","D255/FE",192,"Duplo","Policemen","6 and up",9.9499999999999993,4,39.799999999999997,20.68,"Cash","B.X.|880-9149","No","No",42,"No"]
[670015,"2012-11-07","12:56:24","L256/PE",256,"Lego","Police Officers and Motorcycle","9 and up",9.9499999999999993,1,9.9499999999999993,4.4800000000000004,"Mastercard","D.Z.|880-1179","Yes","No",41,"No"]
[670038,"2012-11-07","16:05:31.200","L256/PE",256,"Lego","Police Officers and Motorcycle","9 and up",9.9499999999999993,1,9.9499999999999993,4.4800000000000004,"Mastercard","W.C.|880-4861","No","Yes",31,"Yes"]
[670081,"2012-11-08","12:10:48","L330/GN",330,"Lego","Gas Station","8 and up",32.950000000000003,1,32.950000000000003,19.11,"Cash","S.Y.|880-3139","No","No",59,"Yes"]
[670120,"2012-11-08","16:49:04.800","L256/PE",256,"Lego","Police Officers and Motorcycle","9 and up",9.9499999999999993,2,19.899999999999999,8.9600000000000009,"Mastercard","S.V.|880-5987","No","No",37,"No"]
[670143,"2012-11-08","13:21:00","D254/FE",192,"Duplo","Policemen","6 and up",9.9499999999999993,2,19.899999999999999,10.34,"Cash","S.Y.|880-3139","No","No",30,"No"]
[670166,"2012-11-08","19:22:48","D254/FE",192,"Duplo","Policemen","6 and up",9.9499999999999993,2,19.899999999999999,10.34,"Cash","S.V.|880-5987","No","No",31,"No"]
[670166,"2012-11-08","19:22:48","D255/FE",192,"Duplo","Policemen","6 and up",9.9499999999999993,1,9.9499999999999993,5.17,"Cash","S.V.|880-5987","No","No",31,"No"]
[670172,"2012-11-08","11:02:27.600","D198/LX",192,"Duplo","Policemen","6 and up",9.9499999999999993,2,19.899999999999999,10.34,"Cash","L.W.|880-4986","No","No",21,"No"]
[670172,"2012-11-08","11:02:27.600","D255/FE",192,"Duplo","Policemen","6 and up",9.9499999999999993,1,9.9499999999999993,5.17,"Cash","L.W.|880-4986","No","No",21,"No"]
[670207,"2012-11-09","16:27:36","L256/PE",256,"Lego","Police Officers and Motorcycle","9 and up",9.9499999999999993,5,49.75,22.4,"Mastercard","D.S.|880-7532","Yes","No",38,"Yes"]
[670207,"2012-11-09","16:27:36","L256/PE",256,"Lego","Police Officers and Motorcycle","9 and up",9.9499999999999993,2,19.899999999999999,8.9600000000000009,"Mastercard","D.S.|880-7532","Yes","No",38,"Yes"]
[670245,"2012-11-09","12:06:50.400","L195/AE",195,"Lego","Airplane","8 and up",5.95,4,23.8,12.36,"Mastercard","P.N.|880-3021","No","No",33,"Yes"]
[670275,"2012-11-10","12:30:00","D250/AT",192,"Duplo","Policemen","6 and up",9.9499999999999993,1,9.9499999999999993,5.17,"Mastercard","B.B.|880-9330","No","No",33,"No"]
[670311,"2012-11-10","14:13:48","L256/PE",256,"Lego","Police Officers and Motorcycle","9 and up",9.9499999999999993,2,19.899999999999999,8.9600000000000009,"Cash","N.W.|880-6237","Yes","No",68,"No"]
[670311,"2012-11-10","14:13:48","D254/FE",192,"Duplo","Policemen","6 and up",9.9499999999999993,1,9.9499999999999993,5.17,"Cash","N.W.|880-6237","Yes","No",68,"No"]
[670358,"2012-11-10","14:07:33.600","D254/FE",192,"Duplo","Policemen","6 and up",9.9499999999999993,1,9.9499999999999993,5.17,"Mastercard","S.V.|880-5987","No","No",47,"No"]
[670364,"2012-11-10","17:38:24","L256/PE",256,"Lego","Police Officers and Motorcycle","9 and up",9.9499999999999993,1,9.9499999999999993,4.4800000000000004,"Cash","Z.T.|880-7477","No","No",29,"Yes"]
[670394,"2012-11-10","16:19:19.200","D250/AT",192,"Duplo","Policemen","6 and up",9.9499999999999993,1,9.9499999999999993,5.17,"Cash","D.S.|880-7532","No","No",36,"No"]
[670398,"2012-11-10","13:16:48","L195/AE",195,"Lego","Airplane","8 and up",5.95,1,5.95,3.09,"Cash","B.X.|880-9149","No","No",30,"No"]
[670436,"2012-11-11","15:13:12","D250/AT",192,"Duplo","Policemen","6 and up",9.9499999999999993,2,19.899999999999999,10.34,"Visa","V.W.|880-8599","No","Yes",49,"No"]
[670473,"2012-11-11","08:42:43.200","D254/FE",192,"Duplo","Policemen","6 and up",9.9499999999999993,2,19.899999999999999,10.34,"Mastercard","D.S.|880-7532","No","No",12,"Yes"]
[670487,"2012-11-11","17:22:12","D255/FE",192,"Duplo","Policemen","6 and up",9.9499999999999993,1,9.9499999999999993,5.17,"Mastercard","N.W.|880-6237","No","No",65,"No"]
[670529,"2012-11-12","11:15:36","L195/AE",195,"Lego","Airplane","8 and up",5.95,1,5.95,3.09,"Mastercard","N.C.|880-3850","No","No",34,"No"]
[670575,"2012-11-12","08:40:55.200","L196/AR",196,"Lego","Antique Car","8 and up",7.95,1,7.95,4.45,"Gift Card","B.X.|880-9149","No","No",29,"No"]
[670601,"2012-11-12","13:06:18","D250/AT",192,"Duplo","Policemen","6 and up",9.9499999999999993,4,39.799999999999997,20.68,"Visa","W.B.|880-9647","No","No",40,"No"]
[670634,"2012-11-12","13:21:00","D254/FE",192,"Duplo","Policemen","6 and up",9.9499999999999993,1,9.9499999999999993,5.17,"Visa","L.W.|880-4986","No","No",36,"No"]
[670682,"2012-11-12","14:21:00","L195/AE",195,"Lego","Airplane","8 and up",5.95,1,5.95,3.09,"Visa","Y.P.|880-6894","No","No",47,"No"]
[670688,"2012-11-13","15:36:00","D254/FE",192,"Duplo","Policemen","6 and up",9.9499999999999993,1,9.9499999999999993,5.17,"Visa","S.Y.|880-3139","Yes","No",33,"Yes"]
[670716,"2012-11-13","08:01:48","L195/AE",195,"Lego","Airplane","8 and up",5.95,2,11.9,6.18,"Visa","N.W.|880-6237","No","Yes",37,"No"]
[670723,"2012-11-13","21:00:00","L256/PE",256,"Lego","Police Officers and Motorcycle","9 and up",9.9499999999999993,2,19.899999999999999,8.9600000000000009,"Visa","U.W.|880-9683","No","No",11,"No"]
[670735,"2012-11-13","19:02:24","L195/AE",195,"Lego","Airplane","8 and up",5.95,1,5.95,3.09,"Visa","D.U.|880-2953","No","Yes",35,"No"]
[670743,"2012-11-14","14:39:36","L256/PE",256,"Lego","Police Officers and Motorcycle","9 and up",9.9499999999999993,1,9.9499999999999993,4.4800000000000004,"Visa","Y.P.|880-6894","Yes","No",34,"No"]
[670790,"2012-11-15","12:21:00","D254/FE",192,"Duplo","Policemen","6 and up",9.9499999999999993,3,29.849999999999998,15.51,"Cash","D.S.|880-7532","No","No",37,"Yes"]
[670827,"2012-11-15","18:52:48","L195/AE",195,"Lego","Airplane","8 and up",5.95,1,5.95,3.09,"Mastercard","L.C.|880-6872","No","Yes",40,"No"]
[670870,"2012-11-15","20:03:00","L195/AE",195,"Lego","Airplane","8 and up",5.95,1,5.95,3.09,"Visa","V.W.|880-4523","No","No",27,"No"]
[670918,"2012-11-15","15:52:19.200","D255/FE",192,"Duplo","Policemen","6 and up",9.9499999999999993,1,9.9499999999999993,5.17,"Discover","N.C.|880-3850","No","No",33,"Yes"]
[670953,"2012-11-16","11:22:12","L195/AE",195,"Lego","Airplane","8 and up",5.95,1,5.95,3.09,"Cash","W.B.|880-9647","No","No",17,"No"]
[670977,"2012-11-16","13:22:48","D250/AT",192,"Duplo","Policemen","6 and up",9.9499999999999993,1,9.9499999999999993,5.17,"Visa","W.B.|880-9647","No","No",53,"No"]
[670980,"2012-11-16","12:52:44.400","L256/PE",256,"Lego","Police Officers and Motorcycle","9 and up",9.9499999999999993,1,9.9499999999999993,4.4800000000000004,"Check","D.S.|880-7532","Yes","Yes",30,"No"]
[670980,"2012-11-16","12:52:44.400","L196/AR",196,"Lego","Antique Car","8 and up",7.95,1,7.95,4.45,"Check","D.S.|880-7532","Yes","Yes",30,"No"]
[670991,"2012-11-16","20:13:12","L256/PE",256,"Lego","Police Officers and Motorcycle","9 and up",9.9499999999999993,1,9.9499999999999993,4.4800000000000004,"Cash","B.B.|880-9330","No","No",37,"Yes"]
[671036,"2012-11-16","11:39:00","D255/FE",192,"Duplo","Policemen","6 and up",9.9499999999999993,1,9.9499999999999993,5.17,"Visa","D.U.|880-2953","No","No",31,"Yes"]
[671069,"2012-11-17","16:34:12","L195/AE",195,"Lego","Airplane","8 and up",5.95,2,11.9,6.18,"Mastercard","Z.T.|880-7477","No","No",26,"No"]
[671089,"2012-11-17","13:33:00","D255/FE",192,"Duplo","Policemen","6 and up",9.9499999999999993,2,19.899999999999999,10.34,"Cash","P.N.|880-3021","No","No",36,"No"]
[671089,"2012-11-17","13:33:00","L256/PE",256,"Lego","Police Officers and Motorcycle","9 and up",9.9499999999999993,2,19.899999999999999,8.9600000000000009,"Cash","P.N.|880-3021","No","No",36,"No"]
[671089,"2012-11-17","13:33:00","L195/AE",195,"Lego","Airplane","8 and up",5.95,2,11.9,6.18,"Cash","P.N.|880-3021","No","No",36,"No"]
[671138,"2012-11-17","16:19:48","D255/FE",192,"Duplo","Policemen","6 and up",9.9499999999999993,5,49.75,25.85,"Gift Card","H.B.|880-3254","No","No",49,"No"]
[671140,"2012-11-17","12:59:06","L256/PE",256,"Lego","Police Officers and Motorcycle","9 and up",9.9499999999999993,1,9.9499999999999993,4.4800000000000004,"Visa","D.Z.|880-1179","No","No",31,"Yes"]
[671182,"2012-11-18","11:40:12","D254/FE",192,"Duplo","Policemen","6 and up",9.9499999999999993,2,19.899999999999999,10.34,"Visa","U.W.|880-9683","No","No",40,"No"]
[671199,"2012-11-18","20:03:00","D254/FE",192,"Duplo","Policemen","6 and up",9.9499999999999993,2,19.899999999999999,10.34,"Visa","S.Y.|880-3139","No","No",38,"No"]
[671199,"2012-11-18","20:03:00","L195/AE",195,"Lego","Airplane","8 and up",5.95,2,11.9,6.18,"Visa","S.Y.|880-3139","No","No",38,"No"]
[671199,"2012-11-18","20:03:00","L256/PE",256,"Lego","Police Officers and Motorcycle","9 and up",9.9499999999999993,2,19.899999999999999,8.9600000000000009,"Visa","S.Y.|880-3139","No","No",38,"No"]
[671199,"2012-11-18","20:03:00","D250/AT",192,"Duplo","Policemen","6 and up",9.9499999999999993,4,39.799999999999997,20.68,"Visa","S.Y.|880-3139","No","No",38,"No"]
[671210,"2012-11-19","16:20:24","D250/AT",192,"Duplo","Policemen","6 and up",9.9499999999999993,1,9.9499999999999993,5.17,"Gift Card","S.V.|880-5987","No","No",51,"No"]
[671256,"2012-11-19","16:43:12","D254/FE",192,"Duplo","Policemen","6 and up",9.9499999999999993,1,9.9499999999999993,5.17,"Check","Y.P.|880-6894","No","No",11,"Yes"]
[671256,"2012-11-19","16:43:12","L195/AE",195,"Lego","Airplane","8 and up",5.95,4,23.8,12.36,"Check","Y.P.|880-6894","No","No",11,"Yes"]
[671264,"2012-11-19","13:21:36","D254/FE",192,"Duplo","Policemen","6 and up",9.9499999999999993,1,9.9499999999999993,5.17,"Cash","N.C.|880-3850","No","No",48,"Yes"]
[671283,"2012-11-20","13:19:12","D250/AT",192,"Duplo","Policemen","6 and up",9.9499999999999993,1,9.9499999999999993,5.17,"Visa","V.W.|880-8599","No","No",53,"No"]
[671323,"2012-11-21","13:10:48","L197/FS",199,"Duplo","Scooter","4 and up",4.95,1,4.95,2.52,"Visa","W.B.|880-9647","Yes","No",31,"No"]
[671359,"2012-11-21","14:55:48","D254/FE",192,"Duplo","Policemen","6 and up",9.9499999999999993,2,19.899999999999999,10.34,"Mastercard","N.W.|880-6237","No","No",59,"No"]
[671382,"2012-11-21","13:10:12","D255/FE",192,"Duplo","Policemen","6 and up",9.9499999999999993,1,9.9499999999999993,5.17,"Mastercard","C.X.|880-3590","No","No",30,"No"]
[671409,"2012-11-22","11:23:24","D254/FE",192,"Duplo","Policemen","6 and up",9.9499999999999993,1,9.9499999999999993,5.17,"Gift Card","S.Y.|880-3139","No","No",60,"No"]
[671457,"2012-11-22","17:24:00","D250/AT",192,"Duplo","Policemen","6 and up",9.9499999999999993,2,19.899999999999999,10.34,"Visa","L.C.|880-6872","No","No",39,"Yes"]
[671492,"2012-11-22","14:31:12","D250/AT",192,"Duplo","Policemen","6 and up",9.9499999999999993,3,29.849999999999998,15.51,"Visa","W.B.|880-9647","No","Yes",35,"No"]
[671494,"2012-11-22","14:25:48","D250/AT",192,"Duplo","Policemen","6 and up",9.9499999999999993,4,39.799999999999997,20.68,"Visa","W.B.|880-9647","No","No",38,"No"]
[671517,"2012-11-22","16:29:49.200","L256/PE",256,"Lego","Police Officers and Motorcycle","9 and up",9.9499999999999993,3,29.849999999999998,13.44,"Cash","L.C.|880-6872","No","Yes",43,"No"]
[671549,"2012-11-22","16:19:48","L195/AE",195,"Lego","Airplane","8 and up",5.95,1,5.95,3.09,"Visa","Z.Q.|880-4240","No","No",34,"Yes"]
[671563,"2012-11-23","08:02:24","D255/FE",192,"Duplo","Policemen","6 and up",9.9499999999999993,2,19.899999999999999,10.34,"Mastercard","Z.T.|880-7477","No","No",38,"No"]
[671563,"2012-11-23","08:02:24","D250/AT",192,"Duplo","Policemen","6 and up",9.9499999999999993,2,19.899999999999999,10.34,"Mastercard","Z.T.|880-7477","No","No",38,"No"]
[671588,"2012-11-23","15:27:25.200","D255/FE",192,"Duplo","Policemen","6 and up",9.9499999999999993,2,19.899999999999999,10.34,"Cash","U.O.|880-3720","No","No",40,"Yes"]
[671605,"2012-11-23","13:07:01.200","L196/AR",196,"Lego","Antique Car","8 and up",7.95,1,7.95,4.45,"Visa","S.V.|880-5987","No","No",31,"No"]
[671637,"2012-11-23","16:42:14.400","D250/AT",192,"Duplo","Policemen","6 and up",9.9499999999999993,1,9.9499999999999993,5.17,"Visa","C.X.|880-3590","Yes","No",40,"No"]
[671647,"2012-11-24","15:16:26.400","D254/FE",192,"Duplo","Policemen","6 and up",9.9499999999999993,1,9.9499999999999993,5.17,"Mastercard","C.X.|880-3590","No","No",38,"Yes"]
[671685,"2012-11-24","20:36:00","L256/PE",256,"Lego","Police Officers and Motorcycle","9 and up",9.9499999999999993,2,19.899999999999999,8.9600000000000009,"Gift Card","A.U.|880-2167","No","No",34,"No"]
[671700,"2012-11-25","16:58:48","D254/FE",192,"Duplo","Policemen","6 and up",9.9499999999999993,1,9.9499999999999993,5.17,"Visa","D.U.|880-2953","No","No",27,"No"]
[671700,"2012-11-25","16:58:48","L195/AE",195,"Lego","Airplane","8 and up",5.95,1,5.95,3.09,"Visa","D.U.|880-2953","No","No",27,"No"]
[671735,"2012-11-25","16:58:04.800","D199/SR",192,"Duplo","Policemen","6 and up",9.9499999999999993,5,49.75,25.85,"Visa","B.B.|880-9330","No","No",21,"Yes"]
[671753,"2012-11-25","15:46:12","D255/FE",192,"Duplo","Policemen","6 and up",9.9499999999999993,4,39.799999999999997,20.68,"Visa","U.W.|880-9683","No","No",19,"No"]
[671753,"2012-11-25","15:46:12","L195/AE",195,"Lego","Airplane","8 and up",5.95,1,5.95,3.09,"Visa","U.W.|880-9683","No","No",19,"No"]
[671799,"2012-11-26","19:18:00","D192/PN",192,"Duplo","Policemen","6 and up",9.9499999999999993,4,39.799999999999997,20.68,"Discover","H.B.|880-3254","No","No",40,"No"]
[671801,"2012-11-27","10:40:37.200","L195/AE",195,"Lego","Airplane","8 and up",5.95,4,23.8,12.36,"Mastercard","D.Z.|880-1179","No","No",38,"No"]
[671801,"2012-11-27","10:40:37.200","D250/AT",192,"Duplo","Policemen","6 and up",9.9499999999999993,1,9.9499999999999993,5.17,"Mastercard","D.Z.|880-1179","No","No",38,"No"]
[671816,"2012-11-27","12:58:12","D250/AT",192,"Duplo","Policemen","6 and up",9.9499999999999993,1,9.9499999999999993,5.17,"Visa","V.W.|880-8599","No","No",28,"Yes"]
[671858,"2012-11-27","12:21:36","L195/AE",195,"Lego","Airplane","8 and up",5.95,2,11.9,6.18,"Cash","B.B.|880-9330","No","No",6,"No"]
[671901,"2012-11-28","19:34:12","L196/AR",196,"Lego","Antique Car","8 and up",7.95,1,7.95,4.45,"Cash","V.W.|880-4523","No","No",37,"No"]
[671923,"2012-11-28","13:38:24","L256/PE",256,"Lego","Police Officers and Motorcycle","9 and up",9.9499999999999993,4,39.799999999999997,17.920000000000002,"Cash","U.O.|880-3720","No","No",28,"Yes"]
[671935,"2012-11-28","14:10:12","D254/FE",192,"Duplo","Policemen","6 and up",9.9499999999999993,2,19.899999999999999,10.34,"Visa","H.B.|880-3254","No","No",46,"No"]
[671984,"2012-11-28","16:39:36","D255/FE",192,"Duplo","Policemen","6 and up",9.9499999999999993,5,49.75,25.85,"Cash","Y.P.|880-6894","No","No",40,"No"]
[671992,"2012-11-28","18:58:12","L256/PE",256,"Lego","Police Officers and Motorcycle","9 and up",9.9499999999999993,2,19.899999999999999,8.9600000000000009,"Discover","S.Y.|880-3139","No","No",37,"Yes"]
[672040,"2012-11-28","10:25:55.200","L195/AE",195,"Lego","Airplane","8 and up",5.95,1,5.95,3.09,"Visa","Z.Q.|880-4240","Yes","No",23,"Yes"]
[672078,"2012-11-28","15:08:24","D254/FE",192,"Duplo","Policemen","6 and up",9.9499999999999993,5,49.75,25.85,"Mastercard","H.B.|880-3254","No","No",31,"Yes"]
[672091,"2012-11-28","12:32:24","L256/PE",256,"Lego","Police Officers and Motorcycle","9 and up",9.9499999999999993,2,19.899999999999999,8.9600000000000009,"Cash","W.C.|880-4861","No","No",42,"No"]
[672118,"2012-11-28","18:26:24","D255/FE",192,"Duplo","Policemen","6 and up",9.9499999999999993,1,9.9499999999999993,5.17,"Gift Card","L.W.|880-4986","No","No",39,"No"]
[672118,"2012-11-28","18:26:24","L195/AE",195,"Lego","Airplane","8 and up",5.95,1,5.95,3.09,"Gift Card","L.W.|880-4986","No","No",39,"No"]
[672134,"2012-11-28","20:01:48","L256/PE",256,"Lego","Police Officers and Motorcycle","9 and up",9.9499999999999993,1,9.9499999999999993,4.4800000000000004,"Visa","D.Z.|880-1179","No","No",44,"No"]
[672134,"2012-11-28","20:01:48","L212/SD",212,"Lego","Scooter and Stand","6 and up",4.95,4,19.8,8.92,"Visa","D.Z.|880-1179","No","No",44,"No"]
[672134,"2012-11-28","20:01:48","D254/FE",192,"Duplo","Policemen","6 and up",9.9499999999999993,1,9.9499999999999993,5.17,"Visa","D.Z.|880-1179","No","No",44,"No"]
[672184,"2012-11-29","20:58:48","D250/AT",192,"Duplo","Policemen","6 and up",9.9499999999999993,2,19.899999999999999,10.34,"Visa","U.O.|880-3720","No","No",32,"No"]
[672184,"2012-11-29","20:58:48","L210/CS",210,"Lego","Cowboys with Horses","6 and up",9.4499999999999993,2,18.899999999999999,9.26,"Visa","U.O.|880-3720","No","No",32,"No"]
[672193,"2012-11-29","11:24:00","D250/AT",192,"Duplo","Policemen","6 and up",9.9499999999999993,2,19.899999999999999,10.34,"Visa","C.X.|880-3590","No","No",48,"No"]
[672236,"2012-11-29","16:10:12","L340/FS",340,"Lego","Fire Trucks","6 and up",34.950000000000003,1,34.950000000000003,19.920000000000002,"Visa","N.W.|880-6237","No","No",46,"Yes"]
[672276,"2012-11-29","13:03:36","L195/AE",195,"Lego","Airplane","8 and up",5.95,1,5.95,3.09,"Cash","N.C.|880-3850","No","No",30,"No"]
[672300,"2012-11-30","08:30:54","D254/FE",192,"Duplo","Policemen","6 and up",9.9499999999999993,1,9.9499999999999993,5.17,"Mastercard","S.V.|880-5987","No","No",14,"No"]
[672305,"2012-11-30","14:19:12","L195/AE",195,"Lego","Airplane","8 and up",5.95,4,23.8,12.36,"Mastercard","Z.T.|880-7477","No","No",30,"No"]
[672354,"2012-11-30","16:04:12","D255/FE",192,"Duplo","Policemen","6 and up",9.9499999999999993,4,39.799999999999997,20.68,"Visa","Y.P.|880-6894","No","No",30,"Yes"]
[672359,"2012-11-30","10:43:12","L210/CS",210,"Lego","Cowboys with Horses","6 and up",9.4499999999999993,2,18.899999999999999,9.26,"Visa","V.W.|880-8599","No","No",30,"No"]
[672390,"2012-12-01","11:32:49.200","L256/PE",256,"Lego","Police Officers and Motorcycle","9 and up",9.9499999999999993,3,29.849999999999998,13.44,"Gift Card","U.O.|880-3720","No","No",38,"Yes"]
[672390,"2012-12-01","11:32:49.200","L256/PE",256,"Lego","Police Officers and Motorcycle","9 and up",9.9499999999999993,1,9.9499999999999993,4.4800000000000004,"Gift Card","U.O.|880-3720","No","No",38,"Yes"]
[672403,"2012-12-01","11:57:36","L196/AR",196,"Lego","Antique Car","8 and up",7.95,1,7.95,4.45,"Visa","Z.Q.|880-4240","No","No",26,"No"]
[672419,"2012-12-01","20:01:48","L256/PE",256,"Lego","Police Officers and Motorcycle","9 and up",9.9499999999999993,5,49.75,22.4,"Visa","H.B.|880-3254","No","No",36,"No"]
[672464,"2012-12-01","13:03:21.600","D250/AT",192,"Duplo","Policemen","6 and up",9.9499999999999993,1,9.9499999999999993,5.17,"Cash","Z.T.|880-7477","No","No",35,"No"]
[672464,"2012-12-01","13:03:21.600","D255/FE",192,"Duplo","Policemen","6 and up",9.9499999999999993,1,9.9499999999999993,5.17,"Cash","Z.T.|880-7477","No","No",35,"No"]
[672500,"2012-12-03","09:21:46.800","L195/AE",195,"Lego","Airplane","8 and up",5.95,5,29.75,15.45,"Visa","D.Z.|880-1179","No","Yes",33,"Yes"]
[672540,"2012-12-03","12:37:12","D254/FE",192,"Duplo","Policemen","6 and up",9.9499999999999993,1,9.9499999999999993,5.17,"Gift Card","D.W.|880-7199","No","No",26,"No"]
[672545,"2012-12-03","16:15:36","D255/FE",192,"Duplo","Policemen","6 and up",9.9499999999999993,1,9.9499999999999993,5.17,"Visa","B.B.|880-9330","No","Yes",47,"No"]
[672545,"2012-12-03","16:15:36","L195/AE",195,"Lego","Airplane","8 and up",5.95,2,11.9,6.18,"Visa","B.B.|880-9330","No","Yes",47,"No"]
[672587,"2012-12-04","09:40:12","L212/SD",212,"Lego","Scooter and Stand","6 and up",4.95,4,19.8,8.92,"Check","L.C.|880-6872","No","No",38,"No"]
[672616,"2012-12-04","18:58:48","D250/AT",192,"Duplo","Policemen","6 and up",9.9499999999999993,5,49.75,25.85,"Cash","D.Z.|880-1179","No","No",30,"No"]
[672616,"2012-12-04","18:58:48","D198/LX",192,"Duplo","Policemen","6 and up",9.9499999999999993,1,9.9499999999999993,5.17,"Cash","D.Z.|880-1179","No","No",30,"No"]
[672618,"2012-12-04","15:12:36","L256/PE",256,"Lego","Police Officers and Motorcycle","9 and up",9.9499999999999993,1,9.9499999999999993,4.4800000000000004,"Discover","U.W.|880-9683","No","No",35,"Yes"]
[672630,"2012-12-04","12:08:24","D255/FE",192,"Duplo","Policemen","6 and up",9.9499999999999993,2,19.899999999999999,10.34,"Mastercard","S.Y.|880-3139","Yes","No",31,"No"]
[672630,"2012-12-04","12:08:24","D255/FE",192,"Duplo","Policemen","6 and up",9.9499999999999993,1,9.9499999999999993,5.17,"Mastercard","S.Y.|880-3139","Yes","No",31,"No"]
[672630,"2012-12-04","12:08:24","L195/AE",195,"Lego","Airplane","8 and up",5.95,1,5.95,3.09,"Mastercard","S.Y.|880-3139","Yes","No",31,"No"]
[672646,"2012-12-04","09:16:30","L256/PE",256,"Lego","Police Officers and Motorcycle","9 and up",9.9499999999999993,1,9.9499999999999993,4.4800000000000004,"Visa","C.X.|880-3590","No","No",48,"Yes"]
[672657,"2012-12-05","08:37:12","L330/GN",330,"Lego","Gas Station","8 and up",32.950000000000003,1,32.950000000000003,19.11,"Cash","S.Y.|880-3139","No","No",38,"No"]
[672698,"2012-12-05","19:25:12","L197/FS",199,"Duplo","Scooter","4 and up",4.95,2,9.9,5.04,"Mastercard","C.X.|880-3590","No","No",38,"No"]
[672701,"2012-12-05","14:37:22.800","D250/AT",192,"Duplo","Policemen","6 and up",9.9499999999999993,1,9.9499999999999993,5.17,"Mastercard","W.B.|880-9647","No","No",63,"Yes"]
[672701,"2012-12-05","14:37:22.800","D198/LX",192,"Duplo","Policemen","6 and up",9.9499999999999993,2,19.899999999999999,10.34,"Mastercard","W.B.|880-9647","No","No",63,"Yes"]
[672726,"2012-12-05","15:44:24","L256/PE",256,"Lego","Police Officers and Motorcycle","9 and up",9.9499999999999993,1,9.9499999999999993,4.4800000000000004,"Mastercard","D.S.|880-7532","Yes","Yes",39,"No"]
[672756,"2012-12-05","12:55:12","D250/AT",192,"Duplo","Policemen","6 and up",9.9499999999999993,1,9.9499999999999993,5.17,"Visa","A.U.|880-2167","No","No",22,"No"]
[672798,"2012-12-05","13:47:34.800","D254/FE",192,"Duplo","Policemen","6 and up",9.9499999999999993,1,9.9499999999999993,5.17,"Visa","W.B.|880-9647","No","No",55,"No"]
[672798,"2012-12-05","13:47:34.800","D255/FE",192,"Duplo","Policemen","6 and up",9.9499999999999993,1,9.9499999999999993,5.17,"Visa","W.B.|880-9647","No","No",55,"No"]
[672809,"2012-12-06","15:58:44.400","L195/AE",195,"Lego","Airplane","8 and up",5.95,4,23.8,12.36,"Mastercard","B.Y.|880-6845","No","No",32,"Yes"]
[672831,"2012-12-06","15:28:12","D250/AT",192,"Duplo","Policemen","6 and up",9.9499999999999993,1,9.9499999999999993,5.17,"Mastercard","B.Y.|880-6845","No","No",43,"No"]
[672839,"2012-12-06","14:13:26.400","D255/FE",192,"Duplo","Policemen","6 and up",9.9499999999999993,2,19.899999999999999,10.34,"Cash","H.B.|880-3254","No","No",27,"No"]
[672856,"2012-12-06","16:36:00","L256/PE",256,"Lego","Police Officers and Motorcycle","9 and up",9.9499999999999993,1,9.9499999999999993,4.4800000000000004,"Mastercard","V.W.|880-4523","No","No",28,"Yes"]
[672869,"2012-12-06","10:40:55.200","D254/FE",192,"Duplo","Policemen","6 and up",9.9499999999999993,1,9.9499999999999993,5.17,"Mastercard","A.U.|880-2167","No","No",41,"No"]
[672904,"2012-12-07","15:30:36","D255/FE",192,"Duplo","Policemen","6 and up",9.9499999999999993,5,49.75,25.85,"Cash","V.W.|880-4523","No","No",25,"No"]
[672950,"2012-12-07","14:18:36","D255/FE",192,"Duplo","Policemen","6 and up",9.9499999999999993,4,39.799999999999997,20.68,"Visa","B.B.|880-9330","No","No",39,"No"]
[673000,"2012-12-07","11:10:48","D254/FE",192,"Duplo","Policemen","6 and up",9.9499999999999993,1,9.9499999999999993,5.17,"Mastercard","V.W.|880-4523","No","No",40,"No"]
[673009,"2012-12-07","14:21:00","D255/FE",192,"Duplo","Policemen","6 and up",9.9499999999999993,1,9.9499999999999993,5.17,"Mastercard","H.B.|880-3254","No","No",44,"No"]
[673025,"2012-12-08","15:43:12","L256/PE",256,"Lego","Police Officers and Motorcycle","9 and up",9.9499999999999993,1,9.9499999999999993,4.4800000000000004,"Mastercard","L.W.|880-4986","No","No",44,"No"]
[673059,"2012-12-08","11:01:30","D254/FE",192,"Duplo","Policemen","6 and up",9.9499999999999993,1,9.9499999999999993,5.17,"Cash","D.S.|880-7532","No","Yes",32,"No"]
[673099,"2012-12-09","16:57:36","D250/AT",192,"Duplo","Policemen","6 and up",9.9499999999999993,2,19.899999999999999,10.34,"Visa","S.V.|880-5987","No","No",38,"Yes"]
[673143,"2012-12-09","12:28:58.800","L195/AE",195,"Lego","Airplane","8 and up",5.95,1,5.95,3.09,"Gift Card","Z.T.|880-7477","No","No",36,"No"]
[673145,"2012-12-09","15:39:25.200","L195/AE",195,"Lego","Airplane","8 and up",5.95,1,5.95,3.09,"Visa","L.C.|880-6872","No","No",58,"Yes"]
[673159,"2012-12-09","16:22:12","D192/PN",192,"Duplo","Policemen","6 and up",9.9499999999999993,4,39.799999999999997,20.68,"Visa","B.Y.|880-6845","No","No",40,"No"]
[673176,"2012-12-09","13:08:27.600","L256/PE",256,"Lego","Police Officers and Motorcycle","9 and up",9.9499999999999993,2,19.899999999999999,8.9600000000000009,"Cash","Z.T.|880-7477","No","No",38,"No"]
[673176,"2012-12-09","13:08:27.600","D255/FE",192,"Duplo","Policemen","6 and up",9.9499999999999993,2,19.899999999999999,10.34,"Cash","Z.T.|880-7477","No","No",38,"No"]
[673199,"2012-12-09","16:40:44.400","L195/AE",195,"Lego","Airplane","8 and up",5.95,1,5.95,3.09,"Visa","D.S.|880-7532","No","No",28,"No"]
[673243,"2012-12-10","18:46:48","D254/FE",192,"Duplo","Policemen","6 and up",9.9499999999999993,1,9.9499999999999993,5.17,"Visa","D.S.|880-7532","No","No",35,"No"]
[673243,"2012-12-10","18:46:48","L256/PE",256,"Lego","Police Officers and Motorcycle","9 and up",9.9499999999999993,1,9.9499999999999993,4.4800000000000004,"Visa","D.S.|880-7532","No","No",35,"No"]
[673269,"2012-12-10","13:41:24","D250/AT",192,"Duplo","Policemen","6 and up",9.9499999999999993,1,9.9499999999999993,5.17,"Cash","D.U.|880-2953","No","No",32,"No"]
[673286,"2012-12-11","10:21:36","L197/FS",199,"Duplo","Scooter","4 and up",4.95,4,19.8,10.08,"Mastercard","B.X.|880-9149","No","No",40,"No"]
[673312,"2012-12-11","08:07:48","L195/AE",195,"Lego","Airplane","8 and up",5.95,1,5.95,3.09,"Mastercard","W.B.|880-9647","No","No",39,"No"]
[673325,"2012-12-11","16:03:36","L196/AR",196,"Lego","Antique Car","8 and up",7.95,1,7.95,4.45,"Mastercard","Z.T.|880-7477","No","No",47,"No"]
[673358,"2012-12-11","09:43:12","D254/FE",192,"Duplo","Policemen","6 and up",9.9499999999999993,1,9.9499999999999993,5.17,"Cash","A.U.|880-2167","No","No",34,"No"]
[673395,"2012-12-11","14:13:48","L256/PE",256,"Lego","Police Officers and Motorcycle","9 and up",9.9499999999999993,1,9.9499999999999993,4.4800000000000004,"Discover","A.U.|880-2167","Yes","No",48,"No"]
[673423,"2012-12-11","14:04:12","D192/PN",192,"Duplo","Policemen","6 and up",9.9499999999999993,1,9.9499999999999993,5.17,"Cash","U.O.|880-3720","No","No",44,"No"]
[673423,"2012-12-11","14:04:12","L340/FS",340,"Lego","Fire Trucks","6 and up",34.950000000000003,1,34.950000000000003,19.920000000000002,"Cash","U.O.|880-3720","No","No",44,"No"]
[673424,"2012-12-12","16:07:37.200","D255/FE",192,"Duplo","Policemen","6 and up",9.9499999999999993,2,19.899999999999999,10.34,"Cash","Y.P.|880-6894","No","No",31,"No"]
[673441,"2012-12-12","10:29:45.600","D255/FE",192,"Duplo","Policemen","6 and up",9.9499999999999993,5,49.75,25.85,"Visa","S.V.|880-5987","No","No",41,"Yes"]
[673441,"2012-12-12","10:29:45.600","L195/AE",195,"Lego","Airplane","8 and up",5.95,1,5.95,3.09,"Visa","S.V.|880-5987","No","No",41,"Yes"]
[673469,"2012-12-12","19:17:24","D255/FE",192,"Duplo","Policemen","6 and up",9.9499999999999993,2,19.899999999999999,10.34,"Gift Card","W.B.|880-9647","No","No",8,"Yes"]
[673506,"2012-12-12","12:55:12","L197/FS",199,"Duplo","Scooter","4 and up",4.95,1,4.95,2.52,"Cash","D.S.|880-7532","No","No",39,"No"]
[673506,"2012-12-12","12:55:12","D255/FE",192,"Duplo","Policemen","6 and up",9.9499999999999993,1,9.9499999999999993,5.17,"Cash","D.S.|880-7532","No","No",39,"No"]
[673539,"2012-12-12","16:02:24","L256/PE",256,"Lego","Police Officers and Motorcycle","9 and up",9.9499999999999993,1,9.9499999999999993,4.4800000000000004,"Visa","B.Y.|880-6845","No","Yes",33,"Yes"]
[673539,"2012-12-12","16:02:24","L195/AE",195,"Lego","Airplane","8 and up",5.95,1,5.95,3.09,"Visa","B.Y.|880-6845","No","Yes",33,"Yes"]
[673561,"2012-12-12","15:43:01.200","D250/AT",192,"Duplo","Policemen","6 and up",9.9499999999999993,2,19.899999999999999,10.34,"Visa","B.X.|880-9149","No","No",37,"Yes"]
[673561,"2012-12-12","15:43:01.200","L195/AE",195,"Lego","Airplane","8 and up",5.95,2,11.9,6.18,"Visa","B.X.|880-9149","No","No",37,"Yes"]
[673581,"2012-12-12","10:42:21.600","D250/AT",192,"Duplo","Policemen","6 and up",9.9499999999999993,4,39.799999999999997,20.68,"Check","V.W.|880-8599","No","No",28,"No"]
[673589,"2012-12-12","16:39:36","L256/PE",256,"Lego","Police Officers and Motorcycle","9 and up",9.9499999999999993,2,19.899999999999999,8.9600000000000009,"Gift Card","S.Y.|880-3139","No","No",58,"No"]
[673633,"2012-12-13","10:25:12","D250/AT",192,"Duplo","Policemen","6 and up",9.9499999999999993,1,9.9499999999999993,5.17,"Cash","D.Z.|880-1179","No","Yes",35,"No"]
[673634,"2012-12-13","15:44:24","L212/SD",212,"Lego","Scooter and Stand","6 and up",4.95,2,9.9,4.46,"Mastercard","D.U.|880-2953","No","No",64,"Yes"]
[673678,"2012-12-13","12:40:48","D250/AT",192,"Duplo","Policemen","6 and up",9.9499999999999993,1,9.9499999999999993,5.17,"Mastercard","N.W.|880-6237","No","No",44,"Yes"]
[673688,"2012-12-13","13:15:18","D255/FE",192,"Duplo","Policemen","6 and up",9.9499999999999993,1,9.9499999999999993,5.17,"Cash","V.W.|880-8599","No","No",75,"No"]
[673688,"2012-12-13","13:15:18","L256/PE",256,"Lego","Police Officers and Motorcycle","9 and up",9.9499999999999993,1,9.9499999999999993,4.4800000000000004,"Cash","V.W.|880-8599","No","No",75,"No"]
[673728,"2012-12-13","16:01:19.200","D254/FE",192,"Duplo","Policemen","6 and up",9.9499999999999993,2,19.899999999999999,10.34,"Visa","D.Z.|880-1179","No","No",38,"No"]
[673771,"2012-12-13","10:07:37.200","L256/PE",256,"Lego","Police Officers and Motorcycle","9 and up",9.9499999999999993,5,49.75,22.4,"Visa","U.W.|880-9683","No","No",30,"No"]
[673799,"2012-12-14","12:00:43.200","L195/AE",195,"Lego","Airplane","8 and up",5.95,1,5.95,3.09,"Visa","V.W.|880-8599","No","No",34,"No"]
[673803,"2012-12-14","16:17:34.800","D254/FE",192,"Duplo","Policemen","6 and up",9.9499999999999993,2,19.899999999999999,10.34,"Cash","B.Y.|880-6845","No","No",22,"No"]
[673822,"2012-12-14","11:31:58.800","L195/AE",195,"Lego","Airplane","8 and up",5.95,5,29.75,15.45,"Cash","W.C.|880-4861","No","No",41,"No"]
[673823,"2012-12-14","14:58:48","L195/AE",195,"Lego","Airplane","8 and up",5.95,1,5.95,3.09,"Discover","B.Y.|880-6845","No","No",28,"Yes"]
[673867,"2012-12-14","12:22:55.200","D254/FE",192,"Duplo","Policemen","6 and up",9.9499999999999993,1,9.9499999999999993,5.17,"Mastercard","B.X.|880-9149","No","No",29,"No"]
[673882,"2012-12-15","16:01:30","L256/PE",256,"Lego","Police Officers and Motorcycle","9 and up",9.9499999999999993,2,19.899999999999999,8.9600000000000009,"Visa","D.W.|880-7199","No","Yes",34,"No"]
[673882,"2012-12-15","16:01:30","D255/FE",192,"Duplo","Policemen","6 and up",9.9499999999999993,1,9.9499999999999993,5.17,"Visa","D.W.|880-7199","No","Yes",34,"No"]
[673920,"2012-12-15","13:47:02.400","D254/FE",192,"Duplo","Policemen","6 and up",9.9499999999999993,1,9.9499999999999993,5.17,"Discover","B.Y.|880-6845","No","Yes",29,"No"]
[673920,"2012-12-15","13:47:02.400","D254/FE",192,"Duplo","Policemen","6 and up",9.9499999999999993,2,19.899999999999999,10.34,"Discover","B.Y.|880-6845","No","Yes",29,"No"]
[673961,"2012-12-16","20:00:00","D255/FE",192,"Duplo","Policemen","6 and up",9.9499999999999993,4,39.799999999999997,20.68,"Visa","S.V.|880-5987","No","Yes",42,"No"]
[673990,"2012-12-16","12:20:24","L212/SD",212,"Lego","Scooter and Stand","6 and up",4.95,1,4.95,2.23,"Cash","D.S.|880-7532","No","No",39,"No"]
[673990,"2012-12-16","12:20:24","D254/FE",192,"Duplo","Policemen","6 and up",9.9499999999999993,1,9.9499999999999993,5.17,"Cash","D.S.|880-7532","No","No",39,"No"]
[674019,"2012-12-16","12:21:36","D254/FE",192,"Duplo","Policemen","6 and up",9.9499999999999993,1,9.9499999999999993,5.17,"Cash","N.W.|880-6237","No","No",49,"No"]
[674050,"2012-12-16","20:19:48","D250/AT",192,"Duplo","Policemen","6 and up",9.9499999999999993,2,19.899999999999999,10.34,"Cash","W.B.|880-9647","No","Yes",35,"No"]
[674055,"2012-12-16","09:09:50.400","L256/PE",256,"Lego","Police Officers and Motorcycle","9 and up",9.9499999999999993,3,29.849999999999998,13.44,"Check","N.W.|880-6237","Yes","No",39,"No"]
[674097,"2012-12-17","14:18:00","D254/FE",192,"Duplo","Policemen","6 and up",9.9499999999999993,1,9.9499999999999993,5.17,"Visa","D.S.|880-7532","No","No",35,"No"]
[674097,"2012-12-17","14:18:00","D250/AT",192,"Duplo","Policemen","6 and up",9.9499999999999993,1,9.9499999999999993,5.17,"Visa","D.S.|880-7532","No","No",35,"No"]
[674126,"2012-12-17","17:33:00","L195/AE",195,"Lego","Airplane","8 and up",5.95,4,23.8,12.36,"Cash","U.W.|880-9683","No","No",31,"No"]
[674158,"2012-12-17","13:21:00","D254/FE",192,"Duplo","Policemen","6 and up",9.9499999999999993,1,9.9499999999999993,5.17,"Mastercard","D.U.|880-2953","No","No",31,"No"]
[674171,"2012-12-17","15:54:36","L195/AE",195,"Lego","Airplane","8 and up",5.95,4,23.8,12.36,"Visa","D.Z.|880-1179","No","Yes",28,"Yes"]
[674195,"2012-12-18","18:39:36","L195/AE",195,"Lego","Airplane","8 and up",5.95,1,5.95,3.09,"Discover","W.C.|880-4861","Yes","Yes",38,"No"]
[674195,"2012-12-18","18:39:36","D255/FE",192,"Duplo","Policemen","6 and up",9.9499999999999993,1,9.9499999999999993,5.17,"Discover","W.C.|880-4861","Yes","Yes",38,"No"]
[674195,"2012-12-18","18:39:36","L195/AE",195,"Lego","Airplane","8 and up",5.95,1,5.95,3.09,"Discover","W.C.|880-4861","Yes","Yes",38,"No"]
[674225,"2012-12-19","15:59:13.200","D255/FE",192,"Duplo","Policemen","6 and up",9.9499999999999993,1,9.9499999999999993,5.17,"Visa","D.S.|880-7532","No","No",42,"No"]
[674225,"2012-12-19","15:59:13.200","L256/PE",256,"Lego","Police Officers and Motorcycle","9 and up",9.9499999999999993,1,9.9499999999999993,4.4800000000000004,"Visa","D.S.|880-7532","No","No",42,"No"]
[674266,"2012-12-19","15:00:00","D254/FE",192,"Duplo","Policemen","6 and up",9.9499999999999993,2,19.899999999999999,10.34,"Visa","W.B.|880-9647","No","No",67,"No"]
[674286,"2012-12-20","15:42:00","L195/AE",195,"Lego","Airplane","8 and up",5.95,1,5.95,3.09,"Mastercard","U.O.|880-3720","No","No",31,"No"]
[674286,"2012-12-20","15:42:00","D250/AT",192,"Duplo","Policemen","6 and up",9.9499999999999993,1,9.9499999999999993,5.17,"Mastercard","U.O.|880-3720","No","No",31,"No"]
[674306,"2012-12-20","12:37:22.800","D255/FE",192,"Duplo","Policemen","6 and up",9.9499999999999993,4,39.799999999999997,20.68,"Cash","A.U.|880-2167","Yes","No",24,"No"]
[674332,"2012-12-20","15:12:28.800","L340/FS",340,"Lego","Fire Trucks","6 and up",34.950000000000003,4,139.80000000000001,79.680000000000007,"Cash","D.W.|880-7199","No","No",37,"No"]
[674363,"2012-12-21","09:21:54","L197/FS",199,"Duplo","Scooter","4 and up",4.95,2,9.9,5.04,"Cash","V.W.|880-4523","No","No",18,"No"]
[674363,"2012-12-21","09:21:54","L195/AE",195,"Lego","Airplane","8 and up",5.95,1,5.95,3.09,"Cash","V.W.|880-4523","No","No",18,"No"]
[674377,"2012-12-22","08:25:12","L256/PE",256,"Lego","Police Officers and Motorcycle","9 and up",9.9499999999999993,1,9.9499999999999993,4.4800000000000004,"Cash","D.S.|880-7532","No","No",30,"Yes"]
[674377,"2012-12-22","08:25:12","L195/AE",195,"Lego","Airplane","8 and up",5.95,1,5.95,3.09,"Cash","D.S.|880-7532","No","No",30,"Yes"]
[674404,"2012-12-22","12:22:48","L195/AE",195,"Lego","Airplane","8 and up",5.95,2,11.9,6.18,"Visa","L.W.|880-4986","No","No",34,"Yes"]
[674404,"2012-12-22","12:22:48","D250/AT",192,"Duplo","Policemen","6 and up",9.9499999999999993,2,19.899999999999999,10.34,"Visa","L.W.|880-4986","No","No",34,"Yes"]
[674410,"2012-12-22","11:48:39.600","D255/FE",192,"Duplo","Policemen","6 and up",9.9499999999999993,3,29.849999999999998,15.51,"Cash","D.W.|880-7199","No","No",27,"No"]
[674410,"2012-12-22","11:48:39.600","D255/FE",192,"Duplo","Policemen","6 and up",9.9499999999999993,1,9.9499999999999993,5.17,"Cash","D.W.|880-7199","No","No",27,"No"]
[674444,"2012-12-23","16:10:48","D250/AT",192,"Duplo","Policemen","6 and up",9.9499999999999993,1,9.9499999999999993,5.17,"Mastercard","Y.P.|880-6894","Yes","No",30,"No"]
[674445,"2012-12-23","15:45:00","L256/PE",256,"Lego","Police Officers and Motorcycle","9 and up",9.9499999999999993,1,9.9499999999999993,4.4800000000000004,"Discover","W.B.|880-9647","No","No",56,"No"]
[674445,"2012-12-23","15:45:00","D250/AT",192,"Duplo","Policemen","6 and up",9.9499999999999993,1,9.9499999999999993,5.17,"Discover","W.B.|880-9647","No","No",56,"No"]
[674481,"2012-12-24","12:59:24","D250/AT",192,"Duplo","Policemen","6 and up",9.9499999999999993,1,9.9499999999999993,5.17,"Cash","Z.T.|880-7477","No","No",41,"No"]
[674524,"2012-12-24","16:58:48","L196/AR",196,"Lego","Antique Car","8 and up",7.95,1,7.95,4.45,"Mastercard","W.B.|880-9647","No","No",38,"Yes"]
[674560,"2012-12-25","12:49:12","D254/FE",192,"Duplo","Policemen","6 and up",9.9499999999999993,2,19.899999999999999,10.34,"Check","V.W.|880-8599","No","No",23,"No"]
[674575,"2012-12-25","18:46:12","L197/FS",199,"Duplo","Scooter","4 and up",4.95,5,24.75,12.6,"Cash","L.C.|880-6872","No","No",35,"No"]
[674624,"2012-12-25","11:33:36","L195/AE",195,"Lego","Airplane","8 and up",5.95,1,5.95,3.09,"Cash","L.W.|880-4986","No","No",32,"No"]
[674655,"2012-12-25","15:33:00","L256/PE",256,"Lego","Police Officers and Motorcycle","9 and up",9.9499999999999993,2,19.899999999999999,8.9600000000000009,"Mastercard","S.V.|880-5987","No","No",48,"No"]
[674655,"2012-12-25","15:33:00","D254/FE",192,"Duplo","Policemen","6 and up",9.9499999999999993,1,9.9499999999999993,5.17,"Mastercard","S.V.|880-5987","No","No",48,"No"]

{"sheet":"HW3Data","index":13,"n_rows":1003,"n_cols":18,"rows_kept":1003,"cut":false,"hidden":true,"merged":[]}
["Create a PivotTable that shows number of transactions by the Hour on a new sheet (drop any text field into Values to count)."]
[]
["Invoice Number","Date","Time","Internal Toy ID Number","Toy Item Number","Toy Company","Toy Name","Suggested Age","Price Per Toy","Units Sold","Total Line Revenue","Total COGS","Payment","Cashier ID","Member?","Coupon?","Purchaser Age","Parking Validation?"]
[654522,"2010-01-07","10:25:37.200","D255/FE",192,"Duplo","Policemen","6 and up",9.9499999999999993,1,9.9499999999999993,5.17,"Cash","V.W.|880-4523","No","No",39,"No"]
[654526,"2010-01-07","12:00:00","L217/SN",255,"Duplo","Farming Scene","7 and up",24.95,5,124.75,81.099999999999994,"Visa","B.X.|880-9149","No","No",29,"No"]
[654568,"2010-01-07","14:19:12","L195/AE",195,"Lego","Airplane","8 and up",5.95,1,5.95,3.09,"Cash","Z.Q.|880-4240","No","Yes",46,"Yes"]
[654576,"2010-01-25","12:57:00","L256/PE",256,"Lego","Police Officers and Motorcycle","9 and up",9.9499999999999993,1,9.9499999999999993,4.4800000000000004,"Discover","D.U.|880-2953","No","No",36,"No"]
[654613,"2010-02-05","14:51:36","D250/AT",192,"Duplo","Policemen","6 and up",9.9499999999999993,1,9.9499999999999993,5.17,"Cash","D.Z.|880-1179","No","No",33,"No"]
[654624,"2010-02-05","14:36:00","D250/AT",192,"Duplo","Policemen","6 and up",9.9499999999999993,5,49.75,25.85,"Cash","L.W.|880-4986","No","No",47,"No"]
[654650,"2010-02-06","14:33:36","D250/AT",192,"Duplo","Policemen","6 and up",9.9499999999999993,1,9.9499999999999993,5.17,"Mastercard","D.S.|880-7532","No","No",34,"No"]
[654650,"2010-02-06","14:33:36","L195/AE",195,"Lego","Airplane","8 and up",5.95,2,11.9,6.18,"Mastercard","D.S.|880-7532","No","No",34,"No"]
[654668,"2010-02-11","13:42:46.800","L195/AE",195,"Lego","Airplane","8 and up",5.95,1,5.95,3.09,"Check","D.W.|880-7199","No","No",47,"Yes"]
[654673,"2010-02-20","15:27:18","L256/PE",256,"Lego","Police Officers and Motorcycle","9 and up",9.9499999999999993,4,39.799999999999997,17.920000000000002,"Cash","W.B.|880-9647","No","No",32,"No"]
[654693,"2010-03-11","15:45:36","D254/FE",192,"Duplo","Policemen","6 and up",9.9499999999999993,1,9.9499999999999993,5.17,"Cash","B.Y.|880-6845","No","No",36,"No"]
[654693,"2010-03-11","15:45:36","L195/AE",195,"Lego","Airplane","8 and up",5.95,1,5.95,3.09,"Cash","B.Y.|880-6845","No","No",36,"No"]
[654733,"2010-03-11","13:59:24","L256/PE",256,"Lego","Police Officers and Motorcycle","9 and up",9.9499999999999993,2,19.899999999999999,8.9600000000000009,"Visa","P.N.|880-3021","No","No",36,"No"]
[654754,"2010-03-27","12:08:24","D255/FE",192,"Duplo","Policemen","6 and up",9.9499999999999993,1,9.9499999999999993,5.17,"Mastercard","P.N.|880-3021","No","No",33,"No"]
[654799,"2010-04-03","15:27:36","D255/FE",192,"Duplo","Policemen","6 and up",9.9499999999999993,3,29.849999999999998,15.51,"Cash","A.U.|880-2167","Yes","No",47,"No"]
[654827,"2010-04-09","15:58:33.600","D254/FE",192,"Duplo","Policemen","6 and up",9.9499999999999993,2,19.899999999999999,10.34,"Mastercard","A.U.|880-2167","No","No",35,"Yes"]
[654834,"2010-04-09","12:06:00","D254/FE",192,"Duplo","Policemen","6 and up",9.9499999999999993,2,19.899999999999999,10.34,"Visa","Z.Q.|880-4240","Yes","Yes",49,"No"]
[654860,"2010-04-09","17:12:36","L195/AE",195,"Lego","Airplane","8 and up",5.95,2,11.9,6.18,"Gift Card","B.B.|880-9330","No","Yes",30,"No"]
[654883,"2010-04-09","12:59:16.800","L217/SN",255,"Duplo","Farming Scene","7 and up",24.95,3,74.849999999999994,48.66,"Visa","Z.Q.|880-4240","No","No",42,"Yes"]
[654908,"2010-04-14","19:54:00","D218/FN",192,"Duplo","Policemen","6 and up",9.9499999999999993,1,9.9499999999999993,5.17,"Mastercard","L.C.|880-6872","No","No",39,"No"]
[654932,"2010-04-14","12:42:00","D250/AT",192,"Duplo","Policemen","6 and up",9.9499999999999993,1,9.9499999999999993,5.17,"Mastercard","U.O.|880-3720","No","No",36,"Yes"]
[654979,"2010-04-17","14:16:30","D254/FE",192,"Duplo","Policemen","6 and up",9.9499999999999993,2,19.899999999999999,10.34,"Cash","D.W.|880-7199","No","Yes",39,"No"]
[655029,"2010-04-22","13:39:36","L256/PE",256,"Lego","Police Officers and Motorcycle","9 and up",9.9499999999999993,1,9.9499999999999993,4.4800000000000004,"Discover","S.V.|880-5987","No","Yes",63,"No"]
[655035,"2010-04-24","17:16:48","L340/FS",340,"Lego","Fire Trucks","6 and up",34.950000000000003,2,69.900000000000006,39.840000000000003,"Mastercard","V.W.|880-4523","Yes","Yes",38,"No"]
[655083,"2010-04-25","16:52:12","L256/PE",256,"Lego","Police Officers and Motorcycle","9 and up",9.9499999999999993,2,19.899999999999999,8.9600000000000009,"Visa","N.W.|880-6237","No","Yes",33,"No"]
[655105,"2010-05-01","15:27:36","L256/PE",256,"Lego","Police Officers and Motorcycle","9 and up",9.9499999999999993,1,9.9499999999999993,4.4800000000000004,"Visa","U.W.|880-9683","No","No",33,"No"]
[655105,"2010-05-01","15:27:36","L256/PE",256,"Lego","Police Officers and Motorcycle","9 and up",9.9499999999999993,2,19.899999999999999,8.9600000000000009,"Visa","U.W.|880-9683","No","No",33,"No"]
[655112,"2010-05-04","14:47:13.200","D255/FE",192,"Duplo","Policemen","6 and up",9.9499999999999993,1,9.9499999999999993,5.17,"Visa","H.B.|880-3254","Yes","Yes",31,"No"]
[655124,"2010-05-06","12:39:57.600","D255/FE",192,"Duplo","Policemen","6 and up",9.9499999999999993,1,9.9499999999999993,5.17,"Visa","Z.Q.|880-4240","No","No",45,"No"]
[655165,"2010-05-30","17:40:12","D250/AT",192,"Duplo","Policemen","6 and up",9.9499999999999993,2,19.899999999999999,10.34,"Cash","D.U.|880-2953","Yes","Yes",29,"No"]
[655189,"2010-05-30","16:21:00","L195/AE",195,"Lego","Airplane","8 and up",5.95,2,11.9,6.18,"Visa","B.B.|880-9330","No","No",49,"No"]
[655232,"2010-05-30","11:17:24","D250/AT",192,"Duplo","Policemen","6 and up",9.9499999999999993,1,9.9499999999999993,5.17,"Cash","H.B.|880-3254","No","Yes",42,"No"]
[655232,"2010-05-30","11:17:24","L256/PE",256,"Lego","Police Officers and Motorcycle","9 and up",9.9499999999999993,2,19.899999999999999,8.9600000000000009,"Cash","H.B.|880-3254","No","Yes",42,"No"]
[655281,"2010-06-01","15:27:36","D255/FE",192,"Duplo","Policemen","6 and up",9.9499999999999993,4,39.799999999999997,20.68,"Mastercard","W.C.|880-4861","No","No",34,"Yes"]
[655298,"2010-06-09","16:28:48","D255/FE",192,"Duplo","Policemen","6 and up",9.9499999999999993,1,9.9499999999999993,5.17,"Discover","V.W.|880-8599","No","No",36,"No"]
[655323,"2010-06-13","12:18:36","D255/FE",192,"Duplo","Policemen","6 and up",9.9499999999999993,1,9.9499999999999993,5.17,"Mastercard","N.C.|880-3850","No","No",41,"No"]
[655358,"2010-06-13","19:16:12","L195/AE",195,"Lego","Airplane","8 and up",5.95,2,11.9,6.18,"Cash","W.C.|880-4861","No","No",32,"Yes"]
[655358,"2010-06-13","19:16:12","D254/FE",192,"Duplo","Policemen","6 and up",9.9499999999999993,1,9.9499999999999993,5.17,"Cash","W.C.|880-4861","No","No",32,"Yes"]
[655373,"2010-06-21","12:27:39.600","L195/AE",195,"Lego","Airplane","8 and up",5.95,1,5.95,3.09,"Visa","N.W.|880-6237","No","No",43,"No"]
[655385,"2010-06-21","16:05:24","L256/PE",256,"Lego","Police Officers and Motorcycle","9 and up",9.9499999999999993,2,19.899999999999999,8.9600000000000009,"Mastercard","W.B.|880-9647","No","No",46,"No"]
[655412,"2010-06-24","11:39:10.800","D254/FE",192,"Duplo","Policemen","6 and up",9.9499999999999993,5,49.75,25.85,"Mastercard","H.B.|880-3254","No","No",65,"No"]
[655412,"2010-06-24","11:39:10.800","D250/AT",192,"Duplo","Policemen","6 and up",9.9499999999999993,2,19.899999999999999,10.34,"Mastercard","H.B.|880-3254","No","No",65,"No"]
[655420,"2010-06-26","16:09:36","L256/PE",256,"Lego","Police Officers and Motorcycle","9 and up",9.9499999999999993,2,19.899999999999999,8.9600000000000009,"Mastercard","A.U.|880-2167","No","No",56,"Yes"]
[655467,"2010-07-04","13:46:48","L195/AE",195,"Lego","Airplane","8 and up",5.95,1,5.95,3.09,"Cash","Y.P.|880-6894","No","No",34,"Yes"]
[655505,"2010-07-09","09:10:12","D254/FE",192,"Duplo","Policemen","6 and up",9.9499999999999993,2,19.899999999999999,10.34,"Gift Card","N.C.|880-3850","No","No",30,"Yes"]
[655526,"2010-07-09","12:57:36","D250/AT",192,"Duplo","Policemen","6 and up",9.9499999999999993,3,29.849999999999998,15.51,"Mastercard","Z.Q.|880-4240","No","No",24,"Yes"]
[655557,"2010-07-10","16:00:00","L195/AE",195,"Lego","Airplane","8 and up",5.95,4,23.8,12.36,"Visa","V.W.|880-8599","No","No",37,"No"]
[655557,"2010-07-10","16:00:00","D255/FE",192,"Duplo","Policemen","6 and up",9.9499999999999993,2,19.899999999999999,10.34,"Visa","V.W.|880-8599","No","No",37,"No"]
[655570,"2010-07-18","14:46:12","D255/FE",192,"Duplo","Policemen","6 and up",9.9499999999999993,1,9.9499999999999993,5.17,"Cash","L.W.|880-4986","No","Yes",37,"No"]
[655577,"2010-07-19","11:24:00","L256/PE",256,"Lego","Police Officers and Motorcycle","9 and up",9.9499999999999993,4,39.799999999999997,17.920000000000002,"Mastercard","V.W.|880-8599","No","No",12,"No"]
[655613,"2010-07-25","12:04:22.800","D250/AT",192,"Duplo","Policemen","6 and up",9.9499999999999993,2,19.899999999999999,10.34,"Visa","L.W.|880-4986","No","No",64,"No"]
[655623,"2010-07-29","10:13:48","D250/AT",192,"Duplo","Policemen","6 and up",9.9499999999999993,1,9.9499999999999993,5.17,"Visa","D.U.|880-2953","No","No",43,"No"]
[655643,"2010-07-30","11:49:48","L195/AE",195,"Lego","Airplane","8 and up",5.95,3,17.850000000000001,9.27,"Gift Card","N.C.|880-3850","No","No",48,"No"]
[655661,"2010-08-09","16:56:24","D250/AT",192,"Duplo","Policemen","6 and up",9.9499999999999993,1,9.9499999999999993,5.17,"Mastercard","C.X.|880-3590","Yes","Yes",34,"No"]
[655661,"2010-08-09","16:56:24","D254/FE",192,"Duplo","Policemen","6 and up",9.9499999999999993,1,9.9499999999999993,5.17,"Mastercard","C.X.|880-3590","Yes","Yes",34,"No"]
[655673,"2010-08-16","15:42:36","D255/FE",192,"Duplo","Policemen","6 and up",9.9499999999999993,1,9.9499999999999993,5.17,"Cash","D.U.|880-2953","No","No",50,"Yes"]
[655676,"2010-08-18","18:27:36","D254/FE",192,"Duplo","Policemen","6 and up",9.9499999999999993,1,9.9499999999999993,5.17,"Cash","D.Z.|880-1179","No","No",38,"No"]
[655676,"2010-08-18","18:27:36","D254/FE",192,"Duplo","Policemen","6 and up",9.9499999999999993,4,39.799999999999997,20.68,"Cash","D.Z.|880-1179","No","No",38,"No"]
[655679,"2010-08-24","16:49:12","D250/AT",192,"Duplo","Policemen","6 and up",9.9499999999999993,3,29.849999999999998,15.51,"Gift Card","S.V.|880-5987","No","No",41,"No"]
[655716,"2010-09-02","16:19:04.800","D250/AT",192,"Duplo","Policemen","6 and up",9.9499999999999993,1,9.9499999999999993,5.17,"Cash","U.W.|880-9683","Yes","No",21,"No"]
[655731,"2010-09-05","18:17:24","D254/FE",192,"Duplo","Policemen","6 and up",9.9499999999999993,1,9.9499999999999993,5.17,"Visa","Z.T.|880-7477","No","Yes",31,"No"]
[655768,"2010-09-12","14:41:34.800","L256/PE",256,"Lego","Police Officers and Motorcycle","9 and up",9.9499999999999993,1,9.9499999999999993,4.4800000000000004,"Mastercard","H.B.|880-3254","No","No",40,"No"]
[655793,"2010-09-12","17:33:00","D255/FE",192,"Duplo","Policemen","6 and up",9.9499999999999993,3,29.849999999999998,15.51,"Cash","A.U.|880-2167","Yes","Yes",48,"No"]
[655793,"2010-09-12","17:33:00","D254/FE",192,"Duplo","Policemen","6 and up",9.9499999999999993,1,9.9499999999999993,5.17,"Cash","A.U.|880-2167","Yes","Yes",48,"No"]
[655833,"2010-09-21","18:36:36","L195/AE",195,"Lego","Airplane","8 and up",5.95,2,11.9,6.18,"Discover","H.B.|880-3254","No","No",32,"Yes"]
[655833,"2010-09-21","18:36:36","D250/AT",192,"Duplo","Policemen","6 and up",9.9499999999999993,2,19.899999999999999,10.34,"Discover","H.B.|880-3254","No","No",32,"Yes"]
[655842,"2010-10-04","13:49:12","D250/AT",192,"Duplo","Policemen","6 and up",9.9499999999999993,2,19.899999999999999,10.34,"Cash","D.W.|880-7199","No","No",44,"No"]
[655845,"2010-10-14","20:37:48","L195/AE",195,"Lego","Airplane","8 and up",5.95,1,5.95,3.09,"Mastercard","N.C.|880-3850","No","No",34,"No"]
[655894,"2010-10-16","16:01:48","D255/FE",192,"Duplo","Policemen","6 and up",9.9499999999999993,1,9.9499999999999993,5.17,"Discover","D.S.|880-7532","No","No",40,"No"]
[655933,"2010-10-16","10:30:00","L195/AE",195,"Lego","Airplane","8 and up",5.95,2,11.9,6.18,"Cash","U.W.|880-9683","No","No",31,"No"]
[655965,"2010-10-21","11:27:28.800","L196/AR",196,"Lego","Antique Car","8 and up",7.95,2,15.9,8.9,"Visa","W.C.|880-4861","No","No",45,"No"]
[655965,"2010-10-21","11:27:28.800","D254/FE",192,"Duplo","Policemen","6 and up",9.9499999999999993,1,9.9499999999999993,5.17,"Visa","W.C.|880-4861","No","No",45,"No"]
[655976,"2010-11-01","08:55:48","D250/AT",192,"Duplo","Policemen","6 and up",9.9499999999999993,1,9.9499999999999993,5.17,"Check","D.W.|880-7199","No","No",34,"No"]
[656007,"2010-11-01","20:07:48","D254/FE",192,"Duplo","Policemen","6 and up",9.9499999999999993,1,9.9499999999999993,5.17,"Mastercard","Z.T.|880-7477","No","No",43,"No"]
[656032,"2010-11-01","19:55:48","L194/FY",194,"Lego","Family","4 and up",14.95,1,14.95,8.3699999999999992,"Visa","W.B.|880-9647","No","No",43,"No"]
[656032,"2010-11-01","19:55:48","D254/FE",192,"Duplo","Policemen","6 and up",9.9499999999999993,1,9.9499999999999993,5.17,"Visa","W.B.|880-9647","No","No",43,"No"]
[656077,"2010-11-02","19:21:00","L256/PE",256,"Lego","Police Officers and Motorcycle","9 and up",9.9499999999999993,1,9.9499999999999993,4.4800000000000004,"Cash","U.W.|880-9683","Yes","No",37,"No"]
[656123,"2010-11-02","15:27:36","L256/PE",256,"Lego","Police Officers and Motorcycle","9 and up",9.9499999999999993,1,9.9499999999999993,4.4800000000000004,"Gift Card","V.W.|880-8599","No","Yes",38,"Yes"]
[656125,"2010-11-02","11:49:12","D250/AT",192,"Duplo","Policemen","6 and up",9.9499999999999993,1,9.9499999999999993,5.17,"Cash","U.O.|880-3720","No","No",37,"No"]
[656125,"2010-11-02","11:49:12","L195/AE",195,"Lego","Airplane","8 and up",5.95,1,5.95,3.09,"Cash","U.O.|880-3720","No","No",37,"No"]
[656171,"2010-11-02","15:14:24","L256/PE",256,"Lego","Police Officers and Motorcycle","9 and up",9.9499999999999993,3,29.849999999999998,13.44,"Visa","S.V.|880-5987","No","No",50,"No"]
[656171,"2010-11-02","15:14:24","L256/PE",256,"Lego","Police Officers and Motorcycle","9 and up",9.9499999999999993,1,9.9499999999999993,4.4800000000000004,"Visa","S.V.|880-5987","No","No",50,"No"]
[656207,"2010-11-02","13:25:48","D255/FE",192,"Duplo","Policemen","6 and up",9.9499999999999993,1,9.9499999999999993,5.17,"Cash","N.C.|880-3850","No","No",50,"No"]
[656246,"2010-11-02","10:59:16.800","L195/AE",195,"Lego","Airplane","8 and up",5.95,1,5.95,3.09,"Visa","A.U.|880-2167","No","Yes",43,"No"]
[656246,"2010-11-02","10:59:16.800","L256/PE",256,"Lego","Police Officers and Motorcycle","9 and up",9.9499999999999993,1,9.9499999999999993,4.4800000000000004,"Visa","A.U.|880-2167","No","Yes",43,"No"]
[656287,"2010-11-03","15:33:28.800","D255/FE",192,"Duplo","Policemen","6 and up",9.9499999999999993,1,9.9499999999999993,5.17,"Check","C.X.|880-3590","No","No",43,"No"]
[656300,"2010-11-03","17:16:12","D255/FE",192,"Duplo","Policemen","6 and up",9.9499999999999993,1,9.9499999999999993,5.17,"Cash","N.C.|880-3850","No","No",27,"No"]
[656314,"2010-11-03","12:48:36","D255/FE",192,"Duplo","Policemen","6 and up",9.9499999999999993,4,39.799999999999997,20.68,"Visa","D.S.|880-7532","No","Yes",26,"No"]
[656314,"2010-11-03","12:48:36","L195/AE",195,"Lego","Airplane","8 and up",5.95,5,29.75,15.45,"Visa","D.S.|880-7532","No","Yes",26,"No"]
[656314,"2010-11-03","12:48:36","L195/AE",195,"Lego","Airplane","8 and up",5.95,1,5.95,3.09,"Visa","D.S.|880-7532","No","Yes",26,"No"]
[656364,"2010-11-04","16:56:24","L195/AE",195,"Lego","Airplane","8 and up",5.95,1,5.95,3.09,"Visa","C.X.|880-3590","No","No",38,"Yes"]
[656380,"2010-11-05","15:40:12","D250/AT",192,"Duplo","Policemen","6 and up",9.9499999999999993,1,9.9499999999999993,5.17,"Cash","Z.T.|880-7477","No","No",29,"No"]
[656416,"2010-11-05","16:06:36","L256/PE",256,"Lego","Police Officers and Motorcycle","9 and up",9.9499999999999993,4,39.799999999999997,17.920000000000002,"Cash","C.X.|880-3590","Yes","No",14,"No"]
[656416,"2010-11-05","16:06:36","D254/FE",192,"Duplo","Policemen","6 and up",9.9499999999999993,1,9.9499999999999993,5.17,"Cash","C.X.|880-3590","Yes","No",14,"No"]
[656444,"2010-11-05","15:19:48","D250/AT",192,"Duplo","Policemen","6 and up",9.9499999999999993,1,9.9499999999999993,5.17,"Cash","B.Y.|880-6845","No","Yes",44,"Yes"]
[656478,"2010-11-05","20:51:36","L195/AE",195,"Lego","Airplane","8 and up",5.95,1,5.95,3.09,"Visa","W.B.|880-9647","No","Yes",32,"No"]
[656495,"2010-11-05","13:37:12","L195/AE",195,"Lego","Airplane","8 and up",5.95,2,11.9,6.18,"Check","D.U.|880-2953","No","No",30,"No"]
[656518,"2010-11-05","13:12:00","L256/PE",256,"Lego","Police Officers and Motorcycle","9 and up",9.9499999999999993,1,9.9499999999999993,4.4800000000000004,"Visa","B.B.|880-9330","No","No",19,"No"]
[656533,"2010-11-05","11:01:58.800","L256/PE",256,"Lego","Police Officers and Motorcycle","9 and up",9.9499999999999993,1,9.9499999999999993,4.4800000000000004,"Cash","V.W.|880-4523","No","No",50,"No"]
[656547,"2010-11-06","20:00:00","L195/AE",195,"Lego","Airplane","8 and up",5.95,2,11.9,6.18,"Visa","D.U.|880-2953","Yes","No",11,"No"]
[656588,"2010-11-06","13:24:36","L256/PE",256,"Lego","Police Officers and Motorcycle","9 and up",9.9499999999999993,1,9.9499999999999993,4.4800000000000004,"Visa","H.B.|880-3254","Yes","Yes",41,"Yes"]
[656617,"2010-11-06","10:52:12","D250/AT",192,"Duplo","Policemen","6 and up",9.9499999999999993,2,19.899999999999999,10.34,"Visa","A.U.|880-2167","No","No",38,"No"]
[656617,"2010-11-06","10:52:12","D255/FE",192,"Duplo","Policemen","6 and up",9.9499999999999993,1,9.9499999999999993,5.17,"Visa","A.U.|880-2167","No","No",38,"No"]
[656628,"2010-11-06","10:15:00","L330/GN",330,"Lego","Gas Station","8 and up",32.950000000000003,1,32.950000000000003,19.11,"Discover","U.O.|880-3720","No","No",37,"No"]
[656637,"2010-11-06","11:00:39.600","D254/FE",192,"Duplo","Policemen","6 and up",9.9499999999999993,1,9.9499999999999993,5.17,"Visa","B.Y.|880-6845","No","No",30,"No"]
[656648,"2010-11-06","13:24:36","L195/AE",195,"Lego","Airplane","8 and up",5.95,1,5.95,3.09,"Visa","W.B.|880-9647","No","No",11,"No"]
[656657,"2010-11-06","15:04:12","D254/FE",192,"Duplo","Policemen","6 and up",9.9499999999999993,1,9.9499999999999993,5.17,"Cash","U.W.|880-9683","No","No",22,"No"]
[656657,"2010-11-06","15:04:12","L212/SD",212,"Lego","Scooter and Stand","6 and up",4.95,1,4.95,2.23,"Cash","U.W.|880-9683","No","No",22,"No"]
[656657,"2010-11-06","15:04:12","D218/FN",192,"Duplo","Policemen","6 and up",9.9499999999999993,1,9.9499999999999993,5.17,"Cash","U.W.|880-9683","No","No",22,"No"]
[656671,"2010-11-07","13:21:36","D255/FE",192,"Duplo","Policemen","6 and up",9.9499999999999993,1,9.9499999999999993,5.17,"Gift Card","S.V.|880-5987","No","No",37,"No"]
[656692,"2010-11-08","15:22:12","L256/PE",256,"Lego","Police Officers and Motorcycle","9 and up",9.9499999999999993,1,9.9499999999999993,4.4800000000000004,"Visa","L.W.|880-4986","No","No",11,"No"]
[656737,"2010-11-08","19:04:48","D250/AT",192,"Duplo","Policemen","6 and up",9.9499999999999993,2,19.899999999999999,10.34,"Visa","D.S.|880-7532","No","No",40,"No"]
[656757,"2010-11-08","09:24:36","D255/FE",192,"Duplo","Policemen","6 and up",9.9499999999999993,1,9.9499999999999993,5.17,"Cash","S.Y.|880-3139","No","No",36,"Yes"]
[656757,"2010-11-08","09:24:36","D254/FE",192,"Duplo","Policemen","6 and up",9.9499999999999993,2,19.899999999999999,10.34,"Cash","S.Y.|880-3139","No","No",36,"Yes"]
[656770,"2010-11-09","14:56:24","D255/FE",192,"Duplo","Policemen","6 and up",9.9499999999999993,1,9.9499999999999993,5.17,"Mastercard","H.B.|880-3254","No","No",66,"No"]
[656807,"2010-11-10","11:28:48","L210/CS",210,"Lego","Cowboys with Horses","6 and up",9.4499999999999993,1,9.4499999999999993,4.63,"Visa","P.N.|880-3021","No","No",48,"No"]
[656822,"2010-11-10","08:07:48","D254/FE",192,"Duplo","Policemen","6 and up",9.9499999999999993,2,19.899999999999999,10.34,"Mastercard","B.B.|880-9330","No","No",57,"No"]
[656847,"2010-11-10","12:25:12","D198/LX",192,"Duplo","Policemen","6 and up",9.9499999999999993,2,19.899999999999999,10.34,"Visa","S.Y.|880-3139","Yes","No",38,"No"]
[656854,"2010-11-10","11:12:00","L195/AE",195,"Lego","Airplane","8 and up",5.95,1,5.95,3.09,"Mastercard","V.W.|880-4523","No","Yes",31,"No"]
[656893,"2010-11-10","15:20:24","L212/SD",212,"Lego","Scooter and Stand","6 and up",4.95,1,4.95,2.23,"Visa","U.O.|880-3720","No","No",45,"No"]
[656931,"2010-11-11","09:09:00","D254/FE",192,"Duplo","Policemen","6 and up",9.9499999999999993,1,9.9499999999999993,5.17,"Visa","A.U.|880-2167","No","No",30,"No"]
[656952,"2010-11-11","11:40:55.200","L195/AE",195,"Lego","Airplane","8 and up",5.95,3,17.850000000000001,9.27,"Cash","N.C.|880-3850","No","No",38,"No"]
[656956,"2010-11-11","12:48:36","L256/PE",256,"Lego","Police Officers and Motorcycle","9 and up",9.9499999999999993,1,9.9499999999999993,4.4800000000000004,"Mastercard","V.W.|880-8599","No","No",24,"No"]
[656991,"2010-11-11","15:47:24","D255/FE",192,"Duplo","Policemen","6 and up",9.9499999999999993,4,39.799999999999997,20.68,"Visa","V.W.|880-4523","No","Yes",43,"No"]
[656991,"2010-11-11","15:47:24","D198/LX",192,"Duplo","Policemen","6 and up",9.9499999999999993,2,19.899999999999999,10.34,"Visa","V.W.|880-4523","No","Yes",43,"No"]
[657009,"2010-11-11","12:02:24","D255/FE",192,"Duplo","Policemen","6 and up",9.9499999999999993,2,19.899999999999999,10.34,"Cash","V.W.|880-8599","No","No",36,"No"]
[657052,"2010-11-11","19:45:36","D254/FE",192,"Duplo","Policemen","6 and up",9.9499999999999993,1,9.9499999999999993,5.17,"Check","B.B.|880-9330","No","Yes",34,"Yes"]
[657052,"2010-11-11","19:45:36","L256/PE",256,"Lego","Police Officers and Motorcycle","9 and up",9.9499999999999993,1,9.9499999999999993,4.4800000000000004,"Check","B.B.|880-9330","No","Yes",34,"Yes"]
[657055,"2010-11-12","11:37:12","D250/AT",192,"Duplo","Policemen","6 and up",9.9499999999999993,2,19.899999999999999,10.34,"Check","D.S.|880-7532","No","No",36,"No"]
[657055,"2010-11-12","11:37:12","D250/AT",192,"Duplo","Policemen","6 and up",9.9499999999999993,2,19.899999999999999,10.34,"Check","D.S.|880-7532","No","No",36,"No"]
[657055,"2010-11-12","11:37:12","L256/PE",256,"Lego","Police Officers and Motorcycle","9 and up",9.9499999999999993,1,9.9499999999999993,4.4800000000000004,"Check","D.S.|880-7532","No","No",36,"No"]
[657093,"2010-11-12","13:33:50.400","D250/AT",192,"Duplo","Policemen","6 and up",9.9499999999999993,5,49.75,25.85,"Visa","Y.P.|880-6894","Yes","No",31,"Yes"]
[657101,"2010-11-13","09:53:24","L195/AE",195,"Lego","Airplane","8 and up",5.95,1,5.95,3.09,"Gift Card","Z.T.|880-7477","Yes","No",41,"Yes"]
[657140,"2010-11-13","16:50:56.400","L340/FS",340,"Lego","Fire Trucks","6 and up",34.950000000000003,2,69.900000000000006,39.840000000000003,"Visa","B.Y.|880-6845","No","No",34,"No"]
[657140,"2010-11-13","16:50:56.400","D255/FE",192,"Duplo","Policemen","6 and up",9.9499999999999993,1,9.9499999999999993,5.17,"Visa","B.Y.|880-6845","No","No",34,"No"]
[657187,"2010-11-13","10:39:36","D250/AT",192,"Duplo","Policemen","6 and up",9.9499999999999993,2,19.899999999999999,10.34,"Gift Card","Z.Q.|880-4240","No","No",31,"Yes"]
[657232,"2010-11-13","20:11:24","L195/AE",195,"Lego","Airplane","8 and up",5.95,3,17.850000000000001,9.27,"Visa","C.X.|880-3590","No","No",31,"Yes"]
[657255,"2010-11-14","17:18:36","D254/FE",192,"Duplo","Policemen","6 and up",9.9499999999999993,1,9.9499999999999993,5.17,"Check","U.O.|880-3720","No","No",27,"Yes"]
[657291,"2010-11-14","12:37:48","L256/PE",256,"Lego","Police Officers and Motorcycle","9 and up",9.9499999999999993,1,9.9499999999999993,4.4800000000000004,"Cash","Z.T.|880-7477","No","No",49,"No"]
[657306,"2010-11-14","09:50:56.400","D254/FE",192,"Duplo","Policemen","6 and up",9.9499999999999993,4,39.799999999999997,20.68,"Visa","N.C.|880-3850","No","No",69,"Yes"]
[657316,"2010-11-15","16:45:36","L252/LR",255,"Duplo","Farming Scene","7 and up",24.95,1,24.95,16.22,"Mastercard","P.N.|880-3021","No","No",20,"No"]
[657320,"2010-11-15","08:24:10.800","D250/AT",192,"Duplo","Policemen","6 and up",9.9499999999999993,1,9.9499999999999993,5.17,"Mastercard","B.X.|880-9149","No","No",30,"Yes"]
[657336,"2010-11-15","08:29:42","D255/FE",192,"Duplo","Policemen","6 and up",9.9499999999999993,1,9.9499999999999993,5.17,"Mastercard","H.B.|880-3254","No","No",37,"Yes"]
[657336,"2010-11-15","08:29:42","D250/AT",192,"Duplo","Policemen","6 and up",9.9499999999999993,1,9.9499999999999993,5.17,"Mastercard","H.B.|880-3254","No","No",37,"Yes"]
[657366,"2010-11-16","08:44:42","L256/PE",256,"Lego","Police Officers and Motorcycle","9 and up",9.9499999999999993,2,19.899999999999999,8.9600000000000009,"Mastercard","B.X.|880-9149","No","No",42,"No"]
[657415,"2010-11-16","11:59:56.400","D250/AT",192,"Duplo","Policemen","6 and up",9.9499999999999993,2,19.899999999999999,10.34,"Visa","S.V.|880-5987","No","No",41,"Yes"]
[657415,"2010-11-16","11:59:56.400","D255/FE",192,"Duplo","Policemen","6 and up",9.9499999999999993,2,19.899999999999999,10.34,"Visa","S.V.|880-5987","No","No",41,"Yes"]
[657447,"2010-11-17","13:42:00","L195/AE",195,"Lego","Airplane","8 and up",5.95,4,23.8,12.36,"Mastercard","L.W.|880-4986","No","Yes",40,"Yes"]
[657482,"2010-11-17","10:13:48","L256/PE",256,"Lego","Police Officers and Motorcycle","9 and up",9.9499999999999993,2,19.899999999999999,8.9600000000000009,"Discover","D.W.|880-7199","No","No",39,"Yes"]
[657512,"2010-11-17","11:34:12","D192/PN",192,"Duplo","Policemen","6 and up",9.9499999999999993,1,9.9499999999999993,5.17,"Cash","N.C.|880-3850","No","No",31,"No"]
[657529,"2010-11-17","15:44:24","D255/FE",192,"Duplo","Policemen","6 and up",9.9499999999999993,5,49.75,25.85,"Mastercard","B.Y.|880-6845","No","No",40,"No"]
[657533,"2010-11-17","16:32:24","D254/FE",192,"Duplo","Policemen","6 and up",9.9499999999999993,2,19.899999999999999,10.34,"Mastercard","B.B.|880-9330","Yes","No",38,"No"]
[657533,"2010-11-17","16:32:24","L195/AE",195,"Lego","Airplane","8 and up",5.95,3,17.850000000000001,9.27,"Mastercard","B.B.|880-9330","Yes","No",38,"No"]
[657533,"2010-11-17","16:32:24","D254/FE",192,"Duplo","Policemen","6 and up",9.9499999999999993,1,9.9499999999999993,5.17,"Mastercard","B.B.|880-9330","Yes","No",38,"No"]
[657563,"2010-11-17","13:18:36","L256/PE",256,"Lego","Police Officers and Motorcycle","9 and up",9.9499999999999993,1,9.9499999999999993,4.4800000000000004,"Visa","D.W.|880-7199","No","No",25,"No"]
[657591,"2010-11-18","19:45:00","L194/FY",194,"Lego","Family","4 and up",14.95,1,14.95,8.3699999999999992,"Visa","W.C.|880-4861","No","No",26,"No"]
[657607,"2010-11-18","13:44:24","D250/AT",192,"Duplo","Policemen","6 and up",9.9499999999999993,2,19.899999999999999,10.34,"Visa","D.S.|880-7532","Yes","No",44,"No"]
[657635,"2010-11-18","13:05:52.800","D255/FE",192,"Duplo","Policemen","6 and up",9.9499999999999993,1,9.9499999999999993,5.17,"Cash","D.U.|880-2953","No","No",50,"No"]
[657663,"2010-11-19","14:05:24","L330/GN",330,"Lego","Gas Station","8 and up",32.950000000000003,4,131.80000000000001,76.44,"Visa","D.W.|880-7199","No","No",28,"No"]
[657663,"2010-11-19","14:05:24","D255/FE",192,"Duplo","Policemen","6 and up",9.9499999999999993,5,49.75,25.85,"Visa","D.W.|880-7199","No","No",28,"No"]
[657686,"2010-11-19","12:06:00","L195/AE",195,"Lego","Airplane","8 and up",5.95,2,11.9,6.18,"Mastercard","S.Y.|880-3139","No","No",60,"No"]
[657703,"2010-11-20","11:39:00","L256/PE",256,"Lego","Police Officers and Motorcycle","9 and up",9.9499999999999993,1,9.9499999999999993,4.4800000000000004,"Discover","U.W.|880-9683","No","No",31,"No"]
[657712,"2010-11-20","18:11:24","L195/AE",195,"Lego","Airplane","8 and up",5.95,2,11.9,6.18,"Visa","U.W.|880-9683","No","No",42,"No"]
[657751,"2010-11-20","10:41:24","D250/AT",192,"Duplo","Policemen","6 and up",9.9499999999999993,5,49.75,25.85,"Mastercard","H.B.|880-3254","No","No",48,"No"]
[657751,"2010-11-20","10:41:24","D250/AT",192,"Duplo","Policemen","6 and up",9.9499999999999993,2,19.899999999999999,10.34,"Mastercard","H.B.|880-3254","No","No",48,"No"]
[657769,"2010-11-20","18:34:12","L256/PE",256,"Lego","Police Officers and Motorcycle","9 and up",9.9499999999999993,3,29.849999999999998,13.44,"Cash","S.V.|880-5987","No","No",30,"No"]
[657815,"2010-11-20","12:12:00","D250/AT",192,"Duplo","Policemen","6 and up",9.9499999999999993,2,19.899999999999999,10.34,"Cash","P.N.|880-3021","No","No",44,"No"]
[657839,"2010-11-21","15:01:48","L195/AE",195,"Lego","Airplane","8 and up",5.95,3,17.850000000000001,9.27,"Mastercard","N.W.|880-6237","No","No",35,"No"]
[657858,"2010-11-21","12:19:12","D250/AT",192,"Duplo","Policemen","6 and up",9.9499999999999993,2,19.899999999999999,10.34,"Gift Card","N.C.|880-3850","No","No",50,"No"]
[657884,"2010-11-21","15:37:12","D250/AT",192,"Duplo","Policemen","6 and up",9.9499999999999993,1,9.9499999999999993,5.17,"Discover","V.W.|880-4523","No","No",30,"No"]
[657887,"2010-11-21","13:09:36","L256/PE",256,"Lego","Police Officers and Motorcycle","9 and up",9.9499999999999993,1,9.9499999999999993,4.4800000000000004,"Cash","D.S.|880-7532","No","No",38,"No"]
[657921,"2010-11-22","08:58:48","D254/FE",192,"Duplo","Policemen","6 and up",9.9499999999999993,2,19.899999999999999,10.34,"Cash","Y.P.|880-6894","No","No",30,"Yes"]
[657945,"2010-11-22","13:39:54","L256/PE",256,"Lego","Police Officers and Motorcycle","9 and up",9.9499999999999993,1,9.9499999999999993,4.4800000000000004,"Cash","S.Y.|880-3139","No","No",30,"No"]
[657946,"2010-11-22","19:31:48","L256/PE",256,"Lego","Police Officers and Motorcycle","9 and up",9.9499999999999993,3,29.849999999999998,13.44,"Cash","V.W.|880-8599","No","No",31,"No"]
[657946,"2010-11-22","19:31:48","L330/GN",330,"Lego","Gas Station","8 and up",32.950000000000003,4,131.80000000000001,76.44,"Cash","V.W.|880-8599","No","No",31,"No"]
[657946,"2010-11-22","19:31:48","L195/AE",195,"Lego","Airplane","8 and up",5.95,2,11.9,6.18,"Cash","V.W.|880-8599","No","No",31,"No"]
[657967,"2010-11-23","13:55:51.600","D254/FE",192,"Duplo","Policemen","6 and up",9.9499999999999993,5,49.75,25.85,"Mastercard","C.X.|880-3590","No","No",36,"No"]
[657971,"2010-11-23","10:58:12","L195/AE",195,"Lego","Airplane","8 and up",5.95,2,11.9,6.18,"Discover","H.B.|880-3254","No","No",50,"Yes"]
[657973,"2010-11-23","10:14:16.800","D254/FE",192,"Duplo","Policemen","6 and up",9.9499999999999993,1,9.9499999999999993,5.17,"Check","B.Y.|880-6845","Yes","No",25,"No"]
[657985,"2010-11-23","15:29:52.800","D254/FE",192,"Duplo","Policemen","6 and up",9.9499999999999993,1,9.9499999999999993,5.17,"Cash","U.W.|880-9683","No","No",30,"No"]
[658025,"2010-11-23","09:24:36","L256/PE",256,"Lego","Police Officers and Motorcycle","9 and up",9.9499999999999993,3,29.849999999999998,13.44,"Discover","Z.T.|880-7477","No","No",44,"No"]
[658054,"2010-11-24","14:09:00","L195/AE",195,"Lego","Airplane","8 and up",5.95,2,11.9,6.18,"Visa","H.B.|880-3254","No","No",29,"No"]
[658088,"2010-11-24","16:13:55.200","D250/AT",192,"Duplo","Policemen","6 and up",9.9499999999999993,1,9.9499999999999993,5.17,"Mastercard","D.U.|880-2953","No","No",38,"No"]
[658095,"2010-11-24","18:35:24","D254/FE",192,"Duplo","Policemen","6 and up",9.9499999999999993,4,39.799999999999997,20.68,"Mastercard","L.C.|880-6872","Yes","Yes",30,"Yes"]
[658095,"2010-11-24","18:35:24","D255/FE",192,"Duplo","Policemen","6 and up",9.9499999999999993,1,9.9499999999999993,5.17,"Mastercard","L.C.|880-6872","Yes","Yes",30,"Yes"]
[658135,"2010-11-25","16:22:12","L194/FY",194,"Lego","Family","4 and up",14.95,1,14.95,8.3699999999999992,"Visa","U.O.|880-3720","No","No",49,"No"]
[658157,"2010-11-26","16:59:24","D255/FE",192,"Duplo","Policemen","6 and up",9.9499999999999993,5,49.75,25.85,"Visa","Z.Q.|880-4240","No","No",34,"No"]
[658183,"2010-11-26","15:34:12","D254/FE",192,"Duplo","Policemen","6 and up",9.9499999999999993,1,9.9499999999999993,5.17,"Discover","B.X.|880-9149","No","No",39,"No"]
[658183,"2010-11-26","15:34:12","D250/AT",192,"Duplo","Policemen","6 and up",9.9499999999999993,4,39.799999999999997,20.68,"Discover","B.X.|880-9149","No","No",39,"No"]
[658221,"2010-11-26","15:21:25.200","D254/FE",192,"Duplo","Policemen","6 and up",9.9499999999999993,1,9.9499999999999993,5.17,"Visa","L.C.|880-6872","No","No",11,"No"]
[658267,"2010-11-26","18:50:24","L195/AE",195,"Lego","Airplane","8 and up",5.95,2,11.9,6.18,"Visa","N.C.|880-3850","No","No",34,"No"]
[658278,"2010-11-26","19:56:24","L256/PE",256,"Lego","Police Officers and Motorcycle","9 and up",9.9499999999999993,1,9.9499999999999993,4.4800000000000004,"Visa","L.W.|880-4986","No","No",36,"No"]
[658280,"2010-11-26","11:15:00","D254/FE",192,"Duplo","Policemen","6 and up",9.9499999999999993,5,49.75,25.85,"Discover","S.Y.|880-3139","No","No",32,"No"]
[658330,"2010-11-26","19:00:36","L195/AE",195,"Lego","Airplane","8 and up",5.95,2,11.9,6.18,"Cash","U.O.|880-3720","No","No",36,"No"]
[658361,"2010-11-27","15:36:36","L330/GN",330,"Lego","Gas Station","8 and up",32.950000000000003,1,32.950000000000003,19.11,"Visa","B.Y.|880-6845","No","Yes",47,"No"]
[658387,"2010-11-27","12:25:12","L256/PE",256,"Lego","Police Officers and Motorcycle","9 and up",9.9499999999999993,2,19.899999999999999,8.9600000000000009,"Discover","N.W.|880-6237","No","No",32,"No"]
[658404,"2010-11-27","12:16:12","D250/AT",192,"Duplo","Policemen","6 and up",9.9499999999999993,1,9.9499999999999993,5.17,"Discover","S.V.|880-5987","No","Yes",21,"No"]
[658406,"2010-11-27","10:55:48","D255/FE",192,"Duplo","Policemen","6 and up",9.9499999999999993,2,19.899999999999999,10.34,"Gift Card","B.Y.|880-6845","No","No",34,"No"]
[658406,"2010-11-27","10:55:48","D255/FE",192,"Duplo","Policemen","6 and up",9.9499999999999993,1,9.9499999999999993,5.17,"Gift Card","B.Y.|880-6845","No","No",34,"No"]
[658456,"2010-11-27","14:18:36","D254/FE",192,"Duplo","Policemen","6 and up",9.9499999999999993,1,9.9499999999999993,5.17,"Visa","D.S.|880-7532","No","No",66,"No"]
[658456,"2010-11-27","14:18:36","L195/AE",195,"Lego","Airplane","8 and up",5.95,1,5.95,3.09,"Visa","D.S.|880-7532","No","No",66,"No"]
[658476,"2010-11-28","15:13:22.800","L195/AE",195,"Lego","Airplane","8 and up",5.95,1,5.95,3.09,"Visa","V.W.|880-4523","No","No",34,"No"]
[658499,"2010-11-28","16:56:24","D250/AT",192,"Duplo","Policemen","6 and up",9.9499999999999993,2,19.899999999999999,10.34,"Mastercard","Z.T.|880-7477","No","No",39,"No"]
[658521,"2010-11-28","14:47:24","L256/PE",256,"Lego","Police Officers and Motorcycle","9 and up",9.9499999999999993,1,9.9499999999999993,4.4800000000000004,"Cash","B.B.|880-9330","No","No",66,"No"]
[658562,"2010-11-28","13:23:13.200","D255/FE",192,"Duplo","Policemen","6 and up",9.9499999999999993,2,19.899999999999999,10.34,"Mastercard","D.U.|880-2953","No","No",34,"No"]
[658599,"2010-11-28","14:37:08.400","D250/AT",192,"Duplo","Policemen","6 and up",9.9499999999999993,2,19.899999999999999,10.34,"Cash","D.Z.|880-1179","No","Yes",41,"No"]
[658628,"2010-11-28","13:13:04.800","L256/PE",256,"Lego","Police Officers and Motorcycle","9 and up",9.9499999999999993,1,9.9499999999999993,4.4800000000000004,"Cash","W.C.|880-4861","Yes","No",48,"No"]
[658641,"2010-11-28","16:19:12","D255/FE",192,"Duplo","Policemen","6 and up",9.9499999999999993,1,9.9499999999999993,5.17,"Visa","B.Y.|880-6845","No","No",34,"No"]
[658688,"2010-11-29","13:30:39.600","L256/PE",256,"Lego","Police Officers and Motorcycle","9 and up",9.9499999999999993,2,19.899999999999999,8.9600000000000009,"Cash","L.W.|880-4986","No","No",53,"No"]
[658701,"2010-11-29","11:31:48","L195/AE",195,"Lego","Airplane","8 and up",5.95,4,23.8,12.36,"Mastercard","L.W.|880-4986","No","No",43,"No"]
[658715,"2010-11-29","12:50:24","L256/PE",256,"Lego","Police Officers and Motorcycle","9 and up",9.9499999999999993,5,49.75,22.4,"Mastercard","V.W.|880-8599","No","No",39,"No"]
[658755,"2010-11-29","12:24:00","L210/CS",210,"Lego","Cowboys with Horses","6 and up",9.4499999999999993,4,37.799999999999997,18.52,"Visa","V.W.|880-8599","No","No",31,"No"]
[658773,"2010-11-29","11:57:39.600","D255/FE",192,"Duplo","Policemen","6 and up",9.9499999999999993,2,19.899999999999999,10.34,"Cash","A.U.|880-2167","No","No",34,"No"]
[658817,"2010-11-30","11:05:24","L195/AE",195,"Lego","Airplane","8 and up",5.95,2,11.9,6.18,"Visa","N.C.|880-3850","No","No",31,"Yes"]
[658851,"2010-11-30","14:02:24","D250/AT",192,"Duplo","Policemen","6 and up",9.9499999999999993,4,39.799999999999997,20.68,"Visa","W.C.|880-4861","No","No",36,"No"]
[658858,"2010-11-30","11:50:24","L195/AE",195,"Lego","Airplane","8 and up",5.95,1,5.95,3.09,"Visa","W.B.|880-9647","No","No",38,"No"]
[658894,"2010-11-30","12:46:40.800","D254/FE",192,"Duplo","Policemen","6 and up",9.9499999999999993,3,29.849999999999998,15.51,"Cash","D.W.|880-7199","No","Yes",43,"No"]
[658894,"2010-11-30","12:46:40.800","D255/FE",192,"Duplo","Policemen","6 and up",9.9499999999999993,4,39.799999999999997,20.68,"Cash","D.W.|880-7199","No","Yes",43,"No"]
[658915,"2010-12-01","18:03:00","D254/FE",192,"Duplo","Policemen","6 and up",9.9499999999999993,1,9.9499999999999993,5.17,"Cash","S.V.|880-5987","No","No",39,"No"]
[658942,"2010-12-01","11:16:12","L330/GN",330,"Lego","Gas Station","8 and up",32.950000000000003,2,65.900000000000006,38.22,"Visa","V.W.|880-8599","No","No",31,"No"]
[658968,"2010-12-01","11:03:18","L197/FS",199,"Duplo","Scooter","4 and up",4.95,4,19.8,10.08,"Cash","S.V.|880-5987","No","No",27,"Yes"]
[659005,"2010-12-01","13:00:50.400","D254/FE",192,"Duplo","Policemen","6 and up",9.9499999999999993,4,39.799999999999997,20.68,"Visa","Y.P.|880-6894","No","No",36,"No"]
[659005,"2010-12-01","13:00:50.400","D250/AT",192,"Duplo","Policemen","6 and up",9.9499999999999993,1,9.9499999999999993,5.17,"Visa","Y.P.|880-6894","No","No",36,"No"]
[659007,"2010-12-02","13:16:08.400","D254/FE",192,"Duplo","Policemen","6 and up",9.9499999999999993,2,19.899999999999999,10.34,"Cash","N.W.|880-6237","Yes","Yes",30,"No"]
[659039,"2010-12-02","11:30:18","L195/AE",195,"Lego","Airplane","8 and up",5.95,3,17.850000000000001,9.27,"Mastercard","N.W.|880-6237","Yes","No",55,"Yes"]
[659065,"2010-12-02","16:13:01.200","L195/AE",195,"Lego","Airplane","8 and up",5.95,2,11.9,6.18,"Visa","N.W.|880-6237","No","No",33,"Yes"]
[659082,"2010-12-02","12:18:39.600","L195/AE",195,"Lego","Airplane","8 and up",5.95,1,5.95,3.09,"Check","D.W.|880-7199","No","No",39,"Yes"]
[659106,"2010-12-02","18:23:24","L256/PE",256,"Lego","Police Officers and Motorcycle","9 and up",9.9499999999999993,4,39.799999999999997,17.920000000000002,"Discover","H.B.|880-3254","No","No",34,"No"]
[659126,"2010-12-02","15:17:24","D254/FE",192,"Duplo","Policemen","6 and up",9.9499999999999993,1,9.9499999999999993,5.17,"Cash","D.S.|880-7532","No","No",39,"Yes"]
[659155,"2010-12-02","16:20:24","D255/FE",192,"Duplo","Policemen","6 and up",9.9499999999999993,2,19.899999999999999,10.34,"Visa","Y.P.|880-6894","No","No",32,"No"]
[659189,"2010-12-02","14:21:00","D198/LX",192,"Duplo","Policemen","6 and up",9.9499999999999993,1,9.9499999999999993,5.17,"Cash","Z.Q.|880-4240","No","No",47,"No"]
[659211,"2010-12-03","11:55:48","D254/FE",192,"Duplo","Policemen","6 and up",9.9499999999999993,2,19.899999999999999,10.34,"Visa","H.B.|880-3254","No","No",32,"No"]
[659219,"2010-12-03","13:50:24","D254/FE",192,"Duplo","Policemen","6 and up",9.9499999999999993,1,9.9499999999999993,5.17,"Mastercard","B.X.|880-9149","No","No",25,"Yes"]
[659261,"2010-12-03","11:11:24","D255/FE",192,"Duplo","Policemen","6 and up",9.9499999999999993,2,19.899999999999999,10.34,"Visa","V.W.|880-4523","No","No",40,"No"]
[659269,"2010-12-03","13:43:40.800","D254/FE",192,"Duplo","Policemen","6 and up",9.9499999999999993,1,9.9499999999999993,5.17,"Visa","P.N.|880-3021","No","No",44,"Yes"]
[659277,"2010-12-04","09:50:24","L195/AE",195,"Lego","Airplane","8 and up",5.95,5,29.75,15.45,"Cash","D.Z.|880-1179","Yes","No",73,"Yes"]
[659294,"2010-12-04","11:57:36","D254/FE",192,"Duplo","Policemen","6 and up",9.9499999999999993,2,19.899999999999999,10.34,"Check","Y.P.|880-6894","No","No",25,"No"]
[659294,"2010-12-04","11:57:36","D255/FE",192,"Duplo","Policemen","6 and up",9.9499999999999993,1,9.9499999999999993,5.17,"Check","Y.P.|880-6894","No","No",25,"No"]
[659343,"2010-12-05","16:59:24","L256/PE",256,"Lego","Police Officers and Motorcycle","9 and up",9.9499999999999993,1,9.9499999999999993,4.4800000000000004,"Cash","B.Y.|880-6845","No","No",47,"No"]
[659353,"2010-12-05","11:27:36","D255/FE",192,"Duplo","Policemen","6 and up",9.9499999999999993,1,9.9499999999999993,5.17,"Cash","V.W.|880-8599","No","No",27,"Yes"]
[659395,"2010-12-05","14:23:13.200","D255/FE",192,"Duplo","Policemen","6 and up",9.9499999999999993,1,9.9499999999999993,5.17,"Visa","C.X.|880-3590","No","No",48,"No"]
[659439,"2010-12-05","08:54:36","D254/FE",192,"Duplo","Policemen","6 and up",9.9499999999999993,2,19.899999999999999,10.34,"Mastercard","D.W.|880-7199","No","No",41,"No"]
[659439,"2010-12-05","08:54:36","L195/AE",195,"Lego","Airplane","8 and up",5.95,2,11.9,6.18,"Mastercard","D.W.|880-7199","No","No",41,"No"]
[659457,"2010-12-05","16:34:48","D250/AT",192,"Duplo","Policemen","6 and up",9.9499999999999993,1,9.9499999999999993,5.17,"Visa","D.S.|880-7532","No","No",25,"Yes"]
[659478,"2010-12-06","16:59:24","L195/AE",195,"Lego","Airplane","8 and up",5.95,1,5.95,3.09,"Cash","L.C.|880-6872","No","No",42,"No"]
[659504,"2010-12-06","14:31:30","D255/FE",192,"Duplo","Policemen","6 and up",9.9499999999999993,5,49.75,25.85,"Cash","S.Y.|880-3139","No","No",29,"No"]
[659552,"2010-12-06","13:47:24","L195/AE",195,"Lego","Airplane","8 and up",5.95,1,5.95,3.09,"Discover","L.C.|880-6872","No","No",30,"No"]
[659552,"2010-12-06","13:47:24","D255/FE",192,"Duplo","Policemen","6 and up",9.9499999999999993,1,9.9499999999999993,5.17,"Discover","L.C.|880-6872","No","No",30,"No"]
[659591,"2010-12-06","16:34:40.800","D250/AT",192,"Duplo","Policemen","6 and up",9.9499999999999993,1,9.9499999999999993,5.17,"Visa","P.N.|880-3021","No","No",58,"No"]
[659591,"2010-12-06","16:34:40.800","D250/AT",192,"Duplo","Policemen","6 and up",9.9499999999999993,4,39.799999999999997,20.68,"Visa","P.N.|880-3021","No","No",58,"No"]
[659616,"2010-12-06","17:54:36","D254/FE",192,"Duplo","Policemen","6 and up",9.9499999999999993,1,9.9499999999999993,5.17,"Gift Card","Z.T.|880-7477","No","No",35,"No"]
[659629,"2010-12-06","11:29:56.400","D250/AT",192,"Duplo","Policemen","6 and up",9.9499999999999993,1,9.9499999999999993,5.17,"Mastercard","L.W.|880-4986","No","No",37,"No"]
[659646,"2010-12-06","12:03:00","L256/PE",256,"Lego","Police Officers and Motorcycle","9 and up",9.9499999999999993,5,49.75,22.4,"Mastercard","H.B.|880-3254","No","No",27,"No"]
[659651,"2010-12-06","16:55:55.200","D250/AT",192,"Duplo","Policemen","6 and up",9.9499999999999993,1,9.9499999999999993,5.17,"Mastercard","D.W.|880-7199","No","No",38,"Yes"]
[659692,"2010-12-06","14:40:12","D255/FE",192,"Duplo","Policemen","6 and up",9.9499999999999993,1,9.9499999999999993,5.17,"Visa","W.B.|880-9647","Yes","No",38,"Yes"]
[659699,"2010-12-06","14:00:36","L195/AE",195,"Lego","Airplane","8 and up",5.95,1,5.95,3.09,"Mastercard","V.W.|880-8599","No","No",53,"Yes"]
[659700,"2010-12-06","11:45:36","D218/FN",192,"Duplo","Policemen","6 and up",9.9499999999999993,4,39.799999999999997,20.68,"Mastercard","P.N.|880-3021","No","No",34,"No"]
[659720,"2010-12-08","16:45:36","D254/FE",192,"Duplo","Policemen","6 and up",9.9499999999999993,2,19.899999999999999,10.34,"Visa","P.N.|880-3021","No","No",18,"No"]
[659720,"2010-12-08","16:45:36","L256/PE",256,"Lego","Police Officers and Motorcycle","9 and up",9.9499999999999993,1,9.9499999999999993,4.4800000000000004,"Visa","P.N.|880-3021","No","No",18,"No"]
[659731,"2010-12-08","11:16:48","D250/AT",192,"Duplo","Policemen","6 and up",9.9499999999999993,1,9.9499999999999993,5.17,"Gift Card","Y.P.|880-6894","Yes","No",43,"No"]
[659750,"2010-12-09","15:01:48","D254/FE",192,"Duplo","Policemen","6 and up",9.9499999999999993,1,9.9499999999999993,5.17,"Mastercard","L.W.|880-4986","No","No",27,"No"]
[659750,"2010-12-09","15:01:48","L195/AE",195,"Lego","Airplane","8 and up",5.95,1,5.95,3.09,"Mastercard","L.W.|880-4986","No","No",27,"No"]
[659750,"2010-12-09","15:01:48","D254/FE",192,"Duplo","Policemen","6 and up",9.9499999999999993,2,19.899999999999999,10.34,"Mastercard","L.W.|880-4986","No","No",27,"No"]
[659759,"2010-12-09","13:17:24","D255/FE",192,"Duplo","Policemen","6 and up",9.9499999999999993,1,9.9499999999999993,5.17,"Visa","S.Y.|880-3139","No","No",30,"No"]
[659765,"2010-12-09","14:23:24","L195/AE",195,"Lego","Airplane","8 and up",5.95,1,5.95,3.09,"Visa","Z.Q.|880-4240","Yes","No",27,"No"]
[659788,"2010-12-10","10:32:13.200","L195/AE",195,"Lego","Airplane","8 and up",5.95,3,17.850000000000001,9.27,"Check","H.B.|880-3254","No","No",7,"Yes"]
[659807,"2010-12-10","13:36:36","D192/PN",192,"Duplo","Policemen","6 and up",9.9499999999999993,1,9.9499999999999993,5.17,"Visa","B.Y.|880-6845","No","No",50,"No"]
[659830,"2010-12-10","10:07:12","D255/FE",192,"Duplo","Policemen","6 and up",9.9499999999999993,1,9.9499999999999993,5.17,"Gift Card","W.C.|880-4861","No","No",31,"Yes"]
[659835,"2010-12-10","16:01:12","L195/AE",195,"Lego","Airplane","8 and up",5.95,4,23.8,12.36,"Visa","W.B.|880-9647","No","No",44,"No"]
[659855,"2010-12-10","18:27:36","D255/FE",192,"Duplo","Policemen","6 and up",9.9499999999999993,2,19.899999999999999,10.34,"Mastercard","U.O.|880-3720","No","No",67,"No"]
[659882,"2010-12-10","13:40:55.200","L256/PE",256,"Lego","Police Officers and Motorcycle","9 and up",9.9499999999999993,2,19.899999999999999,8.9600000000000009,"Visa","Z.T.|880-7477","Yes","Yes",46,"No"]
[659895,"2010-12-11","11:38:24","D250/AT",192,"Duplo","Policemen","6 and up",9.9499999999999993,2,19.899999999999999,10.34,"Cash","L.C.|880-6872","No","No",25,"No"]
[659916,"2010-12-12","14:19:12","L210/CS",210,"Lego","Cowboys with Horses","6 and up",9.4499999999999993,1,9.4499999999999993,4.63,"Visa","C.X.|880-3590","No","No",42,"Yes"]
[659916,"2010-12-12","14:19:12","D254/FE",192,"Duplo","Policemen","6 and up",9.9499999999999993,2,19.899999999999999,10.34,"Visa","C.X.|880-3590","No","No",42,"Yes"]
[659936,"2010-12-13","11:38:24","D255/FE",192,"Duplo","Policemen","6 and up",9.9499999999999993,1,9.9499999999999993,5.17,"Cash","L.C.|880-6872","No","No",38,"No"]
[659976,"2010-12-13","12:45:50.400","L256/PE",256,"Lego","Police Officers and Motorcycle","9 and up",9.9499999999999993,1,9.9499999999999993,4.4800000000000004,"Cash","W.C.|880-4861","No","No",25,"No"]
[659976,"2010-12-13","12:45:50.400","D255/FE",192,"Duplo","Policemen","6 and up",9.9499999999999993,1,9.9499999999999993,5.17,"Cash","W.C.|880-4861","No","No",25,"No"]
[659976,"2010-12-13","12:45:50.400","L195/AE",195,"Lego","Airplane","8 and up",5.95,1,5.95,3.09,"Cash","W.C.|880-4861","No","No",25,"No"]
[660004,"2010-12-13","16:22:12","D255/FE",192,"Duplo","Policemen","6 and up",9.9499999999999993,1,9.9499999999999993,5.17,"Cash","W.B.|880-9647","Yes","No",43,"No"]
[660020,"2010-12-14","20:35:24","L256/PE",256,"Lego","Police Officers and Motorcycle","9 and up",9.9499999999999993,5,49.75,22.4,"Gift Card","B.X.|880-9149","No","No",67,"No"]
[660045,"2010-12-14","13:21:36","D250/AT",192,"Duplo","Policemen","6 and up",9.9499999999999993,4,39.799999999999997,20.68,"Cash","B.X.|880-9149","No","No",34,"Yes"]
[660045,"2010-12-14","13:21:36","L195/AE",195,"Lego","Airplane","8 and up",5.95,1,5.95,3.09,"Cash","B.X.|880-9149","No","No",34,"Yes"]
[660066,"2010-12-14","11:16:48","D254/FE",192,"Duplo","Policemen","6 and up",9.9499999999999993,5,49.75,25.85,"Mastercard","D.U.|880-2953","No","No",34,"No"]
[660066,"2010-12-14","11:16:48","L195/AE",195,"Lego","Airplane","8 and up",5.95,1,5.95,3.09,"Mastercard","D.U.|880-2953","No","No",34,"No"]
[660066,"2010-12-14","11:16:48","D255/FE",192,"Duplo","Policemen","6 and up",9.9499999999999993,2,19.899999999999999,10.34,"Mastercard","D.U.|880-2953","No","No",34,"No"]
[660097,"2010-12-14","14:00:00","D255/FE",192,"Duplo","Policemen","6 and up",9.9499999999999993,2,19.899999999999999,10.34,"Mastercard","B.X.|880-9149","Yes","Yes",39,"No"]
[660117,"2010-12-15","13:02:45.600","D192/PN",192,"Duplo","Policemen","6 and up",9.9499999999999993,1,9.9499999999999993,5.17,"Visa","S.V.|880-5987","Yes","No",35,"No"]
[660150,"2010-12-15","10:01:30","D255/FE",192,"Duplo","Policemen","6 and up",9.9499999999999993,1,9.9499999999999993,5.17,"Gift Card","B.B.|880-9330","No","No",38,"No"]
[660150,"2010-12-15","10:01:30","L195/AE",195,"Lego","Airplane","8 and up",5.95,1,5.95,3.09,"Gift Card","B.B.|880-9330","No","No",38,"No"]
[660165,"2010-12-15","13:51:21.600","D250/AT",192,"Duplo","Policemen","6 and up",9.9499999999999993,1,9.9499999999999993,5.17,"Visa","B.B.|880-9330","No","No",41,"No"]
[660208,"2010-12-15","15:15:03.600","D250/AT",192,"Duplo","Policemen","6 and up",9.9499999999999993,1,9.9499999999999993,5.17,"Cash","Z.Q.|880-4240","No","No",39,"No"]
[660241,"2010-12-15","12:40:48","L256/PE",256,"Lego","Police Officers and Motorcycle","9 and up",9.9499999999999993,1,9.9499999999999993,4.4800000000000004,"Visa","L.C.|880-6872","No","Yes",41,"Yes"]
[660241,"2010-12-15","12:40:48","L256/PE",256,"Lego","Police Officers and Motorcycle","9 and up",9.9499999999999993,1,9.9499999999999993,4.4800000000000004,"Visa","L.C.|880-6872","No","Yes",41,"Yes"]
[660275,"2010-12-16","11:27:00","D255/FE",192,"Duplo","Policemen","6 and up",9.9499999999999993,1,9.9499999999999993,5.17,"Mastercard","W.B.|880-9647","No","No",44,"Yes"]
[660317,"2010-12-16","13:17:02.400","D254/FE",192,"Duplo","Policemen","6 and up",9.9499999999999993,1,9.9499999999999993,5.17,"Gift Card","U.W.|880-9683","No","No",38,"No"]
[660317,"2010-12-16","13:17:02.400","D254/FE",192,"Duplo","Policemen","6 and up",9.9499999999999993,1,9.9499999999999993,5.17,"Gift Card","U.W.|880-9683","No","No",38,"No"]
[660341,"2010-12-16","10:45:00","D250/AT",192,"Duplo","Policemen","6 and up",9.9499999999999993,2,19.899999999999999,10.34,"Cash","L.W.|880-4986","No","No",40,"No"]
[660374,"2010-12-16","15:52:48","D254/FE",192,"Duplo","Policemen","6 and up",9.9499999999999993,2,19.899999999999999,10.34,"Mastercard","U.O.|880-3720","No","Yes",40,"No"]
[660374,"2010-12-16","15:52:48","L256/PE",256,"Lego","Police Officers and Motorcycle","9 and up",9.9499999999999993,2,19.899999999999999,8.9600000000000009,"Mastercard","U.O.|880-3720","No","Yes",40,"No"]
[660413,"2010-12-16","13:23:52.800","D254/FE",192,"Duplo","Policemen","6 and up",9.9499999999999993,1,9.9499999999999993,5.17,"Visa","Z.T.|880-7477","No","No",38,"No"]
[660413,"2010-12-16","13:23:52.800","D250/AT",192,"Duplo","Policemen","6 and up",9.9499999999999993,1,9.9499999999999993,5.17,"Visa","Z.T.|880-7477","No","No",38,"No"]
[660459,"2010-12-16","15:48:36","D199/SR",192,"Duplo","Policemen","6 and up",9.9499999999999993,1,9.9499999999999993,5.17,"Gift Card","S.V.|880-5987","No","No",35,"No"]
[660490,"2010-12-16","10:12:32.400","L256/PE",256,"Lego","Police Officers and Motorcycle","9 and up",9.9499999999999993,2,19.899999999999999,8.9600000000000009,"Cash","L.W.|880-4986","No","No",34,"Yes"]
[660503,"2010-12-16","20:53:24","D198/LX",192,"Duplo","Policemen","6 and up",9.9499999999999993,1,9.9499999999999993,5.17,"Visa","C.X.|880-3590","No","No",29,"No"]
[660544,"2010-12-16","15:32:24","D254/FE",192,"Duplo","Policemen","6 and up",9.9499999999999993,4,39.799999999999997,20.68,"Cash","Z.Q.|880-4240","No","No",40,"No"]
[660556,"2010-12-16","12:57:10.800","D254/FE",192,"Duplo","Policemen","6 and up",9.9499999999999993,1,9.9499999999999993,5.17,"Visa","N.W.|880-6237","No","No",41,"No"]
[660562,"2010-12-17","15:18:36","D250/AT",192,"Duplo","Policemen","6 and up",9.9499999999999993,1,9.9499999999999993,5.17,"Visa","H.B.|880-3254","Yes","No",32,"No"]
[660563,"2010-12-17","11:56:24","L195/AE",195,"Lego","Airplane","8 and up",5.95,1,5.95,3.09,"Mastercard","B.B.|880-9330","No","No",36,"No"]
[660571,"2010-12-17","10:11:24","L195/AE",195,"Lego","Airplane","8 and up",5.95,2,11.9,6.18,"Visa","U.O.|880-3720","No","No",40,"No"]
[660571,"2010-12-17","10:11:24","D250/AT",192,"Duplo","Policemen","6 and up",9.9499999999999993,2,19.899999999999999,10.34,"Visa","U.O.|880-3720","No","No",40,"No"]
[660576,"2010-12-18","15:12:00","L195/AE",195,"Lego","Airplane","8 and up",5.95,2,11.9,6.18,"Visa","N.W.|880-6237","No","No",30,"Yes"]
[660585,"2010-12-18","12:06:36","L256/PE",256,"Lego","Police Officers and Motorcycle","9 and up",9.9499999999999993,3,29.849999999999998,13.44,"Mastercard","B.Y.|880-6845","No","Yes",40,"No"]
[660585,"2010-12-18","12:06:36","D250/AT",192,"Duplo","Policemen","6 and up",9.9499999999999993,4,39.799999999999997,20.68,"Mastercard","B.Y.|880-6845","No","Yes",40,"No"]
[660633,"2010-12-18","11:17:24","L256/PE",256,"Lego","Police Officers and Motorcycle","9 and up",9.9499999999999993,2,19.899999999999999,8.9600000000000009,"Visa","S.V.|880-5987","No","No",36,"No"]
[660633,"2010-12-18","11:17:24","D255/FE",192,"Duplo","Policemen","6 and up",9.9499999999999993,2,19.899999999999999,10.34,"Visa","S.V.|880-5987","No","No",36,"No"]
[660668,"2010-12-18","12:24:25.200","L256/PE",256,"Lego","Police Officers and Motorcycle","9 and up",9.9499999999999993,4,39.799999999999997,17.920000000000002,"Visa","B.Y.|880-6845","No","No",42,"No"]
[660668,"2010-12-18","12:24:25.200","D254/FE",192,"Duplo","Policemen","6 and up",9.9499999999999993,1,9.9499999999999993,5.17,"Visa","B.Y.|880-6845","No","No",42,"No"]
[660685,"2010-12-19","12:01:48","D255/FE",192,"Duplo","Policemen","6 and up",9.9499999999999993,5,49.75,25.85,"Gift Card","N.W.|880-6237","No","No",31,"No"]
[660685,"2010-12-19","12:01:48","L340/FS",340,"Lego","Fire Trucks","6 and up",34.950000000000003,2,69.900000000000006,39.840000000000003,"Gift Card","N.W.|880-6237","No","No",31,"No"]
[660685,"2010-12-19","12:01:48","D255/FE",192,"Duplo","Policemen","6 and up",9.9499999999999993,2,19.899999999999999,10.34,"Gift Card","N.W.|880-6237","No","No",31,"No"]
[660707,"2010-12-20","12:01:12","D192/PN",192,"Duplo","Policemen","6 and up",9.9499999999999993,2,19.899999999999999,10.34,"Visa","A.U.|880-2167","No","No",30,"No"]
[660757,"2010-12-20","12:59:24","D254/FE",192,"Duplo","Policemen","6 and up",9.9499999999999993,1,9.9499999999999993,5.17,"Gift Card","B.Y.|880-6845","No","No",51,"Yes"]
[660805,"2010-12-21","13:11:52.800","L195/AE",195,"Lego","Airplane","8 and up",5.95,1,5.95,3.09,"Visa","D.S.|880-7532","No","No",45,"No"]
[660845,"2010-12-21","15:29:24","D250/AT",192,"Duplo","Policemen","6 and up",9.9499999999999993,1,9.9499999999999993,5.17,"Cash","Z.T.|880-7477","No","No",38,"No"]
[660893,"2010-12-21","10:17:52.800","L195/AE",195,"Lego","Airplane","8 and up",5.95,4,23.8,12.36,"Visa","Z.Q.|880-4240","No","No",27,"Yes"]
[660926,"2010-12-21","16:24:36","L256/PE",256,"Lego","Police Officers and Motorcycle","9 and up",9.9499999999999993,2,19.899999999999999,8.9600000000000009,"Visa","D.W.|880-7199","No","No",39,"Yes"]
[660964,"2010-12-21","08:19:33.600","D254/FE",192,"Duplo","Policemen","6 and up",9.9499999999999993,1,9.9499999999999993,5.17,"Mastercard","H.B.|880-3254","No","No",48,"No"]
[660989,"2010-12-21","15:51:00","L196/AR",196,"Lego","Antique Car","8 and up",7.95,3,23.85,13.35,"Cash","V.W.|880-8599","No","No",73,"No"]
[660994,"2010-12-21","12:54:36","L195/AE",195,"Lego","Airplane","8 and up",5.95,1,5.95,3.09,"Visa","C.X.|880-3590","No","No",31,"No"]
[661002,"2010-12-22","15:02:24","D250/AT",192,"Duplo","Policemen","6 and up",9.9499999999999993,1,9.9499999999999993,5.17,"Visa","L.W.|880-4986","No","No",35,"No"]
[661044,"2010-12-22","08:52:12","D254/FE",192,"Duplo","Policemen","6 and up",9.9499999999999993,1,9.9499999999999993,5.17,"Cash","W.C.|880-4861","No","No",40,"Yes"]
[661083,"2010-12-22","18:15:00","L195/AE",195,"Lego","Airplane","8 and up",5.95,1,5.95,3.09,"Cash","A.U.|880-2167","No","No",48,"Yes"]
[661083,"2010-12-22","18:15:00","D255/FE",192,"Duplo","Policemen","6 and up",9.9499999999999993,2,19.899999999999999,10.34,"Cash","A.U.|880-2167","No","No",48,"Yes"]
[661083,"2010-12-22","18:15:00","D255/FE",192,"Duplo","Policemen","6 and up",9.9499999999999993,5,49.75,25.85,"Cash","A.U.|880-2167","No","No",48,"Yes"]
[661121,"2010-12-23","12:52:12","D255/FE",192,"Duplo","Policemen","6 and up",9.9499999999999993,1,9.9499999999999993,5.17,"Check","S.V.|880-5987","No","No",37,"No"]
[661154,"2010-12-24","16:18:50.400","L210/CS",210,"Lego","Cowboys with Horses","6 and up",9.4499999999999993,1,9.4499999999999993,4.63,"Gift Card","V.W.|880-4523","No","No",35,"No"]
[661195,"2010-12-24","10:36:00","D250/AT",192,"Duplo","Policemen","6 and up",9.9499999999999993,2,19.899999999999999,10.34,"Check","B.X.|880-9149","No","No",49,"No"]
[661234,"2010-12-24","13:44:06","D198/LX",192,"Duplo","Policemen","6 and up",9.9499999999999993,1,9.9499999999999993,5.17,"Visa","D.U.|880-2953","No","No",54,"No"]
[661236,"2010-12-24","13:19:48","D254/FE",192,"Duplo","Policemen","6 and up",9.9499999999999993,2,19.899999999999999,10.34,"Mastercard","P.N.|880-3021","Yes","No",42,"No"]
[661251,"2010-12-25","16:49:48","L195/AE",195,"Lego","Airplane","8 and up",5.95,1,5.95,3.09,"Visa","B.Y.|880-6845","No","No",50,"No"]
[661251,"2010-12-25","16:49:48","D254/FE",192,"Duplo","Policemen","6 and up",9.9499999999999993,5,49.75,25.85,"Visa","B.Y.|880-6845","No","No",50,"No"]
[661286,"2010-12-25","12:55:12","L256/PE",256,"Lego","Police Officers and Motorcycle","9 and up",9.9499999999999993,1,9.9499999999999993,4.4800000000000004,"Visa","U.O.|880-3720","No","No",39,"No"]
[661326,"2010-12-25","14:31:48","D250/AT",192,"Duplo","Policemen","6 and up",9.9499999999999993,1,9.9499999999999993,5.17,"Visa","V.W.|880-4523","No","No",11,"Yes"]
[661368,"2010-12-25","19:24:36","D254/FE",192,"Duplo","Policemen","6 and up",9.9499999999999993,1,9.9499999999999993,5.17,"Gift Card","H.B.|880-3254","No","No",36,"Yes"]
[661387,"2010-12-25","14:20:24","L195/AE",195,"Lego","Airplane","8 and up",5.95,5,29.75,15.45,"Cash","S.V.|880-5987","No","No",43,"No"]
[661403,"2010-12-25","14:46:12","L195/AE",195,"Lego","Airplane","8 and up",5.95,1,5.95,3.09,"Mastercard","D.U.|880-2953","No","Yes",39,"No"]
[661431,"2010-12-25","15:06:00","L195/AE",195,"Lego","Airplane","8 and up",5.95,2,11.9,6.18,"Mastercard","S.Y.|880-3139","No","No",39,"Yes"]
[661475,"2010-12-25","10:13:12","L252/LR",255,"Duplo","Farming Scene","7 and up",24.95,4,99.8,64.88,"Mastercard","W.B.|880-9647","Yes","No",42,"No"]
[661481,"2010-12-31","12:12:36","D250/AT",192,"Duplo","Policemen","6 and up",9.9499999999999993,2,19.899999999999999,10.34,"Check","P.N.|880-3021","No","No",33,"Yes"]
[661528,"2011-01-05","11:54:00","L256/PE",256,"Lego","Police Officers and Motorcycle","9 and up",9.9499999999999993,1,9.9499999999999993,4.4800000000000004,"Cash","N.W.|880-6237","No","No",50,"No"]
[661558,"2011-01-06","10:06:00","D255/FE",192,"Duplo","Policemen","6 and up",9.9499999999999993,1,9.9499999999999993,5.17,"Mastercard","P.N.|880-3021","Yes","Yes",33,"No"]
[661568,"2011-01-21","16:55:12","D198/LX",192,"Duplo","Policemen","6 and up",9.9499999999999993,2,19.899999999999999,10.34,"Visa","W.B.|880-9647","No","No",39,"No"]
[661602,"2011-01-23","13:59:24","D250/AT",192,"Duplo","Policemen","6 and up",9.9499999999999993,1,9.9499999999999993,5.17,"Mastercard","U.W.|880-9683","No","No",16,"No"]
[661635,"2011-01-31","08:40:15.600","D254/FE",192,"Duplo","Policemen","6 and up",9.9499999999999993,1,9.9499999999999993,5.17,"Check","Z.T.|880-7477","No","No",32,"No"]
[661651,"2011-02-08","15:25:12","D254/FE",192,"Duplo","Policemen","6 and up",9.9499999999999993,1,9.9499999999999993,5.17,"Mastercard","B.X.|880-9149","No","No",31,"No"]
[661651,"2011-02-08","15:25:12","D250/AT",192,"Duplo","Policemen","6 and up",9.9499999999999993,2,19.899999999999999,10.34,"Mastercard","B.X.|880-9149","No","No",31,"No"]
[661664,"2011-02-22","15:43:12","L195/AE",195,"Lego","Airplane","8 and up",5.95,1,5.95,3.09,"Visa","S.V.|880-5987","No","No",25,"No"]
[661664,"2011-02-22","15:43:12","L195/AE",195,"Lego","Airplane","8 and up",5.95,2,11.9,6.18,"Visa","S.V.|880-5987","No","No",25,"No"]
[661705,"2011-02-28","15:21:07.200","D218/FN",192,"Duplo","Policemen","6 and up",9.9499999999999993,5,49.75,25.85,"Gift Card","D.Z.|880-1179","No","No",40,"No"]
[661721,"2011-02-28","14:45:00","L256/PE",256,"Lego","Police Officers and Motorcycle","9 and up",9.9499999999999993,5,49.75,22.4,"Visa","A.U.|880-2167","No","Yes",55,"No"]
[661734,"2011-03-12","13:06:00","D250/AT",192,"Duplo","Policemen","6 and up",9.9499999999999993,2,19.899999999999999,10.34,"Check","Z.T.|880-7477","No","No",47,"No"]
[661758,"2011-03-18","12:53:24","L195/AE",195,"Lego","Airplane","8 and up",5.95,3,17.850000000000001,9.27,"Mastercard","B.Y.|880-6845","No","No",61,"No"]
[661758,"2011-03-18","12:53:24","L195/AE",195,"Lego","Airplane","8 and up",5.95,1,5.95,3.09,"Mastercard","B.Y.|880-6845","No","No",61,"No"]
[661772,"2011-03-25","09:26:34.800","L197/FS",199,"Duplo","Scooter","4 and up",4.95,2,9.9,5.04,"Cash","N.C.|880-3850","No","No",43,"No"]
[661774,"2011-04-19","09:30:14.400","L252/LR",255,"Duplo","Farming Scene","7 and up",24.95,1,24.95,16.22,"Visa","Y.P.|880-6894","No","No",32,"Yes"]
[661786,"2011-04-19","15:30:18","L256/PE",256,"Lego","Police Officers and Motorcycle","9 and up",9.9499999999999993,1,9.9499999999999993,4.4800000000000004,"Check","S.Y.|880-3139","No","No",25,"No"]
[661786,"2011-04-19","15:30:18","L210/CS",210,"Lego","Cowboys with Horses","6 and up",9.4499999999999993,2,18.899999999999999,9.26,"Check","S.Y.|880-3139","No","No",25,"No"]
[661817,"2011-04-28","18:00:36","D255/FE",192,"Duplo","Policemen","6 and up",9.9499999999999993,2,19.899999999999999,10.34,"Mastercard","W.C.|880-4861","No","No",32,"No"]
[661861,"2011-05-07","12:36:21.600","L256/PE",256,"Lego","Police Officers and Motorcycle","9 and up",9.9499999999999993,1,9.9499999999999993,4.4800000000000004,"Visa","V.W.|880-8599","No","No",37,"No"]
[661908,"2011-05-08","14:52:48","D255/FE",192,"Duplo","Policemen","6 and up",9.9499999999999993,2,19.899999999999999,10.34,"Discover","P.N.|880-3021","No","No",27,"No"]
[661933,"2011-05-08","13:28:15.600","L195/AE",195,"Lego","Airplane","8 and up",5.95,3,17.850000000000001,9.27,"Cash","B.B.|880-9330","No","No",57,"No"]
[661972,"2011-05-14","14:13:48","D254/FE",192,"Duplo","Policemen","6 and up",9.9499999999999993,1,9.9499999999999993,5.17,"Visa","L.W.|880-4986","No","No",38,"No"]
[662019,"2011-05-17","12:21:46.800","D254/FE",192,"Duplo","Policemen","6 and up",9.9499999999999993,2,19.899999999999999,10.34,"Mastercard","U.O.|880-3720","No","No",38,"No"]
[662019,"2011-05-17","12:21:46.800","L195/AE",195,"Lego","Airplane","8 and up",5.95,4,23.8,12.36,"Mastercard","U.O.|880-3720","No","No",38,"No"]
[662065,"2011-05-24","12:55:12","D250/AT",192,"Duplo","Policemen","6 and up",9.9499999999999993,1,9.9499999999999993,5.17,"Cash","P.N.|880-3021","No","No",38,"No"]
[662065,"2011-05-24","12:55:12","D254/FE",192,"Duplo","Policemen","6 and up",9.9499999999999993,2,19.899999999999999,10.34,"Cash","P.N.|880-3021","No","No",38,"No"]
[662065,"2011-05-24","12:55:12","L256/PE",256,"Lego","Police Officers and Motorcycle","9 and up",9.9499999999999993,1,9.9499999999999993,4.4800000000000004,"Cash","P.N.|880-3021","No","No",38,"No"]
[662077,"2011-05-29","16:27:00","D254/FE",192,"Duplo","Policemen","6 and up",9.9499999999999993,1,9.9499999999999993,5.17,"Visa","B.B.|880-9330","No","No",43,"Yes"]
[662078,"2011-05-30","14:21:36","D250/AT",192,"Duplo","Policemen","6 and up",9.9499999999999993,2,19.899999999999999,10.34,"Visa","D.S.|880-7532","No","No",12,"No"]
[662095,"2011-06-02","18:13:48","D254/FE",192,"Duplo","Policemen","6 and up",9.9499999999999993,1,9.9499999999999993,5.17,"Visa","N.C.|880-3850","No","No",47,"No"]
[662095,"2011-06-02","18:13:48","D254/FE",192,"Duplo","Policemen","6 and up",9.9499999999999993,2,19.899999999999999,10.34,"Visa","N.C.|880-3850","No","No",47,"No"]
[662140,"2011-06-16","09:16:33.600","D255/FE",192,"Duplo","Policemen","6 and up",9.9499999999999993,2,19.899999999999999,10.34,"Check","Y.P.|880-6894","No","No",37,"No"]
[662189,"2011-06-20","08:01:12","L195/AE",195,"Lego","Airplane","8 and up",5.95,3,17.850000000000001,9.27,"Check","D.W.|880-7199","Yes","No",34,"No"]
[662221,"2011-06-23","15:45:07.200","L256/PE",256,"Lego","Police Officers and Motorcycle","9 and up",9.9499999999999993,1,9.9499999999999993,4.4800000000000004,"Visa","A.U.|880-2167","No","No",43,"No"]
[662242,"2011-06-25","08:20:56.400","L212/SD",212,"Lego","Scooter and Stand","6 and up",4.95,2,9.9,4.46,"Visa","Z.Q.|880-4240","No","No",39,"No"]
[662272,"2011-06-26","11:42:00","L210/CS",210,"Lego","Cowboys with Horses","6 and up",9.4499999999999993,1,9.4499999999999993,4.63,"Visa","L.W.|880-4986","No","Yes",44,"No"]
[662272,"2011-06-26","11:42:00","L195/AE",195,"Lego","Airplane","8 and up",5.95,2,11.9,6.18,"Visa","L.W.|880-4986","No","Yes",44,"No"]
[662313,"2011-06-27","15:50:24","L256/PE",256,"Lego","Police Officers and Motorcycle","9 and up",9.9499999999999993,3,29.849999999999998,13.44,"Visa","B.X.|880-9149","No","No",31,"No"]
[662321,"2011-06-27","09:15:36","L195/AE",195,"Lego","Airplane","8 and up",5.95,5,29.75,15.45,"Visa","W.C.|880-4861","No","No",40,"No"]
[662333,"2011-07-03","13:39:00","D255/FE",192,"Duplo","Policemen","6 and up",9.9499999999999993,2,19.899999999999999,10.34,"Discover","N.C.|880-3850","No","Yes",22,"No"]
[662367,"2011-07-03","19:03:00","D255/FE",192,"Duplo","Policemen","6 and up",9.9499999999999993,1,9.9499999999999993,5.17,"Visa","V.W.|880-4523","No","No",47,"No"]
[662408,"2011-07-18","16:54:00","D255/FE",192,"Duplo","Policemen","6 and up",9.9499999999999993,1,9.9499999999999993,5.17,"Check","V.W.|880-4523","No","No",35,"No"]
[662436,"2011-07-20","11:17:20.400","D250/AT",192,"Duplo","Policemen","6 and up",9.9499999999999993,2,19.899999999999999,10.34,"Check","N.W.|880-6237","No","No",36,"No"]
[662462,"2011-07-22","13:50:27.600","D255/FE",192,"Duplo","Policemen","6 and up",9.9499999999999993,1,9.9499999999999993,5.17,"Cash","S.V.|880-5987","No","No",32,"Yes"]
[662467,"2011-07-25","15:39:36","D254/FE",192,"Duplo","Policemen","6 and up",9.9499999999999993,2,19.899999999999999,10.34,"Visa","P.N.|880-3021","Yes","No",25,"No"]
[662496,"2011-07-26","14:05:52.800","L195/AE",195,"Lego","Airplane","8 and up",5.95,1,5.95,3.09,"Mastercard","D.Z.|880-1179","No","No",30,"No"]
[662514,"2011-08-13","12:37:48","L256/PE",256,"Lego","Police Officers and Motorcycle","9 and up",9.9499999999999993,1,9.9499999999999993,4.4800000000000004,"Cash","U.O.|880-3720","Yes","Yes",38,"No"]
[662560,"2011-08-17","11:47:24","D255/FE",192,"Duplo","Policemen","6 and up",9.9499999999999993,4,39.799999999999997,20.68,"Visa","Z.T.|880-7477","No","Yes",49,"No"]
[662571,"2011-08-19","14:42:36","D250/AT",192,"Duplo","Policemen","6 and up",9.9499999999999993,1,9.9499999999999993,5.17,"Mastercard","A.U.|880-2167","No","No",32,"No"]
[662586,"2011-08-19","16:00:00","D250/AT",192,"Duplo","Policemen","6 and up",9.9499999999999993,5,49.75,25.85,"Gift Card","W.B.|880-9647","No","No",51,"Yes"]
[662599,"2011-08-23","14:36:00","D255/FE",192,"Duplo","Policemen","6 and up",9.9499999999999993,1,9.9499999999999993,5.17,"Visa","U.W.|880-9683","No","No",44,"No"]
[662613,"2011-08-23","14:25:01.200","L195/AE",195,"Lego","Airplane","8 and up",5.95,2,11.9,6.18,"Gift Card","N.W.|880-6237","Yes","Yes",18,"No"]
[662613,"2011-08-23","14:25:01.200","D254/FE",192,"Duplo","Policemen","6 and up",9.9499999999999993,1,9.9499999999999993,5.17,"Gift Card","N.W.|880-6237","Yes","Yes",18,"No"]
[662663,"2011-08-25","08:21:36","L195/AE",195,"Lego","Airplane","8 and up",5.95,1,5.95,3.09,"Mastercard","D.U.|880-2953","No","No",43,"No"]
[662663,"2011-08-25","08:21:36","D255/FE",192,"Duplo","Policemen","6 and up",9.9499999999999993,2,19.899999999999999,10.34,"Mastercard","D.U.|880-2953","No","No",43,"No"]
[662693,"2011-08-30","15:29:49.200","L195/AE",195,"Lego","Airplane","8 and up",5.95,5,29.75,15.45,"Visa","D.Z.|880-1179","No","No",27,"No"]
[662695,"2011-09-01","11:31:58.800","L340/FS",340,"Lego","Fire Trucks","6 and up",34.950000000000003,2,69.900000000000006,39.840000000000003,"Visa","N.W.|880-6237","Yes","No",49,"No"]
[662729,"2011-09-03","15:09:36","D255/FE",192,"Duplo","Policemen","6 and up",9.9499999999999993,2,19.899999999999999,10.34,"Gift Card","Z.T.|880-7477","No","No",31,"No"]
[662751,"2011-09-03","10:57:36","L256/PE",256,"Lego","Police Officers and Motorcycle","9 and up",9.9499999999999993,5,49.75,22.4,"Cash","U.W.|880-9683","No","Yes",43,"Yes"]
[662775,"2011-09-12","13:20:38.400","L256/PE",256,"Lego","Police Officers and Motorcycle","9 and up",9.9499999999999993,5,49.75,22.4,"Check","S.Y.|880-3139","No","No",35,"Yes"]
[662824,"2011-09-16","14:01:12","D250/AT",192,"Duplo","Policemen","6 and up",9.9499999999999993,1,9.9499999999999993,5.17,"Cash","W.C.|880-4861","No","No",49,"No"]
[662870,"2011-09-17","11:14:38.400","L195/AE",195,"Lego","Airplane","8 and up",5.95,2,11.9,6.18,"Visa","W.C.|880-4861","No","No",47,"Yes"]
[662870,"2011-09-17","11:14:38.400","L256/PE",256,"Lego","Police Officers and Motorcycle","9 and up",9.9499999999999993,1,9.9499999999999993,4.4800000000000004,"Visa","W.C.|880-4861","No","No",47,"Yes"]
[662883,"2011-09-18","12:06:00","L256/PE",256,"Lego","Police Officers and Motorcycle","9 and up",9.9499999999999993,5,49.75,22.4,"Cash","W.C.|880-4861","No","No",36,"No"]
[662923,"2011-09-18","19:06:36","D250/AT",192,"Duplo","Policemen","6 and up",9.9499999999999993,1,9.9499999999999993,5.17,"Visa","W.C.|880-4861","No","No",34,"No"]
[662964,"2011-09-29","15:36:00","L195/AE",195,"Lego","Airplane","8 and up",5.95,1,5.95,3.09,"Cash","D.U.|880-2953","No","No",40,"Yes"]
[662977,"2011-09-29","15:48:36","L195/AE",195,"Lego","Airplane","8 and up",5.95,1,5.95,3.09,"Mastercard","D.U.|880-2953","Yes","No",44,"No"]
[662993,"2011-10-06","09:22:12","L256/PE",256,"Lego","Police Officers and Motorcycle","9 and up",9.9499999999999993,2,19.899999999999999,8.9600000000000009,"Mastercard","D.U.|880-2953","No","No",33,"Yes"]
[663020,"2011-10-13","15:22:12","L256/PE",256,"Lego","Police Officers and Motorcycle","9 and up",9.9499999999999993,1,9.9499999999999993,4.4800000000000004,"Visa","V.W.|880-8599","Yes","No",44,"Yes"]
[663036,"2011-10-25","16:52:12","D250/AT",192,"Duplo","Policemen","6 and up",9.9499999999999993,2,19.899999999999999,10.34,"Visa","L.C.|880-6872","No","No",22,"No"]
[663053,"2011-10-29","13:27:36","L195/AE",195,"Lego","Airplane","8 and up",5.95,2,11.9,6.18,"Visa","Z.T.|880-7477","No","No",38,"No"]
[663053,"2011-10-29","13:27:36","L195/AE",195,"Lego","Airplane","8 and up",5.95,1,5.95,3.09,"Visa","Z.T.|880-7477","No","No",38,"No"]
[663082,"2011-11-01","16:25:12","D254/FE",192,"Duplo","Policemen","6 and up",9.9499999999999993,2,19.899999999999999,10.34,"Mastercard","B.B.|880-9330","No","No",36,"No"]
[663082,"2011-11-01","16:25:12","D254/FE",192,"Duplo","Policemen","6 and up",9.9499999999999993,1,9.9499999999999993,5.17,"Mastercard","B.B.|880-9330","No","No",36,"No"]
[663115,"2011-11-01","12:15:36","L195/AE",195,"Lego","Airplane","8 and up",5.95,3,17.850000000000001,9.27,"Visa","P.N.|880-3021","Yes","Yes",40,"Yes"]
[663129,"2011-11-01","10:21:00","D198/LX",192,"Duplo","Policemen","6 and up",9.9499999999999993,2,19.899999999999999,10.34,"Discover","P.N.|880-3021","No","Yes",35,"No"]
[663148,"2011-11-01","11:49:48","L195/AE",195,"Lego","Airplane","8 and up",5.95,1,5.95,3.09,"Visa","C.X.|880-3590","No","No",27,"No"]
[663187,"2011-11-01","13:06:10.800","D254/FE",192,"Duplo","Policemen","6 and up",9.9499999999999993,2,19.899999999999999,10.34,"Visa","S.Y.|880-3139","No","No",34,"No"]
[663196,"2011-11-02","15:22:48","L195/AE",195,"Lego","Airplane","8 and up",5.95,4,23.8,12.36,"Gift Card","U.W.|880-9683","No","No",31,"No"]
[663196,"2011-11-02","15:22:48","L195/AE",195,"Lego","Airplane","8 and up",5.95,4,23.8,12.36,"Gift Card","U.W.|880-9683","No","No",31,"No"]
[663229,"2011-11-02","15:28:12","D250/AT",192,"Duplo","Policemen","6 and up",9.9499999999999993,2,19.899999999999999,10.34,"Visa","S.Y.|880-3139","No","No",42,"No"]
[663268,"2011-11-02","16:46:12","D254/FE",192,"Duplo","Policemen","6 and up",9.9499999999999993,3,29.849999999999998,15.51,"Visa","V.W.|880-8599","Yes","No",43,"Yes"]
[663268,"2011-11-02","16:46:12","D255/FE",192,"Duplo","Policemen","6 and up",9.9499999999999993,1,9.9499999999999993,5.17,"Visa","V.W.|880-8599","Yes","No",43,"Yes"]
[663301,"2011-11-02","17:51:00","D250/AT",192,"Duplo","Policemen","6 and up",9.9499999999999993,1,9.9499999999999993,5.17,"Cash","L.W.|880-4986","Yes","No",34,"No"]
[663314,"2011-11-02","08:52:44.400","D255/FE",192,"Duplo","Policemen","6 and up",9.9499999999999993,4,39.799999999999997,20.68,"Discover","Z.T.|880-7477","No","No",33,"No"]
[663314,"2011-11-02","08:52:44.400","D254/FE",192,"Duplo","Policemen","6 and up",9.9499999999999993,1,9.9499999999999993,5.17,"Discover","Z.T.|880-7477","No","No",33,"No"]
[663314,"2011-11-02","08:52:44.400","D254/FE",192,"Duplo","Policemen","6 and up",9.9499999999999993,4,39.799999999999997,20.68,"Discover","Z.T.|880-7477","No","No",33,"No"]
[663351,"2011-11-03","14:49:55.200","D255/FE",192,"Duplo","Policemen","6 and up",9.9499999999999993,1,9.9499999999999993,5.17,"Visa","N.C.|880-3850","No","No",33,"No"]
[663366,"2011-11-03","15:47:13.200","D250/AT",192,"Duplo","Policemen","6 and up",9.9499999999999993,1,9.9499999999999993,5.17,"Cash","Y.P.|880-6894","No","No",39,"Yes"]
[663384,"2011-11-04","09:04:12","D255/FE",192,"Duplo","Policemen","6 and up",9.9499999999999993,1,9.9499999999999993,5.17,"Mastercard","A.U.|880-2167","Yes","No",42,"No"]
[663384,"2011-11-04","09:04:12","L195/AE",195,"Lego","Airplane","8 and up",5.95,1,5.95,3.09,"Mastercard","A.U.|880-2167","Yes","No",42,"No"]
[663425,"2011-11-05","19:01:48","L195/AE",195,"Lego","Airplane","8 and up",5.95,1,5.95,3.09,"Cash","H.B.|880-3254","No","No",32,"No"]
[663455,"2011-11-05","16:04:04.800","D250/AT",192,"Duplo","Policemen","6 and up",9.9499999999999993,1,9.9499999999999993,5.17,"Visa","D.S.|880-7532","No","No",40,"No"]
[663495,"2011-11-05","15:06:36","D218/FN",192,"Duplo","Policemen","6 and up",9.9499999999999993,1,9.9499999999999993,5.17,"Cash","U.W.|880-9683","No","No",30,"No"]
[663506,"2011-11-06","12:39:36","L252/LR",255,"Duplo","Farming Scene","7 and up",24.95,2,49.9,32.44,"Gift Card","B.B.|880-9330","No","No",33,"No"]
[663521,"2011-11-06","15:57:00","L330/GN",330,"Lego","Gas Station","8 and up",32.950000000000003,1,32.950000000000003,19.11,"Cash","V.W.|880-4523","No","No",27,"No"]
[663523,"2011-11-06","16:17:24","D255/FE",192,"Duplo","Policemen","6 and up",9.9499999999999993,1,9.9499999999999993,5.17,"Check","Z.T.|880-7477","No","Yes",45,"No"]
[663523,"2011-11-06","16:17:24","L217/SN",255,"Duplo","Farming Scene","7 and up",24.95,1,24.95,16.22,"Check","Z.T.|880-7477","No","Yes",45,"No"]
[663561,"2011-11-06","12:00:03.600","D255/FE",192,"Duplo","Policemen","6 and up",9.9499999999999993,4,39.799999999999997,20.68,"Cash","L.W.|880-4986","No","No",45,"No"]
[663570,"2011-11-06","10:55:48","L195/AE",195,"Lego","Airplane","8 and up",5.95,1,5.95,3.09,"Mastercard","S.V.|880-5987","No","No",39,"No"]
[663600,"2011-11-06","11:11:06","L196/AR",196,"Lego","Antique Car","8 and up",7.95,2,15.9,8.9,"Mastercard","S.Y.|880-3139","No","No",39,"No"]
[663612,"2011-11-06","14:01:12","L256/PE",256,"Lego","Police Officers and Motorcycle","9 and up",9.9499999999999993,1,9.9499999999999993,4.4800000000000004,"Mastercard","L.W.|880-4986","Yes","No",30,"No"]
[663653,"2011-11-06","16:05:24","L256/PE",256,"Lego","Police Officers and Motorcycle","9 and up",9.9499999999999993,1,9.9499999999999993,4.4800000000000004,"Discover","N.C.|880-3850","No","No",44,"No"]
[663694,"2011-11-06","10:19:48","L195/AE",195,"Lego","Airplane","8 and up",5.95,1,5.95,3.09,"Mastercard","C.X.|880-3590","No","Yes",49,"No"]
[663723,"2011-11-07","12:18:36","D250/AT",192,"Duplo","Policemen","6 and up",9.9499999999999993,2,19.899999999999999,10.34,"Visa","H.B.|880-3254","Yes","No",37,"No"]
[663756,"2011-11-07","17:04:12","L195/AE",195,"Lego","Airplane","8 and up",5.95,1,5.95,3.09,"Cash","P.N.|880-3021","No","No",38,"No"]
[663799,"2011-11-08","12:05:24","D254/FE",192,"Duplo","Policemen","6 and up",9.9499999999999993,2,19.899999999999999,10.34,"Mastercard","N.C.|880-3850","No","No",49,"No"]
[663800,"2011-11-09","09:56:24","D250/AT",192,"Duplo","Policemen","6 and up",9.9499999999999993,1,9.9499999999999993,5.17,"Cash","Y.P.|880-6894","No","No",32,"No"]
[663822,"2011-11-10","12:24:36","L256/PE",256,"Lego","Police Officers and Motorcycle","9 and up",9.9499999999999993,1,9.9499999999999993,4.4800000000000004,"Visa","D.U.|880-2953","No","Yes",34,"No"]
[663854,"2011-11-10","12:25:19.200","D254/FE",192,"Duplo","Policemen","6 and up",9.9499999999999993,2,19.899999999999999,10.34,"Cash","B.B.|880-9330","No","No",48,"No"]
[663889,"2011-11-10","15:59:24","L195/AE",195,"Lego","Airplane","8 and up",5.95,2,11.9,6.18,"Cash","V.W.|880-8599","No","No",43,"No"]
[663919,"2011-11-10","09:55:04.800","D255/FE",192,"Duplo","Policemen","6 and up",9.9499999999999993,1,9.9499999999999993,5.17,"Visa","N.C.|880-3850","No","No",43,"No"]
[663919,"2011-11-10","09:55:04.800","L252/LR",255,"Duplo","Farming Scene","7 and up",24.95,1,24.95,16.22,"Visa","N.C.|880-3850","No","No",43,"No"]
[663951,"2011-11-10","14:20:20.400","L217/SN",255,"Duplo","Farming Scene","7 and up",24.95,1,24.95,16.22,"Visa","Z.T.|880-7477","No","No",41,"No"]
[663971,"2011-11-10","15:26:49.200","D255/FE",192,"Duplo","Policemen","6 and up",9.9499999999999993,1,9.9499999999999993,5.17,"Mastercard","N.W.|880-6237","Yes","No",32,"No"]
[663977,"2011-11-10","08:46:48","D254/FE",192,"Duplo","Policemen","6 and up",9.9499999999999993,1,9.9499999999999993,5.17,"Visa","Z.T.|880-7477","No","Yes",46,"No"]
[664005,"2011-11-11","14:55:19.200","L195/AE",195,"Lego","Airplane","8 and up",5.95,2,11.9,6.18,"Discover","H.B.|880-3254","No","No",30,"No"]
[664006,"2011-11-11","16:44:24","D250/AT",192,"Duplo","Policemen","6 and up",9.9499999999999993,1,9.9499999999999993,5.17,"Mastercard","W.C.|880-4861","No","No",37,"No"]
[664016,"2011-11-12","11:18:57.600","D250/AT",192,"Duplo","Policemen","6 and up",9.9499999999999993,2,19.899999999999999,10.34,"Discover","N.W.|880-6237","No","No",38,"No"]
[664016,"2011-11-12","11:18:57.600","L195/AE",195,"Lego","Airplane","8 and up",5.95,1,5.95,3.09,"Discover","N.W.|880-6237","No","No",38,"No"]
[664047,"2011-11-12","15:06:57.600","D255/FE",192,"Duplo","Policemen","6 and up",9.9499999999999993,1,9.9499999999999993,5.17,"Discover","W.C.|880-4861","No","No",43,"No"]
[664082,"2011-11-12","16:13:48","D199/SR",192,"Duplo","Policemen","6 and up",9.9499999999999993,1,9.9499999999999993,5.17,"Cash","N.C.|880-3850","Yes","No",43,"Yes"]
[664111,"2011-11-12","11:13:22.800","D254/FE",192,"Duplo","Policemen","6 and up",9.9499999999999993,1,9.9499999999999993,5.17,"Cash","N.C.|880-3850","No","No",35,"No"]
[664126,"2011-11-13","13:39:43.200","D254/FE",192,"Duplo","Policemen","6 and up",9.9499999999999993,5,49.75,25.85,"Cash","L.C.|880-6872","No","No",33,"No"]
[664135,"2011-11-13","20:33:00","D254/FE",192,"Duplo","Policemen","6 and up",9.9499999999999993,2,19.899999999999999,10.34,"Check","B.Y.|880-6845","Yes","Yes",48,"No"]
[664158,"2011-11-13","09:10:48","D254/FE",192,"Duplo","Policemen","6 and up",9.9499999999999993,4,39.799999999999997,20.68,"Mastercard","Z.T.|880-7477","No","No",30,"No"]
[664200,"2011-11-14","12:49:12","D254/FE",192,"Duplo","Policemen","6 and up",9.9499999999999993,1,9.9499999999999993,5.17,"Cash","S.V.|880-5987","No","No",60,"No"]
[664203,"2011-11-14","15:40:48","L256/PE",256,"Lego","Police Officers and Motorcycle","9 and up",9.9499999999999993,1,9.9499999999999993,4.4800000000000004,"Mastercard","U.O.|880-3720","No","No",35,"No"]
[664218,"2011-11-14","10:00:36","L256/PE",256,"Lego","Police Officers and Motorcycle","9 and up",9.9499999999999993,1,9.9499999999999993,4.4800000000000004,"Visa","D.S.|880-7532","No","No",30,"Yes"]
[664268,"2011-11-15","09:58:44.400","D250/AT",192,"Duplo","Policemen","6 and up",9.9499999999999993,3,29.849999999999998,15.51,"Visa","S.V.|880-5987","No","Yes",31,"No"]
[664303,"2011-11-15","19:51:36","D254/FE",192,"Duplo","Policemen","6 and up",9.9499999999999993,1,9.9499999999999993,5.17,"Mastercard","S.Y.|880-3139","No","No",31,"Yes"]
[664322,"2011-11-16","08:48:28.800","L256/PE",256,"Lego","Police Officers and Motorcycle","9 and up",9.9499999999999993,1,9.9499999999999993,4.4800000000000004,"Mastercard","L.C.|880-6872","No","No",37,"No"]
[664322,"2011-11-16","08:48:28.800","L194/FY",194,"Lego","Family","4 and up",14.95,4,59.8,33.479999999999997,"Mastercard","L.C.|880-6872","No","No",37,"No"]
[664369,"2011-11-16","15:55:12","D250/AT",192,"Duplo","Policemen","6 and up",9.9499999999999993,2,19.899999999999999,10.34,"Mastercard","D.Z.|880-1179","No","No",32,"No"]
[664388,"2011-11-17","14:50:31.200","D254/FE",192,"Duplo","Policemen","6 and up",9.9499999999999993,1,9.9499999999999993,5.17,"Cash","S.Y.|880-3139","No","No",46,"Yes"]
[664415,"2011-11-17","16:27:57.600","D254/FE",192,"Duplo","Policemen","6 and up",9.9499999999999993,3,29.849999999999998,15.51,"Mastercard","V.W.|880-4523","No","No",66,"No"]
[664436,"2011-11-17","12:12:00","D255/FE",192,"Duplo","Policemen","6 and up",9.9499999999999993,1,9.9499999999999993,5.17,"Visa","W.C.|880-4861","No","No",37,"No"]
[664436,"2011-11-17","12:12:00","L195/AE",195,"Lego","Airplane","8 and up",5.95,1,5.95,3.09,"Visa","W.C.|880-4861","No","No",37,"No"]
[664478,"2011-11-17","13:00:36","L195/AE",195,"Lego","Airplane","8 and up",5.95,1,5.95,3.09,"Cash","S.Y.|880-3139","No","No",29,"No"]
[664520,"2011-11-18","15:58:12","D254/FE",192,"Duplo","Policemen","6 and up",9.9499999999999993,1,9.9499999999999993,5.17,"Visa","N.W.|880-6237","Yes","Yes",29,"Yes"]
[664522,"2011-11-18","12:01:48","L256/PE",256,"Lego","Police Officers and Motorcycle","9 and up",9.9499999999999993,2,19.899999999999999,8.9600000000000009,"Visa","D.W.|880-7199","No","No",46,"No"]
[664571,"2011-11-18","13:46:44.400","D254/FE",192,"Duplo","Policemen","6 and up",9.9499999999999993,1,9.9499999999999993,5.17,"Visa","S.Y.|880-3139","No","No",38,"No"]
[664571,"2011-11-18","13:46:44.400","L256/PE",256,"Lego","Police Officers and Motorcycle","9 and up",9.9499999999999993,1,9.9499999999999993,4.4800000000000004,"Visa","S.Y.|880-3139","No","No",38,"No"]
[664616,"2011-11-19","14:12:36","L195/AE",195,"Lego","Airplane","8 and up",5.95,4,23.8,12.36,"Cash","V.W.|880-8599","Yes","Yes",21,"No"]
[664616,"2011-11-19","14:12:36","D255/FE",192,"Duplo","Policemen","6 and up",9.9499999999999993,3,29.849999999999998,15.51,"Cash","V.W.|880-8599","Yes","Yes",21,"No"]
[664616,"2011-11-19","14:12:36","D250/AT",192,"Duplo","Policemen","6 and up",9.9499999999999993,1,9.9499999999999993,5.17,"Cash","V.W.|880-8599","Yes","Yes",21,"No"]
[664659,"2011-11-20","20:44:24","D254/FE",192,"Duplo","Policemen","6 and up",9.9499999999999993,1,9.9499999999999993,5.17,"Mastercard","C.X.|880-3590","No","Yes",28,"No"]
[664659,"2011-11-20","20:44:24","D250/AT",192,"Duplo","Policemen","6 and up",9.9499999999999993,1,9.9499999999999993,5.17,"Mastercard","C.X.|880-3590","No","Yes",28,"No"]
[664707,"2011-11-21","15:26:24","L256/PE",256,"Lego","Police Officers and Motorcycle","9 and up",9.9499999999999993,2,19.899999999999999,8.9600000000000009,"Discover","U.W.|880-9683","No","No",21,"No"]
[664731,"2011-11-21","12:49:12","L194/FY",194,"Lego","Family","4 and up",14.95,1,14.95,8.3699999999999992,"Visa","L.C.|880-6872","No","Yes",25,"No"]
[664741,"2011-11-21","16:49:12","L256/PE",256,"Lego","Police Officers and Motorcycle","9 and up",9.9499999999999993,2,19.899999999999999,8.9600000000000009,"Discover","S.Y.|880-3139","No","No",50,"No"]
[664756,"2011-11-21","18:16:12","D198/LX",192,"Duplo","Policemen","6 and up",9.9499999999999993,1,9.9499999999999993,5.17,"Mastercard","L.C.|880-6872","No","No",49,"No"]
[664782,"2011-11-21","11:51:46.800","D254/FE",192,"Duplo","Policemen","6 and up",9.9499999999999993,3,29.849999999999998,15.51,"Discover","C.X.|880-3590","No","No",66,"No"]
[664782,"2011-11-21","11:51:46.800","L256/PE",256,"Lego","Police Officers and Motorcycle","9 and up",9.9499999999999993,1,9.9499999999999993,4.4800000000000004,"Discover","C.X.|880-3590","No","No",66,"No"]
[664787,"2011-11-22","11:55:37.200","D254/FE",192,"Duplo","Policemen","6 and up",9.9499999999999993,4,39.799999999999997,20.68,"Visa","P.N.|880-3021","No","Yes",50,"No"]
[664789,"2011-11-22","14:01:12","D250/AT",192,"Duplo","Policemen","6 and up",9.9499999999999993,1,9.9499999999999993,5.17,"Mastercard","B.B.|880-9330","Yes","No",45,"No"]
[664789,"2011-11-22","14:01:12","D254/FE",192,"Duplo","Policemen","6 and up",9.9499999999999993,1,9.9499999999999993,5.17,"Mastercard","B.B.|880-9330","Yes","No",45,"No"]
[664807,"2011-11-22","17:46:12","L195/AE",195,"Lego","Airplane","8 and up",5.95,2,11.9,6.18,"Cash","D.Z.|880-1179","No","No",50,"Yes"]
[664856,"2011-11-22","09:18:00","L197/FS",199,"Duplo","Scooter","4 and up",4.95,2,9.9,5.04,"Cash","D.W.|880-7199","No","No",39,"Yes"]
[664884,"2011-11-22","11:17:56.400","D198/LX",192,"Duplo","Policemen","6 and up",9.9499999999999993,2,19.899999999999999,10.34,"Mastercard","U.W.|880-9683","No","No",28,"No"]
[664898,"2011-11-22","10:15:36","L195/AE",195,"Lego","Airplane","8 and up",5.95,1,5.95,3.09,"Visa","A.U.|880-2167","No","No",26,"Yes"]
[664948,"2011-11-22","16:14:24","L256/PE",256,"Lego","Police Officers and Motorcycle","9 and up",9.9499999999999993,2,19.899999999999999,8.9600000000000009,"Cash","D.W.|880-7199","No","No",37,"Yes"]
[664948,"2011-11-22","16:14:24","L256/PE",256,"Lego","Police Officers and Motorcycle","9 and up",9.9499999999999993,1,9.9499999999999993,4.4800000000000004,"Cash","D.W.|880-7199","No","No",37,"Yes"]
[664958,"2011-11-22","12:47:42","L256/PE",256,"Lego","Police Officers and Motorcycle","9 and up",9.9499999999999993,4,39.799999999999997,17.920000000000002,"Cash","B.X.|880-9149","No","No",37,"No"]
[664989,"2011-11-22","13:02:24","D192/PN",192,"Duplo","Policemen","6 and up",9.9499999999999993,2,19.899999999999999,10.34,"Check","W.C.|880-4861","No","No",27,"No"]
[664989,"2011-11-22","13:02:24","D250/AT",192,"Duplo","Policemen","6 and up",9.9499999999999993,1,9.9499999999999993,5.17,"Check","W.C.|880-4861","No","No",27,"No"]
[665036,"2011-11-23","15:52:48","D254/FE",192,"Duplo","Policemen","6 and up",9.9499999999999993,1,9.9499999999999993,5.17,"Visa","B.Y.|880-6845","No","Yes",34,"No"]
[665052,"2011-11-23","10:32:24","D255/FE",192,"Duplo","Policemen","6 and up",9.9499999999999993,2,19.899999999999999,10.34,"Mastercard","V.W.|880-4523","Yes","No",33,"No"]
[665100,"2011-11-23","15:52:48","L256/PE",256,"Lego","Police Officers and Motorcycle","9 and up",9.9499999999999993,2,19.899999999999999,8.9600000000000009,"Visa","U.O.|880-3720","No","No",11,"No"]
[665111,"2011-11-23","12:53:24","D250/AT",192,"Duplo","Policemen","6 and up",9.9499999999999993,1,9.9499999999999993,5.17,"Discover","D.Z.|880-1179","Yes","Yes",36,"Yes"]
[665119,"2011-11-24","19:00:00","L195/AE",195,"Lego","Airplane","8 and up",5.95,1,5.95,3.09,"Cash","N.C.|880-3850","Yes","Yes",35,"No"]
[665119,"2011-11-24","19:00:00","D255/FE",192,"Duplo","Policemen","6 and up",9.9499999999999993,2,19.899999999999999,10.34,"Cash","N.C.|880-3850","Yes","Yes",35,"No"]
[665161,"2011-11-24","14:38:24","D255/FE",192,"Duplo","Policemen","6 and up",9.9499999999999993,2,19.899999999999999,10.34,"Check","P.N.|880-3021","Yes","Yes",72,"No"]
[665186,"2011-11-25","13:14:24","L197/FS",199,"Duplo","Scooter","4 and up",4.95,2,9.9,5.04,"Visa","Z.T.|880-7477","No","No",46,"Yes"]
[665213,"2011-11-25","11:33:54","L195/AE",195,"Lego","Airplane","8 and up",5.95,1,5.95,3.09,"Discover","W.B.|880-9647","No","No",43,"No"]
[665255,"2011-11-26","16:23:24","L256/PE",256,"Lego","Police Officers and Motorcycle","9 and up",9.9499999999999993,2,19.899999999999999,8.9600000000000009,"Visa","V.W.|880-4523","Yes","No",31,"No"]
[665264,"2011-11-26","14:11:24","D250/AT",192,"Duplo","Policemen","6 and up",9.9499999999999993,2,19.899999999999999,10.34,"Mastercard","P.N.|880-3021","No","No",35,"No"]
[665295,"2011-11-26","14:12:07.200","D250/AT",192,"Duplo","Policemen","6 and up",9.9499999999999993,1,9.9499999999999993,5.17,"Check","D.U.|880-2953","No","No",38,"No"]
[665337,"2011-11-26","12:58:04.800","L195/AE",195,"Lego","Airplane","8 and up",5.95,2,11.9,6.18,"Discover","U.W.|880-9683","No","Yes",30,"Yes"]
[665337,"2011-11-26","12:58:04.800","L195/AE",195,"Lego","Airplane","8 and up",5.95,5,29.75,15.45,"Discover","U.W.|880-9683","No","Yes",30,"Yes"]
[665367,"2011-11-27","15:14:38.400","L256/PE",256,"Lego","Police Officers and Motorcycle","9 and up",9.9499999999999993,1,9.9499999999999993,4.4800000000000004,"Check","N.C.|880-3850","No","No",31,"No"]
[665367,"2011-11-27","15:14:38.400","L197/FS",199,"Duplo","Scooter","4 and up",4.95,4,19.8,10.08,"Check","N.C.|880-3850","No","No",31,"No"]
[665379,"2011-11-27","09:33:54","D254/FE",192,"Duplo","Policemen","6 and up",9.9499999999999993,1,9.9499999999999993,5.17,"Cash","P.N.|880-3021","No","No",44,"No"]
[665405,"2011-11-28","16:58:26.400","L256/PE",256,"Lego","Police Officers and Motorcycle","9 and up",9.9499999999999993,1,9.9499999999999993,4.4800000000000004,"Visa","Z.T.|880-7477","No","No",37,"No"]
[665409,"2011-11-28","15:24:00","D254/FE",192,"Duplo","Policemen","6 and up",9.9499999999999993,1,9.9499999999999993,5.17,"Visa","A.U.|880-2167","No","No",33,"No"]
[665449,"2011-11-28","11:48:03.600","D250/AT",192,"Duplo","Policemen","6 and up",9.9499999999999993,1,9.9499999999999993,5.17,"Mastercard","U.W.|880-9683","No","No",43,"No"]
[665449,"2011-11-28","11:48:03.600","L217/SN",255,"Duplo","Farming Scene","7 and up",24.95,2,49.9,32.44,"Mastercard","U.W.|880-9683","No","No",43,"No"]
[665488,"2011-11-28","14:26:45.600","L195/AE",195,"Lego","Airplane","8 and up",5.95,1,5.95,3.09,"Mastercard","A.U.|880-2167","Yes","No",43,"Yes"]
[665519,"2011-11-28","16:07:12","L256/PE",256,"Lego","Police Officers and Motorcycle","9 and up",9.9499999999999993,1,9.9499999999999993,4.4800000000000004,"Cash","S.V.|880-5987","No","No",38,"No"]
[665520,"2011-11-29","20:40:48","L256/PE",256,"Lego","Police Officers and Motorcycle","9 and up",9.9499999999999993,4,39.799999999999997,17.920000000000002,"Visa","U.W.|880-9683","No","No",69,"Yes"]
[665569,"2011-11-29","15:54:36","D250/AT",192,"Duplo","Policemen","6 and up",9.9499999999999993,4,39.799999999999997,20.68,"Gift Card","S.V.|880-5987","No","No",40,"Yes"]
[665605,"2011-11-29","10:00:50.400","L195/AE",195,"Lego","Airplane","8 and up",5.95,4,23.8,12.36,"Check","Z.T.|880-7477","No","No",40,"Yes"]
[665621,"2011-11-29","13:23:34.800","D254/FE",192,"Duplo","Policemen","6 and up",9.9499999999999993,2,19.899999999999999,10.34,"Cash","U.O.|880-3720","No","No",34,"Yes"]
[665647,"2011-11-29","16:55:33.600","L195/AE",195,"Lego","Airplane","8 and up",5.95,1,5.95,3.09,"Visa","V.W.|880-8599","No","No",27,"No"]
[665658,"2011-11-29","11:40:04.800","L256/PE",256,"Lego","Police Officers and Motorcycle","9 and up",9.9499999999999993,4,39.799999999999997,17.920000000000002,"Mastercard","Y.P.|880-6894","No","No",36,"Yes"]
[665658,"2011-11-29","11:40:04.800","D254/FE",192,"Duplo","Policemen","6 and up",9.9499999999999993,1,9.9499999999999993,5.17,"Mastercard","Y.P.|880-6894","No","No",36,"Yes"]
[665663,"2011-11-29","20:09:00","L217/SN",255,"Duplo","Farming Scene","7 and up",24.95,1,24.95,16.22,"Visa","D.U.|880-2953","No","No",40,"No"]
[665711,"2011-11-29","13:22:58.800","D255/FE",192,"Duplo","Policemen","6 and up",9.9499999999999993,1,9.9499999999999993,5.17,"Cash","D.U.|880-2953","No","No",32,"No"]
[665724,"2011-11-30","11:36:00","D255/FE",192,"Duplo","Policemen","6 and up",9.9499999999999993,1,9.9499999999999993,5.17,"Visa","Z.Q.|880-4240","Yes","Yes",20,"No"]
[665727,"2011-11-30","11:07:12","D254/FE",192,"Duplo","Policemen","6 and up",9.9499999999999993,1,9.9499999999999993,5.17,"Mastercard","D.U.|880-2953","No","No",27,"No"]
[665727,"2011-11-30","11:07:12","D255/FE",192,"Duplo","Policemen","6 and up",9.9499999999999993,1,9.9499999999999993,5.17,"Mastercard","D.U.|880-2953","No","No",27,"No"]
[665727,"2011-11-30","11:07:12","D255/FE",192,"Duplo","Policemen","6 and up",9.9499999999999993,1,9.9499999999999993,5.17,"Mastercard","D.U.|880-2953","No","No",27,"No"]
[665765,"2011-12-01","09:33:21.600","L195/AE",195,"Lego","Airplane","8 and up",5.95,2,11.9,6.18,"Visa","U.O.|880-3720","No","No",36,"Yes"]
[665815,"2011-12-01","11:19:37.200","D199/SR",192,"Duplo","Policemen","6 and up",9.9499999999999993,1,9.9499999999999993,5.17,"Mastercard","V.W.|880-8599","No","No",61,"No"]
[665815,"2011-12-01","11:19:37.200","L195/AE",195,"Lego","Airplane","8 and up",5.95,4,23.8,12.36,"Mastercard","V.W.|880-8599","No","No",61,"No"]
[665840,"2011-12-01","15:49:12","L195/AE",195,"Lego","Airplane","8 and up",5.95,1,5.95,3.09,"Discover","A.U.|880-2167","No","No",30,"No"]
[665840,"2011-12-01","15:49:12","D218/FN",192,"Duplo","Policemen","6 and up",9.9499999999999993,2,19.899999999999999,10.34,"Discover","A.U.|880-2167","No","No",30,"No"]
[665857,"2011-12-01","11:08:49.200","D255/FE",192,"Duplo","Policemen","6 and up",9.9499999999999993,1,9.9499999999999993,5.17,"Cash","B.X.|880-9149","Yes","No",20,"No"]
[665902,"2011-12-01","13:06:28.800","D255/FE",192,"Duplo","Policemen","6 and up",9.9499999999999993,2,19.899999999999999,10.34,"Cash","S.Y.|880-3139","No","No",32,"No"]
[665932,"2011-12-02","13:07:12","L252/LR",255,"Duplo","Farming Scene","7 and up",24.95,1,24.95,16.22,"Visa","B.B.|880-9330","No","No",37,"No"]
[665961,"2011-12-02","12:33:00","D254/FE",192,"Duplo","Policemen","6 and up",9.9499999999999993,2,19.899999999999999,10.34,"Visa","B.B.|880-9330","No","Yes",43,"No"]
[665977,"2011-12-02","13:17:24","D198/LX",192,"Duplo","Policemen","6 and up",9.9499999999999993,1,9.9499999999999993,5.17,"Visa","D.U.|880-2953","No","No",37,"No"]
[666002,"2011-12-03","13:59:24","D254/FE",192,"Duplo","Policemen","6 and up",9.9499999999999993,1,9.9499999999999993,5.17,"Visa","D.W.|880-7199","Yes","Yes",36,"No"]
[666047,"2011-12-03","10:55:33.600","L256/PE",256,"Lego","Police Officers and Motorcycle","9 and up",9.9499999999999993,1,9.9499999999999993,4.4800000000000004,"Cash","D.W.|880-7199","No","No",16,"No"]
[666086,"2011-12-03","16:54:00","L195/AE",195,"Lego","Airplane","8 and up",5.95,1,5.95,3.09,"Cash","W.B.|880-9647","No","No",53,"No"]
[666094,"2011-12-03","13:42:00","L195/AE",195,"Lego","Airplane","8 and up",5.95,4,23.8,12.36,"Mastercard","B.B.|880-9330","No","No",32,"Yes"]
[666100,"2011-12-03","15:39:36","L194/FY",194,"Lego","Family","4 and up",14.95,2,29.9,16.739999999999998,"Cash","H.B.|880-3254","No","No",38,"No"]
[666110,"2011-12-03","10:28:48","D250/AT",192,"Duplo","Policemen","6 and up",9.9499999999999993,2,19.899999999999999,10.34,"Gift Card","N.C.|880-3850","No","Yes",34,"No"]
[666116,"2011-12-03","13:44:02.400","L195/AE",195,"Lego","Airplane","8 and up",5.95,3,17.850000000000001,9.27,"Discover","P.N.|880-3021","No","No",47,"Yes"]
[666137,"2011-12-04","13:08:24","D255/FE",192,"Duplo","Policemen","6 and up",9.9499999999999993,1,9.9499999999999993,5.17,"Mastercard","U.O.|880-3720","No","No",36,"No"]
[666187,"2011-12-04","13:56:45.600","D254/FE",192,"Duplo","Policemen","6 and up",9.9499999999999993,3,29.849999999999998,15.51,"Visa","H.B.|880-3254","No","No",36,"No"]
[666187,"2011-12-04","13:56:45.600","D254/FE",192,"Duplo","Policemen","6 and up",9.9499999999999993,1,9.9499999999999993,5.17,"Visa","H.B.|880-3254","No","No",36,"No"]
[666232,"2011-12-04","17:35:24","D250/AT",192,"Duplo","Policemen","6 and up",9.9499999999999993,4,39.799999999999997,20.68,"Mastercard","D.Z.|880-1179","No","No",27,"No"]
[666232,"2011-12-04","17:35:24","L195/AE",195,"Lego","Airplane","8 and up",5.95,3,17.850000000000001,9.27,"Mastercard","D.Z.|880-1179","No","No",27,"No"]
[666232,"2011-12-04","17:35:24","D250/AT",192,"Duplo","Policemen","6 and up",9.9499999999999993,1,9.9499999999999993,5.17,"Mastercard","D.Z.|880-1179","No","No",27,"No"]
[666245,"2011-12-04","15:30:00","D250/AT",192,"Duplo","Policemen","6 and up",9.9499999999999993,2,19.899999999999999,10.34,"Discover","A.U.|880-2167","No","No",26,"No"]
[666294,"2011-12-05","20:54:00","L252/LR",255,"Duplo","Farming Scene","7 and up",24.95,4,99.8,64.88,"Mastercard","Y.P.|880-6894","No","No",39,"No"]
[666344,"2011-12-05","14:33:00","L195/AE",195,"Lego","Airplane","8 and up",5.95,1,5.95,3.09,"Cash","U.W.|880-9683","No","No",35,"Yes"]
[666381,"2011-12-06","12:06:00","D255/FE",192,"Duplo","Policemen","6 and up",9.9499999999999993,3,29.849999999999998,15.51,"Check","P.N.|880-3021","No","No",43,"No"]
[666418,"2011-12-06","14:03:36","L330/GN",330,"Lego","Gas Station","8 and up",32.950000000000003,1,32.950000000000003,19.11,"Cash","Z.T.|880-7477","No","No",36,"Yes"]
[666436,"2011-12-06","20:37:48","D254/FE",192,"Duplo","Policemen","6 and up",9.9499999999999993,1,9.9499999999999993,5.17,"Visa","N.W.|880-6237","Yes","No",31,"No"]
[666474,"2011-12-06","13:45:00","D250/AT",192,"Duplo","Policemen","6 and up",9.9499999999999993,1,9.9499999999999993,5.17,"Gift Card","D.W.|880-7199","No","No",37,"No"]
[666486,"2011-12-06","11:10:12","D255/FE",192,"Duplo","Policemen","6 and up",9.9499999999999993,2,19.899999999999999,10.34,"Mastercard","B.X.|880-9149","No","No",44,"No"]
[666486,"2011-12-06","11:10:12","D254/FE",192,"Duplo","Policemen","6 and up",9.9499999999999993,1,9.9499999999999993,5.17,"Mastercard","B.X.|880-9149","No","No",44,"No"]
[666514,"2011-12-07","20:36:00","D250/AT",192,"Duplo","Policemen","6 and up",9.9499999999999993,1,9.9499999999999993,5.17,"Mastercard","D.Z.|880-1179","No","No",31,"No"]
[666514,"2011-12-07","20:36:00","L256/PE",256,"Lego","Police Officers and Motorcycle","9 and up",9.9499999999999993,1,9.9499999999999993,4.4800000000000004,"Mastercard","D.Z.|880-1179","No","No",31,"No"]
[666514,"2011-12-07","20:36:00","D254/FE",192,"Duplo","Policemen","6 and up",9.9499999999999993,1,9.9499999999999993,5.17,"Mastercard","D.Z.|880-1179","No","No",31,"No"]
[666559,"2011-12-07","16:42:00","D255/FE",192,"Duplo","Policemen","6 and up",9.9499999999999993,2,19.899999999999999,10.34,"Visa","N.C.|880-3850","No","Yes",31,"No"]
[666599,"2011-12-07","11:42:36","D255/FE",192,"Duplo","Policemen","6 and up",9.9499999999999993,2,19.899999999999999,10.34,"Discover","H.B.|880-3254","No","No",25,"Yes"]
[666599,"2011-12-07","11:42:36","D250/AT",192,"Duplo","Policemen","6 and up",9.9499999999999993,4,39.799999999999997,20.68,"Discover","H.B.|880-3254","No","No",25,"Yes"]
[666623,"2011-12-07","16:54:03.600","L195/AE",195,"Lego","Airplane","8 and up",5.95,4,23.8,12.36,"Visa","B.B.|880-9330","No","No",45,"No"]
[666623,"2011-12-07","16:54:03.600","L256/PE",256,"Lego","Police Officers and Motorcycle","9 and up",9.9499999999999993,1,9.9499999999999993,4.4800000000000004,"Visa","B.B.|880-9330","No","No",45,"No"]
[666628,"2011-12-08","16:04:48","L256/PE",256,"Lego","Police Officers and Motorcycle","9 and up",9.9499999999999993,4,39.799999999999997,17.920000000000002,"Visa","S.Y.|880-3139","No","No",35,"No"]
[666647,"2011-12-08","15:10:55.200","D255/FE",192,"Duplo","Policemen","6 and up",9.9499999999999993,1,9.9499999999999993,5.17,"Mastercard","S.Y.|880-3139","No","No",32,"No"]
[666657,"2011-12-09","12:22:48","D254/FE",192,"Duplo","Policemen","6 and up",9.9499999999999993,1,9.9499999999999993,5.17,"Discover","N.W.|880-6237","No","No",50,"No"]
[666662,"2011-12-09","13:11:52.800","D255/FE",192,"Duplo","Policemen","6 and up",9.9499999999999993,3,29.849999999999998,15.51,"Cash","D.U.|880-2953","No","No",25,"No"]
[666678,"2011-12-09","13:08:24","L256/PE",256,"Lego","Police Officers and Motorcycle","9 and up",9.9499999999999993,1,9.9499999999999993,4.4800000000000004,"Visa","S.V.|880-5987","No","No",38,"No"]
[666721,"2011-12-09","16:41:45.600","D250/AT",192,"Duplo","Policemen","6 and up",9.9499999999999993,2,19.899999999999999,10.34,"Mastercard","W.C.|880-4861","No","No",28,"Yes"]
[666727,"2011-12-09","10:51:00","L256/PE",256,"Lego","Police Officers and Motorcycle","9 and up",9.9499999999999993,1,9.9499999999999993,4.4800000000000004,"Mastercard","H.B.|880-3254","No","Yes",43,"No"]
[666749,"2011-12-10","14:46:48","D255/FE",192,"Duplo","Policemen","6 and up",9.9499999999999993,1,9.9499999999999993,5.17,"Discover","A.U.|880-2167","No","No",50,"No"]
[666798,"2011-12-10","19:34:12","L197/FS",199,"Duplo","Scooter","4 and up",4.95,4,19.8,10.08,"Visa","W.C.|880-4861","No","No",24,"No"]
[666814,"2011-12-10","18:25:48","D199/SR",192,"Duplo","Policemen","6 and up",9.9499999999999993,4,39.799999999999997,20.68,"Gift Card","W.B.|880-9647","No","Yes",46,"Yes"]
[666844,"2011-12-10","12:04:08.400","D254/FE",192,"Duplo","Policemen","6 and up",9.9499999999999993,1,9.9499999999999993,5.17,"Visa","V.W.|880-8599","No","No",30,"No"]
[666888,"2011-12-10","18:46:48","D254/FE",192,"Duplo","Policemen","6 and up",9.9499999999999993,1,9.9499999999999993,5.17,"Cash","B.Y.|880-6845","No","No",43,"No"]
[666918,"2011-12-11","15:00:00","L195/AE",195,"Lego","Airplane","8 and up",5.95,5,29.75,15.45,"Visa","B.X.|880-9149","No","No",50,"No"]
[666948,"2011-12-11","10:49:12","L195/AE",195,"Lego","Airplane","8 and up",5.95,2,11.9,6.18,"Visa","Z.T.|880-7477","No","Yes",32,"No"]
[666976,"2011-12-11","13:13:12","D255/FE",192,"Duplo","Policemen","6 and up",9.9499999999999993,1,9.9499999999999993,5.17,"Visa","N.C.|880-3850","No","Yes",47,"No"]
[667021,"2011-12-12","11:02:24","L217/SN",255,"Duplo","Farming Scene","7 and up",24.95,4,99.8,64.88,"Cash","B.X.|880-9149","No","No",32,"Yes"]
[667056,"2011-12-13","16:13:12","D254/FE",192,"Duplo","Policemen","6 and up",9.9499999999999993,1,9.9499999999999993,5.17,"Visa","Z.T.|880-7477","No","No",36,"No"]
[667092,"2011-12-13","10:48:00","L194/FY",194,"Lego","Family","4 and up",14.95,1,14.95,8.3699999999999992,"Gift Card","V.W.|880-8599","Yes","Yes",43,"No"]
[667113,"2011-12-13","14:23:24","D254/FE",192,"Duplo","Policemen","6 and up",9.9499999999999993,2,19.899999999999999,10.34,"Visa","L.C.|880-6872","No","No",67,"No"]
[667122,"2011-12-13","16:53:38.400","L256/PE",256,"Lego","Police Officers and Motorcycle","9 and up",9.9499999999999993,1,9.9499999999999993,4.4800000000000004,"Mastercard","Y.P.|880-6894","No","No",41,"No"]
[667149,"2011-12-14","14:16:40.800","D254/FE",192,"Duplo","Policemen","6 and up",9.9499999999999993,1,9.9499999999999993,5.17,"Discover","B.X.|880-9149","No","No",41,"No"]
[667195,"2011-12-14","15:52:12","D254/FE",192,"Duplo","Policemen","6 and up",9.9499999999999993,2,19.899999999999999,10.34,"Visa","S.V.|880-5987","Yes","No",29,"No"]
[667195,"2011-12-14","15:52:12","L256/PE",256,"Lego","Police Officers and Motorcycle","9 and up",9.9499999999999993,2,19.899999999999999,8.9600000000000009,"Visa","S.V.|880-5987","Yes","No",29,"No"]
[667235,"2011-12-14","15:00:00","D250/AT",192,"Duplo","Policemen","6 and up",9.9499999999999993,2,19.899999999999999,10.34,"Visa","B.Y.|880-6845","Yes","No",35,"No"]
[667284,"2011-12-14","12:23:24","D255/FE",192,"Duplo","Policemen","6 and up",9.9499999999999993,1,9.9499999999999993,5.17,"Cash","L.W.|880-4986","No","No",33,"No"]
[667284,"2011-12-14","12:23:24","D255/FE",192,"Duplo","Policemen","6 and up",9.9499999999999993,5,49.75,25.85,"Cash","L.W.|880-4986","No","No",33,"No"]
[667323,"2011-12-14","13:06:00","D255/FE",192,"Duplo","Policemen","6 and up",9.9499999999999993,1,9.9499999999999993,5.17,"Cash","V.W.|880-8599","No","No",30,"Yes"]
[667323,"2011-12-14","13:06:00","D255/FE",192,"Duplo","Policemen","6 and up",9.9499999999999993,2,19.899999999999999,10.34,"Cash","V.W.|880-8599","No","No",30,"Yes"]
[667372,"2011-12-15","14:01:26.400","D250/AT",192,"Duplo","Policemen","6 and up",9.9499999999999993,2,19.899999999999999,10.34,"Visa","W.B.|880-9647","No","No",42,"No"]
[667387,"2011-12-15","18:57:36","D250/AT",192,"Duplo","Policemen","6 and up",9.9499999999999993,1,9.9499999999999993,5.17,"Discover","Z.T.|880-7477","Yes","No",29,"No"]
[667425,"2011-12-16","10:55:12","D250/AT",192,"Duplo","Policemen","6 and up",9.9499999999999993,1,9.9499999999999993,5.17,"Cash","W.C.|880-4861","No","No",40,"No"]
[667462,"2011-12-16","16:09:00","D254/FE",192,"Duplo","Policemen","6 and up",9.9499999999999993,1,9.9499999999999993,5.17,"Gift Card","V.W.|880-4523","No","No",31,"No"]
[667462,"2011-12-16","16:09:00","D250/AT",192,"Duplo","Policemen","6 and up",9.9499999999999993,1,9.9499999999999993,5.17,"Gift Card","V.W.|880-4523","No","No",31,"No"]
[667483,"2011-12-16","18:38:24","D254/FE",192,"Duplo","Policemen","6 and up",9.9499999999999993,2,19.899999999999999,10.34,"Mastercard","S.Y.|880-3139","No","No",36,"Yes"]
[667502,"2011-12-16","10:45:00","D255/FE",192,"Duplo","Policemen","6 and up",9.9499999999999993,1,9.9499999999999993,5.17,"Mastercard","H.B.|880-3254","No","No",30,"No"]
[667541,"2011-12-17","12:57:46.800","D254/FE",192,"Duplo","Policemen","6 and up",9.9499999999999993,3,29.849999999999998,15.51,"Visa","B.Y.|880-6845","No","No",57,"No"]
[667545,"2011-12-17","16:41:09.600","D255/FE",192,"Duplo","Policemen","6 and up",9.9499999999999993,1,9.9499999999999993,5.17,"Cash","N.W.|880-6237","No","No",19,"No"]
[667580,"2011-12-17","15:53:24","L195/AE",195,"Lego","Airplane","8 and up",5.95,1,5.95,3.09,"Discover","W.C.|880-4861","No","No",31,"No"]
[667628,"2011-12-17","16:18:39.600","L195/AE",195,"Lego","Airplane","8 and up",5.95,1,5.95,3.09,"Cash","N.C.|880-3850","No","No",31,"No"]
[667629,"2011-12-17","16:30:00","D255/FE",192,"Duplo","Policemen","6 and up",9.9499999999999993,1,9.9499999999999993,5.17,"Visa","Y.P.|880-6894","No","No",17,"No"]
[667629,"2011-12-17","16:30:00","L195/AE",195,"Lego","Airplane","8 and up",5.95,2,11.9,6.18,"Visa","Y.P.|880-6894","No","No",17,"No"]
[667654,"2011-12-18","11:51:36","L256/PE",256,"Lego","Police Officers and Motorcycle","9 and up",9.9499999999999993,2,19.899999999999999,8.9600000000000009,"Mastercard","L.C.|880-6872","No","No",51,"No"]
[667661,"2011-12-18","13:43:48","D255/FE",192,"Duplo","Policemen","6 and up",9.9499999999999993,1,9.9499999999999993,5.17,"Mastercard","B.X.|880-9149","Yes","No",38,"No"]
[667700,"2011-12-18","14:15:36","L197/FS",199,"Duplo","Scooter","4 and up",4.95,1,4.95,2.52,"Visa","U.W.|880-9683","No","No",27,"No"]
[667706,"2011-12-18","10:39:28.800","L256/PE",256,"Lego","Police Officers and Motorcycle","9 and up",9.9499999999999993,1,9.9499999999999993,4.4800000000000004,"Cash","P.N.|880-3021","No","No",32,"Yes"]
[667706,"2011-12-18","10:39:28.800","L210/CS",210,"Lego","Cowboys with Horses","6 and up",9.4499999999999993,2,18.899999999999999,9.26,"Cash","P.N.|880-3021","No","No",32,"Yes"]
[667727,"2011-12-19","13:39:50.400","D250/AT",192,"Duplo","Policemen","6 and up",9.9499999999999993,4,39.799999999999997,20.68,"Mastercard","B.Y.|880-6845","Yes","No",27,"No"]
[667750,"2011-12-19","15:38:24","L256/PE",256,"Lego","Police Officers and Motorcycle","9 and up",9.9499999999999993,5,49.75,22.4,"Gift Card","D.Z.|880-1179","No","No",43,"No"]
[667750,"2011-12-19","15:38:24","L256/PE",256,"Lego","Police Officers and Motorcycle","9 and up",9.9499999999999993,1,9.9499999999999993,4.4800000000000004,"Gift Card","D.Z.|880-1179","No","No",43,"No"]
[667750,"2011-12-19","15:38:24","L195/AE",195,"Lego","Airplane","8 and up",5.95,2,11.9,6.18,"Gift Card","D.Z.|880-1179","No","No",43,"No"]
[667798,"2011-12-19","10:10:48","D250/AT",192,"Duplo","Policemen","6 and up",9.9499999999999993,4,39.799999999999997,20.68,"Mastercard","N.C.|880-3850","No","No",31,"No"]
[667798,"2011-12-19","10:10:48","L256/PE",256,"Lego","Police Officers and Motorcycle","9 and up",9.9499999999999993,1,9.9499999999999993,4.4800000000000004,"Mastercard","N.C.|880-3850","No","No",31,"No"]
[667828,"2011-12-19","14:16:04.800","L212/SD",212,"Lego","Scooter and Stand","6 and up",4.95,2,9.9,4.46,"Check","H.B.|880-3254","No","No",38,"No"]
[667828,"2011-12-19","14:16:04.800","D255/FE",192,"Duplo","Policemen","6 and up",9.9499999999999993,2,19.899999999999999,10.34,"Check","H.B.|880-3254","No","No",38,"No"]
[667840,"2011-12-21","13:28:40.800","D254/FE",192,"Duplo","Policemen","6 and up",9.9499999999999993,3,29.849999999999998,15.51,"Visa","S.V.|880-5987","No","No",73,"No"]
[667840,"2011-12-21","13:28:40.800","D250/AT",192,"Duplo","Policemen","6 and up",9.9499999999999993,1,9.9499999999999993,5.17,"Visa","S.V.|880-5987","No","No",73,"No"]
[667857,"2011-12-21","15:18:28.800","D254/FE",192,"Duplo","Policemen","6 and up",9.9499999999999993,1,9.9499999999999993,5.17,"Visa","Z.T.|880-7477","No","No",44,"No"]
[667861,"2011-12-21","13:17:02.400","D250/AT",192,"Duplo","Policemen","6 and up",9.9499999999999993,1,9.9499999999999993,5.17,"Mastercard","D.U.|880-2953","No","No",6,"No"]
[667871,"2011-12-21","15:08:24","L252/LR",255,"Duplo","Farming Scene","7 and up",24.95,2,49.9,32.44,"Check","L.C.|880-6872","Yes","No",33,"No"]
[667895,"2011-12-21","15:59:27.600","L256/PE",256,"Lego","Police Officers and Motorcycle","9 and up",9.9499999999999993,2,19.899999999999999,8.9600000000000009,"Cash","D.U.|880-2953","No","No",29,"No"]
[667932,"2011-12-21","14:26:24","D254/FE",192,"Duplo","Policemen","6 and up",9.9499999999999993,1,9.9499999999999993,5.17,"Discover","W.C.|880-4861","No","No",35,"No"]
[667932,"2011-12-21","14:26:24","D254/FE",192,"Duplo","Policemen","6 and up",9.9499999999999993,4,39.799999999999997,20.68,"Discover","W.C.|880-4861","No","No",35,"No"]
[667953,"2011-12-21","12:27:36","D250/AT",192,"Duplo","Policemen","6 and up",9.9499999999999993,1,9.9499999999999993,5.17,"Discover","A.U.|880-2167","No","No",50,"No"]
[667993,"2011-12-22","10:07:12","L195/AE",195,"Lego","Airplane","8 and up",5.95,2,11.9,6.18,"Cash","Y.P.|880-6894","No","No",39,"No"]
[667995,"2011-12-22","12:19:48","D250/AT",192,"Duplo","Policemen","6 and up",9.9499999999999993,2,19.899999999999999,10.34,"Gift Card","U.O.|880-3720","No","No",43,"No"]
[668018,"2011-12-22","15:47:24","D250/AT",192,"Duplo","Policemen","6 and up",9.9499999999999993,1,9.9499999999999993,5.17,"Visa","V.W.|880-4523","No","No",68,"No"]
[668018,"2011-12-22","15:47:24","L195/AE",195,"Lego","Airplane","8 and up",5.95,2,11.9,6.18,"Visa","V.W.|880-4523","No","No",68,"No"]
[668052,"2011-12-22","15:36:36","D255/FE",192,"Duplo","Policemen","6 and up",9.9499999999999993,1,9.9499999999999993,5.17,"Discover","Z.Q.|880-4240","Yes","No",21,"No"]
[668052,"2011-12-22","15:36:36","L195/AE",195,"Lego","Airplane","8 and up",5.95,1,5.95,3.09,"Discover","Z.Q.|880-4240","Yes","No",21,"No"]
[668095,"2011-12-23","12:54:00","L256/PE",256,"Lego","Police Officers and Motorcycle","9 and up",9.9499999999999993,2,19.899999999999999,8.9600000000000009,"Cash","D.Z.|880-1179","No","No",32,"No"]
[668095,"2011-12-23","12:54:00","D254/FE",192,"Duplo","Policemen","6 and up",9.9499999999999993,2,19.899999999999999,10.34,"Cash","D.Z.|880-1179","No","No",32,"No"]
[668130,"2011-12-23","13:53:24","D255/FE",192,"Duplo","Policemen","6 and up",9.9499999999999993,2,19.899999999999999,10.34,"Mastercard","U.O.|880-3720","No","No",39,"No"]
[668145,"2011-12-23","13:56:24","L210/CS",210,"Lego","Cowboys with Horses","6 and up",9.4499999999999993,4,37.799999999999997,18.52,"Check","B.B.|880-9330","No","No",41,"No"]
[668156,"2011-12-23","19:21:36","D254/FE",192,"Duplo","Policemen","6 and up",9.9499999999999993,3,29.849999999999998,15.51,"Mastercard","U.O.|880-3720","No","No",45,"No"]
[668184,"2011-12-23","08:19:12","L217/SN",255,"Duplo","Farming Scene","7 and up",24.95,1,24.95,16.22,"Visa","A.U.|880-2167","No","No",36,"No"]
[668207,"2011-12-24","11:00:36","L256/PE",256,"Lego","Police Officers and Motorcycle","9 and up",9.9499999999999993,2,19.899999999999999,8.9600000000000009,"Discover","P.N.|880-3021","No","No",30,"No"]
[668216,"2011-12-24","15:58:12","L196/AR",196,"Lego","Antique Car","8 and up",7.95,1,7.95,4.45,"Visa","P.N.|880-3021","No","No",34,"No"]
[668232,"2011-12-24","14:10:48","D250/AT",192,"Duplo","Policemen","6 and up",9.9499999999999993,1,9.9499999999999993,5.17,"Mastercard","L.W.|880-4986","No","No",31,"No"]
[668232,"2011-12-24","14:10:48","D254/FE",192,"Duplo","Policemen","6 and up",9.9499999999999993,1,9.9499999999999993,5.17,"Mastercard","L.W.|880-4986","No","No",31,"No"]
[668232,"2011-12-24","14:10:48","D254/FE",192,"Duplo","Policemen","6 and up",9.9499999999999993,1,9.9499999999999993,5.17,"Mastercard","L.W.|880-4986","No","No",31,"No"]
[668261,"2011-12-25","14:12:32.400","D255/FE",192,"Duplo","Policemen","6 and up",9.9499999999999993,2,19.899999999999999,10.34,"Cash","B.X.|880-9149","No","No",34,"No"]
[668261,"2011-12-25","14:12:32.400","D254/FE",192,"Duplo","Policemen","6 and up",9.9499999999999993,1,9.9499999999999993,5.17,"Cash","B.X.|880-9149","No","No",34,"No"]
[668293,"2011-12-25","14:41:24","D199/SR",192,"Duplo","Policemen","6 and up",9.9499999999999993,2,19.899999999999999,10.34,"Visa","Z.T.|880-7477","No","No",44,"No"]
[668305,"2011-12-25","11:47:13.200","L212/SD",212,"Lego","Scooter and Stand","6 and up",4.95,1,4.95,2.23,"Visa","A.U.|880-2167","No","No",28,"No"]
[668326,"2011-12-25","19:46:12","D250/AT",192,"Duplo","Policemen","6 and up",9.9499999999999993,1,9.9499999999999993,5.17,"Visa","S.Y.|880-3139","Yes","Yes",34,"No"]
[668376,"2012-01-02","20:10:48","L195/AE",195,"Lego","Airplane","8 and up",5.95,1,5.95,3.09,"Visa","S.V.|880-5987","No","No",37,"No"]
[668384,"2012-01-02","09:32:34.800","L195/AE",195,"Lego","Airplane","8 and up",5.95,1,5.95,3.09,"Visa","C.X.|880-3590","No","No",27,"No"]
[668384,"2012-01-02","09:32:34.800","L195/AE",195,"Lego","Airplane","8 and up",5.95,4,23.8,12.36,"Visa","C.X.|880-3590","No","No",27,"No"]
[668391,"2012-01-08","13:18:00","L195/AE",195,"Lego","Airplane","8 and up",5.95,1,5.95,3.09,"Mastercard","W.B.|880-9647","No","No",29,"No"]
[668431,"2012-01-13","12:46:08.400","L195/AE",195,"Lego","Airplane","8 and up",5.95,5,29.75,15.45,"Cash","D.S.|880-7532","No","No",32,"Yes"]
[668451,"2012-01-19","18:06:00","D255/FE",192,"Duplo","Policemen","6 and up",9.9499999999999993,1,9.9499999999999993,5.17,"Visa","L.C.|880-6872","No","No",41,"No"]
[668451,"2012-01-19","18:06:00","D255/FE",192,"Duplo","Policemen","6 and up",9.9499999999999993,1,9.9499999999999993,5.17,"Visa","L.C.|880-6872","No","No",41,"No"]
[668489,"2012-01-21","15:27:00","D254/FE",192,"Duplo","Policemen","6 and up",9.9499999999999993,1,9.9499999999999993,5.17,"Cash","D.U.|880-2953","No","No",36,"No"]
[668499,"2012-01-29","14:21:36","D254/FE",192,"Duplo","Policemen","6 and up",9.9499999999999993,2,19.899999999999999,10.34,"Visa","Z.T.|880-7477","Yes","No",33,"No"]
[668499,"2012-01-29","14:21:36","D250/AT",192,"Duplo","Policemen","6 and up",9.9499999999999993,1,9.9499999999999993,5.17,"Visa","Z.T.|880-7477","Yes","No",33,"No"]
[668546,"2012-02-12","09:36:54","L217/SN",255,"Duplo","Farming Scene","7 and up",24.95,2,49.9,32.44,"Discover","V.W.|880-4523","No","No",33,"No"]
[668564,"2012-02-13","17:55:12","D255/FE",192,"Duplo","Policemen","6 and up",9.9499999999999993,1,9.9499999999999993,5.17,"Discover","Y.P.|880-6894","No","No",35,"No"]
[668585,"2012-02-14","18:39:36","L256/PE",256,"Lego","Police Officers and Motorcycle","9 and up",9.9499999999999993,3,29.849999999999998,13.44,"Gift Card","Y.P.|880-6894","No","No",39,"Yes"]
[668585,"2012-02-14","18:39:36","L256/PE",256,"Lego","Police Officers and Motorcycle","9 and up",9.9499999999999993,2,19.899999999999999,8.9600000000000009,"Gift Card","Y.P.|880-6894","No","No",39,"Yes"]
[668615,"2012-03-03","12:16:12","D254/FE",192,"Duplo","Policemen","6 and up",9.9499999999999993,1,9.9499999999999993,5.17,"Mastercard","S.Y.|880-3139","No","No",35,"No"]
[668615,"2012-03-03","12:16:12","D255/FE",192,"Duplo","Policemen","6 and up",9.9499999999999993,1,9.9499999999999993,5.17,"Mastercard","S.Y.|880-3139","No","No",35,"No"]
[668653,"2012-03-16","16:55:26.400","L256/PE",256,"Lego","Police Officers and Motorcycle","9 and up",9.9499999999999993,1,9.9499999999999993,4.4800000000000004,"Mastercard","H.B.|880-3254","No","No",40,"No"]
[668653,"2012-03-16","16:55:26.400","D250/AT",192,"Duplo","Policemen","6 and up",9.9499999999999993,2,19.899999999999999,10.34,"Mastercard","H.B.|880-3254","No","No",40,"No"]
[668653,"2012-03-16","16:55:26.400","L256/PE",256,"Lego","Police Officers and Motorcycle","9 and up",9.9499999999999993,1,9.9499999999999993,4.4800000000000004,"Mastercard","H.B.|880-3254","No","No",40,"No"]
[668660,"2012-03-24","20:19:12","D254/FE",192,"Duplo","Policemen","6 and up",9.9499999999999993,2,19.899999999999999,10.34,"Cash","C.X.|880-3590","No","No",61,"No"]
[668681,"2012-04-03","14:31:33.600","L252/LR",255,"Duplo","Farming Scene","7 and up",24.95,1,24.95,16.22,"Visa","W.B.|880-9647","No","No",32,"No"]
[668691,"2012-04-10","20:49:48","D250/AT",192,"Duplo","Policemen","6 and up",9.9499999999999993,1,9.9499999999999993,5.17,"Visa","S.Y.|880-3139","Yes","No",59,"Yes"]
[668692,"2012-04-12","20:51:00","L256/PE",256,"Lego","Police Officers and Motorcycle","9 and up",9.9499999999999993,1,9.9499999999999993,4.4800000000000004,"Check","A.U.|880-2167","No","No",37,"Yes"]
[668692,"2012-04-12","20:51:00","D250/AT",192,"Duplo","Policemen","6 and up",9.9499999999999993,1,9.9499999999999993,5.17,"Check","A.U.|880-2167","No","No",37,"Yes"]
[668708,"2012-04-21","20:20:24","D255/FE",192,"Duplo","Policemen","6 and up",9.9499999999999993,1,9.9499999999999993,5.17,"Visa","D.U.|880-2953","No","No",70,"No"]
[668714,"2012-04-22","11:37:48","D255/FE",192,"Duplo","Policemen","6 and up",9.9499999999999993,4,39.799999999999997,20.68,"Cash","N.W.|880-6237","No","No",23,"No"]
[668743,"2012-04-23","10:40:30","D254/FE",192,"Duplo","Policemen","6 and up",9.9499999999999993,1,9.9499999999999993,5.17,"Cash","Y.P.|880-6894","No","No",35,"No"]
[668752,"2012-04-23","17:21:36","D250/AT",192,"Duplo","Policemen","6 and up",9.9499999999999993,4,39.799999999999997,20.68,"Discover","D.Z.|880-1179","No","No",41,"No"]
[668752,"2012-04-23","17:21:36","D250/AT",192,"Duplo","Policemen","6 and up",9.9499999999999993,1,9.9499999999999993,5.17,"Discover","D.Z.|880-1179","No","No",41,"No"]
[668801,"2012-05-13","15:10:48","L256/PE",256,"Lego","Police Officers and Motorcycle","9 and up",9.9499999999999993,1,9.9499999999999993,4.4800000000000004,"Visa","D.U.|880-2953","No","No",27,"No"]
[668804,"2012-05-19","12:32:31.200","D250/AT",192,"Duplo","Policemen","6 and up",9.9499999999999993,4,39.799999999999997,20.68,"Visa","S.Y.|880-3139","No","No",29,"No"]
[668804,"2012-05-19","12:32:31.200","L195/AE",195,"Lego","Airplane","8 and up",5.95,3,17.850000000000001,9.27,"Visa","S.Y.|880-3139","No","No",29,"No"]
[668829,"2012-05-24","13:25:12","D254/FE",192,"Duplo","Policemen","6 and up",9.9499999999999993,1,9.9499999999999993,5.17,"Visa","B.X.|880-9149","No","No",34,"No"]
[668848,"2012-06-08","09:46:30","D255/FE",192,"Duplo","Policemen","6 and up",9.9499999999999993,2,19.899999999999999,10.34,"Visa","A.U.|880-2167","No","No",42,"No"]
[668883,"2012-06-09","11:39:43.200","L194/FY",194,"Lego","Family","4 and up",14.95,2,29.9,16.739999999999998,"Gift Card","V.W.|880-8599","No","No",38,"No"]
[668903,"2012-06-09","08:28:48","D250/AT",192,"Duplo","Policemen","6 and up",9.9499999999999993,1,9.9499999999999993,5.17,"Visa","L.W.|880-4986","No","Yes",21,"No"]
[668943,"2012-06-11","10:28:12","D250/AT",192,"Duplo","Policemen","6 and up",9.9499999999999993,1,9.9499999999999993,5.17,"Visa","N.C.|880-3850","No","No",35,"No"]
[668982,"2012-06-12","15:45:00","L252/LR",255,"Duplo","Farming Scene","7 and up",24.95,1,24.95,16.22,"Visa","A.U.|880-2167","No","No",47,"Yes"]
[668997,"2012-06-23","15:00:36","D254/FE",192,"Duplo","Policemen","6 and up",9.9499999999999993,4,39.799999999999997,20.68,"Visa","S.V.|880-5987","No","No",33,"No"]
[669021,"2012-06-23","17:43:12","D255/FE",192,"Duplo","Policemen","6 and up",9.9499999999999993,3,29.849999999999998,15.51,"Mastercard","B.X.|880-9149","Yes","No",35,"No"]
[669042,"2012-06-25","13:12:07.200","L256/PE",256,"Lego","Police Officers and Motorcycle","9 and up",9.9499999999999993,1,9.9499999999999993,4.4800000000000004,"Mastercard","D.U.|880-2953","No","No",59,"No"]
[669080,"2012-07-02","16:00:00","D199/SR",192,"Duplo","Policemen","6 and up",9.9499999999999993,1,9.9499999999999993,5.17,"Visa","N.C.|880-3850","No","No",37,"Yes"]
[669090,"2012-07-02","16:20:24","D254/FE",192,"Duplo","Policemen","6 and up",9.9499999999999993,1,9.9499999999999993,5.17,"Cash","P.N.|880-3021","No","Yes",31,"No"]
[669121,"2012-08-05","15:28:26.400","L256/PE",256,"Lego","Police Officers and Motorcycle","9 and up",9.9499999999999993,4,39.799999999999997,17.920000000000002,"Check","W.C.|880-4861","No","No",50,"No"]
[669126,"2012-08-14","15:18:00","D255/FE",192,"Duplo","Policemen","6 and up",9.9499999999999993,2,19.899999999999999,10.34,"Mastercard","S.Y.|880-3139","No","No",42,"No"]
[669126,"2012-08-14","15:18:00","D254/FE",192,"Duplo","Policemen","6 and up",9.9499999999999993,1,9.9499999999999993,5.17,"Mastercard","S.Y.|880-3139","No","No",42,"No"]
[669138,"2012-09-04","15:18:36","L195/AE",195,"Lego","Airplane","8 and up",5.95,1,5.95,3.09,"Cash","S.Y.|880-3139","No","No",36,"Yes"]
[669163,"2012-09-06","13:15:03.600","D254/FE",192,"Duplo","Policemen","6 and up",9.9499999999999993,1,9.9499999999999993,5.17,"Check","D.W.|880-7199","Yes","No",39,"Yes"]
[669163,"2012-09-06","13:15:03.600","D250/AT",192,"Duplo","Policemen","6 and up",9.9499999999999993,5,49.75,25.85,"Check","D.W.|880-7199","Yes","No",39,"Yes"]
[669181,"2012-09-09","17:49:12","D254/FE",192,"Duplo","Policemen","6 and up",9.9499999999999993,1,9.9499999999999993,5.17,"Mastercard","W.C.|880-4861","No","No",46,"No"]
[669197,"2012-09-10","16:52:48","D255/FE",192,"Duplo","Policemen","6 and up",9.9499999999999993,1,9.9499999999999993,5.17,"Visa","A.U.|880-2167","No","No",39,"No"]
[669197,"2012-09-10","16:52:48","D254/FE",192,"Duplo","Policemen","6 and up",9.9499999999999993,2,19.899999999999999,10.34,"Visa","A.U.|880-2167","No","No",39,"No"]
[669198,"2012-09-18","12:08:24","L256/PE",256,"Lego","Police Officers and Motorcycle","9 and up",9.9499999999999993,4,39.799999999999997,17.920000000000002,"Gift Card","Z.T.|880-7477","No","No",34,"No"]
[669198,"2012-09-18","12:08:24","L256/PE",256,"Lego","Police Officers and Motorcycle","9 and up",9.9499999999999993,2,19.899999999999999,8.9600000000000009,"Gift Card","Z.T.|880-7477","No","No",34,"No"]
[669208,"2012-09-28","14:22:48","D254/FE",192,"Duplo","Policemen","6 and up",9.9499999999999993,1,9.9499999999999993,5.17,"Mastercard","D.W.|880-7199","No","No",30,"No"]
[669238,"2012-10-07","12:24:00","D250/AT",192,"Duplo","Policemen","6 and up",9.9499999999999993,1,9.9499999999999993,5.17,"Gift Card","V.W.|880-8599","No","No",36,"No"]
[669260,"2012-10-09","12:06:36","D250/AT",192,"Duplo","Policemen","6 and up",9.9499999999999993,2,19.899999999999999,10.34,"Gift Card","W.B.|880-9647","Yes","No",20,"No"]
[669260,"2012-10-09","12:06:36","D250/AT",192,"Duplo","Policemen","6 and up",9.9499999999999993,2,19.899999999999999,10.34,"Gift Card","W.B.|880-9647","Yes","No",20,"No"]
[669277,"2012-10-16","13:38:24","L194/FY",194,"Lego","Family","4 and up",14.95,1,14.95,8.3699999999999992,"Cash","D.U.|880-2953","No","No",23,"No"]
[669306,"2012-10-16","16:23:27.600","D255/FE",192,"Duplo","Policemen","6 and up",9.9499999999999993,2,19.899999999999999,10.34,"Cash","B.Y.|880-6845","No","No",45,"No"]
[669318,"2012-10-16","16:13:15.600","L194/FY",194,"Lego","Family","4 and up",14.95,1,14.95,8.3699999999999992,"Visa","D.S.|880-7532","No","Yes",29,"Yes"]
[669320,"2012-10-22","16:08:42","D254/FE",192,"Duplo","Policemen","6 and up",9.9499999999999993,1,9.9499999999999993,5.17,"Visa","H.B.|880-3254","No","No",24,"No"]
[669353,"2012-10-22","14:39:00","D250/AT",192,"Duplo","Policemen","6 and up",9.9499999999999993,4,39.799999999999997,20.68,"Mastercard","D.U.|880-2953","No","No",60,"No"]
[669400,"2012-10-22","13:42:25.200","D255/FE",192,"Duplo","Policemen","6 and up",9.9499999999999993,2,19.899999999999999,10.34,"Gift Card","H.B.|880-3254","No","No",36,"No"]
[669400,"2012-10-22","13:42:25.200","D250/AT",192,"Duplo","Policemen","6 and up",9.9499999999999993,1,9.9499999999999993,5.17,"Gift Card","H.B.|880-3254","No","No",36,"No"]
[669401,"2012-10-30","16:02:52.800","D254/FE",192,"Duplo","Policemen","6 and up",9.9499999999999993,2,19.899999999999999,10.34,"Visa","N.W.|880-6237","No","Yes",44,"No"]
[669401,"2012-10-30","16:02:52.800","D250/AT",192,"Duplo","Policemen","6 and up",9.9499999999999993,1,9.9499999999999993,5.17,"Visa","N.W.|880-6237","No","Yes",44,"No"]
[669451,"2012-11-01","20:07:12","L195/AE",195,"Lego","Airplane","8 and up",5.95,1,5.95,3.09,"Cash","U.W.|880-9683","No","No",29,"No"]
[669469,"2012-11-01","12:52:48","L256/PE",256,"Lego","Police Officers and Motorcycle","9 and up",9.9499999999999993,1,9.9499999999999993,4.4800000000000004,"Cash","B.B.|880-9330","No","No",36,"No"]
[669482,"2012-11-01","11:05:13.200","D254/FE",192,"Duplo","Policemen","6 and up",9.9499999999999993,1,9.9499999999999993,5.17,"Mastercard","L.W.|880-4986","No","No",37,"No"]
[669482,"2012-11-01","11:05:13.200","D250/AT",192,"Duplo","Policemen","6 and up",9.9499999999999993,1,9.9499999999999993,5.17,"Mastercard","L.W.|880-4986","No","No",37,"No"]
[669529,"2012-11-02","11:18:36","D255/FE",192,"Duplo","Policemen","6 and up",9.9499999999999993,1,9.9499999999999993,5.17,"Visa","Y.P.|880-6894","No","No",30,"No"]
[669560,"2012-11-03","12:12:14.400","L197/FS",199,"Duplo","Scooter","4 and up",4.95,1,4.95,2.52,"Visa","L.C.|880-6872","No","No",21,"No"]
[669602,"2012-11-04","19:37:48","D254/FE",192,"Duplo","Policemen","6 and up",9.9499999999999993,2,19.899999999999999,10.34,"Check","U.W.|880-9683","No","No",74,"No"]
[669617,"2012-11-04","10:26:24","L195/AE",195,"Lego","Airplane","8 and up",5.95,1,5.95,3.09,"Mastercard","C.X.|880-3590","No","No",32,"No"]
[669649,"2012-11-04","12:35:20.400","D255/FE",192,"Duplo","Policemen","6 and up",9.9499999999999993,1,9.9499999999999993,5.17,"Cash","D.W.|880-7199","No","No",24,"No"]
[669652,"2012-11-04","11:37:04.800","L195/AE",195,"Lego","Airplane","8 and up",5.95,2,11.9,6.18,"Cash","V.W.|880-8599","No","No",34,"No"]
[669659,"2012-11-04","14:15:36","D250/AT",192,"Duplo","Policemen","6 and up",9.9499999999999993,1,9.9499999999999993,5.17,"Mastercard","Y.P.|880-6894","No","No",35,"Yes"]
[669698,"2012-11-05","13:49:48","D254/FE",192,"Duplo","Policemen","6 and up",9.9499999999999993,4,39.799999999999997,20.68,"Visa","D.Z.|880-1179","No","No",56,"No"]
[669703,"2012-11-05","14:51:36","L195/AE",195,"Lego","Airplane","8 and up",5.95,1,5.95,3.09,"Visa","W.C.|880-4861","No","No",27,"No"]
[669722,"2012-11-05","16:54:36","D250/AT",192,"Duplo","Policemen","6 and up",9.9499999999999993,1,9.9499999999999993,5.17,"Visa","Z.Q.|880-4240","No","No",35,"No"]
[669722,"2012-11-05","16:54:36","D250/AT",192,"Duplo","Policemen","6 and up",9.9499999999999993,1,9.9499999999999993,5.17,"Visa","Z.Q.|880-4240","No","No",35,"No"]
[669764,"2012-11-06","16:21:00","D255/FE",192,"Duplo","Policemen","6 and up",9.9499999999999993,1,9.9499999999999993,5.17,"Visa","N.W.|880-6237","No","No",39,"No"]
[669764,"2012-11-06","16:21:00","D255/FE",192,"Duplo","Policemen","6 and up",9.9499999999999993,2,19.899999999999999,10.34,"Visa","N.W.|880-6237","No","No",39,"No"]
[669783,"2012-11-06","18:03:00","D254/FE",192,"Duplo","Policemen","6 and up",9.9499999999999993,1,9.9499999999999993,5.17,"Cash","H.B.|880-3254","No","No",40,"No"]
[669804,"2012-11-06","12:00:36","D255/FE",192,"Duplo","Policemen","6 and up",9.9499999999999993,1,9.9499999999999993,5.17,"Visa","N.C.|880-3850","No","No",48,"No"]
[669805,"2012-11-06","09:12:14.400","L195/AE",195,"Lego","Airplane","8 and up",5.95,3,17.850000000000001,9.27,"Mastercard","N.C.|880-3850","No","No",30,"Yes"]
[669813,"2012-11-06","12:17:24","D255/FE",192,"Duplo","Policemen","6 and up",9.9499999999999993,2,19.899999999999999,10.34,"Cash","D.Z.|880-1179","No","Yes",38,"No"]
[669813,"2012-11-06","12:17:24","L256/PE",256,"Lego","Police Officers and Motorcycle","9 and up",9.9499999999999993,1,9.9499999999999993,4.4800000000000004,"Cash","D.Z.|880-1179","No","Yes",38,"No"]
[669819,"2012-11-06","14:50:34.800","L256/PE",256,"Lego","Police Officers and Motorcycle","9 and up",9.9499999999999993,1,9.9499999999999993,4.4800000000000004,"Visa","S.Y.|880-3139","Yes","Yes",27,"No"]
[669860,"2012-11-06","17:30:36","L195/AE",195,"Lego","Airplane","8 and up",5.95,1,5.95,3.09,"Discover","D.W.|880-7199","No","No",31,"No"]
[669905,"2012-11-06","14:43:12","D255/FE",192,"Duplo","Policemen","6 and up",9.9499999999999993,1,9.9499999999999993,5.17,"Cash","V.W.|880-8599","No","No",39,"No"]
[669905,"2012-11-06","14:43:12","L256/PE",256,"Lego","Police Officers and Motorcycle","9 and up",9.9499999999999993,2,19.899999999999999,8.9600000000000009,"Cash","V.W.|880-8599","No","No",39,"No"]
[669931,"2012-11-07","09:34:48","L256/PE",256,"Lego","Police Officers and Motorcycle","9 and up",9.9499999999999993,4,39.799999999999997,17.920000000000002,"Visa","S.Y.|880-3139","No","No",44,"Yes"]
[669981,"2012-11-07","13:27:54","D250/AT",192,"Duplo","Policemen","6 and up",9.9499999999999993,4,39.799999999999997,20.68,"Visa","Y.P.|880-6894","No","No",27,"No"]
[670014,"2012-11-07","14:53:45.600","D255/FE",192,"Duplo","Policemen","6 and up",9.9499999999999993,4,39.799999999999997,20.68,"Cash","B.X.|880-9149","No","No",42,"No"]
[670015,"2012-11-07","12:56:24","L256/PE",256,"Lego","Police Officers and Motorcycle","9 and up",9.9499999999999993,1,9.9499999999999993,4.4800000000000004,"Mastercard","D.Z.|880-1179","Yes","No",41,"No"]
[670038,"2012-11-07","16:05:31.200","L256/PE",256,"Lego","Police Officers and Motorcycle","9 and up",9.9499999999999993,1,9.9499999999999993,4.4800000000000004,"Mastercard","W.C.|880-4861","No","Yes",31,"Yes"]
[670081,"2012-11-08","12:10:48","L330/GN",330,"Lego","Gas Station","8 and up",32.950000000000003,1,32.950000000000003,19.11,"Cash","S.Y.|880-3139","No","No",59,"Yes"]
[670120,"2012-11-08","16:49:04.800","L256/PE",256,"Lego","Police Officers and Motorcycle","9 and up",9.9499999999999993,2,19.899999999999999,8.9600000000000009,"Mastercard","S.V.|880-5987","No","No",37,"No"]
[670143,"2012-11-08","13:21:00","D254/FE",192,"Duplo","Policemen","6 and up",9.9499999999999993,2,19.899999999999999,10.34,"Cash","S.Y.|880-3139","No","No",30,"No"]
[670166,"2012-11-08","19:22:48","D254/FE",192,"Duplo","Policemen","6 and up",9.9499999999999993,2,19.899999999999999,10.34,"Cash","S.V.|880-5987","No","No",31,"No"]
[670166,"2012-11-08","19:22:48","D255/FE",192,"Duplo","Policemen","6 and up",9.9499999999999993,1,9.9499999999999993,5.17,"Cash","S.V.|880-5987","No","No",31,"No"]
[670172,"2012-11-08","11:02:27.600","D198/LX",192,"Duplo","Policemen","6 and up",9.9499999999999993,2,19.899999999999999,10.34,"Cash","L.W.|880-4986","No","No",21,"No"]
[670172,"2012-11-08","11:02:27.600","D255/FE",192,"Duplo","Policemen","6 and up",9.9499999999999993,1,9.9499999999999993,5.17,"Cash","L.W.|880-4986","No","No",21,"No"]
[670207,"2012-11-09","16:27:36","L256/PE",256,"Lego","Police Officers and Motorcycle","9 and up",9.9499999999999993,5,49.75,22.4,"Mastercard","D.S.|880-7532","Yes","No",38,"Yes"]
[670207,"2012-11-09","16:27:36","L256/PE",256,"Lego","Police Officers and Motorcycle","9 and up",9.9499999999999993,2,19.899999999999999,8.9600000000000009,"Mastercard","D.S.|880-7532","Yes","No",38,"Yes"]
[670245,"2012-11-09","12:06:50.400","L195/AE",195,"Lego","Airplane","8 and up",5.95,4,23.8,12.36,"Mastercard","P.N.|880-3021","No","No",33,"Yes"]
[670275,"2012-11-10","12:30:00","D250/AT",192,"Duplo","Policemen","6 and up",9.9499999999999993,1,9.9499999999999993,5.17,"Mastercard","B.B.|880-9330","No","No",33,"No"]
[670311,"2012-11-10","14:13:48","L256/PE",256,"Lego","Police Officers and Motorcycle","9 and up",9.9499999999999993,2,19.899999999999999,8.9600000000000009,"Cash","N.W.|880-6237","Yes","No",68,"No"]
[670311,"2012-11-10","14:13:48","D254/FE",192,"Duplo","Policemen","6 and up",9.9499999999999993,1,9.9499999999999993,5.17,"Cash","N.W.|880-6237","Yes","No",68,"No"]
[670358,"2012-11-10","14:07:33.600","D254/FE",192,"Duplo","Policemen","6 and up",9.9499999999999993,1,9.9499999999999993,5.17,"Mastercard","S.V.|880-5987","No","No",47,"No"]
[670364,"2012-11-10","17:38:24","L256/PE",256,"Lego","Police Officers and Motorcycle","9 and up",9.9499999999999993,1,9.9499999999999993,4.4800000000000004,"Cash","Z.T.|880-7477","No","No",29,"Yes"]
[670394,"2012-11-10","16:19:19.200","D250/AT",192,"Duplo","Policemen","6 and up",9.9499999999999993,1,9.9499999999999993,5.17,"Cash","D.S.|880-7532","No","No",36,"No"]
[670398,"2012-11-10","13:16:48","L195/AE",195,"Lego","Airplane","8 and up",5.95,1,5.95,3.09,"Cash","B.X.|880-9149","No","No",30,"No"]
[670436,"2012-11-11","15:13:12","D250/AT",192,"Duplo","Policemen","6 and up",9.9499999999999993,2,19.899999999999999,10.34,"Visa","V.W.|880-8599","No","Yes",49,"No"]
[670473,"2012-11-11","08:42:43.200","D254/FE",192,"Duplo","Policemen","6 and up",9.9499999999999993,2,19.899999999999999,10.34,"Mastercard","D.S.|880-7532","No","No",12,"Yes"]
[670487,"2012-11-11","17:22:12","D255/FE",192,"Duplo","Policemen","6 and up",9.9499999999999993,1,9.9499999999999993,5.17,"Mastercard","N.W.|880-6237","No","No",65,"No"]
[670529,"2012-11-12","11:15:36","L195/AE",195,"Lego","Airplane","8 and up",5.95,1,5.95,3.09,"Mastercard","N.C.|880-3850","No","No",34,"No"]
[670575,"2012-11-12","08:40:55.200","L196/AR",196,"Lego","Antique Car","8 and up",7.95,1,7.95,4.45,"Gift Card","B.X.|880-9149","No","No",29,"No"]
[670601,"2012-11-12","13:06:18","D250/AT",192,"Duplo","Policemen","6 and up",9.9499999999999993,4,39.799999999999997,20.68,"Visa","W.B.|880-9647","No","No",40,"No"]
[670634,"2012-11-12","13:21:00","D254/FE",192,"Duplo","Policemen","6 and up",9.9499999999999993,1,9.9499999999999993,5.17,"Visa","L.W.|880-4986","No","No",36,"No"]
[670682,"2012-11-12","14:21:00","L195/AE",195,"Lego","Airplane","8 and up",5.95,1,5.95,3.09,"Visa","Y.P.|880-6894","No","No",47,"No"]
[670688,"2012-11-13","15:36:00","D254/FE",192,"Duplo","Policemen","6 and up",9.9499999999999993,1,9.9499999999999993,5.17,"Visa","S.Y.|880-3139","Yes","No",33,"Yes"]
[670716,"2012-11-13","08:01:48","L195/AE",195,"Lego","Airplane","8 and up",5.95,2,11.9,6.18,"Visa","N.W.|880-6237","No","Yes",37,"No"]
[670723,"2012-11-13","21:00:00","L256/PE",256,"Lego","Police Officers and Motorcycle","9 and up",9.9499999999999993,2,19.899999999999999,8.9600000000000009,"Visa","U.W.|880-9683","No","No",11,"No"]
[670735,"2012-11-13","19:02:24","L195/AE",195,"Lego","Airplane","8 and up",5.95,1,5.95,3.09,"Visa","D.U.|880-2953","No","Yes",35,"No"]
[670743,"2012-11-14","14:39:36","L256/PE",256,"Lego","Police Officers and Motorcycle","9 and up",9.9499999999999993,1,9.9499999999999993,4.4800000000000004,"Visa","Y.P.|880-6894","Yes","No",34,"No"]
[670790,"2012-11-15","12:21:00","D254/FE",192,"Duplo","Policemen","6 and up",9.9499999999999993,3,29.849999999999998,15.51,"Cash","D.S.|880-7532","No","No",37,"Yes"]
[670827,"2012-11-15","18:52:48","L195/AE",195,"Lego","Airplane","8 and up",5.95,1,5.95,3.09,"Mastercard","L.C.|880-6872","No","Yes",40,"No"]
[670870,"2012-11-15","20:03:00","L195/AE",195,"Lego","Airplane","8 and up",5.95,1,5.95,3.09,"Visa","V.W.|880-4523","No","No",27,"No"]
[670918,"2012-11-15","15:52:19.200","D255/FE",192,"Duplo","Policemen","6 and up",9.9499999999999993,1,9.9499999999999993,5.17,"Discover","N.C.|880-3850","No","No",33,"Yes"]
[670953,"2012-11-16","11:22:12","L195/AE",195,"Lego","Airplane","8 and up",5.95,1,5.95,3.09,"Cash","W.B.|880-9647","No","No",17,"No"]
[670977,"2012-11-16","13:22:48","D250/AT",192,"Duplo","Policemen","6 and up",9.9499999999999993,1,9.9499999999999993,5.17,"Visa","W.B.|880-9647","No","No",53,"No"]
[670980,"2012-11-16","12:52:44.400","L256/PE",256,"Lego","Police Officers and Motorcycle","9 and up",9.9499999999999993,1,9.9499999999999993,4.4800000000000004,"Check","D.S.|880-7532","Yes","Yes",30,"No"]
[670980,"2012-11-16","12:52:44.400","L196/AR",196,"Lego","Antique Car","8 and up",7.95,1,7.95,4.45,"Check","D.S.|880-7532","Yes","Yes",30,"No"]
[670991,"2012-11-16","20:13:12","L256/PE",256,"Lego","Police Officers and Motorcycle","9 and up",9.9499999999999993,1,9.9499999999999993,4.4800000000000004,"Cash","B.B.|880-9330","No","No",37,"Yes"]
[671036,"2012-11-16","11:39:00","D255/FE",192,"Duplo","Policemen","6 and up",9.9499999999999993,1,9.9499999999999993,5.17,"Visa","D.U.|880-2953","No","No",31,"Yes"]
[671069,"2012-11-17","16:34:12","L195/AE",195,"Lego","Airplane","8 and up",5.95,2,11.9,6.18,"Mastercard","Z.T.|880-7477","No","No",26,"No"]
[671089,"2012-11-17","13:33:00","D255/FE",192,"Duplo","Policemen","6 and up",9.9499999999999993,2,19.899999999999999,10.34,"Cash","P.N.|880-3021","No","No",36,"No"]
[671089,"2012-11-17","13:33:00","L256/PE",256,"Lego","Police Officers and Motorcycle","9 and up",9.9499999999999993,2,19.899999999999999,8.9600000000000009,"Cash","P.N.|880-3021","No","No",36,"No"]
[671089,"2012-11-17","13:33:00","L195/AE",195,"Lego","Airplane","8 and up",5.95,2,11.9,6.18,"Cash","P.N.|880-3021","No","No",36,"No"]
[671138,"2012-11-17","16:19:48","D255/FE",192,"Duplo","Policemen","6 and up",9.9499999999999993,5,49.75,25.85,"Gift Card","H.B.|880-3254","No","No",49,"No"]
[671140,"2012-11-17","12:59:06","L256/PE",256,"Lego","Police Officers and Motorcycle","9 and up",9.9499999999999993,1,9.9499999999999993,4.4800000000000004,"Visa","D.Z.|880-1179","No","No",31,"Yes"]
[671182,"2012-11-18","11:40:12","D254/FE",192,"Duplo","Policemen","6 and up",9.9499999999999993,2,19.899999999999999,10.34,"Visa","U.W.|880-9683","No","No",40,"No"]
[671199,"2012-11-18","20:03:00","D254/FE",192,"Duplo","Policemen","6 and up",9.9499999999999993,2,19.899999999999999,10.34,"Visa","S.Y.|880-3139","No","No",38,"No"]
[671199,"2012-11-18","20:03:00","L195/AE",195,"Lego","Airplane","8 and up",5.95,2,11.9,6.18,"Visa","S.Y.|880-3139","No","No",38,"No"]
[671199,"2012-11-18","20:03:00","L256/PE",256,"Lego","Police Officers and Motorcycle","9 and up",9.9499999999999993,2,19.899999999999999,8.9600000000000009,"Visa","S.Y.|880-3139","No","No",38,"No"]
[671199,"2012-11-18","20:03:00","D250/AT",192,"Duplo","Policemen","6 and up",9.9499999999999993,4,39.799999999999997,20.68,"Visa","S.Y.|880-3139","No","No",38,"No"]
[671210,"2012-11-19","16:20:24","D250/AT",192,"Duplo","Policemen","6 and up",9.9499999999999993,1,9.9499999999999993,5.17,"Gift Card","S.V.|880-5987","No","No",51,"No"]
[671256,"2012-11-19","16:43:12","D254/FE",192,"Duplo","Policemen","6 and up",9.9499999999999993,1,9.9499999999999993,5.17,"Check","Y.P.|880-6894","No","No",11,"Yes"]
[671256,"2012-11-19","16:43:12","L195/AE",195,"Lego","Airplane","8 and up",5.95,4,23.8,12.36,"Check","Y.P.|880-6894","No","No",11,"Yes"]
[671264,"2012-11-19","13:21:36","D254/FE",192,"Duplo","Policemen","6 and up",9.9499999999999993,1,9.9499999999999993,5.17,"Cash","N.C.|880-3850","No","No",48,"Yes"]
[671283,"2012-11-20","13:19:12","D250/AT",192,"Duplo","Policemen","6 and up",9.9499999999999993,1,9.9499999999999993,5.17,"Visa","V.W.|880-8599","No","No",53,"No"]
[671323,"2012-11-21","13:10:48","L197/FS",199,"Duplo","Scooter","4 and up",4.95,1,4.95,2.52,"Visa","W.B.|880-9647","Yes","No",31,"No"]
[671359,"2012-11-21","14:55:48","D254/FE",192,"Duplo","Policemen","6 and up",9.9499999999999993,2,19.899999999999999,10.34,"Mastercard","N.W.|880-6237","No","No",59,"No"]
[671382,"2012-11-21","13:10:12","D255/FE",192,"Duplo","Policemen","6 and up",9.9499999999999993,1,9.9499999999999993,5.17,"Mastercard","C.X.|880-3590","No","No",30,"No"]
[671409,"2012-11-22","11:23:24","D254/FE",192,"Duplo","Policemen","6 and up",9.9499999999999993,1,9.9499999999999993,5.17,"Gift Card","S.Y.|880-3139","No","No",60,"No"]
[671457,"2012-11-22","17:24:00","D250/AT",192,"Duplo","Policemen","6 and up",9.9499999999999993,2,19.899999999999999,10.34,"Visa","L.C.|880-6872","No","No",39,"Yes"]
[671492,"2012-11-22","14:31:12","D250/AT",192,"Duplo","Policemen","6 and up",9.9499999999999993,3,29.849999999999998,15.51,"Visa","W.B.|880-9647","No","Yes",35,"No"]
[671494,"2012-11-22","14:25:48","D250/AT",192,"Duplo","Policemen","6 and up",9.9499999999999993,4,39.799999999999997,20.68,"Visa","W.B.|880-9647","No","No",38,"No"]
[671517,"2012-11-22","16:29:49.200","L256/PE",256,"Lego","Police Officers and Motorcycle","9 and up",9.9499999999999993,3,29.849999999999998,13.44,"Cash","L.C.|880-6872","No","Yes",43,"No"]
[671549,"2012-11-22","16:19:48","L195/AE",195,"Lego","Airplane","8 and up",5.95,1,5.95,3.09,"Visa","Z.Q.|880-4240","No","No",34,"Yes"]
[671563,"2012-11-23","08:02:24","D255/FE",192,"Duplo","Policemen","6 and up",9.9499999999999993,2,19.899999999999999,10.34,"Mastercard","Z.T.|880-7477","No","No",38,"No"]
[671563,"2012-11-23","08:02:24","D250/AT",192,"Duplo","Policemen","6 and up",9.9499999999999993,2,19.899999999999999,10.34,"Mastercard","Z.T.|880-7477","No","No",38,"No"]
[671588,"2012-11-23","15:27:25.200","D255/FE",192,"Duplo","Policemen","6 and up",9.9499999999999993,2,19.899999999999999,10.34,"Cash","U.O.|880-3720","No","No",40,"Yes"]
[671605,"2012-11-23","13:07:01.200","L196/AR",196,"Lego","Antique Car","8 and up",7.95,1,7.95,4.45,"Visa","S.V.|880-5987","No","No",31,"No"]
[671637,"2012-11-23","16:42:14.400","D250/AT",192,"Duplo","Policemen","6 and up",9.9499999999999993,1,9.9499999999999993,5.17,"Visa","C.X.|880-3590","Yes","No",40,"No"]
[671647,"2012-11-24","15:16:26.400","D254/FE",192,"Duplo","Policemen","6 and up",9.9499999999999993,1,9.9499999999999993,5.17,"Mastercard","C.X.|880-3590","No","No",38,"Yes"]
[671685,"2012-11-24","20:36:00","L256/PE",256,"Lego","Police Officers and Motorcycle","9 and up",9.9499999999999993,2,19.899999999999999,8.9600000000000009,"Gift Card","A.U.|880-2167","No","No",34,"No"]
[671700,"2012-11-25","16:58:48","D254/FE",192,"Duplo","Policemen","6 and up",9.9499999999999993,1,9.9499999999999993,5.17,"Visa","D.U.|880-2953","No","No",27,"No"]
[671700,"2012-11-25","16:58:48","L195/AE",195,"Lego","Airplane","8 and up",5.95,1,5.95,3.09,"Visa","D.U.|880-2953","No","No",27,"No"]
[671735,"2012-11-25","16:58:04.800","D199/SR",192,"Duplo","Policemen","6 and up",9.9499999999999993,5,49.75,25.85,"Visa","B.B.|880-9330","No","No",21,"Yes"]
[671753,"2012-11-25","15:46:12","D255/FE",192,"Duplo","Policemen","6 and up",9.9499999999999993,4,39.799999999999997,20.68,"Visa","U.W.|880-9683","No","No",19,"No"]
[671753,"2012-11-25","15:46:12","L195/AE",195,"Lego","Airplane","8 and up",5.95,1,5.95,3.09,"Visa","U.W.|880-9683","No","No",19,"No"]
[671799,"2012-11-26","19:18:00","D192/PN",192,"Duplo","Policemen","6 and up",9.9499999999999993,4,39.799999999999997,20.68,"Discover","H.B.|880-3254","No","No",40,"No"]
[671801,"2012-11-27","10:40:37.200","L195/AE",195,"Lego","Airplane","8 and up",5.95,4,23.8,12.36,"Mastercard","D.Z.|880-1179","No","No",38,"No"]
[671801,"2012-11-27","10:40:37.200","D250/AT",192,"Duplo","Policemen","6 and up",9.9499999999999993,1,9.9499999999999993,5.17,"Mastercard","D.Z.|880-1179","No","No",38,"No"]
[671816,"2012-11-27","12:58:12","D250/AT",192,"Duplo","Policemen","6 and up",9.9499999999999993,1,9.9499999999999993,5.17,"Visa","V.W.|880-8599","No","No",28,"Yes"]
[671858,"2012-11-27","12:21:36","L195/AE",195,"Lego","Airplane","8 and up",5.95,2,11.9,6.18,"Cash","B.B.|880-9330","No","No",6,"No"]
[671901,"2012-11-28","19:34:12","L196/AR",196,"Lego","Antique Car","8 and up",7.95,1,7.95,4.45,"Cash","V.W.|880-4523","No","No",37,"No"]
[671923,"2012-11-28","13:38:24","L256/PE",256,"Lego","Police Officers and Motorcycle","9 and up",9.9499999999999993,4,39.799999999999997,17.920000000000002,"Cash","U.O.|880-3720","No","No",28,"Yes"]
[671935,"2012-11-28","14:10:12","D254/FE",192,"Duplo","Policemen","6 and up",9.9499999999999993,2,19.899999999999999,10.34,"Visa","H.B.|880-3254","No","No",46,"No"]
[671984,"2012-11-28","16:39:36","D255/FE",192,"Duplo","Policemen","6 and up",9.9499999999999993,5,49.75,25.85,"Cash","Y.P.|880-6894","No","No",40,"No"]
[671992,"2012-11-28","18:58:12","L256/PE",256,"Lego","Police Officers and Motorcycle","9 and up",9.9499999999999993,2,19.899999999999999,8.9600000000000009,"Discover","S.Y.|880-3139","No","No",37,"Yes"]
[672040,"2012-11-28","10:25:55.200","L195/AE",195,"Lego","Airplane","8 and up",5.95,1,5.95,3.09,"Visa","Z.Q.|880-4240","Yes","No",23,"Yes"]
[672078,"2012-11-28","15:08:24","D254/FE",192,"Duplo","Policemen","6 and up",9.9499999999999993,5,49.75,25.85,"Mastercard","H.B.|880-3254","No","No",31,"Yes"]
[672091,"2012-11-28","12:32:24","L256/PE",256,"Lego","Police Officers and Motorcycle","9 and up",9.9499999999999993,2,19.899999999999999,8.9600000000000009,"Cash","W.C.|880-4861","No","No",42,"No"]
[672118,"2012-11-28","18:26:24","D255/FE",192,"Duplo","Policemen","6 and up",9.9499999999999993,1,9.9499999999999993,5.17,"Gift Card","L.W.|880-4986","No","No",39,"No"]
[672118,"2012-11-28","18:26:24","L195/AE",195,"Lego","Airplane","8 and up",5.95,1,5.95,3.09,"Gift Card","L.W.|880-4986","No","No",39,"No"]
[672134,"2012-11-28","20:01:48","L256/PE",256,"Lego","Police Officers and Motorcycle","9 and up",9.9499999999999993,1,9.9499999999999993,4.4800000000000004,"Visa","D.Z.|880-1179","No","No",44,"No"]
[672134,"2012-11-28","20:01:48","L212/SD",212,"Lego","Scooter and Stand","6 and up",4.95,4,19.8,8.92,"Visa","D.Z.|880-1179","No","No",44,"No"]
[672134,"2012-11-28","20:01:48","D254/FE",192,"Duplo","Policemen","6 and up",9.9499999999999993,1,9.9499999999999993,5.17,"Visa","D.Z.|880-1179","No","No",44,"No"]
[672184,"2012-11-29","20:58:48","D250/AT",192,"Duplo","Policemen","6 and up",9.9499999999999993,2,19.899999999999999,10.34,"Visa","U.O.|880-3720","No","No",32,"No"]
[672184,"2012-11-29","20:58:48","L210/CS",210,"Lego","Cowboys with Horses","6 and up",9.4499999999999993,2,18.899999999999999,9.26,"Visa","U.O.|880-3720","No","No",32,"No"]
[672193,"2012-11-29","11:24:00","D250/AT",192,"Duplo","Policemen","6 and up",9.9499999999999993,2,19.899999999999999,10.34,"Visa","C.X.|880-3590","No","No",48,"No"]
[672236,"2012-11-29","16:10:12","L340/FS",340,"Lego","Fire Trucks","6 and up",34.950000000000003,1,34.950000000000003,19.920000000000002,"Visa","N.W.|880-6237","No","No",46,"Yes"]
[672276,"2012-11-29","13:03:36","L195/AE",195,"Lego","Airplane","8 and up",5.95,1,5.95,3.09,"Cash","N.C.|880-3850","No","No",30,"No"]
[672300,"2012-11-30","08:30:54","D254/FE",192,"Duplo","Policemen","6 and up",9.9499999999999993,1,9.9499999999999993,5.17,"Mastercard","S.V.|880-5987","No","No",14,"No"]
[672305,"2012-11-30","14:19:12","L195/AE",195,"Lego","Airplane","8 and up",5.95,4,23.8,12.36,"Mastercard","Z.T.|880-7477","No","No",30,"No"]
[672354,"2012-11-30","16:04:12","D255/FE",192,